{"text_format":"2","workbook":"xlsx","n_sheets":24,"sheets":["CAPA","ORC_GERAL","ORC_Elet","COT_Elet","CPU_Elet","ORC_Mec","CPU_Mec","COT_Mec","ORC_Civil","CPU_Civil","CFF_Civil","CFF_Elétrica","CFF Mecânica","MC_Civil","MC_Canal_Aprox","Encargos Sociais","BDI","CompSD SINAPI","ISD SINAPI","COMP SD SICRO","ISD SICRO","COMPSD SEINFRA","ISD SEINFRA","TC 07-25"],"not_rendered":{"charts":0,"images":1,"macros":0,"external_links":49,"defined_names":35328,"comments":0,"pivot_tables":0},"unopened":[],"bounds":{"document_bytes":16777216,"sheet_cells":100000,"run_cost":"one","rows_first":2000,"rows_last":500,"rows_between":2000,"halvings":0,"cell_chars":16384,"cell_head_chars":4096},"cells_cut":0,"cells_raw":0,"read":"whole","date_system":"1900"}

{"sheet":"CAPA","index":0,"n_rows":22,"n_cols":5,"rows_kept":22,"cut":false,"hidden":false,"merged":[[21,1,21,6],[11,1,11,3],[12,1,12,2],[13,1,13,2],[14,1,14,2],[18,1,18,8],[19,1,19,8]]}
{"$rows_empty":11}
[null,"PROPOSTA DE PREÇOS"]
[null,"Desconto ofertado:",null,0.04]
[null,"BDI - FORNECIMENTO",null,{"$f":"BDI!H28","v":0.15},"---->Para propostas de BDI, alterar na guia 'BDI'"]
[null,"BDI - SERVIÇOS",null,{"$f":"BDI!C28","v":0.26479999999999998},"---->Para propostas de BDI, alterar na guia 'BDI'"]
[null,"Observações:"]
[null,"1. Preencher apenas a coluna em amarelo com os dados da proposta de preços da licitante."]
[]
[]
[]
[]
[null,"Contratação de serviços técnicos para retrofit de componentes da infraestruturas de uso comum do Projeto Público de Irrigação Tabuleiro de São Bernardo (PITSB).\n\n"]

{"sheet":"ORC_GERAL","index":1,"n_rows":12,"n_cols":8,"rows_kept":12,"cut":false,"hidden":false,"merged":[[6,0,6,5],[3,0,3,3],[6,6,6,7],[5,0,5,1]]}
[22627.68,null,null,"MINISTÉRIO DA INTEGRAÇÃO E DO DESENVOLVIMENTO REGIONAL","SINAPI:","2025-08-01"]
[null,null,null,"COMPANHIA DE DESENVOLVIMENTO DOS VALES DO SÃO FRANCISCO E PARNAÍBA","SICRO:","2025-04-01"]
[null,null,null,"8ª SUPERINTENDÊNCIA REGIONAL - MARANHÃO","ORSE:","2025-07-01"]
["Objeto: Contratação de serviços técnicos para retrofit de componentes da infraestruturas de uso comum do Projeto Público de Irrigação Tabuleiro de São Bernardo (PITSB).",null,null,null,"Cotações:","2025-10-01"]
["Local: Magalhães de Almeida - MA",null,null,null,"BDI-F:",{"$f":"CAPA!D14","v":0.15}]
["Preço Global sem Desconto:",null,{"$f":"E12","v":6767689.6699999999},null,"BDI-S:",{"$f":"CAPA!D15","v":0.26479999999999998}]
["PLANILHA ORÇAMENTÁRIA",{"$nulls":5},"PROPOSTA DA EMPRESA LICITANTE"]
["Item\n","Código\n","Fonte\n","Descrição\n","Subtotal\n(R$)","Peso\n(%)","DESCONTO","PREÇO COM DESCONTO"]
[1,null,null,"ORÇAMENTO CIVIL",{"$f":"ORC_Civil!C6","v":954815.46},{"$f":"E9/$E$12","v":0.1410844034756103},{"$f":"CAPA!$D$13","v":0.04},{"$f":"E9*(1-G9)","v":916622.84159999993}]
[2,null,null,"ORÇAMENTO ELÉTRICA",{"$f":"ORC_Elet!C6","v":3549752.37},{"$f":"E10/$E$12","v":0.5245146487338862},{"$f":"CAPA!$D$13","v":0.04},{"$f":"E10*(1-G10)","v":3407762.2752}]
[3,null,null,"ORÇAMENTO MECÂNICA",{"$f":"ORC_Mec!C6","v":2263121.84},0.3344009477905035,{"$f":"CAPA!$D$13","v":0.04},2172596.9663999998]
[null,null,null,"VALOR GLOBAL DOS SERVIÇOS:",{"$f":"SUM(E9:E11)","v":6767689.6699999999},null,null,{"$f":"SUM(H9:H11)","v":6496982.0832000002}]

{"sheet":"ORC_Elet","index":2,"n_rows":707,"n_cols":12,"rows_kept":707,"cut":false,"hidden":false,"merged":[[6,0,6,9],[7,10,7,11],[6,10,6,11],[0,10,5,11],[5,0,5,1]]}
[22627.68,null,null,"MINISTÉRIO DA INTEGRAÇÃO E DO DESENVOLVIMENTO REGIONAL",{"$nulls":4},"SINAPI:","2025-08-01","PREÇO GLOBAL COM DESCONTO "]
[null,null,null,"COMPANHIA DE DESENVOLVIMENTO DOS VALES DO SÃO FRANCISCO E PARNAÍBA",{"$nulls":4},"SICRO:","2025-04-01"]
[null,null,null,"8ª SUPERINTENDÊNCIA REGIONAL - MARANHÃO",{"$nulls":4},"ORSE:","2025-07-01"]
["Objeto: Contratação de serviços técnicos para retrofit de componentes da infraestruturas de uso comum do Projeto Público de Irrigação Tabuleiro de São Bernardo (PITSB).",{"$nulls":7},"Cotações:","2025-09-01"]
["Local: Magalhães de Almeida - MA",{"$nulls":7},"BDI-F:",{"$f":"CAPA!D14","v":0.15}]
["Preço Global sem Desconto:",null,{"$f":"SUM(I10+I70+I92+I120+I172+I185+I202+I219+I276+I299+I323+I376+I416+I428+I434+I457+I501+I544+I561+I578+I594+I635+I659+I703+I706)","v":3549752.37},{"$nulls":5},"BDI-S:",{"$f":"CAPA!D15","v":0.26479999999999998}]
["ORÇAMENTO - ELÉTRICA",{"$nulls":9},{"$f":"SUM(L10+L70+L92+L120+L172+L185+L202+L219+L276+L299+L323+L376+L416+L428+L434+L457+L501+L544+L561+L578+L594+L635+L659+L703+L706)","v":3407762.2751999996}]
["Item\n","Código\n","Fonte\n","Descrição\n","Unid.\n","Quant.\n","Custo Unit.\n(R$)","Preço Unit.\n(R$)","Subtotal\n(R$)","Peso\n(%)","PROPOSTA DA EMPRESA LICITANTE"]
[1,null,null,"ESTAÇÃO DE BOMBEAMENTO PRINCIPAL - EBP",{"$nulls":6},"DESCONTO","PREÇO COM BDI APÓS DESCONTO"]
["1.1","*****","*****","FORNECIMENTO DO CENTRO DE CONTROLE DE MOTORES 4,2KV - (CCM 4,2KV) - EBP",{"$nulls":4},{"$f":"SUM(I11:I69)","v":1292948.47},null,{"$f":"CAPA!$D$13","v":0.04},{"$f":"SUM(L11:L69)","v":1241230.5311999996}]
["1.1.1","COT-E01","PROPRIA","ABRACADEIRA PLASTICA 100X2,5MM (100) PT","CT",1,{"$f":"VLOOKUP(B11,COT_Elet!$B$10:$R$888,17,0)","v":5.0511164506646598},{"$f":"TRUNC(G11*(1+$J$5),2)","v":5.8},{"$f":"TRUNC(F11*H11,2)","v":5.8},null,{"$f":"CAPA!$D$13","v":0.04},{"$f":"I11*(1-K11)","v":5.5679999999999996}]
["1.1.2","COT-E02","PROPRIA","ABRACADEIRA PLASTICA 202X3,7MM (100) PT","CT",1,{"$f":"VLOOKUP(B12,COT_Elet!$B$10:$R$888,17,0)","v":14.423724421785099},{"$f":"TRUNC(G12*(1+$J$5),2)","v":16.579999999999998},16.579999999999998,null,{"$f":"CAPA!$D$13","v":0.04},15.916799999999999]
["1.1.3","COT-E03","PROPRIA","BARRAM NEUTRO  8F BRN01 8 AZUL","PC",5,{"$f":"VLOOKUP(B13,COT_Elet!$B$10:$R$888,17,0)","v":14.741654509809999},16.95,84.75,null,{"$f":"CAPA!$D$13","v":0.04},81.36]
["1.1.4","COT-E04","PROPRIA","BARRAM TERRA  8F BRT01 8 VERDE","PC",5,{"$f":"VLOOKUP(B14,COT_Elet!$B$10:$R$888,17,0)","v":14.741654509809999},16.95,84.75,null,{"$f":"CAPA!$D$13","v":0.04},81.36]
["1.1.5","COT-E05","PROPRIA","BASE FUSIVEL TP (MARROM)","PC",1,{"$f":"VLOOKUP(B15,COT_Elet!$B$10:$R$888,17,0)","v":323.82103376914102},372.39,372.39,null,{"$f":"CAPA!$D$13","v":0.04},357.49439999999998]
["1.1.6","COT-E06","PROPRIA","BORNE MOLA PUSH IN 2,5MM CP2,5 CZ","PC",30,{"$f":"VLOOKUP(B16,COT_Elet!$B$10:$R$888,17,0)","v":3.4155741664296002},3.92,117.6,null,{"$f":"CAPA!$D$13","v":0.04},112.89599999999999]
["1.1.7","COT-E07","PROPRIA","BORNE SINDAL  4MM2","PC",3,{"$f":"VLOOKUP(B17,COT_Elet!$B$10:$R$888,17,0)","v":18.242926304741498},20.97,62.91,null,{"$f":"CAPA!$D$13","v":0.04},60.393599999999992]
["1.1.8","COT-E08","PROPRIA","BOTAO COMANDO 22MM2 VD 1NA XA2EA31","PC",8,{"$f":"VLOOKUP(B18,COT_Elet!$B$10:$R$888,17,0)","v":21.263156924311801},24.45,195.6,null,{"$f":"CAPA!$D$13","v":0.04},187.77599999999998]
["1.1.9","COT-E09","PROPRIA","CABO FLEXIVEL 750V  1,0MM2 AZ","M",50,{"$f":"VLOOKUP(B19,COT_Elet!$B$10:$R$888,17,0)","v":1.2819174225057799},1.47,73.5,null,{"$f":"CAPA!$D$13","v":0.04},70.56]
["1.1.10","COT-E10","PROPRIA","CABO FLEXIVEL 750V  1,0MM2 CZ","M",50,{"$f":"VLOOKUP(B20,COT_Elet!$B$10:$R$888,17,0)","v":1.2819174225057799},1.47,73.5,null,{"$f":"CAPA!$D$13","v":0.04},70.56]
["1.1.11","COT-E11","PROPRIA","CABO FLEXIVEL 750V  1,0MM2 VD","M",50,{"$f":"VLOOKUP(B21,COT_Elet!$B$10:$R$888,17,0)","v":1.2819174225057799},1.47,73.5,null,{"$f":"CAPA!$D$13","v":0.04},70.56]
["1.1.12","COT-E12","PROPRIA","CABO FLEXIVEL 750V  1,5MM2 AZ","M",50,{"$f":"VLOOKUP(B22,COT_Elet!$B$10:$R$888,17,0)","v":1.4724791342135},1.69,84.5,null,{"$f":"CAPA!$D$13","v":0.04},81.11999999999999]
["1.1.13","COT-E13","PROPRIA","CABO FLEXIVEL 750V  1,5MM2 CZ","M",50,{"$f":"VLOOKUP(B23,COT_Elet!$B$10:$R$888,17,0)","v":1.4724791342135},1.69,84.5,null,{"$f":"CAPA!$D$13","v":0.04},81.11999999999999]
["1.1.14","COT-E14","PROPRIA","CABO FLEXIVEL 750V  2,5MM2 VD","M",50,{"$f":"VLOOKUP(B24,COT_Elet!$B$10:$R$888,17,0)","v":2.3051079343921801},2.65,132.5,null,{"$f":"CAPA!$D$13","v":0.04},127.19999999999999]
["1.1.15","COT-E15","PROPRIA","CANALETA PVC  50X50MM VENTIL CZ 2M HELLE","BR",1,{"$f":"VLOOKUP(B25,COT_Elet!$B$10:$R$888,17,0)","v":62.6612243889995},72.06,72.06,null,{"$f":"CAPA!$D$13","v":0.04},69.177599999999998]
["1.1.16","COT-E16","PROPRIA","CHAVE DE AFERICAO DE SOB 3P+N 20A 600V","PC",1,{"$f":"VLOOKUP(B26,COT_Elet!$B$10:$R$888,17,0)","v":442.02492368880399},508.32,508.32,null,{"$f":"CAPA!$D$13","v":0.04},487.98719999999997]
["1.1.17","COT-E17","PROPRIA","CHAVE SECC TRIP 15KV 400A C/CARGA C/BASE","PC",4,{"$f":"VLOOKUP(B27,COT_Elet!$B$10:$R$888,17,0)","v":3460.79496730456},3979.91,15919.64,null,{"$f":"CAPA!$D$13","v":0.04},15282.854399999998]
["1.1.18","COT-E18","PROPRIA","CHAVE SECC. TRIP 400A/15KV SA15 COMPLETO","PC",1,{"$f":"VLOOKUP(B28,COT_Elet!$B$10:$R$888,17,0)","v":5803.9794578630399},6674.57,6674.57,null,{"$f":"CAPA!$D$13","v":0.04},6407.587199999999]
["1.1.19","COT-E19","PROPRIA","COBRE EM BARRA  3/4\"X1/8\" 146A 0,537KG/M","M",3,{"$f":"VLOOKUP(B29,COT_Elet!$B$10:$R$888,17,0)","v":73.236420533354803},84.22,252.66,null,{"$f":"CAPA!$D$13","v":0.04},242.55359999999999]
["1.1.20","COT-E20","PROPRIA","COBRE EM BARRA 1 1/4\"X3/8\" 645A 2,69KG/M","M",108,{"$f":"VLOOKUP(B30,COT_Elet!$B$10:$R$888,17,0)","v":366.86834650436498},421.89,45564.12,null,{"$f":"CAPA!$D$13","v":0.04},43741.555200000003]
["1.1.21","COT-E21","PROPRIA","CORDOALHA DE COBRE FLEXIVEL 300MM PRT595","PC",2,{"$f":"VLOOKUP(B31,COT_Elet!$B$10:$R$888,17,0)","v":48.559430980317302},55.84,111.68,null,{"$f":"CAPA!$D$13","v":0.04},107.2128]
["1.1.22","COT-E22","PROPRIA","CORDOALHA DE COBRE FLEXIVEL 500MM PRT596","PC",1,{"$f":"VLOOKUP(B32,COT_Elet!$B$10:$R$888,17,0)","v":70.440697340361496},81,81,null,{"$f":"CAPA!$D$13","v":0.04},77.759999999999991]
["1.1.23","COT-E23","PROPRIA","DISJ. BIP.  10A SJ202T-C10 3KA","PC",4,{"$f":"VLOOKUP(B33,COT_Elet!$B$10:$R$888,17,0)","v":48.245023948449898},55.48,221.92,null,{"$f":"CAPA!$D$13","v":0.04},213.04319999999998]
["1.1.24","COT-E24","PROPRIA","DISJ. UNIP  10A SJ201T-C10 3KA","PC",12,{"$f":"VLOOKUP(B34,COT_Elet!$B$10:$R$888,17,0)","v":11.3594394496071},13.06,156.72,null,{"$f":"CAPA!$D$13","v":0.04},150.4512]
["1.1.25","COT-E25","PROPRIA","DISJ. VACUO 17,5KV 1250A  25KA  EXTR 3AE5","PC",1,{"$f":"VLOOKUP(B35,COT_Elet!$B$10:$R$888,17,0)","v":63306.072395910604},72801.98,72801.98,null,{"$f":"CAPA!$D$13","v":0.04},69889.900799999989]
["1.1.26","COT-E26","PROPRIA","FUSIVEL LIMITADOR HH 15KV  50A 325MM","PC",9,{"$f":"VLOOKUP(B36,COT_Elet!$B$10:$R$888,17,0)","v":317.37143423903899},364.97,3284.73,null,{"$f":"CAPA!$D$13","v":0.04},3153.3407999999999]
["1.1.27","COT-E27","PROPRIA","FUSIVEL LIMITADOR HH 15KV  80A 325MM","PC",9,{"$f":"VLOOKUP(B37,COT_Elet!$B$10:$R$888,17,0)","v":623.43788003855502},716.95,6452.55,null,{"$f":"CAPA!$D$13","v":0.04},6194.4480000000003]
["1.1.28","COT-E28","PROPRIA","FUSIVEL PARA TP 15KV 0,5A FI27X230","PC",1,{"$f":"VLOOKUP(B38,COT_Elet!$B$10:$R$888,17,0)","v":142.227914661082},163.56,163.56,null,{"$f":"CAPA!$D$13","v":0.04},157.01759999999999]
["1.1.29","COT-E29","PROPRIA","ISOLADOR EM RESINA 17,5KV 110KV BASE M12","PC",18,{"$f":"VLOOKUP(B39,COT_Elet!$B$10:$R$888,17,0)","v":180.99951430922201},208.14,3746.52,null,{"$f":"CAPA!$D$13","v":0.04},3596.6592000000001]
["1.1.30","COT-E30","PROPRIA","MODULO DUALE UP/BRAVA BR TOM 2P+T 10A","PC",1,{"$f":"VLOOKUP(B40,COT_Elet!$B$10:$R$888,17,0)","v":4.7213702697970898},5.42,5.42,null,{"$f":"CAPA!$D$13","v":0.04},5.2031999999999998]
["1.1.31","COT-E31","PROPRIA","NO BREAK 1500VA E-BIV./S-BIV. OFF SENOID","PC",1,{"$f":"VLOOKUP(B41,COT_Elet!$B$10:$R$888,17,0)","v":3641.0598546563601},4187.21,4187.21,null,{"$f":"CAPA!$D$13","v":0.04},4019.7215999999999]
["1.1.32","COT-E32","PROPRIA","PARA RAIOS POLIMERICO 12KV-10KA EQUATORI","PC",3,{"$f":"VLOOKUP(B42,COT_Elet!$B$10:$R$888,17,0)","v":275.21900943572899},316.5,949.5,null,{"$f":"CAPA!$D$13","v":0.04},911.52]
["1.1.33","COT-E33","PROPRIA","PLAQUETA DE EMERG P/BOTAO 22MM","PC",1,{"$f":"VLOOKUP(B43,COT_Elet!$B$10:$R$888,17,0)","v":11.4799604298105},13.2,13.2,null,{"$f":"CAPA!$D$13","v":0.04},12.671999999999999]
["1.1.34","COT-E34","PROPRIA","PLUGUE PINO 2P+T 10A AXIAL PT PLD1-3","PC",1,{"$f":"VLOOKUP(B44,COT_Elet!$B$10:$R$888,17,0)","v":3.9236719776460598},4.51,4.51,null,{"$f":"CAPA!$D$13","v":0.04},4.3295999999999992]
["1.1.35","COT-E35","PROPRIA","PORTA PLAQUETA APP30T 30X50","PC",5,{"$f":"VLOOKUP(B45,COT_Elet!$B$10:$R$888,17,0)","v":5.7299143684446303},6.58,32.9,null,{"$f":"CAPA!$D$13","v":0.04},31.583999999999996]
["1.1.36","COT-E36","PROPRIA","POSTE EXTREMIDADE E UK-PHOENIX CONTACT","PC",5,{"$f":"VLOOKUP(B46,COT_Elet!$B$10:$R$888,17,0)","v":7.4007740239413602},8.51,42.55,null,{"$f":"CAPA!$D$13","v":0.04},40.847999999999999]
["1.1.37","COT-E37","PROPRIA","RELE PROTEÇAO 7SR51111AA110AA0","PC",4,{"$f":"VLOOKUP(B47,COT_Elet!$B$10:$R$888,17,0)","v":21015.984371171999},24168.38,96673.52,null,{"$f":"CAPA!$D$13","v":0.04},92806.579200000007]
["1.1.38","COT-E38","PROPRIA","SINALEIRO LED 22MM 220VCA AM WEG","PC",5,{"$f":"VLOOKUP(B48,COT_Elet!$B$10:$R$888,17,0)","v":22.432921535440698},25.79,128.94999999999999,null,{"$f":"CAPA!$D$13","v":0.04},123.79199999999999]
["1.1.39","COT-E39","PROPRIA","SINALEIRO LED 22MM 220VCA VD WEG","PC",5,{"$f":"VLOOKUP(B49,COT_Elet!$B$10:$R$888,17,0)","v":22.432921535440698},25.79,128.94999999999999,null,{"$f":"CAPA!$D$13","v":0.04},123.79199999999999]
["1.1.40","COT-E40","PROPRIA","SINALEIRO LED 22MM 220VCA VM WEG","PC",5,{"$f":"VLOOKUP(B50,COT_Elet!$B$10:$R$888,17,0)","v":22.432921535440698},25.79,128.94999999999999,null,{"$f":"CAPA!$D$13","v":0.04},123.79199999999999]
["1.1.41","COT-E41","PROPRIA","SIST IRIEL BRAVA BR CAIXA+PLACA 1 MOD","PC",1,{"$f":"VLOOKUP(B51,COT_Elet!$B$10:$R$888,17,0)","v":5.6950004860752497},6.54,6.54,null,{"$f":"CAPA!$D$13","v":0.04},6.2783999999999995]
["1.1.42","COT-E42","PROPRIA","SUPORTE ADESIVO BAS 2507","PC",50,{"$f":"VLOOKUP(B52,COT_Elet!$B$10:$R$888,17,0)","v":0.97308394464925596},1.1100000000000001,55.5,null,{"$f":"CAPA!$D$13","v":0.04},53.28]
["1.1.43","COT-E43","PROPRIA","TERMINAL GARFO 0,5-1,5MM2 VM TPF21-4","PC",30,{"$f":"VLOOKUP(B53,COT_Elet!$B$10:$R$888,17,0)","v":0.23323423460363199},0.26,7.8,null,{"$f":"CAPA!$D$13","v":0.04},7.4879999999999995]
["1.1.44","COT-E44","PROPRIA","TERMINAL GARFO 1,0-2,5MM2 AZ TPF22-4","PC",30,{"$f":"VLOOKUP(B54,COT_Elet!$B$10:$R$888,17,0)","v":0.28437792623769398},0.32,9.6,null,{"$f":"CAPA!$D$13","v":0.04},9.2159999999999993]
["1.1.45","COT-E45","PROPRIA","TERMINAL ISOL TUB  1,0MM2 DUPLO VM","PC",100,{"$f":"VLOOKUP(B55,COT_Elet!$B$10:$R$888,17,0)","v":0.12785922908515501},0.14000000000000001,14,null,{"$f":"CAPA!$D$13","v":0.04},13.44]
["1.1.46","COT-E46","PROPRIA","TERMINAL ISOLADO TUBOLAR  1,0MM2 VM","PC",100,{"$f":"VLOOKUP(B56,COT_Elet!$B$10:$R$888,17,0)","v":5.5181351499909E-2},0.06,6,null,{"$f":"CAPA!$D$13","v":0.04},5.76]
["1.1.47","COT-E47","PROPRIA","TERMINAL OLHAL 1,5-2,5MM2 AZ 5MM TP225","PC",100,{"$f":"VLOOKUP(B57,COT_Elet!$B$10:$R$888,17,0)","v":0.35412652117516902},0.4,40,null,{"$f":"CAPA!$D$13","v":0.04},38.4]
["1.1.48","COT-E48","PROPRIA","TERMINAL PRE-ISOLADO FEMEA 0,5-1,0MM2 VM","PC",100,{"$f":"VLOOKUP(B58,COT_Elet!$B$10:$R$888,17,0)","v":0.36536863295850802},0.42,42,null,{"$f":"CAPA!$D$13","v":0.04},40.32]
["1.1.49","COT-E49","PROPRIA","TERMINAL PRE-ISOLADO FEMEA 1,5-2,5MM2 AZ","PC",100,{"$f":"VLOOKUP(B59,COT_Elet!$B$10:$R$888,17,0)","v":0.32024184622257101},0.36,36,null,{"$f":"CAPA!$D$13","v":0.04},34.56]
["1.1.50","COT-E50","PROPRIA","TERMO ENCOLHIVEL 36KV 40MM 1.1/2\" VM","M",100,{"$f":"VLOOKUP(B60,COT_Elet!$B$10:$R$888,17,0)","v":72.6744336988898},83.57,8357,null,{"$f":"CAPA!$D$13","v":0.04},8022.7199999999993]
["1.1.51","COT-E51","PROPRIA","TRANSF. CORRENTE JANELA 250/5A  60HZ","PC",3,{"$f":"VLOOKUP(B61,COT_Elet!$B$10:$R$888,17,0)","v":4863.9397229809401},5593.53,16780.59,null,{"$f":"CAPA!$D$13","v":0.04},16109.366399999999]
["1.1.52","COT-E52","PROPRIA","TRANSF. CORRENTE 7.2KV 150/5 1P15B1 150-5","PC",12,{"$f":"VLOOKUP(B62,COT_Elet!$B$10:$R$888,17,0)","v":2665.03633528517},3064.79,36777.480000000003,null,{"$f":"CAPA!$D$13","v":0.04},35306.380799999999]
["1.1.53","COT-E53","PROPRIA","TRANSF. POTENC. 7.2KV 115V 1KVA 0,3P75","PC",4,{"$f":"VLOOKUP(B63,COT_Elet!$B$10:$R$888,17,0)","v":3846.4151562635402},4423.37,17693.48,null,{"$f":"CAPA!$D$13","v":0.04},16985.7408]
["1.1.54","COT-E54","PROPRIA","CARRINHO PARA EXTRAÇÃO DE DISJUNTOR E CONTATOR EXTRAÍVEL 15kV, COM ALTURA REGULÁVEL DE 800 MM. (CONFORME ESPECIFICAÇÃO TÉCNICA E DIAGRAMA UNIFILAR) - MONTADO, TESTADO E COMISSIONADO EM FÁBRICA","PC",1,{"$f":"VLOOKUP(B64,COT_Elet!$B$10:$R$888,17,0)","v":27136.282672707599},31206.720000000001,31206.720000000001,null,{"$f":"CAPA!$D$13","v":0.04},29958.4512]
["1.1.55","COT-E55","PROPRIA","CONJUNTO CHAPARIA DE ENTRADA COM BERÇO PARA DISJUNTOR EXTRAÍVEL 25 kA COM BASE.","UND",1,{"$f":"VLOOKUP(B65,COT_Elet!$B$10:$R$888,17,0)","v":79070.081006674794},90930.59,90930.59,null,{"$f":"CAPA!$D$13","v":0.04},87293.366399999999]
["1.1.56","COT-E56","PROPRIA","CONJUNTO CHAPARIA DE SAIDA COM BERÇO PARA CONTATOR EXTRAÍVEL 25 kA COM BASE.  (CONFORME ESPECIFICAÇÃO TÉCNICA E DIAGRAMA UNIFILAR) - MONTADO, TESTADO E COMISSIONADO EM FÁBRICA","UND",3,{"$f":"VLOOKUP(B66,COT_Elet!$B$10:$R$888,17,0)","v":62267.501980594898},71607.62,214822.86,null,{"$f":"CAPA!$D$13","v":0.04},206229.94559999998]
["1.1.57","COT-E57","PROPRIA","CONJUNTO CHAPARIA BANCO DE CAPACITORES 25 kA COM BASE.  (CONFORME ESPECIFICAÇÃO TÉCNICA E DIAGRAMA UNIFILAR) - MONTADO, TESTADO E COMISSIONADO EM FÁBRICA","UND",3,{"$f":"VLOOKUP(B67,COT_Elet!$B$10:$R$888,17,0)","v":45208.270292689398},51989.51,155968.53,null,{"$f":"CAPA!$D$13","v":0.04},149729.78879999998]
["1.1.58","COT-E58","PROPRIA","Contator a Vácuo Extraível (Manual) com Subcubículo, Classe Tensão: 7,2kV, Corrente Nominal 400A, Tensão de Comando 125Vcc, 60Hz, Contatos Auxiliares 5NA + 5NF. Modelo SL-D-04S5U-220-NES-WPIC + fusíveis","PC",3,{"$f":"VLOOKUP(B68,COT_Elet!$B$10:$R$888,17,0)","v":82011.997157468693},94313.79,282941.37,null,{"$f":"CAPA!$D$13","v":0.04},271623.71519999998]
["1.1.59","COT-E59","PROPRIA","BANCO CAPACITOR 200KVAR MONOFÁSICO 7,2kV","PC",9,{"$f":"VLOOKUP(B69,COT_Elet!$B$10:$R$888,17,0)","v":17148.052287973998},19720.259999999998,177482.34,null,{"$f":"CAPA!$D$13","v":0.04},170383.04639999999]
["1.2","*****","*****","FORNECIMENTO DE QUADRO DE TRANSFERÊNCIA AUTOMÁTICA - (QTA) - EBP",null,null,{"$f":"VLOOKUP(B70,COT_Elet!$B$10:$R$888,17,0)","v":0},null,{"$f":"SUM(I71:I91)","v":46192.639999999999},null,{"$f":"CAPA!$D$13","v":0.04},{"$f":"SUM(L71:L91)","v":44344.934399999998}]
["1.2.1","COT-E60","PROPRIA","CABO FLEXIVEL 750V  1,0MM2 CZ","M",100,{"$f":"VLOOKUP(B71,COT_Elet!$B$10:$R$888,17,0)","v":1.3598851199999999},1.56,156,null,{"$f":"CAPA!$D$13","v":0.04},149.76]
["1.2.2","COT-E61","PROPRIA","CANALETA PVC  50X80MM VENTIL CZ 2M HELLE","BR",2,{"$f":"VLOOKUP(B72,COT_Elet!$B$10:$R$888,17,0)","v":93.087816098805007},107.05,214.1,null,{"$f":"CAPA!$D$13","v":0.04},205.53599999999997]
["1.2.3","COT-E62","PROPRIA","CHAPA DE POLICARB. 3.00X2,050X3MM CRISTA","M2",1,{"$f":"VLOOKUP(B73,COT_Elet!$B$10:$R$888,17,0)","v":344.581468605},396.26,396.26,null,{"$f":"CAPA!$D$13","v":0.04},380.40959999999995]
["1.2.4","COT-E63","PROPRIA","CHAVE TRANSF. MAN/AUTOM 4P  250A S/CARGA","PC",1,{"$f":"VLOOKUP(B74,COT_Elet!$B$10:$R$888,17,0)","v":4321.3858654366904},4969.59,4969.59,null,{"$f":"CAPA!$D$13","v":0.04},4770.8064000000004]
["1.2.5","COT-E64","PROPRIA","COBRE EM BARRA  3/4\"X1/4\" 269A 1,08KG/M","M",8,{"$f":"VLOOKUP(B75,COT_Elet!$B$10:$R$888,17,0)","v":156.25543626000001},179.69,1437.52,null,{"$f":"CAPA!$D$13","v":0.04},{"$f":"I75*(1-K75)","v":1380.0192}]
["1.2.6","COT-E65","PROPRIA","CONTATOR AUX. CWCAO-22 2NA+2NF 220V","PC",2,{"$f":"VLOOKUP(B76,COT_Elet!$B$10:$R$888,17,0)","v":78.583168784999998},{"$f":"TRUNC(G76*(1+$J$5),2)","v":90.37},{"$f":"TRUNC(F76*H76,2)","v":180.74},null,{"$f":"CAPA!$D$13","v":0.04},173.5104]
["1.2.7","COT-E66","PROPRIA","DISJ. TRIP CX MOLD  160-200A 80KA DWB","PC",3,{"$f":"VLOOKUP(B77,COT_Elet!$B$10:$R$888,17,0)","v":1055.457047865},1213.77,3641.31,null,{"$f":"CAPA!$D$13","v":0.04},3495.6576]
["1.2.8","COT-E67","PROPRIA","DISJ. UNIP  10A MDWH-C10 10KA","PC",9,{"$f":"VLOOKUP(B78,COT_Elet!$B$10:$R$888,17,0)","v":33.316261605000001},38.31,344.79,null,{"$f":"CAPA!$D$13","v":0.04},330.9984]
["1.2.9","COT-E68","PROPRIA","FIM DE CURSO T2L2 ALAV CURTA REG IRRIGAC","PC",1,{"$f":"VLOOKUP(B79,COT_Elet!$B$10:$R$888,17,0)","v":122.06127945},140.37,140.37,null,{"$f":"CAPA!$D$13","v":0.04},134.7552]
["1.2.10","COT-E69","PROPRIA","GRELHA FILTRO PLAST. EMB. 255X255MM JNG","PC",2,{"$f":"VLOOKUP(B80,COT_Elet!$B$10:$R$888,17,0)","v":177.46176423937499},204.08,408.16,null,{"$f":"CAPA!$D$13","v":0.04},391.83359999999999]
["1.2.11","COT-E70","PROPRIA","PAINEL TTA 3B 1900X800X800MM  TTW - MONTADO, TESTADO E COMISSIONADO EM FÁBRICA","PC",1,{"$f":"VLOOKUP(B81,COT_Elet!$B$10:$R$888,17,0)","v":28453.963946314499},32722.05,32722.05,null,{"$f":"CAPA!$D$13","v":0.04},31413.167999999998]
["1.2.12","COT-E71","PROPRIA","LUMINARIA LINEAR P/PAINEL  60CM 7W 6,5K","PC",1,{"$f":"VLOOKUP(B82,COT_Elet!$B$10:$R$888,17,0)","v":57.408421181264998},66.010000000000005,66.010000000000005,null,{"$f":"CAPA!$D$13","v":0.04},63.369600000000005]
["1.2.13","COT-E72","PROPRIA","MICROVENTIL 18X18X6,0CM 220VAC RMC","PC",2,{"$f":"VLOOKUP(B83,COT_Elet!$B$10:$R$888,17,0)","v":348.14856350999997},400.37,800.74,null,{"$f":"CAPA!$D$13","v":0.04},768.71039999999994]
["1.2.14","COT-E73","PROPRIA","RELE FALTA DE FASE 380V C/NEUTRO RMW17FF","PC",1,{"$f":"VLOOKUP(B84,COT_Elet!$B$10:$R$888,17,0)","v":207.93711773999999},239.12,239.12,null,{"$f":"CAPA!$D$13","v":0.04},229.55519999999999]
["1.2.15","COT-E74","PROPRIA","SELETOR CURTO 3 POS 45G FIXAS 2NA COMP","PC",1,{"$f":"VLOOKUP(B85,COT_Elet!$B$10:$R$888,17,0)","v":91.404486855000002},105.11,105.11,null,{"$f":"CAPA!$D$13","v":0.04},100.90559999999999]
["1.2.16","COT-E75","PROPRIA","SELETOR LONGO 2 POS 45G  FIXAS 1NA COMP","PC",1,{"$f":"VLOOKUP(B86,COT_Elet!$B$10:$R$888,17,0)","v":61.217002440000002},70.39,70.39,null,{"$f":"CAPA!$D$13","v":0.04},67.574399999999997]
["1.2.17","COT-E76","PROPRIA","SINALEIRO LED 22MM 220VCA AM WEG","PC",1,{"$f":"VLOOKUP(B87,COT_Elet!$B$10:$R$888,17,0)","v":23.797317719999999},27.36,27.36,null,{"$f":"CAPA!$D$13","v":0.04},26.265599999999999]
["1.2.18","COT-E77","PROPRIA","SINALEIRO LED 22MM 220VCA VD WEG","PC",1,{"$f":"VLOOKUP(B88,COT_Elet!$B$10:$R$888,17,0)","v":23.797317719999999},27.36,27.36,null,{"$f":"CAPA!$D$13","v":0.04},26.265599999999999]
["1.2.19","COT-E78","PROPRIA","SINALEIRO LED 22MM 220VCA VM WEG","PC",1,{"$f":"VLOOKUP(B89,COT_Elet!$B$10:$R$888,17,0)","v":23.797317719999999},27.36,27.36,null,{"$f":"CAPA!$D$13","v":0.04},26.265599999999999]
["1.2.20","COT-E79","PROPRIA","TERMOSTATO CALORIA 0-60G TLZ-530-NA","PC",1,{"$f":"VLOOKUP(B90,COT_Elet!$B$10:$R$888,17,0)","v":160.15385198999999},184.17,184.17,null,{"$f":"CAPA!$D$13","v":0.04},176.80319999999998]
["1.2.21","COT-E80","PROPRIA","TRILHO 35X7,5MM 2M LISO PHOENIX","BR",1,{"$f":"VLOOKUP(B91,COT_Elet!$B$10:$R$888,17,0)","v":29.68001429085},34.130000000000003,34.130000000000003,null,{"$f":"CAPA!$D$13","v":0.04},32.764800000000001]
["1.3","*****","*****","FORNECIMENTO DE QUADRO DE FORÇA 01 - (QF-01) - EBP",null,null,{"$f":"VLOOKUP(B92,COT_Elet!$B$10:$R$888,17,0)","v":0},null,{"$f":"SUM(I93:I119)","v":43484.499999999993},null,{"$f":"CAPA!$D$13","v":0.04},{"$f":"SUM(L93:L119)","v":41745.120000000003}]
["1.3.1","COT-E81","PROPRIA","BARRAMENTO FASE TRIP 54P 80A 1M WEG","PC",2,{"$f":"VLOOKUP(B93,COT_Elet!$B$10:$R$888,17,0)","v":135.680203065},156.03,312.06,null,{"$f":"CAPA!$D$13","v":0.04},299.57760000000002]
["1.3.2","COT-E82","PROPRIA","BLOCO DE AFERICAO 3TC´S  ST6 C416143","PC",1,{"$f":"VLOOKUP(B94,COT_Elet!$B$10:$R$888,17,0)","v":137.56717804499999},158.19999999999999,158.19999999999999,null,{"$f":"CAPA!$D$13","v":0.04},151.87199999999999]
["1.3.3","COT-E83","PROPRIA","CABO FLEXIVEL 750V  6MM2 PT","M",15,{"$f":"VLOOKUP(B95,COT_Elet!$B$10:$R$888,17,0)","v":6.0835374599999996},6.99,104.85,null,{"$f":"CAPA!$D$13","v":0.04},100.65599999999999]
["1.3.4","COT-E84","PROPRIA","CABO FLEXIVEL 750V 10MM2 PT","M",100,{"$f":"VLOOKUP(B96,COT_Elet!$B$10:$R$888,17,0)","v":10.47158574},12.04,1204,null,{"$f":"CAPA!$D$13","v":0.04},1155.8399999999999]
["1.3.5","COT-E85","PROPRIA","CANALETA PVC  50X80MM VENTIL CZ 2M HELLE","BR",3,{"$f":"VLOOKUP(B97,COT_Elet!$B$10:$R$888,17,0)","v":93.087816098805007},107.05,321.14999999999998,null,{"$f":"CAPA!$D$13","v":0.04},308.30399999999997]
["1.3.6","COT-E86","PROPRIA","CHAPA DE POLICARB. 3.00X2,050X3MM CRISTA","M2",0.5,{"$f":"VLOOKUP(B98,COT_Elet!$B$10:$R$888,17,0)","v":344.581468605},396.26,198.13,null,{"$f":"CAPA!$D$13","v":0.04},190.20479999999998]
["1.3.7","COT-E87","PROPRIA","COBRE EM BARRA  3/4\"X1/4\" 269A 1,08KG/M","M",5,{"$f":"VLOOKUP(B99,COT_Elet!$B$10:$R$888,17,0)","v":156.25543626000001},179.69,898.45,null,{"$f":"CAPA!$D$13","v":0.04},862.51200000000006]
["1.3.8","COT-E88","PROPRIA","CONECTOR EXTERNO PINO CURTO 25MM2","PC",10,{"$f":"VLOOKUP(B100,COT_Elet!$B$10:$R$888,17,0)","v":5.7017733963300001},6.55,65.5,null,{"$f":"CAPA!$D$13","v":0.04},62.879999999999995]
["1.3.9","COT-E89","PROPRIA","DISJ. BIP  32A MDW-C32-2 3KA","PC",1,{"$f":"VLOOKUP(B101,COT_Elet!$B$10:$R$888,17,0)","v":47.992892310000002},55.19,55.19,null,{"$f":"CAPA!$D$13","v":0.04},52.982399999999998]
["1.3.10","COT-E90","PROPRIA","DISJ. TRIP   10A MDW-C10-3 3KA","PC",3,{"$f":"VLOOKUP(B102,COT_Elet!$B$10:$R$888,17,0)","v":54.441008654999997},62.6,187.8,null,{"$f":"CAPA!$D$13","v":0.04},180.28800000000001]
["1.3.11","COT-E91","PROPRIA","DISJ. TRIP   16A MDW-C16-3 3KA","PC",3,{"$f":"VLOOKUP(B103,COT_Elet!$B$10:$R$888,17,0)","v":59.224878240000002},68.099999999999994,204.3,null,{"$f":"CAPA!$D$13","v":0.04},196.12800000000001]
["1.3.12","COT-E92","PROPRIA","DISJ. TRIP   20A MDW-C20-3 3KA","PC",5,{"$f":"VLOOKUP(B104,COT_Elet!$B$10:$R$888,17,0)","v":54.441008654999997},62.6,313,null,{"$f":"CAPA!$D$13","v":0.04},300.47999999999996]
["1.3.13","COT-E93","PROPRIA","DISJ. TRIP   32A MDW-C-32-3 3KA","PC",1,{"$f":"VLOOKUP(B105,COT_Elet!$B$10:$R$888,17,0)","v":54.441008654999997},62.6,62.6,null,{"$f":"CAPA!$D$13","v":0.04},60.095999999999997]
["1.3.14","COT-E94","PROPRIA","DISJ. TRIP   40A MDW-C40-3 3KA","PC",5,{"$f":"VLOOKUP(B106,COT_Elet!$B$10:$R$888,17,0)","v":54.441008654999997},62.6,313,null,{"$f":"CAPA!$D$13","v":0.04},300.47999999999996]
["1.3.15","COT-E95","PROPRIA","DISJ. TRIP   63A MDW-C63-3 3KA","PC",4,{"$f":"VLOOKUP(B107,COT_Elet!$B$10:$R$888,17,0)","v":78.958413765000003},90.8,363.2,null,{"$f":"CAPA!$D$13","v":0.04},348.67199999999997]
["1.3.16","COT-E96","PROPRIA","DISJ. TRIP CX MOLD  128-160A 80KA DWB","PC",1,{"$f":"VLOOKUP(B108,COT_Elet!$B$10:$R$888,17,0)","v":696.24236880000001},800.67,800.67,null,{"$f":"CAPA!$D$13","v":0.04},768.64319999999998]
["1.3.17","COT-E97","PROPRIA","DISJ. UNIP  10A MDWP-C10 3KA","PC",8,{"$f":"VLOOKUP(B109,COT_Elet!$B$10:$R$888,17,0)","v":8.2343093249999999},9.4600000000000009,75.680000000000007,null,{"$f":"CAPA!$D$13","v":0.04},72.652799999999999]
["1.3.18","COT-E98","PROPRIA","DISJ. UNIP  16A MDW-C16 3KA","PC",4,{"$f":"VLOOKUP(B110,COT_Elet!$B$10:$R$888,17,0)","v":10.141356719999999},11.66,46.64,null,{"$f":"CAPA!$D$13","v":0.04},44.7744]
["1.3.19","COT-E99","PROPRIA","DISJ. UNIP  32A MDW-C32 3KA","PC",4,{"$f":"VLOOKUP(B111,COT_Elet!$B$10:$R$888,17,0)","v":10.141356719999999},11.66,46.64,null,{"$f":"CAPA!$D$13","v":0.04},44.7744]
["1.3.20","COT-E100","PROPRIA","ISOLADOR EPOXI PARALELO 16X25MM 6MM","PC",10,{"$f":"VLOOKUP(B112,COT_Elet!$B$10:$R$888,17,0)","v":7.0443065434500003},8.1,81,null,{"$f":"CAPA!$D$13","v":0.04},77.759999999999991]
["1.3.21","COT-E101","PROPRIA","PAINEL TTA 3B 1900X800X800MM  TTW - MONTADO, TESTADO E COMISSIONADO EM FÁBRICA","PC",1,{"$f":"VLOOKUP(B113,COT_Elet!$B$10:$R$888,17,0)","v":27889.324842134301},32072.720000000001,32072.720000000001,null,{"$f":"CAPA!$D$13","v":0.04},30789.8112]
["1.3.22","COT-E102","PROPRIA","LIQUIDO PARA PRATEAR 1 LITRO","LT",1,{"$f":"VLOOKUP(B114,COT_Elet!$B$10:$R$888,17,0)","v":249.34726574999999},286.74,286.74,null,{"$f":"CAPA!$D$13","v":0.04},275.2704]
["1.3.23","COT-E103","PROPRIA","MULTIMEDIDOR TRIF. GRANDEZA C/M ETHERNET","PC",1,{"$f":"VLOOKUP(B115,COT_Elet!$B$10:$R$888,17,0)","v":3526.9581375600001},4056,4056,null,{"$f":"CAPA!$D$13","v":0.04},3893.7599999999998]
["1.3.24","COT-E104","PROPRIA","PORTA DOCUMENTOS P/PAINEL GRANDE BRPD01","PC",1,{"$f":"VLOOKUP(B116,COT_Elet!$B$10:$R$888,17,0)","v":54.851583604950001},63.07,63.07,null,{"$f":"CAPA!$D$13","v":0.04},60.547199999999997]
["1.3.25","COT-E105","PROPRIA","PROTETOR DE SURTO 275V  60KA CL-I/II","PC",4,{"$f":"VLOOKUP(B117,COT_Elet!$B$10:$R$888,17,0)","v":122.338665108},140.68,562.72,null,{"$f":"CAPA!$D$13","v":0.04},540.21119999999996]
["1.3.26","COT-E106","PROPRIA","TRANSFORMADOR TC  200/5 ST-42","PC",3,{"$f":"VLOOKUP(B118,COT_Elet!$B$10:$R$888,17,0)","v":173.06637777},199.02,597.05999999999995,null,{"$f":"CAPA!$D$13","v":0.04},573.17759999999987]
["1.3.27","COT-E107","PROPRIA","TRILHO 35X7,5MM 2M LISO PHOENIX","BR",1,{"$f":"VLOOKUP(B119,COT_Elet!$B$10:$R$888,17,0)","v":29.68001429085},34.130000000000003,34.130000000000003,null,{"$f":"CAPA!$D$13","v":0.04},32.764800000000001]
["1.4","*****","*****","FORNECIMENTO DE QUADRO DE AUTOMAÇÃO - (QA) - EBP",null,null,{"$f":"VLOOKUP(B120,COT_Elet!$B$10:$R$888,17,0)","v":0},null,{"$f":"SUM(I121:I171)","v":85407.290000000023},null,{"$f":"CAPA!$D$13","v":0.04},{"$f":"SUM(L121:L171)","v":81990.998400000011}]
["1.4.1","COT-E108","PROPRIA","BLOCO DISTRIB 4X11 LIG 6-16MM2 125A CONN","PC",1,{"$f":"VLOOKUP(B121,COT_Elet!$B$10:$R$888,17,0)","v":133.69242791064599},153.74,153.74,null,{"$f":"CAPA!$D$13","v":0.04},147.59040000000002]
["1.4.2","COT-E109","PROPRIA","BORNE MOLA PUSH IN 2,5MM CP2,5 CZ","PC",50,{"$f":"VLOOKUP(B122,COT_Elet!$B$10:$R$888,17,0)","v":3.6233133302025},4.16,208,null,{"$f":"CAPA!$D$13","v":0.04},199.68]
["1.4.3","COT-E110","PROPRIA","BORNE PORTA FUSIVEL LED CF4UL6-60V CZ","PC",30,{"$f":"VLOOKUP(B123,COT_Elet!$B$10:$R$888,17,0)","v":19.128394675566},21.99,659.7,null,{"$f":"CAPA!$D$13","v":0.04},633.31200000000001]
["1.4.4","COT-E111","PROPRIA","BORNE RELE SLIM 1REV  24VCC PARAFUSO","PC",30,{"$f":"VLOOKUP(B124,COT_Elet!$B$10:$R$888,17,0)","v":52.093676187976499},59.9,1797,null,{"$f":"CAPA!$D$13","v":0.04},1725.12]
["1.4.5","COT-E112","PROPRIA","BOTAO DUPLO C/ ILUM 1NA+1NF XB5AW 220V","PC",8,{"$f":"VLOOKUP(B125,COT_Elet!$B$10:$R$888,17,0)","v":59.794279533037503},68.760000000000005,550.08000000000004,null,{"$f":"CAPA!$D$13","v":0.04},528.07680000000005]
["1.4.6","COT-E113","PROPRIA","CABO FLEXIVEL 750V  1,0MM2 AZ","M",100,{"$f":"VLOOKUP(B126,COT_Elet!$B$10:$R$888,17,0)","v":1.3598851199999999},1.56,156,null,{"$f":"CAPA!$D$13","v":0.04},149.76]
["1.4.7","COT-E114","PROPRIA","CABO FLEXIVEL 750V  1,0MM2 CZ","M",100,{"$f":"VLOOKUP(B127,COT_Elet!$B$10:$R$888,17,0)","v":1.3598851199999999},1.56,156,null,{"$f":"CAPA!$D$13","v":0.04},149.76]
["1.4.8","COT-E115","PROPRIA","CABO FLEXIVEL 750V  1,0MM2 PT","M",200,{"$f":"VLOOKUP(B128,COT_Elet!$B$10:$R$888,17,0)","v":1.3598851199999999},1.56,312,null,{"$f":"CAPA!$D$13","v":0.04},299.52]
["1.4.9","COT-E116","PROPRIA","CABO FLEXIVEL 750V  1,0MM2 VM","M",200,{"$f":"VLOOKUP(B129,COT_Elet!$B$10:$R$888,17,0)","v":1.3598851199999999},1.56,312,null,{"$f":"CAPA!$D$13","v":0.04},299.52]
["1.4.10","COT-E117","PROPRIA","CANALETA PVC  50X80MM VENTIL CZ 2M HELLE","BR",1,{"$f":"VLOOKUP(B130,COT_Elet!$B$10:$R$888,17,0)","v":93.087816098805007},107.05,107.05,null,{"$f":"CAPA!$D$13","v":0.04},102.76799999999999]
["1.4.11","COT-E118","PROPRIA","CONTATOR CWB  9.11  24VCA CWB9-11-3NA","PC",8,{"$f":"VLOOKUP(B131,COT_Elet!$B$10:$R$888,17,0)","v":140.56527457499999},161.65,1293.2,null,{"$f":"CAPA!$D$13","v":0.04},1241.472]
["1.4.12","COT-E119","PROPRIA","DISJ. BIP.  10A SJ202T-C10 3KA","PC",1,{"$f":"VLOOKUP(B132,COT_Elet!$B$10:$R$888,17,0)","v":51.179341999499997},58.85,58.85,null,{"$f":"CAPA!$D$13","v":0.04},56.496000000000002]
["1.4.13","COT-E120","PROPRIA","DISJ. MOTOR WEG MPW   0,4-0,63A MPW18-3-","PC",4,{"$f":"VLOOKUP(B133,COT_Elet!$B$10:$R$888,17,0)","v":289.02900246000002},332.38,1329.52,null,{"$f":"CAPA!$D$13","v":0.04},1276.3391999999999]
["1.4.14","COT-E121","PROPRIA","DISJ. TRIP CX MOLD   40A 80KA 380V DWB","PC",1,{"$f":"VLOOKUP(B134,COT_Elet!$B$10:$R$888,17,0)","v":466.64274805500003},536.63,536.63,null,{"$f":"CAPA!$D$13","v":0.04},515.16480000000001]
["1.4.15","COT-E122","PROPRIA","DISJ. UNIP  10A SJ201T-C10 3KA","PC",2,{"$f":"VLOOKUP(B135,COT_Elet!$B$10:$R$888,17,0)","v":12.050333670375},13.85,27.7,null,{"$f":"CAPA!$D$13","v":0.04},26.591999999999999]
["1.4.16","COT-E123","PROPRIA","DISJ. UNIP  20A SJ201 T-C20 3KA","PC",3,{"$f":"VLOOKUP(B136,COT_Elet!$B$10:$R$888,17,0)","v":12.050333670375},13.85,41.55,null,{"$f":"CAPA!$D$13","v":0.04},39.887999999999998]
["1.4.17","COT-E124","PROPRIA","FIM DE CURSO T2R ALAV FLEX C/ROLD","PC",1,{"$f":"VLOOKUP(B137,COT_Elet!$B$10:$R$888,17,0)","v":54.690948014999996},62.89,62.89,null,{"$f":"CAPA!$D$13","v":0.04},60.374400000000001]
["1.4.18","COT-E125","PROPRIA","FONTE ALIM. CP-E 24/10.0  10A 24VCC ABB","PC",1,{"$f":"VLOOKUP(B138,COT_Elet!$B$10:$R$888,17,0)","v":1295.9123765444999},1490.29,1490.29,null,{"$f":"CAPA!$D$13","v":0.04},1430.6784]
["1.4.19","COT-E126","PROPRIA","GRELHA FILTRO PLAST. EMB. 255X255MM RMC","PC",2,{"$f":"VLOOKUP(B139,COT_Elet!$B$10:$R$888,17,0)","v":178.93340190000001},205.77,411.54,null,{"$f":"CAPA!$D$13","v":0.04},{"$f":"I139*(1-K139)","v":395.07839999999999}]
["1.4.20","COT-E127","PROPRIA","PAINEL TTA 3B 1900X800X800MM  TTW - MONTADO, TESTADO E COMISSIONADO EM FÁBRICA","PC",1,{"$f":"VLOOKUP(B140,COT_Elet!$B$10:$R$888,17,0)","v":36460.366376643004},{"$f":"TRUNC(G140*(1+$J$5),2)","v":41929.42},{"$f":"TRUNC(F140*H140,2)","v":41929.42},null,{"$f":"CAPA!$D$13","v":0.04},40252.243199999997]
["1.4.21","COT-E128","PROPRIA","LUMINARIA LINEAR P/PAINEL  60CM 7W 6,5K","PC",1,{"$f":"VLOOKUP(B141,COT_Elet!$B$10:$R$888,17,0)","v":57.408421181264998},66.010000000000005,66.010000000000005,null,{"$f":"CAPA!$D$13","v":0.04},63.369600000000005]
["1.4.22","COT-E129","PROPRIA","MICROVENTIL 18X18CM 220V FZY JNG","PC",1,{"$f":"VLOOKUP(B142,COT_Elet!$B$10:$R$888,17,0)","v":315.50717991754499},362.83,362.83,null,{"$f":"CAPA!$D$13","v":0.04},348.31679999999994]
["1.4.23","COT-E130","PROPRIA","PLAQUETA DE EMERG P/BOTAO 22MM","PC",1,{"$f":"VLOOKUP(B143,COT_Elet!$B$10:$R$888,17,0)","v":12.178184875725},14,14,null,{"$f":"CAPA!$D$13","v":0.04},13.44]
["1.4.24","COT-E131","PROPRIA","PORTA PLAQUETA APP30T 30X50","PC",3,{"$f":"VLOOKUP(B144,COT_Elet!$B$10:$R$888,17,0)","v":6.0784143750000004},6.99,20.97,null,{"$f":"CAPA!$D$13","v":0.04},20.1312]
["1.4.25","COT-E132","PROPRIA","POSTE EXTREMIDADE DIN35 CA802 CZ","PC",6,{"$f":"VLOOKUP(B145,COT_Elet!$B$10:$R$888,17,0)","v":2.3383809257985},2.68,16.079999999999998,null,{"$f":"CAPA!$D$13","v":0.04},15.436799999999998]
["1.4.26","COT-E133","PROPRIA","PROTETOR DE SURTO 275V  45KA CL-II","PC",2,{"$f":"VLOOKUP(B146,COT_Elet!$B$10:$R$888,17,0)","v":44.266346843400001},50.9,101.8,null,{"$f":"CAPA!$D$13","v":0.04},97.727999999999994]
["1.4.27","COT-E134","PROPRIA","PROTETOR DE SURTO 922.B.010.220 FASTER","PC",1,{"$f":"VLOOKUP(B147,COT_Elet!$B$10:$R$888,17,0)","v":183.05969916960001},210.51,210.51,null,{"$f":"CAPA!$D$13","v":0.04},202.08959999999999]
["1.4.28","COT-E135","PROPRIA","PROTETOR DE SURTO 922.B.010.24VCC FASTER","PC",1,{"$f":"VLOOKUP(B148,COT_Elet!$B$10:$R$888,17,0)","v":165.3587854116},190.16,190.16,null,{"$f":"CAPA!$D$13","v":0.04},182.55359999999999]
["1.4.29","COT-E136","PROPRIA","SELETOR 3 POS. FIXAS CURTO 2NA XA2ED33","PC",3,{"$f":"VLOOKUP(B149,COT_Elet!$B$10:$R$888,17,0)","v":36.553943194312502},42.03,126.09,null,{"$f":"CAPA!$D$13","v":0.04},121.04640000000001]
["1.4.30","COT-E137","PROPRIA","SINALEIRO LED 22MM 220V LARANJ XA2EVM5LC","PC",8,{"$f":"VLOOKUP(B150,COT_Elet!$B$10:$R$888,17,0)","v":16.666648225260001},19.16,153.28,null,{"$f":"CAPA!$D$13","v":0.04},147.14879999999999]
["1.4.31","COT-E138","PROPRIA","SINALEIRO LED 22MM 220V VD XA2EVM3LC","PC",8,{"$f":"VLOOKUP(B151,COT_Elet!$B$10:$R$888,17,0)","v":16.666648225260001},19.16,153.28,null,{"$f":"CAPA!$D$13","v":0.04},147.14879999999999]
["1.4.32","COT-E139","PROPRIA","SWITCH 8 P.  ETHERN. IP30 10/100TX  CERT","PC",1,{"$f":"VLOOKUP(B152,COT_Elet!$B$10:$R$888,17,0)","v":2101.3655668689798},2416.5700000000002,2416.5700000000002,null,{"$f":"CAPA!$D$13","v":0.04},2319.9072000000001]
["1.4.33","COT-E140","PROPRIA","TERMINAL GARFO 0,5-1,5MM2 VM TPF21-4","PC",100,{"$f":"VLOOKUP(B153,COT_Elet!$B$10:$R$888,17,0)","v":0.24741980999999999},0.28000000000000003,28,null,{"$f":"CAPA!$D$13","v":0.04},26.88]
["1.4.34","COT-E141","PROPRIA","TERMINAL ISOLADO TUBOLAR  1,0MM2 VM","PC",100,{"$f":"VLOOKUP(B154,COT_Elet!$B$10:$R$888,17,0)","v":5.8537545000000003E-2},0.06,6,null,{"$f":"CAPA!$D$13","v":0.04},5.76]
["1.4.35","COT-E142","PROPRIA","TOMADA P/TRILHO 2P+T 10A SIBRATEC","PC",1,{"$f":"VLOOKUP(B155,COT_Elet!$B$10:$R$888,17,0)","v":23.316419610000001},26.81,26.81,null,{"$f":"CAPA!$D$13","v":0.04},25.737599999999997]
["1.4.36","COT-E143","PROPRIA","TRILHO 35X7,5MM 2M LISO PHOENIX","BR",1,{"$f":"VLOOKUP(B156,COT_Elet!$B$10:$R$888,17,0)","v":29.68001429085},34.130000000000003,34.130000000000003,null,{"$f":"CAPA!$D$13","v":0.04},32.764800000000001]
["1.4.37","COT-E144","PROPRIA","PLC PM5072-T-2ETH","PC",1,{"$f":"VLOOKUP(B157,COT_Elet!$B$10:$R$888,17,0)","v":5748.1076688749999},6610.32,6610.32,null,{"$f":"CAPA!$D$13","v":0.04},6345.9071999999996]
["1.4.38","COT-E145","PROPRIA","TERMINAL TA5212-TSCL PLC","PC",1,{"$f":"VLOOKUP(B158,COT_Elet!$B$10:$R$888,17,0)","v":126.7585605},145.77000000000001,145.77000000000001,null,{"$f":"CAPA!$D$13","v":0.04},139.9392]
["1.4.39","COT-E146","PROPRIA","MC5102","PC",1,{"$f":"VLOOKUP(B159,COT_Elet!$B$10:$R$888,17,0)","v":451.88444193750001},519.66,519.66,null,{"$f":"CAPA!$D$13","v":0.04},498.87359999999995]
["1.4.40","COT-E147","PROPRIA","DI524 32DI","PC",1,{"$f":"VLOOKUP(B160,COT_Elet!$B$10:$R$888,17,0)","v":2095.0373193750002},2409.29,2409.29,null,{"$f":"CAPA!$D$13","v":0.04},2312.9184]
["1.4.41","COT-E148","PROPRIA","DO524 32 DO","PC",1,{"$f":"VLOOKUP(B161,COT_Elet!$B$10:$R$888,17,0)","v":2751.3731656125001},3164.07,3164.07,null,{"$f":"CAPA!$D$13","v":0.04},3037.5072]
["1.4.42","COT-E149","PROPRIA","TERMINAL TU515 MODULOS","PC",2,{"$f":"VLOOKUP(B162,COT_Elet!$B$10:$R$888,17,0)","v":497.61742387499999},572.26,1144.52,null,{"$f":"CAPA!$D$13","v":0.04},1098.7392]
["1.4.43","COT-E150","PROPRIA","IHM CP610 10 POLEGADOR","PC",1,{"$f":"VLOOKUP(B163,COT_Elet!$B$10:$R$888,17,0)","v":6721.6510807875002},7729.89,7729.89,null,{"$f":"CAPA!$D$13","v":0.04},7420.6944000000003]
["1.4.44","COT-E151","PROPRIA","Antena Direcional YAGI 900MHz -17dBi - CF917","PC",1,{"$f":"VLOOKUP(B164,COT_Elet!$B$10:$R$888,17,0)","v":488.16281249999997},561.38,561.38,null,{"$f":"CAPA!$D$13","v":0.04},538.9248]
["1.4.45","COT-E152","PROPRIA","Cabo Alfacomp interliga rádio/Centelhador (CONECTORES SMA-M/N-M)","PC",1,{"$f":"VLOOKUP(B165,COT_Elet!$B$10:$R$888,17,0)","v":1033.939335},1189.03,1189.03,null,{"$f":"CAPA!$D$13","v":0.04},1141.4687999999999]
["1.4.46","COT-E153","PROPRIA","Cabo DLC 213 Com conectores N-macho 10 metros montado","PC",1,{"$f":"VLOOKUP(B166,COT_Elet!$B$10:$R$888,17,0)","v":75.468920999999995},86.78,86.78,null,{"$f":"CAPA!$D$13","v":0.04},83.308800000000005]
["1.4.47","COT-E154","PROPRIA","Cabo Serial Alfacomp programação SX900/RM2060/RM2071","PC",1,{"$f":"VLOOKUP(B167,COT_Elet!$B$10:$R$888,17,0)","v":298.83542699999998},343.66,343.66,null,{"$f":"CAPA!$D$13","v":0.04},329.91360000000003]
["1.4.48","COT-E155","PROPRIA","Centelhador N - CN3203","PC",1,{"$f":"VLOOKUP(B168,COT_Elet!$B$10:$R$888,17,0)","v":82.725224999999995},95.13,95.13,null,{"$f":"CAPA!$D$13","v":0.04},91.324799999999996]
["1.4.49","COT-E156","PROPRIA","Conector de loopback para teste de bancada","PC",1,{"$f":"VLOOKUP(B169,COT_Elet!$B$10:$R$888,17,0)","v":0.16797000000000001},0.19,0.19,null,{"$f":"CAPA!$D$13","v":0.04},0.18240000000000001]
["1.4.50","COT-E157","PROPRIA","Conversor Ethernet Serial - 1-port RS232/485 Serial to 100M Ethernet","PC",1,{"$f":"VLOOKUP(B170,COT_Elet!$B$10:$R$888,17,0)","v":990.85503000000006},1139.48,1139.48,null,{"$f":"CAPA!$D$13","v":0.04},1093.9007999999999]
["1.4.51","COT-E158","PROPRIA","Rádio modem Spread Spectrum-900MHz-1W - Alfacomp RM-SX900","PC",1,{"$f":"VLOOKUP(B171,COT_Elet!$B$10:$R$888,17,0)","v":4129.0805325000001},4748.4399999999996,4748.4399999999996,null,{"$f":"CAPA!$D$13","v":0.04},4558.5023999999994]
["1.5","*****","*****","FORNECIMENTO DE QUADRO DA SUBESTAÇÃO 112,5KVA - (QD SE 112,5KVA) - EBP",null,null,{"$f":"VLOOKUP(B172,COT_Elet!$B$10:$R$888,17,0)","v":0},null,{"$f":"SUM(I173:I184)","v":6888.24},null,{"$f":"CAPA!$D$13","v":0.04},{"$f":"SUM(L173:L184)","v":6612.7103999999999}]
["1.5.1","COT-E159","PROPRIA","CAIXA MEDICAO 75-300KVA 700X1500X200MM - MONTADO, TESTADO E COMISSIONADO EM FÁBRICA","PC",1,{"$f":"VLOOKUP(B173,COT_Elet!$B$10:$R$888,17,0)","v":3434.7911452420099},3950,3950,null,{"$f":"CAPA!$D$13","v":0.04},3792]
["1.5.2","COT-E160","PROPRIA","CHAPA DE POLICARB. 3.00X2,050X3MM CRISTA","M2",0.5,{"$f":"VLOOKUP(B174,COT_Elet!$B$10:$R$888,17,0)","v":344.581468605},396.26,198.13,null,{"$f":"CAPA!$D$13","v":0.04},190.20479999999998]
["1.5.3","COT-E161","PROPRIA","COBRE EM BARRA  3/4\"X1/4\" 269A 1,08KG/M","M",3,{"$f":"VLOOKUP(B175,COT_Elet!$B$10:$R$888,17,0)","v":156.25543626000001},179.69,539.07000000000005,null,{"$f":"CAPA!$D$13","v":0.04},517.50720000000001]
["1.5.4","COT-E162","PROPRIA","DISJ. TRIP CX MOLD   32A 16KA 380V DWB","PC",1,{"$f":"VLOOKUP(B176,COT_Elet!$B$10:$R$888,17,0)","v":466.64274805500003},536.63,536.63,null,{"$f":"CAPA!$D$13","v":0.04},515.16480000000001]
["1.5.5","COT-E163","PROPRIA","DISJ. TRIP CX MOLD  175A 80KA DWB","PC",1,{"$f":"VLOOKUP(B177,COT_Elet!$B$10:$R$888,17,0)","v":578.82470398500004},665.64,665.64,null,{"$f":"CAPA!$D$13","v":0.04},639.01439999999991]
["1.5.6","COT-E164","PROPRIA","DISJ. UNIP  32A MDW-C32 3KA","PC",1,{"$f":"VLOOKUP(B178,COT_Elet!$B$10:$R$888,17,0)","v":10.141356719999999},11.66,11.66,null,{"$f":"CAPA!$D$13","v":0.04},11.1936]
["1.5.7","COT-E165","PROPRIA","LIQUIDO PARA PRATEAR 1 LITRO","LT",1,{"$f":"VLOOKUP(B179,COT_Elet!$B$10:$R$888,17,0)","v":249.34726574999999},286.74,286.74,null,{"$f":"CAPA!$D$13","v":0.04},275.2704]
["1.5.8","COT-E166","PROPRIA","PROTETOR DE SURTO 275V  60KA EMBRAST","PC",4,{"$f":"VLOOKUP(B180,COT_Elet!$B$10:$R$888,17,0)","v":88.448325043319997},101.71,406.84,null,{"$f":"CAPA!$D$13","v":0.04},390.56639999999999]
["1.5.9","COT-E167","PROPRIA","TERMO ENCOLHIVEL 1KV  60MM 2.1/2\" BR","M",1,{"$f":"VLOOKUP(B181,COT_Elet!$B$10:$R$888,17,0)","v":32.287378167},37.130000000000003,37.130000000000003,null,{"$f":"CAPA!$D$13","v":0.04},35.644800000000004]
["1.5.10","COT-E168","PROPRIA","TERMO ENCOLHIVEL 1KV  60MM 2.1/2\" LILAS","M",1,{"$f":"VLOOKUP(B182,COT_Elet!$B$10:$R$888,17,0)","v":32.9692271865},37.909999999999997,37.909999999999997,null,{"$f":"CAPA!$D$13","v":0.04},36.393599999999992]
["1.5.11","COT-E169","PROPRIA","TERMO ENCOLHIVEL 1KV  60MM 2.1/2\" VM","M",1,{"$f":"VLOOKUP(B183,COT_Elet!$B$10:$R$888,17,0)","v":18.180060192854999},20.9,20.9,null,{"$f":"CAPA!$D$13","v":0.04},20.063999999999997]
["1.5.12","COT-E170","PROPRIA","UNIDADE CAPAC. TRIF.   5KVAR 380V HD","PC",1,{"$f":"VLOOKUP(B184,COT_Elet!$B$10:$R$888,17,0)","v":171.8181927},197.59,197.59,null,{"$f":"CAPA!$D$13","v":0.04},189.68639999999999]
["1.6","*****","*****","FORNECIMENTO DE QUADRO DE DIST. FORÇA E LUZ DA SUBEST. DE ENTRADA - (QDFL SE ENTRADA) - EBP",null,null,{"$f":"VLOOKUP(B185,COT_Elet!$B$10:$R$888,17,0)","v":0},null,{"$f":"SUM(I186:I201)","v":4205.8799999999992},null,{"$f":"CAPA!$D$13","v":0.04},{"$f":"SUM(L186:L201)","v":4037.6447999999996}]
["1.6.1","COT-E171","PROPRIA","BARRAMENTO FASE TRIP 54P 80A 1M WEG","PC",1,{"$f":"VLOOKUP(B186,COT_Elet!$B$10:$R$888,17,0)","v":135.680203065},156.03,156.03,null,{"$f":"CAPA!$D$13","v":0.04},149.78880000000001]
["1.6.2","COT-E172","PROPRIA","CABO FLEXIVEL 750V 10MM2 PT","M",12,{"$f":"VLOOKUP(B187,COT_Elet!$B$10:$R$888,17,0)","v":10.47158574},12.04,144.47999999999999,null,{"$f":"CAPA!$D$13","v":0.04},138.70079999999999]
["1.6.3","COT-E173","PROPRIA","CAIXA P/MONTAGEM  80X60X25CM - MONTADO, TESTADO E COMISSIONADO EM FÁBRICA","PC",1,{"$f":"VLOOKUP(B188,COT_Elet!$B$10:$R$888,17,0)","v":2458.7281189340101},2827.53,2827.53,null,{"$f":"CAPA!$D$13","v":0.04},2714.4288000000001]
["1.6.4","COT-E174","PROPRIA","CANALETA PVC  50X80MM VENTIL CZ 2M HELLE","BR",2,{"$f":"VLOOKUP(B189,COT_Elet!$B$10:$R$888,17,0)","v":93.087816098805007},107.05,214.1,null,{"$f":"CAPA!$D$13","v":0.04},205.53599999999997]
["1.6.5","COT-E175","PROPRIA","COBRE EM BARRA  5/8\"X3/16\" 176A 0,673KG/","M",0.8,{"$f":"VLOOKUP(B190,COT_Elet!$B$10:$R$888,17,0)","v":97.362970649999994},111.96,89.56,null,{"$f":"CAPA!$D$13","v":0.04},85.977599999999995]
["1.6.6","COT-E176","PROPRIA","CONECTOR EXTERNO PINO CURTO 25MM2","PC",6,{"$f":"VLOOKUP(B191,COT_Elet!$B$10:$R$888,17,0)","v":14.5550170656},16.73,100.38,null,{"$f":"CAPA!$D$13","v":0.04},96.364799999999988]
["1.6.7","COT-E177","PROPRIA","DISJ. TRIP   32A MDW-C-32-3 3KA","PC",2,{"$f":"VLOOKUP(B192,COT_Elet!$B$10:$R$888,17,0)","v":54.441008654999997},62.6,125.2,null,{"$f":"CAPA!$D$13","v":0.04},120.19199999999999]
["1.6.8","COT-E178","PROPRIA","DISJ. TRIP   63A MDW-C63-3 3KA","PC",1,{"$f":"VLOOKUP(B193,COT_Elet!$B$10:$R$888,17,0)","v":78.958413765000003},90.8,90.8,null,{"$f":"CAPA!$D$13","v":0.04},87.167999999999992]
["1.6.9","COT-E179","PROPRIA","DISJ. UNIP  16A MDW-C16 3KA","PC",1,{"$f":"VLOOKUP(B194,COT_Elet!$B$10:$R$888,17,0)","v":10.141356719999999},11.66,11.66,null,{"$f":"CAPA!$D$13","v":0.04},11.1936]
["1.6.10","COT-E180","PROPRIA","DISJ. UNIP  20A MDW-C20 3KA","PC",4,{"$f":"VLOOKUP(B195,COT_Elet!$B$10:$R$888,17,0)","v":10.141356719999999},11.66,46.64,null,{"$f":"CAPA!$D$13","v":0.04},44.7744]
["1.6.11","COT-E181","PROPRIA","DISJ. UNIP  25A MDW-C25 3KA","PC",1,{"$f":"VLOOKUP(B196,COT_Elet!$B$10:$R$888,17,0)","v":11.02807035},12.68,12.68,null,{"$f":"CAPA!$D$13","v":0.04},12.172799999999999]
["1.6.12","COT-E182","PROPRIA","DISJ. UNIP  32A MDW-C32 3KA","PC",4,{"$f":"VLOOKUP(B197,COT_Elet!$B$10:$R$888,17,0)","v":10.141356719999999},11.66,46.64,null,{"$f":"CAPA!$D$13","v":0.04},44.7744]
["1.6.13","COT-E183","PROPRIA","ISOLADOR EPOXI PARALELO 20X30MM 1/4\"","PC",4,{"$f":"VLOOKUP(B198,COT_Elet!$B$10:$R$888,17,0)","v":5.0348621169000003},5.79,23.16,null,{"$f":"CAPA!$D$13","v":0.04},22.233599999999999]
["1.6.14","COT-E184","PROPRIA","PORTA DOCUMENTOS GRANDE A4 36580","PC",1,{"$f":"VLOOKUP(B199,COT_Elet!$B$10:$R$888,17,0)","v":68.953190011199993},79.290000000000006,79.290000000000006,null,{"$f":"CAPA!$D$13","v":0.04},76.118400000000008]
["1.6.15","COT-E185","PROPRIA","PROTETOR DE SURTO 275V  45KA CL-II","PC",4,{"$f":"VLOOKUP(B200,COT_Elet!$B$10:$R$888,17,0)","v":44.266346843400001},50.9,203.6,null,{"$f":"CAPA!$D$13","v":0.04},195.45599999999999]
["1.6.16","COT-E186","PROPRIA","TRILHO 35X7,5MM 2M LISO PHOENIX","BR",1,{"$f":"VLOOKUP(B201,COT_Elet!$B$10:$R$888,17,0)","v":29.68001429085},34.130000000000003,34.130000000000003,null,{"$f":"CAPA!$D$13","v":0.04},32.764800000000001]
["1.7","*****","*****","FORNECIMENTO DE QUADRO DE DISTRIBUIÇÃO DE FORÇA DA SALA DE MAQUINAS - (QDFL SL MAQUINAS) - EBP",null,null,{"$f":"VLOOKUP(B202,COT_Elet!$B$10:$R$888,17,0)","v":0},null,{"$f":"SUM(I203:I218)","v":4088.6599999999989},null,{"$f":"CAPA!$D$13","v":0.04},{"$f":"SUM(L203:L218)","v":3925.1135999999992}]
["1.7.1","COT-E187","PROPRIA","BARRAMENTO FASE TRIP 54P 80A 1M WEG","PC",1,{"$f":"VLOOKUP(B203,COT_Elet!$B$10:$R$888,17,0)","v":135.680203065},156.03,156.03,null,{"$f":"CAPA!$D$13","v":0.04},{"$f":"I203*(1-K203)","v":149.78880000000001}]
["1.7.2","COT-E188","PROPRIA","CABO FLEXIVEL 750V 10MM2 PT","M",12,{"$f":"VLOOKUP(B204,COT_Elet!$B$10:$R$888,17,0)","v":10.47158574},{"$f":"TRUNC(G204*(1+$J$5),2)","v":12.04},{"$f":"TRUNC(F204*H204,2)","v":144.47999999999999},null,{"$f":"CAPA!$D$13","v":0.04},138.70079999999999]
["1.7.3","COT-E189","PROPRIA","CAIXA P/MONTAGEM  80X60X25CM - MONTADO, TESTADO E COMISSIONADO EM FÁBRICA","PC",1,{"$f":"VLOOKUP(B205,COT_Elet!$B$10:$R$888,17,0)","v":2435.7512205283901},2801.11,2801.11,null,{"$f":"CAPA!$D$13","v":0.04},2689.0655999999999]
["1.7.4","COT-E190","PROPRIA","CANALETA PVC  50X80MM VENTIL CZ 2M HELLE","BR",2,{"$f":"VLOOKUP(B206,COT_Elet!$B$10:$R$888,17,0)","v":93.087816098805007},107.05,214.1,null,{"$f":"CAPA!$D$13","v":0.04},205.53599999999997]
["1.7.5","COT-E191","PROPRIA","COBRE EM BARRA  5/8\"X3/16\" 176A 0,673KG/","M",0.8,{"$f":"VLOOKUP(B207,COT_Elet!$B$10:$R$888,17,0)","v":97.362970649999994},111.96,89.56,null,{"$f":"CAPA!$D$13","v":0.04},85.977599999999995]
["1.7.6","COT-E192","PROPRIA","CONECTOR EXTERNO PINO CURTO 25MM2","PC",6,{"$f":"VLOOKUP(B208,COT_Elet!$B$10:$R$888,17,0)","v":14.5550170656},16.73,100.38,null,{"$f":"CAPA!$D$13","v":0.04},96.364799999999988]
["1.7.7","COT-E193","PROPRIA","DISJ. TRIP   32A MDW-C-32-3 3KA","PC",1,{"$f":"VLOOKUP(B209,COT_Elet!$B$10:$R$888,17,0)","v":54.441008654999997},62.6,62.6,null,{"$f":"CAPA!$D$13","v":0.04},60.095999999999997]
["1.7.8","COT-E194","PROPRIA","DISJ. TRIP   40A MDW-C40-3 3KA","PC",1,{"$f":"VLOOKUP(B210,COT_Elet!$B$10:$R$888,17,0)","v":54.441008654999997},62.6,62.6,null,{"$f":"CAPA!$D$13","v":0.04},60.095999999999997]
["1.7.9","COT-E195","PROPRIA","DISJ. UNIP  16A MDW-C16 3KA","PC",1,{"$f":"VLOOKUP(B211,COT_Elet!$B$10:$R$888,17,0)","v":10.141356719999999},11.66,11.66,null,{"$f":"CAPA!$D$13","v":0.04},11.1936]
["1.7.10","COT-E196","PROPRIA","DISJ. UNIP  20A MDW-C20 3KA","PC",4,{"$f":"VLOOKUP(B212,COT_Elet!$B$10:$R$888,17,0)","v":10.141356719999999},11.66,46.64,null,{"$f":"CAPA!$D$13","v":0.04},44.7744]
["1.7.11","COT-E197","PROPRIA","DISJ. UNIP  25A MDW-C25 3KA","PC",1,{"$f":"VLOOKUP(B213,COT_Elet!$B$10:$R$888,17,0)","v":11.02807035},12.68,12.68,null,{"$f":"CAPA!$D$13","v":0.04},12.172799999999999]
["1.7.12","COT-E198","PROPRIA","DISJ. UNIP  32A MDW-C32 3KA","PC",4,{"$f":"VLOOKUP(B214,COT_Elet!$B$10:$R$888,17,0)","v":10.141356719999999},11.66,46.64,null,{"$f":"CAPA!$D$13","v":0.04},44.7744]
["1.7.13","COT-E199","PROPRIA","ISOLADOR EPOXI PARALELO 20X30MM 1/4\"","PC",4,{"$f":"VLOOKUP(B215,COT_Elet!$B$10:$R$888,17,0)","v":5.0348621169000003},5.79,23.16,null,{"$f":"CAPA!$D$13","v":0.04},22.233599999999999]
["1.7.14","COT-E200","PROPRIA","PORTA DOCUMENTOS GRANDE A4 36580","PC",1,{"$f":"VLOOKUP(B216,COT_Elet!$B$10:$R$888,17,0)","v":68.953190011199993},79.290000000000006,79.290000000000006,null,{"$f":"CAPA!$D$13","v":0.04},76.118400000000008]
["1.7.15","COT-E201","PROPRIA","PROTETOR DE SURTO 275V  45KA CL-II","PC",4,{"$f":"VLOOKUP(B217,COT_Elet!$B$10:$R$888,17,0)","v":44.266346843400001},50.9,203.6,null,{"$f":"CAPA!$D$13","v":0.04},195.45599999999999]
["1.7.16","COT-E202","PROPRIA","TRILHO 35X7,5MM 2M LISO PHOENIX","BR",1,{"$f":"VLOOKUP(B218,COT_Elet!$B$10:$R$888,17,0)","v":29.68001429085},34.130000000000003,34.130000000000003,null,{"$f":"CAPA!$D$13","v":0.04},32.764800000000001]
["1.8","*****","*****","FORNECIMENTO DE MATERIAIS DA SUBESTAÇÃO 112,5KVA - (SE 112,5KVA) - EBP",null,null,{"$f":"VLOOKUP(B219,COT_Elet!$B$10:$R$888,17,0)","v":0},null,{"$f":"SUM(I220:I275)","v":27604.819999999992},null,{"$f":"CAPA!$D$13","v":0.04},{"$f":"SUM(L220:L275)","v":26500.627199999995}]
["1.8.1","COT-E203","PROPRIA","ALCA PREF SERVICO  25MM2 4AWG CABO ISOLA","PC",6,{"$f":"VLOOKUP(B220,COT_Elet!$B$10:$R$888,17,0)","v":4.25760697725},4.8899999999999997,29.34,null,{"$f":"CAPA!$D$13","v":0.04},28.166399999999999]
["1.8.2","COT-E204","PROPRIA","ARMACAO SEC. PESADA 3/16 01 ROLD  ROMA","PC",1,{"$f":"VLOOKUP(B221,COT_Elet!$B$10:$R$888,17,0)","v":25.688538141750001},29.54,29.54,null,{"$f":"CAPA!$D$13","v":0.04},28.3584]
["1.8.3","COT-E205","PROPRIA","ARRUELA ALUMINIO 1.1/2\"","PC",4,{"$f":"VLOOKUP(B222,COT_Elet!$B$10:$R$888,17,0)","v":1.98586748547},2.2799999999999998,9.1199999999999992,null,{"$f":"CAPA!$D$13","v":0.04},8.7551999999999985]
["1.8.4","COT-E206","PROPRIA","ARRUELA ALUMINIO 4\"","PC",8,{"$f":"VLOOKUP(B223,COT_Elet!$B$10:$R$888,17,0)","v":10.884905739675},12.51,100.08,null,{"$f":"CAPA!$D$13","v":0.04},96.076799999999992]
["1.8.5","COT-E207","PROPRIA","BUCHA ALUMINIO 4\"","PC",4,{"$f":"VLOOKUP(B224,COT_Elet!$B$10:$R$888,17,0)","v":12.232164050865},14.06,56.24,null,{"$f":"CAPA!$D$13","v":0.04},53.990400000000001]
["1.8.6","COT-E208","PROPRIA","CABECOTE DE ALUMINIO  3/4\"","PC",1,{"$f":"VLOOKUP(B225,COT_Elet!$B$10:$R$888,17,0)","v":4.8674346599999998},5.59,5.59,null,{"$f":"CAPA!$D$13","v":0.04},5.3663999999999996]
["1.8.7","COT-E209","PROPRIA","CABECOTE DE ALUMINIO 4\"","PC",2,{"$f":"VLOOKUP(B226,COT_Elet!$B$10:$R$888,17,0)","v":45.414972734999999},52.22,104.44,null,{"$f":"CAPA!$D$13","v":0.04},100.2624]
["1.8.8","COT-E210","PROPRIA","CABO 0,6/1KV 1X 95MM2 FLEX 90 AZ","M",12,{"$f":"VLOOKUP(B227,COT_Elet!$B$10:$R$888,17,0)","v":100.84137739499999},115.96,1391.52,null,{"$f":"CAPA!$D$13","v":0.04},1335.8591999999999]
["1.8.9","COT-E211","PROPRIA","CABO 0,6/1KV 1X 95MM2 FLEX 90 PT","M",36,{"$f":"VLOOKUP(B228,COT_Elet!$B$10:$R$888,17,0)","v":100.84137739499999},115.96,4174.5600000000004,null,{"$f":"CAPA!$D$13","v":0.04},4007.5776000000001]
["1.8.10","COT-E212","PROPRIA","CABO ALUM 15KV  50MM2 PROTEGIDO XLPE CZ","M",10,{"$f":"VLOOKUP(B229,COT_Elet!$B$10:$R$888,17,0)","v":11.789394375000001},13.55,135.5,null,{"$f":"CAPA!$D$13","v":0.04},130.07999999999998]
["1.8.11","COT-E213","PROPRIA","CABO DE COBRE NU  50MM2 7F NBR6524 403KG","M",30,{"$f":"VLOOKUP(B230,COT_Elet!$B$10:$R$888,17,0)","v":53.92727241},62.01,1860.3,null,{"$f":"CAPA!$D$13","v":0.04},1785.8879999999999]
["1.8.12","COT-E214","PROPRIA","CABO DE COBRE NU 35MM2 NBR6524 (290KG/KM","M",30,{"$f":"VLOOKUP(B231,COT_Elet!$B$10:$R$888,17,0)","v":39.655785344999998},45.6,1368,null,{"$f":"CAPA!$D$13","v":0.04},1313.28]
["1.8.13","COT-E215","PROPRIA","CAIXA INSPECAO ATERRAM 300X250MM CILINDR","PC",2,{"$f":"VLOOKUP(B232,COT_Elet!$B$10:$R$888,17,0)","v":24.623142224999999},28.31,56.62,null,{"$f":"CAPA!$D$13","v":0.04},54.355199999999996]
["1.8.14","COT-E216","PROPRIA","CARTUCHO P/SOLDA 115G","PC",15,{"$f":"VLOOKUP(B233,COT_Elet!$B$10:$R$888,17,0)","v":22.738467594149999},26.14,392.1,null,{"$f":"CAPA!$D$13","v":0.04},376.416]
["1.8.15","COT-E217","PROPRIA","CHAVE SECC. UNIPOLAR 15KV-400A TIPO MS","PC",3,{"$f":"VLOOKUP(B234,COT_Elet!$B$10:$R$888,17,0)","v":784.41872756939995},902.08,2706.24,null,{"$f":"CAPA!$D$13","v":0.04},2597.9903999999997]
["1.8.16","COT-E218","PROPRIA","CINTA CIRCULAR 1/4 38X320MM","PC",6,{"$f":"VLOOKUP(B235,COT_Elet!$B$10:$R$888,17,0)","v":68.567394835499996},78.849999999999994,473.1,null,{"$f":"CAPA!$D$13","v":0.04},454.17599999999999]
["1.8.17","COT-E219","PROPRIA","CONECTOR CUNHA AL CADC 3/0-4/0//1/0-2/0","PC",9,{"$f":"VLOOKUP(B236,COT_Elet!$B$10:$R$888,17,0)","v":21.267689520000001},24.45,220.05,null,{"$f":"CAPA!$D$13","v":0.04},211.24799999999999]
["1.8.18","COT-E220","PROPRIA","CONECTOR CUNHA ESTRIBO 4-2AWG 2AWG VM","PC",3,{"$f":"VLOOKUP(B237,COT_Elet!$B$10:$R$888,17,0)","v":46.067704155000001},52.97,158.91,null,{"$f":"CAPA!$D$13","v":0.04},152.55359999999999]
["1.8.19","COT-E221","PROPRIA","CONECTOR PARAFUSO FENDIDO  35MM2 BIMETAL","PC",3,{"$f":"VLOOKUP(B238,COT_Elet!$B$10:$R$888,17,0)","v":16.774911944999999},19.29,57.87,null,{"$f":"CAPA!$D$13","v":0.04},55.555199999999992]
["1.8.20","COT-E222","PROPRIA","CONECTOR PARAFUSO FENDIDO  50MM2 INTELI","PC",5,{"$f":"VLOOKUP(B239,COT_Elet!$B$10:$R$888,17,0)","v":19.420943354999999},22.33,111.65,null,{"$f":"CAPA!$D$13","v":0.04},107.184]
["1.8.21","COT-E223","PROPRIA","CRUZETA P/POSTE 90X112MM 1,7M POLIM TP L","PC",5,{"$f":"VLOOKUP(B240,COT_Elet!$B$10:$R$888,17,0)","v":729.94000209075},839.43,4197.1499999999996,null,{"$f":"CAPA!$D$13","v":0.04},4029.2639999999997]
["1.8.22","COT-E224","PROPRIA","CURVA GALV. A FOGO  3/4\" NBR 5598 BSP","PC",2,{"$f":"VLOOKUP(B241,COT_Elet!$B$10:$R$888,17,0)","v":11.019494725635001},12.67,25.34,null,{"$f":"CAPA!$D$13","v":0.04},24.3264]
["1.8.23","COT-E225","PROPRIA","CURVA GALV. A FOGO 2\"","PC",2,{"$f":"VLOOKUP(B242,COT_Elet!$B$10:$R$888,17,0)","v":29.352233433599999},33.75,67.5,null,{"$f":"CAPA!$D$13","v":0.04},64.8]
["1.8.24","COT-E226","PROPRIA","CURVA PVC 90G 01\" PT ELECON","PC",1,{"$f":"VLOOKUP(B243,COT_Elet!$B$10:$R$888,17,0)","v":2.7607011695999999},3.17,3.17,null,{"$f":"CAPA!$D$13","v":0.04},3.0431999999999997]
["1.8.25","COT-E227","PROPRIA","ELETRODUTO GALV. A FOGO  3/4\"X2,25MM5598","BR",2,{"$f":"VLOOKUP(B244,COT_Elet!$B$10:$R$888,17,0)","v":80.307652358504996},92.35,184.7,null,{"$f":"CAPA!$D$13","v":0.04},177.31199999999998]
["1.8.26","COT-E228","PROPRIA","ELETRODUTO GALV. A FOGO 2\"X2,25MM 5624","BR",3,{"$f":"VLOOKUP(B245,COT_Elet!$B$10:$R$888,17,0)","v":201.5501323968},231.78,695.34,null,{"$f":"CAPA!$D$13","v":0.04},667.52639999999997]
["1.8.27","COT-E229","PROPRIA","ELO FUSIVEL  500MM 15/34,5KV  15K","PC",3,{"$f":"VLOOKUP(B246,COT_Elet!$B$10:$R$888,17,0)","v":6.29776891755},7.24,21.72,null,{"$f":"CAPA!$D$13","v":0.04},20.851199999999999]
["1.8.28","COT-E230","PROPRIA","GRAMPO ANCORAGEM 15/35KV 35-300MM2  GAC","PC",6,{"$f":"VLOOKUP(B247,COT_Elet!$B$10:$R$888,17,0)","v":33.702676590000003},38.75,232.5,null,{"$f":"CAPA!$D$13","v":0.04},223.2]
["1.8.29","COT-E231","PROPRIA","GRAMPO LINHA VIVA SIMPLES GLV-95 10-95MM","PC",3,{"$f":"VLOOKUP(B248,COT_Elet!$B$10:$R$888,17,0)","v":55.711533735000003},64.06,192.18,null,{"$f":"CAPA!$D$13","v":0.04},184.49279999999999]
["1.8.30","COT-E232","PROPRIA","HASTE COBREADA 14,3MMX2,4M A/C PROLONG","BR",8,{"$f":"VLOOKUP(B249,COT_Elet!$B$10:$R$888,17,0)","v":143.63920956000001},165.18,1321.44,null,{"$f":"CAPA!$D$13","v":0.04},1268.5824]
["1.8.31","COT-E233","PROPRIA","ISOLADOR POLIM. DE ANCORAGEM 15KV","PC",6,{"$f":"VLOOKUP(B250,COT_Elet!$B$10:$R$888,17,0)","v":57.287932185000003},65.88,395.28,null,{"$f":"CAPA!$D$13","v":0.04},379.46879999999999]
["1.8.32","COT-E234","PROPRIA","LUVA GALV A FOGO 2\"","PC",2,{"$f":"VLOOKUP(B251,COT_Elet!$B$10:$R$888,17,0)","v":5.9826613968000002},6.88,13.76,null,{"$f":"CAPA!$D$13","v":0.04},13.2096]
["1.8.33","COT-E235","PROPRIA","LUVA PVC 01\" PT ELECON","PC",2,{"$f":"VLOOKUP(B252,COT_Elet!$B$10:$R$888,17,0)","v":1.0002411936},1.1499999999999999,2.2999999999999998,null,{"$f":"CAPA!$D$13","v":0.04},2.2079999999999997]
["1.8.34","COT-E236","PROPRIA","LUVA ZINCADA ELETRODUTO  3/4\"","PC",3,{"$f":"VLOOKUP(B253,COT_Elet!$B$10:$R$888,17,0)","v":1.2628387727999999},1.45,4.3499999999999996,null,{"$f":"CAPA!$D$13","v":0.04},4.1759999999999993]
["1.8.35","COT-E237","PROPRIA","MANILHA SAPATILHA","PC",6,{"$f":"VLOOKUP(B254,COT_Elet!$B$10:$R$888,17,0)","v":21.341810481749999},24.54,147.24,null,{"$f":"CAPA!$D$13","v":0.04},141.35040000000001]
["1.8.36","COT-E238","PROPRIA","MAO FRANCESA 3/16X32X726MM","PC",2,{"$f":"VLOOKUP(B255,COT_Elet!$B$10:$R$888,17,0)","v":21.042294776249999},24.19,48.38,null,{"$f":"CAPA!$D$13","v":0.04},46.444800000000001]
["1.8.37","COT-E239","PROPRIA","MASSA DE VEDACAO/CALAFETAR 350G C-350","PC",2,{"$f":"VLOOKUP(B256,COT_Elet!$B$10:$R$888,17,0)","v":30.933901102499998},35.57,71.14,null,{"$f":"CAPA!$D$13","v":0.04},68.294399999999996]
["1.8.38","COT-E240","PROPRIA","MOLDE T CABO/HASTE CGTA5/8.70.70 CART150","PC",1,{"$f":"VLOOKUP(B257,COT_Elet!$B$10:$R$888,17,0)","v":229.45237740315},263.87,263.87,null,{"$f":"CAPA!$D$13","v":0.04},253.3152]
["1.8.39","COT-E241","PROPRIA","MOLDE X CABO/HASTE CGXA5/8.70 CART-150","PC",1,{"$f":"VLOOKUP(B258,COT_Elet!$B$10:$R$888,17,0)","v":215.91402143849999},248.3,248.3,null,{"$f":"CAPA!$D$13","v":0.04},238.36799999999999]
["1.8.40","COT-E242","PROPRIA","NIPLE GALVANIZADO 1.1/2\"","PC",1,{"$f":"VLOOKUP(B259,COT_Elet!$B$10:$R$888,17,0)","v":15.995870444399999},18.39,18.39,null,{"$f":"CAPA!$D$13","v":0.04},17.654399999999999]
["1.8.41","COT-E243","PROPRIA","NIPLE GALVANIZADO 2\"","PC",2,{"$f":"VLOOKUP(B260,COT_Elet!$B$10:$R$888,17,0)","v":40.323588713100001},46.37,92.74,null,{"$f":"CAPA!$D$13","v":0.04},89.030399999999986]
["1.8.42","COT-E244","PROPRIA","OLHAL P/PARAFUSO 104MM FUNDIDO","PC",6,{"$f":"VLOOKUP(B261,COT_Elet!$B$10:$R$888,17,0)","v":19.319241719250002},22.21,133.26,null,{"$f":"CAPA!$D$13","v":0.04},127.92959999999999]
["1.8.43","COT-E245","PROPRIA","PARA RAIOS POLIMERICO 15KV-10KA C/FE REP","PC",3,{"$f":"VLOOKUP(B262,COT_Elet!$B$10:$R$888,17,0)","v":205.193747715},235.97,707.91,null,{"$f":"CAPA!$D$13","v":0.04},679.59359999999992]
["1.8.44","COT-E246","PROPRIA","PARAF. MAQUINA M16X150MM","PC",9,{"$f":"VLOOKUP(B263,COT_Elet!$B$10:$R$888,17,0)","v":9.3358901789999997},10.73,96.57,null,{"$f":"CAPA!$D$13","v":0.04},92.707199999999986]
["1.8.45","COT-E247","PROPRIA","PARAF. MAQUINA M16X200MM","PC",3,{"$f":"VLOOKUP(B264,COT_Elet!$B$10:$R$888,17,0)","v":11.245402533749999},12.93,38.79,null,{"$f":"CAPA!$D$13","v":0.04},37.238399999999999]
["1.8.46","COT-E248","PROPRIA","PARAF. MAQUINA M16X250MM","PC",9,{"$f":"VLOOKUP(B265,COT_Elet!$B$10:$R$888,17,0)","v":10.385870648999999},11.94,107.46,null,{"$f":"CAPA!$D$13","v":0.04},103.16159999999999]
["1.8.47","COT-E249","PROPRIA","PARAF. ROSCA DUPLA M16X450MM","PC",6,{"$f":"VLOOKUP(B266,COT_Elet!$B$10:$R$888,17,0)","v":22.644552207749999},26.04,156.24,null,{"$f":"CAPA!$D$13","v":0.04},149.99039999999999]
["1.8.48","COT-E250","PROPRIA","PARAFUSO OLHAL M16X400MM GALV FOGO","PC",12,{"$f":"VLOOKUP(B267,COT_Elet!$B$10:$R$888,17,0)","v":35.238892416749998},40.520000000000003,486.24,null,{"$f":"CAPA!$D$13","v":0.04},{"$f":"I267*(1-K267)","v":466.79039999999998}]
["1.8.49","COT-E251","PROPRIA","PORCA OLHAL M16 GALV. FOGO","PC",12,{"$f":"VLOOKUP(B268,COT_Elet!$B$10:$R$888,17,0)","v":13.444696732500001},{"$f":"TRUNC(G268*(1+$J$5),2)","v":15.46},{"$f":"TRUNC(F268*H268,2)","v":185.52},null,{"$f":"CAPA!$D$13","v":0.04},178.0992]
["1.8.50","COT-E252","PROPRIA","POSTE CONCRETO CIRCULAR 11/600 M/KGF","PC",1,{"$f":"VLOOKUP(B269,COT_Elet!$B$10:$R$888,17,0)","v":2875.8227685000002},3307.19,3307.19,null,{"$f":"CAPA!$D$13","v":0.04},3174.9023999999999]
["1.8.51","COT-E253","PROPRIA","PROTETOR POLIM. P/BUCHA E PARA RAIOS","PC",6,{"$f":"VLOOKUP(B270,COT_Elet!$B$10:$R$888,17,0)","v":14.416814709000001},16.57,99.42,null,{"$f":"CAPA!$D$13","v":0.04},95.443200000000004]
["1.8.52","COT-E254","PROPRIA","SUPORTE TIPO Z ROMAGNOLE","PC",3,{"$f":"VLOOKUP(B271,COT_Elet!$B$10:$R$888,17,0)","v":29.241716732250001},33.619999999999997,100.86,null,{"$f":"CAPA!$D$13","v":0.04},96.825599999999994]
["1.8.53","COT-E255","PROPRIA","SUPORTE TRAFO POSTE CIRCULAR 255MM","PC",1,{"$f":"VLOOKUP(B272,COT_Elet!$B$10:$R$888,17,0)","v":192.95840558775001},221.9,221.9,null,{"$f":"CAPA!$D$13","v":0.04},213.024]
["1.8.54","COT-E256","PROPRIA","TAMPA CAIXA DE INSPECAO 300MM FERRO FUND","PC",2,{"$f":"VLOOKUP(B273,COT_Elet!$B$10:$R$888,17,0)","v":62.915683049999998},72.349999999999994,144.69999999999999,null,{"$f":"CAPA!$D$13","v":0.04},138.91199999999998]
["1.8.55","COT-E257","PROPRIA","TERMINAL COMPRESSAO  35MM2 M10 1F1C","PC",10,{"$f":"VLOOKUP(B274,COT_Elet!$B$10:$R$888,17,0)","v":2.9683658400000001},3.41,34.1,null,{"$f":"CAPA!$D$13","v":0.04},32.735999999999997]
["1.8.56","COT-E258","PROPRIA","TERMINAL COMPRESSAO  95MM2 M10 1F1C","PC",10,{"$f":"VLOOKUP(B275,COT_Elet!$B$10:$R$888,17,0)","v":8.4493109250000007},9.7100000000000009,97.1,null,{"$f":"CAPA!$D$13","v":0.04},93.215999999999994]
["1.9","*****","*****","FORNECIMENTO DE MATERIAIS SUBESTAÇÃO DE ENTRADA - (SE ENTRADA) - EBP",null,null,{"$f":"VLOOKUP(B276,COT_Elet!$B$10:$R$888,17,0)","v":0},null,{"$f":"SUM(I277:I298)","v":36665.42},null,{"$f":"CAPA!$D$13","v":0.04},{"$f":"SUM(L277:L298)","v":35198.803200000002}]
["1.9.1","COT-E259","PROPRIA","ABRACADEIRA TIPO D PARAFUSO 01\"","PC",30,{"$f":"VLOOKUP(B277,COT_Elet!$B$10:$R$888,17,0)","v":2.0737576199999999},2.38,71.400000000000006,null,{"$f":"CAPA!$D$13","v":0.04},68.543999999999997]
["1.9.2","COT-E260","PROPRIA","ADAPTADOR ALUM MULT.  01\" S/ROSCA TRAMON","PC",30,{"$f":"VLOOKUP(B278,COT_Elet!$B$10:$R$888,17,0)","v":3.6942171205499998},4.24,127.2,null,{"$f":"CAPA!$D$13","v":0.04},122.11199999999999]
["1.9.3","COT-E261","PROPRIA","CABO FLEXIVEL 750V  2,5MM2 AZ","M",100,{"$f":"VLOOKUP(B279,COT_Elet!$B$10:$R$888,17,0)","v":2.4453072599999999},2.81,281,null,{"$f":"CAPA!$D$13","v":0.04},269.76]
["1.9.4","COT-E262","PROPRIA","CABO FLEXIVEL 750V  2,5MM2 PT","M",100,{"$f":"VLOOKUP(B280,COT_Elet!$B$10:$R$888,17,0)","v":2.4453072599999999},2.81,281,null,{"$f":"CAPA!$D$13","v":0.04},269.76]
["1.9.5","COT-E263","PROPRIA","CABO FLEXIVEL 750V  2,5MM2 VD","M",100,{"$f":"VLOOKUP(B281,COT_Elet!$B$10:$R$888,17,0)","v":2.4453072599999999},2.81,281,null,{"$f":"CAPA!$D$13","v":0.04},269.76]
["1.9.6","COT-E264","PROPRIA","CAIXA PORTA LUVAS DIVERSAS","PC",1,{"$f":"VLOOKUP(B282,COT_Elet!$B$10:$R$888,17,0)","v":396.18370027499998},455.61,455.61,null,{"$f":"CAPA!$D$13","v":0.04},437.38560000000001]
["1.9.7","COT-E265","PROPRIA","CONDULETE AL MULTIPLO L 01\" S/T TRAM","PC",10,{"$f":"VLOOKUP(B283,COT_Elet!$B$10:$R$888,17,0)","v":17.541817613100001},20.170000000000002,201.7,null,{"$f":"CAPA!$D$13","v":0.04},193.63199999999998]
["1.9.8","COT-E266","PROPRIA","CONDULETE AL MULTIPLO X 01\" S/T TRAM","PC",10,{"$f":"VLOOKUP(B284,COT_Elet!$B$10:$R$888,17,0)","v":16.345990891724998},18.79,187.9,null,{"$f":"CAPA!$D$13","v":0.04},180.38399999999999]
["1.9.9","COT-E267","PROPRIA","ELETRODUTO GALV. A FOGO 01\"X2,65MM 5598","BR",10,{"$f":"VLOOKUP(B285,COT_Elet!$B$10:$R$888,17,0)","v":115.92574166943},133.31,1333.1,null,{"$f":"CAPA!$D$13","v":0.04},1279.7759999999998]
["1.9.10","COT-E268","PROPRIA","EXTINTOR PO QUIMICO 6 KM","PC",2,{"$f":"VLOOKUP(B286,COT_Elet!$B$10:$R$888,17,0)","v":419.92500000000001},482.91,965.82,null,{"$f":"CAPA!$D$13","v":0.04},927.18719999999996]
["1.9.11","COT-E269","PROPRIA","INT. 1 TCL BIP. 10A S/PL BR KLIN","PC",1,{"$f":"VLOOKUP(B287,COT_Elet!$B$10:$R$888,17,0)","v":22.539474375000001},25.92,25.92,null,{"$f":"CAPA!$D$13","v":0.04},24.883200000000002]
["1.9.12","COT-E270","PROPRIA","LUMINARIA DE EMERG. 3000LM 2 FAR SEGURIM","PC",2,{"$f":"VLOOKUP(B288,COT_Elet!$B$10:$R$888,17,0)","v":460.71947245170003},529.82000000000005,1059.6400000000001,null,{"$f":"CAPA!$D$13","v":0.04},1017.2544]
["1.9.13","COT-E271","PROPRIA","LUMINARIA ESTANQUE ACRIL 2XLED 120CM PHI","PC",5,{"$f":"VLOOKUP(B289,COT_Elet!$B$10:$R$888,17,0)","v":114.7683546306},131.97999999999999,659.9,null,{"$f":"CAPA!$D$13","v":0.04},633.50399999999991]
["1.9.14","COT-E272","PROPRIA","LUVA BORRACHA AT 20KV 10\" USO 17KV","PR",1,{"$f":"VLOOKUP(B290,COT_Elet!$B$10:$R$888,17,0)","v":682.25025447810003},784.58,784.58,null,{"$f":"CAPA!$D$13","v":0.04},753.19680000000005]
["1.9.15","COT-E273","PROPRIA","LUVA DE COBERTURA VAQUETA PH 15CM  2OKV","PC",1,{"$f":"VLOOKUP(B291,COT_Elet!$B$10:$R$888,17,0)","v":41.152314060000002},47.32,47.32,null,{"$f":"CAPA!$D$13","v":0.04},45.427199999999999]
["1.9.16","COT-E274","PROPRIA","PLACA DE AVISO (ACESSO SOMENTE DE PESSOA","PC",2,{"$f":"VLOOKUP(B292,COT_Elet!$B$10:$R$888,17,0)","v":120.82745581499999},138.94999999999999,277.89999999999998,null,{"$f":"CAPA!$D$13","v":0.04},266.78399999999999]
["1.9.17","COT-E275","PROPRIA","PLACA DE AVISO (NAO MANOBRAR)","PC",3,{"$f":"VLOOKUP(B293,COT_Elet!$B$10:$R$888,17,0)","v":120.82745581499999},138.94999999999999,416.85,null,{"$f":"CAPA!$D$13","v":0.04},400.17599999999999]
["1.9.18","COT-E276","PROPRIA","PLACA DE AVISO (PERIGO ALTA TENSAO)","PC",5,{"$f":"VLOOKUP(B294,COT_Elet!$B$10:$R$888,17,0)","v":46.532141205000002},53.51,267.55,null,{"$f":"CAPA!$D$13","v":0.04},256.84800000000001]
["1.9.19","COT-E277","PROPRIA","RELE PROTEÇAO 7SR51111AA110AA0","PC",1,{"$f":"VLOOKUP(B295,COT_Elet!$B$10:$R$888,17,0)","v":22294.200801675001},25638.33,25638.33,null,{"$f":"CAPA!$D$13","v":0.04},24612.7968]
["1.9.20","COT-E278","PROPRIA","TAMPA ALUM 01\"  CEGA TRAMONTINA","PC",20,{"$f":"VLOOKUP(B296,COT_Elet!$B$10:$R$888,17,0)","v":6.1468978436250001},7.06,141.19999999999999,null,{"$f":"CAPA!$D$13","v":0.04},135.55199999999999]
["1.9.21","COT-E279","PROPRIA","TAPETE BORRACHA 1,0X1,0M 3,5MM 20KV CL2","M2",5,{"$f":"VLOOKUP(B297,COT_Elet!$B$10:$R$888,17,0)","v":440.87715787500002},507,2535,null,{"$f":"CAPA!$D$13","v":0.04},2433.6]
["1.9.22","COT-E280","PROPRIA","TOM 2P+T 10 S/PL VM","PC",3,{"$f":"VLOOKUP(B298,COT_Elet!$B$10:$R$888,17,0)","v":181.31026138499999},208.5,625.5,null,{"$f":"CAPA!$D$13","v":0.04},600.48]
["1.10","*****","*****","FORNECIMENTO DE MATERIAIS DE ATERRAMENTO E SISTEMA DE PROTEÇÃO CONTRA DESCARGAS ATMOSFÉRICAS - (ATERRAMENTO E SPDA) - EBP",null,null,{"$f":"VLOOKUP(B299,COT_Elet!$B$10:$R$888,17,0)","v":0},null,{"$f":"SUM(I300:I322)","v":41328.58},null,{"$f":"CAPA!$D$13","v":0.04},{"$f":"SUM(L300:L322)","v":39675.436799999996}]
["1.10.1","COT-E281","PROPRIA","ADERIDISCO INOX 60MM 1/4\" TEL0756YT","PC",35,{"$f":"VLOOKUP(B300,COT_Elet!$B$10:$R$888,17,0)","v":9.0433368299999994},10.39,363.65,null,{"$f":"CAPA!$D$13","v":0.04},349.10399999999998]
["1.10.2","COT-E282","PROPRIA","ADESIVO MONOCOMP POLIUR. SUP LISA 290ML","PC",10,{"$f":"VLOOKUP(B301,COT_Elet!$B$10:$R$888,17,0)","v":184.49530852500001},212.16,2121.6,null,{"$f":"CAPA!$D$13","v":0.04},2036.7359999999999]
["1.10.3","COT-E283","PROPRIA","BARRA CHATA ALUM. 7/8\"X1/8\" 6M","BR",25,{"$f":"VLOOKUP(B302,COT_Elet!$B$10:$R$888,17,0)","v":58.432647735000003},67.19,1679.75,null,{"$f":"CAPA!$D$13","v":0.04},1612.56]
["1.10.4","COT-E284","PROPRIA","CABO DE COBRE NU  50MM2 7F NBR6524 403KG","M",150,{"$f":"VLOOKUP(B303,COT_Elet!$B$10:$R$888,17,0)","v":53.92727241},62.01,9301.5,null,{"$f":"CAPA!$D$13","v":0.04},8929.44]
["1.10.5","COT-E285","PROPRIA","CABO DE COBRE NU  70MM2 NBR6524 566KG/KM","M",100,{"$f":"VLOOKUP(B304,COT_Elet!$B$10:$R$888,17,0)","v":75.109549185000006},86.37,8637,null,{"$f":"CAPA!$D$13","v":0.04},8291.52]
["1.10.6","COT-E286","PROPRIA","CABO DE COBRE NU 35MM2 NBR6524 (290KG/KM","M",120,{"$f":"VLOOKUP(B305,COT_Elet!$B$10:$R$888,17,0)","v":39.655785344999998},45.6,5472,null,{"$f":"CAPA!$D$13","v":0.04},5253.12]
["1.10.7","COT-E287","PROPRIA","CAIXA INSPECAO ATERRAM 300X300MM CONICA","PC",10,{"$f":"VLOOKUP(B306,COT_Elet!$B$10:$R$888,17,0)","v":35.248924424999998},40.53,405.3,null,{"$f":"CAPA!$D$13","v":0.04},389.08800000000002]
["1.10.8","COT-E288","PROPRIA","CAIXA INSPECAO SUSP DE PVC P/ TUBO 1\"","PC",6,{"$f":"VLOOKUP(B307,COT_Elet!$B$10:$R$888,17,0)","v":20.976009614999999},24.12,144.72,null,{"$f":"CAPA!$D$13","v":0.04},138.93119999999999]
["1.10.9","COT-E289","PROPRIA","CARTUCHO P/SOLDA  65G","PC",10,{"$f":"VLOOKUP(B308,COT_Elet!$B$10:$R$888,17,0)","v":12.6189696501},14.51,145.1,null,{"$f":"CAPA!$D$13","v":0.04},139.29599999999999]
["1.10.10","COT-E290","PROPRIA","CARTUCHO P/SOLDA 150G","PC",40,{"$f":"VLOOKUP(B309,COT_Elet!$B$10:$R$888,17,0)","v":28.7431826121},33.049999999999997,1322,null,{"$f":"CAPA!$D$13","v":0.04},1269.1199999999999]
["1.10.11","COT-E291","PROPRIA","CONECTOR EMENDA  BARRA CHATA","PC",30,{"$f":"VLOOKUP(B310,COT_Elet!$B$10:$R$888,17,0)","v":10.042506375},11.54,346.2,null,{"$f":"CAPA!$D$13","v":0.04},332.35199999999998]
["1.10.12","COT-E292","PROPRIA","CONECTOR PARAFUSO FENDIDO  35MM2 MCI","PC",10,{"$f":"VLOOKUP(B311,COT_Elet!$B$10:$R$888,17,0)","v":13.718361854999999},15.77,157.69999999999999,null,{"$f":"CAPA!$D$13","v":0.04},151.392]
["1.10.13","COT-E293","PROPRIA","CONECTOR PARAFUSO FENDIDO  50MM2 INTELI","PC",20,{"$f":"VLOOKUP(B312,COT_Elet!$B$10:$R$888,17,0)","v":19.420943354999999},22.33,446.6,null,{"$f":"CAPA!$D$13","v":0.04},428.73599999999999]
["1.10.14","COT-E294","PROPRIA","CONECTOR PARAFUSO FENDIDO  70MM2","PC",20,{"$f":"VLOOKUP(B313,COT_Elet!$B$10:$R$888,17,0)","v":26.355920744999999},30.3,606,null,{"$f":"CAPA!$D$13","v":0.04},581.76]
["1.10.15","COT-E295","PROPRIA","ELETRODUTO PVC PT 01\"  ROSCAVEL TIGRE","BR",6,{"$f":"VLOOKUP(B314,COT_Elet!$B$10:$R$888,17,0)","v":25.187652441600001},28.96,173.76,null,{"$f":"CAPA!$D$13","v":0.04},166.80959999999999]
["1.10.16","COT-E296","PROPRIA","GRAMPO TERRA DUPLO GTDU H5/8\" C16-70M2","PC",10,{"$f":"VLOOKUP(B315,COT_Elet!$B$10:$R$888,17,0)","v":41.310037889999997},47.5,475,null,{"$f":"CAPA!$D$13","v":0.04},456]
["1.10.17","COT-E297","PROPRIA","HASTE COBREADA 14,3MMX3M A/C","BR",35,{"$f":"VLOOKUP(B316,COT_Elet!$B$10:$R$888,17,0)","v":164.07309599999999},188.68,6603.8,null,{"$f":"CAPA!$D$13","v":0.04},6339.6480000000001]
["1.10.18","COT-E298","PROPRIA","ISOLADOR SIMP FIX. HORIZONTAL GALV 200MM","PC",18,{"$f":"VLOOKUP(B317,COT_Elet!$B$10:$R$888,17,0)","v":6.38756316},7.34,132.12,null,{"$f":"CAPA!$D$13","v":0.04},126.8352]
["1.10.19","COT-E299","PROPRIA","MOLDE T CABO/CABO CTA50.35B CART-32","PC",2,{"$f":"VLOOKUP(B318,COT_Elet!$B$10:$R$888,17,0)","v":66.910016368800001},76.94,153.88,null,{"$f":"CAPA!$D$13","v":0.04},147.72479999999999]
["1.10.20","COT-E300","PROPRIA","MOLDE T CABO/HASTE CGXA5/8.50.50 CART150","PC",5,{"$f":"VLOOKUP(B319,COT_Elet!$B$10:$R$888,17,0)","v":219.6249960861},252.56,1262.8,null,{"$f":"CAPA!$D$13","v":0.04},1212.288]
["1.10.21","COT-E301","PROPRIA","MOLDE X CABO/HASTE CGXA5/8.70 CART-150","PC",2,{"$f":"VLOOKUP(B320,COT_Elet!$B$10:$R$888,17,0)","v":215.91402143849999},248.3,496.6,null,{"$f":"CAPA!$D$13","v":0.04},476.73599999999999]
["1.10.22","COT-E302","PROPRIA","PRESILHA LATAO 35/50MM2 5MM","PC",100,{"$f":"VLOOKUP(B321,COT_Elet!$B$10:$R$888,17,0)","v":1.380629415},1.58,158,null,{"$f":"CAPA!$D$13","v":0.04},151.68]
["1.10.23","COT-E303","PROPRIA","TAMPA CAIXA DE INSPECAO 300MM FERRO FUND","PC",10,{"$f":"VLOOKUP(B322,COT_Elet!$B$10:$R$888,17,0)","v":62.915683049999998},72.349999999999994,723.5,null,{"$f":"CAPA!$D$13","v":0.04},694.56]
["1.11","*****","*****","FORNECIMENTO DE MATERIAIS E CABOS - EBP",null,null,{"$f":"VLOOKUP(B323,COT_Elet!$B$10:$R$888,17,0)","v":0},null,{"$f":"SUM(I324:I375)","v":391540.84000000008},null,{"$f":"CAPA!$D$13","v":0.04},{"$f":"SUM(L324:L375)","v":375879.20639999997}]
["1.11.1","COT-E304","PROPRIA","ABRACADEIRA TIPO D PARAFUSO 01\"","PC",150,{"$f":"VLOOKUP(B324,COT_Elet!$B$10:$R$888,17,0)","v":2.0737576199999999},2.38,357,null,{"$f":"CAPA!$D$13","v":0.04},342.71999999999997]
["1.11.2","COT-E305","PROPRIA","ABRACADEIRA TIPO D PARAFUSO 1.1/2\"","PC",30,{"$f":"VLOOKUP(B325,COT_Elet!$B$10:$R$888,17,0)","v":4.3889721149999996},5.04,151.19999999999999,null,{"$f":"CAPA!$D$13","v":0.04},145.15199999999999]
["1.11.3","COT-E306","PROPRIA","ADAPTADOR ALUM MULT.  01\" S/ROSCA TRAMON","PC",60,{"$f":"VLOOKUP(B326,COT_Elet!$B$10:$R$888,17,0)","v":3.6942171205499998},4.24,254.4,null,{"$f":"CAPA!$D$13","v":0.04},244.22399999999999]
["1.11.4","COT-E307","PROPRIA","ADAPTADOR ALUM MULT. 1.1/2\" S/ROSCA TRAM","PC",20,{"$f":"VLOOKUP(B327,COT_Elet!$B$10:$R$888,17,0)","v":7.9159595633249999},9.1,182,null,{"$f":"CAPA!$D$13","v":0.04},174.72]
["1.11.5","COT-E308","PROPRIA","CABO 0,6/1KV 1X 95MM2 FLEX 90 AZ","M",120,{"$f":"VLOOKUP(B328,COT_Elet!$B$10:$R$888,17,0)","v":100.84137739499999},115.96,13915.2,null,{"$f":"CAPA!$D$13","v":0.04},13358.592000000001]
["1.11.6","COT-E309","PROPRIA","CABO 0,6/1KV 1X 95MM2 FLEX 90 PT","M",360,{"$f":"VLOOKUP(B329,COT_Elet!$B$10:$R$888,17,0)","v":100.84137739499999},115.96,41745.599999999999,null,{"$f":"CAPA!$D$13","v":0.04},40075.775999999998]
["1.11.7","COT-E310","PROPRIA","CABO 0,6/1KV 1X 95MM2 FLEX 90 VD","M",120,{"$f":"VLOOKUP(B330,COT_Elet!$B$10:$R$888,17,0)","v":100.84137739499999},115.96,13915.2,null,{"$f":"CAPA!$D$13","v":0.04},13358.592000000001]
["1.11.8","COT-E311","PROPRIA","CABO FLEXIVEL 750V  2,5MM2 AZ","M",200,{"$f":"VLOOKUP(B331,COT_Elet!$B$10:$R$888,17,0)","v":2.4453072599999999},2.81,562,null,{"$f":"CAPA!$D$13","v":0.04},{"$f":"I331*(1-K331)","v":539.52}]
["1.11.9","COT-E312","PROPRIA","CABO FLEXIVEL 750V  2,5MM2 PT","M",200,{"$f":"VLOOKUP(B332,COT_Elet!$B$10:$R$888,17,0)","v":2.4453072599999999},{"$f":"TRUNC(G332*(1+$J$5),2)","v":2.81},{"$f":"TRUNC(F332*H332,2)","v":562},null,{"$f":"CAPA!$D$13","v":0.04},539.52]
["1.11.10","COT-E313","PROPRIA","CABO FLEXIVEL 750V  2,5MM2 VD","M",200,{"$f":"VLOOKUP(B333,COT_Elet!$B$10:$R$888,17,0)","v":2.4453072599999999},2.81,562,null,{"$f":"CAPA!$D$13","v":0.04},539.52]
["1.11.11","COT-E314","PROPRIA","CABO FLEXIVEL 750V  4MM2 AZ","M",200,{"$f":"VLOOKUP(B334,COT_Elet!$B$10:$R$888,17,0)","v":4.0926730349999998},4.7,940,null,{"$f":"CAPA!$D$13","v":0.04},902.4]
["1.11.12","COT-E315","PROPRIA","CABO FLEXIVEL 750V  4MM2 PT","M",200,{"$f":"VLOOKUP(B335,COT_Elet!$B$10:$R$888,17,0)","v":4.0926730349999998},4.7,940,null,{"$f":"CAPA!$D$13","v":0.04},902.4]
["1.11.13","COT-E316","PROPRIA","CABO FLEXIVEL 750V  4MM2 VD","M",200,{"$f":"VLOOKUP(B336,COT_Elet!$B$10:$R$888,17,0)","v":4.0926730349999998},4.7,940,null,{"$f":"CAPA!$D$13","v":0.04},902.4]
["1.11.14","COT-E317","PROPRIA","CABO FLEXIVEL 750V  6MM2 AZ","M",200,{"$f":"VLOOKUP(B337,COT_Elet!$B$10:$R$888,17,0)","v":6.0835374599999996},6.99,1398,null,{"$f":"CAPA!$D$13","v":0.04},1342.08]
["1.11.15","COT-E318","PROPRIA","CABO FLEXIVEL 750V  6MM2 PT","M",200,{"$f":"VLOOKUP(B338,COT_Elet!$B$10:$R$888,17,0)","v":6.0835374599999996},6.99,1398,null,{"$f":"CAPA!$D$13","v":0.04},1342.08]
["1.11.16","COT-E319","PROPRIA","CABO FLEXIVEL 750V  6MM2 VD","M",200,{"$f":"VLOOKUP(B339,COT_Elet!$B$10:$R$888,17,0)","v":6.0835374599999996},6.99,1398,null,{"$f":"CAPA!$D$13","v":0.04},1342.08]
["1.11.17","COT-E320","PROPRIA","CABO FLEXIVEL 750V 16MM2 AZ","M",100,{"$f":"VLOOKUP(B340,COT_Elet!$B$10:$R$888,17,0)","v":16.958167215},19.5,1950,null,{"$f":"CAPA!$D$13","v":0.04},1872]
["1.11.18","COT-E321","PROPRIA","CABO FLEXIVEL 750V 16MM2 PT","M",100,{"$f":"VLOOKUP(B341,COT_Elet!$B$10:$R$888,17,0)","v":16.958167215},19.5,1950,null,{"$f":"CAPA!$D$13","v":0.04},1872]
["1.11.19","COT-E322","PROPRIA","CABO FLEXIVEL 750V 16MM2 VD","M",100,{"$f":"VLOOKUP(B342,COT_Elet!$B$10:$R$888,17,0)","v":16.958167215},19.5,1950,null,{"$f":"CAPA!$D$13","v":0.04},1872]
["1.11.20","COT-E323","PROPRIA","CABO MT 12/20KV  50MM2 COBRE 90° PT","M",100,{"$f":"VLOOKUP(B343,COT_Elet!$B$10:$R$888,17,0)","v":112.873404435},129.80000000000001,12980,null,{"$f":"CAPA!$D$13","v":0.04},12460.8]
["1.11.21","COT-E324","PROPRIA","CABO MT 3,6/6KV  50MM2 COBRE 90° PT","M",352,{"$f":"VLOOKUP(B344,COT_Elet!$B$10:$R$888,17,0)","v":112.873404435},129.80000000000001,45689.599999999999,null,{"$f":"CAPA!$D$13","v":0.04},43862.015999999996]
["1.11.22","COT-E325","PROPRIA","CABO MT 3,6/6KV 185MM2 COBRE 105° PT","M",480,{"$f":"VLOOKUP(B345,COT_Elet!$B$10:$R$888,17,0)","v":342.129106605},393.44,188851.20000000001,null,{"$f":"CAPA!$D$13","v":0.04},181297.152]
["1.11.23","COT-E326","PROPRIA","CONDULETE AL MULTIPLO X 01\" S/T TRAM","PC",26,{"$f":"VLOOKUP(B346,COT_Elet!$B$10:$R$888,17,0)","v":16.345990891724998},18.79,488.54,null,{"$f":"CAPA!$D$13","v":0.04},468.9984]
["1.11.24","COT-E327","PROPRIA","CONDULETE AL MULTIPLO X 1.1/2\"/1.1/4 C/T","PC",6,{"$f":"VLOOKUP(B347,COT_Elet!$B$10:$R$888,17,0)","v":43.380427711499998},49.88,299.27999999999997,null,{"$f":"CAPA!$D$13","v":0.04},287.30879999999996]
["1.11.25","COT-E328","PROPRIA","CONECTOR BOX RETO 01\"","PC",3,{"$f":"VLOOKUP(B348,COT_Elet!$B$10:$R$888,17,0)","v":6.4292604527249999},7.39,22.17,null,{"$f":"CAPA!$D$13","v":0.04},21.283200000000001]
["1.11.26","COT-E329","PROPRIA","CONECTOR BOX RETO 1.1/2\"","PC",1,{"$f":"VLOOKUP(B349,COT_Elet!$B$10:$R$888,17,0)","v":12.6956194002},14.59,14.59,null,{"$f":"CAPA!$D$13","v":0.04},14.006399999999999]
["1.11.27","COT-E330","PROPRIA","CONJ. INT. 3 TCL SIMP. C/PL  BR KLIN","PC",1,{"$f":"VLOOKUP(B350,COT_Elet!$B$10:$R$888,17,0)","v":24.300135914999998},27.94,27.94,null,{"$f":"CAPA!$D$13","v":0.04},26.822400000000002]
["1.11.28","COT-E331","PROPRIA","CURVA GALV. A FOGO 01\" NBR 5598 BSP","PC",12,{"$f":"VLOOKUP(B351,COT_Elet!$B$10:$R$888,17,0)","v":16.437066913245001},18.899999999999999,226.8,null,{"$f":"CAPA!$D$13","v":0.04},217.72800000000001]
["1.11.29","COT-E332","PROPRIA","CURVA GALV. A FOGO 1.1/2\"  NBR 5598 BSP","PC",2,{"$f":"VLOOKUP(B352,COT_Elet!$B$10:$R$888,17,0)","v":38.864653363800002},44.69,89.38,null,{"$f":"CAPA!$D$13","v":0.04},85.804799999999986]
["1.11.30","COT-E333","PROPRIA","DUTO CORRUGADO 4\" 110MM","M",200,{"$f":"VLOOKUP(B353,COT_Elet!$B$10:$R$888,17,0)","v":8.8716756892500008},10.199999999999999,2040,null,{"$f":"CAPA!$D$13","v":0.04},1958.3999999999999]
["1.11.31","COT-E334","PROPRIA","ELETRODUTO GALV. A FOGO 01\"X2,65MM 5598","BR",54,{"$f":"VLOOKUP(B354,COT_Elet!$B$10:$R$888,17,0)","v":115.92574166943},133.31,7198.74,null,{"$f":"CAPA!$D$13","v":0.04},6910.7903999999999]
["1.11.32","COT-E335","PROPRIA","ELETRODUTO GALV. A FOGO 1.1/2\"X3,0MM5598","BR",10,{"$f":"VLOOKUP(B355,COT_Elet!$B$10:$R$888,17,0)","v":192.54589167610499},221.42,2214.1999999999998,null,{"$f":"CAPA!$D$13","v":0.04},2125.6319999999996]
["1.11.33","COT-E336","PROPRIA","FITA DE ADVERTENCIA 100M EXT X INT","RL",1,{"$f":"VLOOKUP(B356,COT_Elet!$B$10:$R$888,17,0)","v":87.631785751950005},100.77,100.77,null,{"$f":"CAPA!$D$13","v":0.04},96.739199999999997]
["1.11.34","COT-E337","PROPRIA","LAMP. LED BULBO  40W 6,5K BIV E27 DECORL","PC",16,{"$f":"VLOOKUP(B357,COT_Elet!$B$10:$R$888,17,0)","v":93.665641885200003},107.71,1723.36,null,{"$f":"CAPA!$D$13","v":0.04},1654.4255999999998]
["1.11.35","COT-E338","PROPRIA","LUMINARIA BLIND. ARTICUL 45-90G 300W E27","PC",16,{"$f":"VLOOKUP(B358,COT_Elet!$B$10:$R$888,17,0)","v":412.521317022375},474.39,7590.24,null,{"$f":"CAPA!$D$13","v":0.04},7286.6303999999991]
["1.11.36","COT-E339","PROPRIA","LUMINARIA DE EMERG. 3000LM 3 FAROIS LUXP","PC",2,{"$f":"VLOOKUP(B359,COT_Elet!$B$10:$R$888,17,0)","v":320.56016289000002},368.64,737.28,null,{"$f":"CAPA!$D$13","v":0.04},707.78879999999992]
["1.11.37","COT-E340","PROPRIA","PRENSA CABO TERMOPLASTICO 01\" CZ RMC","PC",6,{"$f":"VLOOKUP(B360,COT_Elet!$B$10:$R$888,17,0)","v":12.53980035},14.42,86.52,null,{"$f":"CAPA!$D$13","v":0.04},83.05919999999999]
["1.11.38","COT-E341","PROPRIA","PRENSA CABO TERMOPLASTICO 1.1/2\" CZ RMC","PC",1,{"$f":"VLOOKUP(B361,COT_Elet!$B$10:$R$888,17,0)","v":31.108463924999999},35.770000000000003,35.770000000000003,null,{"$f":"CAPA!$D$13","v":0.04},34.339200000000005]
["1.11.39","COT-E342","PROPRIA","TAMPA ALUM 01\"  CEGA TRAMONTINA","PC",21,{"$f":"VLOOKUP(B362,COT_Elet!$B$10:$R$888,17,0)","v":6.1468978436250001},7.06,148.26,null,{"$f":"CAPA!$D$13","v":0.04},142.3296]
["1.11.40","COT-E343","PROPRIA","TAMPA ALUM 01\" 2 POSTOS TRAMONTINA","PC",2,{"$f":"VLOOKUP(B363,COT_Elet!$B$10:$R$888,17,0)","v":7.0641710955750003},8.1199999999999992,16.239999999999998,null,{"$f":"CAPA!$D$13","v":0.04},15.590399999999997]
["1.11.41","COT-E344","PROPRIA","TAMPA ALUM 01\" 3 POSTOS TRAMONTINA","PC",3,{"$f":"VLOOKUP(B364,COT_Elet!$B$10:$R$888,17,0)","v":7.4881202368500004},8.61,25.83,null,{"$f":"CAPA!$D$13","v":0.04},24.796799999999998]
["1.11.42","COT-E345","PROPRIA","TERMINAL COMPRESSAO  95MM2 M10 1F1C","PC",16,{"$f":"VLOOKUP(B365,COT_Elet!$B$10:$R$888,17,0)","v":8.4493109250000007},9.7100000000000009,155.36000000000001,null,{"$f":"CAPA!$D$13","v":0.04},149.1456]
["1.11.43","COT-E346","PROPRIA","TERMINAL MUFLA POLIM EXT 15KV  50MM2 PRY","PC",26,{"$f":"VLOOKUP(B366,COT_Elet!$B$10:$R$888,17,0)","v":342.005312715},393.3,10225.799999999999,null,{"$f":"CAPA!$D$13","v":0.04},9816.7679999999982]
["1.11.44","COT-E347","PROPRIA","TERMINAL MUFLA POLIM EXT 15KV 240MM2 PRY","PC",8,{"$f":"VLOOKUP(B367,COT_Elet!$B$10:$R$888,17,0)","v":507.57854878500001},583.71,4669.68,null,{"$f":"CAPA!$D$13","v":0.04},4482.8928000000005]
["1.11.45","COT-E348","PROPRIA","TOM 2P+T 10A S/PL  P/ 2 MOD PT/VM","PC",2,{"$f":"VLOOKUP(B368,COT_Elet!$B$10:$R$888,17,0)","v":7.6461623699999999},8.7899999999999991,17.579999999999998,null,{"$f":"CAPA!$D$13","v":0.04},16.876799999999999]
["1.11.46","COT-E349","PROPRIA","TOM DUPLA 2P+T 20A S/PL  P/3 MOD PT/PT","PC",2,{"$f":"VLOOKUP(B369,COT_Elet!$B$10:$R$888,17,0)","v":14.27828985},16.420000000000002,32.840000000000003,null,{"$f":"CAPA!$D$13","v":0.04},31.526400000000002]
["1.11.47","COT-E350","PROPRIA","TOM IND SOB 220V 2P+T 16A 6H","PC",1,{"$f":"VLOOKUP(B370,COT_Elet!$B$10:$R$888,17,0)","v":60.095550735000003},69.099999999999994,69.099999999999994,null,{"$f":"CAPA!$D$13","v":0.04},66.335999999999999]
["1.11.48","COT-E351","PROPRIA","TOM IND SOB 380/440V 3P+T  16A 6H VM IP4","PC",1,{"$f":"VLOOKUP(B371,COT_Elet!$B$10:$R$888,17,0)","v":77.825456114999994},89.49,89.49,null,{"$f":"CAPA!$D$13","v":0.04},85.910399999999996]
["1.11.49","COT-E352","PROPRIA","TOM IND SOB 380/440V 3P+T  32A 6H","PC",1,{"$f":"VLOOKUP(B372,COT_Elet!$B$10:$R$888,17,0)","v":78.805980989999995},90.62,90.62,null,{"$f":"CAPA!$D$13","v":0.04},86.995199999999997]
["1.11.50","COT-E353","PROPRIA","TOM IND SOB 380/440V 3P+T  63A 6H VM","PC",1,{"$f":"VLOOKUP(B373,COT_Elet!$B$10:$R$888,17,0)","v":270.70154380499997},311.3,311.3,null,{"$f":"CAPA!$D$13","v":0.04},298.84800000000001]
["1.11.51","COT-E354","PROPRIA","ROLAMENTO 6322 C3","PC",3,{"$f":"VLOOKUP(B374,COT_Elet!$B$10:$R$888,17,0)","v":3774},4340.1000000000004,13020.3,null,{"$f":"CAPA!$D$13","v":0.04},12499.487999999999]
["1.11.52","COT-E355","PROPRIA","ROLAMENTO 6319 C3","PC",3,{"$f":"VLOOKUP(B375,COT_Elet!$B$10:$R$888,17,0)","v":2081.59},2393.8200000000002,7181.46,null,{"$f":"CAPA!$D$13","v":0.04},6894.2015999999994]
["1.12","*****","*****","FORNECIMENTO DE QUADRO DE AUTOMAÇÃO DO RESERVATORIO - (QA RESERVATORIO)",{"$nulls":4},{"$f":"SUM(I377:I415)","v":27336.020000000004},null,{"$f":"CAPA!$D$13","v":0.04},{"$f":"SUM(L377:L415)","v":26242.5792}]
["1.12.1","COT-E356","PROPRIA","BLOCO DISTRIB 4X11 LIG 6-16MM2 125A CONN","PC",1,{"$f":"VLOOKUP(B377,COT_Elet!$B$10:$R$888,17,0)","v":127.615499369253},146.75,146.75,null,{"$f":"CAPA!$D$13","v":0.04},140.88]
["1.12.2","COT-E357","PROPRIA","BORNE MOLA PUSH IN 2,5MM CP2,5 CZ","PC",20,{"$f":"VLOOKUP(B378,COT_Elet!$B$10:$R$888,17,0)","v":3.4586172697387498},3.97,79.400000000000006,null,{"$f":"CAPA!$D$13","v":0.04},76.224000000000004]
["1.12.3","COT-E358","PROPRIA","BORNE PORTA FUSIVEL LED CF4UL6-60V CZ","PC",5,{"$f":"VLOOKUP(B379,COT_Elet!$B$10:$R$888,17,0)","v":18.258922190313001},20.99,104.95,null,{"$f":"CAPA!$D$13","v":0.04},100.752]
["1.12.4","COT-E359","PROPRIA","BORNE RELE SLIM 1REV  24VCC PARAFUSO","PC",5,{"$f":"VLOOKUP(B380,COT_Elet!$B$10:$R$888,17,0)","v":49.725781815795699},57.18,285.89999999999998,null,{"$f":"CAPA!$D$13","v":0.04},274.46399999999994]
["1.12.5","COT-E360","PROPRIA","CABO FLEXIVEL 750V  1,0MM2 AZ","M",50,{"$f":"VLOOKUP(B381,COT_Elet!$B$10:$R$888,17,0)","v":1.29807216},1.49,74.5,null,{"$f":"CAPA!$D$13","v":0.04},71.52]
["1.12.6","COT-E361","PROPRIA","CABO FLEXIVEL 750V  1,0MM2 CZ","M",50,{"$f":"VLOOKUP(B382,COT_Elet!$B$10:$R$888,17,0)","v":1.29807216},1.49,74.5,null,{"$f":"CAPA!$D$13","v":0.04},71.52]
["1.12.7","COT-E362","PROPRIA","CABO FLEXIVEL 750V  1,0MM2 PT","M",50,{"$f":"VLOOKUP(B383,COT_Elet!$B$10:$R$888,17,0)","v":1.29807216},1.49,74.5,null,{"$f":"CAPA!$D$13","v":0.04},71.52]
["1.12.8","COT-E363","PROPRIA","CABO FLEXIVEL 750V  1,0MM2 VM","M",50,{"$f":"VLOOKUP(B384,COT_Elet!$B$10:$R$888,17,0)","v":1.29807216},1.49,74.5,null,{"$f":"CAPA!$D$13","v":0.04},71.52]
["1.12.9","COT-E364","PROPRIA","CANALETA PVC  50X80MM VENTIL CZ 2M HELLE","BR",1,{"$f":"VLOOKUP(B385,COT_Elet!$B$10:$R$888,17,0)","v":88.856551730677495},102.18,102.18,null,{"$f":"CAPA!$D$13","v":0.04},98.092799999999997]
["1.12.10","COT-E365","PROPRIA","CX POLARIS C/PLACA 600X1000X350MM QGBT - MONTADO, TESTADO E COMISSIONADO EM FÁBRICA","PC",1,{"$f":"VLOOKUP(B386,COT_Elet!$B$10:$R$888,17,0)","v":5821.1124791217298},6694.27,6694.27,null,{"$f":"CAPA!$D$13","v":0.04},6426.4992000000002]
["1.12.11","COT-E366","PROPRIA","DISJ. BIP.  10A SJ202T-C10 3KA","PC",1,{"$f":"VLOOKUP(B387,COT_Elet!$B$10:$R$888,17,0)","v":48.853008272250001},56.18,56.18,null,{"$f":"CAPA!$D$13","v":0.04},53.9328]
["1.12.12","COT-E367","PROPRIA","DISJ. UNIP  10A SJ201T-C10 3KA","PC",2,{"$f":"VLOOKUP(B388,COT_Elet!$B$10:$R$888,17,0)","v":11.5025912308125},13.22,26.44,null,{"$f":"CAPA!$D$13","v":0.04},25.382400000000001]
["1.12.13","COT-E368","PROPRIA","DISJ. UNIP  20A SJ201 T-C20 3KA","PC",3,{"$f":"VLOOKUP(B389,COT_Elet!$B$10:$R$888,17,0)","v":11.5025912308125},13.22,39.659999999999997,null,{"$f":"CAPA!$D$13","v":0.04},38.073599999999992]
["1.12.14","COT-E369","PROPRIA","FIM DE CURSO T2R ALAV FLEX C/ROLD","PC",1,{"$f":"VLOOKUP(B390,COT_Elet!$B$10:$R$888,17,0)","v":52.204995832500003},60.03,60.03,null,{"$f":"CAPA!$D$13","v":0.04},57.628799999999998]
["1.12.15","COT-E370","PROPRIA","FONTE ALIM. CP-E 24/10.0  10A 24VCC ABB","PC",1,{"$f":"VLOOKUP(B391,COT_Elet!$B$10:$R$888,17,0)","v":1237.0071903564401},1422.55,1422.55,null,{"$f":"CAPA!$D$13","v":0.04},1365.6479999999999]
["1.12.16","COT-E371","PROPRIA","LUMINARIA LINEAR P/PAINEL  60CM 7W 6,5K","PC",1,{"$f":"VLOOKUP(B392,COT_Elet!$B$10:$R$888,17,0)","v":54.7989474912075},63.01,63.01,null,{"$f":"CAPA!$D$13","v":0.04},60.489599999999996]
["1.12.17","COT-E372","PROPRIA","PLAQUETA DE EMERG P/BOTAO 22MM","PC",1,{"$f":"VLOOKUP(B393,COT_Elet!$B$10:$R$888,17,0)","v":11.624631017737499},13.36,13.36,null,{"$f":"CAPA!$D$13","v":0.04},12.8256]
["1.12.18","COT-E373","PROPRIA","PORTA PLAQUETA APP30T 30X50","PC",3,{"$f":"VLOOKUP(B394,COT_Elet!$B$10:$R$888,17,0)","v":5.8021228125000004},6.67,20.010000000000002,null,{"$f":"CAPA!$D$13","v":0.04},19.209600000000002]
["1.12.19","COT-E374","PROPRIA","POSTE EXTREMIDADE DIN35 CA802 CZ","PC",6,{"$f":"VLOOKUP(B395,COT_Elet!$B$10:$R$888,17,0)","v":2.2320908837167499},2.56,15.36,null,{"$f":"CAPA!$D$13","v":0.04},{"$f":"I395*(1-K395)","v":14.7456}]
["1.12.20","COT-E375","PROPRIA","PROTETOR DE SURTO 275V  45KA CL-II","PC",2,{"$f":"VLOOKUP(B396,COT_Elet!$B$10:$R$888,17,0)","v":42.254240168700001},{"$f":"TRUNC(G396*(1+$J$5),2)","v":48.59},{"$f":"TRUNC(F396*H396,2)","v":97.18},null,{"$f":"CAPA!$D$13","v":0.04},93.2928]
["1.12.21","COT-E376","PROPRIA","PROTETOR DE SURTO 922.B.010.220 FASTER","PC",1,{"$f":"VLOOKUP(B397,COT_Elet!$B$10:$R$888,17,0)","v":174.73880375280001},200.94,200.94,null,{"$f":"CAPA!$D$13","v":0.04},192.9024]
["1.12.22","COT-E377","PROPRIA","PROTETOR DE SURTO 922.B.010.24VCC FASTER","PC",1,{"$f":"VLOOKUP(B398,COT_Elet!$B$10:$R$888,17,0)","v":157.8424769838},181.51,181.51,null,{"$f":"CAPA!$D$13","v":0.04},174.24959999999999]
["1.12.23","COT-E378","PROPRIA","SELETOR 3 POS. FIXAS CURTO 2NA XA2ED33","PC",3,{"$f":"VLOOKUP(B399,COT_Elet!$B$10:$R$888,17,0)","v":34.892400321843802},40.119999999999997,120.36,null,{"$f":"CAPA!$D$13","v":0.04},115.54559999999999]
["1.12.24","COT-E379","PROPRIA","TERMINAL GARFO 0,5-1,5MM2 VM TPF21-4","PC",100,{"$f":"VLOOKUP(B400,COT_Elet!$B$10:$R$888,17,0)","v":0.236173455},0.27,27,null,{"$f":"CAPA!$D$13","v":0.04},25.919999999999998]
["1.12.25","COT-E380","PROPRIA","TERMINAL ISOLADO TUBOLAR  1,0MM2 VM","PC",100,{"$f":"VLOOKUP(B401,COT_Elet!$B$10:$R$888,17,0)","v":5.5876747499999997E-2},0.06,6,null,{"$f":"CAPA!$D$13","v":0.04},5.76]
["1.12.26","COT-E381","PROPRIA","TOMADA P/TRILHO 2P+T 10A SIBRATEC","PC",1,{"$f":"VLOOKUP(B402,COT_Elet!$B$10:$R$888,17,0)","v":22.256582354999999},25.59,25.59,null,{"$f":"CAPA!$D$13","v":0.04},24.566399999999998]
["1.12.27","COT-E382","PROPRIA","TRILHO 35X7,5MM 2M LISO PHOENIX","BR",1,{"$f":"VLOOKUP(B403,COT_Elet!$B$10:$R$888,17,0)","v":28.330922732175001},32.58,32.58,null,{"$f":"CAPA!$D$13","v":0.04},31.276799999999998]
["1.12.28","COT-E383","PROPRIA","PLC PM5072-T-2ETH","PC",1,{"$f":"VLOOKUP(B404,COT_Elet!$B$10:$R$888,17,0)","v":5486.8300475625001},6309.85,6309.85,null,{"$f":"CAPA!$D$13","v":0.04},6057.4560000000001]
["1.12.29","COT-E384","PROPRIA","TERMINAL TA5212-TSCL PLC","PC",1,{"$f":"VLOOKUP(B405,COT_Elet!$B$10:$R$888,17,0)","v":120.99680775},139.13999999999999,139.13999999999999,null,{"$f":"CAPA!$D$13","v":0.04},133.57439999999997]
["1.12.30","COT-E385","PROPRIA","MC5102","PC",1,{"$f":"VLOOKUP(B406,COT_Elet!$B$10:$R$888,17,0)","v":431.34424003125002},496.04,496.04,null,{"$f":"CAPA!$D$13","v":0.04},476.19839999999999]
["1.12.31","COT-E386","PROPRIA","DO524 4 AI","PC",1,{"$f":"VLOOKUP(B407,COT_Elet!$B$10:$R$888,17,0)","v":2626.3107489937502},3020.25,3020.25,null,{"$f":"CAPA!$D$13","v":0.04},2899.44]
["1.12.32","COT-E387","PROPRIA","TERMINAL TU515 MODULOS","PC",1,{"$f":"VLOOKUP(B408,COT_Elet!$B$10:$R$888,17,0)","v":474.99845006250001},546.24,546.24,null,{"$f":"CAPA!$D$13","v":0.04},524.3904]
["1.12.33","COT-E388","PROPRIA","Antena Direcional YAGI 900MHz -17dBi - CF917","PC",1,{"$f":"VLOOKUP(B409,COT_Elet!$B$10:$R$888,17,0)","v":465.97359375000002},535.86,535.86,null,{"$f":"CAPA!$D$13","v":0.04},514.42560000000003]
["1.12.34","COT-E389","PROPRIA","Cabo Alfacomp interliga rádio/Centelhador (CONECTORES SMA-M/N-M)","PC",1,{"$f":"VLOOKUP(B410,COT_Elet!$B$10:$R$888,17,0)","v":986.94209249999994},1134.98,1134.98,null,{"$f":"CAPA!$D$13","v":0.04},1089.5808]
["1.12.35","COT-E390","PROPRIA","Cabo DLC 213 Com conectores N-macho 10 metros montado","PC",1,{"$f":"VLOOKUP(B411,COT_Elet!$B$10:$R$888,17,0)","v":72.038515500000003},82.84,82.84,null,{"$f":"CAPA!$D$13","v":0.04},79.526399999999995]
["1.12.36","COT-E391","PROPRIA","Cabo Serial Alfacomp programação SX900/RM2060/RM2071","PC",1,{"$f":"VLOOKUP(B412,COT_Elet!$B$10:$R$888,17,0)","v":285.25199850000001},328.03,328.03,null,{"$f":"CAPA!$D$13","v":0.04},314.90879999999999]
["1.12.37","COT-E392","PROPRIA","Centelhador N - CN3203","PC",1,{"$f":"VLOOKUP(B413,COT_Elet!$B$10:$R$888,17,0)","v":78.964987500000007},90.8,90.8,null,{"$f":"CAPA!$D$13","v":0.04},87.167999999999992]
["1.12.38","COT-E393","PROPRIA","Conector de loopback para teste de bancada","PC",1,{"$f":"VLOOKUP(B414,COT_Elet!$B$10:$R$888,17,0)","v":0.16033500000000001},0.18,0.18,null,{"$f":"CAPA!$D$13","v":0.04},0.17279999999999998]
["1.12.39","COT-E394","PROPRIA","Rádio modem Spread Spectrum-900MHz-1W - Alfacomp RM-SX900","PC",1,{"$f":"VLOOKUP(B415,COT_Elet!$B$10:$R$888,17,0)","v":3941.39505375},4532.6000000000004,4532.6000000000004,null,{"$f":"CAPA!$D$13","v":0.04},4351.2960000000003]
["1.13","*****","*****","FORNECIMENTO DE MATERIAIS RESERVATORIO",{"$nulls":4},{"$f":"SUM(I417:I427)","v":9855.0099999999984},null,{"$f":"CAPA!$D$13","v":0.04},{"$f":"SUM(L417:L427)","v":9460.8096000000005}]
["1.13.1","COT-E395","PROPRIA","ABRACADEIRA TIPO D PARAFUSO 01\"","PC",6,{"$f":"VLOOKUP(B417,COT_Elet!$B$10:$R$888,17,0)","v":2.0737576199999999},2.38,14.28,null,{"$f":"CAPA!$D$13","v":0.04},13.708799999999998]
["1.13.2","COT-E396","PROPRIA","ADAPTADOR ALUM MULT.  01\" S/ROSCA TRAMON","PC",10,{"$f":"VLOOKUP(B418,COT_Elet!$B$10:$R$888,17,0)","v":3.6942171205499998},4.24,42.4,null,{"$f":"CAPA!$D$13","v":0.04},40.704000000000001]
["1.13.3","COT-E397","PROPRIA","CABO 0,6/1KV 3X 6MM2 FLEX 90 PT","M",10,{"$f":"VLOOKUP(B419,COT_Elet!$B$10:$R$888,17,0)","v":21.12676269},24.29,242.9,null,{"$f":"CAPA!$D$13","v":0.04},233.184]
["1.13.4","COT-E398","PROPRIA","CABO BLINDADO CONTROLE 4X1,0MM2","M",20,{"$f":"VLOOKUP(B420,COT_Elet!$B$10:$R$888,17,0)","v":8.6128297200000006},9.9,198,null,{"$f":"CAPA!$D$13","v":0.04},190.07999999999998]
["1.13.5","COT-E399","PROPRIA","CONDULETE AL MULTIPLO L 01\" S/T TRAM","PC",1,{"$f":"VLOOKUP(B421,COT_Elet!$B$10:$R$888,17,0)","v":17.541817613100001},20.170000000000002,20.170000000000002,null,{"$f":"CAPA!$D$13","v":0.04},19.363200000000003]
["1.13.6","COT-E400","PROPRIA","CONDULETE AL MULTIPLO X 01\" S/T TRAM","PC",2,{"$f":"VLOOKUP(B422,COT_Elet!$B$10:$R$888,17,0)","v":16.345990891724998},18.79,37.58,null,{"$f":"CAPA!$D$13","v":0.04},36.076799999999999]
["1.13.7","COT-E401","PROPRIA","DUTO CORRUGADO 1 1/4\" 40MM","M",10,{"$f":"VLOOKUP(B423,COT_Elet!$B$10:$R$888,17,0)","v":2.2437348615000001},2.58,25.8,null,{"$f":"CAPA!$D$13","v":0.04},24.768000000000001]
["1.13.8","COT-E402","PROPRIA","DUTO CORRUGADO 2\" 63MM","M",5,{"$f":"VLOOKUP(B424,COT_Elet!$B$10:$R$888,17,0)","v":3.8468699362500001},4.42,22.1,null,{"$f":"CAPA!$D$13","v":0.04},21.216000000000001]
["1.13.9","COT-E403","PROPRIA","ELETRODUTO GALV. A FOGO 01\"X1,5MM 5624","UN",2,{"$f":"VLOOKUP(B425,COT_Elet!$B$10:$R$888,17,0)","v":84.016067731199996},96.61,193.22,null,{"$f":"CAPA!$D$13","v":0.04},185.49119999999999]
["1.13.10","COT-E404","PROPRIA","TAMPA ALUM 01\"  CEGA TRAMONTINA","PC",3,{"$f":"VLOOKUP(B426,COT_Elet!$B$10:$R$888,17,0)","v":6.1468978436250001},7.06,21.18,null,{"$f":"CAPA!$D$13","v":0.04},20.332799999999999]
["1.13.11","COT-E405","PROPRIA","TRANSMISSOR NIVEL ULTRASSONICO SPA-580-4","PC",1,{"$f":"VLOOKUP(B427,COT_Elet!$B$10:$R$888,17,0)","v":7858.5916908576},9037.3799999999992,9037.3799999999992,null,{"$f":"CAPA!$D$13","v":0.04},8675.8847999999998]
["1.14","*****","*****","MÃO DE OBRA - EBP; SUBESTAÇÃO DE ENTRADA E RESERVATÓRIO",{"$nulls":4},{"$f":"SUM(I429:I432)","v":258596.82},null,{"$f":"CAPA!$D$13","v":0.04},{"$f":"SUM(L429:L432)","v":248252.9472}]
["1.14.1","CPU-E01","PROPRIA",{"$f":"CPU_Elet!C9","v":"SERVIÇOS EBP - SUBESTAÇÃO DE ENTRADA CUBÍCULO EXISTENTE - ESTUDO DE PROTEÇÃO E SELETIVIDADE"},"UN",1,{"$f":"CPU_Elet!I9","v":25759.424999999999},{"$f":"TRUNC(G429*(1+$J$6),2)","v":32580.52},32580.52,null,{"$f":"CAPA!$D$13","v":0.04},31277.299199999998]
["1.14.2","CPU-E02","PROPRIA",{"$f":"CPU_Elet!C17","v":"SERVIÇOS EBP - SUBST. DO CCM - 4.2KV (PAINEL DE MÉDIA ALIM. MOTORES 600 CV)"},"UN",1,{"$f":"CPU_Elet!I17","v":50839.37},{"$f":"TRUNC(G430*(1+$J$6),2)","v":64301.63},64301.63,null,{"$f":"CAPA!$D$13","v":0.04},61729.564799999993]
["1.14.3","CPU-E03","PROPRIA",{"$f":"CPU_Elet!C26","v":"SERVIÇOS EBP - MANUTENÇÃO DOS MOTORES 4,2KV"},"UN",1,{"$f":"CPU_Elet!I26","v":84848.639999999999},{"$f":"TRUNC(G431*(1+$J$6),2)","v":107316.55},107316.55,null,{"$f":"CAPA!$D$13","v":0.04},103023.88799999999]
["1.14.4","CPU-E04","PROPRIA",{"$f":"CPU_Elet!C36","v":"SERVIÇOS EBP - NOVA SUBESTAÇÃO DE ENERGIA TRAFO 112,5 KVA 13.8KV/380 VCA - QDLF SE e EBP E AUTOMAÇÃO RESERVATÓRIO"},"UN",1,{"$f":"CPU_Elet!I36","v":43009.267},{"$f":"TRUNC(G432*(1+$J$6),2)","v":54398.12},54398.12,null,{"$f":"CAPA!$D$13","v":0.04},52222.195200000002]
[2,null,null,"ESTAÇÃO DE BOMBEAMENTO SECUNDÁRIA 1 - EBS1",{"$nulls":6},{"$f":"CAPA!$D$13","v":0.04}]
["2.1","*****","*****","FORNECIMENTO DE CARRINHO 15KV - EBS1",{"$nulls":4},{"$f":"SUM(I435:I456)","v":66776.720000000016},null,{"$f":"CAPA!$D$13","v":0.04},{"$f":"SUM(L435:L456)","v":64105.651199999978}]
["2.1.1","COT-E406","PROPRIA","BARRAM TERRA  8F BRT01 8 VERDE","PC",1,{"$f":"VLOOKUP(B435,COT_Elet!$B$10:$R$888,17,0)","v":14.3587650405},16.510000000000002,16.510000000000002,null,{"$f":"CAPA!$D$13","v":0.04},15.849600000000001]
["2.1.2","COT-E407","PROPRIA","BLOCO DE AFERICAO 3TC´S  CWBAN-3TC","PC",1,{"$f":"VLOOKUP(B436,COT_Elet!$B$10:$R$888,17,0)","v":206.91847164448899},237.95,237.95,null,{"$f":"CAPA!$D$13","v":0.04},228.43199999999999]
["2.1.3","COT-E408","PROPRIA","BORNE MOLA PUSH IN 2,5MM CP2,5 CZ","PC",10,{"$f":"VLOOKUP(B437,COT_Elet!$B$10:$R$888,17,0)","v":3.32686042136775},3.82,38.200000000000003,null,{"$f":"CAPA!$D$13","v":0.04},36.672000000000004]
["2.1.4","COT-E409","PROPRIA","BOTAO EMERG. GIRAR P/SOLTAR 40MM 1NF VM","PC",1,{"$f":"VLOOKUP(B438,COT_Elet!$B$10:$R$888,17,0)","v":16.628600913},19.12,19.12,null,{"$f":"CAPA!$D$13","v":0.04},18.3552]
["2.1.5","COT-E410","PROPRIA","CABO FLEXIVEL 750V  1,0MM2 CZ","M",15,{"$f":"VLOOKUP(B439,COT_Elet!$B$10:$R$888,17,0)","v":1.248621792},1.43,21.45,null,{"$f":"CAPA!$D$13","v":0.04},20.591999999999999]
["2.1.6","COT-E411","PROPRIA","CABO FLEXIVEL 750V  1,5MM2 PT","M",15,{"$f":"VLOOKUP(B440,COT_Elet!$B$10:$R$888,17,0)","v":1.4342339865},1.64,24.6,null,{"$f":"CAPA!$D$13","v":0.04},23.616]
["2.1.7","COT-E412","PROPRIA","CARRINHO DISJ MEDIA 15KV PADRAO WEG - MONTADO, TESTADO E COMISSIONADO EM FÁBRICA","PC",1,{"$f":"VLOOKUP(B441,COT_Elet!$B$10:$R$888,17,0)","v":6747.09530889293},7759.15,7759.15,null,{"$f":"CAPA!$D$13","v":0.04},7448.7839999999997]
["2.1.8","COT-E413","PROPRIA","COBRE EM BARRA 1 1/4\"X3/8\" 645A 2,69KG/M","M",2,{"$f":"VLOOKUP(B442,COT_Elet!$B$10:$R$888,17,0)","v":357.33956353050002},410.94,821.88,null,{"$f":"CAPA!$D$13","v":0.04},789.00479999999993]
["2.1.9","COT-E414","PROPRIA","DISJ. A VACUO M/T 17,5KV 630A VBWC17P25A","PC",1,{"$f":"VLOOKUP(B443,COT_Elet!$B$10:$R$888,17,0)","v":35340.9633627945},40642.1,40642.1,null,{"$f":"CAPA!$D$13","v":0.04},39016.415999999997]
["2.1.10","COT-E415","PROPRIA","DISJ. BIP  10A MDW-C10-2 3KA","PC",2,{"$f":"VLOOKUP(B444,COT_Elet!$B$10:$R$888,17,0)","v":44.066201120999999},50.67,101.34,null,{"$f":"CAPA!$D$13","v":0.04},97.2864]
["2.1.11","COT-E416","PROPRIA","NO BREAK 1400VA E-BIV./ S-220 SENOIDAL","PC",1,{"$f":"VLOOKUP(B445,COT_Elet!$B$10:$R$888,17,0)","v":2152.39393212615},2475.25,2475.25,null,{"$f":"CAPA!$D$13","v":0.04},2376.2399999999998]
["2.1.12","COT-E417","PROPRIA","PLACA FINAL MOLA PUSH IN 2,5 EPCX2.5","PC",4,{"$f":"VLOOKUP(B446,COT_Elet!$B$10:$R$888,17,0)","v":1.0585900917220501},1.21,4.84,null,{"$f":"CAPA!$D$13","v":0.04},4.6463999999999999]
["2.1.13","COT-E418","PROPRIA","PLAQUETA DE EMERG P/BOTAO 22MM 90MM GRAN","PC",1,{"$f":"VLOOKUP(B447,COT_Elet!$B$10:$R$888,17,0)","v":7.7496754095},8.91,8.91,null,{"$f":"CAPA!$D$13","v":0.04},8.5535999999999994]
["2.1.14","COT-E419","PROPRIA","PORTA PLAQUETA APP30T 30X50 RMC","PC",3,{"$f":"VLOOKUP(B448,COT_Elet!$B$10:$R$888,17,0)","v":3.8748762614999999},4.45,13.35,null,{"$f":"CAPA!$D$13","v":0.04},12.815999999999999]
["2.1.15","COT-E420","PROPRIA","POSTE EXTREMIDADE DIN35 CA802 CZ","PC",5,{"$f":"VLOOKUP(B449,COT_Elet!$B$10:$R$888,17,0)","v":2.1470588500513501},2.46,12.3,null,{"$f":"CAPA!$D$13","v":0.04},11.808]
["2.1.16","COT-E421","PROPRIA","RELE PROTEÇAO 7SR1002KB102CA0","PC",1,{"$f":"VLOOKUP(B450,COT_Elet!$B$10:$R$888,17,0)","v":5185.1418913785001},5962.91,5962.91,null,{"$f":"CAPA!$D$13","v":0.04},5724.3935999999994]
["2.1.17","COT-E422","PROPRIA","SINALEIRO LED 22MM 220V AM RMC","PC",1,{"$f":"VLOOKUP(B451,COT_Elet!$B$10:$R$888,17,0)","v":8.6354010705000004},9.93,9.93,null,{"$f":"CAPA!$D$13","v":0.04},9.5327999999999999]
["2.1.18","COT-E423","PROPRIA","SINALEIRO LED 22MM 220V VD RMC","PC",1,{"$f":"VLOOKUP(B452,COT_Elet!$B$10:$R$888,17,0)","v":7.7496754095},8.91,8.91,null,{"$f":"CAPA!$D$13","v":0.04},8.5535999999999994]
["2.1.19","COT-E424","PROPRIA","SINALEIRO LED 22MM 220V VM RMC","PC",1,{"$f":"VLOOKUP(B453,COT_Elet!$B$10:$R$888,17,0)","v":7.7496754095},8.91,8.91,null,{"$f":"CAPA!$D$13","v":0.04},8.5535999999999994]
["2.1.20","COT-E425","PROPRIA","TOMADA P/TRILHO 2P+T 20A MEC-TRONIC","PC",1,{"$f":"VLOOKUP(B454,COT_Elet!$B$10:$R$888,17,0)","v":11.624474557499999},13.36,13.36,null,{"$f":"CAPA!$D$13","v":0.04},12.8256]
["2.1.21","COT-E426","PROPRIA","TRANSF. CORRENTE 15KV 250/5A IMP15B1","PC",3,{"$f":"VLOOKUP(B455,COT_Elet!$B$10:$R$888,17,0)","v":2476.6434836100002},2848.14,8544.42,null,{"$f":"CAPA!$D$13","v":0.04},8202.6432000000004]
["2.1.22","COT-E427","PROPRIA","TRILHO 35X7,5MM 2M LISO PHOENIX","BR",1,{"$f":"VLOOKUP(B456,COT_Elet!$B$10:$R$888,17,0)","v":27.251649485234999},31.33,31.33,null,{"$f":"CAPA!$D$13","v":0.04},30.076799999999999]
["2.2","*****","*****","FORNECIMENTO DE CENTRO DE CONTROLE DE MOTORES 1250A - (CCM 1250A) - EBS1",null,null,{"$f":"VLOOKUP(B457,COT_Elet!$B$10:$R$888,17,0)","v":0},null,{"$f":"SUM(I458:I500)","v":364177.91000000009},null,{"$f":"CAPA!$D$13","v":0.04},{"$f":"SUM(L458:L500)","v":349610.79360000003}]
["2.2.1","COT-E428","PROPRIA","BLOCO DE AFERICAO 3TC´S  ST6 C416143","PC",1,{"$f":"VLOOKUP(B458,COT_Elet!$B$10:$R$888,17,0)","v":131.31412449749999},151.01,151.01,null,{"$f":"CAPA!$D$13","v":0.04},144.96959999999999]
["2.2.2","COT-E429","PROPRIA","BOTAO EMERG. GIRA P/SOLTAR CEW 1NA+1NF","PC",1,{"$f":"VLOOKUP(B459,COT_Elet!$B$10:$R$888,17,0)","v":50.5052844975},58.08,58.08,null,{"$f":"CAPA!$D$13","v":0.04},{"$f":"I459*(1-K459)","v":55.756799999999998}]
["2.2.3","COT-E430","PROPRIA","CABO FLEXIVEL 750V  1,0MM2 AZ","M",100,{"$f":"VLOOKUP(B460,COT_Elet!$B$10:$R$888,17,0)","v":1.29807216},{"$f":"TRUNC(G460*(1+$J$5),2)","v":1.49},{"$f":"TRUNC(F460*H460,2)","v":149},null,{"$f":"CAPA!$D$13","v":0.04},143.04]
["2.2.4","COT-E431","PROPRIA","CABO FLEXIVEL 750V  1,0MM2 CZ","M",100,{"$f":"VLOOKUP(B461,COT_Elet!$B$10:$R$888,17,0)","v":1.29807216},1.49,149,null,{"$f":"CAPA!$D$13","v":0.04},143.04]
["2.2.5","COT-E432","PROPRIA","CABO FLEXIVEL 750V  1,5MM2 PT","M",1,{"$f":"VLOOKUP(B462,COT_Elet!$B$10:$R$888,17,0)","v":1.4910353325000001},1.71,1.71,null,{"$f":"CAPA!$D$13","v":0.04},1.6415999999999999]
["2.2.6","COT-E433","PROPRIA","CABO FLEXIVEL 750V  1,5MM2 VD","M",100,{"$f":"VLOOKUP(B463,COT_Elet!$B$10:$R$888,17,0)","v":1.4910353325000001},1.71,171,null,{"$f":"CAPA!$D$13","v":0.04},164.16]
["2.2.7","COT-E434","PROPRIA","CANALETA PVC  30X50MM VENTIL CZ 2M HELLE","BR",2,{"$f":"VLOOKUP(B464,COT_Elet!$B$10:$R$888,17,0)","v":43.436816815218698},49.95,99.9,null,{"$f":"CAPA!$D$13","v":0.04},95.903999999999996]
["2.2.8","COT-E435","PROPRIA","CANALETA PVC  50X80MM VENTIL CZ 2M HELLE","BR",6,{"$f":"VLOOKUP(B465,COT_Elet!$B$10:$R$888,17,0)","v":88.856551730677495},102.18,613.08000000000004,null,{"$f":"CAPA!$D$13","v":0.04},588.55680000000007]
["2.2.9","COT-E436","PROPRIA","CHAVE SECC. COM CARGA NH03 630A FSW 630-","PC",5,{"$f":"VLOOKUP(B466,COT_Elet!$B$10:$R$888,17,0)","v":1535.0796776699999},1765.34,8826.7000000000007,null,{"$f":"CAPA!$D$13","v":0.04},8473.6319999999996]
["2.2.10","COT-E437","PROPRIA","CHAVE SOFT STARTER SSW900  200A 220/575","PC",5,{"$f":"VLOOKUP(B467,COT_Elet!$B$10:$R$888,17,0)","v":14655.218973569999},16853.5,84267.5,null,{"$f":"CAPA!$D$13","v":0.04},80896.800000000003]
["2.2.11","COT-E438","PROPRIA","COBRE EM BARRA  5/8\"X3/16\" 176A 0,673KG/","M",6,{"$f":"VLOOKUP(B468,COT_Elet!$B$10:$R$888,17,0)","v":92.937381075000005},106.87,641.22,null,{"$f":"CAPA!$D$13","v":0.04},615.57119999999998]
["2.2.12","COT-E439","PROPRIA","COBRE EM BARRA 01\"X3/16\" 281A 1,08KG/M","M",23,{"$f":"VLOOKUP(B469,COT_Elet!$B$10:$R$888,17,0)","v":149.15323710000001},171.52,3944.96,null,{"$f":"CAPA!$D$13","v":0.04},3787.1615999999999]
["2.2.13","COT-E440","PROPRIA","COBRE EM BARRA 2.1/2\"X1/2\"1642A 7,18KG/M","M",20,{"$f":"VLOOKUP(B470,COT_Elet!$B$10:$R$888,17,0)","v":1014.89201037},1167.1199999999999,23342.400000000001,null,{"$f":"CAPA!$D$13","v":0.04},22408.704000000002]
["2.2.14","COT-E441","PROPRIA","DISJ. BIP  10A MDWH-C10-2 10KA","PC",4,{"$f":"VLOOKUP(B471,COT_Elet!$B$10:$R$888,17,0)","v":106.45209839250001},122.41,489.64,null,{"$f":"CAPA!$D$13","v":0.04},470.05439999999999]
["2.2.15","COT-E442","PROPRIA","DISJ. TRIP   10A MDWH-C10-3 10KA","PC",2,{"$f":"VLOOKUP(B472,COT_Elet!$B$10:$R$888,17,0)","v":161.17627774499999},185.35,370.7,null,{"$f":"CAPA!$D$13","v":0.04},355.87199999999996]
["2.2.16","COT-E443","PROPRIA","DISJ. TRIP ABERTA FIXO  1250A ABW C/M","PC",1,{"$f":"VLOOKUP(B473,COT_Elet!$B$10:$R$888,17,0)","v":27102.975810119999},31168.42,31168.42,null,{"$f":"CAPA!$D$13","v":0.04},29921.683199999996]
["2.2.17","COT-E444","PROPRIA","DISJ. TRIP CX MOLD   32A DWB160N32-3DX","PC",2,{"$f":"VLOOKUP(B474,COT_Elet!$B$10:$R$888,17,0)","v":605.3601044925},696.16,1392.32,null,{"$f":"CAPA!$D$13","v":0.04},1336.6271999999999]
["2.2.18","COT-E445","PROPRIA","DISJ. UNIP  10A MDWH-C10 10KA","PC",14,{"$f":"VLOOKUP(B475,COT_Elet!$B$10:$R$888,17,0)","v":31.801886077500001},36.57,511.98,null,{"$f":"CAPA!$D$13","v":0.04},491.50080000000003]
["2.2.19","COT-E446","PROPRIA","DISJ. UNIP  32A MDWH-C32 10KA IMPORTADO","PC",4,{"$f":"VLOOKUP(B476,COT_Elet!$B$10:$R$888,17,0)","v":32.477537767500003},37.340000000000003,149.36000000000001,null,{"$f":"CAPA!$D$13","v":0.04},143.38560000000001]
["2.2.20","COT-E447","PROPRIA","FIM DE CURSO T2L2 ALAV CURTA REG IRRIGAC","PC",3,{"$f":"VLOOKUP(B477,COT_Elet!$B$10:$R$888,17,0)","v":116.513039475},133.97999999999999,401.94,null,{"$f":"CAPA!$D$13","v":0.04},385.86239999999998]
["2.2.21","COT-E448","PROPRIA","FUSIVEL NH U/R T3  450A 690V WEG","PC",15,{"$f":"VLOOKUP(B478,COT_Elet!$B$10:$R$888,17,0)","v":547.79863697999997},629.96,9449.4,null,{"$f":"CAPA!$D$13","v":0.04},9071.4239999999991]
["2.2.22","COT-E449","PROPRIA","GRELHA FILTRO PLAST. EMB. 255X255MM JNG","PC",10,{"$f":"VLOOKUP(B479,COT_Elet!$B$10:$R$888,17,0)","v":169.39532041031299},194.8,1948,null,{"$f":"CAPA!$D$13","v":0.04},1870.08]
["2.2.23","COT-E450","PROPRIA","PAINEL TTA 3B 1900X800X800MM  TTW - MONTADO, TESTADO E COMISSIONADO EM FÁBRICA","PC",4,{"$f":"VLOOKUP(B480,COT_Elet!$B$10:$R$888,17,0)","v":34117.249255297},39234.83,156939.32,null,{"$f":"CAPA!$D$13","v":0.04},150661.74720000001]
["2.2.24","COT-E451","PROPRIA","LUMINARIA LINEAR P/PAINEL 120CM 12W 6,5K","PC",4,{"$f":"VLOOKUP(B481,COT_Elet!$B$10:$R$888,17,0)","v":76.120994611304994},87.53,350.12,null,{"$f":"CAPA!$D$13","v":0.04},336.11520000000002]
["2.2.25","COT-E452","PROPRIA","MICROVENTIL 18X18X6,0CM 220VAC RMC","PC",10,{"$f":"VLOOKUP(B482,COT_Elet!$B$10:$R$888,17,0)","v":332.323628805},382.17,3821.7,null,{"$f":"CAPA!$D$13","v":0.04},3668.8319999999999]
["2.2.26","COT-E453","PROPRIA","MODULO COMUNIC. SSW900 ETHERNET/MODBUS","PC",5,{"$f":"VLOOKUP(B483,COT_Elet!$B$10:$R$888,17,0)","v":2770.0515975825001},3185.55,15927.75,null,{"$f":"CAPA!$D$13","v":0.04},15290.64]
["2.2.27","COT-E454","PROPRIA","MODULO IHM INTERFACE SSW900 REMOTA","PC",5,{"$f":"VLOOKUP(B484,COT_Elet!$B$10:$R$888,17,0)","v":1092.1752440549999},1256,6280,null,{"$f":"CAPA!$D$13","v":0.04},6028.8]
["2.2.28","COT-E455","PROPRIA","MOLDURA  IHM SSW900 + CABO 5M","PC",5,{"$f":"VLOOKUP(B485,COT_Elet!$B$10:$R$888,17,0)","v":225.82302907499999},259.69,1298.45,null,{"$f":"CAPA!$D$13","v":0.04},1246.5119999999999]
["2.2.29","COT-E456","PROPRIA","MOLDURA DISJ ABERTO FIXO ABW08-63","PC",1,{"$f":"VLOOKUP(B486,COT_Elet!$B$10:$R$888,17,0)","v":451.14100289999999},518.80999999999995,518.80999999999995,null,{"$f":"CAPA!$D$13","v":0.04},498.05759999999992]
["2.2.30","COT-E457","PROPRIA","MULTIMEDIDOR TRIF. GRANDEZA C/M MMW04-M1","PC",1,{"$f":"VLOOKUP(B487,COT_Elet!$B$10:$R$888,17,0)","v":3366.6418585800002},3871.63,3871.63,null,{"$f":"CAPA!$D$13","v":0.04},3716.7647999999999]
["2.2.31","COT-E458","PROPRIA","PLAQUETA DE EMERGENCIA-DESL APE AM","PC",1,{"$f":"VLOOKUP(B488,COT_Elet!$B$10:$R$888,17,0)","v":13.064897475},15.02,15.02,null,{"$f":"CAPA!$D$13","v":0.04},14.419199999999998]
["2.2.32","COT-E459","PROPRIA","PORTA DOCUMENTOS GRANDE A4 36580","PC",1,{"$f":"VLOOKUP(B489,COT_Elet!$B$10:$R$888,17,0)","v":65.818954101599999},75.69,75.69,null,{"$f":"CAPA!$D$13","v":0.04},72.662399999999991]
["2.2.33","COT-E460","PROPRIA","PORTA PLAQUETA APP30T 30X50","PC",20,{"$f":"VLOOKUP(B490,COT_Elet!$B$10:$R$888,17,0)","v":5.8021228125000004},6.67,133.4,null,{"$f":"CAPA!$D$13","v":0.04},128.06399999999999]
["2.2.34","COT-E461","PROPRIA","PROTETOR DE SURTO 60KA SPWC275-60/12,5","PC",4,{"$f":"VLOOKUP(B491,COT_Elet!$B$10:$R$888,17,0)","v":380.18939836499999},437.21,1748.84,null,{"$f":"CAPA!$D$13","v":0.04},1678.8863999999999]
["2.2.35","COT-E462","PROPRIA","RESISTOR DESUMIF. PAINEL 150W 110-250VCA","PC",4,{"$f":"VLOOKUP(B492,COT_Elet!$B$10:$R$888,17,0)","v":269.85342509999998},310.33,1241.32,null,{"$f":"CAPA!$D$13","v":0.04},1191.6671999999999]
["2.2.36","COT-E463","PROPRIA","SELETOR CURTO 3 POS 45G FIXAS 2NA COMP","PC",5,{"$f":"VLOOKUP(B493,COT_Elet!$B$10:$R$888,17,0)","v":87.2497374525},100.33,501.65,null,{"$f":"CAPA!$D$13","v":0.04},481.58399999999995]
["2.2.37","COT-E464","PROPRIA","SINALEIRO LED 22MM 220VCA AM WEG","PC",5,{"$f":"VLOOKUP(B494,COT_Elet!$B$10:$R$888,17,0)","v":22.715621460000001},26.12,130.6,null,{"$f":"CAPA!$D$13","v":0.04},125.37599999999999]
["2.2.38","COT-E465","PROPRIA","SINALEIRO LED 22MM 220VCA VD WEG","PC",1,{"$f":"VLOOKUP(B495,COT_Elet!$B$10:$R$888,17,0)","v":22.715621460000001},26.12,26.12,null,{"$f":"CAPA!$D$13","v":0.04},25.075199999999999]
["2.2.39","COT-E466","PROPRIA","SINALEIRO LED 22MM 220VCA VM WEG","PC",1,{"$f":"VLOOKUP(B496,COT_Elet!$B$10:$R$888,17,0)","v":22.715621460000001},26.12,26.12,null,{"$f":"CAPA!$D$13","v":0.04},25.075199999999999]
["2.2.40","COT-E467","PROPRIA","TERMOSTATO CALORIA 0-60G FLZ-520 NF","PC",4,{"$f":"VLOOKUP(B497,COT_Elet!$B$10:$R$888,17,0)","v":173.36606678999999},199.37,797.48,null,{"$f":"CAPA!$D$13","v":0.04},765.58079999999995]
["2.2.41","COT-E468","PROPRIA","TERMOSTATO CALORIA 0-60G TLZ-530-NA","PC",4,{"$f":"VLOOKUP(B498,COT_Elet!$B$10:$R$888,17,0)","v":152.87413144499999},175.8,703.2,null,{"$f":"CAPA!$D$13","v":0.04},675.072]
["2.2.42","COT-E469","PROPRIA","TRANSF.E-440/380/220V S-220/110V1010VA","PC",1,{"$f":"VLOOKUP(B499,COT_Elet!$B$10:$R$888,17,0)","v":613.89185051250001},705.97,705.97,null,{"$f":"CAPA!$D$13","v":0.04},677.73119999999994]
["2.2.43","COT-E470","PROPRIA","TRANSFORMADOR TC 1300/5 ST-81","PC",3,{"$f":"VLOOKUP(B500,COT_Elet!$B$10:$R$888,17,0)","v":222.43963990500001},255.8,767.4,null,{"$f":"CAPA!$D$13","v":0.04},736.70399999999995]
["2.3","*****","*****","FORNECIMENTO DE QUADRO DE COMPENSAÇÃO DE FATOR DE POTÊNCIA 250KVAr - (QCFP 250KVAr) - EBS1",null,null,{"$f":"VLOOKUP(B501,COT_Elet!$B$10:$R$888,17,0)","v":0},null,{"$f":"SUM(I502:I543)","v":91006.630000000034},null,{"$f":"CAPA!$D$13","v":0.04},{"$f":"SUM(L502:L543)","v":87366.36480000001}]
["2.3.1","COT-E471","PROPRIA","BLOCO DE AFERICAO 3TC´S  ST6 C416143","PC",1,{"$f":"VLOOKUP(B502,COT_Elet!$B$10:$R$888,17,0)","v":131.31412449749999},151.01,151.01,null,{"$f":"CAPA!$D$13","v":0.04},144.96959999999999]
["2.3.2","COT-E472","PROPRIA","BORNE MOLA   6MMG BTWI6-T AM/VD PUSH-IN","PC",4,{"$f":"VLOOKUP(B503,COT_Elet!$B$10:$R$888,17,0)","v":20.805229935},23.92,95.68,null,{"$f":"CAPA!$D$13","v":0.04},91.852800000000002]
["2.3.3","COT-E473","PROPRIA","CABO 0,6/1KV 1X  6MM2 FLEX 90 PT","M",100,{"$f":"VLOOKUP(B504,COT_Elet!$B$10:$R$888,17,0)","v":6.5261956725000001},7.5,750,null,{"$f":"CAPA!$D$13","v":0.04},720]
["2.3.4","COT-E474","PROPRIA","CABO 0,6/1KV 1X 16MM2 FLEX 90 PT","M",100,{"$f":"VLOOKUP(B505,COT_Elet!$B$10:$R$888,17,0)","v":16.874457074999999},19.399999999999999,1940,null,{"$f":"CAPA!$D$13","v":0.04},1862.3999999999999]
["2.3.5","COT-E475","PROPRIA","CABO FLEXIVEL 750V  1,0MM2 AZ","M",100,{"$f":"VLOOKUP(B506,COT_Elet!$B$10:$R$888,17,0)","v":1.29807216},1.49,149,null,{"$f":"CAPA!$D$13","v":0.04},143.04]
["2.3.6","COT-E476","PROPRIA","CABO FLEXIVEL 750V  1,0MM2 CZ","M",100,{"$f":"VLOOKUP(B507,COT_Elet!$B$10:$R$888,17,0)","v":1.29807216},1.49,149,null,{"$f":"CAPA!$D$13","v":0.04},143.04]
["2.3.7","COT-E477","PROPRIA","CANALETA PVC  30X50MM VENTIL CZ 2M HELLE","BR",1,{"$f":"VLOOKUP(B508,COT_Elet!$B$10:$R$888,17,0)","v":43.436816815218698},49.95,49.95,null,{"$f":"CAPA!$D$13","v":0.04},47.951999999999998]
["2.3.8","COT-E478","PROPRIA","CANALETA PVC  50X80MM VENTIL CZ 2M HELLE","BR",3,{"$f":"VLOOKUP(B509,COT_Elet!$B$10:$R$888,17,0)","v":88.856551730677495},102.18,306.54000000000002,null,{"$f":"CAPA!$D$13","v":0.04},294.27840000000003]
["2.3.9","COT-E479","PROPRIA","CHAPA DE POLICARB. 3.00X2,050X3MM CRISTA","M2",0.5,{"$f":"VLOOKUP(B510,COT_Elet!$B$10:$R$888,17,0)","v":328.91867457749998},378.25,189.12,null,{"$f":"CAPA!$D$13","v":0.04},181.55519999999999]
["2.3.10","COT-E480","PROPRIA","COBRE EM BARRA 2\"X1/4\" 719A 2,87KG/M","M",8,{"$f":"VLOOKUP(B511,COT_Elet!$B$10:$R$888,17,0)","v":430.31981963250001},494.86,3958.88,null,{"$f":"CAPA!$D$13","v":0.04},3800.5248000000001]
["2.3.11","COT-E481","PROPRIA","CONTATOR AUX. CWCAO-22 2NA+2NF 220V","PC",2,{"$f":"VLOOKUP(B512,COT_Elet!$B$10:$R$888,17,0)","v":75.011206567499997},86.26,172.52,null,{"$f":"CAPA!$D$13","v":0.04},165.61920000000001]
["2.3.12","COT-E482","PROPRIA","CONTATOR CWB  9C 220VCA CWBC (10KVAR)","PC",4,{"$f":"VLOOKUP(B513,COT_Elet!$B$10:$R$888,17,0)","v":228.73575485250001},263.04000000000002,1052.1600000000001,null,{"$f":"CAPA!$D$13","v":0.04},1010.0736000000001]
["2.3.13","COT-E483","PROPRIA","CONTATOR CWB 18C 220VCA CWBC (16KVAR)","PC",2,{"$f":"VLOOKUP(B514,COT_Elet!$B$10:$R$888,17,0)","v":274.84770001499999},316.07,632.14,null,{"$f":"CAPA!$D$13","v":0.04},606.85439999999994]
["2.3.14","COT-E484","PROPRIA","CONTATOR CWB 25C 220VCA CWBC (20KVAR)","PC",2,{"$f":"VLOOKUP(B515,COT_Elet!$B$10:$R$888,17,0)","v":287.82184788000001},330.99,661.98,null,{"$f":"CAPA!$D$13","v":0.04},635.50080000000003]
["2.3.15","COT-E485","PROPRIA","CONTATOR CWB 32C 220VCA CWBC (25KVAR)","PC",2,{"$f":"VLOOKUP(B516,COT_Elet!$B$10:$R$888,17,0)","v":404.37473060249999},465.03,930.06,null,{"$f":"CAPA!$D$13","v":0.04},892.85759999999993]
["2.3.16","COT-E486","PROPRIA","CONTATOR CWB 65C 220VCA CWBC (50KVAR)","PC",2,{"$f":"VLOOKUP(B517,COT_Elet!$B$10:$R$888,17,0)","v":921.33589653000001},1059.53,2119.06,null,{"$f":"CAPA!$D$13","v":0.04},2034.2975999999999]
["2.3.17","COT-E487","PROPRIA","CONTROL F. POTENCIA 12E TRIF PFW03T12","PC",1,{"$f":"VLOOKUP(B518,COT_Elet!$B$10:$R$888,17,0)","v":5771.1039223950002},6636.76,6636.76,null,{"$f":"CAPA!$D$13","v":0.04},6371.2896000000001]
["2.3.18","COT-E488","PROPRIA","DISJ. TRIP CX MOLD   16A 16KA 380V DWB","PC",2,{"$f":"VLOOKUP(B519,COT_Elet!$B$10:$R$888,17,0)","v":445.43171405250001},512.24,1024.48,null,{"$f":"CAPA!$D$13","v":0.04},983.50080000000003]
["2.3.19","COT-E489","PROPRIA","DISJ. TRIP CX MOLD   25A 16KA 380V DWB","PC",2,{"$f":"VLOOKUP(B520,COT_Elet!$B$10:$R$888,17,0)","v":445.43171405250001},512.24,1024.48,null,{"$f":"CAPA!$D$13","v":0.04},983.50080000000003]
["2.3.20","COT-E490","PROPRIA","DISJ. TRIP CX MOLD   40A 30KA 380V DWB","PC",2,{"$f":"VLOOKUP(B521,COT_Elet!$B$10:$R$888,17,0)","v":633.93172132500001},729.02,1458.04,null,{"$f":"CAPA!$D$13","v":0.04},1399.7184]
["2.3.21","COT-E491","PROPRIA","DISJ. TRIP CX MOLD   50A DWB160N50-3MF","PC",2,{"$f":"VLOOKUP(B522,COT_Elet!$B$10:$R$888,17,0)","v":633.93172132500001},729.02,1458.04,null,{"$f":"CAPA!$D$13","v":0.04},1399.7184]
["2.3.22","COT-E492","PROPRIA","DISJ. TRIP CX MOLD   63A DWB160N63-3DX","PC",2,{"$f":"VLOOKUP(B523,COT_Elet!$B$10:$R$888,17,0)","v":537.78756008250002},618.45000000000005,1236.9000000000001,null,{"$f":"CAPA!$D$13","v":0.04},{"$f":"I523*(1-K523)","v":1187.424}]
["2.3.23","COT-E493","PROPRIA","DISJ. TRIP CX MOLD  100-125A 30KA DWB","PC",2,{"$f":"VLOOKUP(B524,COT_Elet!$B$10:$R$888,17,0)","v":699.57367199999999},{"$f":"TRUNC(G524*(1+$J$5),2)","v":804.5},{"$f":"TRUNC(F524*H524,2)","v":1609},null,{"$f":"CAPA!$D$13","v":0.04},1544.6399999999999]
["2.3.24","COT-E494","PROPRIA","DISJ. TRIP CX MOLD  440-630A 50KA DWB800","PC",1,{"$f":"VLOOKUP(B525,COT_Elet!$B$10:$R$888,17,0)","v":3802.4481815774998},4372.8100000000004,4372.8100000000004,null,{"$f":"CAPA!$D$13","v":0.04},4197.8976000000002]
["2.3.25","COT-E495","PROPRIA","DISJ. UNIP  10A MDWH-C10 10KA","PC",12,{"$f":"VLOOKUP(B526,COT_Elet!$B$10:$R$888,17,0)","v":31.801886077500001},36.57,438.84,null,{"$f":"CAPA!$D$13","v":0.04},421.28639999999996]
["2.3.26","COT-E496","PROPRIA","GRELHA FILTRO PLAST. EMB. 255X255MM JNG","PC",4,{"$f":"VLOOKUP(B527,COT_Elet!$B$10:$R$888,17,0)","v":169.39532041031299},194.8,779.2,null,{"$f":"CAPA!$D$13","v":0.04},748.03200000000004]
["2.3.27","COT-E497","PROPRIA","PAINEL TTA 3B 1900X800X800MM  TTW - MONTADO, TESTADO E COMISSIONADO EM FÁBRICA","PC",1,{"$f":"VLOOKUP(B528,COT_Elet!$B$10:$R$888,17,0)","v":36564.027967474904},42048.63,42048.63,null,{"$f":"CAPA!$D$13","v":0.04},40366.684799999995]
["2.3.28","COT-E498","PROPRIA","MICROVENTIL 18X18X6,0CM 220VAC RMC","PC",4,{"$f":"VLOOKUP(B529,COT_Elet!$B$10:$R$888,17,0)","v":332.323628805},382.17,1528.68,null,{"$f":"CAPA!$D$13","v":0.04},1467.5328]
["2.3.29","COT-E499","PROPRIA","PORTA DOCUMENTOS GRANDE A4 36580","PC",2,{"$f":"VLOOKUP(B530,COT_Elet!$B$10:$R$888,17,0)","v":65.818954101599999},75.69,151.38,null,{"$f":"CAPA!$D$13","v":0.04},145.32479999999998]
["2.3.30","COT-E500","PROPRIA","PORTA PLAQUETA APP30T 30X50","PC",24,{"$f":"VLOOKUP(B531,COT_Elet!$B$10:$R$888,17,0)","v":5.8021228125000004},6.67,160.08000000000001,null,{"$f":"CAPA!$D$13","v":0.04},153.67680000000001]
["2.3.31","COT-E501","PROPRIA","RESISTOR DESUMIF. PAINEL 150W 110-250VCA","PC",1,{"$f":"VLOOKUP(B532,COT_Elet!$B$10:$R$888,17,0)","v":269.85342509999998},310.33,310.33,null,{"$f":"CAPA!$D$13","v":0.04},297.91679999999997]
["2.3.32","COT-E502","PROPRIA","SELETOR CURTO 3 POS 45G FIXAS 2NA COMP","PC",12,{"$f":"VLOOKUP(B533,COT_Elet!$B$10:$R$888,17,0)","v":87.2497374525},100.33,1203.96,null,{"$f":"CAPA!$D$13","v":0.04},1155.8016]
["2.3.33","COT-E503","PROPRIA","SINALEIRO LED 22MM 220VCA VD WEG","PC",12,{"$f":"VLOOKUP(B534,COT_Elet!$B$10:$R$888,17,0)","v":22.715621460000001},26.12,313.44,null,{"$f":"CAPA!$D$13","v":0.04},300.9024]
["2.3.34","COT-E504","PROPRIA","TERMOSTATO CALORIA 0-60G FLZ-520 NF","PC",1,{"$f":"VLOOKUP(B535,COT_Elet!$B$10:$R$888,17,0)","v":173.36606678999999},199.37,199.37,null,{"$f":"CAPA!$D$13","v":0.04},191.39519999999999]
["2.3.35","COT-E505","PROPRIA","TERMOSTATO CALORIA 0-60G TLZ-530-NA","PC",1,{"$f":"VLOOKUP(B536,COT_Elet!$B$10:$R$888,17,0)","v":152.87413144499999},175.8,175.8,null,{"$f":"CAPA!$D$13","v":0.04},168.768]
["2.3.36","COT-E506","PROPRIA","TRANSFORMADOR TC 1500/5 DP812 BIPARTIDO","PC",3,{"$f":"VLOOKUP(B537,COT_Elet!$B$10:$R$888,17,0)","v":740.53620739255496},851.61,2554.83,null,{"$f":"CAPA!$D$13","v":0.04},2452.6367999999998]
["2.3.37","COT-E507","PROPRIA","UNIDADE CAPAC. TRIF.   5,0KVAR 380V HD","PC",2,{"$f":"VLOOKUP(B538,COT_Elet!$B$10:$R$888,17,0)","v":278.80524881999997},320.62,641.24,null,{"$f":"CAPA!$D$13","v":0.04},615.59039999999993]
["2.3.38","COT-E508","PROPRIA","UNIDADE CAPAC. TRIF.  10,0KVAR 380V HD","PC",2,{"$f":"VLOOKUP(B539,COT_Elet!$B$10:$R$888,17,0)","v":338.02730592749998},388.73,777.46,null,{"$f":"CAPA!$D$13","v":0.04},746.36159999999995]
["2.3.39","COT-E509","PROPRIA","UNIDADE CAPAC. TRIF.  15,0KVAR 380V HD","PC",2,{"$f":"VLOOKUP(B540,COT_Elet!$B$10:$R$888,17,0)","v":484.73318958750002},557.44000000000005,1114.8800000000001,null,{"$f":"CAPA!$D$13","v":0.04},1070.2848000000001]
["2.3.40","COT-E510","PROPRIA","UNIDADE CAPAC. TRIF.  20,0KVAR 380V HD","PC",2,{"$f":"VLOOKUP(B541,COT_Elet!$B$10:$R$888,17,0)","v":685.31868798749997},788.11,1576.22,null,{"$f":"CAPA!$D$13","v":0.04},1513.1712]
["2.3.41","COT-E511","PROPRIA","UNIDADE CAPAC. TRIF.  25,0KVAR 380V HD","PC",2,{"$f":"VLOOKUP(B542,COT_Elet!$B$10:$R$888,17,0)","v":734.27794224750005},844.41,1688.82,null,{"$f":"CAPA!$D$13","v":0.04},1621.2671999999998]
["2.3.42","COT-E512","PROPRIA","UNIDADE CAPAC. TRIF.  50,0KVAR 380V HD","PC",2,{"$f":"VLOOKUP(B543,COT_Elet!$B$10:$R$888,17,0)","v":1398.20008482},1607.93,3215.86,null,{"$f":"CAPA!$D$13","v":0.04},3087.2256000000002]
["2.4","*****","*****","FORNECIMENTO DE QUADRO DE DISTRIBUIÇÃO DE FORÇA E LUZ - (QDFL) - EBS1",null,null,{"$f":"VLOOKUP(B544,COT_Elet!$B$10:$R$888,17,0)","v":0},null,{"$f":"SUM(I545:I560)","v":4088.6599999999989},null,{"$f":"CAPA!$D$13","v":0.04},{"$f":"SUM(L545:L560)","v":3925.1135999999992}]
["2.4.1","COT-E513","PROPRIA","BARRAMENTO FASE TRIP 54P 80A 1M WEG","PC",1,{"$f":"VLOOKUP(B545,COT_Elet!$B$10:$R$888,17,0)","v":135.680203065},156.03,156.03,null,{"$f":"CAPA!$D$13","v":0.04},149.78880000000001]
["2.4.2","COT-E514","PROPRIA","CABO FLEXIVEL 750V 10MM2 PT","M",12,{"$f":"VLOOKUP(B546,COT_Elet!$B$10:$R$888,17,0)","v":10.47158574},12.04,144.47999999999999,null,{"$f":"CAPA!$D$13","v":0.04},138.70079999999999]
["2.4.3","COT-E515","PROPRIA","CAIXA P/MONTAGEM  80X60X25CM - MONTADO, TESTADO E COMISSIONADO EM FÁBRICA","PC",1,{"$f":"VLOOKUP(B547,COT_Elet!$B$10:$R$888,17,0)","v":2435.7512205283901},2801.11,2801.11,null,{"$f":"CAPA!$D$13","v":0.04},2689.0655999999999]
["2.4.4","COT-E516","PROPRIA","CANALETA PVC  50X80MM VENTIL CZ 2M HELLE","BR",2,{"$f":"VLOOKUP(B548,COT_Elet!$B$10:$R$888,17,0)","v":93.087816098805007},107.05,214.1,null,{"$f":"CAPA!$D$13","v":0.04},205.53599999999997]
["2.4.5","COT-E517","PROPRIA","COBRE EM BARRA  5/8\"X3/16\" 176A 0,673KG/","M",0.8,{"$f":"VLOOKUP(B549,COT_Elet!$B$10:$R$888,17,0)","v":97.362970649999994},111.96,89.56,null,{"$f":"CAPA!$D$13","v":0.04},85.977599999999995]
["2.4.6","COT-E518","PROPRIA","CONECTOR EXTERNO PINO CURTO 25MM2","PC",6,{"$f":"VLOOKUP(B550,COT_Elet!$B$10:$R$888,17,0)","v":14.5550170656},16.73,100.38,null,{"$f":"CAPA!$D$13","v":0.04},96.364799999999988]
["2.4.7","COT-E519","PROPRIA","DISJ. TRIP   32A MDW-C-32-3 3KA","PC",1,{"$f":"VLOOKUP(B551,COT_Elet!$B$10:$R$888,17,0)","v":54.441008654999997},62.6,62.6,null,{"$f":"CAPA!$D$13","v":0.04},60.095999999999997]
["2.4.8","COT-E520","PROPRIA","DISJ. TRIP   40A MDW-C40-3 3KA","PC",1,{"$f":"VLOOKUP(B552,COT_Elet!$B$10:$R$888,17,0)","v":54.441008654999997},62.6,62.6,null,{"$f":"CAPA!$D$13","v":0.04},60.095999999999997]
["2.4.9","COT-E521","PROPRIA","DISJ. UNIP  16A MDW-C16 3KA","PC",1,{"$f":"VLOOKUP(B553,COT_Elet!$B$10:$R$888,17,0)","v":10.141356719999999},11.66,11.66,null,{"$f":"CAPA!$D$13","v":0.04},11.1936]
["2.4.10","COT-E522","PROPRIA","DISJ. UNIP  20A MDW-C20 3KA","PC",4,{"$f":"VLOOKUP(B554,COT_Elet!$B$10:$R$888,17,0)","v":10.141356719999999},11.66,46.64,null,{"$f":"CAPA!$D$13","v":0.04},44.7744]
["2.4.11","COT-E523","PROPRIA","DISJ. UNIP  25A MDW-C25 3KA","PC",1,{"$f":"VLOOKUP(B555,COT_Elet!$B$10:$R$888,17,0)","v":11.02807035},12.68,12.68,null,{"$f":"CAPA!$D$13","v":0.04},12.172799999999999]
["2.4.12","COT-E524","PROPRIA","DISJ. UNIP  32A MDW-C32 3KA","PC",4,{"$f":"VLOOKUP(B556,COT_Elet!$B$10:$R$888,17,0)","v":10.141356719999999},11.66,46.64,null,{"$f":"CAPA!$D$13","v":0.04},44.7744]
["2.4.13","COT-E525","PROPRIA","ISOLADOR EPOXI PARALELO 20X30MM 1/4\"","PC",4,{"$f":"VLOOKUP(B557,COT_Elet!$B$10:$R$888,17,0)","v":5.0348621169000003},5.79,23.16,null,{"$f":"CAPA!$D$13","v":0.04},22.233599999999999]
["2.4.14","COT-E526","PROPRIA","PORTA DOCUMENTOS GRANDE A4 36580","PC",1,{"$f":"VLOOKUP(B558,COT_Elet!$B$10:$R$888,17,0)","v":68.953190011199993},79.290000000000006,79.290000000000006,null,{"$f":"CAPA!$D$13","v":0.04},76.118400000000008]
["2.4.15","COT-E527","PROPRIA","PROTETOR DE SURTO 275V  45KA CL-II","PC",4,{"$f":"VLOOKUP(B559,COT_Elet!$B$10:$R$888,17,0)","v":44.266346843400001},50.9,203.6,null,{"$f":"CAPA!$D$13","v":0.04},195.45599999999999]
["2.4.16","COT-E528","PROPRIA","TRILHO 35X7,5MM 2M LISO PHOENIX","BR",1,{"$f":"VLOOKUP(B560,COT_Elet!$B$10:$R$888,17,0)","v":29.68001429085},34.130000000000003,34.130000000000003,null,{"$f":"CAPA!$D$13","v":0.04},32.764800000000001]
["2.5","*****","*****","FORNECIMENTO DE QUADRO DE DISTRIBUIÇÃO DE FORÇA E LUZ DA SUBESTAÇÃO - (QDFL SE) - EBS1",null,null,{"$f":"VLOOKUP(B561,COT_Elet!$B$10:$R$888,17,0)","v":0},null,{"$f":"SUM(I562:I577)","v":4088.6599999999989},null,{"$f":"CAPA!$D$13","v":0.04},{"$f":"SUM(L562:L577)","v":3925.1135999999992}]
["2.5.1","COT-E529","PROPRIA","BARRAMENTO FASE TRIP 54P 80A 1M WEG","PC",1,{"$f":"VLOOKUP(B562,COT_Elet!$B$10:$R$888,17,0)","v":135.680203065},156.03,156.03,null,{"$f":"CAPA!$D$13","v":0.04},149.78880000000001]
["2.5.2","COT-E530","PROPRIA","CABO FLEXIVEL 750V 10MM2 PT","M",12,{"$f":"VLOOKUP(B563,COT_Elet!$B$10:$R$888,17,0)","v":10.47158574},12.04,144.47999999999999,null,{"$f":"CAPA!$D$13","v":0.04},138.70079999999999]
["2.5.3","COT-E531","PROPRIA","CAIXA P/MONTAGEM  80X60X25CM - MONTADO, TESTADO E COMISSIONADO EM FÁBRICA","PC",1,{"$f":"VLOOKUP(B564,COT_Elet!$B$10:$R$888,17,0)","v":2435.7512205283901},2801.11,2801.11,null,{"$f":"CAPA!$D$13","v":0.04},2689.0655999999999]
["2.5.4","COT-E532","PROPRIA","CANALETA PVC  50X80MM VENTIL CZ 2M HELLE","BR",2,{"$f":"VLOOKUP(B565,COT_Elet!$B$10:$R$888,17,0)","v":93.087816098805007},107.05,214.1,null,{"$f":"CAPA!$D$13","v":0.04},205.53599999999997]
["2.5.5","COT-E533","PROPRIA","COBRE EM BARRA  5/8\"X3/16\" 176A 0,673KG/","M",0.8,{"$f":"VLOOKUP(B566,COT_Elet!$B$10:$R$888,17,0)","v":97.362970649999994},111.96,89.56,null,{"$f":"CAPA!$D$13","v":0.04},85.977599999999995]
["2.5.6","COT-E534","PROPRIA","CONECTOR EXTERNO PINO CURTO 25MM2","PC",6,{"$f":"VLOOKUP(B567,COT_Elet!$B$10:$R$888,17,0)","v":14.5550170656},16.73,100.38,null,{"$f":"CAPA!$D$13","v":0.04},96.364799999999988]
["2.5.7","COT-E535","PROPRIA","DISJ. TRIP   32A MDW-C-32-3 3KA","PC",1,{"$f":"VLOOKUP(B568,COT_Elet!$B$10:$R$888,17,0)","v":54.441008654999997},62.6,62.6,null,{"$f":"CAPA!$D$13","v":0.04},60.095999999999997]
["2.5.8","COT-E536","PROPRIA","DISJ. TRIP   40A MDW-C40-3 3KA","PC",1,{"$f":"VLOOKUP(B569,COT_Elet!$B$10:$R$888,17,0)","v":54.441008654999997},62.6,62.6,null,{"$f":"CAPA!$D$13","v":0.04},60.095999999999997]
["2.5.9","COT-E537","PROPRIA","DISJ. UNIP  16A MDW-C16 3KA","PC",1,{"$f":"VLOOKUP(B570,COT_Elet!$B$10:$R$888,17,0)","v":10.141356719999999},11.66,11.66,null,{"$f":"CAPA!$D$13","v":0.04},11.1936]
["2.5.10","COT-E538","PROPRIA","DISJ. UNIP  20A MDW-C20 3KA","PC",4,{"$f":"VLOOKUP(B571,COT_Elet!$B$10:$R$888,17,0)","v":10.141356719999999},11.66,46.64,null,{"$f":"CAPA!$D$13","v":0.04},44.7744]
["2.5.11","COT-E539","PROPRIA","DISJ. UNIP  25A MDW-C25 3KA","PC",1,{"$f":"VLOOKUP(B572,COT_Elet!$B$10:$R$888,17,0)","v":11.02807035},12.68,12.68,null,{"$f":"CAPA!$D$13","v":0.04},12.172799999999999]
["2.5.12","COT-E540","PROPRIA","DISJ. UNIP  32A MDW-C32 3KA","PC",4,{"$f":"VLOOKUP(B573,COT_Elet!$B$10:$R$888,17,0)","v":10.141356719999999},11.66,46.64,null,{"$f":"CAPA!$D$13","v":0.04},44.7744]
["2.5.13","COT-E541","PROPRIA","ISOLADOR EPOXI PARALELO 20X30MM 1/4\"","PC",4,{"$f":"VLOOKUP(B574,COT_Elet!$B$10:$R$888,17,0)","v":5.0348621169000003},5.79,23.16,null,{"$f":"CAPA!$D$13","v":0.04},22.233599999999999]
["2.5.14","COT-E542","PROPRIA","PORTA DOCUMENTOS GRANDE A4 36580","PC",1,{"$f":"VLOOKUP(B575,COT_Elet!$B$10:$R$888,17,0)","v":68.953190011199993},79.290000000000006,79.290000000000006,null,{"$f":"CAPA!$D$13","v":0.04},76.118400000000008]
["2.5.15","COT-E543","PROPRIA","PROTETOR DE SURTO 275V  45KA CL-II","PC",4,{"$f":"VLOOKUP(B576,COT_Elet!$B$10:$R$888,17,0)","v":44.266346843400001},50.9,203.6,null,{"$f":"CAPA!$D$13","v":0.04},195.45599999999999]
["2.5.16","COT-E544","PROPRIA","TRILHO 35X7,5MM 2M LISO PHOENIX","BR",1,{"$f":"VLOOKUP(B577,COT_Elet!$B$10:$R$888,17,0)","v":29.68001429085},34.130000000000003,34.130000000000003,null,{"$f":"CAPA!$D$13","v":0.04},32.764800000000001]
["2.6","*****","*****","FORNECIMENTO DE DOIS QUADROS DE VÁLVULA - (2X - QD VÁLVULA)",null,null,{"$f":"VLOOKUP(B578,COT_Elet!$B$10:$R$888,17,0)","v":0},null,{"$f":"SUM(I579:I593)","v":5476.9199999999992},null,{"$f":"CAPA!$D$13","v":0.04},{"$f":"SUM(L579:L593)","v":5257.8431999999993}]
["2.6.1","COT-E545","PROPRIA","BARRAM NEUTRO  8F BRN01 8 AZUL","PC",2,{"$f":"VLOOKUP(B579,COT_Elet!$B$10:$R$888,17,0)","v":15.638258955},17.98,35.96,null,{"$f":"CAPA!$D$13","v":0.04},34.521599999999999]
["2.6.2","COT-E546","PROPRIA","BARRAM TERRA  8F BRT01 8 VERDE","PC",2,{"$f":"VLOOKUP(B580,COT_Elet!$B$10:$R$888,17,0)","v":15.638258955},17.98,35.96,null,{"$f":"CAPA!$D$13","v":0.04},34.521599999999999]
["2.6.3","COT-E547","PROPRIA","BOTAO COMANDO 22MM VD 1NA MONOB MBFM2-10","PC",4,{"$f":"VLOOKUP(B581,COT_Elet!$B$10:$R$888,17,0)","v":20.831051505000001},23.95,95.8,null,{"$f":"CAPA!$D$13","v":0.04},91.967999999999989]
["2.6.4","COT-E548","PROPRIA","BOTAO COMANDO 22MM VM 1NF MONOB MBFM1-01","PC",2,{"$f":"VLOOKUP(B582,COT_Elet!$B$10:$R$888,17,0)","v":20.831051505000001},23.95,47.9,null,{"$f":"CAPA!$D$13","v":0.04},45.983999999999995]
["2.6.5","COT-E549","PROPRIA","BOTAO EMERG. GIRA P/SOLTAR CEW 1NA+1NF","PC",2,{"$f":"VLOOKUP(B583,COT_Elet!$B$10:$R$888,17,0)","v":52.910298044999998},60.84,121.68,null,{"$f":"CAPA!$D$13","v":0.04},116.8128]
["2.6.6","COT-E550","PROPRIA","CABO FLEXIVEL 750V  1,0MM2 CZ","M",20,{"$f":"VLOOKUP(B584,COT_Elet!$B$10:$R$888,17,0)","v":1.3598851199999999},1.56,31.2,null,{"$f":"CAPA!$D$13","v":0.04},29.951999999999998]
["2.6.7","COT-E551","PROPRIA","CABO FLEXIVEL 750V  2,5MM2 PT","MT",12,{"$f":"VLOOKUP(B585,COT_Elet!$B$10:$R$888,17,0)","v":2.4453072599999999},2.81,33.72,null,{"$f":"CAPA!$D$13","v":0.04},32.371199999999995]
["2.6.8","COT-E552","PROPRIA","CAIXA P/MONTAGEM  50X50X20CM S/FLANGE - MONTADO, TESTADO E COMISSIONADO EM FÁBRICA","PC",2,{"$f":"VLOOKUP(B586,COT_Elet!$B$10:$R$888,17,0)","v":1024.15860078435},1177.78,2355.56,null,{"$f":"CAPA!$D$13","v":0.04},2261.3375999999998]
["2.6.9","COT-E553","PROPRIA","CANALETA PVC  50X80MM VENTIL CZ 2M HELLE","PC",2,{"$f":"VLOOKUP(B587,COT_Elet!$B$10:$R$888,17,0)","v":93.087816098805007},107.05,214.1,null,{"$f":"CAPA!$D$13","v":0.04},{"$f":"I587*(1-K587)","v":205.53599999999997}]
["2.6.10","COT-E554","PROPRIA","CONTATOR CWB  9.11 220VCA CWB9-11-30D23","PC",4,{"$f":"VLOOKUP(B588,COT_Elet!$B$10:$R$888,17,0)","v":140.56527457499999},{"$f":"TRUNC(G588*(1+$J$5),2)","v":161.65},{"$f":"TRUNC(F588*H588,2)","v":646.6},null,{"$f":"CAPA!$D$13","v":0.04},620.73599999999999]
["2.6.11","COT-E555","PROPRIA","DISJ. MOTOR WEG MPW  1,6-2,5A MPW18-3-D0","PC",2,{"$f":"VLOOKUP(B589,COT_Elet!$B$10:$R$888,17,0)","v":268.57008848999999},308.85000000000002,617.70000000000005,null,{"$f":"CAPA!$D$13","v":0.04},592.99200000000008]
["2.6.12","COT-E556","PROPRIA","DISJ. TRIP CX MOLD   20A 16KA 380V DWB","PC",2,{"$f":"VLOOKUP(B590,COT_Elet!$B$10:$R$888,17,0)","v":466.64274805500003},536.63,1073.26,null,{"$f":"CAPA!$D$13","v":0.04},1030.3296]
["2.6.13","COT-E557","PROPRIA","PLAQUETA DE EMERGENCIA-DESL APE AM","PC",2,{"$f":"VLOOKUP(B591,COT_Elet!$B$10:$R$888,17,0)","v":13.68703545},15.74,31.48,null,{"$f":"CAPA!$D$13","v":0.04},30.220800000000001]
["2.6.14","COT-E558","PROPRIA","PORTA PLAQUETA APP60T 35X83","PC",6,{"$f":"VLOOKUP(B592,COT_Elet!$B$10:$R$888,17,0)","v":9.8232215400000005},11.29,67.739999999999995,null,{"$f":"CAPA!$D$13","v":0.04},65.030399999999986]
["2.6.15","COT-E559","PROPRIA","TRILHO 35X7,5MM 2M LISO PHOENIX","BR",2,{"$f":"VLOOKUP(B593,COT_Elet!$B$10:$R$888,17,0)","v":29.68001429085},34.130000000000003,68.260000000000005,null,{"$f":"CAPA!$D$13","v":0.04},65.529600000000002]
["2.7","*****","*****","FORNECIMENTO DE SUBESTAÇÃO 750KVA - (SE 750KVA) - EBS1",null,null,{"$f":"VLOOKUP(B594,COT_Elet!$B$10:$R$888,17,0)","v":0},null,{"$f":"SUM(I595:I634)","v":46899.420000000006},null,{"$f":"CAPA!$D$13","v":0.04},{"$f":"SUM(L595:L634)","v":45023.443199999994}]
["2.7.1","COT-E560","PROPRIA","ABRACADEIRA TIPO D PARAFUSO 01\"","PC",30,{"$f":"VLOOKUP(B595,COT_Elet!$B$10:$R$888,17,0)","v":2.0737576199999999},2.38,71.400000000000006,null,{"$f":"CAPA!$D$13","v":0.04},68.543999999999997]
["2.7.2","COT-E561","PROPRIA","ADAPTADOR ALUM MULT.  01\" S/ROSCA TRAMON","PC",30,{"$f":"VLOOKUP(B596,COT_Elet!$B$10:$R$888,17,0)","v":3.6942171205499998},4.24,127.2,null,{"$f":"CAPA!$D$13","v":0.04},122.11199999999999]
["2.7.3","COT-E562","PROPRIA","ALAVANCA ARTICULAVEL P/CHAVE SECCION.","PC",2,{"$f":"VLOOKUP(B597,COT_Elet!$B$10:$R$888,17,0)","v":167.05120410000001},192.1,384.2,null,{"$f":"CAPA!$D$13","v":0.04},368.83199999999999]
["2.7.4","COT-E563","PROPRIA","BASE FUSIVEL P/ TP 15KV 160MM","PC",1,{"$f":"VLOOKUP(B598,COT_Elet!$B$10:$R$888,17,0)","v":61.242533880000003},70.42,70.42,null,{"$f":"CAPA!$D$13","v":0.04},67.603200000000001]
["2.7.5","COT-E564","PROPRIA","BORNE CONCENTRICO TERM CENTRAL RETO 3/8\"","PC",21,{"$f":"VLOOKUP(B599,COT_Elet!$B$10:$R$888,17,0)","v":21.27793569},24.46,513.66,null,{"$f":"CAPA!$D$13","v":0.04},493.11359999999996]
["2.7.6","COT-E565","PROPRIA","BORNE CONCENTRICO TERM LATERAL RETO 3/8\"","PC",9,{"$f":"VLOOKUP(B600,COT_Elet!$B$10:$R$888,17,0)","v":20.479826235000001},23.55,211.95,null,{"$f":"CAPA!$D$13","v":0.04},203.47199999999998]
["2.7.7","COT-E566","PROPRIA","BORNE CONCENTRICO UNIAO S/SUPORTE 3/8\"","PC",40,{"$f":"VLOOKUP(B601,COT_Elet!$B$10:$R$888,17,0)","v":26.249091825000001},30.18,1207.2,null,{"$f":"CAPA!$D$13","v":0.04},1158.912]
["2.7.8","COT-E567","PROPRIA","CABO DE COBRE NU 35MM2 NBR6524 (290KG/KM","M",60,{"$f":"VLOOKUP(B602,COT_Elet!$B$10:$R$888,17,0)","v":39.655785344999998},45.6,2736,null,{"$f":"CAPA!$D$13","v":0.04},2626.56]
["2.7.9","COT-E568","PROPRIA","CABO FLEXIVEL 750V  2,5MM2 AZ","M",100,{"$f":"VLOOKUP(B603,COT_Elet!$B$10:$R$888,17,0)","v":2.4453072599999999},2.81,281,null,{"$f":"CAPA!$D$13","v":0.04},269.76]
["2.7.10","COT-E569","PROPRIA","CABO FLEXIVEL 750V  2,5MM2 PT","M",100,{"$f":"VLOOKUP(B604,COT_Elet!$B$10:$R$888,17,0)","v":2.4453072599999999},2.81,281,null,{"$f":"CAPA!$D$13","v":0.04},269.76]
["2.7.11","COT-E570","PROPRIA","CABO FLEXIVEL 750V  2,5MM2 VD","M",100,{"$f":"VLOOKUP(B605,COT_Elet!$B$10:$R$888,17,0)","v":2.4453072599999999},2.81,281,null,{"$f":"CAPA!$D$13","v":0.04},269.76]
["2.7.12","COT-E571","PROPRIA","CAIXA PORTA LUVAS DIVERSAS","PC",1,{"$f":"VLOOKUP(B606,COT_Elet!$B$10:$R$888,17,0)","v":396.18370027499998},455.61,455.61,null,{"$f":"CAPA!$D$13","v":0.04},437.38560000000001]
["2.7.13","COT-E572","PROPRIA","CHAVE SECC TRIP 15KV 400A C/CARGA C/BASE","PC",1,{"$f":"VLOOKUP(B607,COT_Elet!$B$10:$R$888,17,0)","v":3671.2845123900001},4221.97,4221.97,null,{"$f":"CAPA!$D$13","v":0.04},4053.0912000000003]
["2.7.14","COT-E573","PROPRIA","CHAVE SECC TRIP 15KV 400A C/CARGA S/BASE","PC",1,{"$f":"VLOOKUP(B608,COT_Elet!$B$10:$R$888,17,0)","v":2620.6789420350001},3013.78,3013.78,null,{"$f":"CAPA!$D$13","v":0.04},2893.2287999999999]
["2.7.15","COT-E574","PROPRIA","CONDULETE AL MULTIPLO L 01\" S/T TRAM","PC",10,{"$f":"VLOOKUP(B609,COT_Elet!$B$10:$R$888,17,0)","v":17.541817613100001},20.170000000000002,201.7,null,{"$f":"CAPA!$D$13","v":0.04},193.63199999999998]
["2.7.16","COT-E575","PROPRIA","CONDULETE AL MULTIPLO X 01\" S/T TRAM","PC",10,{"$f":"VLOOKUP(B610,COT_Elet!$B$10:$R$888,17,0)","v":16.345990891724998},18.79,187.9,null,{"$f":"CAPA!$D$13","v":0.04},180.38399999999999]
["2.7.17","COT-E576","PROPRIA","CONTATO AUXILIAR 1NA+1NF P/CHAVE SECC","PC",2,{"$f":"VLOOKUP(B611,COT_Elet!$B$10:$R$888,17,0)","v":120.42877901999999},138.49,276.98,null,{"$f":"CAPA!$D$13","v":0.04},265.9008]
["2.7.18","COT-E577","PROPRIA","ELETRODUTO GALV. A FOGO 01\"X2,65MM 5598","BR",10,{"$f":"VLOOKUP(B612,COT_Elet!$B$10:$R$888,17,0)","v":115.92574166943},133.31,1333.1,null,{"$f":"CAPA!$D$13","v":0.04},1279.7759999999998]
["2.7.19","COT-E578","PROPRIA","EXTINTOR PO QUIMICO 6 KM","PC",1,{"$f":"VLOOKUP(B613,COT_Elet!$B$10:$R$888,17,0)","v":419.92500000000001},482.91,482.91,null,{"$f":"CAPA!$D$13","v":0.04},463.59359999999998]
["2.7.20","COT-E579","PROPRIA","FUSIVEL CARTUCHO P/TP 15KV 0,5A  NP4584","PC",1,{"$f":"VLOOKUP(B614,COT_Elet!$B$10:$R$888,17,0)","v":120.19042958999999},138.21,138.21,null,{"$f":"CAPA!$D$13","v":0.04},132.6816]
["2.7.21","COT-E580","PROPRIA","FUSIVEL LIMITADOR HH 15KV 100A 325MM","PC",3,{"$f":"VLOOKUP(B615,COT_Elet!$B$10:$R$888,17,0)","v":1085.7369157799999},1248.5899999999999,3745.77,null,{"$f":"CAPA!$D$13","v":0.04},3595.9391999999998]
["2.7.22","COT-E581","PROPRIA","INT. 1 TCL BIP. 10A S/PL BR KLIN","PC",1,{"$f":"VLOOKUP(B616,COT_Elet!$B$10:$R$888,17,0)","v":22.539474375000001},25.92,25.92,null,{"$f":"CAPA!$D$13","v":0.04},24.883200000000002]
["2.7.23","COT-E582","PROPRIA","ISOLADOR PEDESTAL 15KV EPOXI  PRENSA FIO","PC",30,{"$f":"VLOOKUP(B617,COT_Elet!$B$10:$R$888,17,0)","v":70.1159791332},80.63,2418.9,null,{"$f":"CAPA!$D$13","v":0.04},2322.1439999999998]
["2.7.24","COT-E583","PROPRIA","LUMINARIA DE EMERG. 3000LM 2 FAR SEGURIM","PC",2,{"$f":"VLOOKUP(B618,COT_Elet!$B$10:$R$888,17,0)","v":460.71947245170003},529.82000000000005,1059.6400000000001,null,{"$f":"CAPA!$D$13","v":0.04},1017.2544]
["2.7.25","COT-E584","PROPRIA","LUMINARIA ESTANQUE ACRIL 2XLED 120CM PHI","PC",3,{"$f":"VLOOKUP(B619,COT_Elet!$B$10:$R$888,17,0)","v":114.7683546306},131.97999999999999,395.94,null,{"$f":"CAPA!$D$13","v":0.04},380.10239999999999]
["2.7.26","COT-E585","PROPRIA","LUVA BORRACHA AT 20KV 10\" USO 17KV","PR",1,{"$f":"VLOOKUP(B620,COT_Elet!$B$10:$R$888,17,0)","v":682.25025447810003},784.58,784.58,null,{"$f":"CAPA!$D$13","v":0.04},753.19680000000005]
["2.7.27","COT-E586","PROPRIA","LUVA DE COBERTURA VAQUETA PH 15CM  2OKV","PC",1,{"$f":"VLOOKUP(B621,COT_Elet!$B$10:$R$888,17,0)","v":41.152314060000002},47.32,47.32,null,{"$f":"CAPA!$D$13","v":0.04},45.427199999999999]
["2.7.28","COT-E587","PROPRIA","PLACA DE AVISO (ACESSO SOMENTE DE PESSOA","PC",1,{"$f":"VLOOKUP(B622,COT_Elet!$B$10:$R$888,17,0)","v":120.82745581499999},138.94999999999999,138.94999999999999,null,{"$f":"CAPA!$D$13","v":0.04},133.392]
["2.7.29","COT-E588","PROPRIA","PLACA DE AVISO (NAO MANOBRAR)","PC",2,{"$f":"VLOOKUP(B623,COT_Elet!$B$10:$R$888,17,0)","v":120.82745581499999},138.94999999999999,277.89999999999998,null,{"$f":"CAPA!$D$13","v":0.04},266.78399999999999]
["2.7.30","COT-E589","PROPRIA","PLACA DE AVISO (PERIGO ALTA TENSAO)","PC",5,{"$f":"VLOOKUP(B624,COT_Elet!$B$10:$R$888,17,0)","v":46.532141205000002},53.51,267.55,null,{"$f":"CAPA!$D$13","v":0.04},256.84800000000001]
["2.7.31","COT-E590","PROPRIA","PROLONGADOR P/CHAVE 1,0M EIXO C/MANCAL","PC",2,{"$f":"VLOOKUP(B625,COT_Elet!$B$10:$R$888,17,0)","v":146.84701663499999},168.87,337.74,null,{"$f":"CAPA!$D$13","v":0.04},324.23039999999997]
["2.7.32","COT-E591","PROPRIA","PROLONGADOR P/CHAVE 1,5M COMANDO","PC",2,{"$f":"VLOOKUP(B626,COT_Elet!$B$10:$R$888,17,0)","v":149.70007107000001},172.15,344.3,null,{"$f":"CAPA!$D$13","v":0.04},330.52800000000002]
["2.7.33","COT-E592","PROPRIA","PUNHO DE MANOBRA P/ALVENARIA CHAVE SECCI","PC",2,{"$f":"VLOOKUP(B627,COT_Elet!$B$10:$R$888,17,0)","v":708.11406847499995},814.33,1628.66,null,{"$f":"CAPA!$D$13","v":0.04},1563.5136]
["2.7.34","COT-E593","PROPRIA","SUPORTE P/PUNHO DE MANOBRA LATERAL","PC",2,{"$f":"VLOOKUP(B628,COT_Elet!$B$10:$R$888,17,0)","v":81.827089409999999},94.1,188.2,null,{"$f":"CAPA!$D$13","v":0.04},180.67199999999997]
["2.7.35","COT-E594","PROPRIA","TAMPA ALUM 01\"  CEGA TRAMONTINA","PC",20,{"$f":"VLOOKUP(B629,COT_Elet!$B$10:$R$888,17,0)","v":6.1468978436250001},7.06,141.19999999999999,null,{"$f":"CAPA!$D$13","v":0.04},135.55199999999999]
["2.7.36","COT-E595","PROPRIA","TAPETE BORRACHA 1,0X1,0M 3,5MM 20KV CL2","M2",3,{"$f":"VLOOKUP(B630,COT_Elet!$B$10:$R$888,17,0)","v":440.87715787500002},507,1521,null,{"$f":"CAPA!$D$13","v":0.04},1460.1599999999999]
["2.7.37","COT-E596","PROPRIA","TERMINAL COMPRESSAO  35MM2 M8 1F1C","PC",20,{"$f":"VLOOKUP(B631,COT_Elet!$B$10:$R$888,17,0)","v":2.7349916813999999},3.14,62.8,null,{"$f":"CAPA!$D$13","v":0.04},60.287999999999997]
["2.7.38","COT-E597","PROPRIA","TOM 2P+T 10 S/PL VM","PC",3,{"$f":"VLOOKUP(B632,COT_Elet!$B$10:$R$888,17,0)","v":181.31026138499999},208.5,625.5,null,{"$f":"CAPA!$D$13","v":0.04},600.48]
["2.7.39","COT-E598","PROPRIA","TRANSF. POTENC. 15KV 220V 1000VA TPP15","PC",1,{"$f":"VLOOKUP(B633,COT_Elet!$B$10:$R$888,17,0)","v":4342.6205415450004},4994.01,4994.01,null,{"$f":"CAPA!$D$13","v":0.04},4794.2496000000001]
["2.7.40","COT-E599","PROPRIA","VERGALHAO COBRE REDONDO 3/8\" 3M","BR",37,{"$f":"VLOOKUP(B634,COT_Elet!$B$10:$R$888,17,0)","v":268.31082679500003},308.55,11416.35,null,{"$f":"CAPA!$D$13","v":0.04},10959.696]
["2.8","*****","*****","FORNECIMENTO INSTALAÇÃO DE ATERRAMENTO E SISTEMA DE PROTEÇÃO CONTRA DESCARGAS ATMOSFÉRICAS - (ATERRAMENTO E SPDA) - EBS1",null,null,{"$f":"VLOOKUP(B635,COT_Elet!$B$10:$R$888,17,0)","v":0},null,{"$f":"SUM(I636:I658)","v":28795.939999999995},null,{"$f":"CAPA!$D$13","v":0.04},{"$f":"SUM(L636:L658)","v":27644.1024}]
["2.8.1","COT-E600","PROPRIA","ADERIDISCO INOX 60MM 1/4\" TEL0756YT","PC",50,{"$f":"VLOOKUP(B636,COT_Elet!$B$10:$R$888,17,0)","v":9.0433368299999994},10.39,519.5,null,{"$f":"CAPA!$D$13","v":0.04},498.71999999999997]
["2.8.2","COT-E601","PROPRIA","ADESIVO MONOCOMP POLIUR. SUP LISA 290ML","PC",10,{"$f":"VLOOKUP(B637,COT_Elet!$B$10:$R$888,17,0)","v":184.49530852500001},212.16,2121.6,null,{"$f":"CAPA!$D$13","v":0.04},2036.7359999999999]
["2.8.3","COT-E602","PROPRIA","BARRA CHATA ALUM. 7/8\"X1/8\" 6M","BR",22,{"$f":"VLOOKUP(B638,COT_Elet!$B$10:$R$888,17,0)","v":58.432647735000003},67.19,1478.18,null,{"$f":"CAPA!$D$13","v":0.04},1419.0527999999999]
["2.8.4","COT-E603","PROPRIA","CABO DE COBRE NU  50MM2 7F NBR6524 403KG","M",100,{"$f":"VLOOKUP(B639,COT_Elet!$B$10:$R$888,17,0)","v":53.92727241},62.01,6201,null,{"$f":"CAPA!$D$13","v":0.04},5952.96]
["2.8.5","COT-E604","PROPRIA","CABO DE COBRE NU  70MM2 NBR6524 566KG/KM","M",40,{"$f":"VLOOKUP(B640,COT_Elet!$B$10:$R$888,17,0)","v":75.109549185000006},86.37,3454.8,null,{"$f":"CAPA!$D$13","v":0.04},3316.6080000000002]
["2.8.6","COT-E605","PROPRIA","CABO DE COBRE NU 35MM2 NBR6524 (290KG/KM","M",90,{"$f":"VLOOKUP(B641,COT_Elet!$B$10:$R$888,17,0)","v":39.655785344999998},45.6,4104,null,{"$f":"CAPA!$D$13","v":0.04},3939.8399999999997]
["2.8.7","COT-E606","PROPRIA","CAIXA INSPECAO ATERRAM 300X300MM CONICA","PC",10,{"$f":"VLOOKUP(B642,COT_Elet!$B$10:$R$888,17,0)","v":35.248924424999998},40.53,405.3,null,{"$f":"CAPA!$D$13","v":0.04},389.08800000000002]
["2.8.8","COT-E607","PROPRIA","CAIXA INSPECAO SUSP DE PVC P/ TUBO 1\"","PC",10,{"$f":"VLOOKUP(B643,COT_Elet!$B$10:$R$888,17,0)","v":20.976009614999999},24.12,241.2,null,{"$f":"CAPA!$D$13","v":0.04},231.55199999999999]
["2.8.9","COT-E608","PROPRIA","CARTUCHO P/SOLDA  65G","PC",10,{"$f":"VLOOKUP(B644,COT_Elet!$B$10:$R$888,17,0)","v":12.6189696501},14.51,145.1,null,{"$f":"CAPA!$D$13","v":0.04},139.29599999999999]
["2.8.10","COT-E609","PROPRIA","CARTUCHO P/SOLDA 150G","PC",30,{"$f":"VLOOKUP(B645,COT_Elet!$B$10:$R$888,17,0)","v":28.7431826121},33.049999999999997,991.5,null,{"$f":"CAPA!$D$13","v":0.04},951.83999999999992]
["2.8.11","COT-E610","PROPRIA","CONECTOR EMENDA TIPO X BARRA CHATA","PC",22,{"$f":"VLOOKUP(B646,COT_Elet!$B$10:$R$888,17,0)","v":10.042506375},11.54,253.88,null,{"$f":"CAPA!$D$13","v":0.04},243.72479999999999]
["2.8.12","COT-E611","PROPRIA","CONECTOR PARAFUSO FENDIDO  35MM2 MCI","PC",10,{"$f":"VLOOKUP(B647,COT_Elet!$B$10:$R$888,17,0)","v":13.718361854999999},15.77,157.69999999999999,null,{"$f":"CAPA!$D$13","v":0.04},151.392]
["2.8.13","COT-E612","PROPRIA","CONECTOR PARAFUSO FENDIDO  50MM2 INTELI","PC",10,{"$f":"VLOOKUP(B648,COT_Elet!$B$10:$R$888,17,0)","v":19.420943354999999},22.33,223.3,null,{"$f":"CAPA!$D$13","v":0.04},214.36799999999999]
["2.8.14","COT-E613","PROPRIA","CONECTOR PARAFUSO FENDIDO  70MM2","PC",10,{"$f":"VLOOKUP(B649,COT_Elet!$B$10:$R$888,17,0)","v":26.355920744999999},30.3,303,null,{"$f":"CAPA!$D$13","v":0.04},290.88]
["2.8.15","COT-E614","PROPRIA","ELETRODUTO PVC PT 01\"  ROSCAVEL TIGRE","BR",10,{"$f":"VLOOKUP(B650,COT_Elet!$B$10:$R$888,17,0)","v":25.187652441600001},28.96,289.60000000000002,null,{"$f":"CAPA!$D$13","v":0.04},278.01600000000002]
["2.8.16","COT-E615","PROPRIA","GRAMPO TERRA DUPLO GTDU H5/8\" C16-70M2","PC",5,{"$f":"VLOOKUP(B651,COT_Elet!$B$10:$R$888,17,0)","v":41.310037889999997},47.5,237.5,null,{"$f":"CAPA!$D$13","v":0.04},{"$f":"I651*(1-K651)","v":228}]
["2.8.17","COT-E616","PROPRIA","HASTE COBREADA 14,3MMX3M A/C","BR",25,{"$f":"VLOOKUP(B652,COT_Elet!$B$10:$R$888,17,0)","v":164.07309599999999},{"$f":"TRUNC(G652*(1+$J$5),2)","v":188.68},{"$f":"TRUNC(F652*H652,2)","v":4717},null,{"$f":"CAPA!$D$13","v":0.04},4528.32]
["2.8.18","COT-E617","PROPRIA","ISOLADOR SIMP FIX. HORIZONTAL GALV 200MM","PC",30,{"$f":"VLOOKUP(B653,COT_Elet!$B$10:$R$888,17,0)","v":6.38756316},7.34,220.2,null,{"$f":"CAPA!$D$13","v":0.04},211.39199999999997]
["2.8.19","COT-E618","PROPRIA","MOLDE T CABO/CABO CTA50.35B CART-32","PC",2,{"$f":"VLOOKUP(B654,COT_Elet!$B$10:$R$888,17,0)","v":66.910016368800001},76.94,153.88,null,{"$f":"CAPA!$D$13","v":0.04},147.72479999999999]
["2.8.20","COT-E619","PROPRIA","MOLDE T CABO/HASTE CGXA5/8.50.50 CART150","PC",5,{"$f":"VLOOKUP(B655,COT_Elet!$B$10:$R$888,17,0)","v":219.6249960861},252.56,1262.8,null,{"$f":"CAPA!$D$13","v":0.04},1212.288]
["2.8.21","COT-E620","PROPRIA","MOLDE X CABO/HASTE CGXA5/8.70 CART-150","PC",2,{"$f":"VLOOKUP(B656,COT_Elet!$B$10:$R$888,17,0)","v":215.91402143849999},248.3,496.6,null,{"$f":"CAPA!$D$13","v":0.04},476.73599999999999]
["2.8.22","COT-E621","PROPRIA","PRESILHA LATAO 35/50MM2 5MM","PC",60,{"$f":"VLOOKUP(B657,COT_Elet!$B$10:$R$888,17,0)","v":1.380629415},1.58,94.8,null,{"$f":"CAPA!$D$13","v":0.04},91.007999999999996]
["2.8.23","COT-E622","PROPRIA","TAMPA CAIXA DE INSPECAO 300MM FERRO FUND","PC",10,{"$f":"VLOOKUP(B658,COT_Elet!$B$10:$R$888,17,0)","v":62.915683049999998},72.349999999999994,723.5,null,{"$f":"CAPA!$D$13","v":0.04},694.56]
["2.9","*****","*****","FORNECIMENTO DE MATERIAIS GERAIS EBS1",null,null,{"$f":"VLOOKUP(B659,COT_Elet!$B$10:$R$888,17,0)","v":0},null,{"$f":"SUM(I660:I702)","v":561177.69999999995},null,{"$f":"CAPA!$D$13","v":0.04},{"$f":"SUM(L660:L702)","v":538730.59199999971}]
["2.9.1","COT-E623","PROPRIA","ABRACADEIRA TIPO D PARAFUSO 01\"","PC",130,{"$f":"VLOOKUP(B660,COT_Elet!$B$10:$R$888,17,0)","v":1.9767816837791099},2.27,295.10000000000002,null,{"$f":"CAPA!$D$13","v":0.04},283.29599999999999]
["2.9.2","COT-E624","PROPRIA","ADAPTADOR ALUM MULT.  01\" S/ROSCA TRAMON","PC",45,{"$f":"VLOOKUP(B661,COT_Elet!$B$10:$R$888,17,0)","v":3.5214630048262001},4.04,181.8,null,{"$f":"CAPA!$D$13","v":0.04},174.52799999999999]
["2.9.3","COT-E625","PROPRIA","CABO 0,6/1KV 1X 70MM2 FLEX 90 AZ","M",155,{"$f":"VLOOKUP(B662,COT_Elet!$B$10:$R$888,17,0)","v":72.260689244053793},83.09,12878.95,null,{"$f":"CAPA!$D$13","v":0.04},12363.791999999999]
["2.9.4","COT-E626","PROPRIA","CABO 0,6/1KV 1X 70MM2 FLEX 90 PT","M",465,{"$f":"VLOOKUP(B663,COT_Elet!$B$10:$R$888,17,0)","v":72.260689244053793},83.09,38636.85,null,{"$f":"CAPA!$D$13","v":0.04},37091.375999999997]
["2.9.5","COT-E627","PROPRIA","CABO 0,6/1KV 1X 70MM2 FLEX 90 VD","M",155,{"$f":"VLOOKUP(B664,COT_Elet!$B$10:$R$888,17,0)","v":72.260689244053793},83.09,12878.95,null,{"$f":"CAPA!$D$13","v":0.04},12363.791999999999]
["2.9.6","COT-E628","PROPRIA","CABO 0,6/1KV 1X185MM2 FLEX 90 AZ","M",225,{"$f":"VLOOKUP(B665,COT_Elet!$B$10:$R$888,17,0)","v":178.980401110239},205.82,46309.5,null,{"$f":"CAPA!$D$13","v":0.04},44457.119999999995]
["2.9.7","COT-E629","PROPRIA","CABO 0,6/1KV 1X185MM2 FLEX 90 PT","M",675,{"$f":"VLOOKUP(B666,COT_Elet!$B$10:$R$888,17,0)","v":178.980401110239},205.82,138928.5,null,{"$f":"CAPA!$D$13","v":0.04},133371.35999999999]
["2.9.8","COT-E630","PROPRIA","CABO 0,6/1KV 1X185MM2 FLEX 90 VD","M",90,{"$f":"VLOOKUP(B667,COT_Elet!$B$10:$R$888,17,0)","v":178.980401110239},205.82,18523.8,null,{"$f":"CAPA!$D$13","v":0.04},17782.847999999998]
["2.9.9","COT-E631","PROPRIA","CABO 0,6/1KV 5X10MM2 FLEX 90 PT","M",20,{"$f":"VLOOKUP(B668,COT_Elet!$B$10:$R$888,17,0)","v":59.414970717710801},68.319999999999993,1366.4,null,{"$f":"CAPA!$D$13","v":0.04},1311.7440000000001]
["2.9.10","COT-E632","PROPRIA","CABO FLEXIVEL 750V  2,5MM2 AZ","M",200,{"$f":"VLOOKUP(B669,COT_Elet!$B$10:$R$888,17,0)","v":2.3309564030824701},2.68,536,null,{"$f":"CAPA!$D$13","v":0.04},514.55999999999995]
["2.9.11","COT-E633","PROPRIA","CABO FLEXIVEL 750V  2,5MM2 PT","M",200,{"$f":"VLOOKUP(B670,COT_Elet!$B$10:$R$888,17,0)","v":2.3309564030824701},2.68,536,null,{"$f":"CAPA!$D$13","v":0.04},514.55999999999995]
["2.9.12","COT-E634","PROPRIA","CABO FLEXIVEL 750V  2,5MM2 VD","M",200,{"$f":"VLOOKUP(B671,COT_Elet!$B$10:$R$888,17,0)","v":2.3309564030824701},2.68,536,null,{"$f":"CAPA!$D$13","v":0.04},514.55999999999995]
["2.9.13","COT-E635","PROPRIA","CABO FLEXIVEL 750V  4MM2 AZ","M",200,{"$f":"VLOOKUP(B672,COT_Elet!$B$10:$R$888,17,0)","v":3.90128576997569},4.4800000000000004,896,null,{"$f":"CAPA!$D$13","v":0.04},860.16]
["2.9.14","COT-E636","PROPRIA","CABO FLEXIVEL 750V  4MM2 PT","M",200,{"$f":"VLOOKUP(B673,COT_Elet!$B$10:$R$888,17,0)","v":3.90128576997569},4.4800000000000004,896,null,{"$f":"CAPA!$D$13","v":0.04},860.16]
["2.9.15","COT-E637","PROPRIA","CABO FLEXIVEL 750V  4MM2 VD","M",200,{"$f":"VLOOKUP(B674,COT_Elet!$B$10:$R$888,17,0)","v":3.90128576997569},4.4800000000000004,896,null,{"$f":"CAPA!$D$13","v":0.04},860.16]
["2.9.16","COT-E638","PROPRIA","CABO FLEXIVEL 750V  6MM2 AZ","M",200,{"$f":"VLOOKUP(B675,COT_Elet!$B$10:$R$888,17,0)","v":5.7990506255557799},6.66,1332,null,{"$f":"CAPA!$D$13","v":0.04},1278.72]
["2.9.17","COT-E639","PROPRIA","CABO FLEXIVEL 750V  6MM2 PT","M",200,{"$f":"VLOOKUP(B676,COT_Elet!$B$10:$R$888,17,0)","v":5.7990506255557799},6.66,1332,null,{"$f":"CAPA!$D$13","v":0.04},1278.72]
["2.9.18","COT-E640","PROPRIA","CABO FLEXIVEL 750V  6MM2 VD","M",200,{"$f":"VLOOKUP(B677,COT_Elet!$B$10:$R$888,17,0)","v":5.7990506255557799},6.66,1332,null,{"$f":"CAPA!$D$13","v":0.04},1278.72]
["2.9.19","COT-E641","PROPRIA","CONDULETE AL MULTIPLO X 01\" S/T TRAM","PC",20,{"$f":"VLOOKUP(B678,COT_Elet!$B$10:$R$888,17,0)","v":15.5815969457328},17.91,358.2,null,{"$f":"CAPA!$D$13","v":0.04},343.87199999999996]
["2.9.20","COT-E642","PROPRIA","CONECTOR BOX RETO 01\"","PC",3,{"$f":"VLOOKUP(B679,COT_Elet!$B$10:$R$888,17,0)","v":6.1286064391614596},7.04,21.12,null,{"$f":"CAPA!$D$13","v":0.04},20.275200000000002]
["2.9.21","COT-E643","PROPRIA","CONJ. INT. 3 TCL SIMP. C/PL  BR KLIN","PC",1,{"$f":"VLOOKUP(B680,COT_Elet!$B$10:$R$888,17,0)","v":23.163779183661202},26.63,26.63,null,{"$f":"CAPA!$D$13","v":0.04},25.564799999999998]
["2.9.22","COT-E644","PROPRIA","CURVA GALV. A FOGO 01\" NBR 5598 BSP","PC",8,{"$f":"VLOOKUP(B681,COT_Elet!$B$10:$R$888,17,0)","v":15.6684139437445},18.010000000000002,144.08000000000001,null,{"$f":"CAPA!$D$13","v":0.04},138.3168]
["2.9.23","COT-E645","PROPRIA","ELETRODUTO GALV. A FOGO 01\"X2,65MM 5598","BR",46,{"$f":"VLOOKUP(B682,COT_Elet!$B$10:$R$888,17,0)","v":110.504661007894},127.08,5845.68,null,{"$f":"CAPA!$D$13","v":0.04},5611.8527999999997]
["2.9.24","COT-E646","PROPRIA","LAMP. LED BULBO  40W 6,5K BIV E27 DECORL","PC",12,{"$f":"VLOOKUP(B683,COT_Elet!$B$10:$R$888,17,0)","v":89.285518949932296},102.67,1232.04,null,{"$f":"CAPA!$D$13","v":0.04},1182.7583999999999]
["2.9.25","COT-E647","PROPRIA","LEITO M. 100X100X3MT 38X19 CH-16  GF","PC",12,{"$f":"VLOOKUP(B684,COT_Elet!$B$10:$R$888,17,0)","v":289.58922999474203},333.02,3996.24,null,{"$f":"CAPA!$D$13","v":0.04},3836.3903999999998]
["2.9.26","COT-E648","PROPRIA","LEITO M. 300X100X3MT 38X19 CH-16 3 GF","PC",6,{"$f":"VLOOKUP(B685,COT_Elet!$B$10:$R$888,17,0)","v":338.82015643852401},389.64,2337.84,null,{"$f":"CAPA!$D$13","v":0.04},2244.3263999999999]
["2.9.27","COT-E649","PROPRIA","LEITO M. 400X100X3MT 38X19 CH-16 3 GF","PC",6,{"$f":"VLOOKUP(B686,COT_Elet!$B$10:$R$888,17,0)","v":337.21868467429601},387.8,2326.8000000000002,null,{"$f":"CAPA!$D$13","v":0.04},2233.7280000000001]
["2.9.28","COT-E650","PROPRIA","LUMINARIA BLIND. ARTICUL 45-90G 300W E27","PC",12,{"$f":"VLOOKUP(B687,COT_Elet!$B$10:$R$888,17,0)","v":393.23042181673401},452.21,5426.52,null,{"$f":"CAPA!$D$13","v":0.04},5209.4592000000002]
["2.9.29","COT-E651","PROPRIA","LUMINARIA DE EMERG. 3000LM 3 FAROIS LUXP","PC",2,{"$f":"VLOOKUP(B688,COT_Elet!$B$10:$R$888,17,0)","v":305.569682994196},351.4,702.8,null,{"$f":"CAPA!$D$13","v":0.04},674.68799999999999]
["2.9.30","COT-E652","PROPRIA","PRENSA CABO TERMOPLASTICO 01\" CZ RMC","PC",6,{"$f":"VLOOKUP(B689,COT_Elet!$B$10:$R$888,17,0)","v":11.953396776488701},13.74,82.44,null,{"$f":"CAPA!$D$13","v":0.04},79.142399999999995]
["2.9.31","COT-E653","PROPRIA","REDUCAO CONC.  LEITO  200X100-100X100 GF","PC",4,{"$f":"VLOOKUP(B690,COT_Elet!$B$10:$R$888,17,0)","v":74.363241380822402},85.51,342.04,null,{"$f":"CAPA!$D$13","v":0.04},328.35840000000002]
["2.9.32","COT-E654","PROPRIA","REDUCAO CONC.  LEITO  300X100X200X100 GF","PC",4,{"$f":"VLOOKUP(B691,COT_Elet!$B$10:$R$888,17,0)","v":101.121925988443},116.29,465.16,null,{"$f":"CAPA!$D$13","v":0.04},446.55360000000002]
["2.9.33","COT-E655","PROPRIA","REDUCAO CONC.  LEITO 400X100-300X100 GF","PC",1,{"$f":"VLOOKUP(B692,COT_Elet!$B$10:$R$888,17,0)","v":117.398832194403},135,135,null,{"$f":"CAPA!$D$13","v":0.04},129.6]
["2.9.34","COT-E656","PROPRIA","TALA 100MM LEITO GF","PC",74,{"$f":"VLOOKUP(B693,COT_Elet!$B$10:$R$888,17,0)","v":8.5613572518766308},9.84,728.16,null,{"$f":"CAPA!$D$13","v":0.04},699.03359999999998]
["2.9.35","COT-E657","PROPRIA","TAMPA ALUM 01\"  CEGA TRAMONTINA","PC",15,{"$f":"VLOOKUP(B694,COT_Elet!$B$10:$R$888,17,0)","v":5.8594480628547103},6.73,100.95,null,{"$f":"CAPA!$D$13","v":0.04},96.912000000000006]
["2.9.36","COT-E658","PROPRIA","TAMPA ALUM 01\" 2 POSTOS TRAMONTINA","PC",2,{"$f":"VLOOKUP(B695,COT_Elet!$B$10:$R$888,17,0)","v":6.7338265080440998},7.74,15.48,null,{"$f":"CAPA!$D$13","v":0.04},14.860799999999999]
["2.9.37","COT-E659","PROPRIA","TAMPA ALUM 01\" 3 POSTOS TRAMONTINA","PC",3,{"$f":"VLOOKUP(B696,COT_Elet!$B$10:$R$888,17,0)","v":7.1379503503117903},8.1999999999999993,24.6,null,{"$f":"CAPA!$D$13","v":0.04},23.616]
["2.9.38","COT-E660","PROPRIA","TE HORIZ. 90G LEITO 300X100MM GF","PC",4,{"$f":"VLOOKUP(B697,COT_Elet!$B$10:$R$888,17,0)","v":162.00555295064399},186.3,745.2,null,{"$f":"CAPA!$D$13","v":0.04},715.39200000000005]
["2.9.39","COT-E661","PROPRIA","TOM 2P+T 10A S/PL  P/ 2 MOD PT/VM","PC",2,{"$f":"VLOOKUP(B698,COT_Elet!$B$10:$R$888,17,0)","v":7.2886018975626703},8.3800000000000008,16.760000000000002,null,{"$f":"CAPA!$D$13","v":0.04},16.089600000000001]
["2.9.40","COT-E662","PROPRIA","TOM DUPLA 2P+T 20A S/PL  P/3 MOD PT/PT","PC",2,{"$f":"VLOOKUP(B699,COT_Elet!$B$10:$R$888,17,0)","v":13.6105886140971},15.65,31.3,null,{"$f":"CAPA!$D$13","v":0.04},30.047999999999998]
["2.9.41","COT-E663","PROPRIA","TOM IND SOB 220V 2P+T 16A 6H","PC",1,{"$f":"VLOOKUP(B700,COT_Elet!$B$10:$R$888,17,0)","v":57.2852790624422},65.87,65.87,null,{"$f":"CAPA!$D$13","v":0.04},63.235199999999999]
["2.9.42","COT-E664","PROPRIA","TOM IND SOB 380/440V 3P+T  32A 6H","PC",1,{"$f":"VLOOKUP(B701,COT_Elet!$B$10:$R$888,17,0)","v":75.120746171520494},86.38,86.38,null,{"$f":"CAPA!$D$13","v":0.04},82.924799999999991]
["2.9.43","COT-E665","PROPRIA","MOTOR TRIFASICO 380V 100CV","PC",4,{"$f":"VLOOKUP(B702,COT_Elet!$B$10:$R$888,17,0)","v":56006.216131775502},64407.14,257628.56,null,{"$f":"CAPA!$D$13","v":0.04},247323.41759999999]
["2.10","*****","*****","MÃO DE OBRA -ESTAÇÃO DE BOMBEAMENTO SECUNDÁRIA 1 e SUBESTAÇÃO EBS 1",{"$nulls":4},{"$f":"SUM(I704:I705)","v":92086.5},null,{"$f":"CAPA!$D$13","v":0.04},{"$f":"SUM(L704:L705)","v":88403.040000000008}]
["2.10.1","CPU-E05","PROPRIA",{"$f":"CPU_Elet!C45","v":"SERVIÇOS EBS1: SUBESTAÇÃO DE ENTRADA DE ENERGIA EM ALVENARIA - 15KV COM TRANSFORMADOR DE 750KVA"},"UN",1,{"$f":"CPU_Elet!I45","v":36243.455000000002},{"$f":"TRUNC(G704*(1+$J$6),2)","v":45840.72},45840.72,null,{"$f":"CAPA!$D$13","v":0.04},44007.091200000003]
["2.10.2","CPU-E06","PROPRIA",{"$f":"CPU_Elet!C53","v":"SERVIÇOS EBS1: CCM EBS1 380 VCA TTA CONFORME NORMA 61439 E PROJETO UNIFILAR EBS1"},"UN",1,{"$f":"CPU_Elet!I53","v":36563.710000000006},{"$f":"TRUNC(G705*(1+$J$6),2)","v":46245.78},46245.78,null,{"$f":"CAPA!$D$13","v":0.04},44395.948799999998]
[3,null,null,"OPERAÇÃO ASSISTIDA, TREINAMENTO e AS BUILT",{"$nulls":4},{"$f":"SUM(I707)","v":9034.1200000000008},null,{"$f":"CAPA!$D$13","v":0.04},{"$f":"SUM(L707:L708)","v":8672.7551999999996}]
["3.1","CPU-E09","PROPRIA",{"$f":"CPU_Elet!C77","v":"OPERAÇÃO ASSISTIDA E TREINAMENTO DA EQUIPE CODEVASF e ASITASB e DATA BOOK COM AS BUILT"},"UN",1,{"$f":"CPU_Elet!I77","v":7142.7300000000005},{"$f":"G707*(1+$J$6)","v":9034.1249040000002},{"$f":"TRUNC(F707*H707,2)","v":9034.1200000000008},null,{"$f":"CAPA!$D$13","v":0.04},8672.7551999999996]

{"sheet":"COT_Elet","index":3,"n_rows":888,"n_cols":18,"rows_kept":888,"cut":false,"hidden":false,"merged":[[5,0,5,17],[6,6,6,9],[6,10,6,16]]}
[22627.68,null,null,"MINISTÉRIO DA INTEGRAÇÃO E DO DESENVOLVIMENTO REGIONAL"]
[null,null,null,"COMPANHIA DE DESENVOLVIMENTO DOS VALES DO SÃO FRANCISCO E PARNAÍBA"]
[null,"Objeto: Contratação de serviços técnicos para retrofit de componentes da infraestruturas de uso comum do Projeto Público de Irrigação Tabuleiro de São Bernardo (PITSB)."]
[null,"Local: Magalhães de Almeida - MA"]
[null,"Preço Global:"]
["ORÇAMENTO SINTÉTICO - ELÉTRICA"]
[{"$nulls":6},"Painel de Preços",null,null,null,"Cotações de Mercado",{"$nulls":6},"Custo Unitário"]
["Item\n","Código\n","Fonte\n","Descrição\n","Unid.\n","Quant.\n","Média","Mediana","Menor Valor","Valor Adotado","Empresa 1","Empresa 2","Empresa 3","Média","Mediana","Menor Valor","Valor Adotado"]
[1,null,null,"ESTAÇÃO DE BOMBEAMENTO PRINCIPAL - EBP"]
["1.1","*****","*****","FORNECIMENTO DO CENTRO DE CONTROLE DE MOTORES 4,2KV - (CCM 4,2KV) - EBP"]
["1.1.1","COT-E01","PROPRIA","ABRACADEIRA PLASTICA 100X2,5MM (100) PT","CT",{"$nulls":5},5.3169646849101699,5.2053084265270604,5.0511164506646598,{"$f":"AVERAGE(K11:M11)","v":5.1911298540339628},{"$f":"MEDIAN(L11:N11)","v":5.1911298540339628},{"$f":"SMALL(K11:M11,1)","v":5.0511164506646598},{"$f":"SMALL(N11:P11,1)","v":5.0511164506646598},{"$f":"AVERAGE(J11,Q11)","v":5.0511164506646598}]
["1.1.2","COT-E02","PROPRIA","ABRACADEIRA PLASTICA 202X3,7MM (100) PT","CT",{"$nulls":5},15.1828678124054,14.8640275883449,14.423724421785099,{"$f":"AVERAGE(K12:M12)","v":14.823539940845132},{"$f":"MEDIAN(K12:M12)","v":14.8640275883449},{"$f":"SMALL(K12:M12,1)","v":14.423724421785099},{"$f":"SMALL(N12:P12,1)","v":14.423724421785099},{"$f":"AVERAGE(J12,Q12)","v":14.423724421785099}]
["1.1.3","COT-E03","PROPRIA","BARRAM NEUTRO  8F BRN01 8 AZUL","PC",{"$nulls":5},14.741654509809999,16.323434038712598,16.034497610320301,15.699862052947632,16.034497610320301,14.741654509809999,14.741654509809999,14.741654509809999]
["1.1.4","COT-E04","PROPRIA","BARRAM TERRA  8F BRT01 8 VERDE","PC",{"$nulls":5},14.741654509809999,16.323434038712598,16.034497610320301,15.699862052947632,16.034497610320301,14.741654509809999,14.741654509809999,14.741654509809999]
["1.1.5","COT-E05","PROPRIA","BASE FUSIVEL TP (MARROM)","PC",{"$nulls":5},323.82103376914102,356.850779213593,340.78925593864398,340.48702297379265,340.78925593864398,323.82103376914102,323.82103376914102,323.82103376914102]
["1.1.6","COT-E06","PROPRIA","BORNE MOLA PUSH IN 2,5MM CP2,5 CZ","PC",{"$nulls":5},3.57016218922295,3.4155741664296002,3.7486702986840998,3.5781355514455502,3.57016218922295,3.4155741664296002,3.4155741664296002,3.4155741664296002]
["1.1.7","COT-E07","PROPRIA","BORNE SINDAL  4MM2","PC",{"$nulls":5},19.003048234105702,18.242926304741498,21.0933835398573,19.446452692901499,19.003048234105702,18.242926304741498,18.242926304741498,18.242926304741498]
["1.1.8","COT-E08","PROPRIA","BOTAO COMANDO 22MM2 VD 1NA XA2EA31","PC",{"$nulls":5},21.797188031073102,21.263156924311801,22.821655868533501,21.960666941306133,21.797188031073102,21.263156924311801,21.263156924311801,21.263156924311801]
["1.1.9","COT-E09","PROPRIA","CABO FLEXIVEL 750V  1,0MM2 AZ","M",{"$nulls":5},1.2819174225057799,1.4075453299113501,1.3075557709559,1.3323395077910101,1.3075557709559,1.2819174225057799,1.2819174225057799,1.2819174225057799]
["1.1.10","COT-E10","PROPRIA","CABO FLEXIVEL 750V  1,0MM2 CZ","M",{"$nulls":5},1.2819174225057799,1.4075453299113501,1.3075557709559,1.3323395077910101,1.3075557709559,1.2819174225057799,1.2819174225057799,1.2819174225057799]
["1.1.11","COT-E11","PROPRIA","CABO FLEXIVEL 750V  1,0MM2 VD","M",{"$nulls":5},1.2819174225057799,1.4075453299113501,1.3075557709559,1.3323395077910101,1.3075557709559,1.2819174225057799,1.2819174225057799,1.2819174225057799]
["1.1.12","COT-E12","PROPRIA","CABO FLEXIVEL 750V  1,5MM2 AZ","M",{"$nulls":5},1.4724791342135,1.61678208936642,1.50192871689777,1.5303966468258967,1.50192871689777,1.4724791342135,1.4724791342135,1.4724791342135]
["1.1.13","COT-E13","PROPRIA","CABO FLEXIVEL 750V  1,5MM2 CZ","M",{"$nulls":5},1.4724791342135,1.61678208936642,1.50192871689777,1.5303966468258967,1.50192871689777,1.4724791342135,1.4724791342135,1.4724791342135]
["1.1.14","COT-E14","PROPRIA","CABO FLEXIVEL 750V  2,5MM2 VD","M",{"$nulls":5},2.3051079343921801,2.53100851196261,2.3512100930800202,2.3957755131449368,2.3512100930800202,2.3051079343921801,2.3051079343921801,2.3051079343921801]
["1.1.15","COT-E15","PROPRIA","CANALETA PVC  50X50MM VENTIL CZ 2M HELLE","BR",{"$nulls":5},64.366948524909603,62.6612243889995,68.228965436404195,65.085712783437771,64.366948524909603,62.6612243889995,62.6612243889995,62.6612243889995]
["1.1.16","COT-E16","PROPRIA","CHAVE DE AFERICAO DE SOB 3P+N 20A 600V","PC",{"$nulls":5},465.28939335663603,445.28194944230103,442.02492368880399,450.86542216258039,445.28194944230103,442.02492368880399,442.02492368880399,442.02492368880399]
["1.1.17","COT-E17","PROPRIA","CHAVE SECC TRIP 15KV 400A C/CARGA C/BASE","PC",{"$nulls":5},3460.79496730456,3893.3943382176299,3756.3468575123702,3703.5120543448534,3756.3468575123702,3460.79496730456,3460.79496730456,3460.79496730456]
["1.1.18","COT-E18","PROPRIA","CHAVE SECC. TRIP 400A/15KV SA15 COMPLETO","PC",{"$nulls":5},5904.3534667986196,5803.9794578630399,6612.8758828144501,6107.0696024920362,5904.3534667986196,5803.9794578630399,5803.9794578630399,5803.9794578630399]
["1.1.19","COT-E19","PROPRIA","COBRE EM BARRA  3/4\"X1/8\" 146A 0,537KG/M","M",{"$nulls":5},73.236420533354803,77.484132924289398,79.827698381356697,76.849417279666966,77.484132924289398,73.236420533354803,73.236420533354803,73.236420533354803]
["1.1.20","COT-E20","PROPRIA","COBRE EM BARRA 1 1/4\"X3/8\" 645A 2,69KG/M","M",{"$nulls":5},366.86834650436498,388.146710601618,413.60737384902097,389.54081031833465,388.146710601618,366.86834650436498,366.86834650436498,366.86834650436498]
["1.1.21","COT-E21","PROPRIA","CORDOALHA DE COBRE FLEXIVEL 300MM PRT595","PC",{"$nulls":5},48.559430980317302,54.192324974034101,51.4729968391363,51.40825093116257,51.4729968391363,48.559430980317302,48.559430980317302,48.559430980317302]
["1.1.22","COT-E22","PROPRIA","CORDOALHA DE COBRE FLEXIVEL 500MM PRT596","PC",{"$nulls":5},70.440697340361496,78.611818231843401,74.667139180783195,74.573218250996035,74.667139180783195,70.440697340361496,70.440697340361496,70.440697340361496]
["1.1.23","COT-E23","PROPRIA","DISJ. BIP.  10A SJ202T-C10 3KA","PC",{"$nulls":5},49.482075844564001,48.245023948449898,50.253996227739201,49.327032006917705,49.482075844564001,48.245023948449898,48.245023948449898,48.245023948449898]
["1.1.24","COT-E24","PROPRIA","DISJ. UNIP  10A SJ201T-C10 3KA","PC",{"$nulls":5},11.6507071278022,11.3594394496071,11.8324581589959,11.614201578801733,11.6507071278022,11.3594394496071,11.3594394496071,11.3594394496071]
["1.1.25","COT-E25","PROPRIA","DISJ. VACUO 17,5KV 1250A  25KA  EXTR 3AE5","PC",{"$nulls":5},63306.072395910604,68560.476404771194,70902.801083419894,67589.783294700566,68560.476404771194,63306.072395910604,63306.072395910604,63306.072395910604]
["1.1.26","COT-E26","PROPRIA","FUSIVEL LIMITADOR HH 15KV  50A 325MM","PC",{"$nulls":5},344.96895025982502,317.37143423903899,376.016155783209,346.11884676069104,344.96895025982502,317.37143423903899,317.37143423903899,317.37143423903899]
["1.1.27","COT-E27","PROPRIA","FUSIVEL LIMITADOR HH 15KV  80A 325MM","PC",{"$nulls":5},623.43788003855502,684.534792282333,635.90663763932605,647.95976998673802,635.90663763932605,623.43788003855502,623.43788003855502,623.43788003855502]
["1.1.28","COT-E28","PROPRIA","FUSIVEL PARA TP 15KV 0,5A FI27X230","PC",{"$nulls":5},142.227914661082,156.735161956512,149.68065738932299,149.54791133563899,149.68065738932299,142.227914661082,142.227914661082,142.227914661082]
["1.1.29","COT-E29","PROPRIA","ISOLADOR EM RESINA 17,5KV 110KV BASE M12","PC",{"$nulls":5},184.129719541426,180.99951430922201,206.22528588639699,190.45150657901499,184.129719541426,180.99951430922201,180.99951430922201,180.99951430922201]
["1.1.30","COT-E30","PROPRIA","MODULO DUALE UP/BRAVA BR TOM 2P+T 10A","PC",{"$nulls":5},4.7213702697970898,5.3988869035129703,5.0990798913808604,5.0731123548969732,5.0990798913808604,4.7213702697970898,4.7213702697970898,4.7213702697970898]
["1.1.31","COT-E31","PROPRIA","NO BREAK 1500VA E-BIV./S-BIV. OFF SENOID","PC",{"$nulls":5},3641.0598546563601,4031.7455770609899,3960.3808039097198,3877.7287452090236,3960.3808039097198,3641.0598546563601,3641.0598546563601,3641.0598546563601]
["1.1.32","COT-E32","PROPRIA","PARA RAIOS POLIMERICO 12KV-10KA EQUATORI","PC",{"$nulls":5},275.21900943572899,307.41963353970903,291.73215000187298,291.45693099243698,291.73215000187298,275.21900943572899,275.21900943572899,275.21900943572899]
["1.1.33","COT-E33","PROPRIA","PLAQUETA DE EMERG P/BOTAO 22MM","PC",{"$nulls":5},11.822822275808999,11.4799604298105,12.532191612357501,11.944991439325667,11.822822275808999,11.4799604298105,11.4799604298105,11.4799604298105]
["1.1.34","COT-E34","PROPRIA","PLUGUE PINO 2P+T 10A AXIAL PT PLD1-3","PC",{"$nulls":5},4.0450226573670696,3.9236719776460598,4.3018815961098804,4.090192077041003,4.0450226573670696,3.9236719776460598,3.9236719776460598,3.9236719776460598]
["1.1.35","COT-E35","PROPRIA","PORTA PLAQUETA APP30T 30X50","PC",{"$nulls":5},5.7299143684446303,6.3447341801787402,6.2324278585572204,6.1023588023935309,6.2324278585572204,5.7299143684446303,5.7299143684446303,5.7299143684446303]
["1.1.36","COT-E36","PROPRIA","POSTE EXTREMIDADE E UK-PHOENIX CONTACT","PC",{"$nulls":5},8.5066368091280005,7.4007740239413602,7.6772397202380196,7.8615501844357931,7.6772397202380196,7.4007740239413602,7.4007740239413602,7.4007740239413602]
["1.1.37","COT-E37","PROPRIA","RELE PROTEÇAO 7SR51111AA110AA0","PC",{"$nulls":5},21015.984371171999,22760.311073979301,23916.1902143937,22564.161886514998,22760.311073979301,21015.984371171999,21015.984371171999,21015.984371171999]
["1.1.38","COT-E38","PROPRIA","SINALEIRO LED 22MM 220VCA AM WEG","PC",{"$nulls":5},22.432921535440698,24.839974016193501,24.400288754098799,23.891061435244335,24.400288754098799,22.432921535440698,22.432921535440698,22.432921535440698]
["1.1.39","COT-E39","PROPRIA","SINALEIRO LED 22MM 220VCA VD WEG","PC",{"$nulls":5},22.432921535440698,24.839974016193501,24.400288754098799,23.891061435244335,24.400288754098799,22.432921535440698,22.432921535440698,22.432921535440698]
["1.1.40","COT-E40","PROPRIA","SINALEIRO LED 22MM 220VCA VM WEG","PC",{"$nulls":5},22.432921535440698,24.839974016193501,24.400288754098799,23.891061435244335,24.400288754098799,22.432921535440698,22.432921535440698,22.432921535440698]
["1.1.41","COT-E41","PROPRIA","SIST IRIEL BRAVA BR CAIXA+PLACA 1 MOD","PC",{"$nulls":5},5.6950004860752497,6.5122330558270498,6.1506005249612699,6.1192780222878556,6.1506005249612699,5.6950004860752497,5.6950004860752497,5.6950004860752497]
["1.1.42","COT-E42","PROPRIA","SUPORTE ADESIVO BAS 2507","PC",{"$nulls":5},1.02429888910448,1.0027886124332901,0.97308394464925596,1.0000571487290089,1.0027886124332901,0.97308394464925596,0.97308394464925596,0.97308394464925596]
["1.1.43","COT-E43","PROPRIA","TERMINAL GARFO 0,5-1,5MM2 VM TPF21-4","PC",{"$nulls":5},0.23323423460363199,0.24163066704936301,0.25422531571795898,0.24303007245698463,0.24163066704936301,0.23323423460363199,0.23323423460363199,0.23323423460363199]
["1.1.44","COT-E44","PROPRIA","TERMINAL GARFO 1,0-2,5MM2 AZ TPF22-4","PC",{"$nulls":5},0.28437792623769398,0.29461553158225101,0.30997193959908598,0.29632179913967699,0.29461553158225101,0.28437792623769398,0.28437792623769398,0.28437792623769398]
["1.1.45","COT-E45","PROPRIA","TERMINAL ISOL TUB  1,0MM2 DUPLO VM","PC",{"$nulls":5},0.12785922908515501,0.132462161332221,0.139366559702819,0.13322931670673166,0.132462161332221,0.12785922908515501,0.12785922908515501,0.12785922908515501]
["1.1.46","COT-E46","PROPRIA","TERMINAL ISOLADO TUBOLAR  1,0MM2 VM","PC",{"$nulls":5},5.5181351499909E-2,5.7167880153905698E-2,6.0147673134900798E-2,5.749896826290516E-2,5.7167880153905698E-2,5.5181351499909E-2,5.5181351499909E-2,5.5181351499909E-2]
["1.1.47","COT-E47","PROPRIA","TERMINAL OLHAL 1,5-2,5MM2 AZ 5MM TP225","PC",{"$nulls":5},0.35412652117516902,0.36687507593747498,0.38599790808093398,0.36899983506452599,0.36687507593747498,0.35412652117516902,0.35412652117516902,0.35412652117516902]
["1.1.48","COT-E48","PROPRIA","TERMINAL PRE-ISOLADO FEMEA 0,5-1,0MM2 VM","PC",{"$nulls":5},0.36536863295850802,0.37852190374501399,0.39825180992477399,0.38071411554276535,0.37852190374501399,0.36536863295850802,0.36536863295850802,0.36536863295850802]
["1.1.49","COT-E49","PROPRIA","TERMINAL PRE-ISOLADO FEMEA 1,5-2,5MM2 AZ","PC",{"$nulls":5},0.32024184622257101,0.33177055268658401,0.34906361238260197,0.33369200376391905,0.33177055268658401,0.32024184622257101,0.32024184622257101,0.32024184622257101]
["1.1.50","COT-E50","PROPRIA","TERMO ENCOLHIVEL 36KV 40MM 1.1/2\" VM","M",{"$nulls":5},76.4994038935682,86.0618293802642,72.6744336988898,78.4118889909074,76.4994038935682,72.6744336988898,72.6744336988898,72.6744336988898]
["1.1.51","COT-E51","PROPRIA","TRANSF. CORRENTE JANELA 250/5A  60HZ","PC",{"$nulls":5},4863.9397229809401,5360.0615747250004,5739.4488731175097,5321.1500569411501,5360.0615747250004,4863.9397229809401,4863.9397229809401,4863.9397229809401]
["1.1.52","COT-E52","PROPRIA","TRANSF. CORRENTE 7.2KV 150/5 1P15B1 150-5","PC",{"$nulls":5},2665.03633528517,2936.8700414842601,3144.7428756364998,2915.5497508019762,2936.8700414842601,2665.03633528517,2665.03633528517,2665.03633528517]
["1.1.53","COT-E53","PROPRIA","TRANSF. POTENC. 7.2KV 115V 1KVA 0,3P75","PC",{"$nulls":5},3846.4151562635402,4238.7495022024204,4538.7698843909802,4207.9781809523138,4238.7495022024204,3846.4151562635402,3846.4151562635402,3846.4151562635402]
["1.1.54","COT-E54","PROPRIA","CARRINHO PARA EXTRAÇÃO DE DISJUNTOR E CONTATOR EXTRAÍVEL 15kV, COM ALTURA REGULÁVEL DE 800 MM. (CONFORME ESPECIFICAÇÃO TÉCNICA E DIAGRAMA UNIFILAR) - MONTADO, TESTADO E COMISSIONADO EM FÁBRICA","PC",{"$nulls":5},27136.282672707599,29632.820678596701,30493.0408393215,29087.381396875266,29632.820678596701,27136.282672707599,27136.282672707599,27136.282672707599]
["1.1.55","COT-E55","PROPRIA","CONJUNTO CHAPARIA DE ENTRADA COM BERÇO PARA DISJUNTOR EXTRAÍVEL 25 kA COM BASE.","UND",{"$nulls":5},79070.081006674794,86344.528459288893,88851.050027200501,84755.219831054725,86344.528459288893,79070.081006674794,79070.081006674794,79070.081006674794]
["1.1.56","COT-E56","PROPRIA","CONJUNTO CHAPARIA DE SAIDA COM BERÇO PARA CONTATOR EXTRAÍVEL 25 kA COM BASE.  (CONFORME ESPECIFICAÇÃO TÉCNICA E DIAGRAMA UNIFILAR) - MONTADO, TESTADO E COMISSIONADO EM FÁBRICA","UND",{"$nulls":5},62267.501980594898,67996.112162809601,69969.991975594501,66744.535372999671,67996.112162809601,62267.501980594898,62267.501980594898,62267.501980594898]
["1.1.57","COT-E57","PROPRIA","CONJUNTO CHAPARIA BANCO DE CAPACITORES 25 kA COM BASE.  (CONFORME ESPECIFICAÇÃO TÉCNICA E DIAGRAMA UNIFILAR) - MONTADO, TESTADO E COMISSIONADO EM FÁBRICA","UND",{"$nulls":5},45208.270292689398,49367.431159616797,50800.5333278951,48458.744926733758,49367.431159616797,45208.270292689398,45208.270292689398,45208.270292689398]
["1.1.58","COT-E58","PROPRIA","Contator a Vácuo Extraível (Manual) com Subcubículo, Classe Tensão: 7,2kV, Corrente Nominal 400A, Tensão de Comando 125Vcc, 60Hz, Contatos Auxiliares 5NA + 5NF. Modelo SL-D-04S5U-220-NES-WPIC + fusíveis","PC",{"$nulls":5},82011.997157468693,90049.172878900601,95461.9646912936,89174.378242554303,90049.172878900601,82011.997157468693,82011.997157468693,82011.997157468693]
["1.1.59","COT-E59","PROPRIA","BANCO CAPACITOR 200KVAR MONOFÁSICO 7,2kV","PC",{"$nulls":5},17148.052287973998,18948.5977782113,19828.292860584301,18641.647642256532,18948.5977782113,17148.052287973998,17148.052287973998,17148.052287973998]
["1.2","*****","*****","FORNECIMENTO DE QUADRO DE TRANSFERÊNCIA AUTOMÁTICA - (QTA) - EBP",{"$nulls":12},{"$error":"#NUM!"}]
["1.2.1","COT-E60","PROPRIA","CABO FLEXIVEL 750V  1,0MM2 CZ","M",{"$nulls":5},1.3598851199999999,1.49315386176,1.3870828224,{"$f":"AVERAGE(K71:M71)","v":1.4133739347200001},{"$f":"MEDIAN(K71:M71)","v":1.3870828224},{"$f":"SMALL(K71:M71,1)","v":1.3598851199999999},1.3598851199999999,1.3598851199999999]
["1.2.2","COT-E61","PROPRIA","CANALETA PVC  50X80MM VENTIL CZ 2M HELLE","BR",{"$nulls":5},95.621793629999999,93.087816098805007,101.3591012478,96.689570325534987,95.621793629999999,93.087816098805007,93.087816098805007,93.087816098805007]
["1.2.3","COT-E62","PROPRIA","CHAPA DE POLICARB. 3.00X2,050X3MM CRISTA","M2",{"$nulls":5},344.581468605,378.35045252829002,351.4730979771,358.13500637012999,351.4730979771,344.581468605,344.581468605,344.581468605]
["1.2.4","COT-E63","PROPRIA","CHAVE TRANSF. MAN/AUTOM 4P  250A S/CARGA","PC",{"$nulls":5},4450.448883045,4321.3858654366904,4717.4758160276997,4496.4368548364637,4450.448883045,4321.3858654366904,4321.3858654366904,4321.3858654366904]
["1.2.5","COT-E64","PROPRIA","COBRE EM BARRA  3/4\"X1/4\" 269A 1,08KG/M","M",{"$nulls":5},156.25543626000001,165.31825156308,170.31842552340001,163.96403778216003,165.31825156308,156.25543626000001,156.25543626000001,156.25543626000001]
["1.2.6","COT-E65","PROPRIA","CONTATOR AUX. CWCAO-22 2NA+2NF 220V","PC",{"$nulls":5},78.583168784999998,87.015142795630496,85.474912687444501,83.691074756024989,85.474912687444501,78.583168784999998,{"$f":"SMALL(N76:P76,1)","v":78.583168784999998},{"$f":"AVERAGE(J76,Q76)","v":78.583168784999998}]
["1.2.7","COT-E66","PROPRIA","DISJ. TRIP CX MOLD  160-200A 80KA DWB","PC",{"$nulls":5},1055.457047865,1168.7075891009099,1148.0206309627599,1124.0617559762234,1148.0206309627599,1055.457047865,1055.457047865,1055.457047865]
["1.2.8","COT-E67","PROPRIA","DISJ. UNIP  10A MDWH-C10 10KA","PC",{"$nulls":5},33.316261605000001,36.8910964752165,36.238097747758502,35.481818609324996,36.238097747758502,33.316261605000001,33.316261605000001,33.316261605000001]
["1.2.9","COT-E68","PROPRIA","FIM DE CURSO T2L2 ALAV CURTA REG IRRIGAC","PC",{"$nulls":5},122.06127945,132.94914557694,129.384956217,128.13179374798,129.384956217,122.06127945,122.06127945,122.06127945]
["1.2.10","COT-E69","PROPRIA","GRELHA FILTRO PLAST. EMB. 255X255MM JNG","PC",{"$nulls":5},182.761858125,177.46176423937499,193.72756961249999,184.65039732562499,182.761858125,177.46176423937499,177.46176423937499,177.46176423937499]
["1.2.11","COT-E70","PROPRIA","PAINEL TTA 3B 1900X800X800MM  TTW - MONTADO, TESTADO E COMISSIONADO EM FÁBRICA","PC",{"$nulls":5},28453.963946314499,31507.074277754,30949.376584406298,30303.471602824935,30949.376584406298,28453.963946314499,28453.963946314499,28453.963946314499]
["1.2.12","COT-E71","PROPRIA","LUMINARIA LINEAR P/PAINEL  60CM 7W 6,5K","PC",{"$nulls":5},63.575217254999998,57.408421181264998,61.66796073735,60.883866391205004,61.66796073735,57.408421181264998,57.408421181264998,57.408421181264998]
["1.2.13","COT-E72","PROPRIA","MICROVENTIL 18X18X6,0CM 220VAC RMC","PC",{"$nulls":5},348.14856350999997,387.55898089933203,379.48193422589998,371.72982621174401,379.48193422589998,348.14856350999997,348.14856350999997,348.14856350999997]
["1.2.14","COT-E73","PROPRIA","RELE FALTA DE FASE 380V C/NEUTRO RMW17FF","PC",{"$nulls":5},207.93711773999999,230.24877047350199,226.173202965798,221.45303039309999,226.173202965798,207.93711773999999,207.93711773999999,207.93711773999999]
["1.2.15","COT-E74","PROPRIA","SELETOR CURTO 3 POS 45G FIXAS 2NA COMP","PC",{"$nulls":5},91.404486855000002,101.21218829454099,99.420660352183504,97.345778500574838,99.420660352183504,91.404486855000002,91.404486855000002,91.404486855000002]
["1.2.16","COT-E75","PROPRIA","SELETOR LONGO 2 POS 45G  FIXAS 1NA COMP","PC",{"$nulls":5},61.217002440000002,67.785586801812002,66.585733553988007,65.196107598600008,66.585733553988007,61.217002440000002,61.217002440000002,61.217002440000002]
["1.2.17","COT-E76","PROPRIA","SINALEIRO LED 22MM 220VCA AM WEG","PC",{"$nulls":5},23.797317719999999,26.350769911356,25.884342484044002,25.344143371800001,25.884342484044002,23.797317719999999,23.797317719999999,23.797317719999999]
["1.2.18","COT-E77","PROPRIA","SINALEIRO LED 22MM 220VCA VD WEG","PC",{"$nulls":5},23.797317719999999,26.350769911356,25.884342484044002,25.344143371800001,25.884342484044002,23.797317719999999,23.797317719999999,23.797317719999999]
["1.2.19","COT-E78","PROPRIA","SINALEIRO LED 22MM 220VCA VM WEG","PC",{"$nulls":5},23.797317719999999,26.350769911356,25.884342484044002,25.344143371800001,25.884342484044002,23.797317719999999,23.797317719999999,23.797317719999999]
["1.2.20","COT-E79","PROPRIA","TERMOSTATO CALORIA 0-60G TLZ-530-NA","PC",{"$nulls":5},160.15385198999999,174.43957558750799,184.17692978849999,172.92345245533602,174.43957558750799,160.15385198999999,160.15385198999999,160.15385198999999]
["1.2.21","COT-E80","PROPRIA","TRILHO 35X7,5MM 2M LISO PHOENIX","BR",{"$nulls":5},34.114958954999999,29.68001429085,30.788750456887499,31.527907900912499,30.788750456887499,29.68001429085,29.68001429085,29.68001429085]
["1.3","*****","*****","FORNECIMENTO DE QUADRO DE FORÇA 01 - (QF-01) - EBP",{"$nulls":12},{"$error":"#NUM!"},{"$error":"#NUM!"}]
["1.3.1","COT-E81","PROPRIA","BARRAMENTO FASE TRIP 54P 80A 1M WEG","PC",{"$nulls":5},135.680203065,150.23868885387401,147.57935687380001,{"$f":"AVERAGE(K93:M93)","v":144.49941626422466},{"$f":"MEDIAN(K93:M93)","v":147.57935687380001},{"$f":"SMALL(K93:M93,1)","v":135.680203065},135.680203065,135.680203065]
["1.3.2","COT-E82","PROPRIA","BLOCO DE AFERICAO 3TC´S  ST6 C416143","PC",{"$nulls":5},137.56717804499999,154.0752394104,153.772591618701,148.471669691367,153.772591618701,137.56717804499999,137.56717804499999,137.56717804499999]
["1.3.3","COT-E83","PROPRIA","CABO FLEXIVEL 750V  6MM2 PT","M",{"$nulls":5},6.0835374599999996,6.6797241310800004,6.2052082092000003,6.3228232667599995,6.2052082092000003,6.0835374599999996,6.0835374599999996,6.0835374599999996]
["1.3.4","COT-E84","PROPRIA","CABO FLEXIVEL 750V 10MM2 PT","M",{"$nulls":5},10.47158574,11.49780114252,10.681017454799999,10.883468112439999,10.681017454799999,10.47158574,10.47158574,10.47158574]
["1.3.5","COT-E85","PROPRIA","CANALETA PVC  50X80MM VENTIL CZ 2M HELLE","BR",{"$nulls":5},95.621793629999999,93.087816098805007,101.3591012478,96.689570325534987,95.621793629999999,93.087816098805007,93.087816098805007,93.087816098805007]
["1.3.6","COT-E86","PROPRIA","CHAPA DE POLICARB. 3.00X2,050X3MM CRISTA","M2",{"$nulls":5},344.581468605,378.35045252829002,351.4730979771,358.13500637012999,351.4730979771,344.581468605,344.581468605,344.581468605]
["1.3.7","COT-E87","PROPRIA","COBRE EM BARRA  3/4\"X1/4\" 269A 1,08KG/M","M",{"$nulls":5},156.25543626000001,165.31825156308,170.31842552340001,163.96403778216003,165.31825156308,156.25543626000001,156.25543626000001,156.25543626000001]
["1.3.8","COT-E88","PROPRIA","CONECTOR EXTERNO PINO CURTO 25MM2","PC",{"$nulls":5},5.8720632300000002,5.7017733963300001,6.2243870238000003,5.9327412167099993,5.8720632300000002,5.7017733963300001,5.7017733963300001,5.7017733963300001]
["1.3.9","COT-E89","PROPRIA","DISJ. BIP  32A MDW-C32-2 3KA","PC",{"$nulls":5},47.992892310000002,53.142529654862997,52.201868965587003,51.112430310149996,52.201868965587003,47.992892310000002,47.992892310000002,47.992892310000002]
["1.3.10","COT-E90","PROPRIA","DISJ. TRIP   10A MDW-C10-3 3KA","PC",{"$nulls":5},54.441008654999997,60.282528883681501,59.215485114043503,57.979674217574996,59.215485114043503,54.441008654999997,54.441008654999997,54.441008654999997]
["1.3.11","COT-E91","PROPRIA","DISJ. TRIP   16A MDW-C16-3 3KA","PC",{"$nulls":5},59.224878240000002,65.579707675151994,64.418900061648003,63.074495325599997,64.418900061648003,59.224878240000002,59.224878240000002,59.224878240000002]
["1.3.12","COT-E92","PROPRIA","DISJ. TRIP   20A MDW-C20-3 3KA","PC",{"$nulls":5},54.441008654999997,60.282528883681501,59.215485114043503,57.979674217574996,59.215485114043503,54.441008654999997,54.441008654999997,54.441008654999997]
["1.3.13","COT-E93","PROPRIA","DISJ. TRIP   32A MDW-C-32-3 3KA","PC",{"$nulls":5},54.441008654999997,60.282528883681501,59.215485114043503,57.979674217574996,59.215485114043503,54.441008654999997,54.441008654999997,54.441008654999997]
["1.3.14","COT-E94","PROPRIA","DISJ. TRIP   40A MDW-C40-3 3KA","PC",{"$nulls":5},54.441008654999997,60.282528883681501,59.215485114043503,57.979674217574996,59.215485114043503,54.441008654999997,54.441008654999997,54.441008654999997]
["1.3.15","COT-E95","PROPRIA","DISJ. TRIP   63A MDW-C63-3 3KA","PC",{"$nulls":5},78.958413765000003,87.430651561984504,85.883066652190493,84.090710659725005,85.883066652190493,78.958413765000003,78.958413765000003,78.958413765000003]
["1.3.16","COT-E96","PROPRIA","DISJ. TRIP CX MOLD  128-160A 80KA DWB","PC",{"$nulls":5},696.24236880000001,770.94917497224003,757.30282454376004,741.49812277199999,757.30282454376004,696.24236880000001,696.24236880000001,696.24236880000001]
["1.3.17","COT-E97","PROPRIA","DISJ. UNIP  10A MDWP-C10 3KA","PC",{"$nulls":5},8.2343093249999999,9.1178507155724997,8.9564582528025003,8.7695394311249988,8.9564582528025003,8.2343093249999999,8.2343093249999999,8.2343093249999999]
["1.3.18","COT-E98","PROPRIA","DISJ. UNIP  16A MDW-C16 3KA","PC",{"$nulls":5},10.141356719999999,11.229524296056001,11.030753704344001,10.800544906799999,11.030753704344001,10.141356719999999,10.141356719999999,10.141356719999999]
["1.3.19","COT-E99","PROPRIA","DISJ. UNIP  32A MDW-C32 3KA","PC",{"$nulls":5},10.141356719999999,11.229524296056001,11.030753704344001,10.800544906799999,11.030753704344001,10.141356719999999,10.141356719999999,10.141356719999999]
["1.3.20","COT-E100","PROPRIA","ISOLADOR EPOXI PARALELO 16X25MM 6MM","PC",{"$nulls":5},7.5745231649999996,8.0289945549000006,7.0443065434500003,7.5492747544500007,7.5745231649999996,7.0443065434500003,7.0443065434500003,7.0443065434500003]
["1.3.21","COT-E101","PROPRIA","PAINEL TTA 3B 1900X800X800MM  TTW - MONTADO, TESTADO E COMISSIONADO EM FÁBRICA","PC",{"$nulls":5},27889.324842134301,30881.8493976953,30335.218630789499,29702.130956873036,30335.218630789499,27889.324842134301,27889.324842134301,27889.324842134301]
["1.3.22","COT-E102","PROPRIA","LIQUIDO PARA PRATEAR 1 LITRO","LT",{"$nulls":5},249.34726574999999,273.78329779350003,254.33421106500001,259.15492486950001,254.33421106500001,249.34726574999999,249.34726574999999,249.34726574999999]
["1.3.23","COT-E103","PROPRIA","MULTIMEDIDOR TRIF. GRANDEZA C/M ETHERNET","PC",{"$nulls":5},3526.9581375600001,3905.4007457201901,3836.2723662240101,3756.2104165014002,3836.2723662240101,3526.9581375600001,3526.9581375600001,3526.9581375600001]
["1.3.24","COT-E104","PROPRIA","PORTA DOCUMENTOS P/PAINEL GRANDE BRPD01","PC",{"$nulls":5},56.548024335000001,63.220691206529999,54.851583604950001,58.206766382159998,56.548024335000001,54.851583604950001,54.851583604950001,54.851583604950001]
["1.3.25","COT-E105","PROPRIA","PROTETOR DE SURTO 275V  60KA CL-I/II","PC",{"$nulls":5},132.97680990000001,122.338665108,139.62565039500001,131.647041801,132.97680990000001,122.338665108,122.338665108,122.338665108]
["1.3.26","COT-E106","PROPRIA","TRANSFORMADOR TC  200/5 ST-42","PC",{"$nulls":5},173.06637777,183.45036043619999,177.73916996979,178.08530272533002,177.73916996979,173.06637777,173.06637777,173.06637777]
["1.3.27","COT-E107","PROPRIA","TRILHO 35X7,5MM 2M LISO PHOENIX","BR",{"$nulls":5},34.114958954999999,29.68001429085,30.788750456887499,31.527907900912499,30.788750456887499,29.68001429085,29.68001429085,29.68001429085]
["1.4","*****","*****","FORNECIMENTO DE QUADRO DE AUTOMAÇÃO - (QA) - EBP",{"$nulls":12},{"$error":"#NUM!"},{"$error":"#NUM!"}]
["1.4.1","COT-E108","PROPRIA","BLOCO DISTRIB 4X11 LIG 6-16MM2 125A CONN","PC",{"$nulls":5},139.74331337999999,133.69242791064599,146.730479049,{"$f":"AVERAGE(K121:M121)","v":140.05540677988199},{"$f":"MEDIAN(K121:M121)","v":139.74331337999999},{"$f":"SMALL(K121:M121,1)","v":133.69242791064599},133.69242791064599,133.69242791064599]
["1.4.2","COT-E109","PROPRIA","BORNE MOLA PUSH IN 2,5MM CP2,5 CZ","PC",{"$nulls":5},3.7873035750000001,3.6233133302025,3.9766687537499998,3.7957618863175,3.7873035750000001,3.6233133302025,3.6233133302025,3.6233133302025]
["1.4.3","COT-E110","PROPRIA","BORNE PORTA FUSIVEL LED CF4UL6-60V CZ","PC",{"$nulls":5},19.994140980000001,19.128394675566,20.993848028999999,20.038794561522,19.994140980000001,19.128394675566,19.128394675566,19.128394675566]
["1.4.4","COT-E111","PROPRIA","BORNE RELE SLIM 1REV  24VCC PARAFUSO","PC",{"$nulls":5},54.451422794999999,52.093676187976499,57.173993934750001,54.573030972575502,54.451422794999999,52.093676187976499,52.093676187976499,52.093676187976499]
["1.4.5","COT-E112","PROPRIA","BOTAO DUPLO C/ ILUM 1NA+1NF XB5AW 220V","PC",{"$nulls":5},61.296032324999999,59.794279533037503,64.176945844274996,61.755752567437497,61.296032324999999,59.794279533037503,59.794279533037503,59.794279533037503]
["1.4.6","COT-E113","PROPRIA","CABO FLEXIVEL 750V  1,0MM2 AZ","M",{"$nulls":5},1.3598851199999999,1.49315386176,1.3870828224,1.4133739347200001,1.3870828224,1.3598851199999999,1.3598851199999999,1.3598851199999999]
["1.4.7","COT-E114","PROPRIA","CABO FLEXIVEL 750V  1,0MM2 CZ","M",{"$nulls":5},1.3598851199999999,1.49315386176,1.3870828224,1.4133739347200001,1.3870828224,1.3598851199999999,1.3598851199999999,1.3598851199999999]
["1.4.8","COT-E115","PROPRIA","CABO FLEXIVEL 750V  1,0MM2 PT","M",{"$nulls":5},1.3598851199999999,1.49315386176,1.3870828224,1.4133739347200001,1.3870828224,1.3598851199999999,1.3598851199999999,1.3598851199999999]
["1.4.9","COT-E116","PROPRIA","CABO FLEXIVEL 750V  1,0MM2 VM","M",{"$nulls":5},1.3598851199999999,1.49315386176,1.3870828224,1.4133739347200001,1.3870828224,1.3598851199999999,1.3598851199999999,1.3598851199999999]
["1.4.10","COT-E117","PROPRIA","CANALETA PVC  50X80MM VENTIL CZ 2M HELLE","BR",{"$nulls":5},95.621793629999999,93.087816098805007,101.3591012478,96.689570325534987,95.621793629999999,93.087816098805007,93.087816098805007,93.087816098805007]
["1.4.11","COT-E118","PROPRIA","CONTATOR CWB  9.11  24VCA CWB9-11-3NA","PC",{"$nulls":5},140.56527457499999,155.64792853689701,152.892849155227,149.70201742237467,152.892849155227,140.56527457499999,140.56527457499999,140.56527457499999]
["1.4.12","COT-E119","PROPRIA","DISJ. BIP.  10A SJ202T-C10 3KA","PC",{"$nulls":5},52.49163282,51.179341999499997,53.310502291992002,52.327159037164002,52.49163282,51.179341999499997,51.179341999499997,51.179341999499997]
["1.4.13","COT-E120","PROPRIA","DISJ. MOTOR WEG MPW   0,4-0,63A MPW18-3-","PC",{"$nulls":5},289.02900246000002,320.04181442395799,314.37684597574201,307.81588761990002,314.37684597574201,289.02900246000002,289.02900246000002,289.02900246000002]
["1.4.14","COT-E121","PROPRIA","DISJ. TRIP CX MOLD   40A 80KA 380V DWB","PC",{"$nulls":5},466.64274805500003,516.713514921301,507.56731705942298,496.97452667857465,507.56731705942298,466.64274805500003,466.64274805500003,466.64274805500003]
["1.4.15","COT-E122","PROPRIA","DISJ. UNIP  10A SJ201T-C10 3KA","PC",{"$nulls":5},12.359316585,12.050333670375,12.552121923726,12.320590726367,12.359316585,12.050333670375,12.050333670375,12.050333670375]
["1.4.16","COT-E123","PROPRIA","DISJ. UNIP  20A SJ201 T-C20 3KA","PC",{"$nulls":5},12.359316585,12.050333670375,12.552121923726,12.320590726367,12.359316585,12.050333670375,12.050333670375,12.050333670375]
["1.4.17","COT-E124","PROPRIA","FIM DE CURSO T2R ALAV FLEX C/ROLD","PC",{"$nulls":5},54.690948014999996,59.569380577937999,57.972404895899999,57.410911162946,57.972404895899999,54.690948014999996,54.690948014999996,54.690948014999996]
["1.4.18","COT-E125","PROPRIA","FONTE ALIM. CP-E 24/10.0  10A 24VCC ABB","PC",{"$nulls":5},1329.14089902,1295.9123765444999,1349.8754970447101,1324.9762575364032,1329.14089902,1295.9123765444999,1295.9123765444999,1295.9123765444999]
["1.4.19","COT-E126","PROPRIA","GRELHA FILTRO PLAST. EMB. 255X255MM RMC","PC",{"$nulls":5},178.93340190000001,199.18866299507999,195.03740807099999,191.05315765536,195.03740807099999,178.93340190000001,178.93340190000001,178.93340190000001]
["1.4.20","COT-E127","PROPRIA","PAINEL TTA 3B 1900X800X800MM  TTW - MONTADO, TESTADO E COMISSIONADO EM FÁBRICA","PC",{"$nulls":5},36460.366376643004,40372.563688856797,40835.610341840198,39222.846802446664,40372.563688856797,36460.366376643004,{"$f":"SMALL(N140:P140,1)","v":36460.366376643004},{"$f":"AVERAGE(J140,Q140)","v":36460.366376643004}]
["1.4.21","COT-E128","PROPRIA","LUMINARIA LINEAR P/PAINEL  60CM 7W 6,5K","PC",{"$nulls":5},63.575217254999998,57.408421181264998,61.66796073735,60.883866391205004,61.66796073735,57.408421181264998,57.408421181264998,57.408421181264998]
["1.4.22","COT-E129","PROPRIA","MICROVENTIL 18X18CM 220V FZY JNG","PC",{"$nulls":5},324.93015439499999,315.50717991754499,344.42596365870003,328.28776599041498,324.93015439499999,315.50717991754499,315.50717991754499,315.50717991754499]
["1.4.23","COT-E130","PROPRIA","PLAQUETA DE EMERG P/BOTAO 22MM","PC",{"$nulls":5},12.541899975,12.178184875725,13.294413973499999,12.671499608075001,12.541899975,12.178184875725,12.178184875725,12.178184875725]
["1.4.24","COT-E131","PROPRIA","PORTA PLAQUETA APP30T 30X50","PC",{"$nulls":5},6.0784143750000004,6.7306282374375002,6.6114913156875001,6.4735113093750014,6.6114913156875001,6.0784143750000004,6.0784143750000004,6.0784143750000004]
["1.4.25","COT-E132","PROPRIA","POSTE EXTREMIDADE DIN35 CA802 CZ","PC",{"$nulls":5},2.4442154550000001,2.3383809257985,2.5664262277500001,2.4496742028495002,2.4442154550000001,2.3383809257985,2.3383809257985,2.3383809257985]
["1.4.26","COT-E133","PROPRIA","PROTETOR DE SURTO 275V  45KA CL-II","PC",{"$nulls":5},48.115594395000002,44.266346843400001,50.521374114750003,47.634438451049995,48.115594395000002,44.266346843400001,44.266346843400001,44.266346843400001]
["1.4.27","COT-E134","PROPRIA","PROTETOR DE SURTO 922.B.010.220 FASTER","PC",{"$nulls":5},198.97793387999999,183.05969916960001,208.92683057400001,196.98815454120003,198.97793387999999,183.05969916960001,183.05969916960001,183.05969916960001]
["1.4.28","COT-E135","PROPRIA","PROTETOR DE SURTO 922.B.010.24VCC FASTER","PC",{"$nulls":5},179.73781023000001,165.3587854116,188.72470074149999,177.94043212769998,179.73781023000001,165.3587854116,165.3587854116,165.3587854116]
["1.4.29","COT-E136","PROPRIA","SELETOR 3 POS. FIXAS CURTO 2NA XA2ED33","PC",{"$nulls":5},37.472007374999997,36.553943194312502,39.233191721624998,37.753047430312499,37.472007374999997,36.553943194312502,36.553943194312502,36.553943194312502]
["1.4.30","COT-E137","PROPRIA","SINALEIRO LED 22MM 220V LARANJ XA2EVM5LC","PC",{"$nulls":5},17.085236519999999,16.666648225260001,17.888242636440001,17.213375793899999,17.085236519999999,16.666648225260001,16.666648225260001,16.666648225260001]
["1.4.31","COT-E138","PROPRIA","SINALEIRO LED 22MM 220V VD XA2EVM3LC","PC",{"$nulls":5},17.085236519999999,16.666648225260001,17.888242636440001,17.213375793899999,17.085236519999999,16.666648225260001,16.666648225260001,16.666648225260001]
["1.4.32","COT-E139","PROPRIA","SWITCH 8 P.  ETHERN. IP30 10/100TX  CERT","PC",{"$nulls":5},2133.3660577350001,2101.3655668689798,2268.6214657954001,2167.78436346646,2133.3660577350001,2101.3655668689798,2101.3655668689798,2101.3655668689798]
["1.4.33","COT-E140","PROPRIA","TERMINAL GARFO 0,5-1,5MM2 VM TPF21-4","PC",{"$nulls":5},0.24741980999999999,0.25632692316,0.26968759289999999,0.25781144202,0.25632692316,0.24741980999999999,0.24741980999999999,0.24741980999999999]
["1.4.34","COT-E141","PROPRIA","TERMINAL ISOLADO TUBOLAR  1,0MM2 VM","PC",{"$nulls":5},5.8537545000000003E-2,6.0644896619999999E-2,6.3805924050000004E-2,6.0996121889999998E-2,6.0644896619999999E-2,5.8537545000000003E-2,5.8537545000000003E-2,5.8537545000000003E-2]
["1.4.35","COT-E142","PROPRIA","TOMADA P/TRILHO 2P+T 10A SIBRATEC","PC",{"$nulls":5},23.316419610000001,26.3475541593,27.513375139800001,25.725782969700003,26.3475541593,23.316419610000001,23.316419610000001,23.316419610000001]
["1.4.36","COT-E143","PROPRIA","TRILHO 35X7,5MM 2M LISO PHOENIX","BR",{"$nulls":5},34.114958954999999,29.68001429085,30.788750456887499,31.527907900912499,30.788750456887499,29.68001429085,29.68001429085,29.68001429085]
["1.4.37","COT-E144","PROPRIA","PLC PM5072-T-2ETH","PC",{"$nulls":5},5895.4950449999997,5748.1076688749999,5987.4647677020002,5877.022493859,5895.4950449999997,5748.1076688749999,5748.1076688749999,5748.1076688749999]
["1.4.38","COT-E145","PROPRIA","TERMINAL TA5212-TSCL PLC","PC",{"$nulls":5},130.00878,126.7585605,132.03691696800001,129.60141915599999,130.00878,126.7585605,126.7585605,126.7585605]
["1.4.39","COT-E146","PROPRIA","MC5102","PC",{"$nulls":5},463.47122250000001,451.88444193750001,470.70137357099998,462.0190126695,463.47122250000001,451.88444193750001,451.88444193750001,451.88444193750001]
["1.4.40","COT-E147","PROPRIA","DI524 32DI","PC",{"$nulls":5},2148.7562250000001,2095.0373193750002,2182.27682211,2142.0234554950002,2148.7562250000001,2095.0373193750002,2095.0373193750002,2095.0373193750002]
["1.4.41","COT-E148","PROPRIA","DO524 32 DO","PC",{"$nulls":5},2821.9211955000001,2751.3731656125001,2865.9431661498002,2813.0791757540997,2821.9211955000001,2751.3731656125001,2751.3731656125001,2751.3731656125001]
["1.4.42","COT-E149","PROPRIA","TERMINAL TU515 MODULOS","PC",{"$nulls":5},510.376845,497.61742387499999,518.33872378199999,508.77766421899997,510.376845,497.61742387499999,497.61742387499999,497.61742387499999]
["1.4.43","COT-E150","PROPRIA","IHM CP610 10 POLEGADOR","PC",{"$nulls":5},6894.0011084999996,6721.6510807875002,7001.5475257926,6872.3999050267003,6894.0011084999996,6721.6510807875002,6721.6510807875002,6721.6510807875002]
["1.4.44","COT-E151","PROPRIA","Antena Direcional YAGI 900MHz -17dBi - CF917","PC",{"$nulls":5},488.16281249999997,528.68032593750002,524.97028856249995,513.93780900000002,524.97028856249995,488.16281249999997,488.16281249999997,488.16281249999997]
["1.4.45","COT-E152","PROPRIA","Cabo Alfacomp interliga rádio/Centelhador (CONECTORES SMA-M/N-M)","PC",{"$nulls":5},1033.939335,1119.756299805,1111.8983608589999,1088.5313318879998,1111.8983608589999,1033.939335,1033.939335,1033.939335]
["1.4.46","COT-E153","PROPRIA","Cabo DLC 213 Com conectores N-macho 10 metros montado","PC",{"$nulls":5},75.468920999999995,81.732841442999998,81.159277643400003,79.453680028800008,81.159277643400003,75.468920999999995,75.468920999999995,75.468920999999995]
["1.4.47","COT-E154","PROPRIA","Cabo Serial Alfacomp programação SX900/RM2060/RM2071","PC",{"$nulls":5},298.83542699999998,323.63876744100003,321.36761819579999,314.61393754559998,321.36761819579999,298.83542699999998,298.83542699999998,298.83542699999998]
["1.4.48","COT-E155","PROPRIA","Centelhador N - CN3203","PC",{"$nulls":5},82.725224999999995,89.591418675,88.962706964999995,87.093116879999982,88.962706964999995,82.725224999999995,82.725224999999995,82.725224999999995]
["1.4.49","COT-E156","PROPRIA","Conector de loopback para teste de bancada","PC",{"$nulls":5},0.16797000000000001,0.18191151,0.18063493799999999,0.17683881599999998,0.18063493799999999,0.16797000000000001,0.16797000000000001,0.16797000000000001]
["1.4.50","COT-E157","PROPRIA","Conversor Ethernet Serial - 1-port RS232/485 Serial to 100M Ethernet","PC",{"$nulls":5},990.85503000000006,1073.0959974899999,1065.565499262,1043.1721755839999,1065.565499262,990.85503000000006,990.85503000000006,990.85503000000006]
["1.4.51","COT-E158","PROPRIA","Rádio modem Spread Spectrum-900MHz-1W - Alfacomp RM-SX900","PC",{"$nulls":5},4129.0805325000001,4471.7942166974999,4440.4132046505001,4347.0959846160004,4440.4132046505001,4129.0805325000001,4129.0805325000001,4129.0805325000001]
["1.5","*****","*****","FORNECIMENTO DE QUADRO DA SUBESTAÇÃO 112,5KVA - (QD SE 112,5KVA) - EBP",{"$nulls":12},{"$error":"#NUM!"}]
["1.5.1","COT-E159","PROPRIA","CAIXA MEDICAO 75-300KVA 700X1500X200MM - MONTADO, TESTADO E COMISSIONADO EM FÁBRICA","PC",{"$nulls":5},3487.0976093827499,3434.7911452420099,3696.3234659457098,{"$f":"AVERAGE(K173:M173)","v":3539.4040735234898},{"$f":"MEDIAN(K173:M173)","v":3487.0976093827499},{"$f":"SMALL(K173:M173,1)","v":3434.7911452420099},3434.7911452420099,3434.7911452420099]
["1.5.2","COT-E160","PROPRIA","CHAPA DE POLICARB. 3.00X2,050X3MM CRISTA","M2",{"$nulls":5},344.581468605,378.35045252829002,351.4730979771,358.13500637012999,351.4730979771,344.581468605,344.581468605,344.581468605]
["1.5.3","COT-E161","PROPRIA","COBRE EM BARRA  3/4\"X1/4\" 269A 1,08KG/M","M",{"$nulls":5},156.25543626000001,165.31825156308,170.31842552340001,163.96403778216003,165.31825156308,156.25543626000001,156.25543626000001,156.25543626000001]
["1.5.4","COT-E162","PROPRIA","DISJ. TRIP CX MOLD   32A 16KA 380V DWB","PC",{"$nulls":5},466.64274805500003,516.713514921301,507.56731705942298,496.97452667857465,507.56731705942298,466.64274805500003,466.64274805500003,466.64274805500003]
["1.5.5","COT-E163","PROPRIA","DISJ. TRIP CX MOLD  175A 80KA DWB","PC",{"$nulls":5},578.82470398500004,640.93259472259001,629.58763052448398,616.44830974402464,629.58763052448398,578.82470398500004,578.82470398500004,578.82470398500004]
["1.5.6","COT-E164","PROPRIA","DISJ. UNIP  32A MDW-C32 3KA","PC",{"$nulls":5},10.141356719999999,11.229524296056001,11.030753704344001,10.800544906799999,11.030753704344001,10.141356719999999,10.141356719999999,10.141356719999999]
["1.5.7","COT-E165","PROPRIA","LIQUIDO PARA PRATEAR 1 LITRO","LT",{"$nulls":5},249.34726574999999,273.78329779350003,254.33421106500001,259.15492486950001,254.33421106500001,249.34726574999999,249.34726574999999,249.34726574999999]
["1.5.8","COT-E166","PROPRIA","PROTETOR DE SURTO 275V  60KA EMBRAST","PC",{"$nulls":5},91.372236615000006,88.448325043319997,93.1996813473,91.006747668540001,91.372236615000006,88.448325043319997,88.448325043319997,88.448325043319997]
["1.5.9","COT-E167","PROPRIA","TERMO ENCOLHIVEL 1KV  60MM 2.1/2\" BR","M",{"$nulls":5},33.986713860000002,38.235053092500003,32.287378167,34.836381706499999,33.986713860000002,32.287378167,32.287378167,32.287378167]
["1.5.10","COT-E168","PROPRIA","TERMO ENCOLHIVEL 1KV  60MM 2.1/2\" LILAS","M",{"$nulls":5},34.704449670000002,39.042505878749999,32.9692271865,35.572060911750008,34.704449670000002,32.9692271865,32.9692271865,32.9692271865]
["1.5.11","COT-E169","PROPRIA","TERMO ENCOLHIVEL 1KV  60MM 2.1/2\" VM","M",{"$nulls":5},18.723028005,18.180060192854999,19.846409685299999,18.916499294385002,18.723028005,18.180060192854999,18.180060192854999,18.180060192854999]
["1.5.12","COT-E170","PROPRIA","UNIDADE CAPAC. TRIF.   5KVAR 380V HD","PC",{"$nulls":5},171.8181927,190.25428477670999,186.88664819978999,182.98637522549998,186.88664819978999,171.8181927,171.8181927,171.8181927]
["1.6","*****","*****","FORNECIMENTO DE QUADRO DE DIST. FORÇA E LUZ DA SUBEST. DE ENTRADA - (QDFL SE ENTRADA) - EBP",{"$nulls":12},{"$error":"#NUM!"}]
["1.6.1","COT-E171","PROPRIA","BARRAMENTO FASE TRIP 54P 80A 1M WEG","PC",{"$nulls":5},135.680203065,150.23868885387401,147.57935687380001,{"$f":"AVERAGE(K186:M186)","v":144.49941626422466},{"$f":"MEDIAN(K186:M186)","v":147.57935687380001},{"$f":"SMALL(K186:M186,1)","v":135.680203065},135.680203065,135.680203065]
["1.6.2","COT-E172","PROPRIA","CABO FLEXIVEL 750V 10MM2 PT","M",{"$nulls":5},10.47158574,11.49780114252,10.681017454799999,10.883468112439999,10.681017454799999,10.47158574,10.47158574,10.47158574]
["1.6.3","COT-E173","PROPRIA","CAIXA P/MONTAGEM  80X60X25CM - MONTADO, TESTADO E COMISSIONADO EM FÁBRICA","PC",{"$nulls":5},2534.7712566330001,2833.8742649156902,2458.7281189340101,2609.124546827567,2534.7712566330001,2458.7281189340101,2458.7281189340101,2458.7281189340101]
["1.6.4","COT-E174","PROPRIA","CANALETA PVC  50X80MM VENTIL CZ 2M HELLE","BR",{"$nulls":5},95.621793629999999,93.087816098805007,101.3591012478,96.689570325534987,95.621793629999999,93.087816098805007,93.087816098805007,93.087816098805007]
["1.6.5","COT-E175","PROPRIA","COBRE EM BARRA  5/8\"X3/16\" 176A 0,673KG/","M",{"$nulls":5},97.362970649999994,103.01002294769999,106.1256380085,102.1662105354,103.01002294769999,97.362970649999994,97.362970649999994,97.362970649999994]
["1.6.6","COT-E176","PROPRIA","CONECTOR EXTERNO PINO CURTO 25MM2","PC",{"$nulls":5},15.161476110000001,14.5550170656,16.829238482099999,15.5152438859,15.161476110000001,14.5550170656,14.5550170656,14.5550170656]
["1.6.7","COT-E177","PROPRIA","DISJ. TRIP   32A MDW-C-32-3 3KA","PC",{"$nulls":5},54.441008654999997,60.282528883681501,59.215485114043503,57.979674217574996,59.215485114043503,54.441008654999997,54.441008654999997,54.441008654999997]
["1.6.8","COT-E178","PROPRIA","DISJ. TRIP   63A MDW-C63-3 3KA","PC",{"$nulls":5},78.958413765000003,87.430651561984504,85.883066652190493,84.090710659725005,85.883066652190493,78.958413765000003,78.958413765000003,78.958413765000003]
["1.6.9","COT-E179","PROPRIA","DISJ. UNIP  16A MDW-C16 3KA","PC",{"$nulls":5},10.141356719999999,11.229524296056001,11.030753704344001,10.800544906799999,11.030753704344001,10.141356719999999,10.141356719999999,10.141356719999999]
["1.6.10","COT-E180","PROPRIA","DISJ. UNIP  20A MDW-C20 3KA","PC",{"$nulls":5},10.141356719999999,11.229524296056001,11.030753704344001,10.800544906799999,11.030753704344001,10.141356719999999,10.141356719999999,10.141356719999999]
["1.6.11","COT-E181","PROPRIA","DISJ. UNIP  25A MDW-C25 3KA","PC",{"$nulls":5},11.02807035,12.211382298555,11.995232119695,11.744894922750001,11.995232119695,11.02807035,11.02807035,11.02807035]
["1.6.12","COT-E182","PROPRIA","DISJ. UNIP  32A MDW-C32 3KA","PC",{"$nulls":5},10.141356719999999,11.229524296056001,11.030753704344001,10.800544906799999,11.030753704344001,10.141356719999999,10.141356719999999,10.141356719999999]
["1.6.13","COT-E183","PROPRIA","ISOLADOR EPOXI PARALELO 20X30MM 1/4\"","PC",{"$nulls":5},5.1852339000000001,5.0348621169000003,5.4963479340000001,5.2388146503000002,5.1852339000000001,5.0348621169000003,5.0348621169000003,5.0348621169000003]
["1.6.14","COT-E184","PROPRIA","PORTA DOCUMENTOS GRANDE A4 36580","PC",{"$nulls":5},71.826239595000004,68.953190011199993,79.727125950450002,73.50218518554999,71.826239595000004,68.953190011199993,68.953190011199993,68.953190011199993]
["1.6.15","COT-E185","PROPRIA","PROTETOR DE SURTO 275V  45KA CL-II","PC",{"$nulls":5},48.115594395000002,44.266346843400001,50.521374114750003,47.634438451049995,48.115594395000002,44.266346843400001,44.266346843400001,44.266346843400001]
["1.6.16","COT-E186","PROPRIA","TRILHO 35X7,5MM 2M LISO PHOENIX","BR",{"$nulls":5},34.114958954999999,29.68001429085,30.788750456887499,31.527907900912499,30.788750456887499,29.68001429085,29.68001429085,29.68001429085]
["1.7","*****","*****","FORNECIMENTO DE QUADRO DE DISTRIBUIÇÃO DE FORÇA DA SALA DE MAQUINAS - (QDFL SL MAQUINAS) - EBP",{"$nulls":12},{"$error":"#NUM!"}]
["1.7.1","COT-E187","PROPRIA","BARRAMENTO FASE TRIP 54P 80A 1M WEG","PC",{"$nulls":5},135.680203065,150.23868885387401,147.57935687380001,{"$f":"AVERAGE(K203:M203)","v":144.49941626422466},{"$f":"MEDIAN(K203:M203)","v":147.57935687380001},{"$f":"SMALL(K203:M203,1)","v":135.680203065},135.680203065,135.680203065]
["1.7.2","COT-E188","PROPRIA","CABO FLEXIVEL 750V 10MM2 PT","M",{"$nulls":5},10.47158574,11.49780114252,10.681017454799999,10.883468112439999,10.681017454799999,10.47158574,{"$f":"SMALL(N204:P204,1)","v":10.47158574},{"$f":"AVERAGE(J204,Q204)","v":10.47158574}]
["1.7.3","COT-E189","PROPRIA","CAIXA P/MONTAGEM  80X60X25CM - MONTADO, TESTADO E COMISSIONADO EM FÁBRICA","PC",{"$nulls":5},2511.0837325035,2807.3916129389099,2435.7512205283901,2584.7421886569332,2511.0837325035,2435.7512205283901,2435.7512205283901,2435.7512205283901]
["1.7.4","COT-E190","PROPRIA","CANALETA PVC  50X80MM VENTIL CZ 2M HELLE","BR",{"$nulls":5},95.621793629999999,93.087816098805007,101.3591012478,96.689570325534987,95.621793629999999,93.087816098805007,93.087816098805007,93.087816098805007]
["1.7.5","COT-E191","PROPRIA","COBRE EM BARRA  5/8\"X3/16\" 176A 0,673KG/","M",{"$nulls":5},97.362970649999994,103.01002294769999,106.1256380085,102.1662105354,103.01002294769999,97.362970649999994,97.362970649999994,97.362970649999994]
["1.7.6","COT-E192","PROPRIA","CONECTOR EXTERNO PINO CURTO 25MM2","PC",{"$nulls":5},15.161476110000001,14.5550170656,16.829238482099999,15.5152438859,15.161476110000001,14.5550170656,14.5550170656,14.5550170656]
["1.7.7","COT-E193","PROPRIA","DISJ. TRIP   32A MDW-C-32-3 3KA","PC",{"$nulls":5},54.441008654999997,60.282528883681501,59.215485114043503,57.979674217574996,59.215485114043503,54.441008654999997,54.441008654999997,54.441008654999997]
["1.7.8","COT-E194","PROPRIA","DISJ. TRIP   40A MDW-C40-3 3KA","PC",{"$nulls":5},54.441008654999997,60.282528883681501,59.215485114043503,57.979674217574996,59.215485114043503,54.441008654999997,54.441008654999997,54.441008654999997]
["1.7.9","COT-E195","PROPRIA","DISJ. UNIP  16A MDW-C16 3KA","PC",{"$nulls":5},10.141356719999999,11.229524296056001,11.030753704344001,10.800544906799999,11.030753704344001,10.141356719999999,10.141356719999999,10.141356719999999]
["1.7.10","COT-E196","PROPRIA","DISJ. UNIP  20A MDW-C20 3KA","PC",{"$nulls":5},10.141356719999999,11.229524296056001,11.030753704344001,10.800544906799999,11.030753704344001,10.141356719999999,10.141356719999999,10.141356719999999]
["1.7.11","COT-E197","PROPRIA","DISJ. UNIP  25A MDW-C25 3KA","PC",{"$nulls":5},11.02807035,12.211382298555,11.995232119695,11.744894922750001,11.995232119695,11.02807035,11.02807035,11.02807035]
["1.7.12","COT-E198","PROPRIA","DISJ. UNIP  32A MDW-C32 3KA","PC",{"$nulls":5},10.141356719999999,11.229524296056001,11.030753704344001,10.800544906799999,11.030753704344001,10.141356719999999,10.141356719999999,10.141356719999999]
["1.7.13","COT-E199","PROPRIA","ISOLADOR EPOXI PARALELO 20X30MM 1/4\"","PC",{"$nulls":5},5.1852339000000001,5.0348621169000003,5.4963479340000001,5.2388146503000002,5.1852339000000001,5.0348621169000003,5.0348621169000003,5.0348621169000003]
["1.7.14","COT-E200","PROPRIA","PORTA DOCUMENTOS GRANDE A4 36580","PC",{"$nulls":5},71.826239595000004,68.953190011199993,79.727125950450002,73.50218518554999,71.826239595000004,68.953190011199993,68.953190011199993,68.953190011199993]
["1.7.15","COT-E201","PROPRIA","PROTETOR DE SURTO 275V  45KA CL-II","PC",{"$nulls":5},48.115594395000002,44.266346843400001,50.521374114750003,47.634438451049995,48.115594395000002,44.266346843400001,44.266346843400001,44.266346843400001]
["1.7.16","COT-E202","PROPRIA","TRILHO 35X7,5MM 2M LISO PHOENIX","BR",{"$nulls":5},34.114958954999999,29.68001429085,30.788750456887499,31.527907900912499,30.788750456887499,29.68001429085,29.68001429085,29.68001429085]
["1.8","*****","*****","FORNECIMENTO DE MATERIAIS DA SUBESTAÇÃO 112,5KVA - (SE 112,5KVA) - EBP",{"$nulls":12},{"$error":"#NUM!"}]
["1.8.1","COT-E203","PROPRIA","ALCA PREF SERVICO  25MM2 4AWG CABO ISOLA","PC",{"$nulls":5},4.4816915550000003,4.25760697725,4.5265084705499996,{"$f":"AVERAGE(K220:M220)","v":4.4219356675999997},{"$f":"MEDIAN(K220:M220)","v":4.4816915550000003},{"$f":"SMALL(K220:M220,1)","v":4.25760697725},4.25760697725,4.25760697725]
["1.8.2","COT-E204","PROPRIA","ARMACAO SEC. PESADA 3/16 01 ROLD  ROMA","PC",{"$nulls":5},27.040566465000001,25.688538141750001,29.474217446849998,27.4011073512,27.040566465000001,25.688538141750001,25.688538141750001,25.688538141750001]
["1.8.3","COT-E205","PROPRIA","ARRUELA ALUMINIO 1.1/2\"","PC",{"$nulls":5},2.0621676899999999,1.98586748547,2.3050910438819998,2.1177087397839998,2.0621676899999999,1.98586748547,1.98586748547,1.98586748547]
["1.8.4","COT-E206","PROPRIA","ARRUELA ALUMINIO 4\"","PC",{"$nulls":5},11.303121225,10.884905739675,12.634628905305,11.607551956659998,11.303121225,10.884905739675,10.884905739675,10.884905739675]
["1.8.5","COT-E207","PROPRIA","BUCHA ALUMINIO 4\"","PC",{"$nulls":5},12.702143355,12.232164050865,14.198455842218999,13.044254416027998,12.702143355,12.232164050865,12.232164050865,12.232164050865]
["1.8.6","COT-E208","PROPRIA","CABECOTE DE ALUMINIO  3/4\"","PC",{"$nulls":5},4.8674346599999998,4.8674346599999998,5.2568294328,4.9972329175999999,4.8674346599999998,4.8674346599999998,4.8674346599999998,4.8674346599999998]
["1.8.7","COT-E209","PROPRIA","CABECOTE DE ALUMINIO 4\"","PC",{"$nulls":5},45.414972734999999,45.414972734999999,49.048170553799999,46.626038674600004,45.414972734999999,45.414972734999999,45.414972734999999,45.414972734999999]
["1.8.8","COT-E210","PROPRIA","CABO 0,6/1KV 1X 95MM2 FLEX 90 AZ","M",{"$nulls":5},100.84137739499999,110.72383237971,102.8582049429,104.80780490587,102.8582049429,100.84137739499999,100.84137739499999,100.84137739499999]
["1.8.9","COT-E211","PROPRIA","CABO 0,6/1KV 1X 95MM2 FLEX 90 PT","M",{"$nulls":5},100.84137739499999,110.72383237971,102.8582049429,104.80780490587,102.8582049429,100.84137739499999,100.84137739499999,100.84137739499999]
["1.8.10","COT-E212","PROPRIA","CABO ALUM 15KV  50MM2 PROTEGIDO XLPE CZ","M",{"$nulls":5},11.789394375000001,12.94475502375,12.0251822625,12.25311055375,12.0251822625,11.789394375000001,11.789394375000001,11.789394375000001]
["1.8.11","COT-E213","PROPRIA","CABO DE COBRE NU  50MM2 7F NBR6524 403KG","M",{"$nulls":5},53.92727241,58.726799654490002,61.477090547400003,58.043720870630004,58.726799654490002,53.92727241,53.92727241,53.92727241]
["1.8.12","COT-E214","PROPRIA","CABO DE COBRE NU 35MM2 NBR6524 (290KG/KM","M",{"$nulls":5},39.655785344999998,43.54205230881,40.448901051900002,41.21557956857,40.448901051900002,39.655785344999998,39.655785344999998,39.655785344999998]
["1.8.13","COT-E215","PROPRIA","CAIXA INSPECAO ATERRAM 300X250MM CILINDR","PC",{"$nulls":5},24.623142224999999,27.479426723100001,26.1005307585,26.067699902200001,26.1005307585,24.623142224999999,24.623142224999999,24.623142224999999]
["1.8.14","COT-E216","PROPRIA","CARTUCHO P/SOLDA 115G","PC",{"$nulls":5},24.449965155000001,22.738467594149999,27.383960973600001,24.857464574249999,24.449965155000001,22.738467594149999,22.738467594149999,22.738467594149999]
["1.8.15","COT-E217","PROPRIA","CHAVE SECC. UNIPOLAR 15KV-400A TIPO MS","PC",{"$nulls":5},800.42727303000004,882.87128215208998,784.41872756939995,822.57242758383006,800.42727303000004,784.41872756939995,784.41872756939995,784.41872756939995]
["1.8.16","COT-E218","PROPRIA","CINTA CIRCULAR 1/4 38X320MM","PC",{"$nulls":5},72.176205089999996,68.567394835499996,78.672063548099999,73.138554491199997,72.176205089999996,68.567394835499996,68.567394835499996,68.567394835499996]
["1.8.17","COT-E219","PROPRIA","CONECTOR CUNHA AL CADC 3/0-4/0//1/0-2/0","PC",{"$nulls":5},21.267689520000001,23.35192309296,23.819812262399999,22.81314162512,23.35192309296,21.267689520000001,21.267689520000001,21.267689520000001]
["1.8.18","COT-E220","PROPRIA","CONECTOR CUNHA ESTRIBO 4-2AWG 2AWG VM","PC",{"$nulls":5},46.067704155000001,50.582339162190003,46.9890582381,47.879700518430006,46.9890582381,46.067704155000001,46.067704155000001,46.067704155000001]
["1.8.19","COT-E221","PROPRIA","CONECTOR PARAFUSO FENDIDO  35MM2 BIMETAL","PC",{"$nulls":5},16.774911944999999,18.418853315610001,18.787901378400001,17.993888879669999,18.418853315610001,16.774911944999999,16.774911944999999,16.774911944999999]
["1.8.20","COT-E222","PROPRIA","CONECTOR PARAFUSO FENDIDO  50MM2 INTELI","PC",{"$nulls":5},19.420943354999999,21.324195803790001,21.751456557600001,20.83219857213,21.324195803790001,19.420943354999999,19.420943354999999,19.420943354999999]
["1.8.21","COT-E223","PROPRIA","CRUZETA P/POSTE 90X112MM 1,7M POLIM TP L","PC",{"$nulls":5},737.31313342500005,729.94000209075,774.17879009625005,747.14397520400007,737.31313342500005,729.94000209075,729.94000209075,729.94000209075]
["1.8.22","COT-E224","PROPRIA","CURVA GALV. A FOGO  3/4\" NBR 5598 BSP","PC",{"$nulls":5},11.210065845000001,11.019494725635001,12.218971771050001,11.482844113895,11.210065845000001,11.019494725635001,11.019494725635001,11.019494725635001]
["1.8.23","COT-E225","PROPRIA","CURVA GALV. A FOGO 2\"","PC",{"$nulls":5},30.575243159999999,33.785643691799997,29.352233433599999,31.237706761799995,30.575243159999999,29.352233433599999,29.352233433599999,29.352233433599999]
["1.8.24","COT-E226","PROPRIA","CURVA PVC 90G 01\" PT ELECON","PC",{"$nulls":5},2.8757303849999998,3.1776820754249999,2.7607011695999999,2.9380378766749993,2.8757303849999998,2.7607011695999999,2.7607011695999999,2.7607011695999999]
["1.8.25","COT-E227","PROPRIA","ELETRODUTO GALV. A FOGO  3/4\"X2,25MM5598","BR",{"$nulls":5},81.696492735000007,80.307652358504996,89.049177081150006,83.684440724885008,81.696492735000007,80.307652358504996,80.307652358504996,80.307652358504996]
["1.8.26","COT-E228","PROPRIA","ELETRODUTO GALV. A FOGO 2\"X2,25MM 5624","BR",{"$nulls":5},209.94805457999999,231.9926003109,201.5501323968,214.49692909589999,209.94805457999999,201.5501323968,201.5501323968,201.5501323968]
["1.8.27","COT-E229","PROPRIA","ELO FUSIVEL  500MM 15/34,5KV  15K","PC",{"$nulls":5},6.7717945349999997,7.1781022071000002,6.29776891755,6.74922188655,6.7717945349999997,6.29776891755,6.29776891755,6.29776891755]
["1.8.28","COT-E230","PROPRIA","GRAMPO ANCORAGEM 15/35KV 35-300MM2  GAC","PC",{"$nulls":5},33.702676590000003,37.005538895820003,37.746997780800001,36.151737755540005,37.005538895820003,33.702676590000003,33.702676590000003,33.702676590000003]
["1.8.29","COT-E231","PROPRIA","GRAMPO LINHA VIVA SIMPLES GLV-95 10-95MM","PC",{"$nulls":5},55.711533735000003,61.17126404103,62.396917783200003,59.759905186410002,61.17126404103,55.711533735000003,55.711533735000003,55.711533735000003]
["1.8.30","COT-E232","PROPRIA","HASTE COBREADA 14,3MMX2,4M A/C PROLONG","BR",{"$nulls":5},143.63920956000001,157.71585209688001,160.8759147072,154.07699212136001,157.71585209688001,143.63920956000001,143.63920956000001,143.63920956000001]
["1.8.31","COT-E233","PROPRIA","ISOLADOR POLIM. DE ANCORAGEM 15KV","PC",{"$nulls":5},57.287932185000003,63.990620250645001,60.725208116099999,60.667920183914994,60.725208116099999,57.287932185000003,57.287932185000003,57.287932185000003]
["1.8.32","COT-E234","PROPRIA","LUVA GALV A FOGO 2\"","PC",{"$nulls":5},6.2319389550000004,6.8862925452750003,5.9826613968000002,6.3669642990250006,6.2319389550000004,5.9826613968000002,5.9826613968000002,5.9826613968000002]
["1.8.33","COT-E235","PROPRIA","LUVA PVC 01\" PT ELECON","PC",{"$nulls":5},1.04191791,1.15131929055,1.0002411936,1.0644927980500001,1.04191791,1.0002411936,1.0002411936,1.0002411936]
["1.8.34","COT-E236","PROPRIA","LUVA ZINCADA ELETRODUTO  3/4\"","PC",{"$nulls":5},1.315457055,1.4535800457750001,1.2628387727999999,1.3439586245250001,1.315457055,1.2628387727999999,1.2628387727999999,1.2628387727999999]
["1.8.35","COT-E237","PROPRIA","MANILHA SAPATILHA","PC",{"$nulls":5},22.465063664999999,21.341810481749999,24.486919394849998,22.764597847199997,22.465063664999999,21.341810481749999,21.341810481749999,21.341810481749999]
["1.8.36","COT-E238","PROPRIA","MAO FRANCESA 3/16X32X726MM","PC",{"$nulls":5},22.149783974999998,21.042294776249999,24.143264532749999,22.445114427999997,22.149783974999998,21.042294776249999,21.042294776249999,21.042294776249999]
["1.8.37","COT-E239","PROPRIA","MASSA DE VEDACAO/CALAFETAR 350G C-350","PC",{"$nulls":5},33.26225925,30.933901102499998,37.253730359999999,33.8166302375,33.26225925,30.933901102499998,30.933901102499998,30.933901102499998]
["1.8.38","COT-E240","PROPRIA","MOLDE T CABO/HASTE CGTA5/8.70.70 CART150","PC",{"$nulls":5},246.72298645500001,229.45237740315,276.32974482959997,250.83503622924999,246.72298645500001,229.45237740315,229.45237740315,229.45237740315]
["1.8.39","COT-E241","PROPRIA","MOLDE X CABO/HASTE CGXA5/8.70 CART-150","PC",{"$nulls":5},232.16561444999999,215.91402143849999,260.02548818399998,236.03504135749998,232.16561444999999,215.91402143849999,215.91402143849999,215.91402143849999]
["1.8.40","COT-E242","PROPRIA","NIPLE GALVANIZADO 1.1/2\"","PC",{"$nulls":5},16.322316780000001,15.995870444399999,19.260333800400002,17.1928403416,16.322316780000001,15.995870444399999,15.995870444399999,15.995870444399999]
["1.8.41","COT-E243","PROPRIA","NIPLE GALVANIZADO 2\"","PC",{"$nulls":5},41.146519095000002,40.323588713100001,48.552892532100003,43.341000113400007,41.146519095000002,40.323588713100001,40.323588713100001,40.323588713100001]
["1.8.42","COT-E244","PROPRIA","OLHAL P/PARAFUSO 104MM FUNDIDO","PC",{"$nulls":5},20.336043915000001,19.319241719250002,22.16628786735,20.607191167200003,20.336043915000001,19.319241719250002,19.319241719250002,19.319241719250002]
["1.8.43","COT-E245","PROPRIA","PARA RAIOS POLIMERICO 15KV-10KA C/FE REP","PC",{"$nulls":5},205.193747715,229.20141619765499,217.5053725779,217.30017883018499,217.5053725779,205.193747715,205.193747715,205.193747715]
["1.8.44","COT-E246","PROPRIA","PARAF. MAQUINA M16X150MM","PC",{"$nulls":5},9.82725282,9.3358901789999997,10.7117055738,9.9582828576000004,9.82725282,9.3358901789999997,9.3358901789999997,9.3358901789999997]
["1.8.45","COT-E247","PROPRIA","PARAF. MAQUINA M16X200MM","PC",{"$nulls":5},11.837265824999999,11.245402533749999,12.90261974925,11.995096036,11.837265824999999,11.245402533749999,11.245402533749999,11.245402533749999]
["1.8.46","COT-E248","PROPRIA","PARAF. MAQUINA M16X250MM","PC",{"$nulls":5},10.93249542,10.385870648999999,11.916420007799999,11.078262025599999,10.93249542,10.385870648999999,10.385870648999999,10.385870648999999]
["1.8.47","COT-E249","PROPRIA","PARAF. ROSCA DUPLA M16X450MM","PC",{"$nulls":5},23.836370745,22.644552207749999,25.981644112049999,24.154189021600001,23.836370745,22.644552207749999,22.644552207749999,22.644552207749999]
["1.8.48","COT-E250","PROPRIA","PARAFUSO OLHAL M16X400MM GALV FOGO","PC",{"$nulls":5},37.093570964999998,35.238892416749998,40.431992351849999,37.588151911199994,37.093570964999998,35.238892416749998,35.238892416749998,35.238892416749998]
["1.8.49","COT-E251","PROPRIA","PORCA OLHAL M16 GALV. FOGO","PC",{"$nulls":5},14.152312350000001,13.444696732500001,15.4260204615,14.341009848000001,14.152312350000001,13.444696732500001,{"$f":"SMALL(N268:P268,1)","v":13.444696732500001},{"$f":"AVERAGE(J268,Q268)","v":13.444696732500001}]
["1.8.50","COT-E252","PROPRIA","POSTE CONCRETO CIRCULAR 11/600 M/KGF","PC",{"$nulls":5},2875.8227685000002,3154.7775770445,3422.2290945149998,3150.9431466865003,3154.7775770445,2875.8227685000002,2875.8227685000002,2875.8227685000002]
["1.8.51","COT-E253","PROPRIA","PROTETOR POLIM. P/BUCHA E PARA RAIOS","PC",{"$nulls":5},15.5019513,16.122029351999998,14.416814709000001,15.346931787000001,15.5019513,14.416814709000001,14.416814709000001,14.416814709000001]
["1.8.52","COT-E254","PROPRIA","SUPORTE TIPO Z ROMAGNOLE","PC",{"$nulls":5},30.780754455,29.241716732250001,33.551022355950003,31.191164514400004,30.780754455,29.241716732250001,29.241716732250001,29.241716732250001]
["1.8.53","COT-E255","PROPRIA","SUPORTE TRAFO POSTE CIRCULAR 255MM","PC",{"$nulls":5},203.11411114500001,192.95840558775001,221.39438114805,205.82229929360003,203.11411114500001,192.95840558775001,192.95840558775001,192.95840558775001]
["1.8.54","COT-E256","PROPRIA","TAMPA CAIXA DE INSPECAO 300MM FERRO FUND","PC",{"$nulls":5},62.915683049999998,65.746888787250001,67.193949497399998,65.28550711154999,65.746888787250001,62.915683049999998,62.915683049999998,62.915683049999998]
["1.8.55","COT-E257","PROPRIA","TERMINAL COMPRESSAO  35MM2 M10 1F1C","PC",{"$nulls":5},2.9683658400000001,3.2592656923200001,3.3245697407999999,3.1840670910399997,3.2592656923200001,2.9683658400000001,2.9683658400000001,2.9683658400000001]
["1.8.56","COT-E258","PROPRIA","TERMINAL COMPRESSAO  95MM2 M10 1F1C","PC",{"$nulls":5},8.4493109250000007,8.7534861182999997,9.2097489082500008,8.8041819838500004,8.7534861182999997,8.4493109250000007,8.4493109250000007,8.4493109250000007]
["1.9","*****","*****","FORNECIMENTO DE MATERIAIS SUBESTAÇÃO DE ENTRADA - (SE ENTRADA) - EBP",{"$nulls":12},{"$error":"#NUM!"}]
["1.9.1","COT-E259","PROPRIA","ABRACADEIRA TIPO D PARAFUSO 01\"","PC",{"$nulls":5},2.0737576199999999,2.1297490757399999,2.2251419262600001,{"$f":"AVERAGE(K277:M277)","v":2.1428828740000001},{"$f":"MEDIAN(K277:M277)","v":2.1297490757399999},{"$f":"SMALL(K277:M277,1)","v":2.0737576199999999},2.0737576199999999,2.0737576199999999]
["1.9.2","COT-E260","PROPRIA","ADAPTADOR ALUM MULT.  01\" S/ROSCA TRAMON","PC",{"$nulls":5},3.8282042700000001,4.2098762357190003,3.6942171205499998,3.9107658754229999,3.8282042700000001,3.6942171205499998,3.6942171205499998,3.6942171205499998]
["1.9.3","COT-E261","PROPRIA","CABO FLEXIVEL 750V  2,5MM2 AZ","M",{"$nulls":5},2.4453072599999999,2.6849473714799998,2.4942134052,2.5414893455600001,2.4942134052,2.4453072599999999,2.4453072599999999,2.4453072599999999]
["1.9.4","COT-E262","PROPRIA","CABO FLEXIVEL 750V  2,5MM2 PT","M",{"$nulls":5},2.4453072599999999,2.6849473714799998,2.4942134052,2.5414893455600001,2.4942134052,2.4453072599999999,2.4453072599999999,2.4453072599999999]
["1.9.5","COT-E263","PROPRIA","CABO FLEXIVEL 750V  2,5MM2 VD","M",{"$nulls":5},2.4453072599999999,2.6849473714799998,2.4942134052,2.5414893455600001,2.4942134052,2.4453072599999999,2.4453072599999999,2.4453072599999999]
["1.9.6","COT-E264","PROPRIA","CAIXA PORTA LUVAS DIVERSAS","PC",{"$nulls":5},396.18370027499998,396.18370027499998,442.85414016739497,411.74051357246498,396.18370027499998,396.18370027499998,396.18370027499998,396.18370027499998]
["1.9.7","COT-E265","PROPRIA","CONDULETE AL MULTIPLO L 01\" S/T TRAM","PC",{"$nulls":5},18.178049340000001,19.990400859198001,17.541817613100001,18.570089270766001,18.178049340000001,17.541817613100001,17.541817613100001,17.541817613100001]
["1.9.8","COT-E266","PROPRIA","CONDULETE AL MULTIPLO X 01\" S/T TRAM","PC",{"$nulls":5},16.938850665,18.627654076300502,16.345990891724998,17.304165211008499,16.938850665,16.345990891724998,16.345990891724998,16.345990891724998]
["1.9.9","COT-E267","PROPRIA","ELETRODUTO GALV. A FOGO 01\"X2,65MM 5598","BR",{"$nulls":5},117.93056120999999,115.92574166943,128.54431171889999,120.80020486610999,117.93056120999999,115.92574166943,115.92574166943,115.92574166943]
["1.9.10","COT-E268","PROPRIA","EXTINTOR PO QUIMICO 6 KM","PC",{"$nulls":5},419.92500000000001,419.92500000000001,469.39216499999998,436.41405500000002,419.92500000000001,419.92500000000001,419.92500000000001,419.92500000000001]
["1.9.11","COT-E269","PROPRIA","INT. 1 TCL BIP. 10A S/PL BR KLIN","PC",{"$nulls":5},22.539474375000001,24.732565231687499,24.516186277687499,23.929408628125,24.516186277687499,22.539474375000001,22.539474375000001,22.539474375000001]
["1.9.12","COT-E270","PROPRIA","LUMINARIA DE EMERG. 3000LM 2 FAR SEGURIM","PC",{"$nulls":5},470.12191066499997,460.71947245170003,554.74385458469999,495.19507923379996,470.12191066499997,460.71947245170003,460.71947245170003,460.71947245170003]
["1.9.13","COT-E271","PROPRIA","LUMINARIA ESTANQUE ACRIL 2XLED 120CM PHI","PC",{"$nulls":5},124.748211555,114.7683546306,130.98562213275,123.50072943945001,124.748211555,114.7683546306,114.7683546306,114.7683546306]
["1.9.14","COT-E272","PROPRIA","LUVA BORRACHA AT 20KV 10\" USO 17KV","PR",{"$nulls":5},733.60242416999995,682.25025447810003,781.28658174104999,732.37975346304995,733.60242416999995,682.25025447810003,682.25025447810003,682.25025447810003]
["1.9.15","COT-E273","PROPRIA","LUVA DE COBERTURA VAQUETA PH 15CM  2OKV","PC",{"$nulls":5},41.152314060000002,45.185240837880002,41.975360341200002,42.770971746360004,41.975360341200002,41.152314060000002,41.152314060000002,41.152314060000002]
["1.9.16","COT-E274","PROPRIA","PLACA DE AVISO (ACESSO SOMENTE DE PESSOA","PC",{"$nulls":5},120.82745581499999,120.82745581499999,135.06093011000701,125.57194724666901,120.82745581499999,120.82745581499999,120.82745581499999,120.82745581499999]
["1.9.17","COT-E275","PROPRIA","PLACA DE AVISO (NAO MANOBRAR)","PC",{"$nulls":5},120.82745581499999,135.93088779187499,132.08857469695801,129.61563943461098,132.08857469695801,120.82745581499999,120.82745581499999,120.82745581499999]
["1.9.18","COT-E276","PROPRIA","PLACA DE AVISO (PERIGO ALTA TENSAO)","PC",{"$nulls":5},46.532141205000002,52.348658855624997,50.868936765306003,49.916578941977001,50.868936765306003,46.532141205000002,46.532141205000002,46.532141205000002]
["1.9.19","COT-E277","PROPRIA","RELE PROTEÇAO 7SR51111AA110AA0","PC",{"$nulls":5},22294.200801675001,24144.619468214001,24969.504897875999,23802.775055921666,24144.619468214001,22294.200801675001,22294.200801675001,22294.200801675001]
["1.9.20","COT-E278","PROPRIA","TAMPA ALUM 01\"  CEGA TRAMONTINA","PC",{"$nulls":5},6.3698423249999996,7.0049156048025001,6.1468978436250001,6.5072185911424993,6.3698423249999996,6.1468978436250001,6.1468978436250001,6.1468978436250001]
["1.9.21","COT-E279","PROPRIA","TAPETE BORRACHA 1,0X1,0M 3,5MM 20KV CL2","M2",{"$nulls":5},440.87715787500002,495.98680260937499,481.96690898895002,472.94362315777499,481.96690898895002,440.87715787500002,440.87715787500002,440.87715787500002]
["1.9.22","COT-E280","PROPRIA","TOM 2P+T 10 S/PL VM","PC",{"$nulls":5},181.31026138499999,199.07866700073001,184.9364666127,188.44179833280998,184.9364666127,181.31026138499999,181.31026138499999,181.31026138499999]
["1.10","*****","*****","FORNECIMENTO DE MATERIAIS DE ATERRAMENTO E SISTEMA DE PROTEÇÃO CONTRA DESCARGAS ATMOSFÉRICAS - (ATERRAMENTO E SPDA) - EBP",{"$nulls":12},{"$error":"#NUM!"}]
["1.10.1","COT-E281","PROPRIA","ADERIDISCO INOX 60MM 1/4\" TEL0756YT","PC",{"$nulls":5},9.0433368299999994,9.4502869873499993,9.6582837344399994,{"$f":"AVERAGE(K300:M300)","v":9.3839691839299988},{"$f":"MEDIAN(K300:M300)","v":9.4502869873499993},{"$f":"SMALL(K300:M300,1)","v":9.0433368299999994},9.0433368299999994,9.0433368299999994]
["1.10.2","COT-E282","PROPRIA","ADESIVO MONOCOMP POLIUR. SUP LISA 290ML","PC",{"$nulls":5},184.49530852500001,192.79759740862499,197.04098950470001,191.44463181277501,192.79759740862499,184.49530852500001,184.49530852500001,184.49530852500001]
["1.10.3","COT-E283","PROPRIA","BARRA CHATA ALUM. 7/8\"X1/8\" 6M","BR",{"$nulls":5},58.432647735000003,64.159047213029993,59.601300689699997,60.730998545910005,59.601300689699997,58.432647735000003,58.432647735000003,58.432647735000003]
["1.10.4","COT-E284","PROPRIA","CABO DE COBRE NU  50MM2 7F NBR6524 403KG","M",{"$nulls":5},53.92727241,58.726799654490002,61.477090547400003,58.043720870630004,58.726799654490002,53.92727241,53.92727241,53.92727241]
["1.10.5","COT-E285","PROPRIA","CABO DE COBRE NU  70MM2 NBR6524 566KG/KM","M",{"$nulls":5},75.109549185000006,82.470285005129995,76.611740168699995,78.063858119610003,76.611740168699995,75.109549185000006,75.109549185000006,75.109549185000006]
["1.10.6","COT-E286","PROPRIA","CABO DE COBRE NU 35MM2 NBR6524 (290KG/KM","M",{"$nulls":5},39.655785344999998,43.54205230881,40.448901051900002,41.21557956857,40.448901051900002,39.655785344999998,39.655785344999998,39.655785344999998]
["1.10.7","COT-E287","PROPRIA","CAIXA INSPECAO ATERRAM 300X300MM CONICA","PC",{"$nulls":5},35.248924424999998,36.835126024125003,37.645851285900001,36.576633911675003,36.835126024125003,35.248924424999998,35.248924424999998,35.248924424999998]
["1.10.8","COT-E288","PROPRIA","CAIXA INSPECAO SUSP DE PVC P/ TUBO 1\"","PC",{"$nulls":5},20.976009614999999,23.409226730339999,22.234570191900001,22.206602179079997,22.234570191900001,20.976009614999999,20.976009614999999,20.976009614999999]
["1.10.9","COT-E289","PROPRIA","CARTUCHO P/SOLDA  65G","PC",{"$nulls":5},13.56878457,12.6189696501,15.1970387184,13.7949309795,13.56878457,12.6189696501,12.6189696501,12.6189696501]
["1.10.10","COT-E290","PROPRIA","CARTUCHO P/SOLDA 150G","PC",{"$nulls":5},30.906647970000002,28.7431826121,34.615445726399997,31.421758769500002,30.906647970000002,28.7431826121,28.7431826121,28.7431826121]
["1.10.11","COT-E291","PROPRIA","CONECTOR EMENDA  BARRA CHATA","PC",{"$nulls":5},10.042506375,11.02667199975,10.243356502499999,10.43751162575,10.243356502499999,10.042506375,10.042506375,10.042506375]
["1.10.12","COT-E292","PROPRIA","CONECTOR PARAFUSO FENDIDO  35MM2 MCI","PC",{"$nulls":5},13.718361854999999,14.939296060095,14.541463566299999,14.399707160464999,14.541463566299999,13.718361854999999,13.718361854999999,13.718361854999999]
["1.10.13","COT-E293","PROPRIA","CONECTOR PARAFUSO FENDIDO  50MM2 INTELI","PC",{"$nulls":5},19.420943354999999,21.324195803790001,21.751456557600001,20.83219857213,21.324195803790001,19.420943354999999,19.420943354999999,19.420943354999999]
["1.10.14","COT-E294","PROPRIA","CONECTOR PARAFUSO FENDIDO  70MM2","PC",{"$nulls":5},26.355920744999999,28.938800978010001,29.518631234400001,28.27111765247,28.938800978010001,26.355920744999999,26.355920744999999,26.355920744999999]
["1.10.15","COT-E295","PROPRIA","ELETRODUTO PVC PT 01\"  ROSCAVEL TIGRE","BR",{"$nulls":5},26.101194240000002,25.579170355199999,25.187652441600001,25.622672345600005,25.579170355199999,25.187652441600001,25.187652441600001,25.187652441600001]
["1.10.16","COT-E296","PROPRIA","GRAMPO TERRA DUPLO GTDU H5/8\" C16-70M2","PC",{"$nulls":5},41.310037889999997,45.358421603220002,46.267242436799997,44.311900643340003,45.358421603220002,41.310037889999997,41.310037889999997,41.310037889999997]
["1.10.17","COT-E297","PROPRIA","HASTE COBREADA 14,3MMX3M A/C","BR",{"$nulls":5},164.07309599999999,176.70672439200001,169.323435072,170.034418488,169.323435072,164.07309599999999,164.07309599999999,164.07309599999999]
["1.10.18","COT-E298","PROPRIA","ISOLADOR SIMP FIX. HORIZONTAL GALV 200MM","PC",{"$nulls":5},6.38756316,7.1285204865600003,6.7708169496000004,6.7623001987200011,6.7708169496000004,6.38756316,6.38756316,6.38756316]
["1.10.19","COT-E299","PROPRIA","MOLDE T CABO/CABO CTA50.35B CART-32","PC",{"$nulls":5},71.946254159999995,66.910016368800001,80.579804659199993,73.145358395999992,71.946254159999995,66.910016368800001,66.910016368800001,66.910016368800001]
["1.10.20","COT-E300","PROPRIA","MOLDE T CABO/HASTE CGXA5/8.50.50 CART150","PC",{"$nulls":5},236.15590976999999,219.6249960861,264.4946189424,240.09184159949999,236.15590976999999,219.6249960861,219.6249960861,219.6249960861]
["1.10.21","COT-E301","PROPRIA","MOLDE X CABO/HASTE CGXA5/8.70 CART-150","PC",{"$nulls":5},232.16561444999999,215.91402143849999,260.02548818399998,236.03504135749998,232.16561444999999,215.91402143849999,215.91402143849999,215.91402143849999]
["1.10.22","COT-E302","PROPRIA","PRESILHA LATAO 35/50MM2 5MM","PC",{"$nulls":5},1.380629415,1.5407824271399999,1.4634671799000001,1.4616263406799999,1.4634671799000001,1.380629415,1.380629415,1.380629415]
["1.10.23","COT-E303","PROPRIA","TAMPA CAIXA DE INSPECAO 300MM FERRO FUND","PC",{"$nulls":5},62.915683049999998,65.746888787250001,67.193949497399998,65.28550711154999,65.746888787250001,62.915683049999998,62.915683049999998,62.915683049999998]
["1.11","*****","*****","FORNECIMENTO DE MATERIAIS E CABOS - EBP",{"$nulls":12},{"$error":"#NUM!"}]
["1.11.1","COT-E304","PROPRIA","ABRACADEIRA TIPO D PARAFUSO 01\"","PC",{"$nulls":5},2.0737576199999999,2.1297490757399999,2.2251419262600001,{"$f":"AVERAGE(K324:M324)","v":2.1428828740000001},{"$f":"MEDIAN(K324:M324)","v":2.1297490757399999},{"$f":"SMALL(K324:M324,1)","v":2.0737576199999999},2.0737576199999999,2.0737576199999999]
["1.11.2","COT-E305","PROPRIA","ABRACADEIRA TIPO D PARAFUSO 1.1/2\"","PC",{"$nulls":5},4.3889721149999996,4.5074743621050004,4.7093670793950002,4.5352711855000001,4.5074743621050004,4.3889721149999996,4.3889721149999996,4.3889721149999996]
["1.11.3","COT-E306","PROPRIA","ADAPTADOR ALUM MULT.  01\" S/ROSCA TRAMON","PC",{"$nulls":5},3.8282042700000001,4.2098762357190003,3.6942171205499998,3.9107658754229999,3.8282042700000001,3.6942171205499998,3.6942171205499998,3.6942171205499998]
["1.11.4","COT-E307","PROPRIA","ADAPTADOR ALUM MULT. 1.1/2\" S/ROSCA TRAM","PC",{"$nulls":5},8.203066905,9.0209126754284998,7.9159595633249999,8.3799797145844988,8.203066905,7.9159595633249999,7.9159595633249999,7.9159595633249999]
["1.11.5","COT-E308","PROPRIA","CABO 0,6/1KV 1X 95MM2 FLEX 90 AZ","M",{"$nulls":5},100.84137739499999,110.72383237971,102.8582049429,104.80780490587,102.8582049429,100.84137739499999,100.84137739499999,100.84137739499999]
["1.11.6","COT-E309","PROPRIA","CABO 0,6/1KV 1X 95MM2 FLEX 90 PT","M",{"$nulls":5},100.84137739499999,110.72383237971,102.8582049429,104.80780490587,102.8582049429,100.84137739499999,100.84137739499999,100.84137739499999]
["1.11.7","COT-E310","PROPRIA","CABO 0,6/1KV 1X 95MM2 FLEX 90 VD","M",{"$nulls":5},100.84137739499999,110.72383237971,102.8582049429,104.80780490587,102.8582049429,100.84137739499999,100.84137739499999,100.84137739499999]
["1.11.8","COT-E311","PROPRIA","CABO FLEXIVEL 750V  2,5MM2 AZ","M",{"$nulls":5},2.4453072599999999,2.6849473714799998,2.4942134052,2.5414893455600001,2.4942134052,2.4453072599999999,2.4453072599999999,2.4453072599999999]
["1.11.9","COT-E312","PROPRIA","CABO FLEXIVEL 750V  2,5MM2 PT","M",{"$nulls":5},2.4453072599999999,2.6849473714799998,2.4942134052,2.5414893455600001,2.4942134052,2.4453072599999999,{"$f":"SMALL(N332:P332,1)","v":2.4453072599999999},{"$f":"AVERAGE(J332,Q332)","v":2.4453072599999999}]
["1.11.10","COT-E313","PROPRIA","CABO FLEXIVEL 750V  2,5MM2 VD","M",{"$nulls":5},2.4453072599999999,2.6849473714799998,2.4942134052,2.5414893455600001,2.4942134052,2.4453072599999999,2.4453072599999999,2.4453072599999999]
["1.11.11","COT-E314","PROPRIA","CABO FLEXIVEL 750V  4MM2 AZ","M",{"$nulls":5},4.0926730349999998,4.4937549924300004,4.1745264957000003,4.2536515077099999,4.1745264957000003,4.0926730349999998,4.0926730349999998,4.0926730349999998]
["1.11.12","COT-E315","PROPRIA","CABO FLEXIVEL 750V  4MM2 PT","M",{"$nulls":5},4.0926730349999998,4.4937549924300004,4.1745264957000003,4.2536515077099999,4.1745264957000003,4.0926730349999998,4.0926730349999998,4.0926730349999998]
["1.11.13","COT-E316","PROPRIA","CABO FLEXIVEL 750V  4MM2 VD","M",{"$nulls":5},4.0926730349999998,4.4937549924300004,4.1745264957000003,4.2536515077099999,4.1745264957000003,4.0926730349999998,4.0926730349999998,4.0926730349999998]
["1.11.14","COT-E317","PROPRIA","CABO FLEXIVEL 750V  6MM2 AZ","M",{"$nulls":5},6.0835374599999996,6.6797241310800004,6.2052082092000003,6.3228232667599995,6.2052082092000003,6.0835374599999996,6.0835374599999996,6.0835374599999996]
["1.11.15","COT-E318","PROPRIA","CABO FLEXIVEL 750V  6MM2 PT","M",{"$nulls":5},6.0835374599999996,6.6797241310800004,6.2052082092000003,6.3228232667599995,6.2052082092000003,6.0835374599999996,6.0835374599999996,6.0835374599999996]
["1.11.16","COT-E319","PROPRIA","CABO FLEXIVEL 750V  6MM2 VD","M",{"$nulls":5},6.0835374599999996,6.6797241310800004,6.2052082092000003,6.3228232667599995,6.2052082092000003,6.0835374599999996,6.0835374599999996,6.0835374599999996]
["1.11.17","COT-E320","PROPRIA","CABO FLEXIVEL 750V 16MM2 AZ","M",{"$nulls":5},16.958167215,18.620067602070002,17.297330559300001,17.625188458789999,17.297330559300001,16.958167215,16.958167215,16.958167215]
["1.11.18","COT-E321","PROPRIA","CABO FLEXIVEL 750V 16MM2 PT","M",{"$nulls":5},16.958167215,18.620067602070002,17.297330559300001,17.625188458789999,17.297330559300001,16.958167215,16.958167215,16.958167215]
["1.11.19","COT-E322","PROPRIA","CABO FLEXIVEL 750V 16MM2 VD","M",{"$nulls":5},16.958167215,18.620067602070002,17.297330559300001,17.625188458789999,17.297330559300001,16.958167215,16.958167215,16.958167215]
["1.11.20","COT-E323","PROPRIA","CABO MT 12/20KV  50MM2 COBRE 90° PT","M",{"$nulls":5},112.873404435,123.93499806963,115.13087252370001,117.31309167611001,115.13087252370001,112.873404435,112.873404435,112.873404435]
["1.11.21","COT-E324","PROPRIA","CABO MT 3,6/6KV  50MM2 COBRE 90° PT","M",{"$nulls":5},112.873404435,123.93499806963,115.13087252370001,117.31309167611001,115.13087252370001,112.873404435,112.873404435,112.873404435]
["1.11.22","COT-E325","PROPRIA","CABO MT 3,6/6KV 185MM2 COBRE 105° PT","M",{"$nulls":5},342.129106605,375.65775905228998,383.18459939759998,366.99048835162995,375.65775905228998,342.129106605,342.129106605,342.129106605]
["1.11.23","COT-E326","PROPRIA","CONDULETE AL MULTIPLO X 01\" S/T TRAM","PC",{"$nulls":5},16.938850665,18.627654076300502,16.345990891724998,17.304165211008499,16.938850665,16.345990891724998,16.345990891724998,16.345990891724998]
["1.11.24","COT-E327","PROPRIA","CONDULETE AL MULTIPLO X 1.1/2\"/1.1/4 C/T","PC",{"$nulls":5},44.953811100000003,49.435706066670001,43.380427711499998,45.923314959390005,44.953811100000003,43.380427711499998,43.380427711499998,43.380427711499998]
["1.11.25","COT-E328","PROPRIA","CONECTOR BOX RETO 01\"","PC",{"$nulls":5},6.6624460650000001,7.3266919376804998,6.4292604527249999,6.8061328184685008,6.6624460650000001,6.4292604527249999,6.4292604527249999,6.4292604527249999]
["1.11.26","COT-E329","PROPRIA","CONECTOR BOX RETO 1.1/2\"","PC",{"$nulls":5},13.15608228,14.467743683316,12.6956194002,13.439815121172002,13.15608228,12.6956194002,12.6956194002,12.6956194002]
["1.11.27","COT-E330","PROPRIA","CONJ. INT. 3 TCL SIMP. C/PL  BR KLIN","PC",{"$nulls":5},24.300135914999998,26.664539139529499,26.431257834745502,25.798644296425,26.431257834745502,24.300135914999998,24.300135914999998,24.300135914999998]
["1.11.28","COT-E331","PROPRIA","CURVA GALV. A FOGO 01\" NBR 5598 BSP","PC",{"$nulls":5},16.721329515000001,16.437066913245001,18.226249171349998,17.128215199865,16.721329515000001,16.437066913245001,16.437066913245001,16.437066913245001]
["1.11.29","COT-E332","PROPRIA","CURVA GALV. A FOGO 1.1/2\"  NBR 5598 BSP","PC",{"$nulls":5},39.536778599999998,38.864653363800002,43.095088674000003,40.498840212600008,39.536778599999998,38.864653363800002,38.864653363800002,38.864653363800002]
["1.11.30","COT-E333","PROPRIA","DUTO CORRUGADO 4\" 110MM","M",{"$nulls":5},9.5394362249999993,8.8716756892500008,10.016408036250001,9.4758399835000002,9.5394362249999993,8.8716756892500008,8.8716756892500008,8.8716756892500008]
["1.11.31","COT-E334","PROPRIA","ELETRODUTO GALV. A FOGO 01\"X2,65MM 5598","BR",{"$nulls":5},117.93056120999999,115.92574166943,128.54431171889999,120.80020486610999,117.93056120999999,115.92574166943,115.92574166943,115.92574166943]
["1.11.32","COT-E335","PROPRIA","ELETRODUTO GALV. A FOGO 1.1/2\"X3,0MM5598","BR",{"$nulls":5},195.875779935,192.54589167610499,213.50460012914999,200.64209058008501,195.875779935,192.54589167610499,192.54589167610499,192.54589167610499]
["1.11.33","COT-E336","PROPRIA","FITA DE ADVERTENCIA 100M EXT X INT","RL",{"$nulls":5},94.227726614999995,87.631785751950005,98.939112945749997,93.59954177089999,94.227726614999995,87.631785751950005,87.631785751950005,87.631785751950005]
["1.11.34","COT-E337","PROPRIA","LAMP. LED BULBO  40W 6,5K BIV E27 DECORL","PC",{"$nulls":5},101.81048031,93.665641885200003,104.86479471929999,100.1136389715,101.81048031,93.665641885200003,93.665641885200003,93.665641885200003]
["1.11.35","COT-E338","PROPRIA","LUMINARIA BLIND. ARTICUL 45-90G 300W E27","PC",{"$nulls":5},427.48323007499999,470.103308113477,412.521317022375,436.70261840361735,427.48323007499999,412.521317022375,412.521317022375,412.521317022375]
["1.11.36","COT-E339","PROPRIA","LUMINARIA DE EMERG. 3000LM 3 FAROIS LUXP","PC",{"$nulls":5},320.56016289000002,359.98906292547002,346.2049759212,342.25140057889001,346.2049759212,320.56016289000002,320.56016289000002,320.56016289000002]
["1.11.37","COT-E340","PROPRIA","PRENSA CABO TERMOPLASTICO 01\" CZ RMC","PC",{"$nulls":5},12.53980035,13.95930574962,13.668382381500001,13.389162827040002,13.668382381500001,12.53980035,12.53980035,12.53980035]
["1.11.38","COT-E341","PROPRIA","PRENSA CABO TERMOPLASTICO 1.1/2\" CZ RMC","PC",{"$nulls":5},31.108463924999999,34.629942041310002,33.908225678249998,33.215543881519999,33.908225678249998,31.108463924999999,31.108463924999999,31.108463924999999]
["1.11.39","COT-E342","PROPRIA","TAMPA ALUM 01\"  CEGA TRAMONTINA","PC",{"$nulls":5},6.3698423249999996,7.0049156048025001,6.1468978436250001,6.5072185911424993,6.3698423249999996,6.1468978436250001,6.1468978436250001,6.1468978436250001]
["1.11.40","COT-E343","PROPRIA","TAMPA ALUM 01\" 2 POSTOS TRAMONTINA","PC",{"$nulls":5},7.3203845550000004,8.0502268951335001,7.0641710955750003,7.4782608485695006,7.3203845550000004,7.0641710955750003,7.0641710955750003,7.0641710955750003]
["1.11.41","COT-E344","PROPRIA","TAMPA ALUM 01\" 3 POSTOS TRAMONTINA","PC",{"$nulls":5},7.7597100899999996,8.5333531859730005,7.4881202368500004,7.927061170941001,7.7597100899999996,7.4881202368500004,7.4881202368500004,7.4881202368500004]
["1.11.42","COT-E345","PROPRIA","TERMINAL COMPRESSAO  95MM2 M10 1F1C","PC",{"$nulls":5},8.4493109250000007,8.7534861182999997,9.2097489082500008,8.8041819838500004,8.7534861182999997,8.4493109250000007,8.4493109250000007,8.4493109250000007]
["1.11.43","COT-E346","PROPRIA","TERMINAL MUFLA POLIM EXT 15KV  50MM2 PRY","PC",{"$nulls":5},342.005312715,378.94188648822001,352.26547209645003,357.73755709989001,352.26547209645003,342.005312715,342.005312715,342.005312715]
["1.11.44","COT-E347","PROPRIA","TERMINAL MUFLA POLIM EXT 15KV 240MM2 PRY","PC",{"$nulls":5},507.57854878500001,562.39703205377998,522.80590524854995,530.92716202911004,522.80590524854995,507.57854878500001,507.57854878500001,507.57854878500001]
["1.11.45","COT-E348","PROPRIA","TOM 2P+T 10A S/PL  P/ 2 MOD PT/VM","PC",{"$nulls":5},7.6461623699999999,8.3901339686010008,8.316730809849,8.1176757161500017,8.316730809849,7.6461623699999999,7.6461623699999999,7.6461623699999999]
["1.11.46","COT-E349","PROPRIA","TOM DUPLA 2P+T 20A S/PL  P/3 MOD PT/PT","PC",{"$nulls":5},14.27828985,15.667567452405001,15.530495869845,15.15878439075,15.530495869845,14.27828985,14.27828985,14.27828985]
["1.11.47","COT-E350","PROPRIA","TOM IND SOB 220V 2P+T 16A 6H","PC",{"$nulls":5},60.095550735000003,64.692860366227507,64.482525938655002,63.090312346627506,64.482525938655002,60.095550735000003,60.095550735000003,60.095550735000003]
["1.11.48","COT-E351","PROPRIA","TOM IND SOB 380/440V 3P+T  16A 6H VM IP4","PC",{"$nulls":5},77.825456114999994,83.779103507797501,83.506714411394995,81.703758011397497,83.506714411394995,77.825456114999994,77.825456114999994,77.825456114999994]
["1.11.49","COT-E352","PROPRIA","TOM IND SOB 380/440V 3P+T  32A 6H","PC",{"$nulls":5},78.805980989999995,84.834638535734996,84.558817602269997,82.733145709335005,84.558817602269997,78.805980989999995,78.805980989999995,78.805980989999995]
["1.11.50","COT-E353","PROPRIA","TOM IND SOB 380/440V 3P+T  63A 6H VM","PC",{"$nulls":5},270.70154380499997,291.410211906082,290.46275650276499,284.19150407128228,290.46275650276499,270.70154380499997,270.70154380499997,270.70154380499997]
["1.11.51","COT-E354","PROPRIA","ROLAMENTO 6322 C3","PC",{"$nulls":5},3774,4038.18,4075.92,3962.7000000000003,4038.18,3774,3774,3774]
["1.11.52","COT-E355","PROPRIA","ROLAMENTO 6319 C3","PC",{"$nulls":5},2081.59,2227.3013000000001,2248.1172000000001,2185.6695,2227.3013000000001,2081.59,2081.59,2081.59]
["1.12","*****","*****","FORNECIMENTO DE QUADRO DE AUTOMAÇÃO DO RESERVATORIO - (QA RESERVATORIO)",{"$nulls":12},{"$error":"#NUM!"}]
["1.12.1","COT-E356","PROPRIA","BLOCO DISTRIB 4X11 LIG 6-16MM2 125A CONN","PC",{"$nulls":5},133.39134458999999,127.615499369253,140.06091181950001,{"$f":"AVERAGE(K377:M377)","v":133.68925192625099},{"$f":"MEDIAN(K377:M377)","v":133.39134458999999},{"$f":"SMALL(K377:M377,1)","v":127.615499369253},127.615499369253,127.615499369253]
["1.12.2","COT-E357","PROPRIA","BORNE MOLA PUSH IN 2,5MM CP2,5 CZ","PC",{"$nulls":5},3.6151534125000002,3.4586172697387498,3.795911083125,3.6232272551212503,3.6151534125000002,3.4586172697387498,3.4586172697387498,3.4586172697387498]
["1.12.3","COT-E358","PROPRIA","BORNE PORTA FUSIVEL LED CF4UL6-60V CZ","PC",{"$nulls":5},19.085316389999999,18.258922190313001,20.039582209500001,19.127940263271,19.085316389999999,18.258922190313001,18.258922190313001,18.258922190313001]
["1.12.4","COT-E359","PROPRIA","BORNE RELE SLIM 1REV  24VCC PARAFUSO","PC",{"$nulls":5},51.976358122500002,49.725781815795699,54.575176028625002,52.09243865564023,51.976358122500002,49.725781815795699,49.725781815795699,49.725781815795699]
["1.12.5","COT-E360","PROPRIA","CABO FLEXIVEL 750V  1,0MM2 AZ","M",{"$nulls":5},1.29807216,1.4252832316799999,1.3240336032,1.3491296649600002,1.3240336032,1.29807216,1.29807216,1.29807216]
["1.12.6","COT-E361","PROPRIA","CABO FLEXIVEL 750V  1,0MM2 CZ","M",{"$nulls":5},1.29807216,1.4252832316799999,1.3240336032,1.3491296649600002,1.3240336032,1.29807216,1.29807216,1.29807216]
["1.12.7","COT-E362","PROPRIA","CABO FLEXIVEL 750V  1,0MM2 PT","M",{"$nulls":5},1.29807216,1.4252832316799999,1.3240336032,1.3491296649600002,1.3240336032,1.29807216,1.29807216,1.29807216]
["1.12.8","COT-E363","PROPRIA","CABO FLEXIVEL 750V  1,0MM2 VM","M",{"$nulls":5},1.29807216,1.4252832316799999,1.3240336032,1.3491296649600002,1.3240336032,1.29807216,1.29807216,1.29807216]
["1.12.9","COT-E364","PROPRIA","CANALETA PVC  50X80MM VENTIL CZ 2M HELLE","BR",{"$nulls":5},91.275348464999993,88.856551730677495,96.751869372900003,92.294589856192488,91.275348464999993,88.856551730677495,88.856551730677495,88.856551730677495]
["1.12.10","COT-E365","PROPRIA","CX POLARIS C/PLACA 600X1000X350MM QGBT - MONTADO, TESTADO E COMISSIONADO EM FÁBRICA","PC",{"$nulls":5},6192.6728501295001,6657.1233138892103,5821.1124791217298,6223.6362143801462,6192.6728501295001,5821.1124791217298,5821.1124791217298,5821.1124791217298]
["1.12.11","COT-E366","PROPRIA","DISJ. BIP.  10A SJ202T-C10 3KA","PC",{"$nulls":5},50.105649509999999,48.853008272250001,50.887297642356003,49.948651808202008,50.105649509999999,48.853008272250001,48.853008272250001,48.853008272250001]
["1.12.12","COT-E367","PROPRIA","DISJ. UNIP  10A SJ201T-C10 3KA","PC",{"$nulls":5},11.7975294675,11.5025912308125,11.981570927192999,11.760563875168501,11.7975294675,11.5025912308125,11.5025912308125,11.5025912308125]
["1.12.13","COT-E368","PROPRIA","DISJ. UNIP  20A SJ201 T-C20 3KA","PC",{"$nulls":5},11.7975294675,11.5025912308125,11.981570927192999,11.760563875168501,11.7975294675,11.5025912308125,11.5025912308125,11.5025912308125]
["1.12.14","COT-E369","PROPRIA","FIM DE CURSO T2R ALAV FLEX C/ROLD","PC",{"$nulls":5},52.204995832500003,56.861681460759002,55.337295582449997,54.801324291903001,55.337295582449997,52.204995832500003,52.204995832500003,52.204995832500003]
["1.12.15","COT-E370","PROPRIA","FONTE ALIM. CP-E 24/10.0  10A 24VCC ABB","PC",{"$nulls":5},1268.7253234425,1237.0071903564401,1288.5174384882,1264.7499840957134,1268.7253234425,1237.0071903564401,1237.0071903564401,1237.0071903564401]
["1.12.16","COT-E371","PROPRIA","LUMINARIA LINEAR P/PAINEL  60CM 7W 6,5K","PC",{"$nulls":5},60.6854346525,54.7989474912075,58.864871612925,58.116417918877495,58.864871612925,54.7989474912075,54.7989474912075,54.7989474912075]
["1.12.17","COT-E372","PROPRIA","PLAQUETA DE EMERG P/BOTAO 22MM","PC",{"$nulls":5},11.9718136125,11.624631017737499,12.69012242925,12.095522353162499,11.9718136125,11.624631017737499,11.624631017737499,11.624631017737499]
["1.12.18","COT-E373","PROPRIA","PORTA PLAQUETA APP30T 30X50","PC",{"$nulls":5},5.8021228125000004,6.4246905902812497,6.3109689831562497,6.1792607953125005,6.3109689831562497,5.8021228125000004,5.8021228125000004,5.8021228125000004]
["1.12.19","COT-E374","PROPRIA","POSTE EXTREMIDADE DIN35 CA802 CZ","PC",{"$nulls":5},2.3331147525000002,2.2320908837167499,2.4497704901250001,2.3383253754472499,2.3331147525000002,2.2320908837167499,2.2320908837167499,2.2320908837167499]
["1.12.20","COT-E375","PROPRIA","PROTETOR DE SURTO 275V  45KA CL-II","PC",{"$nulls":5},45.928521922500003,42.254240168700001,48.224948018625,45.469236703275008,45.928521922500003,42.254240168700001,{"$f":"SMALL(N396:P396,1)","v":42.254240168700001},{"$f":"AVERAGE(J396,Q396)","v":42.254240168700001}]
["1.12.21","COT-E376","PROPRIA","PROTETOR DE SURTO 922.B.010.220 FASTER","PC",{"$nulls":5},189.93348234000001,174.73880375280001,199.43015645700001,188.03414751660003,189.93348234000001,174.73880375280001,174.73880375280001,174.73880375280001]
["1.12.22","COT-E377","PROPRIA","PROTETOR DE SURTO 922.B.010.24VCC FASTER","PC",{"$nulls":5},171.567909765,157.8424769838,180.14630525325001,169.85223066735,171.567909765,157.8424769838,157.8424769838,157.8424769838]
["1.12.23","COT-E378","PROPRIA","SELETOR 3 POS. FIXAS CURTO 2NA XA2ED33","PC",{"$nulls":5},35.768734312500001,34.892400321843802,37.449864825187497,36.036999819843764,35.768734312500001,34.892400321843802,34.892400321843802,34.892400321843802]
["1.12.24","COT-E379","PROPRIA","TERMINAL GARFO 0,5-1,5MM2 VM TPF21-4","PC",{"$nulls":5},0.236173455,0.24467569938,0.25742906594999998,0.24609274011000001,0.24467569938,0.236173455,0.236173455,0.236173455]
["1.12.25","COT-E380","PROPRIA","TERMINAL ISOLADO TUBOLAR  1,0MM2 VM","PC",{"$nulls":5},5.5876747499999997E-2,5.7888310409999998E-2,6.0905654774999998E-2,5.8223570895E-2,5.7888310409999998E-2,5.5876747499999997E-2,5.5876747499999997E-2,5.5876747499999997E-2]
["1.12.26","COT-E381","PROPRIA","TOMADA P/TRILHO 2P+T 10A SIBRATEC","PC",{"$nulls":5},22.256582354999999,25.149938061149999,26.262767178899999,24.556429198350003,25.149938061149999,22.256582354999999,22.256582354999999,22.256582354999999]
["1.12.27","COT-E382","PROPRIA","TRILHO 35X7,5MM 2M LISO PHOENIX","BR",{"$nulls":5},32.564279002500001,28.330922732175001,29.389261799756198,30.094821178143732,29.389261799756198,28.330922732175001,28.330922732175001,28.330922732175001]
["1.12.28","COT-E383","PROPRIA","PLC PM5072-T-2ETH","PC",{"$nulls":5},5627.5179975000001,5486.8300475625001,5715.3072782609997,5609.8851077744994,5627.5179975000001,5486.8300475625001,5486.8300475625001,5486.8300475625001]
["1.12.29","COT-E384","PROPRIA","TERMINAL TA5212-TSCL PLC","PC",{"$nulls":5},124.09929,120.99680775,126.035238924,123.710445558,124.09929,120.99680775,120.99680775,120.99680775]
["1.12.30","COT-E385","PROPRIA","MC5102","PC",{"$nulls":5},442.40434875,431.34424003125002,449.30585659050001,441.01814845724999,442.40434875,431.34424003125002,431.34424003125002,431.34424003125002]
["1.12.31","COT-E386","PROPRIA","DO524 4 AI","PC",{"$nulls":5},2693.6520502499998,2626.3107489937502,2735.6730222339002,2685.2119404925502,2693.6520502499998,2626.3107489937502,2626.3107489937502,2626.3107489937502]
["1.12.32","COT-E387","PROPRIA","TERMINAL TU515 MODULOS","PC",{"$nulls":5},487.17789749999997,474.99845006250001,494.77787270099998,485.65140675449999,487.17789749999997,474.99845006250001,474.99845006250001,474.99845006250001]
["1.12.33","COT-E388","PROPRIA","Antena Direcional YAGI 900MHz -17dBi - CF917","PC",{"$nulls":5},465.97359375000002,504.64940203125002,501.10800271875001,490.5769995,501.10800271875001,465.97359375000002,465.97359375000002,465.97359375000002]
["1.12.34","COT-E389","PROPRIA","Cabo Alfacomp interliga rádio/Centelhador (CONECTORES SMA-M/N-M)","PC",{"$nulls":5},986.94209249999994,1068.8582861775001,1061.3575262745001,1039.052634984,1061.3575262745001,986.94209249999994,986.94209249999994,986.94209249999994]
["1.12.35","COT-E390","PROPRIA","Cabo DLC 213 Com conectores N-macho 10 metros montado","PC",{"$nulls":5},72.038515500000003,78.0177122865,77.470219568700003,75.842149118400002,77.470219568700003,72.038515500000003,72.038515500000003,72.038515500000003]
["1.12.36","COT-E391","PROPRIA","Cabo Serial Alfacomp programação SX900/RM2060/RM2071","PC",{"$nulls":5},285.25199850000001,308.9279143755,306.75999918690002,300.31330402079999,306.75999918690002,285.25199850000001,285.25199850000001,285.25199850000001]
["1.12.37","COT-E392","PROPRIA","Centelhador N - CN3203","PC",{"$nulls":5},78.964987500000007,85.519081462499997,84.918947557500005,83.134338839999998,84.918947557500005,78.964987500000007,78.964987500000007,78.964987500000007]
["1.12.38","COT-E393","PROPRIA","Conector de loopback para teste de bancada","PC",{"$nulls":5},0.16033500000000001,0.17364280500000001,0.172424259,0.168800688,0.172424259,0.16033500000000001,0.16033500000000001,0.16033500000000001]
["1.12.39","COT-E394","PROPRIA","Rádio modem Spread Spectrum-900MHz-1W - Alfacomp RM-SX900","PC",{"$nulls":5},3941.39505375,4268.5308432112497,4238.5762408027504,4149.5007125880002,4238.5762408027504,3941.39505375,3941.39505375,3941.39505375]
["1.13","*****","*****","FORNECIMENTO DE MATERIAIS RESERVATORIO",{"$nulls":12},{"$error":"#NUM!"}]
["1.13.1","COT-E395","PROPRIA","ABRACADEIRA TIPO D PARAFUSO 01\"","PC",{"$nulls":5},2.0737576199999999,2.1297490757399999,2.2251419262600001,{"$f":"AVERAGE(K417:M417)","v":2.1428828740000001},{"$f":"MEDIAN(K417:M417)","v":2.1297490757399999},{"$f":"SMALL(K417:M417,1)","v":2.0737576199999999},2.0737576199999999,2.0737576199999999]
["1.13.2","COT-E396","PROPRIA","ADAPTADOR ALUM MULT.  01\" S/ROSCA TRAMON","PC",{"$nulls":5},3.8282042700000001,4.2098762357190003,3.6942171205499998,3.9107658754229999,3.8282042700000001,3.6942171205499998,3.6942171205499998,3.6942171205499998]
["1.13.3","COT-E397","PROPRIA","CABO 0,6/1KV 3X 6MM2 FLEX 90 PT","M",{"$nulls":5},21.12676269,23.19718543362,21.549297943799999,21.957748689140001,21.549297943799999,21.12676269,21.12676269,21.12676269]
["1.13.4","COT-E398","PROPRIA","CABO BLINDADO CONTROLE 4X1,0MM2","M",{"$nulls":5},8.6128297200000006,9.4568870325599992,8.7850863144000009,8.9516010223200002,8.7850863144000009,8.6128297200000006,8.6128297200000006,8.6128297200000006]
["1.13.5","COT-E399","PROPRIA","CONDULETE AL MULTIPLO L 01\" S/T TRAM","PC",{"$nulls":5},18.178049340000001,19.990400859198001,17.541817613100001,18.570089270766001,18.178049340000001,17.541817613100001,17.541817613100001,17.541817613100001]
["1.13.6","COT-E400","PROPRIA","CONDULETE AL MULTIPLO X 01\" S/T TRAM","PC",{"$nulls":5},16.938850665,18.627654076300502,16.345990891724998,17.304165211008499,16.938850665,16.345990891724998,16.345990891724998,16.345990891724998]
["1.13.7","COT-E401","PROPRIA","DUTO CORRUGADO 1 1/4\" 40MM","M",{"$nulls":5},2.3618261700000001,2.2437348615000001,2.4326809550999999,2.3460806622000003,2.3618261700000001,2.2437348615000001,2.2437348615000001,2.2437348615000001]
["1.13.8","COT-E402","PROPRIA","DUTO CORRUGADO 2\" 63MM","M",{"$nulls":5},4.0493367750000004,3.8468699362500001,4.1708168782500001,4.0223411965000002,4.0493367750000004,3.8468699362500001,3.8468699362500001,3.8468699362500001]
["1.13.9","COT-E403","PROPRIA","ELETRODUTO GALV. A FOGO 01\"X1,5MM 5624","UN",{"$nulls":5},87.516737219999996,96.705994628100001,84.016067731199996,89.412933193100002,87.516737219999996,84.016067731199996,84.016067731199996,84.016067731199996]
["1.13.10","COT-E404","PROPRIA","TAMPA ALUM 01\"  CEGA TRAMONTINA","PC",{"$nulls":5},6.3698423249999996,7.0049156048025001,6.1468978436250001,6.5072185911424993,6.3698423249999996,6.1468978436250001,6.1468978436250001,6.1468978436250001]
["1.13.11","COT-E405","PROPRIA","TRANSMISSOR NIVEL ULTRASSONICO SPA-580-4","PC",{"$nulls":5},8018.9711131200002,8700.5836577352002,7858.5916908576,8192.7154872375995,8018.9711131200002,7858.5916908576,7858.5916908576,7858.5916908576]
["1.14","*****","*****","MÃO DE OBRA - EBP; SUBESTAÇÃO DE ENTRADA E RESERVATÓRIO",{"$nulls":12},{"$error":"#NUM!"}]
["1.14.1","CPU-E01","PROPRIA",{"$f":"#REF!","v":{"$error":"#REF!"}},"UN",{"$nulls":11},{"$error":"#NUM!"}]
["1.14.2","CPU-E02","PROPRIA",{"$f":"#REF!","v":{"$error":"#REF!"}},{"$nulls":12},{"$error":"#NUM!"}]
["1.14.3","CPU-E03","PROPRIA",{"$f":"#REF!","v":{"$error":"#REF!"}},{"$nulls":12},{"$error":"#NUM!"}]
["1.14.4","CPU-E04","PROPRIA",{"$f":"#REF!","v":{"$error":"#REF!"}},{"$nulls":12},{"$error":"#NUM!"}]
[2,null,null,"ESTAÇÃO DE BOMBEAMENTO SECUNDÁRIA 1 - EBS1",{"$nulls":12},{"$error":"#NUM!"}]
["2.1","*****","*****","FORNECIMENTO DE CARRINHO 15KV - EBS1",{"$nulls":12},{"$error":"#NUM!"}]
["2.1.1","COT-E406","PROPRIA","BARRAM TERRA  8F BRT01 8 VERDE","PC",{"$nulls":5},14.3587650405,15.8994605293456,15.6180287345518,{"$f":"AVERAGE(K435:M435)","v":15.292084768132467},{"$f":"MEDIAN(K435:M435)","v":15.6180287345518},{"$f":"SMALL(K435:M435,1)","v":14.3587650405},14.3587650405,14.3587650405]
["2.1.2","COT-E407","PROPRIA","BLOCO DE AFERICAO 3TC´S  CWBAN-3TC","PC",{"$nulls":5},216.28354933049999,206.91847164448899,227.09772679702499,216.76658259067131,216.28354933049999,206.91847164448899,206.91847164448899,206.91847164448899]
["2.1.3","COT-E408","PROPRIA","BORNE MOLA PUSH IN 2,5MM CP2,5 CZ","PC",{"$nulls":5},3.4774332824999998,3.32686042136775,3.6513049466249998,3.4851995501642499,3.4774332824999998,3.32686042136775,3.32686042136775,3.32686042136775]
["2.1.4","COT-E409","PROPRIA","BOTAO EMERG. GIRAR P/SOLTAR 40MM 1NF VM","PC",{"$nulls":5},16.628600913,18.510958536351598,18.125174995169999,17.754911481507197,18.125174995169999,16.628600913,16.628600913,16.628600913]
["2.1.5","COT-E410","PROPRIA","CABO FLEXIVEL 750V  1,0MM2 CZ","M",{"$nulls":5},1.248621792,1.3709867276159999,1.2735942278400001,1.2977342491519999,1.2735942278400001,1.248621792,1.248621792,1.248621792]
["2.1.6","COT-E411","PROPRIA","CABO FLEXIVEL 750V  1,5MM2 PT","M",{"$nulls":5},1.4342339865,1.574788917177,1.46291866623,1.4906471899689999,1.46291866623,1.4342339865,1.4342339865,1.4342339865]
["2.1.7","COT-E412","PROPRIA","CARRINHO DISJ MEDIA 15KV PADRAO WEG - MONTADO, TESTADO E COMISSIONADO EM FÁBRICA","PC",{"$nulls":5},6747.09530889293,7408.3106491644403,6882.0372150707899,7012.4810577093858,6882.0372150707899,6747.09530889293,6747.09530889293,6747.09530889293]
["2.1.8","COT-E413","PROPRIA","COBRE EM BARRA 1 1/4\"X3/8\" 645A 2,69KG/M","M",{"$nulls":5},357.33956353050002,378.06525821526901,389.50012424824502,374.96831533133803,378.06525821526901,357.33956353050002,357.33956353050002,357.33956353050002]
["2.1.9","COT-E414","PROPRIA","DISJ. A VACUO M/T 17,5KV 630A VBWC17P25A","PC",{"$nulls":5},35340.9633627945,39133.048731622403,38440.365849711598,37638.125981376164,38440.365849711598,35340.9633627945,35340.9633627945,35340.9633627945]
["2.1.10","COT-E415","PROPRIA","DISJ. BIP  10A MDW-C10-2 3KA","PC",{"$nulls":5},44.066201120999999,48.794504501283299,47.930806959311703,46.930504193864998,47.930806959311703,44.066201120999999,44.066201120999999,44.066201120999999]
["2.1.11","COT-E416","PROPRIA","NO BREAK 1400VA E-BIV./ S-220 SENOIDAL","PC",{"$nulls":5},2391.5488134735001,2295.88686093456,2152.39393212615,2279.9432021780699,2295.88686093456,2152.39393212615,2152.39393212615,2152.39393212615]
["2.1.12","COT-E417","PROPRIA","PLACA FINAL MOLA PUSH IN 2,5 EPCX2.5","PC",{"$nulls":5},1.1065016114999999,1.0585900917220501,1.161826692075,1.1089727984323499,1.1065016114999999,1.0585900917220501,1.0585900917220501,1.0585900917220501]
["2.1.13","COT-E418","PROPRIA","PLAQUETA DE EMERG P/BOTAO 22MM 90MM GRAN","PC",{"$nulls":5},7.7496754095,8.6269386658554001,8.4471461963549999,8.2745867572367988,8.4471461963549999,7.7496754095,7.7496754095,7.7496754095]
["2.1.14","COT-E419","PROPRIA","PORTA PLAQUETA APP30T 30X50 RMC","PC",{"$nulls":5},3.8748762614999999,4.3135122543018003,4.2236151250349998,4.1373345469456,4.2236151250349998,3.8748762614999999,3.8748762614999999,3.8748762614999999]
["2.1.15","COT-E420","PROPRIA","POSTE EXTREMIDADE DIN35 CA802 CZ","PC",{"$nulls":5},2.2442341904999998,2.1470588500513501,2.3564459000250002,2.2492463135254499,2.2442341904999998,2.1470588500513501,2.1470588500513501,2.1470588500513501]
["2.1.16","COT-E421","PROPRIA","RELE PROTEÇAO 7SR1002KB102CA0","PC",{"$nulls":5},5185.1418913785001,5615.5086683629197,5807.3589183439199,5536.0031593617796,5615.5086683629197,5185.1418913785001,5185.1418913785001,5185.1418913785001]
["2.1.17","COT-E422","PROPRIA","SINALEIRO LED 22MM 220V AM RMC","PC",{"$nulls":5},8.6354010705000004,9.6129284716806005,9.4125871668450003,9.2203055696751992,9.4125871668450003,8.6354010705000004,8.6354010705000004,8.6354010705000004]
["2.1.18","COT-E423","PROPRIA","SINALEIRO LED 22MM 220V VD RMC","PC",{"$nulls":5},7.7496754095,8.6269386658554001,8.4471461963549999,8.2745867572367988,8.4471461963549999,7.7496754095,7.7496754095,7.7496754095]
["2.1.19","COT-E424","PROPRIA","SINALEIRO LED 22MM 220V VM RMC","PC",{"$nulls":5},7.7496754095,8.6269386658554001,8.4471461963549999,8.2745867572367988,8.4471461963549999,7.7496754095,7.7496754095,7.7496754095]
["2.1.20","COT-E425","PROPRIA","TOMADA P/TRILHO 2P+T 20A MEC-TRONIC","PC",{"$nulls":5},11.624474557499999,11.624474557499999,12.321943030950001,11.856964048649999,11.624474557499999,11.624474557499999,11.624474557499999,11.624474557499999]
["2.1.21","COT-E426","PROPRIA","TRANSF. CORRENTE 15KV 250/5A IMP15B1","PC",{"$nulls":5},2476.6434836100002,2729.2611189382201,2606.4196021511598,2604.1080682331267,2606.4196021511598,2476.6434836100002,2476.6434836100002,2476.6434836100002]
["2.1.22","COT-E427","PROPRIA","TRILHO 35X7,5MM 2M LISO PHOENIX","BR",{"$nulls":5},31.323735040500001,27.251649485234999,28.2696708740513,28.948351799928769,28.2696708740513,27.251649485234999,27.251649485234999,27.251649485234999]
["2.2","*****","*****","FORNECIMENTO DE CENTRO DE CONTROLE DE MOTORES 1250A - (CCM 1250A) - EBS1",{"$nulls":12},{"$error":"#NUM!"}]
["2.2.1","COT-E428","PROPRIA","BLOCO DE AFERICAO 3TC´S  ST6 C416143","PC",{"$nulls":5},131.31412449749999,147.07181943719999,146.78292836330499,{"$f":"AVERAGE(K458:M458)","v":141.72295743266832},{"$f":"MEDIAN(K458:M458)","v":146.78292836330499},{"$f":"SMALL(K458:M458,1)","v":131.31412449749999},131.31412449749999,131.31412449749999]
["2.2.2","COT-E429","PROPRIA","BOTAO EMERG. GIRA P/SOLTAR CEW 1NA+1NF","PC",{"$nulls":5},50.5052844975,55.924501524081698,54.934597947930698,53.78812798983747,54.934597947930698,50.5052844975,50.5052844975,50.5052844975]
["2.2.3","COT-E430","PROPRIA","CABO FLEXIVEL 750V  1,0MM2 AZ","M",{"$nulls":5},1.29807216,1.4252832316799999,1.3759564896000001,1.36643729376,1.3759564896000001,1.29807216,{"$f":"SMALL(N460:P460,1)","v":1.29807216},{"$f":"AVERAGE(J460,Q460)","v":1.29807216}]
["2.2.4","COT-E431","PROPRIA","CABO FLEXIVEL 750V  1,0MM2 CZ","M",{"$nulls":5},1.29807216,1.4252832316799999,1.3759564896000001,1.36643729376,1.3759564896000001,1.29807216,1.29807216,1.29807216]
["2.2.5","COT-E432","PROPRIA","CABO FLEXIVEL 750V  1,5MM2 PT","M",{"$nulls":5},1.4910353325000001,1.6371567950849999,1.58049745245,1.5695631933449998,1.58049745245,1.4910353325000001,1.4910353325000001,1.4910353325000001]
["2.2.6","COT-E433","PROPRIA","CABO FLEXIVEL 750V  1,5MM2 VD","M",{"$nulls":5},1.4910353325000001,1.6371567950849999,1.58049745245,1.5695631933449998,1.58049745245,1.4910353325000001,1.4910353325000001,1.4910353325000001]
["2.2.7","COT-E434","PROPRIA","CANALETA PVC  30X50MM VENTIL CZ 2M HELLE","BR",{"$nulls":5},44.619226312499997,43.436816815218698,47.296379891249998,45.117474339656233,44.619226312499997,43.436816815218698,43.436816815218698,43.436816815218698]
["2.2.8","COT-E435","PROPRIA","CANALETA PVC  50X80MM VENTIL CZ 2M HELLE","BR",{"$nulls":5},91.275348464999993,88.856551730677495,96.751869372900003,92.294589856192488,91.275348464999993,88.856551730677495,88.856551730677495,88.856551730677495]
["2.2.9","COT-E436","PROPRIA","CHAVE SECC. COM CARGA NH03 630A FSW 630-","PC",{"$nulls":5},1535.0796776699999,1699.79372708399,1669.70616540166,1634.85985671855,1669.70616540166,1535.0796776699999,1535.0796776699999,1535.0796776699999]
["2.2.10","COT-E437","PROPRIA","CHAVE SOFT STARTER SSW900  200A 220/575","PC",{"$nulls":5},14655.218973569999,16227.723969434101,15940.481677552099,15607.808206852065,15940.481677552099,14655.218973569999,14655.218973569999,14655.218973569999]
["2.2.11","COT-E438","PROPRIA","COBRE EM BARRA  5/8\"X3/16\" 176A 0,673KG/","M",{"$nulls":5},92.937381075000005,98.32774917735,101.30174537175,97.522291874700002,98.32774917735,92.937381075000005,92.937381075000005,92.937381075000005]
["2.2.12","COT-E439","PROPRIA","COBRE EM BARRA 01\"X3/16\" 281A 1,08KG/M","M",{"$nulls":5},149.15323710000001,157.8041248518,162.577028439,156.51146346359999,157.8041248518,149.15323710000001,149.15323710000001,149.15323710000001]
["2.2.13","COT-E440","PROPRIA","COBRE EM BARRA 2.1/2\"X1/2\"1642A 7,18KG/M","M",{"$nulls":5},1014.89201037,1073.75574697146,1106.2322913032999,1064.96001621492,1073.75574697146,1014.89201037,1014.89201037,1014.89201037]
["2.2.14","COT-E441","PROPRIA","DISJ. BIP  10A MDWH-C10-2 10KA","PC",{"$nulls":5},106.45209839250001,117.874408550015,115.78794742152201,113.37148478801232,115.78794742152201,106.45209839250001,106.45209839250001,106.45209839250001]
["2.2.15","COT-E442","PROPRIA","DISJ. TRIP   10A MDWH-C10-3 10KA","PC",{"$nulls":5},161.17627774499999,178.470492347038,175.311437303236,171.65273579842469,175.311437303236,161.17627774499999,161.17627774499999,161.17627774499999]
["2.2.16","COT-E443","PROPRIA","DISJ. TRIP ABERTA FIXO  1250A ABW C/M","PC",{"$nulls":5},27102.975810119999,30011.125114545899,29479.9067886675,28864.669237777798,29479.9067886675,27102.975810119999,27102.975810119999,27102.975810119999]
["2.2.17","COT-E444","PROPRIA","DISJ. TRIP CX MOLD   32A DWB160N32-3DX","PC",{"$nulls":5},605.3601044925,670.31524370454497,658.45018565649195,644.70851128451238,658.45018565649195,605.3601044925,605.3601044925,605.3601044925]
["2.2.18","COT-E445","PROPRIA","DISJ. UNIP  10A MDWH-C10 10KA","PC",{"$nulls":5},31.801886077500001,35.214228453615704,34.5909114864968,33.869008672537497,34.5909114864968,31.801886077500001,31.801886077500001,31.801886077500001]
["2.2.19","COT-E446","PROPRIA","DISJ. UNIP  32A MDWH-C32 10KA IMPORTADO","PC",{"$nulls":5},32.477537767500003,35.9623775699527,35.325817829709699,34.58857772238747,35.325817829709699,32.477537767500003,32.477537767500003,32.477537767500003]
["2.2.20","COT-E447","PROPRIA","FIM DE CURSO T2L2 ALAV CURTA REG IRRIGAC","PC",{"$nulls":5},116.513039475,126.90600259617,123.50382184350001,122.30762130489001,123.50382184350001,116.513039475,116.513039475,116.513039475]
["2.2.21","COT-E448","PROPRIA","FUSIVEL NH U/R T3  450A 690V WEG","PC",{"$nulls":5},547.79863697999997,606.57743072795404,595.840577443146,583.40554838369997,595.840577443146,547.79863697999997,547.79863697999997,547.79863697999997]
["2.2.22","COT-E449","PROPRIA","GRELHA FILTRO PLAST. EMB. 255X255MM JNG","PC",{"$nulls":5},174.4545009375,169.39532041031299,184.92177099374999,176.25719744718765,174.4545009375,169.39532041031299,169.39532041031299,169.39532041031299]
["2.2.23","COT-E450","PROPRIA","PAINEL TTA 3B 1900X800X800MM  TTW - MONTADO, TESTADO E COMISSIONADO EM FÁBRICA","PC",{"$nulls":5},34117.249255297,37778.030100390402,39241.660093442602,37045.646483043332,37778.030100390402,34117.249255297,34117.249255297,34117.249255297]
["2.2.24","COT-E451","PROPRIA","LUMINARIA LINEAR P/PAINEL 120CM 12W 6,5K","PC",{"$nulls":5},84.297889935000001,76.120994611304994,81.768953236949997,80.729279261084983,81.768953236949997,76.120994611304994,76.120994611304994,76.120994611304994]
["2.2.25","COT-E452","PROPRIA","MICROVENTIL 18X18X6,0CM 220VAC RMC","PC",{"$nulls":5},332.323628805,369.942663585726,362.23275539744998,354.83301592939205,362.23275539744998,332.323628805,332.323628805,332.323628805]
["2.2.26","COT-E453","PROPRIA","MODULO COMUNIC. SSW900 ETHERNET/MODBUS","PC",{"$nulls":5},2770.0515975825001,3067.2781340031001,3012.9851226904898,2950.1049514253632,3012.9851226904898,2770.0515975825001,2770.0515975825001,2770.0515975825001]
["2.2.27","COT-E454","PROPRIA","MODULO IHM INTERFACE SSW900 REMOTA","PC",{"$nulls":5},1092.1752440549999,1209.3656477421,1187.95901295862,1163.1666349185732,1187.95901295862,1092.1752440549999,1092.1752440549999,1092.1752440549999]
["2.2.28","COT-E455","PROPRIA","MOLDURA  IHM SSW900 + CABO 5M","PC",{"$nulls":5},225.82302907499999,250.05384009474699,245.62770872487701,240.50152596487467,245.62770872487701,225.82302907499999,225.82302907499999,225.82302907499999]
["2.2.29","COT-E456","PROPRIA","MOLDURA DISJ ABERTO FIXO ABW08-63","PC",{"$nulls":5},451.14100289999999,499.54843251117001,490.70606885433,480.46516808849998,490.70606885433,451.14100289999999,451.14100289999999,451.14100289999999]
["2.2.30","COT-E457","PROPRIA","MULTIMEDIDOR TRIF. GRANDEZA C/M MMW04-M1","PC",{"$nulls":5},3366.6418585800002,3727.8825300056301,3661.8963495774701,3585.4735793877003,3661.8963495774701,3366.6418585800002,3366.6418585800002,3366.6418585800002]
["2.2.31","COT-E458","PROPRIA","PLAQUETA DE EMERGENCIA-DESL APE AM","PC",{"$nulls":5},13.064897475,14.466760974067499,14.2106889835575,13.914115810874998,14.2106889835575,13.064897475,13.064897475,13.064897475]
["2.2.32","COT-E459","PROPRIA","PORTA DOCUMENTOS GRANDE A4 36580","PC",{"$nulls":5},68.561410522499997,65.818954101599999,76.103165679975007,70.161176768025001,68.561410522499997,65.818954101599999,65.818954101599999,65.818954101599999]
["2.2.33","COT-E460","PROPRIA","PORTA PLAQUETA APP30T 30X50","PC",{"$nulls":5},5.8021228125000004,6.4246905902812497,6.3109689831562497,6.1792607953125005,6.3109689831562497,5.8021228125000004,5.8021228125000004,5.8021228125000004]
["2.2.34","COT-E461","PROPRIA","PROTETOR DE SURTO 60KA SPWC275-60/12,5","PC",{"$nulls":5},380.18939836499999,420.98372080956398,413.53200860161002,404.90170925872462,413.53200860161002,380.18939836499999,380.18939836499999,380.18939836499999]
["2.2.35","COT-E462","PROPRIA","RESISTOR DESUMIF. PAINEL 150W 110-250VCA","PC",{"$nulls":5},269.85342509999998,300.88656898649998,291.44169910800002,287.39389773149998,291.44169910800002,269.85342509999998,269.85342509999998,269.85342509999998]
["2.2.36","COT-E463","PROPRIA","SELETOR CURTO 3 POS 45G FIXAS 2NA COMP","PC",{"$nulls":5},87.2497374525,96.611634281153201,94.901539427084202,92.920970386912472,94.901539427084202,87.2497374525,87.2497374525,87.2497374525]
["2.2.37","COT-E464","PROPRIA","SINALEIRO LED 22MM 220VCA AM WEG","PC",{"$nulls":5},22.715621460000001,25.153007642658,24.707781462042,24.192136854900003,24.707781462042,22.715621460000001,22.715621460000001,22.715621460000001]
["2.2.38","COT-E465","PROPRIA","SINALEIRO LED 22MM 220VCA VD WEG","PC",{"$nulls":5},22.715621460000001,25.153007642658,24.707781462042,24.192136854900003,24.707781462042,22.715621460000001,22.715621460000001,22.715621460000001]
["2.2.39","COT-E466","PROPRIA","SINALEIRO LED 22MM 220VCA VM WEG","PC",{"$nulls":5},22.715621460000001,25.153007642658,24.707781462042,24.192136854900003,24.707781462042,22.715621460000001,22.715621460000001,22.715621460000001]
["2.2.40","COT-E467","PROPRIA","TERMOSTATO CALORIA 0-60G FLZ-520 NF","PC",{"$nulls":5},173.36606678999999,188.83031994766799,199.37097680849999,187.18912118205597,188.83031994766799,173.36606678999999,173.36606678999999,173.36606678999999]
["2.2.41","COT-E468","PROPRIA","TERMOSTATO CALORIA 0-60G TLZ-530-NA","PC",{"$nulls":5},152.87413144499999,166.51050396989399,175.80525116174999,165.063295525548,166.51050396989399,152.87413144499999,152.87413144499999,152.87413144499999]
["2.2.42","COT-E469","PROPRIA","TRANSF.E-440/380/220V S-220/110V1010VA","PC",{"$nulls":5},613.89185051250001,663.00319855350006,686.208310502872,654.36778652295732,663.00319855350006,613.89185051250001,613.89185051250001,613.89185051250001]
["2.2.43","COT-E470","PROPRIA","TRANSFORMADOR TC 1300/5 ST-81","PC",{"$nulls":5},222.43963990500001,235.7860182993,228.44551018243499,228.890389462245,228.44551018243499,222.43963990500001,222.43963990500001,222.43963990500001]
["2.3","*****","*****","FORNECIMENTO DE QUADRO DE COMPENSAÇÃO DE FATOR DE POTÊNCIA 250KVAr - (QCFP 250KVAr) - EBS1",{"$nulls":12},{"$error":"#NUM!"}]
["2.3.1","COT-E471","PROPRIA","BLOCO DE AFERICAO 3TC´S  ST6 C416143","PC",{"$nulls":5},131.31412449749999,147.07181943719999,146.78292836330499,{"$f":"AVERAGE(K502:M502)","v":141.72295743266832},{"$f":"MEDIAN(K502:M502)","v":146.78292836330499},{"$f":"SMALL(K502:M502,1)","v":131.31412449749999},131.31412449749999,131.31412449749999]
["2.3.2","COT-E472","PROPRIA","BORNE MOLA   6MMG BTWI6-T AM/VD PUSH-IN","PC",{"$nulls":5},20.805229935,23.037631107025501,22.6298486002995,22.157569880775,22.6298486002995,20.805229935,20.805229935,20.805229935]
["2.3.3","COT-E473","PROPRIA","CABO 0,6/1KV 1X  6MM2 FLEX 90 PT","M",{"$nulls":5},6.5261956725000001,7.1657628484050004,6.6567195859500004,6.7828927022850003,6.6567195859500004,6.5261956725000001,6.5261956725000001,6.5261956725000001]
["2.3.4","COT-E474","PROPRIA","CABO 0,6/1KV 1X 16MM2 FLEX 90 PT","M",{"$nulls":5},16.874457074999999,18.52815386835,17.211946216499999,17.538185719949997,17.211946216499999,16.874457074999999,16.874457074999999,16.874457074999999]
["2.3.5","COT-E475","PROPRIA","CABO FLEXIVEL 750V  1,0MM2 AZ","M",{"$nulls":5},1.29807216,1.4252832316799999,1.3240336032,1.3491296649600002,1.3240336032,1.29807216,1.29807216,1.29807216]
["2.3.6","COT-E476","PROPRIA","CABO FLEXIVEL 750V  1,0MM2 CZ","M",{"$nulls":5},1.29807216,1.4252832316799999,1.3240336032,1.3491296649600002,1.3240336032,1.29807216,1.29807216,1.29807216]
["2.3.7","COT-E477","PROPRIA","CANALETA PVC  30X50MM VENTIL CZ 2M HELLE","BR",{"$nulls":5},44.619226312499997,43.436816815218698,47.296379891249998,45.117474339656233,44.619226312499997,43.436816815218698,43.436816815218698,43.436816815218698]
["2.3.8","COT-E478","PROPRIA","CANALETA PVC  50X80MM VENTIL CZ 2M HELLE","BR",{"$nulls":5},91.275348464999993,88.856551730677495,96.751869372900003,92.294589856192488,91.275348464999993,88.856551730677495,88.856551730677495,88.856551730677495]
["2.3.9","COT-E479","PROPRIA","CHAPA DE POLICARB. 3.00X2,050X3MM CRISTA","M2",{"$nulls":5},328.91867457749998,361.15270468609498,335.49704806904998,341.85614244421498,335.49704806904998,328.91867457749998,328.91867457749998,328.91867457749998]
["2.3.10","COT-E480","PROPRIA","COBRE EM BARRA 2\"X1/4\" 719A 2,87KG/M","M",{"$nulls":5},430.31981963250001,455.27836917118498,469.04860339942502,451.54893073437,455.27836917118498,430.31981963250001,430.31981963250001,430.31981963250001]
["2.3.11","COT-E481","PROPRIA","CONTATOR AUX. CWCAO-22 2NA+2NF 220V","PC",{"$nulls":5},75.011206567499997,83.059909032192706,81.589689383469704,79.88693499438746,81.589689383469704,75.011206567499997,75.011206567499997,75.011206567499997]
["2.3.12","COT-E482","PROPRIA","CONTATOR CWB  9C 220VCA CWBC (10KVAR)","PC",{"$nulls":5},228.73575485250001,253.27910134817299,248.79588055306399,243.6035789179123,248.79588055306399,228.73575485250001,228.73575485250001,228.73575485250001]
["2.3.13","COT-E483","PROPRIA","CONTATOR CWB 18C 220VCA CWBC (16KVAR)","PC",{"$nulls":5},274.84770001499999,304.33885822660898,298.95184330631503,292.71280051597466,298.95184330631503,274.84770001499999,274.84770001499999,274.84770001499999]
["2.3.14","COT-E484","PROPRIA","CONTATOR CWB 25C 220VCA CWBC (20KVAR)","PC",{"$nulls":5},287.82184788000001,318.70513215752402,313.06382393907597,306.53026799219998,313.06382393907597,287.82184788000001,287.82184788000001,287.82184788000001]
["2.3.15","COT-E485","PROPRIA","CONTATOR CWB 32C 220VCA CWBC (25KVAR)","PC",{"$nulls":5},404.37473060249999,447.76413919614799,439.83839447633898,430.65908809166234,439.83839447633898,404.37473060249999,404.37473060249999,404.37473060249999]
["2.3.16","COT-E486","PROPRIA","CONTATOR CWB 65C 220VCA CWBC (50KVAR)","PC",{"$nulls":5},921.33589653000001,1020.19523822767,1002.13705465568,981.22272980444995,1002.13705465568,921.33589653000001,921.33589653000001,921.33589653000001]
["2.3.17","COT-E487","PROPRIA","CONTROL F. POTENCIA 12E TRIF PFW03T12","PC",{"$nulls":5},5771.1039223950002,6390.3433732679796,6277.2297363890402,6146.2256773506733,6277.2297363890402,5771.1039223950002,5771.1039223950002,5771.1039223950002]
["2.3.18","COT-E488","PROPRIA","DISJ. TRIP CX MOLD   16A 16KA 380V DWB","PC",{"$nulls":5},445.43171405250001,493.22653697033297,484.49607537490402,474.3847754659123,484.49607537490402,445.43171405250001,445.43171405250001,445.43171405250001]
["2.3.19","COT-E489","PROPRIA","DISJ. TRIP CX MOLD   25A 16KA 380V DWB","PC",{"$nulls":5},445.43171405250001,493.22653697033297,484.49607537490402,474.3847754659123,484.49607537490402,445.43171405250001,445.43171405250001,445.43171405250001]
["2.3.20","COT-E490","PROPRIA","DISJ. TRIP CX MOLD   40A 30KA 380V DWB","PC",{"$nulls":5},633.93172132500001,701.95259502317299,689.52753328520203,675.13728321112501,689.52753328520203,633.93172132500001,633.93172132500001,633.93172132500001]
["2.3.21","COT-E491","PROPRIA","DISJ. TRIP CX MOLD   50A DWB160N50-3MF","PC",{"$nulls":5},633.93172132500001,701.95259502317299,689.52753328520203,675.13728321112501,689.52753328520203,633.93172132500001,633.93172132500001,633.93172132500001]
["2.3.22","COT-E492","PROPRIA","DISJ. TRIP CX MOLD   63A DWB160N63-3DX","PC",{"$nulls":5},537.78756008250002,595.49216527935198,584.95152910173499,572.74375148786237,584.95152910173499,537.78756008250002,537.78756008250002,537.78756008250002]
["2.3.23","COT-E493","PROPRIA","DISJ. TRIP CX MOLD  100-125A 30KA DWB","PC",{"$nulls":5},699.57367199999999,774.63792700559998,760.92628303439994,745.04596068000001,760.92628303439994,699.57367199999999,{"$f":"SMALL(N524:P524,1)","v":699.57367199999999},{"$f":"AVERAGE(J524,Q524)","v":699.57367199999999}]
["2.3.24","COT-E494","PROPRIA","DISJ. TRIP CX MOLD  440-630A 50KA DWB800","PC",{"$nulls":5},3802.4481815774998,4210.45087146077,4135.9228871018504,4049.6073133800401,4135.9228871018504,3802.4481815774998,3802.4481815774998,3802.4481815774998]
["2.3.25","COT-E495","PROPRIA","DISJ. UNIP  10A MDWH-C10 10KA","PC",{"$nulls":5},31.801886077500001,35.214228453615704,34.5909114864968,33.869008672537497,34.5909114864968,31.801886077500001,31.801886077500001,31.801886077500001]
["2.3.26","COT-E496","PROPRIA","GRELHA FILTRO PLAST. EMB. 255X255MM JNG","PC",{"$nulls":5},174.4545009375,169.39532041031299,184.92177099374999,176.25719744718765,174.4545009375,169.39532041031299,169.39532041031299,169.39532041031299]
["2.3.27","COT-E497","PROPRIA","PAINEL TTA 3B 1900X800X800MM  TTW - MONTADO, TESTADO E COMISSIONADO EM FÁBRICA","PC",{"$nulls":5},36564.027967474904,40487.348168384997,39770.693220222398,38940.689785360766,39770.693220222398,36564.027967474904,36564.027967474904,36564.027967474904]
["2.3.28","COT-E498","PROPRIA","MICROVENTIL 18X18X6,0CM 220VAC RMC","PC",{"$nulls":5},332.323628805,369.942663585726,362.23275539744998,354.83301592939205,362.23275539744998,332.323628805,332.323628805,332.323628805]
["2.3.29","COT-E499","PROPRIA","PORTA DOCUMENTOS GRANDE A4 36580","PC",{"$nulls":5},68.561410522499997,65.818954101599999,76.103165679975007,70.161176768025001,68.561410522499997,65.818954101599999,65.818954101599999,65.818954101599999]
["2.3.30","COT-E500","PROPRIA","PORTA PLAQUETA APP30T 30X50","PC",{"$nulls":5},5.8021228125000004,6.4246905902812497,6.3109689831562497,6.1792607953125005,6.3109689831562497,5.8021228125000004,5.8021228125000004,5.8021228125000004]
["2.3.31","COT-E501","PROPRIA","RESISTOR DESUMIF. PAINEL 150W 110-250VCA","PC",{"$nulls":5},269.85342509999998,300.88656898649998,291.44169910800002,287.39389773149998,291.44169910800002,269.85342509999998,269.85342509999998,269.85342509999998]
["2.3.32","COT-E502","PROPRIA","SELETOR CURTO 3 POS 45G FIXAS 2NA COMP","PC",{"$nulls":5},87.2497374525,96.611634281153201,94.901539427084202,92.920970386912472,94.901539427084202,87.2497374525,87.2497374525,87.2497374525]
["2.3.33","COT-E503","PROPRIA","SINALEIRO LED 22MM 220VCA VD WEG","PC",{"$nulls":5},22.715621460000001,25.153007642658,24.707781462042,24.192136854900003,24.707781462042,22.715621460000001,22.715621460000001,22.715621460000001]
["2.3.34","COT-E504","PROPRIA","TERMOSTATO CALORIA 0-60G FLZ-520 NF","PC",{"$nulls":5},173.36606678999999,188.83031994766799,199.37097680849999,187.18912118205597,188.83031994766799,173.36606678999999,173.36606678999999,173.36606678999999]
["2.3.35","COT-E505","PROPRIA","TERMOSTATO CALORIA 0-60G TLZ-530-NA","PC",{"$nulls":5},152.87413144499999,166.51050396989399,175.80525116174999,165.063295525548,166.51050396989399,152.87413144499999,152.87413144499999,152.87413144499999]
["2.3.36","COT-E506","PROPRIA","TRANSFORMADOR TC 1500/5 DP812 BIPARTIDO","PC",{"$nulls":5},762.65314870500004,740.53620739255496,808.41233762729996,770.53389790828498,762.65314870500004,740.53620739255496,740.53620739255496,740.53620739255496]
["2.3.37","COT-E507","PROPRIA","UNIDADE CAPAC. TRIF.   5,0KVAR 380V HD","PC",{"$nulls":5},278.80524881999997,308.72105201838599,303.256469141514,296.92758999329999,303.256469141514,278.80524881999997,278.80524881999997,278.80524881999997]
["2.3.38","COT-E508","PROPRIA","UNIDADE CAPAC. TRIF.  10,0KVAR 380V HD","PC",{"$nulls":5},338.02730592749998,374.297635853521,367.67230065734202,359.99908081278767,367.67230065734202,338.02730592749998,338.02730592749998,338.02730592749998]
["2.3.39","COT-E509","PROPRIA","UNIDADE CAPAC. TRIF.  15,0KVAR 380V HD","PC",{"$nulls":5},484.73318958750002,536.74506083023903,527.24429031432396,516.24084691068765,527.24429031432396,484.73318958750002,484.73318958750002,484.73318958750002]
["2.3.40","COT-E510","PROPRIA","UNIDADE CAPAC. TRIF.  20,0KVAR 380V HD","PC",{"$nulls":5},685.31868798749997,758.85338320855897,745.42113692400403,729.86440270668754,745.42113692400403,685.31868798749997,685.31868798749997,685.31868798749997]
["2.3.41","COT-E511","PROPRIA","UNIDADE CAPAC. TRIF.  25,0KVAR 380V HD","PC",{"$nulls":5},734.27794224750005,813.06596545065702,798.674117782606,782.00600849358773,798.674117782606,734.27794224750005,734.27794224750005,734.27794224750005]
["2.3.42","COT-E512","PROPRIA","UNIDADE CAPAC. TRIF.  50,0KVAR 380V HD","PC",{"$nulls":5},1398.20008482,1548.22695392119,1520.8222322587101,1489.0830903332999,1520.8222322587101,1398.20008482,1398.20008482,1398.20008482]
["2.4","*****","*****","FORNECIMENTO DE QUADRO DE DISTRIBUIÇÃO DE FORÇA E LUZ - (QDFL) - EBS1",{"$nulls":12},{"$error":"#NUM!"}]
["2.4.1","COT-E513","PROPRIA","BARRAMENTO FASE TRIP 54P 80A 1M WEG","PC",{"$nulls":5},135.680203065,150.23868885387401,147.57935687380001,{"$f":"AVERAGE(K545:M545)","v":144.49941626422466},{"$f":"MEDIAN(K545:M545)","v":147.57935687380001},{"$f":"SMALL(K545:M545,1)","v":135.680203065},135.680203065,135.680203065]
["2.4.2","COT-E514","PROPRIA","CABO FLEXIVEL 750V 10MM2 PT","M",{"$nulls":5},10.47158574,11.49780114252,10.681017454799999,10.883468112439999,10.681017454799999,10.47158574,10.47158574,10.47158574]
["2.4.3","COT-E515","PROPRIA","CAIXA P/MONTAGEM  80X60X25CM - MONTADO, TESTADO E COMISSIONADO EM FÁBRICA","PC",{"$nulls":5},2511.0837325035,2807.3916129389099,2435.7512205283901,2584.7421886569332,2511.0837325035,2435.7512205283901,2435.7512205283901,2435.7512205283901]
["2.4.4","COT-E516","PROPRIA","CANALETA PVC  50X80MM VENTIL CZ 2M HELLE","BR",{"$nulls":5},95.621793629999999,93.087816098805007,101.3591012478,96.689570325534987,95.621793629999999,93.087816098805007,93.087816098805007,93.087816098805007]
["2.4.5","COT-E517","PROPRIA","COBRE EM BARRA  5/8\"X3/16\" 176A 0,673KG/","M",{"$nulls":5},97.362970649999994,103.01002294769999,106.1256380085,102.1662105354,103.01002294769999,97.362970649999994,97.362970649999994,97.362970649999994]
["2.4.6","COT-E518","PROPRIA","CONECTOR EXTERNO PINO CURTO 25MM2","PC",{"$nulls":5},15.161476110000001,14.5550170656,16.829238482099999,15.5152438859,15.161476110000001,14.5550170656,14.5550170656,14.5550170656]
["2.4.7","COT-E519","PROPRIA","DISJ. TRIP   32A MDW-C-32-3 3KA","PC",{"$nulls":5},54.441008654999997,60.282528883681501,59.215485114043503,57.979674217574996,59.215485114043503,54.441008654999997,54.441008654999997,54.441008654999997]
["2.4.8","COT-E520","PROPRIA","DISJ. TRIP   40A MDW-C40-3 3KA","PC",{"$nulls":5},54.441008654999997,60.282528883681501,59.215485114043503,57.979674217574996,59.215485114043503,54.441008654999997,54.441008654999997,54.441008654999997]
["2.4.9","COT-E521","PROPRIA","DISJ. UNIP  16A MDW-C16 3KA","PC",{"$nulls":5},10.141356719999999,11.229524296056001,11.030753704344001,10.800544906799999,11.030753704344001,10.141356719999999,10.141356719999999,10.141356719999999]
["2.4.10","COT-E522","PROPRIA","DISJ. UNIP  20A MDW-C20 3KA","PC",{"$nulls":5},10.141356719999999,11.229524296056001,11.030753704344001,10.800544906799999,11.030753704344001,10.141356719999999,10.141356719999999,10.141356719999999]
["2.4.11","COT-E523","PROPRIA","DISJ. UNIP  25A MDW-C25 3KA","PC",{"$nulls":5},11.02807035,12.211382298555,11.995232119695,11.744894922750001,11.995232119695,11.02807035,11.02807035,11.02807035]
["2.4.12","COT-E524","PROPRIA","DISJ. UNIP  32A MDW-C32 3KA","PC",{"$nulls":5},10.141356719999999,11.229524296056001,11.030753704344001,10.800544906799999,11.030753704344001,10.141356719999999,10.141356719999999,10.141356719999999]
["2.4.13","COT-E525","PROPRIA","ISOLADOR EPOXI PARALELO 20X30MM 1/4\"","PC",{"$nulls":5},5.1852339000000001,5.0348621169000003,5.4963479340000001,5.2388146503000002,5.1852339000000001,5.0348621169000003,5.0348621169000003,5.0348621169000003]
["2.4.14","COT-E526","PROPRIA","PORTA DOCUMENTOS GRANDE A4 36580","PC",{"$nulls":5},71.826239595000004,68.953190011199993,79.727125950450002,73.50218518554999,71.826239595000004,68.953190011199993,68.953190011199993,68.953190011199993]
["2.4.15","COT-E527","PROPRIA","PROTETOR DE SURTO 275V  45KA CL-II","PC",{"$nulls":5},48.115594395000002,44.266346843400001,50.521374114750003,47.634438451049995,48.115594395000002,44.266346843400001,44.266346843400001,44.266346843400001]
["2.4.16","COT-E528","PROPRIA","TRILHO 35X7,5MM 2M LISO PHOENIX","BR",{"$nulls":5},34.114958954999999,29.68001429085,30.788750456887499,31.527907900912499,30.788750456887499,29.68001429085,29.68001429085,29.68001429085]
["2.5","*****","*****","FORNECIMENTO DE QUADRO DE DISTRIBUIÇÃO DE FORÇA E LUZ DA SUBESTAÇÃO - (QDFL SE) - EBS1",{"$nulls":12},{"$error":"#NUM!"}]
["2.5.1","COT-E529","PROPRIA","BARRAMENTO FASE TRIP 54P 80A 1M WEG","PC",{"$nulls":5},135.680203065,150.23868885387401,147.57935687380001,{"$f":"AVERAGE(K562:M562)","v":144.49941626422466},{"$f":"MEDIAN(K562:M562)","v":147.57935687380001},{"$f":"SMALL(K562:M562,1)","v":135.680203065},135.680203065,135.680203065]
["2.5.2","COT-E530","PROPRIA","CABO FLEXIVEL 750V 10MM2 PT","M",{"$nulls":5},10.47158574,11.49780114252,10.681017454799999,10.883468112439999,10.681017454799999,10.47158574,10.47158574,10.47158574]
["2.5.3","COT-E531","PROPRIA","CAIXA P/MONTAGEM  80X60X25CM - MONTADO, TESTADO E COMISSIONADO EM FÁBRICA","PC",{"$nulls":5},2511.0837325035,2807.3916129389099,2435.7512205283901,2584.7421886569332,2511.0837325035,2435.7512205283901,2435.7512205283901,2435.7512205283901]
["2.5.4","COT-E532","PROPRIA","CANALETA PVC  50X80MM VENTIL CZ 2M HELLE","BR",{"$nulls":5},95.621793629999999,93.087816098805007,101.3591012478,96.689570325534987,95.621793629999999,93.087816098805007,93.087816098805007,93.087816098805007]
["2.5.5","COT-E533","PROPRIA","COBRE EM BARRA  5/8\"X3/16\" 176A 0,673KG/","M",{"$nulls":5},97.362970649999994,103.01002294769999,106.1256380085,102.1662105354,103.01002294769999,97.362970649999994,97.362970649999994,97.362970649999994]
["2.5.6","COT-E534","PROPRIA","CONECTOR EXTERNO PINO CURTO 25MM2","PC",{"$nulls":5},15.161476110000001,14.5550170656,16.829238482099999,15.5152438859,15.161476110000001,14.5550170656,14.5550170656,14.5550170656]
["2.5.7","COT-E535","PROPRIA","DISJ. TRIP   32A MDW-C-32-3 3KA","PC",{"$nulls":5},54.441008654999997,60.282528883681501,59.215485114043503,57.979674217574996,59.215485114043503,54.441008654999997,54.441008654999997,54.441008654999997]
["2.5.8","COT-E536","PROPRIA","DISJ. TRIP   40A MDW-C40-3 3KA","PC",{"$nulls":5},54.441008654999997,60.282528883681501,59.215485114043503,57.979674217574996,59.215485114043503,54.441008654999997,54.441008654999997,54.441008654999997]
["2.5.9","COT-E537","PROPRIA","DISJ. UNIP  16A MDW-C16 3KA","PC",{"$nulls":5},10.141356719999999,11.229524296056001,11.030753704344001,10.800544906799999,11.030753704344001,10.141356719999999,10.141356719999999,10.141356719999999]
["2.5.10","COT-E538","PROPRIA","DISJ. UNIP  20A MDW-C20 3KA","PC",{"$nulls":5},10.141356719999999,11.229524296056001,11.030753704344001,10.800544906799999,11.030753704344001,10.141356719999999,10.141356719999999,10.141356719999999]
["2.5.11","COT-E539","PROPRIA","DISJ. UNIP  25A MDW-C25 3KA","PC",{"$nulls":5},11.02807035,12.211382298555,11.995232119695,11.744894922750001,11.995232119695,11.02807035,11.02807035,11.02807035]
["2.5.12","COT-E540","PROPRIA","DISJ. UNIP  32A MDW-C32 3KA","PC",{"$nulls":5},10.141356719999999,11.229524296056001,11.030753704344001,10.800544906799999,11.030753704344001,10.141356719999999,10.141356719999999,10.141356719999999]
["2.5.13","COT-E541","PROPRIA","ISOLADOR EPOXI PARALELO 20X30MM 1/4\"","PC",{"$nulls":5},5.1852339000000001,5.0348621169000003,5.4963479340000001,5.2388146503000002,5.1852339000000001,5.0348621169000003,5.0348621169000003,5.0348621169000003]
["2.5.14","COT-E542","PROPRIA","PORTA DOCUMENTOS GRANDE A4 36580","PC",{"$nulls":5},71.826239595000004,68.953190011199993,79.727125950450002,73.50218518554999,71.826239595000004,68.953190011199993,68.953190011199993,68.953190011199993]
["2.5.15","COT-E543","PROPRIA","PROTETOR DE SURTO 275V  45KA CL-II","PC",{"$nulls":5},48.115594395000002,44.266346843400001,50.521374114750003,47.634438451049995,48.115594395000002,44.266346843400001,44.266346843400001,44.266346843400001]
["2.5.16","COT-E544","PROPRIA","TRILHO 35X7,5MM 2M LISO PHOENIX","BR",{"$nulls":5},34.114958954999999,29.68001429085,30.788750456887499,31.527907900912499,30.788750456887499,29.68001429085,29.68001429085,29.68001429085]
["2.6","*****","*****","FORNECIMENTO DE DOIS QUADROS DE VÁLVULA - (2X - QD VÁLVULA)",{"$nulls":12},{"$error":"#NUM!"}]
["2.6.1","COT-E545","PROPRIA","BARRAM NEUTRO  8F BRN01 8 AZUL","PC",{"$nulls":5},15.638258955,17.3162441408715,17.009734265353501,{"$f":"AVERAGE(K579:M579)","v":16.654745787075001},{"$f":"MEDIAN(K579:M579)","v":17.009734265353501},{"$f":"SMALL(K579:M579,1)","v":15.638258955},15.638258955,15.638258955]
["2.6.2","COT-E546","PROPRIA","BARRAM TERRA  8F BRT01 8 VERDE","PC",{"$nulls":5},15.638258955,17.3162441408715,17.009734265353501,16.654745787075001,17.009734265353501,15.638258955,15.638258955,15.638258955]
["2.6.3","COT-E547","PROPRIA","BOTAO COMANDO 22MM VD 1NA MONOB MBFM2-10","PC",{"$nulls":5},20.831051505000001,23.066223331486501,22.6579347219885,22.185069852824999,22.6579347219885,20.831051505000001,20.831051505000001,20.831051505000001]
["2.6.4","COT-E548","PROPRIA","BOTAO COMANDO 22MM VM 1NF MONOB MBFM1-01","PC",{"$nulls":5},20.831051505000001,23.066223331486501,22.6579347219885,22.185069852824999,22.6579347219885,20.831051505000001,20.831051505000001,20.831051505000001]
["2.6.5","COT-E549","PROPRIA","BOTAO EMERG. GIRA P/SOLTAR CEW 1NA+1NF","PC",{"$nulls":5},52.910298044999998,58.587573025228501,57.550531183546497,56.349467417925005,57.550531183546497,52.910298044999998,52.910298044999998,52.910298044999998]
["2.6.6","COT-E550","PROPRIA","CABO FLEXIVEL 750V  1,0MM2 CZ","M",{"$nulls":5},1.3598851199999999,1.49315386176,1.3870828224,1.4133739347200001,1.3870828224,1.3598851199999999,1.3598851199999999,1.3598851199999999]
["2.6.7","COT-E551","PROPRIA","CABO FLEXIVEL 750V  2,5MM2 PT","MT",{"$nulls":5},2.4453072599999999,2.6849473714799998,2.4942134052,2.5414893455600001,2.4942134052,2.4453072599999999,2.4453072599999999,2.4453072599999999]
["2.6.8","COT-E552","PROPRIA","CAIXA P/MONTAGEM  50X50X20CM S/FLANGE - MONTADO, TESTADO E COMISSIONADO EM FÁBRICA","PC",{"$nulls":5},1101.2458072950001,1189.3454718785999,1024.15860078435,1104.9166266526499,1101.2458072950001,1024.15860078435,1024.15860078435,1024.15860078435]
["2.6.9","COT-E553","PROPRIA","CANALETA PVC  50X80MM VENTIL CZ 2M HELLE","PC",{"$nulls":5},95.621793629999999,93.087816098805007,101.3591012478,96.689570325534987,95.621793629999999,93.087816098805007,93.087816098805007,93.087816098805007]
["2.6.10","COT-E554","PROPRIA","CONTATOR CWB  9.11 220VCA CWB9-11-30D23","PC",{"$nulls":5},140.56527457499999,155.64792853689701,152.892849155227,149.70201742237467,152.892849155227,140.56527457499999,{"$f":"SMALL(N588:P588,1)","v":140.56527457499999},{"$f":"AVERAGE(J588,Q588)","v":140.56527457499999}]
["2.6.11","COT-E555","PROPRIA","DISJ. MOTOR WEG MPW  1,6-2,5A MPW18-3-D0","PC",{"$nulls":5},268.57008848999999,297.38765898497701,292.12368525057298,286.02714424184995,292.12368525057298,268.57008848999999,268.57008848999999,268.57008848999999]
["2.6.12","COT-E556","PROPRIA","DISJ. TRIP CX MOLD   20A 16KA 380V DWB","PC",{"$nulls":5},466.64274805500003,516.713514921301,507.56731705942298,496.97452667857465,507.56731705942298,466.64274805500003,466.64274805500003,466.64274805500003]
["2.6.13","COT-E557","PROPRIA","PLAQUETA DE EMERGENCIA-DESL APE AM","PC",{"$nulls":5},13.68703545,15.155654353785,14.887388458965001,14.576692754249999,14.887388458965001,13.68703545,13.68703545,13.68703545]
["2.6.14","COT-E558","PROPRIA","PORTA PLAQUETA APP60T 35X83","PC",{"$nulls":5},9.8232215400000005,10.877253211242,10.684718069058,10.461730940099999,10.684718069058,9.8232215400000005,9.8232215400000005,9.8232215400000005]
["2.6.15","COT-E559","PROPRIA","TRILHO 35X7,5MM 2M LISO PHOENIX","BR",{"$nulls":5},34.114958954999999,29.68001429085,30.788750456887499,31.527907900912499,30.788750456887499,29.68001429085,29.68001429085,29.68001429085]
["2.7","*****","*****","FORNECIMENTO DE SUBESTAÇÃO 750KVA - (SE 750KVA) - EBS1",{"$nulls":12},{"$error":"#NUM!"}]
["2.7.1","COT-E560","PROPRIA","ABRACADEIRA TIPO D PARAFUSO 01\"","PC",{"$nulls":5},2.0737576199999999,2.1297490757399999,2.2251419262600001,{"$f":"AVERAGE(K595:M595)","v":2.1428828740000001},{"$f":"MEDIAN(K595:M595)","v":2.1297490757399999},{"$f":"SMALL(K595:M595,1)","v":2.0737576199999999},2.0737576199999999,2.0737576199999999]
["2.7.2","COT-E561","PROPRIA","ADAPTADOR ALUM MULT.  01\" S/ROSCA TRAMON","PC",{"$nulls":5},3.8282042700000001,4.2098762357190003,3.6942171205499998,3.9107658754229999,3.8282042700000001,3.6942171205499998,3.6942171205499998,3.6942171205499998]
["2.7.3","COT-E562","PROPRIA","ALAVANCA ARTICULAVEL P/CHAVE SECCION.","PC",{"$nulls":5},167.05120410000001,187.9326046125,182.62037632211999,179.20139501154003,182.62037632211999,167.05120410000001,167.05120410000001,167.05120410000001]
["2.7.4","COT-E563","PROPRIA","BASE FUSIVEL P/ TP 15KV 160MM","PC",{"$nulls":5},61.242533880000003,67.24430220024,62.467384557599999,63.65140687928001,62.467384557599999,61.242533880000003,61.242533880000003,61.242533880000003]
["2.7.5","COT-E564","PROPRIA","BORNE CONCENTRICO TERM CENTRAL RETO 3/8\"","PC",{"$nulls":5},21.27793569,21.27793569,22.9801705452,21.845347308399997,21.27793569,21.27793569,21.27793569,21.27793569]
["2.7.6","COT-E565","PROPRIA","BORNE CONCENTRICO TERM LATERAL RETO 3/8\"","PC",{"$nulls":5},20.479826235000001,20.479826235000001,22.118212333799999,21.025954934599998,20.479826235000001,20.479826235000001,20.479826235000001,20.479826235000001]
["2.7.7","COT-E566","PROPRIA","BORNE CONCENTRICO UNIAO S/SUPORTE 3/8\"","PC",{"$nulls":5},26.249091825000001,26.249091825000001,28.349019170999998,26.949067607,26.249091825000001,26.249091825000001,26.249091825000001,26.249091825000001]
["2.7.8","COT-E567","PROPRIA","CABO DE COBRE NU 35MM2 NBR6524 (290KG/KM","M",{"$nulls":5},39.655785344999998,43.54205230881,40.448901051900002,41.21557956857,40.448901051900002,39.655785344999998,39.655785344999998,39.655785344999998]
["2.7.9","COT-E568","PROPRIA","CABO FLEXIVEL 750V  2,5MM2 AZ","M",{"$nulls":5},2.4453072599999999,2.6849473714799998,2.4942134052,2.5414893455600001,2.4942134052,2.4453072599999999,2.4453072599999999,2.4453072599999999]
["2.7.10","COT-E569","PROPRIA","CABO FLEXIVEL 750V  2,5MM2 PT","M",{"$nulls":5},2.4453072599999999,2.6849473714799998,2.4942134052,2.5414893455600001,2.4942134052,2.4453072599999999,2.4453072599999999,2.4453072599999999]
["2.7.11","COT-E570","PROPRIA","CABO FLEXIVEL 750V  2,5MM2 VD","M",{"$nulls":5},2.4453072599999999,2.6849473714799998,2.4942134052,2.5414893455600001,2.4942134052,2.4453072599999999,2.4453072599999999,2.4453072599999999]
["2.7.12","COT-E571","PROPRIA","CAIXA PORTA LUVAS DIVERSAS","PC",{"$nulls":5},396.18370027499998,396.18370027499998,442.85414016739497,411.74051357246498,396.18370027499998,396.18370027499998,396.18370027499998,396.18370027499998]
["2.7.13","COT-E572","PROPRIA","CHAVE SECC TRIP 15KV 400A C/CARGA C/BASE","PC",{"$nulls":5},3671.2845123900001,4130.1950764387502,4013.4482289447501,3938.3092725911665,4013.4482289447501,3671.2845123900001,3671.2845123900001,3671.2845123900001]
["2.7.14","COT-E573","PROPRIA","CHAVE SECC TRIP 15KV 400A C/CARGA S/BASE","PC",{"$nulls":5},2620.6789420350001,2948.26380978938,2864.9262194326602,2811.2896570856806,2864.9262194326602,2620.6789420350001,2620.6789420350001,2620.6789420350001]
["2.7.15","COT-E574","PROPRIA","CONDULETE AL MULTIPLO L 01\" S/T TRAM","PC",{"$nulls":5},18.178049340000001,19.990400859198001,17.541817613100001,18.570089270766001,18.178049340000001,17.541817613100001,17.541817613100001,17.541817613100001]
["2.7.16","COT-E575","PROPRIA","CONDULETE AL MULTIPLO X 01\" S/T TRAM","PC",{"$nulls":5},16.938850665,18.627654076300502,16.345990891724998,17.304165211008499,16.938850665,16.345990891724998,16.345990891724998,16.345990891724998]
["2.7.17","COT-E576","PROPRIA","CONTATO AUXILIAR 1NA+1NF P/CHAVE SECC","PC",{"$nulls":5},120.42877901999999,135.48237639749999,131.652741224664,129.18796554738799,131.652741224664,120.42877901999999,120.42877901999999,120.42877901999999]
["2.7.18","COT-E577","PROPRIA","ELETRODUTO GALV. A FOGO 01\"X2,65MM 5598","BR",{"$nulls":5},117.93056120999999,115.92574166943,128.54431171889999,120.80020486610999,117.93056120999999,115.92574166943,115.92574166943,115.92574166943]
["2.7.19","COT-E578","PROPRIA","EXTINTOR PO QUIMICO 6 KM","PC",{"$nulls":5},419.92500000000001,419.92500000000001,469.39216499999998,436.41405500000002,419.92500000000001,419.92500000000001,419.92500000000001,419.92500000000001]
["2.7.20","COT-E579","PROPRIA","FUSIVEL CARTUCHO P/TP 15KV 0,5A  NP4584","PC",{"$nulls":5},120.19042958999999,134.61328114080001,122.846638083939,125.883449604913,122.846638083939,120.19042958999999,120.19042958999999,120.19042958999999]
["2.7.21","COT-E580","PROPRIA","FUSIVEL LIMITADOR HH 15KV 100A 325MM","PC",{"$nulls":5},1085.7369157799999,1192.13913352644,1107.4516540955999,1128.4425678006801,1107.4516540955999,1085.7369157799999,1085.7369157799999,1085.7369157799999]
["2.7.22","COT-E581","PROPRIA","INT. 1 TCL BIP. 10A S/PL BR KLIN","PC",{"$nulls":5},22.539474375000001,24.732565231687499,24.516186277687499,23.929408628125,24.516186277687499,22.539474375000001,22.539474375000001,22.539474375000001]
["2.7.23","COT-E582","PROPRIA","ISOLADOR PEDESTAL 15KV EPOXI  PRENSA FIO","PC",{"$nulls":5},77.050526520000005,81.673558111199995,70.1159791332,76.280021254800005,77.050526520000005,70.1159791332,70.1159791332,70.1159791332]
["2.7.24","COT-E583","PROPRIA","LUMINARIA DE EMERG. 3000LM 2 FAR SEGURIM","PC",{"$nulls":5},470.12191066499997,460.71947245170003,554.74385458469999,495.19507923379996,470.12191066499997,460.71947245170003,460.71947245170003,460.71947245170003]
["2.7.25","COT-E584","PROPRIA","LUMINARIA ESTANQUE ACRIL 2XLED 120CM PHI","PC",{"$nulls":5},124.748211555,114.7683546306,130.98562213275,123.50072943945001,124.748211555,114.7683546306,114.7683546306,114.7683546306]
["2.7.26","COT-E585","PROPRIA","LUVA BORRACHA AT 20KV 10\" USO 17KV","PR",{"$nulls":5},733.60242416999995,682.25025447810003,781.28658174104999,732.37975346304995,733.60242416999995,682.25025447810003,682.25025447810003,682.25025447810003]
["2.7.27","COT-E586","PROPRIA","LUVA DE COBERTURA VAQUETA PH 15CM  2OKV","PC",{"$nulls":5},41.152314060000002,45.185240837880002,41.975360341200002,42.770971746360004,41.975360341200002,41.152314060000002,41.152314060000002,41.152314060000002]
["2.7.28","COT-E587","PROPRIA","PLACA DE AVISO (ACESSO SOMENTE DE PESSOA","PC",{"$nulls":5},120.82745581499999,120.82745581499999,135.06093011000701,125.57194724666901,120.82745581499999,120.82745581499999,120.82745581499999,120.82745581499999]
["2.7.29","COT-E588","PROPRIA","PLACA DE AVISO (NAO MANOBRAR)","PC",{"$nulls":5},120.82745581499999,135.93088779187499,132.08857469695801,129.61563943461098,132.08857469695801,120.82745581499999,120.82745581499999,120.82745581499999]
["2.7.30","COT-E589","PROPRIA","PLACA DE AVISO (PERIGO ALTA TENSAO)","PC",{"$nulls":5},46.532141205000002,52.348658855624997,50.868936765306003,49.916578941977001,50.868936765306003,46.532141205000002,46.532141205000002,46.532141205000002]
["2.7.31","COT-E590","PROPRIA","PROLONGADOR P/CHAVE 1,0M EIXO C/MANCAL","PC",{"$nulls":5},146.84701663499999,165.20289371437499,160.53315858538201,157.52768964491898,160.53315858538201,146.84701663499999,146.84701663499999,146.84701663499999]
["2.7.32","COT-E591","PROPRIA","PROLONGADOR P/CHAVE 1,5M COMANDO","PC",{"$nulls":5},149.70007107000001,168.41257995375,163.65211769372399,160.588256239158,163.65211769372399,149.70007107000001,149.70007107000001,149.70007107000001]
["2.7.33","COT-E592","PROPRIA","PUNHO DE MANOBRA P/ALVENARIA CHAVE SECCI","PC",{"$nulls":5},708.11406847499995,796.62832703437505,774.11029965686998,759.61756505541507,774.11029965686998,708.11406847499995,708.11406847499995,708.11406847499995]
["2.7.34","COT-E593","PROPRIA","SUPORTE P/PUNHO DE MANOBRA LATERAL","PC",{"$nulls":5},81.827089409999999,92.055475586249997,89.453374143011999,87.778646379753994,89.453374143011999,81.827089409999999,81.827089409999999,81.827089409999999]
["2.7.35","COT-E594","PROPRIA","TAMPA ALUM 01\"  CEGA TRAMONTINA","PC",{"$nulls":5},6.3698423249999996,7.0049156048025001,6.1468978436250001,6.5072185911424993,6.3698423249999996,6.1468978436250001,6.1468978436250001,6.1468978436250001]
["2.7.36","COT-E595","PROPRIA","TAPETE BORRACHA 1,0X1,0M 3,5MM 20KV CL2","M2",{"$nulls":5},440.87715787500002,495.98680260937499,481.96690898895002,472.94362315777499,481.96690898895002,440.87715787500002,440.87715787500002,440.87715787500002]
["2.7.37","COT-E596","PROPRIA","TERMINAL COMPRESSAO  35MM2 M8 1F1C","PC",{"$nulls":5},2.9728170450000002,2.7349916813999999,3.0620015563499998,2.9232700942499998,2.9728170450000002,2.7349916813999999,2.7349916813999999,2.7349916813999999]
["2.7.38","COT-E597","PROPRIA","TOM 2P+T 10 S/PL VM","PC",{"$nulls":5},181.31026138499999,199.07866700073001,184.9364666127,188.44179833280998,184.9364666127,181.31026138499999,181.31026138499999,181.31026138499999]
["2.7.39","COT-E598","PROPRIA","TRANSF. POTENC. 15KV 220V 1000VA TPP15","PC",{"$nulls":5},4342.6205415450004,4785.5678367825903,4570.17385792196,4566.1207454165169,4570.17385792196,4342.6205415450004,4342.6205415450004,4342.6205415450004]
["2.7.40","COT-E599","PROPRIA","VERGALHAO COBRE REDONDO 3/8\" 3M","BR",{"$nulls":5},268.31082679500003,294.60528782091001,273.67704333090001,278.86438598226999,273.67704333090001,268.31082679500003,268.31082679500003,268.31082679500003]
["2.8","*****","*****","FORNECIMENTO INSTALAÇÃO DE ATERRAMENTO E SISTEMA DE PROTEÇÃO CONTRA DESCARGAS ATMOSFÉRICAS - (ATERRAMENTO E SPDA) - EBS1",{"$nulls":12},{"$error":"#NUM!"}]
["2.8.1","COT-E600","PROPRIA","ADERIDISCO INOX 60MM 1/4\" TEL0756YT","PC",{"$nulls":5},9.0433368299999994,9.4502869873499993,9.6582837344399994,{"$f":"AVERAGE(K636:M636)","v":9.3839691839299988},{"$f":"MEDIAN(K636:M636)","v":9.4502869873499993},{"$f":"SMALL(K636:M636,1)","v":9.0433368299999994},9.0433368299999994,9.0433368299999994]
["2.8.2","COT-E601","PROPRIA","ADESIVO MONOCOMP POLIUR. SUP LISA 290ML","PC",{"$nulls":5},184.49530852500001,192.79759740862499,197.04098950470001,191.44463181277501,192.79759740862499,184.49530852500001,184.49530852500001,184.49530852500001]
["2.8.3","COT-E602","PROPRIA","BARRA CHATA ALUM. 7/8\"X1/8\" 6M","BR",{"$nulls":5},58.432647735000003,64.159047213029993,59.601300689699997,60.730998545910005,59.601300689699997,58.432647735000003,58.432647735000003,58.432647735000003]
["2.8.4","COT-E603","PROPRIA","CABO DE COBRE NU  50MM2 7F NBR6524 403KG","M",{"$nulls":5},53.92727241,58.726799654490002,61.477090547400003,58.043720870630004,58.726799654490002,53.92727241,53.92727241,53.92727241]
["2.8.5","COT-E604","PROPRIA","CABO DE COBRE NU  70MM2 NBR6524 566KG/KM","M",{"$nulls":5},75.109549185000006,82.470285005129995,76.611740168699995,78.063858119610003,76.611740168699995,75.109549185000006,75.109549185000006,75.109549185000006]
["2.8.6","COT-E605","PROPRIA","CABO DE COBRE NU 35MM2 NBR6524 (290KG/KM","M",{"$nulls":5},39.655785344999998,43.54205230881,40.448901051900002,41.21557956857,40.448901051900002,39.655785344999998,39.655785344999998,39.655785344999998]
["2.8.7","COT-E606","PROPRIA","CAIXA INSPECAO ATERRAM 300X300MM CONICA","PC",{"$nulls":5},35.248924424999998,36.835126024125003,37.645851285900001,36.576633911675003,36.835126024125003,35.248924424999998,35.248924424999998,35.248924424999998]
["2.8.8","COT-E607","PROPRIA","CAIXA INSPECAO SUSP DE PVC P/ TUBO 1\"","PC",{"$nulls":5},20.976009614999999,23.409226730339999,22.234570191900001,22.206602179079997,22.234570191900001,20.976009614999999,20.976009614999999,20.976009614999999]
["2.8.9","COT-E608","PROPRIA","CARTUCHO P/SOLDA  65G","PC",{"$nulls":5},13.56878457,12.6189696501,15.1970387184,13.7949309795,13.56878457,12.6189696501,12.6189696501,12.6189696501]
["2.8.10","COT-E609","PROPRIA","CARTUCHO P/SOLDA 150G","PC",{"$nulls":5},30.906647970000002,28.7431826121,34.615445726399997,31.421758769500002,30.906647970000002,28.7431826121,28.7431826121,28.7431826121]
["2.8.11","COT-E610","PROPRIA","CONECTOR EMENDA TIPO X BARRA CHATA","PC",{"$nulls":5},10.042506375,11.02667199975,10.243356502499999,10.43751162575,10.243356502499999,10.042506375,10.042506375,10.042506375]
["2.8.12","COT-E611","PROPRIA","CONECTOR PARAFUSO FENDIDO  35MM2 MCI","PC",{"$nulls":5},13.718361854999999,14.939296060095,14.500308480735001,14.385988798610001,14.500308480735001,13.718361854999999,13.718361854999999,13.718361854999999]
["2.8.13","COT-E612","PROPRIA","CONECTOR PARAFUSO FENDIDO  50MM2 INTELI","PC",{"$nulls":5},19.420943354999999,21.324195803790001,21.751456557600001,20.83219857213,21.324195803790001,19.420943354999999,19.420943354999999,19.420943354999999]
["2.8.14","COT-E613","PROPRIA","CONECTOR PARAFUSO FENDIDO  70MM2","PC",{"$nulls":5},26.355920744999999,28.938800978010001,29.518631234400001,28.27111765247,28.938800978010001,26.355920744999999,26.355920744999999,26.355920744999999]
["2.8.15","COT-E614","PROPRIA","ELETRODUTO PVC PT 01\"  ROSCAVEL TIGRE","BR",{"$nulls":5},26.101194240000002,25.579170355199999,25.187652441600001,25.622672345600005,25.579170355199999,25.187652441600001,25.187652441600001,25.187652441600001]
["2.8.16","COT-E615","PROPRIA","GRAMPO TERRA DUPLO GTDU H5/8\" C16-70M2","PC",{"$nulls":5},41.310037889999997,45.358421603220002,46.267242436799997,44.311900643340003,45.358421603220002,41.310037889999997,41.310037889999997,41.310037889999997]
["2.8.17","COT-E616","PROPRIA","HASTE COBREADA 14,3MMX3M A/C","BR",{"$nulls":5},164.07309599999999,176.70672439200001,169.323435072,170.034418488,169.323435072,164.07309599999999,{"$f":"SMALL(N652:P652,1)","v":164.07309599999999},{"$f":"AVERAGE(J652,Q652)","v":164.07309599999999}]
["2.8.18","COT-E617","PROPRIA","ISOLADOR SIMP FIX. HORIZONTAL GALV 200MM","PC",{"$nulls":5},6.38756316,7.1285204865600003,6.7708169496000004,6.7623001987200011,6.7708169496000004,6.38756316,6.38756316,6.38756316]
["2.8.19","COT-E618","PROPRIA","MOLDE T CABO/CABO CTA50.35B CART-32","PC",{"$nulls":5},71.946254159999995,66.910016368800001,80.579804659199993,73.145358395999992,71.946254159999995,66.910016368800001,66.910016368800001,66.910016368800001]
["2.8.20","COT-E619","PROPRIA","MOLDE T CABO/HASTE CGXA5/8.50.50 CART150","PC",{"$nulls":5},236.15590976999999,219.6249960861,264.4946189424,240.09184159949999,236.15590976999999,219.6249960861,219.6249960861,219.6249960861]
["2.8.21","COT-E620","PROPRIA","MOLDE X CABO/HASTE CGXA5/8.70 CART-150","PC",{"$nulls":5},232.16561444999999,215.91402143849999,260.02548818399998,236.03504135749998,232.16561444999999,215.91402143849999,215.91402143849999,215.91402143849999]
["2.8.22","COT-E621","PROPRIA","PRESILHA LATAO 35/50MM2 5MM","PC",{"$nulls":5},1.380629415,1.5407824271399999,1.4634671799000001,1.4616263406799999,1.4634671799000001,1.380629415,1.380629415,1.380629415]
["2.8.23","COT-E622","PROPRIA","TAMPA CAIXA DE INSPECAO 300MM FERRO FUND","PC",{"$nulls":5},62.915683049999998,65.746888787250001,67.193949497399998,65.28550711154999,65.746888787250001,62.915683049999998,62.915683049999998,62.915683049999998]
["2.9","*****","*****","FORNECIMENTO DE MATERIAIS GERAIS EBS1",{"$nulls":12},{"$error":"#NUM!"}]
["2.9.1","COT-E623","PROPRIA","ABRACADEIRA TIPO D PARAFUSO 01\"","PC",{"$nulls":5},1.9767816837791099,2.0301547892411498,2.1210867466949801,{"$f":"AVERAGE(K660:M660)","v":2.0426744065717468},{"$f":"MEDIAN(K660:M660)","v":2.0301547892411498},{"$f":"SMALL(K660:M660,1)","v":1.9767816837791099},1.9767816837791099,1.9767816837791099]
["2.9.2","COT-E624","PROPRIA","ADAPTADOR ALUM MULT.  01\" S/ROSCA TRAMON","PC",{"$nulls":5},3.6491844609597899,4.0130081517174796,3.5214630048262001,3.72788520583449,3.6491844609597899,3.5214630048262001,3.5214630048262001,3.5214630048262001]
["2.9.3","COT-E625","PROPRIA","CABO 0,6/1KV 1X 70MM2 FLEX 90 AZ","M",{"$nulls":5},72.260689244053793,79.342236789971096,73.705903028934898,75.102943020986601,73.705903028934898,72.260689244053793,72.260689244053793,72.260689244053793]
["2.9.4","COT-E626","PROPRIA","CABO 0,6/1KV 1X 70MM2 FLEX 90 PT","M",{"$nulls":5},72.260689244053793,79.342236789971096,73.705903028934898,75.102943020986601,73.705903028934898,72.260689244053793,72.260689244053793,72.260689244053793]
["2.9.5","COT-E627","PROPRIA","CABO 0,6/1KV 1X 70MM2 FLEX 90 VD","M",{"$nulls":5},72.260689244053793,79.342236789971096,73.705903028934898,75.102943020986601,73.705903028934898,72.260689244053793,72.260689244053793,72.260689244053793]
["2.9.6","COT-E628","PROPRIA","CABO 0,6/1KV 1X185MM2 FLEX 90 AZ","M",{"$nulls":5},178.980401110239,196.520480419042,182.56000913244401,186.02029688724167,182.56000913244401,178.980401110239,178.980401110239,178.980401110239]
["2.9.7","COT-E629","PROPRIA","CABO 0,6/1KV 1X185MM2 FLEX 90 PT","M",{"$nulls":5},178.980401110239,196.520480419042,192.22495079239701,189.241944107226,192.22495079239701,178.980401110239,178.980401110239,178.980401110239]
["2.9.8","COT-E630","PROPRIA","CABO 0,6/1KV 1X185MM2 FLEX 90 VD","M",{"$nulls":5},178.980401110239,196.520480419042,182.56000913244401,186.02029688724167,182.56000913244401,178.980401110239,178.980401110239,178.980401110239]
["2.9.9","COT-E631","PROPRIA","CABO 0,6/1KV 5X10MM2 FLEX 90 PT","M",{"$nulls":5},59.414970717710801,65.237637848046504,60.603270132064999,61.751959565940773,60.603270132064999,59.414970717710801,59.414970717710801,59.414970717710801]
["2.9.10","COT-E632","PROPRIA","CABO FLEXIVEL 750V  2,5MM2 AZ","M",{"$nulls":5},2.3309564030824701,2.5593901305845499,2.37757553114412,2.4226406882703801,2.37757553114412,2.3309564030824701,2.3309564030824701,2.3309564030824701]
["2.9.11","COT-E633","PROPRIA","CABO FLEXIVEL 750V  2,5MM2 PT","M",{"$nulls":5},2.3309564030824701,2.5593901305845499,2.37757553114412,2.4226406882703801,2.37757553114412,2.3309564030824701,2.3309564030824701,2.3309564030824701]
["2.9.12","COT-E634","PROPRIA","CABO FLEXIVEL 750V  2,5MM2 VD","M",{"$nulls":5},2.3309564030824701,2.5593901305845499,2.37757553114412,2.4226406882703801,2.37757553114412,2.3309564030824701,2.3309564030824701,2.3309564030824701]
["2.9.13","COT-E635","PROPRIA","CABO FLEXIVEL 750V  4MM2 AZ","M",{"$nulls":5},3.90128576997569,4.2836117754333101,3.9793114853752001,4.0547363435947341,3.9793114853752001,3.90128576997569,3.90128576997569,3.90128576997569]
["2.9.14","COT-E636","PROPRIA","CABO FLEXIVEL 750V  4MM2 PT","M",{"$nulls":5},3.90128576997569,4.2836117754333101,3.9793114853752001,4.0547363435947341,3.9793114853752001,3.90128576997569,3.90128576997569,3.90128576997569]
["2.9.15","COT-E637","PROPRIA","CABO FLEXIVEL 750V  4MM2 VD","M",{"$nulls":5},3.90128576997569,4.2836117754333101,3.9793114853752001,4.0547363435947341,3.9793114853752001,3.90128576997569,3.90128576997569,3.90128576997569]
["2.9.16","COT-E638","PROPRIA","CABO FLEXIVEL 750V  6MM2 AZ","M",{"$nulls":5},5.7990506255557799,6.3673575868602503,5.9150316380668997,6.0271466168276433,5.9150316380668997,5.7990506255557799,5.7990506255557799,5.7990506255557799]
["2.9.17","COT-E639","PROPRIA","CABO FLEXIVEL 750V  6MM2 PT","M",{"$nulls":5},5.7990506255557799,6.3673575868602503,5.9150316380668997,6.0271466168276433,5.9150316380668997,5.7990506255557799,5.7990506255557799,5.7990506255557799]
["2.9.18","COT-E640","PROPRIA","CABO FLEXIVEL 750V  6MM2 VD","M",{"$nulls":5},5.7990506255557799,6.3673575868602503,5.9150316380668997,6.0271466168276433,5.9150316380668997,5.7990506255557799,5.7990506255557799,5.7990506255557799]
["2.9.19","COT-E641","PROPRIA","CONDULETE AL MULTIPLO X 01\" S/T TRAM","PC",{"$nulls":5},16.146732586251598,17.756561825100899,15.5815969457328,16.494963785695099,16.146732586251598,15.5815969457328,15.5815969457328,15.5815969457328]
["2.9.20","COT-E642","PROPRIA","CONECTOR BOX RETO 01\"","PC",{"$nulls":5},6.3508875017217203,6.9840709856433696,6.1286064391614596,6.4878549755088493,6.3508875017217203,6.1286064391614596,6.1286064391614596,6.1286064391614596]
["2.9.21","COT-E643","PROPRIA","CONJ. INT. 3 TCL SIMP. C/PL  BR KLIN","PC",{"$nulls":5},23.163779183661202,25.417614898231399,25.195242618068299,24.5922122333203,25.195242618068299,23.163779183661202,23.163779183661202,23.163779183661202]
["2.9.22","COT-E644","PROPRIA","CURVA GALV. A FOGO 01\" NBR 5598 BSP","PC",{"$nulls":5},15.9393834626088,15.6684139437445,17.3739279742436,16.327241793532298,15.9393834626088,15.6684139437445,15.6684139437445,15.6684139437445]
["2.9.23","COT-E645","PROPRIA","ELETRODUTO GALV. A FOGO 01\"X2,65MM 5598","BR",{"$nulls":5},112.415728390533,110.504661007894,122.533143945681,115.15117778136933,112.415728390533,110.504661007894,110.504661007894,110.504661007894]
["2.9.24","COT-E646","PROPRIA","LAMP. LED BULBO  40W 6,5K BIV E27 DECORL","PC",{"$nulls":5},97.049477119491598,89.285518949932296,99.960961433076307,95.431985834166724,97.049477119491598,89.285518949932296,89.285518949932296,89.285518949932296]
["2.9.25","COT-E647","PROPRIA","LEITO M. 100X100X3MT 38X19 CH-16  GF","PC",{"$nulls":5},289.58922999474203,317.96897453422702,295.38101459463701,300.9797397078687,295.38101459463701,289.58922999474203,289.58922999474203,289.58922999474203]
["2.9.26","COT-E648","PROPRIA","LEITO M. 300X100X3MT 38X19 CH-16 3 GF","PC",{"$nulls":5},338.82015643852401,372.02453176949899,345.59655956729398,352.14708259177229,345.59655956729398,338.82015643852401,338.82015643852401,338.82015643852401]
["2.9.27","COT-E649","PROPRIA","LEITO M. 400X100X3MT 38X19 CH-16 3 GF","PC",{"$nulls":5},337.21868467429601,370.26611577237702,343.96305836778203,350.48261960481835,343.96305836778203,337.21868467429601,337.21868467429601,337.21868467429601]
["2.9.28","COT-E650","PROPRIA","LUMINARIA BLIND. ARTICUL 45-90G 300W E27","PC",{"$nulls":5},407.492665095061,448.11968380503902,393.23042181673401,416.28092357227797,407.492665095061,393.23042181673401,393.23042181673401,393.23042181673401]
["2.9.29","COT-E651","PROPRIA","LUMINARIA DE EMERG. 3000LM 3 FAROIS LUXP","PC",{"$nulls":5},305.569682994196,343.15475400248198,330.01525763373201,326.24656487680335,330.01525763373201,305.569682994196,305.569682994196,305.569682994196]
["2.9.30","COT-E652","PROPRIA","PRENSA CABO TERMOPLASTICO 01\" CZ RMC","PC",{"$nulls":5},11.953396776488701,13.306521291587201,13.0292024863727,12.7630401848162,13.0292024863727,11.953396776488701,11.953396776488701,11.953396776488701]
["2.9.31","COT-E653","PROPRIA","REDUCAO CONC.  LEITO  200X100-100X100 GF","PC",{"$nulls":5},74.363241380822402,81.650839036142997,75.850506208438802,77.288195541801386,75.850506208438802,74.363241380822402,74.363241380822402,74.363241380822402]
["2.9.32","COT-E654","PROPRIA","REDUCAO CONC.  LEITO  300X100X200X100 GF","PC",{"$nulls":5},101.121925988443,111.03187473531,103.14436450821201,105.09938841065501,103.14436450821201,101.121925988443,101.121925988443,101.121925988443]
["2.9.33","COT-E655","PROPRIA","REDUCAO CONC.  LEITO 400X100-300X100 GF","PC",{"$nulls":5},117.398832194403,128.90391774945499,119.746808838291,122.01651959404967,119.746808838291,117.398832194403,117.398832194403,117.398832194403]
["2.9.34","COT-E656","PROPRIA","TALA 100MM LEITO GF","PC",{"$nulls":5},8.5613572518766308,9.4003702625605392,8.7325843969141594,8.8981039704504443,8.7325843969141594,8.5613572518766308,8.5613572518766308,8.5613572518766308]
["2.9.35","COT-E657","PROPRIA","TAMPA ALUM 01\"  CEGA TRAMONTINA","PC",{"$nulls":5},6.0719669045126503,6.6773420048925596,5.8594480628547103,6.2029189907533064,6.0719669045126503,5.8594480628547103,5.8594480628547103,5.8594480628547103]
["2.9.36","COT-E658","PROPRIA","TAMPA ALUM 01\" 2 POSTOS TRAMONTINA","PC",{"$nulls":5},6.9780585575586498,7.6737709957472502,6.7338265080440998,7.128552020449999,6.9780585575586498,6.7338265080440998,6.7338265080440998,6.7338265080440998]
["2.9.37","COT-E659","PROPRIA","TAMPA ALUM 01\" 3 POSTOS TRAMONTINA","PC",{"$nulls":5},7.3968397412557403,8.1343046634589395,7.1379503503117903,7.5563649183421573,7.3968397412557403,7.1379503503117903,7.1379503503117903,7.1379503503117903]
["2.9.38","COT-E660","PROPRIA","TE HORIZ. 90G LEITO 300X100MM GF","PC",{"$nulls":5},162.00555295064399,177.882097139807,165.24566400965699,168.37777136670266,165.24566400965699,162.00555295064399,162.00555295064399,162.00555295064399]
["2.9.39","COT-E661","PROPRIA","TOM 2P+T 10A S/PL  P/ 2 MOD PT/VM","PC",{"$nulls":5},7.2886018975626703,7.9977828621955203,7.9278122839789198,7.7380656812457032,7.9278122839789198,7.2886018975626703,7.2886018975626703,7.2886018975626703]
["2.9.40","COT-E662","PROPRIA","TOM DUPLA 2P+T 20A S/PL  P/3 MOD PT/PT","PC",{"$nulls":5},13.6105886140971,14.9348988862487,14.8042372355534,14.449908245299733,14.8042372355534,13.6105886140971,13.6105886140971,13.6105886140971]
["2.9.41","COT-E663","PROPRIA","TOM IND SOB 220V 2P+T 16A 6H","PC",{"$nulls":5},57.2852790624422,61.667602910718998,61.467104434000497,60.1399954690539,61.467104434000497,57.2852790624422,57.2852790624422,57.2852790624422]
["2.9.42","COT-E664","PROPRIA","TOM IND SOB 380/440V 3P+T  32A 6H","PC",{"$nulls":5},75.120746171520494,80.867483253641794,80.604560642041506,78.864263355734593,80.604560642041506,75.120746171520494,75.120746171520494,75.120746171520494]
["2.9.43","COT-E665","PROPRIA","MOTOR TRIFASICO 380V 100CV","PC",{"$nulls":5},56006.216131775502,62015.683122715003,65527.272874177303,61183.057376222605,62015.683122715003,56006.216131775502,56006.216131775502,56006.216131775502]
["2.10","*****","*****","MÃO DE OBRA -ESTAÇÃO DE BOMBEAMENTO SECUNDÁRIA 1 e SUBESTAÇÃO EBS 1",{"$nulls":12},{"$error":"#NUM!"}]
["2.10.1","CPU-E05","PROPRIA",{"$f":"#REF!","v":{"$error":"#REF!"}},{"$nulls":12},{"$error":"#NUM!"}]
["2.10.2","CPU-E06","PROPRIA",{"$f":"#REF!","v":{"$error":"#REF!"}},{"$nulls":12},{"$error":"#NUM!"}]
[3,"*****","*****","ESTAÇÃO DE BOMBEAMENTO SECUNDÁRIA 2 - EBS2",{"$nulls":12},{"$error":"#NUM!"}]
["3.1","*****","*****","FORNECIMENTO DE CENTRO DE CONTROLE DE MOTORES 350A - (CCM 350A) - EBS2",{"$nulls":12},{"$error":"#NUM!"}]
["3.1.1","COT-E666","PROPRIA","BLOCO DE AFERICAO 3TC´S  ST6 C416143","PC",{"$nulls":5},131.31412449749999,147.07181943719999,146.78292836330499,{"$f":"AVERAGE(K708:M708)","v":141.72295743266832},{"$f":"MEDIAN(K708:M708)","v":146.78292836330499},{"$f":"SMALL(K708:M708,1)","v":131.31412449749999},131.31412449749999,131.31412449749999]
["3.1.2","COT-E667","PROPRIA","BOTAO EMERG. GIRA P/SOLTAR CEW 1NA+1NF","PC",{"$nulls":5},50.5052844975,55.924501524081698,54.934597947930698,53.78812798983747,54.934597947930698,50.5052844975,50.5052844975,50.5052844975]
["3.1.3","COT-E668","PROPRIA","CABO FLEXIVEL 750V  1,0MM2 AZ","M",{"$nulls":5},1.29807216,1.4252832316799999,1.3240336032,1.3491296649600002,1.3240336032,1.29807216,1.29807216,1.29807216]
["3.1.4","COT-E669","PROPRIA","CABO FLEXIVEL 750V  1,0MM2 CZ","M",{"$nulls":5},1.29807216,1.4252832316799999,1.3240336032,1.3491296649600002,1.3240336032,1.29807216,1.29807216,1.29807216]
["3.1.5","COT-E670","PROPRIA","CABO FLEXIVEL 750V  1,5MM2 PT","M",{"$nulls":5},1.4910353325000001,1.6371567950849999,1.5208560391499999,1.5496827222449998,1.5208560391499999,1.4910353325000001,1.4910353325000001,1.4910353325000001]
["3.1.6","COT-E671","PROPRIA","CABO FLEXIVEL 750V  1,5MM2 VD","M",{"$nulls":5},1.4910353325000001,1.6371567950849999,1.5208560391499999,1.5496827222449998,1.5208560391499999,1.4910353325000001,1.4910353325000001,1.4910353325000001]
["3.1.7","COT-E672","PROPRIA","CANALETA PVC  30X50MM VENTIL CZ 2M HELLE","BR",{"$nulls":5},44.619226312499997,43.436816815218698,47.296379891249998,45.117474339656233,44.619226312499997,43.436816815218698,43.436816815218698,43.436816815218698]
["3.1.8","COT-E673","PROPRIA","CANALETA PVC  50X80MM VENTIL CZ 2M HELLE","BR",{"$nulls":5},91.275348464999993,88.856551730677495,96.751869372900003,92.294589856192488,91.275348464999993,88.856551730677495,88.856551730677495,88.856551730677495]
["3.1.9","COT-E674","PROPRIA","CHAVE SECC. COM CARGA NH02 400A FSW 400-","PC",{"$nulls":5},1048.79901483,1161.33514912126,1140.7786884305899,1116.9709507939499,1140.7786884305899,1048.79901483,{"$f":"SMALL(N716:P716,1)","v":1048.79901483},{"$f":"AVERAGE(J716,Q716)","v":1048.79901483}]
["3.1.10","COT-E675","PROPRIA","CHAVE SOFT STARTER SSW900  130A 220/575","PC",{"$nulls":5},10256.888891025001,11357.453069032001,11836.4497802429,11150.2639134333,11357.453069032001,10256.888891025001,10256.888891025001,10256.888891025001]
["3.1.11","COT-E676","PROPRIA","COBRE EM BARRA  3/4\"X3/16\" 210A 0,807KG/","M",{"$nulls":5},111.43747471499999,117.90084824847,121.46684743935,116.93505680093999,117.90084824847,111.43747471499999,111.43747471499999,111.43747471499999]
["3.1.12","COT-E677","PROPRIA","COBRE EM BARRA  5/8\"X3/16\" 176A 0,673KG/","M",{"$nulls":5},92.937381075000005,98.32774917735,101.30174537175,97.522291874700002,98.32774917735,92.937381075000005,92.937381075000005,92.937381075000005]
["3.1.13","COT-E678","PROPRIA","COBRE EM BARRA 01\"X3/8\" 516A 2,15KG/M","M",{"$nulls":5},303.90000117749997,321.52620124579499,331.25100128347498,318.89240123558994,321.52620124579499,303.90000117749997,303.90000117749997,303.90000117749997]
["3.1.14","COT-E679","PROPRIA","DISJ. BIP  10A MDWH-C10-2 10KA","PC",{"$nulls":5},106.45209839250001,117.874408550015,115.78794742152201,113.37148478801232,115.78794742152201,106.45209839250001,106.45209839250001,106.45209839250001]
["3.1.15","COT-E680","PROPRIA","DISJ. TRIP   10A MDWH-C10-3 10KA","PC",{"$nulls":5},161.17627774499999,178.470492347038,175.311437303236,171.65273579842469,175.311437303236,161.17627774499999,161.17627774499999,161.17627774499999]
["3.1.16","COT-E681","PROPRIA","DISJ. TRIP CX MOLD   40A 30KA 380V DWB","PC",{"$nulls":5},633.93172132500001,701.95259502317299,689.52753328520203,675.13728321112501,689.52753328520203,633.93172132500001,633.93172132500001,633.93172132500001]
["3.1.17","COT-E682","PROPRIA","DISJ. TRIP CX MOLD  280-400A 80KA DWB800","PC",{"$nulls":5},3802.4481815774998,4210.45087146077,4135.9228871018504,4049.6073133800401,4135.9228871018504,3802.4481815774998,3802.4481815774998,3802.4481815774998]
["3.1.18","COT-E683","PROPRIA","DISJ. UNIP  10A MDWH-C10 10KA","PC",{"$nulls":5},31.801886077500001,35.214228453615704,34.5909114864968,33.869008672537497,34.5909114864968,31.801886077500001,31.801886077500001,31.801886077500001]
["3.1.19","COT-E684","PROPRIA","DISJ. UNIP  32A MDWH-C32 10KA IMPORTADO","PC",{"$nulls":5},32.477537767500003,35.9623775699527,35.325817829709699,34.58857772238747,35.325817829709699,32.477537767500003,32.477537767500003,32.477537767500003]
["3.1.20","COT-E685","PROPRIA","FIM DE CURSO T2L2 ALAV CURTA REG IRRIGAC","PC",{"$nulls":5},116.513039475,126.90600259617,123.50382184350001,122.30762130489001,123.50382184350001,116.513039475,116.513039475,116.513039475]
["3.1.21","COT-E686","PROPRIA","FUSIVEL NH U/R T2 315A 690V WEG","PC",{"$nulls":5},391.85737715250002,433.90367372096301,426.22326912877401,417.32810666741238,426.22326912877401,391.85737715250002,391.85737715250002,391.85737715250002]
["3.1.22","COT-E687","PROPRIA","GRELHA FILTRO PLAST. EMB. 255X255MM JNG","PC",{"$nulls":5},174.4545009375,169.39532041031299,184.92177099374999,176.25719744718765,174.4545009375,169.39532041031299,169.39532041031299,169.39532041031299]
["3.1.23","COT-E688","PROPRIA","PAINEL TTA 3B 1900X800X800MM  TTW - - MONTADO, TESTADO E COMISSIONADO EM FÁBRICA","PC",{"$nulls":5},33089.983757066198,36640.539014199399,38715.280995767404,36148.601255677662,36640.539014199399,33089.983757066198,33089.983757066198,33089.983757066198]
["3.1.24","COT-E689","PROPRIA","LUMINARIA LINEAR P/PAINEL 120CM 12W 6,5K","PC",{"$nulls":5},84.297889935000001,76.120994611304994,81.768953236949997,80.729279261084983,81.768953236949997,76.120994611304994,76.120994611304994,76.120994611304994]
["3.1.25","COT-E690","PROPRIA","MICROVENTIL 18X18X6,0CM 220VAC RMC","PC",{"$nulls":5},332.323628805,369.942663585726,362.23275539744998,354.83301592939205,362.23275539744998,332.323628805,332.323628805,332.323628805]
["3.1.26","COT-E691","PROPRIA","MODULO COMUNIC. SSW900 ETHERNET/MODBUS","PC",{"$nulls":5},2770.0515975825001,3067.2781340031001,3012.9851226904898,2950.1049514253632,3012.9851226904898,2770.0515975825001,2770.0515975825001,2770.0515975825001]
["3.1.27","COT-E692","PROPRIA","MODULO IHM INTERFACE SSW900 REMOTA","PC",{"$nulls":5},1092.1752440549999,1209.3656477421,1187.95901295862,1163.1666349185732,1187.95901295862,1092.1752440549999,1092.1752440549999,1092.1752440549999]
["3.1.28","COT-E693","PROPRIA","MOLDURA  IHM SSW900 + CABO 5M","PC",{"$nulls":5},225.82302907499999,250.05384009474699,245.62770872487701,240.50152596487467,245.62770872487701,225.82302907499999,225.82302907499999,225.82302907499999]
["3.1.29","COT-E694","PROPRIA","MULTIMEDIDOR TRIF. GRANDEZA C/M MMW04-M1","PC",{"$nulls":5},3366.6418585800002,3727.8825300056301,3661.8963495774701,3585.4735793877003,3661.8963495774701,3366.6418585800002,3366.6418585800002,3366.6418585800002]
["3.1.30","COT-E695","PROPRIA","PLAQUETA DE EMERGENCIA-DESL APE AM","PC",{"$nulls":5},13.064897475,14.466760974067499,14.2106889835575,13.914115810874998,14.2106889835575,13.064897475,13.064897475,13.064897475]
["3.1.31","COT-E696","PROPRIA","PORTA DOCUMENTOS GRANDE A4 36580","PC",{"$nulls":5},68.561410522499997,65.818954101599999,76.103165679975007,70.161176768025001,68.561410522499997,65.818954101599999,65.818954101599999,65.818954101599999]
["3.1.32","COT-E697","PROPRIA","PORTA PLAQUETA APP30T 30X50","PC",{"$nulls":5},5.8021228125000004,6.4246905902812497,6.3109689831562497,6.1792607953125005,6.3109689831562497,5.8021228125000004,5.8021228125000004,5.8021228125000004]
["3.1.33","COT-E698","PROPRIA","PROTETOR DE SURTO 60KA SPWC275-60/12,5","PC",{"$nulls":5},380.18939836499999,420.98372080956398,413.53200860161002,404.90170925872462,413.53200860161002,380.18939836499999,380.18939836499999,380.18939836499999]
["3.1.34","COT-E699","PROPRIA","RESISTOR DESUMIF. PAINEL 150W 110-250VCA","PC",{"$nulls":5},269.85342509999998,300.88656898649998,291.44169910800002,287.39389773149998,291.44169910800002,269.85342509999998,269.85342509999998,269.85342509999998]
["3.1.35","COT-E700","PROPRIA","SELETOR CURTO 3 POS 45G FIXAS 2NA COMP","PC",{"$nulls":5},87.2497374525,96.611634281153201,94.901539427084202,92.920970386912472,94.901539427084202,87.2497374525,87.2497374525,87.2497374525]
["3.1.36","COT-E701","PROPRIA","SINALEIRO LED 22MM 220VCA AM WEG","PC",{"$nulls":5},22.715621460000001,25.153007642658,24.707781462042,24.192136854900003,24.707781462042,22.715621460000001,22.715621460000001,22.715621460000001]
["3.1.37","COT-E702","PROPRIA","SINALEIRO LED 22MM 220VCA VD WEG","PC",{"$nulls":5},22.715621460000001,25.153007642658,24.707781462042,24.192136854900003,24.707781462042,22.715621460000001,22.715621460000001,22.715621460000001]
["3.1.38","COT-E703","PROPRIA","SINALEIRO LED 22MM 220VCA VM WEG","PC",{"$nulls":5},22.715621460000001,25.153007642658,24.707781462042,24.192136854900003,24.707781462042,22.715621460000001,22.715621460000001,22.715621460000001]
["3.1.39","COT-E704","PROPRIA","TERMOSTATO CALORIA 0-60G FLZ-520 NF","PC",{"$nulls":5},173.36606678999999,188.83031994766799,199.37097680849999,187.18912118205597,188.83031994766799,173.36606678999999,173.36606678999999,173.36606678999999]
["3.1.40","COT-E705","PROPRIA","TERMOSTATO CALORIA 0-60G TLZ-530-NA","PC",{"$nulls":5},152.87413144499999,166.51050396989399,175.80525116174999,165.063295525548,166.51050396989399,152.87413144499999,152.87413144499999,152.87413144499999]
["3.1.41","COT-E706","PROPRIA","TRANSF.E-440/380/220V S-220/110V1010VA","PC",{"$nulls":5},613.89185051250001,663.00319855350006,686.208310502872,654.36778652295732,663.00319855350006,613.89185051250001,613.89185051250001,613.89185051250001]
["3.1.42","COT-E707","PROPRIA","TRANSFORMADOR TC 1300/5 ST-81","PC",{"$nulls":5},222.43963990500001,235.7860182993,228.44551018243499,228.890389462245,228.44551018243499,222.43963990500001,222.43963990500001,222.43963990500001]
["3.2","*****","*****","FORNECIMENTO DE QUADRO DE COMPENSAÇÃO DE FATOR DE POTÊNCIA 100KVAr - (QCFP 100KVAr) - EBS2",{"$nulls":12},{"$error":"#NUM!"}]
["3.2.1","COT-E708","PROPRIA","BLOCO DE AFERICAO 3TC´S  ST6 C416143","PC",{"$nulls":5},131.31412449749999,147.07181943719999,146.78292836330499,{"$f":"AVERAGE(K751:M751)","v":141.72295743266832},{"$f":"MEDIAN(K751:M751)","v":146.78292836330499},{"$f":"SMALL(K751:M751,1)","v":131.31412449749999},131.31412449749999,131.31412449749999]
["3.2.2","COT-E709","PROPRIA","BORNE MOLA   6MMG BTWI6-T AM/VD PUSH-IN","PC",{"$nulls":5},20.805229935,23.037631107025501,22.6298486002995,22.157569880775,22.6298486002995,20.805229935,20.805229935,20.805229935]
["3.2.3","COT-E710","PROPRIA","CABO 0,6/1KV 1X  6MM2 FLEX 90 PT","M",{"$nulls":5},6.5261956725000001,7.1657628484050004,6.6567195859500004,6.7828927022850003,6.6567195859500004,6.5261956725000001,6.5261956725000001,6.5261956725000001]
["3.2.4","COT-E711","PROPRIA","CABO 0,6/1KV 1X 16MM2 FLEX 90 PT","M",{"$nulls":5},16.874457074999999,18.52815386835,17.211946216499999,17.538185719949997,17.211946216499999,16.874457074999999,16.874457074999999,16.874457074999999]
["3.2.5","COT-E712","PROPRIA","CABO FLEXIVEL 750V  1,0MM2 AZ","M",{"$nulls":5},1.29807216,1.4252832316799999,1.3240336032,1.3491296649600002,1.3240336032,1.29807216,1.29807216,1.29807216]
["3.2.6","COT-E713","PROPRIA","CABO FLEXIVEL 750V  1,0MM2 CZ","M",{"$nulls":5},1.29807216,1.4252832316799999,1.3240336032,1.3491296649600002,1.3240336032,1.29807216,1.29807216,1.29807216]
["3.2.7","COT-E714","PROPRIA","CANALETA PVC  30X50MM VENTIL CZ 2M HELLE","BR",{"$nulls":5},44.619226312499997,43.436816815218698,47.296379891249998,45.117474339656233,44.619226312499997,43.436816815218698,43.436816815218698,43.436816815218698]
["3.2.8","COT-E715","PROPRIA","CANALETA PVC  50X80MM VENTIL CZ 2M HELLE","BR",{"$nulls":5},91.275348464999993,88.856551730677495,96.751869372900003,92.294589856192488,91.275348464999993,88.856551730677495,88.856551730677495,88.856551730677495]
["3.2.9","COT-E716","PROPRIA","CHAPA DE POLICARB. 3.00X2,050X3MM CRISTA","M2",{"$nulls":5},328.91867457749998,361.15270468609498,335.49704806904998,341.85614244421498,335.49704806904998,328.91867457749998,328.91867457749998,328.91867457749998]
["3.2.10","COT-E717","PROPRIA","COBRE EM BARRA 01\"X1/4\" 359A 1,44KG/M","M",{"$nulls":5},198.8706354075,210.40513226113501,216.76899259417499,208.68158675427,210.40513226113501,198.8706354075,198.8706354075,198.8706354075]
["3.2.11","COT-E718","PROPRIA","CONTATOR AUX. CWCAO-22 2NA+2NF 220V","PC",{"$nulls":5},75.011206567499997,83.059909032192706,81.589689383469704,79.88693499438746,81.589689383469704,75.011206567499997,75.011206567499997,75.011206567499997]
["3.2.12","COT-E719","PROPRIA","CONTATOR CWB  9C 220VCA CWBC (10KVAR)","PC",{"$nulls":5},228.73575485250001,253.27910134817299,248.79588055306399,243.6035789179123,248.79588055306399,228.73575485250001,228.73575485250001,228.73575485250001]
["3.2.13","COT-E720","PROPRIA","CONTATOR CWB 18C 220VCA CWBC (16KVAR)","PC",{"$nulls":5},274.84770001499999,304.33885822660898,298.95184330631503,292.71280051597466,298.95184330631503,274.84770001499999,274.84770001499999,274.84770001499999]
["3.2.14","COT-E721","PROPRIA","CONTATOR CWB 25C 220VCA CWBC (20KVAR)","PC",{"$nulls":5},287.82184788000001,318.70513215752402,313.06382393907597,306.53026799219998,313.06382393907597,287.82184788000001,287.82184788000001,287.82184788000001]
["3.2.15","COT-E722","PROPRIA","CONTROL F. POTENCIA 12E TRIF PFW03T12","PC",{"$nulls":5},5771.1039223950002,6390.3433732679796,6277.2297363890402,6146.2256773506733,6277.2297363890402,5771.1039223950002,5771.1039223950002,5771.1039223950002]
["3.2.16","COT-E723","PROPRIA","DISJ. TRIP CX MOLD   16A 16KA 380V DWB","PC",{"$nulls":5},445.43171405250001,493.22653697033297,484.49607537490402,474.3847754659123,484.49607537490402,445.43171405250001,445.43171405250001,445.43171405250001]
["3.2.17","COT-E724","PROPRIA","DISJ. TRIP CX MOLD   25A 16KA 380V DWB","PC",{"$nulls":5},445.43171405250001,493.22653697033297,484.49607537490402,474.3847754659123,484.49607537490402,445.43171405250001,445.43171405250001,445.43171405250001]
["3.2.18","COT-E725","PROPRIA","DISJ. TRIP CX MOLD   40A 30KA 380V DWB","PC",{"$nulls":5},633.93172132500001,701.95259502317299,689.52753328520203,675.13728321112501,689.52753328520203,633.93172132500001,633.93172132500001,633.93172132500001]
["3.2.19","COT-E726","PROPRIA","DISJ. TRIP CX MOLD   50A DWB160N50-3MF","PC",{"$nulls":5},633.93172132500001,701.95259502317299,689.52753328520203,675.13728321112501,689.52753328520203,633.93172132500001,633.93172132500001,633.93172132500001]
["3.2.20","COT-E727","PROPRIA","DISJ. TRIP CX MOLD  250A 65KA 380V DWB","PC",{"$nulls":5},2219.0593279049999,2457.16439378921,2413.67083096227,2363.2981842188269,2413.67083096227,2219.0593279049999,2219.0593279049999,2219.0593279049999]
["3.2.21","COT-E728","PROPRIA","DISJ. UNIP  10A MDWH-C10 10KA","PC",{"$nulls":5},31.801886077500001,35.214228453615704,34.5909114864968,33.869008672537497,34.5909114864968,31.801886077500001,31.801886077500001,31.801886077500001]
["3.2.22","COT-E729","PROPRIA","GRELHA FILTRO PLAST. EMB. 255X255MM JNG","PC",{"$nulls":5},174.4545009375,169.39532041031299,184.92177099374999,176.25719744718765,174.4545009375,169.39532041031299,169.39532041031299,169.39532041031299]
["3.2.23","COT-E730","PROPRIA","PAINEL TTA 3B 1900X800X800MM  TTW - - MONTADO, TESTADO E COMISSIONADO EM FÁBRICA","PC",{"$nulls":5},32497.2059697574,35984.156170312403,36884.328775674701,35121.896971914837,35984.156170312403,32497.2059697574,32497.2059697574,32497.2059697574]
["3.2.24","COT-E731","PROPRIA","MICROVENTIL 18X18X6,0CM 220VAC RMC","PC",{"$nulls":5},332.323628805,369.942663585726,362.23275539744998,354.83301592939205,362.23275539744998,332.323628805,332.323628805,332.323628805]
["3.2.25","COT-E732","PROPRIA","PORTA DOCUMENTOS GRANDE A4 36580","PC",{"$nulls":5},68.561410522499997,65.818954101599999,76.103165679975007,70.161176768025001,68.561410522499997,65.818954101599999,65.818954101599999,65.818954101599999]
["3.2.26","COT-E733","PROPRIA","PORTA PLAQUETA APP30T 30X50","PC",{"$nulls":5},5.8021228125000004,6.4246905902812497,6.3109689831562497,6.1792607953125005,6.3109689831562497,5.8021228125000004,5.8021228125000004,5.8021228125000004]
["3.2.27","COT-E734","PROPRIA","RESISTOR DESUMIF. PAINEL 150W 110-250VCA","PC",{"$nulls":5},269.85342509999998,300.88656898649998,291.44169910800002,287.39389773149998,291.44169910800002,269.85342509999998,269.85342509999998,269.85342509999998]
["3.2.28","COT-E735","PROPRIA","SELETOR CURTO 3 POS 45G FIXAS 2NA COMP","PC",{"$nulls":5},87.2497374525,96.611634281153201,94.901539427084202,92.920970386912472,94.901539427084202,87.2497374525,87.2497374525,87.2497374525]
["3.2.29","COT-E736","PROPRIA","SINALEIRO LED 22MM 220VCA VD WEG","PC",{"$nulls":5},22.715621460000001,25.153007642658,24.707781462042,24.192136854900003,24.707781462042,22.715621460000001,22.715621460000001,22.715621460000001]
["3.2.30","COT-E737","PROPRIA","TERMOSTATO CALORIA 0-60G FLZ-520 NF","PC",{"$nulls":5},173.36606678999999,188.83031994766799,199.37097680849999,187.18912118205597,188.83031994766799,173.36606678999999,{"$f":"SMALL(N780:P780,1)","v":173.36606678999999},{"$f":"AVERAGE(J780,Q780)","v":173.36606678999999}]
["3.2.31","COT-E738","PROPRIA","TERMOSTATO CALORIA 0-60G TLZ-530-NA","PC",{"$nulls":5},152.87413144499999,166.51050396989399,175.80525116174999,165.063295525548,166.51050396989399,152.87413144499999,152.87413144499999,152.87413144499999]
["3.2.32","COT-E739","PROPRIA","TRANSFORMADOR TC  250/5 DP58 BIPARTIDO","PC",{"$nulls":5},492.57260907749998,463.01825253285,541.82986998524996,499.14024386520003,492.57260907749998,463.01825253285,463.01825253285,463.01825253285]
["3.2.33","COT-E740","PROPRIA","TTA HASTE ROSCADA 180MM L POWER","PC",{"$nulls":5},88.266662190000005,86.059995635250004,89.643622120163997,87.990093315137997,88.266662190000005,86.059995635250004,86.059995635250004,86.059995635250004]
["3.2.34","COT-E741","PROPRIA","TTA SUPORTE ISOLADOR 75MM POWER","PC",{"$nulls":5},427.70411444249999,417.01151158143801,434.37629862780301,426.36397488391367,427.70411444249999,417.01151158143801,417.01151158143801,417.01151158143801]
["3.2.35","COT-E742","PROPRIA","TTA TRAVESSA 2PÇS L-988MM POWER","PC",{"$nulls":5},522.20452126500004,509.14940823337503,530.35091179673395,520.56828043170299,522.20452126500004,509.14940823337503,509.14940823337503,509.14940823337503]
["3.2.36","COT-E743","PROPRIA","UNIDADE CAPAC. TRIF.   5,0KVAR 380V HD","PC",{"$nulls":5},278.80524881999997,308.72105201838599,303.256469141514,296.92758999329999,303.256469141514,278.80524881999997,278.80524881999997,278.80524881999997]
["3.2.37","COT-E744","PROPRIA","UNIDADE CAPAC. TRIF.  10,0KVAR 380V HD","PC",{"$nulls":5},338.02730592749998,374.297635853521,367.67230065734202,359.99908081278767,367.67230065734202,338.02730592749998,338.02730592749998,338.02730592749998]
["3.2.38","COT-E745","PROPRIA","UNIDADE CAPAC. TRIF.  15,0KVAR 380V HD","PC",{"$nulls":5},484.73318958750002,536.74506083023903,527.24429031432396,516.24084691068765,527.24429031432396,484.73318958750002,484.73318958750002,484.73318958750002]
["3.2.39","COT-E746","PROPRIA","UNIDADE CAPAC. TRIF.  20,0KVAR 380V HD","PC",{"$nulls":5},685.31868798749997,758.85338320855897,745.42113692400403,729.86440270668754,745.42113692400403,685.31868798749997,685.31868798749997,685.31868798749997]
["3.3","*****","*****","FORNECIMENTO DE QUADRO DE PROTEÇÃO DA SUBESTAÇÃO - (QD PROTEÇÃO SE) - EBS2",{"$nulls":12},{"$error":"#NUM!"}]
["3.3.1","COT-E747","PROPRIA","CAIXA MEDICAO 75-300KVA 700X1500X200MM - - MONTADO, TESTADO E COMISSIONADO EM FÁBRICA","PC",{"$nulls":5},2089.1363653049998,2057.7993198254198,2214.4845472233001,{"$f":"AVERAGE(K791:M791)","v":2120.4734107845734},{"$f":"MEDIAN(K791:M791)","v":2089.1363653049998},{"$f":"SMALL(K791:M791,1)","v":2057.7993198254198},2057.7993198254198,2057.7993198254198]
["3.3.2","COT-E748","PROPRIA","CHAPA DE POLICARB. 3.00X2,050X3MM CRISTA","M2",{"$nulls":5},344.581468605,378.35045252829002,351.4730979771,358.13500637012999,351.4730979771,344.581468605,344.581468605,344.581468605]
["3.3.3","COT-E749","PROPRIA","COBRE EM BARRA 01\"X3/8\" 516A 2,15KG/M","M",{"$nulls":5},318.37142980499999,336.83697273369,347.02485848744999,334.07775367538005,336.83697273369,318.37142980499999,318.37142980499999,318.37142980499999]
["3.3.4","COT-E750","PROPRIA","DISJ. TRIP CX MOLD   32A 16KA 380V DWB","PC",{"$nulls":5},466.64274805500003,516.713514921301,507.56731705942298,496.97452667857465,507.56731705942298,466.64274805500003,466.64274805500003,466.64274805500003]
["3.3.5","COT-E751","PROPRIA","DISJ. TRIP CX MOLD  280-350A 50KA DWB800","PC",{"$nulls":5},6976.3360741016204,7724.8969348527198,7588.1607478003298,7429.7979189182224,7588.1607478003298,6976.3360741016204,6976.3360741016204,6976.3360741016204]
["3.3.6","COT-E752","PROPRIA","DISJ. UNIP  32A MDW-C32 3KA","PC",{"$nulls":5},10.141356719999999,11.229524296056001,11.030753704344001,10.800544906799999,11.030753704344001,10.141356719999999,10.141356719999999,10.141356719999999]
["3.3.7","COT-E753","PROPRIA","LIQUIDO PARA PRATEAR 1 LITRO","LT",{"$nulls":5},249.34726574999999,273.78329779350003,254.33421106500001,259.15492486950001,254.33421106500001,249.34726574999999,249.34726574999999,249.34726574999999]
["3.3.8","COT-E754","PROPRIA","PROTETOR DE SURTO 275V  60KA EMBRAST","PC",{"$nulls":5},91.372236615000006,88.448325043319997,93.1996813473,91.006747668540001,91.372236615000006,88.448325043319997,88.448325043319997,88.448325043319997]
["3.3.9","COT-E755","PROPRIA","TERMO ENCOLHIVEL 1KV  60MM 2.1/2\" BR","M",{"$nulls":5},33.986713860000002,38.235053092500003,32.287378167,34.836381706499999,33.986713860000002,32.287378167,32.287378167,32.287378167]
["3.3.10","COT-E756","PROPRIA","TERMO ENCOLHIVEL 1KV  60MM 2.1/2\" LILAS","M",{"$nulls":5},34.704449670000002,39.042505878749999,32.9692271865,35.572060911750008,34.704449670000002,32.9692271865,32.9692271865,32.9692271865]
["3.3.11","COT-E757","PROPRIA","TERMO ENCOLHIVEL 1KV  60MM 2.1/2\" VM","M",{"$nulls":5},18.723028005,18.180060192854999,19.846409685299999,18.916499294385002,18.723028005,18.180060192854999,18.180060192854999,18.180060192854999]
["3.3.12","COT-E758","PROPRIA","UNIDADE CAPAC. TRIF.   7,5KVAR 380V HD","PC",{"$nulls":5},171.8181927,190.25428477670999,186.88664819978999,182.98637522549998,186.88664819978999,171.8181927,171.8181927,171.8181927]
["3.4","*****","*****","FORNECIMENTO DE QUADRO DE DISTRIBUIÇÃO DE FORÇA DA EBS2 (QDFL - EBS2) - EBS2",{"$nulls":12},{"$error":"#NUM!"}]
["3.4.1","COT-E759","PROPRIA","BARRAMENTO FASE TRIP 54P 80A 1M WEG","PC",{"$nulls":5},135.680203065,150.23868885387401,147.57935687380001,{"$f":"AVERAGE(K804:M804)","v":144.49941626422466},{"$f":"MEDIAN(K804:M804)","v":147.57935687380001},{"$f":"SMALL(K804:M804,1)","v":135.680203065},135.680203065,135.680203065]
["3.4.2","COT-E760","PROPRIA","CABO FLEXIVEL 750V 10MM2 PT","M",{"$nulls":5},10.47158574,11.49780114252,10.681017454799999,10.883468112439999,10.681017454799999,10.47158574,10.47158574,10.47158574]
["3.4.3","COT-E761","PROPRIA","CAIXA P/MONTAGEM  80X60X25CM - MONTADO, TESTADO E COMISSIONADO EM FÁBRICA","PC",{"$nulls":5},2511.0837325035,2807.3916129389099,2435.7512205283901,2584.7421886569332,2511.0837325035,2435.7512205283901,2435.7512205283901,2435.7512205283901]
["3.4.4","COT-E762","PROPRIA","CANALETA PVC  50X80MM VENTIL CZ 2M HELLE","BR",{"$nulls":5},95.621793629999999,93.087816098805007,101.3591012478,96.689570325534987,95.621793629999999,93.087816098805007,93.087816098805007,93.087816098805007]
["3.4.5","COT-E763","PROPRIA","COBRE EM BARRA  5/8\"X3/16\" 176A 0,673KG/","M",{"$nulls":5},97.362970649999994,103.01002294769999,106.1256380085,102.1662105354,103.01002294769999,97.362970649999994,97.362970649999994,97.362970649999994]
["3.4.6","COT-E764","PROPRIA","CONECTOR EXTERNO PINO CURTO 25MM2","PC",{"$nulls":5},15.161476110000001,14.5550170656,16.829238482099999,15.5152438859,15.161476110000001,14.5550170656,14.5550170656,14.5550170656]
["3.4.7","COT-E765","PROPRIA","DISJ. TRIP   32A MDW-C-32-3 3KA","PC",{"$nulls":5},54.441008654999997,60.282528883681501,59.215485114043503,57.979674217574996,59.215485114043503,54.441008654999997,54.441008654999997,54.441008654999997]
["3.4.8","COT-E766","PROPRIA","DISJ. TRIP   40A MDW-C40-3 3KA","PC",{"$nulls":5},54.441008654999997,60.282528883681501,59.215485114043503,57.979674217574996,59.215485114043503,54.441008654999997,54.441008654999997,54.441008654999997]
["3.4.9","COT-E767","PROPRIA","DISJ. UNIP  16A MDW-C16 3KA","PC",{"$nulls":5},10.141356719999999,11.229524296056001,11.030753704344001,10.800544906799999,11.030753704344001,10.141356719999999,10.141356719999999,10.141356719999999]
["3.4.10","COT-E768","PROPRIA","DISJ. UNIP  20A MDW-C20 3KA","PC",{"$nulls":5},10.141356719999999,11.229524296056001,11.030753704344001,10.800544906799999,11.030753704344001,10.141356719999999,10.141356719999999,10.141356719999999]
["3.4.11","COT-E769","PROPRIA","DISJ. UNIP  25A MDW-C25 3KA","PC",{"$nulls":5},11.02807035,12.211382298555,11.995232119695,11.744894922750001,11.995232119695,11.02807035,11.02807035,11.02807035]
["3.4.12","COT-E770","PROPRIA","DISJ. UNIP  32A MDW-C32 3KA","PC",{"$nulls":5},10.141356719999999,11.229524296056001,11.030753704344001,10.800544906799999,11.030753704344001,10.141356719999999,10.141356719999999,10.141356719999999]
["3.4.13","COT-E771","PROPRIA","ISOLADOR EPOXI PARALELO 20X30MM 1/4\"","PC",{"$nulls":5},5.1852339000000001,5.0348621169000003,5.4963479340000001,5.2388146503000002,5.1852339000000001,5.0348621169000003,5.0348621169000003,5.0348621169000003]
["3.4.14","COT-E772","PROPRIA","PORTA DOCUMENTOS GRANDE A4 36580","PC",{"$nulls":5},71.826239595000004,68.953190011199993,79.727125950450002,73.50218518554999,71.826239595000004,68.953190011199993,68.953190011199993,68.953190011199993]
["3.4.15","COT-E773","PROPRIA","PROTETOR DE SURTO 275V  45KA CL-II","PC",{"$nulls":5},48.115594395000002,44.266346843400001,50.521374114750003,47.634438451049995,48.115594395000002,44.266346843400001,44.266346843400001,44.266346843400001]
["3.4.16","COT-E774","PROPRIA","TRILHO 35X7,5MM 2M LISO PHOENIX","BR",{"$nulls":5},34.114958954999999,29.68001429085,30.788750456887499,31.527907900912499,30.788750456887499,29.68001429085,29.68001429085,29.68001429085]
["3.5","*****","*****","FORNECIMENTO DE MATERIAIS DE ATERRAMENTO E SISTEMA DE PROTEÇÃO CONTRA DESCARGAS ATMOSFÉRICAS - (ATERRAMENTO E SPDA) - EBS2",{"$nulls":12},{"$error":"#NUM!"}]
["3.5.1","COT-E775","PROPRIA","ADERIDISCO INOX 60MM 1/4\" TEL0756YT","PC",{"$nulls":5},9.0433368299999994,9.4502869873499993,9.6582837344399994,{"$f":"AVERAGE(K821:M821)","v":9.3839691839299988},{"$f":"MEDIAN(K821:M821)","v":9.4502869873499993},{"$f":"SMALL(K821:M821,1)","v":9.0433368299999994},9.0433368299999994,9.0433368299999994]
["3.5.2","COT-E776","PROPRIA","ADESIVO MONOCOMP POLIUR. SUP LISA 290ML","PC",{"$nulls":5},184.49530852500001,192.79759740862499,197.04098950470001,191.44463181277501,192.79759740862499,184.49530852500001,184.49530852500001,184.49530852500001]
["3.5.3","COT-E777","PROPRIA","BARRA CHATA ALUM. 7/8\"X1/8\" 6M","BR",{"$nulls":5},58.432647735000003,64.159047213029993,59.601300689699997,60.730998545910005,59.601300689699997,58.432647735000003,58.432647735000003,58.432647735000003]
["3.5.4","COT-E778","PROPRIA","CABO DE COBRE NU  50MM2 7F NBR6524 403KG","M",{"$nulls":5},53.92727241,58.726799654490002,61.477090547400003,58.043720870630004,58.726799654490002,53.92727241,53.92727241,53.92727241]
["3.5.5","COT-E779","PROPRIA","CABO DE COBRE NU 35MM2 NBR6524 (290KG/KM","M",{"$nulls":5},39.655785344999998,43.54205230881,40.448901051900002,41.21557956857,40.448901051900002,39.655785344999998,39.655785344999998,39.655785344999998]
["3.5.6","COT-E780","PROPRIA","CAIXA INSPECAO ATERRAM 300X300MM CONICA","PC",{"$nulls":5},35.248924424999998,36.835126024125003,37.645851285900001,36.576633911675003,36.835126024125003,35.248924424999998,35.248924424999998,35.248924424999998]
["3.5.7","COT-E781","PROPRIA","CAIXA INSPECAO SUSP DE PVC P/ TUBO 1\"","PC",{"$nulls":5},20.976009614999999,23.409226730339999,22.234570191900001,22.206602179079997,22.234570191900001,20.976009614999999,20.976009614999999,20.976009614999999]
["3.5.8","COT-E782","PROPRIA","CARTUCHO P/SOLDA  65G","PC",{"$nulls":5},13.56878457,12.6189696501,15.1970387184,13.7949309795,13.56878457,12.6189696501,12.6189696501,12.6189696501]
["3.5.9","COT-E783","PROPRIA","CARTUCHO P/SOLDA 150G","PC",{"$nulls":5},30.906647970000002,28.7431826121,34.615445726399997,31.421758769500002,30.906647970000002,28.7431826121,28.7431826121,28.7431826121]
["3.5.10","COT-E784","PROPRIA","CONECTOR EMENDA TIPO X BARRA CHATA","PC",{"$nulls":5},10.042506375,11.02667199975,10.243356502499999,10.43751162575,10.243356502499999,10.042506375,10.042506375,10.042506375]
["3.5.11","COT-E785","PROPRIA","CONECTOR PARAFUSO FENDIDO  35MM2 MCI","PC",{"$nulls":5},13.718361854999999,14.939296060095,14.500308480735001,14.385988798610001,14.500308480735001,13.718361854999999,13.718361854999999,13.718361854999999]
["3.5.12","COT-E786","PROPRIA","CONECTOR PARAFUSO FENDIDO  50MM2 INTELI","PC",{"$nulls":5},19.420943354999999,21.324195803790001,21.751456557600001,20.83219857213,21.324195803790001,19.420943354999999,19.420943354999999,19.420943354999999]
["3.5.13","COT-E787","PROPRIA","ELETRODUTO PVC PT 01\"  ROSCAVEL TIGRE","BR",{"$nulls":5},26.101194240000002,25.579170355199999,25.187652441600001,25.622672345600005,25.579170355199999,25.187652441600001,25.187652441600001,25.187652441600001]
["3.5.14","COT-E788","PROPRIA","GRAMPO TERRA DUPLO GTDU H5/8\" C16-70M2","PC",{"$nulls":5},41.310037889999997,45.358421603220002,46.267242436799997,44.311900643340003,45.358421603220002,41.310037889999997,41.310037889999997,41.310037889999997]
["3.5.15","COT-E789","PROPRIA","HASTE COBREADA 14,3MMX3M A/C","BR",{"$nulls":5},164.07309599999999,176.70672439200001,169.323435072,170.034418488,169.323435072,164.07309599999999,164.07309599999999,164.07309599999999]
["3.5.16","COT-E790","PROPRIA","ISOLADOR SIMP FIX. HORIZONTAL GALV 200MM","PC",{"$nulls":5},6.38756316,7.1285204865600003,6.7708169496000004,6.7623001987200011,6.7708169496000004,6.38756316,6.38756316,6.38756316]
["3.5.17","COT-E791","PROPRIA","MOLDE T CABO/CABO CTA50.35B CART-32","PC",{"$nulls":5},71.946254159999995,66.910016368800001,80.579804659199993,73.145358395999992,71.946254159999995,66.910016368800001,66.910016368800001,66.910016368800001]
["3.5.18","COT-E792","PROPRIA","MOLDE T CABO/HASTE CGXA5/8.50.50 CART150","PC",{"$nulls":5},236.15590976999999,219.6249960861,264.4946189424,240.09184159949999,236.15590976999999,219.6249960861,219.6249960861,219.6249960861]
["3.5.19","COT-E793","PROPRIA","MOLDE X CABO/HASTE CGXA5/8.70 CART-150","PC",{"$nulls":5},232.16561444999999,215.91402143849999,260.02548818399998,236.03504135749998,232.16561444999999,215.91402143849999,215.91402143849999,215.91402143849999]
["3.5.20","COT-E794","PROPRIA","PRESILHA LATAO 35/50MM2 5MM","PC",{"$nulls":5},1.380629415,1.5407824271399999,1.4634671799000001,1.4616263406799999,1.4634671799000001,1.380629415,1.380629415,1.380629415]
["3.5.21","COT-E795","PROPRIA","TAMPA CAIXA DE INSPECAO 300MM FERRO FUND","PC",{"$nulls":5},62.915683049999998,65.746888787250001,67.193949497399998,65.28550711154999,65.746888787250001,62.915683049999998,62.915683049999998,62.915683049999998]
["3.6","*****","*****","FORNECIMENTO DE MATERIAIS SUBESTAÇÃO 225KVA - (MATERIAIS SE 225KVA) - EBS2",{"$nulls":12},{"$error":"#NUM!"}]
["3.6.1","COT-E796","PROPRIA","CABECOTE DE ALUMINIO 4\"","PC",{"$nulls":5},45.414972734999999,45.414972734999999,49.048170553799999,{"$f":"AVERAGE(K843:M843)","v":46.626038674600004},{"$f":"MEDIAN(K843:M843)","v":45.414972734999999},{"$f":"SMALL(K843:M843,1)","v":45.414972734999999},45.414972734999999,45.414972734999999]
["3.6.2","COT-E797","PROPRIA","CABO 0,6/1KV 1X150MM2 FLEX 90 AZ","M",{"$nulls":5},158.06665677000001,173.55718913346001,161.22798990539999,164.28394526962003,161.22798990539999,158.06665677000001,{"$f":"SMALL(N844:P844,1)","v":158.06665677000001},{"$f":"AVERAGE(J844,Q844)","v":158.06665677000001}]
["3.6.3","COT-E798","PROPRIA","CABO 0,6/1KV 1X150MM2 FLEX 90 PT","M",{"$nulls":5},158.06665677000001,173.55718913346001,161.22798990539999,164.28394526962003,161.22798990539999,158.06665677000001,158.06665677000001,158.06665677000001]
["3.6.4","COT-E799","PROPRIA","CURVA GALV. A FOGO 4\" 5624","PC",{"$nulls":5},151.82337984,167.76483472320001,145.75044464640001,155.11288640320001,151.82337984,145.75044464640001,145.75044464640001,145.75044464640001]
["3.6.5","COT-E800","PROPRIA","ELETRODUTO GALV. A FOGO 4\"X2,65MM","BR",{"$nulls":5},506.74919691000002,559.95786258554995,486.47922903360001,517.72876284304994,506.74919691000002,486.47922903360001,486.47922903360001,486.47922903360001]
["3.6.6","COT-E801","PROPRIA","ESPUMA EXPANSIVA POLIURETANO 340G/500ML","FR",{"$nulls":5},27.155457944999998,29.816692823610001,27.6985671039,28.22357262417,27.6985671039,27.155457944999998,27.155457944999998,27.155457944999998]
["3.6.7","COT-E802","PROPRIA","TERMINAL COMPRESSAO 150MM2 M12 1F1C","PC",{"$nulls":5},19.188976785000001,19.879779949260001,20.91598469565,19.994913809970001,19.879779949260001,19.188976785000001,19.188976785000001,19.188976785000001]
["3.7","*****","*****","FORNECIMENTO DE MATERIAIS E CABOS EBS2",{"$nulls":12},{"$error":"#NUM!"}]
["3.7.1","COT-E803","PROPRIA","ABRACADEIRA TIPO D PARAFUSO 01\"","PC",{"$nulls":5},1.9636851179196599,2.0167046161034898,2.1070341315277901,{"$f":"AVERAGE(K851:M851)","v":2.0291412885169797},{"$f":"MEDIAN(K851:M851)","v":2.0167046161034898},{"$f":"SMALL(K851:M851,1)","v":1.9636851179196599},1.9636851179196599,1.9636851179196599]
["3.7.2","COT-E804","PROPRIA","ADAPTADOR ALUM MULT.  01\" S/ROSCA TRAMON","PC",{"$nulls":5},3.62500789911768,3.9864211866597099,3.4981326226485598,3.7031872361419835,3.62500789911768,3.4981326226485598,3.4981326226485598,3.4981326226485598]
["3.7.3","COT-E805","PROPRIA","CABO 0,6/1KV 1X120MM2 FLEX 90 AZ","M",{"$nulls":5},119.382066555761,131.08150907822599,121.76970788687601,124.077761173621,121.76970788687601,119.382066555761,119.382066555761,119.382066555761]
["3.7.4","COT-E806","PROPRIA","CABO 0,6/1KV 1X120MM2 FLEX 90 PT","M",{"$nulls":5},119.382066555761,131.08150907822599,121.76970788687601,124.077761173621,121.76970788687601,119.382066555761,119.382066555761,119.382066555761]
["3.7.5","COT-E807","PROPRIA","CABO 0,6/1KV 1X120MM2 FLEX 90 VD","M",{"$nulls":5},119.382066555761,131.08150907822599,121.76970788687601,124.077761173621,121.76970788687601,119.382066555761,119.382066555761,119.382066555761]
["3.7.6","COT-E808","PROPRIA","CABO 0,6/1KV 4X25MM2 FLEX 90 PT","M",{"$nulls":5},108.642318590855,119.289265812759,110.815164962672,112.91558312209533,110.815164962672,108.642318590855,108.642318590855,108.642318590855]
["3.7.7","COT-E809","PROPRIA","CABO 0,6/1KV 5X 6MM2 FLEX 90 PT","M",{"$nulls":5},34.747969623476102,38.1532706465768,35.442929015945602,36.114723095332835,35.442929015945602,34.747969623476102,34.747969623476102,34.747969623476102]
["3.7.8","COT-E810","PROPRIA","CABO 0,6/1KV 5X10MM2 FLEX 90 PT","M",{"$nulls":5},59.0213348987294,64.805425718804898,60.201761596704003,61.342840738079438,60.201761596704003,59.0213348987294,59.0213348987294,59.0213348987294]
["3.7.9","COT-E811","PROPRIA","CABO FLEXIVEL 750V  2,5MM2 AZ","M",{"$nulls":5},2.3155133603332598,2.54243366964592,2.36182362753993,2.4065902191730366,2.36182362753993,2.3155133603332598,2.3155133603332598,2.3155133603332598]
["3.7.10","COT-E812","PROPRIA","CABO FLEXIVEL 750V  2,5MM2 PT","M",{"$nulls":5},2.3155133603332598,2.54243366964592,2.36182362753993,2.4065902191730366,2.36182362753993,2.3155133603332598,2.3155133603332598,2.3155133603332598]
["3.7.11","COT-E813","PROPRIA","CABO FLEXIVEL 750V  2,5MM2 VD","M",{"$nulls":5},2.3155133603332598,2.54243366964592,2.36182362753993,2.4065902191730366,2.36182362753993,2.3155133603332598,2.3155133603332598,2.3155133603332598]
["3.7.12","COT-E814","PROPRIA","CABO FLEXIVEL 750V  4MM2 AZ","M",{"$nulls":5},3.87543898758071,4.2552320083636204,3.9529477673323199,4.0278729210922171,3.9529477673323199,3.87543898758071,3.87543898758071,3.87543898758071]
["3.7.13","COT-E815","PROPRIA","CABO FLEXIVEL 750V  4MM2 PT","M",{"$nulls":5},3.87543898758071,4.2552320083636204,3.9529477673323199,4.0278729210922171,3.9529477673323199,3.87543898758071,3.87543898758071,3.87543898758071]
["3.7.14","COT-E816","PROPRIA","CABO FLEXIVEL 750V  4MM2 VD","M",{"$nulls":5},3.87543898758071,4.2552320083636204,3.9529477673323199,4.0278729210922171,3.9529477673323199,3.87543898758071,3.87543898758071,3.87543898758071]
["3.7.15","COT-E817","PROPRIA","CABO FLEXIVEL 750V  6MM2 AZ","M",{"$nulls":5},5.7606307792656901,6.3251725956337301,5.8758433948509996,5.9872155899168069,5.8758433948509996,5.7606307792656901,5.7606307792656901,5.7606307792656901]
["3.7.16","COT-E818","PROPRIA","CABO FLEXIVEL 750V  6MM2 PT","M",{"$nulls":5},5.7606307792656901,6.3251725956337301,5.8758433948509996,5.9872155899168069,5.8758433948509996,5.7606307792656901,5.7606307792656901,5.7606307792656901]
["3.7.17","COT-E819","PROPRIA","CABO FLEXIVEL 750V  6MM2 VD","M",{"$nulls":5},5.7606307792656901,6.3251725956337301,5.8758433948509996,5.9872155899168069,5.8758433948509996,5.7606307792656901,5.7606307792656901,5.7606307792656901]
["3.7.18","COT-E820","PROPRIA","CONDULETE AL MULTIPLO X 01\" S/T TRAM","PC",{"$nulls":5},16.039757320107601,17.638921124922302,15.4783658139038,16.385681419644566,16.039757320107601,15.4783658139038,15.4783658139038,15.4783658139038]
["3.7.19","COT-E821","PROPRIA","CONECTOR BOX RETO 01\"","PC",{"$nulls":5},6.3088116280353397,6.93780014735046,6.0880032210541,6.4448716654799663,6.3088116280353397,6.0880032210541,6.0880032210541,6.0880032210541]
["3.7.20","COT-E822","PROPRIA","CONJ. INT. 3 TCL SIMP. C/PL  BR KLIN","PC",{"$nulls":5},23.0103146093373,25.249218220825799,25.028319200576199,24.42928401024643,25.028319200576199,23.0103146093373,23.0103146093373,23.0103146093373]
["3.7.21","COT-E823","PROPRIA","CURVA GALV. A FOGO 01\" NBR 5598 BSP","PC",{"$nulls":5},15.8337819250237,15.5646076322983,17.258822298275799,16.219070618532598,15.8337819250237,15.5646076322983,15.5646076322983,15.5646076322983]
["3.7.22","COT-E824","PROPRIA","ELETRODUTO GALV. A FOGO 01\"X2,65MM 5598","BR",{"$nulls":5},111.670952170384,109.77254598348701,121.72133786571899,114.38827867319667,111.670952170384,109.77254598348701,109.77254598348701,109.77254598348701]
["3.7.23","COT-E825","PROPRIA","LAMP. LED BULBO  40W 6,5K BIV E27 DECORL","PC",{"$nulls":5},96.406505323895701,88.693984897984095,99.298700483612606,94.799730235164134,96.406505323895701,88.693984897984095,88.693984897984095,88.693984897984095]
["3.7.24","COT-E826","PROPRIA","LEITO M. 100X100X3MT 38X19 CH-16  GF","PC",{"$nulls":5},287.6706446224,315.86236779539502,293.42405751484802,298.98568997754768,293.42405751484802,287.6706446224,287.6706446224,287.6706446224]
["3.7.25","COT-E827","PROPRIA","LEITO M. 200X100X3MT 38X19 CH-16 3 GF","PC",{"$nulls":5},350.98326613067701,385.37962621148301,358.00293145329101,364.78860793181701,358.00293145329101,350.98326613067701,350.98326613067701,350.98326613067701]
["3.7.26","COT-E828","PROPRIA","LUMINARIA BLIND. ARTICUL 45-90G 300W E27","PC",{"$nulls":5},404.79294637070598,445.15080312386499,390.62519324773098,413.52298091410063,404.79294637070598,390.62519324773098,390.62519324773098,390.62519324773098]
["3.7.27","COT-E829","PROPRIA","LUMINARIA DE EMERG. 3000LM 3 FAROIS LUXP","PC",{"$nulls":5},303.54522399054298,340.88128654138001,327.82884190978598,324.08511748056964,327.82884190978598,303.54522399054298,303.54522399054298,303.54522399054298]
["3.7.28","COT-E830","PROPRIA","PRENSA CABO TERMOPLASTICO 01\" CZ RMC","PC",{"$nulls":5},11.874203181458901,13.2183629816,12.942881467790199,12.678482543616367,12.942881467790199,11.874203181458901,11.874203181458901,11.874203181458901]
["3.7.29","COT-E831","PROPRIA","REDUCAO CONC.  LEITO  200X100-100X100 GF","PC",{"$nulls":5},73.870570340688005,81.109886234075404,75.347981747501805,76.776146107421752,75.347981747501805,73.870570340688005,73.870570340688005,73.870570340688005]
["3.7.30","COT-E832","PROPRIA","TALA 100MM LEITO GF","PC",{"$nulls":5},8.5046365831171293,9.3380909682626108,8.6747293147794693,8.8391522887197365,8.6747293147794693,8.5046365831171293,8.5046365831171293,8.5046365831171293]
["3.7.31","COT-E833","PROPRIA","TAMPA ALUM 01\"  CEGA TRAMONTINA","PC",{"$nulls":5},6.0317389344166701,6.6331033061780102,5.8206280717120897,6.16182343743559,6.0317389344166701,5.8206280717120897,5.8206280717120897,5.8206280717120897]
["3.7.32","COT-E834","PROPRIA","TAMPA ALUM 01\" 2 POSTOS TRAMONTINA","PC",{"$nulls":5},6.9318275527794899,7.6229307597915996,6.6892135884322101,7.0813239670010999,6.9318275527794899,6.6892135884322101,6.6892135884322101,6.6892135884322101]
["3.7.33","COT-E835","PROPRIA","TAMPA ALUM 01\" 3 POSTOS TRAMONTINA","PC",{"$nulls":5},7.34783422910533,8.0804133017471305,7.0906600310866397,7.5063025206463658,7.34783422910533,7.0906600310866397,7.0906600310866397,7.0906600310866397]
["3.7.34","COT-E836","PROPRIA","TOM 2P+T 10A S/PL  P/ 2 MOD PT/VM","PC",{"$nulls":5},7.2403134823279398,7.9447959841584499,7.8752889747281003,7.6867994804048294,7.8752889747281003,7.2403134823279398,7.2403134823279398,7.2403134823279398]
["3.7.35","COT-E837","PROPRIA","TOM DUPLA 2P+T 20A S/PL  P/3 MOD PT/PT","PC",{"$nulls":5},13.520415798538799,14.835952255736601,14.7061562640706,14.354174772782001,14.7061562640706,13.520415798538799,13.520415798538799,13.520415798538799]
["3.7.36","COT-E838","PROPRIA","TOM IND SOB 220V 2P+T 16A 6H","PC",{"$nulls":5},56.905752867832803,61.259042962221997,61.059872827184599,59.741556219079797,61.059872827184599,56.905752867832803,56.905752867832803,56.905752867832803]
["3.7.37","COT-E839","PROPRIA","TOM IND SOB 380/440V 3P+T  32A 6H","PC",{"$nulls":5},74.623056513770607,80.331720337074103,80.070539639275907,78.341772163373548,80.070539639275907,74.623056513770607,74.623056513770607,74.623056513770607]
["3.7.38","COT-E840","PROPRIA","MOTOR TRIFASICO 380V 50CV","PC",{"$nulls":5},29568.5806525433,32741.289356561199,34595.239363475703,32301.703124193402,32741.289356561199,29568.5806525433,29568.5806525433,29568.5806525433]

{"sheet":"CPU_Elet","index":4,"n_rows":79,"n_cols":10,"rows_kept":79,"cut":false,"hidden":false,"merged":[[2,2,2,5],[79,0,79,9]]}
[null,null,"MINISTÉRIO DA INTEGRAÇÃO E DO DESENVOLVIMENTO REGIONAL",{"$nulls":4},"SINAPI:",{"$f":"ORC_Civil!J1","v":"2025-08-01"}]
[null,null,"COMPANHIA DE DESENVOLVIMENTO DOS VALES DO SÃO FRANCISCO E PARNAÍBA",{"$nulls":4},"SICRO:",{"$f":"ORC_Civil!J2","v":"2025-04-01"}]
[null,null,"                      8ª SUPERINTENDÊNCIA REGIONAL - MARANHÃO",{"$nulls":4},"ORSE:",{"$f":"ORC_Civil!J3","v":"2025-07-01"}]
[{"$nulls":7},"Cotações:",{"$f":"ORC_Civil!J4","v":"2025-10-01"}]
["Objeto: Contratação de serviços técnicos para retrofit de componentes da infraestruturas de uso comum do Projeto Público de Irrigação Tabuleiro de São Bernardo (PITSB).",{"$nulls":6},"BDI-F:",{"$f":"CAPA!D14","v":0.15}]
["Local: Magalhães de Almeida - MA",{"$nulls":6},"BDI-S:",{"$f":"CAPA!D15","v":0.26479999999999998}]
["COMPOSIÇÕES DE CUSTOS UNITÁRIOS PRÓPRIAS - ELÉTRICA"]
["CPUs\n100","Fonte\n","Descrição\n","Tipo\n","Unid.\n","Custo Unitário","Coeficiente \nde Utilização","Valor Unitário","Custo Unitário","Custo Unitário com desconto "]
["CPU-E01",null,"SERVIÇOS EBP - SUBESTAÇÃO DE ENTRADA CUBÍCULO EXISTENTE - ESTUDO DE PROTEÇÃO E SELETIVIDADE",null,"und",null,null,null,{"$f":"SUM(H10:H16)","v":25759.424999999999},{"$f":"SUM(J10:J16)","v":24729.047999999999}]
[40807,"SINAPI","DESENHISTA PROJETISTA (MENSALISTA)","COMPOSIÇÃO","mês",2766.09,1,{"$f":"F10*G10","v":2766.09},null,{"$f":"H10*(1-CAPA!$D$13)","v":2655.4464000000003}]
[40922,"SINAPI","ELETROTECNICO (MENSALISTA)","COMPOSIÇÃO","mês",4376.6400000000003,0.5,{"$f":"F11*G11","v":2188.3200000000002},null,{"$f":"H11*(1-CAPA!$D$13)","v":2100.7872000000002}]
["P9882","SICRO","Técnico especializado (Analista)","COMPOSIÇÃO","mês",5598.66,0.5,2799.33,null,{"$f":"H12*(1-CAPA!$D$13)","v":2687.3568}]
[40919,"SINAPI","AJUDANTE DE ELETRICISTA (MENSALISTA)","COMPOSIÇÃO","mês",2823.04,1,2823.04,null,{"$f":"H13*(1-CAPA!$D$13)","v":2710.1183999999998}]
[40918,"SINAPI","ELETRICISTA (MENSALISTA)","COMPOSIÇÃO","mês",3721.71,1,3721.71,null,{"$f":"H14*(1-CAPA!$D$13)","v":3572.8415999999997}]
[40939,"COMPESA","ENGENHEIRO ELETRICISTA (MENSALISTA)","COMPOSIÇÃO","mês",17575.189999999999,0.5,8787.5949999999993,null,{"$f":"H15*(1-CAPA!$D$13)","v":8436.0911999999989}]
[41084,"SINAPI","SERVENTE DE OBRAS (MENSALISTA)","COMPOSIÇÃO","mês",2673.34,1,2673.34,null,{"$f":"H16*(1-CAPA!$D$13)","v":2566.4063999999998}]
["CPU-E02",null,"SERVIÇOS EBP - SUBST. DO CCM - 4.2KV (PAINEL DE MÉDIA ALIM. MOTORES 600 CV)",null,"und",null,null,null,{"$f":"SUM(H18:H25)","v":50839.37},{"$f":"SUM(J18:J25)","v":48805.795199999993}]
[40807,"SINAPI","DESENHISTA PROJETISTA (MENSALISTA)","COMPOSIÇÃO","mês",2766.09,1,{"$f":"F18*G18","v":2766.09},null,{"$f":"H18*(1-CAPA!$D$13)","v":2655.4464000000003}]
[40922,"SINAPI","ELETROTECNICO (MENSALISTA)","COMPOSIÇÃO","mês",4376.6400000000003,1,{"$f":"F19*G19","v":4376.6400000000003},null,{"$f":"H19*(1-CAPA!$D$13)","v":4201.5744000000004}]
["P9882","SICRO","Técnico especializado (Analista)","COMPOSIÇÃO","mês",5598.66,1,5598.66,null,{"$f":"H20*(1-CAPA!$D$13)","v":5374.7136}]
[40919,"SINAPI","AJUDANTE DE ELETRICISTA (MENSALISTA)","COMPOSIÇÃO","mês",2823.04,2,5646.08,null,{"$f":"H21*(1-CAPA!$D$13)","v":5420.2367999999997}]
[40918,"SINAPI","ELETRICISTA (MENSALISTA)","COMPOSIÇÃO","mês",3721.71,1,3721.71,null,{"$f":"H22*(1-CAPA!$D$13)","v":3572.8415999999997}]
[101390,"SINAPI","AUXILIAR TÉCNICO / ASSISTENTE DE ENGENHARIA COM ENCARGOS COMPLEMENTARES","COMPOSIÇÃO","mês",{"$f":"IF(B23=\"SINAPI\",(IFERROR(VLOOKUP(A23,'CompSD SINAPI'!$B$11:$F$9784,4,0),VLOOKUP(CPU_Mec!A23,'ISD SINAPI'!$B$11:$F$4903,5,0))),IF(OR(B23=\"SICRO\",B23=\"SICRO3\"),(IFERROR(VLOOKUP(A23,'COMP SD SICRO'!$A$2:$D$6495,4,0),VLOOKUP(CPU_Mec!A23,'ISD SICRO'!$A$2:$D$2319,4,0))),IF(B23=\"SEINFRA\",(IFERROR(VLOOKUP(A23,'COMPSD SEINFRA'!$B$7:$G$5611,4,0),VLOOKUP(CPU_Mec!A23,'ISD SEINFRA'!A21:$D$11922,4,0))),)))","v":5808.32},1,5808.32,null,{"$f":"H23*(1-CAPA!$D$13)","v":5575.9871999999996}]
[40939,"COMPESA","ENGENHEIRO ELETRICISTA (MENSALISTA)","COMPOSIÇÃO","mês",17575.189999999999,1,17575.189999999999,null,{"$f":"H24*(1-CAPA!$D$13)","v":16872.182399999998}]
[41084,"SINAPI","SERVENTE DE OBRAS (MENSALISTA)","COMPOSIÇÃO","mês",2673.34,2,5346.68,null,{"$f":"H25*(1-CAPA!$D$13)","v":5132.8127999999997}]
["CPU-E03",null,"SERVIÇOS EBP - MANUTENÇÃO DOS MOTORES 4,2KV",null,"und",null,null,null,{"$f":"SUM(H27:H35)","v":84848.639999999999},{"$f":"SUM(J27:J35)","v":81454.694400000008}]
[40807,"SINAPI","DESENHISTA PROJETISTA (MENSALISTA)","COMPOSIÇÃO","mês",2766.09,1,{"$f":"F27*G27","v":2766.09},null,{"$f":"H27*(1-CAPA!$D$13)","v":2655.4464000000003}]
[40922,"SINAPI","ELETROTECNICO (MENSALISTA)","COMPOSIÇÃO","mês",4376.6400000000003,2,{"$f":"F28*G28","v":8753.2800000000007},null,{"$f":"H28*(1-CAPA!$D$13)","v":8403.1488000000008}]
["P9882","SICRO","Técnico especializado (Analista técnico)","COMPOSIÇÃO","mês",5598.66,2,11197.32,null,{"$f":"H29*(1-CAPA!$D$13)","v":10749.4272}]
[40919,"SINAPI","AJUDANTE DE ELETRICISTA (MENSALISTA)","COMPOSIÇÃO","mês",2823.04,2,5646.08,null,{"$f":"H30*(1-CAPA!$D$13)","v":5420.2367999999997}]
[40918,"SINAPI","ELETRICISTA (MENSALISTA)","COMPOSIÇÃO","mês",3721.71,2,7443.42,null,{"$f":"H31*(1-CAPA!$D$13)","v":7145.6831999999995}]
[40975,"SINAPI","AUXILIAR DE MECANICO (MENSALISTA)","COMPOSIÇÃO","mês",2823.04,2,5646.08,null,{"$f":"H32*(1-CAPA!$D$13)","v":5420.2367999999997}]
[40939,"COMPESA","ENGENHEIRO ELETRICISTA (MENSALISTA)","COMPOSIÇÃO","mês",17575.189999999999,1,17575.189999999999,null,{"$f":"H33*(1-CAPA!$D$13)","v":16872.182399999998}]
["P9891","SICRO","Engenheiro mecânico","COMPOSIÇÃO","mês",23147.84,1,23147.84,null,{"$f":"H34*(1-CAPA!$D$13)","v":22221.9264}]
[41084,"SINAPI","SERVENTE DE OBRAS (MENSALISTA)","COMPOSIÇÃO","mês",2673.34,1,2673.34,null,{"$f":"H35*(1-CAPA!$D$13)","v":2566.4063999999998}]
["CPU-E04",null,"SERVIÇOS EBP - NOVA SUBESTAÇÃO DE ENERGIA TRAFO 112,5 KVA 13.8KV/380 VCA - QDLF SE e EBP E AUTOMAÇÃO RESERVATÓRIO",null,"und",null,null,null,{"$f":"SUM(H37:H44)","v":43009.267},{"$f":"SUM(J37:J44)","v":41288.896319999993}]
[40807,"SINAPI","DESENHISTA PROJETISTA (MENSALISTA)","COMPOSIÇÃO","mês",2766.09,1,{"$f":"F37*G37","v":2766.09},null,{"$f":"H37*(1-CAPA!$D$13)","v":2655.4464000000003}]
[40922,"SINAPI","ELETROTECNICO (MENSALISTA)","COMPOSIÇÃO","mês",4376.6400000000003,1,{"$f":"F38*G38","v":4376.6400000000003},null,{"$f":"H38*(1-CAPA!$D$13)","v":4201.5744000000004}]
["P9882","SICRO","Técnico especializado (Analista técnico)","COMPOSIÇÃO","mês",5598.66,1,5598.66,null,{"$f":"H39*(1-CAPA!$D$13)","v":5374.7136}]
[40919,"SINAPI","AJUDANTE DE ELETRICISTA (MENSALISTA)","COMPOSIÇÃO","mês",2823.04,4,11292.16,null,{"$f":"H40*(1-CAPA!$D$13)","v":10840.473599999999}]
[40918,"SINAPI","ELETRICISTA (MENSALISTA)","COMPOSIÇÃO","mês",3721.71,1,3721.71,null,{"$f":"H41*(1-CAPA!$D$13)","v":3572.8415999999997}]
[40939,"COMPESA","ENGENHEIRO ELETRICISTA (MENSALISTA)","COMPOSIÇÃO","mês",17575.189999999999,0.5,8787.5949999999993,null,{"$f":"H42*(1-CAPA!$D$13)","v":8436.0911999999989}]
["P9882","SICRO","Técnico especializado (Automação)","COMPOSIÇÃO","mês",5598.66,0.2,1119.732,null,{"$f":"H43*(1-CAPA!$D$13)","v":1074.94272}]
[41084,"SINAPI","SERVENTE DE OBRAS (MENSALISTA)","COMPOSIÇÃO","mês",2673.34,2,5346.68,null,{"$f":"H44*(1-CAPA!$D$13)","v":5132.8127999999997}]
["CPU-E05",null,"SERVIÇOS EBS1: SUBESTAÇÃO DE ENTRADA DE ENERGIA EM ALVENARIA - 15KV COM TRANSFORMADOR DE 750KVA",null,"und",null,null,null,{"$f":"SUM(H46:H52)","v":36243.455000000002},{"$f":"SUM(J46:J52)","v":34793.716799999995}]
[40807,"SINAPI","DESENHISTA PROJETISTA (MENSALISTA)","COMPOSIÇÃO","mês",2766.09,1,{"$f":"F46*G46","v":2766.09},null,{"$f":"H46*(1-CAPA!$D$13)","v":2655.4464000000003}]
[40922,"SINAPI","ELETROTECNICO (MENSALISTA)","COMPOSIÇÃO","mês",4376.6400000000003,1,{"$f":"F47*G47","v":4376.6400000000003},null,{"$f":"H47*(1-CAPA!$D$13)","v":4201.5744000000004}]
["P9882","SICRO","Técnico especializado (Analista técnico)","COMPOSIÇÃO","mês",5598.66,1,5598.66,null,{"$f":"H48*(1-CAPA!$D$13)","v":5374.7136}]
[40919,"SINAPI","AJUDANTE DE ELETRICISTA (MENSALISTA)","COMPOSIÇÃO","mês",2823.04,2,5646.08,null,{"$f":"H49*(1-CAPA!$D$13)","v":5420.2367999999997}]
[40918,"SINAPI","ELETRICISTA (MENSALISTA)","COMPOSIÇÃO","mês",3721.71,1,3721.71,null,{"$f":"H50*(1-CAPA!$D$13)","v":3572.8415999999997}]
[40939,"COMPESA","ENGENHEIRO ELETRICISTA (MENSALISTA)","COMPOSIÇÃO","mês",17575.189999999999,0.5,8787.5949999999993,null,{"$f":"H51*(1-CAPA!$D$13)","v":8436.0911999999989}]
[41084,"SINAPI","SERVENTE DE OBRAS (MENSALISTA)","COMPOSIÇÃO","mês",2673.34,2,5346.68,null,{"$f":"H52*(1-CAPA!$D$13)","v":5132.8127999999997}]
["CPU-E06",null,"SERVIÇOS EBS1: CCM EBS1 380 VCA TTA CONFORME NORMA 61439 E PROJETO UNIFILAR EBS1",null,"und",null,null,null,{"$f":"SUM(H54:H60)","v":36563.710000000006},{"$f":"SUM(J54:J60)","v":35101.161599999999}]
[40807,"SINAPI","DESENHISTA PROJETISTA (MENSALISTA)","COMPOSIÇÃO","mês",2766.09,0.5,{"$f":"F54*G54","v":1383.0450000000001},null,{"$f":"H54*(1-CAPA!$D$13)","v":1327.7232000000001}]
[40922,"SINAPI","ELETROTECNICO (MENSALISTA)","COMPOSIÇÃO","mês",4376.6400000000003,2,{"$f":"F55*G55","v":8753.2800000000007},null,{"$f":"H55*(1-CAPA!$D$13)","v":8403.1488000000008}]
["P9882","SICRO","Técnico especializado (Analista técnico)","COMPOSIÇÃO","mês",5598.66,1,5598.66,null,{"$f":"H56*(1-CAPA!$D$13)","v":5374.7136}]
[40919,"SINAPI","AJUDANTE DE ELETRICISTA (MENSALISTA)","COMPOSIÇÃO","mês",2823.04,2,5646.08,null,{"$f":"H57*(1-CAPA!$D$13)","v":5420.2367999999997}]
[40918,"SINAPI","ELETRICISTA (MENSALISTA)","COMPOSIÇÃO","mês",3721.71,1,3721.71,null,{"$f":"H58*(1-CAPA!$D$13)","v":3572.8415999999997}]
[40939,"COMPESA","ENGENHEIRO ELETRICISTA (MENSALISTA)","COMPOSIÇÃO","mês",17575.189999999999,0.5,8787.5949999999993,null,{"$f":"H59*(1-CAPA!$D$13)","v":8436.0911999999989}]
[41084,"SINAPI","SERVENTE DE OBRAS (MENSALISTA)","COMPOSIÇÃO","mês",2673.34,1,2673.34,null,{"$f":"H60*(1-CAPA!$D$13)","v":2566.4063999999998}]
["CPU-E07",null,"SERVIÇOS EBS2 -  SUBESTAÇÃO DE ENERGIA COM MEDIÇÃO PADRÃO CONCESSIONÁRIA LOCAL TRAFO 225 KVA 13.8KV/380 VCA",null,"und",null,null,null,{"$f":"SUM(H62:H68)","v":18116.875},{"$f":"SUM(I62:I68)","v":0}]
[40807,"SINAPI","DESENHISTA PROJETISTA (MENSALISTA)","COMPOSIÇÃO","mês",2766.09,1,{"$f":"F62*G62","v":2766.09}]
[40922,"SINAPI","ELETROTECNICO (MENSALISTA)","COMPOSIÇÃO","mês",4376.6400000000003,0.5,{"$f":"F63*G63","v":2188.3200000000002}]
["P9882","SICRO","Técnico especializado (Analista técnico)","COMPOSIÇÃO","mês",5598.66,0.2,1119.732]
[40919,"SINAPI","AJUDANTE DE ELETRICISTA (MENSALISTA)","COMPOSIÇÃO","mês",2823.04,0.7,1976.1279999999999]
[40918,"SINAPI","ELETRICISTA (MENSALISTA)","COMPOSIÇÃO","mês",3721.71,0.2,744.3420000000001]
[40939,"COMPESA","ENGENHEIRO ELETRICISTA (MENSALISTA)","COMPOSIÇÃO","mês",17575.189999999999,0.5,8787.5949999999993]
[41084,"SINAPI","SERVENTE DE OBRAS (MENSALISTA)","COMPOSIÇÃO","mês",2673.34,0.2,534.66800000000001]
["CPU-E08",null,"SERVIÇOS EBS2: CCM EBS2 380 VCA TTA CONFORME NORMA 61439 E PROJETO UNIFILAR EBS2",null,"und",null,null,null,{"$f":"SUM(H70:H76)","v":36563.710000000006},{"$f":"SUM(I70:I76)","v":0}]
[40807,"SINAPI","DESENHISTA PROJETISTA (MENSALISTA)","COMPOSIÇÃO","mês",2766.09,0.5,{"$f":"F70*G70","v":1383.0450000000001}]
[40922,"SINAPI","ELETROTECNICO (MENSALISTA)","COMPOSIÇÃO","mês",4376.6400000000003,2,{"$f":"F71*G71","v":8753.2800000000007}]
["P9882","SICRO","Técnico especializado (Analista técnico)","COMPOSIÇÃO","mês",5598.66,1,5598.66]
[40919,"SINAPI","AJUDANTE DE ELETRICISTA (MENSALISTA)","COMPOSIÇÃO","mês",2823.04,2,5646.08]
[40918,"SINAPI","ELETRICISTA (MENSALISTA)","COMPOSIÇÃO","mês",3721.71,1,3721.71]
[40939,"COMPESA","ENGENHEIRO ELETRICISTA (MENSALISTA)","COMPOSIÇÃO","mês",17575.189999999999,0.5,8787.5949999999993]
[41084,"SINAPI","SERVENTE DE OBRAS (MENSALISTA)","COMPOSIÇÃO","mês",2673.34,1,2673.34]
["CPU-E09",null,"OPERAÇÃO ASSISTIDA E TREINAMENTO DA EQUIPE CODEVASF e ASITASB e DATA BOOK COM AS BUILT",null,"und",null,null,null,{"$f":"SUM(H78:H79)","v":7142.7300000000005},{"$f":"SUM(J78:J79)","v":6857.0208000000002}]
[40807,"SINAPI","DESENHISTA PROJETISTA (MENSALISTA)","COMPOSIÇÃO","mês",2766.09,1,{"$f":"F78*G78","v":2766.09},null,{"$f":"H78*(1-CAPA!$D$13)","v":2655.4464000000003}]
[40922,"SINAPI","ELETROTECNICO (MENSALISTA)","COMPOSIÇÃO","mês",4376.6400000000003,1,{"$f":"F79*G79","v":4376.6400000000003},null,{"$f":"H79*(1-CAPA!$D$13)","v":4201.5744000000004}]

{"sheet":"ORC_Mec","index":5,"n_rows":121,"n_cols":12,"rows_kept":121,"cut":false,"hidden":false,"merged":[[6,0,6,9],[0,10,5,11],[6,10,6,11],[7,10,7,11],[5,0,5,1]]}
[22627.68,null,null,"MINISTÉRIO DA INTEGRAÇÃO E DO DESENVOLVIMENTO REGIONAL",{"$nulls":4},"SINAPI:","2025-08-01","PREÇO GLOBAL COM DESCONTO "]
[null,null,null,"COMPANHIA DE DESENVOLVIMENTO DOS VALES DO SÃO FRANCISCO E PARNAÍBA",{"$nulls":4},"SICRO:","2025-04-01"]
[null,null,null,"8ª SUPERINTENDÊNCIA REGIONAL - MARANHÃO",{"$nulls":4},"ORSE:","2025-07-01"]
["Objeto: Contratação de serviços técnicos para retrofit de componentes da infraestruturas de uso comum do Projeto Público de Irrigação Tabuleiro de São Bernardo (PITSB).",{"$nulls":7},"Cotações:","2025-10-01"]
["Local: Magalhães de Almeida - MA",{"$nulls":7},"BDI-F:",{"$f":"CAPA!D14","v":0.15}]
["Preço Global sem Desconto:",null,{"$f":"I121","v":2263121.84},{"$nulls":5},"BDI-S:",{"$f":"CAPA!D15","v":0.26479999999999998}]
["ORÇAMENTO - MECÂNICA",{"$nulls":9},{"$f":"L121","v":2172596.9663999993}]
["Item\n","Código\n","Fonte\n","Descrição\n","Unid.\n","Quant.\n","Custo Unit.\n(R$)","Preço Unit.\n(R$)","Subtotal\n(R$)","Peso\n(%)","PROPOSTA DA EMPRESA LICITANTE"]
[1,null,null,"EBP - RECUPERAÇÃO BOMBAS VERTICAIS DE 3 ESTÁGIOS",{"$nulls":6},"DESCONTO","PREÇO COM BDI APÓS DESCONTO"]
["1.1.1","*****","*****","MATERIAL BOMBA VERTICAL VTI 24 C/ 3 ESTAGIOS ",{"$nulls":4},{"$f":"SUM(I11:I22)","v":411011.82999999996},null,{"$f":"CAPA!$D$13","v":0.04},{"$f":"SUM(L11:L22)","v":394571.35680000001}]
["1.1.1.1","COT_M01","PROPRIA","Luva distanciadora 1 VTI 24C AISI 316","PC",6,{"$f":"COT_Mec!R11","v":8455.44},{"$f":"G11*(1+$J$5)","v":9723.7559999999994},{"$f":"TRUNC(F11*H11,2)","v":58342.53},null,{"$f":"CAPA!$D$13","v":0.04},{"$f":"I11*(1-K11)","v":56008.828799999996}]
["1.1.1.2","COT_M02","PROPRIA","Luva distanciadora 2 VTI 24C AISI 316","PC",4,{"$f":"COT_Mec!R12","v":8455.44},{"$f":"G12*(1+$J$5)","v":9723.7559999999994},{"$f":"TRUNC(F12*H12,2)","v":38895.019999999997},null,{"$f":"CAPA!$D$13","v":0.04},{"$f":"I12*(1-K12)","v":37339.219199999992}]
["1.1.1.3","COT_M03","PROPRIA","Anel de desgaste estático VTI 24C ASTM A48 CL30 ","PC",12,{"$f":"COT_Mec!R13","v":2587.1999999999998},2975.2799999999997,35703.360000000001,null,{"$f":"CAPA!$D$13","v":0.04},34275.225599999998]
["1.1.1.4","COT_M04","PROPRIA","Luva protetora da caixa de selagem VTI 24C AISI 316","PC",2,{"$f":"COT_Mec!R14","v":21782.400000000001},25049.759999999998,50099.519999999997,null,{"$f":"CAPA!$D$13","v":0.04},48095.539199999992]
["1.1.1.5","COT_M05","PROPRIA","Mancal guia do sino VTI 24C D-GLIDE","PC",2,{"$f":"COT_Mec!R15","v":4296},4940.3999999999996,9880.7999999999993,null,{"$f":"CAPA!$D$13","v":0.04},9485.5679999999993]
["1.1.1.6","COT_M06","PROPRIA","Mancal guia do difusor VTI 24C D-GLIDE","PC",6,{"$f":"COT_Mec!R16","v":7305},8400.75,50404.5,null,{"$f":"CAPA!$D$13","v":0.04},48388.32]
["1.1.1.7","COT_M07","PROPRIA","Mancal guia do estabilizador VTI 24C D-GLIDE","PC",6,{"$f":"COT_Mec!R17","v":7305},8400.75,50404.5,null,{"$f":"CAPA!$D$13","v":0.04},48388.32]
["1.1.1.8","COT_M08","PROPRIA","Jogo de juntas e orings VTI 24C/3","JG",2,{"$f":"COT_Mec!R18","v":9832},11306.8,22613.599999999999,null,{"$f":"CAPA!$D$13","v":0.04},21709.055999999997]
["1.1.1.9","COT_M09","PROPRIA","Cj de mangueiras e conexões de entrada no mancal VTI 24C ","PC",2,{"$f":"COT_Mec!R19","v":1280},1472,2944,null,{"$f":"CAPA!$D$13","v":0.04},2826.24]
["1.1.1.10","COT_M10","PROPRIA","Luva 3/4 NPT Femea / Femea ","PC",2,{"$f":"COT_Mec!R20","v":172},197.79999999999998,395.6,null,{"$f":"CAPA!$D$13","v":0.04},379.77600000000001]
["1.1.1.11","COT_M11","PROPRIA","Disco defletor VTI 24C AISI 316","PC",2,{"$f":"COT_Mec!R21","v":8808},10129.199999999999,20258.400000000001,null,{"$f":"CAPA!$D$13","v":0.04},19448.064000000002]
["1.1.1.12","COT_M12","PROPRIA","Rolamento 29338E","PC",2,{"$f":"COT_Mec!R22","v":30900},35535,71070,null,{"$f":"CAPA!$D$13","v":0.04},68227.199999999997]
["1.1.2","*****","*****","SERVIÇOS DE RECUPERAÇÃO BOMBA VERTICAL IMBIL  VTI 24 C/ 3 ESTAGIOS",{"$nulls":4},{"$f":"I24","v":102396.26},null,{"$f":"CAPA!$D$13","v":0.04},{"$f":"SUM(L24)","v":98300.409599999984}]
["1.1.2.1","CPU-M13","PROPRIA","SERVIÇOS DE RECUPERAÇÃO DE BOMBA VERTICAL IMBIL  VTI 24 C/ 3 ESTAGIOS","und",2,{"$f":"VLOOKUP(B24,CPU_Mec!$A$9:$I$86,9,0)","v":40479.23000000001},{"$f":"G24*(1+$J$6)","v":51198.130104000011},102396.26,null,{"$f":"CAPA!$D$13","v":0.04},{"$f":"I24*(1-K24)","v":98300.409599999984}]
["1.2.1","*****","*****","MATERIAL BOMBA VERTICAL KSB B 24 B / 3 ESTÁGIOS",{"$nulls":4},{"$f":"SUM(I26:I37)","v":206498.13999999996},null,{"$f":"CAPA!$D$13","v":0.04},{"$f":"SUM(L26:L37)","v":198238.2144}]
["1.2.1.1","COT_M13","PROPRIA","Luva distanciadora B 24 B/3 AISI 316","PC",3,{"$f":"COT_Mec!R26","v":8628},{"$f":"G26*(1+$J$5)","v":9922.1999999999989},29766.6,null,{"$f":"CAPA!$D$13","v":0.04},28575.935999999998]
["1.2.1.2","COT_M14","PROPRIA","Luva distanciadora B 24 B/3 AISI 316","PC",2,{"$f":"COT_Mec!R27","v":8628},9922.1999999999989,19844.400000000001,null,{"$f":"CAPA!$D$13","v":0.04},19050.624]
["1.2.1.3","COT_M15","PROPRIA","Anel de desgaste estático B 24 B/3 ASTM A48 CL30 ","PC",6,{"$f":"COT_Mec!R28","v":2587.1999999999998},2975.2799999999997,17851.68,null,{"$f":"CAPA!$D$13","v":0.04},17137.612799999999]
["1.2.1.4","COT_M16","PROPRIA","Luva protetora da caixa de selagem B 24 B/3 AISI 316","PC",1,{"$f":"COT_Mec!R29","v":21782.400000000001},25049.759999999998,25049.759999999998,null,{"$f":"CAPA!$D$13","v":0.04},24047.769599999996]
["1.2.1.5","COT_M17","PROPRIA","Mancal guia do sino B 24 B/3 ","PC",1,{"$f":"COT_Mec!R30","v":4296},4940.3999999999996,4940.3999999999996,null,{"$f":"CAPA!$D$13","v":0.04},4742.7839999999997]
["1.2.1.6","COT_M18","PROPRIA","Mancal guia do difusor B 24 B/3","PC",3,{"$f":"COT_Mec!R31","v":7305},8400.75,25202.25,null,{"$f":"CAPA!$D$13","v":0.04},24194.16]
["1.2.1.7","COT_M19","PROPRIA","Mancal guia do estabilizador B 24 B/3","PC",3,{"$f":"COT_Mec!R32","v":7305},8400.75,25202.25,null,{"$f":"CAPA!$D$13","v":0.04},24194.16]
["1.2.1.8","COT_M20","PROPRIA","Cj de mangueiras e conexões de entrada no mancal B 24 B/3","PC",1,{"$f":"COT_Mec!R33","v":9832},11306.8,11306.8,null,{"$f":"CAPA!$D$13","v":0.04},10854.527999999998]
["1.2.1.9","COT_M21","PROPRIA","Luva 3/4 NPT Femea / Femea B 24 B/3","PC",1,{"$f":"COT_Mec!R34","v":1280},1472,1472,null,{"$f":"CAPA!$D$13","v":0.04},1413.12]
["1.2.1.10","COT_M22","PROPRIA","Disco defletor B 24 B/3 AISI 316","PC",1,{"$f":"COT_Mec!R35","v":172},197.79999999999998,197.8,null,{"$f":"CAPA!$D$13","v":0.04},189.88800000000001]
["1.2.1.11","COT_M23","PROPRIA","Jogo de juntas e orings B 24 B/3","PC",1,{"$f":"COT_Mec!R36","v":8808},10129.199999999999,10129.200000000001,null,{"$f":"CAPA!$D$13","v":0.04},9724.0320000000011]
["1.2.1.12","COT_M24","PROPRIA","Rolamento 29338E","PC",1,{"$f":"COT_Mec!R37","v":30900},35535,35535,null,{"$f":"CAPA!$D$13","v":0.04},34113.599999999999]
["1.2.2","*****","*****","SERVIÇOS DE RECUPERAÇÃO BOMBA VERTICAL KSB B 24 B / 3  ESTÁGIOS",{"$nulls":4},{"$f":"I39","v":51198.13},null,{"$f":"CAPA!$D$13","v":0.04},{"$f":"SUM(L39)","v":49150.204799999992}]
["1.2.2.1","CPU-M14","PROPRIA","SERVIÇOS DE RECUPERAÇÃO DE BOMBA VERTICAL KSB B 24 B / 3   ESTAGIOS","und",1,{"$f":"VLOOKUP(B39,CPU_Mec!$A$9:$I$86,9,0)","v":40479.23000000001},{"$f":"G39*(1+$J$6)","v":51198.130104000011},51198.13,null,{"$f":"CAPA!$D$13","v":0.04},49150.204799999992]
["1.3","*****","*****","BARRILETE DE BOMBAS",{"$nulls":4},{"$f":"I41","v":835762.5},null,{"$f":"CAPA!$D$13","v":0.04},{"$f":"SUM(L41)","v":802332}]
["1.3.1","COT_M25","PROPRIA","Válvula Sutentadora de Pressão Bermad DN 500 mm e 2 flanges p/ tocos de montagem","pç",3,{"$f":"COT_Mec!R41","v":242250},{"$f":"G41*(1+$J$5)","v":278587.5},835762.5,null,{"$f":"CAPA!$D$13","v":0.04},802332]
["1.3","*****","*****","SERVIÇOS DE MANUTENÇÃO DE VÁLVULAS",{"$nulls":4},{"$f":"SUM(I43:I48)","v":14791.84},null,{"$f":"CAPA!$D$13","v":0.04},{"$f":"SUM(L43:L48)","v":14200.166399999998}]
["1.3.1","CPU-M01","PROPRIA","Manutenção de válvula gaveta DN < 300 mm","und",3,{"$f":"VLOOKUP(B43,CPU_Mec!$A$9:$I$46,9,0)","v":444.52639999999997},{"$f":"G43*(1+$J$6)","v":562.23699071999988},1686.71,null,{"$f":"CAPA!$D$13","v":0.04},1619.2416000000001]
["1.3.2","CPU-M02","PROPRIA","Manutenção de válvula borboleta com redutor e acionamento manual DN 300 a 800 mm","und",3,{"$f":"VLOOKUP(B44,CPU_Mec!$A$9:$I$46,9,0)","v":666.78959999999995},843.35548607999988,2530.06,null,{"$f":"CAPA!$D$13","v":0.04},2428.8575999999998]
["1.3.3","CPU-M03","PROPRIA","Manutenção de ventosa DN < 300mm","und",4,{"$f":"VLOOKUP(B45,CPU_Mec!$A$9:$I$46,9,0)","v":444.52639999999997},562.23699071999988,2248.94,null,{"$f":"CAPA!$D$13","v":0.04},2158.9823999999999]
["1.3.4","CPU-M04","PROPRIA","Manutenção de válvula Clasar","und",3,{"$f":"VLOOKUP(B46,CPU_Mec!$A$9:$I$46,9,0)","v":333.39479999999998},421.67774303999994,1265.03,null,{"$f":"CAPA!$D$13","v":0.04},1214.4287999999999]
["1.3.5","CPU-M05","PROPRIA","Manutenção de comporta de poço de bombas","und",1,{"$f":"VLOOKUP(B47,CPU_Mec!$A$9:$I$46,9,0)","v":333.39479999999998},421.67774303999994,421.67,null,{"$f":"CAPA!$D$13","v":0.04},404.8032]
["1.3.6","CPU-M06","PROPRIA","Montagem de válvula sustentadora de pressão DN 500mm","und",3,{"$f":"VLOOKUP(B48,CPU_Mec!$A$9:$I$46,9,0)","v":1749.798},2213.1445103999999,6639.43,null,{"$f":"CAPA!$D$13","v":0.04},6373.8527999999997]
[2,null,null,"EBS1 - RECUPERAÇÃO BOMBAS CENTRÍFUGAS HORIZONTAIS"]
["2.1","*****","*****","MATERIAL BOMBA  BOMBA MEGANORM KSB 200-400",{"$nulls":4},{"$f":"SUM(I51:I65)","v":103176.15999999999},null,{"$f":"CAPA!$D$13","v":0.04},{"$f":"SUM(L51:L65)","v":99049.113600000012}]
["2.1.1","COT_M26","PROPRIA","Anel de Desgaste da Carcaça ","PC",4,{"$f":"COT_Mec!R51","v":464},{"$f":"G51*(1+$J$5)","v":533.59999999999991},2134.4,null,{"$f":"CAPA!$D$13","v":0.04},2049.0239999999999]
["2.1.2","COT_M27","PROPRIA","Anel de Desgaste do Rotor","PC",4,{"$f":"COT_Mec!R52","v":384},441.59999999999997,1766.4,null,{"$f":"CAPA!$D$13","v":0.04},1695.7439999999999]
["2.1.3","COT_M28","PROPRIA","Bucha Protetora do Eixo","PC",4,{"$f":"COT_Mec!R53","v":636},731.4,2925.6,null,{"$f":"CAPA!$D$13","v":0.04},2808.576]
["2.1.4","COT_M29","PROPRIA","Eixo do Rotor","PC",4,{"$f":"COT_Mec!R54","v":2508},2884.2,11536.8,null,{"$f":"CAPA!$D$13","v":0.04},11075.328]
["2.1.5","COT_M30","PROPRIA","Jg de Gaxeta","PC",4,{"$f":"COT_Mec!R55","v":571.20000000000005},656.88,2627.52,null,{"$f":"CAPA!$D$13","v":0.04},2522.4191999999998]
["2.1.6","COT_M31","PROPRIA","Junta da Carcaça","PC",4,{"$f":"COT_Mec!R56","v":256},294.39999999999998,1177.5999999999999,null,{"$f":"CAPA!$D$13","v":0.04},1130.4959999999999]
["2.1.7","COT_M32","PROPRIA","Junta da Tampa do Cavalete","PC",8,{"$f":"COT_Mec!R57","v":148},170.2,1361.6,null,{"$f":"CAPA!$D$13","v":0.04},1307.136]
["2.1.8","COT_M33","PROPRIA","Oring da Bucha Protetora","PC",4,{"$f":"COT_Mec!R58","v":10.4},11.959999999999999,47.84,null,{"$f":"CAPA!$D$13","v":0.04},45.926400000000001]
["2.1.9","COT_M34","PROPRIA","Oring da Tampa de Refrigaração","PC",4,{"$f":"COT_Mec!R59","v":17.600000000000001},20.239999999999998,80.959999999999994,null,{"$f":"CAPA!$D$13","v":0.04},77.721599999999995]
["2.1.10","COT_M35","PROPRIA","Rolamentos","PC",8,{"$f":"COT_Mec!R60","v":336},386.4,3091.2,null,{"$f":"CAPA!$D$13","v":0.04},2967.5519999999997]
["2.1.11","COT_M36","PROPRIA","Válvulas de Retenção","PC",4,{"$f":"COT_Mec!R61","v":3968},4563.2,18252.8,null,{"$f":"CAPA!$D$13","v":0.04},17522.687999999998]
["2.1.12","COT_M37","PROPRIA","Válvulas de Bloquieo 200 PN 16","PC",4,{"$f":"COT_Mec!R62","v":2880},3311.9999999999995,13248,null,{"$f":"CAPA!$D$13","v":0.04},12718.08]
["2.1.13","COT_M38","PROPRIA","Acoplamentos","PC",4,{"$f":"COT_Mec!R63","v":1646.4},1893.36,7573.44,null,{"$f":"CAPA!$D$13","v":0.04},7270.5023999999994]
["2.1.14","COT_M39","PROPRIA","Base metálica em aço carbono p/ conj motobomba Pot. 100 cv","PC",4,{"$f":"COT_Mec!R64","v":5600},6439.9999999999991,25760,null,{"$f":"CAPA!$D$13","v":0.04},24729.599999999999]
["2.1.15","COT_M40","PROPRIA","Redução concêntrica PN 10 DN 125 x 200 mm","PC",4,{"$f":"COT_Mec!R65","v":2520},2898,11592,null,{"$f":"CAPA!$D$13","v":0.04},11128.32]
["2.2","*****","*****","SERVIÇOS DE RECUPERAÇÃO DE BOMBA MEGANORM KSB 200-400",{"$nulls":4},{"$f":"I67","v":279929.24},null,{"$f":"CAPA!$D$13","v":0.04},{"$f":"SUM(L67)","v":268732.07039999997}]
["2.2.1","CPU-M15","PROPRIA","SERVIÇOS DE RECUPERAÇÃO DE BOMBA CENTRÍFUGA  MEGANORM KSB 200-400 ","und",4,{"$f":"VLOOKUP(B67,CPU_Mec!$A$9:$I$86,9,0)","v":55330.732499999998},{"$f":"G67*(1+$J$6)","v":69982.310465999995},279929.24,null,{"$f":"CAPA!$D$13","v":0.04},268732.07039999997]
["2.3","*****","*****","SERVIÇOS DE MANUTENÇÃO DE VÁLVULAS",{"$nulls":4},{"$f":"SUM(I69:I72)","v":11542.529999999999},null,{"$f":"CAPA!$D$13","v":0.04},{"$f":"SUM(L69:L72)","v":11080.828799999997}]
["2.3.1","CPU-M07","PROPRIA","Manutenção de válvula borboleta DN < 300 mm","und",8,{"$f":"VLOOKUP(B69,CPU_Mec!$A$9:$I$46,9,0)","v":444.52639999999997},{"$f":"G69*(1+$J$6)","v":562.23699071999988},4497.8900000000003,null,{"$f":"CAPA!$D$13","v":0.04},4317.9744000000001]
["2.3.2","CPU-M08","PROPRIA","Manutenção de filtro autolimpante Amiad","und",2,{"$f":"VLOOKUP(B70,CPU_Mec!$A$9:$I$46,9,0)","v":1229.0450000000001},1554.496116,3108.99,null,{"$f":"CAPA!$D$13","v":0.04},2984.6303999999996]
["2.3.3","CPU-M03","PROPRIA","Manutenção de ventosa DN < 300mm","und",4,{"$f":"VLOOKUP(B71,CPU_Mec!$A$9:$I$46,9,0)","v":444.52639999999997},562.23699071999988,2248.94,null,{"$f":"CAPA!$D$13","v":0.04},2158.9823999999999]
["2.3.4","CPU-M04","PROPRIA","Manutenção de válvula Clasar","und",4,{"$f":"VLOOKUP(B72,CPU_Mec!$A$9:$I$46,9,0)","v":333.39479999999998},421.67774303999994,1686.71,null,{"$f":"CAPA!$D$13","v":0.04},1619.2416000000001]
[3,null,null,"EBS2 - RECUPERAÇÃO BOMBAS CENTRÍFUGAS HORIZONTAIS",{"$nulls":4},0,null,{"$f":"CAPA!$D$13","v":0.04},0]
["3.1","*****","*****","MATERIAL BOMBA MEGANORM KSB 80-400",{"$nulls":4},{"$f":"SUM(I75:I87)","v":0},null,{"$f":"CAPA!$D$13","v":0.04},0]
["3.1.1","COT_M41","PROPRIA","Anel de Desgaste da Carcaça ","PC",{"$f":"0*4","v":0},{"$f":"COT_Mec!R75","v":464},{"$f":"G75*(1+$J$5)","v":533.59999999999991},0,null,{"$f":"CAPA!$D$13","v":0.04},0]
["3.1.2","COT_M42","PROPRIA","Anel de Desgaste do Rotor","PC",{"$f":"0*4","v":0},{"$f":"COT_Mec!R76","v":384},441.59999999999997,{"$f":"TRUNC(F76*H76,2)","v":0},null,{"$f":"CAPA!$D$13","v":0.04},0]
["3.1.3","COT_M43","PROPRIA","Bucha Protetora do Eixo","PC",{"$f":"0*4","v":0},{"$f":"COT_Mec!R77","v":636},731.4,0,null,{"$f":"CAPA!$D$13","v":0.04},0]
["3.1.4","COT_M44","PROPRIA","Eixo do Rotor","PC",{"$f":"0*2","v":0},{"$f":"COT_Mec!R78","v":2508},2884.2,0,null,{"$f":"CAPA!$D$13","v":0.04},0]
["3.1.5","COT_M45","PROPRIA","Jg de Gaxeta","PC",{"$f":"0*4","v":0},{"$f":"COT_Mec!R79","v":571.20000000000005},656.88,0,null,{"$f":"CAPA!$D$13","v":0.04},0]
["3.1.6","COT_M46","PROPRIA","Junta da Carcaça","PC",{"$f":"0*4","v":0},{"$f":"COT_Mec!R80","v":256},294.39999999999998,0,null,{"$f":"CAPA!$D$13","v":0.04},0]
["3.1.7","COT_M47","PROPRIA","Junta da Tampa do Cavalete","PC",{"$f":"0*8","v":0},{"$f":"COT_Mec!R81","v":148},170.2,0,null,{"$f":"CAPA!$D$13","v":0.04},0]
["3.1.8","COT_M48","PROPRIA","Oring da Bucha Protetora","PC",{"$f":"0*4","v":0},{"$f":"COT_Mec!R82","v":10.4},11.959999999999999,0,null,{"$f":"CAPA!$D$13","v":0.04},0]
["3.1.9","COT_M49","PROPRIA","Oring da Tampa de Refrigaração","PC",{"$f":"0*4","v":0},{"$f":"COT_Mec!R83","v":17.600000000000001},20.239999999999998,0,null,{"$f":"CAPA!$D$13","v":0.04},0]
["3.1.10","COT_M50","PROPRIA","Rolamentos","PC",{"$f":"0*8","v":0},{"$f":"COT_Mec!R84","v":336},386.4,0,null,{"$f":"CAPA!$D$13","v":0.04},0]
["3.1.11","COT_M51","PROPRIA","Válvulas de Retenção","PC",{"$f":"0*4","v":0},{"$f":"COT_Mec!R85","v":3968},4563.2,0,null,{"$f":"CAPA!$D$13","v":0.04},0]
["3.1.12","COT_M52","PROPRIA","Válvulas de Bloqueio 200 PN 16","PC",{"$f":"0*4","v":0},{"$f":"COT_Mec!R86","v":2880},3311.9999999999995,0,null,{"$f":"CAPA!$D$13","v":0.04},0]
["3.1.13","COT_M53","PROPRIA","Acoplamentos","PC",{"$f":"0*4","v":0},{"$f":"COT_Mec!R87","v":1646.4},1893.36,0,null,{"$f":"CAPA!$D$13","v":0.04},0]
["3.2","*****","*****","SERVIÇOS DE RECUPERAÇÃO DE BOMBA MEGANORM KSB 80-400 ",{"$nulls":4},{"$f":"I89","v":0},null,{"$f":"CAPA!$D$13","v":0.04},{"$f":"I88*(1-K88)","v":0}]
["3.2.1","CPU-M16","PROPRIA","SERVIÇOS DE RECUPERAÇÃO DE BOMBA CENTRÍFUGA MEGANORM KSB 80-400 ","und",{"$f":"0*4","v":0},{"$f":"VLOOKUP(B89,CPU_Mec!$A$9:$I$86,9,0)","v":25627.727500000001},{"$f":"G89*(1+$J$6)","v":32413.949742000001},0,null,{"$f":"CAPA!$D$13","v":0.04},0]
["3.3","*****","*****","SERVIÇOS DE MANUTENÇÃO DE VÁLVULAS",{"$nulls":4},{"$f":"SUM(I91:I94)","v":0},null,{"$f":"CAPA!$D$13","v":0.04},0]
["3.3.1","CPU-M07","PROPRIA","Manutenção de válvula borboleta DN < 300 mm","und",{"$f":"0*8","v":0},{"$f":"VLOOKUP(B91,CPU_Mec!$A$9:$I$46,9,0)","v":444.52639999999997},{"$f":"G91*(1+$J$6)","v":562.23699071999988},0,null,{"$f":"CAPA!$D$13","v":0.04},0]
["3.3.2","CPU-M08","PROPRIA","Filtro autolimpante Amiad","und",{"$f":"0*2","v":0},{"$f":"VLOOKUP(B92,CPU_Mec!$A$9:$I$46,9,0)","v":1229.0450000000001},1554.496116,0,null,{"$f":"CAPA!$D$13","v":0.04},0]
["3.3.3","CPU-M03","PROPRIA","Manutenção de ventosa DN < 300mm","und",{"$f":"0*4","v":0},{"$f":"VLOOKUP(B93,CPU_Mec!$A$9:$I$46,9,0)","v":444.52639999999997},562.23699071999988,0,null,{"$f":"CAPA!$D$13","v":0.04},0]
["3.3.4","CPU-M04","PROPRIA","Manutenção de válvula Clasar","und",{"$f":"0*4","v":0},{"$f":"VLOOKUP(B94,CPU_Mec!$A$9:$I$46,9,0)","v":333.39479999999998},421.67774303999994,0,null,{"$f":"CAPA!$D$13","v":0.04},0]
[3,null,null,"ADUTORAS E TANQUES DE AMORTECIMENTO UNILATERAL"]
["3.1","*****","*****","ADUTORA - SERVIÇOS DE MANUTENÇÃO DE VÁLVULAS",{"$nulls":4},{"$f":"SUM(I97:I99)","v":10853.140000000001},null,{"$f":"CAPA!$D$13","v":0.04},{"$f":"SUM(L97:L99)","v":10419.0144}]
["3.1.1","CPU-M01","PROPRIA","Manutenção de válvula gaveta DN < 300 mm","und",4,{"$f":"VLOOKUP(B97,CPU_Mec!$A$9:$I$46,9,0)","v":444.52639999999997},{"$f":"G97*(1+$J$6)","v":562.23699071999988},2248.94,null,{"$f":"CAPA!$D$13","v":0.04},2158.9823999999999]
["3.1.2","CPU-M09","PROPRIA","Manutenção de válvulas borboleta com redutor e acionamento manual DN > 300 mm  e < 800 mm","und",3,{"$f":"VLOOKUP(B98,CPU_Mec!$A$9:$I$46,9,0)","v":1111.316},1405.5924768,4216.7700000000004,null,{"$f":"CAPA!$D$13","v":0.04},4048.0992000000001]
["3.1.3","CPU-M10","PROPRIA","Manutenção de válvulas borboleta motorizadas DN 1.200 mm","und",2,{"$f":"VLOOKUP(B99,CPU_Mec!$A$9:$I$46,9,0)","v":1734.4379999999999},2193.7171823999997,4387.43,null,{"$f":"CAPA!$D$13","v":0.04},4211.9328000000005]
["3.2","*****","*****","TAU 1 - MATERIAL",{"$nulls":4},{"$f":"SUM(I101:I104)","v":159723.5},null,{"$f":"CAPA!$D$13","v":0.04},{"$f":"SUM(L101:L104)","v":153334.56}]
["3.2.1","COT_M54","PROPRIA","Válvula sustentadora de pressão Bermad  DN 100 mm","pç",4,{"$f":"COT_Mec!R101","v":23750},{"$f":"G101*(1+$J$5)","v":27312.499999999996},109250,null,{"$f":"CAPA!$D$13","v":0.04},104880]
["3.2.2","COT_M55","PROPRIA","Válvulas Gaveta DN 100 mm","pç",8,{"$f":"COT_Mec!R102","v":1819.25},2092.1374999999998,16737.099999999999,null,{"$f":"CAPA!$D$13","v":0.04},16067.615999999998]
["3.2.3","COT_M56","PROPRIA","Filtro de Linha DN 100 mm","pç",4,{"$f":"COT_Mec!R103","v":4626.5},5320.4749999999995,21281.9,null,{"$f":"CAPA!$D$13","v":0.04},20430.624]
["3.2.4","COT_M57","PROPRIA","Toco Aço Carbono DN 800 mm x 500 mm ","pç",1,{"$f":"COT_Mec!R104","v":10830},12454.499999999998,12454.5,null,{"$f":"CAPA!$D$13","v":0.04},11956.32]
["3.3","*****","*****","TAU 1 - SERVIÇOS DE MANUTENÇÃO DE VÁLVULAS",{"$nulls":4},{"$f":"SUM(I106:I111)","v":11806.95},null,{"$f":"CAPA!$D$13","v":0.04},{"$f":"SUM(L106:L111)","v":11334.671999999999}]
["3.3.1","CPU-M01","PROPRIA","Manutenção de válvula gaveta DN < 300 mm","und",4,{"$f":"VLOOKUP(B106,CPU_Mec!$A$9:$I$46,9,0)","v":444.52639999999997},{"$f":"G106*(1+$J$6)","v":562.23699071999988},2248.94,null,{"$f":"CAPA!$D$13","v":0.04},2158.9823999999999]
["3.3.2","CPU-M02","PROPRIA","Manutenção de válvulas borboleta com redutor e acionamento manual DN > 300 mm  e < 800 mm","und",4,{"$f":"VLOOKUP(B107,CPU_Mec!$A$9:$I$46,9,0)","v":666.78959999999995},843.35548607999988,3373.42,null,{"$f":"CAPA!$D$13","v":0.04},3238.4832000000001]
["3.3.3","CPU-M03","PROPRIA","Manutenção de ventosa DN < 300mm","und",4,{"$f":"VLOOKUP(B108,CPU_Mec!$A$9:$I$46,9,0)","v":444.52639999999997},562.23699071999988,2248.94,null,{"$f":"CAPA!$D$13","v":0.04},2158.9823999999999]
["3.3.4","CPU-M04","PROPRIA","Manutenção de válvula Clasar","und",4,{"$f":"VLOOKUP(B109,CPU_Mec!$A$9:$I$46,9,0)","v":333.39479999999998},421.67774303999994,1686.71,null,{"$f":"CAPA!$D$13","v":0.04},1619.2416000000001]
["3.3.5","CPU-M11","PROPRIA","Substituição dos conjuntos de Registro, Filtro Y de Linha e Válvula Bermad de controle de nível","und",4,{"$f":"VLOOKUP(B110,CPU_Mec!$A$9:$I$46,9,0)","v":333.39479999999998},421.67774303999994,1686.71,null,{"$f":"CAPA!$D$13","v":0.04},1619.2416000000001]
["3.3.6","CPU-M12","PROPRIA","Substituição de toco aço carbono DN 800 para correção do desnivelamento","und",1,{"$f":"VLOOKUP(B111,CPU_Mec!$A$9:$I$46,9,0)","v":444.52639999999997},562.23699071999988,562.23,null,{"$f":"CAPA!$D$13","v":0.04},539.74080000000004]
["3.4","*****","*****","TAU 2 - MATERIAL",{"$nulls":4},{"$f":"SUM(I113:I114)","v":58809.270000000004},null,{"$f":"CAPA!$D$13","v":0.04},{"$f":"SUM(L113:L114)","v":56456.8992}]
["3.4.1","COT_M58","PROPRIA","Válvula  Sustentadora de Pressão Bermad DN 100 mm","pç",2,{"$f":"COT_Mec!R113","v":23750},{"$f":"G113*(1+$J$5)","v":27312.499999999996},54625,null,{"$f":"CAPA!$D$13","v":0.04},52440]
["3.4.2","COT_M60","PROPRIA","Filtro de Linha DN 100 mm","pç",2,{"$f":"COT_Mec!R114","v":1819.25},2092.1374999999998,4184.2700000000004,null,{"$f":"CAPA!$D$13","v":0.04},4016.8992000000003]
["3.5","*****","*****","TAU 2 - SERVIÇOS DE MANUTENÇÃO DE VÁLVULAS",{"$nulls":4},{"$f":"SUM(I116:I120)","v":5622.3500000000013},null,{"$f":"CAPA!$D$13","v":0.04},{"$f":"SUM(L116:L120)","v":5397.4560000000001}]
["3.5.1","CPU-M01","PROPRIA","Manutenção de válvula gaveta DN < 300 mm","und",2,{"$f":"VLOOKUP(B116,CPU_Mec!$A$9:$I$46,9,0)","v":444.52639999999997},{"$f":"G116*(1+$J$6)","v":562.23699071999988},1124.47,null,{"$f":"CAPA!$D$13","v":0.04},1079.4911999999999]
["3.5.2","CPU-M02","PROPRIA","Manutenção de válvulas borboleta com redutor e acionamento manual DN > 300 mm  e < 800 mm","und",2,{"$f":"VLOOKUP(B117,CPU_Mec!$A$9:$I$46,9,0)","v":666.78959999999995},843.35548607999988,1686.71,null,{"$f":"CAPA!$D$13","v":0.04},1619.2416000000001]
["3.5.3","CPU-M03","PROPRIA","Manutenção de ventosa DN < 300mm","und",2,{"$f":"VLOOKUP(B118,CPU_Mec!$A$9:$I$46,9,0)","v":444.52639999999997},562.23699071999988,1124.47,null,{"$f":"CAPA!$D$13","v":0.04},1079.4911999999999]
["3.5.4","CPU-M04","PROPRIA","Manutenção de válvula Clasar","und",2,{"$f":"VLOOKUP(B119,CPU_Mec!$A$9:$I$46,9,0)","v":333.39479999999998},421.67774303999994,843.35,null,{"$f":"CAPA!$D$13","v":0.04},809.61599999999999]
["3.5.5","CPU-M11","PROPRIA","Substituição dos conjuntos de Registro, Filtro Y de Linha e Válvula Bermad de controle de nível","und",2,{"$f":"VLOOKUP(B120,CPU_Mec!$A$9:$I$46,9,0)","v":333.39479999999998},421.67774303999994,843.35,null,{"$f":"CAPA!$D$13","v":0.04},809.61599999999999]
[null,null,null,"PREÇO TOTAL - MECÂNICA",{"$nulls":4},{"$f":"SUM(I10+I23+I25+I38+I40+I42+I50+I66+I68+I74+I88+I90+I96+I100+I105+I112+I115)","v":2263121.84},null,{"$f":"CAPA!$D$13","v":0.04},{"$f":"SUM(L10+L23+L25+L38+L40+L42+L50+L66+L68+L74+L88+L90+L96+L100+L105+L112+L115)","v":2172596.9663999993}]

{"sheet":"CPU_Mec","index":6,"n_rows":86,"n_cols":10,"rows_kept":86,"cut":false,"hidden":false,"merged":[[6,0,6,9]]}
[null,null,"MINISTÉRIO DA INTEGRAÇÃO E DO DESENVOLVIMENTO REGIONAL",{"$nulls":5},"SINAPI:",{"$f":"ORC_Civil!J1","v":"2025-08-01"}]
[null,null,"COMPANHIA DE DESENVOLVIMENTO DOS VALES DO SÃO FRANCISCO E PARNAÍBA",{"$nulls":5},"SICRO:",{"$f":"ORC_Civil!J2","v":"2025-04-01"}]
[null,null,"8ª SUPERINTENDÊNCIA REGIONAL - MARANHÃO",{"$nulls":5},"ORSE:",{"$f":"ORC_Civil!J3","v":"2025-07-01"}]
[{"$nulls":8},"Cotações:",{"$f":"ORC_Civil!J4","v":"2025-10-01"}]
["Objeto: Contratação de serviços técnicos para retrofit de componentes da infraestruturas de uso comum do Projeto Público de Irrigação Tabuleiro de São Bernardo (PITSB).",{"$nulls":7},"BDI-F:",{"$f":"CAPA!D14","v":0.15}]
["Local: Magalhães de Almeida - MA",{"$nulls":7},"BDI-S:",{"$f":"CAPA!D15","v":0.26479999999999998}]
["COMPOSIÇÕES DE CUSTOS UNITÁRIOS PRÓPRIAS - MECÃNICA"]
["CPUs\n100","Fonte\n","Descrição\n","Tipo\n","Unid.\n","Custo Unitário","Coeficiente \nde Utilização","Valor Unitário","Custo Unitário","Custo Unitário com desconto "]
["CPU-M01","PROPRIA","Manutenção de válvula gaveta DN < 300 mm",null,"und",null,null,null,{"$f":"SUM(H10:H11)","v":444.52639999999997},{"$f":"SUM(J10:J11)","v":426.74534399999993}]
["P9882","SICRO","Técnico especializado","COMPOSIÇÃO",{"$f":"IF(B10=\"SINAPI\",(IFERROR(VLOOKUP(A10,'CompSD SINAPI'!$B$11:$F$9784,3,0),VLOOKUP(CPU_Mec!A10,'ISD SINAPI'!$B$11:$F$4903,3,0))),IF(OR(B10=\"SICRO\",B10=\"SICRO3\"),(IFERROR(VLOOKUP(A10,'COMP SD SICRO'!$A$2:$D$6495,3,0),VLOOKUP(CPU_Mec!A10,'ISD SICRO'!$A$2:$D$2319,3,0))),IF(B10=\"SEINFRA\",(IFERROR(VLOOKUP(A10,'COMPSD SEINFRA'!$B$7:$G$5611,3,0),VLOOKUP(CPU_Mec!A10,'ISD SEINFRA'!A7:$D$11922,3,0))),)))","v":"h"},{"$f":"IF(B10=\"SINAPI\",(IFERROR(VLOOKUP(A10,'CompSD SINAPI'!$B$11:$F$9784,4,0),VLOOKUP(CPU_Mec!A10,'ISD SINAPI'!$B$11:$F$4903,5,0))),IF(OR(B10=\"SICRO\",B10=\"SICRO3\"),(IFERROR(VLOOKUP(A10,'COMP SD SICRO'!$A$2:$D$6495,4,0),VLOOKUP(CPU_Mec!A10,'ISD SICRO'!$A$2:$D$2319,4,0))),IF(B10=\"SEINFRA\",(IFERROR(VLOOKUP(A10,'COMPSD SEINFRA'!$B$7:$G$5611,4,0),VLOOKUP(CPU_Mec!A10,'ISD SEINFRA'!A7:$D$11922,4,0))),)))","v":39.555799999999998},8,{"$f":"F10*G10","v":316.44639999999998},null,{"$f":"H10*(1-CAPA!$D$13)","v":303.78854399999994}]
[251,"SINAPI","AUXILIAR DE MECANICO (HORISTA)","COMPOSIÇÃO",{"$f":"IF(B11=\"SINAPI\",(IFERROR(VLOOKUP(A11,'CompSD SINAPI'!$B$11:$F$9784,3,0),VLOOKUP(CPU_Mec!A11,'ISD SINAPI'!$B$11:$F$4903,3,0))),IF(OR(B11=\"SICRO\",B11=\"SICRO3\"),(IFERROR(VLOOKUP(A11,'COMP SD SICRO'!$A$2:$D$6495,3,0),VLOOKUP(CPU_Mec!A11,'ISD SICRO'!$A$2:$D$2319,3,0))),IF(B11=\"SEINFRA\",(IFERROR(VLOOKUP(A11,'COMPSD SEINFRA'!$B$7:$G$5611,3,0),VLOOKUP(CPU_Mec!A11,'ISD SEINFRA'!A8:$D$11922,3,0))),)))","v":"H"},{"$f":"IF(B11=\"SINAPI\",(IFERROR(VLOOKUP(A11,'CompSD SINAPI'!$B$11:$F$9784,4,0),VLOOKUP(CPU_Mec!A11,'ISD SINAPI'!$B$11:$F$4903,5,0))),IF(OR(B11=\"SICRO\",B11=\"SICRO3\"),(IFERROR(VLOOKUP(A11,'COMP SD SICRO'!$A$2:$D$6495,4,0),VLOOKUP(CPU_Mec!A11,'ISD SICRO'!$A$2:$D$2319,4,0))),IF(B11=\"SEINFRA\",(IFERROR(VLOOKUP(A11,'COMPSD SEINFRA'!$B$7:$G$5611,4,0),VLOOKUP(CPU_Mec!A11,'ISD SEINFRA'!A8:$D$11922,4,0))),)))","v":16.010000000000002},8,{"$f":"F11*G11","v":128.08000000000001},null,{"$f":"H11*(1-CAPA!$D$13)","v":122.9568}]
["CPU-M02","PROPRIA","Manutenção de válvula borboleta com redutor e acionamento manual DN 300 a 800 mm",null,"und",null,null,null,{"$f":"SUM(H13:H14)","v":666.78959999999995},{"$f":"SUM(J13:J14)","v":640.1180159999999}]
["P9882","SICRO","Técnico especializado","COMPOSIÇÃO",{"$f":"IF(B13=\"SINAPI\",(IFERROR(VLOOKUP(A13,'CompSD SINAPI'!$B$11:$F$9784,3,0),VLOOKUP(CPU_Mec!A13,'ISD SINAPI'!$B$11:$F$4903,3,0))),IF(OR(B13=\"SICRO\",B13=\"SICRO3\"),(IFERROR(VLOOKUP(A13,'COMP SD SICRO'!$A$2:$D$6495,3,0),VLOOKUP(CPU_Mec!A13,'ISD SICRO'!$A$2:$D$2319,3,0))),IF(B13=\"SEINFRA\",(IFERROR(VLOOKUP(A13,'COMPSD SEINFRA'!$B$7:$G$5611,3,0),VLOOKUP(CPU_Mec!A13,'ISD SEINFRA'!A10:$D$11922,3,0))),)))","v":"h"},{"$f":"IF(B13=\"SINAPI\",(IFERROR(VLOOKUP(A13,'CompSD SINAPI'!$B$11:$F$9784,4,0),VLOOKUP(CPU_Mec!A13,'ISD SINAPI'!$B$11:$F$4903,5,0))),IF(OR(B13=\"SICRO\",B13=\"SICRO3\"),(IFERROR(VLOOKUP(A13,'COMP SD SICRO'!$A$2:$D$6495,4,0),VLOOKUP(CPU_Mec!A13,'ISD SICRO'!$A$2:$D$2319,4,0))),IF(B13=\"SEINFRA\",(IFERROR(VLOOKUP(A13,'COMPSD SEINFRA'!$B$7:$G$5611,4,0),VLOOKUP(CPU_Mec!A13,'ISD SEINFRA'!A10:$D$11922,4,0))),)))","v":39.555799999999998},12,{"$f":"F13*G13","v":474.66959999999995},null,{"$f":"H13*(1-CAPA!$D$13)","v":455.68281599999995}]
[251,"SINAPI","AUXILIAR DE MECANICO (HORISTA)","COMPOSIÇÃO",{"$f":"IF(B14=\"SINAPI\",(IFERROR(VLOOKUP(A14,'CompSD SINAPI'!$B$11:$F$9784,3,0),VLOOKUP(CPU_Mec!A14,'ISD SINAPI'!$B$11:$F$4903,3,0))),IF(OR(B14=\"SICRO\",B14=\"SICRO3\"),(IFERROR(VLOOKUP(A14,'COMP SD SICRO'!$A$2:$D$6495,3,0),VLOOKUP(CPU_Mec!A14,'ISD SICRO'!$A$2:$D$2319,3,0))),IF(B14=\"SEINFRA\",(IFERROR(VLOOKUP(A14,'COMPSD SEINFRA'!$B$7:$G$5611,3,0),VLOOKUP(CPU_Mec!A14,'ISD SEINFRA'!A11:$D$11922,3,0))),)))","v":"H"},{"$f":"IF(B14=\"SINAPI\",(IFERROR(VLOOKUP(A14,'CompSD SINAPI'!$B$11:$F$9784,4,0),VLOOKUP(CPU_Mec!A14,'ISD SINAPI'!$B$11:$F$4903,5,0))),IF(OR(B14=\"SICRO\",B14=\"SICRO3\"),(IFERROR(VLOOKUP(A14,'COMP SD SICRO'!$A$2:$D$6495,4,0),VLOOKUP(CPU_Mec!A14,'ISD SICRO'!$A$2:$D$2319,4,0))),IF(B14=\"SEINFRA\",(IFERROR(VLOOKUP(A14,'COMPSD SEINFRA'!$B$7:$G$5611,4,0),VLOOKUP(CPU_Mec!A14,'ISD SEINFRA'!A11:$D$11922,4,0))),)))","v":16.010000000000002},12,{"$f":"F14*G14","v":192.12},null,{"$f":"H14*(1-CAPA!$D$13)","v":184.43520000000001}]
["CPU-M03","PROPRIA","Manutenção de ventosa DN < 300mm",null,"und",null,null,null,{"$f":"SUM(H16:H17)","v":444.52639999999997},{"$f":"SUM(J16:J17)","v":426.74534399999993}]
["P9882","SICRO","Técnico especializado","COMPOSIÇÃO",{"$f":"IF(B16=\"SINAPI\",(IFERROR(VLOOKUP(A16,'CompSD SINAPI'!$B$11:$F$9784,3,0),VLOOKUP(CPU_Mec!A16,'ISD SINAPI'!$B$11:$F$4903,3,0))),IF(OR(B16=\"SICRO\",B16=\"SICRO3\"),(IFERROR(VLOOKUP(A16,'COMP SD SICRO'!$A$2:$D$6495,3,0),VLOOKUP(CPU_Mec!A16,'ISD SICRO'!$A$2:$D$2319,3,0))),IF(B16=\"SEINFRA\",(IFERROR(VLOOKUP(A16,'COMPSD SEINFRA'!$B$7:$G$5611,3,0),VLOOKUP(CPU_Mec!A16,'ISD SEINFRA'!A13:$D$11922,3,0))),)))","v":"h"},{"$f":"IF(B16=\"SINAPI\",(IFERROR(VLOOKUP(A16,'CompSD SINAPI'!$B$11:$F$9784,4,0),VLOOKUP(CPU_Mec!A16,'ISD SINAPI'!$B$11:$F$4903,5,0))),IF(OR(B16=\"SICRO\",B16=\"SICRO3\"),(IFERROR(VLOOKUP(A16,'COMP SD SICRO'!$A$2:$D$6495,4,0),VLOOKUP(CPU_Mec!A16,'ISD SICRO'!$A$2:$D$2319,4,0))),IF(B16=\"SEINFRA\",(IFERROR(VLOOKUP(A16,'COMPSD SEINFRA'!$B$7:$G$5611,4,0),VLOOKUP(CPU_Mec!A16,'ISD SEINFRA'!A13:$D$11922,4,0))),)))","v":39.555799999999998},8,{"$f":"F16*G16","v":316.44639999999998},null,{"$f":"H16*(1-CAPA!$D$13)","v":303.78854399999994}]
[251,"SINAPI","AUXILIAR DE MECANICO (HORISTA)","COMPOSIÇÃO",{"$f":"IF(B17=\"SINAPI\",(IFERROR(VLOOKUP(A17,'CompSD SINAPI'!$B$11:$F$9784,3,0),VLOOKUP(CPU_Mec!A17,'ISD SINAPI'!$B$11:$F$4903,3,0))),IF(OR(B17=\"SICRO\",B17=\"SICRO3\"),(IFERROR(VLOOKUP(A17,'COMP SD SICRO'!$A$2:$D$6495,3,0),VLOOKUP(CPU_Mec!A17,'ISD SICRO'!$A$2:$D$2319,3,0))),IF(B17=\"SEINFRA\",(IFERROR(VLOOKUP(A17,'COMPSD SEINFRA'!$B$7:$G$5611,3,0),VLOOKUP(CPU_Mec!A17,'ISD SEINFRA'!A14:$D$11922,3,0))),)))","v":"H"},{"$f":"IF(B17=\"SINAPI\",(IFERROR(VLOOKUP(A17,'CompSD SINAPI'!$B$11:$F$9784,4,0),VLOOKUP(CPU_Mec!A17,'ISD SINAPI'!$B$11:$F$4903,5,0))),IF(OR(B17=\"SICRO\",B17=\"SICRO3\"),(IFERROR(VLOOKUP(A17,'COMP SD SICRO'!$A$2:$D$6495,4,0),VLOOKUP(CPU_Mec!A17,'ISD SICRO'!$A$2:$D$2319,4,0))),IF(B17=\"SEINFRA\",(IFERROR(VLOOKUP(A17,'COMPSD SEINFRA'!$B$7:$G$5611,4,0),VLOOKUP(CPU_Mec!A17,'ISD SEINFRA'!A14:$D$11922,4,0))),)))","v":16.010000000000002},8,{"$f":"F17*G17","v":128.08000000000001},null,{"$f":"H17*(1-CAPA!$D$13)","v":122.9568}]
["CPU-M04","PROPRIA","Manutenção de válvula Clasar",null,"und",null,null,null,{"$f":"SUM(H19:H20)","v":333.39479999999998},{"$f":"SUM(J19:J20)","v":320.05900799999995}]
["P9882","SICRO","Técnico especializado","COMPOSIÇÃO",{"$f":"IF(B19=\"SINAPI\",(IFERROR(VLOOKUP(A19,'CompSD SINAPI'!$B$11:$F$9784,3,0),VLOOKUP(CPU_Mec!A19,'ISD SINAPI'!$B$11:$F$4903,3,0))),IF(OR(B19=\"SICRO\",B19=\"SICRO3\"),(IFERROR(VLOOKUP(A19,'COMP SD SICRO'!$A$2:$D$6495,3,0),VLOOKUP(CPU_Mec!A19,'ISD SICRO'!$A$2:$D$2319,3,0))),IF(B19=\"SEINFRA\",(IFERROR(VLOOKUP(A19,'COMPSD SEINFRA'!$B$7:$G$5611,3,0),VLOOKUP(CPU_Mec!A19,'ISD SEINFRA'!A19:$D$11922,3,0))),)))","v":"h"},{"$f":"IF(B19=\"SINAPI\",(IFERROR(VLOOKUP(A19,'CompSD SINAPI'!$B$11:$F$9784,4,0),VLOOKUP(CPU_Mec!A19,'ISD SINAPI'!$B$11:$F$4903,5,0))),IF(OR(B19=\"SICRO\",B19=\"SICRO3\"),(IFERROR(VLOOKUP(A19,'COMP SD SICRO'!$A$2:$D$6495,4,0),VLOOKUP(CPU_Mec!A19,'ISD SICRO'!$A$2:$D$2319,4,0))),IF(B19=\"SEINFRA\",(IFERROR(VLOOKUP(A19,'COMPSD SEINFRA'!$B$7:$G$5611,4,0),VLOOKUP(CPU_Mec!A19,'ISD SEINFRA'!A19:$D$11922,4,0))),)))","v":39.555799999999998},6,{"$f":"F19*G19","v":237.33479999999997},null,{"$f":"H19*(1-CAPA!$D$13)","v":227.84140799999997}]
[251,"SINAPI","AUXILIAR DE MECANICO (HORISTA)","COMPOSIÇÃO",{"$f":"IF(B20=\"SINAPI\",(IFERROR(VLOOKUP(A20,'CompSD SINAPI'!$B$11:$F$9784,3,0),VLOOKUP(CPU_Mec!A20,'ISD SINAPI'!$B$11:$F$4903,3,0))),IF(OR(B20=\"SICRO\",B20=\"SICRO3\"),(IFERROR(VLOOKUP(A20,'COMP SD SICRO'!$A$2:$D$6495,3,0),VLOOKUP(CPU_Mec!A20,'ISD SICRO'!$A$2:$D$2319,3,0))),IF(B20=\"SEINFRA\",(IFERROR(VLOOKUP(A20,'COMPSD SEINFRA'!$B$7:$G$5611,3,0),VLOOKUP(CPU_Mec!A20,'ISD SEINFRA'!A20:$D$11922,3,0))),)))","v":"H"},{"$f":"IF(B20=\"SINAPI\",(IFERROR(VLOOKUP(A20,'CompSD SINAPI'!$B$11:$F$9784,4,0),VLOOKUP(CPU_Mec!A20,'ISD SINAPI'!$B$11:$F$4903,5,0))),IF(OR(B20=\"SICRO\",B20=\"SICRO3\"),(IFERROR(VLOOKUP(A20,'COMP SD SICRO'!$A$2:$D$6495,4,0),VLOOKUP(CPU_Mec!A20,'ISD SICRO'!$A$2:$D$2319,4,0))),IF(B20=\"SEINFRA\",(IFERROR(VLOOKUP(A20,'COMPSD SEINFRA'!$B$7:$G$5611,4,0),VLOOKUP(CPU_Mec!A20,'ISD SEINFRA'!A20:$D$11922,4,0))),)))","v":16.010000000000002},6,{"$f":"F20*G20","v":96.06},null,{"$f":"H20*(1-CAPA!$D$13)","v":92.217600000000004}]
["CPU-M05","PROPRIA","Manutenção de comporta de poço de bombas",null,"und",null,null,null,{"$f":"SUM(H22:H23)","v":333.39479999999998},{"$f":"SUM(J22:J23)","v":320.05900799999995}]
["P9882","SICRO","Técnico especializado","COMPOSIÇÃO",{"$f":"IF(B22=\"SINAPI\",(IFERROR(VLOOKUP(A22,'CompSD SINAPI'!$B$11:$F$9784,3,0),VLOOKUP(CPU_Mec!A22,'ISD SINAPI'!$B$11:$F$4903,3,0))),IF(OR(B22=\"SICRO\",B22=\"SICRO3\"),(IFERROR(VLOOKUP(A22,'COMP SD SICRO'!$A$2:$D$6495,3,0),VLOOKUP(CPU_Mec!A22,'ISD SICRO'!$A$2:$D$2319,3,0))),IF(B22=\"SEINFRA\",(IFERROR(VLOOKUP(A22,'COMPSD SEINFRA'!$B$7:$G$5611,3,0),VLOOKUP(CPU_Mec!A22,'ISD SEINFRA'!A22:$D$11922,3,0))),)))","v":"h"},{"$f":"IF(B22=\"SINAPI\",(IFERROR(VLOOKUP(A22,'CompSD SINAPI'!$B$11:$F$9784,4,0),VLOOKUP(CPU_Mec!A22,'ISD SINAPI'!$B$11:$F$4903,5,0))),IF(OR(B22=\"SICRO\",B22=\"SICRO3\"),(IFERROR(VLOOKUP(A22,'COMP SD SICRO'!$A$2:$D$6495,4,0),VLOOKUP(CPU_Mec!A22,'ISD SICRO'!$A$2:$D$2319,4,0))),IF(B22=\"SEINFRA\",(IFERROR(VLOOKUP(A22,'COMPSD SEINFRA'!$B$7:$G$5611,4,0),VLOOKUP(CPU_Mec!A22,'ISD SEINFRA'!A22:$D$11922,4,0))),)))","v":39.555799999999998},6,{"$f":"F22*G22","v":237.33479999999997},null,{"$f":"H22*(1-CAPA!$D$13)","v":227.84140799999997}]
[251,"SINAPI","AUXILIAR DE MECANICO (HORISTA)","COMPOSIÇÃO",{"$f":"IF(B23=\"SINAPI\",(IFERROR(VLOOKUP(A23,'CompSD SINAPI'!$B$11:$F$9784,3,0),VLOOKUP(CPU_Mec!A23,'ISD SINAPI'!$B$11:$F$4903,3,0))),IF(OR(B23=\"SICRO\",B23=\"SICRO3\"),(IFERROR(VLOOKUP(A23,'COMP SD SICRO'!$A$2:$D$6495,3,0),VLOOKUP(CPU_Mec!A23,'ISD SICRO'!$A$2:$D$2319,3,0))),IF(B23=\"SEINFRA\",(IFERROR(VLOOKUP(A23,'COMPSD SEINFRA'!$B$7:$G$5611,3,0),VLOOKUP(CPU_Mec!A23,'ISD SEINFRA'!A23:$D$11922,3,0))),)))","v":"H"},{"$f":"IF(B23=\"SINAPI\",(IFERROR(VLOOKUP(A23,'CompSD SINAPI'!$B$11:$F$9784,4,0),VLOOKUP(CPU_Mec!A23,'ISD SINAPI'!$B$11:$F$4903,5,0))),IF(OR(B23=\"SICRO\",B23=\"SICRO3\"),(IFERROR(VLOOKUP(A23,'COMP SD SICRO'!$A$2:$D$6495,4,0),VLOOKUP(CPU_Mec!A23,'ISD SICRO'!$A$2:$D$2319,4,0))),IF(B23=\"SEINFRA\",(IFERROR(VLOOKUP(A23,'COMPSD SEINFRA'!$B$7:$G$5611,4,0),VLOOKUP(CPU_Mec!A23,'ISD SEINFRA'!A23:$D$11922,4,0))),)))","v":16.010000000000002},6,{"$f":"F23*G23","v":96.06},null,{"$f":"H23*(1-CAPA!$D$13)","v":92.217600000000004}]
["CPU-M06","PROPRIA","Montagem de válvula sustentadora de pressão DN 500mm",null,"und",null,null,null,{"$f":"SUM(H25:H27)","v":1749.798},{"$f":"SUM(J25:J27)","v":1679.8060799999998}]
["P9882","SICRO","Técnico especializado","COMPOSIÇÃO",{"$f":"IF(B25=\"SINAPI\",(IFERROR(VLOOKUP(A25,'CompSD SINAPI'!$B$11:$F$9784,3,0),VLOOKUP(CPU_Mec!A25,'ISD SINAPI'!$B$11:$F$4903,3,0))),IF(OR(B25=\"SICRO\",B25=\"SICRO3\"),(IFERROR(VLOOKUP(A25,'COMP SD SICRO'!$A$2:$D$6495,3,0),VLOOKUP(CPU_Mec!A25,'ISD SICRO'!$A$2:$D$2319,3,0))),IF(B25=\"SEINFRA\",(IFERROR(VLOOKUP(A25,'COMPSD SEINFRA'!$B$7:$G$5611,3,0),VLOOKUP(CPU_Mec!A25,'ISD SEINFRA'!A25:$D$11922,3,0))),)))","v":"h"},{"$f":"IF(B25=\"SINAPI\",(IFERROR(VLOOKUP(A25,'CompSD SINAPI'!$B$11:$F$9784,4,0),VLOOKUP(CPU_Mec!A25,'ISD SINAPI'!$B$11:$F$4903,5,0))),IF(OR(B25=\"SICRO\",B25=\"SICRO3\"),(IFERROR(VLOOKUP(A25,'COMP SD SICRO'!$A$2:$D$6495,4,0),VLOOKUP(CPU_Mec!A25,'ISD SICRO'!$A$2:$D$2319,4,0))),IF(B25=\"SEINFRA\",(IFERROR(VLOOKUP(A25,'COMPSD SEINFRA'!$B$7:$G$5611,4,0),VLOOKUP(CPU_Mec!A25,'ISD SEINFRA'!A25:$D$11922,4,0))),)))","v":39.555799999999998},25,{"$f":"F25*G25","v":988.89499999999998},null,{"$f":"H25*(1-CAPA!$D$13)","v":949.33919999999989}]
["P9825","SICRO","Soldador","COMPOSIÇÃO",{"$f":"IF(B26=\"SINAPI\",(IFERROR(VLOOKUP(A26,'CompSD SINAPI'!$B$11:$F$9784,3,0),VLOOKUP(CPU_Mec!A26,'ISD SINAPI'!$B$11:$F$4903,3,0))),IF(OR(B26=\"SICRO\",B26=\"SICRO3\"),(IFERROR(VLOOKUP(A26,'COMP SD SICRO'!$A$2:$D$6495,3,0),VLOOKUP(CPU_Mec!A26,'ISD SICRO'!$A$2:$D$2319,3,0))),IF(B26=\"SEINFRA\",(IFERROR(VLOOKUP(A26,'COMPSD SEINFRA'!$B$7:$G$5611,3,0),VLOOKUP(CPU_Mec!A26,'ISD SEINFRA'!A26:$D$11922,3,0))),)))","v":"h"},{"$f":"IF(B26=\"SINAPI\",(IFERROR(VLOOKUP(A26,'CompSD SINAPI'!$B$11:$F$9784,4,0),VLOOKUP(CPU_Mec!A26,'ISD SINAPI'!$B$11:$F$4903,5,0))),IF(OR(B26=\"SICRO\",B26=\"SICRO3\"),(IFERROR(VLOOKUP(A26,'COMP SD SICRO'!$A$2:$D$6495,4,0),VLOOKUP(CPU_Mec!A26,'ISD SICRO'!$A$2:$D$2319,4,0))),IF(B26=\"SEINFRA\",(IFERROR(VLOOKUP(A26,'COMPSD SEINFRA'!$B$7:$G$5611,4,0),VLOOKUP(CPU_Mec!A26,'ISD SEINFRA'!A26:$D$11922,4,0))),)))","v":36.065300000000001},10,{"$f":"F26*G26","v":360.65300000000002},null,{"$f":"H26*(1-CAPA!$D$13)","v":346.22687999999999}]
[251,"SINAPI","AUXILIAR DE MECANICO (HORISTA)","COMPOSIÇÃO",{"$f":"IF(B27=\"SINAPI\",(IFERROR(VLOOKUP(A27,'CompSD SINAPI'!$B$11:$F$9784,3,0),VLOOKUP(CPU_Mec!A27,'ISD SINAPI'!$B$11:$F$4903,3,0))),IF(OR(B27=\"SICRO\",B27=\"SICRO3\"),(IFERROR(VLOOKUP(A27,'COMP SD SICRO'!$A$2:$D$6495,3,0),VLOOKUP(CPU_Mec!A27,'ISD SICRO'!$A$2:$D$2319,3,0))),IF(B27=\"SEINFRA\",(IFERROR(VLOOKUP(A27,'COMPSD SEINFRA'!$B$7:$G$5611,3,0),VLOOKUP(CPU_Mec!A27,'ISD SEINFRA'!A26:$D$11922,3,0))),)))","v":"H"},{"$f":"IF(B27=\"SINAPI\",(IFERROR(VLOOKUP(A27,'CompSD SINAPI'!$B$11:$F$9784,4,0),VLOOKUP(CPU_Mec!A27,'ISD SINAPI'!$B$11:$F$4903,5,0))),IF(OR(B27=\"SICRO\",B27=\"SICRO3\"),(IFERROR(VLOOKUP(A27,'COMP SD SICRO'!$A$2:$D$6495,4,0),VLOOKUP(CPU_Mec!A27,'ISD SICRO'!$A$2:$D$2319,4,0))),IF(B27=\"SEINFRA\",(IFERROR(VLOOKUP(A27,'COMPSD SEINFRA'!$B$7:$G$5611,4,0),VLOOKUP(CPU_Mec!A27,'ISD SEINFRA'!A26:$D$11922,4,0))),)))","v":16.010000000000002},25,{"$f":"F27*G27","v":400.25000000000006},null,{"$f":"H27*(1-CAPA!$D$13)","v":384.24000000000007}]
["CPU-M07","PROPRIA","Manutenção de válvula borboleta DN < 300 mm",null,"und",null,null,null,{"$f":"SUM(H29:H30)","v":444.52639999999997},{"$f":"SUM(J29:J30)","v":426.74534399999993}]
["P9882","SICRO","Técnico especializado","COMPOSIÇÃO",{"$f":"IF(B29=\"SINAPI\",(IFERROR(VLOOKUP(A29,'CompSD SINAPI'!$B$11:$F$9784,3,0),VLOOKUP(CPU_Mec!A29,'ISD SINAPI'!$B$11:$F$4903,3,0))),IF(OR(B29=\"SICRO\",B29=\"SICRO3\"),(IFERROR(VLOOKUP(A29,'COMP SD SICRO'!$A$2:$D$6495,3,0),VLOOKUP(CPU_Mec!A29,'ISD SICRO'!$A$2:$D$2319,3,0))),IF(B29=\"SEINFRA\",(IFERROR(VLOOKUP(A29,'COMPSD SEINFRA'!$B$7:$G$5611,3,0),VLOOKUP(CPU_Mec!A29,'ISD SEINFRA'!A26:$D$11922,3,0))),)))","v":"h"},{"$f":"IF(B29=\"SINAPI\",(IFERROR(VLOOKUP(A29,'CompSD SINAPI'!$B$11:$F$9784,4,0),VLOOKUP(CPU_Mec!A29,'ISD SINAPI'!$B$11:$F$4903,5,0))),IF(OR(B29=\"SICRO\",B29=\"SICRO3\"),(IFERROR(VLOOKUP(A29,'COMP SD SICRO'!$A$2:$D$6495,4,0),VLOOKUP(CPU_Mec!A29,'ISD SICRO'!$A$2:$D$2319,4,0))),IF(B29=\"SEINFRA\",(IFERROR(VLOOKUP(A29,'COMPSD SEINFRA'!$B$7:$G$5611,4,0),VLOOKUP(CPU_Mec!A29,'ISD SEINFRA'!A26:$D$11922,4,0))),)))","v":39.555799999999998},8,{"$f":"F29*G29","v":316.44639999999998},null,{"$f":"H29*(1-CAPA!$D$13)","v":303.78854399999994}]
[251,"SINAPI","AUXILIAR DE MECANICO (HORISTA)","COMPOSIÇÃO",{"$f":"IF(B30=\"SINAPI\",(IFERROR(VLOOKUP(A30,'CompSD SINAPI'!$B$11:$F$9784,3,0),VLOOKUP(CPU_Mec!A30,'ISD SINAPI'!$B$11:$F$4903,3,0))),IF(OR(B30=\"SICRO\",B30=\"SICRO3\"),(IFERROR(VLOOKUP(A30,'COMP SD SICRO'!$A$2:$D$6495,3,0),VLOOKUP(CPU_Mec!A30,'ISD SICRO'!$A$2:$D$2319,3,0))),IF(B30=\"SEINFRA\",(IFERROR(VLOOKUP(A30,'COMPSD SEINFRA'!$B$7:$G$5611,3,0),VLOOKUP(CPU_Mec!A30,'ISD SEINFRA'!A27:$D$11922,3,0))),)))","v":"H"},{"$f":"IF(B30=\"SINAPI\",(IFERROR(VLOOKUP(A30,'CompSD SINAPI'!$B$11:$F$9784,4,0),VLOOKUP(CPU_Mec!A30,'ISD SINAPI'!$B$11:$F$4903,5,0))),IF(OR(B30=\"SICRO\",B30=\"SICRO3\"),(IFERROR(VLOOKUP(A30,'COMP SD SICRO'!$A$2:$D$6495,4,0),VLOOKUP(CPU_Mec!A30,'ISD SICRO'!$A$2:$D$2319,4,0))),IF(B30=\"SEINFRA\",(IFERROR(VLOOKUP(A30,'COMPSD SEINFRA'!$B$7:$G$5611,4,0),VLOOKUP(CPU_Mec!A30,'ISD SEINFRA'!A27:$D$11922,4,0))),)))","v":16.010000000000002},8,{"$f":"F30*G30","v":128.08000000000001},null,{"$f":"H30*(1-CAPA!$D$13)","v":122.9568}]
["CPU-M08","PROPRIA","Manutenção de de filtro autolimpante Amiad",null,"und",null,null,null,{"$f":"SUM(H32:H33)","v":1229.0450000000001},{"$f":"SUM(J32:J33)","v":1179.8832}]
["P9882","SICRO","Técnico especializado","COMPOSIÇÃO",{"$f":"IF(B32=\"SINAPI\",(IFERROR(VLOOKUP(A32,'CompSD SINAPI'!$B$11:$F$9784,3,0),VLOOKUP(CPU_Mec!A32,'ISD SINAPI'!$B$11:$F$4903,3,0))),IF(OR(B32=\"SICRO\",B32=\"SICRO3\"),(IFERROR(VLOOKUP(A32,'COMP SD SICRO'!$A$2:$D$6495,3,0),VLOOKUP(CPU_Mec!A32,'ISD SICRO'!$A$2:$D$2319,3,0))),IF(B32=\"SEINFRA\",(IFERROR(VLOOKUP(A32,'COMPSD SEINFRA'!$B$7:$G$5611,3,0),VLOOKUP(CPU_Mec!A32,'ISD SEINFRA'!A29:$D$11922,3,0))),)))","v":"h"},{"$f":"IF(B32=\"SINAPI\",(IFERROR(VLOOKUP(A32,'CompSD SINAPI'!$B$11:$F$9784,4,0),VLOOKUP(CPU_Mec!A32,'ISD SINAPI'!$B$11:$F$4903,5,0))),IF(OR(B32=\"SICRO\",B32=\"SICRO3\"),(IFERROR(VLOOKUP(A32,'COMP SD SICRO'!$A$2:$D$6495,4,0),VLOOKUP(CPU_Mec!A32,'ISD SICRO'!$A$2:$D$2319,4,0))),IF(B32=\"SEINFRA\",(IFERROR(VLOOKUP(A32,'COMPSD SEINFRA'!$B$7:$G$5611,4,0),VLOOKUP(CPU_Mec!A32,'ISD SEINFRA'!A29:$D$11922,4,0))),)))","v":39.555799999999998},25,{"$f":"F32*G32","v":988.89499999999998},null,{"$f":"H32*(1-CAPA!$D$13)","v":949.33919999999989}]
[251,"SINAPI","AUXILIAR DE MECANICO (HORISTA)","COMPOSIÇÃO",{"$f":"IF(B33=\"SINAPI\",(IFERROR(VLOOKUP(A33,'CompSD SINAPI'!$B$11:$F$9784,3,0),VLOOKUP(CPU_Mec!A33,'ISD SINAPI'!$B$11:$F$4903,3,0))),IF(OR(B33=\"SICRO\",B33=\"SICRO3\"),(IFERROR(VLOOKUP(A33,'COMP SD SICRO'!$A$2:$D$6495,3,0),VLOOKUP(CPU_Mec!A33,'ISD SICRO'!$A$2:$D$2319,3,0))),IF(B33=\"SEINFRA\",(IFERROR(VLOOKUP(A33,'COMPSD SEINFRA'!$B$7:$G$5611,3,0),VLOOKUP(CPU_Mec!A33,'ISD SEINFRA'!A30:$D$11922,3,0))),)))","v":"H"},{"$f":"IF(B33=\"SINAPI\",(IFERROR(VLOOKUP(A33,'CompSD SINAPI'!$B$11:$F$9784,4,0),VLOOKUP(CPU_Mec!A33,'ISD SINAPI'!$B$11:$F$4903,5,0))),IF(OR(B33=\"SICRO\",B33=\"SICRO3\"),(IFERROR(VLOOKUP(A33,'COMP SD SICRO'!$A$2:$D$6495,4,0),VLOOKUP(CPU_Mec!A33,'ISD SICRO'!$A$2:$D$2319,4,0))),IF(B33=\"SEINFRA\",(IFERROR(VLOOKUP(A33,'COMPSD SEINFRA'!$B$7:$G$5611,4,0),VLOOKUP(CPU_Mec!A33,'ISD SEINFRA'!A30:$D$11922,4,0))),)))","v":16.010000000000002},15,{"$f":"F33*G33","v":240.15000000000003},null,{"$f":"H33*(1-CAPA!$D$13)","v":230.54400000000001}]
["CPU-M09","PROPRIA","Manutenção de válvulas borboleta com redutor e acionamento manual DN > 300 mm  e < 800 mm",null,"und",null,null,null,{"$f":"SUM(H35:H36)","v":1111.316},{"$f":"SUM(J35:J36)","v":1066.8633600000001}]
["P9882","SICRO","Técnico especializado","COMPOSIÇÃO",{"$f":"IF(B35=\"SINAPI\",(IFERROR(VLOOKUP(A35,'CompSD SINAPI'!$B$11:$F$9784,3,0),VLOOKUP(CPU_Mec!A35,'ISD SINAPI'!$B$11:$F$4903,3,0))),IF(OR(B35=\"SICRO\",B35=\"SICRO3\"),(IFERROR(VLOOKUP(A35,'COMP SD SICRO'!$A$2:$D$6495,3,0),VLOOKUP(CPU_Mec!A35,'ISD SICRO'!$A$2:$D$2319,3,0))),IF(B35=\"SEINFRA\",(IFERROR(VLOOKUP(A35,'COMPSD SEINFRA'!$B$7:$G$5611,3,0),VLOOKUP(CPU_Mec!A35,'ISD SEINFRA'!A33:$D$11922,3,0))),)))","v":"h"},{"$f":"IF(B35=\"SINAPI\",(IFERROR(VLOOKUP(A35,'CompSD SINAPI'!$B$11:$F$9784,4,0),VLOOKUP(CPU_Mec!A35,'ISD SINAPI'!$B$11:$F$4903,5,0))),IF(OR(B35=\"SICRO\",B35=\"SICRO3\"),(IFERROR(VLOOKUP(A35,'COMP SD SICRO'!$A$2:$D$6495,4,0),VLOOKUP(CPU_Mec!A35,'ISD SICRO'!$A$2:$D$2319,4,0))),IF(B35=\"SEINFRA\",(IFERROR(VLOOKUP(A35,'COMPSD SEINFRA'!$B$7:$G$5611,4,0),VLOOKUP(CPU_Mec!A35,'ISD SEINFRA'!A33:$D$11922,4,0))),)))","v":39.555799999999998},20,{"$f":"F35*G35","v":791.11599999999999},null,{"$f":"H35*(1-CAPA!$D$13)","v":759.47136}]
[251,"SINAPI","AUXILIAR DE MECANICO (HORISTA)","COMPOSIÇÃO",{"$f":"IF(B36=\"SINAPI\",(IFERROR(VLOOKUP(A36,'CompSD SINAPI'!$B$11:$F$9784,3,0),VLOOKUP(CPU_Mec!A36,'ISD SINAPI'!$B$11:$F$4903,3,0))),IF(OR(B36=\"SICRO\",B36=\"SICRO3\"),(IFERROR(VLOOKUP(A36,'COMP SD SICRO'!$A$2:$D$6495,3,0),VLOOKUP(CPU_Mec!A36,'ISD SICRO'!$A$2:$D$2319,3,0))),IF(B36=\"SEINFRA\",(IFERROR(VLOOKUP(A36,'COMPSD SEINFRA'!$B$7:$G$5611,3,0),VLOOKUP(CPU_Mec!A36,'ISD SEINFRA'!A34:$D$11922,3,0))),)))","v":"H"},{"$f":"IF(B36=\"SINAPI\",(IFERROR(VLOOKUP(A36,'CompSD SINAPI'!$B$11:$F$9784,4,0),VLOOKUP(CPU_Mec!A36,'ISD SINAPI'!$B$11:$F$4903,5,0))),IF(OR(B36=\"SICRO\",B36=\"SICRO3\"),(IFERROR(VLOOKUP(A36,'COMP SD SICRO'!$A$2:$D$6495,4,0),VLOOKUP(CPU_Mec!A36,'ISD SICRO'!$A$2:$D$2319,4,0))),IF(B36=\"SEINFRA\",(IFERROR(VLOOKUP(A36,'COMPSD SEINFRA'!$B$7:$G$5611,4,0),VLOOKUP(CPU_Mec!A36,'ISD SEINFRA'!A34:$D$11922,4,0))),)))","v":16.010000000000002},20,{"$f":"F36*G36","v":320.20000000000005},null,{"$f":"H36*(1-CAPA!$D$13)","v":307.39200000000005}]
["CPU-M10","PROPRIA","Manutenção de válvulas borboleta motorizadas DN 1.200 mm",null,"und",null,null,null,{"$f":"SUM(H38:H40)","v":1734.4379999999999},{"$f":"SUM(J38:J40)","v":1665.0604799999999}]
["P9882","SICRO","Técnico especializado","COMPOSIÇÃO",{"$f":"IF(B38=\"SINAPI\",(IFERROR(VLOOKUP(A38,'CompSD SINAPI'!$B$11:$F$9784,3,0),VLOOKUP(CPU_Mec!A38,'ISD SINAPI'!$B$11:$F$4903,3,0))),IF(OR(B38=\"SICRO\",B38=\"SICRO3\"),(IFERROR(VLOOKUP(A38,'COMP SD SICRO'!$A$2:$D$6495,3,0),VLOOKUP(CPU_Mec!A38,'ISD SICRO'!$A$2:$D$2319,3,0))),IF(B38=\"SEINFRA\",(IFERROR(VLOOKUP(A38,'COMPSD SEINFRA'!$B$7:$G$5611,3,0),VLOOKUP(CPU_Mec!A38,'ISD SEINFRA'!A36:$D$11922,3,0))),)))","v":"h"},{"$f":"IF(B38=\"SINAPI\",(IFERROR(VLOOKUP(A38,'CompSD SINAPI'!$B$11:$F$9784,4,0),VLOOKUP(CPU_Mec!A38,'ISD SINAPI'!$B$11:$F$4903,5,0))),IF(OR(B38=\"SICRO\",B38=\"SICRO3\"),(IFERROR(VLOOKUP(A38,'COMP SD SICRO'!$A$2:$D$6495,4,0),VLOOKUP(CPU_Mec!A38,'ISD SICRO'!$A$2:$D$2319,4,0))),IF(B38=\"SEINFRA\",(IFERROR(VLOOKUP(A38,'COMPSD SEINFRA'!$B$7:$G$5611,4,0),VLOOKUP(CPU_Mec!A38,'ISD SEINFRA'!A36:$D$11922,4,0))),)))","v":39.555799999999998},20,{"$f":"F38*G38","v":791.11599999999999},null,{"$f":"H38*(1-CAPA!$D$13)","v":759.47136}]
["P9810","SICRO","Eletricista","COMPOSIÇÃO",{"$f":"IF(B39=\"SINAPI\",(IFERROR(VLOOKUP(A39,'CompSD SINAPI'!$B$11:$F$9784,3,0),VLOOKUP(CPU_Mec!A39,'ISD SINAPI'!$B$11:$F$4903,3,0))),IF(OR(B39=\"SICRO\",B39=\"SICRO3\"),(IFERROR(VLOOKUP(A39,'COMP SD SICRO'!$A$2:$D$6495,3,0),VLOOKUP(CPU_Mec!A39,'ISD SICRO'!$A$2:$D$2319,3,0))),IF(B39=\"SEINFRA\",(IFERROR(VLOOKUP(A39,'COMPSD SEINFRA'!$B$7:$G$5611,3,0),VLOOKUP(CPU_Mec!A39,'ISD SEINFRA'!A39:$D$11922,3,0))),)))","v":"h"},{"$f":"IF(B39=\"SINAPI\",(IFERROR(VLOOKUP(A39,'CompSD SINAPI'!$B$11:$F$9784,4,0),VLOOKUP(CPU_Mec!A39,'ISD SINAPI'!$B$11:$F$4903,5,0))),IF(OR(B39=\"SICRO\",B39=\"SICRO3\"),(IFERROR(VLOOKUP(A39,'COMP SD SICRO'!$A$2:$D$6495,4,0),VLOOKUP(CPU_Mec!A39,'ISD SICRO'!$A$2:$D$2319,4,0))),IF(B39=\"SEINFRA\",(IFERROR(VLOOKUP(A39,'COMPSD SEINFRA'!$B$7:$G$5611,4,0),VLOOKUP(CPU_Mec!A39,'ISD SEINFRA'!A39:$D$11922,4,0))),)))","v":31.156099999999999},20,{"$f":"F39*G39","v":623.12199999999996},null,{"$f":"H39*(1-CAPA!$D$13)","v":598.19711999999993}]
[251,"SINAPI","AUXILIAR DE MECANICO (HORISTA)","COMPOSIÇÃO",{"$f":"IF(B40=\"SINAPI\",(IFERROR(VLOOKUP(A40,'CompSD SINAPI'!$B$11:$F$9784,3,0),VLOOKUP(CPU_Mec!A40,'ISD SINAPI'!$B$11:$F$4903,3,0))),IF(OR(B40=\"SICRO\",B40=\"SICRO3\"),(IFERROR(VLOOKUP(A40,'COMP SD SICRO'!$A$2:$D$6495,3,0),VLOOKUP(CPU_Mec!A40,'ISD SICRO'!$A$2:$D$2319,3,0))),IF(B40=\"SEINFRA\",(IFERROR(VLOOKUP(A40,'COMPSD SEINFRA'!$B$7:$G$5611,3,0),VLOOKUP(CPU_Mec!A40,'ISD SEINFRA'!A37:$D$11922,3,0))),)))","v":"H"},{"$f":"IF(B40=\"SINAPI\",(IFERROR(VLOOKUP(A40,'CompSD SINAPI'!$B$11:$F$9784,4,0),VLOOKUP(CPU_Mec!A40,'ISD SINAPI'!$B$11:$F$4903,5,0))),IF(OR(B40=\"SICRO\",B40=\"SICRO3\"),(IFERROR(VLOOKUP(A40,'COMP SD SICRO'!$A$2:$D$6495,4,0),VLOOKUP(CPU_Mec!A40,'ISD SICRO'!$A$2:$D$2319,4,0))),IF(B40=\"SEINFRA\",(IFERROR(VLOOKUP(A40,'COMPSD SEINFRA'!$B$7:$G$5611,4,0),VLOOKUP(CPU_Mec!A40,'ISD SEINFRA'!A37:$D$11922,4,0))),)))","v":16.010000000000002},20,{"$f":"F40*G40","v":320.20000000000005},null,{"$f":"H40*(1-CAPA!$D$13)","v":307.39200000000005}]
["CPU-M11","PROPRIA","Substituição dos conjuntos de Registro, Filtro Y de Linha e Válvula Bermad de controle de nível",null,"und",null,null,null,{"$f":"SUM(H42:H43)","v":333.39479999999998},{"$f":"SUM(J42:J43)","v":320.05900799999995}]
["P9882","SICRO","Técnico especializado","COMPOSIÇÃO",{"$f":"IF(B42=\"SINAPI\",(IFERROR(VLOOKUP(A42,'CompSD SINAPI'!$B$11:$F$9784,3,0),VLOOKUP(CPU_Mec!A42,'ISD SINAPI'!$B$11:$F$4903,3,0))),IF(OR(B42=\"SICRO\",B42=\"SICRO3\"),(IFERROR(VLOOKUP(A42,'COMP SD SICRO'!$A$2:$D$6495,3,0),VLOOKUP(CPU_Mec!A42,'ISD SICRO'!$A$2:$D$2319,3,0))),IF(B42=\"SEINFRA\",(IFERROR(VLOOKUP(A42,'COMPSD SEINFRA'!$B$7:$G$5611,3,0),VLOOKUP(CPU_Mec!A42,'ISD SEINFRA'!A40:$D$11922,3,0))),)))","v":"h"},{"$f":"IF(B42=\"SINAPI\",(IFERROR(VLOOKUP(A42,'CompSD SINAPI'!$B$11:$F$9784,4,0),VLOOKUP(CPU_Mec!A42,'ISD SINAPI'!$B$11:$F$4903,5,0))),IF(OR(B42=\"SICRO\",B42=\"SICRO3\"),(IFERROR(VLOOKUP(A42,'COMP SD SICRO'!$A$2:$D$6495,4,0),VLOOKUP(CPU_Mec!A42,'ISD SICRO'!$A$2:$D$2319,4,0))),IF(B42=\"SEINFRA\",(IFERROR(VLOOKUP(A42,'COMPSD SEINFRA'!$B$7:$G$5611,4,0),VLOOKUP(CPU_Mec!A42,'ISD SEINFRA'!A40:$D$11922,4,0))),)))","v":39.555799999999998},6,{"$f":"F42*G42","v":237.33479999999997},null,{"$f":"H42*(1-CAPA!$D$13)","v":227.84140799999997}]
[251,"SINAPI","AUXILIAR DE MECANICO (HORISTA)","COMPOSIÇÃO",{"$f":"IF(B43=\"SINAPI\",(IFERROR(VLOOKUP(A43,'CompSD SINAPI'!$B$11:$F$9784,3,0),VLOOKUP(CPU_Mec!A43,'ISD SINAPI'!$B$11:$F$4903,3,0))),IF(OR(B43=\"SICRO\",B43=\"SICRO3\"),(IFERROR(VLOOKUP(A43,'COMP SD SICRO'!$A$2:$D$6495,3,0),VLOOKUP(CPU_Mec!A43,'ISD SICRO'!$A$2:$D$2319,3,0))),IF(B43=\"SEINFRA\",(IFERROR(VLOOKUP(A43,'COMPSD SEINFRA'!$B$7:$G$5611,3,0),VLOOKUP(CPU_Mec!A43,'ISD SEINFRA'!A41:$D$11922,3,0))),)))","v":"H"},{"$f":"IF(B43=\"SINAPI\",(IFERROR(VLOOKUP(A43,'CompSD SINAPI'!$B$11:$F$9784,4,0),VLOOKUP(CPU_Mec!A43,'ISD SINAPI'!$B$11:$F$4903,5,0))),IF(OR(B43=\"SICRO\",B43=\"SICRO3\"),(IFERROR(VLOOKUP(A43,'COMP SD SICRO'!$A$2:$D$6495,4,0),VLOOKUP(CPU_Mec!A43,'ISD SICRO'!$A$2:$D$2319,4,0))),IF(B43=\"SEINFRA\",(IFERROR(VLOOKUP(A43,'COMPSD SEINFRA'!$B$7:$G$5611,4,0),VLOOKUP(CPU_Mec!A43,'ISD SEINFRA'!A41:$D$11922,4,0))),)))","v":16.010000000000002},6,{"$f":"F43*G43","v":96.06},null,{"$f":"H43*(1-CAPA!$D$13)","v":92.217600000000004}]
["CPU-M12","PROPRIA","Substituição de toco aço carbono DN 800 para correção do desnivelamento",null,"und",null,null,null,{"$f":"SUM(H45:H46)","v":444.52639999999997},{"$f":"SUM(J45:J46)","v":426.74534399999993}]
["P9882","SICRO","Técnico especializado","COMPOSIÇÃO",{"$f":"IF(B45=\"SINAPI\",(IFERROR(VLOOKUP(A45,'CompSD SINAPI'!$B$11:$F$9784,3,0),VLOOKUP(CPU_Mec!A45,'ISD SINAPI'!$B$11:$F$4903,3,0))),IF(OR(B45=\"SICRO\",B45=\"SICRO3\"),(IFERROR(VLOOKUP(A45,'COMP SD SICRO'!$A$2:$D$6495,3,0),VLOOKUP(CPU_Mec!A45,'ISD SICRO'!$A$2:$D$2319,3,0))),IF(B45=\"SEINFRA\",(IFERROR(VLOOKUP(A45,'COMPSD SEINFRA'!$B$7:$G$5611,3,0),VLOOKUP(CPU_Mec!A45,'ISD SEINFRA'!A43:$D$11922,3,0))),)))","v":"h"},{"$f":"IF(B45=\"SINAPI\",(IFERROR(VLOOKUP(A45,'CompSD SINAPI'!$B$11:$F$9784,4,0),VLOOKUP(CPU_Mec!A45,'ISD SINAPI'!$B$11:$F$4903,5,0))),IF(OR(B45=\"SICRO\",B45=\"SICRO3\"),(IFERROR(VLOOKUP(A45,'COMP SD SICRO'!$A$2:$D$6495,4,0),VLOOKUP(CPU_Mec!A45,'ISD SICRO'!$A$2:$D$2319,4,0))),IF(B45=\"SEINFRA\",(IFERROR(VLOOKUP(A45,'COMPSD SEINFRA'!$B$7:$G$5611,4,0),VLOOKUP(CPU_Mec!A45,'ISD SEINFRA'!A43:$D$11922,4,0))),)))","v":39.555799999999998},8,{"$f":"F45*G45","v":316.44639999999998},null,{"$f":"H45*(1-CAPA!$D$13)","v":303.78854399999994}]
[251,"SINAPI","AUXILIAR DE MECANICO (HORISTA)","COMPOSIÇÃO",{"$f":"IF(B46=\"SINAPI\",(IFERROR(VLOOKUP(A46,'CompSD SINAPI'!$B$11:$F$9784,3,0),VLOOKUP(CPU_Mec!A46,'ISD SINAPI'!$B$11:$F$4903,3,0))),IF(OR(B46=\"SICRO\",B46=\"SICRO3\"),(IFERROR(VLOOKUP(A46,'COMP SD SICRO'!$A$2:$D$6495,3,0),VLOOKUP(CPU_Mec!A46,'ISD SICRO'!$A$2:$D$2319,3,0))),IF(B46=\"SEINFRA\",(IFERROR(VLOOKUP(A46,'COMPSD SEINFRA'!$B$7:$G$5611,3,0),VLOOKUP(CPU_Mec!A46,'ISD SEINFRA'!A44:$D$11922,3,0))),)))","v":"H"},{"$f":"IF(B46=\"SINAPI\",(IFERROR(VLOOKUP(A46,'CompSD SINAPI'!$B$11:$F$9784,4,0),VLOOKUP(CPU_Mec!A46,'ISD SINAPI'!$B$11:$F$4903,5,0))),IF(OR(B46=\"SICRO\",B46=\"SICRO3\"),(IFERROR(VLOOKUP(A46,'COMP SD SICRO'!$A$2:$D$6495,4,0),VLOOKUP(CPU_Mec!A46,'ISD SICRO'!$A$2:$D$2319,4,0))),IF(B46=\"SEINFRA\",(IFERROR(VLOOKUP(A46,'COMPSD SEINFRA'!$B$7:$G$5611,4,0),VLOOKUP(CPU_Mec!A46,'ISD SEINFRA'!A44:$D$11922,4,0))),)))","v":16.010000000000002},8,{"$f":"F46*G46","v":128.08000000000001},null,{"$f":"H46*(1-CAPA!$D$13)","v":122.9568}]
["CPU-M13","PROPRIA","SERVIÇOS DE RECUPERAÇÃO DE BOMBA VERTICAL IMBIL  VTI 24 C/ 3 ESTAGIOS",null,"und",null,null,null,{"$f":"SUM(H48:H56)","v":40479.23000000001},{"$f":"SUM(J48:J56)","v":38860.060799999999}]
["P9891","SICRO","Engenheiro mecânico","COMPOSIÇÃO","mês",23147.84,0.5,{"$f":"F48*G48","v":11573.92},null,{"$f":"H48*(1-CAPA!$D$13)","v":11110.9632}]
[101390,"SINAPI","AUXILIAR TÉCNICO / ASSISTENTE DE ENGENHARIA COM ENCARGOS COMPLEMENTARES","COMPOSIÇÃO","mês",{"$f":"IF(B49=\"SINAPI\",(IFERROR(VLOOKUP(A49,'CompSD SINAPI'!$B$11:$F$9784,4,0),VLOOKUP(CPU_Mec!A49,'ISD SINAPI'!$B$11:$F$4903,5,0))),IF(OR(B49=\"SICRO\",B49=\"SICRO3\"),(IFERROR(VLOOKUP(A49,'COMP SD SICRO'!$A$2:$D$6495,4,0),VLOOKUP(CPU_Mec!A49,'ISD SICRO'!$A$2:$D$2319,4,0))),IF(B49=\"SEINFRA\",(IFERROR(VLOOKUP(A49,'COMPSD SEINFRA'!$B$7:$G$5611,4,0),VLOOKUP(CPU_Mec!A49,'ISD SEINFRA'!A47:$D$11922,4,0))),)))","v":5808.32},0.5,{"$f":"F49*G49","v":2904.16},null,{"$f":"H49*(1-CAPA!$D$13)","v":2787.9935999999998}]
["P9804","SICRO","Apontador","COMPOSIÇÃO","mês",5598.66,0.5,2799.33,null,{"$f":"H50*(1-CAPA!$D$13)","v":2687.3568}]
[40975,"SINAPI","AUXILIAR DE MECANICO (HORISTA)","COMPOSIÇÃO","mês",{"$f":"IF(B51=\"SINAPI\",(IFERROR(VLOOKUP(A51,'CompSD SINAPI'!$B$11:$F$9784,4,0),VLOOKUP(CPU_Mec!A51,'ISD SINAPI'!$B$11:$F$4903,5,0))),IF(OR(B51=\"SICRO\",B51=\"SICRO3\"),(IFERROR(VLOOKUP(A51,'COMP SD SICRO'!$A$2:$D$6495,4,0),VLOOKUP(CPU_Mec!A51,'ISD SICRO'!$A$2:$D$2319,4,0))),IF(B51=\"SEINFRA\",(IFERROR(VLOOKUP(A51,'COMPSD SEINFRA'!$B$7:$G$5611,4,0),VLOOKUP(CPU_Mec!A51,'ISD SEINFRA'!A41:$D$11922,4,0))),)))","v":2823.04},1,2823.04,null,{"$f":"H51*(1-CAPA!$D$13)","v":2710.1183999999998}]
[40921,"SINAPI","MONTADOR DE MAQUINAS (MENSALISTA)","COMPOSIÇÃO","mês",{"$f":"IF(B52=\"SINAPI\",(IFERROR(VLOOKUP(A52,'CompSD SINAPI'!$B$11:$F$9784,4,0),VLOOKUP(CPU_Mec!A52,'ISD SINAPI'!$B$11:$F$4903,5,0))),IF(OR(B52=\"SICRO\",B52=\"SICRO3\"),(IFERROR(VLOOKUP(A52,'COMP SD SICRO'!$A$2:$D$6495,4,0),VLOOKUP(CPU_Mec!A52,'ISD SICRO'!$A$2:$D$2319,4,0))),IF(B52=\"SEINFRA\",(IFERROR(VLOOKUP(A52,'COMPSD SEINFRA'!$B$7:$G$5611,4,0),VLOOKUP(CPU_Mec!A52,'ISD SEINFRA'!A45:$D$11922,4,0))),)))","v":3589.47},1,3589.47,null,{"$f":"H52*(1-CAPA!$D$13)","v":3445.8911999999996}]
["P9882","SICRO","Técnico especializado (Manutenção de mecânica)","COMPOSIÇÃO","mês",5598.66,1,5598.66,null,{"$f":"H53*(1-CAPA!$D$13)","v":5374.7136}]
["P9882","SICRO","Técnico especializado (Torneiro mecânico)","COMPOSIÇÃO","mês",5598.66,1,5598.66,null,{"$f":"H54*(1-CAPA!$D$13)","v":5374.7136}]
[41079,"SINAPI","PINTOR (MENSALISTA)","COMPOSIÇÃO","mês",{"$f":"IF(B55=\"SINAPI\",(IFERROR(VLOOKUP(A55,'CompSD SINAPI'!$B$11:$F$9784,4,0),VLOOKUP(CPU_Mec!A55,'ISD SINAPI'!$B$11:$F$4903,5,0))),IF(OR(B55=\"SICRO\",B55=\"SICRO3\"),(IFERROR(VLOOKUP(A55,'COMP SD SICRO'!$A$2:$D$6495,4,0),VLOOKUP(CPU_Mec!A55,'ISD SICRO'!$A$2:$D$2319,4,0))),IF(B55=\"SEINFRA\",(IFERROR(VLOOKUP(A55,'COMPSD SEINFRA'!$B$7:$G$5611,4,0),VLOOKUP(CPU_Mec!A55,'ISD SEINFRA'!A45:$D$11922,4,0))),)))","v":3942.62},1,3942.62,null,{"$f":"H55*(1-CAPA!$D$13)","v":3784.9151999999999}]
[40979,"SINAPI","OPERADOR DE JATO ABRASIVO OU JATISTA (MENSALISTA)","COMPOSIÇÃO","mês",{"$f":"IF(B56=\"SINAPI\",(IFERROR(VLOOKUP(A56,'CompSD SINAPI'!$B$11:$F$9784,4,0),VLOOKUP(CPU_Mec!A56,'ISD SINAPI'!$B$11:$F$4903,5,0))),IF(OR(B56=\"SICRO\",B56=\"SICRO3\"),(IFERROR(VLOOKUP(A56,'COMP SD SICRO'!$A$2:$D$6495,4,0),VLOOKUP(CPU_Mec!A56,'ISD SICRO'!$A$2:$D$2319,4,0))),IF(B56=\"SEINFRA\",(IFERROR(VLOOKUP(A56,'COMPSD SEINFRA'!$B$7:$G$5611,4,0),VLOOKUP(CPU_Mec!A56,'ISD SEINFRA'!A46:$D$11922,4,0))),)))","v":3298.74},0.5,1649.37,null,{"$f":"H56*(1-CAPA!$D$13)","v":1583.3951999999999}]
["CPU-M14","PROPRIA","SERVIÇOS DE RECUPERAÇÃO DE BOMBA VERTICAL KSB B 24 B / 3   ESTAGIOS",null,"und",null,null,null,{"$f":"SUM(H58:H66)","v":40479.23000000001},{"$f":"SUM(J58:J66)","v":38860.060799999999}]
["P9891","SICRO","Engenheiro mecânico","COMPOSIÇÃO","mês",23147.84,0.5,{"$f":"F58*G58","v":11573.92},null,{"$f":"H58*(1-CAPA!$D$13)","v":11110.9632}]
[101390,"SINAPI","AUXILIAR TÉCNICO / ASSISTENTE DE ENGENHARIA COM ENCARGOS COMPLEMENTARES","COMPOSIÇÃO","mês",{"$f":"IF(B59=\"SINAPI\",(IFERROR(VLOOKUP(A59,'CompSD SINAPI'!$B$11:$F$9784,4,0),VLOOKUP(CPU_Mec!A59,'ISD SINAPI'!$B$11:$F$4903,5,0))),IF(OR(B59=\"SICRO\",B59=\"SICRO3\"),(IFERROR(VLOOKUP(A59,'COMP SD SICRO'!$A$2:$D$6495,4,0),VLOOKUP(CPU_Mec!A59,'ISD SICRO'!$A$2:$D$2319,4,0))),IF(B59=\"SEINFRA\",(IFERROR(VLOOKUP(A59,'COMPSD SEINFRA'!$B$7:$G$5611,4,0),VLOOKUP(CPU_Mec!A59,'ISD SEINFRA'!A57:$D$11922,4,0))),)))","v":5808.32},0.5,{"$f":"F59*G59","v":2904.16},null,{"$f":"H59*(1-CAPA!$D$13)","v":2787.9935999999998}]
["P9804","SICRO","Apontador","COMPOSIÇÃO","mês",5598.66,0.5,2799.33,null,{"$f":"H60*(1-CAPA!$D$13)","v":2687.3568}]
[40975,"SINAPI","AUXILIAR DE MECANICO (HORISTA)","COMPOSIÇÃO","mês",{"$f":"IF(B61=\"SINAPI\",(IFERROR(VLOOKUP(A61,'CompSD SINAPI'!$B$11:$F$9784,4,0),VLOOKUP(CPU_Mec!A61,'ISD SINAPI'!$B$11:$F$4903,5,0))),IF(OR(B61=\"SICRO\",B61=\"SICRO3\"),(IFERROR(VLOOKUP(A61,'COMP SD SICRO'!$A$2:$D$6495,4,0),VLOOKUP(CPU_Mec!A61,'ISD SICRO'!$A$2:$D$2319,4,0))),IF(B61=\"SEINFRA\",(IFERROR(VLOOKUP(A61,'COMPSD SEINFRA'!$B$7:$G$5611,4,0),VLOOKUP(CPU_Mec!A61,'ISD SEINFRA'!A51:$D$11922,4,0))),)))","v":2823.04},1,2823.04,null,{"$f":"H61*(1-CAPA!$D$13)","v":2710.1183999999998}]
[40921,"SINAPI","MONTADOR DE MAQUINAS (MENSALISTA)","COMPOSIÇÃO","mês",{"$f":"IF(B62=\"SINAPI\",(IFERROR(VLOOKUP(A62,'CompSD SINAPI'!$B$11:$F$9784,4,0),VLOOKUP(CPU_Mec!A62,'ISD SINAPI'!$B$11:$F$4903,5,0))),IF(OR(B62=\"SICRO\",B62=\"SICRO3\"),(IFERROR(VLOOKUP(A62,'COMP SD SICRO'!$A$2:$D$6495,4,0),VLOOKUP(CPU_Mec!A62,'ISD SICRO'!$A$2:$D$2319,4,0))),IF(B62=\"SEINFRA\",(IFERROR(VLOOKUP(A62,'COMPSD SEINFRA'!$B$7:$G$5611,4,0),VLOOKUP(CPU_Mec!A62,'ISD SEINFRA'!A55:$D$11922,4,0))),)))","v":3589.47},1,3589.47,null,{"$f":"H62*(1-CAPA!$D$13)","v":3445.8911999999996}]
["P9882","SICRO","Técnico especializado (Manutenção de mecânica)","COMPOSIÇÃO","mês",5598.66,1,5598.66,null,{"$f":"H63*(1-CAPA!$D$13)","v":5374.7136}]
["P9882","SICRO","Técnico especializado (Torneiro mecânico)","COMPOSIÇÃO","mês",5598.66,1,5598.66,null,{"$f":"H64*(1-CAPA!$D$13)","v":5374.7136}]
[41079,"SINAPI","PINTOR (MENSALISTA)","COMPOSIÇÃO","mês",{"$f":"IF(B65=\"SINAPI\",(IFERROR(VLOOKUP(A65,'CompSD SINAPI'!$B$11:$F$9784,4,0),VLOOKUP(CPU_Mec!A65,'ISD SINAPI'!$B$11:$F$4903,5,0))),IF(OR(B65=\"SICRO\",B65=\"SICRO3\"),(IFERROR(VLOOKUP(A65,'COMP SD SICRO'!$A$2:$D$6495,4,0),VLOOKUP(CPU_Mec!A65,'ISD SICRO'!$A$2:$D$2319,4,0))),IF(B65=\"SEINFRA\",(IFERROR(VLOOKUP(A65,'COMPSD SEINFRA'!$B$7:$G$5611,4,0),VLOOKUP(CPU_Mec!A65,'ISD SEINFRA'!A55:$D$11922,4,0))),)))","v":3942.62},1,3942.62,null,{"$f":"H65*(1-CAPA!$D$13)","v":3784.9151999999999}]
[40979,"SINAPI","OPERADOR DE JATO ABRASIVO OU JATISTA (MENSALISTA)","COMPOSIÇÃO","mês",{"$f":"IF(B66=\"SINAPI\",(IFERROR(VLOOKUP(A66,'CompSD SINAPI'!$B$11:$F$9784,4,0),VLOOKUP(CPU_Mec!A66,'ISD SINAPI'!$B$11:$F$4903,5,0))),IF(OR(B66=\"SICRO\",B66=\"SICRO3\"),(IFERROR(VLOOKUP(A66,'COMP SD SICRO'!$A$2:$D$6495,4,0),VLOOKUP(CPU_Mec!A66,'ISD SICRO'!$A$2:$D$2319,4,0))),IF(B66=\"SEINFRA\",(IFERROR(VLOOKUP(A66,'COMPSD SEINFRA'!$B$7:$G$5611,4,0),VLOOKUP(CPU_Mec!A66,'ISD SEINFRA'!A56:$D$11922,4,0))),)))","v":3298.74},0.5,1649.37,null,{"$f":"H66*(1-CAPA!$D$13)","v":1583.3951999999999}]
["CPU-M15","PROPRIA","SERVIÇOS DE RECUPERAÇÃO DE BOMBA CENTRÍFUGA  MEGANORM KSB 200-400 ",null,"und",null,null,null,{"$f":"SUM(H68:H76)","v":55330.732499999998},{"$f":"SUM(J68:J76)","v":53117.503199999999}]
["P9891","SICRO","Engenheiro mecânico","COMPOSIÇÃO","mês",23147.84,0.75,{"$f":"F68*G68","v":17360.88},null,{"$f":"H68*(1-CAPA!$D$13)","v":16666.444800000001}]
[101390,"SINAPI","AUXILIAR TÉCNICO / ASSISTENTE DE ENGENHARIA COM ENCARGOS COMPLEMENTARES","COMPOSIÇÃO","mês",{"$f":"IF(B69=\"SINAPI\",(IFERROR(VLOOKUP(A69,'CompSD SINAPI'!$B$11:$F$9784,4,0),VLOOKUP(CPU_Mec!A69,'ISD SINAPI'!$B$11:$F$4903,5,0))),IF(OR(B69=\"SICRO\",B69=\"SICRO3\"),(IFERROR(VLOOKUP(A69,'COMP SD SICRO'!$A$2:$D$6495,4,0),VLOOKUP(CPU_Mec!A69,'ISD SICRO'!$A$2:$D$2319,4,0))),IF(B69=\"SEINFRA\",(IFERROR(VLOOKUP(A69,'COMPSD SEINFRA'!$B$7:$G$5611,4,0),VLOOKUP(CPU_Mec!A69,'ISD SEINFRA'!A67:$D$11922,4,0))),)))","v":5808.32},0.75,{"$f":"F69*G69","v":4356.24},null,{"$f":"H69*(1-CAPA!$D$13)","v":4181.9903999999997}]
["P9804","SICRO","Apontador","COMPOSIÇÃO","mês",5598.66,0.75,4198.9949999999999,null,{"$f":"H70*(1-CAPA!$D$13)","v":4031.0351999999998}]
[40975,"SINAPI","AUXILIAR DE MECANICO (HORISTA)","COMPOSIÇÃO","mês",{"$f":"IF(B71=\"SINAPI\",(IFERROR(VLOOKUP(A71,'CompSD SINAPI'!$B$11:$F$9784,4,0),VLOOKUP(CPU_Mec!A71,'ISD SINAPI'!$B$11:$F$4903,5,0))),IF(OR(B71=\"SICRO\",B71=\"SICRO3\"),(IFERROR(VLOOKUP(A71,'COMP SD SICRO'!$A$2:$D$6495,4,0),VLOOKUP(CPU_Mec!A71,'ISD SICRO'!$A$2:$D$2319,4,0))),IF(B71=\"SEINFRA\",(IFERROR(VLOOKUP(A71,'COMPSD SEINFRA'!$B$7:$G$5611,4,0),VLOOKUP(CPU_Mec!A71,'ISD SEINFRA'!A61:$D$11922,4,0))),)))","v":2823.04},1.25,3528.8,null,{"$f":"H71*(1-CAPA!$D$13)","v":3387.6480000000001}]
[40921,"SINAPI","MONTADOR DE MAQUINAS (MENSALISTA)","COMPOSIÇÃO","mês",{"$f":"IF(B72=\"SINAPI\",(IFERROR(VLOOKUP(A72,'CompSD SINAPI'!$B$11:$F$9784,4,0),VLOOKUP(CPU_Mec!A72,'ISD SINAPI'!$B$11:$F$4903,5,0))),IF(OR(B72=\"SICRO\",B72=\"SICRO3\"),(IFERROR(VLOOKUP(A72,'COMP SD SICRO'!$A$2:$D$6495,4,0),VLOOKUP(CPU_Mec!A72,'ISD SICRO'!$A$2:$D$2319,4,0))),IF(B72=\"SEINFRA\",(IFERROR(VLOOKUP(A72,'COMPSD SEINFRA'!$B$7:$G$5611,4,0),VLOOKUP(CPU_Mec!A72,'ISD SEINFRA'!A65:$D$11922,4,0))),)))","v":3589.47},1.25,4486.8374999999996,null,{"$f":"H72*(1-CAPA!$D$13)","v":4307.3639999999996}]
["P9882","SICRO","Técnico especializado (Manutenção de mecânica)","COMPOSIÇÃO","mês",5598.66,1.25,6998.3249999999998,null,{"$f":"H73*(1-CAPA!$D$13)","v":6718.3919999999998}]
["P9882","SICRO","Técnico especializado (Torneiro mecânico)","COMPOSIÇÃO","mês",5598.66,1.25,6998.3249999999998,null,{"$f":"H74*(1-CAPA!$D$13)","v":6718.3919999999998}]
[41079,"SINAPI","PINTOR (MENSALISTA)","COMPOSIÇÃO","mês",{"$f":"IF(B75=\"SINAPI\",(IFERROR(VLOOKUP(A75,'CompSD SINAPI'!$B$11:$F$9784,4,0),VLOOKUP(CPU_Mec!A75,'ISD SINAPI'!$B$11:$F$4903,5,0))),IF(OR(B75=\"SICRO\",B75=\"SICRO3\"),(IFERROR(VLOOKUP(A75,'COMP SD SICRO'!$A$2:$D$6495,4,0),VLOOKUP(CPU_Mec!A75,'ISD SICRO'!$A$2:$D$2319,4,0))),IF(B75=\"SEINFRA\",(IFERROR(VLOOKUP(A75,'COMPSD SEINFRA'!$B$7:$G$5611,4,0),VLOOKUP(CPU_Mec!A75,'ISD SEINFRA'!A65:$D$11922,4,0))),)))","v":3942.62},1.25,4928.2749999999996,null,{"$f":"H75*(1-CAPA!$D$13)","v":4731.1439999999993}]
[40979,"SINAPI","OPERADOR DE JATO ABRASIVO OU JATISTA (MENSALISTA)","COMPOSIÇÃO","mês",{"$f":"IF(B76=\"SINAPI\",(IFERROR(VLOOKUP(A76,'CompSD SINAPI'!$B$11:$F$9784,4,0),VLOOKUP(CPU_Mec!A76,'ISD SINAPI'!$B$11:$F$4903,5,0))),IF(OR(B76=\"SICRO\",B76=\"SICRO3\"),(IFERROR(VLOOKUP(A76,'COMP SD SICRO'!$A$2:$D$6495,4,0),VLOOKUP(CPU_Mec!A76,'ISD SICRO'!$A$2:$D$2319,4,0))),IF(B76=\"SEINFRA\",(IFERROR(VLOOKUP(A76,'COMPSD SEINFRA'!$B$7:$G$5611,4,0),VLOOKUP(CPU_Mec!A76,'ISD SEINFRA'!A66:$D$11922,4,0))),)))","v":3298.74},0.75,2474.0549999999998,null,{"$f":"H76*(1-CAPA!$D$13)","v":2375.0927999999999}]
["CPU-M16","PROPRIA","SERVIÇOS DE RECUPERAÇÃO DE BOMBA CENTRÍFUGA MEGANORM KSB 80-400 ",null,"und",null,null,null,{"$f":"SUM(H78:H86)","v":25627.727500000001},{"$f":"SUM(J78:J86)","v":24602.618399999996}]
["P9891","SICRO","Engenheiro mecânico","COMPOSIÇÃO","mês",23147.84,0.25,{"$f":"F78*G78","v":5786.96},null,{"$f":"H78*(1-CAPA!$D$13)","v":5555.4816000000001}]
[101390,"SINAPI","AUXILIAR TÉCNICO / ASSISTENTE DE ENGENHARIA COM ENCARGOS COMPLEMENTARES","COMPOSIÇÃO","mês",{"$f":"IF(B79=\"SINAPI\",(IFERROR(VLOOKUP(A79,'CompSD SINAPI'!$B$11:$F$9784,4,0),VLOOKUP(CPU_Mec!A79,'ISD SINAPI'!$B$11:$F$4903,5,0))),IF(OR(B79=\"SICRO\",B79=\"SICRO3\"),(IFERROR(VLOOKUP(A79,'COMP SD SICRO'!$A$2:$D$6495,4,0),VLOOKUP(CPU_Mec!A79,'ISD SICRO'!$A$2:$D$2319,4,0))),IF(B79=\"SEINFRA\",(IFERROR(VLOOKUP(A79,'COMPSD SEINFRA'!$B$7:$G$5611,4,0),VLOOKUP(CPU_Mec!A79,'ISD SEINFRA'!A77:$D$11922,4,0))),)))","v":5808.32},0.25,{"$f":"F79*G79","v":1452.08},null,{"$f":"H79*(1-CAPA!$D$13)","v":1393.9967999999999}]
["P9804","SICRO","Apontador","COMPOSIÇÃO","mês",5598.66,0.25,1399.665,null,{"$f":"H80*(1-CAPA!$D$13)","v":1343.6784}]
[40975,"SINAPI","AUXILIAR DE MECANICO (HORISTA)","COMPOSIÇÃO","mês",{"$f":"IF(B81=\"SINAPI\",(IFERROR(VLOOKUP(A81,'CompSD SINAPI'!$B$11:$F$9784,4,0),VLOOKUP(CPU_Mec!A81,'ISD SINAPI'!$B$11:$F$4903,5,0))),IF(OR(B81=\"SICRO\",B81=\"SICRO3\"),(IFERROR(VLOOKUP(A81,'COMP SD SICRO'!$A$2:$D$6495,4,0),VLOOKUP(CPU_Mec!A81,'ISD SICRO'!$A$2:$D$2319,4,0))),IF(B81=\"SEINFRA\",(IFERROR(VLOOKUP(A81,'COMPSD SEINFRA'!$B$7:$G$5611,4,0),VLOOKUP(CPU_Mec!A81,'ISD SEINFRA'!A71:$D$11922,4,0))),)))","v":2823.04},0.75,2117.2799999999997,null,{"$f":"H81*(1-CAPA!$D$13)","v":2032.5887999999998}]
[40921,"SINAPI","MONTADOR DE MAQUINAS (MENSALISTA)","COMPOSIÇÃO","mês",{"$f":"IF(B82=\"SINAPI\",(IFERROR(VLOOKUP(A82,'CompSD SINAPI'!$B$11:$F$9784,4,0),VLOOKUP(CPU_Mec!A82,'ISD SINAPI'!$B$11:$F$4903,5,0))),IF(OR(B82=\"SICRO\",B82=\"SICRO3\"),(IFERROR(VLOOKUP(A82,'COMP SD SICRO'!$A$2:$D$6495,4,0),VLOOKUP(CPU_Mec!A82,'ISD SICRO'!$A$2:$D$2319,4,0))),IF(B82=\"SEINFRA\",(IFERROR(VLOOKUP(A82,'COMPSD SEINFRA'!$B$7:$G$5611,4,0),VLOOKUP(CPU_Mec!A82,'ISD SEINFRA'!A75:$D$11922,4,0))),)))","v":3589.47},0.75,2692.1025,null,{"$f":"H82*(1-CAPA!$D$13)","v":2584.4184}]
["P9882","SICRO","Técnico especializado (Manutenção de mecânica)","COMPOSIÇÃO","mês",5598.66,0.75,4198.9949999999999,null,{"$f":"H83*(1-CAPA!$D$13)","v":4031.0351999999998}]
["P9882","SICRO","Técnico especializado (Torneiro mecânico)","COMPOSIÇÃO","mês",5598.66,0.75,4198.9949999999999,null,{"$f":"H84*(1-CAPA!$D$13)","v":4031.0351999999998}]
[41079,"SINAPI","PINTOR (MENSALISTA)","COMPOSIÇÃO","mês",{"$f":"IF(B85=\"SINAPI\",(IFERROR(VLOOKUP(A85,'CompSD SINAPI'!$B$11:$F$9784,4,0),VLOOKUP(CPU_Mec!A85,'ISD SINAPI'!$B$11:$F$4903,5,0))),IF(OR(B85=\"SICRO\",B85=\"SICRO3\"),(IFERROR(VLOOKUP(A85,'COMP SD SICRO'!$A$2:$D$6495,4,0),VLOOKUP(CPU_Mec!A85,'ISD SICRO'!$A$2:$D$2319,4,0))),IF(B85=\"SEINFRA\",(IFERROR(VLOOKUP(A85,'COMPSD SEINFRA'!$B$7:$G$5611,4,0),VLOOKUP(CPU_Mec!A85,'ISD SEINFRA'!A75:$D$11922,4,0))),)))","v":3942.62},0.75,2956.9650000000001,null,{"$f":"H85*(1-CAPA!$D$13)","v":2838.6864}]
[40979,"SINAPI","OPERADOR DE JATO ABRASIVO OU JATISTA (MENSALISTA)","COMPOSIÇÃO","mês",{"$f":"IF(B86=\"SINAPI\",(IFERROR(VLOOKUP(A86,'CompSD SINAPI'!$B$11:$F$9784,4,0),VLOOKUP(CPU_Mec!A86,'ISD SINAPI'!$B$11:$F$4903,5,0))),IF(OR(B86=\"SICRO\",B86=\"SICRO3\"),(IFERROR(VLOOKUP(A86,'COMP SD SICRO'!$A$2:$D$6495,4,0),VLOOKUP(CPU_Mec!A86,'ISD SICRO'!$A$2:$D$2319,4,0))),IF(B86=\"SEINFRA\",(IFERROR(VLOOKUP(A86,'COMPSD SEINFRA'!$B$7:$G$5611,4,0),VLOOKUP(CPU_Mec!A86,'ISD SEINFRA'!A76:$D$11922,4,0))),)))","v":3298.74},0.25,824.68499999999995,null,{"$f":"H86*(1-CAPA!$D$13)","v":791.69759999999997}]

{"sheet":"COT_Mec","index":7,"n_rows":121,"n_cols":18,"rows_kept":121,"cut":false,"hidden":false,"merged":[[5,0,5,17],[6,6,6,9],[6,10,6,16]]}
[22627.68,null,null,"MINISTÉRIO DA INTEGRAÇÃO E DO DESENVOLVIMENTO REGIONAL"]
[null,null,null,"COMPANHIA DE DESENVOLVIMENTO DOS VALES DO SÃO FRANCISCO E PARNAÍBA"]
[null,"Objeto: Contratação de serviços técnicos para retrofit de componentes da infraestruturas de uso comum do Projeto Público de Irrigação Tabuleiro de São Bernardo (PITSB)."]
[null,"Local: Magalhães de Almeida - MA"]
[null,"Preço Global:"]
["ORÇAMENTO SINTÉTICO - MECÂNICA"]
[{"$nulls":6},"Painel de Preços",null,null,null,"Cotações de Mercado",{"$nulls":6},"Custo Unitário"]
["Item\n","Código\n","Fonte\n","Descrição\n","Unid.\n","Quant.\n","Média","Mediana","Menor Valor","Valor Adotado","Empresa 1","Empresa 2","Empresa 3","Média","Mediana","Menor Valor","Valor Adotado"]
[1,null,null,"EBP - RECUPERAÇÃO BOMBAS VERTICAIS DE 3 ESTÁGIOS"]
["1.1.1","*****","*****","MATERIAL BOMBA VERTICAL VTI 24 C/ 3 ESTAGIOS "]
["1.1.1.1","COT_M01","PROPRIA","Luva distanciadora 1 VTI 24C AISI 316","PC",6,{"$nulls":4},8628,9464.9159999999993,8455.44,{"$f":"MEDIAN(K11:M11)","v":8628},{"$f":"MEDIAN(K11:M11)","v":8628},{"$f":"MIN(K11:M11)","v":8455.44},{"$f":"MIN(N11:P11)","v":8455.44},{"$f":"MEDIAN(Q11,J11)","v":8455.44}]
["1.1.1.2","COT_M02","PROPRIA","Luva distanciadora 2 VTI 24C AISI 316","PC",4,{"$nulls":4},8628,9464.9159999999993,8455.44,{"$f":"MEDIAN(K12:M12)","v":8628},{"$f":"MEDIAN(K12:M12)","v":8628},{"$f":"MIN(K12:M12)","v":8455.44},{"$f":"MIN(N12:P12)","v":8455.44},{"$f":"MEDIAN(Q12,J12)","v":8455.44}]
["1.1.1.3","COT_M03","PROPRIA","Anel de desgaste estático VTI 24C ASTM A48 CL30 ","PC",12,{"$nulls":4},2587.1999999999998,2848.7659199999998,2742.4319999999998,2742.4319999999998,2742.4319999999998,2587.1999999999998,2587.1999999999998,2587.1999999999998]
["1.1.1.4","COT_M04","PROPRIA","Luva protetora da caixa de selagem VTI 24C AISI 316","PC",2,{"$nulls":4},21782.400000000001,23721.033599999999,23764.598399999999,23721.033599999999,23721.033599999999,21782.400000000001,21782.400000000001,21782.400000000001]
["1.1.1.5","COT_M05","PROPRIA","Mancal guia do sino VTI 24C D-GLIDE","PC",2,{"$nulls":4},4296,4747.08,4983.3599999999997,4747.08,4747.08,4296,4296,4296]
["1.1.1.6","COT_M06","PROPRIA","Mancal guia do difusor VTI 24C D-GLIDE","PC",6,{"$nulls":4},7305,8072.0249999999996,8473.7999999999993,8072.0249999999996,8072.0249999999996,7305,7305,7305]
["1.1.1.7","COT_M07","PROPRIA","Mancal guia do estabilizador VTI 24C D-GLIDE","PC",6,{"$nulls":4},7305,8072.0249999999996,8473.7999999999993,8072.0249999999996,8072.0249999999996,7305,7305,7305]
["1.1.1.8","COT_M08","PROPRIA","Jogo de juntas e orings VTI 24C/3","JG",2,{"$nulls":4},9832,10551.7024,10028.64,10028.64,10028.64,9832,9832,9832]
["1.1.1.9","COT_M09","PROPRIA","Cj de mangueiras e conexões de entrada no mancal VTI 24C ","PC",2,{"$nulls":4},1280,1420.8,1415.04,1415.04,1415.04,1280,1280,1280]
["1.1.1.10","COT_M10","PROPRIA","Luva 3/4 NPT Femea / Femea ","PC",2,{"$nulls":4},172,190.92,190.14599999999999,190.14599999999999,190.14599999999999,172,172,172]
["1.1.1.11","COT_M11","PROPRIA","Disco defletor VTI 24C AISI 316","PC",2,{"$nulls":4},8808,9909,9776.8799999999992,9776.8799999999992,9776.8799999999992,8808,8808,8808]
["1.1.1.12","COT_M12","PROPRIA","Rolamento 29338E","PC",2,{"$nulls":4},30900,34793.4,33372,33372,33372,30900,30900,30900]
["1.1.2","*****","*****","SERVIÇOS DE RECUPERAÇÃO BOMBA VERTICAL IMBIL  VTI 24 C/ 3 ESTAGIOS",{"$nulls":12},0]
["1.1.2.1","CPU-M13","PROPRIA","SERVIÇOS DE RECUPERAÇÃO DE BOMBA VERTICAL IMBIL  VTI 24 C/ 3 ESTAGIOS","und",2,{"$nulls":10},0]
["1.2.1","*****","*****","MATERIAL BOMBA VERTICAL KSB B 24 B / 3 ESTÁGIOS",{"$nulls":12},0]
["1.2.1.1","COT_M13","PROPRIA","Luva distanciadora B 24 B/3 AISI 316","PC",3,{"$nulls":4},8628,9395.8919999999998,9413.1479999999992,{"$f":"MEDIAN(K26:M26)","v":9395.8919999999998},{"$f":"MEDIAN(K26:M26)","v":9395.8919999999998},{"$f":"MIN(K26:M26)","v":8628},8628,{"$f":"MEDIAN(Q26,J26)","v":8628}]
["1.2.1.2","COT_M14","PROPRIA","Luva distanciadora B 24 B/3 AISI 316","PC",2,{"$nulls":4},8628,9395.8919999999998,9413.1479999999992,9395.8919999999998,9395.8919999999998,8628,8628,8628]
["1.2.1.3","COT_M15","PROPRIA","Anel de desgaste estático B 24 B/3 ASTM A48 CL30 ","PC",6,{"$nulls":4},2587.1999999999998,2848.7659199999998,2742.4319999999998,2742.4319999999998,2742.4319999999998,2587.1999999999998,2587.1999999999998,2587.1999999999998]
["1.2.1.4","COT_M16","PROPRIA","Luva protetora da caixa de selagem B 24 B/3 AISI 316","PC",1,{"$nulls":4},21782.400000000001,23721.033599999999,23764.598399999999,23721.033599999999,23721.033599999999,21782.400000000001,21782.400000000001,21782.400000000001]
["1.2.1.5","COT_M17","PROPRIA","Mancal guia do sino B 24 B/3 ","PC",1,{"$nulls":4},4296,4747.08,4721.3040000000001,4721.3040000000001,4721.3040000000001,4296,4296,4296]
["1.2.1.6","COT_M18","PROPRIA","Mancal guia do difusor B 24 B/3","PC",3,{"$nulls":4},7305,8072.0249999999996,8028.1949999999997,8028.1949999999997,8028.1949999999997,7305,7305,7305]
["1.2.1.7","COT_M19","PROPRIA","Mancal guia do estabilizador B 24 B/3","PC",3,{"$nulls":4},7305,8072.0249999999996,8028.1949999999997,8028.1949999999997,8028.1949999999997,7305,7305,7305]
["1.2.1.8","COT_M20","PROPRIA","Cj de mangueiras e conexões de entrada no mancal B 24 B/3","PC",1,{"$nulls":4},9832,10913.52,10869.276,10869.276,10869.276,9832,9832,9832]
["1.2.1.9","COT_M21","PROPRIA","Luva 3/4 NPT Femea / Femea B 24 B/3","PC",1,{"$nulls":4},1280,1393.92,1396.48,1393.92,1393.92,1280,1280,1280]
["1.2.1.10","COT_M22","PROPRIA","Disco defletor B 24 B/3 AISI 316","PC",1,{"$nulls":4},172,193.5,190.92,190.92,190.92,172,172,172]
["1.2.1.11","COT_M23","PROPRIA","Jogo de juntas e orings B 24 B/3","PC",1,{"$nulls":4},8808,9671.1839999999993,9671.1839999999993,9671.1839999999993,9671.1839999999993,8808,8808,8808]
["1.2.1.12","COT_M24","PROPRIA","Rolamento 29338E","PC",1,{"$nulls":4},30900,34793.4,33372,33372,33372,30900,30900,30900]
["1.2.2","*****","*****","SERVIÇOS DE RECUPERAÇÃO BOMBA VERTICAL KSB B 24 B / 3  ESTÁGIOS",{"$nulls":12},0]
["1.2.2.1","CPU-M14","PROPRIA","SERVIÇOS DE RECUPERAÇÃO DE BOMBA VERTICAL KSB B 24 B / 3   ESTAGIOS","und",1,{"$nulls":10},0]
["1.3","*****","*****","BARRILETE DE BOMBAS",{"$nulls":12},0]
["1.3.1","COT_M25","PROPRIA","Válvula Sutentadora de Pressão Bermad DN 500 mm e 2 flanges p/ tocos de montagem","pç",3,{"$nulls":4},242250,265869.375,273742.5,{"$f":"MEDIAN(K41:M41)","v":265869.375},{"$f":"MEDIAN(K41:M41)","v":265869.375},{"$f":"MIN(K41:M41)","v":242250},242250,{"$f":"MEDIAN(Q41,J41)","v":242250}]
["1.3","*****","*****","SERVIÇOS DE MANUTENÇÃO DE VÁLVULAS",{"$nulls":12},0]
["1.3.1","CPU-M01","PROPRIA","Manutenção de válvula gaveta DN < 300 mm","und",3,{"$nulls":10},0]
["1.3.2","CPU-M02","PROPRIA","Manutenção de válvula borboleta com redutor e acionamento manual DN 300 a 800 mm","und",3,{"$nulls":10},0]
["1.3.3","CPU-M03","PROPRIA","Manutenção de ventosa DN < 300mm","und",4,{"$nulls":10},0]
["1.3.4","CPU-M04","PROPRIA","Manutenção de válvula Clasar","und",3,{"$nulls":10},0]
["1.3.5","CPU-M05","PROPRIA","Manutenção de comporta de poço de bombas","und",1,{"$nulls":10},0]
["1.3.6","CPU-M06","PROPRIA","Montagem de válvula sustentadora de pressão DN 500mm","und",3,{"$nulls":10},0]
[2,null,null,"EBS1 - RECUPERAÇÃO BOMBAS CENTRÍFUGAS HORIZONTAIS",{"$nulls":12},0]
["2.1","*****","*****","MATERIAL BOMBA  BOMBA MEGANORM KSB 200-400",{"$nulls":12},0]
["2.1.1","COT_M26","PROPRIA","Anel de Desgaste da Carcaça ","PC",5,{"$nulls":4},464,510.91039999999998,491.84,{"$f":"MEDIAN(K51:M51)","v":491.84},{"$f":"MEDIAN(K51:M51)","v":491.84},{"$f":"MIN(K51:M51)","v":464},464,{"$f":"MEDIAN(Q51,J51)","v":464}]
["2.1.2","COT_M27","PROPRIA","Anel de Desgaste do Rotor","PC",5,{"$nulls":4},384,422.82240000000002,407.04,407.04,407.04,384,384,384]
["2.1.3","COT_M28","PROPRIA","Bucha Protetora do Eixo","PC",5,{"$nulls":4},636,685.41719999999998,678.16679999999997,678.16679999999997,678.16679999999997,636,636,636]
["2.1.4","COT_M29","PROPRIA","Eixo do Rotor","PC",2,{"$nulls":4},2508,2766.3240000000001,2834.04,2766.3240000000001,2766.3240000000001,2508,2508,2508]
["2.1.5","COT_M30","PROPRIA","Jg de Gaxeta","PC",5,{"$nulls":4},571.20000000000005,622.03679999999997,623.17920000000004,622.03679999999997,622.03679999999997,571.20000000000005,571.20000000000005,571.20000000000005]
["2.1.6","COT_M31","PROPRIA","Junta da Carcaça","PC",5,{"$nulls":4},256,281.08800000000002,281.08800000000002,281.08800000000002,281.08800000000002,256,256,256]
["2.1.7","COT_M32","PROPRIA","Junta da Tampa do Cavalete","PC",10,{"$nulls":4},148,162.50399999999999,162.50399999999999,162.50399999999999,162.50399999999999,148,148,148]
["2.1.8","COT_M33","PROPRIA","Oring da Bucha Protetora","PC",5,{"$nulls":4},10.4,11.4712,11.752000000000001,11.4712,11.4712,10.4,10.4,10.4]
["2.1.9","COT_M34","PROPRIA","Oring da Tampa de Refrigaração","PC",5,{"$nulls":4},17.600000000000001,19.412800000000001,19.888000000000002,19.412800000000001,19.412800000000001,17.600000000000001,17.600000000000001,17.600000000000001]
["2.1.10","COT_M35","PROPRIA","Rolamentos","PC",10,{"$nulls":4},336,378.33600000000001,362.88,362.88,362.88,336,336,336]
["2.1.11","COT_M36","PROPRIA","Válvulas de Retenção","PC",5,{"$nulls":4},3968,4354.88,4317.1840000000002,4317.1840000000002,4317.1840000000002,3968,3968,3968]
["2.1.12","COT_M37","PROPRIA","Válvulas de Bloquieo 200 PN 16","PC",5,{"$nulls":4},2880,3160.8,3133.44,3133.44,3133.44,2880,2880,2880]
["2.1.13","COT_M38","PROPRIA","Acoplamentos","PC",5,{"$nulls":4},1680,1646.4,1764,1680,1680,1646.4,1646.4,1646.4]
["2.1.14","COT_M39","PROPRIA","Base metálica em aço carbono p/ conj motobomba Pot. 100 cv","PC",5,{"$nulls":4},5600,5600,6272,5600,5600,5600,5600,5600]
["2.1.15","COT_M40","PROPRIA","Redução concêntrica PN 10 DN 125 x 200 mm","PC",5,{"$nulls":4},2520,2520,2822.4,2520,2520,2520,2520,2520]
["2.2","*****","*****","SERVIÇOS DE RECUPERAÇÃO DE BOMBA MEGANORM KSB 200-400",{"$nulls":12},0]
["2.2.1","CPU-M15","PROPRIA","SERVIÇOS DE RECUPERAÇÃO DE BOMBA CENTRÍFUGA  MEGANORM KSB 200-400 ","und",5,{"$nulls":10},0]
["2.3","*****","*****","SERVIÇOS DE MANUTENÇÃO DE VÁLVULAS",{"$nulls":12},0]
["2.3.1","CPU-M07","PROPRIA","Manutenção de válvula borboleta DN < 300 mm","und",5,{"$nulls":10},0]
["2.3.2","CPU-M08","PROPRIA","Manutenção de filtro autolimpante Amiad","und",10,{"$nulls":10},0]
["2.3.3","CPU-M03","PROPRIA","Manutenção de ventosa DN < 300mm","und",2,{"$nulls":10},0]
["2.3.4","CPU-M04","PROPRIA","Manutenção de válvula Clasar","und",5,{"$nulls":10},0]
[3,null,null,"EBS2 - RECUPERAÇÃO BOMBAS CENTRÍFUGAS HORIZONTAIS",{"$nulls":12},0]
["3.1","*****","*****","MATERIAL BOMBA MEGANORM KSB 80-400",{"$nulls":12},0]
["3.1.1","COT_M41","PROPRIA","Anel de Desgaste da Carcaça ","PC",4,{"$nulls":4},464,510.91039999999998,491.84,{"$f":"MEDIAN(K75:M75)","v":491.84},{"$f":"MEDIAN(K75:M75)","v":491.84},{"$f":"MIN(K75:M75)","v":464},464,{"$f":"MEDIAN(Q75,J75)","v":464}]
["3.1.2","COT_M42","PROPRIA","Anel de Desgaste do Rotor","PC",4,{"$nulls":4},384,422.82240000000002,407.04,407.04,407.04,384,{"$f":"MIN(N76:P76)","v":384},384]
["3.1.3","COT_M43","PROPRIA","Bucha Protetora do Eixo","PC",4,{"$nulls":4},636,685.41719999999998,678.16679999999997,678.16679999999997,678.16679999999997,636,636,636]
["3.1.4","COT_M44","PROPRIA","Eixo do Rotor","PC",2,{"$nulls":4},2508,2766.3240000000001,2834.04,2766.3240000000001,2766.3240000000001,2508,2508,2508]
["3.1.5","COT_M45","PROPRIA","Jg de Gaxeta","PC",4,{"$nulls":4},571.20000000000005,622.03679999999997,623.17920000000004,622.03679999999997,622.03679999999997,571.20000000000005,571.20000000000005,571.20000000000005]
["3.1.6","COT_M46","PROPRIA","Junta da Carcaça","PC",4,{"$nulls":4},256,281.08800000000002,281.08800000000002,281.08800000000002,281.08800000000002,256,256,256]
["3.1.7","COT_M47","PROPRIA","Junta da Tampa do Cavalete","PC",8,{"$nulls":4},148,162.50399999999999,162.50399999999999,162.50399999999999,162.50399999999999,148,148,148]
["3.1.8","COT_M48","PROPRIA","Oring da Bucha Protetora","PC",4,{"$nulls":4},10.4,11.4712,11.752000000000001,11.4712,11.4712,10.4,10.4,10.4]
["3.1.9","COT_M49","PROPRIA","Oring da Tampa de Refrigaração","PC",4,{"$nulls":4},17.600000000000001,19.412800000000001,19.888000000000002,19.412800000000001,19.412800000000001,17.600000000000001,17.600000000000001,17.600000000000001]
["3.1.10","COT_M50","PROPRIA","Rolamentos","PC",8,{"$nulls":4},336,378.33600000000001,362.88,362.88,362.88,336,336,336]
["3.1.11","COT_M51","PROPRIA","Válvulas de Retenção","PC",4,{"$nulls":4},3968,4354.88,4317.1840000000002,4317.1840000000002,4317.1840000000002,3968,3968,3968]
["3.1.12","COT_M52","PROPRIA","Válvulas de Bloqueio 200 PN 16","PC",4,{"$nulls":4},2880,3160.8,3133.44,3133.44,3133.44,2880,2880,2880]
["3.1.13","COT_M53","PROPRIA","Acoplamentos","PC",4,{"$nulls":4},1680,1646.4,1764,1680,1680,1646.4,1646.4,1646.4]
["3.2","*****","*****","SERVIÇOS DE RECUPERAÇÃO DE BOMBA MEGANORM KSB 80-400 ",{"$nulls":12},0]
["3.2.1","CPU-M16","PROPRIA","SERVIÇOS DE RECUPERAÇÃO DE BOMBA CENTRÍFUGA MEGANORM KSB 80-400 ","und",4,{"$nulls":10},0]
["3.3","*****","*****","SERVIÇOS DE MANUTENÇÃO DE VÁLVULAS",{"$nulls":12},0]
["3.3.1","CPU-M07","PROPRIA","Manutenção de válvula borboleta DN < 300 mm","und",8,{"$nulls":10},0]
["3.3.2","CPU-M08","PROPRIA","Filtro autolimpante Amiad","und",2,{"$nulls":10},0]
["3.3.3","CPU-M03","PROPRIA","Manutenção de ventosa DN < 300mm","und",4,{"$nulls":10},0]
["3.3.4","CPU-M04","PROPRIA","Manutenção de válvula Clasar","und",4,{"$nulls":10},0]
[4,null,null,"ADUTORAS E TANQUES DE AMORTECIMENTO UNILATERAL",{"$nulls":12},0]
["4.1","*****","*****","ADUTORA - SERVIÇOS DE MANUTENÇÃO DE VÁLVULAS",{"$nulls":12},0]
["4.1.2.1","CPU-M01","PROPRIA","Manutenção de válvula gaveta DN < 300 mm","und",4,{"$nulls":10},0]
["4.1.2.2","CPU-M09","PROPRIA","Manutenção de válvulas borboleta com redutor e acionamento manual DN > 300 mm  e < 800 mm","und",3,{"$nulls":10},0]
["4.1.2.3","CPU-M10","PROPRIA","Manutenção de válvulas borboleta motorizadas DN 1.200 mm","und",2,{"$nulls":10},0]
["4.2.1","*****","*****","TAU 1 - MATERIAL",{"$nulls":12},0]
["4.2.1.1","COT_M54","PROPRIA","Válvula sustentadora de pressão Bermad  DN 100 mm","pç",4,{"$nulls":4},23750,26065.625,25840,{"$f":"MEDIAN(K101:M101)","v":25840},{"$f":"MEDIAN(K101:M101)","v":25840},{"$f":"MIN(K101:M101)","v":23750},23750,{"$f":"MEDIAN(Q101,J101)","v":23750}]
["4.2.1.2","COT_M55","PROPRIA","Válvulas Gaveta DN 100 mm","pç",8,{"$nulls":4},1819.25,1996.6268749999999,1979.3440000000001,1979.3440000000001,1979.3440000000001,1819.25,1819.25,1819.25]
["4.2.1.3","COT_M56","PROPRIA","Filtro de Linha DN 100 mm","pç",4,{"$nulls":4},4626.5,5024.3789999999999,5072.4946,5024.3789999999999,5024.3789999999999,4626.5,4626.5,4626.5]
["4.2.1.4","COT_M57","PROPRIA","Toco Aço Carbono DN 800 mm x 500 mm ","pç",1,{"$nulls":4},10830,12021.3,12205.41,12021.3,12021.3,10830,10830,10830]
["4.2.2","*****","*****","TAU 1 - SERVIÇOS DE MANUTENÇÃO DE VÁLVULAS",{"$nulls":12},0]
["4.2.2.1","CPU-M01","PROPRIA","Manutenção de válvula gaveta DN < 300 mm","und",4,{"$nulls":10},0]
["4.2.2.2","CPU-M02","PROPRIA","Manutenção de válvulas borboleta com redutor e acionamento manual DN > 300 mm  e < 800 mm","und",4,{"$nulls":10},0]
["4.2.2.3","CPU-M03","PROPRIA","Manutenção de ventosa DN < 300mm","und",4,{"$nulls":10},0]
["4.2.2.4","CPU-M04","PROPRIA","Manutenção de válvula Clasar","und",4,{"$nulls":10},0]
["4.2.2.5","CPU-M11","PROPRIA","Substituição dos conjuntos de Registro, Filtro Y de Linha e Válvula Bermad de controle de nível","und",4,{"$nulls":10},0]
["4.2.2.6","CPU-M12","PROPRIA","Substituição de toco aço carbono DN 800 para correção do desnivelamento","und",1,{"$nulls":10},0]
["4.3.1","*****","*****","TAU 2 - MATERIAL",{"$nulls":12},0]
["4.3.1.1","COT_M58","PROPRIA","Válvula  Sutentadora de Pressão Bermad DN 100 mm","pç",2,{"$nulls":4},23750,26065.625,25840,{"$f":"MEDIAN(K113:M113)","v":25840},{"$f":"MEDIAN(K113:M113)","v":25840},{"$f":"MIN(K113:M113)","v":23750},23750,{"$f":"MEDIAN(Q113,J113)","v":23750}]
["4.2.3","COT_M60","PROPRIA","Filtro de Linha DN 100 mm","pç",2,{"$nulls":4},1819.25,1996.6268749999999,1979.3440000000001,1979.3440000000001,1979.3440000000001,1819.25,1819.25,1819.25]
["4.2.2","*****","*****","TAU 2 - SERVIÇOS DE MANUTENÇÃO DE VÁLVULAS",{"$nulls":12},0]
["4.2.2.1","CPU-M01","PROPRIA","Manutenção de válvula gaveta DN < 300 mm","und",2,{"$nulls":10},0]
["4.2.2.2","CPU-M02","PROPRIA","Manutenção de válvulas borboleta com redutor e acionamento manual DN > 300 mm  e < 800 mm","und",2,{"$nulls":10},0]
["4.2.2.3","CPU-M03","PROPRIA","Manutenção de ventosa DN < 300mm","und",2,{"$nulls":10},0]
["4.2.2.4","CPU-M04","PROPRIA","Manutenção de válvula Clasar","und",2,{"$nulls":10},0]
["4.2.2.5","CPU-M11","PROPRIA","Substituição dos conjuntos de Registro, Filtro Y de Linha e Válvula Bermad de controle de nível","und",2,{"$nulls":10},0]
[{"$nulls":16},0]

{"sheet":"ORC_Civil","index":8,"n_rows":115,"n_cols":12,"rows_kept":115,"cut":false,"hidden":false,"merged":[[6,0,6,9],[32,0,32,9],[5,10,5,11],[0,10,4,11],[6,10,6,11],[5,0,5,1]]}
[22627.68,null,null,"MINISTÉRIO DA INTEGRAÇÃO E DO DESENVOLVIMENTO REGIONAL",{"$nulls":4},"SINAPI:","2025-08-01","PREÇO GLOBAL COM DESCONTO "]
[null,null,null,"COMPANHIA DE DESENVOLVIMENTO DOS VALES DO SÃO FRANCISCO E PARNAÍBA",{"$nulls":4},"SICRO:","2025-04-01"]
[null,null,null,"8ª SUPERINTENDÊNCIA REGIONAL - MARANHÃO",{"$nulls":4},"ORSE:","2025-07-01"]
["Objeto: Contratação de serviços técnicos para retrofit de componentes da infraestruturas de uso comum do Projeto Público de Irrigação Tabuleiro de São Bernardo (PITSB).",{"$nulls":7},"Cotações:","2025-10-01"]
["Local: Magalhães de Almeida - MA",{"$nulls":7},"BDI-F:",{"$f":"CAPA!D14","v":0.15}]
["Preço Global Sem Desconto:",null,{"$f":"SUM(I9,I17,I34,I49,I85,I109)","v":954815.46},{"$nulls":5},"BDI-S:",{"$f":"CAPA!D15","v":0.26479999999999998},{"$f":"L115","v":916622.84160000004}]
["MOB/DESMOB, ADMINISTRAÇÃO LOCAL E CANTEIRO",{"$nulls":9},"PROPOSTA DA EMPRESA LICITANTE"]
["Item\n","Código\n","Fonte\n","Descrição\n","Unid.\n","Quant.\n","Custo Unit.\n(R$)","Preço Unit.\n(R$)","Subtotal\n(R$)","Peso\n(%)","DESCONTO","PREÇO COM BDI APÓS DESCONTO"]
[1,null,null,"SERVIÇOS  PRELIMINARES",{"$nulls":4},{"$f":"SUM(I10:I16)","v":51355.22},null,{"$f":"CAPA!$D$13","v":0.04},{"$f":"SUM(L10:L16)","v":49301.011200000001}]
["1.1",103689,"SINAPI","FORNECIMENTO E INSTALAÇÃO DE PLACA DE OBRA COM CHAPA GALVANIZADA E ESTRUTURA DE MADEIRA. AF_03/2022_PS","m²",{"$f":"MC_Civil!K9","v":2.88},469.48,{"$f":"TRUNC(G10*(1+$J$6),2)","v":593.79},{"$f":"TRUNC(F10*H10,2)","v":1710.11},null,{"$f":"CAPA!$D$13","v":0.04},{"$f":"I10*(1-K10)","v":1641.7055999999998}]
["1.2","CPU101","PRÓPRIA","Instalação de Contêiner/Escritório ","und",{"$f":"MC_Civil!K11","v":3},{"$f":"VLOOKUP(B11,CPU_Civil!$A$9:$I$213,9,0)","v":423.35568000000001},{"$f":"TRUNC(G11*(1+$J$6),2)","v":535.46},{"$f":"TRUNC(F11*H11,2)","v":1606.38},null,{"$f":"CAPA!$D$13","v":0.04},{"$f":"I11*(1-K11)","v":1542.1248000000001}]
["1.3","CPU102","PROPRIA","Mobilização e Desmobilização Equipamento de Grande Porte","km ",{"$f":"MC_Civil!K13","v":936},{"$f":"VLOOKUP(B12,CPU_Civil!$A$9:$I$213,9,0)","v":7.9886077000000002},10.1,9453.6,null,{"$f":"CAPA!$D$13","v":0.04},9075.4560000000001]
["1.4","CPU103","PROPRIA","Mobilização e Desmobilização Equipamento de Médio Porte","km ",{"$f":"MC_Civil!K16","v":936},{"$f":"VLOOKUP(B13,CPU_Civil!$A$9:$I$213,9,0)","v":7.1545741000000005},9.0399999999999991,8461.44,null,{"$f":"CAPA!$D$13","v":0.04},8122.9823999999999]
["1.5","CPU104","PRÓPRIA","Aquisição de Gerador Diesel  Trifásico 8kVA, 220/380v, partida elétrica, inclusive cabo elétrico 30m.","und",{"$f":"MC_Civil!K18","v":1},{"$f":"VLOOKUP(B14,CPU_Civil!$A$9:$I$213,9,0)","v":8316},{"$f":"TRUNC(G14*(1+$J$5),2)","v":9563.4},9563.4,null,{"$f":"CAPA!$D$13","v":0.04},9180.8639999999996]
["1.6","CPU105","PRÓPRIA","Aquisição de bomba submersível de drenagem 3cv, 220V trifásica,  Daka, Dancor ou similar, inclusive mangote 30m.","und",{"$f":"MC_Civil!K19","v":1},{"$f":"VLOOKUP(B15,CPU_Civil!$A$9:$I$213,9,0)","v":4188.5},{"$f":"TRUNC(G15*(1+$J$5),2)","v":4816.7700000000004},4816.7700000000004,null,{"$f":"CAPA!$D$13","v":0.04},4624.0992000000006]
["1.7","CPU106","PRÓPRIA","Transporte de Equipamentos Eletromecânicos","km ",{"$f":"MC_Civil!K20","v":5428.8},{"$f":"VLOOKUP(B16,CPU_Civil!$A$9:$I$213,9,0)","v":2.5263263999999999},{"$f":"TRUNC(G16*(1+$J$5),2)","v":2.9},15743.52,null,{"$f":"CAPA!$D$13","v":0.04},15113.779199999999]
[2,null,null,"ADMINISTRAÇÃO LOCAL",{"$nulls":4},{"$f":"SUM(I18,I23,I28)","v":502849.9},null,null,{"$f":"SUM(L18,L23,L28)","v":482735.90400000004}]
["2.1","*****","*****","Pessoal",{"$nulls":4},{"$f":"SUM(I19:I22)","v":352458.26},null,{"$f":"CAPA!$D$13","v":0.04},{"$f":"SUM(L19:L22)","v":338359.92960000003}]
["2.1.1",93565,"SINAPI","ENGENHEIRO CIVIL DE OBRA JUNIOR COM ENCARGOS COMPLEMENTARES","mês",{"$f":"MC_Civil!K29","v":6},{"$f":"IF(C19=\"SINAPI\",(IFERROR(VLOOKUP(B19,'CompSD SINAPI'!$B$11:$F$9784,4,0),VLOOKUP(B19,'ISD SINAPI'!$B$11:$F$4903,5,0))),IF(OR(C19=\"SICRO\",C19=\"SICRO3\"),(IFERROR(VLOOKUP(B19,'COMP SD SICRO'!$A$2:$D$6495,4,0),VLOOKUP(B19,'ISD SICRO'!$A$2:$D$2319,4,0))),IF(C19=\"SEINFRA\",(IFERROR(VLOOKUP(B19,'COMPSD SEINFRA'!$B$7:$G$5611,4,0),VLOOKUP(B19,'ISD SEINFRA'!A7:$D$11922,4,0))),)))","v":22638.12},{"$f":"TRUNC(G19*(1+$J$6),2)","v":28632.69},{"$f":"TRUNC(F19*H19,2)","v":171796.14},null,{"$f":"CAPA!$D$13","v":0.04},164924.29440000001]
["2.1.2","P9891","SICRO","Engenheiro mecânico","mês",{"$f":"MC_Civil!K30","v":3},23147.84,29277.38,87832.14,null,{"$f":"CAPA!$D$13","v":0.04},84318.854399999997]
["2.1.3",94295,"SINAPI","MESTRE DE OBRAS COM ENCARGOS COMPLEMENTARES","mês",{"$f":"MC_Civil!K31","v":6},8360.2900000000009,10574.09,63444.54,null,{"$f":"CAPA!$D$13","v":0.04},60906.758399999999]
["2.1.4",101390,"SINAPI","AUXILIAR TÉCNICO / ASSISTENTE DE ENGENHARIA COM ENCARGOS COMPLEMENTARES","mês",{"$f":"MC_Civil!K32","v":4},{"$f":"IF(C22=\"SINAPI\",(IFERROR(VLOOKUP(B22,'CompSD SINAPI'!$B$11:$F$9784,4,0),VLOOKUP(B22,'ISD SINAPI'!$B$11:$F$4903,5,0))),IF(OR(C22=\"SICRO\",C22=\"SICRO3\"),(IFERROR(VLOOKUP(B22,'COMP SD SICRO'!$A$2:$D$6495,4,0),VLOOKUP(B22,'ISD SICRO'!$A$2:$D$2319,4,0))),IF(C22=\"SEINFRA\",(IFERROR(VLOOKUP(B22,'COMPSD SEINFRA'!$B$7:$G$5611,4,0),VLOOKUP(B22,'ISD SEINFRA'!A10:$D$11922,4,0))),)))","v":5808.32},7346.36,29385.439999999999,null,{"$f":"CAPA!$D$13","v":0.04},28210.022399999998]
["2.2","*****","*****","Manutenção de Canteiro",{"$nulls":4},{"$f":"SUM(I24:I27)","v":58658.64},null,{"$f":"CAPA!$D$13","v":0.04},{"$f":"SUM(L24:L27)","v":56312.294399999992}]
["2.2.1",4656,"ORSE","Locação de container - Banheiro com chuveiros e vasos - 4,30 x 2,30m","mês",{"$f":"MC_Civil!K34","v":8},962.26,{"$f":"TRUNC(G24*(1+$J$5),2)","v":1106.5899999999999},8852.7199999999993,null,{"$f":"CAPA!$D$13","v":0.04},8498.6111999999994]
["2.2.2",4657,"ORSE","Locação de container - Escritório com banheiro - 6,20 x 2,40m - Rev 02_02/2022","mês",{"$f":"MC_Civil!K35","v":8},1600,1840,14720,null,{"$f":"CAPA!$D$13","v":0.04},14131.199999999999]
["2.2.3",4659,"ORSE","Locação de container - Refeitório sem banheiro - 6,00 x 2,40m - Rev 02_x001f__02/2022","mês",{"$f":"MC_Civil!K36","v":8},1800,2070,16560,null,{"$f":"CAPA!$D$13","v":0.04},15897.599999999999]
["2.2.4","CPU201","PRÓPRIA","Mobiliário e custos de escritório local","mês",{"$f":"MC_Civil!K37","v":8},{"$f":"VLOOKUP(B27,CPU_Civil!$A$9:$I$213,9,0)","v":2013.6899999999998},2315.7399999999998,18525.919999999998,null,{"$f":"CAPA!$D$13","v":0.04},17784.883199999997]
["2.3","*****","*****","Veículos, Insumos e Equipamentos Diversos",{"$nulls":4},{"$f":"SUM(I29:I32)","v":91733},null,{"$f":"CAPA!$D$13","v":0.04},{"$f":"SUM(L29:L32)","v":88063.679999999993}]
["2.3.1","CPU202","PROPRIA","Locação de veículo tipo van/furgão/kombi (inclusive gasolina)","mês",{"$f":"MC_Civil!K39","v":8},{"$f":"VLOOKUP(B29,CPU_Civil!$A$9:$I$213,9,0)","v":3981.451},4578.66,36629.279999999999,null,{"$f":"CAPA!$D$13","v":0.04},35164.108799999995]
["2.3.2","CPU203","PRÓPRIA","Aquisição de Diesel para Gerador 8kVA","L",{"$f":"MC_Civil!K40","v":936.00000000000011},{"$f":"VLOOKUP(B30,CPU_Civil!$A$9:$I$213,9,0)","v":6.02},6.92,6477.12,null,{"$f":"CAPA!$D$13","v":0.04},6218.0351999999993]
["2.3.3",20193,"SINAPI","LOCACAO DE ANDAIME METALICO TIPO FACHADEIRO, PECAS COM APROXIMADAMENTE 1,20 M DE LARGURA E 2,0 M DE ALTURA, INCLUINDO DIAGONAIS EM X, BARRAS DE LIGACAO, SAPATAS E DEMAIS ITENS NECESSARIOS A MONTAGEM (NAO INCLUI INSTALACAO)","peçaxmês",{"$f":"MC_Civil!K41","v":672},{"$f":"IF(C31=\"SINAPI\",(IFERROR(VLOOKUP(B31,'CompSD SINAPI'!$B$11:$F$9784,4,0),VLOOKUP(B31,'ISD SINAPI'!$B$11:$F$4903,5,0))),IF(OR(C31=\"SICRO\",C31=\"SICRO3\"),(IFERROR(VLOOKUP(B31,'COMP SD SICRO'!$A$2:$D$6495,4,0),VLOOKUP(B31,'ISD SICRO'!$A$2:$D$2319,4,0))),IF(C31=\"SEINFRA\",(IFERROR(VLOOKUP(B31,'COMPSD SEINFRA'!$B$7:$G$5611,4,0),VLOOKUP(B31,'ISD SEINFRA'!A21:$D$11922,4,0))),)))","v":15},17.25,11592,null,{"$f":"CAPA!$D$13","v":0.04},11128.32]
["2.3.1","CPU204","PROPRIA","Guindauto 11,7 t.m, alcance 9,7 incluso motorista e combustível","mês",{"$f":"MC_Civil!K45","v":2.5},{"$f":"VLOOKUP(B32,CPU_Civil!$A$9:$I$213,9,0)","v":12881.6},{"$f":"TRUNC(G32*(1+$J$5),2)","v":14813.84},{"$f":"TRUNC(F32*H32,2)","v":37034.6},null,{"$f":"CAPA!$D$13","v":0.04},35553.216]
["ORÇAMENTO - CIVIL"]
[3,null,null,"CANAL DE APROXIMAÇÃO",{"$nulls":4},{"$f":"SUM(I35,I42)","v":113457.33},null,null,{"$f":"SUM(L35,L42)","v":108919.0368}]
["3.1","*****","*****","Dragagem, recuperação e limpeza do Canal de Aproximação",null,"     ","     ",null,{"$f":"SUM(I36:I41)","v":70191.41},null,{"$f":"CAPA!$D$13","v":0.04},{"$f":"SUM(L36:L41)","v":67383.753599999996}]
["3.1.1",4915776,"SICRO","Roçada com roçadeira costal","ha",{"$f":"MC_Civil!K48","v":2.5099999999999998},777.84,{"$f":"TRUNC(G36*(1+$J$6),2)","v":983.81},{"$f":"TRUNC(F36*H36,2)","v":2469.36},null,{"$f":"CAPA!$D$13","v":0.04},2370.5855999999999]
["3.1.2",104949,"SINAPI","DRAGAGEM DE MATERIAIS DE 1A CATEGORIA E COMPOSTOS ORGÂNICOS E INORGÂNICOS COM ESCAVADEIRA HIDRÁULICA DE LONGO ALCANCE (CAÇAMBA: 0,52 M3/155 HP). AF_03/2024","m³",{"$f":"MC_Civil!K52","v":3671.92},{"$f":"IF(C37=\"SINAPI\",(IFERROR(VLOOKUP(B37,'CompSD SINAPI'!$B$11:$F$9784,4,0),VLOOKUP(B37,'ISD SINAPI'!$B$11:$F$4903,5,0))),IF(OR(C37=\"SICRO\",C37=\"SICRO3\"),(IFERROR(VLOOKUP(B37,'COMP SD SICRO'!$A$2:$D$6495,4,0),VLOOKUP(B37,'ISD SICRO'!$A$2:$D$2319,4,0))),IF(C37=\"SEINFRA\",(IFERROR(VLOOKUP(B37,'COMPSD SEINFRA'!$B$7:$G$5611,4,0),VLOOKUP(B37,'ISD SEINFRA'!A27:$D$11922,4,0))),)))","v":9.8000000000000007},{"$f":"TRUNC(G37*(1+$J$6),2)","v":12.39},{"$f":"TRUNC(F37*H37,2)","v":45495.08},null,{"$f":"CAPA!$D$13","v":0.04},43675.2768]
["3.1.3",93589,"SINAPI","TRANSPORTE COM CAMINHÃO BASCULANTE DE 10 M³, EM VIA URBANA EM REVESTIMENTO PRIMÁRIO (UNIDADE: M3XKM). AF_07/2020","m³xkm",{"$f":"MC_Civil!K64","v":1101.5759999999998},{"$f":"IF(C38=\"SINAPI\",(IFERROR(VLOOKUP(B38,'CompSD SINAPI'!$B$11:$F$9784,4,0),VLOOKUP(B38,'ISD SINAPI'!$B$11:$F$4903,5,0))),IF(OR(C38=\"SICRO\",C38=\"SICRO3\"),(IFERROR(VLOOKUP(B38,'COMP SD SICRO'!$A$2:$D$6495,4,0),VLOOKUP(B38,'ISD SICRO'!$A$2:$D$2319,4,0))),IF(C38=\"SEINFRA\",(IFERROR(VLOOKUP(B38,'COMPSD SEINFRA'!$B$7:$G$5611,4,0),VLOOKUP(B38,'ISD SEINFRA'!A28:$D$11922,4,0))),)))","v":2.72},3.44,3789.42,null,{"$f":"CAPA!$D$13","v":0.04},3637.8431999999998]
["3.1.4",4413942,"SICRO","Espalhamento de material em bota-fora","m³",{"$f":"MC_Civil!K66","v":3671.92},2.0099999999999998,2.54,9326.67,null,{"$f":"CAPA!$D$13","v":0.04},8953.6031999999996]
["3.1.5","CPU301","PROPRIA","Controle topográfico planialtimétrico de seções","estaca",{"$f":"MC_Civil!K68","v":16},{"$f":"VLOOKUP(B40,CPU_Civil!$A$9:$I$213,9,0)","v":316.5},400.3,6404.8,null,{"$f":"CAPA!$D$13","v":0.04},6148.6080000000002]
["3.1.6","CPU302","PROPRIA","Fornecimento e instalação de barreira ecológica 40m p/ retenção de macrófitas.","cj",{"$f":"MC_Civil!K72","v":1},{"$f":"VLOOKUP(B41,CPU_Civil!$A$9:$I$213,9,0)","v":2139.5333333333333},2706.08,2706.08,null,{"$f":"CAPA!$D$13","v":0.04},2597.8368]
["3.2","*****","*****","Recomposição de taludes",{"$nulls":4},{"$f":"SUM(I43:I48)","v":43265.919999999998},null,{"$f":"CAPA!$D$13","v":0.04},{"$f":"SUM(L43:L48)","v":41535.283199999998}]
["3.2.1",4016096,"SICRO","Escavação e carga de material de jazida com escavadeira hidráulica de 1,56 m³","m³",{"$f":"MC_Civil!K74","v":160.30000000000001},1.47,{"$f":"TRUNC(G43*(1+$J$6),2)","v":1.85},296.55,null,{"$f":"CAPA!$D$13","v":0.04},284.68799999999999]
["3.2.2",93589,"SINAPI","TRANSPORTE COM CAMINHÃO BASCULANTE DE 10 M³, EM VIA URBANA EM REVESTIMENTO PRIMÁRIO (UNIDADE: M3XKM). AF_07/2020","m³xkm",{"$f":"MC_Civil!K76","v":1282.4000000000001},{"$f":"IF(C44=\"SINAPI\",(IFERROR(VLOOKUP(B44,'CompSD SINAPI'!$B$11:$F$9784,4,0),VLOOKUP(B44,'ISD SINAPI'!$B$11:$F$4903,5,0))),IF(OR(C44=\"SICRO\",C44=\"SICRO3\"),(IFERROR(VLOOKUP(B44,'COMP SD SICRO'!$A$2:$D$6495,4,0),VLOOKUP(B44,'ISD SICRO'!$A$2:$D$2319,4,0))),IF(C44=\"SEINFRA\",(IFERROR(VLOOKUP(B44,'COMPSD SEINFRA'!$B$7:$G$5611,4,0),VLOOKUP(B44,'ISD SEINFRA'!A34:$D$11922,4,0))),)))","v":2.72},3.44,4411.45,null,{"$f":"CAPA!$D$13","v":0.04},4234.9919999999993]
["3.2.3",104730,"SINAPI","REATERRO MECANIZADO DE VALA COM ESCAVADEIRA HIDRÁULICA (CAPACIDADE DA CAÇAMBA: 0,8 M³/POTÊNCIA: 111 HP), LARGURA DE 1,5 A 2,5 M, PROFUNDIDADE DE 1,5 A 3,0 M, COM SOLO (SEM SUBSTITUIÇÃO) DE 1ª CATEGORIA, COM PLACA VIBRATÓRIA. AF_08/2023","m³",{"$f":"MC_Civil!K78","v":160.30000000000001},{"$f":"IF(C45=\"SINAPI\",(IFERROR(VLOOKUP(B45,'CompSD SINAPI'!$B$11:$F$9784,4,0),VLOOKUP(B45,'ISD SINAPI'!$B$11:$F$4903,5,0))),IF(OR(C45=\"SICRO\",C45=\"SICRO3\"),(IFERROR(VLOOKUP(B45,'COMP SD SICRO'!$A$2:$D$6495,4,0),VLOOKUP(B45,'ISD SICRO'!$A$2:$D$2319,4,0))),IF(C45=\"SEINFRA\",(IFERROR(VLOOKUP(B45,'COMPSD SEINFRA'!$B$7:$G$5611,4,0),VLOOKUP(B45,'ISD SEINFRA'!A35:$D$11922,4,0))),)))","v":12.92},16.34,2619.3000000000002,null,{"$f":"CAPA!$D$13","v":0.04},2514.5280000000002]
["3.2.4","CPU303","PROPRIA","Execução de decidas d'água rápida (DAR 40-20), com alas de captação.","cj",{"$f":"MC_Civil!K83","v":6},{"$f":"VLOOKUP(B46,CPU_Civil!$A$9:$I$213,9,0)","v":3687.36},{"$f":"TRUNC(G46*(1+$J$6),2)","v":4663.7700000000004},27982.62,null,{"$f":"CAPA!$D$13","v":0.04},26863.315199999997]
["3.2.5",4413993,"SICRO","Revestimento vegetal por semeadura a lanço manual de gramíneas e leguminosas","m²",{"$f":"MC_Civil!K87","v":6800},0.55000000000000004,0.69,4692,null,{"$f":"CAPA!$D$13","v":0.04},4504.32]
["3.2.6",4413987,"SICRO","Irrigação de área plantada para proteção vegetal do corpo estradal","m²",{"$f":"MC_Civil!K89","v":6800},0.38,0.48,3264,null,{"$f":"CAPA!$D$13","v":0.04},3133.44]
[4,null,null,"ESTAÇÃO DE BOMBEAMENTO PRINCIPAL E SUBESTAÇÃO - EBP",{"$nulls":4},{"$f":"SUM(I50,I54,I64,I66,I75,I77,I81)","v":232923.64},null,null,{"$f":"SUM(L50,L54,L64,L66,L75,L77,L81)","v":223606.69440000001}]
["4.1","*****","*****","Limpeza de poços de captação, entorno e dedetização geral",{"$nulls":4},{"$f":"SUM(I51:I53)","v":3471.2799999999997},null,{"$f":"CAPA!$D$13","v":0.04},{"$f":"SUM(L51:L53)","v":3332.4287999999997}]
["4.1.1","CPU401","PROPRIA","Controle de pragas de vespas edificação até 2 pavimentos","und",{"$f":"MC_Civil!K93","v":1},{"$f":"VLOOKUP(B51,CPU_Civil!$A$9:$I$213,9,0)","v":624.91999999999996},{"$f":"TRUNC(G51*(1+$J$6),2)","v":790.39},{"$f":"TRUNC(F51*H51,2)","v":790.39},null,{"$f":"CAPA!$D$13","v":0.04},758.77440000000001]
["4.1.2","CPU402","PROPRIA","Esgotamento e limpeza dos poços de bomba 6 e 7 da EBP","und",{"$f":"MC_Civil!K94","v":1},{"$f":"VLOOKUP(B52,CPU_Civil!$A$9:$I$213,9,0)","v":1077.76},1363.15,1363.15,null,{"$f":"CAPA!$D$13","v":0.04},1308.624]
["6.1.3","CPU403","PROPRIA","Limpeza de terreno 500 a 600m², com roçagem e capina, inclusive varrição e remoção da poda.","und",{"$f":"MC_Civil!K95","v":1},{"$f":"VLOOKUP(B53,CPU_Civil!$A$9:$I$213,9,0)","v":1041.8607999999999},1317.74,1317.74,null,{"$f":"CAPA!$D$13","v":0.04},1265.0303999999999]
["4.2","*****","*****","Esquadrias, janelas, portas, portões, parapeitos e escadas marinheiro",{"$nulls":4},{"$f":"SUM(I55:I63)","v":112216.13},null,{"$f":"CAPA!$D$13","v":0.04},{"$f":"SUM(L55:L63)","v":107727.48480000001}]
["4.2.1",97063,"SINAPI","MONTAGEM E DESMONTAGEM DE ANDAIME MODULAR FACHADEIRO, COM PISO METÁLICO, PARA EDIFÍCIOS COM MULTIPLOS PAVIMENTOS (EXCLUSIVE ANDAIME E LIMPEZA). AF_03/2024","m²",{"$f":"MC_Civil!K98","v":720},{"$f":"IF(C55=\"SINAPI\",(IFERROR(VLOOKUP(B55,'CompSD SINAPI'!$B$11:$F$9784,4,0),VLOOKUP(B55,'ISD SINAPI'!$B$11:$F$4903,5,0))),IF(OR(C55=\"SICRO\",C55=\"SICRO3\"),(IFERROR(VLOOKUP(B55,'COMP SD SICRO'!$A$2:$D$6495,4,0),VLOOKUP(B55,'ISD SICRO'!$A$2:$D$2319,4,0))),IF(C55=\"SEINFRA\",(IFERROR(VLOOKUP(B55,'COMPSD SEINFRA'!$B$7:$G$5611,4,0),VLOOKUP(B55,'ISD SEINFRA'!A45:$D$11922,4,0))),)))","v":18.59},{"$f":"TRUNC(G55*(1+$J$6),2)","v":23.51},{"$f":"TRUNC(F55*H55,2)","v":16927.2},null,{"$f":"CAPA!$D$13","v":0.04},16250.112000000001]
["4.2.2","CPU404","PROPRIA","Reparos e pintura de esquadrias, guarnições portas e janelas matálicas.","m²",{"$f":"MC_Civil!K100","v":7.3980000000000006},{"$f":"VLOOKUP(B56,CPU_Civil!$A$9:$I$213,9,0)","v":59.049989999999994},74.680000000000007,552.48,null,{"$f":"CAPA!$D$13","v":0.04},530.38080000000002]
["4.2.3","CPU502","PROPRIA","Reparos de esquadrias e substituição de fechamentos de vidro por policarbonato e≥9,5mm ","m²",{"$f":"MC_Civil!K104","v":4.5},{"$f":"VLOOKUP(B57,CPU_Civil!$A$9:$I$213,9,0)","v":904.67759999999998},1144.23,5149.03,null,{"$f":"CAPA!$D$13","v":0.04},4943.0688]
["4.2.4",4942,"ORSE","Remoção de esquadria metálica, sem reaproveitamento Rev. 01 - 03/2022","m²",{"$f":"MC_Civil!K106","v":153.9},20.69,26.16,4026.02,null,{"$f":"CAPA!$D$13","v":0.04},3864.9791999999998]
["4.2.5","I6741","SEINFRA","VENEZIANA INDUSTRIAL EM PVC RÍGIDO, TRANSLÚCIDO E MONTANTE EM AÇO GALVANIZADO OU ALUMÍNIO (FORNECIMENTO E MONTAGEM)","m²",{"$f":"MC_Civil!K109","v":72.900000000000006},{"$f":"IF(C59=\"SINAPI\",(IFERROR(VLOOKUP(B59,'CompSD SINAPI'!$B$11:$F$9784,4,0),VLOOKUP(B59,'ISD SINAPI'!$B$11:$F$4903,5,0))),IF(OR(C59=\"SICRO\",C59=\"SICRO3\"),(IFERROR(VLOOKUP(B59,'COMP SD SICRO'!$A$2:$D$6495,4,0),VLOOKUP(B59,'ISD SICRO'!$A$2:$D$2319,4,0))),IF(C59=\"SEINFRA\",(IFERROR(VLOOKUP(B59,'COMPSD SEINFRA'!$B$7:$G$5611,4,0),VLOOKUP(B59,'ISD SEINFRA'!A49:$D$11922,4,0))),)))","v":282.73},357.59,26068.31,null,{"$f":"CAPA!$D$13","v":0.04},25025.577600000001]
["4.2.6","CPU405","PROPRIA","Alvenaria de vedação com elemento vazado de concreto, tipo veneziana 39x29x10.","m²",{"$f":"MC_Civil!K112","v":81},{"$f":"VLOOKUP(B60,CPU_Civil!$A$9:$I$213,9,0)","v":386.19954666666666},488.46,39565.26,null,{"$f":"CAPA!$D$13","v":0.04},37982.649599999997]
["4.2.7","CPU406a","PROPRIA","Fornecimento e instalação de porta  de enrolar 2,25x6,4 dupla, inclusive grade de proteção em metalon, pintadas em azul. inclusive cadeados.","cj",{"$f":"MC_Civil!K114","v":1},{"$f":"VLOOKUP(B61,CPU_Civil!$A$9:$I$213,9,0)","v":13797.921800000004},17451.61,17451.61,null,{"$f":"CAPA!$D$13","v":0.04},16753.545600000001]
["4.2.8",94807,"SINAPI","PORTA EM AÇO DE ABRIR TIPO VENEZIANA SEM GUARNIÇÃO, 87X210CM, FIXAÇÃO COM PARAFUSOS - FORNECIMENTO E INSTALAÇÃO. AF_12/2019","und",{"$f":"MC_Civil!K116","v":1},{"$f":"IF(C62=\"SINAPI\",(IFERROR(VLOOKUP(B62,'CompSD SINAPI'!$B$11:$F$9784,4,0),VLOOKUP(B62,'ISD SINAPI'!$B$11:$F$4903,5,0))),IF(OR(C62=\"SICRO\",C62=\"SICRO3\"),(IFERROR(VLOOKUP(B62,'COMP SD SICRO'!$A$2:$D$6495,4,0),VLOOKUP(B62,'ISD SICRO'!$A$2:$D$2319,4,0))),IF(C62=\"SEINFRA\",(IFERROR(VLOOKUP(B62,'COMPSD SEINFRA'!$B$7:$G$5611,4,0),VLOOKUP(B62,'ISD SEINFRA'!A52:$D$11922,4,0))),)))","v":755.05},954.98,954.98,null,{"$f":"CAPA!$D$13","v":0.04},916.7808]
["4.2.9","CPU406b","PROPRIA","Fornecimento e instalação de portão  de acesso à caixa de válvulas, inclusive tela galvanizada 25x25mm, pintado em azul. Inclusive cadeados.","cj",{"$f":"MC_Civil!K118","v":1},{"$f":"VLOOKUP(B63,CPU_Civil!$A$9:$I$213,9,0)","v":1202.7517819999998},1521.24,1521.24,null,{"$f":"CAPA!$D$13","v":0.04},1460.3904]
["4.3","*****","*****","Pisos, rampas e escadarias",{"$nulls":4},{"$f":"SUM(I65:I65)","v":1125.8499999999999},null,{"$f":"CAPA!$D$13","v":0.04},{"$f":"SUM(L65)","v":1080.8159999999998}]
["4.3.1",99814,"SINAPI","LIMPEZA DE SUPERFÍCIE COM JATO DE ALTA PRESSÃO. AF_04/2019","m²",{"$f":"MC_Civil!K121","v":409.4},{"$f":"IF(C65=\"SINAPI\",(IFERROR(VLOOKUP(B65,'CompSD SINAPI'!$B$11:$F$9784,4,0),VLOOKUP(B65,'ISD SINAPI'!$B$11:$F$4903,5,0))),IF(OR(C65=\"SICRO\",C65=\"SICRO3\"),(IFERROR(VLOOKUP(B65,'COMP SD SICRO'!$A$2:$D$6495,4,0),VLOOKUP(B65,'ISD SICRO'!$A$2:$D$2319,4,0))),IF(C65=\"SEINFRA\",(IFERROR(VLOOKUP(B65,'COMPSD SEINFRA'!$B$7:$G$5611,4,0),VLOOKUP(B65,'ISD SEINFRA'!A56:$D$11922,4,0))),)))","v":2.1800000000000002},{"$f":"TRUNC(G65*(1+$J$6),2)","v":2.75},{"$f":"TRUNC(F65*H65,2)","v":1125.8499999999999},null,{"$f":"CAPA!$D$13","v":0.04},1080.8159999999998]
["4.4","*****","*****","Reparos em Telhados e Calhas",{"$nulls":4},{"$f":"SUM(I67:I74)","v":17997.91},null,{"$f":"CAPA!$D$13","v":0.04},{"$f":"SUM(L67:L74)","v":17277.993600000002}]
["4.4.1",10324,"IOPES","Retirada manual de telha tipo Canalete 90, sem reaproveitamento","m²",{"$f":"MC_Civil!K128","v":32.400000000000006},6.68,{"$f":"TRUNC(G67*(1+$J$6),2)","v":8.44},{"$f":"TRUNC(F67*H67,2)","v":273.45},null,{"$f":"CAPA!$D$13","v":0.04},262.512]
["4.4.2",238,"ORSE","Telhamento com telha de fibrocimento tipo canalete 90 (Eternit ou similar)","m²",{"$f":"MC_Civil!K130","v":32.400000000000006},223.15,282.24,9144.57,null,{"$f":"CAPA!$D$13","v":0.04},{"$f":"I68*(1-K68)","v":8778.7871999999988}]
["4.4.3",253,"ORSE","Cumeeira normal em fibrocimento para telha canalete 90 ou similar","m",{"$f":"MC_Civil!K132","v":3},155.77000000000001,197.01,591.03,null,{"$f":"CAPA!$D$13","v":0.04},567.38879999999995]
["4.4.4",99814,"SINAPI","LIMPEZA DE SUPERFÍCIE COM JATO DE ALTA PRESSÃO. AF_04/2019","m²",{"$f":"MC_Civil!K134","v":37.44},{"$f":"IF(C70=\"SINAPI\",(IFERROR(VLOOKUP(B70,'CompSD SINAPI'!$B$11:$F$9784,4,0),VLOOKUP(B70,'ISD SINAPI'!$B$11:$F$4903,5,0))),IF(OR(C70=\"SICRO\",C70=\"SICRO3\"),(IFERROR(VLOOKUP(B70,'COMP SD SICRO'!$A$2:$D$6495,4,0),VLOOKUP(B70,'ISD SICRO'!$A$2:$D$2319,4,0))),IF(C70=\"SEINFRA\",(IFERROR(VLOOKUP(B70,'COMPSD SEINFRA'!$B$7:$G$5611,4,0),VLOOKUP(B70,'ISD SEINFRA'!A68:$D$11922,4,0))),)))","v":2.1800000000000002},2.75,102.96,null,{"$f":"CAPA!$D$13","v":0.04},98.841599999999985]
["4.4.5",98576,"SINAPI","TRATAMENTO DE JUNTA DE DILATAÇÃO COM MANTA ASFÁLTICA ADERIDA COM MAÇARICO. AF_09/2023","m",{"$f":"MC_Civil!K136","v":4},{"$f":"IF(C71=\"SINAPI\",(IFERROR(VLOOKUP(B71,'CompSD SINAPI'!$B$11:$F$9784,4,0),VLOOKUP(B71,'ISD SINAPI'!$B$11:$F$4903,5,0))),IF(OR(C71=\"SICRO\",C71=\"SICRO3\"),(IFERROR(VLOOKUP(B71,'COMP SD SICRO'!$A$2:$D$6495,4,0),VLOOKUP(B71,'ISD SICRO'!$A$2:$D$2319,4,0))),IF(C71=\"SEINFRA\",(IFERROR(VLOOKUP(B71,'COMPSD SEINFRA'!$B$7:$G$5611,4,0),VLOOKUP(B71,'ISD SEINFRA'!A69:$D$11922,4,0))),)))","v":23.46},29.67,118.68,null,{"$f":"CAPA!$D$13","v":0.04},113.9328]
["4.4.6","CPU410","PROPRIA","Fabricação e instalação de telas passarinheiras retangular chanfrada c/  tela galvanizada 25x25mm cantoneiras em alumínio.","m",{"$f":"MC_Civil!K138","v":48},{"$f":"VLOOKUP(B72,CPU_Civil!$A$9:$I$213,9,0)","v":103.41079439024392},130.79,6277.92,null,{"$f":"CAPA!$D$13","v":0.04},6026.8032000000003]
["4.4.7",4915650,"SICRO","Injeção de adesivo estrutural à base de resina epóxi de baixa viscosidade para tratamento de fissuras em estruturas de concreto - fornecimento e aplicação manual.","Kg",{"$f":"MC_Civil!K140","v":2},285.02999999999997,360.5,721,null,{"$f":"CAPA!$D$13","v":0.04},692.16]
["4.4.8",93203,"SINAPI","FIXAÇÃO (ENCUNHAMENTO) DE ALVENARIA DE VEDAÇÃO COM ESPUMA DE POLIURETANO EXPANSIVA. AF_03/2024","m",{"$f":"MC_Civil!K142","v":41.02},{"$f":"IF(C74=\"SINAPI\",(IFERROR(VLOOKUP(B74,'CompSD SINAPI'!$B$11:$F$9784,4,0),VLOOKUP(B74,'ISD SINAPI'!$B$11:$F$4903,5,0))),IF(OR(C74=\"SICRO\",C74=\"SICRO3\"),(IFERROR(VLOOKUP(B74,'COMP SD SICRO'!$A$2:$D$6495,4,0),VLOOKUP(B74,'ISD SICRO'!$A$2:$D$2319,4,0))),IF(C74=\"SEINFRA\",(IFERROR(VLOOKUP(B74,'COMPSD SEINFRA'!$B$7:$G$5611,4,0),VLOOKUP(B74,'ISD SEINFRA'!A72:$D$11922,4,0))),)))","v":14.81},18.73,768.3,null,{"$f":"CAPA!$D$13","v":0.04},737.56799999999998]
["4.5","*****","*****","Sistema de Medição de Vazão",{"$nulls":4},{"$f":"SUM(I76:I76)","v":52521.06},null,{"$f":"CAPA!$D$13","v":0.04},{"$f":"SUM(L76)","v":50420.217599999996}]
["4.5.1","CPU411","PRÓPRIA","Fornecimento, instalação e configuração de medidor de vazão eletromagnético em adutora 1200mm","und",{"$f":"MC_Civil!K145","v":2},{"$f":"VLOOKUP(B76,CPU_Civil!$A$9:$I$213,9,0)","v":22835.25},{"$f":"TRUNC(G76*(1+$J$5),2)","v":26260.53},{"$f":"TRUNC(F76*H76,2)","v":52521.06},null,{"$f":"CAPA!$D$13","v":0.04},50420.217599999996]
["4.6","*****","*****","Cercas, Portões e Tampas de Caixas de Inspeção/Passagem",{"$nulls":4},{"$f":"SUM(I78:I80)","v":44498.850000000006},null,{"$f":"CAPA!$D$13","v":0.04},{"$f":"SUM(L78:L80)","v":42718.896000000001}]
["4.6.1",101197,"SINAPI","CERCA COM MOURÕES DE CONCRETO, SEÇÃO \"T\" PONTA INCLINADA, 10X10 CM, ESPAÇAMENTO DE 2,5 M, CRAVADOS 0,5 M, COM 11 FIOS DE ARAME FARPADO Nº 14 - FORNECIMENTO E INSTALAÇÃO. AF_05/2020","m",{"$f":"MC_Civil!K149","v":130},{"$f":"IF(C78=\"SINAPI\",(IFERROR(VLOOKUP(B78,'CompSD SINAPI'!$B$11:$F$9784,4,0),VLOOKUP(B78,'ISD SINAPI'!$B$11:$F$4903,5,0))),IF(OR(C78=\"SICRO\",C78=\"SICRO3\"),(IFERROR(VLOOKUP(B78,'COMP SD SICRO'!$A$2:$D$6495,4,0),VLOOKUP(B78,'ISD SICRO'!$A$2:$D$2319,4,0))),IF(C78=\"SEINFRA\",(IFERROR(VLOOKUP(B78,'COMPSD SEINFRA'!$B$7:$G$5611,4,0),VLOOKUP(B78,'ISD SEINFRA'!A77:$D$11922,4,0))),)))","v":142.54},{"$f":"TRUNC(G78*(1+$J$6),2)","v":180.28},{"$f":"TRUNC(F78*H78,2)","v":23436.400000000001},null,{"$f":"CAPA!$D$13","v":0.04},22498.944]
["4.6.2","CPU413","PROPRIA","Fornecimento e instalação de portão em ferro 3,5x2m, de abrir, em gradil nylofor 3D, padrão belgo ou equivalente, inclusive pintura, cadeado e corrente.","cj",{"$f":"MC_Civil!K151","v":2},{"$f":"VLOOKUP(B79,CPU_Civil!$A$9:$I$213,9,0)","v":5937.9336399999993},7510.29,15020.58,null,{"$f":"CAPA!$D$13","v":0.04},14419.756799999999]
["4.6.3","CPU414","PRÓPRIA","Tampa armada com alça, e=8cm, Concreto C20, acabamento alisado.","m²",{"$f":"MC_Civil!K153","v":12.880000000000003},{"$f":"VLOOKUP(B80,CPU_Civil!$A$9:$I$213,9,0)","v":370.88150400000006},469.09,6041.87,null,{"$f":"CAPA!$D$13","v":0.04},5800.1952000000001]
["4.7","*****","*****","Reforma de Banheiros",{"$nulls":4},{"$f":"SUM(I82:I84)","v":1092.56},null,{"$f":"CAPA!$D$13","v":0.04},{"$f":"SUM(L82:L84)","v":1048.8575999999998}]
["4.7.1","CPU415","PROPRIA","Troca de revestimentos cerâmicos 35x35, rejuntado, inclusive rodapé 7cm.","m²",{"$f":"MC_Civil!K158","v":1},{"$f":"VLOOKUP(B82,CPU_Civil!$A$9:$I$213,9,0)","v":88.19},{"$f":"TRUNC(G82*(1+$J$6),2)","v":111.54},{"$f":"TRUNC(F82*H82,2)","v":111.54},null,{"$f":"CAPA!$D$13","v":0.04},107.0784]
["4.7.2",4440,"ORSE","Revestimento cerâmico para parede, 10 x 10 cm, Elizabeth, linha lux neve, aplicado com argamassa industrializada ac-ii, rejuntado, exclusive regularizaçãode base ou emboço - Rev 04","m²",{"$f":"MC_Civil!K159","v":1},285.02999999999997,360.5,360.5,null,{"$f":"CAPA!$D$13","v":0.04},346.08]
["4.7.3","CPU416","PROPRIA","Revisão e reparo de ponto de água residencial - pia, chuveiro, vaso sanitário, mictório, bebedouro e afins. Inclusive acabamento.","cj",{"$f":"MC_Civil!K160","v":3},{"$f":"VLOOKUP(B84,CPU_Civil!$A$9:$I$213,9,0)","v":163.54},206.84,620.52,null,{"$f":"CAPA!$D$13","v":0.04},595.69919999999991]
[5,null,null,"ESTAÇÃO DE BOMBEAMENTO SECUNDÁRIA E SUBESTAÇÃO - EBS1",{"$nulls":4},{"$f":"SUM(I86,I89,I93,I95,I99,)","v":26799.89},null,null,{"$f":"SUM(L86,L89,L93,L95,L99,)","v":25727.894400000001}]
["5.1","*****","*****","Limpeza de poços de sucção, entorno e dedetização geral",{"$nulls":4},{"$f":"SUM(I87:I88)","v":1601.48},null,{"$f":"CAPA!$D$13","v":0.04},{"$f":"SUM(L87:L88)","v":1537.4208000000001}]
["5.1.1","CPU501","PROPRIA","Esgotamento e limpeza de poço de bomba de EBS","und",{"$f":"MC_Civil!K166","v":5},{"$f":"VLOOKUP(B87,CPU_Civil!$A$9:$I$213,9,0)","v":72.31},{"$f":"TRUNC(G87*(1+$J$6),2)","v":91.45},{"$f":"TRUNC(F87*H87,2)","v":457.25},null,{"$f":"CAPA!$D$13","v":0.04},438.96]
["5.1.2","CPU502","PROPRIA","Limpeza de terreno 300 a 350m², com roçagem e capina, inclusive varrição e remoção da poda.","und",{"$f":"MC_Civil!K167","v":1},{"$f":"VLOOKUP(B88,CPU_Civil!$A$9:$I$213,9,0)","v":904.67759999999998},1144.23,1144.23,null,{"$f":"CAPA!$D$13","v":0.04},1098.4608000000001]
["5.2","*****","*****","Esquadrias, janelas, portas, portões, parapeitos e escadas marinheiro",{"$nulls":4},{"$f":"SUM(I90:I92)","v":3459.2999999999997},null,{"$f":"CAPA!$D$13","v":0.04},{"$f":"SUM(L90:L92)","v":3320.9279999999999}]
["5.2.1","CPU404","PROPRIA","Reparos e pintura de esquadrias, guarnições portas e janelas matálicas.","m²",{"$f":"MC_Civil!K169","v":12.440000000000001},{"$f":"VLOOKUP(B90,CPU_Civil!$A$9:$I$213,9,0)","v":59.049989999999994},{"$f":"TRUNC(G90*(1+$J$6),2)","v":74.680000000000007},{"$f":"TRUNC(F90*H90,2)","v":929.01},null,{"$f":"CAPA!$D$13","v":0.04},891.84960000000001]
["5.2.2","CPU503","PROPRIA","Reparos de esquadrias e substituição de fechamentos de vidro por policarbonato translúcido e≥9,5mm ","m²",{"$f":"MC_Civil!K172","v":3.5100000000000002},{"$f":"VLOOKUP(B91,CPU_Civil!$A$9:$I$213,9,0)","v":511.08873899999992},646.41999999999996,2268.9299999999998,null,{"$f":"CAPA!$D$13","v":0.04},2178.1727999999998]
["5.2.3","CPU407","PROPRIA","Lixamento, limpeza e pintura com tinta alquídica em escadas marinheiro, parapeitos, corrimãos e gradis.","m",{"$f":"MC_Civil!K174","v":12},{"$f":"VLOOKUP(B92,CPU_Civil!$A$9:$I$213,9,0)","v":17.221730000000001},21.78,261.36,null,{"$f":"CAPA!$D$13","v":0.04},250.90559999999999]
["5.3","*****","*****","Pisos, rampas e escadarias",{"$nulls":4},{"$f":"SUM(I94:I94)","v":291.55},null,{"$f":"CAPA!$D$13","v":0.04},{"$f":"SUM(L94)","v":279.88799999999998}]
["5.3.1",99814,"SINAPI","LIMPEZA DE SUPERFÍCIE COM JATO DE ALTA PRESSÃO. AF_04/2019","m²",{"$f":"MC_Civil!K177","v":49.5},4.66,{"$f":"TRUNC(G94*(1+$J$6),2)","v":5.89},{"$f":"TRUNC(F94*H94,2)","v":291.55},null,{"$f":"CAPA!$D$13","v":0.04},279.88799999999998]
["5.4","*****","*****","Reparos em Telhados",{"$nulls":4},{"$f":"SUM(I96:I98)","v":11406.050000000001},null,{"$f":"CAPA!$D$13","v":0.04},{"$f":"SUM(L96:L98)","v":10949.807999999999}]
["5.4.1",10324,"IOPES","Retirada manual de telha tipo Canalete 90, sem reaproveitamento","m²",{"$f":"MC_Civil!K180","v":48.6},{"$f":"G67","v":6.68},{"$f":"TRUNC(G96*(1+$J$6),2)","v":8.44},{"$f":"TRUNC(F96*H96,2)","v":410.18},null,{"$f":"CAPA!$D$13","v":0.04},393.77280000000002]
["5.4.2",238,"ORSE","Telhamento com telha de fibrocimento tipo canalete 90 (Eternit ou similar)","m²",{"$f":"MC_Civil!K183","v":37.800000000000004},{"$f":"G68","v":223.15},282.24,10668.67,null,{"$f":"CAPA!$D$13","v":0.04},10241.923199999999]
["5.4.3",4307,"SINAPI","PLACA DE VENTILACAO PARA TELHA DE FIBROCIMENTO, CANALETE 90 OU KALHETAO","und",{"$f":"MC_Civil!K186","v":16},{"$f":"IF(C98=\"SINAPI\",(IFERROR(VLOOKUP(B98,'CompSD SINAPI'!$B$11:$F$9784,4,0),VLOOKUP(B98,'ISD SINAPI'!$B$11:$F$4903,5,0))),IF(OR(C98=\"SICRO\",C98=\"SICRO3\"),(IFERROR(VLOOKUP(B98,'COMP SD SICRO'!$A$2:$D$6495,4,0),VLOOKUP(B98,'ISD SICRO'!$A$2:$D$2319,4,0))),IF(C98=\"SEINFRA\",(IFERROR(VLOOKUP(B98,'COMPSD SEINFRA'!$B$7:$G$5611,4,0),VLOOKUP(B98,'ISD SEINFRA'!A104:$D$11922,4,0))),)))","v":17.79},{"$f":"TRUNC(G98*(1+$J$5),2)","v":20.45},327.2,null,{"$f":"CAPA!$D$13","v":0.04},314.11199999999997]
["5.5","*****","*****","Reforma de Banheiros",{"$nulls":4},{"$f":"SUM(I100:I108)","v":10041.509999999998},null,{"$f":"CAPA!$D$13","v":0.04},{"$f":"SUM(L100:L108)","v":9639.8496000000014}]
["5.5.1","CPU415","PROPRIA","Troca de revestimentos cerâmicos 35x35, rejuntado, inclusive rodapé 7cm.","m²",{"$f":"MC_Civil!K189","v":3},{"$f":"VLOOKUP(B100,CPU_Civil!$A$9:$I$213,9,0)","v":88.19},{"$f":"TRUNC(G100*(1+$J$6),2)","v":111.54},{"$f":"TRUNC(F100*H100,2)","v":334.62},null,{"$f":"CAPA!$D$13","v":0.04},321.23520000000002]
["5.5.2",4440,"ORSE","Revestimento cerâmico para parede, 10 x 10 cm, Elizabeth, linha lux neve, aplicado com argamassa industrializada ac-ii, rejuntado, exclusive regularizaçãode base ou emboço - Rev 04","m²",{"$f":"MC_Civil!K190","v":2.25},52.73,66.69,150.05000000000001,null,{"$f":"CAPA!$D$13","v":0.04},144.048]
["5.5.3","CPU416","PROPRIA","Revisão e reparo de ponto de água residencial - pia, chuveiro, vaso sanitário, mictório, bebedouro e afins. Inclusive acabamento.","und",{"$f":"MC_Civil!K191","v":10},{"$f":"VLOOKUP(B102,CPU_Civil!$A$9:$I$213,9,0)","v":163.54},206.84,2068.4,null,{"$f":"CAPA!$D$13","v":0.04},1985.664]
["5.5.4",94807,"SINAPI","PORTA EM AÇO DE ABRIR TIPO VENEZIANA SEM GUARNIÇÃO, 87X210CM, FIXAÇÃO COM PARAFUSOS - FORNECIMENTO E INSTALAÇÃO. AF_12/2019","und",{"$f":"MC_Civil!K198","v":3},{"$f":"IF(C103=\"SINAPI\",(IFERROR(VLOOKUP(B103,'CompSD SINAPI'!$B$11:$F$9784,4,0),VLOOKUP(B103,'ISD SINAPI'!$B$11:$F$4903,5,0))),IF(OR(C103=\"SICRO\",C103=\"SICRO3\"),(IFERROR(VLOOKUP(B103,'COMP SD SICRO'!$A$2:$D$6495,4,0),VLOOKUP(B103,'ISD SICRO'!$A$2:$D$2319,4,0))),IF(C103=\"SEINFRA\",(IFERROR(VLOOKUP(B103,'COMPSD SEINFRA'!$B$7:$G$5611,4,0),VLOOKUP(B103,'ISD SEINFRA'!A116:$D$11922,4,0))),)))","v":755.05},954.98,2864.94,null,{"$f":"CAPA!$D$13","v":0.04},2750.3424]
["5.5.5",4914,"SINAPI","PORTA DE ABRIR EM ALUMINIO COM LAMBRI HORIZONTAL/LAMINADA, ACABAMENTO ANODIZADO NATURAL, SEM GUARNICAO/ALIZAR/VISTA","m²",{"$f":"MC_Civil!K200","v":3.84},647.92999999999995,819.5,3146.88,null,{"$f":"CAPA!$D$13","v":0.04},3021.0048000000002]
["5.5.6",12032,"SINAPI","JOGO DE TRANQUETA E ROSETA QUADRADA DE SOBREPOR SEM FUROS, EM LATAO CROMADO, *50 X 50* MM, PARA FECHADURA DE PORTA DE BANHEIRO","und",{"$f":"MC_Civil!K202","v":4},{"$f":"IF(C105=\"SINAPI\",(IFERROR(VLOOKUP(B105,'CompSD SINAPI'!$B$11:$F$9784,4,0),VLOOKUP(B105,'ISD SINAPI'!$B$11:$F$4903,5,0))),IF(OR(C105=\"SICRO\",C105=\"SICRO3\"),(IFERROR(VLOOKUP(B105,'COMP SD SICRO'!$A$2:$D$6495,4,0),VLOOKUP(B105,'ISD SICRO'!$A$2:$D$2319,4,0))),IF(C105=\"SEINFRA\",(IFERROR(VLOOKUP(B105,'COMPSD SEINFRA'!$B$7:$G$5611,4,0),VLOOKUP(B105,'ISD SEINFRA'!A118:$D$11922,4,0))),)))","v":53.25},67.349999999999994,269.39999999999998,null,{"$f":"CAPA!$D$13","v":0.04},258.62399999999997]
["5.5.7",2085,"ORSE","Vaso sanitário convencional, linha popular, c/caixa de descarga de sobrepor AKROS ou similar, assento plastico universal branco, conjunto de fixação, tubode ligação e engate plástico - Rev 04","und",{"$f":"MC_Civil!K204","v":2},336.78,425.95,851.9,null,{"$f":"CAPA!$D$13","v":0.04},817.82399999999996]
["5.5.8",4232,"ORSE","Kit de acessórios para banheiro em ABS/Alumínio com 5 peças (01 cabide, 01 saboneteira, 01 papeleira, 01 porta-toalha rosto e 01 porta-toalha banho)","cj",{"$f":"MC_Civil!K206","v":2},40.65,51.41,102.82,null,{"$f":"CAPA!$D$13","v":0.04},98.707199999999986]
["5.5.9","N.03.000.065539","CPOS","Armário plástico para lavatório embutir/sobrepor; referência modelo A43 fabricação Astra ou equivalente","und",{"$f":"MC_Civil!K208","v":2},99.82,126.25,252.5,null,{"$f":"CAPA!$D$13","v":0.04},242.39999999999998]
[6,null,null,"OBRAS ESPECIAIS",{"$nulls":4},{"$f":"I110","v":27429.48},null,null,{"$f":"L110","v":26332.300800000001}]
["6.1","*****","*****","Comportas AVIO e Canais C1 e C1.1",{"$nulls":4},{"$f":"SUM(I111:I114)","v":27429.48},null,{"$f":"CAPA!$D$13","v":0.04},{"$f":"SUM(L111:L114)","v":26332.300800000001}]
["6.1.1","CPU805","PROPRIA","Reparos em comporta de isolação, berço e juntas da  AVIO 110/100 - captação CP1","cj",{"$f":"MC_Civil!K212","v":1},{"$f":"VLOOKUP(B111,CPU_Civil!$A$9:$I$213,9,0)","v":7443.5259999999998},{"$f":"TRUNC(G111*(1+$J$6),2)","v":9414.57},{"$f":"TRUNC(F111*H111,2)","v":9414.57},null,{"$f":"CAPA!$D$13","v":0.04},{"$f":"I111*(1-K111)","v":9037.9871999999996}]
["6.1.2","CPU806","PROPRIA","Reparos em comporta de isolação, berço e juntas da  AVIO 71/40 - captação CS1.1","cj",{"$f":"MC_Civil!K214","v":1},{"$f":"VLOOKUP(B112,CPU_Civil!$A$9:$I$213,9,0)","v":6999.458599999999},8852.91,8852.91,null,{"$f":"CAPA!$D$13","v":0.04},8498.7935999999991]
["6.1.3",4915650,"SICRO","Injeção de adesivo estrutural à base de resina epóxi de baixa viscosidade para tratamento de fissuras em estruturas de concreto - fornecimento e aplicação manual","Kg",{"$f":"MC_Civil!K216","v":5},{"$f":"G73","v":285.02999999999997},{"$f":"TRUNC(G113*(1+$J$6),2)","v":360.5},{"$f":"TRUNC(F113*H113,2)","v":1802.5},null,{"$f":"CAPA!$D$13","v":0.04},1730.3999999999999]
["6.1.4","CPU807","PROPRIA","Execução de mureta 25x35cm em concreto C20 sobre bordo do canal, inclusive juntas de dilatação em EVA.","m",{"$f":"MC_Civil!K218","v":50},{"$f":"VLOOKUP(B114,CPU_Civil!$A$9:$I$213,9,0)","v":116.3792615},147.19,7359.5,null,{"$f":"CAPA!$D$13","v":0.04},7065.12]
[null,null,null,"PREÇO TOTAL - CIVIL",{"$nulls":4},{"$f":"SUM(I9,I17,I34,I49,I85,I109)","v":954815.46},null,{"$f":"CAPA!$D$13","v":0.04},{"$f":"SUM(L9,L17,L34,L49,L85,L109)","v":916622.84160000004}]

{"sheet":"CPU_Civil","index":9,"n_rows":213,"n_cols":10,"rows_kept":213,"cut":false,"hidden":false,"merged":[[6,0,6,9]]}
[null,null,"MINISTÉRIO DA INTEGRAÇÃO E DO DESENVOLVIMENTO REGIONAL",{"$nulls":5},"SINAPI:",{"$f":"ORC_Civil!J1","v":"2025-08-01"}]
[null,null,"COMPANHIA DE DESENVOLVIMENTO DOS VALES DO SÃO FRANCISCO E PARNAÍBA",{"$nulls":5},"SICRO:",{"$f":"ORC_Civil!J2","v":"2025-04-01"}]
[null,null,"ÁREA DE IRRIGAÇÃO E OPERAÇÕES",{"$nulls":5},"ORSE:",{"$f":"ORC_Civil!J3","v":"2025-07-01"}]
[{"$nulls":8},"Cotações:",{"$f":"ORC_Civil!J4","v":"2025-10-01"}]
["Objeto: Contratação de serviços técnicos para retrofit de componentes da infraestruturas de uso comum do Projeto Público de Irrigação Tabuleiro de São Bernardo (PITSB).",{"$nulls":7},"BDI-F:",{"$f":"CAPA!D14","v":0.15}]
["Local: Magalhães de Almeida - MA",{"$nulls":7},"BDI-S:",{"$f":"CAPA!D15","v":0.26479999999999998}]
["COMPOSIÇÕES DE CUSTOS UNITÁRIOS PRÓPRIAS - CIVIL"]
["CPUs\n100","Fonte\n","Descrição\n","Tipo\n","Unid.\n","Custo Unitário","Coeficiente \nde Utilização","Valor Unitário","Custo Unitário","Custo Unitário com desconto "]
["CPU101","PROPRIA","Instalação de Contêiner",null,"und",null,null,null,{"$f":"SUM(H10:H11)","v":423.35568000000001},{"$f":"SUM(J10:J11)","v":406.42145279999994}]
[105114,"SINAPI",{"$f":"IF(B10=\"SINAPI\",(IFERROR(VLOOKUP(A10,'CompSD SINAPI'!$B$11:$F$9784,2,0),VLOOKUP(CPU_Civil!A10,'ISD SINAPI'!$B$11:$F$4903,2,0))),IF(OR(B10=\"SICRO\",B10=\"SICRO3\"),(IFERROR(VLOOKUP(A10,'COMP SD SICRO'!$A$2:$D$6495,2,0),VLOOKUP(CPU_Civil!A10,'ISD SICRO'!$A$2:$D$2319,2,0))),IF(B10=\"SEINFRA\",(IFERROR(VLOOKUP(A10,'COMPSD SEINFRA'!$B$7:$G$5611,2,0),VLOOKUP(CPU_Civil!A10,'ISD SEINFRA'!A7:$D$11922,2,0))),)))","v":"EXECUÇÃO DOS APOIOS PARA CONTÊINER OU MÓDULO HABITÁVEL. AF_03/2024"},"COMPOSIÇÃO",{"$f":"IF(B10=\"SINAPI\",(IFERROR(VLOOKUP(A10,'CompSD SINAPI'!$B$11:$F$9784,3,0),VLOOKUP(CPU_Civil!A10,'ISD SINAPI'!$B$11:$F$4903,3,0))),IF(OR(B10=\"SICRO\",B10=\"SICRO3\"),(IFERROR(VLOOKUP(A10,'COMP SD SICRO'!$A$2:$D$6495,3,0),VLOOKUP(CPU_Civil!A10,'ISD SICRO'!$A$2:$D$2319,3,0))),IF(B10=\"SEINFRA\",(IFERROR(VLOOKUP(A10,'COMPSD SEINFRA'!$B$7:$G$5611,3,0),VLOOKUP(CPU_Civil!A10,'ISD SEINFRA'!A7:$D$11922,3,0))),)))","v":"M3"},{"$f":"IF(B10=\"SINAPI\",(IFERROR(VLOOKUP(A10,'CompSD SINAPI'!$B$11:$F$9784,4,0),VLOOKUP(CPU_Civil!A10,'ISD SINAPI'!$B$11:$F$4903,5,0))),IF(OR(B10=\"SICRO\",B10=\"SICRO3\"),(IFERROR(VLOOKUP(A10,'COMP SD SICRO'!$A$2:$D$6495,4,0),VLOOKUP(CPU_Civil!A10,'ISD SICRO'!$A$2:$D$2319,4,0))),IF(B10=\"SEINFRA\",(IFERROR(VLOOKUP(A10,'COMPSD SEINFRA'!$B$7:$G$5611,4,0),VLOOKUP(CPU_Civil!A10,'ISD SEINFRA'!A7:$D$11922,4,0))),)))","v":2027.47},{"$f":"ROUND(0.3*0.3*0.4*4,3)","v":0.14399999999999999},{"$f":"F10*G10","v":291.95567999999997},null,{"$f":"H10*(1-CAPA!$D$13)","v":280.27745279999993}]
[105115,"SINAPI",{"$f":"IF(B11=\"SINAPI\",(IFERROR(VLOOKUP(A11,'CompSD SINAPI'!$B$11:$F$9784,2,0),VLOOKUP(CPU_Civil!A11,'ISD SINAPI'!$B$11:$F$4903,2,0))),IF(OR(B11=\"SICRO\",B11=\"SICRO3\"),(IFERROR(VLOOKUP(A11,'COMP SD SICRO'!$A$2:$D$6495,2,0),VLOOKUP(CPU_Civil!A11,'ISD SICRO'!$A$2:$D$2319,2,0))),IF(B11=\"SEINFRA\",(IFERROR(VLOOKUP(A11,'COMPSD SEINFRA'!$B$7:$G$5611,2,0),VLOOKUP(CPU_Civil!A11,'ISD SEINFRA'!A8:$D$11922,2,0))),)))","v":"INSTALAÇÃO E DESINSTALAÇÃO MECANIZADA DE CONTÊINER OU MÓDULO HABITÁVEL DE USOS DIVERSOS. AF_03/2024"},"COMPOSIÇÃO",{"$f":"IF(B11=\"SINAPI\",(IFERROR(VLOOKUP(A11,'CompSD SINAPI'!$B$11:$F$9784,3,0),VLOOKUP(CPU_Civil!A11,'ISD SINAPI'!$B$11:$F$4903,3,0))),IF(OR(B11=\"SICRO\",B11=\"SICRO3\"),(IFERROR(VLOOKUP(A11,'COMP SD SICRO'!$A$2:$D$6495,3,0),VLOOKUP(CPU_Civil!A11,'ISD SICRO'!$A$2:$D$2319,3,0))),IF(B11=\"SEINFRA\",(IFERROR(VLOOKUP(A11,'COMPSD SEINFRA'!$B$7:$G$5611,3,0),VLOOKUP(CPU_Civil!A11,'ISD SEINFRA'!A8:$D$11922,3,0))),)))","v":"UN"},{"$f":"IF(B11=\"SINAPI\",(IFERROR(VLOOKUP(A11,'CompSD SINAPI'!$B$11:$F$9784,4,0),VLOOKUP(CPU_Civil!A11,'ISD SINAPI'!$B$11:$F$4903,5,0))),IF(OR(B11=\"SICRO\",B11=\"SICRO3\"),(IFERROR(VLOOKUP(A11,'COMP SD SICRO'!$A$2:$D$6495,4,0),VLOOKUP(CPU_Civil!A11,'ISD SICRO'!$A$2:$D$2319,4,0))),IF(B11=\"SEINFRA\",(IFERROR(VLOOKUP(A11,'COMPSD SEINFRA'!$B$7:$G$5611,4,0),VLOOKUP(CPU_Civil!A11,'ISD SEINFRA'!A8:$D$11922,4,0))),)))","v":131.4},1,{"$f":"F11*G11","v":131.4},null,{"$f":"H11*(1-CAPA!$D$13)","v":126.14400000000001}]
["***","***","***","***","***","***","***","***","***"]
["CPU102","PROPRIA","Mobilização e Desmobilização Equipamento de Grande Porte",null,"km",null,null,{"$f":"SUM(H14:H15)","v":7.9886077000000002},{"$f":"H14","v":7.9886077000000002},{"$f":"J14","v":7.669063392}]
["E9666","SICRO",{"$f":"IF(B14=\"SINAPI\",(IFERROR(VLOOKUP(A14,'CompSD SINAPI'!$B$11:$F$9784,2,0),VLOOKUP(CPU_Civil!A14,'ISD SINAPI'!$B$11:$F$4903,2,0))),IF(OR(B14=\"SICRO\",B14=\"SICRO3\"),(IFERROR(VLOOKUP(A14,'COMP SD SICRO'!$A$2:$D$6495,2,0),VLOOKUP(CPU_Civil!A14,'ISD SICRO'!$A$2:$D$2319,2,0))),IF(B14=\"SEINFRA\",(IFERROR(VLOOKUP(A14,'COMPSD SEINFRA'!$B$7:$G$5611,2,0),VLOOKUP(CPU_Civil!A14,'ISD SEINFRA'!A11:$D$11922,2,0))),)))","v":"Cavalo mecânico com semirreboque com capacidade de 32 t - 302 kW"},"COMPOSIÇÃO",{"$f":"IF(B14=\"SINAPI\",(IFERROR(VLOOKUP(A14,'CompSD SINAPI'!$B$11:$F$9784,3,0),VLOOKUP(CPU_Civil!A14,'ISD SINAPI'!$B$11:$F$4903,3,0))),IF(OR(B14=\"SICRO\",B14=\"SICRO3\"),(IFERROR(VLOOKUP(A14,'COMP SD SICRO'!$A$2:$D$6495,3,0),VLOOKUP(CPU_Civil!A14,'ISD SICRO'!$A$2:$D$2319,3,0))),IF(B14=\"SEINFRA\",(IFERROR(VLOOKUP(A14,'COMPSD SEINFRA'!$B$7:$G$5611,3,0),VLOOKUP(CPU_Civil!A14,'ISD SEINFRA'!A11:$D$11922,3,0))),)))","v":"CHP"},{"$f":"IF(B14=\"SINAPI\",(IFERROR(VLOOKUP(A14,'CompSD SINAPI'!$B$11:$F$9784,4,0),VLOOKUP(CPU_Civil!A14,'ISD SINAPI'!$B$11:$F$4903,5,0))),IF(OR(B14=\"SICRO\",B14=\"SICRO3\"),(IFERROR(VLOOKUP(A14,'COMP SD SICRO'!$A$2:$D$6495,4,0),VLOOKUP(CPU_Civil!A14,'ISD SICRO'!$A$2:$D$2319,4,0))),IF(B14=\"SEINFRA\",(IFERROR(VLOOKUP(A14,'COMPSD SEINFRA'!$B$7:$G$5611,4,0),VLOOKUP(CPU_Civil!A14,'ISD SEINFRA'!A11:$D$11922,4,0))),)))","v":469.91809999999998},{"$f":"ROUND(1/60,3)","v":1.7000000000000001E-2},{"$f":"F14*G14","v":7.9886077000000002},null,{"$f":"H14*(1-CAPA!$D$13)","v":7.669063392}]
["***","***","***","***","***","***","***","***","***"]
["CPU103","PROPRIA","Mobilização e Desmobilização Equipamento de Médio Porte",null,"km",null,null,null,{"$f":"H17","v":7.1545741000000005},{"$f":"J17","v":6.8683911360000005}]
["E9665","SICRO",{"$f":"IF(B17=\"SINAPI\",(IFERROR(VLOOKUP(A17,'CompSD SINAPI'!$B$11:$F$9784,2,0),VLOOKUP(CPU_Civil!A17,'ISD SINAPI'!$B$11:$F$4903,2,0))),IF(OR(B17=\"SICRO\",B17=\"SICRO3\"),(IFERROR(VLOOKUP(A17,'COMP SD SICRO'!$A$2:$D$6495,2,0),VLOOKUP(CPU_Civil!A17,'ISD SICRO'!$A$2:$D$2319,2,0))),IF(B17=\"SEINFRA\",(IFERROR(VLOOKUP(A17,'COMPSD SEINFRA'!$B$7:$G$5611,2,0),VLOOKUP(CPU_Civil!A17,'ISD SEINFRA'!A14:$D$11922,2,0))),)))","v":"Cavalo mecânico com semirreboque com capacidade de 20 t - 276 kW"},"COMPOSIÇÃO",{"$f":"IF(B17=\"SINAPI\",(IFERROR(VLOOKUP(A17,'CompSD SINAPI'!$B$11:$F$9784,3,0),VLOOKUP(CPU_Civil!A17,'ISD SINAPI'!$B$11:$F$4903,3,0))),IF(OR(B17=\"SICRO\",B17=\"SICRO3\"),(IFERROR(VLOOKUP(A17,'COMP SD SICRO'!$A$2:$D$6495,3,0),VLOOKUP(CPU_Civil!A17,'ISD SICRO'!$A$2:$D$2319,3,0))),IF(B17=\"SEINFRA\",(IFERROR(VLOOKUP(A17,'COMPSD SEINFRA'!$B$7:$G$5611,3,0),VLOOKUP(CPU_Civil!A17,'ISD SEINFRA'!A14:$D$11922,3,0))),)))","v":"CHP"},{"$f":"IF(B17=\"SINAPI\",(IFERROR(VLOOKUP(A17,'CompSD SINAPI'!$B$11:$F$9784,4,0),VLOOKUP(CPU_Civil!A17,'ISD SINAPI'!$B$11:$F$4903,5,0))),IF(OR(B17=\"SICRO\",B17=\"SICRO3\"),(IFERROR(VLOOKUP(A17,'COMP SD SICRO'!$A$2:$D$6495,4,0),VLOOKUP(CPU_Civil!A17,'ISD SICRO'!$A$2:$D$2319,4,0))),IF(B17=\"SEINFRA\",(IFERROR(VLOOKUP(A17,'COMPSD SEINFRA'!$B$7:$G$5611,4,0),VLOOKUP(CPU_Civil!A17,'ISD SEINFRA'!A14:$D$11922,4,0))),)))","v":420.85730000000001},{"$f":"ROUND(1/60,3)","v":1.7000000000000001E-2},7.1545741000000005,null,{"$f":"H17*(1-CAPA!$D$13)","v":6.8683911360000005}]
["***","***","***","***","***","***","***","***","***"]
["CPU104","PROPRIA","Aquisição de Gerador Diesel  Trifásico 8kVA, 220/380v, partida elétrica, inclusive cabo elétrico 30m.",null,"und",null,null,null,{"$f":"SUM(H20:H21)","v":8316},{"$f":"SUM(J20:J21)","v":7983.36}]
["COT10","COTAÇÃO","GERADOR DIESEL 6Kva, TRIFÁSICO 220V.","INSUMO","und",7599,1,7599,null,{"$f":"H20*(1-CAPA!$D$13)","v":7295.04}]
[7850,"ORSE","Cabo de cobre PP Cordplast 4 x 6,0 mm2, 450/750v","INSUMO","m",23.9,30,717,null,{"$f":"H21*(1-CAPA!$D$13)","v":688.31999999999994}]
["***","***","***","***","***","***","***","***","***"]
["CPU105","PROPRIA","Aquisição de bomba submersível de drenagem 3cv, 220V trifásica,  Daka, Dancor ou similar, inclusive mangote 30m.",{"$nulls":5},{"$f":"SUM(H24:H25)","v":4188.5},{"$f":"SUM(J24:J25)","v":4020.96}]
[4378,"ORSE","Aquisição de Bomba submersa para drenagem trifásica 3cv saída de 2\" c/ 5m de cabo DANCOR SERIE SDE 2303 ou similar","INSUMO","und",2291.9,1,2291.9,null,{"$f":"H24*(1-CAPA!$D$13)","v":2200.2240000000002}]
[5812,"ORSE","Tubo de pead, PE80, pn-12,5 , SDR-11, d= 75mm x 6,9mm","INSUMO","m",63.22,30,1896.6,null,{"$f":"H25*(1-CAPA!$D$13)","v":1820.7359999999999}]
["CPU106","PROPRIA","Transporte de Equipamentos Eletromecânicos",null,"km",null,null,null,{"$f":"H27","v":2.5263263999999999},{"$f":"J27","v":2.4252733439999998}]
["E9508","SICRO",{"$f":"IF(B27=\"SINAPI\",(IFERROR(VLOOKUP(A27,'CompSD SINAPI'!$B$11:$F$9784,2,0),VLOOKUP(CPU_Civil!A27,'ISD SINAPI'!$B$11:$F$4903,2,0))),IF(OR(B27=\"SICRO\",B27=\"SICRO3\"),(IFERROR(VLOOKUP(A27,'COMP SD SICRO'!$A$2:$D$6495,2,0),VLOOKUP(CPU_Civil!A27,'ISD SICRO'!$A$2:$D$2319,2,0))),IF(B27=\"SEINFRA\",(IFERROR(VLOOKUP(A27,'COMPSD SEINFRA'!$B$7:$G$5611,2,0),VLOOKUP(CPU_Civil!A27,'ISD SEINFRA'!A24:$D$11922,2,0))),)))","v":"Caminhão carroceria com capacidade de 9 t - 136 kW"},"COMPOSIÇÃO",{"$f":"IF(B27=\"SINAPI\",(IFERROR(VLOOKUP(A27,'CompSD SINAPI'!$B$11:$F$9784,3,0),VLOOKUP(CPU_Civil!A27,'ISD SINAPI'!$B$11:$F$4903,3,0))),IF(OR(B27=\"SICRO\",B27=\"SICRO3\"),(IFERROR(VLOOKUP(A27,'COMP SD SICRO'!$A$2:$D$6495,3,0),VLOOKUP(CPU_Civil!A27,'ISD SICRO'!$A$2:$D$2319,3,0))),IF(B27=\"SEINFRA\",(IFERROR(VLOOKUP(A27,'COMPSD SEINFRA'!$B$7:$G$5611,3,0),VLOOKUP(CPU_Civil!A27,'ISD SEINFRA'!A24:$D$11922,3,0))),)))","v":"CHP"},{"$f":"IF(B27=\"SINAPI\",(IFERROR(VLOOKUP(A27,'CompSD SINAPI'!$B$11:$F$9784,4,0),VLOOKUP(CPU_Civil!A27,'ISD SINAPI'!$B$11:$F$4903,5,0))),IF(OR(B27=\"SICRO\",B27=\"SICRO3\"),(IFERROR(VLOOKUP(A27,'COMP SD SICRO'!$A$2:$D$6495,4,0),VLOOKUP(CPU_Civil!A27,'ISD SICRO'!$A$2:$D$2319,4,0))),IF(B27=\"SEINFRA\",(IFERROR(VLOOKUP(A27,'COMPSD SEINFRA'!$B$7:$G$5611,4,0),VLOOKUP(CPU_Civil!A27,'ISD SEINFRA'!A24:$D$11922,4,0))),)))","v":194.33279999999999},{"$f":"ROUND(1/80,3)","v":1.2999999999999999E-2},{"$f":"F27*G27","v":2.5263263999999999},null,{"$f":"H27*(1-CAPA!$D$13)","v":2.4252733439999998}]
["CPUs\n200","Fonte\n","Descrição\n","Tipo\n","Unid.\n","Custo Un. Ref.","Coeficiente \nde Utilização","Valor Unitário","Custo Unitário"]
["CPU201","PROPRIA","Mobiliário e custos de escritório local",null,"mês",null,null,null,{"$f":"SUM(H30:H31)","v":2013.6899999999998},{"$f":"SUM(J30:J31)","v":1933.1423999999997}]
["B8953","TC-DNIT","Mobiliário","COMPOSIÇÃO","mês",{"$f":"'TC 07-25'!F14","v":478.38},3,{"$f":"F30*G30","v":1435.1399999999999},null,{"$f":"H30*(1-CAPA!$D$13)","v":1377.7343999999998}]
["B8959","TC-DNIT","Outros custos de escritório local","COMPOSIÇÃO","mês",{"$f":"'TC 07-25'!F21","v":192.85},3,578.54999999999995,null,{"$f":"H31*(1-CAPA!$D$13)","v":555.4079999999999}]
["***","***","***","***","***","***","***","***","***"]
["CPU202","PROPRIA","Locação de veículo tipo van/furgão/kombi (inclusive gasolina)",null,"mês",null,null,null,{"$f":"SUM(H34:H35)","v":3981.451},{"$f":"SUM(J34:J35)","v":3822.1929599999999}]
["I0786","SEINFRA",{"$f":"IF(B34=\"SINAPI\",(IFERROR(VLOOKUP(A34,'CompSD SINAPI'!$B$11:$F$9784,2,0),VLOOKUP(CPU_Civil!A34,'ISD SINAPI'!$B$11:$F$4903,2,0))),IF(OR(B34=\"SICRO\",B34=\"SICRO3\"),(IFERROR(VLOOKUP(A34,'COMP SD SICRO'!$A$2:$D$6495,2,0),VLOOKUP(CPU_Civil!A34,'ISD SICRO'!$A$2:$D$2319,2,0))),IF(B34=\"SEINFRA\",(IFERROR(VLOOKUP(A34,'COMPSD SEINFRA'!$B$7:$G$5611,2,0),VLOOKUP(CPU_Civil!A34,'ISD SEINFRA'!A14:$D$11922,2,0))),)))","v":"VEÍCULO UTILITÁRIO KOMBI (CHP)"},"COMPOSIÇÃO","CHP",{"$f":"IF(B34=\"SINAPI\",(IFERROR(VLOOKUP(A34,'CompSD SINAPI'!$B$11:$F$9784,4,0),VLOOKUP(CPU_Civil!A34,'ISD SINAPI'!$B$11:$F$4903,5,0))),IF(OR(B34=\"SICRO\",B34=\"SICRO3\"),(IFERROR(VLOOKUP(A34,'COMP SD SICRO'!$A$2:$D$6495,4,0),VLOOKUP(CPU_Civil!A34,'ISD SICRO'!$A$2:$D$2319,4,0))),IF(B34=\"SEINFRA\",(IFERROR(VLOOKUP(A34,'COMPSD SEINFRA'!$B$7:$G$5611,4,0),VLOOKUP(CPU_Civil!A34,'ISD SEINFRA'!A14:$D$11922,4,0))),)))","v":80.11909},25,2002.9772499999999,null,{"$f":"H34*(1-CAPA!$D$13)","v":1922.8581599999998}]
["I0673","SEINFRA",{"$f":"IF(B35=\"SINAPI\",(IFERROR(VLOOKUP(A35,'CompSD SINAPI'!$B$11:$F$9784,2,0),VLOOKUP(CPU_Civil!A35,'ISD SINAPI'!$B$11:$F$4903,2,0))),IF(OR(B35=\"SICRO\",B35=\"SICRO3\"),(IFERROR(VLOOKUP(A35,'COMP SD SICRO'!$A$2:$D$6495,2,0),VLOOKUP(CPU_Civil!A35,'ISD SICRO'!$A$2:$D$2319,2,0))),IF(B35=\"SEINFRA\",(IFERROR(VLOOKUP(A35,'COMPSD SEINFRA'!$B$7:$G$5611,2,0),VLOOKUP(CPU_Civil!A35,'ISD SEINFRA'!A15:$D$11922,2,0))),)))","v":"VEÍCULO UTILITÁRIO KOMBI (CHI)"},"COMPOSIÇÃO","CHI",{"$f":"IF(B35=\"SINAPI\",(IFERROR(VLOOKUP(A35,'CompSD SINAPI'!$B$11:$F$9784,4,0),VLOOKUP(CPU_Civil!A35,'ISD SINAPI'!$B$11:$F$4903,5,0))),IF(OR(B35=\"SICRO\",B35=\"SICRO3\"),(IFERROR(VLOOKUP(A35,'COMP SD SICRO'!$A$2:$D$6495,4,0),VLOOKUP(CPU_Civil!A35,'ISD SICRO'!$A$2:$D$2319,4,0))),IF(B35=\"SEINFRA\",(IFERROR(VLOOKUP(A35,'COMPSD SEINFRA'!$B$7:$G$5611,4,0),VLOOKUP(CPU_Civil!A35,'ISD SEINFRA'!A15:$D$11922,4,0))),)))","v":26.379650000000002},75,1978.4737500000001,null,{"$f":"H35*(1-CAPA!$D$13)","v":1899.3348000000001}]
["CPU203","PROPRIA","Aquisição de Diesel para Gerador 8kVA",null,"L",null,null,null,{"$f":"H37","v":6.02},{"$f":"SUM(J37)","v":5.7791999999999994}]
["COT20","COTAÇÃO","Diesel S-10","INSUMO","L",6.02,1,6.02,null,{"$f":"H37*(1-CAPA!$D$13)","v":5.7791999999999994}]
["CPU204","PROPRIA","Guindauto 11,7 t.m, alcance 9,7 incluso motorista e combustível",null,"mês",null,null,null,{"$f":"SUM(H39:H40)","v":12881.6},{"$f":"SUM(J39:J40)","v":12366.335999999999}]
[105845,"SINAPI",{"$f":"IF(B39=\"SINAPI\",(IFERROR(VLOOKUP(A39,'CompSD SINAPI'!$B$11:$F$9784,2,0),VLOOKUP(CPU_Civil!A39,'ISD SINAPI'!$B$11:$F$4903,2,0))),IF(OR(B39=\"SICRO\",B39=\"SICRO3\"),(IFERROR(VLOOKUP(A39,'COMP SD SICRO'!$A$2:$D$6495,2,0),VLOOKUP(CPU_Civil!A39,'ISD SICRO'!$A$2:$D$2319,2,0))),IF(B39=\"SEINFRA\",(IFERROR(VLOOKUP(A39,'COMPSD SEINFRA'!$B$7:$G$5611,2,0),VLOOKUP(CPU_Civil!A39,'ISD SEINFRA'!A19:$D$11922,2,0))),)))","v":"GUINDAUTO HIDRÁULICO, CAPACIDADE MÁXIMA DE CARGA 6200 KG, MOMENTO MÁXIMO DE CARGA 11,7 TM, ALCANCE MÁXIMO HORIZONTAL 9,70 M, INCLUSIVE CAMINHÃO TOCO PBT 16.000 KG, POTÊNCIA DE 189 CV E CESTA AÉREA COM ISOLAMENTO CLASSE C - CHI DIURNO. AF_01/2025"},"COMPOSIÇÃO","CHP",205.79,40,{"$f":"F39*G39","v":8231.6},null,{"$f":"H39*(1-CAPA!$D$13)","v":7902.3360000000002}]
[105844,"SINAPI",{"$f":"IF(B40=\"SINAPI\",(IFERROR(VLOOKUP(A40,'CompSD SINAPI'!$B$11:$F$9784,2,0),VLOOKUP(CPU_Civil!A40,'ISD SINAPI'!$B$11:$F$4903,2,0))),IF(OR(B40=\"SICRO\",B40=\"SICRO3\"),(IFERROR(VLOOKUP(A40,'COMP SD SICRO'!$A$2:$D$6495,2,0),VLOOKUP(CPU_Civil!A40,'ISD SICRO'!$A$2:$D$2319,2,0))),IF(B40=\"SEINFRA\",(IFERROR(VLOOKUP(A40,'COMPSD SEINFRA'!$B$7:$G$5611,2,0),VLOOKUP(CPU_Civil!A40,'ISD SEINFRA'!A20:$D$11922,2,0))),)))","v":"GUINDAUTO HIDRÁULICO, CAPACIDADE MÁXIMA DE CARGA 6200 KG, MOMENTO MÁXIMO DE CARGA 11,7 TM, ALCANCE MÁXIMO HORIZONTAL 9,70 M, INCLUSIVE CAMINHÃO TOCO PBT 16.000 KG, POTÊNCIA DE 189 CV E CESTA AÉREA COM ISOLAMENTO CLASSE C - CHP DIURNO. AF_01/2025"},"COMPOSIÇÃO","CHI",77.5,60,4650,null,{"$f":"H40*(1-CAPA!$D$13)","v":4464}]
["CPUs\n300","Fonte\n","Descrição\n","Tipo\n","Unid.\n","Custo Unitário","Coeficiente \nde Utilização","Valor Unitário","Custo Unitário"]
["CPU301","PROPRIA","Controle topográfico","COMPOSIÇÃO","estaca",null,null,null,{"$f":"SUM(H43:H44)","v":316.5},{"$f":"SUM(J43:J44)","v":303.83999999999997}]
[9164,"ORSE","Locação topográfica com nivelamento de seções transversais de serviços de terraplenagem, inclusive conferências","COMPOSIÇÃO","m",4.6399999999999997,50,231.99999999999997,null,{"$f":"H43*(1-CAPA!$D$13)","v":222.71999999999997}]
[3713,"ORSE","Locação de eixos em geral, com estaqueamento ","COMPOSIÇÃO","m",1.69,50,84.5,null,{"$f":"H44*(1-CAPA!$D$13)","v":81.11999999999999}]
["***","***","***","***","***","***","***","***","***"]
["CPU302","PROPRIA","Fornecimento e instalação de barreira ecológica 40m p/ retenção de macrófitas.","COMPOSIÇÃO","cj",null,null,null,{"$f":"SUM(H47:H52)","v":2139.5333333333333},{"$f":"SUM(J47:J52)","v":2053.9519999999998}]
[88316,"SINAPI",{"$f":"IF(B47=\"SINAPI\",(IFERROR(VLOOKUP(A47,'CompSD SINAPI'!$B$11:$F$9784,2,0),VLOOKUP(CPU_Civil!A47,'ISD SINAPI'!$B$11:$F$4903,2,0))),IF(OR(B47=\"SICRO\",B47=\"SICRO3\"),(IFERROR(VLOOKUP(A47,'COMP SD SICRO'!$A$2:$D$6495,2,0),VLOOKUP(CPU_Civil!A47,'ISD SICRO'!$A$2:$D$2319,2,0))),IF(B47=\"SEINFRA\",(IFERROR(VLOOKUP(A47,'COMPSD SEINFRA'!$B$7:$G$5611,2,0),VLOOKUP(CPU_Civil!A47,'ISD SEINFRA'!A12:$D$11922,2,0))),)))","v":"SERVENTE COM ENCARGOS COMPLEMENTARES"},"COMPOSIÇÃO",{"$f":"IF(B47=\"SINAPI\",(IFERROR(VLOOKUP(A47,'CompSD SINAPI'!$B$11:$F$9784,3,0),VLOOKUP(CPU_Civil!A47,'ISD SINAPI'!$B$11:$F$4903,3,0))),IF(OR(B47=\"SICRO\",B47=\"SICRO3\"),(IFERROR(VLOOKUP(A47,'COMP SD SICRO'!$A$2:$D$6495,3,0),VLOOKUP(CPU_Civil!A47,'ISD SICRO'!$A$2:$D$2319,3,0))),IF(B47=\"SEINFRA\",(IFERROR(VLOOKUP(A47,'COMPSD SEINFRA'!$B$7:$G$5611,3,0),VLOOKUP(CPU_Civil!A47,'ISD SEINFRA'!A42:$D$11922,3,0))),)))","v":"H"},{"$f":"IF(B47=\"SINAPI\",(IFERROR(VLOOKUP(A47,'CompSD SINAPI'!$B$11:$F$9784,4,0),VLOOKUP(CPU_Civil!A47,'ISD SINAPI'!$B$11:$F$4903,5,0))),IF(OR(B47=\"SICRO\",B47=\"SICRO3\"),(IFERROR(VLOOKUP(A47,'COMP SD SICRO'!$A$2:$D$6495,4,0),VLOOKUP(CPU_Civil!A47,'ISD SICRO'!$A$2:$D$2319,4,0))),IF(B47=\"SEINFRA\",(IFERROR(VLOOKUP(A47,'COMPSD SEINFRA'!$B$7:$G$5611,4,0),VLOOKUP(CPU_Civil!A47,'ISD SEINFRA'!A11:$D$11922,4,0))),)))","v":23.84},6,{"$f":"F47*G47","v":143.04},null,{"$f":"H47*(1-CAPA!$D$13)","v":137.3184}]
[4518,"ORSE","Tela de nylon para proteção de fachada 5X5cm","COMPOSIÇÃO","m²",30.13,40,1205.2,null,{"$f":"H48*(1-CAPA!$D$13)","v":1156.992}]
[4107,"SINAPI",{"$f":"IF(B49=\"SINAPI\",(IFERROR(VLOOKUP(A49,'CompSD SINAPI'!$B$11:$F$9784,2,0),VLOOKUP(CPU_Civil!A49,'ISD SINAPI'!$B$11:$F$4903,2,0))),IF(OR(B49=\"SICRO\",B49=\"SICRO3\"),(IFERROR(VLOOKUP(A49,'COMP SD SICRO'!$A$2:$D$6495,2,0),VLOOKUP(CPU_Civil!A49,'ISD SICRO'!$A$2:$D$2319,2,0))),IF(B49=\"SEINFRA\",(IFERROR(VLOOKUP(A49,'COMPSD SEINFRA'!$B$7:$G$5611,2,0),VLOOKUP(CPU_Civil!A49,'ISD SEINFRA'!A15:$D$11922,2,0))),)))","v":"MOURAO DE CONCRETO RETO, SECAO QUADRADA *10 X 10* CM, H= *2,30* M"},"INSUMO",{"$f":"IF(B49=\"SINAPI\",(IFERROR(VLOOKUP(A49,'CompSD SINAPI'!$B$11:$F$9784,3,0),VLOOKUP(CPU_Civil!A49,'ISD SINAPI'!$B$11:$F$4903,3,0))),IF(OR(B49=\"SICRO\",B49=\"SICRO3\"),(IFERROR(VLOOKUP(A49,'COMP SD SICRO'!$A$2:$D$6495,3,0),VLOOKUP(CPU_Civil!A49,'ISD SICRO'!$A$2:$D$2319,3,0))),IF(B49=\"SEINFRA\",(IFERROR(VLOOKUP(A49,'COMPSD SEINFRA'!$B$7:$G$5611,3,0),VLOOKUP(CPU_Civil!A49,'ISD SEINFRA'!A41:$D$11922,3,0))),)))","v":"UN"},{"$f":"IF(B49=\"SINAPI\",(IFERROR(VLOOKUP(A49,'CompSD SINAPI'!$B$11:$F$9784,4,0),VLOOKUP(CPU_Civil!A49,'ISD SINAPI'!$B$11:$F$4903,5,0))),IF(OR(B49=\"SICRO\",B49=\"SICRO3\"),(IFERROR(VLOOKUP(A49,'COMP SD SICRO'!$A$2:$D$6495,4,0),VLOOKUP(CPU_Civil!A49,'ISD SICRO'!$A$2:$D$2319,4,0))),IF(B49=\"SEINFRA\",(IFERROR(VLOOKUP(A49,'COMPSD SEINFRA'!$B$7:$G$5611,4,0),VLOOKUP(CPU_Civil!A49,'ISD SEINFRA'!A14:$D$11922,4,0))),)))","v":75.78},2,151.56,null,{"$f":"H49*(1-CAPA!$D$13)","v":145.49760000000001}]
["I6220","SEINFRA",{"$f":"IF(B50=\"SINAPI\",(IFERROR(VLOOKUP(A50,'CompSD SINAPI'!$B$11:$F$9784,2,0),VLOOKUP(CPU_Civil!A50,'ISD SINAPI'!$B$11:$F$4903,2,0))),IF(OR(B50=\"SICRO\",B50=\"SICRO3\"),(IFERROR(VLOOKUP(A50,'COMP SD SICRO'!$A$2:$D$6495,2,0),VLOOKUP(CPU_Civil!A50,'ISD SICRO'!$A$2:$D$2319,2,0))),IF(B50=\"SEINFRA\",(IFERROR(VLOOKUP(A50,'COMPSD SEINFRA'!$B$7:$G$5611,2,0),VLOOKUP(CPU_Civil!A50,'ISD SEINFRA'!A16:$D$11922,2,0))),)))","v":"CORDA DE NYLON DE 4mm"},"INSUMO",{"$f":"IF(B50=\"SINAPI\",(IFERROR(VLOOKUP(A50,'CompSD SINAPI'!$B$11:$F$9784,3,0),VLOOKUP(CPU_Civil!A50,'ISD SINAPI'!$B$11:$F$4903,3,0))),IF(OR(B50=\"SICRO\",B50=\"SICRO3\"),(IFERROR(VLOOKUP(A50,'COMP SD SICRO'!$A$2:$D$6495,3,0),VLOOKUP(CPU_Civil!A50,'ISD SICRO'!$A$2:$D$2319,3,0))),IF(B50=\"SEINFRA\",(IFERROR(VLOOKUP(A50,'COMPSD SEINFRA'!$B$7:$G$5611,3,0),VLOOKUP(CPU_Civil!A50,'ISD SEINFRA'!A42:$D$11922,3,0))),)))","v":"M"},{"$f":"IF(B50=\"SINAPI\",(IFERROR(VLOOKUP(A50,'CompSD SINAPI'!$B$11:$F$9784,4,0),VLOOKUP(CPU_Civil!A50,'ISD SINAPI'!$B$11:$F$4903,5,0))),IF(OR(B50=\"SICRO\",B50=\"SICRO3\"),(IFERROR(VLOOKUP(A50,'COMP SD SICRO'!$A$2:$D$6495,4,0),VLOOKUP(CPU_Civil!A50,'ISD SICRO'!$A$2:$D$2319,4,0))),IF(B50=\"SEINFRA\",(IFERROR(VLOOKUP(A50,'COMPSD SEINFRA'!$B$7:$G$5611,4,0),VLOOKUP(CPU_Civil!A50,'ISD SEINFRA'!A15:$D$11922,4,0))),)))","v":0.28999999999999998},60,17.399999999999999,null,{"$f":"H50*(1-CAPA!$D$13)","v":16.703999999999997}]
[411,"SINAPI",{"$f":"IF(B51=\"SINAPI\",(IFERROR(VLOOKUP(A51,'CompSD SINAPI'!$B$11:$F$9784,2,0),VLOOKUP(CPU_Civil!A51,'ISD SINAPI'!$B$11:$F$4903,2,0))),IF(OR(B51=\"SICRO\",B51=\"SICRO3\"),(IFERROR(VLOOKUP(A51,'COMP SD SICRO'!$A$2:$D$6495,2,0),VLOOKUP(CPU_Civil!A51,'ISD SICRO'!$A$2:$D$2319,2,0))),IF(B51=\"SEINFRA\",(IFERROR(VLOOKUP(A51,'COMPSD SEINFRA'!$B$7:$G$5611,2,0),VLOOKUP(CPU_Civil!A51,'ISD SEINFRA'!A17:$D$11922,2,0))),)))","v":"ABRACADEIRA DE NYLON PARA AMARRACAO DE CABOS, COMPRIMENTO DE 200 X *4,6* MM"},"INSUMO",{"$f":"IF(B51=\"SINAPI\",(IFERROR(VLOOKUP(A51,'CompSD SINAPI'!$B$11:$F$9784,3,0),VLOOKUP(CPU_Civil!A51,'ISD SINAPI'!$B$11:$F$4903,3,0))),IF(OR(B51=\"SICRO\",B51=\"SICRO3\"),(IFERROR(VLOOKUP(A51,'COMP SD SICRO'!$A$2:$D$6495,3,0),VLOOKUP(CPU_Civil!A51,'ISD SICRO'!$A$2:$D$2319,3,0))),IF(B51=\"SEINFRA\",(IFERROR(VLOOKUP(A51,'COMPSD SEINFRA'!$B$7:$G$5611,3,0),VLOOKUP(CPU_Civil!A51,'ISD SEINFRA'!A43:$D$11922,3,0))),)))","v":"UN"},{"$f":"IF(B51=\"SINAPI\",(IFERROR(VLOOKUP(A51,'CompSD SINAPI'!$B$11:$F$9784,4,0),VLOOKUP(CPU_Civil!A51,'ISD SINAPI'!$B$11:$F$4903,5,0))),IF(OR(B51=\"SICRO\",B51=\"SICRO3\"),(IFERROR(VLOOKUP(A51,'COMP SD SICRO'!$A$2:$D$6495,4,0),VLOOKUP(CPU_Civil!A51,'ISD SICRO'!$A$2:$D$2319,4,0))),IF(B51=\"SEINFRA\",(IFERROR(VLOOKUP(A51,'COMPSD SEINFRA'!$B$7:$G$5611,4,0),VLOOKUP(CPU_Civil!A51,'ISD SEINFRA'!A16:$D$11922,4,0))),)))","v":0.19},100,19,null,{"$f":"H51*(1-CAPA!$D$13)","v":18.239999999999998}]
["COT30","COTAÇÃO","\tGARRAFA PLASTICA CAPACIDADE DE 5L","INSUMO","und",4.8266666666666671,{"$f":"40/0.32","v":125},603.33333333333337,null,{"$f":"H52*(1-CAPA!$D$13)","v":579.20000000000005}]
["***","***","***","***","***","***","***","***","***"]
["CPU303","PROPRIA","Execução de decidas d'água rápida (DAR 40-20), com alas de captação.","COMPOSIÇÃO","cj",null,null,null,{"$f":"SUM(H55:H56)","v":3687.36},{"$f":"SUM(J55:J56)","v":3539.8656000000001}]
[2003389,"SICRO","Descida d'água de aterros tipo rápido - DAR 40-20 - areia e brita comerciais","COMPOSIÇÃO","M",248.1,14,3473.4,null,{"$f":"H55*(1-CAPA!$D$13)","v":3334.4639999999999}]
[41679,"SINAPI",{"$f":"IF(B56=\"SINAPI\",(IFERROR(VLOOKUP(A56,'CompSD SINAPI'!$B$11:$F$9784,2,0),VLOOKUP(CPU_Civil!A56,'ISD SINAPI'!$B$11:$F$4903,2,0))),IF(OR(B56=\"SICRO\",B56=\"SICRO3\"),(IFERROR(VLOOKUP(A56,'COMP SD SICRO'!$A$2:$D$6495,2,0),VLOOKUP(CPU_Civil!A56,'ISD SICRO'!$A$2:$D$2319,2,0))),IF(B56=\"SEINFRA\",(IFERROR(VLOOKUP(A56,'COMPSD SEINFRA'!$B$7:$G$5611,2,0),VLOOKUP(CPU_Civil!A56,'ISD SEINFRA'!A21:$D$11922,2,0))),)))","v":"MEIO-FIO OU GUIA DE CONCRETO PRE-MOLDADO, COMP 1 M, *20 X 12/15* CM (H X L1/L2)"},"INSUMO",{"$f":"IF(B56=\"SINAPI\",(IFERROR(VLOOKUP(A56,'CompSD SINAPI'!$B$11:$F$9784,3,0),VLOOKUP(CPU_Civil!A56,'ISD SINAPI'!$B$11:$F$4903,3,0))),IF(OR(B56=\"SICRO\",B56=\"SICRO3\"),(IFERROR(VLOOKUP(A56,'COMP SD SICRO'!$A$2:$D$6495,3,0),VLOOKUP(CPU_Civil!A56,'ISD SICRO'!$A$2:$D$2319,3,0))),IF(B56=\"SEINFRA\",(IFERROR(VLOOKUP(A56,'COMPSD SEINFRA'!$B$7:$G$5611,3,0),VLOOKUP(CPU_Civil!A56,'ISD SEINFRA'!A51:$D$11922,3,0))),)))","v":"UN"},{"$f":"IF(B56=\"SINAPI\",(IFERROR(VLOOKUP(A56,'CompSD SINAPI'!$B$11:$F$9784,4,0),VLOOKUP(CPU_Civil!A56,'ISD SINAPI'!$B$11:$F$4903,5,0))),IF(OR(B56=\"SICRO\",B56=\"SICRO3\"),(IFERROR(VLOOKUP(A56,'COMP SD SICRO'!$A$2:$D$6495,4,0),VLOOKUP(CPU_Civil!A56,'ISD SICRO'!$A$2:$D$2319,4,0))),IF(B56=\"SEINFRA\",(IFERROR(VLOOKUP(A56,'COMPSD SEINFRA'!$B$7:$G$5611,4,0),VLOOKUP(CPU_Civil!A56,'ISD SEINFRA'!A20:$D$11922,4,0))),)))","v":35.659999999999997},6,213.95999999999998,null,{"$f":"H56*(1-CAPA!$D$13)","v":205.40159999999997}]
["CPUs\n400","Fonte\n","Descrição\n","Tipo\n","Unid.\n","Custo Unitário","Coeficiente \nde Utilização","Valor Unitário","Custo Unitário"]
["CPU401","PROPRIA","Controle de pragas de vespas em edificação até 2 pavimentos",null,"und",null,null,null,{"$f":"SUM(H59:H60)","v":624.91999999999996},{"$f":"SUM(J59:J60)","v":599.92319999999995}]
[14884,"ORSE","\tInseticida de alta eficiência Fipronil concentração 2,5%, ref: Poderoso 25CE ou similar, para combate de pragas urbanas","COMPOSIÇÃO","l",264.77999999999997,2,529.55999999999995,null,{"$f":"H59*(1-CAPA!$D$13)","v":508.37759999999992}]
[88316,"SINAPI",{"$f":"IF(B60=\"SINAPI\",(IFERROR(VLOOKUP(A60,'CompSD SINAPI'!$B$11:$F$9784,2,0),VLOOKUP(CPU_Civil!A60,'ISD SINAPI'!$B$11:$F$4903,2,0))),IF(OR(B60=\"SICRO\",B60=\"SICRO3\"),(IFERROR(VLOOKUP(A60,'COMP SD SICRO'!$A$2:$D$6495,2,0),VLOOKUP(CPU_Civil!A60,'ISD SICRO'!$A$2:$D$2319,2,0))),IF(B60=\"SEINFRA\",(IFERROR(VLOOKUP(A60,'COMPSD SEINFRA'!$B$7:$G$5611,2,0),VLOOKUP(CPU_Civil!A60,'ISD SEINFRA'!A25:$D$11922,2,0))),)))","v":"SERVENTE COM ENCARGOS COMPLEMENTARES"},"COMPOSIÇÃO",{"$f":"IF(B60=\"SINAPI\",(IFERROR(VLOOKUP(A60,'CompSD SINAPI'!$B$11:$F$9784,3,0),VLOOKUP(CPU_Civil!A60,'ISD SINAPI'!$B$11:$F$4903,3,0))),IF(OR(B60=\"SICRO\",B60=\"SICRO3\"),(IFERROR(VLOOKUP(A60,'COMP SD SICRO'!$A$2:$D$6495,3,0),VLOOKUP(CPU_Civil!A60,'ISD SICRO'!$A$2:$D$2319,3,0))),IF(B60=\"SEINFRA\",(IFERROR(VLOOKUP(A60,'COMPSD SEINFRA'!$B$7:$G$5611,3,0),VLOOKUP(CPU_Civil!A60,'ISD SEINFRA'!A55:$D$11922,3,0))),)))","v":"H"},{"$f":"IF(B60=\"SINAPI\",(IFERROR(VLOOKUP(A60,'CompSD SINAPI'!$B$11:$F$9784,4,0),VLOOKUP(CPU_Civil!A60,'ISD SINAPI'!$B$11:$F$4903,5,0))),IF(OR(B60=\"SICRO\",B60=\"SICRO3\"),(IFERROR(VLOOKUP(A60,'COMP SD SICRO'!$A$2:$D$6495,4,0),VLOOKUP(CPU_Civil!A60,'ISD SICRO'!$A$2:$D$2319,4,0))),IF(B60=\"SEINFRA\",(IFERROR(VLOOKUP(A60,'COMPSD SEINFRA'!$B$7:$G$5611,4,0),VLOOKUP(CPU_Civil!A60,'ISD SEINFRA'!A24:$D$11922,4,0))),)))","v":23.84},4,95.36,null,{"$f":"H60*(1-CAPA!$D$13)","v":91.545599999999993}]
["***","***","***","***","***","***","***","***","***"]
["CPU402","PROPRIA","Esgotamento e limpeza dos poços de bomba 6 e 7 da EBP",null,"und",null,null,null,{"$f":"SUM(H63:H65)","v":1077.76},{"$f":"SUM(J63:J65)","v":1034.6496}]
["E9609","SICRO","Draga de sucção para extração de areia com tubo de descarga de 150 mm - 100 Kw","INSUMO","CHP",166.3,4,{"$f":"F63*G63","v":665.2},null,{"$f":"H63*(1-CAPA!$D$13)","v":638.59199999999998}]
["E9609","SICRO","Draga de sucção para extração de areia com tubo de descarga de 150 mm - 100 Kw","INSUMO","CHI",55.46,4,221.84,null,{"$f":"H64*(1-CAPA!$D$13)","v":212.96639999999999}]
[88316,"SINAPI",{"$f":"IF(B65=\"SINAPI\",(IFERROR(VLOOKUP(A65,'CompSD SINAPI'!$B$11:$F$9784,2,0),VLOOKUP(CPU_Civil!A65,'ISD SINAPI'!$B$11:$F$4903,2,0))),IF(OR(B65=\"SICRO\",B65=\"SICRO3\"),(IFERROR(VLOOKUP(A65,'COMP SD SICRO'!$A$2:$D$6495,2,0),VLOOKUP(CPU_Civil!A65,'ISD SICRO'!$A$2:$D$2319,2,0))),IF(B65=\"SEINFRA\",(IFERROR(VLOOKUP(A65,'COMPSD SEINFRA'!$B$7:$G$5611,2,0),VLOOKUP(CPU_Civil!A65,'ISD SEINFRA'!A28:$D$11922,2,0))),)))","v":"SERVENTE COM ENCARGOS COMPLEMENTARES"},"COMPOSIÇÃO",{"$f":"IF(B65=\"SINAPI\",(IFERROR(VLOOKUP(A65,'CompSD SINAPI'!$B$11:$F$9784,3,0),VLOOKUP(CPU_Civil!A65,'ISD SINAPI'!$B$11:$F$4903,3,0))),IF(OR(B65=\"SICRO\",B65=\"SICRO3\"),(IFERROR(VLOOKUP(A65,'COMP SD SICRO'!$A$2:$D$6495,3,0),VLOOKUP(CPU_Civil!A65,'ISD SICRO'!$A$2:$D$2319,3,0))),IF(B65=\"SEINFRA\",(IFERROR(VLOOKUP(A65,'COMPSD SEINFRA'!$B$7:$G$5611,3,0),VLOOKUP(CPU_Civil!A65,'ISD SEINFRA'!A58:$D$11922,3,0))),)))","v":"H"},{"$f":"IF(B65=\"SINAPI\",(IFERROR(VLOOKUP(A65,'CompSD SINAPI'!$B$11:$F$9784,4,0),VLOOKUP(CPU_Civil!A65,'ISD SINAPI'!$B$11:$F$4903,5,0))),IF(OR(B65=\"SICRO\",B65=\"SICRO3\"),(IFERROR(VLOOKUP(A65,'COMP SD SICRO'!$A$2:$D$6495,4,0),VLOOKUP(CPU_Civil!A65,'ISD SICRO'!$A$2:$D$2319,4,0))),IF(B65=\"SEINFRA\",(IFERROR(VLOOKUP(A65,'COMPSD SEINFRA'!$B$7:$G$5611,4,0),VLOOKUP(CPU_Civil!A65,'ISD SEINFRA'!A27:$D$11922,4,0))),)))","v":23.84},8,190.72,null,{"$f":"H65*(1-CAPA!$D$13)","v":183.09119999999999}]
["***","***","***","***","***","***","***","***","***"]
["CPU403","PROPRIA","Limpeza de terreno 500 a 600m², com roçagem e capina, inclusive varrição e remoção da poda.","COMPOSIÇÃO","und",null,null,null,{"$f":"SUM(H68:H69)","v":1041.8607999999999},{"$f":"SUM(J68:J69)","v":1000.186368}]
[98524,"SINAPI",{"$f":"IF(B68=\"SINAPI\",(IFERROR(VLOOKUP(A68,'CompSD SINAPI'!$B$11:$F$9784,2,0),VLOOKUP(CPU_Civil!A68,'ISD SINAPI'!$B$11:$F$4903,2,0))),IF(OR(B68=\"SICRO\",B68=\"SICRO3\"),(IFERROR(VLOOKUP(A68,'COMP SD SICRO'!$A$2:$D$6495,2,0),VLOOKUP(CPU_Civil!A68,'ISD SICRO'!$A$2:$D$2319,2,0))),IF(B68=\"SEINFRA\",(IFERROR(VLOOKUP(A68,'COMPSD SEINFRA'!$B$7:$G$5611,2,0),VLOOKUP(CPU_Civil!A68,'ISD SEINFRA'!A33:$D$11922,2,0))),)))","v":"LIMPEZA MANUAL DE VEGETAÇÃO EM TERRENO COM ENXADA. AF_03/2024"},"COMPOSIÇÃO",{"$f":"IF(B68=\"SINAPI\",(IFERROR(VLOOKUP(A68,'CompSD SINAPI'!$B$11:$F$9784,3,0),VLOOKUP(CPU_Civil!A68,'ISD SINAPI'!$B$11:$F$4903,3,0))),IF(OR(B68=\"SICRO\",B68=\"SICRO3\"),(IFERROR(VLOOKUP(A68,'COMP SD SICRO'!$A$2:$D$6495,3,0),VLOOKUP(CPU_Civil!A68,'ISD SICRO'!$A$2:$D$2319,3,0))),IF(B68=\"SEINFRA\",(IFERROR(VLOOKUP(A68,'COMPSD SEINFRA'!$B$7:$G$5611,3,0),VLOOKUP(CPU_Civil!A68,'ISD SEINFRA'!A63:$D$11922,3,0))),)))","v":"M2"},{"$f":"IF(B68=\"SINAPI\",(IFERROR(VLOOKUP(A68,'CompSD SINAPI'!$B$11:$F$9784,4,0),VLOOKUP(CPU_Civil!A68,'ISD SINAPI'!$B$11:$F$4903,5,0))),IF(OR(B68=\"SICRO\",B68=\"SICRO3\"),(IFERROR(VLOOKUP(A68,'COMP SD SICRO'!$A$2:$D$6495,4,0),VLOOKUP(CPU_Civil!A68,'ISD SICRO'!$A$2:$D$2319,4,0))),IF(B68=\"SEINFRA\",(IFERROR(VLOOKUP(A68,'COMPSD SEINFRA'!$B$7:$G$5611,4,0),VLOOKUP(CPU_Civil!A68,'ISD SEINFRA'!A32:$D$11922,4,0))),)))","v":5.08},200,1016,null,{"$f":"H68*(1-CAPA!$D$13)","v":975.36}]
[4915776,"SICRO","Roçada com roçadeira costal","COMPOSIÇÃO","HA",738.88,3.5000000000000003E-2,25.860800000000001,null,{"$f":"H69*(1-CAPA!$D$13)","v":24.826367999999999}]
["***","***","***","***","***","***","***","***","***"]
["CPU404","PROPRIA","Reparos e pintura de esquadrias, guarnições portas e janelas matálicas.","COMPOSIÇÃO","m²",null,null,null,{"$f":"SUM(H72:H77)","v":59.049989999999994},{"$f":"SUM(J72:J77)","v":56.687990400000004}]
[6110,"SINAPI",{"$f":"IF(B72=\"SINAPI\",(IFERROR(VLOOKUP(A72,'CompSD SINAPI'!$B$11:$F$9784,2,0),VLOOKUP(CPU_Civil!A72,'ISD SINAPI'!$B$11:$F$4903,2,0))),IF(OR(B72=\"SICRO\",B72=\"SICRO3\"),(IFERROR(VLOOKUP(A72,'COMP SD SICRO'!$A$2:$D$6495,2,0),VLOOKUP(CPU_Civil!A72,'ISD SICRO'!$A$2:$D$2319,2,0))),IF(B72=\"SEINFRA\",(IFERROR(VLOOKUP(A72,'COMPSD SEINFRA'!$B$7:$G$5611,2,0),VLOOKUP(CPU_Civil!A72,'ISD SEINFRA'!A37:$D$11922,2,0))),)))","v":"SERRALHEIRO (HORISTA)"},"COMPOSIÇÃO",{"$f":"IF(B72=\"SINAPI\",(IFERROR(VLOOKUP(A72,'CompSD SINAPI'!$B$11:$F$9784,3,0),VLOOKUP(CPU_Civil!A72,'ISD SINAPI'!$B$11:$F$4903,3,0))),IF(OR(B72=\"SICRO\",B72=\"SICRO3\"),(IFERROR(VLOOKUP(A72,'COMP SD SICRO'!$A$2:$D$6495,3,0),VLOOKUP(CPU_Civil!A72,'ISD SICRO'!$A$2:$D$2319,3,0))),IF(B72=\"SEINFRA\",(IFERROR(VLOOKUP(A72,'COMPSD SEINFRA'!$B$7:$G$5611,3,0),VLOOKUP(CPU_Civil!A72,'ISD SEINFRA'!A67:$D$11922,3,0))),)))","v":"H"},{"$f":"IF(B72=\"SINAPI\",(IFERROR(VLOOKUP(A72,'CompSD SINAPI'!$B$11:$F$9784,4,0),VLOOKUP(CPU_Civil!A72,'ISD SINAPI'!$B$11:$F$4903,5,0))),IF(OR(B72=\"SICRO\",B72=\"SICRO3\"),(IFERROR(VLOOKUP(A72,'COMP SD SICRO'!$A$2:$D$6495,4,0),VLOOKUP(CPU_Civil!A72,'ISD SICRO'!$A$2:$D$2319,4,0))),IF(B72=\"SEINFRA\",(IFERROR(VLOOKUP(A72,'COMPSD SEINFRA'!$B$7:$G$5611,4,0),VLOOKUP(CPU_Civil!A72,'ISD SEINFRA'!A36:$D$11922,4,0))),)))","v":21.14},1.25,26.425000000000001,null,{"$f":"H72*(1-CAPA!$D$13)","v":25.367999999999999}]
[252,"SINAPI",{"$f":"IF(B73=\"SINAPI\",(IFERROR(VLOOKUP(A73,'CompSD SINAPI'!$B$11:$F$9784,2,0),VLOOKUP(CPU_Civil!A73,'ISD SINAPI'!$B$11:$F$4903,2,0))),IF(OR(B73=\"SICRO\",B73=\"SICRO3\"),(IFERROR(VLOOKUP(A73,'COMP SD SICRO'!$A$2:$D$6495,2,0),VLOOKUP(CPU_Civil!A73,'ISD SICRO'!$A$2:$D$2319,2,0))),IF(B73=\"SEINFRA\",(IFERROR(VLOOKUP(A73,'COMPSD SEINFRA'!$B$7:$G$5611,2,0),VLOOKUP(CPU_Civil!A73,'ISD SEINFRA'!A38:$D$11922,2,0))),)))","v":"AJUDANTE DE SERRALHEIRO (HORISTA)"},"COMPOSIÇÃO",{"$f":"IF(B73=\"SINAPI\",(IFERROR(VLOOKUP(A73,'CompSD SINAPI'!$B$11:$F$9784,3,0),VLOOKUP(CPU_Civil!A73,'ISD SINAPI'!$B$11:$F$4903,3,0))),IF(OR(B73=\"SICRO\",B73=\"SICRO3\"),(IFERROR(VLOOKUP(A73,'COMP SD SICRO'!$A$2:$D$6495,3,0),VLOOKUP(CPU_Civil!A73,'ISD SICRO'!$A$2:$D$2319,3,0))),IF(B73=\"SEINFRA\",(IFERROR(VLOOKUP(A73,'COMPSD SEINFRA'!$B$7:$G$5611,3,0),VLOOKUP(CPU_Civil!A73,'ISD SEINFRA'!A68:$D$11922,3,0))),)))","v":"H"},{"$f":"IF(B73=\"SINAPI\",(IFERROR(VLOOKUP(A73,'CompSD SINAPI'!$B$11:$F$9784,4,0),VLOOKUP(CPU_Civil!A73,'ISD SINAPI'!$B$11:$F$4903,5,0))),IF(OR(B73=\"SICRO\",B73=\"SICRO3\"),(IFERROR(VLOOKUP(A73,'COMP SD SICRO'!$A$2:$D$6495,4,0),VLOOKUP(CPU_Civil!A73,'ISD SICRO'!$A$2:$D$2319,4,0))),IF(B73=\"SEINFRA\",(IFERROR(VLOOKUP(A73,'COMPSD SEINFRA'!$B$7:$G$5611,4,0),VLOOKUP(CPU_Civil!A73,'ISD SEINFRA'!A37:$D$11922,4,0))),)))","v":16.010000000000002},{"$f":"G72","v":1.25},20.012500000000003,null,{"$f":"H73*(1-CAPA!$D$13)","v":19.212000000000003}]
[3768,"SINAPI",{"$f":"IF(B74=\"SINAPI\",(IFERROR(VLOOKUP(A74,'CompSD SINAPI'!$B$11:$F$9784,2,0),VLOOKUP(CPU_Civil!A74,'ISD SINAPI'!$B$11:$F$4903,2,0))),IF(OR(B74=\"SICRO\",B74=\"SICRO3\"),(IFERROR(VLOOKUP(A74,'COMP SD SICRO'!$A$2:$D$6495,2,0),VLOOKUP(CPU_Civil!A74,'ISD SICRO'!$A$2:$D$2319,2,0))),IF(B74=\"SEINFRA\",(IFERROR(VLOOKUP(A74,'COMPSD SEINFRA'!$B$7:$G$5611,2,0),VLOOKUP(CPU_Civil!A74,'ISD SEINFRA'!A39:$D$11922,2,0))),)))","v":"LIXA EM FOLHA PARA FERRO, NUMERO 150"},"INSUMO","UND",{"$f":"IF(B74=\"SINAPI\",(IFERROR(VLOOKUP(A74,'CompSD SINAPI'!$B$11:$F$9784,4,0),VLOOKUP(CPU_Civil!A74,'ISD SINAPI'!$B$11:$F$4903,5,0))),IF(OR(B74=\"SICRO\",B74=\"SICRO3\"),(IFERROR(VLOOKUP(A74,'COMP SD SICRO'!$A$2:$D$6495,4,0),VLOOKUP(CPU_Civil!A74,'ISD SICRO'!$A$2:$D$2319,4,0))),IF(B74=\"SEINFRA\",(IFERROR(VLOOKUP(A74,'COMPSD SEINFRA'!$B$7:$G$5611,4,0),VLOOKUP(CPU_Civil!A74,'ISD SEINFRA'!A38:$D$11922,4,0))),)))","v":2.82},0.13,0.36659999999999998,null,{"$f":"H74*(1-CAPA!$D$13)","v":0.35193599999999997}]
[7307,"SINAPI","FUNDO ANTICORROSIVO PARA METAIS FERROSOS (ZARCAO)","INSUMO","L",{"$f":"IF(B75=\"SINAPI\",(IFERROR(VLOOKUP(A75,'CompSD SINAPI'!$B$11:$F$9784,4,0),VLOOKUP(CPU_Civil!A75,'ISD SINAPI'!$B$11:$F$4903,5,0))),IF(OR(B75=\"SICRO\",B75=\"SICRO3\"),(IFERROR(VLOOKUP(A75,'COMP SD SICRO'!$A$2:$D$6495,4,0),VLOOKUP(CPU_Civil!A75,'ISD SICRO'!$A$2:$D$2319,4,0))),IF(B75=\"SEINFRA\",(IFERROR(VLOOKUP(A75,'COMPSD SEINFRA'!$B$7:$G$5611,4,0),VLOOKUP(CPU_Civil!A75,'ISD SEINFRA'!A39:$D$11922,4,0))),)))","v":34.46},9.5000000000000001E-2,3.2737000000000003,null,{"$f":"H75*(1-CAPA!$D$13)","v":3.1427520000000002}]
[5318,"SINAPI",{"$f":"IF(B76=\"SINAPI\",(IFERROR(VLOOKUP(A76,'CompSD SINAPI'!$B$11:$F$9784,2,0),VLOOKUP(CPU_Civil!A76,'ISD SINAPI'!$B$11:$F$4903,2,0))),IF(OR(B76=\"SICRO\",B76=\"SICRO3\"),(IFERROR(VLOOKUP(A76,'COMP SD SICRO'!$A$2:$D$6495,2,0),VLOOKUP(CPU_Civil!A76,'ISD SICRO'!$A$2:$D$2319,2,0))),IF(B76=\"SEINFRA\",(IFERROR(VLOOKUP(A76,'COMPSD SEINFRA'!$B$7:$G$5611,2,0),VLOOKUP(CPU_Civil!A76,'ISD SEINFRA'!A40:$D$11922,2,0))),)))","v":"DILUENTE AGUARRAS"},"INSUMO",{"$f":"IF(B76=\"SINAPI\",(IFERROR(VLOOKUP(A76,'CompSD SINAPI'!$B$11:$F$9784,3,0),VLOOKUP(CPU_Civil!A76,'ISD SINAPI'!$B$11:$F$4903,3,0))),IF(OR(B76=\"SICRO\",B76=\"SICRO3\"),(IFERROR(VLOOKUP(A76,'COMP SD SICRO'!$A$2:$D$6495,3,0),VLOOKUP(CPU_Civil!A76,'ISD SICRO'!$A$2:$D$2319,3,0))),IF(B76=\"SEINFRA\",(IFERROR(VLOOKUP(A76,'COMPSD SEINFRA'!$B$7:$G$5611,3,0),VLOOKUP(CPU_Civil!A76,'ISD SEINFRA'!A70:$D$11922,3,0))),)))","v":"L"},{"$f":"IF(B76=\"SINAPI\",(IFERROR(VLOOKUP(A76,'CompSD SINAPI'!$B$11:$F$9784,4,0),VLOOKUP(CPU_Civil!A76,'ISD SINAPI'!$B$11:$F$4903,5,0))),IF(OR(B76=\"SICRO\",B76=\"SICRO3\"),(IFERROR(VLOOKUP(A76,'COMP SD SICRO'!$A$2:$D$6495,4,0),VLOOKUP(CPU_Civil!A76,'ISD SICRO'!$A$2:$D$2319,4,0))),IF(B76=\"SEINFRA\",(IFERROR(VLOOKUP(A76,'COMPSD SEINFRA'!$B$7:$G$5611,4,0),VLOOKUP(CPU_Civil!A76,'ISD SEINFRA'!A39:$D$11922,4,0))),)))","v":21.98},{"$f":"0.0255","v":2.5499999999999998E-2},0.56048999999999993,null,{"$f":"H76*(1-CAPA!$D$13)","v":0.53807039999999995}]
[7311,"SINAPI",{"$f":"IF(B77=\"SINAPI\",(IFERROR(VLOOKUP(A77,'CompSD SINAPI'!$B$11:$F$9784,2,0),VLOOKUP(CPU_Civil!A77,'ISD SINAPI'!$B$11:$F$4903,2,0))),IF(OR(B77=\"SICRO\",B77=\"SICRO3\"),(IFERROR(VLOOKUP(A77,'COMP SD SICRO'!$A$2:$D$6495,2,0),VLOOKUP(CPU_Civil!A77,'ISD SICRO'!$A$2:$D$2319,2,0))),IF(B77=\"SEINFRA\",(IFERROR(VLOOKUP(A77,'COMPSD SEINFRA'!$B$7:$G$5611,2,0),VLOOKUP(CPU_Civil!A77,'ISD SEINFRA'!A41:$D$11922,2,0))),)))","v":"TINTA ESMALTE SINTETICO PREMIUM ACETINADO"},"INSUMO",{"$f":"IF(B77=\"SINAPI\",(IFERROR(VLOOKUP(A77,'CompSD SINAPI'!$B$11:$F$9784,3,0),VLOOKUP(CPU_Civil!A77,'ISD SINAPI'!$B$11:$F$4903,3,0))),IF(OR(B77=\"SICRO\",B77=\"SICRO3\"),(IFERROR(VLOOKUP(A77,'COMP SD SICRO'!$A$2:$D$6495,3,0),VLOOKUP(CPU_Civil!A77,'ISD SICRO'!$A$2:$D$2319,3,0))),IF(B77=\"SEINFRA\",(IFERROR(VLOOKUP(A77,'COMPSD SEINFRA'!$B$7:$G$5611,3,0),VLOOKUP(CPU_Civil!A77,'ISD SEINFRA'!A71:$D$11922,3,0))),)))","v":"L"},{"$f":"IF(B77=\"SINAPI\",(IFERROR(VLOOKUP(A77,'CompSD SINAPI'!$B$11:$F$9784,4,0),VLOOKUP(CPU_Civil!A77,'ISD SINAPI'!$B$11:$F$4903,5,0))),IF(OR(B77=\"SICRO\",B77=\"SICRO3\"),(IFERROR(VLOOKUP(A77,'COMP SD SICRO'!$A$2:$D$6495,4,0),VLOOKUP(CPU_Civil!A77,'ISD SICRO'!$A$2:$D$2319,4,0))),IF(B77=\"SEINFRA\",(IFERROR(VLOOKUP(A77,'COMPSD SEINFRA'!$B$7:$G$5611,4,0),VLOOKUP(CPU_Civil!A77,'ISD SEINFRA'!A40:$D$11922,4,0))),)))","v":33},{"$f":"0.2549","v":0.25490000000000002},8.4116999999999997,null,{"$f":"H77*(1-CAPA!$D$13)","v":8.0752319999999997}]
["***","***","***","***","***","***","***","***","***"]
["CPU405","PROPRIA","Alvenaria de vedação com elemento vazado de concreto, veneziana 39x29x10",null,"m²",null,null,null,{"$f":"SUM(H80:H84)","v":386.19954666666666},{"$f":"SUM(J80:J84)","v":370.75156479999998}]
[100489,"SINAPI",{"$f":"IF(B80=\"SINAPI\",(IFERROR(VLOOKUP(A80,'CompSD SINAPI'!$B$11:$F$9784,2,0),VLOOKUP(CPU_Civil!A80,'ISD SINAPI'!$B$11:$F$4903,2,0))),IF(OR(B80=\"SICRO\",B80=\"SICRO3\"),(IFERROR(VLOOKUP(A80,'COMP SD SICRO'!$A$2:$D$6495,2,0),VLOOKUP(CPU_Civil!A80,'ISD SICRO'!$A$2:$D$2319,2,0))),IF(B80=\"SEINFRA\",(IFERROR(VLOOKUP(A80,'COMPSD SEINFRA'!$B$7:$G$5611,2,0),VLOOKUP(CPU_Civil!A80,'ISD SEINFRA'!A44:$D$11922,2,0))),)))","v":"ARGAMASSA TRAÇO 1:3 (EM VOLUME DE CIMENTO E AREIA MÉDIA ÚMIDA), PREPARO MECÂNICO COM BETONEIRA 600 L. AF_08/2019"},"COMPOSIÇÃO",{"$f":"IF(B80=\"SINAPI\",(IFERROR(VLOOKUP(A80,'CompSD SINAPI'!$B$11:$F$9784,3,0),VLOOKUP(CPU_Civil!A80,'ISD SINAPI'!$B$11:$F$4903,3,0))),IF(OR(B80=\"SICRO\",B80=\"SICRO3\"),(IFERROR(VLOOKUP(A80,'COMP SD SICRO'!$A$2:$D$6495,3,0),VLOOKUP(CPU_Civil!A80,'ISD SICRO'!$A$2:$D$2319,3,0))),IF(B80=\"SEINFRA\",(IFERROR(VLOOKUP(A80,'COMPSD SEINFRA'!$B$7:$G$5611,3,0),VLOOKUP(CPU_Civil!A80,'ISD SEINFRA'!A74:$D$11922,3,0))),)))","v":"M3"},{"$f":"IF(B80=\"SINAPI\",(IFERROR(VLOOKUP(A80,'CompSD SINAPI'!$B$11:$F$9784,4,0),VLOOKUP(CPU_Civil!A80,'ISD SINAPI'!$B$11:$F$4903,5,0))),IF(OR(B80=\"SICRO\",B80=\"SICRO3\"),(IFERROR(VLOOKUP(A80,'COMP SD SICRO'!$A$2:$D$6495,4,0),VLOOKUP(CPU_Civil!A80,'ISD SICRO'!$A$2:$D$2319,4,0))),IF(B80=\"SEINFRA\",(IFERROR(VLOOKUP(A80,'COMPSD SEINFRA'!$B$7:$G$5611,4,0),VLOOKUP(CPU_Civil!A80,'ISD SEINFRA'!A43:$D$11922,4,0))),)))","v":690.36},2.3E-2,{"$f":"F80*G80","v":15.87828},null,{"$f":"H80*(1-CAPA!$D$13)","v":15.2431488}]
[88309,"SINAPI",{"$f":"IF(B81=\"SINAPI\",(IFERROR(VLOOKUP(A81,'CompSD SINAPI'!$B$11:$F$9784,2,0),VLOOKUP(CPU_Civil!A81,'ISD SINAPI'!$B$11:$F$4903,2,0))),IF(OR(B81=\"SICRO\",B81=\"SICRO3\"),(IFERROR(VLOOKUP(A81,'COMP SD SICRO'!$A$2:$D$6495,2,0),VLOOKUP(CPU_Civil!A81,'ISD SICRO'!$A$2:$D$2319,2,0))),IF(B81=\"SEINFRA\",(IFERROR(VLOOKUP(A81,'COMPSD SEINFRA'!$B$7:$G$5611,2,0),VLOOKUP(CPU_Civil!A81,'ISD SEINFRA'!A45:$D$11922,2,0))),)))","v":"PEDREIRO COM ENCARGOS COMPLEMENTARES"},"COMPOSIÇÃO",{"$f":"IF(B81=\"SINAPI\",(IFERROR(VLOOKUP(A81,'CompSD SINAPI'!$B$11:$F$9784,3,0),VLOOKUP(CPU_Civil!A81,'ISD SINAPI'!$B$11:$F$4903,3,0))),IF(OR(B81=\"SICRO\",B81=\"SICRO3\"),(IFERROR(VLOOKUP(A81,'COMP SD SICRO'!$A$2:$D$6495,3,0),VLOOKUP(CPU_Civil!A81,'ISD SICRO'!$A$2:$D$2319,3,0))),IF(B81=\"SEINFRA\",(IFERROR(VLOOKUP(A81,'COMPSD SEINFRA'!$B$7:$G$5611,3,0),VLOOKUP(CPU_Civil!A81,'ISD SEINFRA'!A75:$D$11922,3,0))),)))","v":"H"},{"$f":"IF(B81=\"SINAPI\",(IFERROR(VLOOKUP(A81,'CompSD SINAPI'!$B$11:$F$9784,4,0),VLOOKUP(CPU_Civil!A81,'ISD SINAPI'!$B$11:$F$4903,5,0))),IF(OR(B81=\"SICRO\",B81=\"SICRO3\"),(IFERROR(VLOOKUP(A81,'COMP SD SICRO'!$A$2:$D$6495,4,0),VLOOKUP(CPU_Civil!A81,'ISD SICRO'!$A$2:$D$2319,4,0))),IF(B81=\"SEINFRA\",(IFERROR(VLOOKUP(A81,'COMPSD SEINFRA'!$B$7:$G$5611,4,0),VLOOKUP(CPU_Civil!A81,'ISD SEINFRA'!A44:$D$11922,4,0))),)))","v":30.01},2.2200000000000002,66.622200000000007,null,{"$f":"H81*(1-CAPA!$D$13)","v":63.957312000000002}]
[88316,"SINAPI",{"$f":"IF(B82=\"SINAPI\",(IFERROR(VLOOKUP(A82,'CompSD SINAPI'!$B$11:$F$9784,2,0),VLOOKUP(CPU_Civil!A82,'ISD SINAPI'!$B$11:$F$4903,2,0))),IF(OR(B82=\"SICRO\",B82=\"SICRO3\"),(IFERROR(VLOOKUP(A82,'COMP SD SICRO'!$A$2:$D$6495,2,0),VLOOKUP(CPU_Civil!A82,'ISD SICRO'!$A$2:$D$2319,2,0))),IF(B82=\"SEINFRA\",(IFERROR(VLOOKUP(A82,'COMPSD SEINFRA'!$B$7:$G$5611,2,0),VLOOKUP(CPU_Civil!A82,'ISD SEINFRA'!A46:$D$11922,2,0))),)))","v":"SERVENTE COM ENCARGOS COMPLEMENTARES"},"COMPOSIÇÃO",{"$f":"IF(B82=\"SINAPI\",(IFERROR(VLOOKUP(A82,'CompSD SINAPI'!$B$11:$F$9784,3,0),VLOOKUP(CPU_Civil!A82,'ISD SINAPI'!$B$11:$F$4903,3,0))),IF(OR(B82=\"SICRO\",B82=\"SICRO3\"),(IFERROR(VLOOKUP(A82,'COMP SD SICRO'!$A$2:$D$6495,3,0),VLOOKUP(CPU_Civil!A82,'ISD SICRO'!$A$2:$D$2319,3,0))),IF(B82=\"SEINFRA\",(IFERROR(VLOOKUP(A82,'COMPSD SEINFRA'!$B$7:$G$5611,3,0),VLOOKUP(CPU_Civil!A82,'ISD SEINFRA'!A76:$D$11922,3,0))),)))","v":"H"},{"$f":"IF(B82=\"SINAPI\",(IFERROR(VLOOKUP(A82,'CompSD SINAPI'!$B$11:$F$9784,4,0),VLOOKUP(CPU_Civil!A82,'ISD SINAPI'!$B$11:$F$4903,5,0))),IF(OR(B82=\"SICRO\",B82=\"SICRO3\"),(IFERROR(VLOOKUP(A82,'COMP SD SICRO'!$A$2:$D$6495,4,0),VLOOKUP(CPU_Civil!A82,'ISD SICRO'!$A$2:$D$2319,4,0))),IF(B82=\"SEINFRA\",(IFERROR(VLOOKUP(A82,'COMPSD SEINFRA'!$B$7:$G$5611,4,0),VLOOKUP(CPU_Civil!A82,'ISD SEINFRA'!A45:$D$11922,4,0))),)))","v":23.84},1.1100000000000001,26.462400000000002,null,{"$f":"H82*(1-CAPA!$D$13)","v":25.403904000000001}]
[10579,"SINAPI",{"$f":"IF(B83=\"SINAPI\",(IFERROR(VLOOKUP(A83,'CompSD SINAPI'!$B$11:$F$9784,2,0),VLOOKUP(CPU_Civil!A83,'ISD SINAPI'!$B$11:$F$4903,2,0))),IF(OR(B83=\"SICRO\",B83=\"SICRO3\"),(IFERROR(VLOOKUP(A83,'COMP SD SICRO'!$A$2:$D$6495,2,0),VLOOKUP(CPU_Civil!A83,'ISD SICRO'!$A$2:$D$2319,2,0))),IF(B83=\"SEINFRA\",(IFERROR(VLOOKUP(A83,'COMPSD SEINFRA'!$B$7:$G$5611,2,0),VLOOKUP(CPU_Civil!A83,'ISD SEINFRA'!A47:$D$11922,2,0))),)))","v":"ELEMENTO VAZADO DE CONCRETO, VENEZIANA *39 X 29 X 10* CM"},"INSUMO",{"$f":"IF(B83=\"SINAPI\",(IFERROR(VLOOKUP(A83,'CompSD SINAPI'!$B$11:$F$9784,3,0),VLOOKUP(CPU_Civil!A83,'ISD SINAPI'!$B$11:$F$4903,3,0))),IF(OR(B83=\"SICRO\",B83=\"SICRO3\"),(IFERROR(VLOOKUP(A83,'COMP SD SICRO'!$A$2:$D$6495,3,0),VLOOKUP(CPU_Civil!A83,'ISD SICRO'!$A$2:$D$2319,3,0))),IF(B83=\"SEINFRA\",(IFERROR(VLOOKUP(A83,'COMPSD SEINFRA'!$B$7:$G$5611,3,0),VLOOKUP(CPU_Civil!A83,'ISD SEINFRA'!A77:$D$11922,3,0))),)))","v":"UN"},{"$f":"IF(B83=\"SINAPI\",(IFERROR(VLOOKUP(A83,'CompSD SINAPI'!$B$11:$F$9784,4,0),VLOOKUP(CPU_Civil!A83,'ISD SINAPI'!$B$11:$F$4903,5,0))),IF(OR(B83=\"SICRO\",B83=\"SICRO3\"),(IFERROR(VLOOKUP(A83,'COMP SD SICRO'!$A$2:$D$6495,4,0),VLOOKUP(CPU_Civil!A83,'ISD SICRO'!$A$2:$D$2319,4,0))),IF(B83=\"SEINFRA\",(IFERROR(VLOOKUP(A83,'COMPSD SEINFRA'!$B$7:$G$5611,4,0),VLOOKUP(CPU_Civil!A83,'ISD SEINFRA'!A46:$D$11922,4,0))),)))","v":32.51},{"$f":"25/3","v":8.3333333333333339},270.91666666666669,null,{"$f":"H83*(1-CAPA!$D$13)","v":260.08}]
[37595,"SINAPI",{"$f":"IF(B84=\"SINAPI\",(IFERROR(VLOOKUP(A84,'CompSD SINAPI'!$B$11:$F$9784,2,0),VLOOKUP(CPU_Civil!A84,'ISD SINAPI'!$B$11:$F$4903,2,0))),IF(OR(B84=\"SICRO\",B84=\"SICRO3\"),(IFERROR(VLOOKUP(A84,'COMP SD SICRO'!$A$2:$D$6495,2,0),VLOOKUP(CPU_Civil!A84,'ISD SICRO'!$A$2:$D$2319,2,0))),IF(B84=\"SEINFRA\",(IFERROR(VLOOKUP(A84,'COMPSD SEINFRA'!$B$7:$G$5611,2,0),VLOOKUP(CPU_Civil!A84,'ISD SEINFRA'!A48:$D$11922,2,0))),)))","v":"ARGAMASSA COLANTE TIPO AC III"},"INSUMO",{"$f":"IF(B84=\"SINAPI\",(IFERROR(VLOOKUP(A84,'CompSD SINAPI'!$B$11:$F$9784,3,0),VLOOKUP(CPU_Civil!A84,'ISD SINAPI'!$B$11:$F$4903,3,0))),IF(OR(B84=\"SICRO\",B84=\"SICRO3\"),(IFERROR(VLOOKUP(A84,'COMP SD SICRO'!$A$2:$D$6495,3,0),VLOOKUP(CPU_Civil!A84,'ISD SICRO'!$A$2:$D$2319,3,0))),IF(B84=\"SEINFRA\",(IFERROR(VLOOKUP(A84,'COMPSD SEINFRA'!$B$7:$G$5611,3,0),VLOOKUP(CPU_Civil!A84,'ISD SEINFRA'!A78:$D$11922,3,0))),)))","v":"KG"},{"$f":"IF(B84=\"SINAPI\",(IFERROR(VLOOKUP(A84,'CompSD SINAPI'!$B$11:$F$9784,4,0),VLOOKUP(CPU_Civil!A84,'ISD SINAPI'!$B$11:$F$4903,5,0))),IF(OR(B84=\"SICRO\",B84=\"SICRO3\"),(IFERROR(VLOOKUP(A84,'COMP SD SICRO'!$A$2:$D$6495,4,0),VLOOKUP(CPU_Civil!A84,'ISD SICRO'!$A$2:$D$2319,4,0))),IF(B84=\"SEINFRA\",(IFERROR(VLOOKUP(A84,'COMPSD SEINFRA'!$B$7:$G$5611,4,0),VLOOKUP(CPU_Civil!A84,'ISD SEINFRA'!A47:$D$11922,4,0))),)))","v":3.16},2,6.32,null,{"$f":"H84*(1-CAPA!$D$13)","v":6.0671999999999997}]
["***","***","***","***","***","***","***","***","***"]
["CPU406a","PROPRIA","Fornecimento e instalação de porta  de enrolar 2,25x6,4 dupla, inclusive grade de proteção em metalon, pintadas em azul. Incluso cadeados.","COMPOSIÇÃO","cj",null,null,null,{"$f":"SUM(H87:H93)","v":13797.921800000004},{"$f":"SUM(J87:J93)","v":13246.004927999998}]
[12710,"ORSE","Porta de enrolar, em perfil meia cana fechado, em chapa de aço galvanizado nº22.","COMPOSIÇÃO","m²",356.55,{"$f":"4.5*6.4","v":28.8},10268.640000000001,null,{"$f":"H87*(1-CAPA!$D$13)","v":9857.894400000001}]
[13870,"ORSE","Grade em metalon 50 x 30 x 1,25mm, h = 1,65m.","COMPOSIÇÃO","m",560.22,4.75,2661.0450000000001,null,{"$f":"H88*(1-CAPA!$D$13)","v":2554.6032}]
[156,"SINAPI",{"$f":"IF(B89=\"SINAPI\",(IFERROR(VLOOKUP(A89,'CompSD SINAPI'!$B$11:$F$9784,2,0),VLOOKUP(CPU_Civil!A89,'ISD SINAPI'!$B$11:$F$4903,2,0))),IF(OR(B89=\"SICRO\",B89=\"SICRO3\"),(IFERROR(VLOOKUP(A89,'COMP SD SICRO'!$A$2:$D$6495,2,0),VLOOKUP(CPU_Civil!A89,'ISD SICRO'!$A$2:$D$2319,2,0))),IF(B89=\"SEINFRA\",(IFERROR(VLOOKUP(A89,'COMPSD SEINFRA'!$B$7:$G$5611,2,0),VLOOKUP(CPU_Civil!A89,'ISD SEINFRA'!A53:$D$11922,2,0))),)))","v":"ADESIVO ESTRUTURAL A BASE DE RESINA EPOXI, BICOMPONENTE, FLUIDO"},"INSUMO",{"$f":"IF(B89=\"SINAPI\",(IFERROR(VLOOKUP(A89,'CompSD SINAPI'!$B$11:$F$9784,3,0),VLOOKUP(CPU_Civil!A89,'ISD SINAPI'!$B$11:$F$4903,3,0))),IF(OR(B89=\"SICRO\",B89=\"SICRO3\"),(IFERROR(VLOOKUP(A89,'COMP SD SICRO'!$A$2:$D$6495,3,0),VLOOKUP(CPU_Civil!A89,'ISD SICRO'!$A$2:$D$2319,3,0))),IF(B89=\"SEINFRA\",(IFERROR(VLOOKUP(A89,'COMPSD SEINFRA'!$B$7:$G$5611,3,0),VLOOKUP(CPU_Civil!A89,'ISD SEINFRA'!A83:$D$11922,3,0))),)))","v":"KG"},{"$f":"IF(B89=\"SINAPI\",(IFERROR(VLOOKUP(A89,'CompSD SINAPI'!$B$11:$F$9784,4,0),VLOOKUP(CPU_Civil!A89,'ISD SINAPI'!$B$11:$F$4903,5,0))),IF(OR(B89=\"SICRO\",B89=\"SICRO3\"),(IFERROR(VLOOKUP(A89,'COMP SD SICRO'!$A$2:$D$6495,4,0),VLOOKUP(CPU_Civil!A89,'ISD SICRO'!$A$2:$D$2319,4,0))),IF(B89=\"SEINFRA\",(IFERROR(VLOOKUP(A89,'COMPSD SEINFRA'!$B$7:$G$5611,4,0),VLOOKUP(CPU_Civil!A89,'ISD SEINFRA'!A52:$D$11922,4,0))),)))","v":66.33},1.5,99.495000000000005,null,{"$f":"H89*(1-CAPA!$D$13)","v":95.515200000000007}]
[3768,"SINAPI",{"$f":"IF(B90=\"SINAPI\",(IFERROR(VLOOKUP(A90,'CompSD SINAPI'!$B$11:$F$9784,2,0),VLOOKUP(CPU_Civil!A90,'ISD SINAPI'!$B$11:$F$4903,2,0))),IF(OR(B90=\"SICRO\",B90=\"SICRO3\"),(IFERROR(VLOOKUP(A90,'COMP SD SICRO'!$A$2:$D$6495,2,0),VLOOKUP(CPU_Civil!A90,'ISD SICRO'!$A$2:$D$2319,2,0))),IF(B90=\"SEINFRA\",(IFERROR(VLOOKUP(A90,'COMPSD SEINFRA'!$B$7:$G$5611,2,0),VLOOKUP(CPU_Civil!A90,'ISD SEINFRA'!A54:$D$11922,2,0))),)))","v":"LIXA EM FOLHA PARA FERRO, NUMERO 150"},"INSUMO",{"$f":"IF(B90=\"SINAPI\",(IFERROR(VLOOKUP(A90,'CompSD SINAPI'!$B$11:$F$9784,3,0),VLOOKUP(CPU_Civil!A90,'ISD SINAPI'!$B$11:$F$4903,3,0))),IF(OR(B90=\"SICRO\",B90=\"SICRO3\"),(IFERROR(VLOOKUP(A90,'COMP SD SICRO'!$A$2:$D$6495,3,0),VLOOKUP(CPU_Civil!A90,'ISD SICRO'!$A$2:$D$2319,3,0))),IF(B90=\"SEINFRA\",(IFERROR(VLOOKUP(A90,'COMPSD SEINFRA'!$B$7:$G$5611,3,0),VLOOKUP(CPU_Civil!A90,'ISD SEINFRA'!A84:$D$11922,3,0))),)))","v":"UN"},{"$f":"IF(B90=\"SINAPI\",(IFERROR(VLOOKUP(A90,'CompSD SINAPI'!$B$11:$F$9784,4,0),VLOOKUP(CPU_Civil!A90,'ISD SINAPI'!$B$11:$F$4903,5,0))),IF(OR(B90=\"SICRO\",B90=\"SICRO3\"),(IFERROR(VLOOKUP(A90,'COMP SD SICRO'!$A$2:$D$6495,4,0),VLOOKUP(CPU_Civil!A90,'ISD SICRO'!$A$2:$D$2319,4,0))),IF(B90=\"SEINFRA\",(IFERROR(VLOOKUP(A90,'COMPSD SEINFRA'!$B$7:$G$5611,4,0),VLOOKUP(CPU_Civil!A90,'ISD SEINFRA'!A53:$D$11922,4,0))),)))","v":2.82},4,11.28,null,{"$f":"H90*(1-CAPA!$D$13)","v":10.828799999999999}]
[5318,"SINAPI",{"$f":"IF(B91=\"SINAPI\",(IFERROR(VLOOKUP(A91,'CompSD SINAPI'!$B$11:$F$9784,2,0),VLOOKUP(CPU_Civil!A91,'ISD SINAPI'!$B$11:$F$4903,2,0))),IF(OR(B91=\"SICRO\",B91=\"SICRO3\"),(IFERROR(VLOOKUP(A91,'COMP SD SICRO'!$A$2:$D$6495,2,0),VLOOKUP(CPU_Civil!A91,'ISD SICRO'!$A$2:$D$2319,2,0))),IF(B91=\"SEINFRA\",(IFERROR(VLOOKUP(A91,'COMPSD SEINFRA'!$B$7:$G$5611,2,0),VLOOKUP(CPU_Civil!A91,'ISD SEINFRA'!A55:$D$11922,2,0))),)))","v":"DILUENTE AGUARRAS"},"INSUMO",{"$f":"IF(B91=\"SINAPI\",(IFERROR(VLOOKUP(A91,'CompSD SINAPI'!$B$11:$F$9784,3,0),VLOOKUP(CPU_Civil!A91,'ISD SINAPI'!$B$11:$F$4903,3,0))),IF(OR(B91=\"SICRO\",B91=\"SICRO3\"),(IFERROR(VLOOKUP(A91,'COMP SD SICRO'!$A$2:$D$6495,3,0),VLOOKUP(CPU_Civil!A91,'ISD SICRO'!$A$2:$D$2319,3,0))),IF(B91=\"SEINFRA\",(IFERROR(VLOOKUP(A91,'COMPSD SEINFRA'!$B$7:$G$5611,3,0),VLOOKUP(CPU_Civil!A91,'ISD SEINFRA'!A85:$D$11922,3,0))),)))","v":"L"},{"$f":"IF(B91=\"SINAPI\",(IFERROR(VLOOKUP(A91,'CompSD SINAPI'!$B$11:$F$9784,4,0),VLOOKUP(CPU_Civil!A91,'ISD SINAPI'!$B$11:$F$4903,5,0))),IF(OR(B91=\"SICRO\",B91=\"SICRO3\"),(IFERROR(VLOOKUP(A91,'COMP SD SICRO'!$A$2:$D$6495,4,0),VLOOKUP(CPU_Civil!A91,'ISD SICRO'!$A$2:$D$2319,4,0))),IF(B91=\"SEINFRA\",(IFERROR(VLOOKUP(A91,'COMPSD SEINFRA'!$B$7:$G$5611,4,0),VLOOKUP(CPU_Civil!A91,'ISD SEINFRA'!A54:$D$11922,4,0))),)))","v":21.98},1,21.98,null,{"$f":"H91*(1-CAPA!$D$13)","v":21.1008}]
[7311,"SINAPI",{"$f":"IF(B92=\"SINAPI\",(IFERROR(VLOOKUP(A92,'CompSD SINAPI'!$B$11:$F$9784,2,0),VLOOKUP(CPU_Civil!A92,'ISD SINAPI'!$B$11:$F$4903,2,0))),IF(OR(B92=\"SICRO\",B92=\"SICRO3\"),(IFERROR(VLOOKUP(A92,'COMP SD SICRO'!$A$2:$D$6495,2,0),VLOOKUP(CPU_Civil!A92,'ISD SICRO'!$A$2:$D$2319,2,0))),IF(B92=\"SEINFRA\",(IFERROR(VLOOKUP(A92,'COMPSD SEINFRA'!$B$7:$G$5611,2,0),VLOOKUP(CPU_Civil!A92,'ISD SEINFRA'!A56:$D$11922,2,0))),)))","v":"TINTA ESMALTE SINTETICO PREMIUM ACETINADO"},"INSUMO",{"$f":"IF(B92=\"SINAPI\",(IFERROR(VLOOKUP(A92,'CompSD SINAPI'!$B$11:$F$9784,3,0),VLOOKUP(CPU_Civil!A92,'ISD SINAPI'!$B$11:$F$4903,3,0))),IF(OR(B92=\"SICRO\",B92=\"SICRO3\"),(IFERROR(VLOOKUP(A92,'COMP SD SICRO'!$A$2:$D$6495,3,0),VLOOKUP(CPU_Civil!A92,'ISD SICRO'!$A$2:$D$2319,3,0))),IF(B92=\"SEINFRA\",(IFERROR(VLOOKUP(A92,'COMPSD SEINFRA'!$B$7:$G$5611,3,0),VLOOKUP(CPU_Civil!A92,'ISD SEINFRA'!A86:$D$11922,3,0))),)))","v":"L"},{"$f":"IF(B92=\"SINAPI\",(IFERROR(VLOOKUP(A92,'CompSD SINAPI'!$B$11:$F$9784,4,0),VLOOKUP(CPU_Civil!A92,'ISD SINAPI'!$B$11:$F$4903,5,0))),IF(OR(B92=\"SICRO\",B92=\"SICRO3\"),(IFERROR(VLOOKUP(A92,'COMP SD SICRO'!$A$2:$D$6495,4,0),VLOOKUP(CPU_Civil!A92,'ISD SICRO'!$A$2:$D$2319,4,0))),IF(B92=\"SEINFRA\",(IFERROR(VLOOKUP(A92,'COMPSD SEINFRA'!$B$7:$G$5611,4,0),VLOOKUP(CPU_Civil!A92,'ISD SEINFRA'!A55:$D$11922,4,0))),)))","v":33},0.35460000000000003,11.7018,null,{"$f":"H92*(1-CAPA!$D$13)","v":11.233727999999999}]
[2940,"ORSE","Cadeado tetrachave 50 mm","INSUMO","und",120.63,6,723.78,null,{"$f":"H93*(1-CAPA!$D$13)","v":694.8288}]
["***","***","***","***","***","***","***","***","***"]
["CPU406b","PROPRIA","Fornecimento e instalação de portão  de acesso à caixa de válvulas, c/ tela galvanizada 25x25mm, pintado em azul. Inclusive cadeados.","COMPOSIÇÃO","cj",null,null,null,{"$f":"SUM(H96:H103)","v":1202.7517819999998},{"$f":"SUM(J96:J103)","v":1154.64171072}]
[12470,"ORSE","Portão em barras de ferro vert. quadr. 5/8\" c/ 12cm, 6 barras hor. 3/4\"x1/4\" (2 a 2) e quadro 1\"x1/4\", inclusive 3 dobradiças, ferrolho porta-cadeado, batedor e chumbadores","COMPOSIÇÃO","m²",129.93,{"$f":"2.1*2.5","v":5.25},682.13250000000005,null,{"$f":"H96*(1-CAPA!$D$13)","v":654.84720000000004}]
[156,"SINAPI",{"$f":"IF(B97=\"SINAPI\",(IFERROR(VLOOKUP(A97,'CompSD SINAPI'!$B$11:$F$9784,2,0),VLOOKUP(CPU_Civil!A97,'ISD SINAPI'!$B$11:$F$4903,2,0))),IF(OR(B97=\"SICRO\",B97=\"SICRO3\"),(IFERROR(VLOOKUP(A97,'COMP SD SICRO'!$A$2:$D$6495,2,0),VLOOKUP(CPU_Civil!A97,'ISD SICRO'!$A$2:$D$2319,2,0))),IF(B97=\"SEINFRA\",(IFERROR(VLOOKUP(A97,'COMPSD SEINFRA'!$B$7:$G$5611,2,0),VLOOKUP(CPU_Civil!A97,'ISD SEINFRA'!A61:$D$11922,2,0))),)))","v":"ADESIVO ESTRUTURAL A BASE DE RESINA EPOXI, BICOMPONENTE, FLUIDO"},"INSUMO",{"$f":"IF(B97=\"SINAPI\",(IFERROR(VLOOKUP(A97,'CompSD SINAPI'!$B$11:$F$9784,3,0),VLOOKUP(CPU_Civil!A97,'ISD SINAPI'!$B$11:$F$4903,3,0))),IF(OR(B97=\"SICRO\",B97=\"SICRO3\"),(IFERROR(VLOOKUP(A97,'COMP SD SICRO'!$A$2:$D$6495,3,0),VLOOKUP(CPU_Civil!A97,'ISD SICRO'!$A$2:$D$2319,3,0))),IF(B97=\"SEINFRA\",(IFERROR(VLOOKUP(A97,'COMPSD SEINFRA'!$B$7:$G$5611,3,0),VLOOKUP(CPU_Civil!A97,'ISD SEINFRA'!A91:$D$11922,3,0))),)))","v":"KG"},{"$f":"IF(B97=\"SINAPI\",(IFERROR(VLOOKUP(A97,'CompSD SINAPI'!$B$11:$F$9784,4,0),VLOOKUP(CPU_Civil!A97,'ISD SINAPI'!$B$11:$F$4903,5,0))),IF(OR(B97=\"SICRO\",B97=\"SICRO3\"),(IFERROR(VLOOKUP(A97,'COMP SD SICRO'!$A$2:$D$6495,4,0),VLOOKUP(CPU_Civil!A97,'ISD SICRO'!$A$2:$D$2319,4,0))),IF(B97=\"SEINFRA\",(IFERROR(VLOOKUP(A97,'COMPSD SEINFRA'!$B$7:$G$5611,4,0),VLOOKUP(CPU_Civil!A97,'ISD SEINFRA'!A60:$D$11922,4,0))),)))","v":66.33},1.5,99.495000000000005,null,{"$f":"H97*(1-CAPA!$D$13)","v":95.515200000000007}]
[37411,"SINAPI",{"$f":"IF(B98=\"SINAPI\",(IFERROR(VLOOKUP(A98,'CompSD SINAPI'!$B$11:$F$9784,2,0),VLOOKUP(CPU_Civil!A98,'ISD SINAPI'!$B$11:$F$4903,2,0))),IF(OR(B98=\"SICRO\",B98=\"SICRO3\"),(IFERROR(VLOOKUP(A98,'COMP SD SICRO'!$A$2:$D$6495,2,0),VLOOKUP(CPU_Civil!A98,'ISD SICRO'!$A$2:$D$2319,2,0))),IF(B98=\"SEINFRA\",(IFERROR(VLOOKUP(A98,'COMPSD SEINFRA'!$B$7:$G$5611,2,0),VLOOKUP(CPU_Civil!A98,'ISD SEINFRA'!A62:$D$11922,2,0))),)))","v":"TELA DE ACO SOLDADA GALVANIZADA/ZINCADA PARA ALVENARIA, FIO D = *1,24 MM, MALHA 25 X 25 MM"},"INSUMO",{"$f":"IF(B98=\"SINAPI\",(IFERROR(VLOOKUP(A98,'CompSD SINAPI'!$B$11:$F$9784,3,0),VLOOKUP(CPU_Civil!A98,'ISD SINAPI'!$B$11:$F$4903,3,0))),IF(OR(B98=\"SICRO\",B98=\"SICRO3\"),(IFERROR(VLOOKUP(A98,'COMP SD SICRO'!$A$2:$D$6495,3,0),VLOOKUP(CPU_Civil!A98,'ISD SICRO'!$A$2:$D$2319,3,0))),IF(B98=\"SEINFRA\",(IFERROR(VLOOKUP(A98,'COMPSD SEINFRA'!$B$7:$G$5611,3,0),VLOOKUP(CPU_Civil!A98,'ISD SEINFRA'!A92:$D$11922,3,0))),)))","v":"M2"},14.36,{"$f":"G96","v":5.25},75.39,null,{"$f":"H98*(1-CAPA!$D$13)","v":72.374399999999994}]
[3768,"SINAPI",{"$f":"IF(B99=\"SINAPI\",(IFERROR(VLOOKUP(A99,'CompSD SINAPI'!$B$11:$F$9784,2,0),VLOOKUP(CPU_Civil!A99,'ISD SINAPI'!$B$11:$F$4903,2,0))),IF(OR(B99=\"SICRO\",B99=\"SICRO3\"),(IFERROR(VLOOKUP(A99,'COMP SD SICRO'!$A$2:$D$6495,2,0),VLOOKUP(CPU_Civil!A99,'ISD SICRO'!$A$2:$D$2319,2,0))),IF(B99=\"SEINFRA\",(IFERROR(VLOOKUP(A99,'COMPSD SEINFRA'!$B$7:$G$5611,2,0),VLOOKUP(CPU_Civil!A99,'ISD SEINFRA'!A63:$D$11922,2,0))),)))","v":"LIXA EM FOLHA PARA FERRO, NUMERO 150"},"INSUMO",{"$f":"IF(B99=\"SINAPI\",(IFERROR(VLOOKUP(A99,'CompSD SINAPI'!$B$11:$F$9784,3,0),VLOOKUP(CPU_Civil!A99,'ISD SINAPI'!$B$11:$F$4903,3,0))),IF(OR(B99=\"SICRO\",B99=\"SICRO3\"),(IFERROR(VLOOKUP(A99,'COMP SD SICRO'!$A$2:$D$6495,3,0),VLOOKUP(CPU_Civil!A99,'ISD SICRO'!$A$2:$D$2319,3,0))),IF(B99=\"SEINFRA\",(IFERROR(VLOOKUP(A99,'COMPSD SEINFRA'!$B$7:$G$5611,3,0),VLOOKUP(CPU_Civil!A99,'ISD SEINFRA'!A93:$D$11922,3,0))),)))","v":"UN"},{"$f":"IF(B99=\"SINAPI\",(IFERROR(VLOOKUP(A99,'CompSD SINAPI'!$B$11:$F$9784,4,0),VLOOKUP(CPU_Civil!A99,'ISD SINAPI'!$B$11:$F$4903,5,0))),IF(OR(B99=\"SICRO\",B99=\"SICRO3\"),(IFERROR(VLOOKUP(A99,'COMP SD SICRO'!$A$2:$D$6495,4,0),VLOOKUP(CPU_Civil!A99,'ISD SICRO'!$A$2:$D$2319,4,0))),IF(B99=\"SEINFRA\",(IFERROR(VLOOKUP(A99,'COMPSD SEINFRA'!$B$7:$G$5611,4,0),VLOOKUP(CPU_Civil!A99,'ISD SEINFRA'!A62:$D$11922,4,0))),)))","v":2.82},4,11.28,null,{"$f":"H99*(1-CAPA!$D$13)","v":10.828799999999999}]
[5318,"SINAPI",{"$f":"IF(B100=\"SINAPI\",(IFERROR(VLOOKUP(A100,'CompSD SINAPI'!$B$11:$F$9784,2,0),VLOOKUP(CPU_Civil!A100,'ISD SINAPI'!$B$11:$F$4903,2,0))),IF(OR(B100=\"SICRO\",B100=\"SICRO3\"),(IFERROR(VLOOKUP(A100,'COMP SD SICRO'!$A$2:$D$6495,2,0),VLOOKUP(CPU_Civil!A100,'ISD SICRO'!$A$2:$D$2319,2,0))),IF(B100=\"SEINFRA\",(IFERROR(VLOOKUP(A100,'COMPSD SEINFRA'!$B$7:$G$5611,2,0),VLOOKUP(CPU_Civil!A100,'ISD SEINFRA'!A64:$D$11922,2,0))),)))","v":"DILUENTE AGUARRAS"},"INSUMO",{"$f":"IF(B100=\"SINAPI\",(IFERROR(VLOOKUP(A100,'CompSD SINAPI'!$B$11:$F$9784,3,0),VLOOKUP(CPU_Civil!A100,'ISD SINAPI'!$B$11:$F$4903,3,0))),IF(OR(B100=\"SICRO\",B100=\"SICRO3\"),(IFERROR(VLOOKUP(A100,'COMP SD SICRO'!$A$2:$D$6495,3,0),VLOOKUP(CPU_Civil!A100,'ISD SICRO'!$A$2:$D$2319,3,0))),IF(B100=\"SEINFRA\",(IFERROR(VLOOKUP(A100,'COMPSD SEINFRA'!$B$7:$G$5611,3,0),VLOOKUP(CPU_Civil!A100,'ISD SEINFRA'!A94:$D$11922,3,0))),)))","v":"L"},{"$f":"IF(B100=\"SINAPI\",(IFERROR(VLOOKUP(A100,'CompSD SINAPI'!$B$11:$F$9784,4,0),VLOOKUP(CPU_Civil!A100,'ISD SINAPI'!$B$11:$F$4903,5,0))),IF(OR(B100=\"SICRO\",B100=\"SICRO3\"),(IFERROR(VLOOKUP(A100,'COMP SD SICRO'!$A$2:$D$6495,4,0),VLOOKUP(CPU_Civil!A100,'ISD SICRO'!$A$2:$D$2319,4,0))),IF(B100=\"SEINFRA\",(IFERROR(VLOOKUP(A100,'COMPSD SEINFRA'!$B$7:$G$5611,4,0),VLOOKUP(CPU_Civil!A100,'ISD SEINFRA'!A63:$D$11922,4,0))),)))","v":21.98},{"$f":"1.8*0.0255","v":4.5899999999999996E-2},1.0088819999999998,null,{"$f":"H100*(1-CAPA!$D$13)","v":0.96852671999999984}]
[7307,"SINAPI","FUNDO ANTICORROSIVO PARA METAIS FERROSOS (ZARCAO)","INSUMO","L",{"$f":"IF(B101=\"SINAPI\",(IFERROR(VLOOKUP(A101,'CompSD SINAPI'!$B$11:$F$9784,4,0),VLOOKUP(CPU_Civil!A101,'ISD SINAPI'!$B$11:$F$4903,5,0))),IF(OR(B101=\"SICRO\",B101=\"SICRO3\"),(IFERROR(VLOOKUP(A101,'COMP SD SICRO'!$A$2:$D$6495,4,0),VLOOKUP(CPU_Civil!A101,'ISD SICRO'!$A$2:$D$2319,4,0))),IF(B101=\"SEINFRA\",(IFERROR(VLOOKUP(A101,'COMPSD SEINFRA'!$B$7:$G$5611,4,0),VLOOKUP(CPU_Civil!A101,'ISD SEINFRA'!A65:$D$11922,4,0))),)))","v":34.46},9.5000000000000001E-2,3.2737000000000003,null,{"$f":"H101*(1-CAPA!$D$13)","v":3.1427520000000002}]
[7311,"SINAPI",{"$f":"IF(B102=\"SINAPI\",(IFERROR(VLOOKUP(A102,'CompSD SINAPI'!$B$11:$F$9784,2,0),VLOOKUP(CPU_Civil!A102,'ISD SINAPI'!$B$11:$F$4903,2,0))),IF(OR(B102=\"SICRO\",B102=\"SICRO3\"),(IFERROR(VLOOKUP(A102,'COMP SD SICRO'!$A$2:$D$6495,2,0),VLOOKUP(CPU_Civil!A102,'ISD SICRO'!$A$2:$D$2319,2,0))),IF(B102=\"SEINFRA\",(IFERROR(VLOOKUP(A102,'COMPSD SEINFRA'!$B$7:$G$5611,2,0),VLOOKUP(CPU_Civil!A102,'ISD SEINFRA'!A65:$D$11922,2,0))),)))","v":"TINTA ESMALTE SINTETICO PREMIUM ACETINADO"},"INSUMO",{"$f":"IF(B102=\"SINAPI\",(IFERROR(VLOOKUP(A102,'CompSD SINAPI'!$B$11:$F$9784,3,0),VLOOKUP(CPU_Civil!A102,'ISD SINAPI'!$B$11:$F$4903,3,0))),IF(OR(B102=\"SICRO\",B102=\"SICRO3\"),(IFERROR(VLOOKUP(A102,'COMP SD SICRO'!$A$2:$D$6495,3,0),VLOOKUP(CPU_Civil!A102,'ISD SICRO'!$A$2:$D$2319,3,0))),IF(B102=\"SEINFRA\",(IFERROR(VLOOKUP(A102,'COMPSD SEINFRA'!$B$7:$G$5611,3,0),VLOOKUP(CPU_Civil!A102,'ISD SEINFRA'!A95:$D$11922,3,0))),)))","v":"L"},{"$f":"IF(B102=\"SINAPI\",(IFERROR(VLOOKUP(A102,'CompSD SINAPI'!$B$11:$F$9784,4,0),VLOOKUP(CPU_Civil!A102,'ISD SINAPI'!$B$11:$F$4903,5,0))),IF(OR(B102=\"SICRO\",B102=\"SICRO3\"),(IFERROR(VLOOKUP(A102,'COMP SD SICRO'!$A$2:$D$6495,4,0),VLOOKUP(CPU_Civil!A102,'ISD SICRO'!$A$2:$D$2319,4,0))),IF(B102=\"SEINFRA\",(IFERROR(VLOOKUP(A102,'COMPSD SEINFRA'!$B$7:$G$5611,4,0),VLOOKUP(CPU_Civil!A102,'ISD SEINFRA'!A64:$D$11922,4,0))),)))","v":33},0.25490000000000002,8.4116999999999997,null,{"$f":"H102*(1-CAPA!$D$13)","v":8.0752319999999997}]
[11395,"ORSE","Cadeado Q 70mm, CRT Tetra Papaiz ou similar","INSUMO","und",160.88,2,321.76,null,{"$f":"H103*(1-CAPA!$D$13)","v":308.88959999999997}]
["***","***","***","***","***","***","***","***","***"]
["CPU407","PROPRIA","Lixamento, limpeza e pintura com tinta alquídica em escadas marinheiro, parapeitos, corrimãos e gradis.","COMPOSIÇÃO","m",null,null,null,{"$f":"SUM(H106:H112)","v":17.221730000000001},{"$f":"SUM(J106:J112)","v":16.532860799999998}]
[88310,"SINAPI",{"$f":"IF(B106=\"SINAPI\",(IFERROR(VLOOKUP(A106,'CompSD SINAPI'!$B$11:$F$9784,2,0),VLOOKUP(CPU_Civil!A106,'ISD SINAPI'!$B$11:$F$4903,2,0))),IF(OR(B106=\"SICRO\",B106=\"SICRO3\"),(IFERROR(VLOOKUP(A106,'COMP SD SICRO'!$A$2:$D$6495,2,0),VLOOKUP(CPU_Civil!A106,'ISD SICRO'!$A$2:$D$2319,2,0))),IF(B106=\"SEINFRA\",(IFERROR(VLOOKUP(A106,'COMPSD SEINFRA'!$B$7:$G$5611,2,0),VLOOKUP(CPU_Civil!A106,'ISD SEINFRA'!A69:$D$11922,2,0))),)))","v":"PINTOR COM ENCARGOS COMPLEMENTARES"},"COMPOSIÇÃO",{"$f":"IF(B106=\"SINAPI\",(IFERROR(VLOOKUP(A106,'CompSD SINAPI'!$B$11:$F$9784,3,0),VLOOKUP(CPU_Civil!A106,'ISD SINAPI'!$B$11:$F$4903,3,0))),IF(OR(B106=\"SICRO\",B106=\"SICRO3\"),(IFERROR(VLOOKUP(A106,'COMP SD SICRO'!$A$2:$D$6495,3,0),VLOOKUP(CPU_Civil!A106,'ISD SICRO'!$A$2:$D$2319,3,0))),IF(B106=\"SEINFRA\",(IFERROR(VLOOKUP(A106,'COMPSD SEINFRA'!$B$7:$G$5611,3,0),VLOOKUP(CPU_Civil!A106,'ISD SEINFRA'!A99:$D$11922,3,0))),)))","v":"H"},{"$f":"IF(B106=\"SINAPI\",(IFERROR(VLOOKUP(A106,'CompSD SINAPI'!$B$11:$F$9784,4,0),VLOOKUP(CPU_Civil!A106,'ISD SINAPI'!$B$11:$F$4903,5,0))),IF(OR(B106=\"SICRO\",B106=\"SICRO3\"),(IFERROR(VLOOKUP(A106,'COMP SD SICRO'!$A$2:$D$6495,4,0),VLOOKUP(CPU_Civil!A106,'ISD SICRO'!$A$2:$D$2319,4,0))),IF(B106=\"SEINFRA\",(IFERROR(VLOOKUP(A106,'COMPSD SEINFRA'!$B$7:$G$5611,4,0),VLOOKUP(CPU_Civil!A106,'ISD SEINFRA'!A68:$D$11922,4,0))),)))","v":32.97},0.14000000000000001,4.6158000000000001,null,{"$f":"H106*(1-CAPA!$D$13)","v":4.4311679999999996}]
[88316,"SINAPI",{"$f":"IF(B107=\"SINAPI\",(IFERROR(VLOOKUP(A107,'CompSD SINAPI'!$B$11:$F$9784,2,0),VLOOKUP(CPU_Civil!A107,'ISD SINAPI'!$B$11:$F$4903,2,0))),IF(OR(B107=\"SICRO\",B107=\"SICRO3\"),(IFERROR(VLOOKUP(A107,'COMP SD SICRO'!$A$2:$D$6495,2,0),VLOOKUP(CPU_Civil!A107,'ISD SICRO'!$A$2:$D$2319,2,0))),IF(B107=\"SEINFRA\",(IFERROR(VLOOKUP(A107,'COMPSD SEINFRA'!$B$7:$G$5611,2,0),VLOOKUP(CPU_Civil!A107,'ISD SEINFRA'!A70:$D$11922,2,0))),)))","v":"SERVENTE COM ENCARGOS COMPLEMENTARES"},"COMPOSIÇÃO",{"$f":"IF(B107=\"SINAPI\",(IFERROR(VLOOKUP(A107,'CompSD SINAPI'!$B$11:$F$9784,3,0),VLOOKUP(CPU_Civil!A107,'ISD SINAPI'!$B$11:$F$4903,3,0))),IF(OR(B107=\"SICRO\",B107=\"SICRO3\"),(IFERROR(VLOOKUP(A107,'COMP SD SICRO'!$A$2:$D$6495,3,0),VLOOKUP(CPU_Civil!A107,'ISD SICRO'!$A$2:$D$2319,3,0))),IF(B107=\"SEINFRA\",(IFERROR(VLOOKUP(A107,'COMPSD SEINFRA'!$B$7:$G$5611,3,0),VLOOKUP(CPU_Civil!A107,'ISD SEINFRA'!A100:$D$11922,3,0))),)))","v":"H"},{"$f":"IF(B107=\"SINAPI\",(IFERROR(VLOOKUP(A107,'CompSD SINAPI'!$B$11:$F$9784,4,0),VLOOKUP(CPU_Civil!A107,'ISD SINAPI'!$B$11:$F$4903,5,0))),IF(OR(B107=\"SICRO\",B107=\"SICRO3\"),(IFERROR(VLOOKUP(A107,'COMP SD SICRO'!$A$2:$D$6495,4,0),VLOOKUP(CPU_Civil!A107,'ISD SICRO'!$A$2:$D$2319,4,0))),IF(B107=\"SEINFRA\",(IFERROR(VLOOKUP(A107,'COMPSD SEINFRA'!$B$7:$G$5611,4,0),VLOOKUP(CPU_Civil!A107,'ISD SEINFRA'!A69:$D$11922,4,0))),)))","v":23.84},0.14000000000000001,3.3376000000000001,null,{"$f":"H107*(1-CAPA!$D$13)","v":3.2040959999999998}]
[3768,"SINAPI",{"$f":"IF(B108=\"SINAPI\",(IFERROR(VLOOKUP(A108,'CompSD SINAPI'!$B$11:$F$9784,2,0),VLOOKUP(CPU_Civil!A108,'ISD SINAPI'!$B$11:$F$4903,2,0))),IF(OR(B108=\"SICRO\",B108=\"SICRO3\"),(IFERROR(VLOOKUP(A108,'COMP SD SICRO'!$A$2:$D$6495,2,0),VLOOKUP(CPU_Civil!A108,'ISD SICRO'!$A$2:$D$2319,2,0))),IF(B108=\"SEINFRA\",(IFERROR(VLOOKUP(A108,'COMPSD SEINFRA'!$B$7:$G$5611,2,0),VLOOKUP(CPU_Civil!A108,'ISD SEINFRA'!A71:$D$11922,2,0))),)))","v":"LIXA EM FOLHA PARA FERRO, NUMERO 150"},"INSUMO",{"$f":"IF(B108=\"SINAPI\",(IFERROR(VLOOKUP(A108,'CompSD SINAPI'!$B$11:$F$9784,3,0),VLOOKUP(CPU_Civil!A108,'ISD SINAPI'!$B$11:$F$4903,3,0))),IF(OR(B108=\"SICRO\",B108=\"SICRO3\"),(IFERROR(VLOOKUP(A108,'COMP SD SICRO'!$A$2:$D$6495,3,0),VLOOKUP(CPU_Civil!A108,'ISD SICRO'!$A$2:$D$2319,3,0))),IF(B108=\"SEINFRA\",(IFERROR(VLOOKUP(A108,'COMPSD SEINFRA'!$B$7:$G$5611,3,0),VLOOKUP(CPU_Civil!A108,'ISD SEINFRA'!A101:$D$11922,3,0))),)))","v":"UN"},{"$f":"IF(B108=\"SINAPI\",(IFERROR(VLOOKUP(A108,'CompSD SINAPI'!$B$11:$F$9784,4,0),VLOOKUP(CPU_Civil!A108,'ISD SINAPI'!$B$11:$F$4903,5,0))),IF(OR(B108=\"SICRO\",B108=\"SICRO3\"),(IFERROR(VLOOKUP(A108,'COMP SD SICRO'!$A$2:$D$6495,4,0),VLOOKUP(CPU_Civil!A108,'ISD SICRO'!$A$2:$D$2319,4,0))),IF(B108=\"SEINFRA\",(IFERROR(VLOOKUP(A108,'COMPSD SEINFRA'!$B$7:$G$5611,4,0),VLOOKUP(CPU_Civil!A108,'ISD SEINFRA'!A70:$D$11922,4,0))),)))","v":2.82},1.2999999999999999E-2,3.6659999999999998E-2,null,{"$f":"H108*(1-CAPA!$D$13)","v":3.5193599999999998E-2}]
[12,"SINAPI",{"$f":"IF(B109=\"SINAPI\",(IFERROR(VLOOKUP(A109,'CompSD SINAPI'!$B$11:$F$9784,2,0),VLOOKUP(CPU_Civil!A109,'ISD SINAPI'!$B$11:$F$4903,2,0))),IF(OR(B109=\"SICRO\",B109=\"SICRO3\"),(IFERROR(VLOOKUP(A109,'COMP SD SICRO'!$A$2:$D$6495,2,0),VLOOKUP(CPU_Civil!A109,'ISD SICRO'!$A$2:$D$2319,2,0))),IF(B109=\"SEINFRA\",(IFERROR(VLOOKUP(A109,'COMPSD SEINFRA'!$B$7:$G$5611,2,0),VLOOKUP(CPU_Civil!A109,'ISD SEINFRA'!A72:$D$11922,2,0))),)))","v":"ESCOVA DE ACO, COM CABO, *4 X 15* FILEIRAS DE CERDAS"},"INSUMO",{"$f":"IF(B109=\"SINAPI\",(IFERROR(VLOOKUP(A109,'CompSD SINAPI'!$B$11:$F$9784,3,0),VLOOKUP(CPU_Civil!A109,'ISD SINAPI'!$B$11:$F$4903,3,0))),IF(OR(B109=\"SICRO\",B109=\"SICRO3\"),(IFERROR(VLOOKUP(A109,'COMP SD SICRO'!$A$2:$D$6495,3,0),VLOOKUP(CPU_Civil!A109,'ISD SICRO'!$A$2:$D$2319,3,0))),IF(B109=\"SEINFRA\",(IFERROR(VLOOKUP(A109,'COMPSD SEINFRA'!$B$7:$G$5611,3,0),VLOOKUP(CPU_Civil!A109,'ISD SEINFRA'!A102:$D$11922,3,0))),)))","v":"UN"},{"$f":"IF(B109=\"SINAPI\",(IFERROR(VLOOKUP(A109,'CompSD SINAPI'!$B$11:$F$9784,4,0),VLOOKUP(CPU_Civil!A109,'ISD SINAPI'!$B$11:$F$4903,5,0))),IF(OR(B109=\"SICRO\",B109=\"SICRO3\"),(IFERROR(VLOOKUP(A109,'COMP SD SICRO'!$A$2:$D$6495,4,0),VLOOKUP(CPU_Civil!A109,'ISD SICRO'!$A$2:$D$2319,4,0))),IF(B109=\"SEINFRA\",(IFERROR(VLOOKUP(A109,'COMPSD SEINFRA'!$B$7:$G$5611,4,0),VLOOKUP(CPU_Civil!A109,'ISD SEINFRA'!A71:$D$11922,4,0))),)))","v":7.49},1.2E-2,8.9880000000000002E-2,null,{"$f":"H109*(1-CAPA!$D$13)","v":8.6284799999999995E-2}]
[7307,"SINAPI","FUNDO ANTICORROSIVO PARA METAIS FERROSOS (ZARCAO)","INSUMO","L",{"$f":"IF(B110=\"SINAPI\",(IFERROR(VLOOKUP(A110,'CompSD SINAPI'!$B$11:$F$9784,4,0),VLOOKUP(CPU_Civil!A110,'ISD SINAPI'!$B$11:$F$4903,5,0))),IF(OR(B110=\"SICRO\",B110=\"SICRO3\"),(IFERROR(VLOOKUP(A110,'COMP SD SICRO'!$A$2:$D$6495,4,0),VLOOKUP(CPU_Civil!A110,'ISD SICRO'!$A$2:$D$2319,4,0))),IF(B110=\"SEINFRA\",(IFERROR(VLOOKUP(A110,'COMPSD SEINFRA'!$B$7:$G$5611,4,0),VLOOKUP(CPU_Civil!A110,'ISD SEINFRA'!A74:$D$11922,4,0))),)))","v":34.46},7.4999999999999997E-2,{"$f":"F110*G110","v":2.5844999999999998},null,{"$f":"H110*(1-CAPA!$D$13)","v":2.4811199999999998}]
[5318,"SINAPI",{"$f":"IF(B111=\"SINAPI\",(IFERROR(VLOOKUP(A111,'CompSD SINAPI'!$B$11:$F$9784,2,0),VLOOKUP(CPU_Civil!A111,'ISD SINAPI'!$B$11:$F$4903,2,0))),IF(OR(B111=\"SICRO\",B111=\"SICRO3\"),(IFERROR(VLOOKUP(A111,'COMP SD SICRO'!$A$2:$D$6495,2,0),VLOOKUP(CPU_Civil!A111,'ISD SICRO'!$A$2:$D$2319,2,0))),IF(B111=\"SEINFRA\",(IFERROR(VLOOKUP(A111,'COMPSD SEINFRA'!$B$7:$G$5611,2,0),VLOOKUP(CPU_Civil!A111,'ISD SEINFRA'!A73:$D$11922,2,0))),)))","v":"DILUENTE AGUARRAS"},"INSUMO",{"$f":"IF(B111=\"SINAPI\",(IFERROR(VLOOKUP(A111,'CompSD SINAPI'!$B$11:$F$9784,3,0),VLOOKUP(CPU_Civil!A111,'ISD SINAPI'!$B$11:$F$4903,3,0))),IF(OR(B111=\"SICRO\",B111=\"SICRO3\"),(IFERROR(VLOOKUP(A111,'COMP SD SICRO'!$A$2:$D$6495,3,0),VLOOKUP(CPU_Civil!A111,'ISD SICRO'!$A$2:$D$2319,3,0))),IF(B111=\"SEINFRA\",(IFERROR(VLOOKUP(A111,'COMPSD SEINFRA'!$B$7:$G$5611,3,0),VLOOKUP(CPU_Civil!A111,'ISD SEINFRA'!A103:$D$11922,3,0))),)))","v":"L"},{"$f":"IF(B111=\"SINAPI\",(IFERROR(VLOOKUP(A111,'CompSD SINAPI'!$B$11:$F$9784,4,0),VLOOKUP(CPU_Civil!A111,'ISD SINAPI'!$B$11:$F$4903,5,0))),IF(OR(B111=\"SICRO\",B111=\"SICRO3\"),(IFERROR(VLOOKUP(A111,'COMP SD SICRO'!$A$2:$D$6495,4,0),VLOOKUP(CPU_Civil!A111,'ISD SICRO'!$A$2:$D$2319,4,0))),IF(B111=\"SEINFRA\",(IFERROR(VLOOKUP(A111,'COMPSD SEINFRA'!$B$7:$G$5611,4,0),VLOOKUP(CPU_Civil!A111,'ISD SEINFRA'!A72:$D$11922,4,0))),)))","v":21.98},{"$f":"0.0455","v":4.5499999999999999E-2},1.0000899999999999,null,{"$f":"H111*(1-CAPA!$D$13)","v":0.9600863999999999}]
[7311,"SINAPI",{"$f":"IF(B112=\"SINAPI\",(IFERROR(VLOOKUP(A112,'CompSD SINAPI'!$B$11:$F$9784,2,0),VLOOKUP(CPU_Civil!A112,'ISD SINAPI'!$B$11:$F$4903,2,0))),IF(OR(B112=\"SICRO\",B112=\"SICRO3\"),(IFERROR(VLOOKUP(A112,'COMP SD SICRO'!$A$2:$D$6495,2,0),VLOOKUP(CPU_Civil!A112,'ISD SICRO'!$A$2:$D$2319,2,0))),IF(B112=\"SEINFRA\",(IFERROR(VLOOKUP(A112,'COMPSD SEINFRA'!$B$7:$G$5611,2,0),VLOOKUP(CPU_Civil!A112,'ISD SEINFRA'!A74:$D$11922,2,0))),)))","v":"TINTA ESMALTE SINTETICO PREMIUM ACETINADO"},"INSUMO",{"$f":"IF(B112=\"SINAPI\",(IFERROR(VLOOKUP(A112,'CompSD SINAPI'!$B$11:$F$9784,3,0),VLOOKUP(CPU_Civil!A112,'ISD SINAPI'!$B$11:$F$4903,3,0))),IF(OR(B112=\"SICRO\",B112=\"SICRO3\"),(IFERROR(VLOOKUP(A112,'COMP SD SICRO'!$A$2:$D$6495,3,0),VLOOKUP(CPU_Civil!A112,'ISD SICRO'!$A$2:$D$2319,3,0))),IF(B112=\"SEINFRA\",(IFERROR(VLOOKUP(A112,'COMPSD SEINFRA'!$B$7:$G$5611,3,0),VLOOKUP(CPU_Civil!A112,'ISD SEINFRA'!A104:$D$11922,3,0))),)))","v":"L"},{"$f":"IF(B112=\"SINAPI\",(IFERROR(VLOOKUP(A112,'CompSD SINAPI'!$B$11:$F$9784,4,0),VLOOKUP(CPU_Civil!A112,'ISD SINAPI'!$B$11:$F$4903,5,0))),IF(OR(B112=\"SICRO\",B112=\"SICRO3\"),(IFERROR(VLOOKUP(A112,'COMP SD SICRO'!$A$2:$D$6495,4,0),VLOOKUP(CPU_Civil!A112,'ISD SICRO'!$A$2:$D$2319,4,0))),IF(B112=\"SEINFRA\",(IFERROR(VLOOKUP(A112,'COMPSD SEINFRA'!$B$7:$G$5611,4,0),VLOOKUP(CPU_Civil!A112,'ISD SEINFRA'!A73:$D$11922,4,0))),)))","v":33},0.16839999999999999,5.5571999999999999,null,{"$f":"H112*(1-CAPA!$D$13)","v":5.3349120000000001}]
["***","***","***","***","***","***","***","***","***"]
["CPU408","PROPRIA","Remoção de camadas de pintura de panos de fachadas com disco de desbaste.","COMPOSIÇÃO","m²",null,null,null,{"$f":"SUM(H115:H116)","v":8.6515386666666654},{"$f":"SUM(J115:J116)","v":8.305477119999999}]
[88316,"SINAPI",{"$f":"IF(B115=\"SINAPI\",(IFERROR(VLOOKUP(A115,'CompSD SINAPI'!$B$11:$F$9784,2,0),VLOOKUP(CPU_Civil!A115,'ISD SINAPI'!$B$11:$F$4903,2,0))),IF(OR(B115=\"SICRO\",B115=\"SICRO3\"),(IFERROR(VLOOKUP(A115,'COMP SD SICRO'!$A$2:$D$6495,2,0),VLOOKUP(CPU_Civil!A115,'ISD SICRO'!$A$2:$D$2319,2,0))),IF(B115=\"SEINFRA\",(IFERROR(VLOOKUP(A115,'COMPSD SEINFRA'!$B$7:$G$5611,2,0),VLOOKUP(CPU_Civil!A115,'ISD SEINFRA'!A78:$D$11922,2,0))),)))","v":"SERVENTE COM ENCARGOS COMPLEMENTARES"},"COMPOSIÇÃO",{"$f":"IF(B115=\"SINAPI\",(IFERROR(VLOOKUP(A115,'CompSD SINAPI'!$B$11:$F$9784,3,0),VLOOKUP(CPU_Civil!A115,'ISD SINAPI'!$B$11:$F$4903,3,0))),IF(OR(B115=\"SICRO\",B115=\"SICRO3\"),(IFERROR(VLOOKUP(A115,'COMP SD SICRO'!$A$2:$D$6495,3,0),VLOOKUP(CPU_Civil!A115,'ISD SICRO'!$A$2:$D$2319,3,0))),IF(B115=\"SEINFRA\",(IFERROR(VLOOKUP(A115,'COMPSD SEINFRA'!$B$7:$G$5611,3,0),VLOOKUP(CPU_Civil!A115,'ISD SEINFRA'!A108:$D$11922,3,0))),)))","v":"H"},{"$f":"IF(B115=\"SINAPI\",(IFERROR(VLOOKUP(A115,'CompSD SINAPI'!$B$11:$F$9784,4,0),VLOOKUP(CPU_Civil!A115,'ISD SINAPI'!$B$11:$F$4903,5,0))),IF(OR(B115=\"SICRO\",B115=\"SICRO3\"),(IFERROR(VLOOKUP(A115,'COMP SD SICRO'!$A$2:$D$6495,4,0),VLOOKUP(CPU_Civil!A115,'ISD SICRO'!$A$2:$D$2319,4,0))),IF(B115=\"SEINFRA\",(IFERROR(VLOOKUP(A115,'COMPSD SEINFRA'!$B$7:$G$5611,4,0),VLOOKUP(CPU_Civil!A115,'ISD SEINFRA'!A77:$D$11922,4,0))),)))","v":23.84},0.24579999999999999,{"$f":"F115*G115","v":5.8598719999999993},null,{"$f":"H115*(1-CAPA!$D$13)","v":5.6254771199999993}]
["COT40","COTACAO","Disco de desbaste diamantado para concreto D115mm","INSUMO","und",67,{"$f":"1/24","v":4.1666666666666664E-2},{"$f":"F116*G116","v":2.7916666666666665},null,{"$f":"H116*(1-CAPA!$D$13)","v":2.6799999999999997}]
["***","***","***","***","***","***","***","***","***"]
["CPU409","PROPRIA","Lixamento e pintura com tinta acrílica, 2 demãos, inclusive fundo selador acrílico.","COMPOSIÇÃO","m²",null,null,null,{"$f":"SUM(H119:H123)","v":17.998527799999998},{"$f":"SUM(J119:J123)","v":17.278586687999997}]
[88310,"SINAPI",{"$f":"IF(B119=\"SINAPI\",(IFERROR(VLOOKUP(A119,'CompSD SINAPI'!$B$11:$F$9784,2,0),VLOOKUP(CPU_Civil!A119,'ISD SINAPI'!$B$11:$F$4903,2,0))),IF(OR(B119=\"SICRO\",B119=\"SICRO3\"),(IFERROR(VLOOKUP(A119,'COMP SD SICRO'!$A$2:$D$6495,2,0),VLOOKUP(CPU_Civil!A119,'ISD SICRO'!$A$2:$D$2319,2,0))),IF(B119=\"SEINFRA\",(IFERROR(VLOOKUP(A119,'COMPSD SEINFRA'!$B$7:$G$5611,2,0),VLOOKUP(CPU_Civil!A119,'ISD SEINFRA'!A83:$D$11922,2,0))),)))","v":"PINTOR COM ENCARGOS COMPLEMENTARES"},"COMPOSIÇÃO",{"$f":"IF(B119=\"SINAPI\",(IFERROR(VLOOKUP(A119,'CompSD SINAPI'!$B$11:$F$9784,3,0),VLOOKUP(CPU_Civil!A119,'ISD SINAPI'!$B$11:$F$4903,3,0))),IF(OR(B119=\"SICRO\",B119=\"SICRO3\"),(IFERROR(VLOOKUP(A119,'COMP SD SICRO'!$A$2:$D$6495,3,0),VLOOKUP(CPU_Civil!A119,'ISD SICRO'!$A$2:$D$2319,3,0))),IF(B119=\"SEINFRA\",(IFERROR(VLOOKUP(A119,'COMPSD SEINFRA'!$B$7:$G$5611,3,0),VLOOKUP(CPU_Civil!A119,'ISD SEINFRA'!A113:$D$11922,3,0))),)))","v":"H"},{"$f":"IF(B119=\"SINAPI\",(IFERROR(VLOOKUP(A119,'CompSD SINAPI'!$B$11:$F$9784,4,0),VLOOKUP(CPU_Civil!A119,'ISD SINAPI'!$B$11:$F$4903,5,0))),IF(OR(B119=\"SICRO\",B119=\"SICRO3\"),(IFERROR(VLOOKUP(A119,'COMP SD SICRO'!$A$2:$D$6495,4,0),VLOOKUP(CPU_Civil!A119,'ISD SICRO'!$A$2:$D$2319,4,0))),IF(B119=\"SEINFRA\",(IFERROR(VLOOKUP(A119,'COMPSD SEINFRA'!$B$7:$G$5611,4,0),VLOOKUP(CPU_Civil!A119,'ISD SEINFRA'!A82:$D$11922,4,0))),)))","v":32.97},{"$f":"0.1631","v":0.16309999999999999},{"$f":"F119*G119","v":5.3774069999999998},null,{"$f":"H119*(1-CAPA!$D$13)","v":5.1623107199999998}]
[88316,"SINAPI",{"$f":"IF(B120=\"SINAPI\",(IFERROR(VLOOKUP(A120,'CompSD SINAPI'!$B$11:$F$9784,2,0),VLOOKUP(CPU_Civil!A120,'ISD SINAPI'!$B$11:$F$4903,2,0))),IF(OR(B120=\"SICRO\",B120=\"SICRO3\"),(IFERROR(VLOOKUP(A120,'COMP SD SICRO'!$A$2:$D$6495,2,0),VLOOKUP(CPU_Civil!A120,'ISD SICRO'!$A$2:$D$2319,2,0))),IF(B120=\"SEINFRA\",(IFERROR(VLOOKUP(A120,'COMPSD SEINFRA'!$B$7:$G$5611,2,0),VLOOKUP(CPU_Civil!A120,'ISD SEINFRA'!A84:$D$11922,2,0))),)))","v":"SERVENTE COM ENCARGOS COMPLEMENTARES"},"COMPOSIÇÃO",{"$f":"IF(B120=\"SINAPI\",(IFERROR(VLOOKUP(A120,'CompSD SINAPI'!$B$11:$F$9784,3,0),VLOOKUP(CPU_Civil!A120,'ISD SINAPI'!$B$11:$F$4903,3,0))),IF(OR(B120=\"SICRO\",B120=\"SICRO3\"),(IFERROR(VLOOKUP(A120,'COMP SD SICRO'!$A$2:$D$6495,3,0),VLOOKUP(CPU_Civil!A120,'ISD SICRO'!$A$2:$D$2319,3,0))),IF(B120=\"SEINFRA\",(IFERROR(VLOOKUP(A120,'COMPSD SEINFRA'!$B$7:$G$5611,3,0),VLOOKUP(CPU_Civil!A120,'ISD SEINFRA'!A114:$D$11922,3,0))),)))","v":"H"},{"$f":"IF(B120=\"SINAPI\",(IFERROR(VLOOKUP(A120,'CompSD SINAPI'!$B$11:$F$9784,4,0),VLOOKUP(CPU_Civil!A120,'ISD SINAPI'!$B$11:$F$4903,5,0))),IF(OR(B120=\"SICRO\",B120=\"SICRO3\"),(IFERROR(VLOOKUP(A120,'COMP SD SICRO'!$A$2:$D$6495,4,0),VLOOKUP(CPU_Civil!A120,'ISD SICRO'!$A$2:$D$2319,4,0))),IF(B120=\"SEINFRA\",(IFERROR(VLOOKUP(A120,'COMPSD SEINFRA'!$B$7:$G$5611,4,0),VLOOKUP(CPU_Civil!A120,'ISD SEINFRA'!A83:$D$11922,4,0))),)))","v":23.84},0.15479999999999999,{"$f":"F120*G120","v":3.6904319999999999},null,{"$f":"H120*(1-CAPA!$D$13)","v":3.54281472}]
[3767,"SINAPI",{"$f":"IF(B121=\"SINAPI\",(IFERROR(VLOOKUP(A121,'CompSD SINAPI'!$B$11:$F$9784,2,0),VLOOKUP(CPU_Civil!A121,'ISD SINAPI'!$B$11:$F$4903,2,0))),IF(OR(B121=\"SICRO\",B121=\"SICRO3\"),(IFERROR(VLOOKUP(A121,'COMP SD SICRO'!$A$2:$D$6495,2,0),VLOOKUP(CPU_Civil!A121,'ISD SICRO'!$A$2:$D$2319,2,0))),IF(B121=\"SEINFRA\",(IFERROR(VLOOKUP(A121,'COMPSD SEINFRA'!$B$7:$G$5611,2,0),VLOOKUP(CPU_Civil!A121,'ISD SEINFRA'!A85:$D$11922,2,0))),)))","v":"LIXA EM FOLHA PARA PAREDE OU MADEIRA, NUMERO 120, COR VERMELHA"},"INSUMO",{"$f":"IF(B121=\"SINAPI\",(IFERROR(VLOOKUP(A121,'CompSD SINAPI'!$B$11:$F$9784,3,0),VLOOKUP(CPU_Civil!A121,'ISD SINAPI'!$B$11:$F$4903,3,0))),IF(OR(B121=\"SICRO\",B121=\"SICRO3\"),(IFERROR(VLOOKUP(A121,'COMP SD SICRO'!$A$2:$D$6495,3,0),VLOOKUP(CPU_Civil!A121,'ISD SICRO'!$A$2:$D$2319,3,0))),IF(B121=\"SEINFRA\",(IFERROR(VLOOKUP(A121,'COMPSD SEINFRA'!$B$7:$G$5611,3,0),VLOOKUP(CPU_Civil!A121,'ISD SEINFRA'!A115:$D$11922,3,0))),)))","v":"UN"},{"$f":"IF(B121=\"SINAPI\",(IFERROR(VLOOKUP(A121,'CompSD SINAPI'!$B$11:$F$9784,4,0),VLOOKUP(CPU_Civil!A121,'ISD SINAPI'!$B$11:$F$4903,5,0))),IF(OR(B121=\"SICRO\",B121=\"SICRO3\"),(IFERROR(VLOOKUP(A121,'COMP SD SICRO'!$A$2:$D$6495,4,0),VLOOKUP(CPU_Civil!A121,'ISD SICRO'!$A$2:$D$2319,4,0))),IF(B121=\"SEINFRA\",(IFERROR(VLOOKUP(A121,'COMPSD SEINFRA'!$B$7:$G$5611,4,0),VLOOKUP(CPU_Civil!A121,'ISD SEINFRA'!A84:$D$11922,4,0))),)))","v":0.94},0.42080000000000001,{"$f":"F121*G121","v":0.39555199999999996},null,{"$f":"H121*(1-CAPA!$D$13)","v":0.37972991999999994}]
[6085,"SINAPI",{"$f":"IF(B122=\"SINAPI\",(IFERROR(VLOOKUP(A122,'CompSD SINAPI'!$B$11:$F$9784,2,0),VLOOKUP(CPU_Civil!A122,'ISD SINAPI'!$B$11:$F$4903,2,0))),IF(OR(B122=\"SICRO\",B122=\"SICRO3\"),(IFERROR(VLOOKUP(A122,'COMP SD SICRO'!$A$2:$D$6495,2,0),VLOOKUP(CPU_Civil!A122,'ISD SICRO'!$A$2:$D$2319,2,0))),IF(B122=\"SEINFRA\",(IFERROR(VLOOKUP(A122,'COMPSD SEINFRA'!$B$7:$G$5611,2,0),VLOOKUP(CPU_Civil!A122,'ISD SEINFRA'!A86:$D$11922,2,0))),)))","v":"SELADOR ACRILICO OPACO PREMIUM INTERIOR/EXTERIOR"},"INSUMO",{"$f":"IF(B122=\"SINAPI\",(IFERROR(VLOOKUP(A122,'CompSD SINAPI'!$B$11:$F$9784,3,0),VLOOKUP(CPU_Civil!A122,'ISD SINAPI'!$B$11:$F$4903,3,0))),IF(OR(B122=\"SICRO\",B122=\"SICRO3\"),(IFERROR(VLOOKUP(A122,'COMP SD SICRO'!$A$2:$D$6495,3,0),VLOOKUP(CPU_Civil!A122,'ISD SICRO'!$A$2:$D$2319,3,0))),IF(B122=\"SEINFRA\",(IFERROR(VLOOKUP(A122,'COMPSD SEINFRA'!$B$7:$G$5611,3,0),VLOOKUP(CPU_Civil!A122,'ISD SEINFRA'!A116:$D$11922,3,0))),)))","v":"L"},{"$f":"IF(B122=\"SINAPI\",(IFERROR(VLOOKUP(A122,'CompSD SINAPI'!$B$11:$F$9784,4,0),VLOOKUP(CPU_Civil!A122,'ISD SINAPI'!$B$11:$F$4903,5,0))),IF(OR(B122=\"SICRO\",B122=\"SICRO3\"),(IFERROR(VLOOKUP(A122,'COMP SD SICRO'!$A$2:$D$6495,4,0),VLOOKUP(CPU_Civil!A122,'ISD SICRO'!$A$2:$D$2319,4,0))),IF(B122=\"SEINFRA\",(IFERROR(VLOOKUP(A122,'COMPSD SEINFRA'!$B$7:$G$5611,4,0),VLOOKUP(CPU_Civil!A122,'ISD SEINFRA'!A85:$D$11922,4,0))),)))","v":6.89},0.29471999999999998,{"$f":"F122*G122","v":2.0306207999999999},null,{"$f":"H122*(1-CAPA!$D$13)","v":1.9493959679999999}]
[35692,"SINAPI",{"$f":"IF(B123=\"SINAPI\",(IFERROR(VLOOKUP(A123,'CompSD SINAPI'!$B$11:$F$9784,2,0),VLOOKUP(CPU_Civil!A123,'ISD SINAPI'!$B$11:$F$4903,2,0))),IF(OR(B123=\"SICRO\",B123=\"SICRO3\"),(IFERROR(VLOOKUP(A123,'COMP SD SICRO'!$A$2:$D$6495,2,0),VLOOKUP(CPU_Civil!A123,'ISD SICRO'!$A$2:$D$2319,2,0))),IF(B123=\"SEINFRA\",(IFERROR(VLOOKUP(A123,'COMPSD SEINFRA'!$B$7:$G$5611,2,0),VLOOKUP(CPU_Civil!A123,'ISD SEINFRA'!A87:$D$11922,2,0))),)))","v":"TINTA LATEX ACRILICA STANDARD, COR BRANCA"},"INSUMO",{"$f":"IF(B123=\"SINAPI\",(IFERROR(VLOOKUP(A123,'CompSD SINAPI'!$B$11:$F$9784,3,0),VLOOKUP(CPU_Civil!A123,'ISD SINAPI'!$B$11:$F$4903,3,0))),IF(OR(B123=\"SICRO\",B123=\"SICRO3\"),(IFERROR(VLOOKUP(A123,'COMP SD SICRO'!$A$2:$D$6495,3,0),VLOOKUP(CPU_Civil!A123,'ISD SICRO'!$A$2:$D$2319,3,0))),IF(B123=\"SEINFRA\",(IFERROR(VLOOKUP(A123,'COMPSD SEINFRA'!$B$7:$G$5611,3,0),VLOOKUP(CPU_Civil!A123,'ISD SEINFRA'!A117:$D$11922,3,0))),)))","v":"L"},{"$f":"IF(B123=\"SINAPI\",(IFERROR(VLOOKUP(A123,'CompSD SINAPI'!$B$11:$F$9784,4,0),VLOOKUP(CPU_Civil!A123,'ISD SINAPI'!$B$11:$F$4903,5,0))),IF(OR(B123=\"SICRO\",B123=\"SICRO3\"),(IFERROR(VLOOKUP(A123,'COMP SD SICRO'!$A$2:$D$6495,4,0),VLOOKUP(CPU_Civil!A123,'ISD SICRO'!$A$2:$D$2319,4,0))),IF(B123=\"SEINFRA\",(IFERROR(VLOOKUP(A123,'COMPSD SEINFRA'!$B$7:$G$5611,4,0),VLOOKUP(CPU_Civil!A123,'ISD SEINFRA'!A86:$D$11922,4,0))),)))","v":27.48},0.23669999999999999,{"$f":"F123*G123","v":6.5045159999999997},null,{"$f":"H123*(1-CAPA!$D$13)","v":6.2443353599999991}]
["***","***","***","***","***","***","***","***","***"]
["CPU410","PROPRIA","Fabricação e instalação de telas passarinheiras retangular chanfrada c/  tela galvanizada 25x25mm.","COMPOSIÇÃO","m",null,null,null,{"$f":"SUM(H126:H132)","v":103.41079439024392},{"$f":"SUM(J126:J132)","v":99.274362614634143}]
[6110,"SINAPI",{"$f":"IF(B126=\"SINAPI\",(IFERROR(VLOOKUP(A126,'CompSD SINAPI'!$B$11:$F$9784,2,0),VLOOKUP(CPU_Civil!A126,'ISD SINAPI'!$B$11:$F$4903,2,0))),IF(OR(B126=\"SICRO\",B126=\"SICRO3\"),(IFERROR(VLOOKUP(A126,'COMP SD SICRO'!$A$2:$D$6495,2,0),VLOOKUP(CPU_Civil!A126,'ISD SICRO'!$A$2:$D$2319,2,0))),IF(B126=\"SEINFRA\",(IFERROR(VLOOKUP(A126,'COMPSD SEINFRA'!$B$7:$G$5611,2,0),VLOOKUP(CPU_Civil!A126,'ISD SEINFRA'!A90:$D$11922,2,0))),)))","v":"SERRALHEIRO (HORISTA)"},"COMPOSIÇÃO",{"$f":"IF(B126=\"SINAPI\",(IFERROR(VLOOKUP(A126,'CompSD SINAPI'!$B$11:$F$9784,3,0),VLOOKUP(CPU_Civil!A126,'ISD SINAPI'!$B$11:$F$4903,3,0))),IF(OR(B126=\"SICRO\",B126=\"SICRO3\"),(IFERROR(VLOOKUP(A126,'COMP SD SICRO'!$A$2:$D$6495,3,0),VLOOKUP(CPU_Civil!A126,'ISD SICRO'!$A$2:$D$2319,3,0))),IF(B126=\"SEINFRA\",(IFERROR(VLOOKUP(A126,'COMPSD SEINFRA'!$B$7:$G$5611,3,0),VLOOKUP(CPU_Civil!A126,'ISD SEINFRA'!A120:$D$11922,3,0))),)))","v":"H"},{"$f":"IF(B126=\"SINAPI\",(IFERROR(VLOOKUP(A126,'CompSD SINAPI'!$B$11:$F$9784,4,0),VLOOKUP(CPU_Civil!A126,'ISD SINAPI'!$B$11:$F$4903,5,0))),IF(OR(B126=\"SICRO\",B126=\"SICRO3\"),(IFERROR(VLOOKUP(A126,'COMP SD SICRO'!$A$2:$D$6495,4,0),VLOOKUP(CPU_Civil!A126,'ISD SICRO'!$A$2:$D$2319,4,0))),IF(B126=\"SEINFRA\",(IFERROR(VLOOKUP(A126,'COMPSD SEINFRA'!$B$7:$G$5611,4,0),VLOOKUP(CPU_Civil!A126,'ISD SEINFRA'!A89:$D$11922,4,0))),)))","v":21.14},0.2278,{"$f":"F126*G126","v":4.8156920000000003},null,{"$f":"H126*(1-CAPA!$D$13)","v":4.6230643200000001}]
[252,"SINAPI",{"$f":"IF(B127=\"SINAPI\",(IFERROR(VLOOKUP(A127,'CompSD SINAPI'!$B$11:$F$9784,2,0),VLOOKUP(CPU_Civil!A127,'ISD SINAPI'!$B$11:$F$4903,2,0))),IF(OR(B127=\"SICRO\",B127=\"SICRO3\"),(IFERROR(VLOOKUP(A127,'COMP SD SICRO'!$A$2:$D$6495,2,0),VLOOKUP(CPU_Civil!A127,'ISD SICRO'!$A$2:$D$2319,2,0))),IF(B127=\"SEINFRA\",(IFERROR(VLOOKUP(A127,'COMPSD SEINFRA'!$B$7:$G$5611,2,0),VLOOKUP(CPU_Civil!A127,'ISD SEINFRA'!A91:$D$11922,2,0))),)))","v":"AJUDANTE DE SERRALHEIRO (HORISTA)"},"COMPOSIÇÃO",{"$f":"IF(B127=\"SINAPI\",(IFERROR(VLOOKUP(A127,'CompSD SINAPI'!$B$11:$F$9784,3,0),VLOOKUP(CPU_Civil!A127,'ISD SINAPI'!$B$11:$F$4903,3,0))),IF(OR(B127=\"SICRO\",B127=\"SICRO3\"),(IFERROR(VLOOKUP(A127,'COMP SD SICRO'!$A$2:$D$6495,3,0),VLOOKUP(CPU_Civil!A127,'ISD SICRO'!$A$2:$D$2319,3,0))),IF(B127=\"SEINFRA\",(IFERROR(VLOOKUP(A127,'COMPSD SEINFRA'!$B$7:$G$5611,3,0),VLOOKUP(CPU_Civil!A127,'ISD SEINFRA'!A121:$D$11922,3,0))),)))","v":"H"},{"$f":"IF(B127=\"SINAPI\",(IFERROR(VLOOKUP(A127,'CompSD SINAPI'!$B$11:$F$9784,4,0),VLOOKUP(CPU_Civil!A127,'ISD SINAPI'!$B$11:$F$4903,5,0))),IF(OR(B127=\"SICRO\",B127=\"SICRO3\"),(IFERROR(VLOOKUP(A127,'COMP SD SICRO'!$A$2:$D$6495,4,0),VLOOKUP(CPU_Civil!A127,'ISD SICRO'!$A$2:$D$2319,4,0))),IF(B127=\"SEINFRA\",(IFERROR(VLOOKUP(A127,'COMPSD SEINFRA'!$B$7:$G$5611,4,0),VLOOKUP(CPU_Civil!A127,'ISD SEINFRA'!A90:$D$11922,4,0))),)))","v":16.010000000000002},0.2278,3.6470780000000005,null,{"$f":"H127*(1-CAPA!$D$13)","v":3.5011948800000003}]
[37411,"SINAPI",{"$f":"IF(B128=\"SINAPI\",(IFERROR(VLOOKUP(A128,'CompSD SINAPI'!$B$11:$F$9784,2,0),VLOOKUP(CPU_Civil!A128,'ISD SINAPI'!$B$11:$F$4903,2,0))),IF(OR(B128=\"SICRO\",B128=\"SICRO3\"),(IFERROR(VLOOKUP(A128,'COMP SD SICRO'!$A$2:$D$6495,2,0),VLOOKUP(CPU_Civil!A128,'ISD SICRO'!$A$2:$D$2319,2,0))),IF(B128=\"SEINFRA\",(IFERROR(VLOOKUP(A128,'COMPSD SEINFRA'!$B$7:$G$5611,2,0),VLOOKUP(CPU_Civil!A128,'ISD SEINFRA'!A92:$D$11922,2,0))),)))","v":"TELA DE ACO SOLDADA GALVANIZADA/ZINCADA PARA ALVENARIA, FIO D = *1,24 MM, MALHA 25 X 25 MM"},"INSUMO",{"$f":"IF(B128=\"SINAPI\",(IFERROR(VLOOKUP(A128,'CompSD SINAPI'!$B$11:$F$9784,3,0),VLOOKUP(CPU_Civil!A128,'ISD SINAPI'!$B$11:$F$4903,3,0))),IF(OR(B128=\"SICRO\",B128=\"SICRO3\"),(IFERROR(VLOOKUP(A128,'COMP SD SICRO'!$A$2:$D$6495,3,0),VLOOKUP(CPU_Civil!A128,'ISD SICRO'!$A$2:$D$2319,3,0))),IF(B128=\"SEINFRA\",(IFERROR(VLOOKUP(A128,'COMPSD SEINFRA'!$B$7:$G$5611,3,0),VLOOKUP(CPU_Civil!A128,'ISD SEINFRA'!A122:$D$11922,3,0))),)))","v":"M2"},14.36,1,14.36,null,{"$f":"H128*(1-CAPA!$D$13)","v":13.785599999999999}]
[586,"SINAPI","CANTONEIRA EM ALUMINIO, ABAS IGUAIS, LARGURA DE 25,40 MM (1\"), ESPESSURA DE 4,76 MM (3/16\") E PESO LINEAR DE APROXIMADAMENTE 0,593 KG/M","INSUMO",{"$f":"IF(B129=\"SINAPI\",(IFERROR(VLOOKUP(A129,'CompSD SINAPI'!$B$11:$F$9784,3,0),VLOOKUP(CPU_Civil!A129,'ISD SINAPI'!$B$11:$F$4903,3,0))),IF(OR(B129=\"SICRO\",B129=\"SICRO3\"),(IFERROR(VLOOKUP(A129,'COMP SD SICRO'!$A$2:$D$6495,3,0),VLOOKUP(CPU_Civil!A129,'ISD SICRO'!$A$2:$D$2319,3,0))),IF(B129=\"SEINFRA\",(IFERROR(VLOOKUP(A129,'COMPSD SEINFRA'!$B$7:$G$5611,3,0),VLOOKUP(CPU_Civil!A129,'ISD SEINFRA'!A123:$D$11922,3,0))),)))","v":"M"},21.69,3.5,75.915000000000006,null,{"$f":"H129*(1-CAPA!$D$13)","v":72.878399999999999}]
[5104,"SINAPI","REBITE DE REPUXO EM ALUMINIO VAZADO, DIAMETRO 3,2 X 8 MM DE COMPRIMENTO (1KG = 1025 UNIDADES)","INSUMO","kg",70.180000000000007,{"$f":"15/1025","v":1.4634146341463415E-2},1.0270243902439027,null,{"$f":"H130*(1-CAPA!$D$13)","v":0.98594341463414659}]
[7884,"ORSE","Parafuso com rosca soberba galvanizado 110x8mm","INSUMO","und",0.5,3,1.5,null,{"$f":"H131*(1-CAPA!$D$13)","v":1.44}]
[142,"SINAPI",{"$f":"IF(B132=\"SINAPI\",(IFERROR(VLOOKUP(A132,'CompSD SINAPI'!$B$11:$F$9784,2,0),VLOOKUP(CPU_Civil!A132,'ISD SINAPI'!$B$11:$F$4903,2,0))),IF(OR(B132=\"SICRO\",B132=\"SICRO3\"),(IFERROR(VLOOKUP(A132,'COMP SD SICRO'!$A$2:$D$6495,2,0),VLOOKUP(CPU_Civil!A132,'ISD SICRO'!$A$2:$D$2319,2,0))),IF(B132=\"SEINFRA\",(IFERROR(VLOOKUP(A132,'COMPSD SEINFRA'!$B$7:$G$5611,2,0),VLOOKUP(CPU_Civil!A132,'ISD SEINFRA'!A96:$D$11922,2,0))),)))","v":"SELANTE ELASTICO MONOCOMPONENTE A BASE DE POLIURETANO (PU) PARA JUNTAS DIVERSAS"},"INSUMO",{"$f":"IF(B132=\"SINAPI\",(IFERROR(VLOOKUP(A132,'CompSD SINAPI'!$B$11:$F$9784,3,0),VLOOKUP(CPU_Civil!A132,'ISD SINAPI'!$B$11:$F$4903,3,0))),IF(OR(B132=\"SICRO\",B132=\"SICRO3\"),(IFERROR(VLOOKUP(A132,'COMP SD SICRO'!$A$2:$D$6495,3,0),VLOOKUP(CPU_Civil!A132,'ISD SICRO'!$A$2:$D$2319,3,0))),IF(B132=\"SEINFRA\",(IFERROR(VLOOKUP(A132,'COMPSD SEINFRA'!$B$7:$G$5611,3,0),VLOOKUP(CPU_Civil!A132,'ISD SEINFRA'!A126:$D$11922,3,0))),)))","v":"310ML"},{"$f":"IF(B132=\"SINAPI\",(IFERROR(VLOOKUP(A132,'CompSD SINAPI'!$B$11:$F$9784,4,0),VLOOKUP(CPU_Civil!A132,'ISD SINAPI'!$B$11:$F$4903,5,0))),IF(OR(B132=\"SICRO\",B132=\"SICRO3\"),(IFERROR(VLOOKUP(A132,'COMP SD SICRO'!$A$2:$D$6495,4,0),VLOOKUP(CPU_Civil!A132,'ISD SICRO'!$A$2:$D$2319,4,0))),IF(B132=\"SEINFRA\",(IFERROR(VLOOKUP(A132,'COMPSD SEINFRA'!$B$7:$G$5611,4,0),VLOOKUP(CPU_Civil!A132,'ISD SEINFRA'!A95:$D$11922,4,0))),)))","v":42.92},0.05,2.1460000000000004,null,{"$f":"H132*(1-CAPA!$D$13)","v":2.0601600000000002}]
["***","***","***","***","***","***","***","***","***"]
["CPU411","PROPRIA","Fornecimento, instalação e configuração de medidor de vazão eletromagnético em adutora 1200mm","COMPOSIÇÃO","und",null,null,null,{"$f":"SUM(H135:H135)","v":22835.25},{"$f":"I134","v":22835.25}]
["COT41","COTACAO","SISTEMA DE MEDIÇÃO DE VAZÃO PARA CONDUTO FORÇADO, INCLUSIVE MEDIDOR ELETROMAGNÉTICO, CABEAMENTO E CPL, p/ adutora 1200mm","COMPOSIÇÃO","und",22835.25,1,{"$f":"F135*G135","v":22835.25}]
["***","***","***","***","***","***","***","***","***"]
["CPU412","PROPRIA"]
[]
["***","***","***","***","***","***","***","***","***"]
["CPU413","PROPRIA","Fornecimento e instalação de portão em ferro 3,5x2m, de abrir, em gradil nylofor 3D, padrão belgo ou equivalente, pintado cor azul, c/ cadeado e corrente.","COMPOSIÇÃO","cj",null,null,null,{"$f":"SUM(H141:H143)","v":5937.9336399999993},{"$f":"SUM(J141:J143)","v":5700.4162943999991}]
[13764,"ORSE","Portão em ferro  de abrir, em gradil nylofor 3D, pintado nas cores verde ou branco ou azul, padrão belgo ou similar.","COMPOSIÇÃO","m²",802.27,{"$f":"3.5*2","v":7},{"$f":"F141*G141","v":5615.8899999999994},null,{"$f":"H141*(1-CAPA!$D$13)","v":5391.2543999999989}]
[2940,"ORSE","Cadeado tetrachave 50 mm","INSUMO","und",120.39,1,120.39,null,{"$f":"H142*(1-CAPA!$D$13)","v":115.5744}]
["M3361","SICRO3",{"$f":"IF(B143=\"SINAPI\",(IFERROR(VLOOKUP(A143,'CompSD SINAPI'!$B$11:$F$9784,2,0),VLOOKUP(CPU_Civil!A143,'ISD SINAPI'!$B$11:$F$4903,2,0))),IF(OR(B143=\"SICRO\",B143=\"SICRO3\"),(IFERROR(VLOOKUP(A143,'COMP SD SICRO'!$A$2:$D$6495,2,0),VLOOKUP(CPU_Civil!A143,'ISD SICRO'!$A$2:$D$2319,2,0))),IF(B143=\"SEINFRA\",(IFERROR(VLOOKUP(A143,'COMPSD SEINFRA'!$B$7:$G$5611,2,0),VLOOKUP(CPU_Civil!A143,'ISD SEINFRA'!A117:$D$11922,2,0))),)))","v":"Corrente de elo soldado em aço SAE 1010/1020 com acabamento polido - E = 25,00 mm (1\")"},"INSUMO",{"$f":"IF(B143=\"SINAPI\",(IFERROR(VLOOKUP(A143,'CompSD SINAPI'!$B$11:$F$9784,3,0),VLOOKUP(CPU_Civil!A143,'ISD SINAPI'!$B$11:$F$4903,3,0))),IF(OR(B143=\"SICRO\",B143=\"SICRO3\"),(IFERROR(VLOOKUP(A143,'COMP SD SICRO'!$A$2:$D$6495,3,0),VLOOKUP(CPU_Civil!A143,'ISD SICRO'!$A$2:$D$2319,3,0))),IF(B143=\"SEINFRA\",(IFERROR(VLOOKUP(A143,'COMPSD SEINFRA'!$B$7:$G$5611,3,0),VLOOKUP(CPU_Civil!A143,'ISD SEINFRA'!A147:$D$11922,3,0))),)))","v":"m"},{"$f":"IF(B143=\"SINAPI\",(IFERROR(VLOOKUP(A143,'CompSD SINAPI'!$B$11:$F$9784,4,0),VLOOKUP(CPU_Civil!A143,'ISD SINAPI'!$B$11:$F$4903,5,0))),IF(OR(B143=\"SICRO\",B143=\"SICRO3\"),(IFERROR(VLOOKUP(A143,'COMP SD SICRO'!$A$2:$D$6495,4,0),VLOOKUP(CPU_Civil!A143,'ISD SICRO'!$A$2:$D$2319,4,0))),IF(B143=\"SEINFRA\",(IFERROR(VLOOKUP(A143,'COMPSD SEINFRA'!$B$7:$G$5611,4,0),VLOOKUP(CPU_Civil!A143,'ISD SEINFRA'!A116:$D$11922,4,0))),)))","v":336.08940000000001},0.6,201.65364,null,{"$f":"H143*(1-CAPA!$D$13)","v":193.5874944}]
["***","***","***","***","***","***","***","***","***"]
["CPU414","PROPRIA","Tampa armada pré-moldada com alças, e=8cm, acabamento queimado alisado.","COMPOSIÇÃO","m²",null,null,null,{"$f":"SUM(H146:H151)","v":370.88150400000006},{"$f":"SUM(J146:J151)","v":356.04624383999993}]
[88309,"SINAPI",{"$f":"IF(B146=\"SINAPI\",(IFERROR(VLOOKUP(A146,'CompSD SINAPI'!$B$11:$F$9784,2,0),VLOOKUP(CPU_Civil!A146,'ISD SINAPI'!$B$11:$F$4903,2,0))),IF(OR(B146=\"SICRO\",B146=\"SICRO3\"),(IFERROR(VLOOKUP(A146,'COMP SD SICRO'!$A$2:$D$6495,2,0),VLOOKUP(CPU_Civil!A146,'ISD SICRO'!$A$2:$D$2319,2,0))),IF(B146=\"SEINFRA\",(IFERROR(VLOOKUP(A146,'COMPSD SEINFRA'!$B$7:$G$5611,2,0),VLOOKUP(CPU_Civil!A146,'ISD SEINFRA'!A120:$D$11922,2,0))),)))","v":"PEDREIRO COM ENCARGOS COMPLEMENTARES"},"COMPOSIÇÃO",{"$f":"IF(B146=\"SINAPI\",(IFERROR(VLOOKUP(A146,'CompSD SINAPI'!$B$11:$F$9784,3,0),VLOOKUP(CPU_Civil!A146,'ISD SINAPI'!$B$11:$F$4903,3,0))),IF(OR(B146=\"SICRO\",B146=\"SICRO3\"),(IFERROR(VLOOKUP(A146,'COMP SD SICRO'!$A$2:$D$6495,3,0),VLOOKUP(CPU_Civil!A146,'ISD SICRO'!$A$2:$D$2319,3,0))),IF(B146=\"SEINFRA\",(IFERROR(VLOOKUP(A146,'COMPSD SEINFRA'!$B$7:$G$5611,3,0),VLOOKUP(CPU_Civil!A146,'ISD SEINFRA'!A150:$D$11922,3,0))),)))","v":"H"},{"$f":"IF(B146=\"SINAPI\",(IFERROR(VLOOKUP(A146,'CompSD SINAPI'!$B$11:$F$9784,4,0),VLOOKUP(CPU_Civil!A146,'ISD SINAPI'!$B$11:$F$4903,5,0))),IF(OR(B146=\"SICRO\",B146=\"SICRO3\"),(IFERROR(VLOOKUP(A146,'COMP SD SICRO'!$A$2:$D$6495,4,0),VLOOKUP(CPU_Civil!A146,'ISD SICRO'!$A$2:$D$2319,4,0))),IF(B146=\"SEINFRA\",(IFERROR(VLOOKUP(A146,'COMPSD SEINFRA'!$B$7:$G$5611,4,0),VLOOKUP(CPU_Civil!A146,'ISD SEINFRA'!A119:$D$11922,4,0))),)))","v":30.01},0.96279999999999999,28.893628,null,{"$f":"H146*(1-CAPA!$D$13)","v":27.737882879999997}]
[88316,"SINAPI",{"$f":"IF(B147=\"SINAPI\",(IFERROR(VLOOKUP(A147,'CompSD SINAPI'!$B$11:$F$9784,2,0),VLOOKUP(CPU_Civil!A147,'ISD SINAPI'!$B$11:$F$4903,2,0))),IF(OR(B147=\"SICRO\",B147=\"SICRO3\"),(IFERROR(VLOOKUP(A147,'COMP SD SICRO'!$A$2:$D$6495,2,0),VLOOKUP(CPU_Civil!A147,'ISD SICRO'!$A$2:$D$2319,2,0))),IF(B147=\"SEINFRA\",(IFERROR(VLOOKUP(A147,'COMPSD SEINFRA'!$B$7:$G$5611,2,0),VLOOKUP(CPU_Civil!A147,'ISD SEINFRA'!A121:$D$11922,2,0))),)))","v":"SERVENTE COM ENCARGOS COMPLEMENTARES"},"COMPOSIÇÃO",{"$f":"IF(B147=\"SINAPI\",(IFERROR(VLOOKUP(A147,'CompSD SINAPI'!$B$11:$F$9784,3,0),VLOOKUP(CPU_Civil!A147,'ISD SINAPI'!$B$11:$F$4903,3,0))),IF(OR(B147=\"SICRO\",B147=\"SICRO3\"),(IFERROR(VLOOKUP(A147,'COMP SD SICRO'!$A$2:$D$6495,3,0),VLOOKUP(CPU_Civil!A147,'ISD SICRO'!$A$2:$D$2319,3,0))),IF(B147=\"SEINFRA\",(IFERROR(VLOOKUP(A147,'COMPSD SEINFRA'!$B$7:$G$5611,3,0),VLOOKUP(CPU_Civil!A147,'ISD SEINFRA'!A151:$D$11922,3,0))),)))","v":"H"},{"$f":"IF(B147=\"SINAPI\",(IFERROR(VLOOKUP(A147,'CompSD SINAPI'!$B$11:$F$9784,4,0),VLOOKUP(CPU_Civil!A147,'ISD SINAPI'!$B$11:$F$4903,5,0))),IF(OR(B147=\"SICRO\",B147=\"SICRO3\"),(IFERROR(VLOOKUP(A147,'COMP SD SICRO'!$A$2:$D$6495,4,0),VLOOKUP(CPU_Civil!A147,'ISD SICRO'!$A$2:$D$2319,4,0))),IF(B147=\"SEINFRA\",(IFERROR(VLOOKUP(A147,'COMPSD SEINFRA'!$B$7:$G$5611,4,0),VLOOKUP(CPU_Civil!A147,'ISD SEINFRA'!A120:$D$11922,4,0))),)))","v":23.84},0.83640000000000003,19.939776000000002,null,{"$f":"H147*(1-CAPA!$D$13)","v":19.142184960000002}]
[94964,"SINAPI",{"$f":"IF(B148=\"SINAPI\",(IFERROR(VLOOKUP(A148,'CompSD SINAPI'!$B$11:$F$9784,2,0),VLOOKUP(CPU_Civil!A148,'ISD SINAPI'!$B$11:$F$4903,2,0))),IF(OR(B148=\"SICRO\",B148=\"SICRO3\"),(IFERROR(VLOOKUP(A148,'COMP SD SICRO'!$A$2:$D$6495,2,0),VLOOKUP(CPU_Civil!A148,'ISD SICRO'!$A$2:$D$2319,2,0))),IF(B148=\"SEINFRA\",(IFERROR(VLOOKUP(A148,'COMPSD SEINFRA'!$B$7:$G$5611,2,0),VLOOKUP(CPU_Civil!A148,'ISD SEINFRA'!A122:$D$11922,2,0))),)))","v":"CONCRETO FCK = 20MPA, TRAÇO 1:2,7:3 (EM MASSA SECA DE CIMENTO/ AREIA MÉDIA/ BRITA 1) - PREPARO MECÂNICO COM BETONEIRA 400 L. AF_05/2021"},"COMPOSIÇÃO",{"$f":"IF(B148=\"SINAPI\",(IFERROR(VLOOKUP(A148,'CompSD SINAPI'!$B$11:$F$9784,3,0),VLOOKUP(CPU_Civil!A148,'ISD SINAPI'!$B$11:$F$4903,3,0))),IF(OR(B148=\"SICRO\",B148=\"SICRO3\"),(IFERROR(VLOOKUP(A148,'COMP SD SICRO'!$A$2:$D$6495,3,0),VLOOKUP(CPU_Civil!A148,'ISD SICRO'!$A$2:$D$2319,3,0))),IF(B148=\"SEINFRA\",(IFERROR(VLOOKUP(A148,'COMPSD SEINFRA'!$B$7:$G$5611,3,0),VLOOKUP(CPU_Civil!A148,'ISD SEINFRA'!A152:$D$11922,3,0))),)))","v":"M3"},{"$f":"IF(B148=\"SINAPI\",(IFERROR(VLOOKUP(A148,'CompSD SINAPI'!$B$11:$F$9784,4,0),VLOOKUP(CPU_Civil!A148,'ISD SINAPI'!$B$11:$F$4903,5,0))),IF(OR(B148=\"SICRO\",B148=\"SICRO3\"),(IFERROR(VLOOKUP(A148,'COMP SD SICRO'!$A$2:$D$6495,4,0),VLOOKUP(CPU_Civil!A148,'ISD SICRO'!$A$2:$D$2319,4,0))),IF(B148=\"SEINFRA\",(IFERROR(VLOOKUP(A148,'COMPSD SEINFRA'!$B$7:$G$5611,4,0),VLOOKUP(CPU_Civil!A148,'ISD SEINFRA'!A121:$D$11922,4,0))),)))","v":576.41},0.11,63.405099999999997,null,{"$f":"H148*(1-CAPA!$D$13)","v":60.868895999999992}]
[97086,"SINAPI",{"$f":"IF(B149=\"SINAPI\",(IFERROR(VLOOKUP(A149,'CompSD SINAPI'!$B$11:$F$9784,2,0),VLOOKUP(CPU_Civil!A149,'ISD SINAPI'!$B$11:$F$4903,2,0))),IF(OR(B149=\"SICRO\",B149=\"SICRO3\"),(IFERROR(VLOOKUP(A149,'COMP SD SICRO'!$A$2:$D$6495,2,0),VLOOKUP(CPU_Civil!A149,'ISD SICRO'!$A$2:$D$2319,2,0))),IF(B149=\"SEINFRA\",(IFERROR(VLOOKUP(A149,'COMPSD SEINFRA'!$B$7:$G$5611,2,0),VLOOKUP(CPU_Civil!A149,'ISD SEINFRA'!A123:$D$11922,2,0))),)))","v":"FABRICAÇÃO, MONTAGEM E DESMONTAGEM DE FORMA PARA RADIER, PISO DE CONCRETO OU LAJE SOBRE SOLO, EM MADEIRA SERRADA, 4 UTILIZAÇÕES. AF_09/2021"},"COMPOSIÇÃO",{"$f":"IF(B149=\"SINAPI\",(IFERROR(VLOOKUP(A149,'CompSD SINAPI'!$B$11:$F$9784,3,0),VLOOKUP(CPU_Civil!A149,'ISD SINAPI'!$B$11:$F$4903,3,0))),IF(OR(B149=\"SICRO\",B149=\"SICRO3\"),(IFERROR(VLOOKUP(A149,'COMP SD SICRO'!$A$2:$D$6495,3,0),VLOOKUP(CPU_Civil!A149,'ISD SICRO'!$A$2:$D$2319,3,0))),IF(B149=\"SEINFRA\",(IFERROR(VLOOKUP(A149,'COMPSD SEINFRA'!$B$7:$G$5611,3,0),VLOOKUP(CPU_Civil!A149,'ISD SEINFRA'!A153:$D$11922,3,0))),)))","v":"M2"},{"$f":"IF(B149=\"SINAPI\",(IFERROR(VLOOKUP(A149,'CompSD SINAPI'!$B$11:$F$9784,4,0),VLOOKUP(CPU_Civil!A149,'ISD SINAPI'!$B$11:$F$4903,5,0))),IF(OR(B149=\"SICRO\",B149=\"SICRO3\"),(IFERROR(VLOOKUP(A149,'COMP SD SICRO'!$A$2:$D$6495,4,0),VLOOKUP(CPU_Civil!A149,'ISD SICRO'!$A$2:$D$2319,4,0))),IF(B149=\"SEINFRA\",(IFERROR(VLOOKUP(A149,'COMPSD SEINFRA'!$B$7:$G$5611,4,0),VLOOKUP(CPU_Civil!A149,'ISD SEINFRA'!A122:$D$11922,4,0))),)))","v":138.44999999999999},1.6,221.51999999999998,null,{"$f":"H149*(1-CAPA!$D$13)","v":212.65919999999997}]
[43127,"SINAPI",{"$f":"IF(B150=\"SINAPI\",(IFERROR(VLOOKUP(A150,'CompSD SINAPI'!$B$11:$F$9784,2,0),VLOOKUP(CPU_Civil!A150,'ISD SINAPI'!$B$11:$F$4903,2,0))),IF(OR(B150=\"SICRO\",B150=\"SICRO3\"),(IFERROR(VLOOKUP(A150,'COMP SD SICRO'!$A$2:$D$6495,2,0),VLOOKUP(CPU_Civil!A150,'ISD SICRO'!$A$2:$D$2319,2,0))),IF(B150=\"SEINFRA\",(IFERROR(VLOOKUP(A150,'COMPSD SEINFRA'!$B$7:$G$5611,2,0),VLOOKUP(CPU_Civil!A150,'ISD SEINFRA'!A124:$D$11922,2,0))),)))","v":"TELA DE ACO SOLDADA NERVURADA, CA-60, Q-283 (4,48 KG/M2), DIAMETRO DO FIO = 6,0 MM, LARGURA = 2,45 X 6,00 M DE COMPRIMENTO, ESPACAMENTO DA MALHA = 10 X 10 CM"},"INSUMO",{"$f":"IF(B150=\"SINAPI\",(IFERROR(VLOOKUP(A150,'CompSD SINAPI'!$B$11:$F$9784,3,0),VLOOKUP(CPU_Civil!A150,'ISD SINAPI'!$B$11:$F$4903,3,0))),IF(OR(B150=\"SICRO\",B150=\"SICRO3\"),(IFERROR(VLOOKUP(A150,'COMP SD SICRO'!$A$2:$D$6495,3,0),VLOOKUP(CPU_Civil!A150,'ISD SICRO'!$A$2:$D$2319,3,0))),IF(B150=\"SEINFRA\",(IFERROR(VLOOKUP(A150,'COMPSD SEINFRA'!$B$7:$G$5611,3,0),VLOOKUP(CPU_Civil!A150,'ISD SEINFRA'!A154:$D$11922,3,0))),)))","v":"M2"},31.73,1.1000000000000001,34.903000000000006,null,{"$f":"H150*(1-CAPA!$D$13)","v":33.506880000000002}]
[39016,"SINAPI",{"$f":"IF(B151=\"SINAPI\",(IFERROR(VLOOKUP(A151,'CompSD SINAPI'!$B$11:$F$9784,2,0),VLOOKUP(CPU_Civil!A151,'ISD SINAPI'!$B$11:$F$4903,2,0))),IF(OR(B151=\"SICRO\",B151=\"SICRO3\"),(IFERROR(VLOOKUP(A151,'COMP SD SICRO'!$A$2:$D$6495,2,0),VLOOKUP(CPU_Civil!A151,'ISD SICRO'!$A$2:$D$2319,2,0))),IF(B151=\"SEINFRA\",(IFERROR(VLOOKUP(A151,'COMPSD SEINFRA'!$B$7:$G$5611,2,0),VLOOKUP(CPU_Civil!A151,'ISD SEINFRA'!A125:$D$11922,2,0))),)))","v":"ESPACADOR / DISTANCIADOR TIPO PINO EM PLASTICO, PARA VERGALHAO ATE 10 MM, PARA APOIO DE ARMADURA"},"INSUMO",{"$f":"IF(B151=\"SINAPI\",(IFERROR(VLOOKUP(A151,'CompSD SINAPI'!$B$11:$F$9784,3,0),VLOOKUP(CPU_Civil!A151,'ISD SINAPI'!$B$11:$F$4903,3,0))),IF(OR(B151=\"SICRO\",B151=\"SICRO3\"),(IFERROR(VLOOKUP(A151,'COMP SD SICRO'!$A$2:$D$6495,3,0),VLOOKUP(CPU_Civil!A151,'ISD SICRO'!$A$2:$D$2319,3,0))),IF(B151=\"SEINFRA\",(IFERROR(VLOOKUP(A151,'COMPSD SEINFRA'!$B$7:$G$5611,3,0),VLOOKUP(CPU_Civil!A151,'ISD SEINFRA'!A155:$D$11922,3,0))),)))","v":"UN"},0.37,6,2.2199999999999998,null,{"$f":"H151*(1-CAPA!$D$13)","v":2.1311999999999998}]
["***","***","***","***","***","***","***","***","***"]
["CPU415","PROPRIA","Troca de revestimentos cerâmicos 35x35, rejuntado, inclusive rodapé 7cm.","COMPOSIÇÃO","m²",null,null,null,{"$f":"SUM(H154:H155)","v":88.19},{"$f":"SUM(J154:J155)","v":84.662399999999991}]
[97633,"SINAPI",{"$f":"IF(B154=\"SINAPI\",(IFERROR(VLOOKUP(A154,'CompSD SINAPI'!$B$11:$F$9784,2,0),VLOOKUP(CPU_Civil!A154,'ISD SINAPI'!$B$11:$F$4903,2,0))),IF(OR(B154=\"SICRO\",B154=\"SICRO3\"),(IFERROR(VLOOKUP(A154,'COMP SD SICRO'!$A$2:$D$6495,2,0),VLOOKUP(CPU_Civil!A154,'ISD SICRO'!$A$2:$D$2319,2,0))),IF(B154=\"SEINFRA\",(IFERROR(VLOOKUP(A154,'COMPSD SEINFRA'!$B$7:$G$5611,2,0),VLOOKUP(CPU_Civil!A154,'ISD SEINFRA'!A128:$D$11922,2,0))),)))","v":"DEMOLIÇÃO DE REVESTIMENTO CERÂMICO, DE FORMA MANUAL, SEM REAPROVEITAMENTO. AF_09/2023"},"COMPOSIÇÃO",{"$f":"IF(B154=\"SINAPI\",(IFERROR(VLOOKUP(A154,'CompSD SINAPI'!$B$11:$F$9784,3,0),VLOOKUP(CPU_Civil!A154,'ISD SINAPI'!$B$11:$F$4903,3,0))),IF(OR(B154=\"SICRO\",B154=\"SICRO3\"),(IFERROR(VLOOKUP(A154,'COMP SD SICRO'!$A$2:$D$6495,3,0),VLOOKUP(CPU_Civil!A154,'ISD SICRO'!$A$2:$D$2319,3,0))),IF(B154=\"SEINFRA\",(IFERROR(VLOOKUP(A154,'COMPSD SEINFRA'!$B$7:$G$5611,3,0),VLOOKUP(CPU_Civil!A154,'ISD SEINFRA'!A158:$D$11922,3,0))),)))","v":"M2"},{"$f":"IF(B154=\"SINAPI\",(IFERROR(VLOOKUP(A154,'CompSD SINAPI'!$B$11:$F$9784,4,0),VLOOKUP(CPU_Civil!A154,'ISD SINAPI'!$B$11:$F$4903,5,0))),IF(OR(B154=\"SICRO\",B154=\"SICRO3\"),(IFERROR(VLOOKUP(A154,'COMP SD SICRO'!$A$2:$D$6495,4,0),VLOOKUP(CPU_Civil!A154,'ISD SICRO'!$A$2:$D$2319,4,0))),IF(B154=\"SEINFRA\",(IFERROR(VLOOKUP(A154,'COMPSD SEINFRA'!$B$7:$G$5611,4,0),VLOOKUP(CPU_Civil!A154,'ISD SEINFRA'!A127:$D$11922,4,0))),)))","v":25.32},1,25.32,null,{"$f":"H154*(1-CAPA!$D$13)","v":24.307199999999998}]
[87248,"SINAPI",{"$f":"IF(B155=\"SINAPI\",(IFERROR(VLOOKUP(A155,'CompSD SINAPI'!$B$11:$F$9784,2,0),VLOOKUP(CPU_Civil!A155,'ISD SINAPI'!$B$11:$F$4903,2,0))),IF(OR(B155=\"SICRO\",B155=\"SICRO3\"),(IFERROR(VLOOKUP(A155,'COMP SD SICRO'!$A$2:$D$6495,2,0),VLOOKUP(CPU_Civil!A155,'ISD SICRO'!$A$2:$D$2319,2,0))),IF(B155=\"SEINFRA\",(IFERROR(VLOOKUP(A155,'COMPSD SEINFRA'!$B$7:$G$5611,2,0),VLOOKUP(CPU_Civil!A155,'ISD SEINFRA'!A129:$D$11922,2,0))),)))","v":"REVESTIMENTO CERÂMICO PARA PISO COM PLACAS TIPO ESMALTADA DE DIMENSÕES 35X35 CM APLICADA EM AMBIENTES DE ÁREA MAIOR QUE 10 M2. AF_02/2023_PE"},"COMPOSIÇÃO",{"$f":"IF(B155=\"SINAPI\",(IFERROR(VLOOKUP(A155,'CompSD SINAPI'!$B$11:$F$9784,3,0),VLOOKUP(CPU_Civil!A155,'ISD SINAPI'!$B$11:$F$4903,3,0))),IF(OR(B155=\"SICRO\",B155=\"SICRO3\"),(IFERROR(VLOOKUP(A155,'COMP SD SICRO'!$A$2:$D$6495,3,0),VLOOKUP(CPU_Civil!A155,'ISD SICRO'!$A$2:$D$2319,3,0))),IF(B155=\"SEINFRA\",(IFERROR(VLOOKUP(A155,'COMPSD SEINFRA'!$B$7:$G$5611,3,0),VLOOKUP(CPU_Civil!A155,'ISD SEINFRA'!A159:$D$11922,3,0))),)))","v":"M2"},{"$f":"IF(B155=\"SINAPI\",(IFERROR(VLOOKUP(A155,'CompSD SINAPI'!$B$11:$F$9784,4,0),VLOOKUP(CPU_Civil!A155,'ISD SINAPI'!$B$11:$F$4903,5,0))),IF(OR(B155=\"SICRO\",B155=\"SICRO3\"),(IFERROR(VLOOKUP(A155,'COMP SD SICRO'!$A$2:$D$6495,4,0),VLOOKUP(CPU_Civil!A155,'ISD SICRO'!$A$2:$D$2319,4,0))),IF(B155=\"SEINFRA\",(IFERROR(VLOOKUP(A155,'COMPSD SEINFRA'!$B$7:$G$5611,4,0),VLOOKUP(CPU_Civil!A155,'ISD SEINFRA'!A128:$D$11922,4,0))),)))","v":62.87},1,62.87,null,{"$f":"H155*(1-CAPA!$D$13)","v":60.355199999999996}]
["***","***","***","***","***","***","***","***","***"]
["CPU416","PROPRIA","Revisão e reparo de ponto de água residencial - pia, chuveiro, vaso sanitário, mictório, bebedouro e afins. Inclusive acabamento.","COMPOSIÇÃO","und",null,null,null,{"$f":"H158","v":163.54},{"$f":"SUM(J158)","v":156.99839999999998}]
[1205,"ORSE","Revisão de ponto de água tipo 3","COMPOSIÇÃO","und",163.54,1,163.54,null,{"$f":"H158*(1-CAPA!$D$13)","v":156.99839999999998}]
["CPUs\n500","Fonte\n","Descrição\n","Tipo\n","Unid.\n","Custo Unitário","Coeficiente \nde Utilização","Valor Unitário","Custo Unitário"]
["CPU501","PROPRIA","Esgotamento e limpeza de poço de bomba de EBS","COMPOSIÇÃO","und",null,null,null,{"$f":"SUM(H161:H161)","v":72.31},{"$f":"SUM(J161)","v":69.417599999999993}]
["25.14.56","EMBASA","LIMPEZA MANUAL DE POÇO DE SUCÇÃO","COMPOSIÇÃO","UND",72.31,1,72.31,null,{"$f":"H161*(1-CAPA!$D$13)","v":69.417599999999993}]
["***","***","***","***","***","***","***","***","***"]
["CPU502","PROPRIA","Limpeza de terreno 300 a 350m², com roçagem e capina, inclusive varrição e remoção da poda.","COMPOSIÇÃO","und",null,null,null,{"$f":"SUM(H164:H165)","v":904.67759999999998},{"$f":"SUM(J164:J165)","v":868.49049599999989}]
[98524,"SINAPI",{"$f":"IF(B164=\"SINAPI\",(IFERROR(VLOOKUP(A164,'CompSD SINAPI'!$B$11:$F$9784,2,0),VLOOKUP(CPU_Civil!A164,'ISD SINAPI'!$B$11:$F$4903,2,0))),IF(OR(B164=\"SICRO\",B164=\"SICRO3\"),(IFERROR(VLOOKUP(A164,'COMP SD SICRO'!$A$2:$D$6495,2,0),VLOOKUP(CPU_Civil!A164,'ISD SICRO'!$A$2:$D$2319,2,0))),IF(B164=\"SEINFRA\",(IFERROR(VLOOKUP(A164,'COMPSD SEINFRA'!$B$7:$G$5611,2,0),VLOOKUP(CPU_Civil!A164,'ISD SEINFRA'!A139:$D$11922,2,0))),)))","v":"LIMPEZA MANUAL DE VEGETAÇÃO EM TERRENO COM ENXADA. AF_03/2024"},"COMPOSIÇÃO",{"$f":"IF(B164=\"SINAPI\",(IFERROR(VLOOKUP(A164,'CompSD SINAPI'!$B$11:$F$9784,3,0),VLOOKUP(CPU_Civil!A164,'ISD SINAPI'!$B$11:$F$4903,3,0))),IF(OR(B164=\"SICRO\",B164=\"SICRO3\"),(IFERROR(VLOOKUP(A164,'COMP SD SICRO'!$A$2:$D$6495,3,0),VLOOKUP(CPU_Civil!A164,'ISD SICRO'!$A$2:$D$2319,3,0))),IF(B164=\"SEINFRA\",(IFERROR(VLOOKUP(A164,'COMPSD SEINFRA'!$B$7:$G$5611,3,0),VLOOKUP(CPU_Civil!A164,'ISD SEINFRA'!A169:$D$11922,3,0))),)))","v":"M2"},{"$f":"IF(B164=\"SINAPI\",(IFERROR(VLOOKUP(A164,'CompSD SINAPI'!$B$11:$F$9784,4,0),VLOOKUP(CPU_Civil!A164,'ISD SINAPI'!$B$11:$F$4903,5,0))),IF(OR(B164=\"SICRO\",B164=\"SICRO3\"),(IFERROR(VLOOKUP(A164,'COMP SD SICRO'!$A$2:$D$6495,4,0),VLOOKUP(CPU_Civil!A164,'ISD SICRO'!$A$2:$D$2319,4,0))),IF(B164=\"SEINFRA\",(IFERROR(VLOOKUP(A164,'COMPSD SEINFRA'!$B$7:$G$5611,4,0),VLOOKUP(CPU_Civil!A164,'ISD SEINFRA'!A138:$D$11922,4,0))),)))","v":5.08},175,889,null,{"$f":"H164*(1-CAPA!$D$13)","v":853.43999999999994}]
[4915776,"SICRO3","Roçada com roçadeira costal","COMPOSIÇÃO","ha",783.88,0.02,15.6776,null,{"$f":"H165*(1-CAPA!$D$13)","v":15.050495999999999}]
["***","***","***","***","***","***","***","***","***"]
["CPU503","PROPRIA","Reparos de esquadrias e substituição de fechamentos de vidro por policarbonato translúcido e≥8mm ","COMPOSIÇÃO","m²",null,null,null,{"$f":"SUM(H168:H175)","v":511.08873899999992},{"$f":"SUM(J168:J175)","v":490.64518943999991}]
[6110,"SINAPI","\tSERRALHEIRO (HORISTA)","COMPOSIÇÃO","h",{"$f":"IF(B168=\"SINAPI\",(IFERROR(VLOOKUP(A168,'CompSD SINAPI'!$B$11:$F$9784,4,0),VLOOKUP(CPU_Civil!A168,'ISD SINAPI'!$B$11:$F$4903,5,0))),IF(OR(B168=\"SICRO\",B168=\"SICRO3\"),(IFERROR(VLOOKUP(A168,'COMP SD SICRO'!$A$2:$D$6495,4,0),VLOOKUP(CPU_Civil!A168,'ISD SICRO'!$A$2:$D$2319,4,0))),IF(B168=\"SEINFRA\",(IFERROR(VLOOKUP(A168,'COMPSD SEINFRA'!$B$7:$G$5611,4,0),VLOOKUP(CPU_Civil!A168,'ISD SEINFRA'!A141:$D$11922,4,0))),)))","v":21.14},1.25,26.425000000000001,null,{"$f":"H168*(1-CAPA!$D$13)","v":25.367999999999999}]
[252,"SINAPI","AJUDANTE DE SERRALHEIRO (HORISTA)","COMPOSIÇÃO","h",{"$f":"IF(B169=\"SINAPI\",(IFERROR(VLOOKUP(A169,'CompSD SINAPI'!$B$11:$F$9784,4,0),VLOOKUP(CPU_Civil!A169,'ISD SINAPI'!$B$11:$F$4903,5,0))),IF(OR(B169=\"SICRO\",B169=\"SICRO3\"),(IFERROR(VLOOKUP(A169,'COMP SD SICRO'!$A$2:$D$6495,4,0),VLOOKUP(CPU_Civil!A169,'ISD SICRO'!$A$2:$D$2319,4,0))),IF(B169=\"SEINFRA\",(IFERROR(VLOOKUP(A169,'COMPSD SEINFRA'!$B$7:$G$5611,4,0),VLOOKUP(CPU_Civil!A169,'ISD SEINFRA'!A142:$D$11922,4,0))),)))","v":16.010000000000002},1.25,20.012500000000003,null,{"$f":"H169*(1-CAPA!$D$13)","v":19.212000000000003}]
[14328,"ORSE","Chapa compacta em policarbonato, cor cristal-incolor 9,5mm, linha Lexan Excell D ou similar","INSUMO","m²",453.28,1,453.28,null,{"$f":"H170*(1-CAPA!$D$13)","v":435.14879999999994}]
[156,"SINAPI",{"$f":"IF(B171=\"SINAPI\",(IFERROR(VLOOKUP(A171,'CompSD SINAPI'!$B$11:$F$9784,2,0),VLOOKUP(CPU_Civil!A171,'ISD SINAPI'!$B$11:$F$4903,2,0))),IF(OR(B171=\"SICRO\",B171=\"SICRO3\"),(IFERROR(VLOOKUP(A171,'COMP SD SICRO'!$A$2:$D$6495,2,0),VLOOKUP(CPU_Civil!A171,'ISD SICRO'!$A$2:$D$2319,2,0))),IF(B171=\"SEINFRA\",(IFERROR(VLOOKUP(A171,'COMPSD SEINFRA'!$B$7:$G$5611,2,0),VLOOKUP(CPU_Civil!A171,'ISD SEINFRA'!A145:$D$11922,2,0))),)))","v":"ADESIVO ESTRUTURAL A BASE DE RESINA EPOXI, BICOMPONENTE, FLUIDO"},"INSUMO",{"$f":"IF(B171=\"SINAPI\",(IFERROR(VLOOKUP(A171,'CompSD SINAPI'!$B$11:$F$9784,3,0),VLOOKUP(CPU_Civil!A171,'ISD SINAPI'!$B$11:$F$4903,3,0))),IF(OR(B171=\"SICRO\",B171=\"SICRO3\"),(IFERROR(VLOOKUP(A171,'COMP SD SICRO'!$A$2:$D$6495,3,0),VLOOKUP(CPU_Civil!A171,'ISD SICRO'!$A$2:$D$2319,3,0))),IF(B171=\"SEINFRA\",(IFERROR(VLOOKUP(A171,'COMPSD SEINFRA'!$B$7:$G$5611,3,0),VLOOKUP(CPU_Civil!A171,'ISD SEINFRA'!A175:$D$11922,3,0))),)))","v":"KG"},{"$f":"IF(B171=\"SINAPI\",(IFERROR(VLOOKUP(A171,'CompSD SINAPI'!$B$11:$F$9784,4,0),VLOOKUP(CPU_Civil!A171,'ISD SINAPI'!$B$11:$F$4903,5,0))),IF(OR(B171=\"SICRO\",B171=\"SICRO3\"),(IFERROR(VLOOKUP(A171,'COMP SD SICRO'!$A$2:$D$6495,4,0),VLOOKUP(CPU_Civil!A171,'ISD SICRO'!$A$2:$D$2319,4,0))),IF(B171=\"SEINFRA\",(IFERROR(VLOOKUP(A171,'COMPSD SEINFRA'!$B$7:$G$5611,4,0),VLOOKUP(CPU_Civil!A171,'ISD SEINFRA'!A144:$D$11922,4,0))),)))","v":66.33},0.156,10.347479999999999,null,{"$f":"H171*(1-CAPA!$D$13)","v":9.9335807999999997}]
[3768,"SINAPI",{"$f":"IF(B172=\"SINAPI\",(IFERROR(VLOOKUP(A172,'CompSD SINAPI'!$B$11:$F$9784,2,0),VLOOKUP(CPU_Civil!A172,'ISD SINAPI'!$B$11:$F$4903,2,0))),IF(OR(B172=\"SICRO\",B172=\"SICRO3\"),(IFERROR(VLOOKUP(A172,'COMP SD SICRO'!$A$2:$D$6495,2,0),VLOOKUP(CPU_Civil!A172,'ISD SICRO'!$A$2:$D$2319,2,0))),IF(B172=\"SEINFRA\",(IFERROR(VLOOKUP(A172,'COMPSD SEINFRA'!$B$7:$G$5611,2,0),VLOOKUP(CPU_Civil!A172,'ISD SEINFRA'!A146:$D$11922,2,0))),)))","v":"LIXA EM FOLHA PARA FERRO, NUMERO 150"},"INSUMO",{"$f":"IF(B172=\"SINAPI\",(IFERROR(VLOOKUP(A172,'CompSD SINAPI'!$B$11:$F$9784,3,0),VLOOKUP(CPU_Civil!A172,'ISD SINAPI'!$B$11:$F$4903,3,0))),IF(OR(B172=\"SICRO\",B172=\"SICRO3\"),(IFERROR(VLOOKUP(A172,'COMP SD SICRO'!$A$2:$D$6495,3,0),VLOOKUP(CPU_Civil!A172,'ISD SICRO'!$A$2:$D$2319,3,0))),IF(B172=\"SEINFRA\",(IFERROR(VLOOKUP(A172,'COMPSD SEINFRA'!$B$7:$G$5611,3,0),VLOOKUP(CPU_Civil!A172,'ISD SEINFRA'!A176:$D$11922,3,0))),)))","v":"UN"},{"$f":"IF(B172=\"SINAPI\",(IFERROR(VLOOKUP(A172,'CompSD SINAPI'!$B$11:$F$9784,4,0),VLOOKUP(CPU_Civil!A172,'ISD SINAPI'!$B$11:$F$4903,5,0))),IF(OR(B172=\"SICRO\",B172=\"SICRO3\"),(IFERROR(VLOOKUP(A172,'COMP SD SICRO'!$A$2:$D$6495,4,0),VLOOKUP(CPU_Civil!A172,'ISD SICRO'!$A$2:$D$2319,4,0))),IF(B172=\"SEINFRA\",(IFERROR(VLOOKUP(A172,'COMPSD SEINFRA'!$B$7:$G$5611,4,0),VLOOKUP(CPU_Civil!A172,'ISD SEINFRA'!A145:$D$11922,4,0))),)))","v":2.82},1.2999999999999999E-2,3.6659999999999998E-2,null,{"$f":"H172*(1-CAPA!$D$13)","v":3.5193599999999998E-2}]
[12,"SINAPI",{"$f":"IF(B173=\"SINAPI\",(IFERROR(VLOOKUP(A173,'CompSD SINAPI'!$B$11:$F$9784,2,0),VLOOKUP(CPU_Civil!A173,'ISD SINAPI'!$B$11:$F$4903,2,0))),IF(OR(B173=\"SICRO\",B173=\"SICRO3\"),(IFERROR(VLOOKUP(A173,'COMP SD SICRO'!$A$2:$D$6495,2,0),VLOOKUP(CPU_Civil!A173,'ISD SICRO'!$A$2:$D$2319,2,0))),IF(B173=\"SEINFRA\",(IFERROR(VLOOKUP(A173,'COMPSD SEINFRA'!$B$7:$G$5611,2,0),VLOOKUP(CPU_Civil!A173,'ISD SEINFRA'!A147:$D$11922,2,0))),)))","v":"ESCOVA DE ACO, COM CABO, *4 X 15* FILEIRAS DE CERDAS"},"INSUMO",{"$f":"IF(B173=\"SINAPI\",(IFERROR(VLOOKUP(A173,'CompSD SINAPI'!$B$11:$F$9784,3,0),VLOOKUP(CPU_Civil!A173,'ISD SINAPI'!$B$11:$F$4903,3,0))),IF(OR(B173=\"SICRO\",B173=\"SICRO3\"),(IFERROR(VLOOKUP(A173,'COMP SD SICRO'!$A$2:$D$6495,3,0),VLOOKUP(CPU_Civil!A173,'ISD SICRO'!$A$2:$D$2319,3,0))),IF(B173=\"SEINFRA\",(IFERROR(VLOOKUP(A173,'COMPSD SEINFRA'!$B$7:$G$5611,3,0),VLOOKUP(CPU_Civil!A173,'ISD SEINFRA'!A177:$D$11922,3,0))),)))","v":"UN"},{"$f":"IF(B173=\"SINAPI\",(IFERROR(VLOOKUP(A173,'CompSD SINAPI'!$B$11:$F$9784,4,0),VLOOKUP(CPU_Civil!A173,'ISD SINAPI'!$B$11:$F$4903,5,0))),IF(OR(B173=\"SICRO\",B173=\"SICRO3\"),(IFERROR(VLOOKUP(A173,'COMP SD SICRO'!$A$2:$D$6495,4,0),VLOOKUP(CPU_Civil!A173,'ISD SICRO'!$A$2:$D$2319,4,0))),IF(B173=\"SEINFRA\",(IFERROR(VLOOKUP(A173,'COMPSD SEINFRA'!$B$7:$G$5611,4,0),VLOOKUP(CPU_Civil!A173,'ISD SEINFRA'!A146:$D$11922,4,0))),)))","v":7.49},1.2E-2,8.9880000000000002E-2,null,{"$f":"H173*(1-CAPA!$D$13)","v":8.6284799999999995E-2}]
[5318,"SINAPI",{"$f":"IF(B174=\"SINAPI\",(IFERROR(VLOOKUP(A174,'CompSD SINAPI'!$B$11:$F$9784,2,0),VLOOKUP(CPU_Civil!A174,'ISD SINAPI'!$B$11:$F$4903,2,0))),IF(OR(B174=\"SICRO\",B174=\"SICRO3\"),(IFERROR(VLOOKUP(A174,'COMP SD SICRO'!$A$2:$D$6495,2,0),VLOOKUP(CPU_Civil!A174,'ISD SICRO'!$A$2:$D$2319,2,0))),IF(B174=\"SEINFRA\",(IFERROR(VLOOKUP(A174,'COMPSD SEINFRA'!$B$7:$G$5611,2,0),VLOOKUP(CPU_Civil!A174,'ISD SEINFRA'!A148:$D$11922,2,0))),)))","v":"DILUENTE AGUARRAS"},"INSUMO",{"$f":"IF(B174=\"SINAPI\",(IFERROR(VLOOKUP(A174,'CompSD SINAPI'!$B$11:$F$9784,3,0),VLOOKUP(CPU_Civil!A174,'ISD SINAPI'!$B$11:$F$4903,3,0))),IF(OR(B174=\"SICRO\",B174=\"SICRO3\"),(IFERROR(VLOOKUP(A174,'COMP SD SICRO'!$A$2:$D$6495,3,0),VLOOKUP(CPU_Civil!A174,'ISD SICRO'!$A$2:$D$2319,3,0))),IF(B174=\"SEINFRA\",(IFERROR(VLOOKUP(A174,'COMPSD SEINFRA'!$B$7:$G$5611,3,0),VLOOKUP(CPU_Civil!A174,'ISD SEINFRA'!A178:$D$11922,3,0))),)))","v":"L"},{"$f":"IF(B174=\"SINAPI\",(IFERROR(VLOOKUP(A174,'CompSD SINAPI'!$B$11:$F$9784,4,0),VLOOKUP(CPU_Civil!A174,'ISD SINAPI'!$B$11:$F$4903,5,0))),IF(OR(B174=\"SICRO\",B174=\"SICRO3\"),(IFERROR(VLOOKUP(A174,'COMP SD SICRO'!$A$2:$D$6495,4,0),VLOOKUP(CPU_Civil!A174,'ISD SICRO'!$A$2:$D$2319,4,0))),IF(B174=\"SEINFRA\",(IFERROR(VLOOKUP(A174,'COMPSD SEINFRA'!$B$7:$G$5611,4,0),VLOOKUP(CPU_Civil!A174,'ISD SEINFRA'!A147:$D$11922,4,0))),)))","v":21.98},{"$f":"0.0255/10","v":2.5499999999999997E-3},5.6048999999999995E-2,null,{"$f":"H174*(1-CAPA!$D$13)","v":5.3807039999999993E-2}]
[7311,"SINAPI",{"$f":"IF(B175=\"SINAPI\",(IFERROR(VLOOKUP(A175,'CompSD SINAPI'!$B$11:$F$9784,2,0),VLOOKUP(CPU_Civil!A175,'ISD SINAPI'!$B$11:$F$4903,2,0))),IF(OR(B175=\"SICRO\",B175=\"SICRO3\"),(IFERROR(VLOOKUP(A175,'COMP SD SICRO'!$A$2:$D$6495,2,0),VLOOKUP(CPU_Civil!A175,'ISD SICRO'!$A$2:$D$2319,2,0))),IF(B175=\"SEINFRA\",(IFERROR(VLOOKUP(A175,'COMPSD SEINFRA'!$B$7:$G$5611,2,0),VLOOKUP(CPU_Civil!A175,'ISD SEINFRA'!A149:$D$11922,2,0))),)))","v":"TINTA ESMALTE SINTETICO PREMIUM ACETINADO"},"INSUMO",{"$f":"IF(B175=\"SINAPI\",(IFERROR(VLOOKUP(A175,'CompSD SINAPI'!$B$11:$F$9784,3,0),VLOOKUP(CPU_Civil!A175,'ISD SINAPI'!$B$11:$F$4903,3,0))),IF(OR(B175=\"SICRO\",B175=\"SICRO3\"),(IFERROR(VLOOKUP(A175,'COMP SD SICRO'!$A$2:$D$6495,3,0),VLOOKUP(CPU_Civil!A175,'ISD SICRO'!$A$2:$D$2319,3,0))),IF(B175=\"SEINFRA\",(IFERROR(VLOOKUP(A175,'COMPSD SEINFRA'!$B$7:$G$5611,3,0),VLOOKUP(CPU_Civil!A175,'ISD SEINFRA'!A179:$D$11922,3,0))),)))","v":"L"},{"$f":"IF(B175=\"SINAPI\",(IFERROR(VLOOKUP(A175,'CompSD SINAPI'!$B$11:$F$9784,4,0),VLOOKUP(CPU_Civil!A175,'ISD SINAPI'!$B$11:$F$4903,5,0))),IF(OR(B175=\"SICRO\",B175=\"SICRO3\"),(IFERROR(VLOOKUP(A175,'COMP SD SICRO'!$A$2:$D$6495,4,0),VLOOKUP(CPU_Civil!A175,'ISD SICRO'!$A$2:$D$2319,4,0))),IF(B175=\"SEINFRA\",(IFERROR(VLOOKUP(A175,'COMPSD SEINFRA'!$B$7:$G$5611,4,0),VLOOKUP(CPU_Civil!A175,'ISD SEINFRA'!A148:$D$11922,4,0))),)))","v":33},{"$f":"0.2549/10","v":2.5490000000000002E-2},0.84117000000000008,null,{"$f":"H175*(1-CAPA!$D$13)","v":0.8075232}]
["CPUs\n800","Fonte\n","Descrição\n","Tipo\n","Unid.\n","Custo Unitário","Coeficiente \nde Utilização","Valor Unitário","Custo Unitário"]
["CPU801","PROPRIA"]
[]
["***","***","***","***","***","***","***","***","***"]
["CPU802","PROPRIA"]
[]
[]
["***","***","***","***","***","***","***","***","***"]
["CPU805","PROPRIA","Reparos em comporta de isolação, berço e juntas da  AVIO 110/100 - captação CP1","COMPOSIÇÃO","cj",null,null,null,{"$f":"SUM(H185:H193)","v":7443.5259999999998},{"$f":"SUM(J185:J193)","v":7145.784959999999}]
[88275,"SINAPI","MECÃNICO DE EQUIPAMENTOS PESADOS COM ENCARGOS COMPLEMENTARES","COMPOSIÇÃO","h",{"$f":"IF(B185=\"SINAPI\",(IFERROR(VLOOKUP(A185,'CompSD SINAPI'!$B$11:$F$9784,4,0),VLOOKUP(CPU_Civil!A185,'ISD SINAPI'!$B$11:$F$4903,5,0))),IF(OR(B185=\"SICRO\",B185=\"SICRO3\"),(IFERROR(VLOOKUP(A185,'COMP SD SICRO'!$A$2:$D$6495,4,0),VLOOKUP(CPU_Civil!A185,'ISD SICRO'!$A$2:$D$2319,4,0))),IF(B185=\"SEINFRA\",(IFERROR(VLOOKUP(A185,'COMPSD SEINFRA'!$B$7:$G$5611,4,0),VLOOKUP(CPU_Civil!A185,'ISD SEINFRA'!A186:$D$11922,4,0))),)))","v":41.45},30,{"$f":"F185*G185","v":1243.5},null,{"$f":"H185*(1-CAPA!$D$13)","v":1193.76}]
[88250,"SINAPI","AUXILIAR DE MECÂNICO COM ENCARGOS COMPLEMENTARES","COMPOSIÇÃO","h",{"$f":"IF(B186=\"SINAPI\",(IFERROR(VLOOKUP(A186,'CompSD SINAPI'!$B$11:$F$9784,4,0),VLOOKUP(CPU_Civil!A186,'ISD SINAPI'!$B$11:$F$4903,5,0))),IF(OR(B186=\"SICRO\",B186=\"SICRO3\"),(IFERROR(VLOOKUP(A186,'COMP SD SICRO'!$A$2:$D$6495,4,0),VLOOKUP(CPU_Civil!A186,'ISD SICRO'!$A$2:$D$2319,4,0))),IF(B186=\"SEINFRA\",(IFERROR(VLOOKUP(A186,'COMPSD SEINFRA'!$B$7:$G$5611,4,0),VLOOKUP(CPU_Civil!A186,'ISD SEINFRA'!A187:$D$11922,4,0))),)))","v":23.43},30,702.9,null,{"$f":"H186*(1-CAPA!$D$13)","v":674.78399999999999}]
[20154,"EMOP","MAO-DE-OBRA DE TORNEIRO MECANICO HORIZONTAL, INCLUSIVE ENCARGOS SOCIAIS DESONERADOS","COMPOSIÇÃO","h",137.82,6,826.92,null,{"$f":"H187*(1-CAPA!$D$13)","v":793.84319999999991}]
[88309,"SINAPI",{"$f":"IF(B188=\"SINAPI\",(IFERROR(VLOOKUP(A188,'CompSD SINAPI'!$B$11:$F$9784,2,0),VLOOKUP(CPU_Civil!A188,'ISD SINAPI'!$B$11:$F$4903,2,0))),IF(OR(B188=\"SICRO\",B188=\"SICRO3\"),(IFERROR(VLOOKUP(A188,'COMP SD SICRO'!$A$2:$D$6495,2,0),VLOOKUP(CPU_Civil!A188,'ISD SICRO'!$A$2:$D$2319,2,0))),IF(B188=\"SEINFRA\",(IFERROR(VLOOKUP(A188,'COMPSD SEINFRA'!$B$7:$G$5611,2,0),VLOOKUP(CPU_Civil!A188,'ISD SEINFRA'!A189:$D$11922,2,0))),)))","v":"PEDREIRO COM ENCARGOS COMPLEMENTARES"},"COMPOSIÇÃO","h",{"$f":"IF(B188=\"SINAPI\",(IFERROR(VLOOKUP(A188,'CompSD SINAPI'!$B$11:$F$9784,4,0),VLOOKUP(CPU_Civil!A188,'ISD SINAPI'!$B$11:$F$4903,5,0))),IF(OR(B188=\"SICRO\",B188=\"SICRO3\"),(IFERROR(VLOOKUP(A188,'COMP SD SICRO'!$A$2:$D$6495,4,0),VLOOKUP(CPU_Civil!A188,'ISD SICRO'!$A$2:$D$2319,4,0))),IF(B188=\"SEINFRA\",(IFERROR(VLOOKUP(A188,'COMPSD SEINFRA'!$B$7:$G$5611,4,0),VLOOKUP(CPU_Civil!A188,'ISD SEINFRA'!A188:$D$11922,4,0))),)))","v":30.01},8,{"$f":"F188*G188","v":240.08},null,{"$f":"H188*(1-CAPA!$D$13)","v":230.4768}]
[2407975,"SICRO","Tratamento de superfície de aço com ferramenta mecânica grau SP-11 - em espaço confinado","COMPOSIÇÃO","m²",381.78,3,1145.3399999999999,null,{"$f":"H189*(1-CAPA!$D$13)","v":1099.5264}]
[13846,"ORSE","Aplicação de neutralizador de ferrugem, com duas demãos","COMPOSIÇÃO","m²",25,3,75,null,{"$f":"H190*(1-CAPA!$D$13)","v":72}]
[93402,"SINAPI","GUINDAUTO HIDRÁULICO, CAPACIDADE MÁXIMA DE CARGA 3300 KG, MOMENTO MÁXIMO DE CARGA 5,8 TM, ALCANCE MÁXIMO HORIZONTAL 7,60 M, INCLUSIVE CAMINHÃO TOCO PBT 16.000 KG, POTÊNCIA DE 189 CV - CHP DIURNO. AF_03/2016","COMPOSIÇÃO","CHP",{"$f":"IF(B191=\"SINAPI\",(IFERROR(VLOOKUP(A191,'CompSD SINAPI'!$B$11:$F$9784,4,0),VLOOKUP(CPU_Civil!A191,'ISD SINAPI'!$B$11:$F$4903,5,0))),IF(OR(B191=\"SICRO\",B191=\"SICRO3\"),(IFERROR(VLOOKUP(A191,'COMP SD SICRO'!$A$2:$D$6495,4,0),VLOOKUP(CPU_Civil!A191,'ISD SICRO'!$A$2:$D$2319,4,0))),IF(B191=\"SEINFRA\",(IFERROR(VLOOKUP(A191,'COMPSD SEINFRA'!$B$7:$G$5611,4,0),VLOOKUP(CPU_Civil!A191,'ISD SEINFRA'!A187:$D$11922,4,0))),)))","v":272.14},5,1360.6999999999998,null,{"$f":"H191*(1-CAPA!$D$13)","v":1306.2719999999997}]
["M1132","SICRO","Junta em perfil extrudado de borracha vulcanizada de 20 x 40 mm","COMPOSIÇÃO","m",272.63,4.2,1145.046,null,{"$f":"H192*(1-CAPA!$D$13)","v":1099.24416}]
[13172,"ORSE","Aplicação de adesivo estrutural base resina epoxi, fluido, Sikadur52  ou similar","INSUMO","KG",117.34,6,704.04,null,{"$f":"H193*(1-CAPA!$D$13)","v":675.87839999999994}]
["***","***","***","***","***","***","***","***","***"]
["CPU806","PROPRIA","Reparos em comporta de isolação, berço e juntas da  AVIO 71/40 - captação CS1.1","COMPOSIÇÃO","cj",null,null,null,{"$f":"SUM(H196:H204)","v":6999.458599999999},{"$f":"SUM(J196:J204)","v":6719.4802559999998}]
[88275,"SINAPI","MECÃNICO DE EQUIPAMENTOS PESADOS COM ENCARGOS COMPLEMENTARES","COMPOSIÇÃO","h",{"$f":"IF(B196=\"SINAPI\",(IFERROR(VLOOKUP(A196,'CompSD SINAPI'!$B$11:$F$9784,4,0),VLOOKUP(CPU_Civil!A196,'ISD SINAPI'!$B$11:$F$4903,5,0))),IF(OR(B196=\"SICRO\",B196=\"SICRO3\"),(IFERROR(VLOOKUP(A196,'COMP SD SICRO'!$A$2:$D$6495,4,0),VLOOKUP(CPU_Civil!A196,'ISD SICRO'!$A$2:$D$2319,4,0))),IF(B196=\"SEINFRA\",(IFERROR(VLOOKUP(A196,'COMPSD SEINFRA'!$B$7:$G$5611,4,0),VLOOKUP(CPU_Civil!A196,'ISD SEINFRA'!A191:$D$11922,4,0))),)))","v":41.45},25,{"$f":"F196*G196","v":1036.25},null,{"$f":"H196*(1-CAPA!$D$13)","v":994.8}]
[88250,"SINAPI","AUXILIAR DE MECÂNICO COM ENCARGOS COMPLEMENTARES","COMPOSIÇÃO","h",{"$f":"IF(B197=\"SINAPI\",(IFERROR(VLOOKUP(A197,'CompSD SINAPI'!$B$11:$F$9784,4,0),VLOOKUP(CPU_Civil!A197,'ISD SINAPI'!$B$11:$F$4903,5,0))),IF(OR(B197=\"SICRO\",B197=\"SICRO3\"),(IFERROR(VLOOKUP(A197,'COMP SD SICRO'!$A$2:$D$6495,4,0),VLOOKUP(CPU_Civil!A197,'ISD SICRO'!$A$2:$D$2319,4,0))),IF(B197=\"SEINFRA\",(IFERROR(VLOOKUP(A197,'COMPSD SEINFRA'!$B$7:$G$5611,4,0),VLOOKUP(CPU_Civil!A197,'ISD SEINFRA'!A192:$D$11922,4,0))),)))","v":23.43},25,{"$f":"F197*G197","v":585.75},null,{"$f":"H197*(1-CAPA!$D$13)","v":562.31999999999994}]
[88309,"SINAPI",{"$f":"IF(B198=\"SINAPI\",(IFERROR(VLOOKUP(A198,'CompSD SINAPI'!$B$11:$F$9784,2,0),VLOOKUP(CPU_Civil!A198,'ISD SINAPI'!$B$11:$F$4903,2,0))),IF(OR(B198=\"SICRO\",B198=\"SICRO3\"),(IFERROR(VLOOKUP(A198,'COMP SD SICRO'!$A$2:$D$6495,2,0),VLOOKUP(CPU_Civil!A198,'ISD SICRO'!$A$2:$D$2319,2,0))),IF(B198=\"SEINFRA\",(IFERROR(VLOOKUP(A198,'COMPSD SEINFRA'!$B$7:$G$5611,2,0),VLOOKUP(CPU_Civil!A198,'ISD SEINFRA'!A195:$D$11922,2,0))),)))","v":"PEDREIRO COM ENCARGOS COMPLEMENTARES"},"COMPOSIÇÃO","h",{"$f":"IF(B198=\"SINAPI\",(IFERROR(VLOOKUP(A198,'CompSD SINAPI'!$B$11:$F$9784,4,0),VLOOKUP(CPU_Civil!A198,'ISD SINAPI'!$B$11:$F$4903,5,0))),IF(OR(B198=\"SICRO\",B198=\"SICRO3\"),(IFERROR(VLOOKUP(A198,'COMP SD SICRO'!$A$2:$D$6495,4,0),VLOOKUP(CPU_Civil!A198,'ISD SICRO'!$A$2:$D$2319,4,0))),IF(B198=\"SEINFRA\",(IFERROR(VLOOKUP(A198,'COMPSD SEINFRA'!$B$7:$G$5611,4,0),VLOOKUP(CPU_Civil!A198,'ISD SEINFRA'!A194:$D$11922,4,0))),)))","v":30.01},8,{"$f":"F198*G198","v":240.08},null,{"$f":"H198*(1-CAPA!$D$13)","v":230.4768}]
[20154,"EMOP","MAO-DE-OBRA DE TORNEIRO MECANICO HORIZONTAL, INCLUSIVE ENCARGOS SOCIAIS DESONERADOS","COMPOSIÇÃO","h",137.82,12,{"$f":"F199*G199","v":1653.84},null,{"$f":"H199*(1-CAPA!$D$13)","v":1587.6863999999998}]
[2407975,"SICRO","Tratamento de superfície de aço com ferramenta mecânica grau SP-11 - em espaço confinado","COMPOSIÇÃO","m²",381.78,2,{"$f":"F200*G200","v":763.56},null,{"$f":"H200*(1-CAPA!$D$13)","v":733.0175999999999}]
[13846,"ORSE","Aplicação de neutralizador de ferrugem, com duas demãos","COMPOSIÇÃO","m²",25,2,50,null,{"$f":"H201*(1-CAPA!$D$13)","v":48}]
[93402,"SINAPI","GUINDAUTO HIDRÁULICO, CAPACIDADE MÁXIMA DE CARGA 3300 KG, MOMENTO MÁXIMO DE CARGA 5,8 TM, ALCANCE MÁXIMO HORIZONTAL 7,60 M, INCLUSIVE CAMINHÃO TOCO PBT 16.000 KG, POTÊNCIA DE 189 CV - CHP DIURNO. AF_03/2016","COMPOSIÇÃO","CHP",{"$f":"IF(B202=\"SINAPI\",(IFERROR(VLOOKUP(A202,'CompSD SINAPI'!$B$11:$F$9784,4,0),VLOOKUP(CPU_Civil!A202,'ISD SINAPI'!$B$11:$F$4903,5,0))),IF(OR(B202=\"SICRO\",B202=\"SICRO3\"),(IFERROR(VLOOKUP(A202,'COMP SD SICRO'!$A$2:$D$6495,4,0),VLOOKUP(CPU_Civil!A202,'ISD SICRO'!$A$2:$D$2319,4,0))),IF(B202=\"SEINFRA\",(IFERROR(VLOOKUP(A202,'COMPSD SEINFRA'!$B$7:$G$5611,4,0),VLOOKUP(CPU_Civil!A202,'ISD SEINFRA'!A195:$D$11922,4,0))),)))","v":272.14},5,{"$f":"F202*G202","v":1360.6999999999998},null,{"$f":"H202*(1-CAPA!$D$13)","v":1306.2719999999997}]
["M1132","SICRO","Junta em perfil extrudado de borracha vulcanizada de 20 x 40 mm","COMPOSIÇÃO","m",272.63,2.2200000000000002,605.23860000000002,null,{"$f":"H203*(1-CAPA!$D$13)","v":581.02905599999997}]
[13172,"ORSE","Aplicação de adesivo estrutural base resina epoxi, fluido, Sikadur52  ou similar","INSUMO","KG",117.34,6,704.04,null,{"$f":"H204*(1-CAPA!$D$13)","v":675.87839999999994}]
["***","***","***","***","***","***","***","***","***"]
["CPU807","PROPRIA","Execução de mureta 25x25cm em concreto C20 sobre bordo do canal, inclusive juntas de dilatação em EVA.","COMPOSIÇÃO","m",null,null,null,{"$f":"SUM(H207:H213)","v":116.3792615},{"$f":"SUM(J207:J213)","v":111.72409104}]
[88309,"SINAPI",{"$f":"IF(B207=\"SINAPI\",(IFERROR(VLOOKUP(A207,'CompSD SINAPI'!$B$11:$F$9784,2,0),VLOOKUP(CPU_Civil!A207,'ISD SINAPI'!$B$11:$F$4903,2,0))),IF(OR(B207=\"SICRO\",B207=\"SICRO3\"),(IFERROR(VLOOKUP(A207,'COMP SD SICRO'!$A$2:$D$6495,2,0),VLOOKUP(CPU_Civil!A207,'ISD SICRO'!$A$2:$D$2319,2,0))),IF(B207=\"SEINFRA\",(IFERROR(VLOOKUP(A207,'COMPSD SEINFRA'!$B$7:$G$5611,2,0),VLOOKUP(CPU_Civil!A207,'ISD SEINFRA'!A199:$D$11922,2,0))),)))","v":"PEDREIRO COM ENCARGOS COMPLEMENTARES"},"COMPOSIÇÃO","h",{"$f":"IF(B207=\"SINAPI\",(IFERROR(VLOOKUP(A207,'CompSD SINAPI'!$B$11:$F$9784,4,0),VLOOKUP(CPU_Civil!A207,'ISD SINAPI'!$B$11:$F$4903,5,0))),IF(OR(B207=\"SICRO\",B207=\"SICRO3\"),(IFERROR(VLOOKUP(A207,'COMP SD SICRO'!$A$2:$D$6495,4,0),VLOOKUP(CPU_Civil!A207,'ISD SICRO'!$A$2:$D$2319,4,0))),IF(B207=\"SEINFRA\",(IFERROR(VLOOKUP(A207,'COMPSD SEINFRA'!$B$7:$G$5611,4,0),VLOOKUP(CPU_Civil!A207,'ISD SEINFRA'!A198:$D$11922,4,0))),)))","v":30.01},0.96279999999999999,{"$f":"F207*G207","v":28.893628},null,{"$f":"H207*(1-CAPA!$D$13)","v":27.737882879999997}]
[88316,"SINAPI",{"$f":"IF(B208=\"SINAPI\",(IFERROR(VLOOKUP(A208,'CompSD SINAPI'!$B$11:$F$9784,2,0),VLOOKUP(CPU_Civil!A208,'ISD SINAPI'!$B$11:$F$4903,2,0))),IF(OR(B208=\"SICRO\",B208=\"SICRO3\"),(IFERROR(VLOOKUP(A208,'COMP SD SICRO'!$A$2:$D$6495,2,0),VLOOKUP(CPU_Civil!A208,'ISD SICRO'!$A$2:$D$2319,2,0))),IF(B208=\"SEINFRA\",(IFERROR(VLOOKUP(A208,'COMPSD SEINFRA'!$B$7:$G$5611,2,0),VLOOKUP(CPU_Civil!A208,'ISD SEINFRA'!A200:$D$11922,2,0))),)))","v":"SERVENTE COM ENCARGOS COMPLEMENTARES"},"COMPOSIÇÃO","h",{"$f":"IF(B208=\"SINAPI\",(IFERROR(VLOOKUP(A208,'CompSD SINAPI'!$B$11:$F$9784,4,0),VLOOKUP(CPU_Civil!A208,'ISD SINAPI'!$B$11:$F$4903,5,0))),IF(OR(B208=\"SICRO\",B208=\"SICRO3\"),(IFERROR(VLOOKUP(A208,'COMP SD SICRO'!$A$2:$D$6495,4,0),VLOOKUP(CPU_Civil!A208,'ISD SICRO'!$A$2:$D$2319,4,0))),IF(B208=\"SEINFRA\",(IFERROR(VLOOKUP(A208,'COMPSD SEINFRA'!$B$7:$G$5611,4,0),VLOOKUP(CPU_Civil!A208,'ISD SEINFRA'!A199:$D$11922,4,0))),)))","v":23.84},0.83640000000000003,19.939776000000002,null,{"$f":"H208*(1-CAPA!$D$13)","v":19.142184960000002}]
[94964,"SINAPI",{"$f":"IF(B209=\"SINAPI\",(IFERROR(VLOOKUP(A209,'CompSD SINAPI'!$B$11:$F$9784,2,0),VLOOKUP(CPU_Civil!A209,'ISD SINAPI'!$B$11:$F$4903,2,0))),IF(OR(B209=\"SICRO\",B209=\"SICRO3\"),(IFERROR(VLOOKUP(A209,'COMP SD SICRO'!$A$2:$D$6495,2,0),VLOOKUP(CPU_Civil!A209,'ISD SICRO'!$A$2:$D$2319,2,0))),IF(B209=\"SEINFRA\",(IFERROR(VLOOKUP(A209,'COMPSD SEINFRA'!$B$7:$G$5611,2,0),VLOOKUP(CPU_Civil!A209,'ISD SEINFRA'!A201:$D$11922,2,0))),)))","v":"CONCRETO FCK = 20MPA, TRAÇO 1:2,7:3 (EM MASSA SECA DE CIMENTO/ AREIA MÉDIA/ BRITA 1) - PREPARO MECÂNICO COM BETONEIRA 400 L. AF_05/2021"},"COMPOSIÇÃO","m³",{"$f":"IF(B209=\"SINAPI\",(IFERROR(VLOOKUP(A209,'CompSD SINAPI'!$B$11:$F$9784,4,0),VLOOKUP(CPU_Civil!A209,'ISD SINAPI'!$B$11:$F$4903,5,0))),IF(OR(B209=\"SICRO\",B209=\"SICRO3\"),(IFERROR(VLOOKUP(A209,'COMP SD SICRO'!$A$2:$D$6495,4,0),VLOOKUP(CPU_Civil!A209,'ISD SICRO'!$A$2:$D$2319,4,0))),IF(B209=\"SEINFRA\",(IFERROR(VLOOKUP(A209,'COMPSD SEINFRA'!$B$7:$G$5611,4,0),VLOOKUP(CPU_Civil!A209,'ISD SEINFRA'!A200:$D$11922,4,0))),)))","v":576.41},{"$f":"0.25*0.25*1*1.1","v":6.8750000000000006E-2},39.628187500000003,null,{"$f":"H209*(1-CAPA!$D$13)","v":38.043060000000004}]
[96527,"SINAPI",{"$f":"IF(B210=\"SINAPI\",(IFERROR(VLOOKUP(A210,'CompSD SINAPI'!$B$11:$F$9784,2,0),VLOOKUP(CPU_Civil!A210,'ISD SINAPI'!$B$11:$F$4903,2,0))),IF(OR(B210=\"SICRO\",B210=\"SICRO3\"),(IFERROR(VLOOKUP(A210,'COMP SD SICRO'!$A$2:$D$6495,2,0),VLOOKUP(CPU_Civil!A210,'ISD SICRO'!$A$2:$D$2319,2,0))),IF(B210=\"SEINFRA\",(IFERROR(VLOOKUP(A210,'COMPSD SEINFRA'!$B$7:$G$5611,2,0),VLOOKUP(CPU_Civil!A210,'ISD SEINFRA'!A202:$D$11922,2,0))),)))","v":"ESCAVAÇÃO MANUAL PARA VIGA BALDRAME OU SAPATA CORRIDA (INCLUINDO ESCAVAÇÃO PARA COLOCAÇÃO DE FÔRMAS). AF_01/2024"},"COMPOSIÇÃO","m³",{"$f":"IF(B210=\"SINAPI\",(IFERROR(VLOOKUP(A210,'CompSD SINAPI'!$B$11:$F$9784,4,0),VLOOKUP(CPU_Civil!A210,'ISD SINAPI'!$B$11:$F$4903,5,0))),IF(OR(B210=\"SICRO\",B210=\"SICRO3\"),(IFERROR(VLOOKUP(A210,'COMP SD SICRO'!$A$2:$D$6495,4,0),VLOOKUP(CPU_Civil!A210,'ISD SICRO'!$A$2:$D$2319,4,0))),IF(B210=\"SEINFRA\",(IFERROR(VLOOKUP(A210,'COMPSD SEINFRA'!$B$7:$G$5611,4,0),VLOOKUP(CPU_Civil!A210,'ISD SEINFRA'!A201:$D$11922,4,0))),)))","v":113.92},{"$f":"0.25*0.25*1*1.1","v":6.8750000000000006E-2},7.8320000000000007,null,{"$f":"H210*(1-CAPA!$D$13)","v":7.5187200000000001}]
[97120,"SINAPI",{"$f":"IF(B211=\"SINAPI\",(IFERROR(VLOOKUP(A211,'CompSD SINAPI'!$B$11:$F$9784,2,0),VLOOKUP(CPU_Civil!A211,'ISD SINAPI'!$B$11:$F$4903,2,0))),IF(OR(B211=\"SICRO\",B211=\"SICRO3\"),(IFERROR(VLOOKUP(A211,'COMP SD SICRO'!$A$2:$D$6495,2,0),VLOOKUP(CPU_Civil!A211,'ISD SICRO'!$A$2:$D$2319,2,0))),IF(B211=\"SEINFRA\",(IFERROR(VLOOKUP(A211,'COMPSD SEINFRA'!$B$7:$G$5611,2,0),VLOOKUP(CPU_Civil!A211,'ISD SEINFRA'!A203:$D$11922,2,0))),)))","v":"BARRAS DE LIGAÇÃO, AÇO CA-50 DE 10 MM, PARA EXECUÇÃO DE PAVIMENTO DE CONCRETO - FORNECIMENTO E INSTALAÇÃO. AF_04/2022"},"INSUMO","kg",{"$f":"IF(B211=\"SINAPI\",(IFERROR(VLOOKUP(A211,'CompSD SINAPI'!$B$11:$F$9784,4,0),VLOOKUP(CPU_Civil!A211,'ISD SINAPI'!$B$11:$F$4903,5,0))),IF(OR(B211=\"SICRO\",B211=\"SICRO3\"),(IFERROR(VLOOKUP(A211,'COMP SD SICRO'!$A$2:$D$6495,4,0),VLOOKUP(CPU_Civil!A211,'ISD SICRO'!$A$2:$D$2319,4,0))),IF(B211=\"SEINFRA\",(IFERROR(VLOOKUP(A211,'COMPSD SEINFRA'!$B$7:$G$5611,4,0),VLOOKUP(CPU_Civil!A211,'ISD SEINFRA'!A202:$D$11922,4,0))),)))","v":9.26},0.61699999999999999,5.7134200000000002,null,{"$f":"H211*(1-CAPA!$D$13)","v":5.4848831999999996}]
[156,"SINAPI",{"$f":"IF(B212=\"SINAPI\",(IFERROR(VLOOKUP(A212,'CompSD SINAPI'!$B$11:$F$9784,2,0),VLOOKUP(CPU_Civil!A212,'ISD SINAPI'!$B$11:$F$4903,2,0))),IF(OR(B212=\"SICRO\",B212=\"SICRO3\"),(IFERROR(VLOOKUP(A212,'COMP SD SICRO'!$A$2:$D$6495,2,0),VLOOKUP(CPU_Civil!A212,'ISD SICRO'!$A$2:$D$2319,2,0))),IF(B212=\"SEINFRA\",(IFERROR(VLOOKUP(A212,'COMPSD SEINFRA'!$B$7:$G$5611,2,0),VLOOKUP(CPU_Civil!A212,'ISD SEINFRA'!A204:$D$11922,2,0))),)))","v":"ADESIVO ESTRUTURAL A BASE DE RESINA EPOXI, BICOMPONENTE, FLUIDO"},"INSUMO","kg",{"$f":"IF(B212=\"SINAPI\",(IFERROR(VLOOKUP(A212,'CompSD SINAPI'!$B$11:$F$9784,4,0),VLOOKUP(CPU_Civil!A212,'ISD SINAPI'!$B$11:$F$4903,5,0))),IF(OR(B212=\"SICRO\",B212=\"SICRO3\"),(IFERROR(VLOOKUP(A212,'COMP SD SICRO'!$A$2:$D$6495,4,0),VLOOKUP(CPU_Civil!A212,'ISD SICRO'!$A$2:$D$2319,4,0))),IF(B212=\"SEINFRA\",(IFERROR(VLOOKUP(A212,'COMPSD SEINFRA'!$B$7:$G$5611,4,0),VLOOKUP(CPU_Civil!A212,'ISD SEINFRA'!A203:$D$11922,4,0))),)))","v":66.33},{"$f":"0.05*4","v":0.2},13.266,null,{"$f":"H212*(1-CAPA!$D$13)","v":12.73536}]
[3148,"SINAPI",{"$f":"IF(B213=\"SINAPI\",(IFERROR(VLOOKUP(A213,'CompSD SINAPI'!$B$11:$F$9784,2,0),VLOOKUP(CPU_Civil!A213,'ISD SINAPI'!$B$11:$F$4903,2,0))),IF(OR(B213=\"SICRO\",B213=\"SICRO3\"),(IFERROR(VLOOKUP(A213,'COMP SD SICRO'!$A$2:$D$6495,2,0),VLOOKUP(CPU_Civil!A213,'ISD SICRO'!$A$2:$D$2319,2,0))),IF(B213=\"SEINFRA\",(IFERROR(VLOOKUP(A213,'COMPSD SEINFRA'!$B$7:$G$5611,2,0),VLOOKUP(CPU_Civil!A213,'ISD SEINFRA'!A205:$D$11922,2,0))),)))","v":"FITA VEDA ROSCA, EM PTFE, ROLO DE 18 MM X 50 M (L X C)"},"INSUMO","und",{"$f":"IF(B213=\"SINAPI\",(IFERROR(VLOOKUP(A213,'CompSD SINAPI'!$B$11:$F$9784,4,0),VLOOKUP(CPU_Civil!A213,'ISD SINAPI'!$B$11:$F$4903,5,0))),IF(OR(B213=\"SICRO\",B213=\"SICRO3\"),(IFERROR(VLOOKUP(A213,'COMP SD SICRO'!$A$2:$D$6495,4,0),VLOOKUP(CPU_Civil!A213,'ISD SICRO'!$A$2:$D$2319,4,0))),IF(B213=\"SEINFRA\",(IFERROR(VLOOKUP(A213,'COMPSD SEINFRA'!$B$7:$G$5611,4,0),VLOOKUP(CPU_Civil!A213,'ISD SEINFRA'!A204:$D$11922,4,0))),)))","v":17.7},{"$f":"0.25*0.25","v":6.25E-2},1.10625,null,{"$f":"H213*(1-CAPA!$D$13)","v":1.0619999999999998}]

{"sheet":"CFF_Civil","index":10,"n_rows":113,"n_cols":26,"rows_kept":113,"cut":false,"hidden":false,"merged":[[5,0,5,9]]}
[22627.68,{"$nulls":4},"MINISTÉRIO DA INTEGRAÇÃO E DO DESENVOLVIMENTO REGIONAL"]
[{"$nulls":5},"COMPANHIA DE DESENVOLVIMENTO DOS VALES DO SÃO FRANCISCO E PARNAÍBA"]
[{"$nulls":5},"8ª SUPERINTENDÊNCIA REGIONAL - MARANHÃO"]
["Objeto: Contratação de serviços técnicos para retrofit de componentes da infraestruturas de uso comum do Projeto Público de Irrigação Tabuleiro de São Bernardo (PITSB)."]
["Local: Magalhães de Almeida - MA"]
["CRONOGRAMA FÍSICO-FINANCEIRO - CIVIL",{"$nulls":9},"Mês 01",null,"Mês 02",null,"Mês 03",null,"Mês 04",null,"Mês 05",null,"Mês 06",null,"Mês 07",null,"Mês 08"]
["Item\n","Código\n","Fonte\n","Descrição\n","Unid.\n","Quant.\n","Custo Unit.\n(R$)","Preço Unit.\n(R$)","Subtotal",null,"VALOR EXECUTADO","PERCENTUAL\nEXECUTADO","VALOR EXECUTADO","PERCENTUAL\nEXECUTADO","VALOR EXECUTADO","PERCENTUAL\nEXECUTADO","VALOR EXECUTADO","PERCENTUAL\nEXECUTADO","VALOR EXECUTADO","PERCENTUAL\nEXECUTADO","VALOR EXECUTADO","PERCENTUAL\nEXECUTADO","VALOR EXECUTADO","PERCENTUAL\nEXECUTADO","VALOR EXECUTADO","PERCENTUAL\nEXECUTADO"]
[{"$f":"ORC_Civil!A9","v":1},null,null,"SERVIÇOS  PRELIMINARES",{"$nulls":4},{"$f":"ORC_Civil!L9","v":49301.011200000001}]
[{"$f":"ORC_Civil!A10","v":"1.1"},{"$f":"ORC_Civil!B10","v":103689},{"$f":"ORC_Civil!C10","v":"SINAPI"},{"$f":"ORC_Civil!D10","v":"FORNECIMENTO E INSTALAÇÃO DE PLACA DE OBRA COM CHAPA GALVANIZADA E ESTRUTURA DE MADEIRA. AF_03/2022_PS"},{"$f":"ORC_Civil!E10","v":"m²"},{"$f":"ORC_Civil!F10","v":2.88},{"$f":"ORC_Civil!G10","v":469.48},{"$f":"ORC_Civil!H10","v":593.79},{"$f":"ORC_Civil!L10","v":1641.7055999999998},null,{"$f":"L9*I9","v":1641.7055999999998},1]
[{"$f":"ORC_Civil!A11","v":"1.2"},{"$f":"ORC_Civil!B11","v":"CPU101"},{"$f":"ORC_Civil!C11","v":"PRÓPRIA"},{"$f":"ORC_Civil!D11","v":"Instalação de Contêiner/Escritório "},{"$f":"ORC_Civil!E11","v":"und"},{"$f":"ORC_Civil!F11","v":3},{"$f":"ORC_Civil!G11","v":423.35568000000001},{"$f":"ORC_Civil!H11","v":535.46},{"$f":"ORC_Civil!L11","v":1542.1248000000001},null,{"$f":"L10*I10","v":1542.1248000000001},1]
[{"$f":"ORC_Civil!A12","v":"1.3"},{"$f":"ORC_Civil!B12","v":"CPU102"},{"$f":"ORC_Civil!C12","v":"PROPRIA"},{"$f":"ORC_Civil!D12","v":"Mobilização e Desmobilização Equipamento de Grande Porte"},{"$f":"ORC_Civil!E12","v":"km "},{"$f":"ORC_Civil!F12","v":936},{"$f":"ORC_Civil!G12","v":7.9886077000000002},{"$f":"ORC_Civil!H12","v":10.1},{"$f":"ORC_Civil!L12","v":9075.4560000000001},null,null,null,{"$f":"N11*I11","v":4537.7280000000001},0.5,{"$f":"P11*I11","v":4537.7280000000001},0.5]
[{"$f":"ORC_Civil!A13","v":"1.4"},{"$f":"ORC_Civil!B13","v":"CPU103"},{"$f":"ORC_Civil!C13","v":"PROPRIA"},{"$f":"ORC_Civil!D13","v":"Mobilização e Desmobilização Equipamento de Médio Porte"},{"$f":"ORC_Civil!E13","v":"km "},{"$f":"ORC_Civil!F13","v":936},{"$f":"ORC_Civil!G13","v":7.1545741000000005},{"$f":"ORC_Civil!H13","v":9.0399999999999991},{"$f":"ORC_Civil!L13","v":8122.9823999999999},null,null,null,{"$f":"N12*I12","v":4061.4911999999999},0.5,{"$f":"P12*I12","v":4061.4911999999999},0.5]
[{"$f":"ORC_Civil!A14","v":"1.5"},{"$f":"ORC_Civil!B14","v":"CPU104"},{"$f":"ORC_Civil!C14","v":"PRÓPRIA"},{"$f":"ORC_Civil!D14","v":"Aquisição de Gerador Diesel  Trifásico 8kVA, 220/380v, partida elétrica, inclusive cabo elétrico 30m."},{"$f":"ORC_Civil!E14","v":"und"},{"$f":"ORC_Civil!F14","v":1},{"$f":"ORC_Civil!G14","v":8316},{"$f":"ORC_Civil!H14","v":9563.4},{"$f":"ORC_Civil!L14","v":9180.8639999999996},null,{"$f":"L13*I13","v":9180.8639999999996},1]
[{"$f":"ORC_Civil!A15","v":"1.6"},{"$f":"ORC_Civil!B15","v":"CPU105"},{"$f":"ORC_Civil!C15","v":"PRÓPRIA"},{"$f":"ORC_Civil!D15","v":"Aquisição de bomba submersível de drenagem 3cv, 220V trifásica,  Daka, Dancor ou similar, inclusive mangote 30m."},{"$f":"ORC_Civil!E15","v":"und"},{"$f":"ORC_Civil!F15","v":1},{"$f":"ORC_Civil!G15","v":4188.5},{"$f":"ORC_Civil!H15","v":4816.7700000000004},{"$f":"ORC_Civil!L15","v":4624.0992000000006},null,{"$f":"L14*I14","v":4624.0992000000006},1]
[{"$f":"ORC_Civil!A16","v":"1.7"},{"$f":"ORC_Civil!B16","v":"CPU106"},{"$f":"ORC_Civil!C16","v":"PRÓPRIA"},{"$f":"ORC_Civil!D16","v":"Transporte de Equipamentos Eletromecânicos"},{"$f":"ORC_Civil!E16","v":"km "},{"$f":"ORC_Civil!F16","v":5428.8},{"$f":"ORC_Civil!G16","v":2.5263263999999999},{"$f":"ORC_Civil!H16","v":2.9},{"$f":"ORC_Civil!L16","v":15113.779199999999},null,null,null,{"$f":"N15*I15","v":7556.8895999999995},0.5,{"$f":"P15*I15","v":7556.8895999999995},0.5]
[{"$f":"ORC_Civil!A17","v":2},{"$f":"ORC_Civil!B17","v":0},{"$f":"ORC_Civil!C17","v":0},{"$f":"ORC_Civil!D17","v":"ADMINISTRAÇÃO LOCAL"},null,null,{"$f":"ORC_Civil!G17","v":0},{"$f":"ORC_Civil!H17","v":0},{"$f":"ORC_Civil!L17","v":482735.90400000004}]
[{"$f":"ORC_Civil!A18","v":"2.1"},{"$f":"ORC_Civil!B18","v":"*****"},{"$f":"ORC_Civil!C18","v":"*****"},{"$f":"ORC_Civil!D18","v":"Pessoal"},null,null,{"$f":"ORC_Civil!G18","v":0},{"$f":"ORC_Civil!H18","v":0},{"$f":"ORC_Civil!L18","v":338359.92960000003}]
[{"$f":"ORC_Civil!A19","v":"2.1.1"},{"$f":"ORC_Civil!B19","v":93565},{"$f":"ORC_Civil!C19","v":"SINAPI"},{"$f":"ORC_Civil!D19","v":"ENGENHEIRO CIVIL DE OBRA JUNIOR COM ENCARGOS COMPLEMENTARES"},{"$f":"ORC_Civil!E19","v":"mês"},{"$f":"ORC_Civil!F19","v":6},{"$f":"ORC_Civil!G19","v":22638.12},{"$f":"ORC_Civil!H19","v":28632.69},{"$f":"ORC_Civil!L19","v":164924.29440000001},null,{"$f":"$I18*L18","v":27487.382400000002},{"$f":"1/6","v":0.16666666666666666},{"$f":"$I18*N18","v":27487.382400000002},{"$f":"1/6","v":0.16666666666666666},{"$f":"$I18*P18","v":27487.382400000002},{"$f":"1/6","v":0.16666666666666666},{"$f":"$I18*R18","v":27487.382400000002},{"$f":"1/6","v":0.16666666666666666},{"$f":"$I18*T18","v":27487.382400000002},{"$f":"1/6","v":0.16666666666666666},{"$f":"$I18*V18","v":27487.382400000002},{"$f":"1/6","v":0.16666666666666666}]
[{"$f":"ORC_Civil!A20","v":"2.1.2"},{"$f":"ORC_Civil!B20","v":"P9891"},{"$f":"ORC_Civil!C20","v":"SICRO"},{"$f":"ORC_Civil!D20","v":"Engenheiro mecânico"},{"$f":"ORC_Civil!E20","v":"mês"},{"$f":"ORC_Civil!F20","v":3},{"$f":"ORC_Civil!G20","v":23147.84},{"$f":"ORC_Civil!H20","v":29277.38},{"$f":"ORC_Civil!L20","v":84318.854399999997},{"$nulls":9},{"$f":"$I19*T19","v":21079.713599999999},{"$f":"1/4","v":0.25},{"$f":"$I19*V19","v":21079.713599999999},{"$f":"1/4","v":0.25},{"$f":"$I19*X19","v":21079.713599999999},{"$f":"1/4","v":0.25},{"$f":"$I19*Z19","v":21079.713599999999},{"$f":"1/4","v":0.25}]
[{"$f":"ORC_Civil!A21","v":"2.1.3"},{"$f":"ORC_Civil!B21","v":94295},{"$f":"ORC_Civil!C21","v":"SINAPI"},{"$f":"ORC_Civil!D21","v":"MESTRE DE OBRAS COM ENCARGOS COMPLEMENTARES"},{"$f":"ORC_Civil!E21","v":"mês"},{"$f":"ORC_Civil!F21","v":6},{"$f":"ORC_Civil!G21","v":8360.2900000000009},{"$f":"ORC_Civil!H21","v":10574.09},{"$f":"ORC_Civil!L21","v":60906.758399999999},null,{"$f":"$I20*L20","v":10151.126399999999},{"$f":"1/6","v":0.16666666666666666},{"$f":"$I20*N20","v":10151.126399999999},{"$f":"1/6","v":0.16666666666666666},{"$f":"$I20*P20","v":10151.126399999999},{"$f":"1/6","v":0.16666666666666666},{"$f":"$I20*R20","v":10151.126399999999},{"$f":"1/6","v":0.16666666666666666},{"$f":"$I20*T20","v":10151.126399999999},{"$f":"1/6","v":0.16666666666666666},{"$f":"$I20*V20","v":10151.126399999999},{"$f":"1/6","v":0.16666666666666666}]
[{"$f":"ORC_Civil!A22","v":"2.1.4"},{"$f":"ORC_Civil!B22","v":101390},{"$f":"ORC_Civil!C22","v":"SINAPI"},{"$f":"ORC_Civil!D22","v":"AUXILIAR TÉCNICO / ASSISTENTE DE ENGENHARIA COM ENCARGOS COMPLEMENTARES"},{"$f":"ORC_Civil!E22","v":"mês"},{"$f":"ORC_Civil!F22","v":4},{"$f":"ORC_Civil!G22","v":5808.32},{"$f":"ORC_Civil!H22","v":7346.36},{"$f":"ORC_Civil!L22","v":28210.022399999998},{"$nulls":7},7052.5055999999995,0.25,7052.5055999999995,0.25,7052.5055999999995,0.25,{"$f":"$I21*X21","v":7052.5055999999995},0.25]
[{"$f":"ORC_Civil!A23","v":"2.2"},{"$f":"ORC_Civil!B23","v":"*****"},{"$f":"ORC_Civil!C23","v":"*****"},{"$f":"ORC_Civil!D23","v":"Manutenção de Canteiro"},null,null,{"$f":"ORC_Civil!G23","v":0},{"$f":"ORC_Civil!H23","v":0},{"$f":"ORC_Civil!L23","v":56312.294399999992}]
[{"$f":"ORC_Civil!A24","v":"2.2.1"},{"$f":"ORC_Civil!B24","v":4656},{"$f":"ORC_Civil!C24","v":"ORSE"},{"$f":"ORC_Civil!D24","v":"Locação de container - Banheiro com chuveiros e vasos - 4,30 x 2,30m"},{"$f":"ORC_Civil!E24","v":"mês"},{"$f":"ORC_Civil!F24","v":8},{"$f":"ORC_Civil!G24","v":962.26},{"$f":"ORC_Civil!H24","v":1106.5899999999999},{"$f":"ORC_Civil!L24","v":8498.6111999999994},null,{"$f":"$I23*L23","v":1062.3263999999999},{"$f":"1/8","v":0.125},{"$f":"$I23*N23","v":1062.3263999999999},{"$f":"1/8","v":0.125},{"$f":"$I23*P23","v":1062.3263999999999},{"$f":"1/8","v":0.125},{"$f":"$I23*R23","v":1062.3263999999999},{"$f":"1/8","v":0.125},{"$f":"$I23*T23","v":1062.3263999999999},{"$f":"1/8","v":0.125},{"$f":"$I23*V23","v":1062.3263999999999},{"$f":"1/8","v":0.125},{"$f":"$I23*X23","v":1062.3263999999999},{"$f":"1/8","v":0.125},{"$f":"$I23*Z23","v":1062.3263999999999},{"$f":"1/8","v":0.125}]
[{"$f":"ORC_Civil!A25","v":"2.2.2"},{"$f":"ORC_Civil!B25","v":4657},{"$f":"ORC_Civil!C25","v":"ORSE"},{"$f":"ORC_Civil!D25","v":"Locação de container - Escritório com banheiro - 6,20 x 2,40m - Rev 02_02/2022"},{"$f":"ORC_Civil!E25","v":"mês"},{"$f":"ORC_Civil!F25","v":8},{"$f":"ORC_Civil!G25","v":1600},{"$f":"ORC_Civil!H25","v":1840},{"$f":"ORC_Civil!L25","v":14131.199999999999},null,{"$f":"$I24*L24","v":1766.3999999999999},{"$f":"1/8","v":0.125},{"$f":"$I24*N24","v":1766.3999999999999},{"$f":"1/8","v":0.125},{"$f":"$I24*P24","v":1766.3999999999999},{"$f":"1/8","v":0.125},{"$f":"$I24*R24","v":1766.3999999999999},{"$f":"1/8","v":0.125},{"$f":"$I24*T24","v":1766.3999999999999},{"$f":"1/8","v":0.125},{"$f":"$I24*V24","v":1766.3999999999999},{"$f":"1/8","v":0.125},{"$f":"$I24*X24","v":1766.3999999999999},{"$f":"1/8","v":0.125},{"$f":"$I24*Z24","v":1766.3999999999999},{"$f":"1/8","v":0.125}]
[{"$f":"ORC_Civil!A26","v":"2.2.3"},{"$f":"ORC_Civil!B26","v":4659},{"$f":"ORC_Civil!C26","v":"ORSE"},{"$f":"ORC_Civil!D26","v":"Locação de container - Refeitório sem banheiro - 6,00 x 2,40m - Rev 02_x001f__02/2022"},{"$f":"ORC_Civil!E26","v":"mês"},{"$f":"ORC_Civil!F26","v":8},{"$f":"ORC_Civil!G26","v":1800},{"$f":"ORC_Civil!H26","v":2070},{"$f":"ORC_Civil!L26","v":15897.599999999999},null,{"$f":"$I25*L25","v":1987.1999999999998},{"$f":"1/8","v":0.125},{"$f":"$I25*N25","v":1987.1999999999998},{"$f":"1/8","v":0.125},{"$f":"$I25*P25","v":1987.1999999999998},{"$f":"1/8","v":0.125},{"$f":"$I25*R25","v":1987.1999999999998},{"$f":"1/8","v":0.125},{"$f":"$I25*T25","v":1987.1999999999998},{"$f":"1/8","v":0.125},{"$f":"$I25*V25","v":1987.1999999999998},{"$f":"1/8","v":0.125},{"$f":"$I25*X25","v":1987.1999999999998},{"$f":"1/8","v":0.125},{"$f":"$I25*Z25","v":1987.1999999999998},{"$f":"1/8","v":0.125}]
[{"$f":"ORC_Civil!A27","v":"2.2.4"},{"$f":"ORC_Civil!B27","v":"CPU201"},{"$f":"ORC_Civil!C27","v":"PRÓPRIA"},{"$f":"ORC_Civil!D27","v":"Mobiliário e custos de escritório local"},{"$f":"ORC_Civil!E27","v":"mês"},{"$f":"ORC_Civil!F27","v":8},{"$f":"ORC_Civil!G27","v":2013.6899999999998},{"$f":"ORC_Civil!H27","v":2315.7399999999998},{"$f":"ORC_Civil!L27","v":17784.883199999997},null,{"$f":"$I26*L26","v":2223.1103999999996},{"$f":"1/8","v":0.125},{"$f":"$I26*N26","v":2223.1103999999996},{"$f":"1/8","v":0.125},{"$f":"$I26*P26","v":2223.1103999999996},{"$f":"1/8","v":0.125},{"$f":"$I26*R26","v":2223.1103999999996},{"$f":"1/8","v":0.125},{"$f":"$I26*T26","v":2223.1103999999996},{"$f":"1/8","v":0.125},{"$f":"$I26*V26","v":2223.1103999999996},{"$f":"1/8","v":0.125},{"$f":"$I26*X26","v":2223.1103999999996},{"$f":"1/8","v":0.125},{"$f":"$I26*Z26","v":2223.1103999999996},{"$f":"1/8","v":0.125}]
[{"$f":"ORC_Civil!A28","v":"2.3"},{"$f":"ORC_Civil!B28","v":"*****"},{"$f":"ORC_Civil!C28","v":"*****"},{"$f":"ORC_Civil!D28","v":"Veículos, Insumos e Equipamentos Diversos"},null,null,{"$f":"ORC_Civil!G28","v":0},{"$f":"ORC_Civil!H28","v":0},{"$f":"ORC_Civil!L28","v":88063.679999999993}]
[{"$f":"ORC_Civil!A29","v":"2.3.1"},{"$f":"ORC_Civil!B29","v":"CPU202"},{"$f":"ORC_Civil!C29","v":"PROPRIA"},{"$f":"ORC_Civil!D29","v":"Locação de veículo tipo van/furgão/kombi (inclusive gasolina)"},{"$f":"ORC_Civil!E29","v":"mês"},{"$f":"ORC_Civil!F29","v":8},{"$f":"ORC_Civil!G29","v":3981.451},{"$f":"ORC_Civil!H29","v":4578.66},{"$f":"ORC_Civil!L29","v":35164.108799999995},null,{"$f":"$I28*L28","v":4395.5135999999993},{"$f":"1/8","v":0.125},{"$f":"$I28*N28","v":4395.5135999999993},{"$f":"1/8","v":0.125},{"$f":"$I28*P28","v":4395.5135999999993},{"$f":"1/8","v":0.125},{"$f":"$I28*R28","v":4395.5135999999993},{"$f":"1/8","v":0.125},{"$f":"$I28*T28","v":4395.5135999999993},{"$f":"1/8","v":0.125},{"$f":"$I28*V28","v":4395.5135999999993},{"$f":"1/8","v":0.125},{"$f":"$I28*X28","v":4395.5135999999993},{"$f":"1/8","v":0.125},{"$f":"$I28*Z28","v":4395.5135999999993},{"$f":"1/8","v":0.125}]
[{"$f":"ORC_Civil!A30","v":"2.3.2"},{"$f":"ORC_Civil!B30","v":"CPU203"},{"$f":"ORC_Civil!C30","v":"PRÓPRIA"},{"$f":"ORC_Civil!D30","v":"Aquisição de Diesel para Gerador 8kVA"},{"$f":"ORC_Civil!E30","v":"L"},{"$f":"ORC_Civil!F30","v":936.00000000000011},{"$f":"ORC_Civil!G30","v":6.02},{"$f":"ORC_Civil!H30","v":6.92},{"$f":"ORC_Civil!L30","v":6218.0351999999993},null,{"$f":"$I29*L29","v":1036.3391999999999},{"$f":"1/6","v":0.16666666666666666},{"$f":"$I29*N29","v":1036.3391999999999},{"$f":"1/6","v":0.16666666666666666},{"$f":"$I29*P29","v":1036.3391999999999},{"$f":"1/6","v":0.16666666666666666},{"$f":"$I29*R29","v":1036.3391999999999},{"$f":"1/6","v":0.16666666666666666},{"$f":"$I29*T29","v":1036.3391999999999},{"$f":"1/6","v":0.16666666666666666},{"$f":"$I29*V29","v":1036.3391999999999},{"$f":"1/6","v":0.16666666666666666}]
[{"$f":"ORC_Civil!A31","v":"2.3.3"},{"$f":"ORC_Civil!B31","v":20193},{"$f":"ORC_Civil!C31","v":"SINAPI"},{"$f":"ORC_Civil!D31","v":"LOCACAO DE ANDAIME METALICO TIPO FACHADEIRO, PECAS COM APROXIMADAMENTE 1,20 M DE LARGURA E 2,0 M DE ALTURA, INCLUINDO DIAGONAIS EM X, BARRAS DE LIGACAO, SAPATAS E DEMAIS ITENS NECESSARIOS A MONTAGEM (NAO INCLUI INSTALACAO)"},{"$f":"ORC_Civil!E31","v":"peçaxmês"},{"$f":"ORC_Civil!F31","v":672},{"$f":"ORC_Civil!G31","v":15},{"$f":"ORC_Civil!H31","v":17.25},{"$f":"ORC_Civil!L31","v":11128.32},null,{"$f":"$I30*L30","v":1854.7199999999998},{"$f":"1/6","v":0.16666666666666666},{"$f":"$I30*N30","v":1854.7199999999998},{"$f":"1/6","v":0.16666666666666666},{"$f":"$I30*P30","v":1854.7199999999998},{"$f":"1/6","v":0.16666666666666666},{"$f":"$I30*R30","v":1854.7199999999998},{"$f":"1/6","v":0.16666666666666666},{"$f":"$I30*T30","v":1854.7199999999998},{"$f":"1/6","v":0.16666666666666666},{"$f":"$I30*V30","v":1854.7199999999998},{"$f":"1/6","v":0.16666666666666666}]
[{"$f":"ORC_Civil!A32","v":"2.3.1"},{"$f":"ORC_Civil!B32","v":"CPU204"},{"$f":"ORC_Civil!C32","v":"PROPRIA"},{"$f":"ORC_Civil!D32","v":"Guindauto 11,7 t.m, alcance 9,7 incluso motorista e combustível"},{"$f":"ORC_Civil!E32","v":"mês"},{"$f":"ORC_Civil!F32","v":2.5},null,null,{"$f":"ORC_Civil!L32","v":35553.216},{"$nulls":7},7110.6432000000004,0.2,10665.9648,0.3,10665.9648,0.3,{"$f":"$I31*X31","v":7110.6432000000004},0.2]
[{"$f":"ORC_Civil!A34","v":3},{"$f":"ORC_Civil!B34","v":0},{"$f":"ORC_Civil!C34","v":0},{"$f":"ORC_Civil!D34","v":"CANAL DE APROXIMAÇÃO"},null,null,{"$f":"ORC_Civil!G34","v":0},{"$f":"ORC_Civil!H34","v":0},{"$f":"ORC_Civil!L34","v":108919.0368}]
[{"$f":"ORC_Civil!A35","v":"3.1"},{"$f":"ORC_Civil!B35","v":"*****"},{"$f":"ORC_Civil!C35","v":"*****"},{"$f":"ORC_Civil!D35","v":"Dragagem, recuperação e limpeza do Canal de Aproximação"},null,{"$f":"ORC_Civil!F35","v":"     "},{"$f":"ORC_Civil!G35","v":"     "},{"$f":"ORC_Civil!H35","v":0},{"$f":"ORC_Civil!L35","v":67383.753599999996}]
[{"$f":"ORC_Civil!A36","v":"3.1.1"},{"$f":"ORC_Civil!B36","v":4915776},{"$f":"ORC_Civil!C36","v":"SICRO"},{"$f":"ORC_Civil!D36","v":"Roçada com roçadeira costal"},{"$f":"ORC_Civil!E36","v":"ha"},{"$f":"ORC_Civil!F36","v":2.5099999999999998},{"$f":"ORC_Civil!G36","v":777.84},{"$f":"ORC_Civil!H36","v":983.81},{"$f":"ORC_Civil!L36","v":2370.5855999999999},null,null,null,{"$f":"$I34*N34","v":1422.3513599999999},0.6,{"$f":"$I34*P34","v":948.23424},0.4]
[{"$f":"ORC_Civil!A37","v":"3.1.2"},{"$f":"ORC_Civil!B37","v":104949},{"$f":"ORC_Civil!C37","v":"SINAPI"},{"$f":"ORC_Civil!D37","v":"DRAGAGEM DE MATERIAIS DE 1A CATEGORIA E COMPOSTOS ORGÂNICOS E INORGÂNICOS COM ESCAVADEIRA HIDRÁULICA DE LONGO ALCANCE (CAÇAMBA: 0,52 M3/155 HP). AF_03/2024"},{"$f":"ORC_Civil!E37","v":"m³"},{"$f":"ORC_Civil!F37","v":3671.92},{"$f":"ORC_Civil!G37","v":9.8000000000000007},{"$f":"ORC_Civil!H37","v":12.39},{"$f":"ORC_Civil!L37","v":43675.2768},null,null,null,34940.221440000001,0.8,{"$f":"$I35*P35","v":8735.0553600000003},0.2]
[{"$f":"ORC_Civil!A38","v":"3.1.3"},{"$f":"ORC_Civil!B38","v":93589},{"$f":"ORC_Civil!C38","v":"SINAPI"},{"$f":"ORC_Civil!D38","v":"TRANSPORTE COM CAMINHÃO BASCULANTE DE 10 M³, EM VIA URBANA EM REVESTIMENTO PRIMÁRIO (UNIDADE: M3XKM). AF_07/2020"},{"$f":"ORC_Civil!E38","v":"m³xkm"},{"$f":"ORC_Civil!F38","v":1101.5759999999998},{"$f":"ORC_Civil!G38","v":2.72},{"$f":"ORC_Civil!H38","v":3.44},{"$f":"ORC_Civil!L38","v":3637.8431999999998},null,null,null,2910.2745599999998,0.8,{"$f":"$I36*P36","v":727.56863999999996},0.2]
[{"$f":"ORC_Civil!A39","v":"3.1.4"},{"$f":"ORC_Civil!B39","v":4413942},{"$f":"ORC_Civil!C39","v":"SICRO"},{"$f":"ORC_Civil!D39","v":"Espalhamento de material em bota-fora"},{"$f":"ORC_Civil!E39","v":"m³"},{"$f":"ORC_Civil!F39","v":3671.92},{"$f":"ORC_Civil!G39","v":2.0099999999999998},{"$f":"ORC_Civil!H39","v":2.54},{"$f":"ORC_Civil!L39","v":8953.6031999999996},null,null,null,7162.88256,0.8,{"$f":"$I37*P37","v":1790.72064},0.2]
[{"$f":"ORC_Civil!A40","v":"3.1.5"},{"$f":"ORC_Civil!B40","v":"CPU301"},{"$f":"ORC_Civil!C40","v":"PROPRIA"},{"$f":"ORC_Civil!D40","v":"Controle topográfico planialtimétrico de seções"},{"$f":"ORC_Civil!E40","v":"estaca"},{"$f":"ORC_Civil!F40","v":16},{"$f":"ORC_Civil!G40","v":316.5},{"$f":"ORC_Civil!H40","v":400.3},{"$f":"ORC_Civil!L40","v":6148.6080000000002},null,null,null,4918.8864000000003,0.8,{"$f":"$I38*P38","v":1229.7216000000001},0.2]
[{"$f":"ORC_Civil!A41","v":"3.1.6"},{"$f":"ORC_Civil!B41","v":"CPU302"},{"$f":"ORC_Civil!C41","v":"PROPRIA"},{"$f":"ORC_Civil!D41","v":"Fornecimento e instalação de barreira ecológica 40m p/ retenção de macrófitas."},{"$f":"ORC_Civil!E41","v":"cj"},{"$f":"ORC_Civil!F41","v":1},{"$f":"ORC_Civil!G41","v":2139.5333333333333},{"$f":"ORC_Civil!H41","v":2706.08},{"$f":"ORC_Civil!L41","v":2597.8368},null,null,null,2597.8368,1]
[{"$f":"ORC_Civil!A42","v":"3.2"},{"$f":"ORC_Civil!B42","v":"*****"},{"$f":"ORC_Civil!C42","v":"*****"},{"$f":"ORC_Civil!D42","v":"Recomposição de taludes"},null,null,{"$f":"ORC_Civil!G42","v":0},{"$f":"ORC_Civil!H42","v":0},{"$f":"ORC_Civil!L42","v":41535.283199999998}]
[{"$f":"ORC_Civil!A43","v":"3.2.1"},{"$f":"ORC_Civil!B43","v":4016096},{"$f":"ORC_Civil!C43","v":"SICRO"},{"$f":"ORC_Civil!D43","v":"Escavação e carga de material de jazida com escavadeira hidráulica de 1,56 m³"},{"$f":"ORC_Civil!E43","v":"m³"},{"$f":"ORC_Civil!F43","v":160.30000000000001},{"$f":"ORC_Civil!G43","v":1.47},{"$f":"ORC_Civil!H43","v":1.85},{"$f":"ORC_Civil!L43","v":284.68799999999999},null,null,null,{"$f":"$I41*N41","v":284.68799999999999},1]
[{"$f":"ORC_Civil!A44","v":"3.2.2"},{"$f":"ORC_Civil!B44","v":93589},{"$f":"ORC_Civil!C44","v":"SINAPI"},{"$f":"ORC_Civil!D44","v":"TRANSPORTE COM CAMINHÃO BASCULANTE DE 10 M³, EM VIA URBANA EM REVESTIMENTO PRIMÁRIO (UNIDADE: M3XKM). AF_07/2020"},{"$f":"ORC_Civil!E44","v":"m³xkm"},{"$f":"ORC_Civil!F44","v":1282.4000000000001},{"$f":"ORC_Civil!G44","v":2.72},{"$f":"ORC_Civil!H44","v":3.44},{"$f":"ORC_Civil!L44","v":4234.9919999999993},null,null,null,4234.9919999999993,1]
[{"$f":"ORC_Civil!A45","v":"3.2.3"},{"$f":"ORC_Civil!B45","v":104730},{"$f":"ORC_Civil!C45","v":"SINAPI"},{"$f":"ORC_Civil!D45","v":"REATERRO MECANIZADO DE VALA COM ESCAVADEIRA HIDRÁULICA (CAPACIDADE DA CAÇAMBA: 0,8 M³/POTÊNCIA: 111 HP), LARGURA DE 1,5 A 2,5 M, PROFUNDIDADE DE 1,5 A 3,0 M, COM SOLO (SEM SUBSTITUIÇÃO) DE 1ª CATEGORIA, COM PLACA VIBRATÓRIA. AF_08/2023"},{"$f":"ORC_Civil!E45","v":"m³"},{"$f":"ORC_Civil!F45","v":160.30000000000001},{"$f":"ORC_Civil!G45","v":12.92},{"$f":"ORC_Civil!H45","v":16.34},{"$f":"ORC_Civil!L45","v":2514.5280000000002},null,null,null,2514.5280000000002,1]
[{"$f":"ORC_Civil!A46","v":"3.2.4"},{"$f":"ORC_Civil!B46","v":"CPU303"},{"$f":"ORC_Civil!C46","v":"PROPRIA"},{"$f":"ORC_Civil!D46","v":"Execução de decidas d'água rápida (DAR 40-20), com alas de captação."},{"$f":"ORC_Civil!E46","v":"cj"},{"$f":"ORC_Civil!F46","v":6},{"$f":"ORC_Civil!G46","v":3687.36},{"$f":"ORC_Civil!H46","v":4663.7700000000004},{"$f":"ORC_Civil!L46","v":26863.315199999997},null,null,null,17909.772243839998,0.66669999999999996,{"$f":"$I44*P44","v":8953.5429561599994},0.33329999999999999]
[{"$f":"ORC_Civil!A47","v":"3.2.5"},{"$f":"ORC_Civil!B47","v":4413993},{"$f":"ORC_Civil!C47","v":"SICRO"},{"$f":"ORC_Civil!D47","v":"Revestimento vegetal por semeadura a lanço manual de gramíneas e leguminosas"},{"$f":"ORC_Civil!E47","v":"m²"},{"$f":"ORC_Civil!F47","v":6800},{"$f":"ORC_Civil!G47","v":0.55000000000000004},{"$f":"ORC_Civil!H47","v":0.69},{"$f":"ORC_Civil!L47","v":4504.32},{"$nulls":5},4504.32,1]
[{"$f":"ORC_Civil!A48","v":"3.2.6"},{"$f":"ORC_Civil!B48","v":4413987},{"$f":"ORC_Civil!C48","v":"SICRO"},{"$f":"ORC_Civil!D48","v":"Irrigação de área plantada para proteção vegetal do corpo estradal"},{"$f":"ORC_Civil!E48","v":"m²"},{"$f":"ORC_Civil!F48","v":6800},{"$f":"ORC_Civil!G48","v":0.38},{"$f":"ORC_Civil!H48","v":0.48},{"$f":"ORC_Civil!L48","v":3133.44},{"$nulls":5},3133.44,1]
[{"$f":"ORC_Civil!A49","v":4},{"$f":"ORC_Civil!B49","v":0},{"$f":"ORC_Civil!C49","v":0},{"$f":"ORC_Civil!D49","v":"ESTAÇÃO DE BOMBEAMENTO PRINCIPAL E SUBESTAÇÃO - EBP"},null,null,{"$f":"ORC_Civil!G49","v":0},{"$f":"ORC_Civil!H49","v":0},{"$f":"ORC_Civil!L49","v":223606.69440000001}]
[{"$f":"ORC_Civil!A50","v":"4.1"},{"$f":"ORC_Civil!B50","v":"*****"},{"$f":"ORC_Civil!C50","v":"*****"},{"$f":"ORC_Civil!D50","v":"Limpeza de poços de captação, entorno e dedetização geral"},null,null,{"$f":"ORC_Civil!G50","v":0},{"$f":"ORC_Civil!H50","v":0},{"$f":"ORC_Civil!L50","v":3332.4287999999997}]
[{"$f":"ORC_Civil!A51","v":"4.1.1"},{"$f":"ORC_Civil!B51","v":"CPU401"},{"$f":"ORC_Civil!C51","v":"PROPRIA"},{"$f":"ORC_Civil!D51","v":"Controle de pragas de vespas edificação até 2 pavimentos"},{"$f":"ORC_Civil!E51","v":"und"},{"$f":"ORC_Civil!F51","v":1},{"$f":"ORC_Civil!G51","v":624.91999999999996},{"$f":"ORC_Civil!H51","v":790.39},{"$f":"ORC_Civil!L51","v":758.77440000000001},null,{"$f":"$I49*L49","v":758.77440000000001},1]
[{"$f":"ORC_Civil!A52","v":"4.1.2"},{"$f":"ORC_Civil!B52","v":"CPU402"},{"$f":"ORC_Civil!C52","v":"PROPRIA"},{"$f":"ORC_Civil!D52","v":"Esgotamento e limpeza dos poços de bomba 6 e 7 da EBP"},{"$f":"ORC_Civil!E52","v":"und"},{"$f":"ORC_Civil!F52","v":1},{"$f":"ORC_Civil!G52","v":1077.76},{"$f":"ORC_Civil!H52","v":1363.15},{"$f":"ORC_Civil!L52","v":1308.624},{"$nulls":11},{"$f":"$I50*V50","v":1308.624},1]
[{"$f":"ORC_Civil!A53","v":"6.1.3"},{"$f":"ORC_Civil!B53","v":"CPU403"},{"$f":"ORC_Civil!C53","v":"PROPRIA"},{"$f":"ORC_Civil!D53","v":"Limpeza de terreno 500 a 600m², com roçagem e capina, inclusive varrição e remoção da poda."},{"$f":"ORC_Civil!E53","v":"und"},{"$f":"ORC_Civil!F53","v":1},{"$f":"ORC_Civil!G53","v":1041.8607999999999},{"$f":"ORC_Civil!H53","v":1317.74},{"$f":"ORC_Civil!L53","v":1265.0303999999999},{"$nulls":11},1265.0303999999999,1]
[{"$f":"ORC_Civil!A54","v":"4.2"},{"$f":"ORC_Civil!B54","v":"*****"},{"$f":"ORC_Civil!C54","v":"*****"},{"$f":"ORC_Civil!D54","v":"Esquadrias, janelas, portas, portões, parapeitos e escadas marinheiro"},{"$f":"ORC_Civil!E54","v":0},{"$f":"ORC_Civil!F54","v":0},{"$f":"ORC_Civil!G54","v":0},{"$f":"ORC_Civil!H54","v":0},{"$f":"ORC_Civil!L54","v":107727.48480000001}]
[{"$f":"ORC_Civil!A55","v":"4.2.1"},{"$f":"ORC_Civil!B55","v":97063},{"$f":"ORC_Civil!C55","v":"SINAPI"},{"$f":"ORC_Civil!D55","v":"MONTAGEM E DESMONTAGEM DE ANDAIME MODULAR FACHADEIRO, COM PISO METÁLICO, PARA EDIFÍCIOS COM MULTIPLOS PAVIMENTOS (EXCLUSIVE ANDAIME E LIMPEZA). AF_03/2024"},{"$f":"ORC_Civil!E55","v":"m²"},{"$f":"ORC_Civil!F55","v":720},{"$f":"ORC_Civil!G55","v":18.59},{"$f":"ORC_Civil!H55","v":23.51},{"$f":"ORC_Civil!L55","v":16250.112000000001},null,null,null,{"$f":"$I53*N53","v":4875.0335999999998},0.3,{"$f":"$I53*P53","v":11375.0784},0.7]
[{"$f":"ORC_Civil!A56","v":"4.2.2"},{"$f":"ORC_Civil!B56","v":"CPU404"},{"$f":"ORC_Civil!C56","v":"PROPRIA"},{"$f":"ORC_Civil!D56","v":"Reparos e pintura de esquadrias, guarnições portas e janelas matálicas."},{"$f":"ORC_Civil!E56","v":"m²"},{"$f":"ORC_Civil!F56","v":7.3980000000000006},{"$f":"ORC_Civil!G56","v":59.049989999999994},{"$f":"ORC_Civil!H56","v":74.680000000000007},{"$f":"ORC_Civil!L56","v":530.38080000000002},{"$nulls":5},530.38080000000002,1]
[{"$f":"ORC_Civil!A57","v":"4.2.3"},{"$f":"ORC_Civil!B57","v":"CPU502"},{"$f":"ORC_Civil!C57","v":"PROPRIA"},{"$f":"ORC_Civil!D57","v":"Reparos de esquadrias e substituição de fechamentos de vidro por policarbonato e≥9,5mm "},{"$f":"ORC_Civil!E57","v":"m²"},{"$f":"ORC_Civil!F57","v":4.5},{"$f":"ORC_Civil!G57","v":904.67759999999998},{"$f":"ORC_Civil!H57","v":1144.23},{"$f":"ORC_Civil!L57","v":4943.0688},null,null,null,{"$f":"$I55*N55","v":2965.8412800000001},0.6,1977.2275200000001,0.4]
[{"$f":"ORC_Civil!A58","v":"4.2.4"},{"$f":"ORC_Civil!B58","v":4942},{"$f":"ORC_Civil!C58","v":"ORSE"},{"$f":"ORC_Civil!D58","v":"Remoção de esquadria metálica, sem reaproveitamento Rev. 01 - 03/2022"},{"$f":"ORC_Civil!E58","v":"m²"},{"$f":"ORC_Civil!F58","v":153.9},{"$f":"ORC_Civil!G58","v":20.69},{"$f":"ORC_Civil!H58","v":26.16},{"$f":"ORC_Civil!L58","v":3864.9791999999998},null,null,null,{"$f":"$I56*N56","v":2898.7343999999998},0.75,966.24479999999994,0.25]
[{"$f":"ORC_Civil!A59","v":"4.2.5"},{"$f":"ORC_Civil!B59","v":"I6741"},{"$f":"ORC_Civil!C59","v":"SEINFRA"},{"$f":"ORC_Civil!D59","v":"VENEZIANA INDUSTRIAL EM PVC RÍGIDO, TRANSLÚCIDO E MONTANTE EM AÇO GALVANIZADO OU ALUMÍNIO (FORNECIMENTO E MONTAGEM)"},{"$f":"ORC_Civil!E59","v":"m²"},{"$f":"ORC_Civil!F59","v":72.900000000000006},{"$f":"ORC_Civil!G59","v":282.73},{"$f":"ORC_Civil!H59","v":357.59},{"$f":"ORC_Civil!L59","v":25025.577600000001},null,null,null,7507.67328,0.3,{"$f":"$I57*P57","v":17517.904319999998},0.7]
[{"$f":"ORC_Civil!A60","v":"4.2.6"},{"$f":"ORC_Civil!B60","v":"CPU405"},{"$f":"ORC_Civil!C60","v":"PROPRIA"},{"$f":"ORC_Civil!D60","v":"Alvenaria de vedação com elemento vazado de concreto, tipo veneziana 39x29x10."},{"$f":"ORC_Civil!E60","v":"m²"},{"$f":"ORC_Civil!F60","v":81},{"$f":"ORC_Civil!G60","v":386.19954666666666},{"$f":"ORC_Civil!H60","v":488.46},{"$f":"ORC_Civil!L60","v":37982.649599999997},null,null,null,{"$f":"$I58*N58","v":11394.794879999999},0.3,18991.324799999999,0.5,{"$f":"$I58*R58","v":7596.5299199999999},0.2]
[{"$f":"ORC_Civil!A61","v":"4.2.7"},{"$f":"ORC_Civil!B61","v":"CPU406a"},{"$f":"ORC_Civil!C61","v":"PROPRIA"},{"$f":"ORC_Civil!D61","v":"Fornecimento e instalação de porta  de enrolar 2,25x6,4 dupla, inclusive grade de proteção em metalon, pintadas em azul. inclusive cadeados."},{"$f":"ORC_Civil!E61","v":"cj"},{"$f":"ORC_Civil!F61","v":1},{"$f":"ORC_Civil!G61","v":13797.921800000004},{"$f":"ORC_Civil!H61","v":17451.61},{"$f":"ORC_Civil!L61","v":16753.545600000001},null,{"$f":"$I59*L59","v":16753.545600000001},1]
[{"$f":"ORC_Civil!A62","v":"4.2.8"},{"$f":"ORC_Civil!B62","v":94807},{"$f":"ORC_Civil!C62","v":"SINAPI"},{"$f":"ORC_Civil!D62","v":"PORTA EM AÇO DE ABRIR TIPO VENEZIANA SEM GUARNIÇÃO, 87X210CM, FIXAÇÃO COM PARAFUSOS - FORNECIMENTO E INSTALAÇÃO. AF_12/2019"},{"$f":"ORC_Civil!E62","v":"und"},{"$f":"ORC_Civil!F62","v":1},{"$f":"ORC_Civil!G62","v":755.05},{"$f":"ORC_Civil!H62","v":954.98},{"$f":"ORC_Civil!L62","v":916.7808},null,916.7808,1]
[{"$f":"ORC_Civil!A63","v":"4.2.9"},{"$f":"ORC_Civil!B63","v":"CPU406b"},{"$f":"ORC_Civil!C63","v":"PROPRIA"},{"$f":"ORC_Civil!D63","v":"Fornecimento e instalação de portão  de acesso à caixa de válvulas, inclusive tela galvanizada 25x25mm, pintado em azul. Inclusive cadeados."},{"$f":"ORC_Civil!E63","v":"cj"},{"$f":"ORC_Civil!F63","v":1},{"$f":"ORC_Civil!G63","v":1202.7517819999998},{"$f":"ORC_Civil!H63","v":1521.24},{"$f":"ORC_Civil!L63","v":1460.3904},null,1460.3904,1]
[{"$f":"ORC_Civil!A64","v":"4.3"},{"$f":"ORC_Civil!B64","v":"*****"},{"$f":"ORC_Civil!C64","v":"*****"},{"$f":"ORC_Civil!D64","v":"Pisos, rampas e escadarias"},{"$f":"ORC_Civil!E64","v":0},{"$f":"ORC_Civil!F64","v":0},{"$f":"ORC_Civil!G64","v":0},{"$f":"ORC_Civil!H64","v":0},{"$f":"ORC_Civil!L64","v":1080.8159999999998}]
[{"$f":"ORC_Civil!A65","v":"4.3.1"},{"$f":"ORC_Civil!B65","v":99814},{"$f":"ORC_Civil!C65","v":"SINAPI"},{"$f":"ORC_Civil!D65","v":"LIMPEZA DE SUPERFÍCIE COM JATO DE ALTA PRESSÃO. AF_04/2019"},{"$f":"ORC_Civil!E65","v":"m²"},{"$f":"ORC_Civil!F65","v":409.4},{"$f":"ORC_Civil!G65","v":2.1800000000000002},{"$f":"ORC_Civil!H65","v":2.75},{"$f":"ORC_Civil!L65","v":1080.8159999999998},{"$nulls":5},{"$f":"$I63*P63","v":1080.8159999999998},1]
[{"$f":"ORC_Civil!A66","v":"4.4"},{"$f":"ORC_Civil!B66","v":"*****"},{"$f":"ORC_Civil!C66","v":"*****"},{"$f":"ORC_Civil!D66","v":"Reparos em Telhados e Calhas"},{"$f":"ORC_Civil!E66","v":0},{"$f":"ORC_Civil!F66","v":0},{"$f":"ORC_Civil!G66","v":0},{"$f":"ORC_Civil!H66","v":0},{"$f":"ORC_Civil!L66","v":17277.993600000002}]
[{"$f":"ORC_Civil!A67","v":"4.4.1"},{"$f":"ORC_Civil!B67","v":10324},{"$f":"ORC_Civil!C67","v":"IOPES"},{"$f":"ORC_Civil!D67","v":"Retirada manual de telha tipo Canalete 90, sem reaproveitamento"},{"$f":"ORC_Civil!E67","v":"m²"},{"$f":"ORC_Civil!F67","v":32.400000000000006},{"$f":"ORC_Civil!G67","v":6.68},{"$f":"ORC_Civil!H67","v":8.44},{"$f":"ORC_Civil!L67","v":262.512},null,{"$f":"$I65*L65","v":262.512},1]
[{"$f":"ORC_Civil!A68","v":"4.4.2"},{"$f":"ORC_Civil!B68","v":238},{"$f":"ORC_Civil!C68","v":"ORSE"},{"$f":"ORC_Civil!D68","v":"Telhamento com telha de fibrocimento tipo canalete 90 (Eternit ou similar)"},{"$f":"ORC_Civil!E68","v":"m²"},{"$f":"ORC_Civil!F68","v":32.400000000000006},{"$f":"ORC_Civil!G68","v":223.15},{"$f":"ORC_Civil!H68","v":282.24},{"$f":"ORC_Civil!L68","v":8778.7871999999988},null,8778.7871999999988,1]
[{"$f":"ORC_Civil!A69","v":"4.4.3"},{"$f":"ORC_Civil!B69","v":253},{"$f":"ORC_Civil!C69","v":"ORSE"},{"$f":"ORC_Civil!D69","v":"Cumeeira normal em fibrocimento para telha canalete 90 ou similar"},{"$f":"ORC_Civil!E69","v":"m"},{"$f":"ORC_Civil!F69","v":3},{"$f":"ORC_Civil!G69","v":155.77000000000001},{"$f":"ORC_Civil!H69","v":197.01},{"$f":"ORC_Civil!L69","v":567.38879999999995},null,567.38879999999995,1]
[{"$f":"ORC_Civil!A70","v":"4.4.4"},{"$f":"ORC_Civil!B70","v":99814},{"$f":"ORC_Civil!C70","v":"SINAPI"},{"$f":"ORC_Civil!D70","v":"LIMPEZA DE SUPERFÍCIE COM JATO DE ALTA PRESSÃO. AF_04/2019"},{"$f":"ORC_Civil!E70","v":"m²"},{"$f":"ORC_Civil!F70","v":37.44},{"$f":"ORC_Civil!G70","v":2.1800000000000002},{"$f":"ORC_Civil!H70","v":2.75},{"$f":"ORC_Civil!L70","v":98.841599999999985},null,98.841599999999985,1]
[{"$f":"ORC_Civil!A71","v":"4.4.5"},{"$f":"ORC_Civil!B71","v":98576},{"$f":"ORC_Civil!C71","v":"SINAPI"},{"$f":"ORC_Civil!D71","v":"TRATAMENTO DE JUNTA DE DILATAÇÃO COM MANTA ASFÁLTICA ADERIDA COM MAÇARICO. AF_09/2023"},{"$f":"ORC_Civil!E71","v":"m"},{"$f":"ORC_Civil!F71","v":4},{"$f":"ORC_Civil!G71","v":23.46},{"$f":"ORC_Civil!H71","v":29.67},{"$f":"ORC_Civil!L71","v":113.9328},null,113.9328,1]
[{"$f":"ORC_Civil!A72","v":"4.4.6"},{"$f":"ORC_Civil!B72","v":"CPU410"},{"$f":"ORC_Civil!C72","v":"PROPRIA"},{"$f":"ORC_Civil!D72","v":"Fabricação e instalação de telas passarinheiras retangular chanfrada c/  tela galvanizada 25x25mm cantoneiras em alumínio."},{"$f":"ORC_Civil!E72","v":"m"},{"$f":"ORC_Civil!F72","v":48},{"$f":"ORC_Civil!G72","v":103.41079439024392},{"$f":"ORC_Civil!H72","v":130.79},{"$f":"ORC_Civil!L72","v":6026.8032000000003},null,6026.8032000000003,1]
[{"$f":"ORC_Civil!A73","v":"4.4.7"},{"$f":"ORC_Civil!B73","v":4915650},{"$f":"ORC_Civil!C73","v":"SICRO"},{"$f":"ORC_Civil!D73","v":"Injeção de adesivo estrutural à base de resina epóxi de baixa viscosidade para tratamento de fissuras em estruturas de concreto - fornecimento e aplicação manual."},{"$f":"ORC_Civil!E73","v":"Kg"},{"$f":"ORC_Civil!F73","v":2},{"$f":"ORC_Civil!G73","v":285.02999999999997},{"$f":"ORC_Civil!H73","v":360.5},{"$f":"ORC_Civil!L73","v":692.16},null,692.16,1]
[{"$f":"ORC_Civil!A74","v":"4.4.8"},{"$f":"ORC_Civil!B74","v":93203},{"$f":"ORC_Civil!C74","v":"SINAPI"},{"$f":"ORC_Civil!D74","v":"FIXAÇÃO (ENCUNHAMENTO) DE ALVENARIA DE VEDAÇÃO COM ESPUMA DE POLIURETANO EXPANSIVA. AF_03/2024"},{"$f":"ORC_Civil!E74","v":"m"},{"$f":"ORC_Civil!F74","v":41.02},{"$f":"ORC_Civil!G74","v":14.81},{"$f":"ORC_Civil!H74","v":18.73},{"$f":"ORC_Civil!L74","v":737.56799999999998},null,737.56799999999998,1]
[{"$f":"ORC_Civil!A75","v":"4.5"},{"$f":"ORC_Civil!B75","v":"*****"},{"$f":"ORC_Civil!C75","v":"*****"},{"$f":"ORC_Civil!D75","v":"Sistema de Medição de Vazão"},{"$f":"ORC_Civil!E75","v":0},{"$f":"ORC_Civil!F75","v":0},{"$f":"ORC_Civil!G75","v":0},{"$f":"ORC_Civil!H75","v":0},{"$f":"ORC_Civil!L75","v":50420.217599999996}]
[{"$f":"ORC_Civil!A76","v":"4.5.1"},{"$f":"ORC_Civil!B76","v":"CPU411"},{"$f":"ORC_Civil!C76","v":"PRÓPRIA"},{"$f":"ORC_Civil!D76","v":"Fornecimento, instalação e configuração de medidor de vazão eletromagnético em adutora 1200mm"},{"$f":"ORC_Civil!E76","v":"und"},{"$f":"ORC_Civil!F76","v":2},{"$f":"ORC_Civil!G76","v":22835.25},{"$f":"ORC_Civil!H76","v":26260.53},{"$f":"ORC_Civil!L76","v":50420.217599999996},{"$nulls":5},{"$f":"$I74*P74","v":50420.217599999996},1]
[{"$f":"ORC_Civil!A77","v":"4.6"},{"$f":"ORC_Civil!B77","v":"*****"},{"$f":"ORC_Civil!C77","v":"*****"},{"$f":"ORC_Civil!D77","v":"Cercas, Portões e Tampas de Caixas de Inspeção/Passagem"},{"$f":"ORC_Civil!E77","v":0},{"$f":"ORC_Civil!F77","v":0},{"$f":"ORC_Civil!G77","v":0},{"$f":"ORC_Civil!H77","v":0},{"$f":"ORC_Civil!L77","v":42718.896000000001}]
[{"$f":"ORC_Civil!A78","v":"4.6.1"},{"$f":"ORC_Civil!B78","v":101197},{"$f":"ORC_Civil!C78","v":"SINAPI"},{"$f":"ORC_Civil!D78","v":"CERCA COM MOURÕES DE CONCRETO, SEÇÃO \"T\" PONTA INCLINADA, 10X10 CM, ESPAÇAMENTO DE 2,5 M, CRAVADOS 0,5 M, COM 11 FIOS DE ARAME FARPADO Nº 14 - FORNECIMENTO E INSTALAÇÃO. AF_05/2020"},{"$f":"ORC_Civil!E78","v":"m"},{"$f":"ORC_Civil!F78","v":130},{"$f":"ORC_Civil!G78","v":142.54},{"$f":"ORC_Civil!H78","v":180.28},{"$f":"ORC_Civil!L78","v":22498.944},null,null,null,{"$f":"$I76*N76","v":22498.944},1]
[{"$f":"ORC_Civil!A79","v":"4.6.2"},{"$f":"ORC_Civil!B79","v":"CPU413"},{"$f":"ORC_Civil!C79","v":"PROPRIA"},{"$f":"ORC_Civil!D79","v":"Fornecimento e instalação de portão em ferro 3,5x2m, de abrir, em gradil nylofor 3D, padrão belgo ou equivalente, inclusive pintura, cadeado e corrente."},{"$f":"ORC_Civil!E79","v":"cj"},{"$f":"ORC_Civil!F79","v":2},{"$f":"ORC_Civil!G79","v":5937.9336399999993},{"$f":"ORC_Civil!H79","v":7510.29},{"$f":"ORC_Civil!L79","v":14419.756799999999},null,null,null,{"$f":"$I77*N77","v":14419.756799999999},1]
[{"$f":"ORC_Civil!A80","v":"4.6.3"},{"$f":"ORC_Civil!B80","v":"CPU414"},{"$f":"ORC_Civil!C80","v":"PRÓPRIA"},{"$f":"ORC_Civil!D80","v":"Tampa armada com alça, e=8cm, Concreto C20, acabamento alisado."},{"$f":"ORC_Civil!E80","v":"m²"},{"$f":"ORC_Civil!F80","v":12.880000000000003},{"$f":"ORC_Civil!G80","v":370.88150400000006},{"$f":"ORC_Civil!H80","v":469.09},{"$f":"ORC_Civil!L80","v":5800.1952000000001},{"$nulls":5},{"$f":"$I78*P78","v":5800.1952000000001},1]
[{"$f":"ORC_Civil!A81","v":"4.7"},{"$f":"ORC_Civil!B81","v":"*****"},{"$f":"ORC_Civil!C81","v":"*****"},{"$f":"ORC_Civil!D81","v":"Reforma de Banheiros"},{"$f":"ORC_Civil!E81","v":0},{"$f":"ORC_Civil!F81","v":0},{"$f":"ORC_Civil!G81","v":0},{"$f":"ORC_Civil!H81","v":0},{"$f":"ORC_Civil!L81","v":1048.8575999999998}]
[{"$f":"ORC_Civil!A82","v":"4.7.1"},{"$f":"ORC_Civil!B82","v":"CPU415"},{"$f":"ORC_Civil!C82","v":"PROPRIA"},{"$f":"ORC_Civil!D82","v":"Troca de revestimentos cerâmicos 35x35, rejuntado, inclusive rodapé 7cm."},{"$f":"ORC_Civil!E82","v":"m²"},{"$f":"ORC_Civil!F82","v":1},{"$f":"ORC_Civil!G82","v":88.19},{"$f":"ORC_Civil!H82","v":111.54},{"$f":"ORC_Civil!L82","v":107.0784},null,null,null,{"$f":"$I80*N80","v":107.0784},1]
[{"$f":"ORC_Civil!A83","v":"4.7.2"},{"$f":"ORC_Civil!B83","v":4440},{"$f":"ORC_Civil!C83","v":"ORSE"},{"$f":"ORC_Civil!D83","v":"Revestimento cerâmico para parede, 10 x 10 cm, Elizabeth, linha lux neve, aplicado com argamassa industrializada ac-ii, rejuntado, exclusive regularizaçãode base ou emboço - Rev 04"},{"$f":"ORC_Civil!E83","v":"m²"},{"$f":"ORC_Civil!F83","v":1},{"$f":"ORC_Civil!G83","v":285.02999999999997},{"$f":"ORC_Civil!H83","v":360.5},{"$f":"ORC_Civil!L83","v":346.08},null,null,null,{"$f":"$I81*N81","v":346.08},1]
[{"$f":"ORC_Civil!A84","v":"4.7.3"},{"$f":"ORC_Civil!B84","v":"CPU416"},{"$f":"ORC_Civil!C84","v":"PROPRIA"},{"$f":"ORC_Civil!D84","v":"Revisão e reparo de ponto de água residencial - pia, chuveiro, vaso sanitário, mictório, bebedouro e afins. Inclusive acabamento."},{"$f":"ORC_Civil!E84","v":"cj"},{"$f":"ORC_Civil!F84","v":3},{"$f":"ORC_Civil!G84","v":163.54},{"$f":"ORC_Civil!H84","v":206.84},{"$f":"ORC_Civil!L84","v":595.69919999999991},null,null,null,{"$f":"$I82*N82","v":595.69919999999991},1]
[{"$f":"ORC_Civil!A85","v":5},{"$f":"ORC_Civil!B85","v":0},{"$f":"ORC_Civil!C85","v":0},{"$f":"ORC_Civil!D85","v":"ESTAÇÃO DE BOMBEAMENTO SECUNDÁRIA E SUBESTAÇÃO - EBS1"},null,null,{"$f":"ORC_Civil!G85","v":0},{"$f":"ORC_Civil!H85","v":0},{"$f":"ORC_Civil!L85","v":25727.894400000001}]
[{"$f":"ORC_Civil!A86","v":"5.1"},{"$f":"ORC_Civil!B86","v":"*****"},{"$f":"ORC_Civil!C86","v":"*****"},{"$f":"ORC_Civil!D86","v":"Limpeza de poços de sucção, entorno e dedetização geral"},null,null,{"$f":"ORC_Civil!G86","v":0},{"$f":"ORC_Civil!H86","v":0},{"$f":"ORC_Civil!L86","v":1537.4208000000001}]
[{"$f":"ORC_Civil!A87","v":"5.1.1"},{"$f":"ORC_Civil!B87","v":"CPU501"},{"$f":"ORC_Civil!C87","v":"PROPRIA"},{"$f":"ORC_Civil!D87","v":"Esgotamento e limpeza de poço de bomba de EBS"},{"$f":"ORC_Civil!E87","v":"und"},{"$f":"ORC_Civil!F87","v":5},{"$f":"ORC_Civil!G87","v":72.31},{"$f":"ORC_Civil!H87","v":91.45},{"$f":"ORC_Civil!L87","v":438.96},null,null,null,{"$f":"$I85*N85","v":438.96},1]
[{"$f":"ORC_Civil!A88","v":"5.1.2"},{"$f":"ORC_Civil!B88","v":"CPU502"},{"$f":"ORC_Civil!C88","v":"PROPRIA"},{"$f":"ORC_Civil!D88","v":"Limpeza de terreno 300 a 350m², com roçagem e capina, inclusive varrição e remoção da poda."},{"$f":"ORC_Civil!E88","v":"und"},{"$f":"ORC_Civil!F88","v":1},{"$f":"ORC_Civil!G88","v":904.67759999999998},{"$f":"ORC_Civil!H88","v":1144.23},{"$f":"ORC_Civil!L88","v":1098.4608000000001},{"$nulls":5},{"$f":"$I86*P86","v":1098.4608000000001},1]
[{"$f":"ORC_Civil!A89","v":"5.2"},{"$f":"ORC_Civil!B89","v":"*****"},{"$f":"ORC_Civil!C89","v":"*****"},{"$f":"ORC_Civil!D89","v":"Esquadrias, janelas, portas, portões, parapeitos e escadas marinheiro"},null,null,{"$f":"ORC_Civil!G89","v":0},{"$f":"ORC_Civil!H89","v":0},{"$f":"ORC_Civil!L89","v":3320.9279999999999}]
[{"$f":"ORC_Civil!A90","v":"5.2.1"},{"$f":"ORC_Civil!B90","v":"CPU404"},{"$f":"ORC_Civil!C90","v":"PROPRIA"},{"$f":"ORC_Civil!D90","v":"Reparos e pintura de esquadrias, guarnições portas e janelas matálicas."},{"$f":"ORC_Civil!E90","v":"m²"},{"$f":"ORC_Civil!F90","v":12.440000000000001},{"$f":"ORC_Civil!G90","v":59.049989999999994},{"$f":"ORC_Civil!H90","v":74.680000000000007},{"$f":"ORC_Civil!L90","v":891.84960000000001},null,{"$f":"$I88*L88","v":891.84960000000001},1]
[{"$f":"ORC_Civil!A91","v":"5.2.2"},{"$f":"ORC_Civil!B91","v":"CPU503"},{"$f":"ORC_Civil!C91","v":"PROPRIA"},{"$f":"ORC_Civil!D91","v":"Reparos de esquadrias e substituição de fechamentos de vidro por policarbonato translúcido e≥9,5mm "},{"$f":"ORC_Civil!E91","v":"m²"},{"$f":"ORC_Civil!F91","v":3.5100000000000002},{"$f":"ORC_Civil!G91","v":511.08873899999992},{"$f":"ORC_Civil!H91","v":646.41999999999996},{"$f":"ORC_Civil!L91","v":2178.1727999999998},null,{"$f":"$I89*L89","v":2178.1727999999998},1]
[{"$f":"ORC_Civil!A92","v":"5.2.3"},{"$f":"ORC_Civil!B92","v":"CPU407"},{"$f":"ORC_Civil!C92","v":"PROPRIA"},{"$f":"ORC_Civil!D92","v":"Lixamento, limpeza e pintura com tinta alquídica em escadas marinheiro, parapeitos, corrimãos e gradis."},{"$f":"ORC_Civil!E92","v":"m"},{"$f":"ORC_Civil!F92","v":12},{"$f":"ORC_Civil!G92","v":17.221730000000001},{"$f":"ORC_Civil!H92","v":21.78},{"$f":"ORC_Civil!L92","v":250.90559999999999},null,null,null,{"$f":"$I90*N90","v":250.90559999999999},1]
[{"$f":"ORC_Civil!A93","v":"5.3"},{"$f":"ORC_Civil!B93","v":"*****"},{"$f":"ORC_Civil!C93","v":"*****"},{"$f":"ORC_Civil!D93","v":"Pisos, rampas e escadarias"},null,null,{"$f":"ORC_Civil!G93","v":0},{"$f":"ORC_Civil!H93","v":0},{"$f":"ORC_Civil!L93","v":279.88799999999998}]
[{"$f":"ORC_Civil!A94","v":"5.3.1"},{"$f":"ORC_Civil!B94","v":99814},{"$f":"ORC_Civil!C94","v":"SINAPI"},{"$f":"ORC_Civil!D94","v":"LIMPEZA DE SUPERFÍCIE COM JATO DE ALTA PRESSÃO. AF_04/2019"},{"$f":"ORC_Civil!E94","v":"m²"},{"$f":"ORC_Civil!F94","v":49.5},{"$f":"ORC_Civil!G94","v":4.66},{"$f":"ORC_Civil!H94","v":5.89},{"$f":"ORC_Civil!L94","v":279.88799999999998},{"$nulls":5},{"$f":"$I92*P92","v":279.88799999999998},1]
[{"$f":"ORC_Civil!A95","v":"5.4"},{"$f":"ORC_Civil!B95","v":"*****"},{"$f":"ORC_Civil!C95","v":"*****"},{"$f":"ORC_Civil!D95","v":"Reparos em Telhados"},null,null,{"$f":"ORC_Civil!G95","v":0},{"$f":"ORC_Civil!H95","v":0},{"$f":"ORC_Civil!L95","v":10949.807999999999}]
[{"$f":"ORC_Civil!A96","v":"5.4.1"},{"$f":"ORC_Civil!B96","v":10324},{"$f":"ORC_Civil!C96","v":"IOPES"},{"$f":"ORC_Civil!D96","v":"Retirada manual de telha tipo Canalete 90, sem reaproveitamento"},{"$f":"ORC_Civil!E96","v":"m²"},{"$f":"ORC_Civil!F96","v":48.6},{"$f":"ORC_Civil!G96","v":6.68},{"$f":"ORC_Civil!H96","v":8.44},{"$f":"ORC_Civil!L96","v":393.77280000000002},{"$nulls":5},{"$f":"$I94*P94","v":393.77280000000002},1]
[{"$f":"ORC_Civil!A97","v":"5.4.2"},{"$f":"ORC_Civil!B97","v":238},{"$f":"ORC_Civil!C97","v":"ORSE"},{"$f":"ORC_Civil!D97","v":"Telhamento com telha de fibrocimento tipo canalete 90 (Eternit ou similar)"},{"$f":"ORC_Civil!E97","v":"m²"},{"$f":"ORC_Civil!F97","v":37.800000000000004},{"$f":"ORC_Civil!G97","v":223.15},{"$f":"ORC_Civil!H97","v":282.24},{"$f":"ORC_Civil!L97","v":10241.923199999999},{"$nulls":5},{"$f":"$I95*P95","v":10241.923199999999},1]
[{"$f":"ORC_Civil!A98","v":"5.4.3"},{"$f":"ORC_Civil!B98","v":4307},{"$f":"ORC_Civil!C98","v":"SINAPI"},{"$f":"ORC_Civil!D98","v":"PLACA DE VENTILACAO PARA TELHA DE FIBROCIMENTO, CANALETE 90 OU KALHETAO"},{"$f":"ORC_Civil!E98","v":"und"},{"$f":"ORC_Civil!F98","v":16},{"$f":"ORC_Civil!G98","v":17.79},{"$f":"ORC_Civil!H98","v":20.45},{"$f":"ORC_Civil!L98","v":314.11199999999997},{"$nulls":5},{"$f":"$I96*P96","v":314.11199999999997},1]
[{"$f":"ORC_Civil!A99","v":"5.5"},{"$f":"ORC_Civil!B99","v":"*****"},{"$f":"ORC_Civil!C99","v":"*****"},{"$f":"ORC_Civil!D99","v":"Reforma de Banheiros"},null,null,{"$f":"ORC_Civil!G99","v":0},{"$f":"ORC_Civil!H99","v":0},{"$f":"ORC_Civil!L99","v":9639.8496000000014}]
[{"$f":"ORC_Civil!A100","v":"5.5.1"},{"$f":"ORC_Civil!B100","v":"CPU415"},{"$f":"ORC_Civil!C100","v":"PROPRIA"},{"$f":"ORC_Civil!D100","v":"Troca de revestimentos cerâmicos 35x35, rejuntado, inclusive rodapé 7cm."},{"$f":"ORC_Civil!E100","v":"m²"},{"$f":"ORC_Civil!F100","v":3},{"$f":"ORC_Civil!G100","v":88.19},{"$f":"ORC_Civil!H100","v":111.54},{"$f":"ORC_Civil!L100","v":321.23520000000002},{"$nulls":5},{"$f":"$I98*P98","v":321.23520000000002},1]
[{"$f":"ORC_Civil!A101","v":"5.5.2"},{"$f":"ORC_Civil!B101","v":4440},{"$f":"ORC_Civil!C101","v":"ORSE"},{"$f":"ORC_Civil!D101","v":"Revestimento cerâmico para parede, 10 x 10 cm, Elizabeth, linha lux neve, aplicado com argamassa industrializada ac-ii, rejuntado, exclusive regularizaçãode base ou emboço - Rev 04"},{"$f":"ORC_Civil!E101","v":"m²"},{"$f":"ORC_Civil!F101","v":2.25},{"$f":"ORC_Civil!G101","v":52.73},{"$f":"ORC_Civil!H101","v":66.69},{"$f":"ORC_Civil!L101","v":144.048},{"$nulls":5},{"$f":"$I99*P99","v":144.048},1]
[{"$f":"ORC_Civil!A102","v":"5.5.3"},{"$f":"ORC_Civil!B102","v":"CPU416"},{"$f":"ORC_Civil!C102","v":"PROPRIA"},{"$f":"ORC_Civil!D102","v":"Revisão e reparo de ponto de água residencial - pia, chuveiro, vaso sanitário, mictório, bebedouro e afins. Inclusive acabamento."},{"$f":"ORC_Civil!E102","v":"und"},{"$f":"ORC_Civil!F102","v":10},{"$f":"ORC_Civil!G102","v":163.54},{"$f":"ORC_Civil!H102","v":206.84},{"$f":"ORC_Civil!L102","v":1985.664},{"$nulls":5},{"$f":"$I100*P100","v":1985.664},1]
[{"$f":"ORC_Civil!A103","v":"5.5.4"},{"$f":"ORC_Civil!B103","v":94807},{"$f":"ORC_Civil!C103","v":"SINAPI"},{"$f":"ORC_Civil!D103","v":"PORTA EM AÇO DE ABRIR TIPO VENEZIANA SEM GUARNIÇÃO, 87X210CM, FIXAÇÃO COM PARAFUSOS - FORNECIMENTO E INSTALAÇÃO. AF_12/2019"},{"$f":"ORC_Civil!E103","v":"und"},{"$f":"ORC_Civil!F103","v":3},{"$f":"ORC_Civil!G103","v":755.05},{"$f":"ORC_Civil!H103","v":954.98},{"$f":"ORC_Civil!L103","v":2750.3424},{"$nulls":7},{"$f":"$I101*R101","v":2750.3424},1]
[{"$f":"ORC_Civil!A104","v":"5.5.5"},{"$f":"ORC_Civil!B104","v":4914},{"$f":"ORC_Civil!C104","v":"SINAPI"},{"$f":"ORC_Civil!D104","v":"PORTA DE ABRIR EM ALUMINIO COM LAMBRI HORIZONTAL/LAMINADA, ACABAMENTO ANODIZADO NATURAL, SEM GUARNICAO/ALIZAR/VISTA"},{"$f":"ORC_Civil!E104","v":"m²"},{"$f":"ORC_Civil!F104","v":3.84},{"$f":"ORC_Civil!G104","v":647.92999999999995},{"$f":"ORC_Civil!H104","v":819.5},{"$f":"ORC_Civil!L104","v":3021.0048000000002},{"$nulls":7},{"$f":"$I102*R102","v":3021.0048000000002},1]
[{"$f":"ORC_Civil!A105","v":"5.5.6"},{"$f":"ORC_Civil!B105","v":12032},{"$f":"ORC_Civil!C105","v":"SINAPI"},{"$f":"ORC_Civil!D105","v":"JOGO DE TRANQUETA E ROSETA QUADRADA DE SOBREPOR SEM FUROS, EM LATAO CROMADO, *50 X 50* MM, PARA FECHADURA DE PORTA DE BANHEIRO"},{"$f":"ORC_Civil!E105","v":"und"},{"$f":"ORC_Civil!F105","v":4},{"$f":"ORC_Civil!G105","v":53.25},{"$f":"ORC_Civil!H105","v":67.349999999999994},{"$f":"ORC_Civil!L105","v":258.62399999999997},{"$nulls":5},{"$f":"$I103*P103","v":258.62399999999997},1]
[{"$f":"ORC_Civil!A106","v":"5.5.7"},{"$f":"ORC_Civil!B106","v":2085},{"$f":"ORC_Civil!C106","v":"ORSE"},{"$f":"ORC_Civil!D106","v":"Vaso sanitário convencional, linha popular, c/caixa de descarga de sobrepor AKROS ou similar, assento plastico universal branco, conjunto de fixação, tubode ligação e engate plástico - Rev 04"},{"$f":"ORC_Civil!E106","v":"und"},{"$f":"ORC_Civil!F106","v":2},{"$f":"ORC_Civil!G106","v":336.78},{"$f":"ORC_Civil!H106","v":425.95},{"$f":"ORC_Civil!L106","v":817.82399999999996},{"$nulls":5},{"$f":"$I104*P104","v":817.82399999999996},1]
[{"$f":"ORC_Civil!A107","v":"5.5.8"},{"$f":"ORC_Civil!B107","v":4232},{"$f":"ORC_Civil!C107","v":"ORSE"},{"$f":"ORC_Civil!D107","v":"Kit de acessórios para banheiro em ABS/Alumínio com 5 peças (01 cabide, 01 saboneteira, 01 papeleira, 01 porta-toalha rosto e 01 porta-toalha banho)"},{"$f":"ORC_Civil!E107","v":"cj"},{"$f":"ORC_Civil!F107","v":2},{"$f":"ORC_Civil!G107","v":40.65},{"$f":"ORC_Civil!H107","v":51.41},{"$f":"ORC_Civil!L107","v":98.707199999999986},{"$nulls":5},{"$f":"$I105*P105","v":98.707199999999986},1]
[{"$f":"ORC_Civil!A108","v":"5.5.9"},{"$f":"ORC_Civil!B108","v":"N.03.000.065539"},{"$f":"ORC_Civil!C108","v":"CPOS"},{"$f":"ORC_Civil!D108","v":"Armário plástico para lavatório embutir/sobrepor; referência modelo A43 fabricação Astra ou equivalente"},{"$f":"ORC_Civil!E108","v":"und"},{"$f":"ORC_Civil!F108","v":2},{"$f":"ORC_Civil!G108","v":99.82},{"$f":"ORC_Civil!H108","v":126.25},{"$f":"ORC_Civil!L108","v":242.39999999999998},{"$nulls":5},{"$f":"$I106*P106","v":242.39999999999998},1]
[{"$f":"ORC_Civil!A109","v":6},{"$f":"ORC_Civil!B109","v":0},{"$f":"ORC_Civil!C109","v":0},{"$f":"ORC_Civil!D109","v":"OBRAS ESPECIAIS"},null,null,{"$f":"ORC_Civil!G109","v":0},{"$f":"ORC_Civil!H109","v":0},{"$f":"ORC_Civil!L109","v":26332.300800000001}]
[{"$f":"ORC_Civil!A110","v":"6.1"},{"$f":"ORC_Civil!B110","v":"*****"},{"$f":"ORC_Civil!C110","v":"*****"},{"$f":"ORC_Civil!D110","v":"Comportas AVIO e Canais C1 e C1.1"},{"$f":"ORC_Civil!E110","v":0},{"$f":"ORC_Civil!F110","v":0},{"$f":"ORC_Civil!G110","v":0},{"$f":"ORC_Civil!H110","v":0},{"$f":"ORC_Civil!L110","v":26332.300800000001}]
[{"$f":"ORC_Civil!A111","v":"6.1.1"},{"$f":"ORC_Civil!B111","v":"CPU805"},{"$f":"ORC_Civil!C111","v":"PROPRIA"},{"$f":"ORC_Civil!D111","v":"Reparos em comporta de isolação, berço e juntas da  AVIO 110/100 - captação CP1"},{"$f":"ORC_Civil!E111","v":"cj"},{"$f":"ORC_Civil!F111","v":1},{"$f":"ORC_Civil!G111","v":7443.5259999999998},{"$f":"ORC_Civil!H111","v":9414.57},{"$f":"ORC_Civil!L111","v":9037.9871999999996},{"$nulls":9},{"$f":"$I109*T109","v":9037.9871999999996},1]
[{"$f":"ORC_Civil!A112","v":"6.1.2"},{"$f":"ORC_Civil!B112","v":"CPU806"},{"$f":"ORC_Civil!C112","v":"PROPRIA"},{"$f":"ORC_Civil!D112","v":"Reparos em comporta de isolação, berço e juntas da  AVIO 71/40 - captação CS1.1"},{"$f":"ORC_Civil!E112","v":"cj"},{"$f":"ORC_Civil!F112","v":1},{"$f":"ORC_Civil!G112","v":6999.458599999999},{"$f":"ORC_Civil!H112","v":8852.91},{"$f":"ORC_Civil!L112","v":8498.7935999999991},{"$nulls":9},{"$f":"$I110*T110","v":8498.7935999999991},1]
[{"$f":"ORC_Civil!A113","v":"6.1.3"},{"$f":"ORC_Civil!B113","v":4915650},{"$f":"ORC_Civil!C113","v":"SICRO"},{"$f":"ORC_Civil!D113","v":"Injeção de adesivo estrutural à base de resina epóxi de baixa viscosidade para tratamento de fissuras em estruturas de concreto - fornecimento e aplicação manual"},{"$f":"ORC_Civil!E113","v":"Kg"},{"$f":"ORC_Civil!F113","v":5},{"$f":"ORC_Civil!G113","v":285.02999999999997},{"$f":"ORC_Civil!H113","v":360.5},{"$f":"ORC_Civil!L113","v":1730.3999999999999},{"$nulls":9},{"$f":"$I111*T111","v":1730.3999999999999},1]
[{"$f":"ORC_Civil!A114","v":"6.1.4"},{"$f":"ORC_Civil!B114","v":"CPU807"},{"$f":"ORC_Civil!C114","v":"PROPRIA"},{"$f":"ORC_Civil!D114","v":"Execução de mureta 25x35cm em concreto C20 sobre bordo do canal, inclusive juntas de dilatação em EVA."},{"$f":"ORC_Civil!E114","v":"m"},{"$f":"ORC_Civil!F114","v":50},{"$f":"ORC_Civil!G114","v":116.3792615},{"$f":"ORC_Civil!H114","v":147.19},{"$f":"ORC_Civil!L114","v":7065.12},{"$nulls":9},{"$f":"$I112*T112","v":7065.12},1]
[null,null,null,"TOTAL",{"$nulls":4},{"$f":"SUM(I8,I16,I32,I47,I83,I107)","v":916622.84160000004},null,{"$f":"SUM(K9:K112)","v":109190.4192},{"$f":"K113/$I$113","v":0.11912251609331923},{"$f":"SUM(M9:M112)","v":215316.16200383994},{"$f":"M113/$I$113","v":0.23490158899815042},{"$f":"SUM(O9:O112)","v":222998.87927615998},{"$f":"O113/$I$113","v":0.24328313582815256},{"$f":"SUM(Q9:Q112)","v":79495.144319999992},{"$f":"Q113/$I$113","v":8.672612192517283E-2},{"$f":"SUM(S9:S112)","v":117094.60320000001},{"$f":"S113/$I$113","v":0.1277456745411307},{"$f":"SUM(U9:U112)","v":93335.956800000014},{"$f":"U113/$I$113","v":0.10182591199350711},{"$f":"SUM(W9:W112)","v":46677.412799999991},{"$f":"W113/$I$113","v":5.0923248561559727E-2},{"$f":"SUM(Y9:Y112)","v":32514.264000000003},{"$f":"Y113/$I$113","v":3.5471802059007296E-2}]

{"sheet":"CFF_Elétrica","index":11,"n_rows":60,"n_cols":22,"rows_kept":60,"cut":false,"hidden":false,"merged":[[5,0,5,9]]}
[22627.68,{"$nulls":4},"MINISTÉRIO DA INTEGRAÇÃO E DO DESENVOLVIMENTO REGIONAL"]
[{"$nulls":5},"COMPANHIA DE DESENVOLVIMENTO DOS VALES DO SÃO FRANCISCO E PARNAÍBA"]
[{"$nulls":5},"8ª SUPERINTENDÊNCIA REGIONAL - MARANHÃO"]
["Objeto: Contratação de serviços técnicos para retrofit de componentes da infraestruturas de uso comum do Projeto Público de Irrigação Tabuleiro de São Bernardo (PITSB)."]
["Local: Magalhães de Almeida - MA"]
["CRONOGRAMA FÍSICO-FINANCEIRO - ELÉTRICA",{"$nulls":9},"Mês 01",null,"Mês 02",null,"Mês 03",null,"Mês 04",null,"Mês 05"]
["Item\n","Código\n","Fonte\n","Descrição\n","Unid.\n","Quant.\n","Custo Unit.\n(R$)","Preço Unit.\n(R$)","Subtotal",null,"VALOR EXECUTADO","PERCENTUAL\nEXECUTADO","VALOR EXECUTADO","PERCENTUAL\nEXECUTADO","VALOR EXECUTADO","PERCENTUAL\nEXECUTADO","VALOR EXECUTADO","PERCENTUAL\nEXECUTADO","VALOR EXECUTADO","PERCENTUAL\nEXECUTADO","% total","VALOR TOTAL"]
[1,null,null,"EBP - SUBESTAÇÃO DE ENTRADA CUBÍCULO EXISTENTE",{"$nulls":4},{"$f":"SUM(F9:F26)","v":2185097.4623999996}]
["1.1",null,null,"FORNECIMENTO DO CENTRO DE CONTROLE DE MOTORES 4,2KV - (CCM 4,2KV) - EBP",1,{"$f":"ORC_Elet!L10","v":1241230.5311999996},{"$nulls":4},{"$f":"F9*L9","v":620615.26559999981},0.5,{"$f":"F9*N9","v":620615.26559999981},0.5,{"$nulls":6},{"$f":"L9+N9+P9+R9+T9","v":1},{"$f":"K9+M9+O9+Q9+S9","v":1241230.5311999996}]
["1.2",null,null,"FORNECIMENTO DE QUADRO DE TRANSFERÊNCIA AUTOMÁTICA - (QTA) - EBP",1,{"$f":"ORC_Elet!L70","v":44344.934399999998},{"$nulls":4},{"$f":"F10*L10","v":22172.467199999999},0.5,{"$f":"F10*N10","v":22172.467199999999},0.5,{"$nulls":6},{"$f":"L10+N10+P10+R10+T10","v":1},{"$f":"K10+M10+O10+Q10+S10","v":44344.934399999998}]
["1.3",null,null,"FORNECIMENTO DE QUADRO DE FORÇA 01 - (QF-01) - EBP",1,{"$f":"ORC_Elet!L92","v":41745.120000000003},{"$nulls":4},20872.560000000001,0.5,20872.560000000001,0.5,{"$nulls":6},1,41745.120000000003]
["1.4",null,null,"FORNECIMENTO DE QUADRO DE AUTOMAÇÃO - (QA) - EBP",1,{"$f":"ORC_Elet!L120","v":81990.998400000011},{"$nulls":4},0,null,0,null,{"$f":"F12*P12","v":81990.998400000011},1,{"$nulls":4},1,81990.998400000011]
["1.5",null,null,"FORNECIMENTO DE QUADRO DA SUBESTAÇÃO 112,5KVA - (QD SE 112,5KVA) - EBP",1,{"$f":"ORC_Elet!L172","v":6612.7103999999999},{"$nulls":4},0,null,0,null,{"$f":"F13*P13","v":6612.7103999999999},1,{"$nulls":4},1,6612.7103999999999]
["1.6",null,null,"FORNECIMENTO DE QUADRO DE DIST. FORÇA E LUZ DA SUBEST. DE ENTRADA - (QDFL SE ENTRADA) - EBP",1,{"$f":"ORC_Elet!L185","v":4037.6447999999996},{"$nulls":4},0,null,0,null,4037.6447999999996,1,{"$nulls":4},1,4037.6447999999996]
["1.7",null,null,"FORNECIMENTO DE QUADRO DE DISTRIBUIÇÃO DE FORÇA DA SALA DE MAQUINAS - (QDFL SL MAQUINAS) - EBP",1,{"$f":"ORC_Elet!L202","v":3925.1135999999992},{"$nulls":4},0,null,0,null,3925.1135999999992,1,{"$nulls":4},1,3925.1135999999992]
["1.8",null,null,"FORNECIMENTO DE MATERIAIS DA SUBESTAÇÃO 112,5KVA - (SE 112,5KVA) - EBP",1,{"$f":"ORC_Elet!L219","v":26500.627199999995},{"$nulls":4},0,null,0,null,26500.627199999995,1,{"$nulls":4},1,26500.627199999995]
["1.9",null,null,"FORNECIMENTO DE MATERIAIS SUBESTAÇÃO DE ENTRADA - (SE ENTRADA) - EBP",1,{"$f":"ORC_Elet!L276","v":35198.803200000002},{"$nulls":4},0,null,0,null,35198.803200000002,1,{"$nulls":4},1,35198.803200000002]
["1.10",null,null,"FORNECIMENTO DE MATERIAIS DE ATERRAMENTO E SISTEMA DE PROTEÇÃO CONTRA DESCARGAS ATMOSFÉRICAS - (ATERRAMENTO E SPDA) - EBP",1,{"$f":"ORC_Elet!L299","v":39675.436799999996},{"$nulls":4},0,null,0,null,39675.436799999996,1,{"$nulls":4},1,39675.436799999996]
["1.11",null,null,"FORNECIMENTO DE MATERIAIS E CABOS - EBP",1,{"$f":"ORC_Elet!L323","v":375879.20639999997},{"$nulls":4},0,null,0,null,187939.60319999998,0.5,{"$f":"F19*R19","v":187939.60319999998},0.5,null,null,1,375879.20639999997]
["1.12",null,null,"FORNECIMENTO DE QUADRO DE AUTOMAÇÃO DO RESERVATORIO - (QA RESERVATORIO)",1,{"$f":"ORC_Elet!L376","v":26242.5792},{"$nulls":4},0,null,0,null,26242.5792,1,{"$nulls":4},1,26242.5792]
["1.13",null,null,"FORNECIMENTO DE MATERIAIS RESERVATORIO",1,{"$f":"ORC_Elet!L416","v":9460.8096000000005},{"$nulls":4},0,null,0,null,9460.8096000000005,1,{"$nulls":4},1,9460.8096000000005]
["1.14",null,null,"MÃO DE OBRA - EBP; SUBESTAÇÃO DE ENTRADA E RESERVATÓRIO",1]
["1.14.1",null,null,"SERVIÇOS EBP - SUBESTAÇÃO DE ENTRADA CUBÍCULO EXISTENTE - ESTUDO DE PROTEÇÃO E SELETIVIDADE",1,{"$f":"ORC_Elet!L429","v":31277.299199999998},{"$nulls":6},{"$f":"F23*N23","v":15638.649599999999},0.5,{"$f":"F23*P23","v":15638.649599999999},0.5,{"$nulls":4},1,31277.299199999998]
["1.14.2",null,null,"SERVIÇOS EBP - SUBST. DO CCM - 4.2KV (PAINEL DE MÉDIA ALIM. MOTORES 600 CV)",1,{"$f":"ORC_Elet!L430","v":61729.564799999993},{"$nulls":6},{"$f":"F24*N24","v":30864.782399999996},0.5,{"$f":"F24*P24","v":30864.782399999996},0.5,{"$nulls":4},1,61729.564799999993]
["1.14.3",null,null,"SERVIÇOS EBP - MANUTENÇÃO DOS MOTORES 4,2KV",1,{"$f":"ORC_Elet!L431","v":103023.88799999999},{"$nulls":6},{"$f":"F25*N25","v":0},null,{"$f":"F25*P25","v":51511.943999999996},0.5,{"$f":"F25*R25","v":51511.943999999996},0.5,null,null,1,103023.88799999999]
["1.14.4",null,null,"SERVIÇOS EBP - NOVA SUBESTAÇÃO DE ENERGIA TRAFO 112,5 KVA 13.8KV/380 VCA - QDLF SE e EBP E AUTOMAÇÃO RESERVATÓRIO",1,{"$f":"ORC_Elet!L432","v":52222.195200000002},{"$nulls":6},0,null,{"$f":"F26*P26","v":26111.097600000001},0.5,{"$f":"F26*R26","v":26111.097600000001},0.5,null,null,1,52222.195200000002]
[]
[2,null,null,"ESTAÇÃO DE BOMBEAMENTO SECUNDÁRIA 1 - EBS1",{"$nulls":4},{"$f":"SUM(F29:F40)","v":1213992.0575999995}]
["2.1",null,null,"FORNECIMENTO DE CARRINHO 15KV - EBS1",1,{"$f":"ORC_Elet!L434","v":64105.651199999978},{"$nulls":4},{"$f":"F29*L29","v":32052.825599999989},0.5,32052.825599999989,0.5,{"$f":"F29*P29","v":0},null,{"$f":"F29*R29","v":0},null,{"$f":"F29*T29","v":0},null,1,64105.651199999978]
["2.2",null,null,"FORNECIMENTO DE CENTRO DE CONTROLE DE MOTORES 1250A - (CCM 1250A) - EBS1",1,{"$f":"ORC_Elet!L457","v":349610.79360000003},{"$nulls":4},{"$f":"F30*L30","v":0},null,174805.39680000002,0.5,174805.39680000002,0.5,0,null,{"$f":"F30*T30","v":0},null,1,349610.79360000003]
["2.3",null,null,"FORNECIMENTO DE QUADRO DE COMPENSAÇÃO DE FATOR DE POTÊNCIA 250KVAr - (QCFP 250KVAr) - EBS1",1,{"$f":"ORC_Elet!L501","v":87366.36480000001},{"$nulls":4},0,null,0,null,43683.182400000005,0.5,43683.182400000005,0.5,0,null,1,87366.36480000001]
["2.4",null,null,"FORNECIMENTO DE QUADRO DE DISTRIBUIÇÃO DE FORÇA E LUZ - (QDFL) - EBS1",1,{"$f":"ORC_Elet!L544","v":3925.1135999999992},{"$nulls":4},0,null,0,null,1962.5567999999996,0.5,1962.5567999999996,0.5,0,null,1,3925.1135999999992]
["2.5",null,null,"FORNECIMENTO DE QUADRO DE DISTRIBUIÇÃO DE FORÇA E LUZ DA SUBESTAÇÃO - (QDFL SE) - EBS1",1,{"$f":"ORC_Elet!L561","v":3925.1135999999992},{"$nulls":4},0,null,0,null,1962.5567999999996,0.5,1962.5567999999996,0.5,0,null,1,3925.1135999999992]
["2.6",null,null,"FORNECIMENTO DE DOIS QUADROS DE VÁLVULA - (2X - QD VÁLVULA)",1,{"$f":"ORC_Elet!L578","v":5257.8431999999993},{"$nulls":4},0,null,0,null,2628.9215999999997,0.5,2628.9215999999997,0.5,0,null,1,5257.8431999999993]
["2.7",null,null,"FORNECIMENTO DE SUBESTAÇÃO 750KVA - (SE 750KVA) - EBS1",1,{"$f":"ORC_Elet!L594","v":45023.443199999994},{"$nulls":4},0,null,0,null,22511.721599999997,0.5,22511.721599999997,0.5,0,null,1,45023.443199999994]
["2.8",null,null,"FORNECIMENTO INSTALAÇÃO DE ATERRAMENTO E SISTEMA DE PROTEÇÃO CONTRA DESCARGAS ATMOSFÉRICAS - (ATERRAMENTO E SPDA) - EBS1",1,{"$f":"ORC_Elet!L635","v":27644.1024},{"$nulls":4},0,null,0,null,0,null,13822.0512,0.5,13822.0512,0.5,1,27644.1024]
["2.9",null,null,"FORNECIMENTO DE MATERIAIS GERAIS EBS1",1,{"$f":"ORC_Elet!L659","v":538730.59199999971},{"$nulls":4},0,null,0,null,269365.29599999986,0.5,269365.29599999986,0.5,0,null,1,538730.59199999971]
["2.10",null,null,"MÃO DE OBRA -ESTAÇÃO DE BOMBEAMENTO SECUNDÁRIA 1 e SUBESTAÇÃO EBS 1"]
["2.10.1",null,null,"SERVIÇOS EBS1: SUBESTAÇÃO DE ENTRADA DE ENERGIA EM ALVENARIA - 15KV COM TRANSFORMADOR DE 750KVA",1,{"$f":"ORC_Elet!L704","v":44007.091200000003},{"$nulls":6},0,null,0,null,0,null,44007.091200000003,1,1,44007.091200000003]
["2.10.2",null,null,"SERVIÇOS EBS1: CCM EBS1 380 VCA TTA CONFORME NORMA 61439 E PROJETO UNIFILAR EBS1",1,{"$f":"ORC_Elet!L705","v":44395.948799999998},{"$nulls":6},0,null,0,null,0,null,44395.948799999998,1,1,44395.948799999998]
[3,null,null,"OPERAÇÃO ASSISTIDA, TREINAMENTO e AS BUILT",{"$nulls":4},{"$f":"F42","v":8672.7551999999996}]
["3.1",null,null,"OPERAÇÃO ASSISTIDA E TREINAMENTO DA EQUIPE CODEVASF e ASITASB e DATA BOOK COM AS BUILT",1,{"$f":"ORC_Elet!L707","v":8672.7551999999996},{"$nulls":6},0,null,0,null,0,null,8672.7551999999996,1,1,8672.7551999999996]
[]
[]
[{"$f":"ORC_Civil!#REF!","v":{"$error":"#REF!"}},{"$f":"ORC_Civil!#REF!","v":{"$error":"#REF!"}},{"$f":"ORC_Civil!#REF!","v":{"$error":"#REF!"}},{"$f":"ORC_Civil!#REF!","v":{"$error":"#REF!"}},null,null,{"$f":"ORC_Civil!#REF!","v":{"$error":"#REF!"}},{"$f":"ORC_Civil!#REF!","v":{"$error":"#REF!"}},{"$f":"ORC_Civil!#REF!","v":{"$error":"#REF!"}}]
[{"$f":"ORC_Civil!#REF!","v":{"$error":"#REF!"}},{"$f":"ORC_Civil!#REF!","v":{"$error":"#REF!"}},{"$f":"ORC_Civil!#REF!","v":{"$error":"#REF!"}},{"$f":"ORC_Civil!#REF!","v":{"$error":"#REF!"}},{"$f":"ORC_Civil!#REF!","v":{"$error":"#REF!"}},{"$f":"ORC_Civil!#REF!","v":{"$error":"#REF!"}},{"$f":"ORC_Civil!#REF!","v":{"$error":"#REF!"}},{"$f":"ORC_Civil!#REF!","v":{"$error":"#REF!"}},{"$f":"ORC_Civil!#REF!","v":{"$error":"#REF!"}},{"$nulls":9},{"$f":"$I46*T46","v":{"$error":"#REF!"}},0.8]
[{"$f":"ORC_Civil!#REF!","v":{"$error":"#REF!"}},{"$f":"ORC_Civil!#REF!","v":{"$error":"#REF!"}},{"$f":"ORC_Civil!#REF!","v":{"$error":"#REF!"}},{"$f":"ORC_Civil!#REF!","v":{"$error":"#REF!"}},{"$f":"ORC_Civil!#REF!","v":{"$error":"#REF!"}},{"$f":"ORC_Civil!#REF!","v":{"$error":"#REF!"}},{"$f":"ORC_Civil!#REF!","v":{"$error":"#REF!"}},{"$f":"ORC_Civil!#REF!","v":{"$error":"#REF!"}},{"$f":"ORC_Civil!#REF!","v":{"$error":"#REF!"}},{"$nulls":9},{"$f":"$I47*T47","v":{"$error":"#REF!"}},1]
[{"$f":"ORC_Civil!#REF!","v":{"$error":"#REF!"}},{"$f":"ORC_Civil!#REF!","v":{"$error":"#REF!"}},{"$f":"ORC_Civil!#REF!","v":{"$error":"#REF!"}},{"$f":"ORC_Civil!#REF!","v":{"$error":"#REF!"}},{"$f":"ORC_Civil!#REF!","v":{"$error":"#REF!"}},{"$f":"ORC_Civil!#REF!","v":{"$error":"#REF!"}},{"$f":"ORC_Civil!#REF!","v":{"$error":"#REF!"}},{"$f":"ORC_Civil!#REF!","v":{"$error":"#REF!"}},{"$f":"ORC_Civil!#REF!","v":{"$error":"#REF!"}},{"$nulls":9},{"$f":"$I48*T48","v":{"$error":"#REF!"}},0.5]
[{"$f":"ORC_Civil!#REF!","v":{"$error":"#REF!"}},{"$f":"ORC_Civil!#REF!","v":{"$error":"#REF!"}},{"$f":"ORC_Civil!#REF!","v":{"$error":"#REF!"}},{"$f":"ORC_Civil!#REF!","v":{"$error":"#REF!"}},{"$f":"ORC_Civil!#REF!","v":{"$error":"#REF!"}},{"$f":"ORC_Civil!#REF!","v":{"$error":"#REF!"}},{"$f":"ORC_Civil!#REF!","v":{"$error":"#REF!"}},{"$f":"ORC_Civil!#REF!","v":{"$error":"#REF!"}},{"$f":"ORC_Civil!#REF!","v":{"$error":"#REF!"}}]
[{"$f":"ORC_Civil!#REF!","v":{"$error":"#REF!"}},{"$f":"ORC_Civil!#REF!","v":{"$error":"#REF!"}},{"$f":"ORC_Civil!#REF!","v":{"$error":"#REF!"}},{"$f":"ORC_Civil!#REF!","v":{"$error":"#REF!"}},null,null,{"$f":"ORC_Civil!#REF!","v":{"$error":"#REF!"}},{"$f":"ORC_Civil!#REF!","v":{"$error":"#REF!"}},{"$f":"ORC_Civil!#REF!","v":{"$error":"#REF!"}}]
[{"$f":"ORC_Civil!#REF!","v":{"$error":"#REF!"}},{"$f":"ORC_Civil!#REF!","v":{"$error":"#REF!"}},{"$f":"ORC_Civil!#REF!","v":{"$error":"#REF!"}},{"$f":"ORC_Civil!#REF!","v":{"$error":"#REF!"}},{"$f":"ORC_Civil!#REF!","v":{"$error":"#REF!"}},{"$f":"ORC_Civil!#REF!","v":{"$error":"#REF!"}},{"$f":"ORC_Civil!#REF!","v":{"$error":"#REF!"}},{"$f":"ORC_Civil!#REF!","v":{"$error":"#REF!"}},{"$f":"ORC_Civil!#REF!","v":{"$error":"#REF!"}},{"$nulls":9},{"$f":"$I51*T51","v":{"$error":"#REF!"}},1]
[{"$f":"ORC_Civil!#REF!","v":{"$error":"#REF!"}},{"$f":"ORC_Civil!#REF!","v":{"$error":"#REF!"}},{"$f":"ORC_Civil!#REF!","v":{"$error":"#REF!"}},{"$f":"ORC_Civil!#REF!","v":{"$error":"#REF!"}},{"$f":"ORC_Civil!#REF!","v":{"$error":"#REF!"}},{"$f":"ORC_Civil!#REF!","v":{"$error":"#REF!"}},{"$f":"ORC_Civil!#REF!","v":{"$error":"#REF!"}},{"$f":"ORC_Civil!#REF!","v":{"$error":"#REF!"}},{"$f":"ORC_Civil!#REF!","v":{"$error":"#REF!"}},{"$nulls":9},{"$f":"$I52*T52","v":{"$error":"#REF!"}},1]
[{"$f":"ORC_Civil!#REF!","v":{"$error":"#REF!"}},{"$f":"ORC_Civil!#REF!","v":{"$error":"#REF!"}},{"$f":"ORC_Civil!#REF!","v":{"$error":"#REF!"}},{"$f":"ORC_Civil!#REF!","v":{"$error":"#REF!"}},null,null,{"$f":"ORC_Civil!#REF!","v":{"$error":"#REF!"}},{"$f":"ORC_Civil!#REF!","v":{"$error":"#REF!"}},{"$f":"ORC_Civil!#REF!","v":{"$error":"#REF!"}}]
[{"$f":"ORC_Civil!#REF!","v":{"$error":"#REF!"}},{"$f":"ORC_Civil!#REF!","v":{"$error":"#REF!"}},{"$f":"ORC_Civil!#REF!","v":{"$error":"#REF!"}},{"$f":"ORC_Civil!#REF!","v":{"$error":"#REF!"}},{"$f":"ORC_Civil!#REF!","v":{"$error":"#REF!"}},{"$f":"ORC_Civil!#REF!","v":{"$error":"#REF!"}},{"$f":"ORC_Civil!#REF!","v":{"$error":"#REF!"}},{"$f":"ORC_Civil!#REF!","v":{"$error":"#REF!"}},{"$f":"ORC_Civil!#REF!","v":{"$error":"#REF!"}}]
[{"$f":"ORC_Civil!#REF!","v":{"$error":"#REF!"}},{"$f":"ORC_Civil!#REF!","v":{"$error":"#REF!"}},{"$f":"ORC_Civil!#REF!","v":{"$error":"#REF!"}},{"$f":"ORC_Civil!#REF!","v":{"$error":"#REF!"}},{"$f":"ORC_Civil!#REF!","v":{"$error":"#REF!"}},{"$f":"ORC_Civil!#REF!","v":{"$error":"#REF!"}},{"$f":"ORC_Civil!#REF!","v":{"$error":"#REF!"}},{"$f":"ORC_Civil!#REF!","v":{"$error":"#REF!"}},{"$f":"ORC_Civil!#REF!","v":{"$error":"#REF!"}}]
[{"$f":"ORC_Civil!#REF!","v":{"$error":"#REF!"}},{"$f":"ORC_Civil!#REF!","v":{"$error":"#REF!"}},{"$f":"ORC_Civil!#REF!","v":{"$error":"#REF!"}},{"$f":"ORC_Civil!#REF!","v":{"$error":"#REF!"}},{"$f":"ORC_Civil!#REF!","v":{"$error":"#REF!"}},{"$f":"ORC_Civil!#REF!","v":{"$error":"#REF!"}},{"$f":"ORC_Civil!#REF!","v":{"$error":"#REF!"}},{"$f":"ORC_Civil!#REF!","v":{"$error":"#REF!"}},{"$f":"ORC_Civil!#REF!","v":{"$error":"#REF!"}}]
[{"$f":"ORC_Civil!#REF!","v":{"$error":"#REF!"}},{"$f":"ORC_Civil!#REF!","v":{"$error":"#REF!"}},{"$f":"ORC_Civil!#REF!","v":{"$error":"#REF!"}},{"$f":"ORC_Civil!#REF!","v":{"$error":"#REF!"}},{"$f":"ORC_Civil!#REF!","v":{"$error":"#REF!"}},{"$f":"ORC_Civil!#REF!","v":{"$error":"#REF!"}},{"$f":"ORC_Civil!#REF!","v":{"$error":"#REF!"}},{"$f":"ORC_Civil!#REF!","v":{"$error":"#REF!"}},{"$f":"ORC_Civil!#REF!","v":{"$error":"#REF!"}}]
[{"$f":"ORC_Civil!#REF!","v":{"$error":"#REF!"}},{"$f":"ORC_Civil!#REF!","v":{"$error":"#REF!"}},{"$f":"ORC_Civil!#REF!","v":{"$error":"#REF!"}},{"$f":"ORC_Civil!#REF!","v":{"$error":"#REF!"}},null,null,{"$f":"ORC_Civil!#REF!","v":{"$error":"#REF!"}},{"$f":"ORC_Civil!#REF!","v":{"$error":"#REF!"}},{"$f":"ORC_Civil!#REF!","v":{"$error":"#REF!"}}]
[{"$f":"ORC_Civil!#REF!","v":{"$error":"#REF!"}},{"$f":"ORC_Civil!#REF!","v":{"$error":"#REF!"}},{"$f":"ORC_Civil!#REF!","v":{"$error":"#REF!"}},{"$f":"ORC_Civil!#REF!","v":{"$error":"#REF!"}},{"$f":"ORC_Civil!#REF!","v":{"$error":"#REF!"}},{"$f":"ORC_Civil!#REF!","v":{"$error":"#REF!"}},{"$f":"ORC_Civil!#REF!","v":{"$error":"#REF!"}},{"$f":"ORC_Civil!#REF!","v":{"$error":"#REF!"}},{"$f":"ORC_Civil!#REF!","v":{"$error":"#REF!"}}]
[null,null,null,"TOTAL",{"$nulls":4},{"$f":"I8+I28+I41","v":3407762.2751999991},null,{"$f":"SUM(K9:K59)","v":695713.1183999998},{"$f":"K60/$I$60","v":0.20415541408596904},{"$f":"SUM(M9:M59)","v":917021.94719999982},{"$f":"M60/$I$60","v":0.26909798076985297},{"$f":"SUM(O9:O59)","v":1062630.432},{"$f":"O60/$I$60","v":0.31182645565780698},{"$f":"SUM(Q9:Q59)","v":621498.93119999976},{"$f":"Q60/$I$60","v":0.18237743158405156},{"$f":"SUM(S9:S59)","v":{"$error":"#REF!"}},{"$f":"S60/$I$60","v":{"$error":"#REF!"}}]

{"sheet":"CFF Mecânica","index":12,"n_rows":26,"n_cols":22,"rows_kept":26,"cut":false,"hidden":false,"merged":[[5,0,5,9]]}
[22627.68,{"$nulls":4},"MINISTÉRIO DA INTEGRAÇÃO E DO DESENVOLVIMENTO REGIONAL"]
[{"$nulls":5},"COMPANHIA DE DESENVOLVIMENTO DOS VALES DO SÃO FRANCISCO E PARNAÍBA"]
[{"$nulls":5},"8ª SUPERINTENDÊNCIA REGIONAL - MARANHÃO"]
["Objeto: Contratação de serviços técnicos para retrofit de componentes da infraestruturas de uso comum do Projeto Público de Irrigação Tabuleiro de São Bernardo (PITSB)."]
["Local: Magalhães de Almeida - MA"]
["CRONOGRAMA FÍSICO-FINANCEIRO - MECÂNICA",{"$nulls":9},"Mês 01",null,"Mês 02",null,"Mês 03",null,"Mês 04",null,"Mês 05"]
["Item\n","Código\n","Fonte\n","Descrição\n","Unid.\n","Quant.\n","Custo Unit.\n(R$)","Preço Unit.\n(R$)","Subtotal",null,"VALOR EXECUTADO","PERCENTUAL\nEXECUTADO","VALOR EXECUTADO","PERCENTUAL\nEXECUTADO","VALOR EXECUTADO","PERCENTUAL\nEXECUTADO","VALOR EXECUTADO","PERCENTUAL\nEXECUTADO","VALOR EXECUTADO","PERCENTUAL\nEXECUTADO","% total","VALOR TOTAL"]
[1,null,null,"EBP - RECUPERAÇÃO BOMBAS VERTICAIS DE 3 ESTÁGIOS",{"$nulls":4},{"$f":"SUM(F9:F14)","v":1556792.352}]
["1.1",null,null,"MATERIAL BOMBA VERTICAL VTI 24 C/ 3 ESTAGIOS ",1,{"$f":"ORC_Mec!L10","v":394571.35680000001},{"$nulls":4},{"$f":"F9*L9","v":0},null,{"$f":"F9*N9","v":197285.6784},0.5,{"$f":"F9*P9","v":197285.6784},0.5,{"$nulls":4},{"$f":"L9+N9+P9+R9+T9","v":1},{"$f":"K9+M9+O9+Q9+S9","v":394571.35680000001}]
["1.2",null,null,"SERVIÇOS DE RECUPERAÇÃO BOMBA VERTICAL IMBIL  VTI 24 C/ 3 ESTAGIOS",1,{"$f":"ORC_Mec!L23","v":98300.409599999984},{"$nulls":8},{"$f":"F10*P10","v":49150.204799999992},0.5,{"$f":"F10*R10","v":49150.204799999992},0.5,null,null,{"$f":"L10+N10+P10+R10+T10","v":1},{"$f":"K10+M10+O10+Q10+S10","v":98300.409599999984}]
["1.3",null,null,"MATERIAL BOMBA VERTICAL KSB B 24 B / 3 ESTÁGIOS",1,{"$f":"ORC_Mec!L25","v":198238.2144},{"$nulls":6},{"$f":"F11*N11","v":99119.107199999999},0.5,{"$f":"F11*P11","v":99119.107199999999},0.5,{"$nulls":4},1,198238.2144]
["1.4",null,null,"SERVIÇOS DE RECUPERAÇÃO BOMBA VERTICAL KSB B 24 B / 3  ESTÁGIOS",1,{"$f":"ORC_Mec!L38","v":49150.204799999992},{"$nulls":4},{"$f":"F12*L12","v":0},null,0,null,{"$f":"F12*P12","v":0},null,{"$f":"F12*R12","v":24575.102399999996},0.5,{"$f":"F12*T12","v":24575.102399999996},0.5,1,49150.204799999992]
["1.5",null,null,"BARRILETE DE BOMBAS",1,{"$f":"ORC_Mec!L40","v":802332},{"$nulls":4},0,null,0,null,{"$f":"F13*P13","v":0},null,{"$f":"F13*R13","v":401166},0.5,{"$f":"F13*T13","v":401166},0.5,1,802332]
["1.6",null,null,"SERVIÇOS DE MANUTENÇÃO DE VÁLVULAS",1,{"$f":"ORC_Mec!L42","v":14200.166399999998},{"$nulls":4},0,null,0,null,0,null,null,null,{"$f":"F14*T14","v":14200.166399999998},1,1,14200.166399999998]
[2,null,null,"EBS1 - RECUPERAÇÃO BOMBAS CENTRÍFUGAS HORIZONTAIS",{"$nulls":4},{"$f":"SUM(F16:F18)","v":378862.01280000003}]
["2.1",null,null,"MATERIAL BOMBA  BOMBA MEGANORM KSB 200-400",1,{"$f":"ORC_Mec!L50","v":99049.113600000012},{"$nulls":4},{"$f":"F16*L16","v":0},null,{"$f":"F16*N16","v":49524.556800000006},0.5,{"$f":"F16*P16","v":49524.556800000006},0.5,{"$f":"F16*R16","v":0},null,{"$f":"F16*T16","v":0},null,1,99049.113600000012]
["2.2",null,null,"SERVIÇOS DE RECUPERAÇÃO DE BOMBA MEGANORM KSB 200-400",1,{"$f":"ORC_Mec!L66","v":268732.07039999997},{"$nulls":4},{"$f":"F17*L17","v":0},null,0,null,134366.03519999998,0.5,134366.03519999998,0.5,{"$f":"F17*T17","v":0},null,1,268732.07039999997]
["2.3",null,null,"SERVIÇOS DE MANUTENÇÃO DE VÁLVULAS",1,{"$f":"ORC_Mec!L68","v":11080.828799999997},{"$nulls":4},0,null,0,null,0,null,0,null,11080.828799999997,1,1,11080.828799999997]
[3,null,null,"ADUTORAS E TANQUES DE AMORTECIMENTO UNILATERAL",{"$nulls":4},{"$f":"F20+F21+F22+F23+F24","v":236942.60159999999}]
["3.1",null,null,"ADUTORA - SERVIÇOS DE MANUTENÇÃO DE VÁLVULAS",1,{"$f":"ORC_Mec!L96","v":10419.0144},{"$nulls":6},0,null,0,null,5209.5072,0.5,5209.5072,0.5,1,10419.0144]
["3.2",null,null,"TAU 1 - MATERIAL",null,{"$f":"ORC_Mec!L100","v":153334.56},{"$nulls":6},{"$f":"F21*N21","v":76667.28},0.5,76667.28,0.5,0,null,0,null,1,153334.56]
["3.3",null,null,"TAU 1 - SERVIÇOS DE MANUTENÇÃO DE VÁLVULAS",null,{"$f":"ORC_Mec!L105","v":11334.671999999999},{"$nulls":6},{"$f":"F22*N22","v":0},null,0,null,5667.3359999999993,0.5,5667.3359999999993,0.5,1,11334.671999999999]
["3.4",null,null,"TAU 2 - MATERIAL",null,{"$f":"ORC_Mec!L112","v":56456.8992},{"$nulls":6},28228.4496,0.5,28228.4496,0.5,0,null,0,null,1,56456.8992]
["3.5",null,null,"TAU 2 - SERVIÇOS DE MANUTENÇÃO DE VÁLVULAS",null,{"$f":"ORC_Mec!L115","v":5397.4560000000001},{"$nulls":6},0,null,0,null,2698.7280000000001,0.5,2698.7280000000001,0.5,1,5397.4560000000001]
[]
[null,null,null,"TOTAL",{"$nulls":4},{"$f":"I8+I15+I19","v":2172596.9664000003},null,{"$f":"SUM(K9:K25)","v":0},{"$f":"K26/$I$26","v":0},{"$f":"SUM(M9:M25)","v":450825.07199999999},{"$f":"M26/$I$26","v":0.20750515579841691},{"$f":"SUM(O9:O25)","v":634341.31200000003},{"$f":"O26/$I$26","v":0.29197376310945766},{"$f":"SUM(Q9:Q25)","v":622832.91359999997},{"$f":"Q26/$I$26","v":0.28667669302329735},{"$f":"SUM(S9:S25)","v":464597.66879999998},{"$f":"S26/$I$26","v":0.21384438806882794}]

{"sheet":"MC_Civil","index":13,"n_rows":219,"n_cols":12,"rows_kept":219,"cut":false,"hidden":false,"merged":[]}
[null,null,null,"MINISTÉRIO DA INTEGRAÇÃO E DO DESENVOLVIMENTO REGIONAL"]
[null,null,null,"COMPANHIA DE DESENVOLVIMENTO DOS VALES DO SÃO FRANCISCO E PARNAÍBA"]
[null,null,null,"8ª SUPERINTENDÊNCIA REGIONAL - MARANHÃO"]
["Objeto: Contratação de serviços técnicos para retrofit de componentes da infraestruturas de uso comum do Projeto Público de Irrigação Tabuleiro de São Bernardo (PITSB), localizado em Magalhães de Almeida-MA."]
["Local: Magalhães de Almeida - MA"]
["MEMÓRIA DE CÁLCULO"]
["Item","Código","Fonte","Descrição","Unid.","Variável 1","Variável 2","Variável 3","Variável 4","Quant. Parcial","Quant. Total","Obs."]
[1,null,null,"SERVIÇOS  PRELIMINARES"]
["1.1",103689,"SINAPI","FORNECIMENTO E INSTALAÇÃO DE PLACA DE OBRA COM CHAPA GALVANIZADA E ESTRUTURA DE MADEIRA. AF_03/2022_PS","m²","Comp. (m)","Altura (m)","Quantidade ",null,null,{"$f":"J10","v":2.88},"Uma placa de obra. Modelo Codevasf/Gov. Federal."]
[{"$nulls":5},2.4,1.2,1,null,{"$f":"F10*G10*H10","v":2.88}]
["1.2","CPU101","PRÓPRIA","Instalação de Contêiner","und","Escritório (qtd)","Banheiro (qtd)","Refeitório (qtd)","Guarita (qtd)","Quantidade ",{"$f":"J12","v":3},"Contêiner alugado. Almoxarifado - Galpão ASITASB ."]
[{"$nulls":5},1,1,1,0,{"$f":"SUM(F12:I12)","v":3}]
["1.3","CPU102","PRÓPRIA","Mobilização e Desmobilização Equipamento de Grande Porte","km","Equip. (und)","Fator Utiliz. (FU)","Fator K","Distância (km)",null,{"$f":"SUM(J14:J15)","v":936},"Distãncia de Teresina-PI ao Canteiro. Vm=60km/h."]
[null,null,null,"Escavadeira hidráulica de longo alcance sobre esteiras 155HP",null,1,1,2,312,{"$f":"((F14*G14*H14))*I14","v":624}]
[null,null,null,"Trator sobre esteiras com lâmina - 127 kW",null,1,0.5,2,312,{"$f":"((F15*G15*H15))*I15","v":312}]
["1.4","CPU103","PRÓPRIA","Mobilização e Desmobilização Equipamento de Médio Porte","km",{"$nulls":5},{"$f":"SUM(J17:J17)","v":936},"Distãncia de Teresina-PI ao Canteiro. Vm=60km/h."]
[null,null,null,"CONTÊINER",null,{"$f":"K11","v":3},0.5,2,312,{"$f":"((F17*G17*H17))*I17","v":936}]
["1.5","CPU104","PRÓPRIA","Aquisição de Gerador Diesel  Trifásico 8kVA, 220/380v, partida elétrica, inclusive cabo elétrico 30m.","und",{"$nulls":4},1,{"$f":"J18","v":1},"Equip. remanescente para o Distrito, c/ NF e Manual."]
["1.6","CPU105","PRÓPRIA","Aquisição de bomba submersível trifásica 3cv, 220V,  Daka, Dancor ou similar, inclusive mangote 10m.","und",{"$nulls":4},1,1,"Equip. remanescente para o Distrito, c/ NF e Manual."]
["1.3","CPU106","PRÓPRIA","Transporte de Equipamentos Eletromecânicos","km","Equip. (und)","Fator Utiliz. (FU)","Fator K","Distância (km)",null,{"$f":"SUM(J21:J26)","v":5428.8},"Distância de Teresina-PI ao Canteiro. Vm=80km/h."]
[null,null,null,"Moto-bomba 600cv",null,3,0.75,2,312,{"$f":"((F21*G21*H21))*I21","v":1404}]
[null,null,null,"Bombas 100cv EBS1",null,5,0.5,2,312,{"$f":"((F22*G22*H22))*I22","v":1560}]
[null,null,null,"Filtros AMIAD EBS1",null,2,1,2,312,{"$f":"((F23*G23*H23))*I23","v":1248}]
[null,null,null,"Bombas 50cv EBS2",null,3,0.25,2,312,{"$f":"((F24*G24*H24))*I24","v":468}]
[null,null,null,"Painéis CCM EBP",null,4,0.2,1,312,249.60000000000002]
[null,null,null,"Painéis CCM EBS1 e EBS2",null,8,0.2,1,312,499.20000000000005]
[2,null,null,"ADMINISTRAÇÃO LOCAL"]
["2.1","*****","*****","Pessoal","mês","Civil","eletromecânica",null,null,"Quant. Parcial","Quant. Total"]
["2.1.1",40811,"SINAPI","ENGENHEIRO CIVIL DE OBRA JUNIOR (MENSALISTA)","mês",6,{"$nulls":4},{"$f":"F29","v":6}]
["2.1.2","P9891","SICRO","Engenheiro mecânico","mês",null,3,null,null,null,{"$f":"G30","v":3}]
["2.1.3",40819,"SINAPI","MESTRE DE OBRAS (MENSALISTA)","mês",6,{"$nulls":4},{"$f":"F31","v":6}]
["2.1.4",101390,"SINAPI","AUXILIAR TÉCNICO / ASSISTENTE DE ENGENHARIA COM ENCARGOS COMPLEMENTARES","mês",null,4,null,null,null,{"$f":"G32","v":4}]
["2.2","*****","*****","Manutenção de Canteiro","mês","Consumo mensal","prazo da obra",null,null,"Quant. Parcial","Quant. Total"]
["2.2.1",4656,"ORSE","Locação de container - Banheiro com chuveiros e vasos - 4,30 x 2,30m","mês",1,8,null,null,null,{"$f":"F34*G34","v":8}]
["2.2.2",4657,"ORSE","Locação de container - Escritório com banheiro - 6,20 x 2,40m - Rev 02_02/2022","mês",1,8,null,null,null,{"$f":"F35*G35","v":8}]
["2.2.3",4659,"ORSE","Locação de container - Refeitório sem banheiro - 6,00 x 2,40m - Rev 02_x001f__02/2022","mês",1,8,null,null,null,8]
["2.2.4","CPU201","PRÓPRIA","Mobiliário e custos de escritório local","mês",1,8,null,null,null,8]
["2.3","*****","*****","Veículos, Insumos e Equipamentos Diversos","mês","Consumo mensal","período de serv.",null,null,"Quant. Parcial","Quant. Total"]
["2.3.1","CPU202","PROPRIA","Locação de veículo tipo van, furgão ouvkombi, c/ carreta reboque 500kg (inclusive gasolina)","mês",1,8,null,null,{"$f":"F39*G39","v":8},{"$f":"J39","v":8}]
["2.3.2","CPU203","PRÓPRIA","DIESEL PARA GERADOR PORTÁTIL","L",{"$f":"2.6*6*15","v":234.00000000000003},4,null,null,{"$f":"F40*G40","v":936.00000000000011},{"$f":"J40","v":936.00000000000011}]
["2.3.3",20193,"SINAPI","LOCACAO DE ANDAIME METALICO TIPO FACHADEIRO, PECAS COM APROXIMADAMENTE 1,20 M DE LARGURA E 2,0 M DE ALTURA, INCLUINDO DIAGONAIS EM X, BARRAS DE LIGACAO, SAPATAS E DEMAIS ITENS NECESSARIOS A MONTAGEM (NAO INCLUI INSTALACAO)","m²xmês","Compr. Médio","Altura média","Meses",null,null,{"$f":"SUM(J42:J44)","v":672}]
[null,null,null,"EBP (m²xmês)",null,30,10,2,null,{"$f":"F42*G42*H42","v":600}]
[null,null,null,"EBS1 (m²xmês)",null,12,6,1,null,{"$f":"F43*G43*H43","v":72}]
[null,null,null,"TAU 1 e 2 (m²xmês)",{"$nulls":5},{"$f":"F44*G44*H44","v":0}]
["2.3.4","CPU204","PROPRIA","Guindauto 11,7 t.m, alcance 9,7 incluso motorista e combustível","mês",1,2.5,null,null,{"$f":"F45*G45","v":2.5},{"$f":"J45","v":2.5}]
[3,null,null,"CANAL DE APROXIMAÇÃO"]
["3.1","*****","*****","Dragagem, recuperação e limpeza do Canal de Aproximação",null,"Corte Sob NA","Corte Acima NA","Fator de empol.",null,"Quant. Parcial","Quant. Total","Cota NA =  +8,24. NR(laje de bombas)= +15,60"]
["3.1.1",4915776,"SICRO","Roçada com roçadeira costal","ha","largura","comprimento",null,null,"(ha)",{"$f":"SUM(J49:J51)","v":2.5099999999999998},"O material de pode deverá ser varrido e retirado da calha do canal."]
[null,null,null,"Calha esquerda do Canal de Aproximação",null,50,200,null,null,{"$f":"F49*G49/10000","v":1}]
[null,null,null,"Calha direita do Canal de Aproximação",null,50,200,null,null,{"$f":"F50*G50/10000","v":1}]
[null,null,null,"Acesso à EBP",null,30,170,null,null,{"$f":"F51*G51/10000","v":0.51}]
["3.1.2",104949,"SINAPI","DRAGAGEM DE MATERIAIS DE 1A CATEGORIA E COMPOSTOS ORGÂNICOS E INORGÂNICOS COM ESCAVADEIRA HIDRÁULICA DE LONGO ALCANCE (CAÇAMBA: 0,52 M3/155 HP). AF_03/2024","m³",{"$nulls":5},{"$f":"TRUNC(SUM(J53:J63),2)","v":3671.92}]
[null,null,null,"E0(EBP) a  E1 - Placas de Concreto e Poços de Sucção",null,{"$f":"MC_Canal_Aprox!K38","v":92.91},{"$f":"MC_Canal_Aprox!W38","v":0},1.25,null,{"$f":"F53*H53+G53*H53","v":116.13749999999999},null,"Revestimento em concreto."]
[null,null,null,"E1 a E2 ",null,{"$f":"MC_Canal_Aprox!K39","v":77.480000000000018},{"$f":"MC_Canal_Aprox!W39","v":0},1.25,null,{"$f":"F54*H54+G54*H54","v":96.850000000000023},null,"Talvergue na cota +6,00. Taludes 1:2,5."]
[null,null,null,"E2 a E3",null,{"$f":"MC_Canal_Aprox!K40","v":119.89000000000001},{"$f":"MC_Canal_Aprox!W40","v":0},1.25,null,149.86250000000001,null,"Talvergue na cota +6,00. Taludes 1:2,5."]
[null,null,null,"E3 a E4",null,{"$f":"MC_Canal_Aprox!K41","v":129.71},{"$f":"MC_Canal_Aprox!W41","v":0},1.25,null,162.13750000000002,null,"Talvergue na cota +6,00. Taludes 1:2,5."]
[null,null,null,"E4 a E5",null,{"$f":"MC_Canal_Aprox!K42","v":134.35500000000002},{"$f":"MC_Canal_Aprox!W42","v":0},1.25,null,167.94375000000002,null,"Talvergue na cota +6,00. Taludes 1:2,5."]
[null,null,null,"E5 a E6",null,{"$f":"MC_Canal_Aprox!K43","v":161.34500000000003},{"$f":"MC_Canal_Aprox!W43","v":0},1.25,null,201.68125000000003,null,"Talvergue na cota +6,00. Taludes 1:2,5."]
[null,null,null,"E6 a E7",null,{"$f":"MC_Canal_Aprox!K44","v":212.77},{"$f":"MC_Canal_Aprox!W44","v":0},1.25,null,265.96250000000003,null,"Talvergue na cota +6,00. Taludes 1:2,5."]
[null,null,null,"E7 a E8",null,{"$f":"MC_Canal_Aprox!K45","v":267.16500000000002},{"$f":"MC_Canal_Aprox!W45","v":46.8},1.25,null,392.45625000000001,null,"Talvergue na cota +6,00. Taludes 1:2,5."]
[null,null,null,"E8 a E9",null,{"$f":"MC_Canal_Aprox!K46","v":290.91999999999996},{"$f":"MC_Canal_Aprox!W46","v":187.2},1.25,null,597.65,null,"Talvergue na cota +6,00. Taludes 1:2,5."]
[null,null,null,"E9 a E10",null,{"$f":"MC_Canal_Aprox!K47","v":292.19499999999999},{"$f":"MC_Canal_Aprox!W47","v":177.82499999999999},1.25,null,587.52499999999998,null,"Talvergue na cota +6,00. Taludes 1:2,5."]
[null,null,null,"Bacia de chamada (rio)",null,{"$f":"MC_Canal_Aprox!K48","v":367.84999999999997},{"$f":"MC_Canal_Aprox!W48","v":379.12499999999994},1.25,null,933.71874999999989,null,"Talvergue na cota +6,00. Taludes 1:2,5."]
["3.1.3",93589,"SINAPI","TRANSPORTE COM CAMINHÃO BASCULANTE DE 10 M³, EM VIA URBANA EM REVESTIMENTO PRIMÁRIO (UNIDADE: M3XKM). AF_07/2020","m³xkm","Vol. Corte (m³)","F. de enchimento","DMT (km)",null,null,{"$f":"J65","v":1101.5759999999998}]
[{"$nulls":5},{"$f":"K52","v":3671.92},{"$f":"1/0.8","v":1.25},{"$f":"(0.19+0.29)/2","v":0.24},null,{"$f":"F65*G65*H65","v":1101.5759999999998}]
["3.1.4",4413942,"SICRO","Espalhamento de material em bota-fora","m³","Volume (m³)",{"$nulls":4},{"$f":"J67","v":3671.92}]
[{"$nulls":5},{"$f":"K52","v":3671.92},null,null,null,{"$f":"F67","v":3671.92}]
["3.1.5","CPU301","PRÓPRIA","Controle topográfico planialtimétrico de seções","estaca","n. de estacas",{"$nulls":4},{"$f":"SUM(J69:J71)","v":16}]
[null,null,null,"Canal de Aproximação e Bacia de chamada",null,11,null,null,null,{"$f":"F69+G69","v":11}]
[null,null,null,"Bota-fora jusante do pátio da EBP e subestação.",null,2,null,null,null,{"$f":"F70+G70","v":2}]
[null,null,null,"Bota-fora montante do pátio da EBP.",null,3,null,null,null,3]
["3.1.6","CPU302","PROPRIA","Fornecimento e instalação de barreira ecológica 40m p/ retenção de macrófitas.","cj",1,null,null,null,1,{"$f":"J72","v":1},"Instalar na embocadura do canal de aproximação."]
["3.2","*****","*****","Recomposição de taludes",{"$nulls":5},"Quant. Parcial","Quant. Total"]
["3.2.1",4016096,"SICRO","Escavação e carga de material de jazida com escavadeira hidráulica de 1,56 m³","m³","Volume (m³)",{"$nulls":4},{"$f":"J75","v":160.30000000000001}]
[{"$nulls":5},{"$f":"K78","v":160.30000000000001},null,null,null,{"$f":"F75","v":160.30000000000001}]
["3.2.2",93589,"SINAPI","TRANSPORTE COM CAMINHÃO BASCULANTE DE 10 M³, EM VIA URBANA EM REVESTIMENTO PRIMÁRIO (UNIDADE: M3XKM). AF_07/2020","m³xkm","Volume (m³)","DMT Jazida EBS2 (km)",null,null,null,{"$f":"J77","v":1282.4000000000001}]
[null,null,null,"solo para aterros",null,{"$f":"K78","v":160.30000000000001},8,null,null,{"$f":"F77*G77","v":1282.4000000000001}]
["3.2.3",104730,"SINAPI","REATERRO MECANIZADO DE VALA COM ESCAVADEIRA HIDRÁULICA (CAPACIDADE DA CAÇAMBA: 0,8 M³/POTÊNCIA: 111 HP), LARGURA DE 1,5 A 2,5 M, PROFUNDIDADE DE 1,5 A 3,0 M, COM SOLO (SEM SUBSTITUIÇÃO) DE 1ª CATEGORIA, COM PLACA VIBRATÓRIA. AF_08/2023","m³","Volume (m³)",{"$nulls":4},{"$f":"SUM(J79:J82)","v":160.30000000000001}]
[null,null,null,"E1 a E2 ",null,36,null,null,null,{"$f":"F79","v":36}]
[null,null,null,"E2 a E3 ",null,28,null,null,null,{"$f":"F80","v":28}]
[null,null,null,"E4 a E5",null,{"$f":"12*4.5*1.1+3*9*0.7","v":78.300000000000011},null,null,null,{"$f":"F81","v":78.300000000000011}]
[null,null,null,"E7 a E8",null,{"$f":"5*4*0.9","v":18},null,null,null,18]
["3.2.4","CPU303","PROPRIA","Execução de decidas d'água rápida (DAR 03), em concreto C20, alas de captação.","cj","qtd",{"$nulls":4},{"$f":"SUM(J84:J86)","v":6}]
[null,null,null,"E1, talude E e talude D",null,2,null,null,null,{"$f":"F84","v":2}]
[null,null,null,"E5, talude E e talude D",null,2,null,null,null,{"$f":"F85","v":2}]
[null,null,null,"E8, talude E e talude D",null,2,null,null,null,2]
["3.2.5",4413993,"SICRO","Revestimento vegetal por semeadura a lanço manual de gramíneas e leguminosas","m²","Talude E(m²)","Talude D(m²)",null,null,null,{"$f":"J88","v":6800}]
[null,null,null,"talude e berma do Canal",null,{"$f":"200*(7+10)","v":3400},{"$f":"200*(7+10)","v":3400},null,null,{"$f":"F88+G88","v":6800}]
["3.2.6",4413987,"SICRO","Irrigação de área plantada para proteção vegetal do corpo estradal","m²xdia","Talude E(m²)","Talude D(m²)",null,null,null,{"$f":"J90","v":6800}]
[null,null,null,"talude e berma do Canal",null,{"$f":"200*(7+10)","v":3400},{"$f":"200*(7+10)","v":3400},null,null,{"$f":"(F90+G90)","v":6800}]
[4,null,null,"ESTAÇÃO DE BOMBEAMENTO PRINCIPAL"]
["4.1","*****","*****","Limpeza de poços de captação, entorno e dedetização geral",{"$nulls":5},"Quant. Parcial","Quant. Total"]
["4.1.1","CPU401","PROPRIA","Controle de pragas de vespas edificação até 2 pavimentos","und",{"$nulls":4},1,1]
["4.1.2","CPU402","PROPRIA","Esgotamento e limpeza dos poços de bomba 6 e 7 da EBP","cj",1,null,null,null,{"$f":"F94+G94","v":1},1]
["6.1.3","CPU403","PROPRIA","Limpeza de terreno 550 a 600m², com roçagem e capina, inclusive varrição e remoção da poda.","und","qtd",{"$nulls":4},{"$f":"J96","v":1}]
[null,null,null,"Entorno da EBP e Subestação",null,1,null,null,null,1]
["4.2","*****","*****","Retrofit das esquadrias, janelas, portas e portões",{"$nulls":5},"Quant. Parcial","Quant. Total"]
["4.2.1",97063,"SINAPI","MONTAGEM E DESMONTAGEM DE ANDAIME MODULAR FACHADEIRO, COM PISO METÁLICO, PARA EDIFÍCIOS COM MULTIPLOS PAVIMENTOS (EXCLUSIVE ANDAIME E LIMPEZA). AF_03/2024","m²","Comprimento (m)","Altura (m)","nº mont/desmon.",null,null,{"$f":"J99","v":720}]
[null,null,null,"EBP e Subestação (serviços no telhado, fachadas e internos inclusive pintura)",null,30,12,2,null,{"$f":"F99*G99*H99","v":720}]
["4.2.2","CPU404","PROPRIA","Reparos e pintura de esquadrias, guarnições portas e janelas matálicas.","m²","largura porta","Altura  porta","qtd","coef. utilização",null,{"$f":"SUM(J101:J103)","v":7.3980000000000006}]
[null,null,null,"Porta de acesso principal EBP",null,0.9,2.1,1,0.2,{"$f":"F101*G101*H101*I101","v":0.37800000000000006}]
[null,null,null,"Portas de carga auxiliares da EBP",null,0.9,1.8,2,null,{"$f":"F102*G102*H102","v":3.24}]
[null,null,null,"Portas de acesso Subestação",null,0.9,2.1,2,null,{"$f":"F103*G103*H103","v":3.7800000000000002}]
["4.2.3","CPU502","PROPRIA","Reparos de esquadrias e substituição de fechamentos de vidro por policarbonato e≥9,5mm ","m²","Comprimento (m)","largura(m)","qtd",null,null,{"$f":"J105","v":4.5}]
[null,null,null,"Janelas da subestação",null,0.5,0.9,10,null,{"$f":"F105*G105*H105","v":4.5}]
["4.2.4",4942,"ORSE","Remoção de esquadria metálica, sem reaproveitamento Rev. 01 - 03/2022","m²","Comprimento (m)","Altura (m)","Qtd Módulos",null,null,{"$f":"SUM(J107:J108)","v":153.9}]
[null,null,null,"Janelões da Fachada Sul (rio Parnaíba)",null,4.5,1.8,{"$f":"3*5","v":15},null,{"$f":"F107*G107*H107","v":121.5}]
[null,null,null,"Janelões da Fachada Norte ( Adutora)",null,4.5,1.8,4,null,{"$f":"F108*G108*H108","v":32.4}]
["4.2.5","I6741","SEINFRA","VENEZIANA INDUSTRIAL EM PVC RÍGIDO, TRANSLÚCIDO E MONTANTE EM AÇO GALVANIZADO OU ALUMÍNIO (FORNECIMENTO E MONTAGEM)","m²","Comprimento (m)","Altura (m)","Qtd Módulos",null,null,{"$f":"SUM(J110:J111)","v":72.900000000000006}]
[null,null,null,"Janelões da Fachada Sul (rio Parnaíba)",null,4.5,1.8,5,null,{"$f":"F110*G110*H110","v":40.5}]
[null,null,null,"Janelões da Fachada Norte ( Adutora)",null,4.5,1.8,4,null,{"$f":"F111*G111*H111","v":32.4}]
["4.2.6","CPU405","PROPRIA","Alvenaria de vedação com elemento vazado de concreto, tipo veneziana 39x29x10.","m²","Comprimento (m)","Altura (m)","Qtd Módulos",null,null,{"$f":"SUM(J113:J113)","v":81}]
[null,null,null,"Fachada Sul (rio Parnaíba)",null,4.5,1.8,{"$f":"2*5","v":10},null,{"$f":"F113*G113*H113","v":81}]
["4.2.7","CPU406a","PROPRIA","Fornecimento e instalação de porta  de enrolar 2,25x6,4 dupla, inclusive grade de proteção em metalon, pintadas em azul. inclusive cadeados.","cj","qtd",{"$nulls":4},{"$f":"J115","v":1}]
[null,null,null,"Portão de Carga Principal (fachada norte - adutora)",null,1,null,null,null,{"$f":"F115","v":1}]
["4.2.8",94807,"SINAPI","PORTA EM AÇO DE ABRIR TIPO VENEZIANA SEM GUARNIÇÃO, 87X210CM, FIXAÇÃO COM PARAFUSOS - FORNECIMENTO E INSTALAÇÃO. AF_12/2019","und","qtd",{"$nulls":4},{"$f":"J117","v":1}]
[null,null,null,"Porta de acesso principal",null,1,null,null,null,{"$f":"F117","v":1}]
["4.2.9","CPU406b","PROPRIA","Fornecimento e instalação de portão  de acesso à caixa de válvulas, inclusive tela galvanizada 25x25mm, pintado em azul. Inclusive cadeados.","cj","qtd",{"$nulls":4},{"$f":"J119","v":1}]
[{"$nulls":5},1,null,null,null,{"$f":"F119","v":1}]
["4.3","*****","*****","Pisos, rampas e escadarias"]
["4.3.1",99814,"SINAPI","LIMPEZA DE SUPERFÍCIE COM JATO DE ALTA PRESSÃO. AF_04/2019","m²","área levantada",{"$nulls":4},{"$f":"SUM(J122:J126)","v":409.4}]
[null,null,null,"Piso de Bombas e passarela fachada sul (rio Parnaíba)",null,164.88,null,null,null,{"$f":"F122","v":164.88}]
[null,null,null,"Área de carga/descarga",null,62.88,null,null,null,{"$f":"F123","v":62.88}]
[null,null,null,"Escadas piso superior e piso da caixa de válvulas",null,16,null,null,null,16]
[null,null,null,"Piso superior",null,112.8,null,null,null,112.8]
[null,null,null,"Caixa de Válvulas",null,52.84,null,null,null,52.84]
["4.4","*****","*****","Reparos em Telhados e Calhas"]
["4.4.1",10324,"IOPES","Retirada de cobertura em telha canalete 90","m²","Comprimento (m)","largura(m)",null,null,null,{"$f":"J129","v":32.400000000000006}]
[{"$nulls":5},12,{"$f":"0.9*3","v":2.7},null,null,{"$f":"F129*G129","v":32.400000000000006}]
["4.4.2",238,"ORSE","Telhamento com telha de fibrocimento tipo canalete 90 (Eternit ou similar)","m²","Comprimento (m)","largura(m)",null,null,null,{"$f":"J131","v":32.400000000000006}]
[{"$nulls":5},12,{"$f":"0.9*3","v":2.7},null,null,{"$f":"F131*G131","v":32.400000000000006}]
["4.4.3",253,"ORSE","Cumeeira normal em fibrocimento para telha canalete 90 ou similar","m","qtd",{"$nulls":4},{"$f":"J133","v":3}]
[{"$nulls":5},3,null,null,null,{"$f":"F133","v":3}]
["4.4.4",99814,"SINAPI","LIMPEZA DE SUPERFÍCIE COM JATO DE ALTA PRESSÃO. AF_04/2019","m²","Comprimento (m)","largura(m)","qtd",null,null,{"$f":"J135","v":37.44}]
[null,null,null,"Calhas pluvials",null,23.4,0.8,2,null,{"$f":"F135*G135*H135","v":37.44}]
["4.4.5",98576,"SINAPI","TRATAMENTO DE JUNTA DE DILATAÇÃO COM MANTA ASFÁLTICA ADERIDA COM MAÇARICO. AF_09/2023","m","Comprimento (m)",{"$nulls":4},{"$f":"J137","v":4}]
[null,null,null,"Junta de movimentação na calha",null,4,null,null,null,{"$f":"F137","v":4}]
["4.4.6","CPU410","PROPRIA","Fabricação e instalação de telas passarinheiras retangular chanfrada c/  tela galvanizada 25x25mm cantoneiras em alumínio.","m","comp. Unit","quantidade",null,null,null,{"$f":"J139","v":48}]
[{"$nulls":5},1,48,null,null,{"$f":"G139","v":48}]
["4.4.7",4915650,"SICRO","Injeção de adesivo estrutural à base de resina epóxi de baixa viscosidade para tratamento de fissuras em estruturas de concreto - fornecimento e aplicação manual.","Kg","qtd",{"$nulls":4},{"$f":"J141","v":2}]
[null,null,null,"Fissuras nos rufos",null,2,null,null,null,{"$f":"F141","v":2}]
["4.4.8",93203,"SINAPI","FIXAÇÃO (ENCUNHAMENTO) DE ALVENARIA DE VEDAÇÃO COM ESPUMA DE POLIURETANO EXPANSIVA. AF_03/2024","m","Comprimento (m)","qtd",null,null,null,{"$f":"J143","v":41.02}]
[null,null,null,"Junta de movimentação vertical da edifcação (interno e externo)",null,10.255000000000001,4,null,null,{"$f":"F143*G143","v":41.02}]
["4.5","*****","*****","Sistema de Medição de Vazão e Telemetria"]
["4.5.1","COTACAO","PRÓPRIA","Fornecimento, instalação e configuração de medidor de vazão eletromagnético em adutora 1200mm.","und","quantidade",{"$nulls":4},2]
[null,null,null,"Demarcação de área de risco em vermelho - CCMs",null,{"$f":"4*1.1*2+2","v":10.8},null,null,null,{"$f":"F146","v":10.8}]
[null,null,null,"Demarcação de área desimpedida - Extintores",null,8,null,null,null,{"$f":"F147","v":8}]
["4.6","*****","*****","Cercas, Portões e Tampas de Caixas de Inspeção/Passagem"]
["4.6.1",101197,"SINAPI","CERCA COM MOURÕES DE CONCRETO, SEÇÃO \"T\" PONTA INCLINADA, 10X10 CM, ESPAÇAMENTO DE 2,5 M, CRAVADOS 0,5 M, COM 11 FIOS DE ARAME FARPADO Nº 14 - FORNECIMENTO E INSTALAÇÃO. AF_05/2020","m","Comprimento (m)","portões",null,null,null,{"$f":"J150","v":130}]
[null,null,null,"Perímetro da EBP e Subestação, exceto portões.",null,137,{"$f":"-7","v":-7},null,null,{"$f":"F150+G150","v":130}]
["4.6.2","CPU413","PROPRIA","Fornecimento e instalação de portão em ferro 3,5x2m, de abrir, em gradil nylofor 3D, padrão belgo ou equivalente, inclusive pintura, cadeado e corrente.","cj","qtd",{"$nulls":4},{"$f":"J152","v":2}]
[null,null,null,"Portão principal e portão principal e auxiliar da Subestação.",null,2,null,null,null,{"$f":"F152","v":2}]
["4.6.3","CPU414","PRÓPRIA","Tampa armada com alça, e=8cm, Concreto C20, acabamento alisado.","m²","Comprimento (m)","largura(m)","qtd",null,null,{"$f":"SUM(J154:J156)","v":12.880000000000003}]
[null,null,null,"Caixa de inspeção Medidores de vazão",null,1.6,1.55,2,null,{"$f":"F154*G154*H154","v":4.9600000000000009}]
[null,null,null,"Boca de visita do Barrilete",null,1.8,1.6,1,null,{"$f":"F155*G155*H155","v":2.8800000000000003}]
[null,null,null,"Caixas de passagem",null,0.6,0.6,14,null,5.04]
["4.7","*****","*****","Reforma de Banheiros"]
["4.7.1","CPU415","PROPRIA","Troca de revestimentos cerâmicos 35x35, rejuntado, inclusive rodapé 7cm.","m²",{"$nulls":4},1,{"$f":"J158","v":1}]
["4.7.2",4440,"ORSE","Revestimento cerâmico para parede, 10 x 10 cm, Elizabeth, linha lux neve, aplicado com argamassa industrializada ac-ii, rejuntado, exclusive regularizaçãode base ou emboço - Rev 04","m²",{"$nulls":4},1,{"$f":"J159","v":1}]
["4.7.3","CPU416","PROPRIA","Revisão e reparo de ponto de água residencial - pia, chuveiro, vaso sanitário, mictório, bebedouro e afins. Inclusive acabamento.","cj","qtd",{"$nulls":4},{"$f":"SUM(J161:J163)","v":3}]
[null,null,null,"Torneira de pia",null,1,null,null,null,{"$f":"F161","v":1}]
[null,null,null,"Vaso sanitário",null,1,null,null,null,{"$f":"F162","v":1}]
[null,null,null,"Torneira externa",null,1,null,null,null,1]
[5,null,null,"ESTAÇÃO DE BOMBEAMENTO SECUNDÁRIA E SUBESTAÇÃO - EBS1"]
["5.1","*****","*****","Limpeza de poços de sucção, entorno e dedetização geral"]
["5.1.1","CPU501","PROPRIA","Esgotamento e limpeza de poço de bomba de EBS","und",{"$nulls":4},5,{"$f":"J166","v":5}]
["5.1.2","CPU502","PROPRIA","Limpeza de terreno 300 a 350m², com roçagem e capina, inclusive varrição e remoção da poda.","und",{"$nulls":4},1,1]
["5.2","*****","*****","Esquadrias, janelas, portas, portões, parapeitos e escadas marinheiro"]
["5.2.1","CPU404","PROPRIA","Reparos e pintura de esquadrias, guarnições portas e janelas matálicas.","m²","comprimento","altura","qtd","coeficiente",null,{"$f":"SUM(J170:J171)","v":12.440000000000001}]
[null,null,null,"Portas de carga auxiliar(talha), acesso principal e caixa d'água",null,1.6,{"$f":"2.9-0.4","v":2.5},2,null,{"$f":"F170*G170*H170","v":8}]
[null,null,null,"Porta de acesso de carga subsolo",null,1.2,{"$f":"2.5+1.2","v":3.7},1,null,{"$f":"F171*G171*H171","v":4.4400000000000004}]
["5.2.2","CPU503","PROPRIA","Reparos de esquadrias e substituição de fechamentos de vidro por policarbonato translúcido e≥8mm ","m²","Comprimento (m)","altura(m)","qtd",null,null,{"$f":"J173","v":3.5100000000000002}]
[null,null,null,"Janela c/fechamentos de vidro fixos e basculantes da EB",null,0.65,0.75,24,0.3,{"$f":"F173*G173*H173*I173","v":3.5100000000000002}]
["5.2.3","CPU407","PROPRIA","Lixamento, limpeza e pintura com tinta alquídica em escadas marinheiro, parapeitos, corrimãos e gradis.","m","comprimento",{"$nulls":4},{"$f":"J175","v":12}]
[null,null,null,"Corrimão e parapeitos",null,{"$f":"5.5+3.5+3","v":12},null,null,null,{"$f":"F175","v":12}]
["5.3","*****","*****","Pisos, rampas e escadarias"]
["5.3.1",99814,"SINAPI","LIMPEZA DE SUPERFÍCIE COM JATO DE ALTA PRESSÃO. AF_04/2019","m²","comprimento","largura",null,null,null,{"$f":"J178","v":49.5}]
[null,null,null,"Piso de bombas",null,11,4.5,null,null,{"$f":"F178*G178","v":49.5}]
["5.4","*****","*****","Reparos em Telhados"]
["5.4.1",10324,"IOPES","Retirada de cobertura em telha canalete 90","m²","Comprimento (m)","largura(m)","qtd",null,null,{"$f":"SUM(J181:J182)","v":48.6}]
[null,null,null,"cobertura EBS1",null,6,0.9,5,null,{"$f":"F181*G181*H181","v":27}]
[null,null,null,"cobertura Subestação EBS1",null,6,{"$f":"4*0.9","v":3.6},1,null,{"$f":"F182*G182*H182","v":21.6}]
["5.4.2",238,"ORSE","Telhamento com telha de fibrocimento tipo canalete 90 (Eternit ou similar)","m²","Comprimento (m)","largura(m)",null,null,null,{"$f":"SUM(J184:J185)","v":37.800000000000004}]
[null,null,null,"cobertura EBS1",null,6,0.9,3,null,{"$f":"F184*G184*H184","v":16.200000000000003}]
[null,null,null,"cobertura Subestação EBS1",null,6,{"$f":"4*0.9","v":3.6},1,null,{"$f":"F185*G185*H185","v":21.6}]
["5.4.3",4307,"SINAPI","PLACA DE VENTILACAO PARA TELHA DE FIBROCIMENTO, CANALETE 90 OU KALHETAO","und","qtd",{"$nulls":4},{"$f":"J187","v":16}]
[null,null,null,"EBS1 e subestação",null,16,null,null,null,{"$f":"F187","v":16}]
["5.5","*****","*****","Reforma de Banheiros"]
["5.5.1","CPU415","PROPRIA","Troca de revestimentos cerâmicos 35x35, rejuntado, inclusive rodapé 7cm.","m²",{"$nulls":4},3,{"$f":"J189","v":3}]
["5.5.2",4440,"ORSE","Revestimento cerâmico para parede, 10 x 10 cm, Elizabeth, linha lux neve, aplicado com argamassa industrializada ac-ii, rejuntado, exclusive regularizaçãode base ou emboço - Rev 04","m²",{"$nulls":4},{"$f":"1.5*1.5","v":2.25},{"$f":"J190","v":2.25}]
["5.5.3","CPU416","PROPRIA","Revisão e reparo de ponto de água residencial - pia, chuveiro, vaso sanitário, mictório, bebedouro e afins. Inclusive acabamento.","und","qtd",{"$nulls":4},{"$f":"SUM(J192:J197)","v":10}]
[null,null,null,"mictório",null,2,null,null,null,{"$f":"F192","v":2}]
[null,null,null,"chuveiro",null,2,null,null,null,{"$f":"F193","v":2}]
[null,null,null,"vaso sanitário",null,2,null,null,null,2]
[null,null,null,"Caixa d'água",null,1,null,null,null,1]
[null,null,null,"torneira externa",null,1,null,null,null,1]
[null,null,null,"pias",null,2,null,null,null,2]
["5.5.4",94807,"SINAPI","PORTA EM AÇO DE ABRIR TIPO VENEZIANA SEM GUARNIÇÃO, 87X210CM, FIXAÇÃO COM PARAFUSOS - FORNECIMENTO E INSTALAÇÃO. AF_12/2019","und","qtd",{"$nulls":4},{"$f":"J199","v":3}]
[null,null,null,"Banheiros e sala de manutenção",null,3,null,null,null,{"$f":"F199","v":3}]
["5.5.5",4914,null,"PORTA DE ABRIR EM ALUMINIO COM LAMBRI HORIZONTAL/LAMINADA, ACABAMENTO ANODIZADO NATURAL, SEM GUARNICAO/ALIZAR/VISTA","m²","largura","altura","qtd",null,null,{"$f":"J201","v":3.84}]
[null,null,null,"Portas boxs",null,0.6,1.6,4,null,{"$f":"F201*G201*H201","v":3.84}]
["5.5.6",12032,"SINAPI","JOGO DE TRANQUETA E ROSETA QUADRADA DE SOBREPOR SEM FUROS, EM LATAO CROMADO, *50 X 50* MM, PARA FECHADURA DE PORTA DE BANHEIRO","und","qtd",{"$nulls":4},{"$f":"J203","v":4}]
[{"$nulls":5},4,null,null,null,{"$f":"F203","v":4}]
["5.5.7",2085,null,"Vaso sanitário convencional, linha popular, c/caixa de descarga de sobrepor AKROS ou similar, assento plastico universal branco, conjunto de fixação, tubode ligação e engate plástico - Rev 04","und","qtd",{"$nulls":4},{"$f":"J205","v":2}]
[{"$nulls":5},2,null,null,null,{"$f":"F205","v":2}]
["5.5.8",4232,"ORSE","Kit de acessórios para banheiro em ABS/Alumínio com 5 peças (01 cabide, 01 saboneteira, 01 papeleira, 01 porta-toalha rosto e 01 porta-toalha banho)","cj","qtd",{"$nulls":4},{"$f":"J207","v":2}]
[{"$nulls":5},2,null,null,null,{"$f":"F207","v":2}]
["5.5.9","N.03.000.065539","CPOS","Armário plástico para lavatório embutir/sobrepor; referência modelo A43 fabricação Astra ou equivalente","und","qtd",{"$nulls":4},{"$f":"J209","v":2}]
[{"$nulls":5},2,null,null,null,{"$f":"F209","v":2}]
[6,null,null,"OBRAS ESPECIAIS"]
["6.1","*****","*****","Comportas AVIO e Canal C1.1","und"]
["6.1.1","CPU805","PROPRIA","Reparos em comporta de isolação, berço e juntas da  AVIO 110/100 - captação CP1","cj","qtd",{"$nulls":4},{"$f":"J213","v":1}]
[null,null,null,"Comporta AVIO 110/100 CP1 E0+00",null,1,null,null,null,{"$f":"F213","v":1}]
["6.1.2","CPU806","PROPRIA","Reparos em comporta de isolação, berço e juntas da  AVIO 71/40 - captação CS1.1","cj","qtd",{"$nulls":4},{"$f":"J215","v":1}]
[null,null,null,"Comporta AVIO 71/40 CS1.1 E0+00",null,1,null,null,null,{"$f":"F215","v":1}]
["6.1.3",4915650,"SICRO","Injeção de adesivo estrutural à base de resina epóxi de baixa viscosidade para tratamento de fissuras em estruturas de concreto - fornecimento e aplicação manual","Kg","qtd",{"$nulls":4},{"$f":"J217","v":5}]
[null,null,null,"trincas de recalque nas juntas do barramento da comporta do C1",null,5,null,null,null,{"$f":"F217","v":5}]
["6.1.4","CPU807","PROPRIA","Execução de mureta 25x35cm em concreto C20 sobre bordo do canal, inclusive juntas de dilatação em EVA.","m","comprimento",{"$nulls":4},{"$f":"J219","v":50}]
[null,null,null,"trecho com recalque de bordo a partir da estaca E7 do C1.1",null,50,null,null,null,{"$f":"F219","v":50}]

{"sheet":"MC_Canal_Aprox","index":14,"n_rows":63,"n_cols":24,"rows_kept":63,"cut":false,"hidden":true,"merged":[]}
["SEÇÃO MOLHADA ASSOREADA (cm)"]
["NA 12/08:","8,24","NA Min:","+7,20","Berma:","~+10.60,","Nref:","+15.60","Nivel da laje de bombas"]
[null,"BD",null,null,null,"Eixo",null,null,null,"BE"]
["POSIÇÃO",8,6,4,2,0,-2,-4,-6,-8," "]
["E1",30,95,130,150,170,170,150,100,30]
["E2",null,15,40,100,125,130,100,50]
["E3",null,10,65,100,95,80,80,30]
["E4",10,80,100,100,85,83,90,88,10]
["E5",null,36,62,74,85,80,80,20]
["E6",0,30,40,44,69,62,73,60,5]
["E7",null,15,30,50,45,42,20,0,0]
["E8",null,null,15,40,40,8,0]
["E9",null,null,null,18,48,9]
["E10",null,null,null,22,20,11]
["Bacia de chamada",25,25,25,25,25,25,25,25,25]
[{"$nulls":12},"CAMADA DE MATERIAL DE DRAGAGENS ANTERIORES (cm)"]
[null,"PROFUNDIDADE ASSOREADA (CM)"]
[null,"BD",null,null,null,"Eixo",null,null,null,"BE","MÉDIA",null,"TALUDE E ","TALUDE E ","TALUDE E ","TALUDE E ","TALUDE E ","TALUDE E ","TALUDE E ","TALUDE E ","BERMA E","BERMA E","BERMA E","BERMA E"]
["POSIÇÃO",8,6,4,2,0,-2,-4,-6,-8,null,null,8,10,12,14,16,18,20,22,24,26,28,30]
["E0",40,40,40,40,40,40,40,40,40,null,null,0,0,0,0,0,0,0,0,0,0,0,0]
["E1",{"$f":"B53-B5","v":14},14,{"$f":"D53-D5","v":34},{"$f":"E53-E5","v":34},{"$f":"F53-F5","v":14},{"$f":"G53-G5","v":14},{"$f":"H53-H5","v":14},14,{"$f":"J53-J5","v":14},{"$f":"AVERAGE(B21:J21)","v":18.444444444444443},null,0,0,0,0,0,0,0,0,0,0,0,0]
["E2",{"$f":"B54-B6","v":0},29,44,64,59,34,4,4,{"$f":"J54-J6","v":0},{"$f":"AVERAGE(B22:J22)","v":26.444444444444443},null,0,0,0,0,0,0,0,0,0,0,0,0]
["E3",{"$f":"B55-B7","v":0},34,19,64,89,84,4,14,0,34.222222222222221,null,0,0,0,0,0,0,0,0,0,0,0,0]
["E4",4,10,10,{"$f":"E56-E8","v":64},{"$f":"F56-F8","v":99},{"$f":"G56-G8","v":81},4,4,4,31.111111111111111,null,0,0,0,0,0,0,0,0,0,0,0,0]
["E5",{"$f":"B57-B9","v":0},8,22,90,99,84,4,24,0,36.777777777777779,null,0,0,0,0,0,0,0,0,0,0,0,0]
["E6",{"$f":"B58-B10","v":0},14,44,120,115,102,11,4,4,46,null,0,0,0,0,0,0,0,0,0,0,0,0]
["E7",{"$f":"B59-B11","v":0},29,54,114,139,122,64,44,0,62.888888888888886]
["E8",{"$f":"B60-B12","v":0},44,69,124,144,156,84,44,0,73.888888888888886,null,0,40,80,80,20,20,40,80,80,40,0,0]
["E9",{"$f":"B61-B13","v":0},44,84,146,136,155,84,44,0,77,null,0,40,80,80,20,20,40,80,80,40,0,0]
["E10",{"$f":"B62-B14","v":0},44,84,142,164,153,84,44,0,79.444444444444443,null,0,30,120,80,140,20,0,0,20,40,30,40]
["Bacia de chamada",{"$f":"B63-B15","v":135},135,135,135,159,135,135,135,135,{"$f":"AVERAGE(B31:J31)","v":137.66666666666666},null,null,120,180,210,250,240,180,120,120,0,0,0]
[]
["ÁREA ASSOREADA (M²)",{"$nulls":8},"Vol ASSOREADO (M³)"]
[]
[]
["POSIÇÃO","8-6","6-4","4-2","2-0","0-2","2-4","4-6","6-8","A PARCIAL","V PARCIAL",null,"POSIÇÃO","8-6","6-4","4-2","2-0","0-2","2-4","4-6","6-8","A PARCIAL","V PARCIAL"]
["E0",{"$f":"2.15*((B20*0.01+C20*0.01)/2)","v":0.86},{"$f":"2.15*((C20*0.01+D20*0.01)/2)","v":0.86},{"$f":"1.15*((D20*0.01+E20*0.01)/2)+1*F20*0.01","v":0.86},{"$f":"2*F20*0.01","v":0.8},{"$f":"2*F20*0.01","v":0.8},{"$f":"1*F20*0.01+1.15*((G20*0.01+H20*0.01)/2)","v":0.86},{"$f":"2.15*((H20*0.01+I20*0.01)/2)","v":0.86},{"$f":"2.15*((I20*0.01+J20*0.01)/2)","v":0.86},{"$f":"SUM(B37:I37)","v":6.7600000000000007},null,null,"E0",{"$f":"2.15*((N20*0.01+O20*0.01)/2)","v":0},0,0,{"$f":"1.15*((Q20*0.01+R20*0.01)/2)+1*R20*0.01","v":0},{"$f":"1*R20*0.01+1.15*((R20*0.01+S20*0.01)/2)","v":0},{"$f":"2.15*((S20*0.01+T20*0.01)/2)","v":0},0,0,{"$f":"SUM(N37:U37)","v":0}]
["E1",0.30099999999999999,0.51600000000000001,{"$f":"1.15*((D21*0.01+E21*0.01)/2)+1*F21*0.01","v":0.53100000000000003},{"$f":"1*F21*0.01","v":0.14000000000000001},{"$f":"1*F21*0.01","v":0.14000000000000001},{"$f":"1*F21*0.01+1.15*((G21*0.01+H21*0.01)/2)","v":0.30100000000000005},0.30099999999999999,0.30099999999999999,{"$f":"SUM(B38:I38)","v":2.5310000000000006},{"$f":"AVERAGE(J37:J38)*20","v":92.91},null,"E1",{"$f":"2.15*((N21*0.01+O21*0.01)/2)","v":0},0,0,0,0,{"$f":"2.15*((S21*0.01+T21*0.01)/2)","v":0},0,0,0,{"$f":"AVERAGE(V35:V38)*20","v":0}]
["E2",0.31174999999999997,0.78474999999999995,{"$f":"2.15*((D22*0.01+E22*0.01)/2)","v":1.161},{"$f":"1.15*((E22*0.01+F22*0.01)/2)+1*F22*0.01","v":1.29725},{"$f":"1*F22*0.01+1.15*((F22*0.01+G22*0.01)/2)","v":1.1247499999999999},{"$f":"2.15*((G22*0.01+H22*0.01)/2)","v":0.40849999999999997},8.5999999999999993E-2,4.2999999999999997E-2,{"$f":"SUM(B39:I39)","v":5.2170000000000005},{"$f":"AVERAGE(J38:J39)*20","v":77.480000000000018},null,"E2",{"$f":"2.15*((N22*0.01+O22*0.01)/2)","v":0},0,0,0,0,{"$f":"2.15*((S22*0.01+T22*0.01)/2)","v":0},0,0,0,0]
["E3",0.36549999999999999,0.56974999999999998,0.89224999999999999,1.7697499999999999,1.8847499999999999,0.94599999999999995,0.19350000000000001,0.15049999999999999,6.7719999999999994,{"$f":"AVERAGE(J39:J40)*20","v":119.89000000000001},null,"E3",{"$f":"2.15*((N23*0.01+O23*0.01)/2)","v":0},0,0,0,0,{"$f":"2.15*((S23*0.01+T23*0.01)/2)","v":0},0,0,0,0]
["E4",0.15049999999999999,0.215,0.79549999999999998,1.9272499999999999,2.0249999999999999,0.91375000000000006,8.5999999999999993E-2,8.5999999999999993E-2,6.1990000000000007,129.71,null,"E4",{"$f":"2.15*((N24*0.01+O24*0.01)/2)","v":0},0,0,0,0,{"$f":"2.15*((S24*0.01+T24*0.01)/2)","v":0},0,0,0,0]
["E5",8.5999999999999993E-2,0.32249999999999995,1.204,2.0767499999999997,2.0422500000000001,0.94599999999999995,0.30099999999999993,0.25800000000000001,7.2364999999999995,134.35500000000002,null,"E5",{"$f":"2.15*((N25*0.01+O25*0.01)/2)","v":0},0,0,0,0,{"$f":"2.15*((S25*0.01+T25*0.01)/2)","v":0},0,0,0,0]
["E6",0.15049999999999999,0.62350000000000005,1.7629999999999999,2.5012499999999998,2.3977500000000003,1.21475,0.16124999999999998,8.5999999999999993E-2,8.8980000000000015,161.34500000000003,null,"E6",{"$f":"2.15*((N26*0.01+O26*0.01)/2)","v":0},0,0,0,0,{"$f":"2.15*((S26*0.01+T26*0.01)/2)","v":0},0,0,0,0]
["E7",0.31174999999999997,0.89224999999999999,1.806,2.8447500000000003,2.8907500000000002,1.9994999999999998,1.161,0.47299999999999998,12.379,212.77,null,"E7",{"$f":"2.15*((N27*0.01+O27*0.01)/2)","v":0},0,0,0,0,{"$f":"2.15*((S27*0.01+T27*0.01)/2)","v":0},0,0,0,0]
["E8",0.47299999999999998,1.21475,2.0747499999999999,2.9809999999999999,3.165,2.5799999999999996,1.3759999999999999,0.47299999999999998,14.3375,267.16500000000002,null,"E8",{"$f":"2.15*((N28*0.01+O28*0.01)/2)","v":1.29},1.72,1.075,0.43,0.54500000000000004,{"$f":"2.15*((S28*0.01+T28*0.01)/2)","v":1.29},1.72,1.29,{"$f":"SUM(N45:U45)","v":9.36},46.8]
["E9",0.47299999999999998,1.3759999999999999,2.4724999999999997,2.9815,3.0332499999999998,2.5692499999999998,1.3759999999999999,0.47299999999999998,14.7545,290.91999999999996,null,"E9",1.29,1.72,1.075,0.43,0.54500000000000004,1.29,1.72,1.29,9.36,{"$f":"AVERAGE(V45:V46)*20","v":187.2}]
["E10",{"$f":"2*((B30*0.01+C30*0.01)/2)","v":0.44},1.28,2.2599999999999998,{"$f":"1*((E30*0.01+F30*0.01)/2)+1*F30*0.01","v":3.17},{"$f":"1*F30*0.01+1*((F30*0.01+G30*0.01)/2)","v":3.2250000000000001},{"$f":"2*((G30*0.01+H30*0.01)/2)","v":2.37},1.28,0.44,14.465,292.19499999999999,null,"E10",1.6124999999999998,2.15,2.3650000000000002,1.1199999999999999,0.315,0,0.215,0.64500000000000002,8.4224999999999994,{"$f":"AVERAGE(V46:V47)*20","v":177.82499999999999}]
["Bacia de chamada",2.7,2.7,2.7,{"$f":"1*((E31*0.01+F31*0.01)/2)+1*F31*0.01","v":3.0600000000000005},{"$f":"1*F31*0.01+1*((F31*0.01+G31*0.01)/2)","v":3.0600000000000005},2.7,2.7,2.7,22.32,367.84999999999997,null,"Bacia de chamada",3.2249999999999996,4.1924999999999999,4.9449999999999994,5.2174999999999994,4.8149999999999995,3.2249999999999996,2.5799999999999996,1.2899999999999998,29.489999999999995,{"$f":"AVERAGE(V47:V48)*20","v":379.12499999999994}]
[{"$nulls":10},{"$f":"SUM(K38:K47)","v":1778.74},{"$nulls":11},{"$f":"SUM(W38:W48)","v":790.94999999999993}]
[]
["SEÇÃO MOLHADA PLENA (cm) Talvergue na cota +6,00"]
["E0 (EBP)",44,84,164,184,184,184,164,84,44]
["E1",44,84,164,184,184,184,164,84,44]
["E2",0,44,84,164,184,164,84,44,0]
["E3",0,44,84,164,184,164,84,44,0]
["E4",0,44,84,164,184,164,84,44,0]
["E5",0,44,84,164,184,164,84,44,0]
["E6",0,44,84,164,184,164,84,44,0]
["E7",0,44,84,164,184,164,84,44,0]
["E8",0,44,84,164,184,164,84,44,0]
["E9",0,44,84,164,184,164,84,44,0]
["E10",0,44,84,164,184,164,84,44,0]
["Bacia",160,160,160,160,184,160,160,160,160]

{"sheet":"Encargos Sociais","index":15,"n_rows":100,"n_cols":6,"rows_kept":100,"cut":false,"hidden":false,"merged":[[45,0,45,1],[8,0,9,0],[8,1,9,1],[10,0,10,5],[21,0,21,5],[33,0,33,5],[40,0,40,5],[44,0,44,1],[2,1,2,5],[4,0,4,5],[6,0,6,5],[7,0,7,5],[8,2,8,3],[8,4,8,5]]}
[null,"MINISTÉRIO DA INTEGRAÇÃO E DO DESENVOLVIMENTO REGIONAL"]
[null,"COMPANHIA DE DESENVOLVIMENTO DOS VALES DO SÃO FRANCISCO E PARNAÍBA"]
[null,"8ª SUPERRITENDÊNCIA REGIONAL - MARANHÃO"]
[]
["Objeto: Contratação de serviços técnicos para retrofit de componentes da infraestruturas de uso comum do Projeto Público de Irrigação Tabuleiro de São Bernardo (PITSB)."]
["Local: Magalhães de Almeida - MA"]
["Maranhão                                                                                                                                                                            Vigência a partir de  01/2025"]
["ENCARGOS SOCIAIS SOBRE A MÃO DE OBRA"]
["CÓDIGO","DESCRIÇÃO","COM DESONERAÇÃO",null,"SEM DESONERAÇÃO"]
[null,null,"HORISTA\n%","MENSALISTA\n%","HORISTA\n%","MENSALISTA\n%"]
["GRUPO A"]
["A1","INSS",0.05,0.05,0.2,0.2]
["A2","SESI",1.4999999999999999E-2,1.4999999999999999E-2,1.4999999999999999E-2,1.4999999999999999E-2]
["A3","SENAI",0.01,0.01,0.01,0.01]
["A4","INCRA",2E-3,2E-3,2E-3,2E-3]
["A5","SEBRAE",6.0000000000000001E-3,6.0000000000000001E-3,6.0000000000000001E-3,6.0000000000000001E-3]
["A6","Salário Educação",2.5000000000000001E-2,2.5000000000000001E-2,2.5000000000000001E-2,2.5000000000000001E-2]
["A7","Seguro Contra Acidentes de Trabalho",0.03,0.03,0.03,0.03]
["A8","FGTS",0.08,0.08,0.08,0.08]
["A9","SECONCI",0,0,0,0]
["A","Total",{"$f":"SUM(C12:C20)","v":0.21800000000000003},{"$f":"SUM(D12:D20)","v":0.21800000000000003},{"$f":"SUM(E12:E20)","v":0.36800000000000005},{"$f":"SUM(F12:F20)","v":0.36800000000000005}]
["GRUPO B"]
["B1","Repouso Semanal Remunerado",0.17879999999999999,"Não incide",0.17860000000000001,"Não incide"]
["B2","Feriados",3.95E-2,"Não incide",3.9300000000000002E-2,"Não incide"]
["B3","Auxílio - Enfermidade",8.6E-3,6.4999999999999997E-3,8.6E-3,6.4999999999999997E-3]
["B4","13º Salário",0.10970000000000001,8.3299999999999999E-2,0.10970000000000001,8.3299999999999999E-2]
["B5","Licença Paternidade",6.9999999999999999E-4,5.0000000000000001E-4,6.9999999999999999E-4,5.0000000000000001E-4]
["B6","Faltas Justificadas",7.3000000000000001E-3,5.5999999999999999E-3,7.3000000000000001E-3,5.5999999999999999E-3]
["B7","Dias de Chuvas",1.5599999999999999E-2,"Não incide",1.5599999999999999E-2,"Não incide"]
["B8","Auxílio Acidente de Trabalho",1E-3,6.9999999999999999E-4,1E-3,6.9999999999999999E-4]
["B9","Férias Gozadas",0.1116,8.48E-2,0.1116,8.48E-2]
["B10","Salário Maternidade",2.9999999999999997E-4,2.9999999999999997E-4,2.9999999999999997E-4,2.9999999999999997E-4]
["B","Total",{"$f":"SUM(C23:C32)","v":0.47310000000000002},{"$f":"SUM(D23:D32)","v":0.1817},{"$f":"SUM(E23:E32)","v":0.47269999999999995},{"$f":"SUM(F23:F32)","v":0.1817}]
["GRUPO C"]
["C1","Aviso Prévio Indenizado",4.5499999999999999E-2,3.4599999999999999E-2,4.5499999999999999E-2,3.4599999999999999E-2]
["C2","Aviso Prévio Trabalhado",1.1000000000000001E-3,8.0000000000000004E-4,1.1000000000000001E-3,8.0000000000000004E-4]
["C3","Férias Indenizadas",3.1699999999999999E-2,2.41E-2,3.1699999999999999E-2,2.41E-2]
["C4","Depósito Rescisão Sem Justa Causa",2.5999999999999999E-2,1.9800000000000002E-2,2.5999999999999999E-2,1.9800000000000002E-2]
["C5","Indenização Adicional",3.8E-3,2.8999999999999998E-3,3.8E-3,2.8999999999999998E-3]
["C","Total",{"$f":"SUM(C35:C39)","v":0.10809999999999999},{"$f":"SUM(D35:D39)","v":8.2199999999999995E-2},{"$f":"SUM(E35:E39)","v":0.10809999999999999},{"$f":"SUM(F35:F39)","v":8.2199999999999995E-2}]
["GRUPO D"]
["D1","Reincidência de Grupo A sobre Grupo B",9.7699999999999995E-2,3.5400000000000001E-2,0.1741,6.6900000000000001E-2]
["D2","Reincidência de Grupo A sobre Aviso Prévio Trabalhado e Reincidência do FGTS sobre Aviso\nPrévio Indenizado",3.8999999999999998E-3,2.8999999999999998E-3,4.0000000000000001E-3,3.0999999999999999E-3]
["D","Total",{"$f":"SUM(C42:C43)","v":0.1016},{"$f":"SUM(D42:D43)","v":3.8300000000000001E-2},{"$f":"SUM(E42:E43)","v":0.17810000000000001},{"$f":"SUM(F42:F43)","v":7.0000000000000007E-2}]
["TOTAL(A+B+C+D)",null,{"$f":"C21+C33+C40+C44","v":0.90080000000000005},{"$f":"D21+D33+D40+D44","v":0.5202},{"$f":"E21+E33+E40+E44","v":1.1269},{"$f":"F21+F33+F40+F44","v":0.70190000000000019}]
["Fonte: Informação Dias de Chuva – INMET"]
{"$rows_empty":46}
[null,"COTACAO"]
[]
[]
[null,null,"Fornecimento, instalação, configuração e startup de sistema de medição e telemetria da captação P188/2024 ANA."]
[90778,"SINAPI","ENGENHEIRO PLENO COM ENCARGOS COMPLEMENTARES",null,"h",44]
[10991,"EMOP","MAO-DE-OBRA DE PROGRAMADOR DE INFORMATIC A SENIOR, PARA SERVICOS DE CONSULTORIA, INLUSIVE ENCARGOS SOCIAIS",null,"h",44]
["COT405","COTACAO","SISTEMA DE MEDIÇÃO DE VAZÃO PARA CONDUTO FORÇADO. MEDIDOR ELETROMAGNÉTICO.","MATERIAL","und",2]
["COT406","COTACAO","SISTEMA DE TELEMETRIA (GSM OU ETHERNET), SISTEMA DE PROCESSAMENTO E BACKUP, INTERFACE E INTEGRAÇÃO COM API DA ANA."]

{"sheet":"BDI","index":16,"n_rows":128,"n_cols":9,"rows_kept":128,"cut":false,"hidden":false,"merged":[[4,0,4,6],[27,2,27,3],[27,7,27,8],[2,2,2,6]]}
[null,null,"MINISTÉRIO DA INTEGRAÇÃO E DO DESENVOLVIMENTO REGIONAL",{"$nulls":4},"SINAPI:","2025-06-01"]
[null,null,"COMPANHIA DE DESENVOLVIMENTO DOS VALES DO SÃO FRANCISCO E PARNAÍBA",{"$nulls":4},"SICRO:","2025-04-01"]
[null,null,"8ª SUPERINTENDÊNCIA REGIONAL - MARANHÃO",{"$nulls":4},"ORSE:","2025-05-01"]
[{"$nulls":7},"Cotações:","2025-10-01"]
["Objeto: Contratação de serviços técnicos para retrofit de componentes da infraestruturas de uso comum do Projeto Público de Irrigação Tabuleiro de São Bernardo (PITSB).",{"$nulls":6},"BDI-F:",{"$f":"H28","v":0.15}]
["Local: Magalhães de Almeida - MA",{"$nulls":6},"BDI-S:",{"$f":"C28","v":0.26479999999999998}]
[]
["BDI SERVIÇOS",{"$nulls":4},"BDI FORNECIMENTOS"]
["Item","Descrição","PV (%)","CD (%)",null,"Item","Descrição","PV (%)","CD (%)"]
[]
[1,"Administração Central (A)",null,4.9299999999999997E-2,null,1,"Administração Central (A)",null,3.5400000000000001E-2]
[]
[2,"Impostos e Taxas (I)",null,{"$f":"SUM(C14:C17)","v":8.6499999999999994E-2},null,2,"Impostos e Taxas (I)",null,{"$f":"H14+H15+H16+H17","v":3.6499999999999998E-2}]
["2.1","ISS",0.05,null,null,"2.1","ISS",0]
["2.2","PIS",6.4999999999999997E-3,null,null,"2.2","PIS",6.4999999999999997E-3]
["2.3","Cofins",0.03,null,null,"2.3","Cofins",0.03]
["2.4","CPRB (INSS)",0,null,null,"2.4","CPRB (INSS)",0]
[]
["3","Risco, seguro e garantia (R) ",null,{"$f":"SUM(C20:C21)","v":1.6E-2},null,"3","Risco, seguro e garantia (R) ",null,{"$f":"H20+H21","v":1.6E-2}]
["3.1","Risco",1.2E-2,null,null,"3.1","Risco",1.2E-2]
["3.2","Seguro + garantia",4.0000000000000001E-3,null,null,"3.2","Seguro + garantia",4.0000000000000001E-3]
[]
[]
[4,"Despesas Financeiras (DF)",null,9.9000000000000008E-3,null,4,"Despesas Financeiras (DF)",null,8.5000000000000006E-3]
[]
[5,"Lucro (L)",null,7.3999999999999996E-2,null,5,"Lucro (L)",null,4.4999999999999998E-2]
[]
["BDI-S (%):",null,{"$f":"TRUNC(((((1+(D11+D19))*(1+D24)*(1+D26)/(1-D13))-1)),4)","v":0.26479999999999998},null,null,"BDI-F (%):",null,{"$f":"TRUNC(((((1+(I11+I19))*(1+I24)*(1+I26)/(1-I13))-1)),4)","v":0.15}]
[]
["Tipo de Obra: REDES DE  ÁGUA, ESGOTO E  CORRELATAS"]
["Acórdão nº 2622/2013 - TCU /Plenário"]
["BDI (%) = (((1+(AC+S+R+G))*(1+DF)*(1+L)/(1-I))-1)*100"]
{"$rows_empty":88}
[null,"COTACAO"]
[]
[]
[null,null,"Fornecimento, instalação, configuração e startup de sistema de medição e telemetria da captação P188/2024 ANA."]
[90778,"SINAPI","ENGENHEIRO PLENO COM ENCARGOS COMPLEMENTARES",null,"h",44]
[10991,"EMOP","MAO-DE-OBRA DE PROGRAMADOR DE INFORMATIC A SENIOR, PARA SERVICOS DE CONSULTORIA, INLUSIVE ENCARGOS SOCIAIS",null,"h",44]
["COT405","COTACAO","SISTEMA DE MEDIÇÃO DE VAZÃO PARA CONDUTO FORÇADO. MEDIDOR ELETROMAGNÉTICO.","MATERIAL","und",2]
["COT406","COTACAO","SISTEMA DE TELEMETRIA (GSM OU ETHERNET), SISTEMA DE PROCESSAMENTO E BACKUP, INTERFACE E INTEGRAÇÃO COM API DA ANA."]

{"sheet":"CompSD SINAPI","index":17,"n_rows":9784,"n_cols":6,"rows_kept":9784,"cut":false,"hidden":true,"merged":[]}
["SINAPI - Sistema Nacional de Pesquisa de Custos e Índices da Construção Civil"]
["RELATÓRIO DE CUSTOS DE COMPOSIÇÕES - ENCARGOS SOCIAIS SEM DESONERAÇÃO"]
["Mês de Referência:","08/2025",null,"Encargos sociais sobre a mão de obra:"]
["Data de emissão:","10/09/2025",null,"(SEM DESONERAÇÃO)","MA"]
[null,null,null,"Localidade","SAO LUIS"]
["Observação:","%AS (porcentagem Atribuído São Paulo) corresponde a porcentagem do custo total da",null,"Horista",1.1273]
[null,"composição que foi obtida utilizando preços de insumos de São Paulo por indisponibilidade",null,"Mensalista",0.70189999999999997]
[null,"dos preços de insumos necessários à composição no estado em questão. Custo zerado (hífen)"]
[null,"indica que pelo menos um dos itens da composição não tem custo/preço.",null,null,"MA"]
["Grupo","Código da\nComposição","Descrição","Unidade","Custo (R$)","%AS"]
["Acessibilidade",104658,"PISO PODOTÁTIL DE ALERTA OU DIRECIONAL, DE CONCRETO, ASSENTADO SOBRE ARGAMASSA. AF_03/2024","M2",159.87,0]
["Acessibilidade",105002,"RAMPA DE ACESSIBILIDADE EM CONCRETO MOLDADO IN LOCO, EM CALÇADA NOVA COM LARGURA MAIOR OU IGUAL À 3,00 M, FCK 25MPA, COM PISO PODOTÁTIL. AF_03/2024","UN",801.97,0]
["Acessibilidade",105004,"RAMPA DE ACESSIBILIDADE EM CONCRETO MOLDADO IN LOCO, EM CALÇADA NOVA COM LARGURA MENOR À 3,00 M, FCK 25MPA, COM PISO PODOTÁTIL. AF_03/2024","M2",136.80000000000001,0]
["Acessibilidade",105003,"RAMPA DE ACESSIBILIDADE EM CONCRETO MOLDADO IN LOCO, EM CALÇADA PRÉ EXISTENTE COM LARGURA MAIOR OU IGUAL À 3,00 M, FCK 25MPA, COM PISO PODOTÁTIL. AF_03/2024","UN",1248.53,5.0799999999999998E-2]
["Acessibilidade",105005,"RAMPA DE ACESSIBILIDADE EM CONCRETO MOLDADO IN LOCO, EM CALÇADA PRÉ EXISTENTE COM LARGURA MENOR À 3,00 M, FCK 25MPA, COM PISO PODOTÁTIL. AF_03/2024","M2",219.5,5.3400000000000003E-2]
["Acessibilidade",105006,"RAMPA DE ACESSIBILIDADE EM CONCRETO PRÉ MOLDADO, EM CALÇADA NOVA COM LARGURA MAIOR OU IGUAL À 3,00 M, FCK 25MPA, COM PISO PODOTÁTIL. AF_03/2024","UN",0]
["Acessibilidade",104999,"RAMPA DE ACESSIBILIDADE EM CONCRETO PRÉ MOLDADO, EM CALÇADA PRÉ EXISTENTE COM LARGURA MAIOR OU IGUAL À 3,00 M, FCK 25MPA, COM PISO PODOTÁTIL. AF_03/2024","UN",0]
["Acessibilidade",105000,"RAMPA DE ACESSIBILIDADE PARA ACESSO A EDIFICAÇÕES COM INCLINAÇÃO DE 8,33% EM CONCRETO MOLDADO IN LOCO, COM LARGURA DE 1,20M, FCK 25MPA, NÃO ARMADA, COM JUNTA A CADA 2M COM CORTE À SECO. AF_03/2024","M",1410.87,0.4602]
["Acessibilidade",105001,"RAMPA DE ACESSIBILIDADE PARA ACESSO A EDIFICAÇÕES COM INCLINAÇÃO DE 8,33% EM CONCRETO MOLDADO IN LOCO, COM LARGURA DE 1,50M, FCK 25MPA, NÃO ARMADA, COM JUNTA A CADA 2M COM CORTE À SECO. AF_03/2024","M",1446.75,0.44879999999999998]
["Alvenaria Estrutural - Blocos Cerâmicos",89306,"ALVENARIA ESTRUTURAL DE BLOCOS CERÂMICOS 14X19X29, (ESPESSURA DE 14 CM), UTILIZANDO COLHER DE PEDREIRO E ARGAMASSA DE ASSENTAMENTO COM PREPARO EM BETONEIRA. AF_03/2023","M2",105.72,0]
["Alvenaria Estrutural - Blocos Cerâmicos",89307,"ALVENARIA ESTRUTURAL DE BLOCOS CERÂMICOS 14X19X29, (ESPESSURA DE 14 CM), UTILIZANDO COLHER DE PEDREIRO E ARGAMASSA DE ASSENTAMENTO COM PREPARO MANUAL. AF_03/2023","M2",108.3,0]
["Alvenaria Estrutural - Blocos Cerâmicos",89290,"ALVENARIA ESTRUTURAL DE BLOCOS CERÂMICOS 14X19X29, (ESPESSURA DE 14 CM), UTILIZANDO PALHETA E ARGAMASSA DE ASSENTAMENTO COM PREPARO EM BETONEIRA. AF_03/2023","M2",88.02,0]
["Alvenaria Estrutural - Blocos Cerâmicos",89291,"ALVENARIA ESTRUTURAL DE BLOCOS CERÂMICOS 14X19X29, (ESPESSURA DE 14 CM), UTILIZANDO PALHETA E ARGAMASSA DE ASSENTAMENTO COM PREPARO MANUAL. AF_03/2023","M2",89.94,0]
["Alvenaria Estrutural - Blocos Cerâmicos",89298,"ALVENARIA ESTRUTURAL DE BLOCOS CERÂMICOS 14X19X39, (ESPESSURA DE 14 CM), UTILIZANDO COLHER DE PEDREIRO E ARGAMASSA DE ASSENTAMENTO COM PREPARO EM BETONEIRA. AF_03/2023","M2",92.1,0]
["Alvenaria Estrutural - Blocos Cerâmicos",89299,"ALVENARIA ESTRUTURAL DE BLOCOS CERÂMICOS 14X19X39, (ESPESSURA DE 14 CM), UTILIZANDO COLHER DE PEDREIRO E ARGAMASSA DE ASSENTAMENTO COM PREPARO MANUAL. AF_03/2023","M2",94.41,0]
["Alvenaria Estrutural - Blocos Cerâmicos",89282,"ALVENARIA ESTRUTURAL DE BLOCOS CERÂMICOS 14X19X39, (ESPESSURA DE 14 CM), UTILIZANDO PALHETA E ARGAMASSA DE ASSENTAMENTO COM PREPARO EM BETONEIRA. AF_03/2023","M2",79.56,0]
["Alvenaria Estrutural - Blocos Cerâmicos",89283,"ALVENARIA ESTRUTURAL DE BLOCOS CERÂMICOS 14X19X39, (ESPESSURA DE 14 CM), UTILIZANDO PALHETA E ARGAMASSA DE ASSENTAMENTO COM PREPARO MANUAL. AF_03/2023","M2",81.290000000000006,0]
["Alvenaria Estrutural - Blocos de Concreto",89480,"ALVENARIA DE BLOCOS DE CONCRETO ESTRUTURAL 14X19X29 CM (ESPESSURA 14 CM), FBK = 14 MPA, UTILIZANDO COLHER DE PEDREIRO. AF_10/2022","M2",173.64,0]
["Alvenaria Estrutural - Blocos de Concreto",89464,"ALVENARIA DE BLOCOS DE CONCRETO ESTRUTURAL 14X19X29 CM (ESPESSURA 14 CM), FBK = 14,0 MPA, UTILIZANDO PALHETA. AF_10/2022","M2",151.66,0]
["Alvenaria Estrutural - Blocos de Concreto",89478,"ALVENARIA DE BLOCOS DE CONCRETO ESTRUTURAL 14X19X29 CM (ESPESSURA 14 CM), FBK = 4,5 MPA, UTILIZANDO COLHER DE PEDREIRO. AF_10/2022","M2",149.13,0]
["Alvenaria Estrutural - Blocos de Concreto",89462,"ALVENARIA DE BLOCOS DE CONCRETO ESTRUTURAL 14X19X29 CM (ESPESSURA 14 CM), FBK = 4,5 MPA, UTILIZANDO PALHETA. AF_10/2022","M2",128.34,0]
["Alvenaria Estrutural - Blocos de Concreto",104444,"ALVENARIA DE BLOCOS DE CONCRETO ESTRUTURAL 14X19X29 CM (ESPESSURA 14 CM), FBK = 8 MPA, UTILIZANDO COLHER DE PEDREIRO. AF_10/2022","M2",0]
["Alvenaria Estrutural - Blocos de Concreto",104442,"ALVENARIA DE BLOCOS DE CONCRETO ESTRUTURAL 14X19X29 CM (ESPESSURA 14 CM), FBK = 8 MPA, UTILIZANDO PALHETA. AF_10/2022","M2",0]
["Alvenaria Estrutural - Blocos de Concreto",89472,"ALVENARIA DE BLOCOS DE CONCRETO ESTRUTURAL 14X19X39 CM (ESPESSURA 14 CM), FBK = 14 MPA, UTILIZANDO COLHER DE PEDREIRO. AF_10/2022","M2",133.13,0]
["Alvenaria Estrutural - Blocos de Concreto",89455,"ALVENARIA DE BLOCOS DE CONCRETO ESTRUTURAL 14X19X39 CM (ESPESSURA 14 CM), FBK = 14 MPA, UTILIZANDO PALHETA. AF_10/2022","M2",119.16,0]
["Alvenaria Estrutural - Blocos de Concreto",89470,"ALVENARIA DE BLOCOS DE CONCRETO ESTRUTURAL 14X19X39 CM (ESPESSURA 14 CM), FBK = 4,5 MPA, UTILIZANDO COLHER DE PEDREIRO. AF_10/2022","M2",110.71,0]
["Alvenaria Estrutural - Blocos de Concreto",89453,"ALVENARIA DE BLOCOS DE CONCRETO ESTRUTURAL 14X19X39 CM (ESPESSURA 14 CM), FBK = 4,5 MPA, UTILIZANDO PALHETA. AF_10/2022","M2",97.92,0]
["Alvenaria Estrutural - Blocos de Concreto",104443,"ALVENARIA DE BLOCOS DE CONCRETO ESTRUTURAL 14X19X39 CM (ESPESSURA 14 CM), FBK = 8 MPA, UTILIZANDO COLHER DE PEDREIRO. AF_10/2022","M2",0]
["Alvenaria Estrutural - Blocos de Concreto",104441,"ALVENARIA DE BLOCOS DE CONCRETO ESTRUTURAL 14X19X39 CM (ESPESSURA 14 CM), FBK = 8 MPA, UTILIZANDO PALHETA. AF_10/2022","M2",0]
["Alvenaria de Vedação",103354,"ALVENARIA DE VEDAÇÃO DE BLOCOS CERÂMICOS FURADOS NA HORIZONTAL DE 11,5X14X24 CM (ESPESSURA 11,5 CM) E ARGAMASSA DE ASSENTAMENTO COM PREPARO EM BETONEIRA. AF_12/2021","M2",96.1,2.12E-2]
["Alvenaria de Vedação",103355,"ALVENARIA DE VEDAÇÃO DE BLOCOS CERÂMICOS FURADOS NA HORIZONTAL DE 11,5X14X24 CM (ESPESSURA 11,5 CM) E ARGAMASSA DE ASSENTAMENTO COM PREPARO MANUAL. AF_12/2021","M2",97.58,2.0899999999999998E-2]
["Alvenaria de Vedação",103330,"ALVENARIA DE VEDAÇÃO DE BLOCOS CERÂMICOS FURADOS NA HORIZONTAL DE 11,5X19X19 CM (ESPESSURA 11,5 CM) E ARGAMASSA DE ASSENTAMENTO COM PREPARO EM BETONEIRA. AF_12/2021","M2",89.15,1.6400000000000001E-2]
["Alvenaria de Vedação",103331,"ALVENARIA DE VEDAÇÃO DE BLOCOS CERÂMICOS FURADOS NA HORIZONTAL DE 11,5X19X19 CM (ESPESSURA 11,5 CM) E ARGAMASSA DE ASSENTAMENTO COM PREPARO MANUAL. AF_12/2021","M2",90.54,1.61E-2]
["Alvenaria de Vedação",103358,"ALVENARIA DE VEDAÇÃO DE BLOCOS CERÂMICOS FURADOS NA HORIZONTAL DE 11,5X19X29 CM (ESPESSURA 11,5 CM) E ARGAMASSA DE ASSENTAMENTO COM PREPARO EM BETONEIRA. AF_12/2021","M2",75.58,1.9300000000000001E-2]
["Alvenaria de Vedação",103359,"ALVENARIA DE VEDAÇÃO DE BLOCOS CERÂMICOS FURADOS NA HORIZONTAL DE 11,5X19X29 CM (ESPESSURA 11,5 CM) E ARGAMASSA DE ASSENTAMENTO COM PREPARO MANUAL. AF_12/2021","M2",76.760000000000005,1.9E-2]
["Alvenaria de Vedação",103366,"ALVENARIA DE VEDAÇÃO DE BLOCOS CERÂMICOS FURADOS NA HORIZONTAL DE 11,5X19X39 CM (ESPESSURA 11,5 CM) E ARGAMASSA DE ASSENTAMENTO COM PREPARO EM BETONEIRA. AF_12/2021","M2",66.41,2.1999999999999999E-2]
["Alvenaria de Vedação",103367,"ALVENARIA DE VEDAÇÃO DE BLOCOS CERÂMICOS FURADOS NA HORIZONTAL DE 11,5X19X39 CM (ESPESSURA 11,5 CM) E ARGAMASSA DE ASSENTAMENTO COM PREPARO MANUAL. AF_12/2021","M2",67.48,2.1600000000000001E-2]
["Alvenaria de Vedação",103360,"ALVENARIA DE VEDAÇÃO DE BLOCOS CERÂMICOS FURADOS NA HORIZONTAL DE 14X19X29 CM (ESPESSURA 14 CM) E ARGAMASSA DE ASSENTAMENTO COM PREPARO EM BETONEIRA. AF_12/2021","M2",88.27,1.9400000000000001E-2]
["Alvenaria de Vedação",103361,"ALVENARIA DE VEDAÇÃO DE BLOCOS CERÂMICOS FURADOS NA HORIZONTAL DE 14X19X29 CM (ESPESSURA 14 CM) E ARGAMASSA DE ASSENTAMENTO COM PREPARO MANUAL. AF_12/2021","M2",89.76,1.9099999999999999E-2]
["Alvenaria de Vedação",103368,"ALVENARIA DE VEDAÇÃO DE BLOCOS CERÂMICOS FURADOS NA HORIZONTAL DE 14X19X39 CM (ESPESSURA 14 CM) E ARGAMASSA DE ASSENTAMENTO COM PREPARO EM BETONEIRA. AF_12/2021","M2",75.2,2.2700000000000001E-2]
["Alvenaria de Vedação",103369,"ALVENARIA DE VEDAÇÃO DE BLOCOS CERÂMICOS FURADOS NA HORIZONTAL DE 14X19X39 CM (ESPESSURA 14 CM) E ARGAMASSA DE ASSENTAMENTO COM PREPARO MANUAL. AF_12/2021","M2",76.55,2.23E-2]
["Alvenaria de Vedação",103334,"ALVENARIA DE VEDAÇÃO DE BLOCOS CERÂMICOS FURADOS NA HORIZONTAL DE 14X9X19 CM (ESPESSURA 14 CM, BLOCO DEITADO) E ARGAMASSA DE ASSENTAMENTO COM PREPARO EM BETONEIRA. AF_12/2021","M2",155.74,2.1100000000000001E-2]
["Alvenaria de Vedação",103335,"ALVENARIA DE VEDAÇÃO DE BLOCOS CERÂMICOS FURADOS NA HORIZONTAL DE 14X9X19 CM (ESPESSURA 14 CM, BLOCO DEITADO) E ARGAMASSA DE ASSENTAMENTO COM PREPARO MANUAL. AF_12/2021","M2",158.34,2.0799999999999999E-2]
["Alvenaria de Vedação",103362,"ALVENARIA DE VEDAÇÃO DE BLOCOS CERÂMICOS FURADOS NA HORIZONTAL DE 19X19X29 CM (ESPESSURA 19 CM) E ARGAMASSA DE ASSENTAMENTO COM PREPARO EM BETONEIRA. AF_12/2021","M2",107.46,2.3599999999999999E-2]
["Alvenaria de Vedação",103363,"ALVENARIA DE VEDAÇÃO DE BLOCOS CERÂMICOS FURADOS NA HORIZONTAL DE 19X19X29 CM (ESPESSURA 19 CM) E ARGAMASSA DE ASSENTAMENTO COM PREPARO MANUAL. AF_12/2021","M2",109.14,2.3300000000000001E-2]
["Alvenaria de Vedação",103370,"ALVENARIA DE VEDAÇÃO DE BLOCOS CERÂMICOS FURADOS NA HORIZONTAL DE 19X19X39 CM (ESPESSURA 19 CM) E ARGAMASSA DE ASSENTAMENTO COM PREPARO EM BETONEIRA. AF_12/2021","M2",95.34,2.6599999999999999E-2]
["Alvenaria de Vedação",103371,"ALVENARIA DE VEDAÇÃO DE BLOCOS CERÂMICOS FURADOS NA HORIZONTAL DE 19X19X39 CM (ESPESSURA 19 CM) E ARGAMASSA DE ASSENTAMENTO COM PREPARO MANUAL. AF_12/2021","M2",96.86,2.6200000000000001E-2]
["Alvenaria de Vedação",103332,"ALVENARIA DE VEDAÇÃO DE BLOCOS CERÂMICOS FURADOS NA HORIZONTAL DE 9X14X19 CM (ESPESSURA 9 CM) E ARGAMASSA DE ASSENTAMENTO COM PREPARO EM BETONEIRA. AF_12/2021","M2",129.25,1.09E-2]
["Alvenaria de Vedação",103333,"ALVENARIA DE VEDAÇÃO DE BLOCOS CERÂMICOS FURADOS NA HORIZONTAL DE 9X14X19 CM (ESPESSURA 9 CM) E ARGAMASSA DE ASSENTAMENTO COM PREPARO MANUAL. AF_12/2021","M2",130.74,1.0800000000000001E-2]
["Alvenaria de Vedação",103352,"ALVENARIA DE VEDAÇÃO DE BLOCOS CERÂMICOS FURADOS NA HORIZONTAL DE 9X14X24 CM (ESPESSURA 9 CM) E ARGAMASSA DE ASSENTAMENTO COM PREPARO EM BETONEIRA. AF_12/2021","M2",111.08,1.2699999999999999E-2]
["Alvenaria de Vedação",103353,"ALVENARIA DE VEDAÇÃO DE BLOCOS CERÂMICOS FURADOS NA HORIZONTAL DE 9X14X24 CM (ESPESSURA 9 CM) E ARGAMASSA DE ASSENTAMENTO COM PREPARO MANUAL. AF_12/2021","M2",112.46,1.2500000000000001E-2]
["Alvenaria de Vedação",103328,"ALVENARIA DE VEDAÇÃO DE BLOCOS CERÂMICOS FURADOS NA HORIZONTAL DE 9X19X19 CM (ESPESSURA 9 CM) E ARGAMASSA DE ASSENTAMENTO COM PREPARO EM BETONEIRA. AF_12/2021","M2",101.73,0.01]
["Alvenaria de Vedação",103329,"ALVENARIA DE VEDAÇÃO DE BLOCOS CERÂMICOS FURADOS NA HORIZONTAL DE 9X19X19 CM (ESPESSURA 9 CM) E ARGAMASSA DE ASSENTAMENTO COM PREPARO MANUAL. AF_12/2021","M2",103.03,9.9000000000000008E-3]
["Alvenaria de Vedação",103356,"ALVENARIA DE VEDAÇÃO DE BLOCOS CERÂMICOS FURADOS NA HORIZONTAL DE 9X19X29 CM (ESPESSURA 9 CM) E ARGAMASSA DE ASSENTAMENTO COM PREPARO EM BETONEIRA. AF_12/2021","M2",66.56,1.5299999999999999E-2]
["Alvenaria de Vedação",103357,"ALVENARIA DE VEDAÇÃO DE BLOCOS CERÂMICOS FURADOS NA HORIZONTAL DE 9X19X29 CM (ESPESSURA 9 CM) E ARGAMASSA DE ASSENTAMENTO COM PREPARO MANUAL. AF_12/2021","M2",67.650000000000006,1.5100000000000001E-2]
["Alvenaria de Vedação",103364,"ALVENARIA DE VEDAÇÃO DE BLOCOS CERÂMICOS FURADOS NA HORIZONTAL DE 9X19X39 CM (ESPESSURA 9 CM) E ARGAMASSA DE ASSENTAMENTO COM PREPARO EM BETONEIRA. AF_12/2021","M2",55.65,2.2100000000000002E-2]
["Alvenaria de Vedação",103365,"ALVENARIA DE VEDAÇÃO DE BLOCOS CERÂMICOS FURADOS NA HORIZONTAL DE 9X19X39 CM (ESPESSURA 9 CM) E ARGAMASSA DE ASSENTAMENTO COM PREPARO MANUAL. AF_12/2021","M2",56.42,1.8100000000000002E-2]
["Alvenaria de Vedação",103350,"ALVENARIA DE VEDAÇÃO DE BLOCOS CERÂMICOS FURADOS NA HORIZONTAL DE 9X9X19 CM (ESPESSURA 9 CM) E ARGAMASSA DE ASSENTAMENTO COM PREPARO EM BETONEIRA. AF_12/2021","M2",188.71,1.04E-2]
["Alvenaria de Vedação",103351,"ALVENARIA DE VEDAÇÃO DE BLOCOS CERÂMICOS FURADOS NA HORIZONTAL DE 9X9X19 CM (ESPESSURA 9 CM) E ARGAMASSA DE ASSENTAMENTO COM PREPARO MANUAL. AF_12/2021","M2",190.62,1.03E-2]
["Alvenaria de Vedação",103344,"ALVENARIA DE VEDAÇÃO DE BLOCOS CERÂMICOS FURADOS NA VERTICAL DE 11,5X19X29 CM (ESPESSURA 11,5 CM) E ARGAMASSA DE ASSENTAMENTO COM PREPARO EM BETONEIRA. AF_12/2021","M2",90.08,1.6199999999999999E-2]
["Alvenaria de Vedação",103345,"ALVENARIA DE VEDAÇÃO DE BLOCOS CERÂMICOS FURADOS NA VERTICAL DE 11,5X19X29 CM (ESPESSURA 11,5 CM) E ARGAMASSA DE ASSENTAMENTO COM PREPARO MANUAL. AF_12/2021","M2",91.81,1.5900000000000001E-2]
["Alvenaria de Vedação",103348,"ALVENARIA DE VEDAÇÃO DE BLOCOS CERÂMICOS FURADOS NA VERTICAL DE 11,5X19X39 CM (ESPESSURA 11,5 CM) E ARGAMASSA DE ASSENTAMENTO COM PREPARO EM BETONEIRA. AF_12/2021","M2",76.23,1.9199999999999998E-2]
["Alvenaria de Vedação",103349,"ALVENARIA DE VEDAÇÃO DE BLOCOS CERÂMICOS FURADOS NA VERTICAL DE 11,5X19X39 CM (ESPESSURA 11,5 CM) E ARGAMASSA DE ASSENTAMENTO COM PREPARO MANUAL. AF_12/2021","M2",77.81,1.8800000000000001E-2]
["Alvenaria de Vedação",103346,"ALVENARIA DE VEDAÇÃO DE BLOCOS CERÂMICOS FURADOS NA VERTICAL DE 14X19X29 CM (ESPESSURA 14 CM) E ARGAMASSA DE ASSENTAMENTO COM PREPARO EM BETONEIRA. AF_12/2021","M2",99.84,1.7100000000000001E-2]
["Alvenaria de Vedação",103347,"ALVENARIA DE VEDAÇÃO DE BLOCOS CERÂMICOS FURADOS NA VERTICAL DE 14X19X29 CM (ESPESSURA 14 CM) E ARGAMASSA DE ASSENTAMENTO COM PREPARO MANUAL. AF_12/2021","M2",101.68,1.6799999999999999E-2]
["Alvenaria de Vedação",103324,"ALVENARIA DE VEDAÇÃO DE BLOCOS CERÂMICOS FURADOS NA VERTICAL DE 14X19X39 CM (ESPESSURA 14 CM) E ARGAMASSA DE ASSENTAMENTO COM PREPARO EM BETONEIRA. AF_12/2021","M2",86.21,1.9800000000000002E-2]
["Alvenaria de Vedação",103325,"ALVENARIA DE VEDAÇÃO DE BLOCOS CERÂMICOS FURADOS NA VERTICAL DE 14X19X39 CM (ESPESSURA 14 CM) E ARGAMASSA DE ASSENTAMENTO COM PREPARO MANUAL. AF_12/2021","M2",87.89,1.95E-2]
["Alvenaria de Vedação",103326,"ALVENARIA DE VEDAÇÃO DE BLOCOS CERÂMICOS FURADOS NA VERTICAL DE 19X19X39 CM (ESPESSURA 19 CM) E ARGAMASSA DE ASSENTAMENTO COM PREPARO EM BETONEIRA. AF_12/2021","M2",101.5,2.5000000000000001E-2]
["Alvenaria de Vedação",103327,"ALVENARIA DE VEDAÇÃO DE BLOCOS CERÂMICOS FURADOS NA VERTICAL DE 19X19X39 CM (ESPESSURA 19 CM) E ARGAMASSA DE ASSENTAMENTO COM PREPARO MANUAL. AF_12/2021","M2",103.46,2.46E-2]
["Alvenaria de Vedação",103322,"ALVENARIA DE VEDAÇÃO DE BLOCOS CERÂMICOS FURADOS NA VERTICAL DE 9X19X39 CM (ESPESSURA 9 CM) E ARGAMASSA DE ASSENTAMENTO COM PREPARO EM BETONEIRA. AF_12/2021","M2",64.8,1.5699999999999999E-2]
["Alvenaria de Vedação",103323,"ALVENARIA DE VEDAÇÃO DE BLOCOS CERÂMICOS FURADOS NA VERTICAL DE 9X19X39 CM (ESPESSURA 9 CM) E ARGAMASSA DE ASSENTAMENTO COM PREPARO MANUAL. AF_12/2021","M2",66.28,1.54E-2]
["Alvenaria de Vedação",103338,"ALVENARIA DE VEDAÇÃO DE BLOCOS VAZADOS DE CONCRETO APARENTE DE 14X19X39 CM (ESPESSURA 14 CM) E ARGAMASSA DE ASSENTAMENTO COM PREPARO EM BETONEIRA. AF_12/2021","M2",124.22,1.38E-2]
["Alvenaria de Vedação",103339,"ALVENARIA DE VEDAÇÃO DE BLOCOS VAZADOS DE CONCRETO APARENTE DE 14X19X39 CM (ESPESSURA 14 CM) E ARGAMASSA DE ASSENTAMENTO COM PREPARO MANUAL. AF_12/2021","M2",125.67,1.3599999999999999E-2]
["Alvenaria de Vedação",103340,"ALVENARIA DE VEDAÇÃO DE BLOCOS VAZADOS DE CONCRETO APARENTE DE 19X19X39 CM (ESPESSURA 19 CM) E ARGAMASSA DE ASSENTAMENTO COM PREPARO EM BETONEIRA. AF_12/2021","M2",150.44999999999999,1.6899999999999998E-2]
["Alvenaria de Vedação",103341,"ALVENARIA DE VEDAÇÃO DE BLOCOS VAZADOS DE CONCRETO APARENTE DE 19X19X39 CM (ESPESSURA 19 CM) E ARGAMASSA DE ASSENTAMENTO COM PREPARO MANUAL. AF_12/2021","M2",152.27000000000001,1.67E-2]
["Alvenaria de Vedação",103336,"ALVENARIA DE VEDAÇÃO DE BLOCOS VAZADOS DE CONCRETO APARENTE DE 9X19X39 CM (ESPESSURA 9 CM) E ARGAMASSA DE ASSENTAMENTO COM PREPARO EM BETONEIRA. AF_12/2021","M2",94.75,1.0800000000000001E-2]
["Alvenaria de Vedação",103337,"ALVENARIA DE VEDAÇÃO DE BLOCOS VAZADOS DE CONCRETO APARENTE DE 9X19X39 CM (ESPESSURA 9 CM) E ARGAMASSA DE ASSENTAMENTO COM PREPARO MANUAL. AF_12/2021","M2",95.99,1.06E-2]
["Alvenaria de Vedação",103342,"ALVENARIA DE VEDAÇÃO DE BLOCOS VAZADOS DE CONCRETO DE 14X19X29 CM (ESPESSURA 14 CM) E ARGAMASSA DE ASSENTAMENTO COM PREPARO EM BETONEIRA. AF_12/2021","M2",127.85,1.34E-2]
["Alvenaria de Vedação",103343,"ALVENARIA DE VEDAÇÃO DE BLOCOS VAZADOS DE CONCRETO DE 14X19X29 CM (ESPESSURA 14 CM) E ARGAMASSA DE ASSENTAMENTO COM PREPARO MANUAL. AF_12/2021","M2",129.46,1.32E-2]
["Alvenaria de Vedação",103318,"ALVENARIA DE VEDAÇÃO DE BLOCOS VAZADOS DE CONCRETO DE 14X19X39 CM (ESPESSURA 14 CM) E ARGAMASSA DE ASSENTAMENTO COM PREPARO EM BETONEIRA. AF_12/2021","M2",109.34,1.5599999999999999E-2]
["Alvenaria de Vedação",103319,"ALVENARIA DE VEDAÇÃO DE BLOCOS VAZADOS DE CONCRETO DE 14X19X39 CM (ESPESSURA 14 CM) E ARGAMASSA DE ASSENTAMENTO COM PREPARO MANUAL. AF_12/2021","M2",110.79,1.54E-2]
["Alvenaria de Vedação",103320,"ALVENARIA DE VEDAÇÃO DE BLOCOS VAZADOS DE CONCRETO DE 19X19X39 CM (ESPESSURA 19 CM) E ARGAMASSA DE ASSENTAMENTO COM PREPARO EM BETONEIRA. AF_12/2021","M2",131.57,1.9300000000000001E-2]
["Alvenaria de Vedação",103321,"ALVENARIA DE VEDAÇÃO DE BLOCOS VAZADOS DE CONCRETO DE 19X19X39 CM (ESPESSURA 19 CM) E ARGAMASSA DE ASSENTAMENTO COM PREPARO MANUAL. AF_12/2021","M2",133.38999999999999,1.9E-2]
["Alvenaria de Vedação",103316,"ALVENARIA DE VEDAÇÃO DE BLOCOS VAZADOS DE CONCRETO DE 9X19X39 CM (ESPESSURA 9 CM) E ARGAMASSA DE ASSENTAMENTO COM PREPARO EM BETONEIRA. AF_12/2021","M2",84.58,1.21E-2]
["Alvenaria de Vedação",103317,"ALVENARIA DE VEDAÇÃO DE BLOCOS VAZADOS DE CONCRETO DE 9X19X39 CM (ESPESSURA 9 CM) E ARGAMASSA DE ASSENTAMENTO COM PREPARO MANUAL. AF_12/2021","M2",85.82,1.1900000000000001E-2]
["Alvenarias Diversas",101166,"ALVENARIA DE EMBASAMENTO COM BLOCO ESTRUTURAL DE CERÂMICA, DE 14X19X29CM E ARGAMASSA DE ASSENTAMENTO COM PREPARO EM BETONEIRA. AF_05/2020","M3",726.37,0]
["Alvenarias Diversas",101165,"ALVENARIA DE EMBASAMENTO COM BLOCO ESTRUTURAL DE CONCRETO, DE 14X19X29CM E ARGAMASSA DE ASSENTAMENTO COM PREPARO EM BETONEIRA. AF_05/2020","M3",1092.95,0]
["Alvenarias Diversas",101163,"ALVENARIA DE VEDAÇÃO COM BLOCO DE VIDRO VAZADO, TIPO VENEZIANA, DE 6X20X20CM E ARGAMASSA DE ASSENTAMENTO COM PREPARO EM BETONEIRA. AF_05/2020","M2",690.49,0.72929999999999995]
["Alvenarias Diversas",101164,"ALVENARIA DE VEDAÇÃO COM BLOCO DE VIDRO, TIPO CANELADO, DE 8X19X19CM E ARGAMASSA DE ASSENTAMENTO COM PREPARO EM BETONEIRA. AF_05/2020","M2",701.52,0.72660000000000002]
["Alvenarias Diversas",101162,"ALVENARIA DE VEDAÇÃO COM ELEMENTO VAZADO DE CERÂMICA (COBOGÓ) DE 7X20X20CM E ARGAMASSA DE ASSENTAMENTO COM PREPARO EM BETONEIRA. AF_05/2020","M2",170.43,0]
["Alvenarias Diversas",101161,"ALVENARIA DE VEDAÇÃO COM ELEMENTO VAZADO DE CONCRETO (COBOGÓ) DE 7X50X50CM E ARGAMASSA DE ASSENTAMENTO COM PREPARO EM BETONEIRA. AF_05/2020","M2",252.96,0]
["Alvenarias Diversas",101160,"ALVENARIA DE VEDAÇÃO DE BLOCO DE SOLO-CIMENTO (TIJOLO ECOLÓGICO) DE 7X15X30CM (ESPESSURA 15CM). AF_05/2020","M2",0]
["Alvenarias Diversas",101159,"ALVENARIA DE VEDAÇÃO DE BLOCOS CERÂMICOS MACIÇOS DE 5X10X20CM (ESPESSURA 10CM) E ARGAMASSA DE ASSENTAMENTO COM PREPARO EM BETONEIRA. AF_05/2020","M2",148.53,0]
["Alvenarias Diversas",101154,"ALVENARIA DE VEDAÇÃO DE BLOCOS DE CONCRETO CELULAR DE 10X30X60CM (ESPESSURA 10CM) E ARGAMASSA DE ASSENTAMENTO COM PREPARO EM BETONEIRA. AF_05/2020","M2",133.75,0.66510000000000002]
["Alvenarias Diversas",101155,"ALVENARIA DE VEDAÇÃO DE BLOCOS DE CONCRETO CELULAR DE 15X30X60CM (ESPESSURA 15CM) E ARGAMASSA DE ASSENTAMENTO COM PREPARO EM BETONEIRA. AF_05/2020","M2",186.97,0.69940000000000002]
["Alvenarias Diversas",101156,"ALVENARIA DE VEDAÇÃO DE BLOCOS DE CONCRETO CELULAR DE 20X30X60CM (ESPESSURA 20CM) E ARGAMASSA DE ASSENTAMENTO COM PREPARO EM BETONEIRA. AF_05/2020","M2",273.24,0.73370000000000002]
["Alvenarias Diversas",101158,"ALVENARIA DE VEDAÇÃO DE BLOCOS DE GESSO DE 10X50X66CM (ESPESSURA 10CM). AF_05/2020","M2",97.26,0]
["Alvenarias Diversas",101157,"ALVENARIA DE VEDAÇÃO DE BLOCOS DE GESSO DE 7X50X66CM (ESPESSURA 7CM). AF_05/2020","M2",74.17,0]
["Argamassas",87382,"ARGAMASSA INDUSTRIALIZADA MULTIUSO PARA REVESTIMENTOS E ASSENTAMENTO DA ALVENARIA, PREPARO COM MISTURADOR DE EIXO HORIZONTAL DE 160 KG. AF_08/2019","M3",2176.31,0]
["Argamassas",87383,"ARGAMASSA INDUSTRIALIZADA MULTIUSO PARA REVESTIMENTOS E ASSENTAMENTO DA ALVENARIA, PREPARO COM MISTURADOR DE EIXO HORIZONTAL DE 300 KG. AF_08/2019","M3",2173.5100000000002,0]
["Argamassas",87384,"ARGAMASSA INDUSTRIALIZADA MULTIUSO PARA REVESTIMENTOS E ASSENTAMENTO DA ALVENARIA, PREPARO COM MISTURADOR DE EIXO HORIZONTAL DE 600 KG. AF_08/2019","M3",2166,0]
["Argamassas",87398,"ARGAMASSA INDUSTRIALIZADA MULTIUSO PARA REVESTIMENTOS E ASSENTAMENTO DA ALVENARIA, PREPARO MANUAL. AF_08/2019","M3",2416.94,0]
["Argamassas",87395,"ARGAMASSA INDUSTRIALIZADA PARA CHAPISCO COLANTE, PREPARO COM MISTURADOR DE EIXO HORIZONTAL DE 160 KG. AF_08/2019","M3",4256.72,0]
["Argamassas",87396,"ARGAMASSA INDUSTRIALIZADA PARA CHAPISCO COLANTE, PREPARO COM MISTURADOR DE EIXO HORIZONTAL DE 300 KG. AF_08/2019","M3",4284.92,0]
["Argamassas",87397,"ARGAMASSA INDUSTRIALIZADA PARA CHAPISCO COLANTE, PREPARO COM MISTURADOR DE EIXO HORIZONTAL DE 600 KG. AF_08/2019","M3",4314.47,0]
["Argamassas",87402,"ARGAMASSA INDUSTRIALIZADA PARA CHAPISCO COLANTE, PREPARO MANUAL. AF_08/2019","M3",4565.6899999999996,0]
["Argamassas",87391,"ARGAMASSA INDUSTRIALIZADA PARA CHAPISCO ROLADO, PREPARO COM MISTURADOR DE EIXO HORIZONTAL DE 160 KG. AF_08/2019","M3",6759.08,0]
["Argamassas",87393,"ARGAMASSA INDUSTRIALIZADA PARA CHAPISCO ROLADO, PREPARO COM MISTURADOR DE EIXO HORIZONTAL DE 300 KG. AF_08/2019","M3",6820.89,0]
["Argamassas",87394,"ARGAMASSA INDUSTRIALIZADA PARA CHAPISCO ROLADO, PREPARO COM MISTURADOR DE EIXO HORIZONTAL DE 600 KG. AF_08/2019","M3",6882.54,0]
["Argamassas",87401,"ARGAMASSA INDUSTRIALIZADA PARA CHAPISCO ROLADO, PREPARO MANUAL. AF_08/2019","M3",7119.29,0]
["Argamassas",87407,"ARGAMASSA INDUSTRIALIZADA PARA REVESTIMENTOS, MISTURA E PROJEÇÃO DE 1,5 M³/H DE ARGAMASSA. AF_08/2019","M3",2220.89,0]
["Argamassas",87408,"ARGAMASSA INDUSTRIALIZADA PARA REVESTIMENTOS, MISTURA E PROJEÇÃO DE 2 M³/H DE ARGAMASSA. AF_08/2019","M3",2207.9699999999998,0]
["Argamassas",87404,"ARGAMASSA PARA REVESTIMENTO DECORATIVO MONOCAMADA (MONOCAPA), MISTURA E PROJEÇÃO DE 1,5 M3/H DE ARGAMASSA. AF_08/2019","M3",6311.25,0]
["Argamassas",87405,"ARGAMASSA PARA REVESTIMENTO DECORATIVO MONOCAMADA (MONOCAPA), MISTURA E PROJEÇÃO DE 2 M3/H DE ARGAMASSA. AF_08/2019","M3",6328.85,0]
["Argamassas",87388,"ARGAMASSA PARA REVESTIMENTO DECORATIVO MONOCAMADA (MONOCAPA), PREPARO COM MISTURADOR DE EIXO HORIZONTAL DE 160 KG. AF_08/2019","M3",6076.12,0]
["Argamassas",87389,"ARGAMASSA PARA REVESTIMENTO DECORATIVO MONOCAMADA (MONOCAPA), PREPARO COM MISTURADOR DE EIXO HORIZONTAL DE 300 KG. AF_08/2019","M3",6101.19,0]
["Argamassas",87390,"ARGAMASSA PARA REVESTIMENTO DECORATIVO MONOCAMADA (MONOCAPA), PREPARO COM MISTURADOR DE EIXO HORIZONTAL DE 600 KG. AF_08/2019","M3",6133.88,0]
["Argamassas",87385,"ARGAMASSA PRONTA PARA CONTRAPISO, PREPARO COM MISTURADOR DE EIXO HORIZONTAL DE 160 KG. AF_08/2019","M3",2526.66,0]
["Argamassas",87386,"ARGAMASSA PRONTA PARA CONTRAPISO, PREPARO COM MISTURADOR DE EIXO HORIZONTAL DE 300 KG. AF_08/2019","M3",2518.4699999999998,0]
["Argamassas",87387,"ARGAMASSA PRONTA PARA CONTRAPISO, PREPARO COM MISTURADOR DE EIXO HORIZONTAL DE 600 KG. AF_08/2019","M3",2513.7600000000002,0]
["Argamassas",87399,"ARGAMASSA PRONTA PARA CONTRAPISO, PREPARO MANUAL. AF_08/2019","M3",2771.15,0]
["Argamassas",88627,"ARGAMASSA TRAÇO 1:0,5:4,5 (EM VOLUME DE CIMENTO, CAL E AREIA MÉDIA ÚMIDA) PARA ASSENTAMENTO DE ALVENARIA, PREPARO MANUAL. AF_08/2019","M3",791.6,0]
["Argamassas",100463,"ARGAMASSA TRAÇO 1:0,5:4,5 (EM VOLUME DE CIMENTO, CAL E AREIA MÉDIA ÚMIDA), PREPARO MECÂNICO COM BETONEIRA 250 L. AF_08/2019","M3",0]
["Argamassas",88626,"ARGAMASSA TRAÇO 1:0,5:4,5 (EM VOLUME DE CIMENTO, CAL E AREIA MÉDIA ÚMIDA), PREPARO MECÂNICO COM BETONEIRA 400 L. AF_08/2019","M3",679.22,0]
["Argamassas",100488,"ARGAMASSA TRAÇO 1:0,5:4,5 (EM VOLUME DE CIMENTO, CAL E AREIA MÉDIA ÚMIDA), PREPARO MECÂNICO COM BETONEIRA 600 L. AF_08/2019","M3",670.78,0]
["Argamassas",100464,"ARGAMASSA TRAÇO 1:0,5:4,5 (EM VOLUME DE CIMENTO, CAL E AREIA MÉDIA ÚMIDA), PREPARO MECÂNICO COM MISTURADOR DE EIXO HORIZONTAL DE 160 KG. AF_08/2019","M3",705.38,0]
["Argamassas",100465,"ARGAMASSA TRAÇO 1:0,5:4,5 (EM VOLUME DE CIMENTO, CAL E AREIA MÉDIA ÚMIDA), PREPARO MECÂNICO COM MISTURADOR DE EIXO HORIZONTAL DE 300 KG. AF_08/2019","M3",663.96,0]
["Argamassas",100466,"ARGAMASSA TRAÇO 1:0,5:4,5 (EM VOLUME DE CIMENTO, CAL E AREIA MÉDIA ÚMIDA), PREPARO MECÂNICO COM MISTURADOR DE EIXO HORIZONTAL DE 600 KG. AF_08/2019","M3",643.86,0]
["Argamassas",87368,"ARGAMASSA TRAÇO 1:1,5:7,5 (EM VOLUME DE CIMENTO, CAL E AREIA MÉDIA ÚMIDA) PARA EMBOÇO/MASSA ÚNICA/ASSENTAMENTO DE ALVENARIA DE VEDAÇÃO, PREPARO MANUAL. AF_08/2019","M3",818.77,0]
["Argamassas",100450,"ARGAMASSA TRAÇO 1:1,5:7,5 (EM VOLUME DE CIMENTO, CAL E AREIA MÉDIA ÚMIDA) PARA EMBOÇO/MASSA ÚNICA/ASSENTAMENTO DE ALVENARIA DE VEDAÇÃO, PREPARO MECÂNICO COM BETONEIRA 250 L. AF_08/2019","M3",0]
["Argamassas",87289,"ARGAMASSA TRAÇO 1:1,5:7,5 (EM VOLUME DE CIMENTO, CAL E AREIA MÉDIA ÚMIDA) PARA EMBOÇO/MASSA ÚNICA/ASSENTAMENTO DE ALVENARIA DE VEDAÇÃO, PREPARO MECÂNICO COM BETONEIRA 400 L. AF_08/2019","M3",680.07,0]
["Argamassas",87290,"ARGAMASSA TRAÇO 1:1,5:7,5 (EM VOLUME DE CIMENTO, CAL E AREIA MÉDIA ÚMIDA) PARA EMBOÇO/MASSA ÚNICA/ASSENTAMENTO DE ALVENARIA DE VEDAÇÃO, PREPARO MECÂNICO COM BETONEIRA 600 L. AF_08/2019","M3",670.06,0]
["Argamassas",87333,"ARGAMASSA TRAÇO 1:1,5:7,5 (EM VOLUME DE CIMENTO, CAL E AREIA MÉDIA ÚMIDA) PARA EMBOÇO/MASSA ÚNICA/ASSENTAMENTO DE ALVENARIA DE VEDAÇÃO, PREPARO MECÂNICO COM MISTURADOR DE EIXO HORIZONTAL DE 300 KG. AF_08/2019","M3",682.61,0]
["Argamassas",87334,"ARGAMASSA TRAÇO 1:1,5:7,5 (EM VOLUME DE CIMENTO, CAL E AREIA MÉDIA ÚMIDA) PARA EMBOÇO/MASSA ÚNICA/ASSENTAMENTO DE ALVENARIA DE VEDAÇÃO, PREPARO MECÂNICO COM MISTURADOR DE EIXO HORIZONTAL DE 600 KG. AF_08/2019","M3",642.44000000000005,0]
["Argamassas",105515,"ARGAMASSA TRAÇO 1:1,93 (EM VOLUME DE CIMENTO E AREIA MÉDIA ÚMIDA), FCK 20MPA, PREPARO MECÂNICO COM MISTURADOR DUPLO HORIZONTAL DE ALTA TURBULÊNCIA. AF_03/2020","M3",990.74,0]
["Argamassas",87367,"ARGAMASSA TRAÇO 1:1:6 (EM VOLUME DE CIMENTO, CAL E AREIA MÉDIA ÚMIDA) PARA EMBOÇO/MASSA ÚNICA/ASSENTAMENTO DE ALVENARIA DE VEDAÇÃO, PREPARO MANUAL. AF_08/2019","M3",836.84,0]
["Argamassas",100449,"ARGAMASSA TRAÇO 1:1:6 (EM VOLUME DE CIMENTO, CAL E AREIA MÉDIA ÚMIDA) PARA EMBOÇO/MASSA ÚNICA/ASSENTAMENTO DE ALVENARIA DE VEDAÇÃO, PREPARO MECÂNICO COM BETONEIRA 250 L. AF_08/2019","M3",0]
["Argamassas",87286,"ARGAMASSA TRAÇO 1:1:6 (EM VOLUME DE CIMENTO, CAL E AREIA MÉDIA ÚMIDA) PARA EMBOÇO/MASSA ÚNICA/ASSENTAMENTO DE ALVENARIA DE VEDAÇÃO, PREPARO MECÂNICO COM BETONEIRA 400 L. AF_08/2019","M3",702.34,0]
["Argamassas",87287,"ARGAMASSA TRAÇO 1:1:6 (EM VOLUME DE CIMENTO, CAL E AREIA MÉDIA ÚMIDA) PARA EMBOÇO/MASSA ÚNICA/ASSENTAMENTO DE ALVENARIA DE VEDAÇÃO, PREPARO MECÂNICO COM BETONEIRA 600 L. AF_08/2019","M3",684.14,0]
["Argamassas",87331,"ARGAMASSA TRAÇO 1:1:6 (EM VOLUME DE CIMENTO, CAL E AREIA MÉDIA ÚMIDA) PARA EMBOÇO/MASSA ÚNICA/ASSENTAMENTO DE ALVENARIA DE VEDAÇÃO, PREPARO MECÂNICO COM MISTURADOR DE EIXO HORIZONTAL DE 300 KG. AF_08/2019","M3",725.24,0]
["Argamassas",87332,"ARGAMASSA TRAÇO 1:1:6 (EM VOLUME DE CIMENTO, CAL E AREIA MÉDIA ÚMIDA) PARA EMBOÇO/MASSA ÚNICA/ASSENTAMENTO DE ALVENARIA DE VEDAÇÃO, PREPARO MECÂNICO COM MISTURADOR DE EIXO HORIZONTAL DE 600 KG. AF_08/2019","M3",658.89,0]
["Argamassas",87369,"ARGAMASSA TRAÇO 1:2:8 (EM VOLUME DE CIMENTO, CAL E AREIA MÉDIA ÚMIDA) PARA EMBOÇO/MASSA ÚNICA/ASSENTAMENTO DE ALVENARIA DE VEDAÇÃO, PREPARO MANUAL. AF_08/2019","M3",837.61,0]
["Argamassas",100451,"ARGAMASSA TRAÇO 1:2:8 (EM VOLUME DE CIMENTO, CAL E AREIA MÉDIA ÚMIDA) PARA EMBOÇO/MASSA ÚNICA/ASSENTAMENTO DE ALVENARIA DE VEDAÇÃO, PREPARO MECÂNICO COM BETONEIRA 250 L. AF_08/2019","M3",0]
["Argamassas",87292,"ARGAMASSA TRAÇO 1:2:8 (EM VOLUME DE CIMENTO, CAL E AREIA MÉDIA ÚMIDA) PARA EMBOÇO/MASSA ÚNICA/ASSENTAMENTO DE ALVENARIA DE VEDAÇÃO, PREPARO MECÂNICO COM BETONEIRA 400 L. AF_08/2019","M3",695.4,0]
["Argamassas",87335,"ARGAMASSA TRAÇO 1:2:8 (EM VOLUME DE CIMENTO, CAL E AREIA MÉDIA ÚMIDA) PARA EMBOÇO/MASSA ÚNICA/ASSENTAMENTO DE ALVENARIA DE VEDAÇÃO, PREPARO MECÂNICO COM MISTURADOR DE EIXO HORIZONTAL DE 300 KG. AF_08/2019","M3",675.22,0]
["Argamassas",87336,"ARGAMASSA TRAÇO 1:2:8 (EM VOLUME DE CIMENTO, CAL E AREIA MÉDIA ÚMIDA) PARA EMBOÇO/MASSA ÚNICA/ASSENTAMENTO DE ALVENARIA DE VEDAÇÃO, PREPARO MECÂNICO COM MISTURADOR DE EIXO HORIZONTAL DE 600 KG. AF_08/2019","M3",662.81,0]
["Argamassas",87370,"ARGAMASSA TRAÇO 1:2:9 (EM VOLUME DE CIMENTO, CAL E AREIA MÉDIA ÚMIDA) PARA EMBOÇO/MASSA ÚNICA/ASSENTAMENTO DE ALVENARIA DE VEDAÇÃO, PREPARO MANUAL. AF_08/2019","M3",809.23,0]
["Argamassas",100452,"ARGAMASSA TRAÇO 1:2:9 (EM VOLUME DE CIMENTO, CAL E AREIA MÉDIA ÚMIDA) PARA EMBOÇO/MASSA ÚNICA/ASSENTAMENTO DE ALVENARIA DE VEDAÇÃO, PREPARO MECÂNICO COM BETONEIRA 250 L. AF_08/2019","M3",0]
["Argamassas",88715,"ARGAMASSA TRAÇO 1:2:9 (EM VOLUME DE CIMENTO, CAL E AREIA MÉDIA ÚMIDA) PARA EMBOÇO/MASSA ÚNICA/ASSENTAMENTO DE ALVENARIA DE VEDAÇÃO, PREPARO MECÂNICO COM BETONEIRA 400 L. AF_08/2019","M3",659.61,0]
["Argamassas",87294,"ARGAMASSA TRAÇO 1:2:9 (EM VOLUME DE CIMENTO, CAL E AREIA MÉDIA ÚMIDA) PARA EMBOÇO/MASSA ÚNICA/ASSENTAMENTO DE ALVENARIA DE VEDAÇÃO, PREPARO MECÂNICO COM BETONEIRA 600 L. AF_08/2019","M3",665.6,0]
["Argamassas",87337,"ARGAMASSA TRAÇO 1:2:9 (EM VOLUME DE CIMENTO, CAL E AREIA MÉDIA ÚMIDA) PARA EMBOÇO/MASSA ÚNICA/ASSENTAMENTO DE ALVENARIA DE VEDAÇÃO, PREPARO MECÂNICO COM MISTURADOR DE EIXO HORIZONTAL DE 300 KG. AF_08/2019","M3",666.72,0]
["Argamassas",100487,"ARGAMASSA TRAÇO 1:2:9 (EM VOLUME DE CIMENTO, CAL E AREIA MÉDIA ÚMIDA) PARA EMBOÇO/MASSA ÚNICA/ASSENTAMENTO DE ALVENARIA DE VEDAÇÃO, PREPARO MECÂNICO COM MISTURADOR DE EIXO HORIZONTAL DE 600 KG. AF_08/2019","M3",630.17999999999995,0]
["Argamassas",87380,"ARGAMASSA TRAÇO 1:3 (EM VOLUME DE CIMENTO E AREIA GROSSA ÚMIDA) COM ADIÇÃO DE EMULSÃO POLIMÉRICA PARA CHAPISCO ROLADO, PREPARO MANUAL. AF_08/2019","M3",3785.54,0]
["Argamassas",100461,"ARGAMASSA TRAÇO 1:3 (EM VOLUME DE CIMENTO E AREIA GROSSA ÚMIDA) COM ADIÇÃO DE EMULSÃO POLIMÉRICA PARA CHAPISCO ROLADO, PREPARO MECÂNICO COM BETONEIRA 250 L. AF_08/2019","M3",0]
["Argamassas",87322,"ARGAMASSA TRAÇO 1:3 (EM VOLUME DE CIMENTO E AREIA GROSSA ÚMIDA) COM ADIÇÃO DE EMULSÃO POLIMÉRICA PARA CHAPISCO ROLADO, PREPARO MECÂNICO COM BETONEIRA 400 L. AF_08/2019","M3",3677.33,0]
["Argamassas",87323,"ARGAMASSA TRAÇO 1:3 (EM VOLUME DE CIMENTO E AREIA GROSSA ÚMIDA) COM ADIÇÃO DE EMULSÃO POLIMÉRICA PARA CHAPISCO ROLADO, PREPARO MECÂNICO COM BETONEIRA 600 L. AF_08/2019","M3",3674.62,0]
["Argamassas",87360,"ARGAMASSA TRAÇO 1:3 (EM VOLUME DE CIMENTO E AREIA GROSSA ÚMIDA) COM ADIÇÃO DE EMULSÃO POLIMÉRICA PARA CHAPISCO ROLADO, PREPARO MECÂNICO COM MISTURADOR DE EIXO HORIZONTAL DE 160 KG. AF_08/2019","M3",3639.57,0]
["Argamassas",87361,"ARGAMASSA TRAÇO 1:3 (EM VOLUME DE CIMENTO E AREIA GROSSA ÚMIDA) COM ADIÇÃO DE EMULSÃO POLIMÉRICA PARA CHAPISCO ROLADO, PREPARO MECÂNICO COM MISTURADOR DE EIXO HORIZONTAL DE 300 KG. AF_08/2019","M3",3590.19,0]
["Argamassas",87362,"ARGAMASSA TRAÇO 1:3 (EM VOLUME DE CIMENTO E AREIA GROSSA ÚMIDA) COM ADIÇÃO DE EMULSÃO POLIMÉRICA PARA CHAPISCO ROLADO, PREPARO MECÂNICO COM MISTURADOR DE EIXO HORIZONTAL DE 600 KG. AF_08/2019","M3",3586.92,0]
["Argamassas",87377,"ARGAMASSA TRAÇO 1:3 (EM VOLUME DE CIMENTO E AREIA GROSSA ÚMIDA) PARA CHAPISCO CONVENCIONAL, PREPARO MANUAL. AF_08/2019","M3",795.43,0]
["Argamassas",100458,"ARGAMASSA TRAÇO 1:3 (EM VOLUME DE CIMENTO E AREIA GROSSA ÚMIDA) PARA CHAPISCO CONVENCIONAL, PREPARO MECÂNICO COM BETONEIRA 250 L. AF_08/2019","M3",0]
["Argamassas",87313,"ARGAMASSA TRAÇO 1:3 (EM VOLUME DE CIMENTO E AREIA GROSSA ÚMIDA) PARA CHAPISCO CONVENCIONAL, PREPARO MECÂNICO COM BETONEIRA 400 L. AF_08/2019","M3",645.76,0]
["Argamassas",87314,"ARGAMASSA TRAÇO 1:3 (EM VOLUME DE CIMENTO E AREIA GROSSA ÚMIDA) PARA CHAPISCO CONVENCIONAL, PREPARO MECÂNICO COM BETONEIRA 600 L. AF_08/2019","M3",637.09,0]
["Argamassas",87352,"ARGAMASSA TRAÇO 1:3 (EM VOLUME DE CIMENTO E AREIA GROSSA ÚMIDA) PARA CHAPISCO CONVENCIONAL, PREPARO MECÂNICO COM MISTURADOR DE EIXO HORIZONTAL DE 160 KG. AF_08/2019","M3",732.87,0]
["Argamassas",87353,"ARGAMASSA TRAÇO 1:3 (EM VOLUME DE CIMENTO E AREIA GROSSA ÚMIDA) PARA CHAPISCO CONVENCIONAL, PREPARO MECÂNICO COM MISTURADOR DE EIXO HORIZONTAL DE 300 KG. AF_08/2019","M3",648.65,0]
["Argamassas",87354,"ARGAMASSA TRAÇO 1:3 (EM VOLUME DE CIMENTO E AREIA GROSSA ÚMIDA) PARA CHAPISCO CONVENCIONAL, PREPARO MECÂNICO COM MISTURADOR DE EIXO HORIZONTAL DE 600 KG. AF_08/2019","M3",611.84,0]
["Argamassas",100480,"ARGAMASSA TRAÇO 1:3 (EM VOLUME DE CIMENTO E AREIA MÉDIA ÚMIDA) COM ADIÇÃO DE IMPERMEABILIZANTE, PREPARO MANUAL. AF_08/2019","M3",994.71,0]
["Argamassas",100476,"ARGAMASSA TRAÇO 1:3 (EM VOLUME DE CIMENTO E AREIA MÉDIA ÚMIDA) COM ADIÇÃO DE IMPERMEABILIZANTE, PREPARO MECÂNICO COM BETONEIRA 250 L. AF_08/2019","M3",0]
["Argamassas",100475,"ARGAMASSA TRAÇO 1:3 (EM VOLUME DE CIMENTO E AREIA MÉDIA ÚMIDA) COM ADIÇÃO DE IMPERMEABILIZANTE, PREPARO MECÂNICO COM BETONEIRA 400 L. AF_08/2019","M3",877.86,0]
["Argamassas",100491,"ARGAMASSA TRAÇO 1:3 (EM VOLUME DE CIMENTO E AREIA MÉDIA ÚMIDA) COM ADIÇÃO DE IMPERMEABILIZANTE, PREPARO MECÂNICO COM BETONEIRA 600 L. AF_08/2019","M3",877.55,0]
["Argamassas",100477,"ARGAMASSA TRAÇO 1:3 (EM VOLUME DE CIMENTO E AREIA MÉDIA ÚMIDA) COM ADIÇÃO DE IMPERMEABILIZANTE, PREPARO MECÂNICO COM MISTURADOR DE EIXO HORIZONTAL DE 160 KG. AF_08/2019","M3",942.49,0]
["Argamassas",100478,"ARGAMASSA TRAÇO 1:3 (EM VOLUME DE CIMENTO E AREIA MÉDIA ÚMIDA) COM ADIÇÃO DE IMPERMEABILIZANTE, PREPARO MECÂNICO COM MISTURADOR DE EIXO HORIZONTAL DE 300 KG. AF_08/2019","M3",861.24,0]
["Argamassas",100479,"ARGAMASSA TRAÇO 1:3 (EM VOLUME DE CIMENTO E AREIA MÉDIA ÚMIDA) COM ADIÇÃO DE IMPERMEABILIZANTE, PREPARO MECÂNICO COM MISTURADOR DE EIXO HORIZONTAL DE 600 KG. AF_08/2019","M3",844.15,0]
["Argamassas",87372,"ARGAMASSA TRAÇO 1:3 (EM VOLUME DE CIMENTO E AREIA MÉDIA ÚMIDA) PARA CONTRAPISO, PREPARO MANUAL. AF_08/2019","M3",984.96,0]
["Argamassas",100453,"ARGAMASSA TRAÇO 1:3 (EM VOLUME DE CIMENTO E AREIA MÉDIA ÚMIDA) PARA CONTRAPISO, PREPARO MECÂNICO COM BETONEIRA 250 L. AF_08/2019","M3",0]
["Argamassas",87298,"ARGAMASSA TRAÇO 1:3 (EM VOLUME DE CIMENTO E AREIA MÉDIA ÚMIDA) PARA CONTRAPISO, PREPARO MECÂNICO COM BETONEIRA 400 L. AF_08/2019","M3",829.87,0]
["Argamassas",87299,"ARGAMASSA TRAÇO 1:3 (EM VOLUME DE CIMENTO E AREIA MÉDIA ÚMIDA) PARA CONTRAPISO, PREPARO MECÂNICO COM BETONEIRA 600 L. AF_08/2019","M3",557.29999999999995,0]
["Argamassas",87339,"ARGAMASSA TRAÇO 1:3 (EM VOLUME DE CIMENTO E AREIA MÉDIA ÚMIDA) PARA CONTRAPISO, PREPARO MECÂNICO COM MISTURADOR DE EIXO HORIZONTAL DE 160 KG. AF_08/2019","M3",960.22,0]
["Argamassas",87340,"ARGAMASSA TRAÇO 1:3 (EM VOLUME DE CIMENTO E AREIA MÉDIA ÚMIDA) PARA CONTRAPISO, PREPARO MECÂNICO COM MISTURADOR DE EIXO HORIZONTAL DE 300 KG. AF_08/2019","M3",825.37,0]
["Argamassas",87341,"ARGAMASSA TRAÇO 1:3 (EM VOLUME DE CIMENTO E AREIA MÉDIA ÚMIDA) PARA CONTRAPISO, PREPARO MECÂNICO COM MISTURADOR DE EIXO HORIZONTAL DE 600 KG. AF_08/2019","M3",791.49,0]
["Argamassas",88629,"ARGAMASSA TRAÇO 1:3 (EM VOLUME DE CIMENTO E AREIA MÉDIA ÚMIDA), PREPARO MANUAL. AF_08/2019","M3",810.16,0]
["Argamassas",100467,"ARGAMASSA TRAÇO 1:3 (EM VOLUME DE CIMENTO E AREIA MÉDIA ÚMIDA), PREPARO MECÂNICO COM BETONEIRA 250 L. AF_08/2019","M3",0]
["Argamassas",88628,"ARGAMASSA TRAÇO 1:3 (EM VOLUME DE CIMENTO E AREIA MÉDIA ÚMIDA), PREPARO MECÂNICO COM BETONEIRA 400 L. AF_08/2019","M3",691.98,0]
["Argamassas",100489,"ARGAMASSA TRAÇO 1:3 (EM VOLUME DE CIMENTO E AREIA MÉDIA ÚMIDA), PREPARO MECÂNICO COM BETONEIRA 600 L. AF_08/2019","M3",690.36,0]
["Argamassas",100468,"ARGAMASSA TRAÇO 1:3 (EM VOLUME DE CIMENTO E AREIA MÉDIA ÚMIDA), PREPARO MECÂNICO COM MISTURADOR DE EIXO HORIZONTAL DE 160 KG. AF_08/2019","M3",820.65,0]
["Argamassas",100469,"ARGAMASSA TRAÇO 1:3 (EM VOLUME DE CIMENTO E AREIA MÉDIA ÚMIDA), PREPARO MECÂNICO COM MISTURADOR DE EIXO HORIZONTAL DE 300 KG. AF_08/2019","M3",679.77,0]
["Argamassas",100470,"ARGAMASSA TRAÇO 1:3 (EM VOLUME DE CIMENTO E AREIA MÉDIA ÚMIDA), PREPARO MECÂNICO COM MISTURADOR DE EIXO HORIZONTAL DE 600 KG. AF_08/2019","M3",621.86,0]
["Argamassas",87371,"ARGAMASSA TRAÇO 1:3:12 (EM VOLUME DE CIMENTO, CAL E AREIA MÉDIA ÚMIDA) PARA EMBOÇO/MASSA ÚNICA/ASSENTAMENTO DE ALVENARIA DE VEDAÇÃO, PREPARO MANUAL. AF_08/2019","M3",795.81,0]
["Argamassas",87295,"ARGAMASSA TRAÇO 1:3:12 (EM VOLUME DE CIMENTO, CAL E AREIA MÉDIA ÚMIDA) PARA EMBOÇO/MASSA ÚNICA/ASSENTAMENTO DE ALVENARIA DE VEDAÇÃO, PREPARO MECÂNICO COM BETONEIRA 400 L. AF_08/2019","M3",679.66,0]
["Argamassas",87296,"ARGAMASSA TRAÇO 1:3:12 (EM VOLUME DE CIMENTO, CAL E AREIA MÉDIA ÚMIDA) PARA EMBOÇO/MASSA ÚNICA/ASSENTAMENTO DE ALVENARIA DE VEDAÇÃO, PREPARO MECÂNICO COM BETONEIRA 600 L. AF_08/2019","M3",649.79,0]
["Argamassas",87338,"ARGAMASSA TRAÇO 1:3:12 (EM VOLUME DE CIMENTO, CAL E AREIA MÉDIA ÚMIDA) PARA EMBOÇO/MASSA ÚNICA/ASSENTAMENTO DE ALVENARIA DE VEDAÇÃO, PREPARO MECÂNICO COM MISTURADOR DE EIXO HORIZONTAL DE 600 KG. AF_08/2019","M3",645.1,0]
["Argamassas",88630,"ARGAMASSA TRAÇO 1:4 (CIMENTO E AREIA MÉDIA), PREPARO MECÂNICO COM BETONEIRA 400 L. AF_08/2019","M3",600.27,0]
["Argamassas",87381,"ARGAMASSA TRAÇO 1:4 (EM VOLUME DE CIMENTO E AREIA GROSSA ÚMIDA) COM ADIÇÃO DE EMULSÃO POLIMÉRICA PARA CHAPISCO ROLADO, PREPARO MANUAL. AF_08/2019","M3",3717.18,0]
["Argamassas",100462,"ARGAMASSA TRAÇO 1:4 (EM VOLUME DE CIMENTO E AREIA GROSSA ÚMIDA) COM ADIÇÃO DE EMULSÃO POLIMÉRICA PARA CHAPISCO ROLADO, PREPARO MECÂNICO COM BETONEIRA 250 L. AF_08/2019","M3",0]
["Argamassas",87325,"ARGAMASSA TRAÇO 1:4 (EM VOLUME DE CIMENTO E AREIA GROSSA ÚMIDA) COM ADIÇÃO DE EMULSÃO POLIMÉRICA PARA CHAPISCO ROLADO, PREPARO MECÂNICO COM BETONEIRA 400 L. AF_08/2019","M3",3589.62,0]
["Argamassas",87326,"ARGAMASSA TRAÇO 1:4 (EM VOLUME DE CIMENTO E AREIA GROSSA ÚMIDA) COM ADIÇÃO DE EMULSÃO POLIMÉRICA PARA CHAPISCO ROLADO, PREPARO MECÂNICO COM BETONEIRA 600 L. AF_08/2019","M3",3596.48,0]
["Argamassas",87363,"ARGAMASSA TRAÇO 1:4 (EM VOLUME DE CIMENTO E AREIA GROSSA ÚMIDA) COM ADIÇÃO DE EMULSÃO POLIMÉRICA PARA CHAPISCO ROLADO, PREPARO MECÂNICO COM MISTURADOR DE EIXO HORIZONTAL DE 300 KG. AF_08/2019","M3",3563.38,0]
["Argamassas",87364,"ARGAMASSA TRAÇO 1:4 (EM VOLUME DE CIMENTO E AREIA GROSSA ÚMIDA) COM ADIÇÃO DE EMULSÃO POLIMÉRICA PARA CHAPISCO ROLADO, PREPARO MECÂNICO COM MISTURADOR DE EIXO HORIZONTAL DE 600 KG. AF_08/2019","M3",3530.21,0]
["Argamassas",87378,"ARGAMASSA TRAÇO 1:4 (EM VOLUME DE CIMENTO E AREIA GROSSA ÚMIDA) PARA CHAPISCO CONVENCIONAL, PREPARO MANUAL. AF_08/2019","M3",724.2,0]
["Argamassas",100459,"ARGAMASSA TRAÇO 1:4 (EM VOLUME DE CIMENTO E AREIA GROSSA ÚMIDA) PARA CHAPISCO CONVENCIONAL, PREPARO MECÂNICO COM BETONEIRA 250 L. AF_08/2019","M3",0]
["Argamassas",87316,"ARGAMASSA TRAÇO 1:4 (EM VOLUME DE CIMENTO E AREIA GROSSA ÚMIDA) PARA CHAPISCO CONVENCIONAL, PREPARO MECÂNICO COM BETONEIRA 400 L. AF_08/2019","M3",590.41,0]
["Argamassas",87317,"ARGAMASSA TRAÇO 1:4 (EM VOLUME DE CIMENTO E AREIA GROSSA ÚMIDA) PARA CHAPISCO CONVENCIONAL, PREPARO MECÂNICO COM BETONEIRA 600 L. AF_08/2019","M3",574.01,0]
["Argamassas",87355,"ARGAMASSA TRAÇO 1:4 (EM VOLUME DE CIMENTO E AREIA GROSSA ÚMIDA) PARA CHAPISCO CONVENCIONAL, PREPARO MECÂNICO COM MISTURADOR DE EIXO HORIZONTAL DE 160 KG. AF_08/2019","M3",630.69000000000005,0]
["Argamassas",87356,"ARGAMASSA TRAÇO 1:4 (EM VOLUME DE CIMENTO E AREIA GROSSA ÚMIDA) PARA CHAPISCO CONVENCIONAL, PREPARO MECÂNICO COM MISTURADOR DE EIXO HORIZONTAL DE 300 KG. AF_08/2019","M3",574.46,0]
["Argamassas",87357,"ARGAMASSA TRAÇO 1:4 (EM VOLUME DE CIMENTO E AREIA GROSSA ÚMIDA) PARA CHAPISCO CONVENCIONAL, PREPARO MECÂNICO COM MISTURADOR DE EIXO HORIZONTAL DE 600 KG. AF_08/2019","M3",547.14,0]
["Argamassas",100486,"ARGAMASSA TRAÇO 1:4 (EM VOLUME DE CIMENTO E AREIA MÉDIA ÚMIDA) COM ADIÇÃO DE IMPERMEABILIZANTE, PREPARO MANUAL. AF_08/2019","M3",887.62,0]
["Argamassas",100482,"ARGAMASSA TRAÇO 1:4 (EM VOLUME DE CIMENTO E AREIA MÉDIA ÚMIDA) COM ADIÇÃO DE IMPERMEABILIZANTE, PREPARO MECÂNICO COM BETONEIRA 250 L. AF_08/2019","M3",0]
["Argamassas",100481,"ARGAMASSA TRAÇO 1:4 (EM VOLUME DE CIMENTO E AREIA MÉDIA ÚMIDA) COM ADIÇÃO DE IMPERMEABILIZANTE, PREPARO MECÂNICO COM BETONEIRA 400 L. AF_08/2019","M3",764.53,0]
["Argamassas",100492,"ARGAMASSA TRAÇO 1:4 (EM VOLUME DE CIMENTO E AREIA MÉDIA ÚMIDA) COM ADIÇÃO DE IMPERMEABILIZANTE, PREPARO MECÂNICO COM BETONEIRA 600 L. AF_08/2019","M3",764.89,0]
["Argamassas",100483,"ARGAMASSA TRAÇO 1:4 (EM VOLUME DE CIMENTO E AREIA MÉDIA ÚMIDA) COM ADIÇÃO DE IMPERMEABILIZANTE, PREPARO MECÂNICO COM MISTURADOR DE EIXO HORIZONTAL DE 160 KG. AF_08/2019","M3",812.58,0]
["Argamassas",100484,"ARGAMASSA TRAÇO 1:4 (EM VOLUME DE CIMENTO E AREIA MÉDIA ÚMIDA) COM ADIÇÃO DE IMPERMEABILIZANTE, PREPARO MECÂNICO COM MISTURADOR DE EIXO HORIZONTAL DE 300 KG. AF_08/2019","M3",760.89,0]
["Argamassas",100485,"ARGAMASSA TRAÇO 1:4 (EM VOLUME DE CIMENTO E AREIA MÉDIA ÚMIDA) COM ADIÇÃO DE IMPERMEABILIZANTE, PREPARO MECÂNICO COM MISTURADOR DE EIXO HORIZONTAL DE 600 KG. AF_08/2019","M3",740.87,0]
["Argamassas",87373,"ARGAMASSA TRAÇO 1:4 (EM VOLUME DE CIMENTO E AREIA MÉDIA ÚMIDA) PARA CONTRAPISO, PREPARO MANUAL. AF_08/2019","M3",887.83,0]
["Argamassas",100454,"ARGAMASSA TRAÇO 1:4 (EM VOLUME DE CIMENTO E AREIA MÉDIA ÚMIDA) PARA CONTRAPISO, PREPARO MECÂNICO COM BETONEIRA 250 L. AF_08/2019","M3",0]
["Argamassas",87301,"ARGAMASSA TRAÇO 1:4 (EM VOLUME DE CIMENTO E AREIA MÉDIA ÚMIDA) PARA CONTRAPISO, PREPARO MECÂNICO COM BETONEIRA 400 L. AF_08/2019","M3",752.64,0]
["Argamassas",87302,"ARGAMASSA TRAÇO 1:4 (EM VOLUME DE CIMENTO E AREIA MÉDIA ÚMIDA) PARA CONTRAPISO, PREPARO MECÂNICO COM BETONEIRA 600 L. AF_08/2019","M3",743.16,0]
["Argamassas",87342,"ARGAMASSA TRAÇO 1:4 (EM VOLUME DE CIMENTO E AREIA MÉDIA ÚMIDA) PARA CONTRAPISO, PREPARO MECÂNICO COM MISTURADOR DE EIXO HORIZONTAL DE 160 KG. AF_08/2019","M3",828.31,0]
["Argamassas",87343,"ARGAMASSA TRAÇO 1:4 (EM VOLUME DE CIMENTO E AREIA MÉDIA ÚMIDA) PARA CONTRAPISO, PREPARO MECÂNICO COM MISTURADOR DE EIXO HORIZONTAL DE 300 KG. AF_08/2019","M3",751.87,0]
["Argamassas",87344,"ARGAMASSA TRAÇO 1:4 (EM VOLUME DE CIMENTO E AREIA MÉDIA ÚMIDA) PARA CONTRAPISO, PREPARO MECÂNICO COM MISTURADOR DE EIXO HORIZONTAL DE 600 KG. AF_08/2019","M3",710.22,0]
["Argamassas",88631,"ARGAMASSA TRAÇO 1:4 (EM VOLUME DE CIMENTO E AREIA MÉDIA ÚMIDA), PREPARO MANUAL. AF_08/2019","M3",732.21,0]
["Argamassas",100471,"ARGAMASSA TRAÇO 1:4 (EM VOLUME DE CIMENTO E AREIA MÉDIA ÚMIDA), PREPARO MECÂNICO COM BETONEIRA 250 L. AF_08/2019","M3",0]
["Argamassas",100490,"ARGAMASSA TRAÇO 1:4 (EM VOLUME DE CIMENTO E AREIA MÉDIA ÚMIDA), PREPARO MECÂNICO COM BETONEIRA 600 L. AF_08/2019","M3",615.82000000000005,0]
["Argamassas",100472,"ARGAMASSA TRAÇO 1:4 (EM VOLUME DE CIMENTO E AREIA MÉDIA ÚMIDA), PREPARO MECÂNICO COM MISTURADOR DE EIXO HORIZONTAL DE 160 KG. AF_08/2019","M3",669.48,0]
["Argamassas",100473,"ARGAMASSA TRAÇO 1:4 (EM VOLUME DE CIMENTO E AREIA MÉDIA ÚMIDA), PREPARO MECÂNICO COM MISTURADOR DE EIXO HORIZONTAL DE 300 KG. AF_08/2019","M3",616.5,0]
["Argamassas",100474,"ARGAMASSA TRAÇO 1:4 (EM VOLUME DE CIMENTO E AREIA MÉDIA ÚMIDA), PREPARO MECÂNICO COM MISTURADOR DE EIXO HORIZONTAL DE 600 KG. AF_08/2019","M3",594.03,0]
["Argamassas",87379,"ARGAMASSA TRAÇO 1:5 (EM VOLUME DE CIMENTO E AREIA GROSSA ÚMIDA) COM ADIÇÃO DE EMULSÃO POLIMÉRICA PARA CHAPISCO ROLADO, PREPARO MANUAL. AF_08/2019","M3",3681.26,0]
["Argamassas",100460,"ARGAMASSA TRAÇO 1:5 (EM VOLUME DE CIMENTO E AREIA GROSSA ÚMIDA) COM ADIÇÃO DE EMULSÃO POLIMÉRICA PARA CHAPISCO ROLADO, PREPARO MECÂNICO COM BETONEIRA 250 L. AF_08/2019","M3",0]
["Argamassas",87319,"ARGAMASSA TRAÇO 1:5 (EM VOLUME DE CIMENTO E AREIA GROSSA ÚMIDA) COM ADIÇÃO DE EMULSÃO POLIMÉRICA PARA CHAPISCO ROLADO, PREPARO MECÂNICO COM BETONEIRA 400 L. AF_08/2019","M3",3557.3,0]
["Argamassas",87320,"ARGAMASSA TRAÇO 1:5 (EM VOLUME DE CIMENTO E AREIA GROSSA ÚMIDA) COM ADIÇÃO DE EMULSÃO POLIMÉRICA PARA CHAPISCO ROLADO, PREPARO MECÂNICO COM BETONEIRA 600 L. AF_08/2019","M3",3562.64,0]
["Argamassas",87358,"ARGAMASSA TRAÇO 1:5 (EM VOLUME DE CIMENTO E AREIA GROSSA ÚMIDA) COM ADIÇÃO DE EMULSÃO POLIMÉRICA PARA CHAPISCO ROLADO, PREPARO MECÂNICO COM MISTURADOR DE EIXO HORIZONTAL DE 300 KG. AF_08/2019","M3",3521.44,0]
["Argamassas",87359,"ARGAMASSA TRAÇO 1:5 (EM VOLUME DE CIMENTO E AREIA GROSSA ÚMIDA) COM ADIÇÃO DE EMULSÃO POLIMÉRICA PARA CHAPISCO ROLADO, PREPARO MECÂNICO COM MISTURADOR DE EIXO HORIZONTAL DE 600 KG. AF_08/2019","M3",3489.26,0]
["Argamassas",87376,"ARGAMASSA TRAÇO 1:5 (EM VOLUME DE CIMENTO E AREIA GROSSA ÚMIDA) PARA CHAPISCO CONVENCIONAL, PREPARO MANUAL. AF_08/2019","M3",685.75,0]
["Argamassas",100457,"ARGAMASSA TRAÇO 1:5 (EM VOLUME DE CIMENTO E AREIA GROSSA ÚMIDA) PARA CHAPISCO CONVENCIONAL, PREPARO MECÂNICO COM BETONEIRA 250 L. AF_08/2019","M3",0]
["Argamassas",87310,"ARGAMASSA TRAÇO 1:5 (EM VOLUME DE CIMENTO E AREIA GROSSA ÚMIDA) PARA CHAPISCO CONVENCIONAL, PREPARO MECÂNICO COM BETONEIRA 400 L. AF_08/2019","M3",541.25,0]
["Argamassas",87311,"ARGAMASSA TRAÇO 1:5 (EM VOLUME DE CIMENTO E AREIA GROSSA ÚMIDA) PARA CHAPISCO CONVENCIONAL, PREPARO MECÂNICO COM BETONEIRA 600 L. AF_08/2019","M3",530.41,0]
["Argamassas",87350,"ARGAMASSA TRAÇO 1:5 (EM VOLUME DE CIMENTO E AREIA GROSSA ÚMIDA) PARA CHAPISCO CONVENCIONAL, PREPARO MECÂNICO COM MISTURADOR DE EIXO HORIZONTAL DE 300 KG. AF_08/2019","M3",589.74,0]
["Argamassas",87351,"ARGAMASSA TRAÇO 1:5 (EM VOLUME DE CIMENTO E AREIA GROSSA ÚMIDA) PARA CHAPISCO CONVENCIONAL, PREPARO MECÂNICO COM MISTURADOR DE EIXO HORIZONTAL DE 600 KG. AF_08/2019","M3",511.56,0]
["Argamassas",87374,"ARGAMASSA TRAÇO 1:5 (EM VOLUME DE CIMENTO E AREIA MÉDIA ÚMIDA) PARA CONTRAPISO, PREPARO MANUAL. AF_08/2019","M3",833.03,0]
["Argamassas",100455,"ARGAMASSA TRAÇO 1:5 (EM VOLUME DE CIMENTO E AREIA MÉDIA ÚMIDA) PARA CONTRAPISO, PREPARO MECÂNICO COM BETONEIRA 250 L. AF_08/2019","M3",0]
["Argamassas",87304,"ARGAMASSA TRAÇO 1:5 (EM VOLUME DE CIMENTO E AREIA MÉDIA ÚMIDA) PARA CONTRAPISO, PREPARO MECÂNICO COM BETONEIRA 400 L. AF_08/2019","M3",687.23,0]
["Argamassas",87305,"ARGAMASSA TRAÇO 1:5 (EM VOLUME DE CIMENTO E AREIA MÉDIA ÚMIDA) PARA CONTRAPISO, PREPARO MECÂNICO COM BETONEIRA 600 L. AF_08/2019","M3",690.09,0]
["Argamassas",87345,"ARGAMASSA TRAÇO 1:5 (EM VOLUME DE CIMENTO E AREIA MÉDIA ÚMIDA) PARA CONTRAPISO, PREPARO MECÂNICO COM MISTURADOR DE EIXO HORIZONTAL DE 160 KG. AF_08/2019","M3",749.99,0]
["Argamassas",87346,"ARGAMASSA TRAÇO 1:5 (EM VOLUME DE CIMENTO E AREIA MÉDIA ÚMIDA) PARA CONTRAPISO, PREPARO MECÂNICO COM MISTURADOR DE EIXO HORIZONTAL DE 300 KG. AF_08/2019","M3",687.08,0]
["Argamassas",87347,"ARGAMASSA TRAÇO 1:5 (EM VOLUME DE CIMENTO E AREIA MÉDIA ÚMIDA) PARA CONTRAPISO, PREPARO MECÂNICO COM MISTURADOR DE EIXO HORIZONTAL DE 600 KG. AF_08/2019","M3",653.89,0]
["Argamassas",87366,"ARGAMASSA TRAÇO 1:6 (EM VOLUME DE CIMENTO E AREIA MÉDIA ÚMIDA) COM ADIÇÃO DE PLASTIFICANTE PARA EMBOÇO/MASSA ÚNICA/ASSENTAMENTO DE ALVENARIA DE VEDAÇÃO, PREPARO MANUAL. AF_08/2019","M3",718.97,0]
["Argamassas",100448,"ARGAMASSA TRAÇO 1:6 (EM VOLUME DE CIMENTO E AREIA MÉDIA ÚMIDA) COM ADIÇÃO DE PLASTIFICANTE PARA EMBOÇO/MASSA ÚNICA/ASSENTAMENTO DE ALVENARIA DE VEDAÇÃO, PREPARO MECÂNICO COM BETONEIRA 250 L. AF_08/2019","M3",0]
["Argamassas",87283,"ARGAMASSA TRAÇO 1:6 (EM VOLUME DE CIMENTO E AREIA MÉDIA ÚMIDA) COM ADIÇÃO DE PLASTIFICANTE PARA EMBOÇO/MASSA ÚNICA/ASSENTAMENTO DE ALVENARIA DE VEDAÇÃO, PREPARO MECÂNICO COM BETONEIRA 400 L. AF_08/2019","M3",569.14,0]
["Argamassas",87284,"ARGAMASSA TRAÇO 1:6 (EM VOLUME DE CIMENTO E AREIA MÉDIA ÚMIDA) COM ADIÇÃO DE PLASTIFICANTE PARA EMBOÇO/MASSA ÚNICA/ASSENTAMENTO DE ALVENARIA DE VEDAÇÃO, PREPARO MECÂNICO COM BETONEIRA 600 L. AF_08/2019","M3",561.12,0]
["Argamassas",87329,"ARGAMASSA TRAÇO 1:6 (EM VOLUME DE CIMENTO E AREIA MÉDIA ÚMIDA) COM ADIÇÃO DE PLASTIFICANTE PARA EMBOÇO/MASSA ÚNICA/ASSENTAMENTO DE ALVENARIA DE VEDAÇÃO, PREPARO MECÂNICO COM MISTURADOR DE EIXO HORIZONTAL DE 300 KG. AF_08/2019","M3",612.54999999999995,0]
["Argamassas",87330,"ARGAMASSA TRAÇO 1:6 (EM VOLUME DE CIMENTO E AREIA MÉDIA ÚMIDA) COM ADIÇÃO DE PLASTIFICANTE PARA EMBOÇO/MASSA ÚNICA/ASSENTAMENTO DE ALVENARIA DE VEDAÇÃO, PREPARO MECÂNICO COM MISTURADOR DE EIXO HORIZONTAL DE 600 KG. AF_08/2019","M3",539.88,0]
["Argamassas",87375,"ARGAMASSA TRAÇO 1:6 (EM VOLUME DE CIMENTO E AREIA MÉDIA ÚMIDA) PARA CONTRAPISO, PREPARO MANUAL. AF_08/2019","M3",798.23,0]
["Argamassas",100456,"ARGAMASSA TRAÇO 1:6 (EM VOLUME DE CIMENTO E AREIA MÉDIA ÚMIDA) PARA CONTRAPISO, PREPARO MECÂNICO COM BETONEIRA 250 L. AF_08/2019","M3",0]
["Argamassas",87307,"ARGAMASSA TRAÇO 1:6 (EM VOLUME DE CIMENTO E AREIA MÉDIA ÚMIDA) PARA CONTRAPISO, PREPARO MECÂNICO COM BETONEIRA 400 L. AF_08/2019","M3",657.13,0]
["Argamassas",87308,"ARGAMASSA TRAÇO 1:6 (EM VOLUME DE CIMENTO E AREIA MÉDIA ÚMIDA) PARA CONTRAPISO, PREPARO MECÂNICO COM BETONEIRA 600 L. AF_08/2019","M3",645.92999999999995,0]
["Argamassas",87348,"ARGAMASSA TRAÇO 1:6 (EM VOLUME DE CIMENTO E AREIA MÉDIA ÚMIDA) PARA CONTRAPISO, PREPARO MECÂNICO COM MISTURADOR DE EIXO HORIZONTAL DE 160 KG. AF_08/2019","M3",691.9,0]
["Argamassas",87349,"ARGAMASSA TRAÇO 1:6 (EM VOLUME DE CIMENTO E AREIA MÉDIA ÚMIDA) PARA CONTRAPISO, PREPARO MECÂNICO COM MISTURADOR DE EIXO HORIZONTAL DE 600 KG. AF_08/2019","M3",609.98,0]
["Argamassas",87365,"ARGAMASSA TRAÇO 1:7 (EM VOLUME DE CIMENTO E AREIA MÉDIA ÚMIDA) COM ADIÇÃO DE PLASTIFICANTE PARA EMBOÇO/MASSA ÚNICA/ASSENTAMENTO DE ALVENARIA DE VEDAÇÃO, PREPARO MANUAL. AF_08/2019","M3",684.66,0]
["Argamassas",100447,"ARGAMASSA TRAÇO 1:7 (EM VOLUME DE CIMENTO E AREIA MÉDIA ÚMIDA) COM ADIÇÃO DE PLASTIFICANTE PARA EMBOÇO/MASSA ÚNICA/ASSENTAMENTO DE ALVENARIA DE VEDAÇÃO, PREPARO MECÂNICO COM BETONEIRA 250 L. AF_08/2019","M3",0]
["Argamassas",87280,"ARGAMASSA TRAÇO 1:7 (EM VOLUME DE CIMENTO E AREIA MÉDIA ÚMIDA) COM ADIÇÃO DE PLASTIFICANTE PARA EMBOÇO/MASSA ÚNICA/ASSENTAMENTO DE ALVENARIA DE VEDAÇÃO, PREPARO MECÂNICO COM BETONEIRA 400 L. AF_08/2019","M3",550.69000000000005,0]
["Argamassas",87281,"ARGAMASSA TRAÇO 1:7 (EM VOLUME DE CIMENTO E AREIA MÉDIA ÚMIDA) COM ADIÇÃO DE PLASTIFICANTE PARA EMBOÇO/MASSA ÚNICA/ASSENTAMENTO DE ALVENARIA DE VEDAÇÃO, PREPARO MECÂNICO COM BETONEIRA 600 L. AF_08/2019","M3",543.95000000000005,0]
["Argamassas",87327,"ARGAMASSA TRAÇO 1:7 (EM VOLUME DE CIMENTO E AREIA MÉDIA ÚMIDA) COM ADIÇÃO DE PLASTIFICANTE PARA EMBOÇO/MASSA ÚNICA/ASSENTAMENTO DE ALVENARIA DE VEDAÇÃO, PREPARO MECÂNICO COM MISTURADOR DE EIXO HORIZONTAL DE 300 KG. AF_08/2019","M3",574.57000000000005,0]
["Argamassas",87328,"ARGAMASSA TRAÇO 1:7 (EM VOLUME DE CIMENTO E AREIA MÉDIA ÚMIDA) COM ADIÇÃO DE PLASTIFICANTE PARA EMBOÇO/MASSA ÚNICA/ASSENTAMENTO DE ALVENARIA DE VEDAÇÃO, PREPARO MECÂNICO COM MISTURADOR DE EIXO HORIZONTAL DE 600 KG. AF_08/2019","M3",510.55,0]
["Argamassas",87410,"ARGAMASSA À BASE DE GESSO, MISTURA E PROJEÇÃO DE 1,5 M³/H DE ARGAMASSA. AF_08/2019","M3",1037,0]
["Armação de Estacas",95577,"MONTAGEM DE ARMADURA DE ESTACAS, DIÂMETRO = 10,0 MM. AF_09/2021_PS","KG",10.3,1.0699999999999999E-2]
["Armação de Estacas",95578,"MONTAGEM DE ARMADURA DE ESTACAS, DIÂMETRO = 12,5 MM. AF_09/2021_PS","KG",8.51,9.4000000000000004E-3]
["Armação de Estacas",95579,"MONTAGEM DE ARMADURA DE ESTACAS, DIÂMETRO = 16,0 MM. AF_09/2021_PS","KG",8.18,4.8999999999999998E-3]
["Armação de Estacas",95580,"MONTAGEM DE ARMADURA DE ESTACAS, DIÂMETRO = 20,0 MM. AF_09/2021_PS","KG",9.39,2.0999999999999999E-3]
["Armação de Estacas",95581,"MONTAGEM DE ARMADURA DE ESTACAS, DIÂMETRO = 25,0 MM. AF_09/2021_PS","KG",9.34,1.1000000000000001E-3]
["Armação de Estacas",95582,"MONTAGEM DE ARMADURA DE ESTACAS, DIÂMETRO = 32,0 MM. AF_09/2021_PS","KG",10.16,0]
["Armação de Estacas",95576,"MONTAGEM DE ARMADURA DE ESTACAS, DIÂMETRO = 8,0 MM. AF_09/2021_PS","KG",12.28,1.2999999999999999E-2]
["Armação de Estacas",95583,"MONTAGEM DE ARMADURA TRANSVERSAL DE ESTACAS DE SEÇÃO CIRCULAR, DIÂMETRO = 5,0 MM. AF_09/2021_PS","KG",16.04,1.6199999999999999E-2]
["Armação de Estacas",95584,"MONTAGEM DE ARMADURA TRANSVERSAL DE ESTACAS DE SEÇÃO CIRCULAR, DIÂMETRO = 6,30 MM. AF_09/2021_PS","KG",13.83,1.52E-2]
["Armação de Estacas",95593,"MONTAGEM DE ARMADURA TRANSVERSAL DE ESTACAS DE SEÇÃO RETANGULAR, DIÂMETRO = 6,30 MM. AF_09/2021_PS","KG",13.83,1.52E-2]
["Armação de Estacas",95592,"MONTAGEM DE ARMADURA TRANVERSAL DE ESTACAS DE SEÇÃO RETANGULAR, DIÂMETRO = 5,0 MM. AF_09/2021_PS","KG",16.04,1.6199999999999999E-2]
["Armação para Estruturas de Concreto Armado",92919,"ARMAÇÃO DE ESTRUTURAS DIVERSAS DE CONCRETO ARMADO, EXCETO VIGAS, PILARES, LAJES E FUNDAÇÕES, UTILIZANDO AÇO CA-50 DE 10,0 MM - MONTAGEM. AF_06/2022","KG",11.75,9.4000000000000004E-3]
["Armação para Estruturas de Concreto Armado",92921,"ARMAÇÃO DE ESTRUTURAS DIVERSAS DE CONCRETO ARMADO, EXCETO VIGAS, PILARES, LAJES E FUNDAÇÕES, UTILIZANDO AÇO CA-50 DE 12,5 MM - MONTAGEM. AF_06/2022","KG",9.6199999999999992,8.3000000000000001E-3]
["Armação para Estruturas de Concreto Armado",92922,"ARMAÇÃO DE ESTRUTURAS DIVERSAS DE CONCRETO ARMADO, EXCETO VIGAS, PILARES, LAJES E FUNDAÇÕES, UTILIZANDO AÇO CA-50 DE 16,0 MM - MONTAGEM. AF_06/2022","KG",9.1199999999999992,4.4000000000000003E-3]
["Armação para Estruturas de Concreto Armado",92923,"ARMAÇÃO DE ESTRUTURAS DIVERSAS DE CONCRETO ARMADO, EXCETO VIGAS, PILARES, LAJES E FUNDAÇÕES, UTILIZANDO AÇO CA-50 DE 20,0 MM - MONTAGEM. AF_06/2022","KG",10.14,2E-3]
["Armação para Estruturas de Concreto Armado",92924,"ARMAÇÃO DE ESTRUTURAS DIVERSAS DE CONCRETO ARMADO, EXCETO VIGAS, PILARES, LAJES E FUNDAÇÕES, UTILIZANDO AÇO CA-50 DE 25,0 MM - MONTAGEM. AF_06/2022","KG",9.93,1E-3]
["Armação para Estruturas de Concreto Armado",104104,"ARMAÇÃO DE ESTRUTURAS DIVERSAS DE CONCRETO ARMADO, EXCETO VIGAS, PILARES, LAJES E FUNDAÇÕES, UTILIZANDO AÇO CA-50 DE 32,0 MM - MONTAGEM. AF_06/2022","KG",10.33,0]
["Armação para Estruturas de Concreto Armado",92916,"ARMAÇÃO DE ESTRUTURAS DIVERSAS DE CONCRETO ARMADO, EXCETO VIGAS, PILARES, LAJES E FUNDAÇÕES, UTILIZANDO AÇO CA-50 DE 6,3 MM - MONTAGEM. AF_06/2022","KG",15.16,1.3899999999999999E-2]
["Armação para Estruturas de Concreto Armado",92917,"ARMAÇÃO DE ESTRUTURAS DIVERSAS DE CONCRETO ARMADO, EXCETO VIGAS, PILARES, LAJES E FUNDAÇÕES, UTILIZANDO AÇO CA-50 DE 8,0 MM - MONTAGEM. AF_06/2022","KG",13.59,1.18E-2]
["Armação para Estruturas de Concreto Armado",92915,"ARMAÇÃO DE ESTRUTURAS DIVERSAS DE CONCRETO ARMADO, EXCETO VIGAS, PILARES, LAJES E FUNDAÇÕES, UTILIZANDO AÇO CA-60 DE 5,0 MM - MONTAGEM. AF_06/2022","KG",16.96,1.5299999999999999E-2]
["Armação para Estruturas de Concreto Armado",92771,"ARMAÇÃO DE LAJE DE ESTRUTURA CONVENCIONAL DE CONCRETO ARMADO UTILIZANDO AÇO CA-50 DE 10,0 MM - MONTAGEM. AF_06/2022","KG",10.19,6.8999999999999999E-3]
["Armação para Estruturas de Concreto Armado",92772,"ARMAÇÃO DE LAJE DE ESTRUTURA CONVENCIONAL DE CONCRETO ARMADO UTILIZANDO AÇO CA-50 DE 12,5 MM - MONTAGEM. AF_06/2022","KG",8.48,3.5000000000000001E-3]
["Armação para Estruturas de Concreto Armado",92773,"ARMAÇÃO DE LAJE DE ESTRUTURA CONVENCIONAL DE CONCRETO ARMADO UTILIZANDO AÇO CA-50 DE 16,0 MM - MONTAGEM. AF_06/2022","KG",8.3000000000000007,0]
["Armação para Estruturas de Concreto Armado",92774,"ARMAÇÃO DE LAJE DE ESTRUTURA CONVENCIONAL DE CONCRETO ARMADO UTILIZANDO AÇO CA-50 DE 20,0 MM - MONTAGEM. AF_06/2022","KG",9.56,0]
["Armação para Estruturas de Concreto Armado",92769,"ARMAÇÃO DE LAJE DE ESTRUTURA CONVENCIONAL DE CONCRETO ARMADO UTILIZANDO AÇO CA-50 DE 6,3 MM - MONTAGEM. AF_06/2022","KG",12.43,2.3300000000000001E-2]
["Armação para Estruturas de Concreto Armado",92770,"ARMAÇÃO DE LAJE DE ESTRUTURA CONVENCIONAL DE CONCRETO ARMADO UTILIZANDO AÇO CA-50 DE 8,0 MM - MONTAGEM. AF_06/2022","KG",11.53,1.3899999999999999E-2]
["Armação para Estruturas de Concreto Armado",92767,"ARMAÇÃO DE LAJE DE ESTRUTURA CONVENCIONAL DE CONCRETO ARMADO UTILIZANDO AÇO CA-60 DE 4,2 MM - MONTAGEM. AF_06/2022","KG",15.53,3.9300000000000002E-2]
["Armação para Estruturas de Concreto Armado",92768,"ARMAÇÃO DE LAJE DE ESTRUTURA CONVENCIONAL DE CONCRETO ARMADO UTILIZANDO AÇO CA-60 DE 5,0 MM - MONTAGEM. AF_06/2022","KG",13.45,3.4200000000000001E-2]
["Armação para Estruturas de Concreto Armado",92762,"ARMAÇÃO DE PILAR OU VIGA DE ESTRUTURA CONVENCIONAL DE CONCRETO ARMADO UTILIZANDO AÇO CA-50 DE 10,0 MM - MONTAGEM. AF_06/2022","KG",10.67,1.03E-2]
["Armação para Estruturas de Concreto Armado",92763,"ARMAÇÃO DE PILAR OU VIGA DE ESTRUTURA CONVENCIONAL DE CONCRETO ARMADO UTILIZANDO AÇO CA-50 DE 12,5 MM - MONTAGEM. AF_06/2022","KG",8.92,8.9999999999999993E-3]
["Armação para Estruturas de Concreto Armado",92764,"ARMAÇÃO DE PILAR OU VIGA DE ESTRUTURA CONVENCIONAL DE CONCRETO ARMADO UTILIZANDO AÇO CA-50 DE 16,0 MM - MONTAGEM. AF_06/2022","KG",8.58,4.7000000000000002E-3]
["Armação para Estruturas de Concreto Armado",92765,"ARMAÇÃO DE PILAR OU VIGA DE ESTRUTURA CONVENCIONAL DE CONCRETO ARMADO UTILIZANDO AÇO CA-50 DE 20,0 MM - MONTAGEM. AF_06/2022","KG",9.73,2.0999999999999999E-3]
["Armação para Estruturas de Concreto Armado",92766,"ARMAÇÃO DE PILAR OU VIGA DE ESTRUTURA CONVENCIONAL DE CONCRETO ARMADO UTILIZANDO AÇO CA-50 DE 25,0 MM - MONTAGEM. AF_06/2022","KG",9.6,1E-3]
["Armação para Estruturas de Concreto Armado",104105,"ARMAÇÃO DE PILAR OU VIGA DE ESTRUTURA CONVENCIONAL DE CONCRETO ARMADO UTILIZANDO AÇO CA-50 DE 32,0 MM. AF_06/2022","KG",10.34,0]
["Armação para Estruturas de Concreto Armado",92760,"ARMAÇÃO DE PILAR OU VIGA DE ESTRUTURA CONVENCIONAL DE CONCRETO ARMADO UTILIZANDO AÇO CA-50 DE 6,3 MM - MONTAGEM. AF_06/2022","KG",13,1.6199999999999999E-2]
["Armação para Estruturas de Concreto Armado",92761,"ARMAÇÃO DE PILAR OU VIGA DE ESTRUTURA CONVENCIONAL DE CONCRETO ARMADO UTILIZANDO AÇO CA-50 DE 8,0 MM - MONTAGEM. AF_06/2022","KG",12.06,1.3299999999999999E-2]
["Armação para Estruturas de Concreto Armado",92759,"ARMAÇÃO DE PILAR OU VIGA DE ESTRUTURA CONVENCIONAL DE CONCRETO ARMADO UTILIZANDO AÇO CA-60 DE 5,0 MM - MONTAGEM. AF_06/2022","KG",14.04,1.8499999999999999E-2]
["Armação para Estruturas de Concreto Armado",104108,"ARMAÇÃO DE PILAR OU VIGA DE ESTRUTURA DE CONCRETO ARMADO EMBUTIDA EM ALVENARIA DE VEDAÇÃO UTILIZANDO AÇO CA-50 DE 10,0 MM - MONTAGEM. AF_06/2022","KG",12.58,8.6999999999999994E-3]
["Armação para Estruturas de Concreto Armado",104107,"ARMAÇÃO DE PILAR OU VIGA DE ESTRUTURA DE CONCRETO ARMADO EMBUTIDA EM ALVENARIA DE VEDAÇÃO UTILIZANDO AÇO CA-50 DE 12,5 MM - MONTAGEM. AF_06/2022","KG",10.56,7.6E-3]
["Armação para Estruturas de Concreto Armado",104106,"ARMAÇÃO DE PILAR OU VIGA DE ESTRUTURA DE CONCRETO ARMADO EMBUTIDA EM ALVENARIA DE VEDAÇÃO UTILIZANDO AÇO CA-50 DE 16,0 MM - MONTAGEM. AF_06/2022","KG",9.83,4.1000000000000003E-3]
["Armação para Estruturas de Concreto Armado",104110,"ARMAÇÃO DE PILAR OU VIGA DE ESTRUTURA DE CONCRETO ARMADO EMBUTIDA EM ALVENARIA DE VEDAÇÃO UTILIZANDO AÇO CA-50 DE 6,3 MM - MONTAGEM. AF_06/2022","KG",18.059999999999999,1.1599999999999999E-2]
["Armação para Estruturas de Concreto Armado",104109,"ARMAÇÃO DE PILAR OU VIGA DE ESTRUTURA DE CONCRETO ARMADO EMBUTIDA EM ALVENARIA DE VEDAÇÃO UTILIZANDO AÇO CA-50 DE 8,0 MM - MONTAGEM. AF_06/2022","KG",15.66,1.0200000000000001E-2]
["Armação para Estruturas de Concreto Armado",104111,"ARMAÇÃO DE PILAR OU VIGA DE ESTRUTURA DE CONCRETO ARMADO EMBUTIDA EM ALVENARIA DE VEDAÇÃO UTILIZANDO AÇO CA-60 DE 5,0 MM - MONTAGEM. AF_06/2022","KG",20.89,1.24E-2]
["Armação para Estruturas de Concreto Armado",92884,"ARMAÇÃO UTILIZANDO AÇO CA-25 DE 10,0 MM - MONTAGEM. AF_06/2022","KG",11.88,9.2999999999999992E-3]
["Armação para Estruturas de Concreto Armado",92885,"ARMAÇÃO UTILIZANDO AÇO CA-25 DE 12,5 MM - MONTAGEM. AF_06/2022","KG",11.18,7.1999999999999998E-3]
["Armação para Estruturas de Concreto Armado",92886,"ARMAÇÃO UTILIZANDO AÇO CA-25 DE 16,0 MM - MONTAGEM. AF_06/2022","KG",10.6,3.8E-3]
["Armação para Estruturas de Concreto Armado",92887,"ARMAÇÃO UTILIZANDO AÇO CA-25 DE 20,0 MM - MONTAGEM. AF_06/2022","KG",10.46,1.9E-3]
["Armação para Estruturas de Concreto Armado",92888,"ARMAÇÃO UTILIZANDO AÇO CA-25 DE 25,0 MM - MONTAGEM. AF_06/2022","KG",10.18,0]
["Armação para Estruturas de Concreto Armado",92882,"ARMAÇÃO UTILIZANDO AÇO CA-25 DE 6,3 MM - MONTAGEM. AF_06/2022","KG",13.12,1.6E-2]
["Armação para Estruturas de Concreto Armado",92883,"ARMAÇÃO UTILIZANDO AÇO CA-25 DE 8,0 MM - MONTAGEM. AF_06/2022","KG",11.88,1.35E-2]
["Armação para Estruturas de Concreto Armado",92877,"CORTE E DOBRA DE AÇO CA-25, DIÂMETRO DE 10,0 MM. AF_06/2022","KG",9.41,0]
["Armação para Estruturas de Concreto Armado",92878,"CORTE E DOBRA DE AÇO CA-25, DIÂMETRO DE 12,5 MM. AF_06/2022","KG",9.2200000000000006,0]
["Armação para Estruturas de Concreto Armado",92879,"CORTE E DOBRA DE AÇO CA-25, DIÂMETRO DE 16,0 MM. AF_06/2022","KG",9.11,0]
["Armação para Estruturas de Concreto Armado",92880,"CORTE E DOBRA DE AÇO CA-25, DIÂMETRO DE 20,0 MM. AF_06/2022","KG",9.2899999999999991,0]
["Armação para Estruturas de Concreto Armado",92881,"CORTE E DOBRA DE AÇO CA-25, DIÂMETRO DE 25,0 MM. AF_06/2022","KG",9.27,0]
["Armação para Estruturas de Concreto Armado",92875,"CORTE E DOBRA DE AÇO CA-25, DIÂMETRO DE 6,3 MM. AF_06/2022","KG",9.1300000000000008,0]
["Armação para Estruturas de Concreto Armado",92876,"CORTE E DOBRA DE AÇO CA-25, DIÂMETRO DE 8,0 MM. AF_06/2022","KG",8.76,0]
["Armação para Estruturas de Concreto Armado",92803,"CORTE E DOBRA DE AÇO CA-50, DIÂMETRO DE 10,0 MM. AF_06/2022","KG",8.67,0]
["Armação para Estruturas de Concreto Armado",92804,"CORTE E DOBRA DE AÇO CA-50, DIÂMETRO DE 12,5 MM. AF_06/2022","KG",7.4,0]
["Armação para Estruturas de Concreto Armado",92805,"CORTE E DOBRA DE AÇO CA-50, DIÂMETRO DE 16,0 MM. AF_06/2022","KG",7.32,0]
["Armação para Estruturas de Concreto Armado",92806,"CORTE E DOBRA DE AÇO CA-50, DIÂMETRO DE 20,0 MM. AF_06/2022","KG",8.6199999999999992,0]
["Armação para Estruturas de Concreto Armado",92798,"CORTE E DOBRA DE AÇO CA-50, DIÂMETRO DE 25,0 MM. AF_06/2022","KG",8.6199999999999992,0]
["Armação para Estruturas de Concreto Armado",95448,"CORTE E DOBRA DE AÇO CA-50, DIÂMETRO DE 32 MM. AF_06/2022","KG",9.4600000000000009,0]
["Armação para Estruturas de Concreto Armado",92801,"CORTE E DOBRA DE AÇO CA-50, DIÂMETRO DE 6,3 MM. AF_06/2022","KG",9.5500000000000007,0]
["Armação para Estruturas de Concreto Armado",92802,"CORTE E DOBRA DE AÇO CA-50, DIÂMETRO DE 8,0 MM. AF_06/2022","KG",9.43,0]
["Armação para Estruturas de Concreto Armado",92799,"CORTE E DOBRA DE AÇO CA-60, DIÂMETRO DE 4,2 MM. AF_06/2022","KG",10.78,0]
["Armação para Estruturas de Concreto Armado",92800,"CORTE E DOBRA DE AÇO CA-60, DIÂMETRO DE 5,0 MM. AF_06/2022","KG",9.59,0]
["Arrasamento de Estacas",95605,"ARRASAMENTO MECANICO DE ESTACA DE CONCRETO ARMADO, DIAMETROS DE 101 CM A 150 CM. AF_05/2021","UN",143.11000000000001,0]
["Arrasamento de Estacas",95602,"ARRASAMENTO MECANICO DE ESTACA DE CONCRETO ARMADO, DIAMETROS DE 41 CM A 60 CM. AF_05/2021","UN",29.43,0]
["Arrasamento de Estacas",95603,"ARRASAMENTO MECANICO DE ESTACA DE CONCRETO ARMADO, DIAMETROS DE 61 CM A 80 CM. AF_05/2021","UN",50.22,0]
["Arrasamento de Estacas",95604,"ARRASAMENTO MECANICO DE ESTACA DE CONCRETO ARMADO, DIAMETROS DE 81 CM A 100 CM. AF_05/2021","UN",77.94,0]
["Arrasamento de Estacas",95601,"ARRASAMENTO MECANICO DE ESTACA DE CONCRETO ARMADO, DIAMETROS DE ATÉ 40 CM. AF_05/2021","UN",18.39,0]
["Arrasamento de Estacas",102521,"ARRASAMENTO MECÂNICO DE ESTACA BARRETE DE CONCRETO ARMADO, SEÇÃO DE 0,40 X 2,50 M. AF_05/2021","UN",118.06,0]
["Arrasamento de Estacas",102522,"ARRASAMENTO MECÂNICO DE ESTACA BARRETE DE CONCRETO ARMADO, SEÇÃO DE 0,60 X 2,50 M. AF_05/2021","UN",173.2,0]
["Arrasamento de Estacas",102523,"ARRASAMENTO MECÂNICO DE ESTACA BARRETE DE CONCRETO ARMADO, SEÇÃO DE 0,80 X 2,50 M. AF_05/2021","UN",228.34,0]
["Arrasamento de Estacas",95608,"ARRASAMENTO MECÂNICO DE ESTACA METÁLICA, PERFIL LAMINADO TIPO H - FAMÍLIA 250. AF_05/2021","UN",36.700000000000003,0.46870000000000001]
["Arrasamento de Estacas",95609,"ARRASAMENTO MECÂNICO DE ESTACA METÁLICA, PERFIL LAMINADO TIPO H - FAMÍLIA 310. AF_05/2021","UN",46.54,0.46860000000000002]
["Arrasamento de Estacas",95607,"ARRASAMENTO MECÂNICO DE ESTACA METÁLICA, PERFIL LAMINADO TIPO I FAMÍLIA 250. AF_05/2021","UN",25.29,0.46860000000000002]
["Asfalto",95996,"EXECUÇÃO DE PAVIMENTO COM APLICAÇÃO DE CONCRETO ASFÁLTICO, CAMADA DE BINDER - EXCLUSIVE CARGA E TRANSPORTE. AF_11/2019","M3",1278.6400000000001,0.95720000000000005]
["Asfalto",95995,"EXECUÇÃO DE PAVIMENTO COM APLICAÇÃO DE CONCRETO ASFÁLTICO, CAMADA DE ROLAMENTO - EXCLUSIVE CARGA E TRANSPORTE. AF_11/2019","M3",1480.83,0.94889999999999997]
["Asfalto",104372,"EXECUÇÃO DE PAVIMENTO COM APLICAÇÃO DE PRÉ-MISTURADO A FRIO, CAMADA DE BINDER - EXCLUSIVE CARGA E TRANSPORTE. AF_11/2019","M3",0]
["Asfalto",104371,"EXECUÇÃO DE PAVIMENTO COM APLICAÇÃO DE PRÉ-MISTURADO A FRIO, CAMADA DE ROLAMENTO - EXCLUSIVE CARGA E TRANSPORTE. AF_11/2019","M3",0]
["Asfalto",96001,"FRESAGEM DE PAVIMENTO ASFÁLTICO (PROFUNDIDADE ATÉ 5,0 CM) - EXCLUSIVE TRANSPORTE. AF_11/2019","M2",7.1,0.64080000000000004]
["Assentamento de Tubos de Esgoto em PVC e PEAD",94880,"ASSENTAMENTO DE TUBO DE PEAD CORRUGADO DE DUPLA PAREDE PARA REDE COLETORA DE ESGOTO, DN 1000 MM, JUNTA ELÁSTICA INTEGRADA (NÃO INCLUI FORNECIMENTO). AF_01/2021","M",42.11,0.34410000000000002]
["Assentamento de Tubos de Esgoto em PVC e PEAD",94882,"ASSENTAMENTO DE TUBO DE PEAD CORRUGADO DE DUPLA PAREDE PARA REDE COLETORA DE ESGOTO, DN 1200 MM, JUNTA ELÁSTICA INTEGRADA (NÃO INCLUI FORNECIMENTO). AF_01/2021","M",48.96,0.35110000000000002]
["Assentamento de Tubos de Esgoto em PVC e PEAD",94884,"ASSENTAMENTO DE TUBO DE PEAD CORRUGADO DE DUPLA PAREDE PARA REDE COLETORA DE ESGOTO, DN 1500 MM, JUNTA ELÁSTICA INTEGRADA (NÃO INCLUI FORNECIMENTO). AF_01/2021","M",62.87,0.3604]
["Assentamento de Tubos de Esgoto em PVC e PEAD",94870,"ASSENTAMENTO DE TUBO DE PEAD CORRUGADO DE DUPLA PAREDE PARA REDE COLETORA DE ESGOTO, DN 250 MM, JUNTA ELÁSTICA INTEGRADA (NÃO INCLUI FORNECIMENTO). AF_01/2021","M",1.81,0]
["Assentamento de Tubos de Esgoto em PVC e PEAD",94872,"ASSENTAMENTO DE TUBO DE PEAD CORRUGADO DE DUPLA PAREDE PARA REDE COLETORA DE ESGOTO, DN 300 MM, JUNTA ELÁSTICA INTEGRADA (NÃO INCLUI FORNECIMENTO). AF_01/2021","M",2.5499999999999998,0]
["Assentamento de Tubos de Esgoto em PVC e PEAD",90746,"ASSENTAMENTO DE TUBO DE PEAD CORRUGADO DE DUPLA PAREDE PARA REDE COLETORA DE ESGOTO, DN 450 MM, JUNTA ELÁSTICA INTEGRADA (NÃO INCLUI FORNECIMENTO). AF_01/2021","M",3.52,0]
["Assentamento de Tubos de Esgoto em PVC e PEAD",90747,"ASSENTAMENTO DE TUBO DE PEAD CORRUGADO DE DUPLA PAREDE PARA REDE COLETORA DE ESGOTO, DN 600 MM, JUNTA ELÁSTICA INTEGRADA (NÃO INCLUI FORNECIMENTO). AF_01/2021","M",16.93,0.39340000000000003]
["Assentamento de Tubos de Esgoto em PVC e PEAD",94876,"ASSENTAMENTO DE TUBO DE PEAD CORRUGADO DE DUPLA PAREDE PARA REDE COLETORA DE ESGOTO, DN 800 MM, JUNTA ELÁSTICA INTEGRADA (NÃO INCLUI FORNECIMENTO). AF_01/2021","M",28.26,0.35670000000000002]
["Assentamento de Tubos de Esgoto em PVC e PEAD",94878,"ASSENTAMENTO DE TUBO DE PEAD CORRUGADO DE DUPLA PAREDE PARA REDE COLETORA DE ESGOTO, DN 900 MM, JUNTA ELÁSTICA INTEGRADA (NÃO INCLUI FORNECIMENTO). AF_01/2021","M",32.700000000000003,0.36209999999999998]
["Assentamento de Tubos de Esgoto em PVC e PEAD",90740,"ASSENTAMENTO DE TUBO DE PVC CORRUGADO DE DUPLA PAREDE PARA REDE COLETORA DE ESGOTO, DN 150 MM, JUNTA ELÁSTICA (NÃO INCLUI FORNECIMENTO). AF_01/2021","M",4.29,0]
["Assentamento de Tubos de Esgoto em PVC e PEAD",90741,"ASSENTAMENTO DE TUBO DE PVC CORRUGADO DE DUPLA PAREDE PARA REDE COLETORA DE ESGOTO, DN 200 MM, JUNTA ELÁSTICA (NÃO INCLUI FORNECIMENTO). AF_01/2021","M",4.8899999999999997,0]
["Assentamento de Tubos de Esgoto em PVC e PEAD",90742,"ASSENTAMENTO DE TUBO DE PVC CORRUGADO DE DUPLA PAREDE PARA REDE COLETORA DE ESGOTO, DN 250 MM, JUNTA ELÁSTICA (NÃO INCLUI FORNECIMENTO). AF_01/2021","M",5.5,0]
["Assentamento de Tubos de Esgoto em PVC e PEAD",90743,"ASSENTAMENTO DE TUBO DE PVC CORRUGADO DE DUPLA PAREDE PARA REDE COLETORA DE ESGOTO, DN 300 MM, JUNTA ELÁSTICA (NÃO INCLUI FORNECIMENTO). AF_01/2021","M",6.1,0]
["Assentamento de Tubos de Esgoto em PVC e PEAD",90744,"ASSENTAMENTO DE TUBO DE PVC CORRUGADO DE DUPLA PAREDE PARA REDE COLETORA DE ESGOTO, DN 350 MM, JUNTA ELÁSTICA (NÃO INCLUI FORNECIMENTO). AF_01/2021","M",6.7,0]
["Assentamento de Tubos de Esgoto em PVC e PEAD",90745,"ASSENTAMENTO DE TUBO DE PVC CORRUGADO DE DUPLA PAREDE PARA REDE COLETORA DE ESGOTO, DN 400 MM, JUNTA ELÁSTICA (NÃO INCLUI FORNECIMENTO). AF_01/2021","M",9.9700000000000006,0.27179999999999999]
["Assentamento de Tubos de Esgoto em PVC e PEAD",90733,"ASSENTAMENTO DE TUBO DE PVC PARA REDE COLETORA DE ESGOTO DE PAREDE MACIÇA, DN 100 MM, JUNTA ELÁSTICA (NÃO INCLUI FORNECIMENTO). AF_01/2021","M",3.25,0]
["Assentamento de Tubos de Esgoto em PVC e PEAD",90734,"ASSENTAMENTO DE TUBO DE PVC PARA REDE COLETORA DE ESGOTO DE PAREDE MACIÇA, DN 150 MM, JUNTA ELÁSTICA, (NÃO INCLUI FORNECIMENTO). AF_01/2021","M",3.85,0]
["Assentamento de Tubos de Esgoto em PVC e PEAD",90735,"ASSENTAMENTO DE TUBO DE PVC PARA REDE COLETORA DE ESGOTO DE PAREDE MACIÇA, DN 200 MM, JUNTA ELÁSTICA (NÃO INCLUI FORNECIMENTO). AF_01/2021","M",4.45,0]
["Assentamento de Tubos de Esgoto em PVC e PEAD",90736,"ASSENTAMENTO DE TUBO DE PVC PARA REDE COLETORA DE ESGOTO DE PAREDE MACIÇA, DN 250 MM, JUNTA ELÁSTICA (NÃO INCLUI FORNECIMENTO). AF_01/2021","M",5.05,0]
["Assentamento de Tubos de Esgoto em PVC e PEAD",90737,"ASSENTAMENTO DE TUBO DE PVC PARA REDE COLETORA DE ESGOTO DE PAREDE MACIÇA, DN 300 MM, JUNTA ELÁSTICA (NÃO INCLUI FORNECIMENTO). AF_01/2021","M",5.65,0]
["Assentamento de Tubos de Esgoto em PVC e PEAD",90738,"ASSENTAMENTO DE TUBO DE PVC PARA REDE COLETORA DE ESGOTO DE PAREDE MACIÇA, DN 350 MM, JUNTA ELÁSTICA (NÃO INCLUI FORNECIMENTO). AF_01/2021","M",6.25,0]
["Assentamento de Tubos de Esgoto em PVC e PEAD",90739,"ASSENTAMENTO DE TUBO DE PVC PARA REDE COLETORA DE ESGOTO DE PAREDE MACIÇA, DN 400 MM, JUNTA ELÁSTICA (NÃO INCLUI FORNECIMENTO). AF_01/2021","M",8.94,0.27179999999999999]
["Assentamento de Tubos de Esgoto em PVC e PEAD",90724,"JUNTA ARGAMASSADA ENTRE TUBO DN 100 MM E O POÇO DE VISITA/ CAIXA DE CONCRETO OU ALVENARIA EM REDES DE ESGOTO. AF_01/2021","UN",23.47,0]
["Assentamento de Tubos de Esgoto em PVC e PEAD",102267,"JUNTA ARGAMASSADA ENTRE TUBO DN 1000 MM E O POÇO DE VISITA/ CAIXA DE CONCRETO OU ALVENARIA EM REDES DE ESGOTO. AF_01/2021","UN",127.48,0]
["Assentamento de Tubos de Esgoto em PVC e PEAD",102268,"JUNTA ARGAMASSADA ENTRE TUBO DN 1200 MM E O POÇO DE VISITA/ CAIXA DE CONCRETO OU ALVENARIA EM REDES DE ESGOTO. AF_01/2021","UN",143.87,0]
["Assentamento de Tubos de Esgoto em PVC e PEAD",90725,"JUNTA ARGAMASSADA ENTRE TUBO DN 150 MM E O POÇO DE VISITA/ CAIXA DE CONCRETO OU ALVENARIA EM REDES DE ESGOTO. AF_01/2021","UN",28.94,0]
["Assentamento de Tubos de Esgoto em PVC e PEAD",102269,"JUNTA ARGAMASSADA ENTRE TUBO DN 1500 MM E O POÇO DE VISITA/ CAIXA DE CONCRETO OU ALVENARIA EM REDES DE ESGOTO. AF_01/2021","UN",176.67,0]
["Assentamento de Tubos de Esgoto em PVC e PEAD",90726,"JUNTA ARGAMASSADA ENTRE TUBO DN 200 MM E O POÇO/ CAIXA DE CONCRETO OU ALVENARIA EM REDES DE ESGOTO. AF_01/2021","UN",34.479999999999997,0]
["Assentamento de Tubos de Esgoto em PVC e PEAD",90727,"JUNTA ARGAMASSADA ENTRE TUBO DN 250 MM E O POÇO DE VISITA/ CAIXA DE CONCRETO OU ALVENARIA EM REDES DE ESGOTO. AF_01/2021","UN",39.950000000000003,0]
["Assentamento de Tubos de Esgoto em PVC e PEAD",90728,"JUNTA ARGAMASSADA ENTRE TUBO DN 300 MM E O POÇO DE VISITA/ CAIXA DE CONCRETO OU ALVENARIA EM REDES DE ESGOTO. AF_01/2021","UN",45.42,0]
["Assentamento de Tubos de Esgoto em PVC e PEAD",90729,"JUNTA ARGAMASSADA ENTRE TUBO DN 350 MM E O POÇO DE VISITA/ CAIXA DE CONCRETO OU ALVENARIA EM REDES DE ESGOTO. AF_01/2021","UN",50.88,0]
["Assentamento de Tubos de Esgoto em PVC e PEAD",90730,"JUNTA ARGAMASSADA ENTRE TUBO DN 400 MM E O POÇO DE VISITA/ CAIXA DE CONCRETO OU ALVENARIA EM REDES DE ESGOTO. AF_01/2021","UN",56.35,0]
["Assentamento de Tubos de Esgoto em PVC e PEAD",90731,"JUNTA ARGAMASSADA ENTRE TUBO DN 450 MM E O POÇO DE VISITA/ CAIXA DE CONCRETO OU ALVENARIA EM REDES DE ESGOTO. AF_01/2021","UN",61.8,0]
["Assentamento de Tubos de Esgoto em PVC e PEAD",90732,"JUNTA ARGAMASSADA ENTRE TUBO DN 600 MM E O POÇO DE VISITA/ CAIXA DE CONCRETO OU ALVENARIA EM REDES DE ESGOTO. AF_01/2021","UN",78.209999999999994,0]
["Assentamento de Tubos de Esgoto em PVC e PEAD",102265,"JUNTA ARGAMASSADA ENTRE TUBO DN 800 MM E O POÇO DE VISITA/ CAIXA DE CONCRETO OU ALVENARIA EM REDES DE ESGOTO. AF_01/2021","UN",100.07,0]
["Assentamento de Tubos de Esgoto em PVC e PEAD",102266,"JUNTA ARGAMASSADA ENTRE TUBO DN 900 MM E O POÇO DE VISITA/ CAIXA DE CONCRETO OU ALVENARIA EM REDES DE ESGOTO. AF_01/2021","UN",111,0]
["Assentamento de Tubos de Esgoto em PVC e PEAD",94879,"TUBO DE PEAD CORRUGADO DE DUPLA PAREDE PARA REDE COLETORA DE ESGOTO, DN 1000 MM, JUNTA ELÁSTICA INTEGRADA - FORNECIMENTO E ASSENTAMENTO. AF_01/2021","M",1933.11,7.4999999999999997E-3]
["Assentamento de Tubos de Esgoto em PVC e PEAD",94881,"TUBO DE PEAD CORRUGADO DE DUPLA PAREDE PARA REDE COLETORA DE ESGOTO, DN 1200 MM, JUNTA ELÁSTICA INTEGRADA - FORNECIMENTO E ASSENTAMENTO. AF_01/2021","M",2662.45,6.4999999999999997E-3]
["Assentamento de Tubos de Esgoto em PVC e PEAD",94869,"TUBO DE PEAD CORRUGADO DE DUPLA PAREDE PARA REDE COLETORA DE ESGOTO, DN 250 MM, JUNTA ELÁSTICA INTEGRADA - FORNECIMENTO E ASSENTAMENTO. AF_01/2021","M",136.28,0]
["Assentamento de Tubos de Esgoto em PVC e PEAD",94871,"TUBO DE PEAD CORRUGADO DE DUPLA PAREDE PARA REDE COLETORA DE ESGOTO, DN 300 MM, JUNTA ELÁSTICA INTEGRADA - FORNECIMENTO E ASSENTAMENTO. AF_01/2021","M",213.23,0]
["Assentamento de Tubos de Esgoto em PVC e PEAD",90708,"TUBO DE PEAD CORRUGADO DE DUPLA PAREDE PARA REDE COLETORA DE ESGOTO, DN 600 MM, JUNTA ELÁSTICA INTEGRADA - FORNECIMENTO E ASSENTAMENTO. AF_01/2021","M",773.38,8.6E-3]
["Assentamento de Tubos de Esgoto em PVC e PEAD",94875,"TUBO DE PEAD CORRUGADO DE DUPLA PAREDE PARA REDE COLETORA DE ESGOTO, DN 800 MM, JUNTA ELÁSTICA INTEGRADA - FORNECIMENTO E ASSENTAMENTO. AF_01/2021","M",1255.8,8.0000000000000002E-3]
["Assentamento de Tubos de Esgoto em PVC e PEAD",102264,"TUBO DE PVC BRANCO PARA REDE COLETORA DE ESGOTO CONDOMINIAL DE PAREDE MACIÇA, DN 100 MM, JUNTA ELÁSTICA - FORNECIMENTO E ASSENTAMENTO. AF_01/2021","M",18.309999999999999,0]
["Assentamento de Tubos de Esgoto em PVC e PEAD",90701,"TUBO DE PVC CORRUGADO DE DUPLA PAREDE PARA REDE COLETORA DE ESGOTO, DN 150 MM, JUNTA ELÁSTICA - FORNECIMENTO E ASSENTAMENTO. AF_01/2021","M",62.55,0]
["Assentamento de Tubos de Esgoto em PVC e PEAD",90702,"TUBO DE PVC CORRUGADO DE DUPLA PAREDE PARA REDE COLETORA DE ESGOTO, DN 200 MM, JUNTA ELÁSTICA - FORNECIMENTO E ASSENTAMENTO. AF_01/2021","M",103.31,0]
["Assentamento de Tubos de Esgoto em PVC e PEAD",90703,"TUBO DE PVC CORRUGADO DE DUPLA PAREDE PARA REDE COLETORA DE ESGOTO, DN 250 MM, JUNTA ELÁSTICA - FORNECIMENTO E ASSENTAMENTO. AF_01/2021","M",162.80000000000001,0]
["Assentamento de Tubos de Esgoto em PVC e PEAD",90704,"TUBO DE PVC CORRUGADO DE DUPLA PAREDE PARA REDE COLETORA DE ESGOTO, DN 300 MM, JUNTA ELÁSTICA - FORNECIMENTO E ASSENTAMENTO. AF_01/2021","M",243.93,0]
["Assentamento de Tubos de Esgoto em PVC e PEAD",90705,"TUBO DE PVC CORRUGADO DE DUPLA PAREDE PARA REDE COLETORA DE ESGOTO, DN 350 MM, JUNTA ELÁSTICA - FORNECIMENTO E ASSENTAMENTO. AF_01/2021","M",315.10000000000002,0]
["Assentamento de Tubos de Esgoto em PVC e PEAD",90706,"TUBO DE PVC CORRUGADO DE DUPLA PAREDE PARA REDE COLETORA DE ESGOTO, DN 400 MM, JUNTA ELÁSTICA - FORNECIMENTO E ASSENTAMENTO. AF_01/2021","M",418.12,6.4999999999999997E-3]
["Assentamento de Tubos de Esgoto em PVC e PEAD",90694,"TUBO DE PVC PARA REDE COLETORA DE ESGOTO DE PAREDE MACIÇA, DN 100 MM, JUNTA ELÁSTICA - FORNECIMENTO E ASSENTAMENTO. AF_01/2021","M",41.42,0]
["Assentamento de Tubos de Esgoto em PVC e PEAD",90695,"TUBO DE PVC PARA REDE COLETORA DE ESGOTO DE PAREDE MACIÇA, DN 150 MM, JUNTA ELÁSTICA - FORNECIMENTO E ASSENTAMENTO. AF_01/2021","M",78.59,0]
["Assentamento de Tubos de Esgoto em PVC e PEAD",90696,"TUBO DE PVC PARA REDE COLETORA DE ESGOTO DE PAREDE MACIÇA, DN 200 MM, JUNTA ELÁSTICA - FORNECIMENTO E ASSENTAMENTO. AF_01/2021","M",131.16999999999999,0]
["Assentamento de Tubos de Esgoto em PVC e PEAD",90697,"TUBO DE PVC PARA REDE COLETORA DE ESGOTO DE PAREDE MACIÇA, DN 250 MM, JUNTA ELÁSTICA - FORNECIMENTO E ASSENTAMENTO. AF_01/2021","M",203.39,0]
["Assentamento de Tubos de Esgoto em PVC e PEAD",90698,"TUBO DE PVC PARA REDE COLETORA DE ESGOTO DE PAREDE MACIÇA, DN 300 MM, JUNTA ELÁSTICA, FORNECIMENTO E ASSENTAMENTO. AF_01/2021","M",310.75,0]
["Assentamento de Tubos de Esgoto em PVC e PEAD",90699,"TUBO DE PVC PARA REDE COLETORA DE ESGOTO DE PAREDE MACIÇA, DN 350 MM, JUNTA ELÁSTICA - FORNECIMENTO E ASSENTAMENTO. AF_01/2021","M",437.3,0]
["Assentamento de Tubos de Esgoto em PVC e PEAD",90700,"TUBO DE PVC PARA REDE COLETORA DE ESGOTO DE PAREDE MACIÇA, DN 400 MM, JUNTA ELÁSTICA FORNECIMENTO E ASSENTAMENTO. AF_01/2021","M",510.92,4.7999999999999996E-3]
["Assentamento de Tubos de PVC e Metálicos em Redes de Água",105378,"ASSENTAMENTO DE CONEXÃO 2 ACESSOS ALINHADOS DE FERRO FUNDIDO PARA REDE DE ÁGUA, DN 100, JUNTA ELÁSTICA, INSTALADO EM LOCAL COM NÍVEL ALTO DE INTERFERÊNCIAS (NÃO INCLUI FORNECIMENTO). AF_05/2024","UN",11.4,0.27539999999999998]
["Assentamento de Tubos de PVC e Metálicos em Redes de Água",105373,"ASSENTAMENTO DE CONEXÃO 2 ACESSOS ALINHADOS DE FERRO FUNDIDO PARA REDE DE ÁGUA, DN 100, JUNTA ELÁSTICA, INSTALADO EM LOCAL COM NÍVEL BAIXO DE INTERFERÊNCIAS (NÃO INCLUI FORNECIMENTO). AF_05/2024","UN",8.9,0.22919999999999999]
["Assentamento de Tubos de PVC e Metálicos em Redes de Água",105380,"ASSENTAMENTO DE CONEXÃO 2 ACESSOS ALINHADOS DE FERRO FUNDIDO PARA REDE DE ÁGUA, DN 1000, JUNTA ELÁSTICA, INSTALADO EM LOCAL COM NÍVEL ALTO DE INTERFERÊNCIAS (NÃO INCLUI FORNECIMENTO). AF_05/2024","UN",92.4,0.2762]
["Assentamento de Tubos de PVC e Metálicos em Redes de Água",105267,"ASSENTAMENTO DE CONEXÃO 2 ACESSOS ALINHADOS DE FERRO FUNDIDO PARA REDE DE ÁGUA, DN 1000, JUNTA ELÁSTICA, INSTALADO EM LOCAL COM NÍVEL BAIXO DE INTERFERÊNCIAS (NÃO INCLUI FORNECIMENTO). AF_05/2024","UN",74.83,0.22140000000000001]
["Assentamento de Tubos de PVC e Metálicos em Redes de Água",105249,"ASSENTAMENTO DE CONEXÃO 2 ACESSOS ALINHADOS DE FERRO FUNDIDO PARA REDE DE ÁGUA, DN 1200, JUNTA ELÁSTICA, INSTALADO EM LOCAL COM NÍVEL ALTO DE INTERFERÊNCIAS (NÃO INCLUI FORNECIMENTO). AF_05/2024","UN",112.71,0.26540000000000002]
["Assentamento de Tubos de PVC e Metálicos em Redes de Água",105268,"ASSENTAMENTO DE CONEXÃO 2 ACESSOS ALINHADOS DE FERRO FUNDIDO PARA REDE DE ÁGUA, DN 1200, JUNTA ELÁSTICA, INSTALADO EM LOCAL COM NÍVEL BAIXO DE INTERFERÊNCIAS (NÃO INCLUI FORNECIMENTO). AF_05/2024","UN",91.99,0.2112]
["Assentamento de Tubos de PVC e Metálicos em Redes de Água",105379,"ASSENTAMENTO DE CONEXÃO 2 ACESSOS ALINHADOS DE FERRO FUNDIDO PARA REDE DE ÁGUA, DN 150, JUNTA ELÁSTICA, INSTALADO EM LOCAL COM NÍVEL ALTO DE INTERFERÊNCIAS (NÃO INCLUI FORNECIMENTO). AF_05/2024","UN",15.09,0.24779999999999999]
["Assentamento de Tubos de PVC e Metálicos em Redes de Água",105388,"ASSENTAMENTO DE CONEXÃO 2 ACESSOS ALINHADOS DE FERRO FUNDIDO PARA REDE DE ÁGUA, DN 150, JUNTA ELÁSTICA, INSTALADO EM LOCAL COM NÍVEL BAIXO DE INTERFERÊNCIAS (NÃO INCLUI FORNECIMENTO). AF_05/2024","UN",12,0.20169999999999999]
["Assentamento de Tubos de PVC e Metálicos em Redes de Água",105392,"ASSENTAMENTO DE CONEXÃO 2 ACESSOS ALINHADOS DE FERRO FUNDIDO PARA REDE DE ÁGUA, DN 200, JUNTA ELÁSTICA, INSTALADO EM LOCAL COM NÍVEL ALTO DE INTERFERÊNCIAS (NÃO INCLUI FORNECIMENTO). AF_05/2024","UN",18.809999999999999,0.23069999999999999]
["Assentamento de Tubos de PVC e Metálicos em Redes de Água",105389,"ASSENTAMENTO DE CONEXÃO 2 ACESSOS ALINHADOS DE FERRO FUNDIDO PARA REDE DE ÁGUA, DN 200, JUNTA ELÁSTICA, INSTALADO EM LOCAL COM NÍVEL BAIXO DE INTERFERÊNCIAS (NÃO INCLUI FORNECIMENTO). AF_05/2024","UN",15.1,0.18609999999999999]
["Assentamento de Tubos de PVC e Metálicos em Redes de Água",105393,"ASSENTAMENTO DE CONEXÃO 2 ACESSOS ALINHADOS DE FERRO FUNDIDO PARA REDE DE ÁGUA, DN 250, JUNTA ELÁSTICA, INSTALADO EM LOCAL COM NÍVEL ALTO DE INTERFERÊNCIAS (NÃO INCLUI FORNECIMENTO). AF_05/2024","UN",22.67,0.21790000000000001]
["Assentamento de Tubos de PVC e Metálicos em Redes de Água",105316,"ASSENTAMENTO DE CONEXÃO 2 ACESSOS ALINHADOS DE FERRO FUNDIDO PARA REDE DE ÁGUA, DN 250, JUNTA ELÁSTICA, INSTALADO EM LOCAL COM NÍVEL BAIXO DE INTERFERÊNCIAS (NÃO INCLUI FORNECIMENTO). AF_05/2024","UN",18.350000000000001,0.1749]
["Assentamento de Tubos de PVC e Metálicos em Redes de Água",105394,"ASSENTAMENTO DE CONEXÃO 2 ACESSOS ALINHADOS DE FERRO FUNDIDO PARA REDE DE ÁGUA, DN 300, JUNTA ELÁSTICA, INSTALADO EM LOCAL COM NÍVEL ALTO DE INTERFERÊNCIAS (NÃO INCLUI FORNECIMENTO). AF_05/2024","UN",26.49,0.20880000000000001]
["Assentamento de Tubos de PVC e Metálicos em Redes de Água",105317,"ASSENTAMENTO DE CONEXÃO 2 ACESSOS ALINHADOS DE FERRO FUNDIDO PARA REDE DE ÁGUA, DN 300, JUNTA ELÁSTICA, INSTALADO EM LOCAL COM NÍVEL BAIXO DE INTERFERÊNCIAS (NÃO INCLUI FORNECIMENTO). AF_05/2024","UN",21.57,0.16639999999999999]
["Assentamento de Tubos de PVC e Metálicos em Redes de Água",105395,"ASSENTAMENTO DE CONEXÃO 2 ACESSOS ALINHADOS DE FERRO FUNDIDO PARA REDE DE ÁGUA, DN 350, JUNTA ELÁSTICA, INSTALADO EM LOCAL COM NÍVEL ALTO DE INTERFERÊNCIAS (NÃO INCLUI FORNECIMENTO). AF_05/2024","UN",30.34,0.20200000000000001]
["Assentamento de Tubos de PVC e Metálicos em Redes de Água",105318,"ASSENTAMENTO DE CONEXÃO 2 ACESSOS ALINHADOS DE FERRO FUNDIDO PARA REDE DE ÁGUA, DN 350, JUNTA ELÁSTICA, INSTALADO EM LOCAL COM NÍVEL BAIXO DE INTERFERÊNCIAS (NÃO INCLUI FORNECIMENTO). AF_05/2024","UN",24.8,0.16009999999999999]
["Assentamento de Tubos de PVC e Metálicos em Redes de Água",105396,"ASSENTAMENTO DE CONEXÃO 2 ACESSOS ALINHADOS DE FERRO FUNDIDO PARA REDE DE ÁGUA, DN 400, JUNTA ELÁSTICA, INSTALADO EM LOCAL COM NÍVEL ALTO DE INTERFERÊNCIAS (NÃO INCLUI FORNECIMENTO). AF_05/2024","UN",34.18,0.19689999999999999]
["Assentamento de Tubos de PVC e Metálicos em Redes de Água",105258,"ASSENTAMENTO DE CONEXÃO 2 ACESSOS ALINHADOS DE FERRO FUNDIDO PARA REDE DE ÁGUA, DN 400, JUNTA ELÁSTICA, INSTALADO EM LOCAL COM NÍVEL BAIXO DE INTERFERÊNCIAS (NÃO INCLUI FORNECIMENTO). AF_05/2024","UN",28.01,0.156]
["Assentamento de Tubos de PVC e Metálicos em Redes de Água",105397,"ASSENTAMENTO DE CONEXÃO 2 ACESSOS ALINHADOS DE FERRO FUNDIDO PARA REDE DE ÁGUA, DN 450, JUNTA ELÁSTICA, INSTALADO EM LOCAL COM NÍVEL ALTO DE INTERFERÊNCIAS (NÃO INCLUI FORNECIMENTO). AF_05/2024","UN",38.119999999999997,0.192]
["Assentamento de Tubos de PVC e Metálicos em Redes de Água",105261,"ASSENTAMENTO DE CONEXÃO 2 ACESSOS ALINHADOS DE FERRO FUNDIDO PARA REDE DE ÁGUA, DN 450, JUNTA ELÁSTICA, INSTALADO EM LOCAL COM NÍVEL BAIXO DE INTERFERÊNCIAS (NÃO INCLUI FORNECIMENTO). AF_05/2024","UN",31.36,0.1515]
["Assentamento de Tubos de PVC e Metálicos em Redes de Água",105398,"ASSENTAMENTO DE CONEXÃO 2 ACESSOS ALINHADOS DE FERRO FUNDIDO PARA REDE DE ÁGUA, DN 500, JUNTA ELÁSTICA, INSTALADO EM LOCAL COM NÍVEL ALTO DE INTERFERÊNCIAS (NÃO INCLUI FORNECIMENTO). AF_05/2024","UN",49.09,0.2964]
["Assentamento de Tubos de PVC e Metálicos em Redes de Água",105262,"ASSENTAMENTO DE CONEXÃO 2 ACESSOS ALINHADOS DE FERRO FUNDIDO PARA REDE DE ÁGUA, DN 500, JUNTA ELÁSTICA, INSTALADO EM LOCAL COM NÍVEL BAIXO DE INTERFERÊNCIAS (NÃO INCLUI FORNECIMENTO). AF_05/2024","UN",39.39,0.2399]
["Assentamento de Tubos de PVC e Metálicos em Redes de Água",105399,"ASSENTAMENTO DE CONEXÃO 2 ACESSOS ALINHADOS DE FERRO FUNDIDO PARA REDE DE ÁGUA, DN 600, JUNTA ELÁSTICA, INSTALADO EM LOCAL COM NÍVEL ALTO DE INTERFERÊNCIAS (NÃO INCLUI FORNECIMENTO). AF_05/2024","UN",58.05,0.28839999999999999]
["Assentamento de Tubos de PVC e Metálicos em Redes de Água",105263,"ASSENTAMENTO DE CONEXÃO 2 ACESSOS ALINHADOS DE FERRO FUNDIDO PARA REDE DE ÁGUA, DN 600, JUNTA ELÁSTICA, INSTALADO EM LOCAL COM NÍVEL BAIXO DE INTERFERÊNCIAS (NÃO INCLUI FORNECIMENTO). AF_05/2024","UN",46.79,0.23230000000000001]
["Assentamento de Tubos de PVC e Metálicos em Redes de Água",105400,"ASSENTAMENTO DE CONEXÃO 2 ACESSOS ALINHADOS DE FERRO FUNDIDO PARA REDE DE ÁGUA, DN 700, JUNTA ELÁSTICA, INSTALADO EM LOCAL COM NÍVEL ALTO DE INTERFERÊNCIAS (NÃO INCLUI FORNECIMENTO). AF_05/2024","UN",66.34,0.28549999999999998]
["Assentamento de Tubos de PVC e Metálicos em Redes de Água",105264,"ASSENTAMENTO DE CONEXÃO 2 ACESSOS ALINHADOS DE FERRO FUNDIDO PARA REDE DE ÁGUA, DN 700, JUNTA ELÁSTICA, INSTALADO EM LOCAL COM NÍVEL BAIXO DE INTERFERÊNCIAS (NÃO INCLUI FORNECIMENTO). AF_05/2024","UN",53.49,0.22989999999999999]
["Assentamento de Tubos de PVC e Metálicos em Redes de Água",105297,"ASSENTAMENTO DE CONEXÃO 2 ACESSOS ALINHADOS DE FERRO FUNDIDO PARA REDE DE ÁGUA, DN 80, JUNTA ELÁSTICA, INSTALADO EM LOCAL COM NÍVEL ALTO DE INTERFERÊNCIAS (NÃO INCLUI FORNECIMENTO). AF_05/2024","UN",9.8699999999999992,0.29480000000000001]
["Assentamento de Tubos de PVC e Metálicos em Redes de Água",105372,"ASSENTAMENTO DE CONEXÃO 2 ACESSOS ALINHADOS DE FERRO FUNDIDO PARA REDE DE ÁGUA, DN 80, JUNTA ELÁSTICA, INSTALADO EM LOCAL COM NÍVEL BAIXO DE INTERFERÊNCIAS (NÃO INCLUI FORNECIMENTO). AF_05/2024","UN",7.64,0.24740000000000001]
["Assentamento de Tubos de PVC e Metálicos em Redes de Água",105401,"ASSENTAMENTO DE CONEXÃO 2 ACESSOS ALINHADOS DE FERRO FUNDIDO PARA REDE DE ÁGUA, DN 800, JUNTA ELÁSTICA, INSTALADO EM LOCAL COM NÍVEL ALTO DE INTERFERÊNCIAS (NÃO INCLUI FORNECIMENTO). AF_05/2024","UN",74.84,0.2823]
["Assentamento de Tubos de PVC e Metálicos em Redes de Água",105265,"ASSENTAMENTO DE CONEXÃO 2 ACESSOS ALINHADOS DE FERRO FUNDIDO PARA REDE DE ÁGUA, DN 800, JUNTA ELÁSTICA, INSTALADO EM LOCAL COM NÍVEL BAIXO DE INTERFERÊNCIAS (NÃO INCLUI FORNECIMENTO). AF_05/2024","UN",60.43,0.22700000000000001]
["Assentamento de Tubos de PVC e Metálicos em Redes de Água",105402,"ASSENTAMENTO DE CONEXÃO 2 ACESSOS ALINHADOS DE FERRO FUNDIDO PARA REDE DE ÁGUA, DN 900, JUNTA ELÁSTICA, INSTALADO EM LOCAL COM NÍVEL ALTO DE INTERFERÊNCIAS (NÃO INCLUI FORNECIMENTO). AF_05/2024","UN",83.58,0.27910000000000001]
["Assentamento de Tubos de PVC e Metálicos em Redes de Água",105266,"ASSENTAMENTO DE CONEXÃO 2 ACESSOS ALINHADOS DE FERRO FUNDIDO PARA REDE DE ÁGUA, DN 900, JUNTA ELÁSTICA, INSTALADO EM LOCAL COM NÍVEL BAIXO DE INTERFERÊNCIAS (NÃO INCLUI FORNECIMENTO). AF_05/2024","UN",67.58,0.22420000000000001]
["Assentamento de Tubos de PVC e Metálicos em Redes de Água",105361,"ASSENTAMENTO DE CONEXÃO 2 ACESSOS ALINHADOS DE PVC PBA PARA REDE DE ÁGUA, DN 100, JUNTA ELÁSTICA INTEGRADA, INSTALADO EM LOCAL COM NÍVEL ALTO DE INTERFERÊNCIAS (NÃO INCLUI FORNECIMENTO). AF_05/2024","UN",16.670000000000002,0]
["Assentamento de Tubos de PVC e Metálicos em Redes de Água",105382,"ASSENTAMENTO DE CONEXÃO 2 ACESSOS ALINHADOS DE PVC PBA PARA REDE DE ÁGUA, DN 100, JUNTA ELÁSTICA INTEGRADA, INSTALADO EM LOCAL COM NÍVEL BAIXO DE INTERFERÊNCIAS (NÃO INCLUI FORNECIMENTO). AF_05/2024","UN",13.8,0]
["Assentamento de Tubos de PVC e Metálicos em Redes de Água",105359,"ASSENTAMENTO DE CONEXÃO 2 ACESSOS ALINHADOS DE PVC PBA PARA REDE DE ÁGUA, DN 50, JUNTA ELÁSTICA INTEGRADA, INSTALADO EM LOCAL COM NÍVEL ALTO DE INTERFERÊNCIAS (NÃO INCLUI FORNECIMENTO). AF_05/2024","UN",11.82,0]
["Assentamento de Tubos de PVC e Metálicos em Redes de Água",105315,"ASSENTAMENTO DE CONEXÃO 2 ACESSOS ALINHADOS DE PVC PBA PARA REDE DE ÁGUA, DN 50, JUNTA ELÁSTICA INTEGRADA, INSTALADO EM LOCAL COM NÍVEL BAIXO DE INTERFERÊNCIAS (NÃO INCLUI FORNECIMENTO). AF_05/2024","UN",9.6999999999999993,0]
["Assentamento de Tubos de PVC e Metálicos em Redes de Água",105360,"ASSENTAMENTO DE CONEXÃO 2 ACESSOS ALINHADOS DE PVC PBA PARA REDE DE ÁGUA, DN 75, JUNTA ELÁSTICA INTEGRADA, INSTALADO EM LOCAL COM NÍVEL ALTO DE INTERFERÊNCIAS (NÃO INCLUI FORNECIMENTO). AF_05/2024","UN",14.33,0]
["Assentamento de Tubos de PVC e Metálicos em Redes de Água",105381,"ASSENTAMENTO DE CONEXÃO 2 ACESSOS ALINHADOS DE PVC PBA PARA REDE DE ÁGUA, DN 75, JUNTA ELÁSTICA INTEGRADA, INSTALADO EM LOCAL COM NÍVEL BAIXO DE INTERFERÊNCIAS (NÃO INCLUI FORNECIMENTO). AF_05/2024","UN",11.83,0]
["Assentamento de Tubos de PVC e Metálicos em Redes de Água",105251,"ASSENTAMENTO DE CONEXÃO 2 ACESSOS INCLINADOS DE FERRO FUNDIDO PARA REDE DE ÁGUA, DN 100, JUNTA ELÁSTICA, INSTALADO EM LOCAL COM NÍVEL ALTO DE INTERFERÊNCIAS (NÃO INCLUI FORNECIMENTO). AF_05/2024","UN",16.7,0.28260000000000002]
["Assentamento de Tubos de PVC e Metálicos em Redes de Água",105282,"ASSENTAMENTO DE CONEXÃO 2 ACESSOS INCLINADOS DE FERRO FUNDIDO PARA REDE DE ÁGUA, DN 100, JUNTA ELÁSTICA, INSTALADO EM LOCAL COM NÍVEL BAIXO DE INTERFERÊNCIAS (NÃO INCLUI FORNECIMENTO). AF_05/2024","UN",12.96,0.2361]
["Assentamento de Tubos de PVC e Metálicos em Redes de Água",105276,"ASSENTAMENTO DE CONEXÃO 2 ACESSOS INCLINADOS DE FERRO FUNDIDO PARA REDE DE ÁGUA, DN 1000, JUNTA ELÁSTICA, INSTALADO EM LOCAL COM NÍVEL ALTO DE INTERFERÊNCIAS (NÃO INCLUI FORNECIMENTO). AF_05/2024","UN",135.02000000000001,0.28339999999999999]
["Assentamento de Tubos de PVC e Metálicos em Redes de Água",105341,"ASSENTAMENTO DE CONEXÃO 2 ACESSOS INCLINADOS DE FERRO FUNDIDO PARA REDE DE ÁGUA, DN 1000, JUNTA ELÁSTICA, INSTALADO EM LOCAL COM NÍVEL BAIXO DE INTERFERÊNCIAS (NÃO INCLUI FORNECIMENTO). AF_05/2024","UN",108.68,0.22869999999999999]
["Assentamento de Tubos de PVC e Metálicos em Redes de Água",105277,"ASSENTAMENTO DE CONEXÃO 2 ACESSOS INCLINADOS DE FERRO FUNDIDO PARA REDE DE ÁGUA, DN 1200, JUNTA ELÁSTICA, INSTALADO EM LOCAL COM NÍVEL ALTO DE INTERFERÊNCIAS (NÃO INCLUI FORNECIMENTO). AF_05/2024","UN",163.29,0.2747]
["Assentamento de Tubos de PVC e Metálicos em Redes de Água",105342,"ASSENTAMENTO DE CONEXÃO 2 ACESSOS INCLINADOS DE FERRO FUNDIDO PARA REDE DE ÁGUA, DN 1200, JUNTA ELÁSTICA, INSTALADO EM LOCAL COM NÍVEL BAIXO DE INTERFERÊNCIAS (NÃO INCLUI FORNECIMENTO). AF_05/2024","UN",132.22999999999999,0.2203]
["Assentamento de Tubos de PVC e Metálicos em Redes de Água",105252,"ASSENTAMENTO DE CONEXÃO 2 ACESSOS INCLINADOS DE FERRO FUNDIDO PARA REDE DE ÁGUA, DN 150, JUNTA ELÁSTICA, INSTALADO EM LOCAL COM NÍVEL ALTO DE INTERFERÊNCIAS (NÃO INCLUI FORNECIMENTO). AF_05/2024","UN",22.12,0.25359999999999999]
["Assentamento de Tubos de PVC e Metálicos em Redes de Água",105298,"ASSENTAMENTO DE CONEXÃO 2 ACESSOS INCLINADOS DE FERRO FUNDIDO PARA REDE DE ÁGUA, DN 150, JUNTA ELÁSTICA, INSTALADO EM LOCAL COM NÍVEL BAIXO DE INTERFERÊNCIAS (NÃO INCLUI FORNECIMENTO). AF_05/2024","UN",17.47,0.2084]
["Assentamento de Tubos de PVC e Metálicos em Redes de Água",105253,"ASSENTAMENTO DE CONEXÃO 2 ACESSOS INCLINADOS DE FERRO FUNDIDO PARA REDE DE ÁGUA, DN 200, JUNTA ELÁSTICA, INSTALADO EM LOCAL COM NÍVEL ALTO DE INTERFERÊNCIAS (NÃO INCLUI FORNECIMENTO). AF_05/2024","UN",27.58,0.2364]
["Assentamento de Tubos de PVC e Metálicos em Redes de Água",105299,"ASSENTAMENTO DE CONEXÃO 2 ACESSOS INCLINADOS DE FERRO FUNDIDO PARA REDE DE ÁGUA, DN 200, JUNTA ELÁSTICA, INSTALADO EM LOCAL COM NÍVEL BAIXO DE INTERFERÊNCIAS (NÃO INCLUI FORNECIMENTO). AF_05/2024","UN",21.99,0.19239999999999999]
["Assentamento de Tubos de PVC e Metálicos em Redes de Água",105254,"ASSENTAMENTO DE CONEXÃO 2 ACESSOS INCLINADOS DE FERRO FUNDIDO PARA REDE DE ÁGUA, DN 250, JUNTA ELÁSTICA, INSTALADO EM LOCAL COM NÍVEL ALTO DE INTERFERÊNCIAS (NÃO INCLUI FORNECIMENTO). AF_05/2024","UN",33.15,0.2235]
["Assentamento de Tubos de PVC e Metálicos em Redes de Água",105300,"ASSENTAMENTO DE CONEXÃO 2 ACESSOS INCLINADOS DE FERRO FUNDIDO PARA REDE DE ÁGUA, DN 250, JUNTA ELÁSTICA, INSTALADO EM LOCAL COM NÍVEL BAIXO DE INTERFERÊNCIAS (NÃO INCLUI FORNECIMENTO). AF_05/2024","UN",26.65,0.18049999999999999]
["Assentamento de Tubos de PVC e Metálicos em Redes de Água",105255,"ASSENTAMENTO DE CONEXÃO 2 ACESSOS INCLINADOS DE FERRO FUNDIDO PARA REDE DE ÁGUA, DN 300, JUNTA ELÁSTICA, INSTALADO EM LOCAL COM NÍVEL ALTO DE INTERFERÊNCIAS (NÃO INCLUI FORNECIMENTO). AF_05/2024","UN",38.71,0.2147]
["Assentamento de Tubos de PVC e Metálicos em Redes de Água",105301,"ASSENTAMENTO DE CONEXÃO 2 ACESSOS INCLINADOS DE FERRO FUNDIDO PARA REDE DE ÁGUA, DN 300, JUNTA ELÁSTICA, INSTALADO EM LOCAL COM NÍVEL BAIXO DE INTERFERÊNCIAS (NÃO INCLUI FORNECIMENTO). AF_05/2024","UN",31.31,0.1721]
["Assentamento de Tubos de PVC e Metálicos em Redes de Água",105256,"ASSENTAMENTO DE CONEXÃO 2 ACESSOS INCLINADOS DE FERRO FUNDIDO PARA REDE DE ÁGUA, DN 350, JUNTA ELÁSTICA, INSTALADO EM LOCAL COM NÍVEL ALTO DE INTERFERÊNCIAS (NÃO INCLUI FORNECIMENTO). AF_05/2024","UN",44.28,0.20780000000000001]
["Assentamento de Tubos de PVC e Metálicos em Redes de Água",105302,"ASSENTAMENTO DE CONEXÃO 2 ACESSOS INCLINADOS DE FERRO FUNDIDO PARA REDE DE ÁGUA, DN 350, JUNTA ELÁSTICA, INSTALADO EM LOCAL COM NÍVEL BAIXO DE INTERFERÊNCIAS (NÃO INCLUI FORNECIMENTO). AF_05/2024","UN",35.96,0.16600000000000001]
["Assentamento de Tubos de PVC e Metálicos em Redes de Água",105257,"ASSENTAMENTO DE CONEXÃO 2 ACESSOS INCLINADOS DE FERRO FUNDIDO PARA REDE DE ÁGUA, DN 400, JUNTA ELÁSTICA, INSTALADO EM LOCAL COM NÍVEL ALTO DE INTERFERÊNCIAS (NÃO INCLUI FORNECIMENTO). AF_05/2024","UN",49.83,0.20269999999999999]
["Assentamento de Tubos de PVC e Metálicos em Redes de Água",105303,"ASSENTAMENTO DE CONEXÃO 2 ACESSOS INCLINADOS DE FERRO FUNDIDO PARA REDE DE ÁGUA, DN 400, JUNTA ELÁSTICA, INSTALADO EM LOCAL COM NÍVEL BAIXO DE INTERFERÊNCIAS (NÃO INCLUI FORNECIMENTO). AF_05/2024","UN",40.6,0.16159999999999999]
["Assentamento de Tubos de PVC e Metálicos em Redes de Água",105270,"ASSENTAMENTO DE CONEXÃO 2 ACESSOS INCLINADOS DE FERRO FUNDIDO PARA REDE DE ÁGUA, DN 450, JUNTA ELÁSTICA, INSTALADO EM LOCAL COM NÍVEL ALTO DE INTERFERÊNCIAS (NÃO INCLUI FORNECIMENTO). AF_05/2024","UN",55.53,0.19789999999999999]
["Assentamento de Tubos de PVC e Metálicos em Redes de Água",105304,"ASSENTAMENTO DE CONEXÃO 2 ACESSOS INCLINADOS DE FERRO FUNDIDO PARA REDE DE ÁGUA, DN 450, JUNTA ELÁSTICA, INSTALADO EM LOCAL COM NÍVEL BAIXO DE INTERFERÊNCIAS (NÃO INCLUI FORNECIMENTO). AF_05/2024","UN",45.39,0.1573]
["Assentamento de Tubos de PVC e Metálicos em Redes de Água",105271,"ASSENTAMENTO DE CONEXÃO 2 ACESSOS INCLINADOS DE FERRO FUNDIDO PARA REDE DE ÁGUA, DN 500, JUNTA ELÁSTICA, INSTALADO EM LOCAL COM NÍVEL ALTO DE INTERFERÊNCIAS (NÃO INCLUI FORNECIMENTO). AF_05/2024","UN",71.760000000000005,0.30409999999999998]
["Assentamento de Tubos de PVC e Metálicos em Redes de Água",105305,"ASSENTAMENTO DE CONEXÃO 2 ACESSOS INCLINADOS DE FERRO FUNDIDO PARA REDE DE ÁGUA, DN 500, JUNTA ELÁSTICA, INSTALADO EM LOCAL COM NÍVEL BAIXO DE INTERFERÊNCIAS (NÃO INCLUI FORNECIMENTO). AF_05/2024","UN",57.22,0.24759999999999999]
["Assentamento de Tubos de PVC e Metálicos em Redes de Água",105272,"ASSENTAMENTO DE CONEXÃO 2 ACESSOS INCLINADOS DE FERRO FUNDIDO PARA REDE DE ÁGUA, DN 600, JUNTA ELÁSTICA, INSTALADO EM LOCAL COM NÍVEL ALTO DE INTERFERÊNCIAS (NÃO INCLUI FORNECIMENTO). AF_05/2024","UN",84.73,0.29649999999999999]
["Assentamento de Tubos de PVC e Metálicos em Redes de Água",105306,"ASSENTAMENTO DE CONEXÃO 2 ACESSOS INCLINADOS DE FERRO FUNDIDO PARA REDE DE ÁGUA, DN 600, JUNTA ELÁSTICA, INSTALADO EM LOCAL COM NÍVEL BAIXO DE INTERFERÊNCIAS (NÃO INCLUI FORNECIMENTO). AF_05/2024","UN",67.819999999999993,0.24049999999999999]
["Assentamento de Tubos de PVC e Metálicos em Redes de Água",105273,"ASSENTAMENTO DE CONEXÃO 2 ACESSOS INCLINADOS DE FERRO FUNDIDO PARA REDE DE ÁGUA, DN 700, JUNTA ELÁSTICA, INSTALADO EM LOCAL COM NÍVEL ALTO DE INTERFERÊNCIAS (NÃO INCLUI FORNECIMENTO). AF_05/2024","UN",96.98,0.2928]
["Assentamento de Tubos de PVC e Metálicos em Redes de Água",105307,"ASSENTAMENTO DE CONEXÃO 2 ACESSOS INCLINADOS DE FERRO FUNDIDO PARA REDE DE ÁGUA, DN 700, JUNTA ELÁSTICA, INSTALADO EM LOCAL COM NÍVEL BAIXO DE INTERFERÊNCIAS (NÃO INCLUI FORNECIMENTO). AF_05/2024","UN",77.72,0.23730000000000001]
["Assentamento de Tubos de PVC e Metálicos em Redes de Água",105250,"ASSENTAMENTO DE CONEXÃO 2 ACESSOS INCLINADOS DE FERRO FUNDIDO PARA REDE DE ÁGUA, DN 80, JUNTA ELÁSTICA, INSTALADO EM LOCAL COM NÍVEL ALTO DE INTERFERÊNCIAS (NÃO INCLUI FORNECIMENTO). AF_05/2024","UN",14.47,0.30199999999999999]
["Assentamento de Tubos de PVC e Metálicos em Redes de Água",105269,"ASSENTAMENTO DE CONEXÃO 2 ACESSOS INCLINADOS DE FERRO FUNDIDO PARA REDE DE ÁGUA, DN 80, JUNTA ELÁSTICA, INSTALADO EM LOCAL COM NÍVEL BAIXO DE INTERFERÊNCIAS (NÃO INCLUI FORNECIMENTO). AF_05/2024","UN",11.11,0.25469999999999998]
["Assentamento de Tubos de PVC e Metálicos em Redes de Água",105274,"ASSENTAMENTO DE CONEXÃO 2 ACESSOS INCLINADOS DE FERRO FUNDIDO PARA REDE DE ÁGUA, DN 800, JUNTA ELÁSTICA, INSTALADO EM LOCAL COM NÍVEL ALTO DE INTERFERÊNCIAS (NÃO INCLUI FORNECIMENTO). AF_05/2024","UN",109.49,0.28939999999999999]
["Assentamento de Tubos de PVC e Metálicos em Redes de Água",105340,"ASSENTAMENTO DE CONEXÃO 2 ACESSOS INCLINADOS DE FERRO FUNDIDO PARA REDE DE ÁGUA, DN 800, JUNTA ELÁSTICA, INSTALADO EM LOCAL COM NÍVEL BAIXO DE INTERFERÊNCIAS (NÃO INCLUI FORNECIMENTO). AF_05/2024","UN",87.87,0.23419999999999999]
["Assentamento de Tubos de PVC e Metálicos em Redes de Água",105275,"ASSENTAMENTO DE CONEXÃO 2 ACESSOS INCLINADOS DE FERRO FUNDIDO PARA REDE DE ÁGUA, DN 900, JUNTA ELÁSTICA, INSTALADO EM LOCAL COM NÍVEL ALTO DE INTERFERÊNCIAS (NÃO INCLUI FORNECIMENTO). AF_05/2024","UN",122.19,0.28639999999999999]
["Assentamento de Tubos de PVC e Metálicos em Redes de Água",105390,"ASSENTAMENTO DE CONEXÃO 2 ACESSOS INCLINADOS DE FERRO FUNDIDO PARA REDE DE ÁGUA, DN 900, JUNTA ELÁSTICA, INSTALADO EM LOCAL COM NÍVEL BAIXO DE INTERFERÊNCIAS (NÃO INCLUI FORNECIMENTO). AF_05/2024","UN",98.21,0.23130000000000001]
["Assentamento de Tubos de PVC e Metálicos em Redes de Água",105364,"ASSENTAMENTO DE CONEXÃO 2 ACESSOS INCLINADOS DE PVC PBA PARA REDE DE ÁGUA, DN 100, JUNTA ELÁSTICA INTEGRADA, INSTALADO EM LOCAL COM NÍVEL ALTO DE INTERFERÊNCIAS (NÃO INCLUI FORNECIMENTO). AF_05/2024","UN",24.3,0]
["Assentamento de Tubos de PVC e Metálicos em Redes de Água",105385,"ASSENTAMENTO DE CONEXÃO 2 ACESSOS INCLINADOS DE PVC PBA PARA REDE DE ÁGUA, DN 100, JUNTA ELÁSTICA INTEGRADA, INSTALADO EM LOCAL COM NÍVEL BAIXO DE INTERFERÊNCIAS (NÃO INCLUI FORNECIMENTO). AF_05/2024","UN",19.989999999999998,0]
["Assentamento de Tubos de PVC e Metálicos em Redes de Água",105362,"ASSENTAMENTO DE CONEXÃO 2 ACESSOS INCLINADOS DE PVC PBA PARA REDE DE ÁGUA, DN 50, JUNTA ELÁSTICA INTEGRADA, INSTALADO EM LOCAL COM NÍVEL ALTO DE INTERFERÊNCIAS (NÃO INCLUI FORNECIMENTO). AF_05/2024","UN",17.41,0]
["Assentamento de Tubos de PVC e Metálicos em Redes de Água",105383,"ASSENTAMENTO DE CONEXÃO 2 ACESSOS INCLINADOS DE PVC PBA PARA REDE DE ÁGUA, DN 50, JUNTA ELÁSTICA INTEGRADA, INSTALADO EM LOCAL COM NÍVEL BAIXO DE INTERFERÊNCIAS (NÃO INCLUI FORNECIMENTO). AF_05/2024","UN",14.25,0]
["Assentamento de Tubos de PVC e Metálicos em Redes de Água",105363,"ASSENTAMENTO DE CONEXÃO 2 ACESSOS INCLINADOS DE PVC PBA PARA REDE DE ÁGUA, DN 75, JUNTA ELÁSTICA INTEGRADA, INSTALADO EM LOCAL COM NÍVEL ALTO DE INTERFERÊNCIAS (NÃO INCLUI FORNECIMENTO). AF_05/2024","UN",20.93,0]
["Assentamento de Tubos de PVC e Metálicos em Redes de Água",105384,"ASSENTAMENTO DE CONEXÃO 2 ACESSOS INCLINADOS DE PVC PBA PARA REDE DE ÁGUA, DN 75, JUNTA ELÁSTICA INTEGRADA, INSTALADO EM LOCAL COM NÍVEL BAIXO DE INTERFERÊNCIAS (NÃO INCLUI FORNECIMENTO). AF_05/2024","UN",17.190000000000001,0]
["Assentamento de Tubos de PVC e Metálicos em Redes de Água",105279,"ASSENTAMENTO DE CONEXÃO 3 ACESSOS DE FERRO FUNDIDO PARA REDE DE ÁGUA, DN 100, JUNTA ELÁSTICA, INSTALADO EM LOCAL COM NÍVEL ALTO DE INTERFERÊNCIAS (NÃO INCLUI FORNECIMENTO). AF_05/2024","UN",22.83,0.27600000000000002]
["Assentamento de Tubos de PVC e Metálicos em Redes de Água",105259,"ASSENTAMENTO DE CONEXÃO 3 ACESSOS DE FERRO FUNDIDO PARA REDE DE ÁGUA, DN 100, JUNTA ELÁSTICA, INSTALADO EM LOCAL COM NÍVEL BAIXO DE INTERFERÊNCIAS (NÃO INCLUI FORNECIMENTO). AF_05/2024","UN",17.84,0.2293]
["Assentamento de Tubos de PVC e Metálicos em Redes de Água",105357,"ASSENTAMENTO DE CONEXÃO 3 ACESSOS DE FERRO FUNDIDO PARA REDE DE ÁGUA, DN 1000, JUNTA ELÁSTICA, INSTALADO EM LOCAL COM NÍVEL ALTO DE INTERFERÊNCIAS (NÃO INCLUI FORNECIMENTO). AF_05/2024","UN",184.81,0.2762]
["Assentamento de Tubos de PVC e Metálicos em Redes de Água",105346,"ASSENTAMENTO DE CONEXÃO 3 ACESSOS DE FERRO FUNDIDO PARA REDE DE ÁGUA, DN 1000, JUNTA ELÁSTICA, INSTALADO EM LOCAL COM NÍVEL BAIXO DE INTERFERÊNCIAS (NÃO INCLUI FORNECIMENTO). AF_05/2024","UN",149.69999999999999,0.22140000000000001]
["Assentamento de Tubos de PVC e Metálicos em Redes de Água",105358,"ASSENTAMENTO DE CONEXÃO 3 ACESSOS DE FERRO FUNDIDO PARA REDE DE ÁGUA, DN 1200, JUNTA ELÁSTICA, INSTALADO EM LOCAL COM NÍVEL ALTO DE INTERFERÊNCIAS (NÃO INCLUI FORNECIMENTO). AF_05/2024","UN",225.41,0.26529999999999998]
["Assentamento de Tubos de PVC e Metálicos em Redes de Água",105347,"ASSENTAMENTO DE CONEXÃO 3 ACESSOS DE FERRO FUNDIDO PARA REDE DE ÁGUA, DN 1200, JUNTA ELÁSTICA, INSTALADO EM LOCAL COM NÍVEL BAIXO DE INTERFERÊNCIAS (NÃO INCLUI FORNECIMENTO). AF_05/2024","UN",183.98,0.21110000000000001]
["Assentamento de Tubos de PVC e Metálicos em Redes de Água",105280,"ASSENTAMENTO DE CONEXÃO 3 ACESSOS DE FERRO FUNDIDO PARA REDE DE ÁGUA, DN 150, JUNTA ELÁSTICA, INSTALADO EM LOCAL COM NÍVEL ALTO DE INTERFERÊNCIAS (NÃO INCLUI FORNECIMENTO). AF_05/2024","UN",30.23,0.24779999999999999]
["Assentamento de Tubos de PVC e Metálicos em Redes de Água",105283,"ASSENTAMENTO DE CONEXÃO 3 ACESSOS DE FERRO FUNDIDO PARA REDE DE ÁGUA, DN 150, JUNTA ELÁSTICA, INSTALADO EM LOCAL COM NÍVEL BAIXO DE INTERFERÊNCIAS (NÃO INCLUI FORNECIMENTO). AF_05/2024","UN",24.04,0.20219999999999999]
["Assentamento de Tubos de PVC e Metálicos em Redes de Água",105281,"ASSENTAMENTO DE CONEXÃO 3 ACESSOS DE FERRO FUNDIDO PARA REDE DE ÁGUA, DN 200, JUNTA ELÁSTICA, INSTALADO EM LOCAL COM NÍVEL ALTO DE INTERFERÊNCIAS (NÃO INCLUI FORNECIMENTO). AF_05/2024","UN",37.65,0.23050000000000001]
["Assentamento de Tubos de PVC e Metálicos em Redes de Água",105319,"ASSENTAMENTO DE CONEXÃO 3 ACESSOS DE FERRO FUNDIDO PARA REDE DE ÁGUA, DN 200, JUNTA ELÁSTICA, INSTALADO EM LOCAL COM NÍVEL BAIXO DE INTERFERÊNCIAS (NÃO INCLUI FORNECIMENTO). AF_05/2024","UN",30.23,0.18659999999999999]
["Assentamento de Tubos de PVC e Metálicos em Redes de Água",105284,"ASSENTAMENTO DE CONEXÃO 3 ACESSOS DE FERRO FUNDIDO PARA REDE DE ÁGUA, DN 250, JUNTA ELÁSTICA, INSTALADO EM LOCAL COM NÍVEL ALTO DE INTERFERÊNCIAS (NÃO INCLUI FORNECIMENTO). AF_05/2024","UN",45.36,0.218]
["Assentamento de Tubos de PVC e Metálicos em Redes de Água",105320,"ASSENTAMENTO DE CONEXÃO 3 ACESSOS DE FERRO FUNDIDO PARA REDE DE ÁGUA, DN 250, JUNTA ELÁSTICA, INSTALADO EM LOCAL COM NÍVEL BAIXO DE INTERFERÊNCIAS (NÃO INCLUI FORNECIMENTO). AF_05/2024","UN",36.72,0.17480000000000001]
["Assentamento de Tubos de PVC e Metálicos em Redes de Água",105348,"ASSENTAMENTO DE CONEXÃO 3 ACESSOS DE FERRO FUNDIDO PARA REDE DE ÁGUA, DN 300, JUNTA ELÁSTICA, INSTALADO EM LOCAL COM NÍVEL ALTO DE INTERFERÊNCIAS (NÃO INCLUI FORNECIMENTO). AF_05/2024","UN",53.03,0.2089]
["Assentamento de Tubos de PVC e Metálicos em Redes de Água",105321,"ASSENTAMENTO DE CONEXÃO 3 ACESSOS DE FERRO FUNDIDO PARA REDE DE ÁGUA, DN 300, JUNTA ELÁSTICA, INSTALADO EM LOCAL COM NÍVEL BAIXO DE INTERFERÊNCIAS (NÃO INCLUI FORNECIMENTO). AF_05/2024","UN",43.16,0.1668]
["Assentamento de Tubos de PVC e Metálicos em Redes de Água",105349,"ASSENTAMENTO DE CONEXÃO 3 ACESSOS DE FERRO FUNDIDO PARA REDE DE ÁGUA, DN 350, JUNTA ELÁSTICA, INSTALADO EM LOCAL COM NÍVEL ALTO DE INTERFERÊNCIAS (NÃO INCLUI FORNECIMENTO). AF_05/2024","UN",60.72,0.2021]
["Assentamento de Tubos de PVC e Metálicos em Redes de Água",105322,"ASSENTAMENTO DE CONEXÃO 3 ACESSOS DE FERRO FUNDIDO PARA REDE DE ÁGUA, DN 350, JUNTA ELÁSTICA, INSTALADO EM LOCAL COM NÍVEL BAIXO DE INTERFERÊNCIAS (NÃO INCLUI FORNECIMENTO). AF_05/2024","UN",49.61,0.1605]
["Assentamento de Tubos de PVC e Metálicos em Redes de Água",105350,"ASSENTAMENTO DE CONEXÃO 3 ACESSOS DE FERRO FUNDIDO PARA REDE DE ÁGUA, DN 400, JUNTA ELÁSTICA, INSTALADO EM LOCAL COM NÍVEL ALTO DE INTERFERÊNCIAS (NÃO INCLUI FORNECIMENTO). AF_05/2024","UN",68.37,0.19700000000000001]
["Assentamento de Tubos de PVC e Metálicos em Redes de Água",105323,"ASSENTAMENTO DE CONEXÃO 3 ACESSOS DE FERRO FUNDIDO PARA REDE DE ÁGUA, DN 400, JUNTA ELÁSTICA, INSTALADO EM LOCAL COM NÍVEL BAIXO DE INTERFERÊNCIAS (NÃO INCLUI FORNECIMENTO). AF_05/2024","UN",56.06,0.15609999999999999]
["Assentamento de Tubos de PVC e Metálicos em Redes de Água",105351,"ASSENTAMENTO DE CONEXÃO 3 ACESSOS DE FERRO FUNDIDO PARA REDE DE ÁGUA, DN 450, JUNTA ELÁSTICA, INSTALADO EM LOCAL COM NÍVEL ALTO DE INTERFERÊNCIAS (NÃO INCLUI FORNECIMENTO). AF_05/2024","UN",76.290000000000006,0.1923]
["Assentamento de Tubos de PVC e Metálicos em Redes de Água",105324,"ASSENTAMENTO DE CONEXÃO 3 ACESSOS DE FERRO FUNDIDO PARA REDE DE ÁGUA, DN 450, JUNTA ELÁSTICA, INSTALADO EM LOCAL COM NÍVEL BAIXO DE INTERFERÊNCIAS (NÃO INCLUI FORNECIMENTO). AF_05/2024","UN",62.76,0.15179999999999999]
["Assentamento de Tubos de PVC e Metálicos em Redes de Água",105352,"ASSENTAMENTO DE CONEXÃO 3 ACESSOS DE FERRO FUNDIDO PARA REDE DE ÁGUA, DN 500, JUNTA ELÁSTICA, INSTALADO EM LOCAL COM NÍVEL ALTO DE INTERFERÊNCIAS (NÃO INCLUI FORNECIMENTO). AF_05/2024","UN",98.22,0.29630000000000001]
["Assentamento de Tubos de PVC e Metálicos em Redes de Água",105325,"ASSENTAMENTO DE CONEXÃO 3 ACESSOS DE FERRO FUNDIDO PARA REDE DE ÁGUA, DN 500, JUNTA ELÁSTICA, INSTALADO EM LOCAL COM NÍVEL BAIXO DE INTERFERÊNCIAS (NÃO INCLUI FORNECIMENTO). AF_05/2024","UN",78.8,0.2397]
["Assentamento de Tubos de PVC e Metálicos em Redes de Água",105353,"ASSENTAMENTO DE CONEXÃO 3 ACESSOS DE FERRO FUNDIDO PARA REDE DE ÁGUA, DN 600, JUNTA ELÁSTICA, INSTALADO EM LOCAL COM NÍVEL ALTO DE INTERFERÊNCIAS (NÃO INCLUI FORNECIMENTO). AF_05/2024","UN",116.16,0.2883]
["Assentamento de Tubos de PVC e Metálicos em Redes de Água",105326,"ASSENTAMENTO DE CONEXÃO 3 ACESSOS DE FERRO FUNDIDO PARA REDE DE ÁGUA, DN 600, JUNTA ELÁSTICA, INSTALADO EM LOCAL COM NÍVEL BAIXO DE INTERFERÊNCIAS (NÃO INCLUI FORNECIMENTO). AF_05/2024","UN",93.61,0.23230000000000001]
["Assentamento de Tubos de PVC e Metálicos em Redes de Água",105354,"ASSENTAMENTO DE CONEXÃO 3 ACESSOS DE FERRO FUNDIDO PARA REDE DE ÁGUA, DN 700, JUNTA ELÁSTICA, INSTALADO EM LOCAL COM NÍVEL ALTO DE INTERFERÊNCIAS (NÃO INCLUI FORNECIMENTO). AF_05/2024","UN",132.68,0.28549999999999998]
["Assentamento de Tubos de PVC e Metálicos em Redes de Água",105344,"ASSENTAMENTO DE CONEXÃO 3 ACESSOS DE FERRO FUNDIDO PARA REDE DE ÁGUA, DN 700, JUNTA ELÁSTICA, INSTALADO EM LOCAL COM NÍVEL BAIXO DE INTERFERÊNCIAS (NÃO INCLUI FORNECIMENTO). AF_05/2024","UN",106.99,0.22989999999999999]
["Assentamento de Tubos de PVC e Metálicos em Redes de Água",105278,"ASSENTAMENTO DE CONEXÃO 3 ACESSOS DE FERRO FUNDIDO PARA REDE DE ÁGUA, DN 80, JUNTA ELÁSTICA, INSTALADO EM LOCAL COM NÍVEL ALTO DE INTERFERÊNCIAS (NÃO INCLUI FORNECIMENTO). AF_05/2024","UN",19.79,0.29409999999999997]
["Assentamento de Tubos de PVC e Metálicos em Redes de Água",105343,"ASSENTAMENTO DE CONEXÃO 3 ACESSOS DE FERRO FUNDIDO PARA REDE DE ÁGUA, DN 80, JUNTA ELÁSTICA, INSTALADO EM LOCAL COM NÍVEL BAIXO DE INTERFERÊNCIAS (NÃO INCLUI FORNECIMENTO). AF_05/2024","UN",15.29,0.24660000000000001]
["Assentamento de Tubos de PVC e Metálicos em Redes de Água",105355,"ASSENTAMENTO DE CONEXÃO 3 ACESSOS DE FERRO FUNDIDO PARA REDE DE ÁGUA, DN 800, JUNTA ELÁSTICA, INSTALADO EM LOCAL COM NÍVEL ALTO DE INTERFERÊNCIAS (NÃO INCLUI FORNECIMENTO). AF_05/2024","UN",149.72,0.2823]
["Assentamento de Tubos de PVC e Metálicos em Redes de Água",105391,"ASSENTAMENTO DE CONEXÃO 3 ACESSOS DE FERRO FUNDIDO PARA REDE DE ÁGUA, DN 800, JUNTA ELÁSTICA, INSTALADO EM LOCAL COM NÍVEL BAIXO DE INTERFERÊNCIAS (NÃO INCLUI FORNECIMENTO). AF_05/2024","UN",120.88,0.22700000000000001]
["Assentamento de Tubos de PVC e Metálicos em Redes de Água",105356,"ASSENTAMENTO DE CONEXÃO 3 ACESSOS DE FERRO FUNDIDO PARA REDE DE ÁGUA, DN 900, JUNTA ELÁSTICA, INSTALADO EM LOCAL COM NÍVEL ALTO DE INTERFERÊNCIAS (NÃO INCLUI FORNECIMENTO). AF_05/2024","UN",167.16,0.27910000000000001]
["Assentamento de Tubos de PVC e Metálicos em Redes de Água",105345,"ASSENTAMENTO DE CONEXÃO 3 ACESSOS DE FERRO FUNDIDO PARA REDE DE ÁGUA, DN 900, JUNTA ELÁSTICA, INSTALADO EM LOCAL COM NÍVEL BAIXO DE INTERFERÊNCIAS (NÃO INCLUI FORNECIMENTO). AF_05/2024","UN",135.18,0.22409999999999999]
["Assentamento de Tubos de PVC e Metálicos em Redes de Água",105367,"ASSENTAMENTO DE CONEXÃO 3 ACESSOS DE PVC PBA PARA REDE DE ÁGUA, DN 100, JUNTA ELÁSTICA INTEGRADA, INSTALADO EM LOCAL COM NÍVEL ALTO DE INTERFERÊNCIAS (NÃO INCLUI FORNECIMENTO). AF_05/2024","UN",33.35,0]
["Assentamento de Tubos de PVC e Metálicos em Redes de Água",105371,"ASSENTAMENTO DE CONEXÃO 3 ACESSOS DE PVC PBA PARA REDE DE ÁGUA, DN 100, JUNTA ELÁSTICA INTEGRADA, INSTALADO EM LOCAL COM NÍVEL BAIXO DE INTERFERÊNCIAS (NÃO INCLUI FORNECIMENTO). AF_05/2024","UN",27.59,0]
["Assentamento de Tubos de PVC e Metálicos em Redes de Água",105365,"ASSENTAMENTO DE CONEXÃO 3 ACESSOS DE PVC PBA PARA REDE DE ÁGUA, DN 50, JUNTA ELÁSTICA INTEGRADA, INSTALADO EM LOCAL COM NÍVEL ALTO DE INTERFERÊNCIAS (NÃO INCLUI FORNECIMENTO). AF_05/2024","UN",23.65,0]
["Assentamento de Tubos de PVC e Metálicos em Redes de Água",105386,"ASSENTAMENTO DE CONEXÃO 3 ACESSOS DE PVC PBA PARA REDE DE ÁGUA, DN 50, JUNTA ELÁSTICA INTEGRADA, INSTALADO EM LOCAL COM NÍVEL BAIXO DE INTERFERÊNCIAS (NÃO INCLUI FORNECIMENTO). AF_05/2024","UN",19.420000000000002,0]
["Assentamento de Tubos de PVC e Metálicos em Redes de Água",105366,"ASSENTAMENTO DE CONEXÃO 3 ACESSOS DE PVC PBA PARA REDE DE ÁGUA, DN 75, JUNTA ELÁSTICA INTEGRADA, INSTALADO EM LOCAL COM NÍVEL ALTO DE INTERFERÊNCIAS (NÃO INCLUI FORNECIMENTO). AF_05/2024","UN",28.66,0]
["Assentamento de Tubos de PVC e Metálicos em Redes de Água",105387,"ASSENTAMENTO DE CONEXÃO 3 ACESSOS DE PVC PBA PARA REDE DE ÁGUA, DN 75, JUNTA ELÁSTICA INTEGRADA, INSTALADO EM LOCAL COM NÍVEL BAIXO DE INTERFERÊNCIAS (NÃO INCLUI FORNECIMENTO). AF_05/2024","UN",23.67,0]
["Assentamento de Tubos de PVC e Metálicos em Redes de Água",97177,"ASSENTAMENTO DE TUBO DE AÇO CARBONO PARA REDE DE ÁGUA, DN 1000 MM (40\") OU DN 1100 MM (44\"), JUNTA SOLDADA, INSTALADO EM LOCAL COM NÍVEL ALTO DE INTERFERÊNCIAS (NÃO INCLUI FORNECIMENTO). AF_05/2024","M",68.760000000000005,0.1719]
["Assentamento de Tubos de PVC e Metálicos em Redes de Água",97187,"ASSENTAMENTO DE TUBO DE AÇO CARBONO PARA REDE DE ÁGUA, DN 1000 MM (40\") OU DN 1100 MM (44\"), JUNTA SOLDADA, INSTALADO EM LOCAL COM NÍVEL BAIXO DE INTERFERÊNCIAS (NÃO INCLUI FORNECIMENTO). AF_05/2024","M",61.24,0.12520000000000001]
["Assentamento de Tubos de PVC e Metálicos em Redes de Água",97178,"ASSENTAMENTO DE TUBO DE AÇO CARBONO PARA REDE DE ÁGUA, DN 1200 MM (48\") OU DN 1300 MM (52\"), JUNTA SOLDADA, INSTALADO EM LOCAL COM NÍVEL ALTO DE INTERFERÊNCIAS (NÃO INCLUI FORNECIMENTO). AF_05/2024","M",83.68,0.1668]
["Assentamento de Tubos de PVC e Metálicos em Redes de Água",97188,"ASSENTAMENTO DE TUBO DE AÇO CARBONO PARA REDE DE ÁGUA, DN 1200 MM (48\") OU DN 1300 MM (52\"), JUNTA SOLDADA, INSTALADO EM LOCAL COM NÍVEL BAIXO DE INTERFERÊNCIAS (NÃO INCLUI FORNECIMENTO). AF_05/2024","M",74.650000000000006,0.12139999999999999]
["Assentamento de Tubos de PVC e Metálicos em Redes de Água",97179,"ASSENTAMENTO DE TUBO DE AÇO CARBONO PARA REDE DE ÁGUA, DN 1400 MM (56'') OU DN 1500 MM (60\"), JUNTA SOLDADA, INSTALADO EM LOCAL COM NÍVEL ALTO DE INTERFERÊNCIAS (NÃO INCLUI FORNECIMENTO). AF_05/2024","M",98.63,0.16320000000000001]
["Assentamento de Tubos de PVC e Metálicos em Redes de Água",97189,"ASSENTAMENTO DE TUBO DE AÇO CARBONO PARA REDE DE ÁGUA, DN 1400 MM (56'') OU DN 1500 MM (60\"), JUNTA SOLDADA, INSTALADO EM LOCAL COM NÍVEL BAIXO DE INTERFERÊNCIAS (NÃO INCLUI FORNECIMENTO). AF_05/2024","M",88.06,0.1188]
["Assentamento de Tubos de PVC e Metálicos em Redes de Água",97180,"ASSENTAMENTO DE TUBO DE AÇO CARBONO PARA REDE DE ÁGUA, DN 1600 MM (64\") OU DN 1700 MM (68\"), JUNTA SOLDADA, INSTALADO EM LOCAL COM NÍVEL ALTO DE INTERFERÊNCIAS (NÃO INCLUI FORNECIMENTO). AF_05/2024","M",113.57,0.1605]
["Assentamento de Tubos de PVC e Metálicos em Redes de Água",97190,"ASSENTAMENTO DE TUBO DE AÇO CARBONO PARA REDE DE ÁGUA, DN 1600 MM (64\") OU DN 1700 MM (68\"), JUNTA SOLDADA, INSTALADO EM LOCAL COM NÍVEL BAIXO DE INTERFERÊNCIAS (NÃO INCLUI FORNECIMENTO). AF_05/2024","M",101.45,0.1167]
["Assentamento de Tubos de PVC e Metálicos em Redes de Água",97181,"ASSENTAMENTO DE TUBO DE AÇO CARBONO PARA REDE DE ÁGUA, DN 1800 MM (72\") OU DN 1900 MM (76\"), JUNTA SOLDADA, INSTALADO EM LOCAL COM NÍVEL ALTO DE INTERFERÊNCIAS (NÃO INCLUI FORNECIMENTO). AF_05/2024","M",128.5,0.1585]
["Assentamento de Tubos de PVC e Metálicos em Redes de Água",97191,"ASSENTAMENTO DE TUBO DE AÇO CARBONO PARA REDE DE ÁGUA, DN 1800 MM (72\") OU DN 1900 MM (76\"), JUNTA SOLDADA, INSTALADO EM LOCAL COM NÍVEL BAIXO DE INTERFERÊNCIAS (NÃO INCLUI FORNECIMENTO). AF_05/2024","M",114.86,0.1152]
["Assentamento de Tubos de PVC e Metálicos em Redes de Água",97182,"ASSENTAMENTO DE TUBO DE AÇO CARBONO PARA REDE DE ÁGUA, DN 2000 MM (80\") OU DN 2100 MM (84\"), JUNTA SOLDADA, INSTALADO EM LOCAL COM NÍVEL ALTO DE INTERFERÊNCIAS (NÃO INCLUI FORNECIMENTO). AF_05/2024","M",147.77000000000001,0.1724]
["Assentamento de Tubos de PVC e Metálicos em Redes de Água",97192,"ASSENTAMENTO DE TUBO DE AÇO CARBONO PARA REDE DE ÁGUA, DN 2000 MM (80\") OU DN 2100 MM (84\"), JUNTA SOLDADA, INSTALADO EM LOCAL COM NÍVEL BAIXO DE INTERFERÊNCIAS (NÃO INCLUI FORNECIMENTO). AF_05/2024","M",131.56,0.1258]
["Assentamento de Tubos de PVC e Metálicos em Redes de Água",97173,"ASSENTAMENTO DE TUBO DE AÇO CARBONO PARA REDE DE ÁGUA, DN 600 MM (24\"), JUNTA SOLDADA, INSTALADO EM LOCAL COM NÍVEL ALTO DE INTERFERÊNCIAS (NÃO INCLUI FORNECIMENTO). AF_05/2024","M",38.89,0.19409999999999999]
["Assentamento de Tubos de PVC e Metálicos em Redes de Água",97183,"ASSENTAMENTO DE TUBO DE AÇO CARBONO PARA REDE DE ÁGUA, DN 600 MM (24\"), JUNTA SOLDADA, INSTALADO EM LOCAL COM NÍVEL BAIXO DE INTERFERÊNCIAS (NÃO INCLUI FORNECIMENTO). AF_05/2024","M",34.450000000000003,0.14219999999999999]
["Assentamento de Tubos de PVC e Metálicos em Redes de Água",97174,"ASSENTAMENTO DE TUBO DE AÇO CARBONO PARA REDE DE ÁGUA, DN 700 MM (28\"), JUNTA SOLDADA, INSTALADO EM LOCAL COM NÍVEL ALTO DE INTERFERÊNCIAS (NÃO INCLUI FORNECIMENTO). AF_05/2024","M",46.35,0.186]
["Assentamento de Tubos de PVC e Metálicos em Redes de Água",97184,"ASSENTAMENTO DE TUBO DE AÇO CARBONO PARA REDE DE ÁGUA, DN 700 MM (28\"), JUNTA SOLDADA, INSTALADO EM LOCAL COM NÍVEL BAIXO DE INTERFERÊNCIAS (NÃO INCLUI FORNECIMENTO). AF_05/2024","M",41.14,0.1361]
["Assentamento de Tubos de PVC e Metálicos em Redes de Água",97175,"ASSENTAMENTO DE TUBO DE AÇO CARBONO PARA REDE DE ÁGUA, DN 800 MM (32\"), JUNTA SOLDADA, INSTALADO EM LOCAL COM NÍVEL ALTO DE INTERFERÊNCIAS (NÃO INCLUI FORNECIMENTO). AF_05/2024","M",53.81,0.18010000000000001]
["Assentamento de Tubos de PVC e Metálicos em Redes de Água",97185,"ASSENTAMENTO DE TUBO DE AÇO CARBONO PARA REDE DE ÁGUA, DN 800 MM (32\"), JUNTA SOLDADA, INSTALADO EM LOCAL COM NÍVEL BAIXO DE INTERFERÊNCIAS (NÃO INCLUI FORNECIMENTO). AF_05/2024","M",47.84,0.13150000000000001]
["Assentamento de Tubos de PVC e Metálicos em Redes de Água",97176,"ASSENTAMENTO DE TUBO DE AÇO CARBONO PARA REDE DE ÁGUA, DN 900 MM (36\"), JUNTA SOLDADA, INSTALADO EM LOCAL COM NÍVEL ALTO DE INTERFERÊNCIAS (NÃO INCLUI FORNECIMENTO). AF_05/2024","M",61.29,0.1754]
["Assentamento de Tubos de PVC e Metálicos em Redes de Água",97186,"ASSENTAMENTO DE TUBO DE AÇO CARBONO PARA REDE DE ÁGUA, DN 900 MM (36\"), JUNTA SOLDADA, INSTALADO EM LOCAL COM NÍVEL BAIXO DE INTERFERÊNCIAS (NÃO INCLUI FORNECIMENTO). AF_05/2024","M",54.55,0.128]
["Assentamento de Tubos de PVC e Metálicos em Redes de Água",97142,"ASSENTAMENTO DE TUBO DE FERRO FUNDIDO PARA REDE DE ÁGUA, DN 100 MM, JUNTA ELÁSTICA, INSTALADO EM LOCAL COM NÍVEL ALTO DE INTERFERÊNCIAS (NÃO INCLUI FORNECIMENTO). AF_05/2024","M",5.27,0.2903]
["Assentamento de Tubos de PVC e Metálicos em Redes de Água",97158,"ASSENTAMENTO DE TUBO DE FERRO FUNDIDO PARA REDE DE ÁGUA, DN 100 MM, JUNTA ELÁSTICA, INSTALADO EM LOCAL COM NÍVEL BAIXO DE INTERFERÊNCIAS (NÃO INCLUI FORNECIMENTO). AF_05/2024","M",4.07,0.2432]
["Assentamento de Tubos de PVC e Metálicos em Redes de Água",97155,"ASSENTAMENTO DE TUBO DE FERRO FUNDIDO PARA REDE DE ÁGUA, DN 1000 MM, JUNTA ELÁSTICA, INSTALADO EM LOCAL COM NÍVEL ALTO DE INTERFERÊNCIAS (NÃO INCLUI FORNECIMENTO). AF_05/2024","M",42.57,0.29220000000000002]
["Assentamento de Tubos de PVC e Metálicos em Redes de Água",97171,"ASSENTAMENTO DE TUBO DE FERRO FUNDIDO PARA REDE DE ÁGUA, DN 1000 MM, JUNTA ELÁSTICA, INSTALADO EM LOCAL COM NÍVEL BAIXO DE INTERFERÊNCIAS (NÃO INCLUI FORNECIMENTO). AF_05/2024","M",34,0.23760000000000001]
["Assentamento de Tubos de PVC e Metálicos em Redes de Água",97156,"ASSENTAMENTO DE TUBO DE FERRO FUNDIDO PARA REDE DE ÁGUA, DN 1200 MM, JUNTA ELÁSTICA, INSTALADO EM LOCAL COM NÍVEL ALTO DE INTERFERÊNCIAS (NÃO INCLUI FORNECIMENTO). AF_05/2024","M",50.96,0.28589999999999999]
["Assentamento de Tubos de PVC e Metálicos em Redes de Água",97172,"ASSENTAMENTO DE TUBO DE FERRO FUNDIDO PARA REDE DE ÁGUA, DN 1200 MM, JUNTA ELÁSTICA, INSTALADO EM LOCAL COM NÍVEL BAIXO DE INTERFERÊNCIAS (NÃO INCLUI FORNECIMENTO). AF_05/2024","M",40.869999999999997,0.23150000000000001]
["Assentamento de Tubos de PVC e Metálicos em Redes de Água",97143,"ASSENTAMENTO DE TUBO DE FERRO FUNDIDO PARA REDE DE ÁGUA, DN 150 MM, JUNTA ELÁSTICA, INSTALADO EM LOCAL COM NÍVEL ALTO DE INTERFERÊNCIAS (NÃO INCLUI FORNECIMENTO). AF_05/2024","M",7.02,0.25929999999999997]
["Assentamento de Tubos de PVC e Metálicos em Redes de Água",97159,"ASSENTAMENTO DE TUBO DE FERRO FUNDIDO PARA REDE DE ÁGUA, DN 150 MM, JUNTA ELÁSTICA, INSTALADO EM LOCAL COM NÍVEL BAIXO DE INTERFERÊNCIAS (NÃO INCLUI FORNECIMENTO). AF_05/2024","M",5.5,0.2145]
["Assentamento de Tubos de PVC e Metálicos em Redes de Água",97144,"ASSENTAMENTO DE TUBO DE FERRO FUNDIDO PARA REDE DE ÁGUA, DN 200 MM, JUNTA ELÁSTICA, INSTALADO EM LOCAL COM NÍVEL ALTO DE INTERFERÊNCIAS (NÃO INCLUI FORNECIMENTO). AF_05/2024","M",8.74,0.2414]
["Assentamento de Tubos de PVC e Metálicos em Redes de Água",97160,"ASSENTAMENTO DE TUBO DE FERRO FUNDIDO PARA REDE DE ÁGUA, DN 200 MM, JUNTA ELÁSTICA, INSTALADO EM LOCAL COM NÍVEL BAIXO DE INTERFERÊNCIAS (NÃO INCLUI FORNECIMENTO). AF_05/2024","M",6.94,0.19739999999999999]
["Assentamento de Tubos de PVC e Metálicos em Redes de Água",97145,"ASSENTAMENTO DE TUBO DE FERRO FUNDIDO PARA REDE DE ÁGUA, DN 250 MM, JUNTA ELÁSTICA, INSTALADO EM LOCAL COM NÍVEL ALTO DE INTERFERÊNCIAS (NÃO INCLUI FORNECIMENTO). AF_05/2024","M",10.49,0.2288]
["Assentamento de Tubos de PVC e Metálicos em Redes de Água",97161,"ASSENTAMENTO DE TUBO DE FERRO FUNDIDO PARA REDE DE ÁGUA, DN 250 MM, JUNTA ELÁSTICA, INSTALADO EM LOCAL COM NÍVEL BAIXO DE INTERFERÊNCIAS (NÃO INCLUI FORNECIMENTO). AF_05/2024","M",8.3800000000000008,0.185]
["Assentamento de Tubos de PVC e Metálicos em Redes de Água",97146,"ASSENTAMENTO DE TUBO DE FERRO FUNDIDO PARA REDE DE ÁGUA, DN 300 MM, JUNTA ELÁSTICA, INSTALADO EM LOCAL COM NÍVEL ALTO DE INTERFERÊNCIAS (NÃO INCLUI FORNECIMENTO). AF_05/2024","M",12.23,0.2208]
["Assentamento de Tubos de PVC e Metálicos em Redes de Água",97162,"ASSENTAMENTO DE TUBO DE FERRO FUNDIDO PARA REDE DE ÁGUA, DN 300 MM, JUNTA ELÁSTICA, INSTALADO EM LOCAL COM NÍVEL BAIXO DE INTERFERÊNCIAS (NÃO INCLUI FORNECIMENTO). AF_05/2024","M",9.82,0.1782]
["Assentamento de Tubos de PVC e Metálicos em Redes de Água",97147,"ASSENTAMENTO DE TUBO DE FERRO FUNDIDO PARA REDE DE ÁGUA, DN 350 MM, JUNTA ELÁSTICA, INSTALADO EM LOCAL COM NÍVEL ALTO DE INTERFERÊNCIAS (NÃO INCLUI FORNECIMENTO). AF_05/2024","M",13.99,0.21299999999999999]
["Assentamento de Tubos de PVC e Metálicos em Redes de Água",97163,"ASSENTAMENTO DE TUBO DE FERRO FUNDIDO PARA REDE DE ÁGUA, DN 350 MM, JUNTA ELÁSTICA, INSTALADO EM LOCAL COM NÍVEL BAIXO DE INTERFERÊNCIAS (NÃO INCLUI FORNECIMENTO). AF_05/2024","M",11.28,0.1711]
["Assentamento de Tubos de PVC e Metálicos em Redes de Água",97148,"ASSENTAMENTO DE TUBO DE FERRO FUNDIDO PARA REDE DE ÁGUA, DN 400 MM, JUNTA ELÁSTICA, INSTALADO EM LOCAL COM NÍVEL ALTO DE INTERFERÊNCIAS (NÃO INCLUI FORNECIMENTO). AF_05/2024","M",15.73,0.20849999999999999]
["Assentamento de Tubos de PVC e Metálicos em Redes de Água",97164,"ASSENTAMENTO DE TUBO DE FERRO FUNDIDO PARA REDE DE ÁGUA, DN 400 MM, JUNTA ELÁSTICA, INSTALADO EM LOCAL COM NÍVEL BAIXO DE INTERFERÊNCIAS (NÃO INCLUI FORNECIMENTO). AF_05/2024","M",12.73,0.1673]
["Assentamento de Tubos de PVC e Metálicos em Redes de Água",97149,"ASSENTAMENTO DE TUBO DE FERRO FUNDIDO PARA REDE DE ÁGUA, DN 450 MM, JUNTA ELÁSTICA, INSTALADO EM LOCAL COM NÍVEL ALTO DE INTERFERÊNCIAS (NÃO INCLUI FORNECIMENTO). AF_05/2024","M",17.510000000000002,0.2039]
["Assentamento de Tubos de PVC e Metálicos em Redes de Água",97165,"ASSENTAMENTO DE TUBO DE FERRO FUNDIDO PARA REDE DE ÁGUA, DN 450 MM, JUNTA ELÁSTICA, INSTALADO EM LOCAL COM NÍVEL BAIXO DE INTERFERÊNCIAS (NÃO INCLUI FORNECIMENTO). AF_05/2024","M",14.2,0.16339999999999999]
["Assentamento de Tubos de PVC e Metálicos em Redes de Água",97150,"ASSENTAMENTO DE TUBO DE FERRO FUNDIDO PARA REDE DE ÁGUA, DN 500 MM, JUNTA ELÁSTICA, INSTALADO EM LOCAL COM NÍVEL ALTO DE INTERFERÊNCIAS (NÃO INCLUI FORNECIMENTO). AF_05/2024","M",22.71,0.31219999999999998]
["Assentamento de Tubos de PVC e Metálicos em Redes de Água",97166,"ASSENTAMENTO DE TUBO DE FERRO FUNDIDO PARA REDE DE ÁGUA, DN 500 MM, JUNTA ELÁSTICA, INSTALADO EM LOCAL COM NÍVEL BAIXO DE INTERFERÊNCIAS (NÃO INCLUI FORNECIMENTO). AF_05/2024","M",17.97,0.25600000000000001]
["Assentamento de Tubos de PVC e Metálicos em Redes de Água",97151,"ASSENTAMENTO DE TUBO DE FERRO FUNDIDO PARA REDE DE ÁGUA, DN 600 MM, JUNTA ELÁSTICA, INSTALADO EM LOCAL COM NÍVEL ALTO DE INTERFERÊNCIAS (NÃO INCLUI FORNECIMENTO). AF_05/2024","M",26.78,0.30470000000000003]
["Assentamento de Tubos de PVC e Metálicos em Redes de Água",97167,"ASSENTAMENTO DE TUBO DE FERRO FUNDIDO PARA REDE DE ÁGUA, DN 600 MM, JUNTA ELÁSTICA, INSTALADO EM LOCAL COM NÍVEL BAIXO DE INTERFERÊNCIAS (NÃO INCLUI FORNECIMENTO). AF_05/2024","M",21.28,0.24859999999999999]
["Assentamento de Tubos de PVC e Metálicos em Redes de Água",97152,"ASSENTAMENTO DE TUBO DE FERRO FUNDIDO PARA REDE DE ÁGUA, DN 700 MM, JUNTA ELÁSTICA, INSTALADO EM LOCAL COM NÍVEL ALTO DE INTERFERÊNCIAS (NÃO INCLUI FORNECIMENTO). AF_05/2024","M",30.58,0.30180000000000001]
["Assentamento de Tubos de PVC e Metálicos em Redes de Água",97168,"ASSENTAMENTO DE TUBO DE FERRO FUNDIDO PARA REDE DE ÁGUA, DN 700 MM, JUNTA ELÁSTICA, INSTALADO EM LOCAL COM NÍVEL BAIXO DE INTERFERÊNCIAS (NÃO INCLUI FORNECIMENTO). AF_05/2024","M",24.33,0.2462]
["Assentamento de Tubos de PVC e Metálicos em Redes de Água",97141,"ASSENTAMENTO DE TUBO DE FERRO FUNDIDO PARA REDE DE ÁGUA, DN 80 MM, JUNTA ELÁSTICA, INSTALADO EM LOCAL COM NÍVEL ALTO DE INTERFERÊNCIAS (NÃO INCLUI FORNECIMENTO). AF_05/2024","M",4.58,0.30790000000000001]
["Assentamento de Tubos de PVC e Metálicos em Redes de Água",97157,"ASSENTAMENTO DE TUBO DE FERRO FUNDIDO PARA REDE DE ÁGUA, DN 80 MM, JUNTA ELÁSTICA, INSTALADO EM LOCAL COM NÍVEL BAIXO DE INTERFERÊNCIAS (NÃO INCLUI FORNECIMENTO). AF_05/2024","M",3.48,0.26150000000000001]
["Assentamento de Tubos de PVC e Metálicos em Redes de Água",97153,"ASSENTAMENTO DE TUBO DE FERRO FUNDIDO PARA REDE DE ÁGUA, DN 800 MM, JUNTA ELÁSTICA, INSTALADO EM LOCAL COM NÍVEL ALTO DE INTERFERÊNCIAS (NÃO INCLUI FORNECIMENTO). AF_05/2024","M",34.549999999999997,0.29809999999999998]
["Assentamento de Tubos de PVC e Metálicos em Redes de Água",97169,"ASSENTAMENTO DE TUBO DE FERRO FUNDIDO PARA REDE DE ÁGUA, DN 800 MM, JUNTA ELÁSTICA, INSTALADO EM LOCAL COM NÍVEL BAIXO DE INTERFERÊNCIAS (NÃO INCLUI FORNECIMENTO). AF_05/2024","M",27.52,0.24310000000000001]
["Assentamento de Tubos de PVC e Metálicos em Redes de Água",97154,"ASSENTAMENTO DE TUBO DE FERRO FUNDIDO PARA REDE DE ÁGUA, DN 900 MM, JUNTA ELÁSTICA, INSTALADO EM LOCAL COM NÍVEL ALTO DE INTERFERÊNCIAS (NÃO INCLUI FORNECIMENTO). AF_05/2024","M",38.56,0.29459999999999997]
["Assentamento de Tubos de PVC e Metálicos em Redes de Água",97170,"ASSENTAMENTO DE TUBO DE FERRO FUNDIDO PARA REDE DE ÁGUA, DN 900 MM, JUNTA ELÁSTICA, INSTALADO EM LOCAL COM NÍVEL BAIXO DE INTERFERÊNCIAS (NÃO INCLUI FORNECIMENTO). AF_05/2024","M",30.75,0.24]
["Assentamento de Tubos de PVC e Metálicos em Redes de Água",105311,"ASSENTAMENTO DE TUBO DE PVC DEFOFO OU PRFV OU RPVC PARA REDE DE ÁGUA, DN 100, JUNTA ELÁSTICA INTEGRADA, INSTALADO EM LOCAL COM NÍVEL ALTO DE INTERFERÊNCIAS (NÃO INCLUI FORNECIMENTO). AF_05/2024","M",3.71,0]
["Assentamento de Tubos de PVC e Metálicos em Redes de Água",105339,"ASSENTAMENTO DE TUBO DE PVC DEFOFO OU PRFV OU RPVC PARA REDE DE ÁGUA, DN 100, JUNTA ELÁSTICA INTEGRADA, INSTALADO EM LOCAL COM NÍVEL BAIXO DE INTERFERÊNCIAS (NÃO INCLUI FORNECIMENTO). AF_05/2024","M",3.05,0]
["Assentamento de Tubos de PVC e Metálicos em Redes de Água",97127,"ASSENTAMENTO DE TUBO DE PVC DEFOFO OU PRFV OU RPVC PARA REDE DE ÁGUA, DN 150 MM, JUNTA ELÁSTICA INTEGRADA, INSTALADO EM LOCAL COM NÍVEL ALTO DE INTERFERÊNCIAS (NÃO INCLUI FORNECIMENTO). AF_05/2024","M",4.8600000000000003,0]
["Assentamento de Tubos de PVC e Metálicos em Redes de Água",97134,"ASSENTAMENTO DE TUBO DE PVC DEFOFO OU PRFV OU RPVC PARA REDE DE ÁGUA, DN 150 MM, JUNTA ELÁSTICA INTEGRADA, INSTALADO EM LOCAL COM NÍVEL BAIXO DE INTERFERÊNCIAS (NÃO INCLUI FORNECIMENTO). AF_05/2024","M",4,0]
["Assentamento de Tubos de PVC e Metálicos em Redes de Água",97128,"ASSENTAMENTO DE TUBO DE PVC DEFOFO OU PRFV OU RPVC PARA REDE DE ÁGUA, DN 200 MM, JUNTA ELÁSTICA INTEGRADA, INSTALADO EM LOCAL COM NÍVEL ALTO DE INTERFERÊNCIAS (NÃO INCLUI FORNECIMENTO). AF_05/2024","M",9.51,0.1893]
["Assentamento de Tubos de PVC e Metálicos em Redes de Água",97135,"ASSENTAMENTO DE TUBO DE PVC DEFOFO OU PRFV OU RPVC PARA REDE DE ÁGUA, DN 200 MM, JUNTA ELÁSTICA INTEGRADA, INSTALADO EM LOCAL COM NÍVEL BAIXO DE INTERFERÊNCIAS (NÃO INCLUI FORNECIMENTO). AF_05/2024","M",7.29,0.1605]
["Assentamento de Tubos de PVC e Metálicos em Redes de Água",97129,"ASSENTAMENTO DE TUBO DE PVC DEFOFO OU PRFV OU RPVC PARA REDE DE ÁGUA, DN 250 MM, JUNTA ELÁSTICA INTEGRADA, INSTALADO EM LOCAL COM NÍVEL ALTO DE INTERFERÊNCIAS (NÃO INCLUI FORNECIMENTO). AF_05/2024","M",11.27,0.189]
["Assentamento de Tubos de PVC e Metálicos em Redes de Água",97136,"ASSENTAMENTO DE TUBO DE PVC DEFOFO OU PRFV OU RPVC PARA REDE DE ÁGUA, DN 250 MM, JUNTA ELÁSTICA INTEGRADA, INSTALADO EM LOCAL COM NÍVEL BAIXO DE INTERFERÊNCIAS (NÃO INCLUI FORNECIMENTO). AF_05/2024","M",8.64,0.15970000000000001]
["Assentamento de Tubos de PVC e Metálicos em Redes de Água",97130,"ASSENTAMENTO DE TUBO DE PVC DEFOFO OU PRFV OU RPVC PARA REDE DE ÁGUA, DN 300 MM, JUNTA ELÁSTICA INTEGRADA, INSTALADO EM LOCAL COM NÍVEL ALTO DE INTERFERÊNCIAS (NÃO INCLUI FORNECIMENTO). AF_05/2024","M",13.03,0.1888]
["Assentamento de Tubos de PVC e Metálicos em Redes de Água",97137,"ASSENTAMENTO DE TUBO DE PVC DEFOFO OU PRFV OU RPVC PARA REDE DE ÁGUA, DN 300 MM, JUNTA ELÁSTICA INTEGRADA, INSTALADO EM LOCAL COM NÍVEL BAIXO DE INTERFERÊNCIAS (NÃO INCLUI FORNECIMENTO). AF_05/2024","M",9.99,0.16020000000000001]
["Assentamento de Tubos de PVC e Metálicos em Redes de Água",97131,"ASSENTAMENTO DE TUBO DE PVC DEFOFO OU PRFV OU RPVC PARA REDE DE ÁGUA, DN 350 MM, JUNTA ELÁSTICA INTEGRADA, INSTALADO EM LOCAL COM NÍVEL ALTO DE INTERFERÊNCIAS (NÃO INCLUI FORNECIMENTO). AF_05/2024","M",14.78,0.1888]
["Assentamento de Tubos de PVC e Metálicos em Redes de Água",97138,"ASSENTAMENTO DE TUBO DE PVC DEFOFO OU PRFV OU RPVC PARA REDE DE ÁGUA, DN 350 MM, JUNTA ELÁSTICA INTEGRADA, INSTALADO EM LOCAL COM NÍVEL BAIXO DE INTERFERÊNCIAS (NÃO INCLUI FORNECIMENTO). AF_05/2024","M",11.35,0.1595]
["Assentamento de Tubos de PVC e Metálicos em Redes de Água",97132,"ASSENTAMENTO DE TUBO DE PVC DEFOFO OU PRFV OU RPVC PARA REDE DE ÁGUA, DN 400 MM, JUNTA ELÁSTICA INTEGRADA, INSTALADO EM LOCAL COM NÍVEL ALTO DE INTERFERÊNCIAS (NÃO INCLUI FORNECIMENTO). AF_05/2024","M",16.55,0.1885]
["Assentamento de Tubos de PVC e Metálicos em Redes de Água",97139,"ASSENTAMENTO DE TUBO DE PVC DEFOFO OU PRFV OU RPVC PARA REDE DE ÁGUA, DN 400 MM, JUNTA ELÁSTICA INTEGRADA, INSTALADO EM LOCAL COM NÍVEL BAIXO DE INTERFERÊNCIAS (NÃO INCLUI FORNECIMENTO). AF_05/2024","M",12.71,0.15890000000000001]
["Assentamento de Tubos de PVC e Metálicos em Redes de Água",97133,"ASSENTAMENTO DE TUBO DE PVC DEFOFO OU PRFV OU RPVC PARA REDE DE ÁGUA, DN 500 MM, JUNTA ELÁSTICA INTEGRADA, INSTALADO EM LOCAL COM NÍVEL ALTO DE INTERFERÊNCIAS (NÃO INCLUI FORNECIMENTO). AF_05/2024","M",20.07,0.1883]
["Assentamento de Tubos de PVC e Metálicos em Redes de Água",97140,"ASSENTAMENTO DE TUBO DE PVC DEFOFO OU PRFV OU RPVC PARA REDE DE ÁGUA, DN 500 MM, JUNTA ELÁSTICA INTEGRADA, INSTALADO EM LOCAL COM NÍVEL BAIXO DE INTERFERÊNCIAS (NÃO INCLUI FORNECIMENTO). AF_05/2024","M",15.41,0.159]
["Assentamento de Tubos de PVC e Metálicos em Redes de Água",97123,"ASSENTAMENTO DE TUBO DE PVC PBA PARA REDE DE ÁGUA, DN 100 MM, JUNTA ELÁSTICA INTEGRADA, INSTALADO EM LOCAL COM NÍVEL ALTO DE INTERFERÊNCIAS (NÃO INCLUI FORNECIMENTO). AF_05/2024","M",3.99,0]
["Assentamento de Tubos de PVC e Metálicos em Redes de Água",97126,"ASSENTAMENTO DE TUBO DE PVC PBA PARA REDE DE ÁGUA, DN 100 MM, JUNTA ELÁSTICA INTEGRADA, INSTALADO EM LOCAL COM NÍVEL BAIXO DE INTERFERÊNCIAS (NÃO INCLUI FORNECIMENTO). AF_05/2024","M",3.28,0]
["Assentamento de Tubos de PVC e Metálicos em Redes de Água",105308,"ASSENTAMENTO DE TUBO DE PVC PBA PARA REDE DE ÁGUA, DN 125, JUNTA ELÁSTICA INTEGRADA, INSTALADO EM LOCAL COM NÍVEL ALTO DE INTERFERÊNCIAS (NÃO INCLUI FORNECIMENTO). AF_05/2024","M",4.6100000000000003,0]
["Assentamento de Tubos de PVC e Metálicos em Redes de Água",105312,"ASSENTAMENTO DE TUBO DE PVC PBA PARA REDE DE ÁGUA, DN 125, JUNTA ELÁSTICA INTEGRADA, INSTALADO EM LOCAL COM NÍVEL BAIXO DE INTERFERÊNCIAS (NÃO INCLUI FORNECIMENTO). AF_05/2024","M",3.81,0]
["Assentamento de Tubos de PVC e Metálicos em Redes de Água",105309,"ASSENTAMENTO DE TUBO DE PVC PBA PARA REDE DE ÁGUA, DN 140, JUNTA ELÁSTICA INTEGRADA, INSTALADO EM LOCAL COM NÍVEL ALTO DE INTERFERÊNCIAS (NÃO INCLUI FORNECIMENTO). AF_05/2024","M",4.96,0]
["Assentamento de Tubos de PVC e Metálicos em Redes de Água",105313,"ASSENTAMENTO DE TUBO DE PVC PBA PARA REDE DE ÁGUA, DN 140, JUNTA ELÁSTICA INTEGRADA, INSTALADO EM LOCAL COM NÍVEL BAIXO DE INTERFERÊNCIAS (NÃO INCLUI FORNECIMENTO). AF_05/2024","M",4.0999999999999996,0]
["Assentamento de Tubos de PVC e Metálicos em Redes de Água",105310,"ASSENTAMENTO DE TUBO DE PVC PBA PARA REDE DE ÁGUA, DN 180, JUNTA ELÁSTICA INTEGRADA, INSTALADO EM LOCAL COM NÍVEL ALTO DE INTERFERÊNCIAS (NÃO INCLUI FORNECIMENTO). AF_05/2024","M",5.85,0]
["Assentamento de Tubos de PVC e Metálicos em Redes de Água",105314,"ASSENTAMENTO DE TUBO DE PVC PBA PARA REDE DE ÁGUA, DN 180, JUNTA ELÁSTICA INTEGRADA, INSTALADO EM LOCAL COM NÍVEL BAIXO DE INTERFERÊNCIAS (NÃO INCLUI FORNECIMENTO). AF_05/2024","M",4.83,0]
["Assentamento de Tubos de PVC e Metálicos em Redes de Água",97121,"ASSENTAMENTO DE TUBO DE PVC PBA PARA REDE DE ÁGUA, DN 50 MM, JUNTA ELÁSTICA INTEGRADA, INSTALADO EM LOCAL COM NÍVEL ALTO DE INTERFERÊNCIAS (NÃO INCLUI FORNECIMENTO). AF_05/2024","M",2.86,0]
["Assentamento de Tubos de PVC e Metálicos em Redes de Água",97124,"ASSENTAMENTO DE TUBO DE PVC PBA PARA REDE DE ÁGUA, DN 50 MM, JUNTA ELÁSTICA INTEGRADA, INSTALADO EM LOCAL COM NÍVEL BAIXO DE INTERFERÊNCIAS (NÃO INCLUI FORNECIMENTO). AF_05/2024","M",2.34,0]
["Assentamento de Tubos de PVC e Metálicos em Redes de Água",97122,"ASSENTAMENTO DE TUBO DE PVC PBA PARA REDE DE ÁGUA, DN 75 MM, JUNTA ELÁSTICA INTEGRADA, INSTALADO EM LOCAL COM NÍVEL ALTO DE INTERFERÊNCIAS (NÃO INCLUI FORNECIMENTO). AF_05/2024","M",3.45,0]
["Assentamento de Tubos de PVC e Metálicos em Redes de Água",97125,"ASSENTAMENTO DE TUBO DE PVC PBA PARA REDE DE ÁGUA, DN 75 MM, JUNTA ELÁSTICA INTEGRADA, INSTALADO EM LOCAL COM NÍVEL BAIXO DE INTERFERÊNCIAS (NÃO INCLUI FORNECIMENTO). AF_05/2024","M",2.83,0]
["Assentamento de Tubos de PVC e Metálicos em Redes de Água",105296,"ASSENTAMENTO E FORNECIMENTO DE CURVA PVC PBA, JE, PB, 45 GRAUS, DN 100 / DE 110 MM, PARA REDE AGUA, JUNTA ELÁSTICA INTEGRADA, INSTALADO EM LOCAL COM NÍVEL ALTO DE INTERFERÊNCIAS (INCLUI FORNECIMENTO). AF_05/2024","UN",191.5,0.87309999999999999]
["Assentamento de Tubos de PVC e Metálicos em Redes de Água",105374,"ASSENTAMENTO E FORNECIMENTO DE CURVA PVC PBA, JE, PB, 45 GRAUS, DN 100 / DE 110 MM, PARA REDE AGUA, JUNTA ELÁSTICA INTEGRADA, INSTALADO EM LOCAL COM NÍVEL BAIXO DE INTERFERÊNCIAS (INCLUI FORNECIMENTO). AF_05/2024","UN",187.19,0.89319999999999999]
["Assentamento de Tubos de PVC e Metálicos em Redes de Água",105292,"ASSENTAMENTO E FORNECIMENTO DE CURVA PVC PBA, JE, PB, 45 GRAUS, DN 50 / DE 60 MM, PARA REDE AGUA, JUNTA ELÁSTICA INTEGRADA, INSTALADO EM LOCAL COM NÍVEL ALTO DE INTERFERÊNCIAS (INCLUI FORNECIMENTO). AF_05/2024","UN",53.91,0.67710000000000004]
["Assentamento de Tubos de PVC e Metálicos em Redes de Água",105293,"ASSENTAMENTO E FORNECIMENTO DE CURVA PVC PBA, JE, PB, 45 GRAUS, DN 50 / DE 60 MM, PARA REDE AGUA, JUNTA ELÁSTICA INTEGRADA, INSTALADO EM LOCAL COM NÍVEL BAIXO DE INTERFERÊNCIAS (INCLUI FORNECIMENTO). AF_05/2024","UN",50.75,0.71919999999999995]
["Assentamento de Tubos de PVC e Metálicos em Redes de Água",105294,"ASSENTAMENTO E FORNECIMENTO DE CURVA PVC PBA, JE, PB, 45 GRAUS, DN 75 / DE 85 MM, PARA REDE AGUA, JUNTA ELÁSTICA INTEGRADA, INSTALADO EM LOCAL COM NÍVEL ALTO DE INTERFERÊNCIAS (INCLUI FORNECIMENTO). AF_05/2024","UN",111.01,0.8115]
["Assentamento de Tubos de PVC e Metálicos em Redes de Água",105295,"ASSENTAMENTO E FORNECIMENTO DE CURVA PVC PBA, JE, PB, 45 GRAUS, DN 75 / DE 85 MM, PARA REDE AGUA, JUNTA ELÁSTICA INTEGRADA, INSTALADO EM LOCAL COM NÍVEL BAIXO DE INTERFERÊNCIAS (INCLUI FORNECIMENTO). AF_05/2024","UN",107.27,0.83979999999999999]
["Assentamento de Tubos de PVC e Metálicos em Redes de Água",105290,"ASSENTAMENTO E FORNECIMENTO DE LUVA SIMPLES, PVC PBA, JE, DN 100 / DE 110 MM, PARA REDE AGUA, JUNTA ELÁSTICA INTEGRADA, INSTALADO EM LOCAL COM NÍVEL ALTO DE INTERFERÊNCIAS (INCLUI FORNECIMENTO). AF_05/2024","UN",72.36,0.76959999999999995]
["Assentamento de Tubos de PVC e Metálicos em Redes de Água",105291,"ASSENTAMENTO E FORNECIMENTO DE LUVA SIMPLES, PVC PBA, JE, DN 100 / DE 110 MM, PARA REDE AGUA, JUNTA ELÁSTICA INTEGRADA, INSTALADO EM LOCAL COM NÍVEL BAIXO DE INTERFERÊNCIAS (INCLUI FORNECIMENTO). AF_05/2024","UN",69.489999999999995,0.8014]
["Assentamento de Tubos de PVC e Metálicos em Redes de Água",105286,"ASSENTAMENTO E FORNECIMENTO DE LUVA SIMPLES, PVC PBA, JE, DN 50 / DE 60 MM, PARA REDE AGUA, JUNTA ELÁSTICA INTEGRADA, INSTALADO EM LOCAL COM NÍVEL ALTO DE INTERFERÊNCIAS (INCLUI FORNECIMENTO). AF_05/2024","UN",32.159999999999997,0.63249999999999995]
["Assentamento de Tubos de PVC e Metálicos em Redes de Água",105287,"ASSENTAMENTO E FORNECIMENTO DE LUVA SIMPLES, PVC PBA, JE, DN 50 / DE 60 MM, PARA REDE AGUA, JUNTA ELÁSTICA INTEGRADA, INSTALADO EM LOCAL COM NÍVEL BAIXO DE INTERFERÊNCIAS (INCLUI FORNECIMENTO). AF_05/2024","UN",30.04,0.67710000000000004]
["Assentamento de Tubos de PVC e Metálicos em Redes de Água",105288,"ASSENTAMENTO E FORNECIMENTO DE LUVA SIMPLES, PVC PBA, JE, DN 75 / DE 85 MM, PARA REDE AGUA, JUNTA ELÁSTICA INTEGRADA, INSTALADO EM LOCAL COM NÍVEL ALTO DE INTERFERÊNCIAS (INCLUI FORNECIMENTO). AF_05/2024","UN",53.57,0.73250000000000004]
["Assentamento de Tubos de PVC e Metálicos em Redes de Água",105289,"ASSENTAMENTO E FORNECIMENTO DE LUVA SIMPLES, PVC PBA, JE, DN 75 / DE 85 MM, PARA REDE AGUA, JUNTA ELÁSTICA INTEGRADA, INSTALADO EM LOCAL COM NÍVEL BAIXO DE INTERFERÊNCIAS (INCLUI FORNECIMENTO). AF_05/2024","UN",51.07,0.76839999999999997]
["Assentamento de Tubos de PVC e Metálicos em Redes de Água",105375,"ASSENTAMENTO E FORNECIMENTO DE TE DE REDUCAO, PVC PBA, BBB, JE, DN 100 X 50 / DE 110 X 60 MM, PARA REDE AGUA, JUNTA ELÁSTICA INTEGRADA, INSTALADO EM LOCAL COM NÍVEL ALTO DE INTERFERÊNCIAS (INCLUI FORNECIMENTO). AF_05/2024","UN",146.56,0.77239999999999998]
["Assentamento de Tubos de PVC e Metálicos em Redes de Água",105376,"ASSENTAMENTO E FORNECIMENTO DE TE DE REDUCAO, PVC PBA, BBB, JE, DN 100 X 50 / DE 110 X 60 MM, PARA REDE AGUA, JUNTA ELÁSTICA INTEGRADA, INSTALADO EM LOCAL COM NÍVEL BAIXO DE INTERFERÊNCIAS (INCLUI FORNECIMENTO). AF_05/2024","UN",140.80000000000001,0.80400000000000005]
["Assentamento de Tubos de PVC e Metálicos em Redes de Água",105331,"ASSENTAMENTO E FORNECIMENTO DE TUBO DE PVC DEFOFO OU PRFV OU RPVC PARA REDE DE ÁGUA, DN 100, JUNTA ELÁSTICA INTEGRADA, INSTALADO EM LOCAL COM NÍVEL ALTO DE INTERFERÊNCIAS (INCLUI FORNECIMENTO). AF_05/2024","M",62.89,0.94099999999999995]
["Assentamento de Tubos de PVC e Metálicos em Redes de Água",105332,"ASSENTAMENTO E FORNECIMENTO DE TUBO DE PVC DEFOFO OU PRFV OU RPVC PARA REDE DE ÁGUA, DN 100, JUNTA ELÁSTICA INTEGRADA, INSTALADO EM LOCAL COM NÍVEL BAIXO DE INTERFERÊNCIAS (INCLUI FORNECIMENTO). AF_05/2024","M",62.23,0.95099999999999996]
["Assentamento de Tubos de PVC e Metálicos em Redes de Água",105333,"ASSENTAMENTO E FORNECIMENTO DE TUBO DE PVC DEFOFO PARA REDE DE ÁGUA, DN 200, JUNTA ELÁSTICA INTEGRADA, INSTALADO EM LOCAL COM NÍVEL ALTO DE INTERFERÊNCIAS (INCLUI FORNECIMENTO). AF_05/2024","M",279.41000000000003,0.97240000000000004]
["Assentamento de Tubos de PVC e Metálicos em Redes de Água",105334,"ASSENTAMENTO E FORNECIMENTO DE TUBO DE PVC DEFOFO PARA REDE DE ÁGUA, DN 200, JUNTA ELÁSTICA INTEGRADA, INSTALADO EM LOCAL COM NÍVEL BAIXO DE INTERFERÊNCIAS (INCLUI FORNECIMENTO). AF_05/2024","M",277.19,0.97789999999999999]
["Assentamento de Tubos de PVC e Metálicos em Redes de Água",105335,"ASSENTAMENTO E FORNECIMENTO DE TUBO DE PVC DEFOFO PARA REDE DE ÁGUA, DN 250, JUNTA ELÁSTICA INTEGRADA, INSTALADO EM LOCAL COM NÍVEL ALTO DE INTERFERÊNCIAS (INCLUI FORNECIMENTO). AF_05/2024","M",422.16,0.97829999999999995]
["Assentamento de Tubos de PVC e Metálicos em Redes de Água",105336,"ASSENTAMENTO E FORNECIMENTO DE TUBO DE PVC DEFOFO PARA REDE DE ÁGUA, DN 250, JUNTA ELÁSTICA INTEGRADA, INSTALADO EM LOCAL COM NÍVEL BAIXO DE INTERFERÊNCIAS (INCLUI FORNECIMENTO). AF_05/2024","M",419.53,0.98270000000000002]
["Assentamento de Tubos de PVC e Metálicos em Redes de Água",105337,"ASSENTAMENTO E FORNECIMENTO DE TUBO DE PVC DEFOFO PARA REDE DE ÁGUA, DN 300, JUNTA ELÁSTICA INTEGRADA, INSTALADO EM LOCAL COM NÍVEL ALTO DE INTERFERÊNCIAS (INCLUI FORNECIMENTO). AF_05/2024","M",596.5,0.98229999999999995]
["Assentamento de Tubos de PVC e Metálicos em Redes de Água",105338,"ASSENTAMENTO E FORNECIMENTO DE TUBO DE PVC DEFOFO PARA REDE DE ÁGUA, DN 300, JUNTA ELÁSTICA INTEGRADA, INSTALADO EM LOCAL COM NÍVEL BAIXO DE INTERFERÊNCIAS (INCLUI FORNECIMENTO). AF_05/2024","M",593.46,0.9859]
["Assentamento de Tubos de PVC e Metálicos em Redes de Água",105329,"ASSENTAMENTO E FORNECIMENTO DE TUBO DE PVC PBA PARA REDE DE ÁGUA, DN 100, JUNTA ELÁSTICA INTEGRADA, INSTALADO EM LOCAL COM NÍVEL ALTO DE INTERFERÊNCIAS (INCLUI FORNECIMENTO). AF_05/2024","UN",89.07,0.95520000000000005]
["Assentamento de Tubos de PVC e Metálicos em Redes de Água",105330,"ASSENTAMENTO E FORNECIMENTO DE TUBO DE PVC PBA PARA REDE DE ÁGUA, DN 100, JUNTA ELÁSTICA INTEGRADA, INSTALADO EM LOCAL COM NÍVEL BAIXO DE INTERFERÊNCIAS (INCLUI FORNECIMENTO). AF_05/2024","UN",88.36,0.96289999999999998]
["Assentamento de Tubos de PVC e Metálicos em Redes de Água",105260,"ASSENTAMENTO E FORNECIMENTO DE TUBO DE PVC PBA PARA REDE DE ÁGUA, DN 50, JUNTA ELÁSTICA INTEGRADA, INSTALADO EM LOCAL COM NÍVEL ALTO DE INTERFERÊNCIAS (INCLUI FORNECIMENTO). AF_05/2024","UN",28.79,0.90069999999999995]
["Assentamento de Tubos de PVC e Metálicos em Redes de Água",105285,"ASSENTAMENTO E FORNECIMENTO DE TUBO DE PVC PBA PARA REDE DE ÁGUA, DN 50, JUNTA ELÁSTICA INTEGRADA, INSTALADO EM LOCAL COM NÍVEL BAIXO DE INTERFERÊNCIAS (INCLUI FORNECIMENTO). AF_05/2024","UN",28.27,0.91720000000000002]
["Assentamento de Tubos de PVC e Metálicos em Redes de Água",105327,"ASSENTAMENTO E FORNECIMENTO DE TUBO DE PVC PBA PARA REDE DE ÁGUA, DN 75, JUNTA ELÁSTICA INTEGRADA, INSTALADO EM LOCAL COM NÍVEL ALTO DE INTERFERÊNCIAS (INCLUI FORNECIMENTO). AF_05/2024","UN",54.37,0.9365]
["Assentamento de Tubos de PVC e Metálicos em Redes de Água",105328,"ASSENTAMENTO E FORNECIMENTO DE TUBO DE PVC PBA PARA REDE DE ÁGUA, DN 75, JUNTA ELÁSTICA INTEGRADA, INSTALADO EM LOCAL COM NÍVEL BAIXO DE INTERFERÊNCIAS (INCLUI FORNECIMENTO). AF_05/2024","UN",53.75,0.94730000000000003]
["Assentamento de Tubos de PVC e Metálicos em Redes de Água",105377,"FORNECIMENTO E ASSENTAMENTO DE CURVA 45 GRAUS RANHURADA EM FERRO FUNDIDO, DN 80 MM (3\") PARA REDE DE ÁGUA, INSTALADO EM LOCAL COM NÍVEL ALTO DE INTERFERÊNCIAS (INCLUI FORNECIMENTO). AF_05/2024","UN",44.04,0.77070000000000005]
["Assentamento de Tubos de PVC e Metálicos em Redes de Água",105368,"FORNECIMENTO E ASSENTAMENTO DE CURVA 45 GRAUS RANHURADA EM FERRO FUNDIDO, DN 80 MM (3\") PARA REDE DE ÁGUA, INSTALADO EM LOCAL COM NÍVEL BAIXO DE INTERFERÊNCIAS (INCLUI FORNECIMENTO). AF_05/2024","UN",40.68,0.79649999999999999]
["Assentamento de Tubos de PVC e Metálicos em Redes de Água",105369,"FORNECIMENTO E ASSENTAMENTO DE TE RANHURADO EM FERRO FUNDIDO, DN 80 (3\") PARA REDE DE ÁGUA, INSTALADO EM LOCAL COM NÍVEL ALTO DE INTERFERÊNCIAS (INCLUI FORNECIMENTO). AF_05/2024","UN",69.36,0.79859999999999998]
["Assentamento de Tubos de PVC e Metálicos em Redes de Água",105370,"FORNECIMENTO E ASSENTAMENTO DE TE RANHURADO EM FERRO FUNDIDO, DN 80 (3\") PARA REDE DE ÁGUA, INSTALADO EM LOCAL COM NÍVEL BAIXO DE INTERFERÊNCIAS (INCLUI FORNECIMENTO). AF_05/2024","UN",64.86,0.82240000000000002]
["Assentamento de tubos de esgoto ou drenagem pluvial em concreto",92864,"ASSENTAMENTO DE TUBO DE CONCRETO PARA REDES COLETORAS DE ESGOTO SANITÁRIO, DIÂMETRO DE 1000 MM, JUNTA ELÁSTICA, INSTALADO EM LOCAL COM ALTO NÍVEL DE INTERFERÊNCIAS (NÃO INCLUI FORNECIMENTO). AF_03/2024","M",100.94,0.18390000000000001]
["Assentamento de tubos de esgoto ou drenagem pluvial em concreto",92848,"ASSENTAMENTO DE TUBO DE CONCRETO PARA REDES COLETORAS DE ESGOTO SANITÁRIO, DIÂMETRO DE 1000 MM, JUNTA ELÁSTICA, INSTALADO EM LOCAL COM BAIXO NÍVEL DE INTERFERÊNCIAS (NÃO INCLUI FORNECIMENTO). AF_03/2024","M",91.17,0.16639999999999999]
["Assentamento de tubos de esgoto ou drenagem pluvial em concreto",104937,"ASSENTAMENTO DE TUBO DE CONCRETO PARA REDES COLETORAS DE ESGOTO SANITÁRIO, DIÂMETRO DE 1200 MM, JUNTA ELÁSTICA, INSTALADO EM LOCAL COM ALTO NÍVEL DE INTERFERÊNCIAS (NÃO INCLUI FORNECIMENTO). AF_03/2024","M",0]
["Assentamento de tubos de esgoto ou drenagem pluvial em concreto",104933,"ASSENTAMENTO DE TUBO DE CONCRETO PARA REDES COLETORAS DE ESGOTO SANITÁRIO, DIÂMETRO DE 1200 MM, JUNTA ELÁSTICA, INSTALADO EM LOCAL COM BAIXO NÍVEL DE INTERFERÊNCIAS (NÃO INCLUI FORNECIMENTO). AF_03/2024","M",0]
["Assentamento de tubos de esgoto ou drenagem pluvial em concreto",104939,"ASSENTAMENTO DE TUBO DE CONCRETO PARA REDES COLETORAS DE ESGOTO SANITÁRIO, DIÂMETRO DE 1500 MM, JUNTA ELÁSTICA, INSTALADO EM LOCAL COM ALTO NÍVEL DE INTERFERÊNCIAS (NÃO INCLUI FORNECIMENTO). AF_03/2024","M",0]
["Assentamento de tubos de esgoto ou drenagem pluvial em concreto",104935,"ASSENTAMENTO DE TUBO DE CONCRETO PARA REDES COLETORAS DE ESGOTO SANITÁRIO, DIÂMETRO DE 1500 MM, JUNTA ELÁSTICA, INSTALADO EM LOCAL COM BAIXO NÍVEL DE INTERFERÊNCIAS (NÃO INCLUI FORNECIMENTO). AF_03/2024","M",0]
["Assentamento de tubos de esgoto ou drenagem pluvial em concreto",92850,"ASSENTAMENTO DE TUBO DE CONCRETO PARA REDES COLETORAS DE ESGOTO SANITÁRIO, DIÂMETRO DE 300 MM, JUNTA ELÁSTICA, INSTALADO EM LOCAL COM ALTO NÍVEL DE INTERFERÊNCIAS (NÃO INCLUI FORNECIMENTO). AF_03/2024","M",24.88,0.18729999999999999]
["Assentamento de tubos de esgoto ou drenagem pluvial em concreto",92834,"ASSENTAMENTO DE TUBO DE CONCRETO PARA REDES COLETORAS DE ESGOTO SANITÁRIO, DIÂMETRO DE 300 MM, JUNTA ELÁSTICA, INSTALADO EM LOCAL COM BAIXO NÍVEL DE INTERFERÊNCIAS (NÃO INCLUI FORNECIMENTO). AF_03/2024","M",22.44,0.16930000000000001]
["Assentamento de tubos de esgoto ou drenagem pluvial em concreto",92852,"ASSENTAMENTO DE TUBO DE CONCRETO PARA REDES COLETORAS DE ESGOTO SANITÁRIO, DIÂMETRO DE 400 MM, JUNTA ELÁSTICA, INSTALADO EM LOCAL COM ALTO NÍVEL DE INTERFERÊNCIAS (NÃO INCLUI FORNECIMENTO). AF_03/2024","M",32.82,0.20230000000000001]
["Assentamento de tubos de esgoto ou drenagem pluvial em concreto",92836,"ASSENTAMENTO DE TUBO DE CONCRETO PARA REDES COLETORAS DE ESGOTO SANITÁRIO, DIÂMETRO DE 400 MM, JUNTA ELÁSTICA, INSTALADO EM LOCAL COM BAIXO NÍVEL DE INTERFERÊNCIAS (NÃO INCLUI FORNECIMENTO). AF_03/2024","M",29.32,0.18490000000000001]
["Assentamento de tubos de esgoto ou drenagem pluvial em concreto",92854,"ASSENTAMENTO DE TUBO DE CONCRETO PARA REDES COLETORAS DE ESGOTO SANITÁRIO, DIÂMETRO DE 500 MM, JUNTA ELÁSTICA, INSTALADO EM LOCAL COM ALTO NÍVEL DE INTERFERÊNCIAS (NÃO INCLUI FORNECIMENTO). AF_03/2024","M",41.19,0.20949999999999999]
["Assentamento de tubos de esgoto ou drenagem pluvial em concreto",92838,"ASSENTAMENTO DE TUBO DE CONCRETO PARA REDES COLETORAS DE ESGOTO SANITÁRIO, DIÂMETRO DE 500 MM, JUNTA ELÁSTICA, INSTALADO EM LOCAL COM BAIXO NÍVEL DE INTERFERÊNCIAS (NÃO INCLUI FORNECIMENTO). AF_03/2024","M",36.659999999999997,0.1923]
["Assentamento de tubos de esgoto ou drenagem pluvial em concreto",92856,"ASSENTAMENTO DE TUBO DE CONCRETO PARA REDES COLETORAS DE ESGOTO SANITÁRIO, DIÂMETRO DE 600 MM, JUNTA ELÁSTICA, INSTALADO EM LOCAL COM ALTO NÍVEL DE INTERFERÊNCIAS (NÃO INCLUI FORNECIMENTO). AF_03/2024","M",49.96,0.21240000000000001]
["Assentamento de tubos de esgoto ou drenagem pluvial em concreto",92840,"ASSENTAMENTO DE TUBO DE CONCRETO PARA REDES COLETORAS DE ESGOTO SANITÁRIO, DIÂMETRO DE 600 MM, JUNTA ELÁSTICA, INSTALADO EM LOCAL COM BAIXO NÍVEL DE INTERFERÊNCIAS (NÃO INCLUI FORNECIMENTO). AF_03/2024","M",44.38,0.19539999999999999]
["Assentamento de tubos de esgoto ou drenagem pluvial em concreto",92858,"ASSENTAMENTO DE TUBO DE CONCRETO PARA REDES COLETORAS DE ESGOTO SANITÁRIO, DIÂMETRO DE 700 MM, JUNTA ELÁSTICA, INSTALADO EM LOCAL COM ALTO NÍVEL DE INTERFERÊNCIAS (NÃO INCLUI FORNECIMENTO). AF_03/2024","M",62.74,0.20100000000000001]
["Assentamento de tubos de esgoto ou drenagem pluvial em concreto",92842,"ASSENTAMENTO DE TUBO DE CONCRETO PARA REDES COLETORAS DE ESGOTO SANITÁRIO, DIÂMETRO DE 700 MM, JUNTA ELÁSTICA, INSTALADO EM LOCAL COM BAIXO NÍVEL DE INTERFERÊNCIAS (NÃO INCLUI FORNECIMENTO). AF_03/2024","M",56.1,0.18360000000000001]
["Assentamento de tubos de esgoto ou drenagem pluvial em concreto",92860,"ASSENTAMENTO DE TUBO DE CONCRETO PARA REDES COLETORAS DE ESGOTO SANITÁRIO, DIÂMETRO DE 800 MM, JUNTA ELÁSTICA, INSTALADO EM LOCAL COM ALTO NÍVEL DE INTERFERÊNCIAS (NÃO INCLUI FORNECIMENTO). AF_03/2024","M",74.59,0.1956]
["Assentamento de tubos de esgoto ou drenagem pluvial em concreto",92844,"ASSENTAMENTO DE TUBO DE CONCRETO PARA REDES COLETORAS DE ESGOTO SANITÁRIO, DIÂMETRO DE 800 MM, JUNTA ELÁSTICA, INSTALADO EM LOCAL COM BAIXO NÍVEL DE INTERFERÊNCIAS (NÃO INCLUI FORNECIMENTO). AF_03/2024","M",66.900000000000006,0.1782]
["Assentamento de tubos de esgoto ou drenagem pluvial em concreto",92862,"ASSENTAMENTO DE TUBO DE CONCRETO PARA REDES COLETORAS DE ESGOTO SANITÁRIO, DIÂMETRO DE 900 MM, JUNTA ELÁSTICA, INSTALADO EM LOCAL COM ALTO NÍVEL DE INTERFERÊNCIAS (NÃO INCLUI FORNECIMENTO). AF_03/2024","M",85.53,0.19389999999999999]
["Assentamento de tubos de esgoto ou drenagem pluvial em concreto",92846,"ASSENTAMENTO DE TUBO DE CONCRETO PARA REDES COLETORAS DE ESGOTO SANITÁRIO, DIÂMETRO DE 900 MM, JUNTA ELÁSTICA, INSTALADO EM LOCAL COM BAIXO NÍVEL DE INTERFERÊNCIAS (NÃO INCLUI FORNECIMENTO). AF_03/2024","M",76.81,0.17649999999999999]
["Assentamento de tubos de esgoto ou drenagem pluvial em concreto",92828,"ASSENTAMENTO DE TUBO DE CONCRETO PARA REDES COLETORAS DE ÁGUAS PLUVIAIS, DIÂMETRO DE 1000 MM, JUNTA RÍGIDA, INSTALADO EM LOCAL COM ALTO NÍVEL DE INTERFERÊNCIAS (NÃO INCLUI FORNECIMENTO). AF_03/2024","M",109.07,0.30740000000000001]
["Assentamento de tubos de esgoto ou drenagem pluvial em concreto",92815,"ASSENTAMENTO DE TUBO DE CONCRETO PARA REDES COLETORAS DE ÁGUAS PLUVIAIS, DIÂMETRO DE 1000 MM, JUNTA RÍGIDA, INSTALADO EM LOCAL COM BAIXO NÍVEL DE INTERFERÊNCIAS (NÃO INCLUI FORNECIMENTO). AF_03/2024","M",99.29,0.30359999999999998]
["Assentamento de tubos de esgoto ou drenagem pluvial em concreto",92830,"ASSENTAMENTO DE TUBO DE CONCRETO PARA REDES COLETORAS DE ÁGUAS PLUVIAIS, DIÂMETRO DE 1200 MM, JUNTA RÍGIDA, INSTALADO EM LOCAL COM ALTO NÍVEL DE INTERFERÊNCIAS (NÃO INCLUI FORNECIMENTO). AF_03/2024","M",135.27000000000001,0.29930000000000001]
["Assentamento de tubos de esgoto ou drenagem pluvial em concreto",92817,"ASSENTAMENTO DE TUBO DE CONCRETO PARA REDES COLETORAS DE ÁGUAS PLUVIAIS, DIÂMETRO DE 1200 MM, JUNTA RÍGIDA, INSTALADO EM LOCAL COM BAIXO NÍVEL DE INTERFERÊNCIAS (NÃO INCLUI FORNECIMENTO). AF_03/2024","M",123.41,0.29459999999999997]
["Assentamento de tubos de esgoto ou drenagem pluvial em concreto",92832,"ASSENTAMENTO DE TUBO DE CONCRETO PARA REDES COLETORAS DE ÁGUAS PLUVIAIS, DIÂMETRO DE 1500 MM, JUNTA RÍGIDA, INSTALADO EM LOCAL COM ALTO NÍVEL DE INTERFERÊNCIAS (NÃO INCLUI FORNECIMENTO). AF_03/2024","M",176.82,0.28799999999999998]
["Assentamento de tubos de esgoto ou drenagem pluvial em concreto",92819,"ASSENTAMENTO DE TUBO DE CONCRETO PARA REDES COLETORAS DE ÁGUAS PLUVIAIS, DIÂMETRO DE 1500 MM, JUNTA RÍGIDA, INSTALADO EM LOCAL COM BAIXO NÍVEL DE INTERFERÊNCIAS (NÃO INCLUI FORNECIMENTO). AF_03/2024","M",161.81,0.28249999999999997]
["Assentamento de tubos de esgoto ou drenagem pluvial em concreto",92820,"ASSENTAMENTO DE TUBO DE CONCRETO PARA REDES COLETORAS DE ÁGUAS PLUVIAIS, DIÂMETRO DE 300 MM, JUNTA RÍGIDA, INSTALADO EM LOCAL COM ALTO NÍVEL DE INTERFERÊNCIAS (NÃO INCLUI FORNECIMENTO). AF_03/2024","M",27.03,0.34]
["Assentamento de tubos de esgoto ou drenagem pluvial em concreto",92808,"ASSENTAMENTO DE TUBO DE CONCRETO PARA REDES COLETORAS DE ÁGUAS PLUVIAIS, DIÂMETRO DE 300 MM, JUNTA RÍGIDA, INSTALADO EM LOCAL COM BAIXO NÍVEL DE INTERFERÊNCIAS (NÃO INCLUI FORNECIMENTO). AF_03/2024","M",24.56,0.33879999999999999]
["Assentamento de tubos de esgoto ou drenagem pluvial em concreto",92821,"ASSENTAMENTO DE TUBO DE CONCRETO PARA REDES COLETORAS DE ÁGUAS PLUVIAIS, DIÂMETRO DE 400 MM, JUNTA RÍGIDA, INSTALADO EM LOCAL COM ALTO NÍVEL DE INTERFERÊNCIAS (NÃO INCLUI FORNECIMENTO). AF_03/2024","M",37.78,0.33479999999999999]
["Assentamento de tubos de esgoto ou drenagem pluvial em concreto",92809,"ASSENTAMENTO DE TUBO DE CONCRETO PARA REDES COLETORAS DE ÁGUAS PLUVIAIS, DIÂMETRO DE 400 MM, JUNTA RÍGIDA, INSTALADO EM LOCAL COM BAIXO NÍVEL DE INTERFERÊNCIAS (NÃO INCLUI FORNECIMENTO). AF_03/2024","M",34.270000000000003,0.33379999999999999]
["Assentamento de tubos de esgoto ou drenagem pluvial em concreto",92822,"ASSENTAMENTO DE TUBO DE CONCRETO PARA REDES COLETORAS DE ÁGUAS PLUVIAIS, DIÂMETRO DE 500 MM, JUNTA RÍGIDA, INSTALADO EM LOCAL COM ALTO NÍVEL DE INTERFERÊNCIAS (NÃO INCLUI FORNECIMENTO). AF_03/2024","M",48.93,0.32969999999999999]
["Assentamento de tubos de esgoto ou drenagem pluvial em concreto",92810,"ASSENTAMENTO DE TUBO DE CONCRETO PARA REDES COLETORAS DE ÁGUAS PLUVIAIS, DIÂMETRO DE 500 MM, JUNTA RÍGIDA, INSTALADO EM LOCAL COM BAIXO NÍVEL DE INTERFERÊNCIAS (NÃO INCLUI FORNECIMENTO). AF_03/2024","M",44.39,0.32800000000000001]
["Assentamento de tubos de esgoto ou drenagem pluvial em concreto",92824,"ASSENTAMENTO DE TUBO DE CONCRETO PARA REDES COLETORAS DE ÁGUAS PLUVIAIS, DIÂMETRO DE 600 MM, JUNTA RÍGIDA, INSTALADO EM LOCAL COM ALTO NÍVEL DE INTERFERÊNCIAS (NÃO INCLUI FORNECIMENTO). AF_03/2024","M",60.32,0.3251]
["Assentamento de tubos de esgoto ou drenagem pluvial em concreto",92811,"ASSENTAMENTO DE TUBO DE CONCRETO PARA REDES COLETORAS DE ÁGUAS PLUVIAIS, DIÂMETRO DE 600 MM, JUNTA RÍGIDA, INSTALADO EM LOCAL COM BAIXO NÍVEL DE INTERFERÊNCIAS (NÃO INCLUI FORNECIMENTO). AF_03/2024","M",54.73,0.32300000000000001]
["Assentamento de tubos de esgoto ou drenagem pluvial em concreto",92825,"ASSENTAMENTO DE TUBO DE CONCRETO PARA REDES COLETORAS DE ÁGUAS PLUVIAIS, DIÂMETRO DE 700 MM, JUNTA RÍGIDA, INSTALADO EM LOCAL COM ALTO NÍVEL DE INTERFERÊNCIAS (NÃO INCLUI FORNECIMENTO). AF_03/2024","M",72.03,0.3206]
["Assentamento de tubos de esgoto ou drenagem pluvial em concreto",92812,"ASSENTAMENTO DE TUBO DE CONCRETO PARA REDES COLETORAS DE ÁGUAS PLUVIAIS, DIÂMETRO DE 700 MM, JUNTA RÍGIDA, INSTALADO EM LOCAL COM BAIXO NÍVEL DE INTERFERÊNCIAS (NÃO INCLUI FORNECIMENTO). AF_03/2024","M",65.41,0.31780000000000003]
["Assentamento de tubos de esgoto ou drenagem pluvial em concreto",92826,"ASSENTAMENTO DE TUBO DE CONCRETO PARA REDES COLETORAS DE ÁGUAS PLUVIAIS, DIÂMETRO DE 800 MM, JUNTA RÍGIDA, INSTALADO EM LOCAL COM ALTO NÍVEL DE INTERFERÊNCIAS (NÃO INCLUI FORNECIMENTO). AF_03/2024","M",84.08,0.31590000000000001]
["Assentamento de tubos de esgoto ou drenagem pluvial em concreto",92813,"ASSENTAMENTO DE TUBO DE CONCRETO PARA REDES COLETORAS DE ÁGUAS PLUVIAIS, DIÂMETRO DE 800 MM, JUNTA RÍGIDA, INSTALADO EM LOCAL COM BAIXO NÍVEL DE INTERFERÊNCIAS (NÃO INCLUI FORNECIMENTO). AF_03/2024","M",76.430000000000007,0.31280000000000002]
["Assentamento de tubos de esgoto ou drenagem pluvial em concreto",92827,"ASSENTAMENTO DE TUBO DE CONCRETO PARA REDES COLETORAS DE ÁGUAS PLUVIAIS, DIÂMETRO DE 900 MM, JUNTA RÍGIDA, INSTALADO EM LOCAL COM ALTO NÍVEL DE INTERFERÊNCIAS (NÃO INCLUI FORNECIMENTO). AF_03/2024","M",96.47,0.3115]
["Assentamento de tubos de esgoto ou drenagem pluvial em concreto",92814,"ASSENTAMENTO DE TUBO DE CONCRETO PARA REDES COLETORAS DE ÁGUAS PLUVIAIS, DIÂMETRO DE 900 MM, JUNTA RÍGIDA, INSTALADO EM LOCAL COM BAIXO NÍVEL DE INTERFERÊNCIAS (NÃO INCLUI FORNECIMENTO). AF_03/2024","M",87.72,0.308]
["Assentamento de tubos de esgoto ou drenagem pluvial em concreto",95570,"TUBO DE CONCRETO (SIMPLES) PARA REDES COLETORAS DE ÁGUAS PLUVIAIS, DIÂMETRO DE 300 MM, JUNTA RÍGIDA, INSTALADO EM LOCAL COM ALTO NÍVEL DE INTERFERÊNCIAS - FORNECIMENTO E ASSENTAMENTO. AF_03/2024","M",97.07,0.81620000000000004]
["Assentamento de tubos de esgoto ou drenagem pluvial em concreto",95567,"TUBO DE CONCRETO (SIMPLES) PARA REDES COLETORAS DE ÁGUAS PLUVIAIS, DIÂMETRO DE 300 MM, JUNTA RÍGIDA, INSTALADO EM LOCAL COM BAIXO NÍVEL DE INTERFERÊNCIAS - FORNECIMENTO E ASSENTAMENTO. AF_03/2024","M",94.6,0.82830000000000004]
["Assentamento de tubos de esgoto ou drenagem pluvial em concreto",95571,"TUBO DE CONCRETO (SIMPLES) PARA REDES COLETORAS DE ÁGUAS PLUVIAIS, DIÂMETRO DE 400 MM, JUNTA RÍGIDA, INSTALADO EM LOCAL COM ALTO NÍVEL DE INTERFERÊNCIAS - FORNECIMENTO E ASSENTAMENTO. AF_03/2024","M",120.54,0.79149999999999998]
["Assentamento de tubos de esgoto ou drenagem pluvial em concreto",95568,"TUBO DE CONCRETO (SIMPLES) PARA REDES COLETORAS DE ÁGUAS PLUVIAIS, DIÂMETRO DE 400 MM, JUNTA RÍGIDA, INSTALADO EM LOCAL COM BAIXO NÍVEL DE INTERFERÊNCIAS - FORNECIMENTO E ASSENTAMENTO. AF_03/2024","M",117.03,0.80489999999999995]
["Assentamento de tubos de esgoto ou drenagem pluvial em concreto",95572,"TUBO DE CONCRETO (SIMPLES) PARA REDES COLETORAS DE ÁGUAS PLUVIAIS, DIÂMETRO DE 500 MM, JUNTA RÍGIDA, INSTALADO EM LOCAL COM ALTO NÍVEL DE INTERFERÊNCIAS - FORNECIMENTO E ASSENTAMENTO. AF_03/2024","M",172.1,0.80940000000000001]
["Assentamento de tubos de esgoto ou drenagem pluvial em concreto",95569,"TUBO DE CONCRETO (SIMPLES) PARA REDES COLETORAS DE ÁGUAS PLUVIAIS, DIÂMETRO DE 500 MM, JUNTA RÍGIDA, INSTALADO EM LOCAL COM BAIXO NÍVEL DE INTERFERÊNCIAS - FORNECIMENTO E ASSENTAMENTO. AF_03/2024","M",167.56,0.82199999999999995]
["Assentamento de tubos de esgoto ou drenagem pluvial em concreto",92863,"TUBO DE CONCRETO PARA REDES COLETORAS DE ESGOTO SANITÁRIO, DIÂMETRO DE 1000 MM, JUNTA ELÁSTICA, INSTALADO EM LOCAL COM ALTO NÍVEL DE INTERFERÊNCIAS - FORNECIMENTO E ASSENTAMENTO. AF_03/2024","M",1141.55,1.6299999999999999E-2]
["Assentamento de tubos de esgoto ou drenagem pluvial em concreto",92847,"TUBO DE CONCRETO PARA REDES COLETORAS DE ESGOTO SANITÁRIO, DIÂMETRO DE 1000 MM, JUNTA ELÁSTICA, INSTALADO EM LOCAL COM BAIXO NÍVEL DE INTERFERÊNCIAS - FORNECIMENTO E ASSENTAMENTO. AF_03/2024","M",1131.78,1.34E-2]
["Assentamento de tubos de esgoto ou drenagem pluvial em concreto",104936,"TUBO DE CONCRETO PARA REDES COLETORAS DE ESGOTO SANITÁRIO, DIÂMETRO DE 1200 MM, JUNTA ELÁSTICA, INSTALADO EM LOCAL COM ALTO NÍVEL DE INTERFERÊNCIAS - FORNECIMENTO E ASSENTAMENTO. AF_03/2024","M",0]
["Assentamento de tubos de esgoto ou drenagem pluvial em concreto",104932,"TUBO DE CONCRETO PARA REDES COLETORAS DE ESGOTO SANITÁRIO, DIÂMETRO DE 1200 MM, JUNTA ELÁSTICA, INSTALADO EM LOCAL COM BAIXO NÍVEL DE INTERFERÊNCIAS - FORNECIMENTO E ASSENTAMENTO. AF_03/2024","M",0]
["Assentamento de tubos de esgoto ou drenagem pluvial em concreto",104938,"TUBO DE CONCRETO PARA REDES COLETORAS DE ESGOTO SANITÁRIO, DIÂMETRO DE 1500 MM, JUNTA ELÁSTICA, INSTALADO EM LOCAL COM ALTO NÍVEL DE INTERFERÊNCIAS - FORNECIMENTO E ASSENTAMENTO. AF_03/2024","M",0]
["Assentamento de tubos de esgoto ou drenagem pluvial em concreto",104934,"TUBO DE CONCRETO PARA REDES COLETORAS DE ESGOTO SANITÁRIO, DIÂMETRO DE 1500 MM, JUNTA ELÁSTICA, INSTALADO EM LOCAL COM BAIXO NÍVEL DE INTERFERÊNCIAS - FORNECIMENTO E ASSENTAMENTO. AF_03/2024","M",0]
["Assentamento de tubos de esgoto ou drenagem pluvial em concreto",92849,"TUBO DE CONCRETO PARA REDES COLETORAS DE ESGOTO SANITÁRIO, DIÂMETRO DE 300 MM, JUNTA ELÁSTICA, INSTALADO EM LOCAL COM ALTO NÍVEL DE INTERFERÊNCIAS - FORNECIMENTO E ASSENTAMENTO. AF_03/2024","M",242.6,1.9199999999999998E-2]
["Assentamento de tubos de esgoto ou drenagem pluvial em concreto",92833,"TUBO DE CONCRETO PARA REDES COLETORAS DE ESGOTO SANITÁRIO, DIÂMETRO DE 300 MM, JUNTA ELÁSTICA, INSTALADO EM LOCAL COM BAIXO NÍVEL DE INTERFERÊNCIAS - FORNECIMENTO E ASSENTAMENTO. AF_03/2024","M",240.16,1.5800000000000002E-2]
["Assentamento de tubos de esgoto ou drenagem pluvial em concreto",92851,"TUBO DE CONCRETO PARA REDES COLETORAS DE ESGOTO SANITÁRIO, DIÂMETRO DE 400 MM, JUNTA ELÁSTICA, INSTALADO EM LOCAL COM ALTO NÍVEL DE INTERFERÊNCIAS - FORNECIMENTO E ASSENTAMENTO. AF_03/2024","M",256.12,2.5899999999999999E-2]
["Assentamento de tubos de esgoto ou drenagem pluvial em concreto",92835,"TUBO DE CONCRETO PARA REDES COLETORAS DE ESGOTO SANITÁRIO, DIÂMETRO DE 400 MM, JUNTA ELÁSTICA, INSTALADO EM LOCAL COM BAIXO NÍVEL DE INTERFERÊNCIAS - FORNECIMENTO E ASSENTAMENTO. AF_03/2024","M",252.62,2.1499999999999998E-2]
["Assentamento de tubos de esgoto ou drenagem pluvial em concreto",92853,"TUBO DE CONCRETO PARA REDES COLETORAS DE ESGOTO SANITÁRIO, DIÂMETRO DE 500 MM, JUNTA ELÁSTICA, INSTALADO EM LOCAL COM ALTO NÍVEL DE INTERFERÊNCIAS - FORNECIMENTO E ASSENTAMENTO. AF_03/2024","M",454.31,1.9E-2]
["Assentamento de tubos de esgoto ou drenagem pluvial em concreto",92837,"TUBO DE CONCRETO PARA REDES COLETORAS DE ESGOTO SANITÁRIO, DIÂMETRO DE 500 MM, JUNTA ELÁSTICA, INSTALADO EM LOCAL COM BAIXO NÍVEL DE INTERFERÊNCIAS - FORNECIMENTO E ASSENTAMENTO. AF_03/2024","M",449.78,1.5699999999999999E-2]
["Assentamento de tubos de esgoto ou drenagem pluvial em concreto",92855,"TUBO DE CONCRETO PARA REDES COLETORAS DE ESGOTO SANITÁRIO, DIÂMETRO DE 600 MM, JUNTA ELÁSTICA, INSTALADO EM LOCAL COM ALTO NÍVEL DE INTERFERÊNCIAS - FORNECIMENTO E ASSENTAMENTO. AF_03/2024","M",556.87,1.9099999999999999E-2]
["Assentamento de tubos de esgoto ou drenagem pluvial em concreto",92839,"TUBO DE CONCRETO PARA REDES COLETORAS DE ESGOTO SANITÁRIO, DIÂMETRO DE 600 MM, JUNTA ELÁSTICA, INSTALADO EM LOCAL COM BAIXO NÍVEL DE INTERFERÊNCIAS - FORNECIMENTO E ASSENTAMENTO. AF_03/2024","M",551.29,1.5699999999999999E-2]
["Assentamento de tubos de esgoto ou drenagem pluvial em concreto",92857,"TUBO DE CONCRETO PARA REDES COLETORAS DE ESGOTO SANITÁRIO, DIÂMETRO DE 700 MM, JUNTA ELÁSTICA, INSTALADO EM LOCAL COM ALTO NÍVEL DE INTERFERÊNCIAS - FORNECIMENTO E ASSENTAMENTO. AF_03/2024","M",724.85,1.7399999999999999E-2]
["Assentamento de tubos de esgoto ou drenagem pluvial em concreto",92841,"TUBO DE CONCRETO PARA REDES COLETORAS DE ESGOTO SANITÁRIO, DIÂMETRO DE 700 MM, JUNTA ELÁSTICA, INSTALADO EM LOCAL COM BAIXO NÍVEL DE INTERFERÊNCIAS - FORNECIMENTO E ASSENTAMENTO. AF_03/2024","M",718.21,1.43E-2]
["Assentamento de tubos de esgoto ou drenagem pluvial em concreto",92859,"TUBO DE CONCRETO PARA REDES COLETORAS DE ESGOTO SANITÁRIO, DIÂMETRO DE 800 MM, JUNTA ELÁSTICA, INSTALADO EM LOCAL COM ALTO NÍVEL DE INTERFERÊNCIAS - FORNECIMENTO E ASSENTAMENTO. AF_03/2024","M",751.33,1.9400000000000001E-2]
["Assentamento de tubos de esgoto ou drenagem pluvial em concreto",92843,"TUBO DE CONCRETO PARA REDES COLETORAS DE ESGOTO SANITÁRIO, DIÂMETRO DE 800 MM, JUNTA ELÁSTICA, INSTALADO EM LOCAL COM BAIXO NÍVEL DE INTERFERÊNCIAS - FORNECIMENTO E ASSENTAMENTO. AF_03/2024","M",743.64,1.6E-2]
["Assentamento de tubos de esgoto ou drenagem pluvial em concreto",92861,"TUBO DE CONCRETO PARA REDES COLETORAS DE ESGOTO SANITÁRIO, DIÂMETRO DE 900 MM, JUNTA ELÁSTICA, INSTALADO EM LOCAL COM ALTO NÍVEL DE INTERFERÊNCIAS - FORNECIMENTO E ASSENTAMENTO. AF_03/2024","M",1111.6300000000001,1.49E-2]
["Assentamento de tubos de esgoto ou drenagem pluvial em concreto",92845,"TUBO DE CONCRETO PARA REDES COLETORAS DE ESGOTO SANITÁRIO, DIÂMETRO DE 900 MM, JUNTA ELÁSTICA, INSTALADO EM LOCAL COM BAIXO NÍVEL DE INTERFERÊNCIAS - FORNECIMENTO E ASSENTAMENTO. AF_03/2024","M",1102.9100000000001,1.23E-2]
["Assentamento de tubos de esgoto ou drenagem pluvial em concreto",92226,"TUBO DE CONCRETO PARA REDES COLETORAS DE ÁGUAS PLUVIAIS, DIÂMETRO DE 1000 MM, JUNTA RÍGIDA, INSTALADO EM LOCAL COM ALTO NÍVEL DE INTERFERÊNCIAS - FORNECIMENTO E ASSENTAMENTO. AF_03/2024","M",627.14,5.3499999999999999E-2]
["Assentamento de tubos de esgoto ou drenagem pluvial em concreto",92216,"TUBO DE CONCRETO PARA REDES COLETORAS DE ÁGUAS PLUVIAIS, DIÂMETRO DE 1000 MM, JUNTA RÍGIDA, INSTALADO EM LOCAL COM BAIXO NÍVEL DE INTERFERÊNCIAS - FORNECIMENTO E ASSENTAMENTO. AF_03/2024","M",617.36,4.8800000000000003E-2]
["Assentamento de tubos de esgoto ou drenagem pluvial em concreto",92829,"TUBO DE CONCRETO PARA REDES COLETORAS DE ÁGUAS PLUVIAIS, DIÂMETRO DE 1200 MM, JUNTA RÍGIDA, INSTALADO EM LOCAL COM ALTO NÍVEL DE INTERFERÊNCIAS - FORNECIMENTO E ASSENTAMENTO. AF_03/2024","M",909.03,4.4499999999999998E-2]
["Assentamento de tubos de esgoto ou drenagem pluvial em concreto",92816,"TUBO DE CONCRETO PARA REDES COLETORAS DE ÁGUAS PLUVIAIS, DIÂMETRO DE 1200 MM, JUNTA RÍGIDA, INSTALADO EM LOCAL COM BAIXO NÍVEL DE INTERFERÊNCIAS - FORNECIMENTO E ASSENTAMENTO. AF_03/2024","M",897.17,4.0500000000000001E-2]
["Assentamento de tubos de esgoto ou drenagem pluvial em concreto",92831,"TUBO DE CONCRETO PARA REDES COLETORAS DE ÁGUAS PLUVIAIS, DIÂMETRO DE 1500 MM, JUNTA RÍGIDA, INSTALADO EM LOCAL COM ALTO NÍVEL DE INTERFERÊNCIAS - FORNECIMENTO E ASSENTAMENTO. AF_03/2024","M",1297.83,3.9199999999999999E-2]
["Assentamento de tubos de esgoto ou drenagem pluvial em concreto",92818,"TUBO DE CONCRETO PARA REDES COLETORAS DE ÁGUAS PLUVIAIS, DIÂMETRO DE 1500 MM, JUNTA RÍGIDA, INSTALADO EM LOCAL COM BAIXO NÍVEL DE INTERFERÊNCIAS - FORNECIMENTO E ASSENTAMENTO. AF_03/2024","M",1282.82,3.56E-2]
["Assentamento de tubos de esgoto ou drenagem pluvial em concreto",95566,"TUBO DE CONCRETO PARA REDES COLETORAS DE ÁGUAS PLUVIAIS, DIÂMETRO DE 300MM, JUNTA RÍGIDA, INSTALADO EM LOCAL COM ALTO NÍVEL DE INTERFERÊNCIAS - FORNECIMENTO E ASSENTAMENTO. AF_03/2024","M",148.72,6.1800000000000001E-2]
["Assentamento de tubos de esgoto ou drenagem pluvial em concreto",95565,"TUBO DE CONCRETO PARA REDES COLETORAS DE ÁGUAS PLUVIAIS, DIÂMETRO DE 300MM, JUNTA RÍGIDA, INSTALADO EM LOCAL COM BAIXO NÍVEL DE INTERFERÊNCIAS - FORNECIMENTO E ASSENTAMENTO. AF_03/2024","M",146.25,5.6899999999999999E-2]
["Assentamento de tubos de esgoto ou drenagem pluvial em concreto",92219,"TUBO DE CONCRETO PARA REDES COLETORAS DE ÁGUAS PLUVIAIS, DIÂMETRO DE 400 MM, JUNTA RÍGIDA, INSTALADO EM LOCAL COM ALTO NÍVEL DE INTERFERÊNCIAS - FORNECIMENTO E ASSENTAMENTO. AF_03/2024","M",175.1,7.22E-2]
["Assentamento de tubos de esgoto ou drenagem pluvial em concreto",92210,"TUBO DE CONCRETO PARA REDES COLETORAS DE ÁGUAS PLUVIAIS, DIÂMETRO DE 400 MM, JUNTA RÍGIDA, INSTALADO EM LOCAL COM BAIXO NÍVEL DE INTERFERÊNCIAS - FORNECIMENTO E ASSENTAMENTO. AF_03/2024","M",171.59,6.6699999999999995E-2]
["Assentamento de tubos de esgoto ou drenagem pluvial em concreto",92220,"TUBO DE CONCRETO PARA REDES COLETORAS DE ÁGUAS PLUVIAIS, DIÂMETRO DE 500 MM, JUNTA RÍGIDA, INSTALADO EM LOCAL COM ALTO NÍVEL DE INTERFERÊNCIAS - FORNECIMENTO E ASSENTAMENTO. AF_03/2024","M",213.06,7.5700000000000003E-2]
["Assentamento de tubos de esgoto ou drenagem pluvial em concreto",92211,"TUBO DE CONCRETO PARA REDES COLETORAS DE ÁGUAS PLUVIAIS, DIÂMETRO DE 500 MM, JUNTA RÍGIDA, INSTALADO EM LOCAL COM BAIXO NÍVEL DE INTERFERÊNCIAS - FORNECIMENTO E ASSENTAMENTO. AF_03/2024","M",208.52,6.9800000000000001E-2]
["Assentamento de tubos de esgoto ou drenagem pluvial em concreto",92221,"TUBO DE CONCRETO PARA REDES COLETORAS DE ÁGUAS PLUVIAIS, DIÂMETRO DE 600 MM, JUNTA RÍGIDA, INSTALADO EM LOCAL COM ALTO NÍVEL DE INTERFERÊNCIAS - FORNECIMENTO E ASSENTAMENTO. AF_03/2024","M",326.06,6.0100000000000001E-2]
["Assentamento de tubos de esgoto ou drenagem pluvial em concreto",92212,"TUBO DE CONCRETO PARA REDES COLETORAS DE ÁGUAS PLUVIAIS, DIÂMETRO DE 600 MM, JUNTA RÍGIDA, INSTALADO EM LOCAL COM BAIXO NÍVEL DE INTERFERÊNCIAS - FORNECIMENTO E ASSENTAMENTO. AF_03/2024","M",320.47000000000003,5.5199999999999999E-2]
["Assentamento de tubos de esgoto ou drenagem pluvial em concreto",92222,"TUBO DE CONCRETO PARA REDES COLETORAS DE ÁGUAS PLUVIAIS, DIÂMETRO DE 700 MM, JUNTA RÍGIDA, INSTALADO EM LOCAL COM ALTO NÍVEL DE INTERFERÊNCIAS - FORNECIMENTO E ASSENTAMENTO. AF_03/2024","M",434.23,5.3199999999999997E-2]
["Assentamento de tubos de esgoto ou drenagem pluvial em concreto",92213,"TUBO DE CONCRETO PARA REDES COLETORAS DE ÁGUAS PLUVIAIS, DIÂMETRO DE 700 MM, JUNTA RÍGIDA, INSTALADO EM LOCAL COM BAIXO NÍVEL DE INTERFERÊNCIAS - FORNECIMENTO E ASSENTAMENTO. AF_03/2024","M",427.61,4.8599999999999997E-2]
["Assentamento de tubos de esgoto ou drenagem pluvial em concreto",92223,"TUBO DE CONCRETO PARA REDES COLETORAS DE ÁGUAS PLUVIAIS, DIÂMETRO DE 800 MM, JUNTA RÍGIDA, INSTALADO EM LOCAL COM ALTO NÍVEL DE INTERFERÊNCIAS - FORNECIMENTO E ASSENTAMENTO. AF_03/2024","M",526.22,5.0500000000000003E-2]
["Assentamento de tubos de esgoto ou drenagem pluvial em concreto",92214,"TUBO DE CONCRETO PARA REDES COLETORAS DE ÁGUAS PLUVIAIS, DIÂMETRO DE 800 MM, JUNTA RÍGIDA, INSTALADO EM LOCAL COM BAIXO NÍVEL DE INTERFERÊNCIAS - FORNECIMENTO E ASSENTAMENTO. AF_03/2024","M",518.57000000000005,4.6100000000000002E-2]
["Assentamento de tubos de esgoto ou drenagem pluvial em concreto",92224,"TUBO DE CONCRETO PARA REDES COLETORAS DE ÁGUAS PLUVIAIS, DIÂMETRO DE 900 MM, JUNTA RÍGIDA, INSTALADO EM LOCAL COM ALTO NÍVEL DE INTERFERÊNCIAS - FORNECIMENTO E ASSENTAMENTO. AF_03/2024","M",604.49,4.9700000000000001E-2]
["Assentamento de tubos de esgoto ou drenagem pluvial em concreto",92215,"TUBO DE CONCRETO PARA REDES COLETORAS DE ÁGUAS PLUVIAIS, DIÂMETRO DE 900 MM, JUNTA RÍGIDA, INSTALADO EM LOCAL COM BAIXO NÍVEL DE INTERFERÊNCIAS - FORNECIMENTO E ASSENTAMENTO. AF_03/2024","M",595.74,4.5400000000000003E-2]
["Aterro e Reaterro de Valas",94342,"ATERRO MANUAL DE VALAS COM AREIA PARA ATERRO. AF_08/2023","M3",139.22,3.7000000000000002E-3]
["Aterro e Reaterro de Valas",94319,"ATERRO MANUAL DE VALAS COM SOLO ARGILO-ARENOSO. AF_08/2023","M3",81.94,0.66320000000000001]
["Aterro e Reaterro de Valas",94304,"ATERRO MECANIZADO DE VALA COM ESCAVADEIRA HIDRÁULICA (CAPACIDADE DA CAÇAMBA: 0,8 M³ / POTÊNCIA: 111 HP), LARGURA ATÉ 2,5 M, PROFUNDIDADE ATÉ 1,5 M, COM SOLO ARGILO-ARENOSO. AF_08/2023","M3",77.36,0.81969999999999998]
["Aterro e Reaterro de Valas",94306,"ATERRO MECANIZADO DE VALA COM ESCAVADEIRA HIDRÁULICA (CAPACIDADE DA CAÇAMBA: 0,8 M³ / POTÊNCIA: 111 HP), LARGURA ATÉ 2,5 M, PROFUNDIDADE DE 1,5 A 3,0 M, COM SOLO ARGILO-ARENOSO. AF_08/2023","M3",70.819999999999993,0.84640000000000004]
["Aterro e Reaterro de Valas",94327,"ATERRO MECANIZADO DE VALA COM ESCAVADEIRA HIDRÁULICA (CAPACIDADE DA CAÇAMBA: 0,8 M³/POTÊNCIA: 111 HP), LARGURA ATÉ 2,5 M, PROFUNDIDADE ATÉ 1,5 M, COM AREIA PARA ATERRO. AF_08/2023","M3",134.63999999999999,7.1199999999999999E-2]
["Aterro e Reaterro de Valas",94329,"ATERRO MECANIZADO DE VALA COM ESCAVADEIRA HIDRÁULICA (CAPACIDADE DA CAÇAMBA: 0,8 M³/POTÊNCIA: 111 HP), LARGURA ATÉ 2,5 M, PROFUNDIDADE DE 1,5 A 3,0 M, COM AREIA PARA ATERRO. AF_08/2023","M3",128.1,4.7699999999999999E-2]
["Aterro e Reaterro de Valas",94333,"ATERRO MECANIZADO DE VALA COM ESCAVADEIRA HIDRÁULICA (CAPACIDADE DA CAÇAMBA: 0,8 M³/POTÊNCIA: 111 HP), LARGURA ATÉ 2,5 M, PROFUNDIDADE DE 3,0 A 6,0 M, COM AREIA PARA ATERRO. AF_08/2023","M3",125.15,3.5900000000000001E-2]
["Aterro e Reaterro de Valas",94310,"ATERRO MECANIZADO DE VALA COM ESCAVADEIRA HIDRÁULICA (CAPACIDADE DA CAÇAMBA: 0,8 M³/POTÊNCIA: 111 HP), LARGURA ATÉ 2,5 M, PROFUNDIDADE DE 3,0 A 6,0 M, COM SOLO ARGILO-ARENOSO. AF_08/2023","M3",67.87,0.85929999999999995]
["Aterro e Reaterro de Valas",104739,"ATERRO MECANIZADO DE VALA COM MINICARREGADEIRA, COM AREIA PARA ATERRO. AF_08/2023","M3",139.75,6.7400000000000002E-2]
["Aterro e Reaterro de Valas",104738,"ATERRO MECANIZADO DE VALA COM MINICARREGADEIRA, COM SOLO ARGILO-ARENOSO. AF_08/2023","M3",82.47,0.76690000000000003]
["Aterro e Reaterro de Valas",94316,"ATERRO MECANIZADO DE VALA COM RETROESCAVADEIRA (CAPACIDADE DA CAÇAMBA DA RETRO: 0,26 M³ / POTÊNCIA: 88 HP), LARGURA ATÉ 1,5 M, PROFUNDIDADE ATÉ 1,5 M, COM SOLO ARGILO-ARENOSO. AF_08/2023","M3",72.06,0.81279999999999997]
["Aterro e Reaterro de Valas",94318,"ATERRO MECANIZADO DE VALA COM RETROESCAVADEIRA (CAPACIDADE DA CAÇAMBA DA RETRO: 0,26 M³ / POTÊNCIA: 88 HP), LARGURA ATÉ 1,5 M, PROFUNDIDADE DE 1,5 A 3,0 M, COM SOLO ARGILO-ARENOSO. AF_08/2023","M3",66.459999999999994,0.8528]
["Aterro e Reaterro de Valas",94339,"ATERRO MECANIZADO DE VALA COM RETROESCAVADEIRA (CAPACIDADE DA CAÇAMBA DA RETRO: 0,26 M³/POTÊNCIA: 88 HP), LARGURA ATÉ 1,5 M, PROFUNDIDADE ATÉ 1,5 M, COM AREIA PARA ATERRO. AF_08/2023","M3",129.34,3.6600000000000001E-2]
["Aterro e Reaterro de Valas",94341,"ATERRO MECANIZADO DE VALA COM RETROESCAVADEIRA (CAPACIDADE DA CAÇAMBA DA RETRO: 0,26 M³/POTÊNCIA: 88 HP), LARGURA ATÉ 1,5 M, PROFUNDIDADE DE 1,5 A 3,0 M, COM AREIA PARA ATERRO. AF_08/2023","M3",123.74,2.3E-2]
["Aterro e Reaterro de Valas",104742,"COMPACTAÇÃO DE VALAS COM ROLO COMPRESSOR. AF_08/2023","M2",8.34,0.52400000000000002]
["Aterro e Reaterro de Valas",93382,"REATERRO MANUAL DE VALAS, COM COMPACTADOR DE SOLOS DE PERCUSSÃO. AF_08/2023","M3",28.11,1.8100000000000002E-2]
["Aterro e Reaterro de Valas",104737,"REATERRO MANUAL DE VALAS, COM PLACA VIBRATÓRIA. AF_08/2023","M3",23.7,8.3999999999999995E-3]
["Aterro e Reaterro de Valas",93369,"REATERRO MECANIZADO DE VALA COM ESCAVADEIRA HIDRÁULICA (CAPACIDADE DA CAÇAMBA: 0,8 M³/POTÊNCIA: 111 HP), LARGURA 1,5 A 2,5 M, PROFUNDIDADE 1,5 A 3,0 M, COM SOLO (SEM SUBSTITUIÇÃO) DE 1ª CATEGORIA, COM COMPACTADOR DE SOLOS DE PERCUSSÃO. AF_08/2023","M3",16.989999999999998,0.35959999999999998]
["Aterro e Reaterro de Valas",93373,"REATERRO MECANIZADO DE VALA COM ESCAVADEIRA HIDRÁULICA (CAPACIDADE DA CAÇAMBA: 0,8 M³/POTÊNCIA: 111 HP), LARGURA 1,5 A 2,5 M, PROFUNDIDADE 3,0 A 6,0 M, COM SOLO (SEM SUBSTITUIÇÃO) DE 1ª CATEGORIA, COM COMPACTADOR DE SOLOS DE PERCUSSÃO. AF_08/2023","M3",14.04,0.31979999999999997]
["Aterro e Reaterro de Valas",93368,"REATERRO MECANIZADO DE VALA COM ESCAVADEIRA HIDRÁULICA (CAPACIDADE DA CAÇAMBA: 0,8 M³/POTÊNCIA: 111 HP), LARGURA ATÉ 1,5 M, PROFUNDIDADE DE 1,5 A 3,0 M, COM SOLO (SEM SUBSTITUIÇÃO) DE 1ª CATEGORIA, COM COMPACTADOR DE SOLOS DE PERCUSSÃO. AF_08/2023","M3",20.63,0.39169999999999999]
["Aterro e Reaterro de Valas",104729,"REATERRO MECANIZADO DE VALA COM ESCAVADEIRA HIDRÁULICA (CAPACIDADE DA CAÇAMBA: 0,8 M³/POTÊNCIA: 111 HP), LARGURA ATÉ 1,5 M, PROFUNDIDADE DE 1,5 A 3,0 M, COM SOLO (SEM SUBSTITUIÇÃO) DE 1ª CATEGORIA, COM PLACA VIBRATÓRIA. AF_08/2023","M3",16.55,0.47310000000000002]
["Aterro e Reaterro de Valas",93372,"REATERRO MECANIZADO DE VALA COM ESCAVADEIRA HIDRÁULICA (CAPACIDADE DA CAÇAMBA: 0,8 M³/POTÊNCIA: 111 HP), LARGURA ATÉ 1,5 M, PROFUNDIDADE DE 3,0 A 6,0 M, COM SOLO (SEM SUBSTITUIÇÃO) DE 1ª CATEGORIA, COM COMPACTADOR DE SOLOS DE PERCUSSÃO. AF_08/2023","M3",16.329999999999998,0.35270000000000001]
["Aterro e Reaterro de Valas",104731,"REATERRO MECANIZADO DE VALA COM ESCAVADEIRA HIDRÁULICA (CAPACIDADE DA CAÇAMBA: 0,8 M³/POTÊNCIA: 111 HP), LARGURA ATÉ 1,5 M, PROFUNDIDADE DE 3,0 A 6,0 M, COM SOLO (SEM SUBSTITUIÇÃO) DE 1ª CATEGORIA, COM PLACA VIBRATÓRIA. AF_08/2023","M3",12.27,0.4491]
["Aterro e Reaterro de Valas",93367,"REATERRO MECANIZADO DE VALA COM ESCAVADEIRA HIDRÁULICA (CAPACIDADE DA CAÇAMBA: 0,8 M³/POTÊNCIA: 111 HP), LARGURA DE 1,5 A 2,5 M, PROFUNDIDADE ATÉ 1,5 M, COM SOLO (SEM SUBSTITUIÇÃO) DE 1ª CATEGORIA, COM COMPACTADOR DE SOLOS DE PERCUSSÃO. AF_08/2023","M3",23.53,0.40710000000000002]
["Aterro e Reaterro de Valas",104728,"REATERRO MECANIZADO DE VALA COM ESCAVADEIRA HIDRÁULICA (CAPACIDADE DA CAÇAMBA: 0,8 M³/POTÊNCIA: 111 HP), LARGURA DE 1,5 A 2,5 M, PROFUNDIDADE ATÉ 1,5 M, COM SOLO (SEM SUBSTITUIÇÃO) DE 1ª CATEGORIA, COM PLACA VIBRATÓRIA. AF_08/2023","M3",19.420000000000002,0.47989999999999999]
["Aterro e Reaterro de Valas",104730,"REATERRO MECANIZADO DE VALA COM ESCAVADEIRA HIDRÁULICA (CAPACIDADE DA CAÇAMBA: 0,8 M³/POTÊNCIA: 111 HP), LARGURA DE 1,5 A 2,5 M, PROFUNDIDADE DE 1,5 A 3,0 M, COM SOLO (SEM SUBSTITUIÇÃO) DE 1ª CATEGORIA, COM PLACA VIBRATÓRIA. AF_08/2023","M3",12.92,0.4536]
["Aterro e Reaterro de Valas",104732,"REATERRO MECANIZADO DE VALA COM ESCAVADEIRA HIDRÁULICA (CAPACIDADE DA CAÇAMBA: 0,8 M³/POTÊNCIA: 111 HP), LARGURA DE 1,5 A 2,5 M, PROFUNDIDADE DE 3,0 A 6,0 M, COM SOLO (SEM SUBSTITUIÇÃO) DE 1ª CATEGORIA, COM PLACA VIBRATÓRIA. AF_08/2023","M3",9.9700000000000006,0.42530000000000001]
["Aterro e Reaterro de Valas",104740,"REATERRO MECANIZADO DE VALA COM MINICARREGADEIRA, COM COMPACTADOR DE SOLOS DE PERCUSSÃO. AF_08/2023","M3",28.64,0.32890000000000003]
["Aterro e Reaterro de Valas",104741,"REATERRO MECANIZADO DE VALA COM MINICARREGADEIRA, COM PLACA VIBRATÓRIA. AF_08/2023","M3",24.23,0.376]
["Aterro e Reaterro de Valas",93381,"REATERRO MECANIZADO DE VALA COM RETROESCAVADEIRA (CAPACIDADE DA CAÇAMBA DA RETRO: 0,26 M³/POTÊNCIA: 88 HP), LARGURA 0,8 A 1,5 M, PROFUNDIDADE 1,5 A 3,0 M, COM SOLO (SEM SUBSTITUIÇÃO) DE 1ª CATEGORIA E COMPACTADOR DE SOLOS DE PERCUSSÃO. AF_08/2023","M3",12.63,0.22570000000000001]
["Aterro e Reaterro de Valas",93379,"REATERRO MECANIZADO DE VALA COM RETROESCAVADEIRA (CAPACIDADE DA CAÇAMBA DA RETRO: 0,26 M³/POTÊNCIA: 88 HP), LARGURA 0,8 A 1,5 M, PROFUNDIDADE ATÉ 1,5 M, COM SOLO (SEM SUBSTITUIÇÃO) DE 1ª CATEGORIA, COM COMPACTADOR DE SOLOS DE PERCUSSÃO AF_08/2023","M3",18.23,0.26]
["Aterro e Reaterro de Valas",93380,"REATERRO MECANIZADO DE VALA COM RETROESCAVADEIRA (CAPACIDADE DA CAÇAMBA DA RETRO: 0,26 M³/POTÊNCIA: 88 HP), LARGURA ATÉ 0,8 M, PROFUNDIDADE 1,5 A 3,0 M, COM SOLO (SEM SUBSTITUIÇÃO) DE 1ª CATEGORIA, COM COMPACTADOR DE SOLOS DE PERCUSSÃO AF_08/2023","M3",15.53,0.25109999999999999]
["Aterro e Reaterro de Valas",93378,"REATERRO MECANIZADO DE VALA COM RETROESCAVADEIRA (CAPACIDADE DA CAÇAMBA DA RETRO: 0,26 M³/POTÊNCIA: 88 HP), LARGURA ATÉ 0,8 M, PROFUNDIDADE ATÉ 1,5 M, COM SOLO (SEM SUBSTITUIÇÃO) DE 1ª CATEGORIA, COM COMPACTADOR DE SOLOS DE PERCUSSÃO. AF_08/2023","M3",23.66,0.27900000000000003]
["Aterro e Reaterro de Valas",104733,"REATERRO MECANIZADO DE VALA COM RETROESCAVADEIRA (CAPACIDADE DA CAÇAMBA DA RETRO: 0,26 M³/POTÊNCIA: 88 HP), LARGURA ATÉ 0,8 M, PROFUNDIDADE ATÉ 1,5 M, COM SOLO (SEM SUBSTITUIÇÃO) DE 1ª CATEGORIA, COM PLACA VIBRATÓRIA. AF_08/2023","M3",19.25,0.32679999999999998]
["Aterro e Reaterro de Valas",104735,"REATERRO MECANIZADO DE VALA COM RETROESCAVADEIRA (CAPACIDADE DA CAÇAMBA DA RETRO: 0,26 M³/POTÊNCIA: 88 HP), LARGURA ATÉ 0,8 M, PROFUNDIDADE DE 1,5 A 3,0 M, COM SOLO (SEM SUBSTITUIÇÃO) DE 1ª CATEGORIA, COM PLACA VIBRATÓRIA. AF_08/2023","M3",11.38,0.31990000000000002]
["Aterro e Reaterro de Valas",104734,"REATERRO MECANIZADO DE VALA COM RETROESCAVADEIRA (CAPACIDADE DA CAÇAMBA DA RETRO: 0,26 M³/POTÊNCIA: 88 HP), LARGURA DE 0,8 A 1,5 M, PROFUNDIDADE ATÉ 1,5 M, COM SOLO (SEM SUBSTITUIÇÃO) DE 1ª CATEGORIA, COM PLACA VIBRATÓRIA. AF_08/2023","M3",13.98,0.31900000000000001]
["Aterro e Reaterro de Valas",104736,"REATERRO MECANIZADO DE VALA COM RETROESCAVADEIRA (CAPACIDADE DA CAÇAMBA DA RETRO: 0,26 M³/POTÊNCIA: 88 HP), LARGURA DE 0,8 A 1,5 M, PROFUNDIDADE DE 1,5 A 3,0 M, COM SOLO (SEM SUBSTITUIÇÃO) DE 1ª CATEGORIA, COM PLACA VIBRATÓRIA. AF_08/2023","M3",8.5399999999999991,0.3044]
["Aterros, Bases, Sub bases e Imprimações",105732,"CONSTRUÇÃO DE BASE E SUB-BASE PARA PAVIMENTAÇÃO DE BRITA GRADUADA SIMPLES TRATADA COM CIMENTO, COM ESPESSURA DE 10 CM - EXCLUSIVE CARGA E TRANSPORTE. AF_09/2024","M3",269.92,4.9299999999999997E-2]
["Aterros, Bases, Sub bases e Imprimações",96397,"CONSTRUÇÃO DE BASE E SUB-BASE PARA PAVIMENTAÇÃO DE BRITA GRADUADA SIMPLES TRATADA COM CIMENTO, COM ESPESSURA DE 15 CM - EXCLUSIVE CARGA E TRANSPORTE. AF_09/2024","M3",265.43,4.2000000000000003E-2]
["Aterros, Bases, Sub bases e Imprimações",105735,"CONSTRUÇÃO DE BASE E SUB-BASE PARA PAVIMENTAÇÃO DE BRITA GRADUADA SIMPLES TRATADA COM CIMENTO, COM ESPESSURA DE 20 CM - EXCLUSIVE CARGA E TRANSPORTE. AF_09/2024","M3",263.18,3.8199999999999998E-2]
["Aterros, Bases, Sub bases e Imprimações",105727,"CONSTRUÇÃO DE BASE E SUB-BASE PARA PAVIMENTAÇÃO DE BRITA GRADUADA SIMPLES, COM ESPESSURA DE 10 CM - EXCLUSIVE CARGA E TRANSPORTE. AF_09/2024","M3",191.16,6.2E-2]
["Aterros, Bases, Sub bases e Imprimações",96396,"CONSTRUÇÃO DE BASE E SUB-BASE PARA PAVIMENTAÇÃO DE BRITA GRADUADA SIMPLES, COM ESPESSURA DE 15 CM - EXCLUSIVE CARGA E TRANSPORTE. AF_09/2024","M3",187.7,5.4199999999999998E-2]
["Aterros, Bases, Sub bases e Imprimações",105730,"CONSTRUÇÃO DE BASE E SUB-BASE PARA PAVIMENTAÇÃO DE BRITA GRADUADA SIMPLES, COM ESPESSURA DE 20 CM - EXCLUSIVE CARGA E TRANSPORTE. AF_09/2024","M3",185.96,5.0200000000000002E-2]
["Aterros, Bases, Sub bases e Imprimações",105737,"CONSTRUÇÃO DE BASE E SUB-BASE PARA PAVIMENTAÇÃO DE CONCRETO COMPACTADO COM ROLO, COM ESPESSURA DE 10 CM - EXCLUSIVE CARGA E TRANSPORTE. AF_09/2024","M3",371.02,3.1399999999999997E-2]
["Aterros, Bases, Sub bases e Imprimações",96398,"CONSTRUÇÃO DE BASE E SUB-BASE PARA PAVIMENTAÇÃO DE CONCRETO COMPACTADO COM ROLO, COM ESPESSURA DE 15 CM - EXCLUSIVE CARGA E TRANSPORTE. AF_09/2024","M3",367.66,2.7300000000000001E-2]
["Aterros, Bases, Sub bases e Imprimações",105740,"CONSTRUÇÃO DE BASE E SUB-BASE PARA PAVIMENTAÇÃO DE CONCRETO COMPACTADO COM ROLO, COM ESPESSURA DE 20 CM - EXCLUSIVE CARGA E TRANSPORTE. AF_09/2024","M3",365.86,2.5000000000000001E-2]
["Aterros, Bases, Sub bases e Imprimações",105749,"CONSTRUÇÃO DE BASE E SUB-BASE PARA PAVIMENTAÇÃO DE MACADAME SECO, COM ESPESSURA DE 10 CM - EXCLUSIVE CARGA E TRANSPORTE. AF_09/2024","M3",170.61,9.1600000000000001E-2]
["Aterros, Bases, Sub bases e Imprimações",96400,"CONSTRUÇÃO DE BASE E SUB-BASE PARA PAVIMENTAÇÃO DE MACADAME SECO, COM ESPESSURA DE 15 CM - EXCLUSIVE CARGA E TRANSPORTE. AF_09/2024","M3",168.78,8.6900000000000005E-2]
["Aterros, Bases, Sub bases e Imprimações",105752,"CONSTRUÇÃO DE BASE E SUB-BASE PARA PAVIMENTAÇÃO DE MACADAME SECO, COM ESPESSURA DE 20 CM - EXCLUSIVE CARGA E TRANSPORTE. AF_09/2024","M3",167.19,8.2400000000000001E-2]
["Aterros, Bases, Sub bases e Imprimações",105754,"CONSTRUÇÃO DE BASE E SUB-BASE PARA PAVIMENTAÇÃO DE MACADAME SECO, COM ESPESSURA DE 25 CM - EXCLUSIVE CARGA E TRANSPORTE. AF_09/2024","M3",165.67,7.8100000000000003E-2]
["Aterros, Bases, Sub bases e Imprimações",105742,"CONSTRUÇÃO DE BASE E SUB-BASE PARA PAVIMENTAÇÃO DE RACHÃO, COM ESPESSURA DE 30 CM - EXCLUSIVE CARGA E TRANSPORTE. AF_09/2024","M3",130.47,7.9200000000000007E-2]
["Aterros, Bases, Sub bases e Imprimações",96399,"CONSTRUÇÃO DE BASE E SUB-BASE PARA PAVIMENTAÇÃO DE RACHÃO, COM ESPESSURA DE 40 CM - EXCLUSIVE CARGA E TRANSPORTE. AF_09/2024","M3",128.87,7.3099999999999998E-2]
["Aterros, Bases, Sub bases e Imprimações",105745,"CONSTRUÇÃO DE BASE E SUB-BASE PARA PAVIMENTAÇÃO DE RACHÃO, COM ESPESSURA DE 50 CM - EXCLUSIVE CARGA E TRANSPORTE. AF_09/2024","M3",127.25,6.6699999999999995E-2]
["Aterros, Bases, Sub bases e Imprimações",105747,"CONSTRUÇÃO DE BASE E SUB-BASE PARA PAVIMENTAÇÃO DE RACHÃO, COM ESPESSURA DE 60 CM - EXCLUSIVE CARGA E TRANSPORTE. AF_09/2024","M3",125.62,6.0199999999999997E-2]
["Aterros, Bases, Sub bases e Imprimações",105657,"CONSTRUÇÃO DE BASE E SUB-BASE PARA PAVIMENTAÇÃO DE SOLO (PREDOMINANTEMENTE ARENOSO) BRITA - 40%-60% COM CIMENTO - 4%, MISTURA EM PISTA, COM ESPESSURA DE 10 CM - EXCLUSIVE ESCAVAÇÃO, CARGA E TRANSPORTE E SOLO. AF_09/2024","M3",200.96,6.25E-2]
["Aterros, Bases, Sub bases e Imprimações",100566,"CONSTRUÇÃO DE BASE E SUB-BASE PARA PAVIMENTAÇÃO DE SOLO (PREDOMINANTEMENTE ARENOSO) BRITA - 40%-60% COM CIMENTO - 4%, MISTURA EM PISTA, COM ESPESSURA DE 15 CM - EXCLUSIVE ESCAVAÇÃO, CARGA E TRANSPORTE E SOLO. AF_09/2024","M3",193.8,4.9399999999999999E-2]
["Aterros, Bases, Sub bases e Imprimações",105666,"CONSTRUÇÃO DE BASE E SUB-BASE PARA PAVIMENTAÇÃO DE SOLO (PREDOMINANTEMENTE ARENOSO) BRITA - 40%-60% COM CIMENTO - 4%, MISTURA EM PISTA, COM ESPESSURA DE 20 CM - EXCLUSIVE ESCAVAÇÃO, CARGA E TRANSPORTE E SOLO. AF_09/2024","M3",190.22,4.2500000000000003E-2]
["Aterros, Bases, Sub bases e Imprimações",105639,"CONSTRUÇÃO DE BASE E SUB-BASE PARA PAVIMENTAÇÃO DE SOLO (PREDOMINANTEMENTE ARENOSO) BRITA - 40%-60% COM CIMENTO - 4%, MISTURA EM USINA, COM ESPESSURA DE 10 CM - EXCLUSIVE CARGA E TRANSPORTE. AF_09/2024","M3",232.41,5.0799999999999998E-2]
["Aterros, Bases, Sub bases e Imprimações",105645,"CONSTRUÇÃO DE BASE E SUB-BASE PARA PAVIMENTAÇÃO DE SOLO (PREDOMINANTEMENTE ARENOSO) BRITA - 40%-60% COM CIMENTO - 4%, MISTURA EM USINA, COM ESPESSURA DE 15 CM - EXCLUSIVE CARGA E TRANSPORTE. AF_09/2024","M3",228.95,4.4200000000000003E-2]
["Aterros, Bases, Sub bases e Imprimações",105651,"CONSTRUÇÃO DE BASE E SUB-BASE PARA PAVIMENTAÇÃO DE SOLO (PREDOMINANTEMENTE ARENOSO) BRITA - 40%-60% COM CIMENTO - 4%, MISTURA EM USINA, COM ESPESSURA DE 20 CM - EXCLUSIVE CARGA E TRANSPORTE. AF_09/2024","M3",227.21,4.0800000000000003E-2]
["Aterros, Bases, Sub bases e Imprimações",105658,"CONSTRUÇÃO DE BASE E SUB-BASE PARA PAVIMENTAÇÃO DE SOLO (PREDOMINANTEMENTE ARENOSO) BRITA - 40%-60% COM CIMENTO - 6%, MISTURA EM PISTA, COM ESPESSURA DE 10 CM - EXCLUSIVE ESCAVAÇÃO, CARGA E TRANSPORTE E SOLO. AF_09/2024","M3",238.44,5.2600000000000001E-2]
["Aterros, Bases, Sub bases e Imprimações",100567,"CONSTRUÇÃO DE BASE E SUB-BASE PARA PAVIMENTAÇÃO DE SOLO (PREDOMINANTEMENTE ARENOSO) BRITA - 40%-60% COM CIMENTO - 6%, MISTURA EM PISTA, COM ESPESSURA DE 15 CM - EXCLUSIVE ESCAVAÇÃO, CARGA E TRANSPORTE E SOLO. AF_09/2024","M3",231.28,4.1399999999999999E-2]
["Aterros, Bases, Sub bases e Imprimações",105667,"CONSTRUÇÃO DE BASE E SUB-BASE PARA PAVIMENTAÇÃO DE SOLO (PREDOMINANTEMENTE ARENOSO) BRITA - 40%-60% COM CIMENTO - 6%, MISTURA EM PISTA, COM ESPESSURA DE 20 CM - EXCLUSIVE ESCAVAÇÃO, CARGA E TRANSPORTE E SOLO. AF_09/2024","M3",227.7,3.5499999999999997E-2]
["Aterros, Bases, Sub bases e Imprimações",105640,"CONSTRUÇÃO DE BASE E SUB-BASE PARA PAVIMENTAÇÃO DE SOLO (PREDOMINANTEMENTE ARENOSO) BRITA - 40%-60% COM CIMENTO - 6%, MISTURA EM USINA, COM ESPESSURA DE 10 CM - EXCLUSIVE CARGA E TRANSPORTE. AF_09/2024","M3",267.45999999999998,4.41E-2]
["Aterros, Bases, Sub bases e Imprimações",105646,"CONSTRUÇÃO DE BASE E SUB-BASE PARA PAVIMENTAÇÃO DE SOLO (PREDOMINANTEMENTE ARENOSO) BRITA - 40%-60% COM CIMENTO - 6%, MISTURA EM USINA, COM ESPESSURA DE 15 CM - EXCLUSIVE CARGA E TRANSPORTE. AF_09/2024","M3",264,3.8300000000000001E-2]
["Aterros, Bases, Sub bases e Imprimações",105652,"CONSTRUÇÃO DE BASE E SUB-BASE PARA PAVIMENTAÇÃO DE SOLO (PREDOMINANTEMENTE ARENOSO) BRITA - 40%-60% COM CIMENTO - 6%, MISTURA EM USINA, COM ESPESSURA DE 20 CM - EXCLUSIVE CARGA E TRANSPORTE. AF_09/2024","M3",262.26,3.5299999999999998E-2]
["Aterros, Bases, Sub bases e Imprimações",105659,"CONSTRUÇÃO DE BASE E SUB-BASE PARA PAVIMENTAÇÃO DE SOLO (PREDOMINANTEMENTE ARENOSO) BRITA - 40%-60% COM CIMENTO - 8%, MISTURA EM PISTA, COM ESPESSURA DE 10 CM - EXCLUSIVE ESCAVAÇÃO, CARGA E TRANSPORTE E SOLO. AF_09/2024","M3",275.41000000000003,4.5600000000000002E-2]
["Aterros, Bases, Sub bases e Imprimações",100568,"CONSTRUÇÃO DE BASE E SUB-BASE PARA PAVIMENTAÇÃO DE SOLO (PREDOMINANTEMENTE ARENOSO) BRITA - 40%-60% COM CIMENTO - 8%, MISTURA EM PISTA, COM ESPESSURA DE 15 CM - EXCLUSIVE ESCAVAÇÃO, CARGA E TRANSPORTE E SOLO. AF_09/2024","M3",268.25,3.5700000000000003E-2]
["Aterros, Bases, Sub bases e Imprimações",105668,"CONSTRUÇÃO DE BASE E SUB-BASE PARA PAVIMENTAÇÃO DE SOLO (PREDOMINANTEMENTE ARENOSO) BRITA - 40%-60% COM CIMENTO - 8%, MISTURA EM PISTA, COM ESPESSURA DE 20 CM - EXCLUSIVE ESCAVAÇÃO, CARGA E TRANSPORTE E SOLO. AF_09/2024","M3",264.67,3.0599999999999999E-2]
["Aterros, Bases, Sub bases e Imprimações",105641,"CONSTRUÇÃO DE BASE E SUB-BASE PARA PAVIMENTAÇÃO DE SOLO (PREDOMINANTEMENTE ARENOSO) BRITA - 40%-60% COM CIMENTO - 8%, MISTURA EM USINA, COM ESPESSURA DE 10 CM - EXCLUSIVE CARGA E TRANSPORTE. AF_09/2024","M3",302.52,3.8899999999999997E-2]
["Aterros, Bases, Sub bases e Imprimações",105647,"CONSTRUÇÃO DE BASE E SUB-BASE PARA PAVIMENTAÇÃO DE SOLO (PREDOMINANTEMENTE ARENOSO) BRITA - 40%-60% COM CIMENTO - 8%, MISTURA EM USINA, COM ESPESSURA DE 15 CM - EXCLUSIVE CARGA E TRANSPORTE. AF_09/2024","M3",299.06,3.3799999999999997E-2]
["Aterros, Bases, Sub bases e Imprimações",105653,"CONSTRUÇÃO DE BASE E SUB-BASE PARA PAVIMENTAÇÃO DE SOLO (PREDOMINANTEMENTE ARENOSO) BRITA - 40%-60% COM CIMENTO - 8%, MISTURA EM USINA, COM ESPESSURA DE 20 CM - EXCLUSIVE CARGA E TRANSPORTE. AF_09/2024","M3",297.32,3.1099999999999999E-2]
["Aterros, Bases, Sub bases e Imprimações",105710,"CONSTRUÇÃO DE BASE E SUB-BASE PARA PAVIMENTAÇÃO DE SOLO (PREDOMINANTEMENTE ARENOSO) BRITA - 40%-60%, MISTURA EM PISTA, COM ESPESSURA DE 10 CM - EXCLUSIVE ESCAVAÇÃO, CARGA E TRANSPORTE E SOLO. AF_09/2024","M3",120.92,0.10390000000000001]
["Aterros, Bases, Sub bases e Imprimações",100564,"CONSTRUÇÃO DE BASE E SUB-BASE PARA PAVIMENTAÇÃO DE SOLO (PREDOMINANTEMENTE ARENOSO) BRITA - 40%-60%, MISTURA EM PISTA, COM ESPESSURA DE 15 CM - EXCLUSIVE ESCAVAÇÃO, CARGA E TRANSPORTE E SOLO. AF_09/2024","M3",113.76,8.43E-2]
["Aterros, Bases, Sub bases e Imprimações",105711,"CONSTRUÇÃO DE BASE E SUB-BASE PARA PAVIMENTAÇÃO DE SOLO (PREDOMINANTEMENTE ARENOSO) BRITA - 40%-60%, MISTURA EM PISTA, COM ESPESSURA DE 20 CM - EXCLUSIVE ESCAVAÇÃO, CARGA E TRANSPORTE E SOLO. AF_09/2024","M3",110.17,7.3499999999999996E-2]
["Aterros, Bases, Sub bases e Imprimações",105705,"CONSTRUÇÃO DE BASE E SUB-BASE PARA PAVIMENTAÇÃO DE SOLO (PREDOMINANTEMENTE ARENOSO) BRITA - 40%-60%, MISTURA EM USINA, COM ESPESSURA DE 10 CM - EXCLUSIVE CARGA E TRANSPORTE. AF_09/2024","M3",162.28,7.2800000000000004E-2]
["Aterros, Bases, Sub bases e Imprimações",105706,"CONSTRUÇÃO DE BASE E SUB-BASE PARA PAVIMENTAÇÃO DE SOLO (PREDOMINANTEMENTE ARENOSO) BRITA - 40%-60%, MISTURA EM USINA, COM ESPESSURA DE 15 CM - EXCLUSIVE CARGA E TRANSPORTE. AF_09/2024","M3",158.82,6.3799999999999996E-2]
["Aterros, Bases, Sub bases e Imprimações",105708,"CONSTRUÇÃO DE BASE E SUB-BASE PARA PAVIMENTAÇÃO DE SOLO (PREDOMINANTEMENTE ARENOSO) BRITA - 40%-60%, MISTURA EM USINA, COM ESPESSURA DE 20 CM - EXCLUSIVE CARGA E TRANSPORTE. AF_09/2024","M3",157.08000000000001,5.9200000000000003E-2]
["Aterros, Bases, Sub bases e Imprimações",105690,"CONSTRUÇÃO DE BASE E SUB-BASE PARA PAVIMENTAÇÃO DE SOLO (PREDOMINANTEMENTE ARENOSO) BRITA - 50%-50% COM CIMENTO - 4%, MISTURA EM PISTA, COM ESPESSURA DE 10 CM - EXCLUSIVE ESCAVAÇÃO, CARGA E TRANSPORTE E SOLO. AF_09/2024","M3",186.65,6.7199999999999996E-2]
["Aterros, Bases, Sub bases e Imprimações",100569,"CONSTRUÇÃO DE BASE E SUB-BASE PARA PAVIMENTAÇÃO DE SOLO (PREDOMINANTEMENTE ARENOSO) BRITA - 50%-50% COM CIMENTO - 4%, MISTURA EM PISTA, COM ESPESSURA DE 15 CM - EXCLUSIVE ESCAVAÇÃO, CARGA E TRANSPORTE E SOLO. AF_09/2024","M3",179.49,5.3400000000000003E-2]
["Aterros, Bases, Sub bases e Imprimações",105699,"CONSTRUÇÃO DE BASE E SUB-BASE PARA PAVIMENTAÇÃO DE SOLO (PREDOMINANTEMENTE ARENOSO) BRITA - 50%-50% COM CIMENTO - 4%, MISTURA EM PISTA, COM ESPESSURA DE 20 CM - EXCLUSIVE ESCAVAÇÃO, CARGA E TRANSPORTE E SOLO. AF_09/2024","M3",175.91,4.5999999999999999E-2]
["Aterros, Bases, Sub bases e Imprimações",105672,"CONSTRUÇÃO DE BASE E SUB-BASE PARA PAVIMENTAÇÃO DE SOLO (PREDOMINANTEMENTE ARENOSO) BRITA - 50%-50% COM CIMENTO - 4%, MISTURA EM USINA, COM ESPESSURA DE 10 CM - EXCLUSIVE CARGA E TRANSPORTE. AF_09/2024","M3",210.65,5.6000000000000001E-2]
["Aterros, Bases, Sub bases e Imprimações",105678,"CONSTRUÇÃO DE BASE E SUB-BASE PARA PAVIMENTAÇÃO DE SOLO (PREDOMINANTEMENTE ARENOSO) BRITA - 50%-50% COM CIMENTO - 4%, MISTURA EM USINA, COM ESPESSURA DE 15 CM - EXCLUSIVE CARGA E TRANSPORTE. AF_09/2024","M3",207.19,4.8800000000000003E-2]
["Aterros, Bases, Sub bases e Imprimações",105684,"CONSTRUÇÃO DE BASE E SUB-BASE PARA PAVIMENTAÇÃO DE SOLO (PREDOMINANTEMENTE ARENOSO) BRITA - 50%-50% COM CIMENTO - 4%, MISTURA EM USINA, COM ESPESSURA DE 20 CM - EXCLUSIVE CARGA E TRANSPORTE. AF_09/2024","M3",205.45,4.5199999999999997E-2]
["Aterros, Bases, Sub bases e Imprimações",105691,"CONSTRUÇÃO DE BASE E SUB-BASE PARA PAVIMENTAÇÃO DE SOLO (PREDOMINANTEMENTE ARENOSO) BRITA - 50%-50% COM CIMENTO - 6%, MISTURA EM PISTA, COM ESPESSURA DE 10 CM - EXCLUSIVE ESCAVAÇÃO, CARGA E TRANSPORTE E SOLO. AF_09/2024","M3",224.43,5.5899999999999998E-2]
["Aterros, Bases, Sub bases e Imprimações",100570,"CONSTRUÇÃO DE BASE E SUB-BASE PARA PAVIMENTAÇÃO DE SOLO (PREDOMINANTEMENTE ARENOSO) BRITA - 50%-50% COM CIMENTO - 6%, MISTURA EM PISTA, COM ESPESSURA DE 15 CM - EXCLUSIVE ESCAVAÇÃO, CARGA E TRANSPORTE E SOLO. AF_09/2024","M3",217.27,4.41E-2]
["Aterros, Bases, Sub bases e Imprimações",105700,"CONSTRUÇÃO DE BASE E SUB-BASE PARA PAVIMENTAÇÃO DE SOLO (PREDOMINANTEMENTE ARENOSO) BRITA - 50%-50% COM CIMENTO - 6%, MISTURA EM PISTA, COM ESPESSURA DE 20 CM - EXCLUSIVE ESCAVAÇÃO, CARGA E TRANSPORTE E SOLO. AF_09/2024","M3",213.69,3.7900000000000003E-2]
["Aterros, Bases, Sub bases e Imprimações",105673,"CONSTRUÇÃO DE BASE E SUB-BASE PARA PAVIMENTAÇÃO DE SOLO (PREDOMINANTEMENTE ARENOSO) BRITA - 50%-50% COM CIMENTO - 6%, MISTURA EM USINA, COM ESPESSURA DE 10 CM - EXCLUSIVE CARGA E TRANSPORTE. AF_09/2024","M3",246.15,4.7899999999999998E-2]
["Aterros, Bases, Sub bases e Imprimações",105679,"CONSTRUÇÃO DE BASE E SUB-BASE PARA PAVIMENTAÇÃO DE SOLO (PREDOMINANTEMENTE ARENOSO) BRITA - 50%-50% COM CIMENTO - 6%, MISTURA EM USINA, COM ESPESSURA DE 15 CM - EXCLUSIVE CARGA E TRANSPORTE. AF_09/2024","M3",242.69,4.1700000000000001E-2]
["Aterros, Bases, Sub bases e Imprimações",105685,"CONSTRUÇÃO DE BASE E SUB-BASE PARA PAVIMENTAÇÃO DE SOLO (PREDOMINANTEMENTE ARENOSO) BRITA - 50%-50% COM CIMENTO - 6%, MISTURA EM USINA, COM ESPESSURA DE 20 CM - EXCLUSIVE CARGA E TRANSPORTE. AF_09/2024","M3",240.95,3.85E-2]
["Aterros, Bases, Sub bases e Imprimações",105692,"CONSTRUÇÃO DE BASE E SUB-BASE PARA PAVIMENTAÇÃO DE SOLO (PREDOMINANTEMENTE ARENOSO) BRITA - 50%-50% COM CIMENTO - 8%, MISTURA EM PISTA, COM ESPESSURA DE 10 CM - EXCLUSIVE ESCAVAÇÃO, CARGA E TRANSPORTE E SOLO. AF_09/2024","M3",261.7,4.8000000000000001E-2]
["Aterros, Bases, Sub bases e Imprimações",100571,"CONSTRUÇÃO DE BASE E SUB-BASE PARA PAVIMENTAÇÃO DE SOLO (PREDOMINANTEMENTE ARENOSO) BRITA - 50%-50% COM CIMENTO - 8%, MISTURA EM PISTA, COM ESPESSURA DE 15 CM - EXCLUSIVE ESCAVAÇÃO, CARGA E TRANSPORTE E SOLO. AF_09/2024","M3",254.54,3.7600000000000001E-2]
["Aterros, Bases, Sub bases e Imprimações",105701,"CONSTRUÇÃO DE BASE E SUB-BASE PARA PAVIMENTAÇÃO DE SOLO (PREDOMINANTEMENTE ARENOSO) BRITA - 50%-50% COM CIMENTO - 8%, MISTURA EM PISTA, COM ESPESSURA DE 20 CM - EXCLUSIVE ESCAVAÇÃO, CARGA E TRANSPORTE E SOLO. AF_09/2024","M3",250.96,3.2199999999999999E-2]
["Aterros, Bases, Sub bases e Imprimações",105674,"CONSTRUÇÃO DE BASE E SUB-BASE PARA PAVIMENTAÇÃO DE SOLO (PREDOMINANTEMENTE ARENOSO) BRITA - 50%-50% COM CIMENTO - 8%, MISTURA EM USINA, COM ESPESSURA DE 10 CM - EXCLUSIVE CARGA E TRANSPORTE. AF_09/2024","M3",281.67,4.1799999999999997E-2]
["Aterros, Bases, Sub bases e Imprimações",105680,"CONSTRUÇÃO DE BASE E SUB-BASE PARA PAVIMENTAÇÃO DE SOLO (PREDOMINANTEMENTE ARENOSO) BRITA - 50%-50% COM CIMENTO - 8%, MISTURA EM USINA, COM ESPESSURA DE 15 CM - EXCLUSIVE CARGA E TRANSPORTE. AF_09/2024","M3",278.20999999999998,3.6299999999999999E-2]
["Aterros, Bases, Sub bases e Imprimações",105686,"CONSTRUÇÃO DE BASE E SUB-BASE PARA PAVIMENTAÇÃO DE SOLO (PREDOMINANTEMENTE ARENOSO) BRITA - 50%-50% COM CIMENTO - 8%, MISTURA EM USINA, COM ESPESSURA DE 20 CM - EXCLUSIVE CARGA E TRANSPORTE. AF_09/2024","M3",276.47000000000003,3.3500000000000002E-2]
["Aterros, Bases, Sub bases e Imprimações",105718,"CONSTRUÇÃO DE BASE E SUB-BASE PARA PAVIMENTAÇÃO DE SOLO (PREDOMINANTEMENTE ARENOSO) BRITA - 50%-50%, MISTURA EM PISTA, COM ESPESSURA DE 10 CM - EXCLUSIVE ESCAVAÇÃO, CARGA E TRANSPORTE E SOLO. AF_09/2024","M3",106.01,0.11849999999999999]
["Aterros, Bases, Sub bases e Imprimações",100565,"CONSTRUÇÃO DE BASE E SUB-BASE PARA PAVIMENTAÇÃO DE SOLO (PREDOMINANTEMENTE ARENOSO) BRITA - 50%-50%, MISTURA EM PISTA, COM ESPESSURA DE 15 CM - EXCLUSIVE ESCAVAÇÃO, CARGA E TRANSPORTE E SOLO. AF_09/2024","M3",98.85,9.7000000000000003E-2]
["Aterros, Bases, Sub bases e Imprimações",105581,"CONSTRUÇÃO DE BASE E SUB-BASE PARA PAVIMENTAÇÃO DE SOLO (PREDOMINANTEMENTE ARENOSO) BRITA - 50%-50%, MISTURA EM PISTA, COM ESPESSURA DE 20 CM - EXCLUSIVE ESCAVAÇÃO, CARGA E TRANSPORTE E SOLO. AF_09/2024","M3",95.26,8.5000000000000006E-2]
["Aterros, Bases, Sub bases e Imprimações",105713,"CONSTRUÇÃO DE BASE E SUB-BASE PARA PAVIMENTAÇÃO DE SOLO (PREDOMINANTEMENTE ARENOSO) BRITA - 50%-50%, MISTURA EM USINA, COM ESPESSURA DE 10 CM - EXCLUSIVE CARGA E TRANSPORTE. AF_09/2024","M3",139.61000000000001,8.4699999999999998E-2]
["Aterros, Bases, Sub bases e Imprimações",105714,"CONSTRUÇÃO DE BASE E SUB-BASE PARA PAVIMENTAÇÃO DE SOLO (PREDOMINANTEMENTE ARENOSO) BRITA - 50%-50%, MISTURA EM USINA, COM ESPESSURA DE 15 CM - EXCLUSIVE CARGA E TRANSPORTE. AF_09/2024","M3",136.15,7.4499999999999997E-2]
["Aterros, Bases, Sub bases e Imprimações",105716,"CONSTRUÇÃO DE BASE E SUB-BASE PARA PAVIMENTAÇÃO DE SOLO (PREDOMINANTEMENTE ARENOSO) BRITA - 50%-50%, MISTURA EM USINA, COM ESPESSURA DE 20 CM - EXCLUSIVE CARGA E TRANSPORTE. AF_09/2024","M3",134.41,6.9199999999999998E-2]
["Aterros, Bases, Sub bases e Imprimações",105624,"CONSTRUÇÃO DE BASE E SUB-BASE PARA PAVIMENTAÇÃO DE SOLO (PREDOMINANTEMENTE ARENOSO) COM CIMENTO - 6%, MISTURA EM PISTA, COM ESPESSURA DE 10 CM - EXCLUSIVE ESCAVAÇÃO, CARGA E TRANSPORTE E SOLO. AF_09/2024","M3",142.35,5.3400000000000003E-2]
["Aterros, Bases, Sub bases e Imprimações",96391,"CONSTRUÇÃO DE BASE E SUB-BASE PARA PAVIMENTAÇÃO DE SOLO (PREDOMINANTEMENTE ARENOSO) COM CIMENTO - 6%, MISTURA EM PISTA, COM ESPESSURA DE 15 CM - EXCLUSIVE ESCAVAÇÃO, CARGA E TRANSPORTE E SOLO. AF_09/2024","M3",136.57,3.8100000000000002E-2]
["Aterros, Bases, Sub bases e Imprimações",105632,"CONSTRUÇÃO DE BASE E SUB-BASE PARA PAVIMENTAÇÃO DE SOLO (PREDOMINANTEMENTE ARENOSO) COM CIMENTO - 6%, MISTURA EM PISTA, COM ESPESSURA DE 20 CM - EXCLUSIVE ESCAVAÇÃO, CARGA E TRANSPORTE E SOLO. AF_09/2024","M3",135.66,3.5499999999999997E-2]
["Aterros, Bases, Sub bases e Imprimações",105601,"CONSTRUÇÃO DE BASE E SUB-BASE PARA PAVIMENTAÇÃO DE SOLO (PREDOMINANTEMENTE ARENOSO) COM CIMENTO - 6%, MISTURA EM USINA, COM ESPESSURA DE 10 CM - EXCLUSIVE CARGA E TRANSPORTE. AF_09/2024","M3",132.99,6.4399999999999999E-2]
["Aterros, Bases, Sub bases e Imprimações",105609,"CONSTRUÇÃO DE BASE E SUB-BASE PARA PAVIMENTAÇÃO DE SOLO (PREDOMINANTEMENTE ARENOSO) COM CIMENTO - 6%, MISTURA EM USINA, COM ESPESSURA DE 15 CM - EXCLUSIVE CARGA E TRANSPORTE. AF_09/2024","M3",130.72,5.7099999999999998E-2]
["Aterros, Bases, Sub bases e Imprimações",105617,"CONSTRUÇÃO DE BASE E SUB-BASE PARA PAVIMENTAÇÃO DE SOLO (PREDOMINANTEMENTE ARENOSO) COM CIMENTO - 6%, MISTURA EM USINA, COM ESPESSURA DE 20 CM - EXCLUSIVE CARGA E TRANSPORTE. AF_09/2024","M3",129.1,5.1700000000000003E-2]
["Aterros, Bases, Sub bases e Imprimações",105625,"CONSTRUÇÃO DE BASE E SUB-BASE PARA PAVIMENTAÇÃO DE SOLO (PREDOMINANTEMENTE ARENOSO) COM CIMENTO - 8%, MISTURA EM PISTA, COM ESPESSURA DE 10 CM - EXCLUSIVE ESCAVAÇÃO, CARGA E TRANSPORTE E SOLO. AF_09/2024","M3",181.11,4.2000000000000003E-2]
["Aterros, Bases, Sub bases e Imprimações",96392,"CONSTRUÇÃO DE BASE E SUB-BASE PARA PAVIMENTAÇÃO DE SOLO (PREDOMINANTEMENTE ARENOSO) COM CIMENTO - 8%, MISTURA EM PISTA, COM ESPESSURA DE 15 CM - EXCLUSIVE ESCAVAÇÃO, CARGA E TRANSPORTE E SOLO. AF_09/2024","M3",175.33,2.9700000000000001E-2]
["Aterros, Bases, Sub bases e Imprimações",105633,"CONSTRUÇÃO DE BASE E SUB-BASE PARA PAVIMENTAÇÃO DE SOLO (PREDOMINANTEMENTE ARENOSO) COM CIMENTO - 8%, MISTURA EM PISTA, COM ESPESSURA DE 20 CM - EXCLUSIVE ESCAVAÇÃO, CARGA E TRANSPORTE E SOLO. AF_09/2024","M3",174.42,2.76E-2]
["Aterros, Bases, Sub bases e Imprimações",105602,"CONSTRUÇÃO DE BASE E SUB-BASE PARA PAVIMENTAÇÃO DE SOLO (PREDOMINANTEMENTE ARENOSO) COM CIMENTO - 8%, MISTURA EM USINA, COM ESPESSURA DE 10 CM - EXCLUSIVE CARGA E TRANSPORTE. AF_09/2024","M3",170.77,5.0099999999999999E-2]
["Aterros, Bases, Sub bases e Imprimações",105610,"CONSTRUÇÃO DE BASE E SUB-BASE PARA PAVIMENTAÇÃO DE SOLO (PREDOMINANTEMENTE ARENOSO) COM CIMENTO - 8%, MISTURA EM USINA, COM ESPESSURA DE 15 CM - EXCLUSIVE CARGA E TRANSPORTE. AF_09/2024","M3",168.5,4.4299999999999999E-2]
["Aterros, Bases, Sub bases e Imprimações",105618,"CONSTRUÇÃO DE BASE E SUB-BASE PARA PAVIMENTAÇÃO DE SOLO (PREDOMINANTEMENTE ARENOSO) COM CIMENTO - 8%, MISTURA EM USINA, COM ESPESSURA DE 20 CM - EXCLUSIVE CARGA E TRANSPORTE. AF_09/2024","M3",166.88,0.04]
["Aterros, Bases, Sub bases e Imprimações",105571,"CONSTRUÇÃO DE BASE E SUB-BASE PARA PAVIMENTAÇÃO DE SOLO (PREDOMINANTEMENTE ARENOSO) MELHORADO COM CIMENTO - 2%, MISTURA EM PISTA, COM ESPESSURA DE 10 CM - EXCLUSIVE ESCAVAÇÃO, CARGA E TRANSPORTE E SOLO. AF_09/2024","M3",62.71,0.1212]
["Aterros, Bases, Sub bases e Imprimações",96389,"CONSTRUÇÃO DE BASE E SUB-BASE PARA PAVIMENTAÇÃO DE SOLO (PREDOMINANTEMENTE ARENOSO) MELHORADO COM CIMENTO - 2%, MISTURA EM PISTA, COM ESPESSURA DE 15 CM - EXCLUSIVE ESCAVAÇÃO, CARGA E TRANSPORTE E SOLO. AF_09/2024","M3",56.93,9.1499999999999998E-2]
["Aterros, Bases, Sub bases e Imprimações",105575,"CONSTRUÇÃO DE BASE E SUB-BASE PARA PAVIMENTAÇÃO DE SOLO (PREDOMINANTEMENTE ARENOSO) MELHORADO COM CIMENTO - 2%, MISTURA EM PISTA, COM ESPESSURA DE 20 CM - EXCLUSIVE ESCAVAÇÃO, CARGA E TRANSPORTE E SOLO. AF_09/2024","M3",56.02,8.5900000000000004E-2]
["Aterros, Bases, Sub bases e Imprimações",105599,"CONSTRUÇÃO DE BASE E SUB-BASE PARA PAVIMENTAÇÃO DE SOLO (PREDOMINANTEMENTE ARENOSO) MELHORADO COM CIMENTO - 2%, MISTURA EM USINA, COM ESPESSURA DE 10 CM - EXCLUSIVE CARGA E TRANSPORTE. AF_09/2024","M3",57.43,0.14960000000000001]
["Aterros, Bases, Sub bases e Imprimações",105607,"CONSTRUÇÃO DE BASE E SUB-BASE PARA PAVIMENTAÇÃO DE SOLO (PREDOMINANTEMENTE ARENOSO) MELHORADO COM CIMENTO - 2%, MISTURA EM USINA, COM ESPESSURA DE 15 CM - EXCLUSIVE CARGA E TRANSPORTE. AF_09/2024","M3",55.16,0.1358]
["Aterros, Bases, Sub bases e Imprimações",105615,"CONSTRUÇÃO DE BASE E SUB-BASE PARA PAVIMENTAÇÃO DE SOLO (PREDOMINANTEMENTE ARENOSO) MELHORADO COM CIMENTO - 2%, MISTURA EM USINA, COM ESPESSURA DE 20 CM - EXCLUSIVE CARGA E TRANSPORTE. AF_09/2024","M3",53.54,0.12509999999999999]
["Aterros, Bases, Sub bases e Imprimações",105623,"CONSTRUÇÃO DE BASE E SUB-BASE PARA PAVIMENTAÇÃO DE SOLO (PREDOMINANTEMENTE ARENOSO) MELHORADO COM CIMENTO - 4%, MISTURA EM PISTA, COM ESPESSURA DE 10 CM - EXCLUSIVE ESCAVAÇÃO, CARGA E TRANSPORTE E SOLO. AF_09/2024","M3",103.08,7.3700000000000002E-2]
["Aterros, Bases, Sub bases e Imprimações",96390,"CONSTRUÇÃO DE BASE E SUB-BASE PARA PAVIMENTAÇÃO DE SOLO (PREDOMINANTEMENTE ARENOSO) MELHORADO COM CIMENTO - 4%, MISTURA EM PISTA, COM ESPESSURA DE 15 CM - EXCLUSIVE ESCAVAÇÃO, CARGA E TRANSPORTE E SOLO. AF_09/2024","M3",97.3,5.3499999999999999E-2]
["Aterros, Bases, Sub bases e Imprimações",105631,"CONSTRUÇÃO DE BASE E SUB-BASE PARA PAVIMENTAÇÃO DE SOLO (PREDOMINANTEMENTE ARENOSO) MELHORADO COM CIMENTO - 4%, MISTURA EM PISTA, COM ESPESSURA DE 20 CM - EXCLUSIVE ESCAVAÇÃO, CARGA E TRANSPORTE E SOLO. AF_09/2024","M3",96.39,4.99E-2]
["Aterros, Bases, Sub bases e Imprimações",105600,"CONSTRUÇÃO DE BASE E SUB-BASE PARA PAVIMENTAÇÃO DE SOLO (PREDOMINANTEMENTE ARENOSO) MELHORADO COM CIMENTO - 4%, MISTURA EM USINA, COM ESPESSURA DE 10 CM - EXCLUSIVE CARGA E TRANSPORTE. AF_09/2024","M3",95.22,9.01E-2]
["Aterros, Bases, Sub bases e Imprimações",105608,"CONSTRUÇÃO DE BASE E SUB-BASE PARA PAVIMENTAÇÃO DE SOLO (PREDOMINANTEMENTE ARENOSO) MELHORADO COM CIMENTO - 4%, MISTURA EM USINA, COM ESPESSURA DE 15 CM - EXCLUSIVE CARGA E TRANSPORTE. AF_09/2024","M3",92.95,8.0500000000000002E-2]
["Aterros, Bases, Sub bases e Imprimações",105616,"CONSTRUÇÃO DE BASE E SUB-BASE PARA PAVIMENTAÇÃO DE SOLO (PREDOMINANTEMENTE ARENOSO) MELHORADO COM CIMENTO - 4%, MISTURA EM USINA, COM ESPESSURA DE 20 CM - EXCLUSIVE CARGA E TRANSPORTE. AF_09/2024","M3",91.33,7.3300000000000004E-2]
["Aterros, Bases, Sub bases e Imprimações",105585,"CONSTRUÇÃO DE BASE E SUB-BASE PARA PAVIMENTAÇÃO DE SOLO (PREDOMINANTEMENTE ARGILOSO) BRITA - 40%-60%, MISTURA EM PISTA, COM ESPESSURA DE 10 CM - EXCLUSIVE ESCAVAÇÃO, CARGA E TRANSPORTE E SOLO. AF_09/2024","M3",128.96,0.1234]
["Aterros, Bases, Sub bases e Imprimações",100572,"CONSTRUÇÃO DE BASE E SUB-BASE PARA PAVIMENTAÇÃO DE SOLO (PREDOMINANTEMENTE ARGILOSO) BRITA - 40%-60%, MISTURA EM PISTA, COM ESPESSURA DE 15 CM - EXCLUSIVE ESCAVAÇÃO, CARGA E TRANSPORTE E SOLO. AF_09/2024","M3",119.11,9.9299999999999999E-2]
["Aterros, Bases, Sub bases e Imprimações",105588,"CONSTRUÇÃO DE BASE E SUB-BASE PARA PAVIMENTAÇÃO DE SOLO (PREDOMINANTEMENTE ARGILOSO) BRITA - 40%-60%, MISTURA EM PISTA, COM ESPESSURA DE 20 CM - EXCLUSIVE ESCAVAÇÃO, CARGA E TRANSPORTE E SOLO. AF_09/2024","M3",118.15,9.6600000000000005E-2]
["Aterros, Bases, Sub bases e Imprimações",105583,"CONSTRUÇÃO DE BASE E SUB-BASE PARA PAVIMENTAÇÃO DE SOLO (PREDOMINANTEMENTE ARGILOSO) BRITA - 40%-60%, MISTURA EM USINA, COM ESPESSURA DE 10 CM - EXCLUSIVE CARGA E TRANSPORTE. AF_09/2024","M3",168.32,8.7999999999999995E-2]
["Aterros, Bases, Sub bases e Imprimações",105719,"CONSTRUÇÃO DE BASE E SUB-BASE PARA PAVIMENTAÇÃO DE SOLO (PREDOMINANTEMENTE ARGILOSO) BRITA - 40%-60%, MISTURA EM USINA, COM ESPESSURA DE 15 CM - EXCLUSIVE CARGA E TRANSPORTE. AF_09/2024","M3",162.86000000000001,7.46E-2]
["Aterros, Bases, Sub bases e Imprimações",105721,"CONSTRUÇÃO DE BASE E SUB-BASE PARA PAVIMENTAÇÃO DE SOLO (PREDOMINANTEMENTE ARGILOSO) BRITA - 40%-60%, MISTURA EM USINA, COM ESPESSURA DE 20 CM - EXCLUSIVE CARGA E TRANSPORTE. AF_09/2024","M3",163.1,7.5200000000000003E-2]
["Aterros, Bases, Sub bases e Imprimações",105592,"CONSTRUÇÃO DE BASE E SUB-BASE PARA PAVIMENTAÇÃO DE SOLO (PREDOMINANTEMENTE ARGILOSO) BRITA - 50%-50%, MISTURA EM PISTA, COM ESPESSURA DE 10 CM - EXCLUSIVE ESCAVAÇÃO, CARGA E TRANSPORTE E SOLO. AF_09/2024","M3",114.05,0.13950000000000001]
["Aterros, Bases, Sub bases e Imprimações",100573,"CONSTRUÇÃO DE BASE E SUB-BASE PARA PAVIMENTAÇÃO DE SOLO (PREDOMINANTEMENTE ARGILOSO) BRITA - 50%-50%, MISTURA EM PISTA, COM ESPESSURA DE 15 CM - EXCLUSIVE ESCAVAÇÃO, CARGA E TRANSPORTE E SOLO. AF_09/2024","M3",104.2,0.1135]
["Aterros, Bases, Sub bases e Imprimações",105595,"CONSTRUÇÃO DE BASE E SUB-BASE PARA PAVIMENTAÇÃO DE SOLO (PREDOMINANTEMENTE ARGILOSO) BRITA - 50%-50%, MISTURA EM PISTA, COM ESPESSURA DE 20 CM - EXCLUSIVE ESCAVAÇÃO, CARGA E TRANSPORTE E SOLO. AF_09/2024","M3",103.24,0.1105]
["Aterros, Bases, Sub bases e Imprimações",105590,"CONSTRUÇÃO DE BASE E SUB-BASE PARA PAVIMENTAÇÃO DE SOLO (PREDOMINANTEMENTE ARGILOSO) BRITA - 50%-50%, MISTURA EM USINA, COM ESPESSURA DE 10 CM - EXCLUSIVE CARGA E TRANSPORTE. AF_09/2024","M3",145.65,0.1017]
["Aterros, Bases, Sub bases e Imprimações",105723,"CONSTRUÇÃO DE BASE E SUB-BASE PARA PAVIMENTAÇÃO DE SOLO (PREDOMINANTEMENTE ARGILOSO) BRITA - 50%-50%, MISTURA EM USINA, COM ESPESSURA DE 15 CM - EXCLUSIVE CARGA E TRANSPORTE. AF_09/2024","M3",140.19,8.6699999999999999E-2]
["Aterros, Bases, Sub bases e Imprimações",105725,"CONSTRUÇÃO DE BASE E SUB-BASE PARA PAVIMENTAÇÃO DE SOLO (PREDOMINANTEMENTE ARGILOSO) BRITA - 50%-50%, MISTURA EM USINA, COM ESPESSURA DE 20 CM - EXCLUSIVE CARGA E TRANSPORTE. AF_09/2024","M3",140.43,8.7400000000000005E-2]
["Aterros, Bases, Sub bases e Imprimações",105566,"CONSTRUÇÃO DE BASE E SUB-BASE PARA PAVIMENTAÇÃO DE SOLO DE COMPORTAMENTO LATERÍTICO (ARENOSO), COM ESPESSURA DE 10 CM - EXCLUSIVE ESCAVAÇÃO, CARGA E TRANSPORTE E SOLO. AF_09/2024","M3",11.32,0.44429999999999997]
["Aterros, Bases, Sub bases e Imprimações",96388,"CONSTRUÇÃO DE BASE E SUB-BASE PARA PAVIMENTAÇÃO DE SOLO DE COMPORTAMENTO LATERÍTICO (ARENOSO), COM ESPESSURA DE 15 CM - EXCLUSIVE ESCAVAÇÃO, CARGA E TRANSPORTE E SOLO. AF_09/2024","M3",9.06,0.43490000000000001]
["Aterros, Bases, Sub bases e Imprimações",105569,"CONSTRUÇÃO DE BASE E SUB-BASE PARA PAVIMENTAÇÃO DE SOLO DE COMPORTAMENTO LATERÍTICO (ARENOSO), COM ESPESSURA DE 20 CM - EXCLUSIVE ESCAVAÇÃO, CARGA E TRANSPORTE E SOLO. AF_09/2024","M3",7.51,0.42480000000000001]
["Aterros, Bases, Sub bases e Imprimações",101767,"CONSTRUÇÃO DE BASE E SUB-BASE PARA PAVIMENTAÇÃO DE SOLO ESTABILIZADO GRANULOMETRICAMENTE COM MISTURA DE SOLOS EM PISTA - EXCLUSIVE SOLO, ESCAVAÇÃO, CARGA E TRANSPORTE. AF_09/2024","M3",30.01,0.39450000000000002]
["Aterros, Bases, Sub bases e Imprimações",101768,"CONSTRUÇÃO DE BASE E SUB-BASE PARA PAVIMENTAÇÃO DE SOLO ESTABILIZADO GRANULOMETRICAMENTE SEM MISTURA DE SOLOS - EXCLUSIVE SOLO, ESCAVAÇÃO, CARGA E TRANSPORTE. AF_09/2024","M3",25.84,0.45050000000000001]
["Aterros, Bases, Sub bases e Imprimações",100574,"ESPALHAMENTO DE MATERIAL COM TRATOR DE ESTEIRAS. AF_09/2024","M3",1.42,0.5141]
["Aterros, Bases, Sub bases e Imprimações",102470,"EXECUÇÃO DE IMPRIMAÇÃO COM ASFALTO DILUÍDO CM-30, PARA OBRAS DE CONSTRUÇÃO DE PAVIMENTOS. AF_09/2024","M2",0]
["Aterros, Bases, Sub bases e Imprimações",105756,"EXECUÇÃO DE IMPRIMAÇÃO COM ASFALTO DILUÍDO CM-30, PARA OBRAS DE RECONSTRUÇÃO DE PAVIMENTOS. AF_09/2024","M2",0]
["Aterros, Bases, Sub bases e Imprimações",104375,"EXECUÇÃO DE PINTURA DE LIGAÇÃO COM EMULSÃO ASFÁLTICA RR-2C, PARA OBRAS DE CONSTRUÇÃO DE PAVIMENTOS. AF_09/2024","M2",0]
["Aterros, Bases, Sub bases e Imprimações",105757,"EXECUÇÃO DE PINTURA DE LIGAÇÃO COM EMULSÃO ASFÁLTICA RR-2C, PARA OBRAS DE RECONSTRUÇÃO DE PAVIMENTOS. AF_09/2024","M2",0]
["Aterros, Bases, Sub bases e Imprimações",105562,"EXECUÇÃO E COMPACTAÇÃO DE CAMADA FINAL DE ATERRO (100% DE ENERGIA DO PROCTOR NORMAL) COM SOLO PREDOMINANTEMENTE ARENOSO, EM CAMADAS COM ESPESSURA DE 10 CM - EXCLUSIVE ESCAVAÇÃO, CARGA E TRANSPORTE E SOLO. AF_09/2024","M3",8.35,0.41320000000000001]
["Aterros, Bases, Sub bases e Imprimações",105563,"EXECUÇÃO E COMPACTAÇÃO DE CAMADA FINAL DE ATERRO (100% DE ENERGIA DO PROCTOR NORMAL) COM SOLO PREDOMINANTEMENTE ARENOSO, EM CAMADAS COM ESPESSURA DE 15 CM - EXCLUSIVE ESCAVAÇÃO, CARGA E TRANSPORTE E SOLO. AF_09/2024","M3",6.73,0.4012]
["Aterros, Bases, Sub bases e Imprimações",105565,"EXECUÇÃO E COMPACTAÇÃO DE CAMADA FINAL DE ATERRO (100% DE ENERGIA DO PROCTOR NORMAL) COM SOLO PREDOMINANTEMENTE ARENOSO, EM CAMADAS COM ESPESSURA DE 20 CM - EXCLUSIVE ESCAVAÇÃO, CARGA E TRANSPORTE E SOLO. AF_09/2024","M3",6.24,0.39579999999999999]
["Aterros, Bases, Sub bases e Imprimações",105557,"EXECUÇÃO E COMPACTAÇÃO DE CAMADA FINAL DE ATERRO (100% DE ENERGIA DO PROCTOR NORMAL) COM SOLO PREDOMINANTEMENTE ARGILOSO, EM CAMADAS COM ESPESSURA DE 10 CM - EXCLUSIVE ESCAVAÇÃO, CARGA E TRANSPORTE E SOLO. AF_09/2024","M3",15.93,0.39229999999999998]
["Aterros, Bases, Sub bases e Imprimações",105558,"EXECUÇÃO E COMPACTAÇÃO DE CAMADA FINAL DE ATERRO (100% DE ENERGIA DO PROCTOR NORMAL) COM SOLO PREDOMINANTEMENTE ARGILOSO, EM CAMADAS COM ESPESSURA DE 15 CM - EXCLUSIVE ESCAVAÇÃO, CARGA E TRANSPORTE E SOLO. AF_09/2024","M3",13.71,0.38879999999999998]
["Aterros, Bases, Sub bases e Imprimações",105560,"EXECUÇÃO E COMPACTAÇÃO DE CAMADA FINAL DE ATERRO (100% DE ENERGIA DO PROCTOR NORMAL) COM SOLO PREDOMINANTEMENTE ARGILOSO, EM CAMADAS COM ESPESSURA DE 20 CM - EXCLUSIVE ESCAVAÇÃO, CARGA E TRANSPORTE E SOLO. AF_09/2024","M3",12.52,0.38500000000000001]
["Aterros, Bases, Sub bases e Imprimações",96386,"EXECUÇÃO E COMPACTAÇÃO DE CORPO DE ATERRO (95% DE ENERGIA DO PROCTOR NORMAL) COM SOLO PREDOMINANTEMENTE ARENOSO ESPESSURA 15CM - EXCLUSIVE MATERIAL, ESCAVAÇÃO, CARGA E TRANSPORTE. AF_09/2024","M3",6.68,0.3997]
["Aterros, Bases, Sub bases e Imprimações",105564,"EXECUÇÃO E COMPACTAÇÃO DE CORPO DE ATERRO (95% DE ENERGIA DO PROCTOR NORMAL) COM SOLO PREDOMINANTEMENTE ARENOSO, EM CAMADAS COM ESPESSURA DE 20 CM - EXCLUSIVE ESCAVAÇÃO, CARGA E TRANSPORTE E SOLO. AF_09/2024","M3",6.19,0.39419999999999999]
["Aterros, Bases, Sub bases e Imprimações",105561,"EXECUÇÃO E COMPACTAÇÃO DE CORPO DE ATERRO DE ATERRO (95% DE ENERGIA DO PROCTOR NORMAL) COM SOLO PREDOMINANTEMENTE ARENOSO, EM CAMADAS COM ESPESSURA DE 10 CM - EXCLUSIVE ESCAVAÇÃO, CARGA E TRANSPORTE E SOLO. AF_09/2024","M3",8.18,0.4108]
["Aterros, Bases, Sub bases e Imprimações",96385,"EXECUÇÃO E COMPACTAÇÃO DE CORPO DE ATERRO DE ATERRO (95% DE ENERGIA DO PROCTOR NORMAL) COM SOLO PREDOMINANTEMENTE ARGILOSO ESPESSURA 15 CM - EXCLUSIVE MATERIAL, ESCAVAÇÃO, CARGA E TRANSPORTE. AF_09/2024","M3",12.39,0.38500000000000001]
["Aterros, Bases, Sub bases e Imprimações",105556,"EXECUÇÃO E COMPACTAÇÃO DE CORPO DE ATERRO DE ATERRO (95% DE ENERGIA DO PROCTOR NORMAL) COM SOLO PREDOMINANTEMENTE ARGILOSO, EM CAMADAS COM ESPESSURA DE 10 CM - EXCLUSIVE ESCAVAÇÃO, CARGA E TRANSPORTE E SOLO. AF_09/2024","M3",13.91,0.3896]
["Aterros, Bases, Sub bases e Imprimações",105559,"EXECUÇÃO E COMPACTAÇÃO DE CORPO DE ATERRO DE ATERRO (95% DE ENERGIA DO PROCTOR NORMAL) COM SOLO PREDOMINANTEMENTE ARGILOSO, EM CAMADAS COM ESPESSURA DE 20 CM - EXCLUSIVE ESCAVAÇÃO, CARGA E TRANSPORTE E SOLO. AF_09/2024","M3",10.52,0.37830000000000003]
["Aterros, Bases, Sub bases e Imprimações",105733,"RECONSTRUÇÃO DE BASE E SUB-BASE PARA PAVIMENTAÇÃO DE BRITA GRADUADA SIMPLES TRATADA COM CIMENTO, COM ESPESSURA DE 10 CM - EXCLUSIVE CARGA E TRANSPORTE. AF_09/2024","M3",277.58999999999997,6.1499999999999999E-2]
["Aterros, Bases, Sub bases e Imprimações",105734,"RECONSTRUÇÃO DE BASE E SUB-BASE PARA PAVIMENTAÇÃO DE BRITA GRADUADA SIMPLES TRATADA COM CIMENTO, COM ESPESSURA DE 15 CM - EXCLUSIVE CARGA E TRANSPORTE. AF_09/2024","M3",271.41000000000003,5.1799999999999999E-2]
["Aterros, Bases, Sub bases e Imprimações",105736,"RECONSTRUÇÃO DE BASE E SUB-BASE PARA PAVIMENTAÇÃO DE BRITA GRADUADA SIMPLES TRATADA COM CIMENTO, COM ESPESSURA DE 20 CM - EXCLUSIVE CARGA E TRANSPORTE. AF_09/2024","M3",268.3,4.6800000000000001E-2]
["Aterros, Bases, Sub bases e Imprimações",105728,"RECONSTRUÇÃO DE BASE E SUB-BASE PARA PAVIMENTAÇÃO DE BRITA GRADUADA SIMPLES, COM ESPESSURA DE 10 CM - EXCLUSIVE CARGA E TRANSPORTE. AF_09/2024","M3",197.55,7.5899999999999995E-2]
["Aterros, Bases, Sub bases e Imprimações",105729,"RECONSTRUÇÃO DE BASE E SUB-BASE PARA PAVIMENTAÇÃO DE BRITA GRADUADA SIMPLES, COM ESPESSURA DE 15 CM - EXCLUSIVE CARGA E TRANSPORTE. AF_09/2024","M3",192.82,6.5799999999999997E-2]
["Aterros, Bases, Sub bases e Imprimações",105731,"RECONSTRUÇÃO DE BASE E SUB-BASE PARA PAVIMENTAÇÃO DE BRITA GRADUADA SIMPLES, COM ESPESSURA DE 20 CM - EXCLUSIVE CARGA E TRANSPORTE. AF_09/2024","M3",190.44,6.0600000000000001E-2]
["Aterros, Bases, Sub bases e Imprimações",105738,"RECONSTRUÇÃO DE BASE E SUB-BASE PARA PAVIMENTAÇÃO DE CONCRETO COMPACTADO COM ROLO, COM ESPESSURA DE 10 CM - EXCLUSIVE CARGA E TRANSPORTE. AF_09/2024","M3",377.41,3.9199999999999999E-2]
["Aterros, Bases, Sub bases e Imprimações",105739,"RECONSTRUÇÃO DE BASE E SUB-BASE PARA PAVIMENTAÇÃO DE CONCRETO COMPACTADO COM ROLO, COM ESPESSURA DE 15 CM - EXCLUSIVE CARGA E TRANSPORTE. AF_09/2024","M3",372.78,3.3599999999999998E-2]
["Aterros, Bases, Sub bases e Imprimações",105741,"RECONSTRUÇÃO DE BASE E SUB-BASE PARA PAVIMENTAÇÃO DE CONCRETO COMPACTADO COM ROLO, COM ESPESSURA DE 20 CM - EXCLUSIVE CARGA E TRANSPORTE. AF_09/2024","M3",370.35,3.0700000000000002E-2]
["Aterros, Bases, Sub bases e Imprimações",105750,"RECONSTRUÇÃO DE BASE E SUB-BASE PARA PAVIMENTAÇÃO DE MACADAME SECO, COM ESPESSURA DE 10 CM - EXCLUSIVE CARGA E TRANSPORTE. AF_09/2024","M3",180.7,0.1191]
["Aterros, Bases, Sub bases e Imprimações",105751,"RECONSTRUÇÃO DE BASE E SUB-BASE PARA PAVIMENTAÇÃO DE MACADAME SECO, COM ESPESSURA DE 15 CM - EXCLUSIVE CARGA E TRANSPORTE. AF_09/2024","M3",178.33,0.1135]
["Aterros, Bases, Sub bases e Imprimações",105753,"RECONSTRUÇÃO DE BASE E SUB-BASE PARA PAVIMENTAÇÃO DE MACADAME SECO, COM ESPESSURA DE 20 CM - EXCLUSIVE CARGA E TRANSPORTE. AF_09/2024","M3",176.19,0.1081]
["Aterros, Bases, Sub bases e Imprimações",105755,"RECONSTRUÇÃO DE BASE E SUB-BASE PARA PAVIMENTAÇÃO DE MACADAME SECO, COM ESPESSURA DE 25 CM - EXCLUSIVE CARGA E TRANSPORTE. AF_09/2024","M3",174.12,0.1027]
["Aterros, Bases, Sub bases e Imprimações",105743,"RECONSTRUÇÃO DE BASE E SUB-BASE PARA PAVIMENTAÇÃO DE RACHÃO, COM ESPESSURA DE 30 CM - EXCLUSIVE CARGA E TRANSPORTE. AF_09/2024","M3",137.46,0.1045]
["Aterros, Bases, Sub bases e Imprimações",105744,"RECONSTRUÇÃO DE BASE E SUB-BASE PARA PAVIMENTAÇÃO DE RACHÃO, COM ESPESSURA DE 40 CM - EXCLUSIVE CARGA E TRANSPORTE. AF_09/2024","M3",135.21,9.6600000000000005E-2]
["Aterros, Bases, Sub bases e Imprimações",105746,"RECONSTRUÇÃO DE BASE E SUB-BASE PARA PAVIMENTAÇÃO DE RACHÃO, COM ESPESSURA DE 50 CM - EXCLUSIVE CARGA E TRANSPORTE. AF_09/2024","M3",132.93,8.8599999999999998E-2]
["Aterros, Bases, Sub bases e Imprimações",105748,"RECONSTRUÇÃO DE BASE E SUB-BASE PARA PAVIMENTAÇÃO DE RACHÃO, COM ESPESSURA DE 60 CM - EXCLUSIVE CARGA E TRANSPORTE. AF_09/2024","M3",130.65,8.0100000000000005E-2]
["Aterros, Bases, Sub bases e Imprimações",105660,"RECONSTRUÇÃO DE BASE E SUB-BASE PARA PAVIMENTAÇÃO DE SOLO (PREDOMINANTEMENTE ARENOSO) BRITA - 40%-60% COM CIMENTO - 4%, MISTURA EM PISTA, COM ESPESSURA DE 10 CM - EXCLUSIVE ESCAVAÇÃO, CARGA E TRANSPORTE E SOLO. AF_09/2024","M3",212.96,8.2000000000000003E-2]
["Aterros, Bases, Sub bases e Imprimações",105663,"RECONSTRUÇÃO DE BASE E SUB-BASE PARA PAVIMENTAÇÃO DE SOLO (PREDOMINANTEMENTE ARENOSO) BRITA - 40%-60% COM CIMENTO - 4%, MISTURA EM PISTA, COM ESPESSURA DE 15 CM - EXCLUSIVE ESCAVAÇÃO, CARGA E TRANSPORTE E SOLO. AF_09/2024","M3",202.94,6.5600000000000006E-2]
["Aterros, Bases, Sub bases e Imprimações",105669,"RECONSTRUÇÃO DE BASE E SUB-BASE PARA PAVIMENTAÇÃO DE SOLO (PREDOMINANTEMENTE ARENOSO) BRITA - 40%-60% COM CIMENTO - 4%, MISTURA EM PISTA, COM ESPESSURA DE 20 CM - EXCLUSIVE ESCAVAÇÃO, CARGA E TRANSPORTE E SOLO. AF_09/2024","M3",197.93,5.6800000000000003E-2]
["Aterros, Bases, Sub bases e Imprimações",105642,"RECONSTRUÇÃO DE BASE E SUB-BASE PARA PAVIMENTAÇÃO DE SOLO (PREDOMINANTEMENTE ARENOSO) BRITA - 40%-60% COM CIMENTO - 4%, MISTURA EM USINA, COM ESPESSURA DE 10 CM - EXCLUSIVE CARGA E TRANSPORTE. AF_09/2024","M3",238.8,6.2600000000000003E-2]
["Aterros, Bases, Sub bases e Imprimações",105648,"RECONSTRUÇÃO DE BASE E SUB-BASE PARA PAVIMENTAÇÃO DE SOLO (PREDOMINANTEMENTE ARENOSO) BRITA - 40%-60% COM CIMENTO - 4%, MISTURA EM USINA, COM ESPESSURA DE 15 CM - EXCLUSIVE CARGA E TRANSPORTE. AF_09/2024","M3",234.07,5.3900000000000003E-2]
["Aterros, Bases, Sub bases e Imprimações",105654,"RECONSTRUÇÃO DE BASE E SUB-BASE PARA PAVIMENTAÇÃO DE SOLO (PREDOMINANTEMENTE ARENOSO) BRITA - 40%-60% COM CIMENTO - 4%, MISTURA EM USINA, COM ESPESSURA DE 20 CM - EXCLUSIVE CARGA E TRANSPORTE. AF_09/2024","M3",231.69,4.9599999999999998E-2]
["Aterros, Bases, Sub bases e Imprimações",105661,"RECONSTRUÇÃO DE BASE E SUB-BASE PARA PAVIMENTAÇÃO DE SOLO (PREDOMINANTEMENTE ARENOSO) BRITA - 40%-60% COM CIMENTO - 6%, MISTURA EM PISTA, COM ESPESSURA DE 10 CM - EXCLUSIVE ESCAVAÇÃO, CARGA E TRANSPORTE E SOLO. AF_09/2024","M3",250.44,6.9699999999999998E-2]
["Aterros, Bases, Sub bases e Imprimações",105664,"RECONSTRUÇÃO DE BASE E SUB-BASE PARA PAVIMENTAÇÃO DE SOLO (PREDOMINANTEMENTE ARENOSO) BRITA - 40%-60% COM CIMENTO - 6%, MISTURA EM PISTA, COM ESPESSURA DE 15 CM - EXCLUSIVE ESCAVAÇÃO, CARGA E TRANSPORTE E SOLO. AF_09/2024","M3",240.42,5.5399999999999998E-2]
["Aterros, Bases, Sub bases e Imprimações",105670,"RECONSTRUÇÃO DE BASE E SUB-BASE PARA PAVIMENTAÇÃO DE SOLO (PREDOMINANTEMENTE ARENOSO) BRITA - 40%-60% COM CIMENTO - 6%, MISTURA EM PISTA, COM ESPESSURA DE 20 CM - EXCLUSIVE ESCAVAÇÃO, CARGA E TRANSPORTE E SOLO. AF_09/2024","M3",235.41,4.7699999999999999E-2]
["Aterros, Bases, Sub bases e Imprimações",105643,"RECONSTRUÇÃO DE BASE E SUB-BASE PARA PAVIMENTAÇÃO DE SOLO (PREDOMINANTEMENTE ARENOSO) BRITA - 40%-60% COM CIMENTO - 6%, MISTURA EM USINA, COM ESPESSURA DE 10 CM - EXCLUSIVE CARGA E TRANSPORTE. AF_09/2024","M3",273.85000000000002,5.45E-2]
["Aterros, Bases, Sub bases e Imprimações",105649,"RECONSTRUÇÃO DE BASE E SUB-BASE PARA PAVIMENTAÇÃO DE SOLO (PREDOMINANTEMENTE ARENOSO) BRITA - 40%-60% COM CIMENTO - 6%, MISTURA EM USINA, COM ESPESSURA DE 15 CM - EXCLUSIVE CARGA E TRANSPORTE. AF_09/2024","M3",269.12,4.6899999999999997E-2]
["Aterros, Bases, Sub bases e Imprimações",105655,"RECONSTRUÇÃO DE BASE E SUB-BASE PARA PAVIMENTAÇÃO DE SOLO (PREDOMINANTEMENTE ARENOSO) BRITA - 40%-60% COM CIMENTO - 6%, MISTURA EM USINA, COM ESPESSURA DE 20 CM - EXCLUSIVE CARGA E TRANSPORTE. AF_09/2024","M3",266.74,4.2999999999999997E-2]
["Aterros, Bases, Sub bases e Imprimações",105662,"RECONSTRUÇÃO DE BASE E SUB-BASE PARA PAVIMENTAÇÃO DE SOLO (PREDOMINANTEMENTE ARENOSO) BRITA - 40%-60% COM CIMENTO - 8%, MISTURA EM PISTA, COM ESPESSURA DE 10 CM - EXCLUSIVE ESCAVAÇÃO, CARGA E TRANSPORTE E SOLO. AF_09/2024","M3",287.41000000000003,6.0699999999999997E-2]
["Aterros, Bases, Sub bases e Imprimações",105665,"RECONSTRUÇÃO DE BASE E SUB-BASE PARA PAVIMENTAÇÃO DE SOLO (PREDOMINANTEMENTE ARENOSO) BRITA - 40%-60% COM CIMENTO - 8%, MISTURA EM PISTA, COM ESPESSURA DE 15 CM - EXCLUSIVE ESCAVAÇÃO, CARGA E TRANSPORTE E SOLO. AF_09/2024","M3",277.39,4.8000000000000001E-2]
["Aterros, Bases, Sub bases e Imprimações",105671,"RECONSTRUÇÃO DE BASE E SUB-BASE PARA PAVIMENTAÇÃO DE SOLO (PREDOMINANTEMENTE ARENOSO) BRITA - 40%-60% COM CIMENTO - 8%, MISTURA EM PISTA, COM ESPESSURA DE 20 CM - EXCLUSIVE ESCAVAÇÃO, CARGA E TRANSPORTE E SOLO. AF_09/2024","M3",272.38,4.1300000000000003E-2]
["Aterros, Bases, Sub bases e Imprimações",105644,"RECONSTRUÇÃO DE BASE E SUB-BASE PARA PAVIMENTAÇÃO DE SOLO (PREDOMINANTEMENTE ARENOSO) BRITA - 40%-60% COM CIMENTO - 8%, MISTURA EM USINA, COM ESPESSURA DE 10 CM - EXCLUSIVE CARGA E TRANSPORTE. AF_09/2024","M3",308.91000000000003,4.8300000000000003E-2]
["Aterros, Bases, Sub bases e Imprimações",105650,"RECONSTRUÇÃO DE BASE E SUB-BASE PARA PAVIMENTAÇÃO DE SOLO (PREDOMINANTEMENTE ARENOSO) BRITA - 40%-60% COM CIMENTO - 8%, MISTURA EM USINA, COM ESPESSURA DE 15 CM - EXCLUSIVE CARGA E TRANSPORTE. AF_09/2024","M3",304.18,4.1399999999999999E-2]
["Aterros, Bases, Sub bases e Imprimações",105656,"RECONSTRUÇÃO DE BASE E SUB-BASE PARA PAVIMENTAÇÃO DE SOLO (PREDOMINANTEMENTE ARENOSO) BRITA - 40%-60% COM CIMENTO - 8%, MISTURA EM USINA, COM ESPESSURA DE 20 CM - EXCLUSIVE CARGA E TRANSPORTE. AF_09/2024","M3",301.8,3.7999999999999999E-2]
["Aterros, Bases, Sub bases e Imprimações",105577,"RECONSTRUÇÃO DE BASE E SUB-BASE PARA PAVIMENTAÇÃO DE SOLO (PREDOMINANTEMENTE ARENOSO) BRITA - 40%-60%, MISTURA EM PISTA, COM ESPESSURA DE 10 CM - EXCLUSIVE ESCAVAÇÃO, CARGA E TRANSPORTE E SOLO. AF_09/2024","M3",132.91,0.13139999999999999]
["Aterros, Bases, Sub bases e Imprimações",105578,"RECONSTRUÇÃO DE BASE E SUB-BASE PARA PAVIMENTAÇÃO DE SOLO (PREDOMINANTEMENTE ARENOSO) BRITA - 40%-60%, MISTURA EM PISTA, COM ESPESSURA DE 15 CM - EXCLUSIVE ESCAVAÇÃO, CARGA E TRANSPORTE E SOLO. AF_09/2024","M3",122.89,0.1084]
["Aterros, Bases, Sub bases e Imprimações",105712,"RECONSTRUÇÃO DE BASE E SUB-BASE PARA PAVIMENTAÇÃO DE SOLO (PREDOMINANTEMENTE ARENOSO) BRITA - 40%-60%, MISTURA EM PISTA, COM ESPESSURA DE 20 CM - EXCLUSIVE ESCAVAÇÃO, CARGA E TRANSPORTE E SOLO. AF_09/2024","M3",117.88,9.5399999999999999E-2]
["Aterros, Bases, Sub bases e Imprimações",105637,"RECONSTRUÇÃO DE BASE E SUB-BASE PARA PAVIMENTAÇÃO DE SOLO (PREDOMINANTEMENTE ARENOSO) BRITA - 40%-60%, MISTURA EM USINA, COM ESPESSURA DE 10 CM - EXCLUSIVE CARGA E TRANSPORTE. AF_09/2024","M3",168.67,8.8700000000000001E-2]
["Aterros, Bases, Sub bases e Imprimações",105707,"RECONSTRUÇÃO DE BASE E SUB-BASE PARA PAVIMENTAÇÃO DE SOLO (PREDOMINANTEMENTE ARENOSO) BRITA - 40%-60%, MISTURA EM USINA, COM ESPESSURA DE 15 CM - EXCLUSIVE CARGA E TRANSPORTE. AF_09/2024","M3",163.94,7.7100000000000002E-2]
["Aterros, Bases, Sub bases e Imprimações",105709,"RECONSTRUÇÃO DE BASE E SUB-BASE PARA PAVIMENTAÇÃO DE SOLO (PREDOMINANTEMENTE ARENOSO) BRITA - 40%-60%, MISTURA EM USINA, COM ESPESSURA DE 20 CM - EXCLUSIVE CARGA E TRANSPORTE. AF_09/2024","M3",161.56,7.1199999999999999E-2]
["Aterros, Bases, Sub bases e Imprimações",105693,"RECONSTRUÇÃO DE BASE E SUB-BASE PARA PAVIMENTAÇÃO DE SOLO (PREDOMINANTEMENTE ARENOSO) BRITA - 50%-50% COM CIMENTO - 4%, MISTURA EM PISTA, COM ESPESSURA DE 10 CM - EXCLUSIVE ESCAVAÇÃO, CARGA E TRANSPORTE E SOLO. AF_09/2024","M3",198.65,8.7900000000000006E-2]
["Aterros, Bases, Sub bases e Imprimações",105696,"RECONSTRUÇÃO DE BASE E SUB-BASE PARA PAVIMENTAÇÃO DE SOLO (PREDOMINANTEMENTE ARENOSO) BRITA - 50%-50% COM CIMENTO - 4%, MISTURA EM PISTA, COM ESPESSURA DE 15 CM - EXCLUSIVE ESCAVAÇÃO, CARGA E TRANSPORTE E SOLO. AF_09/2024","M3",188.63,7.0599999999999996E-2]
["Aterros, Bases, Sub bases e Imprimações",105702,"RECONSTRUÇÃO DE BASE E SUB-BASE PARA PAVIMENTAÇÃO DE SOLO (PREDOMINANTEMENTE ARENOSO) BRITA - 50%-50% COM CIMENTO - 4%, MISTURA EM PISTA, COM ESPESSURA DE 20 CM - EXCLUSIVE ESCAVAÇÃO, CARGA E TRANSPORTE E SOLO. AF_09/2024","M3",183.62,6.1199999999999997E-2]
["Aterros, Bases, Sub bases e Imprimações",105675,"RECONSTRUÇÃO DE BASE E SUB-BASE PARA PAVIMENTAÇÃO DE SOLO (PREDOMINANTEMENTE ARENOSO) BRITA - 50%-50% COM CIMENTO - 4%, MISTURA EM USINA, COM ESPESSURA DE 10 CM - EXCLUSIVE CARGA E TRANSPORTE. AF_09/2024","M3",217.04,6.88E-2]
["Aterros, Bases, Sub bases e Imprimações",105681,"RECONSTRUÇÃO DE BASE E SUB-BASE PARA PAVIMENTAÇÃO DE SOLO (PREDOMINANTEMENTE ARENOSO) BRITA - 50%-50% COM CIMENTO - 4%, MISTURA EM USINA, COM ESPESSURA DE 15 CM - EXCLUSIVE CARGA E TRANSPORTE. AF_09/2024","M3",212.31,5.9400000000000001E-2]
["Aterros, Bases, Sub bases e Imprimações",105687,"RECONSTRUÇÃO DE BASE E SUB-BASE PARA PAVIMENTAÇÃO DE SOLO (PREDOMINANTEMENTE ARENOSO) BRITA - 50%-50% COM CIMENTO - 4%, MISTURA EM USINA, COM ESPESSURA DE 20 CM - EXCLUSIVE CARGA E TRANSPORTE. AF_09/2024","M3",209.93,5.4699999999999999E-2]
["Aterros, Bases, Sub bases e Imprimações",105694,"RECONSTRUÇÃO DE BASE E SUB-BASE PARA PAVIMENTAÇÃO DE SOLO (PREDOMINANTEMENTE ARENOSO) BRITA - 50%-50% COM CIMENTO - 6%, MISTURA EM PISTA, COM ESPESSURA DE 10 CM - EXCLUSIVE ESCAVAÇÃO, CARGA E TRANSPORTE E SOLO. AF_09/2024","M3",236.43,7.3800000000000004E-2]
["Aterros, Bases, Sub bases e Imprimações",105697,"RECONSTRUÇÃO DE BASE E SUB-BASE PARA PAVIMENTAÇÃO DE SOLO (PREDOMINANTEMENTE ARENOSO) BRITA - 50%-50% COM CIMENTO - 6%, MISTURA EM PISTA, COM ESPESSURA DE 15 CM - EXCLUSIVE ESCAVAÇÃO, CARGA E TRANSPORTE E SOLO. AF_09/2024","M3",226.41,5.8799999999999998E-2]
["Aterros, Bases, Sub bases e Imprimações",105703,"RECONSTRUÇÃO DE BASE E SUB-BASE PARA PAVIMENTAÇÃO DE SOLO (PREDOMINANTEMENTE ARENOSO) BRITA - 50%-50% COM CIMENTO - 6%, MISTURA EM PISTA, COM ESPESSURA DE 20 CM - EXCLUSIVE ESCAVAÇÃO, CARGA E TRANSPORTE E SOLO. AF_09/2024","M3",221.4,5.0799999999999998E-2]
["Aterros, Bases, Sub bases e Imprimações",105676,"RECONSTRUÇÃO DE BASE E SUB-BASE PARA PAVIMENTAÇÃO DE SOLO (PREDOMINANTEMENTE ARENOSO) BRITA - 50%-50% COM CIMENTO - 6%, MISTURA EM USINA, COM ESPESSURA DE 10 CM - EXCLUSIVE CARGA E TRANSPORTE. AF_09/2024","M3",252.54,5.91E-2]
["Aterros, Bases, Sub bases e Imprimações",105682,"RECONSTRUÇÃO DE BASE E SUB-BASE PARA PAVIMENTAÇÃO DE SOLO (PREDOMINANTEMENTE ARENOSO) BRITA - 50%-50% COM CIMENTO - 6%, MISTURA EM USINA, COM ESPESSURA DE 15 CM - EXCLUSIVE CARGA E TRANSPORTE. AF_09/2024","M3",247.81,5.0900000000000001E-2]
["Aterros, Bases, Sub bases e Imprimações",105688,"RECONSTRUÇÃO DE BASE E SUB-BASE PARA PAVIMENTAÇÃO DE SOLO (PREDOMINANTEMENTE ARENOSO) BRITA - 50%-50% COM CIMENTO - 6%, MISTURA EM USINA, COM ESPESSURA DE 20 CM - EXCLUSIVE CARGA E TRANSPORTE. AF_09/2024","M3",245.43,4.6800000000000001E-2]
["Aterros, Bases, Sub bases e Imprimações",105695,"RECONSTRUÇÃO DE BASE E SUB-BASE PARA PAVIMENTAÇÃO DE SOLO (PREDOMINANTEMENTE ARENOSO) BRITA - 50%-50% COM CIMENTO - 8%, MISTURA EM PISTA, COM ESPESSURA DE 10 CM - EXCLUSIVE ESCAVAÇÃO, CARGA E TRANSPORTE E SOLO. AF_09/2024","M3",273.7,6.3799999999999996E-2]
["Aterros, Bases, Sub bases e Imprimações",105698,"RECONSTRUÇÃO DE BASE E SUB-BASE PARA PAVIMENTAÇÃO DE SOLO (PREDOMINANTEMENTE ARENOSO) BRITA - 50%-50% COM CIMENTO - 8%, MISTURA EM PISTA, COM ESPESSURA DE 15 CM - EXCLUSIVE ESCAVAÇÃO, CARGA E TRANSPORTE E SOLO. AF_09/2024","M3",263.68,5.0500000000000003E-2]
["Aterros, Bases, Sub bases e Imprimações",105704,"RECONSTRUÇÃO DE BASE E SUB-BASE PARA PAVIMENTAÇÃO DE SOLO (PREDOMINANTEMENTE ARENOSO) BRITA - 50%-50% COM CIMENTO - 8%, MISTURA EM PISTA, COM ESPESSURA DE 20 CM - EXCLUSIVE ESCAVAÇÃO, CARGA E TRANSPORTE E SOLO. AF_09/2024","M3",258.67,4.3499999999999997E-2]
["Aterros, Bases, Sub bases e Imprimações",105677,"RECONSTRUÇÃO DE BASE E SUB-BASE PARA PAVIMENTAÇÃO DE SOLO (PREDOMINANTEMENTE ARENOSO) BRITA - 50%-50% COM CIMENTO - 8%, MISTURA EM USINA, COM ESPESSURA DE 10 CM - EXCLUSIVE CARGA E TRANSPORTE. AF_09/2024","M3",288.06,5.1799999999999999E-2]
["Aterros, Bases, Sub bases e Imprimações",105683,"RECONSTRUÇÃO DE BASE E SUB-BASE PARA PAVIMENTAÇÃO DE SOLO (PREDOMINANTEMENTE ARENOSO) BRITA - 50%-50% COM CIMENTO - 8%, MISTURA EM USINA, COM ESPESSURA DE 15 CM - EXCLUSIVE CARGA E TRANSPORTE. AF_09/2024","M3",283.33,4.4499999999999998E-2]
["Aterros, Bases, Sub bases e Imprimações",105689,"RECONSTRUÇÃO DE BASE E SUB-BASE PARA PAVIMENTAÇÃO DE SOLO (PREDOMINANTEMENTE ARENOSO) BRITA - 50%-50% COM CIMENTO - 8%, MISTURA EM USINA, COM ESPESSURA DE 20 CM - EXCLUSIVE CARGA E TRANSPORTE. AF_09/2024","M3",280.95,4.0800000000000003E-2]
["Aterros, Bases, Sub bases e Imprimações",105579,"RECONSTRUÇÃO DE BASE E SUB-BASE PARA PAVIMENTAÇÃO DE SOLO (PREDOMINANTEMENTE ARENOSO) BRITA - 50%-50%, MISTURA EM PISTA, COM ESPESSURA DE 10 CM - EXCLUSIVE ESCAVAÇÃO, CARGA E TRANSPORTE E SOLO. AF_09/2024","M3",118,0.14810000000000001]
["Aterros, Bases, Sub bases e Imprimações",105580,"RECONSTRUÇÃO DE BASE E SUB-BASE PARA PAVIMENTAÇÃO DE SOLO (PREDOMINANTEMENTE ARENOSO) BRITA - 50%-50%, MISTURA EM PISTA, COM ESPESSURA DE 15 CM - EXCLUSIVE ESCAVAÇÃO, CARGA E TRANSPORTE E SOLO. AF_09/2024","M3",107.98,0.1234]
["Aterros, Bases, Sub bases e Imprimações",105582,"RECONSTRUÇÃO DE BASE E SUB-BASE PARA PAVIMENTAÇÃO DE SOLO (PREDOMINANTEMENTE ARENOSO) BRITA - 50%-50%, MISTURA EM PISTA, COM ESPESSURA DE 20 CM - EXCLUSIVE ESCAVAÇÃO, CARGA E TRANSPORTE E SOLO. AF_09/2024","M3",102.97,0.10929999999999999]
["Aterros, Bases, Sub bases e Imprimações",105638,"RECONSTRUÇÃO DE BASE E SUB-BASE PARA PAVIMENTAÇÃO DE SOLO (PREDOMINANTEMENTE ARENOSO) BRITA - 50%-50%, MISTURA EM USINA, COM ESPESSURA DE 10 CM - EXCLUSIVE CARGA E TRANSPORTE. AF_09/2024","M3",146,0.10249999999999999]
["Aterros, Bases, Sub bases e Imprimações",105715,"RECONSTRUÇÃO DE BASE E SUB-BASE PARA PAVIMENTAÇÃO DE SOLO (PREDOMINANTEMENTE ARENOSO) BRITA - 50%-50%, MISTURA EM USINA, COM ESPESSURA DE 15 CM - EXCLUSIVE CARGA E TRANSPORTE. AF_09/2024","M3",141.27000000000001,8.9499999999999996E-2]
["Aterros, Bases, Sub bases e Imprimações",105717,"RECONSTRUÇÃO DE BASE E SUB-BASE PARA PAVIMENTAÇÃO DE SOLO (PREDOMINANTEMENTE ARENOSO) BRITA - 50%-50%, MISTURA EM USINA, COM ESPESSURA DE 20 CM - EXCLUSIVE CARGA E TRANSPORTE. AF_09/2024","M3",138.88999999999999,8.2900000000000001E-2]
["Aterros, Bases, Sub bases e Imprimações",105626,"RECONSTRUÇÃO DE BASE E SUB-BASE PARA PAVIMENTAÇÃO DE SOLO (PREDOMINANTEMENTE ARENOSO) COM CIMENTO - 6%, MISTURA EM PISTA, COM ESPESSURA DE 10 CM - EXCLUSIVE ESCAVAÇÃO, CARGA E TRANSPORTE E SOLO. AF_09/2024","M3",149.19,6.9599999999999995E-2]
["Aterros, Bases, Sub bases e Imprimações",105629,"RECONSTRUÇÃO DE BASE E SUB-BASE PARA PAVIMENTAÇÃO DE SOLO (PREDOMINANTEMENTE ARENOSO) COM CIMENTO - 6%, MISTURA EM PISTA, COM ESPESSURA DE 15 CM - EXCLUSIVE ESCAVAÇÃO, CARGA E TRANSPORTE E SOLO. AF_09/2024","M3",141.13999999999999,5.0200000000000002E-2]
["Aterros, Bases, Sub bases e Imprimações",105635,"RECONSTRUÇÃO DE BASE E SUB-BASE PARA PAVIMENTAÇÃO DE SOLO (PREDOMINANTEMENTE ARENOSO) COM CIMENTO - 6%, MISTURA EM PISTA, COM ESPESSURA DE 20 CM - EXCLUSIVE ESCAVAÇÃO, CARGA E TRANSPORTE E SOLO. AF_09/2024","M3",140.02000000000001,4.7100000000000003E-2]
["Aterros, Bases, Sub bases e Imprimações",105605,"RECONSTRUÇÃO DE BASE E SUB-BASE PARA PAVIMENTAÇÃO DE SOLO (PREDOMINANTEMENTE ARENOSO) COM CIMENTO - 6%, MISTURA EM USINA, COM ESPESSURA DE 10 CM - EXCLUSIVE CARGA E TRANSPORTE. AF_09/2024","M3",136.66999999999999,7.5899999999999995E-2]
["Aterros, Bases, Sub bases e Imprimações",105613,"RECONSTRUÇÃO DE BASE E SUB-BASE PARA PAVIMENTAÇÃO DE SOLO (PREDOMINANTEMENTE ARENOSO) COM CIMENTO - 6%, MISTURA EM USINA, COM ESPESSURA DE 15 CM - EXCLUSIVE CARGA E TRANSPORTE. AF_09/2024","M3",133.6,6.6500000000000004E-2]
["Aterros, Bases, Sub bases e Imprimações",105621,"RECONSTRUÇÃO DE BASE E SUB-BASE PARA PAVIMENTAÇÃO DE SOLO (PREDOMINANTEMENTE ARENOSO) COM CIMENTO - 6%, MISTURA EM USINA, COM ESPESSURA DE 20 CM - EXCLUSIVE CARGA E TRANSPORTE. AF_09/2024","M3",131.41,5.9400000000000001E-2]
["Aterros, Bases, Sub bases e Imprimações",105627,"RECONSTRUÇÃO DE BASE E SUB-BASE PARA PAVIMENTAÇÃO DE SOLO (PREDOMINANTEMENTE ARENOSO) COM CIMENTO - 8%, MISTURA EM PISTA, COM ESPESSURA DE 10 CM - EXCLUSIVE ESCAVAÇÃO, CARGA E TRANSPORTE E SOLO. AF_09/2024","M3",187.95,5.5300000000000002E-2]
["Aterros, Bases, Sub bases e Imprimações",105630,"RECONSTRUÇÃO DE BASE E SUB-BASE PARA PAVIMENTAÇÃO DE SOLO (PREDOMINANTEMENTE ARENOSO) COM CIMENTO - 8%, MISTURA EM PISTA, COM ESPESSURA DE 15 CM - EXCLUSIVE ESCAVAÇÃO, CARGA E TRANSPORTE E SOLO. AF_09/2024","M3",179.9,3.9399999999999998E-2]
["Aterros, Bases, Sub bases e Imprimações",105636,"RECONSTRUÇÃO DE BASE E SUB-BASE PARA PAVIMENTAÇÃO DE SOLO (PREDOMINANTEMENTE ARENOSO) COM CIMENTO - 8%, MISTURA EM PISTA, COM ESPESSURA DE 20 CM - EXCLUSIVE ESCAVAÇÃO, CARGA E TRANSPORTE E SOLO. AF_09/2024","M3",178.78,3.6900000000000002E-2]
["Aterros, Bases, Sub bases e Imprimações",105606,"RECONSTRUÇÃO DE BASE E SUB-BASE PARA PAVIMENTAÇÃO DE SOLO (PREDOMINANTEMENTE ARENOSO) COM CIMENTO - 8%, MISTURA EM USINA, COM ESPESSURA DE 10 CM - EXCLUSIVE CARGA E TRANSPORTE. AF_09/2024","M3",174.45,5.9400000000000001E-2]
["Aterros, Bases, Sub bases e Imprimações",105614,"RECONSTRUÇÃO DE BASE E SUB-BASE PARA PAVIMENTAÇÃO DE SOLO (PREDOMINANTEMENTE ARENOSO) COM CIMENTO - 8%, MISTURA EM USINA, COM ESPESSURA DE 15 CM - EXCLUSIVE CARGA E TRANSPORTE. AF_09/2024","M3",171.38,5.1799999999999999E-2]
["Aterros, Bases, Sub bases e Imprimações",105622,"RECONSTRUÇÃO DE BASE E SUB-BASE PARA PAVIMENTAÇÃO DE SOLO (PREDOMINANTEMENTE ARENOSO) COM CIMENTO - 8%, MISTURA EM USINA, COM ESPESSURA DE 20 CM - EXCLUSIVE CARGA E TRANSPORTE. AF_09/2024","M3",169.19,4.6100000000000002E-2]
["Aterros, Bases, Sub bases e Imprimações",105572,"RECONSTRUÇÃO DE BASE E SUB-BASE PARA PAVIMENTAÇÃO DE SOLO (PREDOMINANTEMENTE ARENOSO) MELHORADO COM CIMENTO - 2%, MISTURA EM PISTA, COM ESPESSURA DE 10 CM - EXCLUSIVE ESCAVAÇÃO, CARGA E TRANSPORTE E SOLO. AF_09/2024","M3",69.55,0.14940000000000001]
["Aterros, Bases, Sub bases e Imprimações",105574,"RECONSTRUÇÃO DE BASE E SUB-BASE PARA PAVIMENTAÇÃO DE SOLO (PREDOMINANTEMENTE ARENOSO) MELHORADO COM CIMENTO - 2%, MISTURA EM PISTA, COM ESPESSURA DE 15 CM - EXCLUSIVE ESCAVAÇÃO, CARGA E TRANSPORTE E SOLO. AF_09/2024","M3",61.5,0.1153]
["Aterros, Bases, Sub bases e Imprimações",105576,"RECONSTRUÇÃO DE BASE E SUB-BASE PARA PAVIMENTAÇÃO DE SOLO (PREDOMINANTEMENTE ARENOSO) MELHORADO COM CIMENTO - 2%, MISTURA EM PISTA, COM ESPESSURA DE 20 CM - EXCLUSIVE ESCAVAÇÃO, CARGA E TRANSPORTE E SOLO. AF_09/2024","M3",60.38,0.1091]
["Aterros, Bases, Sub bases e Imprimações",105603,"RECONSTRUÇÃO DE BASE E SUB-BASE PARA PAVIMENTAÇÃO DE SOLO (PREDOMINANTEMENTE ARENOSO) MELHORADO COM CIMENTO - 2%, MISTURA EM USINA, COM ESPESSURA DE 10 CM - EXCLUSIVE CARGA E TRANSPORTE. AF_09/2024","M3",61.11,0.17]
["Aterros, Bases, Sub bases e Imprimações",105611,"RECONSTRUÇÃO DE BASE E SUB-BASE PARA PAVIMENTAÇÃO DE SOLO (PREDOMINANTEMENTE ARENOSO) MELHORADO COM CIMENTO - 2%, MISTURA EM USINA, COM ESPESSURA DE 15 CM - EXCLUSIVE CARGA E TRANSPORTE. AF_09/2024","M3",58.04,0.1535]
["Aterros, Bases, Sub bases e Imprimações",105619,"RECONSTRUÇÃO DE BASE E SUB-BASE PARA PAVIMENTAÇÃO DE SOLO (PREDOMINANTEMENTE ARENOSO) MELHORADO COM CIMENTO - 2%, MISTURA EM USINA, COM ESPESSURA DE 20 CM - EXCLUSIVE CARGA E TRANSPORTE. AF_09/2024","M3",55.85,0.14019999999999999]
["Aterros, Bases, Sub bases e Imprimações",105573,"RECONSTRUÇÃO DE BASE E SUB-BASE PARA PAVIMENTAÇÃO DE SOLO (PREDOMINANTEMENTE ARENOSO) MELHORADO COM CIMENTO - 4%, MISTURA EM PISTA, COM ESPESSURA DE 10 CM - EXCLUSIVE ESCAVAÇÃO, CARGA E TRANSPORTE E SOLO. AF_09/2024","M3",109.92,9.4500000000000001E-2]
["Aterros, Bases, Sub bases e Imprimações",105628,"RECONSTRUÇÃO DE BASE E SUB-BASE PARA PAVIMENTAÇÃO DE SOLO (PREDOMINANTEMENTE ARENOSO) MELHORADO COM CIMENTO - 4%, MISTURA EM PISTA, COM ESPESSURA DE 15 CM - EXCLUSIVE ESCAVAÇÃO, CARGA E TRANSPORTE E SOLO. AF_09/2024","M3",101.87,6.9599999999999995E-2]
["Aterros, Bases, Sub bases e Imprimações",105634,"RECONSTRUÇÃO DE BASE E SUB-BASE PARA PAVIMENTAÇÃO DE SOLO (PREDOMINANTEMENTE ARENOSO) MELHORADO COM CIMENTO - 4%, MISTURA EM PISTA, COM ESPESSURA DE 20 CM - EXCLUSIVE ESCAVAÇÃO, CARGA E TRANSPORTE E SOLO. AF_09/2024","M3",100.75,6.54E-2]
["Aterros, Bases, Sub bases e Imprimações",105604,"RECONSTRUÇÃO DE BASE E SUB-BASE PARA PAVIMENTAÇÃO DE SOLO (PREDOMINANTEMENTE ARENOSO) MELHORADO COM CIMENTO - 4%, MISTURA EM USINA, COM ESPESSURA DE 10 CM - EXCLUSIVE CARGA E TRANSPORTE. AF_09/2024","M3",98.9,0.105]
["Aterros, Bases, Sub bases e Imprimações",105612,"RECONSTRUÇÃO DE BASE E SUB-BASE PARA PAVIMENTAÇÃO DE SOLO (PREDOMINANTEMENTE ARENOSO) MELHORADO COM CIMENTO - 4%, MISTURA EM USINA, COM ESPESSURA DE 15 CM - EXCLUSIVE CARGA E TRANSPORTE. AF_09/2024","M3",95.83,9.2899999999999996E-2]
["Aterros, Bases, Sub bases e Imprimações",105620,"RECONSTRUÇÃO DE BASE E SUB-BASE PARA PAVIMENTAÇÃO DE SOLO (PREDOMINANTEMENTE ARENOSO) MELHORADO COM CIMENTO - 4%, MISTURA EM USINA, COM ESPESSURA DE 20 CM - EXCLUSIVE CARGA E TRANSPORTE. AF_09/2024","M3",93.64,8.3500000000000005E-2]
["Aterros, Bases, Sub bases e Imprimações",105586,"RECONSTRUÇÃO DE BASE E SUB-BASE PARA PAVIMENTAÇÃO DE SOLO (PREDOMINANTEMENTE ARGILOSO) BRITA - 40%-60%, MISTURA EM PISTA, COM ESPESSURA DE 10 CM - EXCLUSIVE ESCAVAÇÃO, CARGA E TRANSPORTE E SOLO. AF_09/2024","M3",144.4,0.15429999999999999]
["Aterros, Bases, Sub bases e Imprimações",105587,"RECONSTRUÇÃO DE BASE E SUB-BASE PARA PAVIMENTAÇÃO DE SOLO (PREDOMINANTEMENTE ARGILOSO) BRITA - 40%-60%, MISTURA EM PISTA, COM ESPESSURA DE 15 CM - EXCLUSIVE ESCAVAÇÃO, CARGA E TRANSPORTE E SOLO. AF_09/2024","M3",130.58000000000001,0.12670000000000001]
["Aterros, Bases, Sub bases e Imprimações",105589,"RECONSTRUÇÃO DE BASE E SUB-BASE PARA PAVIMENTAÇÃO DE SOLO (PREDOMINANTEMENTE ARGILOSO) BRITA - 40%-60%, MISTURA EM PISTA, COM ESPESSURA DE 20 CM - EXCLUSIVE ESCAVAÇÃO, CARGA E TRANSPORTE E SOLO. AF_09/2024","M3",129.31,0.1237]
["Aterros, Bases, Sub bases e Imprimações",105584,"RECONSTRUÇÃO DE BASE E SUB-BASE PARA PAVIMENTAÇÃO DE SOLO (PREDOMINANTEMENTE ARGILOSO) BRITA - 40%-60%, MISTURA EM USINA, COM ESPESSURA DE 10 CM - EXCLUSIVE CARGA E TRANSPORTE. AF_09/2024","M3",177.31,0.1085]
["Aterros, Bases, Sub bases e Imprimações",105720,"RECONSTRUÇÃO DE BASE E SUB-BASE PARA PAVIMENTAÇÃO DE SOLO (PREDOMINANTEMENTE ARGILOSO) BRITA - 40%-60%, MISTURA EM USINA, COM ESPESSURA DE 15 CM - EXCLUSIVE CARGA E TRANSPORTE. AF_09/2024","M3",169.71,9.1499999999999998E-2]
["Aterros, Bases, Sub bases e Imprimações",105722,"RECONSTRUÇÃO DE BASE E SUB-BASE PARA PAVIMENTAÇÃO DE SOLO (PREDOMINANTEMENTE ARGILOSO) BRITA - 40%-60%, MISTURA EM USINA, COM ESPESSURA DE 20 CM - EXCLUSIVE CARGA E TRANSPORTE. AF_09/2024","M3",170.16,9.2499999999999999E-2]
["Aterros, Bases, Sub bases e Imprimações",105593,"RECONSTRUÇÃO DE BASE E SUB-BASE PARA PAVIMENTAÇÃO DE SOLO (PREDOMINANTEMENTE ARGILOSO) BRITA - 50%-50%, MISTURA EM PISTA, COM ESPESSURA DE 10 CM - EXCLUSIVE ESCAVAÇÃO, CARGA E TRANSPORTE E SOLO. AF_09/2024","M3",129.49,0.1721]
["Aterros, Bases, Sub bases e Imprimações",105594,"RECONSTRUÇÃO DE BASE E SUB-BASE PARA PAVIMENTAÇÃO DE SOLO (PREDOMINANTEMENTE ARGILOSO) BRITA - 50%-50%, MISTURA EM PISTA, COM ESPESSURA DE 15 CM - EXCLUSIVE ESCAVAÇÃO, CARGA E TRANSPORTE E SOLO. AF_09/2024","M3",115.67,0.1431]
["Aterros, Bases, Sub bases e Imprimações",105596,"RECONSTRUÇÃO DE BASE E SUB-BASE PARA PAVIMENTAÇÃO DE SOLO (PREDOMINANTEMENTE ARGILOSO) BRITA - 50%-50%, MISTURA EM PISTA, COM ESPESSURA DE 20 CM - EXCLUSIVE ESCAVAÇÃO, CARGA E TRANSPORTE E SOLO. AF_09/2024","M3",114.4,0.1399]
["Aterros, Bases, Sub bases e Imprimações",105591,"RECONSTRUÇÃO DE BASE E SUB-BASE PARA PAVIMENTAÇÃO DE SOLO (PREDOMINANTEMENTE ARGILOSO) BRITA - 50%-50%, MISTURA EM USINA, COM ESPESSURA DE 10 CM - EXCLUSIVE CARGA E TRANSPORTE. AF_09/2024","M3",154.63999999999999,0.1244]
["Aterros, Bases, Sub bases e Imprimações",105724,"RECONSTRUÇÃO DE BASE E SUB-BASE PARA PAVIMENTAÇÃO DE SOLO (PREDOMINANTEMENTE ARGILOSO) BRITA - 50%-50%, MISTURA EM USINA, COM ESPESSURA DE 15 CM - EXCLUSIVE CARGA E TRANSPORTE. AF_09/2024","M3",147.04,0.1055]
["Aterros, Bases, Sub bases e Imprimações",105726,"RECONSTRUÇÃO DE BASE E SUB-BASE PARA PAVIMENTAÇÃO DE SOLO (PREDOMINANTEMENTE ARGILOSO) BRITA - 50%-50%, MISTURA EM USINA, COM ESPESSURA DE 20 CM - EXCLUSIVE CARGA E TRANSPORTE. AF_09/2024","M3",147.49,0.1067]
["Aterros, Bases, Sub bases e Imprimações",105567,"RECONSTRUÇÃO DE BASE E SUB-BASE PARA PAVIMENTAÇÃO DE SOLO DE COMPORTAMENTO LATERÍTICO (ARENOSO), COM ESPESSURA DE 10 CM - EXCLUSIVE ESCAVAÇÃO, CARGA E TRANSPORTE E SOLO. AF_09/2024","M3",15,0.45600000000000002]
["Aterros, Bases, Sub bases e Imprimações",105568,"RECONSTRUÇÃO DE BASE E SUB-BASE PARA PAVIMENTAÇÃO DE SOLO DE COMPORTAMENTO LATERÍTICO (ARENOSO), COM ESPESSURA DE 15 CM - EXCLUSIVE ESCAVAÇÃO, CARGA E TRANSPORTE E SOLO. AF_09/2024","M3",11.93,0.44840000000000002]
["Aterros, Bases, Sub bases e Imprimações",105570,"RECONSTRUÇÃO DE BASE E SUB-BASE PARA PAVIMENTAÇÃO DE SOLO DE COMPORTAMENTO LATERÍTICO (ARENOSO), COM ESPESSURA DE 20 CM - EXCLUSIVE ESCAVAÇÃO, CARGA E TRANSPORTE E SOLO. AF_09/2024","M3",9.86,0.44019999999999998]
["Aterros, Bases, Sub bases e Imprimações",100575,"REGULARIZAÇÃO DE SUPERFÍCIES COM MOTONIVELADORA. AF_09/2024","M2",0.56999999999999995,0.57889999999999997]
["Aterros, Bases, Sub bases e Imprimações",100577,"REGULARIZAÇÃO E COMPACTAÇÃO DE SUBLEITO DE SOLO PREDOMINANTEMENTE ARENOSO, PARA OBRAS DE CONSTRUÇÃO DE PAVIMENTOS. AF_09/2024","M2",1.44,0.38890000000000002]
["Aterros, Bases, Sub bases e Imprimações",105598,"REGULARIZAÇÃO E COMPACTAÇÃO DE SUBLEITO DE SOLO PREDOMINANTEMENTE ARENOSO, PARA OBRAS DE RECONSTRUÇÃO DE PAVIMENTOS. AF_09/2024","M2",1.92,0.40629999999999999]
["Aterros, Bases, Sub bases e Imprimações",100576,"REGULARIZAÇÃO E COMPACTAÇÃO DE SUBLEITO DE SOLO PREDOMINANTEMENTE ARGILOSO, PARA OBRAS DE CONSTRUÇÃO DE PAVIMENTOS. AF_09/2024","M2",2.83,0.37809999999999999]
["Aterros, Bases, Sub bases e Imprimações",105597,"REGULARIZAÇÃO E COMPACTAÇÃO DE SUBLEITO DE SOLO PREDOMINANTEMENTE ARGILOSO, PARA OBRAS DE RECONSTRUÇÃO DE PAVIMENTOS. AF_09/2024","M2",3.88,0.39179999999999998]
["Bocas para Bueiros",102730,"ARMAÇÃO DE MURO ALA E MURO TESTA UTILIZANDO AÇO CA-50 DE 10 MM - MONTAGEM. AF_07/2021","KG",11.63,9.4999999999999998E-3]
["Bocas para Bueiros",102731,"ARMAÇÃO DE MURO ALA E MURO TESTA UTILIZANDO AÇO CA-50 DE 12,5 MM - MONTAGEM. AF_07/2021","KG",9.7100000000000009,8.2000000000000007E-3]
["Bocas para Bueiros",102732,"ARMAÇÃO DE MURO ALA E MURO TESTA UTILIZANDO AÇO CA-50 DE 16 MM - MONTAGEM. AF_07/2021","KG",9.06,4.4000000000000003E-3]
["Bocas para Bueiros",102733,"ARMAÇÃO DE MURO ALA E MURO TESTA UTILIZANDO AÇO CA-50 DE 20 MM - MONTAGEM. AF_07/2021","KG",9.9499999999999993,2E-3]
["Bocas para Bueiros",102728,"ARMAÇÃO DE MURO ALA E MURO TESTA UTILIZANDO AÇO CA-50 DE 6,3 MM - MONTAGEM. AF_07/2021","KG",14.41,1.46E-2]
["Bocas para Bueiros",102729,"ARMAÇÃO DE MURO ALA E MURO TESTA UTILIZANDO AÇO CA-50 DE 8 MM - MONTAGEM. AF_07/2021","KG",13.21,1.21E-2]
["Bocas para Bueiros",102734,"ARMAÇÃO DE SOLEIRA UTILIZANDO AÇO CA-50 DE 6,3 MM - MONTAGEM. AF_07/2021","KG",13.39,3.6600000000000001E-2]
["Bocas para Bueiros",102735,"ARMAÇÃO DE SOLEIRA UTILIZANDO AÇO CA-50 DE 8 MM - MONTAGEM. AF_07/2021","KG",12.31,2.1100000000000001E-2]
["Bocas para Bueiros",102765,"BOCA PARA BUEIRO DUPLO CELULAR 150 X 150 CM EM CONCRETO, ALAS COM ESCONSIDADE DE 30°, INCLUINDO FÔRMAS E MATERIAIS. AF_07/2021","UN",17214.189999999999,5.4000000000000003E-3]
["Bocas para Bueiros",102795,"BOCA PARA BUEIRO DUPLO CELULAR 150 X 150 CM EM GABIÃO, ALAS COM ESCONSIDADE DE 45°, INCLUINDO FÔRMAS E MATERIAIS. AF_07/2021","UN",32918.11,0.1047]
["Bocas para Bueiros",102766,"BOCA PARA BUEIRO DUPLO CELULAR 200 X 200 CM EM CONCRETO, ALAS COM ESCONSIDADE DE 30°, INCLUINDO FÔRMAS E MATERIAIS. AF_07/2021","UN",25910.37,6.0000000000000001E-3]
["Bocas para Bueiros",102796,"BOCA PARA BUEIRO DUPLO CELULAR 200 X 200 CM EM GABIÃO, ALAS COM ESCONSIDADE DE 45°, INCLUINDO FÔRMAS E MATERIAIS. AF_07/2021","UN",53075.67,9.9000000000000005E-2]
["Bocas para Bueiros",102767,"BOCA PARA BUEIRO DUPLO CELULAR 250 X 250 CM EM CONCRETO, ALAS COM ESCONSIDADE DE 30°, INCLUINDO FÔRMAS E MATERIAIS. AF_07/2021","UN",36107.599999999999,6.1000000000000004E-3]
["Bocas para Bueiros",102797,"BOCA PARA BUEIRO DUPLO CELULAR 250 X 250 CM EM GABIÃO, ALAS COM ESCONSIDADE DE 45°, INCLUINDO FÔRMAS E MATERIAIS. AF_07/2021","UN",75257.440000000002,9.7500000000000003E-2]
["Bocas para Bueiros",102768,"BOCA PARA BUEIRO DUPLO CELULAR 300 X 300 CM EM CONCRETO, ALAS COM ESCONSIDADE DE 30°, INCLUINDO FÔRMAS E MATERIAIS. AF_07/2021","UN",50357.42,5.1000000000000004E-3]
["Bocas para Bueiros",102798,"BOCA PARA BUEIRO DUPLO CELULAR 300 X 300 CM EM GABIÃO, ALAS COM ESCONSIDADE DE 45°, INCLUINDO FÔRMAS E MATERIAIS. AF_07/2021","UN",92091.37,9.5399999999999999E-2]
["Bocas para Bueiros",102744,"BOCA PARA BUEIRO DUPLO TUBULAR D = 100 CM EM CONCRETO, ALAS COM ESCONSIDADE DE 0°, INCLUINDO FÔRMAS E MATERIAIS. AF_07/2021","UN",7198.75,6.3E-3]
["Bocas para Bueiros",102755,"BOCA PARA BUEIRO DUPLO TUBULAR D = 100 CM EM CONCRETO, ALAS COM ESCONSIDADE DE 30°, INCLUINDO FÔRMAS E MATERIAIS. AF_07/2021","UN",11107.1,6.8999999999999999E-3]
["Bocas para Bueiros",102782,"BOCA PARA BUEIRO DUPLO TUBULAR D = 100 CM EM GABIÃO, ALAS COM ESCONSIDADE DE 45°, INCLUINDO FÔRMAS E MATERIAIS. AF_07/2021","UN",16049.64,0.1062]
["Bocas para Bueiros",102745,"BOCA PARA BUEIRO DUPLO TUBULAR D = 120 CM EM CONCRETO, ALAS COM ESCONSIDADE DE 0°, INCLUINDO FÔRMAS E MATERIAIS. AF_07/2021","UN",10100.959999999999,6.4999999999999997E-3]
["Bocas para Bueiros",102756,"BOCA PARA BUEIRO DUPLO TUBULAR D = 120 CM EM CONCRETO, ALAS COM ESCONSIDADE DE 30°, INCLUINDO FÔRMAS E MATERIAIS. AF_07/2021","UN",16458.29,7.1999999999999998E-3]
["Bocas para Bueiros",102783,"BOCA PARA BUEIRO DUPLO TUBULAR D = 120 CM EM GABIÃO, ALAS COM ESCONSIDADE DE 45°, INCLUINDO FÔRMAS E MATERIAIS. AF_07/2021","UN",21255.77,0.1062]
["Bocas para Bueiros",102746,"BOCA PARA BUEIRO DUPLO TUBULAR D = 150 CM EM CONCRETO, ALAS COM ESCONSIDADE DE 0°, INCLUINDO FÔRMAS E MATERIAIS. AF_07/2021","UN",17488.48,6.7999999999999996E-3]
["Bocas para Bueiros",102757,"BOCA PARA BUEIRO DUPLO TUBULAR D = 150 CM EM CONCRETO, ALAS COM ESCONSIDADE DE 30°, INCLUINDO FÔRMAS E MATERIAIS. AF_07/2021","UN",30587.16,7.4000000000000003E-3]
["Bocas para Bueiros",102784,"BOCA PARA BUEIRO DUPLO TUBULAR D = 150 CM EM GABIÃO, ALAS COM ESCONSIDADE DE 45°, INCLUINDO FÔRMAS E MATERIAIS. AF_07/2021","UN",33106.800000000003,8.3900000000000002E-2]
["Bocas para Bueiros",102779,"BOCA PARA BUEIRO DUPLO TUBULAR D = 40 CM EM GABIÃO, ALAS COM ESCONSIDADE DE 45°, INCLUINDO FÔRMAS E MATERIAIS. AF_07/2021","UN",8467.2999999999993,0.1147]
["Bocas para Bueiros",102780,"BOCA PARA BUEIRO DUPLO TUBULAR D = 60 CM EM GABIÃO, ALAS COM ESCONSIDADE DE 45°, INCLUINDO FÔRMAS E MATERIAIS. AF_07/2021","UN",9744.27,0.11509999999999999]
["Bocas para Bueiros",102743,"BOCA PARA BUEIRO DUPLO TUBULAR D = 80 CM EM CONCRETO, ALAS COM ESCONSIDADE DE 0°, INCLUINDO FÔRMAS E MATERIAIS. AF_07/2021","UN",4815.47,6.1000000000000004E-3]
["Bocas para Bueiros",102781,"BOCA PARA BUEIRO DUPLO TUBULAR D = 80 CM EM GABIÃO, ALAS COM ESCONSIDADE DE 45°, INCLUINDO FÔRMAS E MATERIAIS. AF_07/2021","UN",14429.78,0.1123]
["Bocas para Bueiros",102761,"BOCA PARA BUEIRO SIMPLES CELULAR 150 X 150 CM EM CONCRETO, ALAS COM ESCONSIDADE DE 30°, INCLUINDO FÔRMAS E MATERIAIS. AF_07/2021","UN",13753.57,5.4000000000000003E-3]
["Bocas para Bueiros",102791,"BOCA PARA BUEIRO SIMPLES CELULAR 150 X 150 CM EM GABIÃO, ALAS COM ESCONSIDADE DE 45°, INCLUINDO FÔRMAS E MATERIAIS. AF_07/2021","UN",30844.79,0.1036]
["Bocas para Bueiros",102762,"BOCA PARA BUEIRO SIMPLES CELULAR 200 X 200 CM EM CONCRETO, ALAS COM ESCONSIDADE DE 30°, INCLUINDO FÔRMAS E MATERIAIS. AF_07/2021","UN",21233.59,5.7000000000000002E-3]
["Bocas para Bueiros",102792,"BOCA PARA BUEIRO SIMPLES CELULAR 200 X 200 CM EM GABIÃO, ALAS COM ESCONSIDADE DE 45°, INCLUINDO FÔRMAS E MATERIAIS. AF_07/2021","UN",50161.32,9.8699999999999996E-2]
["Bocas para Bueiros",102763,"BOCA PARA BUEIRO SIMPLES CELULAR 250 X 250 CM EM CONCRETO, ALAS COM ESCONSIDADE DE 30°, INCLUINDO FÔRMAS E MATERIAIS. AF_07/2021","UN",29451.63,5.7999999999999996E-3]
["Bocas para Bueiros",102793,"BOCA PARA BUEIRO SIMPLES CELULAR 250 X 250 CM EM GABIÃO, ALAS COM ESCONSIDADE DE 45°, INCLUINDO FÔRMAS E MATERIAIS. AF_07/2021","UN",67533.67,9.3899999999999997E-2]
["Bocas para Bueiros",102764,"BOCA PARA BUEIRO SIMPLES CELULAR 300 X 300 CM EM CONCRETO, ALAS COM ESCONSIDADE DE 30°, INCLUINDO FÔRMAS E MATERIAIS. AF_07/2021","UN",41464.57,5.0000000000000001E-3]
["Bocas para Bueiros",102794,"BOCA PARA BUEIRO SIMPLES CELULAR 300 X 300 CM EM GABIÃO, ALAS COM ESCONSIDADE DE 45°, INCLUINDO FÔRMAS E MATERIAIS. AF_07/2021","UN",96716.2,9.0999999999999998E-2]
["Bocas para Bueiros",102740,"BOCA PARA BUEIRO SIMPLES TUBULAR D = 100 CM EM CONCRETO, ALAS COM ESCONSIDADE DE 0°, INCLUINDO FÔRMAS E MATERIAIS. AF_07/2021","UN",5922.79,6.1000000000000004E-3]
["Bocas para Bueiros",102752,"BOCA PARA BUEIRO SIMPLES TUBULAR D = 100 CM EM CONCRETO, ALAS COM ESCONSIDADE DE 30°, INCLUINDO FÔRMAS E MATERIAIS. AF_07/2021","UN",7944.5,6.4999999999999997E-3]
["Bocas para Bueiros",102776,"BOCA PARA BUEIRO SIMPLES TUBULAR D = 100 CM EM GABIÃO, ALAS COM ESCONSIDADE DE 45°, INCLUINDO FÔRMAS E MATERIAIS. AF_07/2021","UN",12632.2,0.112]
["Bocas para Bueiros",102741,"BOCA PARA BUEIRO SIMPLES TUBULAR D = 120 CM EM CONCRETO, ALAS COM ESCONSIDADE DE 0°, INCLUINDO FÔRMAS E MATERIAIS. AF_07/2021","UN",8301.18,6.3E-3]
["Bocas para Bueiros",102753,"BOCA PARA BUEIRO SIMPLES TUBULAR D = 120 CM EM CONCRETO, ALAS COM ESCONSIDADE DE 30°, INCLUINDO FÔRMAS E MATERIAIS. AF_07/2021","UN",11736.01,6.7999999999999996E-3]
["Bocas para Bueiros",102777,"BOCA PARA BUEIRO SIMPLES TUBULAR D = 120 CM EM GABIÃO, ALAS COM ESCONSIDADE DE 45°, INCLUINDO FÔRMAS E MATERIAIS. AF_07/2021","UN",19115.29,0.1108]
["Bocas para Bueiros",102742,"BOCA PARA BUEIRO SIMPLES TUBULAR D = 150 CM EM CONCRETO, ALAS COM ESCONSIDADE DE 0°, INCLUINDO FÔRMAS E MATERIAIS. AF_07/2021","UN",14356.39,6.4999999999999997E-3]
["Bocas para Bueiros",102754,"BOCA PARA BUEIRO SIMPLES TUBULAR D = 150 CM EM CONCRETO, ALAS COM ESCONSIDADE DE 30°, INCLUINDO FÔRMAS E MATERIAIS. AF_07/2021","UN",22289.55,7.0000000000000001E-3]
["Bocas para Bueiros",102778,"BOCA PARA BUEIRO SIMPLES TUBULAR D = 150 CM EM GABIÃO, ALAS COM ESCONSIDADE DE 45°, INCLUINDO FÔRMAS E MATERIAIS. AF_07/2021","UN",28442.959999999999,8.9899999999999994E-2]
["Bocas para Bueiros",102737,"BOCA PARA BUEIRO SIMPLES TUBULAR D = 40 CM EM CONCRETO, ALAS COM ESCONSIDADE DE 0°, INCLUINDO FÔRMAS E MATERIAIS. AF_07/2021","UN",1159.7,5.1999999999999998E-3]
["Bocas para Bueiros",102773,"BOCA PARA BUEIRO SIMPLES TUBULAR D = 40 CM EM GABIÃO, ALAS COM ESCONSIDADE DE 45°, INCLUINDO FÔRMAS E MATERIAIS. AF_07/2021","UN",8467.2999999999993,0.1147]
["Bocas para Bueiros",102738,"BOCA PARA BUEIRO SIMPLES TUBULAR D = 60 CM EM CONCRETO, ALAS COM ESCONSIDADE DE 0°, INCLUINDO FÔRMAS E MATERIAIS. AF_07/2021","UN",2369.77,5.7000000000000002E-3]
["Bocas para Bueiros",102750,"BOCA PARA BUEIRO SIMPLES TUBULAR D = 60 CM EM CONCRETO, ALAS COM ESCONSIDADE DE 30°, INCLUINDO FÔRMAS E MATERIAIS. AF_07/2021","UN",2886.83,5.7999999999999996E-3]
["Bocas para Bueiros",102774,"BOCA PARA BUEIRO SIMPLES TUBULAR D = 60 CM EM GABIÃO, ALAS COM ESCONSIDADE DE 45°, INCLUINDO FÔRMAS E MATERIAIS. AF_07/2021","UN",8467.2999999999993,0.1147]
["Bocas para Bueiros",102739,"BOCA PARA BUEIRO SIMPLES TUBULAR D = 80 CM EM CONCRETO, ALAS COM ESCONSIDADE DE 0°, INCLUINDO FÔRMAS E MATERIAIS. AF_07/2021","UN",3958.54,5.8999999999999999E-3]
["Bocas para Bueiros",102751,"BOCA PARA BUEIRO SIMPLES TUBULAR D = 80 CM EM CONCRETO, ALAS COM ESCONSIDADE DE 30°, INCLUINDO FÔRMAS E MATERIAIS. AF_07/2021","UN",4998.5,6.1999999999999998E-3]
["Bocas para Bueiros",102775,"BOCA PARA BUEIRO SIMPLES TUBULAR D = 80 CM EM GABIÃO, ALAS COM ESCONSIDADE DE 45°, INCLUINDO FÔRMAS E MATERIAIS. AF_07/2021","UN",12632.2,0.112]
["Bocas para Bueiros",102769,"BOCA PARA BUEIRO TRIPLO CELULAR 150 X 150 CM EM CONCRETO, ALAS COM ESCONSIDADE DE 30°, INCLUINDO FÔRMAS E MATERIAIS. AF_07/2021","UN",19991.810000000001,5.5999999999999999E-3]
["Bocas para Bueiros",102799,"BOCA PARA BUEIRO TRIPLO CELULAR 150 X 150 CM EM GABIÃO, ALAS COM ESCONSIDADE DE 45°, INCLUINDO FÔRMAS E MATERIAIS. AF_07/2021","UN",33612.26,0.1047]
["Bocas para Bueiros",102770,"BOCA PARA BUEIRO TRIPLO CELULAR 200 X 200 CM EM CONCRETO, ALAS COM ESCONSIDADE DE 30°, INCLUINDO FÔRMAS E MATERIAIS. AF_07/2021","UN",30636.51,6.1999999999999998E-3]
["Bocas para Bueiros",102800,"BOCA PARA BUEIRO TRIPLO CELULAR 200 X 200 CM EM GABIÃO, ALAS COM ESCONSIDADE DE 45°, INCLUINDO FÔRMAS E MATERIAIS. AF_07/2021","UN",58268.23,9.98E-2]
["Bocas para Bueiros",102771,"BOCA PARA BUEIRO TRIPLO CELULAR 250 X 250 CM EM CONCRETO, ALAS COM ESCONSIDADE DE 30°, INCLUINDO FÔRMAS E MATERIAIS. AF_07/2021","UN",42681.13,6.4000000000000003E-3]
["Bocas para Bueiros",102801,"BOCA PARA BUEIRO TRIPLO CELULAR 250 X 250 CM EM GABIÃO, ALAS COM ESCONSIDADE DE 45°, INCLUINDO FÔRMAS E MATERIAIS. AF_07/2021","UN",81593.679999999993,9.7500000000000003E-2]
["Bocas para Bueiros",102772,"BOCA PARA BUEIRO TRIPLO CELULAR 300 X 300 CM EM CONCRETO, ALAS COM ESCONSIDADE DE 30°, INCLUINDO FÔRMAS E MATERIAIS. AF_07/2021","UN",59813.01,5.1000000000000004E-3]
["Bocas para Bueiros",102802,"BOCA PARA BUEIRO TRIPLO CELULAR 300 X 300 CM EM GABIÃO, ALAS COM ESCONSIDADE DE 45°, INCLUINDO FÔRMAS E MATERIAIS. AF_07/2021","UN",97835.4,9.64E-2]
["Bocas para Bueiros",102747,"BOCA PARA BUEIRO TRIPLO TUBULAR D = 100 CM EM CONCRETO, ALAS COM ESCONSIDADE DE 0°, INCLUINDO FÔRMAS E MATERIAIS. AF_07/2021","UN",8948.93,6.6E-3]
["Bocas para Bueiros",102758,"BOCA PARA BUEIRO TRIPLO TUBULAR D = 100 CM EM CONCRETO, ALAS COM ESCONSIDADE DE 30°, INCLUINDO FÔRMAS E MATERIAIS. AF_07/2021","UN",14283.57,7.3000000000000001E-3]
["Bocas para Bueiros",102788,"BOCA PARA BUEIRO TRIPLO TUBULAR D = 100 CM EM GABIÃO, ALAS COM ESCONSIDADE DE 45°, INCLUINDO FÔRMAS E MATERIAIS. AF_07/2021","UN",17636.18,0.10009999999999999]
["Bocas para Bueiros",102748,"BOCA PARA BUEIRO TRIPLO TUBULAR D = 120 CM EM CONCRETO, ALAS COM ESCONSIDADE DE 0°, INCLUINDO FÔRMAS E MATERIAIS. AF_07/2021","UN",12502.39,6.8999999999999999E-3]
["Bocas para Bueiros",102759,"BOCA PARA BUEIRO TRIPLO TUBULAR D = 120 CM EM CONCRETO, ALAS COM ESCONSIDADE DE 30°, INCLUINDO FÔRMAS E MATERIAIS. AF_07/2021","UN",21201.52,7.6E-3]
["Bocas para Bueiros",102789,"BOCA PARA BUEIRO TRIPLO TUBULAR D = 120 CM EM GABIÃO, ALAS COM ESCONSIDADE DE 45°, INCLUINDO FÔRMAS E MATERIAIS. AF_07/2021","UN",23196.31,9.7500000000000003E-2]
["Bocas para Bueiros",102749,"BOCA PARA BUEIRO TRIPLO TUBULAR D = 150 CM EM CONCRETO, ALAS COM ESCONSIDADE DE 0°, INCLUINDO FÔRMAS E MATERIAIS. AF_07/2021","UN",21440.75,7.1000000000000004E-3]
["Bocas para Bueiros",102760,"BOCA PARA BUEIRO TRIPLO TUBULAR D = 150 CM EM CONCRETO, ALAS COM ESCONSIDADE DE 30°, INCLUINDO FÔRMAS E MATERIAIS. AF_07/2021","UN",39038.629999999997,7.7999999999999996E-3]
["Bocas para Bueiros",102790,"BOCA PARA BUEIRO TRIPLO TUBULAR D = 150 CM EM GABIÃO, ALAS COM ESCONSIDADE DE 45°, INCLUINDO FÔRMAS E MATERIAIS. AF_07/2021","UN",38326.01,8.8099999999999998E-2]
["Bocas para Bueiros",102785,"BOCA PARA BUEIRO TRIPLO TUBULAR D = 40 CM EM GABIÃO, ALAS COM ESCONSIDADE DE 45°, INCLUINDO FÔRMAS E MATERIAIS. AF_07/2021","UN",9744.27,0.11509999999999999]
["Bocas para Bueiros",102786,"BOCA PARA BUEIRO TRIPLO TUBULAR D = 60 CM EM GABIÃO, ALAS COM ESCONSIDADE DE 45°, INCLUINDO FÔRMAS E MATERIAIS. AF_07/2021","UN",10843.52,0.1061]
["Bocas para Bueiros",102787,"BOCA PARA BUEIRO TRIPLO TUBULAR D = 80 CM EM GABIÃO, ALAS COM ESCONSIDADE DE 45°, INCLUINDO FÔRMAS E MATERIAIS. AF_07/2021","UN",16049.64,0.1062]
["Bocas para Bueiros",102736,"CONCRETAGEM DE BOCA PARA BUEIRO, FCK = 20 MPA, COM USO DE BOMBA - LANÇAMENTO, ADENSAMENTO E ACABAMENTO. AF_07/2021","M3",747.12,2.0000000000000001E-4]
["Bocas para Bueiros",102727,"FABRICAÇÃO, MONTAGEM E DESMONTAGEM DE FÔRMA PARA BOCA PARA BUEIRO, EM CHAPA DE MADEIRA COMPENSADA RESINADA, E = 17 MM, 2 UTILIZAÇÕES. AF_07/2021","M2",105.91,0]
["Bombas Hidráulicas - Centrífugas, Horizontais e Submersíveis",102112,"BOMBA CENTRÍFUGA, MONOFÁSICA, 0,5 CV OU 0,49 HP, HM 6 A 20 M, Q 1,2 A 8,3 M3/H (NÃO INCLUI O FORNECIMENTO DA BOMBA). AF_12/2020","UN",152.1,4.58E-2]
["Bombas Hidráulicas - Centrífugas, Horizontais e Submersíveis",102111,"BOMBA CENTRÍFUGA, MONOFÁSICA, 0,5 CV OU 0,49 HP, HM 6 A 20 M, Q 1,2 A 8,3 M3/H - FORNECIMENTO E INSTALAÇÃO. AF_12/2020","UN",973.05,7.1999999999999998E-3]
["Bombas Hidráulicas - Centrífugas, Horizontais e Submersíveis",102114,"BOMBA CENTRÍFUGA, TRIFÁSICA, 1 CV OU 0,99 HP, HM 14 A 40 M, Q 0,6 A 8,4 M3/H (NÃO INCLUI O FORNECIMENTO DA BOMBA). AF_12/2020","UN",155.94,4.4600000000000001E-2]
["Bombas Hidráulicas - Centrífugas, Horizontais e Submersíveis",102113,"BOMBA CENTRÍFUGA, TRIFÁSICA, 1 CV OU 0,99 HP, HM 14 A 40 M, Q 0,6 A 8,4 M3/H - FORNECIMENTO E INSTALAÇÃO. AF_12/2020","UN",1539.79,4.4999999999999997E-3]
["Bombas Hidráulicas - Centrífugas, Horizontais e Submersíveis",102117,"BOMBA CENTRÍFUGA, TRIFÁSICA, 1,5 CV OU 1,48 HP (NÃO INCLUI O FORNECIMENTO DA BOMBA). AF_12/2020","UN",160.61000000000001,4.3299999999999998E-2]
["Bombas Hidráulicas - Centrífugas, Horizontais e Submersíveis",102116,"BOMBA CENTRÍFUGA, TRIFÁSICA, 1,5 CV OU 1,48 HP, HM 10 A 24 M, Q 6,1 A 21,9 M3/H - FORNECIMENTO E INSTALAÇÃO. AF_12/2020","UN",1644.1,4.1999999999999997E-3]
["Bombas Hidráulicas - Centrífugas, Horizontais e Submersíveis",102132,"BOMBA CENTRÍFUGA, TRIFÁSICA, 1,5 CV OU 1,48 HP, HM 10 A 24 M, Q 6,1 A 21,9 M3/H, 2 UNIDADES, INCLUSO QUADRO ELÉTRICO - FORNECIMENTO E INSTALAÇÃO. AF_12/2020","UN",0]
["Bombas Hidráulicas - Centrífugas, Horizontais e Submersíveis",102115,"BOMBA CENTRÍFUGA, TRIFÁSICA, 1,5 CV OU 1,48 HP, HM 10 A 70 M, Q 1,8 A 5,3 M3/H - FORNECIMENTO E INSTALAÇÃO. AF_12/2020","UN",2680.42,2.5999999999999999E-3]
["Bombas Hidráulicas - Centrífugas, Horizontais e Submersíveis",102123,"BOMBA CENTRÍFUGA, TRIFÁSICA, 10 CV OU 9,86 HP, HM 85 A 140 M, Q 4,2 A 14,9 M3/H (NÃO INCLUI O FORNECIMENTO DA BOMBA). AF_12/2020","UN",218.62,3.1800000000000002E-2]
["Bombas Hidráulicas - Centrífugas, Horizontais e Submersíveis",102122,"BOMBA CENTRÍFUGA, TRIFÁSICA, 10 CV OU 9,86 HP, HM 85 A 140 M, Q 4,2 A 14,9 M3/H - FORNECIMENTO E INSTALAÇÃO. AF_12/2020","UN",7518.97,8.9999999999999998E-4]
["Bombas Hidráulicas - Centrífugas, Horizontais e Submersíveis",102119,"BOMBA CENTRÍFUGA, TRIFÁSICA, 3 CV OU 2,96 HP, HM 34 A 40 M, Q 8,6 A 14,8 M3/H (NÃO INCLUI O FORNECIMENTO DA BOMBA). AF_12/2020","UN",164.63,4.2299999999999997E-2]
["Bombas Hidráulicas - Centrífugas, Horizontais e Submersíveis",102118,"BOMBA CENTRÍFUGA, TRIFÁSICA, 3 CV OU 2,96 HP, HM 34 A 40 M, Q 8,6 A 14,8 M3/H - FORNECIMENTO E INSTALAÇÃO. AF_12/2020","UN",2234.56,3.0999999999999999E-3]
["Bombas Hidráulicas - Centrífugas, Horizontais e Submersíveis",102133,"BOMBA CENTRÍFUGA, TRIFÁSICA, 3 CV OU 2,96 HP, HM 34 A 40 M, Q 8,6 A 14,8 M3/H, 2 UNIDADES, INCLUSO QUADRO ELÉTRICO - FORNECIMENTO E INSTALAÇÃO. AF_12/2020","UN",0]
["Bombas Hidráulicas - Centrífugas, Horizontais e Submersíveis",102127,"BOMBA SUBMERSÍVEL, TRIFÁSICA, 3,80 CV OU 3,75 HP, HM 5 A 25,5 M, Q 3,6 A 61,2 M3/H (NÃO INCLUI O FORNECIMENTO DA BOMBA). AF_12/2020","UN",665.77,0]
["Bombas Hidráulicas - Centrífugas, Horizontais e Submersíveis",102126,"BOMBA SUBMERSÍVEL, TRIFÁSICA, 3,80 CV OU 3,75 HP, HM 5 A 25,5 M, Q 3,6 A 61,2 M3/H - FORNECIMENTO E INSTALAÇÃO. AF_12/2020","UN",10640.77,0.93740000000000001]
["Bombas Hidráulicas - Centrífugas, Horizontais e Submersíveis",102137,"CHAVE DE BOIA AUTOMÁTICA SUPERIOR/INFERIOR 15A/250V - FORNECIMENTO E INSTALAÇÃO. AF_12/2020","UN",90.79,0]
["Bombas Hidráulicas - Centrífugas, Horizontais e Submersíveis",102136,"INSTALAÇÃO DE QUADRO ELÉTRICO PARA BOMBAS TRIFÁSICAS ATÉ 25 CV (NÃO INCLUI O FORNECIMENTO DO QUADRO). AF_12/2020","UN",78.61,0]
["Bombas Hidráulicas - Centrífugas, Horizontais e Submersíveis",102121,"MOTO BOMBA HORIZONTAL ATÉ 10 CV, HM 75 A 80 M, Q 25,4 A 48 (NÃO INCLUI O FORNECIMENTO DA BOMBA). AF_12/2020","UN",206.65,3.3700000000000001E-2]
["Bombas Hidráulicas - Centrífugas, Horizontais e Submersíveis",102120,"MOTO BOMBA HORIZONTAL ATÉ 10 CV, HM 75 A 80 M, Q 25,4 A 48 - FORNECIMENTO E INSTALAÇÃO. AF_12/2020","UN",0]
["Bombas Hidráulicas - Centrífugas, Horizontais e Submersíveis",102138,"MOTO BOMBA HORIZONTAL DE 12,5 A 25 CV, HM 140 M (NÃO INCLUI O FORNECIMENTO DA BOMBA). AF_12/2020","UN",238.11,2.92E-2]
["Bombas Hidráulicas - Centrífugas, Horizontais e Submersíveis",102334,"MOTO BOMBA HORIZONTAL DE 12,5 A 25CV, HM 140 M - FORNECIMENTO E INSTALAÇÃO. AF_12/2020","UN",0]
["Bombas Hidráulicas - Centrífugas, Horizontais e Submersíveis",102129,"MOTO BOMBA SUBMERSÍVEL ATÉ 10 CV, HM 21 M (NÃO INCLUI O FORNECIMENTO DA BOMBA). AF_12/2020","UN",999.11,0]
["Bombas Hidráulicas - Centrífugas, Horizontais e Submersíveis",102128,"MOTO BOMBA SUBMERSÍVEL ATÉ 10 CV, HM 21 M - FORNECIMENTO E INSTALAÇÃO. AF_12/2020","UN",0]
["Bombas Hidráulicas - Centrífugas, Horizontais e Submersíveis",102131,"MOTO BOMBA SUBMERSÍVEL DE 11 A 25 CV, HM 33 M (NÃO INCLUI O FORNECIMENTO DA BOMBA). AF_12/2020","UN",999.11,0]
["Bombas Hidráulicas - Centrífugas, Horizontais e Submersíveis",102130,"MOTO BOMBA SUBMERSÍVEL DE 11 A 25 CV, HM 33 M - FORNECIMENTO E INSTALAÇÃO. AF_12/2020","UN",0]
["Bombas Hidráulicas - Centrífugas, Horizontais e Submersíveis",102134,"QUADRO ELÉTRICO PARA 2 BOMBAS CENTRÍFUGAS TRIFÁSICAS 1,5 CV - FORNECIMENTO E INSTALAÇÃO. AF_12/2020","UN",0]
["Bombas Hidráulicas - Centrífugas, Horizontais e Submersíveis",102135,"QUADRO ELÉTRICO PARA 2 BOMBAS CENTRÍFUGAS TRIFÁSICAS 3 CV - FORNECIMENTO E INSTALAÇÃO. AF_12/2020","UN",0]
["Brises",104941,"FORNECIMENTO E INSTALAÇÃO DE BRISE DE ALUMÍNIO B57, COM PINTURA ELETROSTÁTICA BRANCA, ACABAMENTO LISO, FIXADO EM PORTA-PAINEL RANHURADO. AF_03/2024","M2",0]
["Brises",104942,"FORNECIMENTO E INSTALAÇÃO DE BRISE DE ALUZINC SL4, COM PINTURA ELETROSTÁTICA BRANCA, INCLINAÇÃO DE 45°, ACABAMENTO LISO, FIXADO EM PORTA-PAINEL RANHURADO. AF_03/2024","M2",0]
["Brises",104940,"FORNECIMENTO E INSTALAÇÃO DE CAIXA DE ALUMÍNIO PROTETORA PARA CONDENSADORA DE AR-CONDICIONADO, PINTURA ELETROSTÁTICA BRANCA, DIMENSÕES 100 CM X 78 CM X 50 CM. AF_03/2024","UN",0]
["Brises",104943,"FORNECIMENTO E INSTALAÇÃO DE CONJUNTO DE BRISE EM REQUADRO DE ALUMÍNIO DESLIZANTE, COM PERFIS INTERNOS TUBULARES FIXOS, COM PINTURA ELETROSTÁTICA BRANCA, ACABAMENTO, 150 CM X 265 CM. AF_03/2024","M2",0]
["Caixas Enterradas",101801,"CAIXA COM GRELHA RETANGULAR DE FERRO FUNDIDO, EM ALVENARIA COM BLOCOS DE CONCRETO, DIMENSÕES INTERNAS: 0,30 X 1,00 X 1,00. AF_12/2020","UN",1119.24,0.29530000000000001]
["Caixas Enterradas",101800,"CAIXA COM GRELHA RETANGULAR DE FERRO FUNDIDO, EM ALVENARIA COM TIJOLOS CERÂMICOS MACIÇOS, DIMENSÕES INTERNAS: 0,30 X 1,00 X 1,00. AF_12/2020","UN",1565.19,0.21110000000000001]
["Caixas Enterradas",98108,"CAIXA DE GORDURA DUPLA (CAPACIDADE: 126 L), RETANGULAR, EM ALVENARIA COM BLOCOS DE CONCRETO, DIMENSÕES INTERNAS = 0,4X0,7 M, ALTURA INTERNA = 0,8 M. AF_12/2020","UN",544.55999999999995,1.9E-3]
["Caixas Enterradas",98105,"CAIXA DE GORDURA DUPLA (CAPACIDADE: 126 L), RETANGULAR, EM ALVENARIA COM TIJOLOS CERÂMICOS MACIÇOS, DIMENSÕES INTERNAS = 0,4X0,7 M, ALTURA INTERNA = 0,8 M. AF_12/2020","UN",701.84,1.5E-3]
["Caixas Enterradas",98109,"CAIXA DE GORDURA ESPECIAL (CAPACIDADE: 312 L - PARA ATÉ 146 PESSOAS SERVIDAS NO PICO), RETANGULAR, EM ALVENARIA COM BLOCOS DE CONCRETO, DIMENSÕES INTERNAS = 0,4X1,2 M, ALTURA INTERNA = 1 M. AF_12/2020","UN",885.6,2.7000000000000001E-3]
["Caixas Enterradas",98106,"CAIXA DE GORDURA ESPECIAL (CAPACIDADE: 312 L - PARA ATÉ 146 PESSOAS SERVIDAS NO PICO), RETANGULAR, EM ALVENARIA COM TIJOLOS CERÂMICOS MACIÇOS, DIMENSÕES INTERNAS = 0,4X1,2 M, ALTURA INTERNA = 1 M. AF_12/2020","UN",1158.43,2.0999999999999999E-3]
["Caixas Enterradas",98110,"CAIXA DE GORDURA PEQUENA (CAPACIDADE: 19 L), CIRCULAR, EM PVC, DIÂMETRO INTERNO= 0,3 M. AF_12/2020","UN",413.35,0]
["Caixas Enterradas",98107,"CAIXA DE GORDURA SIMPLES (CAPACIDADE: 36 L), RETANGULAR, EM ALVENARIA COM BLOCOS DE CONCRETO, DIMENSÕES INTERNAS = 0,2X0,4 M, ALTURA INTERNA = 0,8 M. AF_12/2020","UN",304.61,1.8E-3]
["Caixas Enterradas",98104,"CAIXA DE GORDURA SIMPLES (CAPACIDADE: 36L), RETANGULAR, EM ALVENARIA COM TIJOLOS CERÂMICOS MACIÇOS, DIMENSÕES INTERNAS = 0,2X0,4 M, ALTURA INTERNA = 0,8 M. AF_12/2020","UN",401.96,1.4E-3]
["Caixas Enterradas",98102,"CAIXA DE GORDURA SIMPLES, CIRCULAR, EM CONCRETO PRÉ-MOLDADO, DIÂMETRO INTERNO = 0,4 M, ALTURA INTERNA = 0,4 M. AF_12/2020","UN",196.49,1.04E-2]
["Caixas Enterradas",98111,"CAIXA DE INSPEÇÃO PARA ATERRAMENTO, CIRCULAR, EM POLIETILENO, DIÂMETRO INTERNO = 0,3 M. AF_12/2020","UN",56.66,0]
["Caixas Enterradas",97891,"CAIXA ENTERRADA ELÉTRICA RETANGULAR, EM ALVENARIA COM BLOCOS DE CONCRETO, FUNDO COM BRITA, DIMENSÕES INTERNAS: 0,4X0,4X0,4 M. AF_12/2020","UN",224.6,3.7000000000000002E-3]
["Caixas Enterradas",97892,"CAIXA ENTERRADA ELÉTRICA RETANGULAR, EM ALVENARIA COM BLOCOS DE CONCRETO, FUNDO COM BRITA, DIMENSÕES INTERNAS: 0,6X0,6X0,6 M. AF_12/2020","UN",422.75,5.7999999999999996E-3]
["Caixas Enterradas",97893,"CAIXA ENTERRADA ELÉTRICA RETANGULAR, EM ALVENARIA COM BLOCOS DE CONCRETO, FUNDO COM BRITA, DIMENSÕES INTERNAS: 0,8X0,8X0,6 M. AF_12/2020","UN",583.30999999999995,6.6E-3]
["Caixas Enterradas",97894,"CAIXA ENTERRADA ELÉTRICA RETANGULAR, EM ALVENARIA COM BLOCOS DE CONCRETO, FUNDO COM BRITA, DIMENSÕES INTERNAS: 1X1X0,6 M. AF_12/2020","UN",648.54999999999995,2.7E-2]
["Caixas Enterradas",97886,"CAIXA ENTERRADA ELÉTRICA RETANGULAR, EM ALVENARIA COM TIJOLOS CERÂMICOS MACIÇOS, FUNDO COM BRITA, DIMENSÕES INTERNAS: 0,3X0,3X0,3 M. AF_12/2020","UN",181.1,3.2000000000000002E-3]
["Caixas Enterradas",97887,"CAIXA ENTERRADA ELÉTRICA RETANGULAR, EM ALVENARIA COM TIJOLOS CERÂMICOS MACIÇOS, FUNDO COM BRITA, DIMENSÕES INTERNAS: 0,4X0,4X0,4 M. AF_12/2020","UN",285.51,2.8999999999999998E-3]
["Caixas Enterradas",97888,"CAIXA ENTERRADA ELÉTRICA RETANGULAR, EM ALVENARIA COM TIJOLOS CERÂMICOS MACIÇOS, FUNDO COM BRITA, DIMENSÕES INTERNAS: 0,6X0,6X0,6 M. AF_12/2020","UN",551.52,4.4999999999999997E-3]
["Caixas Enterradas",97889,"CAIXA ENTERRADA ELÉTRICA RETANGULAR, EM ALVENARIA COM TIJOLOS CERÂMICOS MACIÇOS, FUNDO COM BRITA, DIMENSÕES INTERNAS: 0,8X0,8X0,6 M. AF_12/2020","UN",747.56,5.1999999999999998E-3]
["Caixas Enterradas",97890,"CAIXA ENTERRADA ELÉTRICA RETANGULAR, EM ALVENARIA COM TIJOLOS CERÂMICOS MACIÇOS, FUNDO COM BRITA, DIMENSÕES INTERNAS: 1X1X0,6 M. AF_12/2020","UN",847.57,2.06E-2]
["Caixas Enterradas",97881,"CAIXA ENTERRADA ELÉTRICA RETANGULAR, EM CONCRETO PRÉ-MOLDADO, FUNDO COM BRITA, DIMENSÕES INTERNAS: 0,3X0,3X0,3 M. AF_12/2020","UN",149.13999999999999,2.5000000000000001E-3]
["Caixas Enterradas",97882,"CAIXA ENTERRADA ELÉTRICA RETANGULAR, EM CONCRETO PRÉ-MOLDADO, FUNDO COM BRITA, DIMENSÕES INTERNAS: 0,4X0,4X0,4 M. AF_12/2020","UN",236.53,2.0999999999999999E-3]
["Caixas Enterradas",97883,"CAIXA ENTERRADA ELÉTRICA RETANGULAR, EM CONCRETO PRÉ-MOLDADO, FUNDO COM BRITA, DIMENSÕES INTERNAS: 0,6X0,6X0,5 M. AF_12/2020","UN",456.5,1.1599999999999999E-2]
["Caixas Enterradas",97884,"CAIXA ENTERRADA ELÉTRICA RETANGULAR, EM CONCRETO PRÉ-MOLDADO, FUNDO COM BRITA, DIMENSÕES INTERNAS: 0,8X0,8X0,5 M. AF_12/2020","UN",898.23,8.8000000000000005E-3]
["Caixas Enterradas",97885,"CAIXA ENTERRADA ELÉTRICA RETANGULAR, EM CONCRETO PRÉ-MOLDADO, FUNDO COM BRITA, DIMENSÕES INTERNAS: 1X1X0,5 M. AF_12/2020","UN",1383.72,1.11E-2]
["Caixas Enterradas",99250,"CAIXA ENTERRADA HIDRÁULICA RETANGULAR EM ALVENARIA COM TIJOLOS CERÂMICOS MACIÇOS, DIMENSÕES INTERNAS: 0,3X0,3X0,3 M PARA REDE DE DRENAGEM. AF_12/2020","UN",198.36,2.8999999999999998E-3]
["Caixas Enterradas",97900,"CAIXA ENTERRADA HIDRÁULICA RETANGULAR EM ALVENARIA COM TIJOLOS CERÂMICOS MACIÇOS, DIMENSÕES INTERNAS: 0,3X0,3X0,3 M PARA REDE DE ESGOTO. AF_12/2020","UN",203.94,2.8E-3]
["Caixas Enterradas",99251,"CAIXA ENTERRADA HIDRÁULICA RETANGULAR EM ALVENARIA COM TIJOLOS CERÂMICOS MACIÇOS, DIMENSÕES INTERNAS: 0,4X0,4X0,4 M PARA REDE DE DRENAGEM. AF_12/2020","UN",310.88,2.7000000000000001E-3]
["Caixas Enterradas",97901,"CAIXA ENTERRADA HIDRÁULICA RETANGULAR EM ALVENARIA COM TIJOLOS CERÂMICOS MACIÇOS, DIMENSÕES INTERNAS: 0,4X0,4X0,4 M PARA REDE DE ESGOTO. AF_12/2020","UN",320.45,2.5999999999999999E-3]
["Caixas Enterradas",99253,"CAIXA ENTERRADA HIDRÁULICA RETANGULAR EM ALVENARIA COM TIJOLOS CERÂMICOS MACIÇOS, DIMENSÕES INTERNAS: 0,6X0,6X0,6 M PARA REDE DE DRENAGEM. AF_12/2020","UN",601.46,4.1000000000000003E-3]
["Caixas Enterradas",97902,"CAIXA ENTERRADA HIDRÁULICA RETANGULAR EM ALVENARIA COM TIJOLOS CERÂMICOS MACIÇOS, DIMENSÕES INTERNAS: 0,6X0,6X0,6 M PARA REDE DE ESGOTO. AF_12/2020","UN",622.95000000000005,3.8999999999999998E-3]
["Caixas Enterradas",99255,"CAIXA ENTERRADA HIDRÁULICA RETANGULAR EM ALVENARIA COM TIJOLOS CERÂMICOS MACIÇOS, DIMENSÕES INTERNAS: 0,8X0,8X0,6 M PARA REDE DE DRENAGEM. AF_12/2020","UN",838.44,4.5999999999999999E-3]
["Caixas Enterradas",97903,"CAIXA ENTERRADA HIDRÁULICA RETANGULAR EM ALVENARIA COM TIJOLOS CERÂMICOS MACIÇOS, DIMENSÕES INTERNAS: 0,8X0,8X0,6 M PARA REDE DE ESGOTO. AF_12/2020","UN",867.91,4.4000000000000003E-3]
["Caixas Enterradas",99257,"CAIXA ENTERRADA HIDRÁULICA RETANGULAR EM ALVENARIA COM TIJOLOS CERÂMICOS MACIÇOS, DIMENSÕES INTERNAS: 1X1X0,6 M PARA REDE DE DRENAGEM. AF_12/2020","UN",987.21,1.26E-2]
["Caixas Enterradas",97904,"CAIXA ENTERRADA HIDRÁULICA RETANGULAR EM ALVENARIA COM TIJOLOS CERÂMICOS MACIÇOS, DIMENSÕES INTERNAS: 1X1X0,6 M PARA REDE DE ESGOTO. AF_12/2020","UN",1025.32,1.2200000000000001E-2]
["Caixas Enterradas",99258,"CAIXA ENTERRADA HIDRÁULICA RETANGULAR, EM ALVENARIA COM BLOCOS DE CONCRETO, DIMENSÕES INTERNAS: 0,4X0,4X0,4 M PARA REDE DE DRENAGEM. AF_12/2020","UN",260.64,3.2000000000000002E-3]
["Caixas Enterradas",97905,"CAIXA ENTERRADA HIDRÁULICA RETANGULAR, EM ALVENARIA COM BLOCOS DE CONCRETO, DIMENSÕES INTERNAS: 0,4X0,4X0,4 M PARA REDE DE ESGOTO. AF_12/2020","UN",266.72000000000003,3.0999999999999999E-3]
["Caixas Enterradas",99260,"CAIXA ENTERRADA HIDRÁULICA RETANGULAR, EM ALVENARIA COM BLOCOS DE CONCRETO, DIMENSÕES INTERNAS: 0,6X0,6X0,6 M PARA REDE DE DRENAGEM. AF_12/2020","UN",483.4,5.1000000000000004E-3]
["Caixas Enterradas",97906,"CAIXA ENTERRADA HIDRÁULICA RETANGULAR, EM ALVENARIA COM BLOCOS DE CONCRETO, DIMENSÕES INTERNAS: 0,6X0,6X0,6 M PARA REDE DE ESGOTO. AF_12/2020","UN",496.93,4.8999999999999998E-3]
["Caixas Enterradas",99262,"CAIXA ENTERRADA HIDRÁULICA RETANGULAR, EM ALVENARIA COM BLOCOS DE CONCRETO, DIMENSÕES INTERNAS: 0,8X0,8X0,6 M PARA REDE DE DRENAGEM. AF_12/2020","UN",687.8,5.5999999999999999E-3]
["Caixas Enterradas",97907,"CAIXA ENTERRADA HIDRÁULICA RETANGULAR, EM ALVENARIA COM BLOCOS DE CONCRETO, DIMENSÕES INTERNAS: 0,8X0,8X0,6 M PARA REDE DE ESGOTO. AF_12/2020","UN",707.11,5.4000000000000003E-3]
["Caixas Enterradas",99264,"CAIXA ENTERRADA HIDRÁULICA RETANGULAR, EM ALVENARIA COM BLOCOS DE CONCRETO, DIMENSÕES INTERNAS: 1X1X0,6 M PARA REDE DE DRENAGEM. AF_12/2020","UN",808.97,1.54E-2]
["Caixas Enterradas",97908,"CAIXA ENTERRADA HIDRÁULICA RETANGULAR, EM ALVENARIA COM BLOCOS DE CONCRETO, DIMENSÕES INTERNAS: 1X1X0,6 M PARA REDE DE ESGOTO. AF_12/2020","UN",835.07,1.49E-2]
["Caixas Enterradas",97895,"CAIXA ENTERRADA HIDRÁULICA RETANGULAR, EM CONCRETO PRÉ-MOLDADO, DIMENSÕES INTERNAS: 0,3X0,3X0,3 M. AF_12/2020","UN",207.43,0]
["Caixas Enterradas",97896,"CAIXA ENTERRADA HIDRÁULICA RETANGULAR, EM CONCRETO PRÉ-MOLDADO, DIMENSÕES INTERNAS: 0,4X0,4X0,4 M. AF_12/2020","UN",383.5,6.1999999999999998E-3]
["Caixas Enterradas",97897,"CAIXA ENTERRADA HIDRÁULICA RETANGULAR, EM CONCRETO PRÉ-MOLDADO, DIMENSÕES INTERNAS: 0,6X0,6X0,5 M. AF_12/2020","UN",496.95,1.17E-2]
["Caixas Enterradas",97898,"CAIXA ENTERRADA HIDRÁULICA RETANGULAR, EM CONCRETO PRÉ-MOLDADO, DIMENSÕES INTERNAS: 0,8X0,8X0,5 M. AF_12/2020","UN",952.79,1.2E-2]
["Caixas Enterradas",97899,"CAIXA ENTERRADA HIDRÁULICA RETANGULAR, EM CONCRETO PRÉ-MOLDADO, DIMENSÕES INTERNAS: 1X1X0,5 M. AF_12/2020","UN",0]
["Caixas Enterradas",101795,"CAIXA ENTERRADA PARA INSTALAÇÕES TELEFÔNICAS TIPO R1, EM ALVENARIA COM BLOCOS DE CONCRETO, DIMENSÕES INTERNAS: 0,35X0,60X0,60 M, EXCLUINDO TAMPÃO. AF_12/2020","UN",648.48,9.7999999999999997E-3]
["Caixas Enterradas",101796,"CAIXA ENTERRADA PARA INSTALAÇÕES TELEFÔNICAS TIPO R2, EM ALVENARIA COM BLOCOS DE CONCRETO, DIMENSÕES INTERNAS: 0,52X1,07X0,60 M, EXCLUINDO TAMPÃO. AF_12/2020","UN",0]
["Caixas Enterradas",101797,"CAIXA ENTERRADA PARA INSTALAÇÕES TELEFÔNICAS TIPO R3, EM ALVENARIA COM BLOCOS DE CONCRETO, DIMENSÕES INTERNAS: 1,2X1,5X1,40 M, EXCLUINDO TAMPÃO. AF_12/2020","UN",0]
["Caixas Enterradas",101802,"CAIXA ENTERRADA RETENTORA DE AREIA RETANGULAR, EM ALVENARIA COM BLOCOS DE CONCRETO, DIMENSÕES INTERNAS: 1,00 X 1,00 X 1,20 M, EXCLUINDO TAMPÃO. AF_12/2020","UN",1909.03,1.3299999999999999E-2]
["Caixas Enterradas",101803,"CAIXA ENTERRADA SEPARADORA DE ÓLEO RETANGULAR, EM ALVENARIA COM BLOCOS DE CONCRETO, DIMENSÕES INTERNAS: 0,6 X 0,6 X 1,00 M, EXCLUINDO TAMPÃO. AF_12/2020","UN",1216.45,5.8999999999999999E-3]
["Caixas Enterradas",101804,"CAIXA ENTERRADA SEPARADORA DE ÓLEO RETANGULAR, EM ALVENARIA COM BLOCOS DE CONCRETO, DIMENSÕES INTERNAS: 0,8 X 0,8 X 1,00 M, EXCLUINDO TAMPÃO. AF_12/2020","UN",1530.89,1.2500000000000001E-2]
["Caixas Enterradas",101805,"CAIXA ENTERRADA SEPARADORA DE ÓLEO RETANGULAR, EM ALVENARIA COM BLOCOS DE CONCRETO, DIMENSÕES INTERNAS: 1,00 X 1,00 X 1,00 M, EXCLUINDO TAMPÃO. AF_12/2020","UN",1948.34,1.3299999999999999E-2]
["Caixas Enterradas",98115,"TAMPA CIRCULAR PARA ESGOTO E DRENAGEM, EM CONCRETO PRÉ-MOLDADO, DIÂMETRO INTERNO = 0,60 M E ALTURA = 0,10 M. AF_12/2020","UN",106.89,1.0500000000000001E-2]
["Caixas Enterradas",98114,"TAMPA CIRCULAR PARA ESGOTO E DRENAGEM, EM FERRO FUNDIDO, DIÂMETRO INTERNO = 0,6 M. AF_12/2020","UN",611.15,0.88249999999999995]
["Caixas Enterradas",98112,"TIL (TUBO DE INSPEÇÃO E LIMPEZA) CONDOMINIAL PARA ESGOTO, EM PVC, DN 100 X 100 MM. AF_12/2020","UN",91.32,0]
["Caixas Enterradas",100128,"TIL (TUBO DE INSPEÇÃO E LIMPEZA) RADIAL PARA ESGOTO, EM PVC, DN 300X200 MM. AF_12/2020","UN",1418.97,0]
["Caixas de Água para Edificações",102623,"CAIXA D´ÁGUA EM POLIETILENO, 1000 LITROS (INCLUSOS TUBOS, CONEXÕES E TORNEIRA DE BÓIA) - FORNECIMENTO E INSTALAÇÃO. AF_06/2021","UN",854.77,0]
["Caixas de Água para Edificações",102607,"CAIXA D´ÁGUA EM POLIETILENO, 1000 LITROS - FORNECIMENTO E INSTALAÇÃO. AF_06/2021","UN",497.05,0]
["Caixas de Água para Edificações",102608,"CAIXA D´ÁGUA EM POLIETILENO, 1500 LITROS - FORNECIMENTO E INSTALAÇÃO. AF_06/2021","UN",1139.4100000000001,0]
["Caixas de Água para Edificações",102609,"CAIXA D´ÁGUA EM POLIETILENO, 2000 LITROS - FORNECIMENTO E INSTALAÇÃO. AF_06/2021","UN",1294.6500000000001,0]
["Caixas de Água para Edificações",102610,"CAIXA D´ÁGUA EM POLIETILENO, 3000 LITROS - FORNECIMENTO E INSTALAÇÃO. AF_06/2021","UN",2225.19,0]
["Caixas de Água para Edificações",102622,"CAIXA D´ÁGUA EM POLIETILENO, 500 LITROS (INCLUSOS TUBOS, CONEXÕES E TORNEIRA DE BÓIA) - FORNECIMENTO E INSTALAÇÃO. AF_06/2021","UN",609.34,0]
["Caixas de Água para Edificações",102605,"CAIXA D´ÁGUA EM POLIETILENO, 500 LITROS - FORNECIMENTO E INSTALAÇÃO. AF_06/2021","UN",301.33,0]
["Caixas de Água para Edificações",102606,"CAIXA D´ÁGUA EM POLIETILENO, 750 LITROS - FORNECIMENTO E INSTALAÇÃO. AF_06/2021","UN",464.34,0]
["Caixas de Água para Edificações",102613,"CAIXA D´ÁGUA EM POLIÉSTER REFORÇADO COM FIBRA DE VIDRO, 1000 LITROS - FORNECIMENTO E INSTALAÇÃO. AF_06/2021","UN",696.79,0]
["Caixas de Água para Edificações",102619,"CAIXA D´ÁGUA EM POLIÉSTER REFORÇADO COM FIBRA DE VIDRO, 10000 LITROS - FORNECIMENTO E INSTALAÇÃO. AF_06/2021","UN",5906.09,7.3300000000000004E-2]
["Caixas de Água para Edificações",102614,"CAIXA D´ÁGUA EM POLIÉSTER REFORÇADO COM FIBRA DE VIDRO, 1500 LITROS - FORNECIMENTO E INSTALAÇÃO. AF_06/2021","UN",1071.44,0]
["Caixas de Água para Edificações",102620,"CAIXA D´ÁGUA EM POLIÉSTER REFORÇADO COM FIBRA DE VIDRO, 15000 LITROS - FORNECIMENTO E INSTALAÇÃO. AF_06/2021","UN",8595.4500000000007,5.04E-2]
["Caixas de Água para Edificações",102615,"CAIXA D´ÁGUA EM POLIÉSTER REFORÇADO COM FIBRA DE VIDRO, 2000 LITROS - FORNECIMENTO E INSTALAÇÃO. AF_06/2021","UN",1344.65,0]
["Caixas de Água para Edificações",102621,"CAIXA D´ÁGUA EM POLIÉSTER REFORÇADO COM FIBRA DE VIDRO, 20000 LITROS - FORNECIMENTO E INSTALAÇÃO. AF_06/2021","UN",13229.91,3.27E-2]
["Caixas de Água para Edificações",102616,"CAIXA D´ÁGUA EM POLIÉSTER REFORÇADO COM FIBRA DE VIDRO, 3000 LITROS - FORNECIMENTO E INSTALAÇÃO. AF_06/2021","UN",1990.54,0]
["Caixas de Água para Edificações",102611,"CAIXA D´ÁGUA EM POLIÉSTER REFORÇADO COM FIBRA DE VIDRO, 500 LITROS - FORNECIMENTO E INSTALAÇÃO. AF_06/2021","UN",500.68,0]
["Caixas de Água para Edificações",102617,"CAIXA D´ÁGUA EM POLIÉSTER REFORÇADO COM FIBRA DE VIDRO, 5000 LITROS - FORNECIMENTO E INSTALAÇÃO. AF_06/2021","UN",3644.43,0.1188]
["Caixas de Água para Edificações",102618,"CAIXA D´ÁGUA EM POLIÉSTER REFORÇADO COM FIBRA DE VIDRO, 7000 LITROS - FORNECIMENTO E INSTALAÇÃO. AF_06/2021","UN",4391.1499999999996,9.8599999999999993E-2]
["Caixas de Água para Edificações",102612,"CAIXA D´ÁGUA EM POLIÉSTER REFORÇADO COM FIBRA DE VIDRO, 750 LITROS - FORNECIMENTO E INSTALAÇÃO. AF_06/2021","UN",718.84,0]
["Caixas de Água para Edificações",102603,"FURO EM CAIXA D'ÁGUA COM ESPESSURA DE 2 ATÉ 5 MM E DIÂMETRO DE 100 MM. AF_06/2021","UN",10.87,0]
["Caixas de Água para Edificações",102587,"FURO EM CAIXA D'ÁGUA COM ESPESSURA DE 2 ATÉ 5 MM E DIÂMETRO DE 15 MM. AF_06/2021","UN",3.73,0]
["Caixas de Água para Edificações",102589,"FURO EM CAIXA D'ÁGUA COM ESPESSURA DE 2 ATÉ 5 MM E DIÂMETRO DE 20 MM. AF_06/2021","UN",4.1399999999999997,0]
["Caixas de Água para Edificações",102591,"FURO EM CAIXA D'ÁGUA COM ESPESSURA DE 2 ATÉ 5 MM E DIÂMETRO DE 25 MM. AF_06/2021","UN",4.57,0]
["Caixas de Água para Edificações",102593,"FURO EM CAIXA D'ÁGUA COM ESPESSURA DE 2 ATÉ 5 MM E DIÂMETRO DE 32 MM. AF_06/2021","UN",5.15,0]
["Caixas de Água para Edificações",102595,"FURO EM CAIXA D'ÁGUA COM ESPESSURA DE 2 ATÉ 5 MM E DIÂMETRO DE 40 MM. AF_06/2021","UN",5.83,0]
["Caixas de Água para Edificações",102597,"FURO EM CAIXA D'ÁGUA COM ESPESSURA DE 2 ATÉ 5 MM E DIÂMETRO DE 50 MM. AF_06/2021","UN",6.67,0]
["Caixas de Água para Edificações",102599,"FURO EM CAIXA D'ÁGUA COM ESPESSURA DE 2 ATÉ 5 MM E DIÂMETRO DE 60 MM. AF_06/2021","UN",7.5,0]
["Caixas de Água para Edificações",102601,"FURO EM CAIXA D'ÁGUA COM ESPESSURA DE 2 ATÉ 5 MM E DIÂMETRO DE 75 MM. AF_06/2021","UN",8.76,0]
["Caixas de Água para Edificações",102604,"FURO EM CAIXA D'ÁGUA COM ESPESSURA DE 6 ATÉ 8 MM E DIÂMETRO DE 100 MM. AF_06/2021","UN",12.53,0]
["Caixas de Água para Edificações",102588,"FURO EM CAIXA D'ÁGUA COM ESPESSURA DE 6 ATÉ 8 MM E DIÂMETRO DE 15 MM. AF_06/2021","UN",5.39,0]
["Caixas de Água para Edificações",102590,"FURO EM CAIXA D'ÁGUA COM ESPESSURA DE 6 ATÉ 8 MM E DIÂMETRO DE 20 MM. AF_06/2021","UN",5.81,0]
["Caixas de Água para Edificações",102592,"FURO EM CAIXA D'ÁGUA COM ESPESSURA DE 6 ATÉ 8 MM E DIÂMETRO DE 25 MM. AF_06/2021","UN",6.23,0]
["Caixas de Água para Edificações",102594,"FURO EM CAIXA D'ÁGUA COM ESPESSURA DE 6 ATÉ 8 MM E DIÂMETRO DE 32 MM. AF_06/2021","UN",6.83,0]
["Caixas de Água para Edificações",102596,"FURO EM CAIXA D'ÁGUA COM ESPESSURA DE 6 ATÉ 8 MM E DIÂMETRO DE 40 MM. AF_06/2021","UN",7.49,0]
["Caixas de Água para Edificações",102598,"FURO EM CAIXA D'ÁGUA COM ESPESSURA DE 6 ATÉ 8 MM E DIÂMETRO DE 50 MM. AF_06/2021","UN",8.33,0]
["Caixas de Água para Edificações",102600,"FURO EM CAIXA D'ÁGUA COM ESPESSURA DE 6 ATÉ 8 MM E DIÂMETRO DE 60 MM. AF_06/2021","UN",9.18,0]
["Caixas de Água para Edificações",102602,"FURO EM CAIXA D'ÁGUA COM ESPESSURA DE 6 ATÉ 8 MM E DIÂMETRO DE 75 MM. AF_06/2021","UN",10.44,0]
["Canaletas, Grelhas e Caixas com Grelha para Drenagem",103005,"CAIXA COM GRELHA RETANGULAR DE FERRO FUNDIDO, EM ALVENARIA COM TIJOLOS CERÂMICOS MACIÇOS, DIMENSÕES INTERNAS: 0,15 X 1,00 X 0,3 M. AF_05/2025","UN",652.55999999999995,0.27939999999999998]
["Canaletas, Grelhas e Caixas com Grelha para Drenagem",103006,"CAIXA COM GRELHA RETANGULAR DE FERRO FUNDIDO, EM ALVENARIA COM TIJOLOS CERÂMICOS MACIÇOS, DIMENSÕES INTERNAS: 0,20 X 1,00 X 0,4 M. AF_05/2025","UN",827.53,0.28000000000000003]
["Canaletas, Grelhas e Caixas com Grelha para Drenagem",103007,"CAIXA COM GRELHA RETANGULAR DE FERRO FUNDIDO, EM ALVENARIA COM TIJOLOS CERÂMICOS MACIÇOS, DIMENSÕES INTERNAS: 0,30 X 1,00 X 0,5 M. AF_05/2025","UN",1091.9000000000001,0.30259999999999998]
["Canaletas, Grelhas e Caixas com Grelha para Drenagem",103004,"CANALETA DE CONCRETO POLIMÉRICO COM GRELHA, LARGURA DE 13 CM - FORNECIMENTO E INSTALAÇÃO. AF_05/2025","M",0]
["Canaletas, Grelhas e Caixas com Grelha para Drenagem",102989,"CANALETA MEIA CANA PRÉ-MOLDADA DE CONCRETO (D = 20 CM) - FORNECIMENTO E INSTALAÇÃO. AF_05/2025","M",42.57,0.66669999999999996]
["Canaletas, Grelhas e Caixas com Grelha para Drenagem",102990,"CANALETA MEIA CANA PRÉ-MOLDADA DE CONCRETO (D = 30 CM) - FORNECIMENTO E INSTALAÇÃO. AF_05/2025","M",53.47,0.64880000000000004]
["Canaletas, Grelhas e Caixas com Grelha para Drenagem",102991,"CANALETA MEIA CANA PRÉ-MOLDADA DE CONCRETO (D = 40 CM) - FORNECIMENTO E INSTALAÇÃO. AF_05/2025","M",70.37,0.64470000000000005]
["Canaletas, Grelhas e Caixas com Grelha para Drenagem",102992,"CANALETA MEIA CANA PRÉ-MOLDADA DE CONCRETO (D = 50 CM) - FORNECIMENTO E INSTALAÇÃO. AF_05/2025","M",104.36,0.80810000000000004]
["Canaletas, Grelhas e Caixas com Grelha para Drenagem",102993,"CANALETA MEIA CANA PRÉ-MOLDADA DE CONCRETO (D = 60 CM) - FORNECIMENTO E INSTALAÇÃO. AF_05/2025","M",135.65,0.80610000000000004]
["Canaletas, Grelhas e Caixas com Grelha para Drenagem",102994,"CANALETA MEIA CANA PRÉ-MOLDADA DE CONCRETO (D = 80 CM) - FORNECIMENTO E INSTALAÇÃO. AF_05/2025","M",253.13,0.80810000000000004]
["Canaletas, Grelhas e Caixas com Grelha para Drenagem",106017,"CANALETA PRÉ-MOLDADA DE CONCRETO, COM GRELHA PERFURADA DE CONCRETO, GEOMETRIA RETANGULAR, COM DIMENSÕES INTERNAS: L=0,20 M; H=0,20 M; C=*0,60* M - FORNECIMENTO E INSTALAÇÃO. AF_05/2025","UN",0]
["Canaletas, Grelhas e Caixas com Grelha para Drenagem",105944,"CONCRETAGEM DE VALETA/ CANALETA MOLDADA IN LOCO. AF_05/2025","M3",902.26,0]
["Canaletas, Grelhas e Caixas com Grelha para Drenagem",106004,"EXECUÇÃO DE CANALETA DE CONCRETO ARMADO MOLDADA IN LOCO, ESPESSURA DE 0,1 M, GEOMETRIA QUADRADA, COM DIMENSÕES INTERNAS: L=0,20 M; H=0,20 M. AF_05/2025","M",195.13,3.5000000000000001E-3]
["Canaletas, Grelhas e Caixas com Grelha para Drenagem",106005,"EXECUÇÃO DE CANALETA DE CONCRETO ARMADO MOLDADA IN LOCO, ESPESSURA DE 0,1 M, GEOMETRIA QUADRADA, COM DIMENSÕES INTERNAS: L=0,25 M; H=0,25 M. AF_05/2025","M",230.89,3.3999999999999998E-3]
["Canaletas, Grelhas e Caixas com Grelha para Drenagem",106006,"EXECUÇÃO DE CANALETA DE CONCRETO ARMADO MOLDADA IN LOCO, ESPESSURA DE 0,1 M, GEOMETRIA QUADRADA, COM DIMENSÕES INTERNAS: L=0,30 M; H=0,30 M. AF_05/2025","M",274.49,3.5999999999999999E-3]
["Canaletas, Grelhas e Caixas com Grelha para Drenagem",106007,"EXECUÇÃO DE CANALETA DE CONCRETO ARMADO MOLDADA IN LOCO, ESPESSURA DE 0,1 M, GEOMETRIA QUADRADA, COM DIMENSÕES INTERNAS: L=0,35 M; H=0,35 M. AF_05/2025","M",312.88,3.5999999999999999E-3]
["Canaletas, Grelhas e Caixas com Grelha para Drenagem",106008,"EXECUÇÃO DE CANALETA DE CONCRETO ARMADO MOLDADA IN LOCO, ESPESSURA DE 0,1 M, GEOMETRIA QUADRADA, COM DIMENSÕES INTERNAS: L=0,40 M; H=0,40 M. AF_05/2025","M",351.26,3.5999999999999999E-3]
["Canaletas, Grelhas e Caixas com Grelha para Drenagem",106009,"EXECUÇÃO DE CANALETA DE CONCRETO ARMADO MOLDADA IN LOCO, ESPESSURA DE 0,1 M, GEOMETRIA QUADRADA, COM DIMENSÕES INTERNAS: L=0,50 M; H=0,50 M. AF_05/2025","M",433.26,3.8E-3]
["Canaletas, Grelhas e Caixas com Grelha para Drenagem",106010,"EXECUÇÃO DE CANALETA DE CONCRETO ARMADO MOLDADA IN LOCO, ESPESSURA DE 0,1 M, GEOMETRIA QUADRADA, COM DIMENSÕES INTERNAS: L=0,60 M; H=0,60 M. AF_05/2025","M",507.42,3.7000000000000002E-3]
["Canaletas, Grelhas e Caixas com Grelha para Drenagem",106011,"EXECUÇÃO DE CANALETA DE CONCRETO MOLDADO IN LOCO, COM GRELHA DE CONCRETO; ESPESSURA DE 0,15 M, GEOMETRIA RETANGULAR, COM DIMENSÕES INTERNAS: L=0,4 M; H=*0,3*M. AF_05/2025","M",899.85,5.3E-3]
["Canaletas, Grelhas e Caixas com Grelha para Drenagem",106013,"EXECUÇÃO DE CANALETA DE CONCRETO MOLDADO IN LOCO, COM GRELHA DE CONCRETO; ESPESSURA DE 0,15 M, GEOMETRIA RETANGULAR, COM DIMENSÕES INTERNAS: L=0,60 M; H=0,50 M. AF_05/2025","M",1126.3599999999999,5.0000000000000001E-3]
["Canaletas, Grelhas e Caixas com Grelha para Drenagem",106012,"EXECUÇÃO DE CANALETA DE CONCRETO MOLDADO IN LOCO, COM GRELHA DE CONCRETO; ESPESSURA DE 0,15 M, GEOMETRIA RETANGULAR, COM DIMENSÕES INTERNAS:L=*0,6* M; H=* 0,3* M. AF_05/2025","M",991.08,5.4999999999999997E-3]
["Canaletas, Grelhas e Caixas com Grelha para Drenagem",106014,"EXECUÇÃO DE CANALETA DE CONCRETO MOLDADO IN LOCO, COM GRELHA DE CONCRETO; ESPESSURA DE 0,20 M, GEOMETRIA RETANGULAR, COM DIMENSÕES INTERNAS: L=0,80 M; H=0,30 M. AF_05/2025","M",1260.5899999999999,7.0000000000000001E-3]
["Canaletas, Grelhas e Caixas com Grelha para Drenagem",106015,"EXECUÇÃO DE CANALETA DE CONCRETO MOLDADO IN LOCO, COM GRELHA DE CONCRETO; ESPESSURA DE 0,20 M, GEOMETRIA RETANGULAR, COM DIMENSÕES INTERNAS: L=0,80 M; H=0,60 M. AF_05/2025","M",1512.99,6.1999999999999998E-3]
["Canaletas, Grelhas e Caixas com Grelha para Drenagem",106016,"EXECUÇÃO DE CANALETA DE CONCRETO MOLDADO IN LOCO, COM GRELHA DE CONCRETO; ESPESSURA DE 0,20 M, GEOMETRIA RETANGULAR, COM DIMENSÕES INTERNAS: L=0,80 M; H=0,90 M. AF_05/2025","M",1780.01,5.7000000000000002E-3]
["Canaletas, Grelhas e Caixas com Grelha para Drenagem",106003,"EXECUÇÃO DE VALETA DE CONCRETO ARMADO MOLDADO IN LOCO, ESPESSURA DE 0,08 M, GEOMETRIA TRAPEIZOIDAL, COM DIMENSÕES INTERNAS: B=*1,20* M; B=*0,4* M; H=0,4 M. AF_05/2025","M",183.29,0.21879999999999999]
["Canaletas, Grelhas e Caixas com Grelha para Drenagem",105997,"EXECUÇÃO DE VALETA DE CONCRETO ARMADO MOLDADO IN LOCO, ESPESSURA DE 0,08 M, GEOMETRIA TRAPEIZOIDAL, COM DIMENSÕES INTERNAS: B=0,6 M; B=0,20 M; H=0,20 M. AF_05/2025","M",100.28,0.21740000000000001]
["Canaletas, Grelhas e Caixas com Grelha para Drenagem",105998,"EXECUÇÃO DE VALETA DE CONCRETO ARMADO MOLDADO IN LOCO, ESPESSURA DE 0,08 M, GEOMETRIA TRAPEIZOIDAL, COM DIMENSÕES INTERNAS: B=0,7 M; B=0,30 M; H=0,20 M. AF_05/2025","M",111.13,0.21779999999999999]
["Canaletas, Grelhas e Caixas com Grelha para Drenagem",105999,"EXECUÇÃO DE VALETA DE CONCRETO ARMADO MOLDADO IN LOCO, ESPESSURA DE 0,08 M, GEOMETRIA TRAPEIZOIDAL, COM DIMENSÕES INTERNAS: B=0,8 M; B=0,30 M; H=0,25 M. AF_05/2025","M",126.45,0.21809999999999999]
["Canaletas, Grelhas e Caixas com Grelha para Drenagem",106000,"EXECUÇÃO DE VALETA DE CONCRETO ARMADO MOLDADO IN LOCO, ESPESSURA DE 0,08 M, GEOMETRIA TRAPEIZOIDAL, COM DIMENSÕES INTERNAS: B=0,9 M; B=0,30 M; H=0,30 M. AF_05/2025","M",141.78,0.21840000000000001]
["Canaletas, Grelhas e Caixas com Grelha para Drenagem",106001,"EXECUÇÃO DE VALETA DE CONCRETO ARMADO MOLDADO IN LOCO, ESPESSURA DE 0,08 M, GEOMETRIA TRAPEIZOIDAL, COM DIMENSÕES INTERNAS: B=1,0 M; B=0,40 M; H=0,30 M. AF_05/2025","M",152.63999999999999,0.2185]
["Canaletas, Grelhas e Caixas com Grelha para Drenagem",106002,"EXECUÇÃO DE VALETA DE CONCRETO ARMADO MOLDADO IN LOCO, ESPESSURA DE 0,08 M, GEOMETRIA TRAPEIZOIDAL, COM DIMENSÕES INTERNAS: B=1,1 M; B=0,40 M; H=0,35 M. AF_05/2025","M",167.95,0.21870000000000001]
["Canaletas, Grelhas e Caixas com Grelha para Drenagem",105992,"EXECUÇÃO DE VALETA DE CONCRETO MOLDADO IN LOCO, ESPESSURA DE 0,08 M, GEOMETRIA TRAPEIZOIDAL, COM DIMENSÕES INTERNAS: B=*1,0* M; B=0,40 M; H=*0,30* M. AF_05/2025","M",114.87,0]
["Canaletas, Grelhas e Caixas com Grelha para Drenagem",105993,"EXECUÇÃO DE VALETA DE CONCRETO MOLDADO IN LOCO, ESPESSURA DE 0,08 M, GEOMETRIA TRAPEIZOIDAL, COM DIMENSÕES INTERNAS: B=*1,2* M; B=*0,4* M; H= 0,4 M. AF_05/2025","M",137.86000000000001,0]
["Canaletas, Grelhas e Caixas com Grelha para Drenagem",105994,"EXECUÇÃO DE VALETA DE CONCRETO MOLDADO IN LOCO, ESPESSURA DE 0,08 M, GEOMETRIA TRAPEIZOIDAL, COM DIMENSÕES INTERNAS: B=*1,5* M; B=*0,50* M; H=*0,50* M. AF_05/2025","M",168.99,0]
["Canaletas, Grelhas e Caixas com Grelha para Drenagem",105995,"EXECUÇÃO DE VALETA DE CONCRETO MOLDADO IN LOCO, ESPESSURA DE 0,08 M, GEOMETRIA TRAPEIZOIDAL, COM DIMENSÕES INTERNAS: B=*1,8* M; B=*0,60* M; H=*0,6* M. AF_05/2025","M",200.21,0]
["Canaletas, Grelhas e Caixas com Grelha para Drenagem",105996,"EXECUÇÃO DE VALETA DE CONCRETO MOLDADO IN LOCO, ESPESSURA DE 0,08 M, GEOMETRIA TRAPEIZOIDAL, COM DIMENSÕES INTERNAS: B=*2,0* M; B=*0,8* M; H=0,6 M. AF_05/2025","M",216.49,0]
["Canaletas, Grelhas e Caixas com Grelha para Drenagem",105988,"EXECUÇÃO DE VALETA DE CONCRETO MOLDADO IN LOCO, ESPESSURA DE 0,08 M, GEOMETRIA TRAPEIZOIDAL, COM DIMENSÕES INTERNAS: B=0,6M; B=0,20 M; H=0,20 M. AF_05/2025","M",75.59,0]
["Canaletas, Grelhas e Caixas com Grelha para Drenagem",105989,"EXECUÇÃO DE VALETA DE CONCRETO MOLDADO IN LOCO, ESPESSURA DE 0,08 M, GEOMETRIA TRAPEIZOIDAL, COM DIMENSÕES INTERNAS: B=0,7 M; B=0,30 M; H=0,20 M. AF_05/2025","M",83.73,0]
["Canaletas, Grelhas e Caixas com Grelha para Drenagem",105990,"EXECUÇÃO DE VALETA DE CONCRETO MOLDADO IN LOCO, ESPESSURA DE 0,08 M, GEOMETRIA TRAPEIZOIDAL, COM DIMENSÕES INTERNAS: B=0,8 M; B=0,30 M; H=0,25 M. AF_05/2025","M",95.22,0]
["Canaletas, Grelhas e Caixas com Grelha para Drenagem",105991,"EXECUÇÃO DE VALETA DE CONCRETO MOLDADO IN LOCO, ESPESSURA DE 0,08 M, GEOMETRIA TRAPEIZOIDAL, COM DIMENSÕES INTERNAS: B=0,9 M; B=0,30 M; H=0,30 M. AF_05/2025","M",106.72,0]
["Canaletas, Grelhas e Caixas com Grelha para Drenagem",105987,"EXECUÇÃO DE VALETA DE CONCRETO MOLDADO IN LOCO, ESPESSURA DE 0,08 M, GEOMETRIA TRAPEIZOIDAL, COM DIMENSÕES INTERNAS: B=1,2 M; B=0,6 M; H=0,3 M. AF_05/2025","M",131.12,0]
["Canaletas, Grelhas e Caixas com Grelha para Drenagem",105986,"EXECUÇÃO DE VALETA DE CONCRETO MOLDADO IN LOCO, ESPESSURA DE 0,08 M, GEOMETRIA TRAPEIZOIDAL, COM DIMENSÕES INTERNAS: B=1,6 M; B=1,0 M; H=0,3 M. AF_05/2025","M",163.68,0]
["Canaletas, Grelhas e Caixas com Grelha para Drenagem",106019,"GRELHA ARTICULADA PARA CALHA DE PISO 20X50 CM - FORNECIMENTO E INSTALAÇÃO. AF_05/2025","UN",0]
["Canaletas, Grelhas e Caixas com Grelha para Drenagem",103001,"GRELHA DE FERRO FUNDIDO SIMPLES COM REQUADRO, 150 X 1000 MM, ASSENTADA COM ARGAMASSA 1 : 3 CIMENTO: AREIA - FORNECIMENTO E INSTALAÇÃO. AF_05/2025","UN",199.71,0.91290000000000004]
["Canaletas, Grelhas e Caixas com Grelha para Drenagem",103002,"GRELHA DE FERRO FUNDIDO SIMPLES COM REQUADRO, 200 X 1000 MM, ASSENTADA COM ARGAMASSA 1 : 3 CIMENTO: AREIA - FORNECIMENTO E INSTALAÇÃO. AF_05/2025","UN",249.81,0.92749999999999999]
["Canaletas, Grelhas e Caixas com Grelha para Drenagem",103003,"GRELHA DE FERRO FUNDIDO SIMPLES COM REQUADRO, 300 X 1000 MM, ASSENTADA COM ARGAMASSA 1 : 3 CIMENTO: AREIA - FORNECIMENTO E INSTALAÇÃO. AF_05/2025","UN",350.03,0.94410000000000005]
["Canaletas, Grelhas e Caixas com Grelha para Drenagem",106018,"GRELHA PARA CALHA DE PISO 20X50 CM - FORNECIMENTO E INSTALAÇÃO. AF_05/2025","UN",0]
["Canaletas, Grelhas e Caixas com Grelha para Drenagem",105945,"PREPARO DE SOLO E GABARITO DE MADEIRA PARA VALETA MOLDADA IN LOCO COM GEOMETRIA TRAPEZOIDAL. AF_05/2025","M2",9.17,0]
["Cercas, Protetores e Alambrados",98522,"ALAMBRADO EM MOURÕES DE CONCRETO, COM TELA DE ARAME GALVANIZADO (INCLUSIVE MURETA EM CONCRETO). AF_05/2018","M",170.29,0.29720000000000002]
["Cercas, Protetores e Alambrados",98523,"ALAMBRADO EM PERFIS METÁLICOS RETANGULARES COM GRADIL METÁLICO (EXCLUSIVE MURETA EM CONCRETO).AF_05/2018","M",0]
["Cercas, Protetores e Alambrados",102364,"ALAMBRADO PARA QUADRA POLIESPORTIVA, ESTRUTURADO POR TUBOS DE ACO GALVANIZADO, (MONTANTES COM DIAMETRO 2\", TRAVESSAS E ESCORAS COM DIÂMETRO 1 ¼\"), COM TELA DE ARAME GALVANIZADO, FIO 10 BWG E MALHA QUADRADA 5X5CM (EXCETO MURETA). AF_03/2021","M2",200.53,0.71830000000000005]
["Cercas, Protetores e Alambrados",102363,"ALAMBRADO PARA QUADRA POLIESPORTIVA, ESTRUTURADO POR TUBOS DE ACO GALVANIZADO, (MONTANTES COM DIAMETRO 2\", TRAVESSAS E ESCORAS COM DIÂMETRO 1 ¼\"), COM TELA DE ARAME GALVANIZADO, FIO 12 BWG E MALHA QUADRADA 5X5CM (EXCETO MURETA). AF_03/2021","M2",178.84,0.68420000000000003]
["Cercas, Protetores e Alambrados",102362,"ALAMBRADO PARA QUADRA POLIESPORTIVA, ESTRUTURADO POR TUBOS DE ACO GALVANIZADO, (MONTANTES COM DIAMETRO 2\", TRAVESSAS E ESCORAS COM DIÂMETRO 1 ¼\"), COM TELA DE ARAME GALVANIZADO, FIO 14 BWG E MALHA QUADRADA 5X5CM (EXCETO MURETA). AF_03/2021","M2",167.03,0.65900000000000003]
["Cercas, Protetores e Alambrados",101196,"CERCA COM MOURÕES DE CONCRETO, RETO, 15X15 CM, ESPAÇAMENTO DE 2,5 M, CRAVADOS 0,5 M, ESCORAS DE 10X10 CM A CADA 50 M, COM 12 FIOS DE ARAME DE AÇO OVALADO 15X17 - FORNECIMENTO E INSTALAÇÃO. AF_05/2020","M",0]
["Cercas, Protetores e Alambrados",101195,"CERCA COM MOURÕES DE CONCRETO, RETO, 15X15 CM, ESPAÇAMENTO DE 2,5 M, CRAVADOS 0,5 M, ESCORAS DE 10X10 CM A CADA 50 M, COM 9 FIOS DE ARAME DE AÇO OVALADO 15X17 - FORNECIMENTO E INSTALAÇÃO. AF_05/2020","M",0]
["Cercas, Protetores e Alambrados",101193,"CERCA COM MOURÕES DE CONCRETO, RETO, H=2,30 M, ESPAÇAMENTO DE 2,5 M, CRAVADOS 0,5 M, COM 4 FIOS DE ARAME DE AÇO OVALADO 15X17 - FORNECIMENTO E INSTALAÇÃO. AF_05/2020","M",68.66,0]
["Cercas, Protetores e Alambrados",101192,"CERCA COM MOURÕES DE CONCRETO, RETO, H=2,30 M, ESPAÇAMENTO DE 2,5 M, CRAVADOS 0,5 M, COM 4 FIOS DE ARAME FARPADO Nº 14 CLASSE 250 - FORNECIMENTO E INSTALAÇÃO. AF_05/2020","M",75.39,0]
["Cercas, Protetores e Alambrados",101194,"CERCA COM MOURÕES DE CONCRETO, RETO, H=2,30 M, ESPAÇAMENTO DE 2,5 M, CRAVADOS 0,5 M, COM 4 FIOS DE ARAME MISTO - FORNECIMENTO E INSTALAÇÃO. AF_05/2020","M",69.02,0]
["Cercas, Protetores e Alambrados",101190,"CERCA COM MOURÕES DE CONCRETO, RETO, H=3,00 M, ESPAÇAMENTO DE 2,5 M, CRAVADOS 0,5 M, COM 4 FIOS DE ARAME DE AÇO OVALADO 15X17 - FORNECIMENTO E INSTALAÇÃO. AF_05/2020","M",75.349999999999994,0]
["Cercas, Protetores e Alambrados",101189,"CERCA COM MOURÕES DE CONCRETO, RETO, H=3,00 M, ESPAÇAMENTO DE 2,5 M, CRAVADOS 0,5 M, COM 4 FIOS DE ARAME FARPADO Nº 14 CLASSE 250 - FORNECIMENTO E INSTALAÇÃO. AF_05/2020","M",76.069999999999993,0]
["Cercas, Protetores e Alambrados",101191,"CERCA COM MOURÕES DE CONCRETO, RETO, H=3,00 M, ESPAÇAMENTO DE 2,5 M, CRAVADOS 0,5 M, COM 4 FIOS DE ARAME MISTO - FORNECIMENTO E INSTALAÇÃO. AF_05/2020","M",75.709999999999994,0]
["Cercas, Protetores e Alambrados",101198,"CERCA COM MOURÕES DE CONCRETO, SEÇÃO \"T\" PONTA INCLINADA, 10X10 CM, ESPAÇAMENTO DE 2,5 M, CRAVADOS 0,5 M, COM 11 FIOS DE ARAME DE AÇO OVALADO 15X17 - FORNECIMENTO E INSTALAÇÃO. AF_05/2020","M",101.74,0]
["Cercas, Protetores e Alambrados",101197,"CERCA COM MOURÕES DE CONCRETO, SEÇÃO \"T\" PONTA INCLINADA, 10X10 CM, ESPAÇAMENTO DE 2,5 M, CRAVADOS 0,5 M, COM 11 FIOS DE ARAME FARPADO Nº 14 - FORNECIMENTO E INSTALAÇÃO. AF_05/2020","M",142.54,0]
["Cercas, Protetores e Alambrados",101199,"CERCA COM MOURÕES DE CONCRETO, SEÇÃO \"T\" PONTA INCLINADA, 10X10CM, ESPAÇAMENTO DE 2,5M, CRAVADOS 0,5M, COM 11 FIOS DE ARAME MISTO - FORNECIMENTO E INSTALAÇÃO. AF_05/2020","M",102.64,0]
["Cercas, Protetores e Alambrados",101203,"CERCA COM MOURÕES DE MADEIRA ROLIÇA, DIÂMETRO 11 CM, ESPAÇAMENTO DE 2,5 M, ALTURA LIVRE DE 1,7 M, CRAVADOS 0,5 M, COM 5 FIOS DE ARAME DE AÇO OVALADO 15X17 - FORNECIMENTO E INSTALAÇÃO. AF_05/2020","M",44.38,0.2089]
["Cercas, Protetores e Alambrados",101202,"CERCA COM MOURÕES DE MADEIRA ROLIÇA, DIÂMETRO 11 CM, ESPAÇAMENTO DE 2,5 M, ALTURA LIVRE DE 1,7 M, CRAVADOS 0,5 M, COM 5 FIOS DE ARAME FARPADO Nº 14 CLASSE 250 - FORNECIMENTO E INSTALAÇÃO. AF_05/2020","M",45.28,0.20469999999999999]
["Cercas, Protetores e Alambrados",101204,"CERCA COM MOURÕES DE MADEIRA ROLIÇA, DIÂMETRO 11 CM, ESPAÇAMENTO DE 2,5 M, ALTURA LIVRE DE 1,7 M, CRAVADOS 0,5 M, COM 5 FIOS DE ARAME MISTO - FORNECIMENTO E INSTALAÇÃO. AF_05/2020","M",44.74,0.2072]
["Cercas, Protetores e Alambrados",101200,"CERCA COM MOURÕES DE MADEIRA, 7,5X7,5 CM, ESPAÇAMENTO DE 2,5 M, ALTURA LIVRE DE 2 M, CRAVADOS 0,5 M, COM 4 FIOS DE ARAME FARPADO Nº 14 CLASSE 250 - FORNECIMENTO E INSTALAÇÃO. AF_05/2020","M",57.97,0]
["Cercas, Protetores e Alambrados",101201,"CERCA COM MOURÕES DE MADEIRA, 7,5X7,5 CM, ESPAÇAMENTO DE 2,5 M, ALTURA LIVRE DE 2 M, CRAVADOS 0,5 M, COM 8 FIOS DE ARAME FARPADO Nº 14 CLASSE 250 - FORNECIMENTO E INSTALAÇÃO. AF_05/2020","M",71.8,0]
["Cercas, Protetores e Alambrados",101205,"PORTÃO COM MOURÕES DE MADEIRA ROLIÇA, DIÂMETRO 11 CM, COM 5 FIOS DE ARAME FARPADO Nº 14 CLASSE 250, SEM DOBRADIÇAS - FORNECIMENTO E INSTALAÇÃO. AF_05/2020","M",45.28,0.20469999999999999]
["Cercas, Protetores e Alambrados",101188,"RECOMPOSIÇÃO PARCIAL DE ARAME FARPADO Nº 14 CLASSE 250, FIXADO EM CERCA COM MOURÕES DE CONCRETO - FORNECIMENTO E INSTALAÇÃO. AF_05/2020","M",6.55,0]
["Chapisco",87905,"CHAPISCO APLICADO EM ALVENARIA (COM PRESENÇA DE VÃOS) E ESTRUTURAS DE CONCRETO DE FACHADA, COM COLHER DE PEDREIRO. ARGAMASSA TRAÇO 1:3 COM PREPARO EM BETONEIRA 400L. AF_10/2022","M2",8.92,0]
["Chapisco",87904,"CHAPISCO APLICADO EM ALVENARIA (COM PRESENÇA DE VÃOS) E ESTRUTURAS DE CONCRETO DE FACHADA, COM COLHER DE PEDREIRO. ARGAMASSA TRAÇO 1:3 COM PREPARO MANUAL. AF_10/2022","M2",9.48,0]
["Chapisco",87908,"CHAPISCO APLICADO EM ALVENARIA (COM PRESENÇA DE VÃOS) E ESTRUTURAS DE CONCRETO DE FACHADA, COM EQUIPAMENTO DE PROJEÇÃO. ARGAMASSA TRAÇO 1:3 COM PREPARO EM BETONEIRA 400 L. AF_10/2022","M2",6.89,0.12479999999999999]
["Chapisco",87907,"CHAPISCO APLICADO EM ALVENARIA (COM PRESENÇA DE VÃOS) E ESTRUTURAS DE CONCRETO DE FACHADA, COM EQUIPAMENTO DE PROJEÇÃO. ARGAMASSA TRAÇO 1:3 COM PREPARO MANUAL. AF_10/2022","M2",7.45,0.1154]
["Chapisco",87903,"CHAPISCO APLICADO EM ALVENARIA (COM PRESENÇA DE VÃOS) E ESTRUTURAS DE CONCRETO DE FACHADA, COM ROLO PARA TEXTURA ACRÍLICA. ARGAMASSA INDUSTRIALIZADA COM PREPARO EM MISTURADOR 300 KG. AF_10/2022","M2",14.3,0]
["Chapisco",87902,"CHAPISCO APLICADO EM ALVENARIA (COM PRESENÇA DE VÃOS) E ESTRUTURAS DE CONCRETO DE FACHADA, COM ROLO PARA TEXTURA ACRÍLICA. ARGAMASSA INDUSTRIALIZADA COM PREPARO MANUAL. AF_10/2022","M2",14.74,0]
["Chapisco",87900,"CHAPISCO APLICADO EM ALVENARIA (COM PRESENÇA DE VÃOS) E ESTRUTURAS DE CONCRETO DE FACHADA, COM ROLO PARA TEXTURA ACRÍLICA. ARGAMASSA TRAÇO 1:4 E EMULSÃO POLIMÉRICA (ADESIVO) COM PREPARO EM BETONEIRA 400L. AF_10/2022","M2",9.4499999999999993,0]
["Chapisco",87899,"CHAPISCO APLICADO EM ALVENARIA (COM PRESENÇA DE VÃOS) E ESTRUTURAS DE CONCRETO DE FACHADA, COM ROLO PARA TEXTURA ACRÍLICA. ARGAMASSA TRAÇO 1:4 E EMULSÃO POLIMÉRICA (ADESIVO) COM PREPARO MANUAL. AF_10/2022","M2",9.64,0]
["Chapisco",87894,"CHAPISCO APLICADO EM ALVENARIA (SEM PRESENÇA DE VÃOS) E ESTRUTURAS DE CONCRETO DE FACHADA, COM COLHER DE PEDREIRO. ARGAMASSA TRAÇO 1:3 COM PREPARO EM BETONEIRA 400L. AF_10/2022","M2",7.66,0]
["Chapisco",87893,"CHAPISCO APLICADO EM ALVENARIA (SEM PRESENÇA DE VÃOS) E ESTRUTURAS DE CONCRETO DE FACHADA, COM COLHER DE PEDREIRO. ARGAMASSA TRAÇO 1:3 COM PREPARO MANUAL. AF_10/2022","M2",8.2200000000000006,0]
["Chapisco",87897,"CHAPISCO APLICADO EM ALVENARIA (SEM PRESENÇA DE VÃOS) E ESTRUTURAS DE CONCRETO DE FACHADA, COM EQUIPAMENTO DE PROJEÇÃO. ARGAMASSA TRAÇO 1:3 COM PREPARO EM BETONEIRA 400 L. AF_10/2022","M2",5.71,0.11210000000000001]
["Chapisco",87896,"CHAPISCO APLICADO EM ALVENARIA (SEM PRESENÇA DE VÃOS) E ESTRUTURAS DE CONCRETO DE FACHADA, COM EQUIPAMENTO DE PROJEÇÃO. ARGAMASSA TRAÇO 1:3 COM PREPARO MANUAL. AF_10/2022","M2",6.27,0.1021]
["Chapisco",87892,"CHAPISCO APLICADO EM ALVENARIA (SEM PRESENÇA DE VÃOS) E ESTRUTURAS DE CONCRETO DE FACHADA, COM ROLO PARA TEXTURA ACRÍLICA. ARGAMASSA INDUSTRIALIZADA COM PREPARO EM MISTURADOR 300 KG. AF_10/2022","M2",13.51,0]
["Chapisco",87891,"CHAPISCO APLICADO EM ALVENARIA (SEM PRESENÇA DE VÃOS) E ESTRUTURAS DE CONCRETO DE FACHADA, COM ROLO PARA TEXTURA ACRÍLICA. ARGAMASSA INDUSTRIALIZADA COM PREPARO MANUAL. AF_10/2022","M2",13.95,0]
["Chapisco",87889,"CHAPISCO APLICADO EM ALVENARIA (SEM PRESENÇA DE VÃOS) E ESTRUTURAS DE CONCRETO DE FACHADA, COM ROLO PARA TEXTURA ACRÍLICA. ARGAMASSA TRAÇO 1:4 E EMULSÃO POLIMÉRICA (ADESIVO) COM PREPARO EM BETONEIRA 400L. AF_10/2022","M2",8.66,0]
["Chapisco",87888,"CHAPISCO APLICADO EM ALVENARIA (SEM PRESENÇA DE VÃOS) E ESTRUTURAS DE CONCRETO DE FACHADA, COM ROLO PARA TEXTURA ACRÍLICA. ARGAMASSA TRAÇO 1:4 E EMULSÃO POLIMÉRICA (ADESIVO) COM PREPARO MANUAL. AF_10/2022","M2",8.85,0]
["Chapisco",104411,"CHAPISCO APLICADO EM ALVENARIA E ESTRUTURAS DE CONCRETO INTERNAS, COM EQUIPAMENTO DE PROJEÇÃO. ARGAMASSA TRAÇO 1:3 COM PREPARO EM BETONEIRA 400 L. AF_10/2022","M2",5.83,8.0600000000000005E-2]
["Chapisco",104410,"CHAPISCO APLICADO EM ALVENARIA E ESTRUTURAS DE CONCRETO INTERNAS, COM EQUIPAMENTO DE PROJEÇÃO. ARGAMASSA TRAÇO 1:3 COM PREPARO MANUAL. AF_10/2022","M2",5.83,8.0600000000000005E-2]
["Chapisco",87879,"CHAPISCO APLICADO EM ALVENARIAS E ESTRUTURAS DE CONCRETO INTERNAS, COM COLHER DE PEDREIRO. ARGAMASSA TRAÇO 1:3 COM PREPARO EM BETONEIRA 400L. AF_10/2022","M2",5.0199999999999996,0]
["Chapisco",87878,"CHAPISCO APLICADO EM ALVENARIAS E ESTRUTURAS DE CONCRETO INTERNAS, COM COLHER DE PEDREIRO. ARGAMASSA TRAÇO 1:3 COM PREPARO MANUAL. AF_10/2022","M2",5.58,0]
["Chapisco",87885,"CHAPISCO APLICADO NO TETO OU EM ALVENARIA E ESTRUTURA, COM ROLO PARA TEXTURA ACRÍLICA. ARGAMASSA INDUSTRIALIZADA COM PREPARO EM MISTURADOR 300 KG. AF_10/2022","M2",11.73,0]
["Chapisco",87884,"CHAPISCO APLICADO NO TETO OU EM ALVENARIA E ESTRUTURA, COM ROLO PARA TEXTURA ACRÍLICA. ARGAMASSA INDUSTRIALIZADA COM PREPARO MANUAL. AF_10/2022","M2",12.17,0]
["Chapisco",87882,"CHAPISCO APLICADO NO TETO OU EM ALVENARIA E ESTRUTURA, COM ROLO PARA TEXTURA ACRÍLICA. ARGAMASSA TRAÇO 1:4 E EMULSÃO POLIMÉRICA (ADESIVO) COM PREPARO EM BETONEIRA 400L. AF_10/2022","M2",6.88,0]
["Chapisco",87881,"CHAPISCO APLICADO NO TETO OU EM ALVENARIA E ESTRUTURA, COM ROLO PARA TEXTURA ACRÍLICA. ARGAMASSA TRAÇO 1:4 E EMULSÃO POLIMÉRICA (ADESIVO) COM PREPARO MANUAL. AF_10/2022","M2",7.07,0]
["Chapisco",87887,"CHAPISCO APLICADO NO TETO OU EM ESTRUTURA, COM DESEMPENADEIRA DENTADA. ARGAMASSA INDUSTRIALIZADA COM PREPARO EM MISTURADOR 300 KG. AF_10/2022","M2",19.59,0]
["Chapisco",87886,"CHAPISCO APLICADO NO TETO OU EM ESTRUTURA, COM DESEMPENADEIRA DENTADA. ARGAMASSA INDUSTRIALIZADA COM PREPARO MANUAL. AF_10/2022","M2",20.55,0]
["Chapisco",87911,"CHAPISCO APLICADO SOMENTE NA ESTRUTURA DE CONCRETO DA FACHADA, COM DESEMPENADEIRA DENTADA. ARGAMASSA INDUSTRIALIZADA COM PREPARO EM MISTURADOR 300 KG. AF_10/2022","M2",25.52,0]
["Chapisco",87910,"CHAPISCO APLICADO SOMENTE NA ESTRUTURA DE CONCRETO DA FACHADA, COM DESEMPENADEIRA DENTADA. ARGAMASSA INDUSTRIALIZADA COM PREPARO MANUAL. AF_10/2022","M2",26.48,0]
["Concretagem para Estruturas de Concreto Armado",103686,"CONCRETAGEM DE ESCADAS, FCK=25 MPA, COM USO DE BOMBA - LANÇAMENTO, ADENSAMENTO E ACABAMENTO. AF_02/2022_PS","M3",835.55,5.9999999999999995E-4]
["Concretagem para Estruturas de Concreto Armado",103685,"CONCRETAGEM DE MURETAS, FCK=25 MPA, COM USO DE BOMBA - LANÇAMENTO, ADENSAMENTO E ACABAMENTO. AF_02/2022_PS","M3",769.93,2.0000000000000001E-4]
["Concretagem para Estruturas de Concreto Armado",103669,"CONCRETAGEM DE PILARES, FCK = 25 MPA, COM USO DE BALDES - LANÇAMENTO, ADENSAMENTO E ACABAMENTO. AF_02/2022","M3",1087.28,1.6000000000000001E-3]
["Concretagem para Estruturas de Concreto Armado",103672,"CONCRETAGEM DE PILARES, FCK = 25 MPA, COM USO DE BOMBA - LANÇAMENTO, ADENSAMENTO E ACABAMENTO. AF_02/2022_PS","M3",764.32,2.0000000000000001E-4]
["Concretagem para Estruturas de Concreto Armado",103671,"CONCRETAGEM DE PILARES, FCK = 25 MPA, COM USO DE GRUA - LANÇAMENTO, ADENSAMENTO E ACABAMENTO. AF_02/2022","M3",815.26,2.9999999999999997E-4]
["Concretagem para Estruturas de Concreto Armado",103688,"CONCRETAGEM DE PILARES, FCK=25 MPA, COM USO DE JERICAS EM CREMALHEIRA - LANÇAMENTO, ADENSAMENTO E ACABAMENTO. AF_02/2022","M3",955.78,5.9999999999999995E-4]
["Concretagem para Estruturas de Concreto Armado",103687,"CONCRETAGEM DE PILARES, FCK=25 MPA, COM USO DE JERICAS EM ELEVADOR DE CABO - LANÇAMENTO, ADENSAMENTO E ACABAMENTO. AF_02/2022","M3",1222.32,8.9999999999999998E-4]
["Concretagem para Estruturas de Concreto Armado",103684,"CONCRETAGEM DE RESERVATÓRIOS, FCK=25 MPA, COM USO DE BOMBA - LANÇAMENTO, ADENSAMENTO E ACABAMENTO. AF_02/2022_PS","M3",783.65,2.0000000000000001E-4]
["Concretagem para Estruturas de Concreto Armado",103681,"CONCRETAGEM DE VIGAS E LAJES, FCK=25 MPA, PARA LAJES MACIÇAS OU NERVURADAS COM GRUA DE CAÇAMBA DE 500 L EM EDIFICAÇÃO DE MULTIPAVIMENTOS ATÉ 16 ANDARES - LANÇAMENTO, ADENSAMENTO E ACABAMENTO. AF_02/2022","M3",843.68,2.9999999999999997E-4]
["Concretagem para Estruturas de Concreto Armado",103679,"CONCRETAGEM DE VIGAS E LAJES, FCK=25 MPA, PARA LAJES MACIÇAS OU NERVURADAS COM JERICAS EM CREMALHEIRA EM EDIFICAÇÃO DE MULTIPAVIMENTOS ATÉ 16 ANDARES - LANÇAMENTO, ADENSAMENTO E ACABAMENTO. AF_02/2022","M3",916.7,5.0000000000000001E-4]
["Concretagem para Estruturas de Concreto Armado",103677,"CONCRETAGEM DE VIGAS E LAJES, FCK=25 MPA, PARA LAJES MACIÇAS OU NERVURADAS COM JERICAS EM ELEVADOR DE CABO EM EDIFICAÇÃO DE MULTIPAVIMENTOS ATÉ 16 ANDARES - LANÇAMENTO, ADENSAMENTO E ACABAMENTO. AF_02/2022","M3",962.89,5.0000000000000001E-4]
["Concretagem para Estruturas de Concreto Armado",103675,"CONCRETAGEM DE VIGAS E LAJES, FCK=25 MPA, PARA LAJES MACIÇAS OU NERVURADAS COM USO DE BOMBA - LANÇAMENTO, ADENSAMENTO E ACABAMENTO. AF_02/2022_PS","M3",764.92,2.0000000000000001E-4]
["Concretagem para Estruturas de Concreto Armado",103680,"CONCRETAGEM DE VIGAS E LAJES, FCK=25 MPA, PARA LAJES PREMOLDADAS COM GRUA DE CAÇAMBA DE 350 L EM EDIFICAÇÃO DE MULTIPAVIMENTOS ATÉ 16 ANDARES - LANÇAMENTO, ADENSAMENTO E ACABAMENTO. AF_02/2022","M3",968.52,6.9999999999999999E-4]
["Concretagem para Estruturas de Concreto Armado",103678,"CONCRETAGEM DE VIGAS E LAJES, FCK=25 MPA, PARA LAJES PREMOLDADAS COM JERICAS EM CREMALHEIRA EM EDIFICAÇÃO DE MULTIPAVIMENTOS ATÉ 16 ANDARES - LANÇAMENTO, ADENSAMENTO E ACABAMENTO. AF_02/2022","M3",1044.9000000000001,8.9999999999999998E-4]
["Concretagem para Estruturas de Concreto Armado",103676,"CONCRETAGEM DE VIGAS E LAJES, FCK=25 MPA, PARA LAJES PREMOLDADAS COM JERICAS EM ELEVADOR DE CABO EM EDIFICAÇÃO DE MULTIPAVIMENTOS ATÉ 16 ANDARES - LANÇAMENTO, ADENSAMENTO E ACABAMENTO. AF_02/2022","M3",1148.99,8.0000000000000004E-4]
["Concretagem para Estruturas de Concreto Armado",103674,"CONCRETAGEM DE VIGAS E LAJES, FCK=25 MPA, PARA LAJES PREMOLDADAS COM USO DE BOMBA - LANÇAMENTO, ADENSAMENTO E ACABAMENTO. AF_02/2022_PS","M3",786.58,2.9999999999999997E-4]
["Concretagem para Estruturas de Concreto Armado",103683,"CONCRETAGEM DE VIGAS E LAJES, FCK=25 MPA, PARA QUALQUER TIPO DE LAJE COM BALDES EM EDIFICAÇÃO DE MULTIPAVIMENTOS ATÉ 04 ANDARES - LANÇAMENTO, ADENSAMENTO E ACABAMENTO. AF_02/2022","M3",1422.03,1.4E-3]
["Concretagem para Estruturas de Concreto Armado",103682,"CONCRETAGEM DE VIGAS E LAJES, FCK=25 MPA, PARA QUALQUER TIPO DE LAJE COM BALDES EM EDIFICAÇÃO TÉRREA - LANÇAMENTO, ADENSAMENTO E ACABAMENTO. AF_02/2022","M3",1106.8599999999999,8.9999999999999998E-4]
["Concretagem para Estruturas de Concreto Armado",103670,"LANÇAMENTO COM USO DE BALDES, ADENSAMENTO E ACABAMENTO DE CONCRETO EM ESTRUTURAS. AF_02/2022","M3",324.66000000000003,5.4000000000000003E-3]
["Concretagem para Estruturas de Concreto Armado",103673,"LANÇAMENTO COM USO DE BOMBA, ADENSAMENTO E ACABAMENTO DE CONCRETO EM ESTRUTURAS. AF_02/2022","M3",45.6,3.3E-3]
["Concreto Projetado",91084,"EXECUÇÃO DE REVESTIMENTO DE CONCRETO PROJETADO COM ESPESSURA DE 10 CM, ARMADO COM FIBRAS DE AÇO, INCLINAÇÃO DE 90°, APLICAÇÃO CONTÍNUA, UTILIZANDO EQUIPAMENTO DE PROJEÇÃO COM 3 M³/H DE CAPACIDADE. AF_07/2024","M2",288.14,0.28349999999999997]
["Concreto Projetado",91080,"EXECUÇÃO DE REVESTIMENTO DE CONCRETO PROJETADO COM ESPESSURA DE 10 CM, ARMADO COM FIBRAS DE AÇO, INCLINAÇÃO DE 90°, APLICAÇÃO CONTÍNUA, UTILIZANDO EQUIPAMENTO DE PROJEÇÃO COM 6 M³/H DE CAPACIDADE. AF_07/2024","M2",228.63,0.31419999999999998]
["Concreto Projetado",91101,"EXECUÇÃO DE REVESTIMENTO DE CONCRETO PROJETADO COM ESPESSURA DE 10 CM, ARMADO COM FIBRAS DE AÇO, INCLINAÇÃO DE 90°, APLICAÇÃO DESCONTÍNUA, UTILIZANDO EQUIPAMENTO DE PROJEÇÃO COM 3 M³/H DE CAPACIDADE. AF_07/2024","M2",268.10000000000002,0.29189999999999999]
["Concreto Projetado",91097,"EXECUÇÃO DE REVESTIMENTO DE CONCRETO PROJETADO COM ESPESSURA DE 10 CM, ARMADO COM FIBRAS DE AÇO, INCLINAÇÃO DE 90°, APLICAÇÃO DESCONTÍNUA, UTILIZANDO EQUIPAMENTO DE PROJEÇÃO COM 6 M³/H DE CAPACIDADE. AF_07/2024","M2",221.11,0.31919999999999998]
["Concreto Projetado",91082,"EXECUÇÃO DE REVESTIMENTO DE CONCRETO PROJETADO COM ESPESSURA DE 10 CM, ARMADO COM FIBRAS DE AÇO, INCLINAÇÃO MENOR QUE 90°, APLICAÇÃO CONTÍNUA, UTILIZANDO EQUIPAMENTO DE PROJEÇÃO COM 3 M³/H DE CAPACIDADE. AF_07/2024","M2",260.41000000000003,0.3014]
["Concreto Projetado",91078,"EXECUÇÃO DE REVESTIMENTO DE CONCRETO PROJETADO COM ESPESSURA DE 10 CM, ARMADO COM FIBRAS DE AÇO, INCLINAÇÃO MENOR QUE 90°, APLICAÇÃO CONTÍNUA, UTILIZANDO EQUIPAMENTO DE PROJEÇÃO COM 6 M³/H DE CAPACIDADE. AF_07/2024","M2",215.85,0.32700000000000001]
["Concreto Projetado",91099,"EXECUÇÃO DE REVESTIMENTO DE CONCRETO PROJETADO COM ESPESSURA DE 10 CM, ARMADO COM FIBRAS DE AÇO, INCLINAÇÃO MENOR QUE 90°, APLICAÇÃO DESCONTÍNUA, UTILIZANDO EQUIPAMENTO DE PROJEÇÃO COM 3 M³/H DE CAPACIDADE. AF_07/2024","M2",246.28,0.30859999999999999]
["Concreto Projetado",91095,"EXECUÇÃO DE REVESTIMENTO DE CONCRETO PROJETADO COM ESPESSURA DE 10 CM, ARMADO COM FIBRAS DE AÇO, INCLINAÇÃO MENOR QUE 90°, APLICAÇÃO DESCONTÍNUA, UTILIZANDO EQUIPAMENTO DE PROJEÇÃO COM 6 M³/H DE CAPACIDADE. AF_07/2024","M2",209.85,0.33129999999999998]
["Concreto Projetado",91076,"EXECUÇÃO DE REVESTIMENTO DE CONCRETO PROJETADO COM ESPESSURA DE 10 CM, ARMADO COM TELA, INCLINAÇÃO DE 90°, APLICAÇÃO CONTÍNUA, UTILIZANDO EQUIPAMENTO DE PROJEÇÃO COM 3 M³/H DE CAPACIDADE. AF_07/2024","M2",391.13,0.1066]
["Concreto Projetado",91072,"EXECUÇÃO DE REVESTIMENTO DE CONCRETO PROJETADO COM ESPESSURA DE 10 CM, ARMADO COM TELA, INCLINAÇÃO DE 90°, APLICAÇÃO CONTÍNUA, UTILIZANDO EQUIPAMENTO DE PROJEÇÃO COM 6 M³/H DE CAPACIDADE. AF_07/2024","M2",344.08,9.8500000000000004E-2]
["Concreto Projetado",91093,"EXECUÇÃO DE REVESTIMENTO DE CONCRETO PROJETADO COM ESPESSURA DE 10 CM, ARMADO COM TELA, INCLINAÇÃO DE 90°, APLICAÇÃO DESCONTÍNUA, UTILIZANDO EQUIPAMENTO DE PROJEÇÃO COM 3 M³/H DE CAPACIDADE. AF_07/2024","M2",405.95,9.7900000000000001E-2]
["Concreto Projetado",91089,"EXECUÇÃO DE REVESTIMENTO DE CONCRETO PROJETADO COM ESPESSURA DE 10 CM, ARMADO COM TELA, INCLINAÇÃO DE 90°, APLICAÇÃO DESCONTÍNUA, UTILIZANDO EQUIPAMENTO DE PROJEÇÃO COM 6 M³/H DE CAPACIDADE. AF_07/2024","M2",367.46,9.0800000000000006E-2]
["Concreto Projetado",91074,"EXECUÇÃO DE REVESTIMENTO DE CONCRETO PROJETADO COM ESPESSURA DE 10 CM, ARMADO COM TELA, INCLINAÇÃO MENOR QUE 90°, APLICAÇÃO CONTÍNUA, UTILIZANDO EQUIPAMENTO DE PROJEÇÃO COM 3 M³/H DE CAPACIDADE. AF_07/2024","M2",256.74,0.15290000000000001]
["Concreto Projetado",91070,"EXECUÇÃO DE REVESTIMENTO DE CONCRETO PROJETADO COM ESPESSURA DE 10 CM, ARMADO COM TELA, INCLINAÇÃO MENOR QUE 90°, APLICAÇÃO CONTÍNUA, UTILIZANDO EQUIPAMENTO DE PROJEÇÃO COM 6 M³/H DE CAPACIDADE. AF_07/2024","M2",220.61,0.1489]
["Concreto Projetado",91091,"EXECUÇÃO DE REVESTIMENTO DE CONCRETO PROJETADO COM ESPESSURA DE 10 CM, ARMADO COM TELA, INCLINAÇÃO MENOR QUE 90°, APLICAÇÃO DESCONTÍNUA, UTILIZANDO EQUIPAMENTO DE PROJEÇÃO COM 3 M³/H DE CAPACIDADE. AF_07/2024","M2",272.85000000000002,0.1386]
["Concreto Projetado",91087,"EXECUÇÃO DE REVESTIMENTO DE CONCRETO PROJETADO COM ESPESSURA DE 10 CM, ARMADO COM TELA, INCLINAÇÃO MENOR QUE 90°, APLICAÇÃO DESCONTÍNUA, UTILIZANDO EQUIPAMENTO DE PROJEÇÃO COM 6 M³/H DE CAPACIDADE. AF_07/2024","M2",242.72,0.1338]
["Concreto Projetado",91083,"EXECUÇÃO DE REVESTIMENTO DE CONCRETO PROJETADO COM ESPESSURA DE 7 CM, ARMADO COM FIBRAS DE AÇO, INCLINAÇÃO DE 90°, APLICAÇÃO CONTÍNUA, UTILIZANDO EQUIPAMENTO DE PROJEÇÃO COM 3 M³/H DE CAPACIDADE. AF_07/2024","M2",353.2,0.24740000000000001]
["Concreto Projetado",91079,"EXECUÇÃO DE REVESTIMENTO DE CONCRETO PROJETADO COM ESPESSURA DE 7 CM, ARMADO COM FIBRAS DE AÇO, INCLINAÇÃO DE 90°, APLICAÇÃO CONTÍNUA, UTILIZANDO EQUIPAMENTO DE PROJEÇÃO COM 6 M³/H DE CAPACIDADE. AF_07/2024","M2",213.48,0.30099999999999999]
["Concreto Projetado",91100,"EXECUÇÃO DE REVESTIMENTO DE CONCRETO PROJETADO COM ESPESSURA DE 7 CM, ARMADO COM FIBRAS DE AÇO, INCLINAÇÃO DE 90°, APLICAÇÃO DESCONTÍNUA, UTILIZANDO EQUIPAMENTO DE PROJEÇÃO COM 3 M³/H DE CAPACIDADE. AF_07/2024","M2",294.54000000000002,0.26379999999999998]
["Concreto Projetado",91096,"EXECUÇÃO DE REVESTIMENTO DE CONCRETO PROJETADO COM ESPESSURA DE 7 CM, ARMADO COM FIBRAS DE AÇO, INCLINAÇÃO DE 90°, APLICAÇÃO DESCONTÍNUA, UTILIZANDO EQUIPAMENTO DE PROJEÇÃO COM 6 M³/H DE CAPACIDADE. AF_07/2024","M2",202.1,0.30869999999999997]
["Concreto Projetado",91081,"EXECUÇÃO DE REVESTIMENTO DE CONCRETO PROJETADO COM ESPESSURA DE 7 CM, ARMADO COM FIBRAS DE AÇO, INCLINAÇÃO MENOR QUE 90°, APLICAÇÃO CONTÍNUA, UTILIZANDO EQUIPAMENTO DE PROJEÇÃO COM 3 M³/H DE CAPACIDADE. AF_07/2024","M2",283.56,0.2742]
["Concreto Projetado",91077,"EXECUÇÃO DE REVESTIMENTO DE CONCRETO PROJETADO COM ESPESSURA DE 7 CM, ARMADO COM FIBRAS DE AÇO, INCLINAÇÃO MENOR QUE 90°, APLICAÇÃO CONTÍNUA, UTILIZANDO EQUIPAMENTO DE PROJEÇÃO COM 6 M³/H DE CAPACIDADE. AF_07/2024","M2",196.82,0.317]
["Concreto Projetado",91098,"EXECUÇÃO DE REVESTIMENTO DE CONCRETO PROJETADO COM ESPESSURA DE 7 CM, ARMADO COM FIBRAS DE AÇO, INCLINAÇÃO MENOR QUE 90°, APLICAÇÃO DESCONTÍNUA, UTILIZANDO EQUIPAMENTO DE PROJEÇÃO COM 3 M³/H DE CAPACIDADE. AF_07/2024","M2",250.43,0.28710000000000002]
["Concreto Projetado",91094,"EXECUÇÃO DE REVESTIMENTO DE CONCRETO PROJETADO COM ESPESSURA DE 7 CM, ARMADO COM FIBRAS DE AÇO, INCLINAÇÃO MENOR QUE 90°, APLICAÇÃO DESCONTÍNUA, UTILIZANDO EQUIPAMENTO DE PROJEÇÃO COM 6 M³/H DE CAPACIDADE. AF_07/2024","M2",188.38,0.32329999999999998]
["Concreto Projetado",91075,"EXECUÇÃO DE REVESTIMENTO DE CONCRETO PROJETADO COM ESPESSURA DE 7 CM, ARMADO COM TELA, INCLINAÇÃO DE 90°, APLICAÇÃO CONTÍNUA, UTILIZANDO EQUIPAMENTO DE PROJEÇÃO COM 3 M³/H DE CAPACIDADE. AF_07/2024","M2",424.2,0.11559999999999999]
["Concreto Projetado",91071,"EXECUÇÃO DE REVESTIMENTO DE CONCRETO PROJETADO COM ESPESSURA DE 7 CM, ARMADO COM TELA, INCLINAÇÃO DE 90°, APLICAÇÃO CONTÍNUA, UTILIZANDO EQUIPAMENTO DE PROJEÇÃO COM 6 M³/H DE CAPACIDADE. AF_07/2024","M2",333.35,0.1019]
["Concreto Projetado",91092,"EXECUÇÃO DE REVESTIMENTO DE CONCRETO PROJETADO COM ESPESSURA DE 7 CM, ARMADO COM TELA, INCLINAÇÃO DE 90°, APLICAÇÃO DESCONTÍNUA, UTILIZANDO EQUIPAMENTO DE PROJEÇÃO COM 3 M³/H DE CAPACIDADE. AF_07/2024","M2",419.39,0.1045]
["Concreto Projetado",91088,"EXECUÇÃO DE REVESTIMENTO DE CONCRETO PROJETADO COM ESPESSURA DE 7 CM, ARMADO COM TELA, INCLINAÇÃO DE 90°, APLICAÇÃO DESCONTÍNUA, UTILIZANDO EQUIPAMENTO DE PROJEÇÃO COM 6 M³/H DE CAPACIDADE. AF_07/2024","M2",354.24,9.3299999999999994E-2]
["Concreto Projetado",91073,"EXECUÇÃO DE REVESTIMENTO DE CONCRETO PROJETADO COM ESPESSURA DE 7 CM, ARMADO COM TELA, INCLINAÇÃO MENOR QUE 90°, APLICAÇÃO CONTÍNUA, UTILIZANDO EQUIPAMENTO DE PROJEÇÃO COM 3 M³/H DE CAPACIDADE. AF_07/2024","M2",268.67,0.1613]
["Concreto Projetado",91069,"EXECUÇÃO DE REVESTIMENTO DE CONCRETO PROJETADO COM ESPESSURA DE 7 CM, ARMADO COM TELA, INCLINAÇÃO MENOR QUE 90°, APLICAÇÃO CONTÍNUA, UTILIZANDO EQUIPAMENTO DE PROJEÇÃO COM 6 M³/H DE CAPACIDADE. AF_07/2024","M2",207.51,0.15670000000000001]
["Concreto Projetado",91090,"EXECUÇÃO DE REVESTIMENTO DE CONCRETO PROJETADO COM ESPESSURA DE 7 CM, ARMADO COM TELA, INCLINAÇÃO MENOR QUE 90°, APLICAÇÃO DESCONTÍNUA, UTILIZANDO EQUIPAMENTO DE PROJEÇÃO COM 3 M³/H DE CAPACIDADE. AF_07/2024","M2",274.14999999999998,0.14599999999999999]
["Concreto Projetado",91086,"EXECUÇÃO DE REVESTIMENTO DE CONCRETO PROJETADO COM ESPESSURA DE 7 CM, ARMADO COM TELA, INCLINAÇÃO MENOR QUE 90°, APLICAÇÃO DESCONTÍNUA, UTILIZANDO EQUIPAMENTO DE PROJEÇÃO COM 6 M³/H DE CAPACIDADE. AF_07/2024","M2",228,0.13969999999999999]
["Concreto Projetado",105522,"REVESTIMENTO VEGETAL PARA SOLO GRAMPEADO VERDE, ATRAVÉS DE HIDROSSEMEADURA. AF_07/2024","M2",0]
["Concreto Protendido",104281,"ANCORAGEM ATIVA PARA CABO COM 1 CORDOALHA DE DIÂMETRO NOMINAL DE 12,7 MM. AF_08/2022","UN",0]
["Concreto Protendido",104287,"ANCORAGEM ATIVA PARA CABO COM 1 CORDOALHA DE DIÂMETRO NOMINAL DE 15,2 MM. AF_08/2022","UN",0]
["Concreto Protendido",104286,"ANCORAGEM ATIVA PARA CABO COM 12 CORDOALHAS DE DIÂMETRO NOMINAL DE 12,7 MM. AF_08/2022","UN",0]
["Concreto Protendido",104292,"ANCORAGEM ATIVA PARA CABO COM 12 CORDOALHAS DE DIÂMETRO NOMINAL DE 15,2 MM. AF_08/2022","UN",0]
["Concreto Protendido",104282,"ANCORAGEM ATIVA PARA CABO COM 2 CORDOALHAS DE DIÂMETRO NOMINAL DE 12,7 MM. AF_08/2022","UN",0]
["Concreto Protendido",104288,"ANCORAGEM ATIVA PARA CABO COM 2 CORDOALHAS DE DIÂMETRO NOMINAL DE 15,2 MM. AF_08/2022","UN",0]
["Concreto Protendido",104283,"ANCORAGEM ATIVA PARA CABO COM 4 CORDOALHAS DE DIÂMETRO NOMINAL DE 12,7 MM. AF_08/2022","UN",0]
["Concreto Protendido",104289,"ANCORAGEM ATIVA PARA CABO COM 4 CORDOALHAS DE DIÂMETRO NOMINAL DE 15,2 MM. AF_08/2022","UN",0]
["Concreto Protendido",104284,"ANCORAGEM ATIVA PARA CABO COM 6 CORDOALHAS DE DIÂMETRO NOMINAL DE 12,7 MM. AF_08/2022","UN",0]
["Concreto Protendido",104290,"ANCORAGEM ATIVA PARA CABO COM 6 CORDOALHAS DE DIÂMETRO NOMINAL DE 15,2 MM. AF_08/2022","UN",0]
["Concreto Protendido",104285,"ANCORAGEM ATIVA PARA CABO COM 7 CORDOALHAS DE DIÂMETRO NOMINAL DE 12,7 MM. AF_08/2022","UN",0]
["Concreto Protendido",104291,"ANCORAGEM ATIVA PARA CABO COM 7 CORDOALHAS DE DIÂMETRO NOMINAL DE 15,2 MM. AF_08/2022","UN",0]
["Concreto Protendido",104267,"ANCORAGEM ATIVA PARA CORDOALHA COM 7 FIOS E DIÂMETRO NOMINAL DE 12,7 MM. AF_08/2022","UN",0]
["Concreto Protendido",104268,"ANCORAGEM ATIVA PARA CORDOALHA COM 7 FIOS E DIÂMETRO NOMINAL DE 15,2 MM. AF_08/2022","UN",0]
["Concreto Protendido",104269,"ANCORAGEM PASSIVA PARA CABO COM 1 CORDOALHA DE DIÂMETRO NOMINAL DE 12,7 MM. AF_08/2022","UN",0]
["Concreto Protendido",104270,"ANCORAGEM PASSIVA PARA CABO COM 1 CORDOALHA DE DIÂMETRO NOMINAL DE 15,2 MM. AF_08/2022","UN",0]
["Concreto Protendido",104276,"ANCORAGEM PASSIVA PARA CABO COM 12 CORDOALHAS DE DIÂMETRO NOMINAL DE 12,7 MM. AF_08/2022","UN",0]
["Concreto Protendido",104280,"ANCORAGEM PASSIVA PARA CABO COM 12 CORDOALHAS DE DIÂMETRO NOMINAL DE 15,2 MM. AF_08/2022","UN",0]
["Concreto Protendido",104271,"ANCORAGEM PASSIVA PARA CABO COM 2 CORDOALHAS DE DIÂMETRO NOMINAL DE 12,7 MM. AF_08/2022","UN",0]
["Concreto Protendido",104272,"ANCORAGEM PASSIVA PARA CABO COM 2 CORDOALHAS DE DIÂMETRO NOMINAL DE 15,2 MM. AF_08/2022","UN",0]
["Concreto Protendido",104273,"ANCORAGEM PASSIVA PARA CABO COM 4 CORDOALHAS DE DIÂMETRO NOMINAL DE 12,7 MM. AF_08/2022","UN",0]
["Concreto Protendido",104277,"ANCORAGEM PASSIVA PARA CABO COM 4 CORDOALHAS DE DIÂMETRO NOMINAL DE 15,2 MM. AF_08/2022","UN",0]
["Concreto Protendido",104274,"ANCORAGEM PASSIVA PARA CABO COM 6 CORDOALHAS DE DIÂMETRO NOMINAL DE 12,7 MM. AF_08/2022","UN",0]
["Concreto Protendido",104278,"ANCORAGEM PASSIVA PARA CABO COM 6 CORDOALHAS DE DIÂMETRO NOMINAL DE 15,2 MM. AF_08/2022","UN",0]
["Concreto Protendido",104275,"ANCORAGEM PASSIVA PARA CABO COM 7 CORDOALHAS DE DIÂMETRO NOMINAL DE 12,7 MM. AF_08/2022","UN",0]
["Concreto Protendido",104279,"ANCORAGEM PASSIVA PARA CABO COM 7 CORDOALHAS DE DIÂMETRO NOMINAL DE 15,2 MM. AF_08/2022","UN",0]
["Concreto Protendido",104265,"ANCORAGEM PASSIVA PARA CORDOALHA COM 7 FIOS E DIÂMETRO NOMINAL DE 12,7 MM. AF_08/2022","UN",0]
["Concreto Protendido",104266,"ANCORAGEM PASSIVA PARA CORDOALHA COM 7 FIOS E DIÂMETRO NOMINAL DE 15,2 MM. AF_08/2022","UN",0]
["Concreto Protendido",104305,"FORNECIMENTO E INSTALAÇÃO DE BAINHA CIRCULAR COM DIÂMETRO NOMINAL DE 35 MM, INCLUSIVE INJEÇÃO DE NATA DE CIMENTO. AF_08/2022","M",0]
["Concreto Protendido",104306,"FORNECIMENTO E INSTALAÇÃO DE BAINHA CIRCULAR COM DIÂMETRO NOMINAL DE 40 MM, INCLUSIVE INJEÇÃO DE NATA DE CIMENTO. AF_08/2022","M",0]
["Concreto Protendido",104307,"FORNECIMENTO E INSTALAÇÃO DE BAINHA CIRCULAR COM DIÂMETRO NOMINAL DE 50 MM, INCLUSIVE INJEÇÃO DE NATA DE CIMENTO. AF_08/2022","M",0]
["Concreto Protendido",104308,"FORNECIMENTO E INSTALAÇÃO DE BAINHA CIRCULAR COM DIÂMETRO NOMINAL DE 55 MM, INCLUSIVE INJEÇÃO DE NATA DE CIMENTO. AF_08/2022","M",0]
["Concreto Protendido",104309,"FORNECIMENTO E INSTALAÇÃO DE BAINHA CIRCULAR COM DIÂMETRO NOMINAL DE 60 MM, INCLUSIVE INJEÇÃO DE NATA DE CIMENTO. AF_08/2022","M",0]
["Concreto Protendido",104310,"FORNECIMENTO E INSTALAÇÃO DE BAINHA CIRCULAR COM DIÂMETRO NOMINAL DE 65 MM, INCLUSIVE INJEÇÃO DE NATA DE CIMENTO. AF_08/2022","M",0]
["Concreto Protendido",104311,"FORNECIMENTO E INSTALAÇÃO DE BAINHA CIRCULAR COM DIÂMETRO NOMINAL DE 80 MM, INCLUSIVE INJEÇÃO DE NATA DE CIMENTO. AF_08/2022","M",0]
["Concreto Protendido",104301,"FORNECIMENTO E INSTALAÇÃO DE CABO COM CORDOALHA NUA, RESISTÊNCIA À TRAÇÃO DE 190 KGF/MM² E DIÂMETRO NOMINAL DE 12,7 MM, EM VIGA. AF_08/2022","KG",0]
["Concreto Protendido",104302,"FORNECIMENTO E INSTALAÇÃO DE CABO COM CORDOALHA NUA, RESISTÊNCIA À TRAÇÃO DE 190 KGF/MM² E DIÂMETRO NOMINAL DE 15,2 MM, EM VIGA. AF_08/2022","KG",0]
["Concreto Protendido",104303,"FORNECIMENTO E INSTALAÇÃO DE CABO COM CORDOALHA NUA, RESISTÊNCIA À TRAÇÃO DE 210 KGF/MM² E DIÂMETRO NOMINAL DE 12,7 MM, EM VIGA. AF_08/2022","KG",0]
["Concreto Protendido",104304,"FORNECIMENTO E INSTALAÇÃO DE CABO COM CORDOALHA NUA, RESISTÊNCIA À TRAÇÃO DE 210 KGF/MM² E DIÂMETRO NOMINAL DE 15,2 MM, EM VIGA. AF_08/2022","KG",0]
["Concreto Protendido",104293,"FORNECIMENTO E INSTALAÇÃO DE CORDOALHA COM 7 FIOS, RESISTÊNCIA À TRAÇÃO DE 190 KGF/MM² E DIÂMETRO NOMINAL DE 12,7 MM, EM LAJE. AF_08/2022","KG",0]
["Concreto Protendido",104297,"FORNECIMENTO E INSTALAÇÃO DE CORDOALHA COM 7 FIOS, RESISTÊNCIA À TRAÇÃO DE 190 KGF/MM² E DIÂMETRO NOMINAL DE 12,7 MM, EM VIGA. AF_08/2022","KG",0]
["Concreto Protendido",104295,"FORNECIMENTO E INSTALAÇÃO DE CORDOALHA COM 7 FIOS, RESISTÊNCIA À TRAÇÃO DE 190 KGF/MM² E DIÂMETRO NOMINAL DE 15,2 MM, EM LAJE. AF_08/2022","KG",0]
["Concreto Protendido",104299,"FORNECIMENTO E INSTALAÇÃO DE CORDOALHA COM 7 FIOS, RESISTÊNCIA À TRAÇÃO DE 190 KGF/MM² E DIÂMETRO NOMINAL DE 15,2 MM, EM VIGA. AF_08/2022","KG",0]
["Concreto Protendido",104294,"FORNECIMENTO E INSTALAÇÃO DE CORDOALHA COM 7 FIOS, RESISTÊNCIA À TRAÇÃO DE 210 KGF/MM² E DIÂMETRO NOMINAL DE 12,7 MM, EM LAJE. AF_08/2022","KG",0]
["Concreto Protendido",104298,"FORNECIMENTO E INSTALAÇÃO DE CORDOALHA COM 7 FIOS, RESISTÊNCIA À TRAÇÃO DE 210 KGF/MM² E DIÂMETRO NOMINAL DE 12,7 MM, EM VIGA. AF_08/2022","KG",0]
["Concreto Protendido",104296,"FORNECIMENTO E INSTALAÇÃO DE CORDOALHA COM 7 FIOS, RESISTÊNCIA À TRAÇÃO DE 210 KGF/MM² E DIÂMETRO NOMINAL DE 15,2 MM, EM LAJE. AF_08/2022","KG",0]
["Concreto Protendido",104300,"FORNECIMENTO E INSTALAÇÃO DE CORDOALHA COM 7 FIOS, RESISTÊNCIA À TRAÇÃO DE 210 KGF/MM² E DIÂMETRO NOMINAL DE 15,2 MM, EM VIGA. AF_08/2022","KG",0]
["Contrapiso",90944,"CONTRAPISO ACÚSTICO EM ARGAMASSA PRONTA, PREPARO MANUAL, APLICADO EM ÁREAS SECA, ACABAMENTO NÃO REFORÇADO, ESPESSURA 6CM. AF_07/2021","M2",228.29,0.1055]
["Contrapiso",90934,"CONTRAPISO ACÚSTICO EM ARGAMASSA PRONTA, PREPARO MANUAL, APLICADO EM ÁREAS SECAS, ACABAMENTO NÃO REFORÇADO, ESPESSURA 5CM. AF_07/2021","M2",211.31,0.114]
["Contrapiso",90954,"CONTRAPISO ACÚSTICO EM ARGAMASSA PRONTA, PREPARO MANUAL, APLICADO EM ÁREAS SECAS, ACABAMENTO NÃO REFORÇADO, ESPESSURA 7CM. AF_07/2021","M2",259.38,9.2799999999999994E-2]
["Contrapiso",90933,"CONTRAPISO ACÚSTICO EM ARGAMASSA PRONTA, PREPARO MECÂNICO COM MISTURADOR 300 KG, APLICADO EM ÁREAS SECAS, ACABAMENTO NÃO REFORÇADO, ESPESSURA 5CM. AF_07/2021","M2",195.98,0.1229]
["Contrapiso",90943,"CONTRAPISO ACÚSTICO EM ARGAMASSA PRONTA, PREPARO MECÂNICO COM MISTURADOR 300 KG, APLICADO EM ÁREAS SECAS, ACABAMENTO NÃO REFORÇADO, ESPESSURA 6CM. AF_07/2021","M2",211.59,0.1138]
["Contrapiso",90953,"CONTRAPISO ACÚSTICO EM ARGAMASSA PRONTA, PREPARO MECÂNICO COM MISTURADOR 300 KG, APLICADO EM ÁREAS SECAS, ACABAMENTO NÃO REFORÇADO, ESPESSURA 7CM. AF_07/2021","M2",240.18,0.1003]
["Contrapiso",90932,"CONTRAPISO ACÚSTICO EM ARGAMASSA TRAÇO 1:4 (CIMENTO E AREIA), PREPARO MANUAL, APLICADO EM ÁREAS SECAS, ACABAMENTO NÃO REFORÇADO, ESPESSURA 5CM. AF_07/2021","M2",97,0.2482]
["Contrapiso",90942,"CONTRAPISO ACÚSTICO EM ARGAMASSA TRAÇO 1:4 (CIMENTO E AREIA), PREPARO MANUAL, APLICADO EM ÁREAS SECAS, ACABAMENTO NÃO REFORÇADO, ESPESSURA 6CM. AF_07/2021","M2",103.8,0.23200000000000001]
["Contrapiso",90952,"CONTRAPISO ACÚSTICO EM ARGAMASSA TRAÇO 1:4 (CIMENTO E AREIA), PREPARO MANUAL, APLICADO EM ÁREAS SECAS, ACABAMENTO NÃO REFORÇADO, ESPESSURA 7CM. AF_07/2021","M2",116.25,0.20710000000000001]
["Contrapiso",90930,"CONTRAPISO ACÚSTICO EM ARGAMASSA TRAÇO 1:4 (CIMENTO E AREIA), PREPARO MECÂNICO COM BETONEIRA 400L, APLICADO EM ÁREAS SECAS, ACABAMENTO NÃO REFORÇADO, ESPESSURA 5CM. AF_07/2021","M2",88.79,0.2712]
["Contrapiso",90940,"CONTRAPISO ACÚSTICO EM ARGAMASSA TRAÇO 1:4 (CIMENTO E AREIA), PREPARO MECÂNICO COM BETONEIRA 400L, APLICADO EM ÁREAS SECAS, ACABAMENTO NÃO REFORÇADO, ESPESSURA 6CM. AF_07/2021","M2",94.86,0.25380000000000003]
["Contrapiso",90950,"CONTRAPISO ACÚSTICO EM ARGAMASSA TRAÇO 1:4 (CIMENTO E AREIA), PREPARO MECÂNICO COM BETONEIRA 400L, APLICADO EM ÁREAS SECAS, ACABAMENTO NÃO REFORÇADO, ESPESSURA 7CM. AF_07/2021","M2",105.98,0.22720000000000001]
["Contrapiso",88476,"CONTRAPISO COM ARGAMASSA AUTONIVELANTE, APLICADO SOBRE LAJE, ADERIDO, ESPESSURA 2CM. AF_07/2021","M2",25.42,0]
["Contrapiso",88477,"CONTRAPISO COM ARGAMASSA AUTONIVELANTE, APLICADO SOBRE LAJE, ADERIDO, ESPESSURA 3CM. AF_07/2021","M2",35.07,0]
["Contrapiso",88478,"CONTRAPISO COM ARGAMASSA AUTONIVELANTE, APLICADO SOBRE LAJE, ADERIDO, ESPESSURA 4CM. AF_07/2021","M2",43.05,0]
["Contrapiso",88470,"CONTRAPISO COM ARGAMASSA AUTONIVELANTE, APLICADO SOBRE LAJE, NÃO ADERIDO, ESPESSURA 3CM. AF_07/2021","M2",30.93,0]
["Contrapiso",88471,"CONTRAPISO COM ARGAMASSA AUTONIVELANTE, APLICADO SOBRE LAJE, NÃO ADERIDO, ESPESSURA 4CM. AF_07/2021","M2",38.659999999999997,0]
["Contrapiso",88472,"CONTRAPISO COM ARGAMASSA AUTONIVELANTE, APLICADO SOBRE LAJE, NÃO ADERIDO, ESPESSURA 5CM. AF_07/2021","M2",44.79,0]
["Contrapiso",87759,"CONTRAPISO EM ARGAMASSA PRONTA, PREPARO MANUAL, APLICADO EM ÁREAS MOLHADAS SOBRE IMPERMEABILIZAÇÃO, ACABAMENTO NÃO REFORÇADO, ESPESSURA 3CM. AF_07/2021","M2",144.55000000000001,0]
["Contrapiso",87769,"CONTRAPISO EM ARGAMASSA PRONTA, PREPARO MANUAL, APLICADO EM ÁREAS MOLHADAS SOBRE IMPERMEABILIZAÇÃO, ACABAMENTO NÃO REFORÇADO, ESPESSURA 4CM. AF_07/2021","M2",173.14,0]
["Contrapiso",87739,"CONTRAPISO EM ARGAMASSA PRONTA, PREPARO MANUAL, APLICADO EM ÁREAS MOLHADAS SOBRE LAJE, ADERIDO, ACABAMENTO NÃO REFORÇADO, ESPESSURA 2CM. AF_07/2021","M2",111.97,0]
["Contrapiso",87749,"CONTRAPISO EM ARGAMASSA PRONTA, PREPARO MANUAL, APLICADO EM ÁREAS MOLHADAS SOBRE LAJE, ADERIDO, ACABAMENTO NÃO REFORÇADO, ESPESSURA 3CM. AF_07/2021","M2",146.82,0]
["Contrapiso",87624,"CONTRAPISO EM ARGAMASSA PRONTA, PREPARO MANUAL, APLICADO EM ÁREAS SECAS SOBRE LAJE, ADERIDO, ACABAMENTO NÃO REFORÇADO, ESPESSURA 2CM. AF_07/2021","M2",98.76,0]
["Contrapiso",87634,"CONTRAPISO EM ARGAMASSA PRONTA, PREPARO MANUAL, APLICADO EM ÁREAS SECAS SOBRE LAJE, ADERIDO, ACABAMENTO NÃO REFORÇADO, ESPESSURA 3CM. AF_07/2021","M2",133.6,0]
["Contrapiso",87644,"CONTRAPISO EM ARGAMASSA PRONTA, PREPARO MANUAL, APLICADO EM ÁREAS SECAS SOBRE LAJE, ADERIDO, ACABAMENTO NÃO REFORÇADO, ESPESSURA 4CM. AF_07/2021","M2",162.13,0]
["Contrapiso",87684,"CONTRAPISO EM ARGAMASSA PRONTA, PREPARO MANUAL, APLICADO EM ÁREAS SECAS SOBRE LAJE, NÃO ADERIDO, ACABAMENTO NÃO REFORÇADO, ESPESSURA 4CM. AF_07/2021","M2",157.26,0]
["Contrapiso",87694,"CONTRAPISO EM ARGAMASSA PRONTA, PREPARO MANUAL, APLICADO EM ÁREAS SECAS SOBRE LAJE, NÃO ADERIDO, ACABAMENTO NÃO REFORÇADO, ESPESSURA 5CM. AF_07/2021","M2",180.13,0]
["Contrapiso",87704,"CONTRAPISO EM ARGAMASSA PRONTA, PREPARO MANUAL, APLICADO EM ÁREAS SECAS SOBRE LAJE, NÃO ADERIDO, ACABAMENTO NÃO REFORÇADO, ESPESSURA 6CM. AF_07/2021","M2",195.69,0]
["Contrapiso",87758,"CONTRAPISO EM ARGAMASSA PRONTA, PREPARO MECÂNICO COM MISTURADOR 300 KG, APLICADO EM ÁREAS MOLHADAS SOBRE IMPERMEABILIZAÇÃO, ACABAMENTO NÃO REFORÇADO, ESPESSURA 3CM. AF_07/2021","M2",133.66,0]
["Contrapiso",87768,"CONTRAPISO EM ARGAMASSA PRONTA, PREPARO MECÂNICO COM MISTURADOR 300 KG, APLICADO EM ÁREAS MOLHADAS SOBRE IMPERMEABILIZAÇÃO, ACABAMENTO NÃO REFORÇADO, ESPESSURA 4CM. AF_07/2021","M2",159.74,0]
["Contrapiso",87738,"CONTRAPISO EM ARGAMASSA PRONTA, PREPARO MECÂNICO COM MISTURADOR 300 KG, APLICADO EM ÁREAS MOLHADAS SOBRE LAJE, ADERIDO, ACABAMENTO NÃO REFORÇADO, ESPESSURA 2CM. AF_07/2021","M2",104.14,0]
["Contrapiso",87748,"CONTRAPISO EM ARGAMASSA PRONTA, PREPARO MECÂNICO COM MISTURADOR 300 KG, APLICADO EM ÁREAS MOLHADAS SOBRE LAJE, ADERIDO, ACABAMENTO NÃO REFORÇADO, ESPESSURA 3CM. AF_07/2021","M2",135.93,0]
["Contrapiso",87623,"CONTRAPISO EM ARGAMASSA PRONTA, PREPARO MECÂNICO COM MISTURADOR 300 KG, APLICADO EM ÁREAS SECAS SOBRE LAJE, ADERIDO, ACABAMENTO NÃO REFORÇADO, ESPESSURA 2CM. AF_07/2021","M2",90.93,0]
["Contrapiso",87633,"CONTRAPISO EM ARGAMASSA PRONTA, PREPARO MECÂNICO COM MISTURADOR 300 KG, APLICADO EM ÁREAS SECAS SOBRE LAJE, ADERIDO, ACABAMENTO NÃO REFORÇADO, ESPESSURA 3CM. AF_07/2021","M2",122.71,0]
["Contrapiso",87643,"CONTRAPISO EM ARGAMASSA PRONTA, PREPARO MECÂNICO COM MISTURADOR 300 KG, APLICADO EM ÁREAS SECAS SOBRE LAJE, ADERIDO, ACABAMENTO NÃO REFORÇADO, ESPESSURA 4CM. AF_07/2021","M2",148.72999999999999,0]
["Contrapiso",87683,"CONTRAPISO EM ARGAMASSA PRONTA, PREPARO MECÂNICO COM MISTURADOR 300 KG, APLICADO EM ÁREAS SECAS SOBRE LAJE, NÃO ADERIDO, ACABAMENTO NÃO REFORÇADO, ESPESSURA 4CM. AF_07/2021","M2",143.86000000000001,0]
["Contrapiso",87703,"CONTRAPISO EM ARGAMASSA PRONTA, PREPARO MECÂNICO COM MISTURADOR 300 KG, APLICADO EM ÁREAS SECAS SOBRE LAJE, NÃO ADERIDO, ACABAMENTO NÃO REFORÇADO, ESPESSURA 6CM. AF_07/2021","M2",178.99,0]
["Contrapiso",87693,"CONTRAPISO EM ARGAMASSA PRONTA, PREPARO MECÂNICO COM MISTURADOR 300 KG, APLICADO EM ÁREAS SECAS SOBRE LAJE, NÃO ADERIDO, ESPESSURA 5CM. AF_07/2021","M2",164.8,0]
["Contrapiso",87757,"CONTRAPISO EM ARGAMASSA TRAÇO 1:4 (CIMENTO E AREIA), PREPARO MANUAL, APLICADO EM ÁREAS MOLHADAS SOBRE IMPERMEABILIZAÇÃO, ACABAMENTO NÃO REFORÇADO, ESPESSURA 3CM. AF_07/2021","M2",63.38,0]
["Contrapiso",87767,"CONTRAPISO EM ARGAMASSA TRAÇO 1:4 (CIMENTO E AREIA), PREPARO MANUAL, APLICADO EM ÁREAS MOLHADAS SOBRE IMPERMEABILIZAÇÃO, ACABAMENTO NÃO REFORÇADO, ESPESSURA 4CM. AF_07/2021","M2",73.319999999999993,0]
["Contrapiso",87737,"CONTRAPISO EM ARGAMASSA TRAÇO 1:4 (CIMENTO E AREIA), PREPARO MANUAL, APLICADO EM ÁREAS MOLHADAS SOBRE LAJE, ADERIDO, ACABAMENTO NÃO REFORÇADO, ESPESSURA 2CM. AF_07/2021","M2",53.59,0]
["Contrapiso",87747,"CONTRAPISO EM ARGAMASSA TRAÇO 1:4 (CIMENTO E AREIA), PREPARO MANUAL, APLICADO EM ÁREAS MOLHADAS SOBRE LAJE, ADERIDO, ACABAMENTO NÃO REFORÇADO, ESPESSURA 3CM. AF_07/2021","M2",65.650000000000006,0]
["Contrapiso",87622,"CONTRAPISO EM ARGAMASSA TRAÇO 1:4 (CIMENTO E AREIA), PREPARO MANUAL, APLICADO EM ÁREAS SECAS SOBRE LAJE, ADERIDO, ACABAMENTO NÃO REFORÇADO, ESPESSURA 2CM. AF_07/2021","M2",40.380000000000003,0]
["Contrapiso",87632,"CONTRAPISO EM ARGAMASSA TRAÇO 1:4 (CIMENTO E AREIA), PREPARO MANUAL, APLICADO EM ÁREAS SECAS SOBRE LAJE, ADERIDO, ACABAMENTO NÃO REFORÇADO, ESPESSURA 3CM. AF_07/2021","M2",52.43,0]
["Contrapiso",87642,"CONTRAPISO EM ARGAMASSA TRAÇO 1:4 (CIMENTO E AREIA), PREPARO MANUAL, APLICADO EM ÁREAS SECAS SOBRE LAJE, ADERIDO, ACABAMENTO NÃO REFORÇADO, ESPESSURA 4CM. AF_07/2021","M2",62.31,0]
["Contrapiso",87682,"CONTRAPISO EM ARGAMASSA TRAÇO 1:4 (CIMENTO E AREIA), PREPARO MANUAL, APLICADO EM ÁREAS SECAS SOBRE LAJE, NÃO ADERIDO, ACABAMENTO NÃO REFORÇADO, ESPESSURA 4CM. AF_07/2021","M2",57.44,0]
["Contrapiso",87692,"CONTRAPISO EM ARGAMASSA TRAÇO 1:4 (CIMENTO E AREIA), PREPARO MANUAL, APLICADO EM ÁREAS SECAS SOBRE LAJE, NÃO ADERIDO, ACABAMENTO NÃO REFORÇADO, ESPESSURA 5CM. AF_07/2021","M2",65.819999999999993,0]
["Contrapiso",87702,"CONTRAPISO EM ARGAMASSA TRAÇO 1:4 (CIMENTO E AREIA), PREPARO MANUAL, APLICADO EM ÁREAS SECAS SOBRE LAJE, NÃO ADERIDO, ACABAMENTO NÃO REFORÇADO, ESPESSURA 6CM. AF_07/2021","M2",71.2,0]
["Contrapiso",87755,"CONTRAPISO EM ARGAMASSA TRAÇO 1:4 (CIMENTO E AREIA), PREPARO MECÂNICO COM BETONEIRA 400 L, APLICADO EM ÁREAS MOLHADAS SOBRE IMPERMEABILIZAÇÃO, ACABAMENTO NÃO REFORÇADO, ESPESSURA 3CM. AF_07/2021","M2",57.55,0]
["Contrapiso",87765,"CONTRAPISO EM ARGAMASSA TRAÇO 1:4 (CIMENTO E AREIA), PREPARO MECÂNICO COM BETONEIRA 400 L, APLICADO EM ÁREAS MOLHADAS SOBRE IMPERMEABILIZAÇÃO, ACABAMENTO NÃO REFORÇADO, ESPESSURA 4CM. AF_07/2021","M2",66.150000000000006,0]
["Contrapiso",87735,"CONTRAPISO EM ARGAMASSA TRAÇO 1:4 (CIMENTO E AREIA), PREPARO MECÂNICO COM BETONEIRA 400 L, APLICADO EM ÁREAS MOLHADAS SOBRE LAJE, ADERIDO, ACABAMENTO NÃO REFORÇADO, ESPESSURA 2CM. AF_07/2021","M2",49.4,0]
["Contrapiso",87745,"CONTRAPISO EM ARGAMASSA TRAÇO 1:4 (CIMENTO E AREIA), PREPARO MECÂNICO COM BETONEIRA 400 L, APLICADO EM ÁREAS MOLHADAS SOBRE LAJE, ADERIDO, ACABAMENTO NÃO REFORÇADO, ESPESSURA 3CM. AF_07/2021","M2",59.82,0]
["Contrapiso",87620,"CONTRAPISO EM ARGAMASSA TRAÇO 1:4 (CIMENTO E AREIA), PREPARO MECÂNICO COM BETONEIRA 400 L, APLICADO EM ÁREAS SECAS SOBRE LAJE, ADERIDO, ACABAMENTO NÃO REFORÇADO, ESPESSURA 2CM. AF_07/2021","M2",36.19,0]
["Contrapiso",87630,"CONTRAPISO EM ARGAMASSA TRAÇO 1:4 (CIMENTO E AREIA), PREPARO MECÂNICO COM BETONEIRA 400 L, APLICADO EM ÁREAS SECAS SOBRE LAJE, ADERIDO, ACABAMENTO NÃO REFORÇADO, ESPESSURA 3CM. AF_07/2021","M2",46.6,0]
["Contrapiso",87640,"CONTRAPISO EM ARGAMASSA TRAÇO 1:4 (CIMENTO E AREIA), PREPARO MECÂNICO COM BETONEIRA 400 L, APLICADO EM ÁREAS SECAS SOBRE LAJE, ADERIDO, ACABAMENTO NÃO REFORÇADO, ESPESSURA 4CM. AF_07/2021","M2",55.14,0]
["Contrapiso",87680,"CONTRAPISO EM ARGAMASSA TRAÇO 1:4 (CIMENTO E AREIA), PREPARO MECÂNICO COM BETONEIRA 400 L, APLICADO EM ÁREAS SECAS SOBRE LAJE, NÃO ADERIDO, ACABAMENTO NÃO REFORÇADO, ESPESSURA 4CM. AF_07/2021","M2",50.27,0]
["Contrapiso",87690,"CONTRAPISO EM ARGAMASSA TRAÇO 1:4 (CIMENTO E AREIA), PREPARO MECÂNICO COM BETONEIRA 400 L, APLICADO EM ÁREAS SECAS SOBRE LAJE, NÃO ADERIDO, ACABAMENTO NÃO REFORÇADO, ESPESSURA 5CM. AF_07/2021","M2",57.61,0]
["Contrapiso",87700,"CONTRAPISO EM ARGAMASSA TRAÇO 1:4 (CIMENTO E AREIA), PREPARO MECÂNICO COM BETONEIRA 400 L, APLICADO EM ÁREAS SECAS SOBRE LAJE, NÃO ADERIDO, ACABAMENTO NÃO REFORÇADO, ESPESSURA 6CM. AF_07/2021","M2",62.26,0]
["Contrapiso",102803,"REFORÇO SUPERFICIAL PARA CONTRAPISOS DE ARGAMASSA SEMI-SECA. AF_07/2021","M2",2.62,0]
["Custos Horários Produtivo e Improdutivo dos Equipamentos",92717,"APARELHO PARA CORTE E SOLDA OXI-ACETILENO SOBRE RODAS, INCLUSIVE CILINDROS E MAÇARICOS - CHI DIURNO. AF_05/2023","CHI",0.56999999999999995,0]
["Custos Horários Produtivo e Improdutivo dos Equipamentos",92716,"APARELHO PARA CORTE E SOLDA OXI-ACETILENO SOBRE RODAS, INCLUSIVE CILINDROS E MAÇARICOS - CHP DIURNO. AF_05/2023","CHP",110.16,0.98950000000000005]
["Custos Horários Produtivo e Improdutivo dos Equipamentos",103668,"BATE ESTACA PARA INSTALAÇÃO DE DEFENSAS METÁLICAS (GUARD RAIL) FIXO, INCLUSIVE CAMINHÃO TOCO PBT 9.700 KG, POTÊNCIA DE 160 CV - CHI DIURNO. AF_05/2023","CHI",0]
["Custos Horários Produtivo e Improdutivo dos Equipamentos",103667,"BATE ESTACA PARA INSTALAÇÃO DE DEFENSAS METÁLICAS (GUARD RAIL) FIXO, INCLUSIVE CAMINHÃO TOCO PBT 9.700 KG, POTÊNCIA DE 160 CV - CHP DIURNO. AF_05/2023","CHP",0]
["Custos Horários Produtivo e Improdutivo dos Equipamentos",89218,"BATE-ESTACAS POR GRAVIDADE, POTÊNCIA DE 160 HP, PESO DO MARTELO ATÉ 3 TONELADAS - CHI DIURNO. AF_11/2014","CHI",90.26,0.43140000000000001]
["Custos Horários Produtivo e Improdutivo dos Equipamentos",89843,"BATE-ESTACAS POR GRAVIDADE, POTÊNCIA DE 160 HP, PESO DO MARTELO ATÉ 3 TONELADAS - CHP DIURNO. AF_11/2014","CHP",209.76,0.31879999999999997]
["Custos Horários Produtivo e Improdutivo dos Equipamentos",87446,"BETONEIRA CAPACIDADE NOMINAL 400 L, CAPACIDADE DE MISTURA 310 L, MOTOR A DIESEL POTÊNCIA 5,0 HP, SEM CARREGADOR - CHI DIURNO. AF_05/2023","CHI",0.64,0]
["Custos Horários Produtivo e Improdutivo dos Equipamentos",87445,"BETONEIRA CAPACIDADE NOMINAL 400 L, CAPACIDADE DE MISTURA 310 L, MOTOR A DIESEL POTÊNCIA 5,0 HP, SEM CARREGADOR - CHP DIURNO. AF_05/2023","CHP",5.42,0]
["Custos Horários Produtivo e Improdutivo dos Equipamentos",93234,"BETONEIRA CAPACIDADE NOMINAL 400 L, CAPACIDADE DE MISTURA 310 L, MOTOR A GASOLINA POTÊNCIA 5,5 HP, SEM CARREGADOR - CHI DIURNO. AF_02/2016","CHI",0.59,0]
["Custos Horários Produtivo e Improdutivo dos Equipamentos",93233,"BETONEIRA CAPACIDADE NOMINAL 400 L, CAPACIDADE DE MISTURA 310 L, MOTOR A GASOLINA POTÊNCIA 5,5 HP, SEM CARREGADOR - CHP DIURNO. AF_02/2016","CHP",5.76,0]
["Custos Horários Produtivo e Improdutivo dos Equipamentos",102953,"BETONEIRA CAPACIDADE NOMINAL DE 250 L, CAPACIDADE DE MISTURA DE 175 L, MOTOR ELÉTRICO MONOFÁSICO POTÊNCIA 1CV - CHI DIURNO. AF_05/2023","CHI",0]
["Custos Horários Produtivo e Improdutivo dos Equipamentos",102952,"BETONEIRA CAPACIDADE NOMINAL DE 250 L, CAPACIDADE DE MISTURA DE 175 L, MOTOR ELÉTRICO MONOFÁSICO POTÊNCIA 1CV - CHP DIURNO. AF_05/2023","CHP",0]
["Custos Horários Produtivo e Improdutivo dos Equipamentos",88831,"BETONEIRA CAPACIDADE NOMINAL DE 400 L, CAPACIDADE DE MISTURA 280 L, MOTOR ELÉTRICO TRIFÁSICO POTÊNCIA DE 2 CV, SEM CARREGADOR - CHI DIURNO. AF_05/2023","CHI",0.46,0]
["Custos Horários Produtivo e Improdutivo dos Equipamentos",88830,"BETONEIRA CAPACIDADE NOMINAL DE 400 L, CAPACIDADE DE MISTURA 280 L, MOTOR ELÉTRICO TRIFÁSICO POTÊNCIA DE 2 CV, SEM CARREGADOR - CHP DIURNO. AF_05/2023","CHP",2.08,0]
["Custos Horários Produtivo e Improdutivo dos Equipamentos",89226,"BETONEIRA CAPACIDADE NOMINAL DE 600 L, CAPACIDADE DE MISTURA 360 L, MOTOR ELÉTRICO TRIFÁSICO POTÊNCIA DE 4 CV, SEM CARREGADOR - CHI DIURNO. AF_05/2023","CHI",1.92,0]
["Custos Horários Produtivo e Improdutivo dos Equipamentos",89225,"BETONEIRA CAPACIDADE NOMINAL DE 600 L, CAPACIDADE DE MISTURA 360 L, MOTOR ELÉTRICO TRIFÁSICO POTÊNCIA DE 4 CV, SEM CARREGADOR - CHP DIURNO. AF_05/2023","CHP",6.03,0]
["Custos Horários Produtivo e Improdutivo dos Equipamentos",89279,"BETONEIRA CAPACIDADE NOMINAL DE 600 L, CAPACIDADE DE MISTURA 440 L, MOTOR A DIESEL POTÊNCIA 10 HP, COM CARREGADOR - CHI DIURNO. AF_05/2023","CHI",2.33,0]
["Custos Horários Produtivo e Improdutivo dos Equipamentos",89278,"BETONEIRA CAPACIDADE NOMINAL DE 600 L, CAPACIDADE DE MISTURA 440 L, MOTOR A DIESEL POTÊNCIA 10 HP, COM CARREGADOR - CHP DIURNO. AF_05/2023","CHP",12.96,0]
["Custos Horários Produtivo e Improdutivo dos Equipamentos",90651,"BOMBA CENTRÍFUGA MONOESTÁGIO COM MOTOR ELÉTRICO MONOFÁSICO, POTÊNCIA 15 HP, DIÂMETRO DO ROTOR 173 MM, HM/Q = 30 MCA / 90 M3/H A 45 MCA / 55 M3/H - CHI DIURNO. AF_06/2015","CHI",0.96,0]
["Custos Horários Produtivo e Improdutivo dos Equipamentos",90650,"BOMBA CENTRÍFUGA MONOESTÁGIO COM MOTOR ELÉTRICO MONOFÁSICO, POTÊNCIA 15 HP, DIÂMETRO DO ROTOR 173 MM, HM/Q = 30 MCA / 90 M3/H A 45 MCA / 55 M3/H - CHP DIURNO. AF_06/2015","CHP",11.12,0]
["Custos Horários Produtivo e Improdutivo dos Equipamentos",106101,"BOMBA DE INJEÇÃO, ELÉTRICA, TRIFÁSICA, POTÊNCIA 7,5 CV - CHI DIURNO. AF_08/2025","CHI",0]
["Custos Horários Produtivo e Improdutivo dos Equipamentos",106100,"BOMBA DE INJEÇÃO, ELÉTRICA, TRIFÁSICA, POTÊNCIA 7,5 CV- CHP DIURNO. AF_08/2025","CHP",0]
["Custos Horários Produtivo e Improdutivo dos Equipamentos",90657,"BOMBA DE PROJEÇÃO DE CONCRETO SECO, POTÊNCIA 10 CV, VAZÃO 3 M3/H - CHI DIURNO. AF_06/2015","CHI",5.76,0]
["Custos Horários Produtivo e Improdutivo dos Equipamentos",90656,"BOMBA DE PROJEÇÃO DE CONCRETO SECO, POTÊNCIA 10 CV, VAZÃO 3 M3/H - CHP DIURNO. AF_06/2015","CHP",17.010000000000002,0]
["Custos Horários Produtivo e Improdutivo dos Equipamentos",90663,"BOMBA DE PROJEÇÃO DE CONCRETO SECO, POTÊNCIA 10 CV, VAZÃO 6 M3/H - CHI DIURNO. AF_06/2015","CHI",6.18,0]
["Custos Horários Produtivo e Improdutivo dos Equipamentos",90662,"BOMBA DE PROJEÇÃO DE CONCRETO SECO, POTÊNCIA 10 CV, VAZÃO 6 M3/H - CHP DIURNO. AF_06/2015","CHP",17.8,0]
["Custos Horários Produtivo e Improdutivo dos Equipamentos",89022,"BOMBA SUBMERSÍVEL ELÉTRICA TRIFÁSICA, POTÊNCIA 2,96 HP, Ø ROTOR 144 MM SEMI-ABERTO, BOCAL DE SAÍDA Ø 2\", HM/Q = 2 MCA / 38,8 M3/H A 28 MCA / 5 M3/H - CHI DIURNO. AF_06/2014","CHI",0.49,1]
["Custos Horários Produtivo e Improdutivo dos Equipamentos",89021,"BOMBA SUBMERSÍVEL ELÉTRICA TRIFÁSICA, POTÊNCIA 2,96 HP, Ø ROTOR 144 MM SEMI-ABERTO, BOCAL DE SAÍDA Ø 2\", HM/Q = 2 MCA / 38,8 M3/H A 28 MCA / 5 M3/H - CHP DIURNO. AF_06/2014","CHP",2.76,0.33329999999999999]
["Custos Horários Produtivo e Improdutivo dos Equipamentos",90644,"BOMBA TRIPLEX, PARA INJEÇÃO DE NATA DE CIMENTO, VAZÃO MÁXIMA DE 100 LITROS/MINUTO, PRESSÃO MÁXIMA DE 70 BAR - CHI DIURNO. AF_06/2015","CHI",8.86,0]
["Custos Horários Produtivo e Improdutivo dos Equipamentos",90643,"BOMBA TRIPLEX, PARA INJEÇÃO DE NATA DE CIMENTO, VAZÃO MÁXIMA DE 100 LITROS/MINUTO, PRESSÃO MÁXIMA DE 70 BAR - CHP DIURNO. AF_06/2015","CHP",29.12,0]
["Custos Horários Produtivo e Improdutivo dos Equipamentos",102811,"CALDEIRA A GÁS COM TERMOSTATO, CAPACIDADE 100 LITROS - CHI DIURNO. AF_05/2023","CHI",0]
["Custos Horários Produtivo e Improdutivo dos Equipamentos",102810,"CALDEIRA A GÁS COM TERMOSTATO, CAPACIDADE 100 LITROS - CHP DIURNO. AF_05/2023","CHP",0]
["Custos Horários Produtivo e Improdutivo dos Equipamentos",92146,"CAMINHONETE CABINE SIMPLES COM MOTOR 1.6 FLEX, CÂMBIO MANUAL, POTÊNCIA 101/104 CV, 2 PORTAS - CHI DIURNO. AF_11/2015","CHI",35.799999999999997,0]
["Custos Horários Produtivo e Improdutivo dos Equipamentos",92145,"CAMINHONETE CABINE SIMPLES COM MOTOR 1.6 FLEX, CÂMBIO MANUAL, POTÊNCIA 101/104 CV, 2 PORTAS - CHP DIURNO. AF_11/2015","CHP",81.569999999999993,0]
["Custos Horários Produtivo e Improdutivo dos Equipamentos",92139,"CAMINHONETE COM MOTOR A DIESEL, POTÊNCIA 180 CV, CABINE DUPLA, 4X4 - CHI DIURNO. AF_11/2015","CHI",47.8,0]
["Custos Horários Produtivo e Improdutivo dos Equipamentos",92138,"CAMINHONETE COM MOTOR A DIESEL, POTÊNCIA 180 CV, CABINE DUPLA, 4X4 - CHP DIURNO. AF_11/2015","CHP",99.05,0]
["Custos Horários Produtivo e Improdutivo dos Equipamentos",91387,"CAMINHÃO BASCULANTE 10 M3, TRUCADO CABINE SIMPLES, PESO BRUTO TOTAL 23.000 KG, CARGA ÚTIL MÁXIMA 15.935 KG, DISTÂNCIA ENTRE EIXOS 4,80 M, POTÊNCIA 230 CV INCLUSIVE CAÇAMBA METÁLICA - CHI DIURNO. AF_06/2014","CHI",77.680000000000007,8.48E-2]
["Custos Horários Produtivo e Improdutivo dos Equipamentos",91386,"CAMINHÃO BASCULANTE 10 M3, TRUCADO CABINE SIMPLES, PESO BRUTO TOTAL 23.000 KG, CARGA ÚTIL MÁXIMA 15.935 KG, DISTÂNCIA ENTRE EIXOS 4,80 M, POTÊNCIA 230 CV INCLUSIVE CAÇAMBA METÁLICA - CHP DIURNO. AF_06/2014","CHP",269.44,5.0200000000000002E-2]
["Custos Horários Produtivo e Improdutivo dos Equipamentos",96036,"CAMINHÃO BASCULANTE 10 M3, TRUCADO, POTÊNCIA 230 CV, INCLUSIVE CAÇAMBA METÁLICA, COM DISTRIBUIDOR DE AGREGADOS ACOPLADO - CHI DIURNO. AF_02/2017","CHI",87.75,0.18990000000000001]
["Custos Horários Produtivo e Improdutivo dos Equipamentos",96035,"CAMINHÃO BASCULANTE 10 M3, TRUCADO, POTÊNCIA 230 CV, INCLUSIVE CAÇAMBA METÁLICA, COM DISTRIBUIDOR DE AGREGADOS ACOPLADO - CHP DIURNO. AF_02/2017","CHP",286.04000000000002,0.1053]
["Custos Horários Produtivo e Improdutivo dos Equipamentos",89877,"CAMINHÃO BASCULANTE 14 M3, COM CAVALO MECÂNICO DE CAPACIDADE MÁXIMA DE TRAÇÃO COMBINADO DE 36000 KG, POTÊNCIA 286 CV, INCLUSIVE SEMIREBOQUE COM CAÇAMBA METÁLICA - CHI DIURNO. AF_12/2014","CHI",89.94,0.21360000000000001]
["Custos Horários Produtivo e Improdutivo dos Equipamentos",89876,"CAMINHÃO BASCULANTE 14 M3, COM CAVALO MECÂNICO DE CAPACIDADE MÁXIMA DE TRAÇÃO COMBINADO DE 36000 KG, POTÊNCIA 286 CV, INCLUSIVE SEMIREBOQUE COM CAÇAMBA METÁLICA - CHP DIURNO. AF_12/2014","CHP",328.58,0.11990000000000001]
["Custos Horários Produtivo e Improdutivo dos Equipamentos",89884,"CAMINHÃO BASCULANTE 18 M3, COM CAVALO MECÂNICO DE CAPACIDADE MÁXIMA DE TRAÇÃO COMBINADO DE 45000 KG, POTÊNCIA 330 CV, INCLUSIVE SEMIREBOQUE COM CAÇAMBA METÁLICA - CHI DIURNO. AF_12/2014","CHI",93.77,0.24079999999999999]
["Custos Horários Produtivo e Improdutivo dos Equipamentos",89883,"CAMINHÃO BASCULANTE 18 M3, COM CAVALO MECÂNICO DE CAPACIDADE MÁXIMA DE TRAÇÃO COMBINADO DE 45000 KG, POTÊNCIA 330 CV, INCLUSIVE SEMIREBOQUE COM CAÇAMBA METÁLICA - CHP DIURNO. AF_12/2014","CHP",363.23,0.1275]
["Custos Horários Produtivo e Improdutivo dos Equipamentos",67827,"CAMINHÃO BASCULANTE 6 M3 TOCO, PESO BRUTO TOTAL 16.000 KG, CARGA ÚTIL MÁXIMA 11.130 KG, DISTÂNCIA ENTRE EIXOS 5,36 M, POTÊNCIA 185 CV, INCLUSIVE CAÇAMBA METÁLICA - CHI DIURNO. AF_06/2014","CHI",68.22,7.2400000000000006E-2]
["Custos Horários Produtivo e Improdutivo dos Equipamentos",67826,"CAMINHÃO BASCULANTE 6 M3 TOCO, PESO BRUTO TOTAL 16.000 KG, CARGA ÚTIL MÁXIMA 11.130 KG, DISTÂNCIA ENTRE EIXOS 5,36 M, POTÊNCIA 185 CV, INCLUSIVE CAÇAMBA METÁLICA - CHP DIURNO. AF_06/2014","CHP",189.47,5.3499999999999999E-2]
["Custos Horários Produtivo e Improdutivo dos Equipamentos",5961,"CAMINHÃO BASCULANTE 6 M3, PESO BRUTO TOTAL 16.000 KG, CARGA ÚTIL MÁXIMA 13.071 KG, DISTÂNCIA ENTRE EIXOS 4,80 M, POTÊNCIA 230 CV INCLUSIVE CAÇAMBA METÁLICA - CHI DIURNO. AF_06/2014","CHI",67.02,7.3700000000000002E-2]
["Custos Horários Produtivo e Improdutivo dos Equipamentos",5811,"CAMINHÃO BASCULANTE 6 M3, PESO BRUTO TOTAL 16.000 KG, CARGA ÚTIL MÁXIMA 13.071 KG, DISTÂNCIA ENTRE EIXOS 4,80 M, POTÊNCIA 230 CV INCLUSIVE CAÇAMBA METÁLICA - CHP DIURNO. AF_06/2014","CHP",206.44,4.9099999999999998E-2]
["Custos Horários Produtivo e Improdutivo dos Equipamentos",92243,"CAMINHÃO DE TRANSPORTE DE MATERIAL ASFÁLTICO 20.000 L, COM CAVALO MECÂNICO DE CAPACIDADE MÁXIMA DE TRAÇÃO COMBINADO DE 45.000 KG, POTÊNCIA 330 CV, INCLUSIVE TANQUE DE ASFALTO COM MAÇARICO - CHI DIURNO. AF_12/2015","CHI",82.06,6.9099999999999995E-2]
["Custos Horários Produtivo e Improdutivo dos Equipamentos",92242,"CAMINHÃO DE TRANSPORTE DE MATERIAL ASFÁLTICO 20.000 L, COM CAVALO MECÂNICO DE CAPACIDADE MÁXIMA DE TRAÇÃO COMBINADO DE 45.000 KG, POTÊNCIA 330 CV, INCLUSIVE TANQUE DE ASFALTO COM MAÇARICO - CHP DIURNO. AF_12/2015","CHP",404.31,2.58E-2]
["Custos Horários Produtivo e Improdutivo dos Equipamentos",91646,"CAMINHÃO DE TRANSPORTE DE MATERIAL ASFÁLTICO 30.000 L, COM CAVALO MECÂNICO DE CAPACIDADE MÁXIMA DE TRAÇÃO COMBINADO DE 66.000 KG, POTÊNCIA 360 CV, INCLUSIVE TANQUE DE ASFALTO COM SERPENTINA - CHI DIURNO. AF_08/2015","CHI",98.36,7.1099999999999997E-2]
["Custos Horários Produtivo e Improdutivo dos Equipamentos",91645,"CAMINHÃO DE TRANSPORTE DE MATERIAL ASFÁLTICO 30.000 L, COM CAVALO MECÂNICO DE CAPACIDADE MÁXIMA DE TRAÇÃO COMBINADO DE 66.000 KG, POTÊNCIA 360 CV, INCLUSIVE TANQUE DE ASFALTO COM SERPENTINA - CHP DIURNO. AF_08/2015","CHP",464.23,2.7699999999999999E-2]
["Custos Horários Produtivo e Improdutivo dos Equipamentos",92107,"CAMINHÃO PARA EQUIPAMENTO DE LIMPEZA A SUCÇÃO COM CAMINHÃO TRUCADO DE PESO BRUTO TOTAL 23000 KG, CARGA ÚTIL MÁXIMA 15935 KG, DISTÂNCIA ENTRE EIXOS 4,80 M, POTÊNCIA 230 CV, INCLUSIVE LIMPADORA A SUCÇÃO, TANQUE 12000 L - CHI DIURNO. AF_05/2023","CHI",96.33,0.28410000000000002]
["Custos Horários Produtivo e Improdutivo dos Equipamentos",92106,"CAMINHÃO PARA EQUIPAMENTO DE LIMPEZA A SUCÇÃO, COM CAMINHÃO TRUCADO DE PESO BRUTO TOTAL 23000 KG, CARGA ÚTIL MÁXIMA 15935 KG, DISTÂNCIA ENTRE EIXOS 4,80 M, POTÊNCIA 230 CV, INCLUSIVE LIMPADORA A SUCÇÃO, TANQUE 12000 L - CHP DIURNO. AF_05/2023","CHP",356.21,0.15140000000000001]
["Custos Horários Produtivo e Improdutivo dos Equipamentos",5903,"CAMINHÃO PIPA 10.000 L TRUCADO, PESO BRUTO TOTAL 23.000 KG, CARGA ÚTIL MÁXIMA 15.935 KG, DISTÂNCIA ENTRE EIXOS 4,8 M, POTÊNCIA 230 CV, INCLUSIVE TANQUE DE AÇO PARA TRANSPORTE DE ÁGUA - CHI DIURNO. AF_06/2014","CHI",76.650000000000006,8.4099999999999994E-2]
["Custos Horários Produtivo e Improdutivo dos Equipamentos",5901,"CAMINHÃO PIPA 10.000 L TRUCADO, PESO BRUTO TOTAL 23.000 KG, CARGA ÚTIL MÁXIMA 15.935 KG, DISTÂNCIA ENTRE EIXOS 4,8 M, POTÊNCIA 230 CV, INCLUSIVE TANQUE DE AÇO PARA TRANSPORTE DE ÁGUA - CHP DIURNO. AF_06/2014","CHP",317.38,3.9E-2]
["Custos Horários Produtivo e Improdutivo dos Equipamentos",6260,"CAMINHÃO PIPA 6.000 L, PESO BRUTO TOTAL 13.000 KG, DISTÂNCIA ENTRE EIXOS 4,80 M, POTÊNCIA 189 CV INCLUSIVE TANQUE DE AÇO PARA TRANSPORTE DE ÁGUA, CAPACIDADE 6 M3 - CHI DIURNO. AF_06/2014","CHI",64.17,8.4000000000000005E-2]
["Custos Horários Produtivo e Improdutivo dos Equipamentos",6259,"CAMINHÃO PIPA 6.000 L, PESO BRUTO TOTAL 13.000 KG, DISTÂNCIA ENTRE EIXOS 4,80 M, POTÊNCIA 189 CV INCLUSIVE TANQUE DE AÇO PARA TRANSPORTE DE ÁGUA, CAPACIDADE 6 M3 - CHP DIURNO. AF_06/2014","CHP",256.54000000000002,4.0300000000000002E-2]
["Custos Horários Produtivo e Improdutivo dos Equipamentos",104705,"CAMINHÃO TANQUE PARA HIDROSSEMEADURA, COM CAPACIDADE DE 8.000 LITROS, INCLUINDO BOMBA PARA LANÇAMENTO COM MOTOR DIESEL COM POTÊNCIA DE 105 CV - CHI DIURNO. AF_06/2023","CHI",0]
["Custos Horários Produtivo e Improdutivo dos Equipamentos",104704,"CAMINHÃO TANQUE PARA HIDROSSEMEADURA, COM CAPACIDADE DE 8.000 LITROS, INCLUINDO BOMBA PARA LANÇAMENTO COM MOTOR DIESEL COM POTÊNCIA DE 105 CV - CHP DIURNO. AF_06/2023","CHP",0]
["Custos Horários Produtivo e Improdutivo dos Equipamentos",91395,"CAMINHÃO TOCO, PBT 14.300 KG, CARGA ÚTIL MÁX. 9.710 KG, DIST. ENTRE EIXOS 3,56 M, POTÊNCIA 185 CV, INCLUSIVE CARROCERIA FIXA ABERTA DE MADEIRA P/ TRANSPORTE GERAL DE CARGA SECA, DIMEN. APROX. 2,50 X 6,50 X 0,50 M - CHI DIURNO. AF_06/2014","CHI",61.93,3.6299999999999999E-2]
["Custos Horários Produtivo e Improdutivo dos Equipamentos",73467,"CAMINHÃO TOCO, PBT 14.300 KG, CARGA ÚTIL MÁX. 9.710 KG, DIST. ENTRE EIXOS 3,56 M, POTÊNCIA 185 CV, INCLUSIVE CARROCERIA FIXA ABERTA DE MADEIRA P/ TRANSPORTE GERAL DE CARGA SECA, DIMEN. APROX. 2,50 X 6,50 X 0,50 M - CHP DIURNO. AF_06/2014","CHP",249.2,1.7299999999999999E-2]
["Custos Horários Produtivo e Improdutivo dos Equipamentos",5826,"CAMINHÃO TOCO, PBT 16.000 KG, CARGA ÚTIL MÁX. 10.685 KG, DIST. ENTRE EIXOS 4,8 M, POTÊNCIA 189 CV, INCLUSIVE CARROCERIA FIXA ABERTA DE MADEIRA P/ TRANSPORTE GERAL DE CARGA SECA, DIMEN. APROX. 2,5 X 7,00 X 0,50 M - CHI DIURNO. AF_06/2014","CHI",64.78,3.7199999999999997E-2]
["Custos Horários Produtivo e Improdutivo dos Equipamentos",5824,"CAMINHÃO TOCO, PBT 16.000 KG, CARGA ÚTIL MÁX. 10.685 KG, DIST. ENTRE EIXOS 4,8 M, POTÊNCIA 189 CV, INCLUSIVE CARROCERIA FIXA ABERTA DE MADEIRA P/ TRANSPORTE GERAL DE CARGA SECA, DIMEN. APROX. 2,5 X 7,00 X 0,50 M - CHP DIURNO. AF_06/2014","CHP",217.63,2.1299999999999999E-2]
["Custos Horários Produtivo e Improdutivo dos Equipamentos",5892,"CAMINHÃO TOCO, PESO BRUTO TOTAL 14.300 KG, CARGA ÚTIL MÁXIMA 9590 KG, DISTÂNCIA ENTRE EIXOS 4,76 M, POTÊNCIA 185 CV (NÃO INCLUI CARROCERIA) - CHI DIURNO. AF_06/2014","CHI",59.68,0]
["Custos Horários Produtivo e Improdutivo dos Equipamentos",5890,"CAMINHÃO TOCO, PESO BRUTO TOTAL 14.300 KG, CARGA ÚTIL MÁXIMA 9590 KG, DISTÂNCIA ENTRE EIXOS 4,76 M, POTÊNCIA 185 CV (NÃO INCLUI CARROCERIA) - CHP DIURNO. AF_06/2014","CHP",204.7,0]
["Custos Horários Produtivo e Improdutivo dos Equipamentos",5896,"CAMINHÃO TOCO, PESO BRUTO TOTAL 16.000 KG, CARGA ÚTIL MÁXIMA DE 10.685 KG, DISTÂNCIA ENTRE EIXOS 4,80 M, POTÊNCIA 189 CV EXCLUSIVE CARROCERIA - CHI DIURNO. AF_06/2014","CHI",62.37,0]
["Custos Horários Produtivo e Improdutivo dos Equipamentos",5894,"CAMINHÃO TOCO, PESO BRUTO TOTAL 16.000 KG, CARGA ÚTIL MÁXIMA DE 10.685 KG, DISTÂNCIA ENTRE EIXOS 4,80 M, POTÊNCIA 189 CV EXCLUSIVE CARROCERIA - CHP DIURNO. AF_06/2014","CHP",213,0]
["Custos Horários Produtivo e Improdutivo dos Equipamentos",91032,"CAMINHÃO TRUCADO (C/ TERCEIRO EIXO) ELETRÔNICO - POTÊNCIA 231CV - PBT = 22000KG - DIST. ENTRE EIXOS 5170 MM - INCLUI CARROCERIA FIXA ABERTA DE MADEIRA - CHI DIURNO. AF_06/2015","CHI",70.489999999999995,3.1899999999999998E-2]
["Custos Horários Produtivo e Improdutivo dos Equipamentos",91031,"CAMINHÃO TRUCADO (C/ TERCEIRO EIXO) ELETRÔNICO - POTÊNCIA 231CV - PBT = 22000KG - DIST. ENTRE EIXOS 5170 MM - INCLUI CARROCERIA FIXA ABERTA DE MADEIRA - CHP DIURNO. AF_06/2015","CHP",259.95999999999998,1.66E-2]
["Custos Horários Produtivo e Improdutivo dos Equipamentos",102817,"CENTRAL DE LAMA BENTONÍTICA (DEPÓSITO DE BENTONITA, MISTURADOR DE ALTA TURBULÊNCIA, SILOS DE ARMAZENAMENTO DE LAMA E ÁGUA, LABORATÓRIO DE CONTROLE DE QUALIDADE DA LAMA) - CHI DIURNO. AF_04/2019","CHI",0]
["Custos Horários Produtivo e Improdutivo dos Equipamentos",102816,"CENTRAL DE LAMA BENTONÍTICA (DEPÓSITO DE BENTONITA, MISTURADOR DE ALTA TURBULÊNCIA, SILOS DE ARMAZENAMENTO DE LAMA E ÁGUA, LABORATÓRIO DE CONTROLE DE QUALIDADE DA LAMA) - CHP DIURNO. AF_04/2019","CHP",0]
["Custos Horários Produtivo e Improdutivo dos Equipamentos",91534,"COMPACTADOR DE SOLOS DE PERCUSSÃO (SOQUETE) COM MOTOR A GASOLINA 4 TEMPOS, POTÊNCIA 4 CV - CHI DIURNO. AF_08/2015","CHI",31.54,3.6799999999999999E-2]
["Custos Horários Produtivo e Improdutivo dos Equipamentos",91533,"COMPACTADOR DE SOLOS DE PERCUSSÃO (SOQUETE) COM MOTOR A GASOLINA 4 TEMPOS, POTÊNCIA 4 CV - CHP DIURNO. AF_08/2015","CHP",38.799999999999997,5.9499999999999997E-2]
["Custos Horários Produtivo e Improdutivo dos Equipamentos",95265,"COMPACTADOR DE SOLOS DE PERCUSÃO (SOQUETE) COM MOTOR A GASOLINA, POTÊNCIA 3 CV - CHI DIURNO. AF_09/2016","CHI",0.94,1]
["Custos Horários Produtivo e Improdutivo dos Equipamentos",95264,"COMPACTADOR DE SOLOS DE PERCUSÃO (SOQUETE) COM MOTOR A GASOLINA, POTÊNCIA 3 CV - CHP DIURNO. AF_09/2016","CHP",6.5,0.28770000000000001]
["Custos Horários Produtivo e Improdutivo dos Equipamentos",90973,"COMPRESSOR DE AR REBOCAVEL, VAZÃO 250 PCM, PRESSAO DE TRABALHO 102 PSI, MOTOR A DIESEL POTÊNCIA 81 CV - CHI DIURNO. AF_06/2015","CHI",8.93,1]
["Custos Horários Produtivo e Improdutivo dos Equipamentos",90972,"COMPRESSOR DE AR REBOCAVEL, VAZÃO 250 PCM, PRESSAO DE TRABALHO 102 PSI, MOTOR A DIESEL POTÊNCIA 81 CV - CHP DIURNO. AF_06/2015","CHP",77.5,0.22889999999999999]
["Custos Horários Produtivo e Improdutivo dos Equipamentos",91001,"COMPRESSOR DE AR REBOCAVEL, VAZÃO 400 PCM, PRESSAO DE TRABALHO 102 PSI, MOTOR A DIESEL POTÊNCIA 110 CV - CHI DIURNO. AF_06/2015","CHI",10.59,1]
["Custos Horários Produtivo e Improdutivo dos Equipamentos",90999,"COMPRESSOR DE AR REBOCAVEL, VAZÃO 400 PCM, PRESSAO DE TRABALHO 102 PSI, MOTOR A DIESEL POTÊNCIA 110 CV - CHP DIURNO. AF_06/2015","CHP",102.22,0.20580000000000001]
["Custos Horários Produtivo e Improdutivo dos Equipamentos",5954,"COMPRESSOR DE AR REBOCÁVEL, VAZÃO 189 PCM, PRESSÃO EFETIVA DE TRABALHO 102 PSI, MOTOR DIESEL, POTÊNCIA 63 CV - CHI DIURNO. AF_06/2015","CHI",6.67,1]
["Custos Horários Produtivo e Improdutivo dos Equipamentos",5953,"COMPRESSOR DE AR REBOCÁVEL, VAZÃO 189 PCM, PRESSÃO EFETIVA DE TRABALHO 102 PSI, MOTOR DIESEL, POTÊNCIA 63 CV - CHP DIURNO. AF_06/2015","CHP",59.74,0.2218]
["Custos Horários Produtivo e Improdutivo dos Equipamentos",90982,"COMPRESSOR DE AR REBOCÁVEL, VAZÃO 748 PCM, PRESSÃO EFETIVA DE TRABALHO 102 PSI, MOTOR DIESEL, POTÊNCIA 210 CV - CHI DIURNO. AF_06/2015","CHI",22.69,1]
["Custos Horários Produtivo e Improdutivo dos Equipamentos",90979,"COMPRESSOR DE AR REBOCÁVEL, VAZÃO 748 PCM, PRESSÃO EFETIVA DE TRABALHO 102 PSI, MOTOR DIESEL, POTÊNCIA 210 CV - CHP DIURNO. AF_06/2015","CHP",200.13,0.2253]
["Custos Horários Produtivo e Improdutivo dos Equipamentos",90965,"COMPRESSOR DE AR REBOCÁVEL, VAZÃO 89 PCM, PRESSÃO EFETIVA DE TRABALHO 102 PSI, MOTOR DIESEL, POTÊNCIA 20 CV - CHI DIURNO. AF_06/2015","CHI",8.9,1]
["Custos Horários Produtivo e Improdutivo dos Equipamentos",90964,"COMPRESSOR DE AR REBOCÁVEL, VAZÃO 89 PCM, PRESSÃO EFETIVA DE TRABALHO 102 PSI, MOTOR DIESEL, POTÊNCIA 20 CV - CHP DIURNO. AF_06/2015","CHP",32.44,0.54530000000000001]
["Custos Horários Produtivo e Improdutivo dos Equipamentos",102970,"COMPRESSOR DE AR, VAZAO DE 10 PCM, RESERVATORIO 100 L, PRESSAO DE TRABALHO ENTRE 6,9 E 9,7 BAR POTENCIA 2 HP, TENSAO 110/220 V - CHI DIURNO. AF_05/2023","CHI",0]
["Custos Horários Produtivo e Improdutivo dos Equipamentos",102971,"COMPRESSOR DE AR, VAZAO DE 10 PCM, RESERVATORIO 100 L, PRESSAO DE TRABALHO ENTRE 6,9 E 9,7 BAR, POTENCIA 2 HP, TENSAO 110/220 V - CHP DIURNO. AF_05/2023","CHP",0]
["Custos Horários Produtivo e Improdutivo dos Equipamentos",102822,"CONJUNTO CILINDRO E BOMBA HIDRÁULICA PARA PROTENSÃO DE MONOBARRAS PARA TIRANTES, ESFORÇO MÁXIMO DE 30 TONELADAS - CHI DIURNO. AF_05/2023","CHI",0]
["Custos Horários Produtivo e Improdutivo dos Equipamentos",102821,"CONJUNTO CILINDRO E BOMBA HIDRÁULICA PARA PROTENSÃO DE MONOBARRAS PARA TIRANTES, ESFORÇO MÁXIMO DE 30 TONELADAS - CHP DIURNO. AF_05/2023","CHP",0]
["Custos Horários Produtivo e Improdutivo dos Equipamentos",102828,"CONJUNTO MACACO E BOMBA HIDRÁULICA PARA PROTENSAO DE CORDOALHAS, ESFORÇO MAXIMO DE 115 TONELADAS - CHI DIURNO. AF_05/2023","CHI",0]
["Custos Horários Produtivo e Improdutivo dos Equipamentos",102827,"CONJUNTO MACACO E BOMBA HIDRÁULICA PARA PROTENSAO DE CORDOALHAS, ESFORÇO MAXIMO DE 115 TONELADAS - CHP DIURNO. AF_05/2023","CHP",0]
["Custos Horários Produtivo e Improdutivo dos Equipamentos",103939,"CONJUNTO MACACO HIDRÁULICO E CENTRAL DE BOMBEAMENTO MOTORIZADO 1,8 KW PARA PROTENSÃO DE MONOCABOS PARA CONCRETO PROTENDIDO, ESFORÇO MÁXIMO DE 20 TONELADAS - CHI DIURNO. AF_05/2022","CHI",0]
["Custos Horários Produtivo e Improdutivo dos Equipamentos",103938,"CONJUNTO MACACO HIDRÁULICO E CENTRAL DE BOMBEAMENTO MOTORIZADO 1,8 KW PARA PROTENSÃO DE MONOCABOS PARA CONCRETO PROTENDIDO, ESFORÇO MÁXIMO DE 20 TONELADAS - CHP DIURNO. AF_05/2022","CHP",0]
["Custos Horários Produtivo e Improdutivo dos Equipamentos",103945,"CONJUNTO MACACO HIDRÁULICO E CENTRAL DE BOMBEAMENTO MOTORIZADO 1,8 KW PARA PROTENSÃO DE MONOCABOS PARA CONCRETO PROTENDIDO, ESFORÇO MÁXIMO DE 30 TONELADAS - CHI DIURNO. AF_05/2022","CHI",0]
["Custos Horários Produtivo e Improdutivo dos Equipamentos",103944,"CONJUNTO MACACO HIDRÁULICO E CENTRAL DE BOMBEAMENTO MOTORIZADO 1,8 KW PARA PROTENSÃO DE MONOCABOS PARA CONCRETO PROTENDIDO, ESFORÇO MÁXIMO DE 30 TONELADAS - CHP DIURNO. AF_05/2022","CHP",0]
["Custos Horários Produtivo e Improdutivo dos Equipamentos",91285,"CORTADORA DE PISO COM MOTOR 4 TEMPOS A GASOLINA, POTÊNCIA DE 13 HP, COM DISCO DE CORTE DIAMANTADO SEGMENTADO PARA CONCRETO, DIÂMETRO DE 350 MM, FURO DE 1\" (14 X 1\") - CHI DIURNO. AF_08/2015","CHI",0.8,0]
["Custos Horários Produtivo e Improdutivo dos Equipamentos",91283,"CORTADORA DE PISO COM MOTOR 4 TEMPOS A GASOLINA, POTÊNCIA DE 13 HP, COM DISCO DE CORTE DIAMANTADO SEGMENTADO PARA CONCRETO, DIÂMETRO DE 350 MM, FURO DE 1\" (14 X 1\") - CHP DIURNO. AF_08/2015","CHP",10.23,0]
["Custos Horários Produtivo e Improdutivo dos Equipamentos",95283,"DESEMPENADEIRA DE CONCRETO, PESO DE 78 KG, 4 PÁS, MOTOR A GASOLINA, POTÊNCIA 5,5 HP - CHI DIURNO. AF_05/2023","CHI",0.89,1]
["Custos Horários Produtivo e Improdutivo dos Equipamentos",95282,"DESEMPENADEIRA DE CONCRETO, PESO DE 78 KG, 4 PÁS, MOTOR A GASOLINA, POTÊNCIA 5,5 HP - CHP DIURNO. AF_05/2023","CHP",10.16,0.1585]
["Custos Horários Produtivo e Improdutivo dos Equipamentos",95128,"DISTRIBUIDOR DE AGREGADOS AUTOPROPELIDO, CAP 3 M3, A DIESEL, POTÊNCIA 176CV - CHI DIURNO. AF_07/2016","CHI",58.69,0.4824]
["Custos Horários Produtivo e Improdutivo dos Equipamentos",95127,"DISTRIBUIDOR DE AGREGADOS AUTOPROPELIDO, CAP 3 M3, A DIESEL, POTÊNCIA 176CV - CHP DIURNO. AF_07/2016","CHP",227.55,0.22839999999999999]
["Custos Horários Produtivo e Improdutivo dos Equipamentos",92044,"DISTRIBUIDOR DE AGREGADOS REBOCAVEL, CAPACIDADE 1,9 M³, LARGURA DE TRABALHO 3,66 M - CHI DIURNO. AF_11/2015","CHI",9.4499999999999993,1]
["Custos Horários Produtivo e Improdutivo dos Equipamentos",92043,"DISTRIBUIDOR DE AGREGADOS REBOCAVEL, CAPACIDADE 1,9 M³, LARGURA DE TRABALHO 3,66 M - CHP DIURNO. AF_11/2015","CHP",15.98,1]
["Custos Horários Produtivo e Improdutivo dos Equipamentos",102834,"DOBRADEIRA TDC, ESPESSURA 1,5MM - CHI DIURNO. AF_05/2023","CHI",0]
["Custos Horários Produtivo e Improdutivo dos Equipamentos",102833,"DOBRADEIRA TDC, ESPESSURA 1,5MM - CHP DIURNO. AF_05/2023","CHP",0]
["Custos Horários Produtivo e Improdutivo dos Equipamentos",92119,"DOSADOR DE AREIA, CAPACIDADE DE 26 LITROS - CHI DIURNO. AF_05/2023","CHI",0.33,0]
["Custos Horários Produtivo e Improdutivo dos Equipamentos",92118,"DOSADOR DE AREIA, CAPACIDADE DE 26 LITROS - CHP DIURNO. AF_05/2023","CHP",0.52,0]
["Custos Horários Produtivo e Improdutivo dos Equipamentos",102917,"ENCERADEIRA INDUSTRIAL, 400 MM, 220V, 1 HP - CHI DIURNO. AF_05/2023","CHI",0]
["Custos Horários Produtivo e Improdutivo dos Equipamentos",102916,"ENCERADEIRA INDUSTRIAL, 400 MM, 220V, 1 HP - CHP DIURNO. AF_05/2023","CHP",0]
["Custos Horários Produtivo e Improdutivo dos Equipamentos",95721,"ESCAVADEIRA HIDRAULICA SOBRE ESTEIRA, EQUIPADA COM CLAMSHELL, COM CAPACIDADE DA CAÇAMBA ENTRE 1,20 E 1,50 M3, PESO OPERACIONAL ENTRE 20,00 E 22,00 TON, POTENCIA LIQUIDA ENTRE 150 E 160 HP - CHI DIURNO. AF_11/2016","CHI",112.51,0.74560000000000004]
["Custos Horários Produtivo e Improdutivo dos Equipamentos",95720,"ESCAVADEIRA HIDRAULICA SOBRE ESTEIRA, EQUIPADA COM CLAMSHELL, COM CAPACIDADE DA CAÇAMBA ENTRE 1,20 E 1,50 M3, PESO OPERACIONAL ENTRE 20,00 E 22,00 TON, POTENCIA LIQUIDA ENTRE 150 E 160 HP - CHP DIURNO. AF_11/2016","CHP",284.13,0.58720000000000006]
["Custos Horários Produtivo e Improdutivo dos Equipamentos",104717,"ESCAVADEIRA HIDRÁULICA DE BRAÇO LONGO (LONGO ALCANCE) SOBRE ESTEIRAS, CAÇAMBA 0,52 M3, PESO OPERACIONAL 24 T, POTÊNCIA LÍQUIDA 155 HP - CHI DIURNO. AF_06/2023","CHI",107.47,0.73370000000000002]
["Custos Horários Produtivo e Improdutivo dos Equipamentos",104716,"ESCAVADEIRA HIDRÁULICA DE BRAÇO LONGO (LONGO ALCANCE) SOBRE ESTEIRAS, CAÇAMBA 0,52 M3, PESO OPERACIONAL 24 T, POTÊNCIA LÍQUIDA 155 HP - CHP DIURNO. AF_06/2023","CHP",274.10000000000002,0.57210000000000005]
["Custos Horários Produtivo e Improdutivo dos Equipamentos",102899,"ESCAVADEIRA HIDRÁULICA SOBRE ESTEIRA, PESO OPERACIONAL ENTRE 22,00 E 23,50 T, POTÊNCIA NOMINAL 139 HP, COM MARTELO ROMPEDOR HIDRÁULICO 1700 KG - CHI DIURNO. AF_04/2019","CHI",0]
["Custos Horários Produtivo e Improdutivo dos Equipamentos",102898,"ESCAVADEIRA HIDRÁULICA SOBRE ESTEIRA, PESO OPERACIONAL ENTRE 22,00 E 23,50 T, POTÊNCIA NOMINAL 139 HP, COM MARTELO ROMPEDOR HIDRÁULICO 1700 KG - CHP DIURNO. AF_04/2019","CHP",0]
["Custos Horários Produtivo e Improdutivo dos Equipamentos",5632,"ESCAVADEIRA HIDRÁULICA SOBRE ESTEIRAS, CAÇAMBA 0,80 M3, PESO OPERACIONAL 17 T, POTENCIA BRUTA 111 HP - CHI DIURNO. AF_06/2014","CHI",89.2,0.67910000000000004]
["Custos Horários Produtivo e Improdutivo dos Equipamentos",5631,"ESCAVADEIRA HIDRÁULICA SOBRE ESTEIRAS, CAÇAMBA 0,80 M3, PESO OPERACIONAL 17 T, POTENCIA BRUTA 111 HP - CHP DIURNO. AF_06/2014","CHP",212.64,0.56659999999999999]
["Custos Horários Produtivo e Improdutivo dos Equipamentos",88908,"ESCAVADEIRA HIDRÁULICA SOBRE ESTEIRAS, CAÇAMBA 1,20 M3, PESO OPERACIONAL 21 T, POTÊNCIA BRUTA 155 HP - CHI DIURNO. AF_06/2014","CHI",97.17,0.70550000000000002]
["Custos Horários Produtivo e Improdutivo dos Equipamentos",88907,"ESCAVADEIRA HIDRÁULICA SOBRE ESTEIRAS, CAÇAMBA 1,20 M3, PESO OPERACIONAL 21 T, POTÊNCIA BRUTA 155 HP - CHP DIURNO. AF_06/2014","CHP",253.62,0.53749999999999998]
["Custos Horários Produtivo e Improdutivo dos Equipamentos",5911,"ESPARGIDOR DE ASFALTO PRESSURIZADO COM TANQUE DE 2500 L, REBOCÁVEL COM MOTOR A GASOLINA POTÊNCIA 3,4 HP - CHI DIURNO. AF_07/2014","CHI",29.88,0.2021]
["Custos Horários Produtivo e Improdutivo dos Equipamentos",5909,"ESPARGIDOR DE ASFALTO PRESSURIZADO COM TANQUE DE 2500 L, REBOCÁVEL COM MOTOR A GASOLINA POTÊNCIA 3,4 HP - CHP DIURNO. AF_07/2014","CHP",38.340000000000003,0.3039]
["Custos Horários Produtivo e Improdutivo dos Equipamentos",91486,"ESPARGIDOR DE ASFALTO PRESSURIZADO, TANQUE 6 M3 COM ISOLAÇÃO TÉRMICA, AQUECIDO COM 2 MAÇARICOS, COM BARRA ESPARGIDORA 3,60 M, MONTADO SOBRE CAMINHÃO TOCO, PBT 14.300 KG, POTÊNCIA 185 CV - CHI DIURNO. AF_05/2023","CHI",73.849999999999994,0.19189999999999999]
["Custos Horários Produtivo e Improdutivo dos Equipamentos",83362,"ESPARGIDOR DE ASFALTO PRESSURIZADO, TANQUE 6 M3 COM ISOLAÇÃO TÉRMICA, AQUECIDO COM 2 MAÇARICOS, COM BARRA ESPARGIDORA 3,60 M, MONTADO SOBRE CAMINHÃO TOCO, PBT 14.300 KG, POTÊNCIA 185 CV - CHP DIURNO. AF_05/2023","CHP",270.92,9.6299999999999997E-2]
["Custos Horários Produtivo e Improdutivo dos Equipamentos",102839,"ESTABILIZADOR DE LINHA E PRESSÃO, CAPACIDADE DE 120 BAR, COM MANÔMETRO DE LEITURA, REGISTRO DE 1 COM RETORNO E LINHA - CHI DIURNO. AF_05/2023","CHI",0]
["Custos Horários Produtivo e Improdutivo dos Equipamentos",102838,"ESTABILIZADOR DE LINHA E PRESSÃO, CAPACIDADE DE 120 BAR, COM MANÔMETRO DE LEITURA, REGISTRO DE 1 COM RETORNO E LINHA - CHP DIURNO. AF_05/2023","CHP",0]
["Custos Horários Produtivo e Improdutivo dos Equipamentos",89235,"FRESADORA DE ASFALTO A FRIO SOBRE RODAS, LARGURA FRESAGEM DE 1,0 M, POTÊNCIA 208 HP - CHI DIURNO. AF_11/2014","CHI",171.4,0.83799999999999997]
["Custos Horários Produtivo e Improdutivo dos Equipamentos",89234,"FRESADORA DE ASFALTO A FRIO SOBRE RODAS, LARGURA FRESAGEM DE 1,0 M, POTÊNCIA 208 HP - CHP DIURNO. AF_11/2014","CHP",532.32000000000005,0.63829999999999998]
["Custos Horários Produtivo e Improdutivo dos Equipamentos",89243,"FRESADORA DE ASFALTO A FRIO SOBRE RODAS, LARGURA FRESAGEM DE 2,0 M, POTÊNCIA 550 HP - CHI DIURNO. AF_11/2014","CHI",363.29,0.92359999999999998]
["Custos Horários Produtivo e Improdutivo dos Equipamentos",89242,"FRESADORA DE ASFALTO A FRIO SOBRE RODAS, LARGURA FRESAGEM DE 2,0 M, POTÊNCIA 550 HP - CHP DIURNO. AF_11/2014","CHP",1257.25,0.63129999999999997]
["Custos Horários Produtivo e Improdutivo dos Equipamentos",102935,"FURADEIRA ELETROMAGNÉTICA, VELOCIDADE (SEM CARGA/ COM CARGA) 450/ 270 RPM, ESPESSURA MÁXIMA DA CHAPA A SER FURADA 50 MM, PORÇA DE ADESÃO MAGNÉTICA 17000 N, POTÊNCIA 1100 W, ALIMENTÇÃO 220 - 60 HZ, MONOFÁSICA - CHI DIURNO. AF_08/2019","CHI",0]
["Custos Horários Produtivo e Improdutivo dos Equipamentos",102934,"FURADEIRA ELETROMAGNÉTICA, VELOCIDADE (SEM CARGA/ COM CARGA) 450/ 270 RPM, ESPESSURA MÁXIMA DA CHAPA A SER FURADA 50 MM, PORÇA DE ADESÃO MAGNÉTICA 17000 N, POTÊNCIA 1100 W, ALIMENTÇÃO 220 - 60 HZ, MONOFÁSICA - CHP DIURNO. AF_08/2019","CHP",0]
["Custos Horários Produtivo e Improdutivo dos Equipamentos",93416,"GERADOR PORTÁTIL MONOFÁSICO, POTÊNCIA 5500 VA, MOTOR A GASOLINA, POTÊNCIA DO MOTOR 13 CV - CHI DIURNO. AF_03/2016","CHI",0.5,1]
["Custos Horários Produtivo e Improdutivo dos Equipamentos",93415,"GERADOR PORTÁTIL MONOFÁSICO, POTÊNCIA 5500 VA, MOTOR A GASOLINA, POTÊNCIA DO MOTOR 13 CV - CHP DIURNO. AF_03/2016","CHP",11.64,7.1300000000000002E-2]
["Custos Horários Produtivo e Improdutivo dos Equipamentos",5689,"GRADE DE DISCO CONTROLE REMOTO REBOCÁVEL, COM 24 DISCOS 24 X 6 MM COM PNEUS PARA TRANSPORTE - CHP DIURNO. AF_06/2014","CHP",6.32,1]
["Custos Horários Produtivo e Improdutivo dos Equipamentos",5690,"GRADE DE DISCO CONTROLE REMOTO REBOCÁVEL, COM 24 DISCOS 24\" X 6 MM COM PNEUS PARA TRANSPORTE - CHI DIURNO. AF_06/2014","CHI",4.09,1]
["Custos Horários Produtivo e Improdutivo dos Equipamentos",5923,"GRADE DE DISCO REBOCÁVEL COM 20 DISCOS 24\" X 6 MM COM PNEUS PARA TRANSPORTE - CHI DIURNO. AF_06/2014","CHI",3.21,1]
["Custos Horários Produtivo e Improdutivo dos Equipamentos",5921,"GRADE DE DISCO REBOCÁVEL COM 20 DISCOS 24\" X 6 MM COM PNEUS PARA TRANSPORTE - CHP DIURNO. AF_06/2014","CHP",4.96,1]
["Custos Horários Produtivo e Improdutivo dos Equipamentos",95212,"GRUA ASCENCIONAL, LANCA DE 42 M, CAPACIDADE DE 1,5 T A 30 M, ALTURA ATE 39 M - CHP DIURNO. AF_05/2023","CHP",166.63,0.74939999999999996]
["Custos Horários Produtivo e Improdutivo dos Equipamentos",95213,"GRUA ASCENCIONAL, LANÇA DE 42 M, CAPACIDADE DE 1,5 T A 30 M, ALTURA ATÉ 39 M - CHI DIURNO. AF_05/2023","CHI",98.92,0.66849999999999998]
["Custos Horários Produtivo e Improdutivo dos Equipamentos",93272,"GRUA ASCENSIONAL, LANCA DE 30 M, CAPACIDADE DE 1,0 T A 30 M, ALTURA ATE 39 M - CHP DIURNO. AF_05/2023","CHP",104.34,0.5998]
["Custos Horários Produtivo e Improdutivo dos Equipamentos",93274,"GRUA ASCENSIONAL, LANÇA DE 30 M, CAPACIDADE DE 1,0 T A 30 M, ALTURA ATÉ 39 M - CHI DIURNO. AF_05/2023","CHI",69.45,0.52790000000000004]
["Custos Horários Produtivo e Improdutivo dos Equipamentos",83766,"GRUPO DE SOLDAGEM COM GERADOR A DIESEL 60 CV PARA SOLDA ELÉTRICA, SOBRE 04 RODAS, COM MOTOR 4 CILINDROS 600 A - CHI DIURNO. AF_02/2016","CHI",44.79,0.3135]
["Custos Horários Produtivo e Improdutivo dos Equipamentos",83765,"GRUPO DE SOLDAGEM COM GERADOR A DIESEL 60 CV PARA SOLDA ELÉTRICA, SOBRE 04 RODAS, COM MOTOR 4 CILINDROS 600 A - CHP DIURNO. AF_02/2016","CHP",103.56,0.22509999999999999]
["Custos Horários Produtivo e Improdutivo dos Equipamentos",95873,"GRUPO GERADOR COM CARENAGEM, MOTOR DIESEL POTÊNCIA STANDART ENTRE 250 E 260 KVA - CHI DIURNO. AF_12/2016","CHI",15,1]
["Custos Horários Produtivo e Improdutivo dos Equipamentos",95872,"GRUPO GERADOR COM CARENAGEM, MOTOR DIESEL POTÊNCIA STANDART ENTRE 250 E 260 KVA - CHP DIURNO. AF_12/2016","CHP",294.17,8.4599999999999995E-2]
["Custos Horários Produtivo e Improdutivo dos Equipamentos",104689,"GRUPO GERADOR DIESEL, COM CARENAGEM, POTÊNCIA STANDART ENTRE 400 E 460 KVA, VELOCIDADE DE 1800 RPM, FREQUÊNCIA DE 60 HZ - CHI DIURNO. AF_05/2023","CHI",0]
["Custos Horários Produtivo e Improdutivo dos Equipamentos",104688,"GRUPO GERADOR DIESEL, COM CARENAGEM, POTÊNCIA STANDART ENTRE 400 E 460 KVA, VELOCIDADE DE 1800 RPM, FREQUÊNCIA DE 60 HZ - CHP DIURNO. AF_05/2023","CHP",0]
["Custos Horários Produtivo e Improdutivo dos Equipamentos",73395,"GRUPO GERADOR ESTACIONÁRIO, MOTOR DIESEL POTÊNCIA 170 KVA - CHI DIURNO. AF_02/2016","CHI",10.53,1]
["Custos Horários Produtivo e Improdutivo dos Equipamentos",73417,"GRUPO GERADOR ESTACIONÁRIO, MOTOR DIESEL POTÊNCIA 170 KVA - CHP DIURNO. AF_02/2016","CHP",190.38,7.7399999999999997E-2]
["Custos Horários Produtivo e Improdutivo dos Equipamentos",93428,"GRUPO GERADOR ESTACIONÁRIO, POTÊNCIA 150 KVA, MOTOR A DIESEL- CHI DIURNO. AF_03/2016","CHI",9.3800000000000008,1]
["Custos Horários Produtivo e Improdutivo dos Equipamentos",93427,"GRUPO GERADOR ESTACIONÁRIO, POTÊNCIA 150 KVA, MOTOR A DIESEL- CHP DIURNO. AF_03/2016","CHP",173.63,8.9700000000000002E-2]
["Custos Horários Produtivo e Improdutivo dos Equipamentos",93422,"GRUPO GERADOR REBOCÁVEL, POTÊNCIA 66 KVA, MOTOR A DIESEL - CHI DIURNO. AF_03/2016","CHI",6.62,1]
["Custos Horários Produtivo e Improdutivo dos Equipamentos",93421,"GRUPO GERADOR REBOCÁVEL, POTÊNCIA 66 KVA, MOTOR A DIESEL - CHP DIURNO. AF_03/2016","CHP",77.12,0.14249999999999999]
["Custos Horários Produtivo e Improdutivo dos Equipamentos",93282,"GUINCHO ELÉTRICO DE COLUNA, CAPACIDADE 400 KG, COM MOTO FREIO, MOTOR TRIFÁSICO DE 1,25 CV - CHI DIURNO. AF_03/2016","CHI",24.66,0]
["Custos Horários Produtivo e Improdutivo dos Equipamentos",93281,"GUINCHO ELÉTRICO DE COLUNA, CAPACIDADE 400 KG, COM MOTO FREIO, MOTOR TRIFÁSICO DE 1,25 CV - CHP DIURNO. AF_03/2016","CHP",25.68,0]
["Custos Horários Produtivo e Improdutivo dos Equipamentos",104914,"GUINDASTE DERRICK, LANÇA DE *20* M, CARGA MÁXIMA 10T, POTÊNCIA 45 KW - CHI DIURNO. AF_01/2024","CHI",0]
["Custos Horários Produtivo e Improdutivo dos Equipamentos",104913,"GUINDASTE DERRICK, LANÇA DE *20* M, CARGA MÁXIMA 10T, POTÊNCIA 45 KW - CHP DIURNO. AF_01/2024","CHP",0]
["Custos Horários Produtivo e Improdutivo dos Equipamentos",102845,"GUINDASTE HIDRAULICO AUTOPROPELIDO, COM LANÇA TRELIÇADA 40 M, CAPACIDADE MÁXIMA 75 T, EQUIPADO COM CLAMSHELL - CHI DIURNO. AF_04/2019","CHI",0]
["Custos Horários Produtivo e Improdutivo dos Equipamentos",102844,"GUINDASTE HIDRAULICO AUTOPROPELIDO, COM LANÇA TRELIÇADA 40 M, CAPACIDADE MÁXIMA 75 T, EQUIPADO COM CLAMSHELL - CHP DIURNO. AF_04/2019","CHP",0]
["Custos Horários Produtivo e Improdutivo dos Equipamentos",89273,"GUINDASTE HIDRÁULICO AUTOPROPELIDO, COM LANÇA TELESCÓPICA 28,80 M, CAPACIDADE MÁXIMA 30 T, POTÊNCIA 97 KW, TRAÇÃO 4 X 4 - CHI DIURNO. AF_11/2014","CHI",110.24,0.7026]
["Custos Horários Produtivo e Improdutivo dos Equipamentos",89272,"GUINDASTE HIDRÁULICO AUTOPROPELIDO, COM LANÇA TELESCÓPICA 28,80 M, CAPACIDADE MÁXIMA 30 T, POTÊNCIA 97 KW, TRAÇÃO 4 X 4 - CHP DIURNO. AF_11/2014","CHP",222.14,0.72360000000000002]
["Custos Horários Produtivo e Improdutivo dos Equipamentos",93288,"GUINDASTE HIDRÁULICO AUTOPROPELIDO, COM LANÇA TELESCÓPICA 40 M, CAPACIDADE MÁXIMA 60 T, POTÊNCIA 260 KW - CHI DIURNO. AF_03/2016","CHI",181.74,0.8196]
["Custos Horários Produtivo e Improdutivo dos Equipamentos",93287,"GUINDASTE HIDRÁULICO AUTOPROPELIDO, COM LANÇA TELESCÓPICA 40 M, CAPACIDADE MÁXIMA 60 T, POTÊNCIA 260 KW - CHP DIURNO. AF_03/2016","CHP",354.39,0.87229999999999996]
["Custos Horários Produtivo e Improdutivo dos Equipamentos",104711,"GUINDASTE HIDRÁULICO AUTOPROPELIDO, COM LANÇA TRELICADA 41 M, CAPACIDADE MÁXIMA DE ELEVAÇÃO 43 T, POTÊNCIA 230 KW, EQUIPADO COM CAÇAMBA DE ARRASTO (DRAGLINE) DE 0,76 M3 - CHI DIURNO. AF_06/2023","CHI",0]
["Custos Horários Produtivo e Improdutivo dos Equipamentos",104710,"GUINDASTE HIDRÁULICO AUTOPROPELIDO, COM LANÇA TRELICADA 41 M, CAPACIDADE MÁXIMA DE ELEVAÇÃO 43 T, POTÊNCIA 230 KW, EQUIPADO COM CAÇAMBA DE ARRASTO (DRAGLINE) DE 0,76 M3 - CHP DIURNO. AF_06/2023","CHP",0]
["Custos Horários Produtivo e Improdutivo dos Equipamentos",104908,"GUINDASTE HIDRÁULICO RODOVIÁRIO, LANCA TELESCÓPICA DE *50+20* M, CAPACIDADE MÁXIMA DE 90T, 4 EIXOS, POTÊNCIA 330 KW, MOTOR DIESEL - CHI DIURNO. AF_01/2024","CHI",0]
["Custos Horários Produtivo e Improdutivo dos Equipamentos",104907,"GUINDASTE HIDRÁULICO RODOVIÁRIO, LANCA TELESCÓPICA DE *50+20* M, CAPACIDADE MÁXIMA DE 90T, 4 EIXOS, POTÊNCIA 330 KW, MOTOR DIESEL - CHP DIURNO. AF_01/2024","CHP",0]
["Custos Horários Produtivo e Improdutivo dos Equipamentos",102851,"GUINDASTE SOBRE ESTEIRAS, COM LANÇA TRELIÇADA 40 M, CAPACIDADE MÁXIMA 75 T - CHI DIURNO. AF_04/2019","CHI",0]
["Custos Horários Produtivo e Improdutivo dos Equipamentos",102850,"GUINDASTE SOBRE ESTEIRAS, COM LANÇA TRELIÇADA 40 M, CAPACIDADE MÁXIMA 75 T - CHP DIURNO. AF_04/2019","CHP",0]
["Custos Horários Produtivo e Improdutivo dos Equipamentos",102857,"GUINDASTE SOBRE ESTEIRAS, COM LANÇA TRELIÇADA 40 M, CAPACIDADE MÁXIMA 75 T, EQUIPADO COM CLAMSHELL - CHI DIURNO. AF_04/2019","CHI",0]
["Custos Horários Produtivo e Improdutivo dos Equipamentos",102856,"GUINDASTE SOBRE ESTEIRAS, COM LANÇA TRELIÇADA 40 M, CAPACIDADE MÁXIMA 75 T, EQUIPADO COM CLAMSHELL - CHP DIURNO. AF_04/2019","CHP",0]
["Custos Horários Produtivo e Improdutivo dos Equipamentos",93403,"GUINDAUTO HIDRÁULICO, CAPACIDADE MÁXIMA DE CARGA 3300 KG, MOMENTO MÁXIMO DE CARGA 5,8 TM, ALCANCE MÁXIMO HORIZONTAL 7,60 M, INCLUSIVE CAMINHÃO TOCO PBT 16.000 KG, POTÊNCIA DE 189 CV - CHI DIURNO. AF_03/2016","CHI",73.41,0.1048]
["Custos Horários Produtivo e Improdutivo dos Equipamentos",93402,"GUINDAUTO HIDRÁULICO, CAPACIDADE MÁXIMA DE CARGA 3300 KG, MOMENTO MÁXIMO DE CARGA 5,8 TM, ALCANCE MÁXIMO HORIZONTAL 7,60 M, INCLUSIVE CAMINHÃO TOCO PBT 16.000 KG, POTÊNCIA DE 189 CV - CHP DIURNO. AF_03/2016","CHP",272.14,5.4100000000000002E-2]
["Custos Horários Produtivo e Improdutivo dos Equipamentos",5930,"GUINDAUTO HIDRÁULICO, CAPACIDADE MÁXIMA DE CARGA 6200 KG, MOMENTO MÁXIMO DE CARGA 11,7 TM, ALCANCE MÁXIMO HORIZONTAL 9,70 M, INCLUSIVE CAMINHÃO TOCO PBT 16.000 KG, POTÊNCIA DE 189 CV - CHI DIURNO. AF_06/2014","CHI",76.540000000000006,0.1414]
["Custos Horários Produtivo e Improdutivo dos Equipamentos",5928,"GUINDAUTO HIDRÁULICO, CAPACIDADE MÁXIMA DE CARGA 6200 KG, MOMENTO MÁXIMO DE CARGA 11,7 TM, ALCANCE MÁXIMO HORIZONTAL 9,70 M, INCLUSIVE CAMINHÃO TOCO PBT 16.000 KG, POTÊNCIA DE 189 CV - CHP DIURNO. AF_06/2014","CHP",278.13,7.4499999999999997E-2]
["Custos Horários Produtivo e Improdutivo dos Equipamentos",105845,"GUINDAUTO HIDRÁULICO, CAPACIDADE MÁXIMA DE CARGA 6200 KG, MOMENTO MÁXIMO DE CARGA 11,7 TM, ALCANCE MÁXIMO HORIZONTAL 9,70 M, INCLUSIVE CAMINHÃO TOCO PBT 16.000 KG, POTÊNCIA DE 189 CV E CESTA AÉREA COM ISOLAMENTO CLASSE C - CHI DIURNO. AF_01/2025","CHI",0]
["Custos Horários Produtivo e Improdutivo dos Equipamentos",105844,"GUINDAUTO HIDRÁULICO, CAPACIDADE MÁXIMA DE CARGA 6200 KG, MOMENTO MÁXIMO DE CARGA 11,7 TM, ALCANCE MÁXIMO HORIZONTAL 9,70 M, INCLUSIVE CAMINHÃO TOCO PBT 16.000 KG, POTÊNCIA DE 189 CV E CESTA AÉREA COM ISOLAMENTO CLASSE C - CHP DIURNO. AF_01/2025","CHP",0]
["Custos Horários Produtivo e Improdutivo dos Equipamentos",91635,"GUINDAUTO HIDRÁULICO, CAPACIDADE MÁXIMA DE CARGA 6500 KG, MOMENTO MÁXIMO DE CARGA 5,8 TM, ALCANCE MÁXIMO HORIZONTAL 7,60 M, INCLUSIVE CAMINHÃO TOCO PBT 9.700 KG, POTÊNCIA DE 160 CV - CHI DIURNO. AF_08/2015","CHI",68.150000000000006,0.1128]
["Custos Horários Produtivo e Improdutivo dos Equipamentos",91634,"GUINDAUTO HIDRÁULICO, CAPACIDADE MÁXIMA DE CARGA 6500 KG, MOMENTO MÁXIMO DE CARGA 5,8 TM, ALCANCE MÁXIMO HORIZONTAL 7,60 M, INCLUSIVE CAMINHÃO TOCO PBT 9.700 KG, POTÊNCIA DE 160 CV - CHP DIURNO. AF_08/2015","CHP",236.69,6.2199999999999998E-2]
["Custos Horários Produtivo e Improdutivo dos Equipamentos",105985,"GUINDAUTO HIDRÁULICO, CAPACIDADE MÁXIMA DE CARGA 8500 KG, MOMENTO MÁXIMO DE CARGA 30,4 TM, ALCANCE MÁXIMO HORIZONTAL 14,30 M, INCLUSIVE CAMINHÃO TRUCADO PBT 23.000 KG, POTÊNCIA DE 256 CV E CARROCERIA FIXA ABERTA DE MADEIRA - CHI DIURNO. AF_05/2025","CHI",99.74,0.28220000000000001]
["Custos Horários Produtivo e Improdutivo dos Equipamentos",105984,"GUINDAUTO HIDRÁULICO, CAPACIDADE MÁXIMA DE CARGA 8500 KG, MOMENTO MÁXIMO DE CARGA 30,4 TM, ALCANCE MÁXIMO HORIZONTAL 14,30 M, INCLUSIVE CAMINHÃO TRUCADO PBT 23.000 KG, POTÊNCIA DE 256 CV E CARROCERIA FIXA ABERTA DE MADEIRA - CHP DIURNO. AF_05/2025","CHP",323.83,0.1663]
["Custos Horários Produtivo e Improdutivo dos Equipamentos",98765,"INVERSOR DE SOLDA MONOFÁSICO DE 160 A, POTÊNCIA DE 7000 W, TENSÃO DE 220 V, TURBO VENTILADO, PROTEÇÃO POR TERMOSTATO, PARA ELETRODOS DE 2,0 A 4,0 MM - CHI DIURNO. AF_06/2018","CHI",0.14000000000000001,0]
["Custos Horários Produtivo e Improdutivo dos Equipamentos",98764,"INVERSOR DE SOLDA MONOFÁSICO DE 160 A, POTÊNCIA DE 7000 W, TENSÃO DE 220 V, TURBO VENTILADO, PROTEÇÃO POR TERMOSTATO, PARA ELETRODOS DE 2,0 A 4,0 MM - CHP DIURNO. AF_06/2018","CHP",6.01,0]
["Custos Horários Produtivo e Improdutivo dos Equipamentos",99834,"LAVADORA DE ALTA PRESSAO (LAVA-JATO) PARA AGUA FRIA, PRESSAO DE OPERACAO ENTRE 1400 E 1900 LIB/POL2, VAZAO MAXIMA ENTRE 400 E 700 L/H - CHI DIURNO. AF_05/2023","CHI",0.23,0]
["Custos Horários Produtivo e Improdutivo dos Equipamentos",99833,"LAVADORA DE ALTA PRESSAO (LAVA-JATO) PARA AGUA FRIA, PRESSAO DE OPERACAO ENTRE 1400 E 1900 LIB/POL2, VAZAO MAXIMA ENTRE 400 E 700 L/H - CHP DIURNO. AF_05/2023","CHP",4.5999999999999996,0]
["Custos Horários Produtivo e Improdutivo dos Equipamentos",104521,"LIXADEIRA DE PAREDE, COM LED, POTÊNCIA 750 W, FREQUÊNCIA 60 HZ, VELOCIDADE 1000 A 2100 RPM, DIÂMETRO DA LIXA 225 MM - CHI DIURNO AF_12/2022","CHI",0]
["Custos Horários Produtivo e Improdutivo dos Equipamentos",104520,"LIXADEIRA DE PAREDE, COM LED, POTÊNCIA 750 W, FREQUÊNCIA 60 HZ, VELOCIDADE 1000 A 2100 RPM, DIÂMETRO DA LIXA 225 MM - CHP DIURNO. AF_12/2022","CHP",0]
["Custos Horários Produtivo e Improdutivo dos Equipamentos",90687,"MANIPULADOR TELESCÓPICO, POTÊNCIA DE 85 HP, CAPACIDADE DE CARGA DE 3.500 KG, ALTURA MÁXIMA DE ELEVAÇÃO DE 12,3 M - CHI DIURNO. AF_05/2023","CHI",75.84,0.63380000000000003]
["Custos Horários Produtivo e Improdutivo dos Equipamentos",90686,"MANIPULADOR TELESCÓPICO, POTÊNCIA DE 85 HP, CAPACIDADE DE CARGA DE 3.500 KG, ALTURA MÁXIMA DE ELEVAÇÃO DE 12,3 M - CHP DIURNO. AF_05/2023","CHP",174.65,0.51980000000000004]
["Custos Horários Produtivo e Improdutivo dos Equipamentos",5952,"MARTELETE OU ROMPEDOR PNEUMÁTICO MANUAL, 28 KG, COM SILENCIADOR - CHI DIURNO. AF_07/2016","CHI",24.95,0]
["Custos Horários Produtivo e Improdutivo dos Equipamentos",5795,"MARTELETE OU ROMPEDOR PNEUMÁTICO MANUAL, 28 KG, COM SILENCIADOR - CHP DIURNO. AF_07/2016","CHP",25.77,0]
["Custos Horários Produtivo e Improdutivo dos Equipamentos",104657,"MARTELETE PERFURADOR/ ROMPEDOR ELÉTRICO, POTÊNCIA 800 W, 220 V - CHI DIURNO. AF_05/2023","CHI",0]
["Custos Horários Produtivo e Improdutivo dos Equipamentos",104656,"MARTELETE PERFURADOR/ ROMPEDOR ELÉTRICO, POTÊNCIA 800 W, 220 V - CHP DIURNO. AF_05/2023","CHP",0]
["Custos Horários Produtivo e Improdutivo dos Equipamentos",102274,"MARTELO DEMOLIDOR ELÉTRICO, COM POTÊNCIA DE 2.000 W, 1.000 IMPACTOS POR MINUTO, PESO DE 30 KG - CHI DIURNO. AF_01/2021","CHI",25.51,0]
["Custos Horários Produtivo e Improdutivo dos Equipamentos",102275,"MARTELO DEMOLIDOR ELÉTRICO, COM POTÊNCIA DE 2.000 W, 1.000 IMPACTOS POR MINUTO, PESO DE 30 KG - CHP DIURNO. AF_01/2021","CHP",28.53,0]
["Custos Horários Produtivo e Improdutivo dos Equipamentos",95259,"MARTELO DEMOLIDOR PNEUMÁTICO MANUAL, 32 KG - CHI DIURNO. AF_09/2016","CHI",25.78,0]
["Custos Horários Produtivo e Improdutivo dos Equipamentos",95258,"MARTELO DEMOLIDOR PNEUMÁTICO MANUAL, 32 KG - CHP DIURNO. AF_09/2016","CHP",27.44,0]
["Custos Horários Produtivo e Improdutivo dos Equipamentos",105917,"MARTELO PERFURADOR PNEUMÁTICO MANUAL, HASTE 19 X 108 MM, *11* KG - CHI DIURNO. AF_02/2025","CHI",25.54,0]
["Custos Horários Produtivo e Improdutivo dos Equipamentos",105916,"MARTELO PERFURADOR PNEUMÁTICO MANUAL, HASTE 19 X 108 MM, *11* KG - CHP DIURNO. AF_02/2025","CHP",26.95,0]
["Custos Horários Produtivo e Improdutivo dos Equipamentos",103794,"MINI GUINDASTE ARANHA SOBRE ESTEIRAS E LANCA TELESCÓPICA, CAPACIDADE MÁXIMA DE CARGA 3,0 TON, RAIO MÁXIMO DE TRABALHO 8,25 M, ALTURA DE LANÇA DO SOLO 9,2 M, 55 M DE CABO DE AÇO 8 MM, MOTOR ELÉTRICO 220/380 VOLTS TRIFÁSICO - CHI DIURNO. AF_03/2022","CHI",0]
["Custos Horários Produtivo e Improdutivo dos Equipamentos",103793,"MINI GUINDASTE ARANHA SOBRE ESTEIRAS E LANCA TELESCÓPICA, CAPACIDADE MÁXIMA DE CARGA 3,0 TON, RAIO MÁXIMO DE TRABALHO 8,25 M, ALTURA DE LANÇA DO SOLO 9,2 M, 55 M DE CABO DE AÇO 8 MM, MOTOR ELÉTRICO 220/380 VOLTS TRIFÁSICO - CHP DIURNO. AF_03/2022","CHP",0]
["Custos Horários Produtivo e Improdutivo dos Equipamentos",96156,"MINICARREGADEIRA SOBRE RODAS POTENCIA 47HP CAPACIDADE OPERACAO 646 KG, COM VASSOURA MECÂNICA ACOPLADA - CHI DIURNO. AF_03/2017","CHI",66.94,0.58520000000000005]
["Custos Horários Produtivo e Improdutivo dos Equipamentos",96158,"MINICARREGADEIRA SOBRE RODAS POTENCIA 47HP CAPACIDADE OPERACAO 646 KG, COM VASSOURA MECÂNICA ACOPLADA - CHP DIURNO. AF_03/2017","CHP",146.87,0.54339999999999999]
["Custos Horários Produtivo e Improdutivo dos Equipamentos",90693,"MINICARREGADEIRA SOBRE RODAS, POTÊNCIA LÍQUIDA DE 47 HP, CAPACIDADE NOMINAL DE OPERAÇÃO DE 646 KG - CHI DIURNO. AF_06/2015","CHI",62.25,0.55389999999999995]
["Custos Horários Produtivo e Improdutivo dos Equipamentos",90692,"MINICARREGADEIRA SOBRE RODAS, POTÊNCIA LÍQUIDA DE 47 HP, CAPACIDADE NOMINAL DE OPERAÇÃO DE 646 KG - CHP DIURNO. AF_06/2015","CHP",137.54,0.51239999999999997]
["Custos Horários Produtivo e Improdutivo dos Equipamentos",96246,"MINIESCAVADEIRA SOBRE ESTEIRAS, POTÊNCIA LÍQUIDA DE *30* HP, PESO OPERACIONAL DE *3.500* KG - CHI DIURNO. AF_04/2017","CHI",67.3,0.57469999999999999]
["Custos Horários Produtivo e Improdutivo dos Equipamentos",96245,"MINIESCAVADEIRA SOBRE ESTEIRAS, POTÊNCIA LÍQUIDA DE *30* HP, PESO OPERACIONAL DE *3.500* KG - CHP DIURNO. AF_04/2017","CHP",122.71,0.62690000000000001]
["Custos Horários Produtivo e Improdutivo dos Equipamentos",88404,"MISTURADOR DE ARGAMASSA, EIXO HORIZONTAL, CAPACIDADE DE MISTURA 160 KG, MOTOR ELÉTRICO POTÊNCIA 3 CV - CHI DIURNO. AF_05/2023","CHI",1.18,0]
["Custos Horários Produtivo e Improdutivo dos Equipamentos",88399,"MISTURADOR DE ARGAMASSA, EIXO HORIZONTAL, CAPACIDADE DE MISTURA 160 KG, MOTOR ELÉTRICO POTÊNCIA 3 CV - CHP DIURNO. AF_05/2023","CHP",4.03,0]
["Custos Horários Produtivo e Improdutivo dos Equipamentos",88392,"MISTURADOR DE ARGAMASSA, EIXO HORIZONTAL, CAPACIDADE DE MISTURA 300 KG, MOTOR ELÉTRICO POTÊNCIA 5 CV - CHI DIURNO. AF_05/2023","CHI",1.24,0]
["Custos Horários Produtivo e Improdutivo dos Equipamentos",88386,"MISTURADOR DE ARGAMASSA, EIXO HORIZONTAL, CAPACIDADE DE MISTURA 300 KG, MOTOR ELÉTRICO POTÊNCIA 5 CV - CHP DIURNO. AF_05/2023","CHP",5.35,0]
["Custos Horários Produtivo e Improdutivo dos Equipamentos",88398,"MISTURADOR DE ARGAMASSA, EIXO HORIZONTAL, CAPACIDADE DE MISTURA 600 KG, MOTOR ELÉTRICO POTÊNCIA 7,5 CV - CHI DIURNO. AF_05/2023","CHI",1.49,0]
["Custos Horários Produtivo e Improdutivo dos Equipamentos",88393,"MISTURADOR DE ARGAMASSA, EIXO HORIZONTAL, CAPACIDADE DE MISTURA 600 KG, MOTOR ELÉTRICO POTÊNCIA 7,5 CV - CHP DIURNO. AF_05/2023","CHP",7.31,0]
["Custos Horários Produtivo e Improdutivo dos Equipamentos",90638,"MISTURADOR DUPLO HORIZONTAL DE ALTA TURBULÊNCIA, CAPACIDADE / VOLUME 2 X 500 LITROS, MOTORES ELÉTRICOS MÍNIMO 5 CV CADA, PARA NATA CIMENTO, ARGAMASSA E OUTROS - CHI DIURNO. AF_06/2015","CHI",5.93,0]
["Custos Horários Produtivo e Improdutivo dos Equipamentos",90637,"MISTURADOR DUPLO HORIZONTAL DE ALTA TURBULÊNCIA, CAPACIDADE / VOLUME 2 X 500 LITROS, MOTORES ELÉTRICOS MÍNIMO 5 CV CADA, PARA NATA CIMENTO, ARGAMASSA E OUTROS - CHP DIURNO. AF_06/2015","CHP",17.2,0]
["Custos Horários Produtivo e Improdutivo dos Equipamentos",103243,"MISTURADOR PARA PREPARO DE LAMA ESTABILIZANTE COM CAPACIDADE DE *4000* L, COM BOMBA CENTRÍFUGA 5,5 HP A 23,07 HP, PARA SISTEMA DE FURO DIRECIONAL - CHI DIURNO. AF_05/2023","CHI",0]
["Custos Horários Produtivo e Improdutivo dos Equipamentos",103242,"MISTURADOR PARA PREPARO DE LAMA ESTABILIZANTE COM CAPACIDADE DE *4000* L, COM BOMBA CENTRÍFUGA 5,5 HP A 23,07 HP, PARA SISTEMA DE FURO DIRECIONAL - CHP DIURNO. AF_05/2023","CHP",0]
["Custos Horários Produtivo e Improdutivo dos Equipamentos",5806,"MOTOBOMBA CENTRÍFUGA, MOTOR A GASOLINA, POTÊNCIA 5,42 HP, BOCAIS 1 1/2\" X 1\", DIÂMETRO ROTOR 143 MM HM/Q = 6 MCA / 16,8 M3/H A 38 MCA / 6,6 M3/H - CHI DIURNO. AF_06/2014","CHI",0.27,0]
["Custos Horários Produtivo e Improdutivo dos Equipamentos",73536,"MOTOBOMBA CENTRÍFUGA, MOTOR A GASOLINA, POTÊNCIA 5,42 HP, BOCAIS 1 1/2\" X 1\", DIÂMETRO ROTOR 143 MM HM/Q = 6 MCA / 16,8 M3/H A 38 MCA / 6,6 M3/H - CHP DIURNO. AF_06/2014","CHP",20.94,0]
["Custos Horários Produtivo e Improdutivo dos Equipamentos",7043,"MOTOBOMBA TRASH (PARA ÁGUA SUJA) AUTO ESCORVANTE, MOTOR GASOLINA DE 6,41 HP, DIÂMETROS DE SUCÇÃO X RECALQUE: 3\" X 3\", HM/Q = 10 MCA / 60 M3/H A 23 MCA / 0 M3/H - CHI DIURNO. AF_10/2014","CHI",0.33,0]
["Custos Horários Produtivo e Improdutivo dos Equipamentos",7042,"MOTOBOMBA TRASH (PARA ÁGUA SUJA) AUTO ESCORVANTE, MOTOR GASOLINA DE 6,41 HP, DIÂMETROS DE SUCÇÃO X RECALQUE: 3\" X 3\", HM/Q = 10 MCA / 60 M3/H A 23 MCA / 0 M3/H - CHP DIURNO. AF_10/2014","CHP",24.74,0]
["Custos Horários Produtivo e Improdutivo dos Equipamentos",5934,"MOTONIVELADORA POTÊNCIA BÁSICA LÍQUIDA (PRIMEIRA MARCHA) 125 HP, PESO BRUTO 13032 KG, LARGURA DA LÂMINA DE 3,7 M - CHI DIURNO. AF_06/2014","CHI",101.6,0.62290000000000001]
["Custos Horários Produtivo e Improdutivo dos Equipamentos",5932,"MOTONIVELADORA POTÊNCIA BÁSICA LÍQUIDA (PRIMEIRA MARCHA) 125 HP, PESO BRUTO 13032 KG, LARGURA DA LÂMINA DE 3,7 M - CHP DIURNO. AF_06/2014","CHP",259.37,0.53410000000000002]
["Custos Horários Produtivo e Improdutivo dos Equipamentos",96159,"MÁQUINA DEMARCADORA DE FAIXA DE TRÁFEGO À FRIO, AUTOPROPELIDA, POTÊNCIA 38 HP - CHI DIURNO. AF_07/2016","CHI",106.76,0.7399]
["Custos Horários Produtivo e Improdutivo dos Equipamentos",95133,"MÁQUINA DEMARCADORA DE FAIXA DE TRÁFEGO À FRIO, AUTOPROPELIDA, POTÊNCIA 38 HP - CHP DIURNO. AF_07/2016","CHP",206.8,0.71189999999999998]
["Custos Horários Produtivo e Improdutivo dos Equipamentos",102986,"MÁQUINA DEMARCADORA DE FAIXA DE TRÁFEGO À FRIO, TRAÇÃO MANUAL, 4 CV, PRESSÃO MAX 3300 PSI, TANQUE 20 L - CHI DIURNO. AF_06/2021","CHI",0]
["Custos Horários Produtivo e Improdutivo dos Equipamentos",102987,"MÁQUINA DEMARCADORA DE FAIXA DE TRÁFEGO À FRIO, TRAÇÃO MANUAL, 4 CV, PRESSÃO MAX 3300 PSI, TANQUE 20 L - CHP DIURNO. AF_06/2021","CHP",0]
["Custos Horários Produtivo e Improdutivo dos Equipamentos",92961,"MÁQUINA EXTRUSORA DE CONCRETO PARA GUIAS E SARJETAS, MOTOR A DIESEL, POTÊNCIA 14 CV - CHI DIURNO. AF_12/2015","CHI",5.38,1]
["Custos Horários Produtivo e Improdutivo dos Equipamentos",92960,"MÁQUINA EXTRUSORA DE CONCRETO PARA GUIAS E SARJETAS, MOTOR A DIESEL, POTÊNCIA 14 CV - CHP DIURNO. AF_12/2015","CHP",19.309999999999999,0.52669999999999995]
["Custos Horários Produtivo e Improdutivo dos Equipamentos",102863,"MÁQUINA FORMER DOBRAS DIVERSAS: 220V/380V TRIFÁSICO OU MONOFÁSICO, CAPACIDADE 0,5-1,27MM, MOTOR 2CV - CHI DIURNO. AF_05/2023","CHI",0]
["Custos Horários Produtivo e Improdutivo dos Equipamentos",102862,"MÁQUINA FORMER DOBRAS DIVERSAS: 220V/380V TRIFÁSICO OU MONOFÁSICO, CAPACIDADE 0,5-1,27MM, MOTOR 2CV - CHP DIURNO. AF_05/2023","CHP",0]
["Custos Horários Produtivo e Improdutivo dos Equipamentos",93409,"MÁQUINA JATO DE PRESSAO PORTÁTIL, CAMARA DE 1 SAIDA, CAPACIDADE 280 L, DIAMETRO 670 MM, BICO DE JATO CURTO VENTURI DE 5/16\", MANGUEIRA DE 1\" COM COMPRESSOR DE AR REBOCÁVEL 189 PCM E MOTOR DIESEL 63 CV - CHI DIURNO. AF_05/2023","CHI",35.92,0.27089999999999997]
["Custos Horários Produtivo e Improdutivo dos Equipamentos",93408,"MÁQUINA JATO DE PRESSAO PORTÁTIL, CAMARA DE 1 SAIDA, CAPACIDADE 280 L, DIAMETRO 670 MM, BICO DE JATO CURTO VENTURI DE 5/16\", MANGUEIRA DE 1\" COM COMPRESSOR DE AR REBOCÁVEL 189 PCM E MOTOR DIESEL 63 CV - CHP DIURNO. AF_05/2023","CHP",91.71,0.20749999999999999]
["Custos Horários Produtivo e Improdutivo dos Equipamentos",102941,"MÁQUINA METALEIRA UNIVERSAL MODELO IW 110/180 BTD - CHI DIURNO. AF_05/2023","CHI",0]
["Custos Horários Produtivo e Improdutivo dos Equipamentos",102940,"MÁQUINA METALEIRA UNIVERSAL MODELO IW 110/180 BTD - CHP DIURNO. AF_05/2023","CHP",0]
["Custos Horários Produtivo e Improdutivo dos Equipamentos",103164,"MÁQUINA PARA SOLDA POR ELETROFUSÃO PARA TUBOS DE POLIETILENO DE ALTA DENSIDADE (PEAD) COM DIÂMETRO EXTERNO DE 20 A 1600 MM, POTÊNCIA DE 3500 W - CHI DIURNO. AF_05/2023","CHI",0]
["Custos Horários Produtivo e Improdutivo dos Equipamentos",103163,"MÁQUINA PARA SOLDA POR ELETROFUSÃO PARA TUBOS DE POLIETILENO DE ALTA DENSIDADE (PEAD) COM DIÂMETRO EXTERNO DE 20 A 1600 MM, POTÊNCIA DE 3500 W - CHP DIURNO. AF_05/2023","CHP",0]
["Custos Horários Produtivo e Improdutivo dos Equipamentos",103158,"MÁQUINA PARA SOLDA POR ELETROFUSÃO PARA TUBOS DE POLIETILENO DE ALTA DENSIDADE (PEAD) COM DIÂMETRO EXTERNO DE 20 A 800 MM, POTÊNCIA ENTRE 2750 E 3000 W - CHI DIURNO. AF_05/2023","CHI",0]
["Custos Horários Produtivo e Improdutivo dos Equipamentos",103157,"MÁQUINA PARA SOLDA POR ELETROFUSÃO PARA TUBOS DE POLIETILENO DE ALTA DENSIDADE (PEAD) COM DIÂMETRO EXTERNO DE 20 A 800 MM, POTÊNCIA ENTRE 2750 E 3000 W - CHP DIURNO. AF_05/2023","CHP",0]
["Custos Horários Produtivo e Improdutivo dos Equipamentos",103176,"MÁQUINA PARA SOLDA POR TERMOFUSÃO PARA TUBOS DE POLIETILENO DE ALTA DENSIDADE (PEAD) COM DIÂMETRO EXTERNO DE 315 A 630 MM, POTÊNCIA ENTRE 8000 E 12350 W - CHI DIURNO. AF_05/2023","CHI",0]
["Custos Horários Produtivo e Improdutivo dos Equipamentos",103175,"MÁQUINA PARA SOLDA POR TERMOFUSÃO PARA TUBOS DE POLIETILENO DE ALTA DENSIDADE (PEAD) COM DIÂMETRO EXTERNO DE 315 A 630 MM, POTÊNCIA ENTRE 8000 E 12350 W - CHP DIURNO. AF_05/2023","CHP",0]
["Custos Horários Produtivo e Improdutivo dos Equipamentos",103182,"MÁQUINA PARA SOLDA POR TERMOFUSÃO PARA TUBOS DE POLIETILENO DE ALTA DENSIDADE (PEAD) COM DIÂMETRO EXTERNO DE 710 A 1200 MM, POTÊNCIA ENTRE 16000 E 29500 W - CHI DIURNO. AF_05/2023","CHI",0]
["Custos Horários Produtivo e Improdutivo dos Equipamentos",103181,"MÁQUINA PARA SOLDA POR TERMOFUSÃO PARA TUBOS DE POLIETILENO DE ALTA DENSIDADE (PEAD) COM DIÂMETRO EXTERNO DE 710 A 1200 MM, POTÊNCIA ENTRE 16000 E 29500 W - CHP DIURNO. AF_05/2023","CHP",0]
["Custos Horários Produtivo e Improdutivo dos Equipamentos",103170,"MÁQUINA PARA SOLDA POR TERMOFUSÃO PARA TUBOS DE POLIETILENO DE ALTA DENSIDADE (PEAD) COM DIÂMETRO EXTERNO DE 90 A 315 MM, POTÊNCIA ENTRE 2500 E 5350 W - CHI DIURNO. AF_05/2023","CHI",0]
["Custos Horários Produtivo e Improdutivo dos Equipamentos",103169,"MÁQUINA PARA SOLDA POR TERMOFUSÃO PARA TUBOS DE POLIETILENO DE ALTA DENSIDADE (PEAD) COM DIÂMETRO EXTERNO DE 90 A 315 MM, POTÊNCIA ENTRE 2500 E 5350 W - CHP DIURNO. AF_05/2023","CHP",0]
["Custos Horários Produtivo e Improdutivo dos Equipamentos",102869,"MÁQUINA SOLDA ARCO COM PISTOLA DE SOLDAGEM PARA STUD BOLT DE 5 MM A 22 MM - CHI DIURNO. AF_05/2023","CHI",0]
["Custos Horários Produtivo e Improdutivo dos Equipamentos",102868,"MÁQUINA SOLDA ARCO COM PISTOLA DE SOLDAGEM PARA STUD BOLT DE 5 MM A 22 MM - CHP DIURNO. AF_05/2023","CHP",0]
["Custos Horários Produtivo e Improdutivo dos Equipamentos",92113,"PENEIRA ROTATIVA COM MOTOR ELÉTRICO TRIFÁSICO DE 2 CV, CILINDRO DE 1 M X 0,60 M, COM FUROS DE 3,17 MM - CHI DIURNO. AF_05/2023","CHI",1.38,0]
["Custos Horários Produtivo e Improdutivo dos Equipamentos",92112,"PENEIRA ROTATIVA COM MOTOR ELÉTRICO TRIFÁSICO DE 2 CV, CILINDRO DE 1 M X 0,60 M, COM FUROS DE 3,17 MM - CHP DIURNO. AF_05/2023","CHP",3.99,0]
["Custos Horários Produtivo e Improdutivo dos Equipamentos",90675,"PERFURATRIZ COM TORRE METÁLICA PARA EXECUÇÃO DE ESTACA HÉLICE CONTÍNUA, PROFUNDIDADE MÁXIMA DE 30 M, DIÂMETRO MÁXIMO DE 800 MM, POTÊNCIA INSTALADA DE 268 HP, MESA ROTATIVA COM TORQUE MÁXIMO DE 170 KNM - CHI DIURNO. AF_06/2015","CHI",343.09,0.91149999999999998]
["Custos Horários Produtivo e Improdutivo dos Equipamentos",90674,"PERFURATRIZ COM TORRE METÁLICA PARA EXECUÇÃO DE ESTACA HÉLICE CONTÍNUA, PROFUNDIDADE MÁXIMA DE 30 M, DIÂMETRO MÁXIMO DE 800 MM, POTÊNCIA INSTALADA DE 268 HP, MESA ROTATIVA COM TORQUE MÁXIMO DE 170 KNM - CHP DIURNO. AF_06/2015","CHP",769.58,0.80730000000000002]
["Custos Horários Produtivo e Improdutivo dos Equipamentos",93225,"PERFURATRIZ COM TORRE METÁLICA PARA EXECUÇÃO DE ESTACA HÉLICE CONTÍNUA, PROFUNDIDADE MÁXIMA DE 32 M, DIÂMETRO MÁXIMO DE 1000 MM, POTÊNCIA INSTALADA DE 350 HP, MESA ROTATIVA COM TORQUE MÁXIMO DE 263 KNM - CHI DIURNO. AF_01/2016","CHI",509.87,0.94040000000000001]
["Custos Horários Produtivo e Improdutivo dos Equipamentos",93224,"PERFURATRIZ COM TORRE METÁLICA PARA EXECUÇÃO DE ESTACA HÉLICE CONTÍNUA, PROFUNDIDADE MÁXIMA DE 32 M, DIÂMETRO MÁXIMO DE 1000 MM, POTÊNCIA INSTALADA DE 350 HP, MESA ROTATIVA COM TORQUE MÁXIMO DE 263 KNM - CHP DIURNO. AF_01/2016","CHP",1137.02,0.83779999999999999]
["Custos Horários Produtivo e Improdutivo dos Equipamentos",104696,"PERFURATRIZ DE COROA DIAMANTADA PARA CONCRETO, DIÂMETRO ATÉ 250 MM, MOTOR ELÉTRICO 220 V, POTÊNCIA 2.500 W - CHI DIURNO. AF_05/2023","CHI",31.58,3.7999999999999999E-2]
["Custos Horários Produtivo e Improdutivo dos Equipamentos",104695,"PERFURATRIZ DE COROA DIAMANTADA PARA CONCRETO, DIÂMETRO ATÉ 250 MM, MOTOR ELÉTRICO 220 V, POTÊNCIA 2.500 W - CHP DIURNO. AF_05/2023","CHP",34.840000000000003,6.9500000000000006E-2]
["Custos Horários Produtivo e Improdutivo dos Equipamentos",90681,"PERFURATRIZ HIDRÁULICA SOBRE CAMINHÃO COM TRADO CURTO ACOPLADO, PROFUNDIDADE MÁXIMA DE 20 M, DIÂMETRO MÁXIMO DE 1500 MM, POTÊNCIA INSTALADA DE 137 HP, MESA ROTATIVA COM TORQUE MÁXIMO DE 30 KNM - CHI DIURNO. AF_06/2015","CHI",172.26,0.61529999999999996]
["Custos Horários Produtivo e Improdutivo dos Equipamentos",90680,"PERFURATRIZ HIDRÁULICA SOBRE CAMINHÃO COM TRADO CURTO ACOPLADO, PROFUNDIDADE MÁXIMA DE 20 M, DIÂMETRO MÁXIMO DE 1500 MM, POTÊNCIA INSTALADA DE 137 HP, MESA ROTATIVA COM TORQUE MÁXIMO DE 30 KNM - CHP DIURNO. AF_06/2015","CHP",401.71,0.50370000000000004]
["Custos Horários Produtivo e Improdutivo dos Equipamentos",102875,"PERFURATRIZ HIDRÁULICA SOBRE ESTEIRA, TORQUE MÁXIMO 161 KNM, PROFUNDIDADE MÁXIMA 54 M, DIÂMETRO MÁXIMO 1500 MM, POTÊNCIA MOTOR 268 HP - CHI DIURNO. AF_04/2019","CHI",487.1,0.93759999999999999]
["Custos Horários Produtivo e Improdutivo dos Equipamentos",102874,"PERFURATRIZ HIDRÁULICA SOBRE ESTEIRA, TORQUE MÁXIMO 161 KNM, PROFUNDIDADE MÁXIMA 54 M, DIÂMETRO MÁXIMO 1500 MM, POTÊNCIA MOTOR 268 HP - CHP DIURNO. AF_04/2019","CHP",1055.02,0.85940000000000005]
["Custos Horários Produtivo e Improdutivo dos Equipamentos",102965,"PERFURATRIZ HIDRÁULICA SOBRE ESTEIRA, TORQUE MÁXIMO 98 KNM, PROFUNDIDADE MÁXIMA 25 M, DIÂMETRO MÁXIMO 115 MM, POTÊNCIA MOTOR 190 HP - CHI DIURNO. AF_02/2021","CHI",252.03,0.87949999999999995]
["Custos Horários Produtivo e Improdutivo dos Equipamentos",102964,"PERFURATRIZ HIDRÁULICA SOBRE ESTEIRA, TORQUE MÁXIMO 98 KNM, PROFUNDIDADE MÁXIMA 25 M, DIÂMETRO MÁXIMO 115 MM, POTÊNCIA MOTOR 190 HP - CHP DIURNO. AF_02/2021","CHP",499.33,0.77170000000000005]
["Custos Horários Produtivo e Improdutivo dos Equipamentos",90626,"PERFURATRIZ MANUAL, TORQUE MÁXIMO 83 N.M, POTÊNCIA 5 CV, COM DIÂMETRO MÁXIMO 4\" - CHI DIURNO. AF_06/2015","CHI",5.1100000000000003,0]
["Custos Horários Produtivo e Improdutivo dos Equipamentos",90625,"PERFURATRIZ MANUAL, TORQUE MÁXIMO 83 N.M, POTÊNCIA 5 CV, COM DIÂMETRO MÁXIMO 4\" - CHP DIURNO. AF_06/2015","CHP",13.3,0]
["Custos Horários Produtivo e Improdutivo dos Equipamentos",102881,"PERFURATRIZ PARA EXECUÇÃO DE ESTACAS SECANTES, TIPO HÉLICE CONTÍNUA COM CABEÇOTE DUPLO E TUBO METÁLICO - CHI DIURNO. AF_04/2019","CHI",665.08,0.95430000000000004]
["Custos Horários Produtivo e Improdutivo dos Equipamentos",102880,"PERFURATRIZ PARA EXECUÇÃO DE ESTACAS SECANTES, TIPO HÉLICE CONTÍNUA COM CABEÇOTE DUPLO E TUBO METÁLICO - CHP DIURNO. AF_04/2019","CHP",1467.4,0.85870000000000002]
["Custos Horários Produtivo e Improdutivo dos Equipamentos",103225,"PERFURATRIZ PARA FURO DIRECIONAL HORIZONTAL (HDD) COM CAPACIDADE ATÉ 89 KN, POTÊNCIA 24,8 HP A 80 HP (INCLUSO FERRAMENTAS E LOCALIZADOR) - CHI DIURNO. AF_05/2023","CHI",224.48,0.86470000000000002]
["Custos Horários Produtivo e Improdutivo dos Equipamentos",103224,"PERFURATRIZ PARA FURO DIRECIONAL HORIZONTAL (HDD) COM CAPACIDADE ATÉ 89 KN, POTÊNCIA 24,8 HP A 80 HP (INCLUSO FERRAMENTAS E LOCALIZADOR) - CHP DIURNO. AF_05/2023","CHP",450.29,0.85580000000000001]
["Custos Horários Produtivo e Improdutivo dos Equipamentos",103237,"PERFURATRIZ PARA FURO DIRECIONAL HORIZONTAL (HDD) COM CAPACIDADE DE 201 KN A 560 KN, POTÊNCIA 200 HP A 260 HP (INCLUSO FERRAMENTAS E LOCALIZADOR) - CHI DIURNO. AF_05/2023","CHI",639.35,0.95250000000000001]
["Custos Horários Produtivo e Improdutivo dos Equipamentos",103236,"PERFURATRIZ PARA FURO DIRECIONAL HORIZONTAL (HDD) COM CAPACIDADE DE 201 KN A 560 KN, POTÊNCIA 200 HP A 260 HP (INCLUSO FERRAMENTAS E LOCALIZADOR) - CHP DIURNO. AF_05/2023","CHP",1370.25,0.90400000000000003]
["Custos Horários Produtivo e Improdutivo dos Equipamentos",103231,"PERFURATRIZ PARA FURO DIRECIONAL HORIZONTAL (HDD) COM CAPACIDADE DE 90 KN A 200 KN, POTÊNCIA 100 HP A 160 HP (INCLUSO FERRAMENTAS E LOCALIZADOR) - CHI DIURNO. AF_05/2023","CHI",475.69,0.93610000000000004]
["Custos Horários Produtivo e Improdutivo dos Equipamentos",103230,"PERFURATRIZ PARA FURO DIRECIONAL HORIZONTAL (HDD) COM CAPACIDADE DE 90 KN A 200 KN, POTÊNCIA 100 HP A 160 HP (INCLUSO FERRAMENTAS E LOCALIZADOR) - CHP DIURNO. AF_05/2023","CHP",1000.26,0.88380000000000003]
["Custos Horários Produtivo e Improdutivo dos Equipamentos",102975,"PERFURATRIZ ROTATIVA SOBRE ESTEIRA, TORQUE MAXIMO 2500 KGM, POTENCIA 110 HP, MOTOR DIESEL - CHI DIURNO. AF_05/2017","CHI",149.38,0.79659999999999997]
["Custos Horários Produtivo e Improdutivo dos Equipamentos",102976,"PERFURATRIZ ROTATIVA SOBRE ESTEIRA, TORQUE MAXIMO 2500 KGM, POTENCIA 110 HP, MOTOR DIESEL- CHP DIURNO. AF_05/2017","CHP",285.18,0.72360000000000002]
["Custos Horários Produtivo e Improdutivo dos Equipamentos",90632,"PERFURATRIZ SOBRE ESTEIRA, TORQUE MÁXIMO 600 KGF, PESO MÉDIO 1000 KG, POTÊNCIA 20 HP, DIÂMETRO MÁXIMO 10\" - CHI DIURNO. AF_06/2015","CHI",99.69,0.69530000000000003]
["Custos Horários Produtivo e Improdutivo dos Equipamentos",90631,"PERFURATRIZ SOBRE ESTEIRA, TORQUE MÁXIMO 600 KGF, PESO MÉDIO 1000 KG, POTÊNCIA 20 HP, DIÂMETRO MÁXIMO 10\" - CHP DIURNO. AF_06/2015","CHP",169.51,0.81230000000000002]
["Custos Horários Produtivo e Improdutivo dos Equipamentos",95709,"PERFURATRIZ SOBRE ESTEIRA, TORQUE MÁXIMO 600 KGF, POTÊNCIA ENTRE 50 E 60 HP, DIÂMETRO MÁXIMO 10\" - CHI DIURNO. AF_11/2016","CHI",100.36,0.69730000000000003]
["Custos Horários Produtivo e Improdutivo dos Equipamentos",95708,"PERFURATRIZ SOBRE ESTEIRA, TORQUE MÁXIMO 600 KGF, POTÊNCIA ENTRE 50 E 60 HP, DIÂMETRO MÁXIMO 10\" - CHP DIURNO. AF_11/2016","CHP",173.35,0.80210000000000004]
["Custos Horários Produtivo e Improdutivo dos Equipamentos",91278,"PLACA VIBRATÓRIA REVERSÍVEL COM MOTOR 4 TEMPOS A GASOLINA, FORÇA CENTRÍFUGA DE 25 KN (2500 KGF), POTÊNCIA 5,5 CV - CHI DIURNO. AF_08/2015","CHI",0.78,1]
["Custos Horários Produtivo e Improdutivo dos Equipamentos",91277,"PLACA VIBRATÓRIA REVERSÍVEL COM MOTOR 4 TEMPOS A GASOLINA, FORÇA CENTRÍFUGA DE 25 KN (2500 KGF), POTÊNCIA 5,5 CV - CHP DIURNO. AF_08/2015","CHP",10.11,0.15429999999999999]
["Custos Horários Produtivo e Improdutivo dos Equipamentos",102887,"PLATAFORMA ELEVATÓRIA - CHI DIURNO. AF_04/2019","CHI",0]
["Custos Horários Produtivo e Improdutivo dos Equipamentos",102886,"PLATAFORMA ELEVATÓRIA - CHP DIURNO. AF_04/2019","CHP",0]
["Custos Horários Produtivo e Improdutivo dos Equipamentos",95277,"POLIDORA DE PISO (POLITRIZ), PESO DE 100KG, DIÂMETRO 450 MM, MOTOR ELÉTRICO, POTÊNCIA 4 HP - CHI DIURNO. AF_05/2023","CHI",0.75,1]
["Custos Horários Produtivo e Improdutivo dos Equipamentos",95276,"POLIDORA DE PISO (POLITRIZ), PESO DE 100KG, DIÂMETRO 450 MM, MOTOR ELÉTRICO, POTÊNCIA 4 HP - CHP DIURNO. AF_05/2023","CHP",3.65,0.3342]
["Custos Horários Produtivo e Improdutivo dos Equipamentos",88430,"PROJETOR DE ARGAMASSA, CAPACIDADE DE PROJEÇÃO 1,5 M3/H, ALCANCE DE 30 ATÉ 60 M, MOTOR ELÉTRICO POTÊNCIA 7,5 HP - CHI DIURNO. AF_06/2014","CHI",7.71,0]
["Custos Horários Produtivo e Improdutivo dos Equipamentos",88418,"PROJETOR DE ARGAMASSA, CAPACIDADE DE PROJEÇÃO 1,5 M3/H, ALCANCE DE 30 ATÉ 60 M, MOTOR ELÉTRICO POTÊNCIA 7,5 HP - CHP DIURNO. AF_06/2014","CHP",16.55,0]
["Custos Horários Produtivo e Improdutivo dos Equipamentos",88438,"PROJETOR DE ARGAMASSA, CAPACIDADE DE PROJEÇÃO 2 M3/H, ALCANCE ATÉ 50 M, MOTOR ELÉTRICO POTÊNCIA 7,5 HP - CHI DIURNO. AF_06/2014","CHI",10.23,0]
["Custos Horários Produtivo e Improdutivo dos Equipamentos",88433,"PROJETOR DE ARGAMASSA, CAPACIDADE DE PROJEÇÃO 2 M3/H, ALCANCE ATÉ 50 M, MOTOR ELÉTRICO POTÊNCIA 7,5 HP - CHP DIURNO. AF_06/2014","CHP",21.62,0]
["Custos Horários Produtivo e Improdutivo dos Equipamentos",90669,"PROJETOR PNEUMÁTICO DE ARGAMASSA PARA CHAPISCO E REBOCO COM RECIPIENTE ACOPLADO, TIPO CANEQUINHA, COM COMPRESSOR DE AR REBOCÁVEL VAZÃO 89 PCM E MOTOR DIESEL DE 20 CV - CHI DIURNO. AF_05/2023","CHI",8.9499999999999993,0.99439999999999995]
["Custos Horários Produtivo e Improdutivo dos Equipamentos",90668,"PROJETOR PNEUMÁTICO DE ARGAMASSA PARA CHAPISCO E REBOCO COM RECIPIENTE ACOPLADO, TIPO CANEQUINHA, COM COMPRESSOR DE AR REBOCÁVEL VAZÃO 89 PCM E MOTOR DIESEL DE 20 CV - CHP DIURNO. AF_05/2023","CHP",32.549999999999997,0.54349999999999998]
["Custos Horários Produtivo e Improdutivo dos Equipamentos",102980,"PULVERIZADOR DE TINTA ELÉTRICO/MÁQUINA DE PINTURA AIRLESS, VAZÃO 2 L/MIN - CHI DIURNO. AF_05/2023","CHI",0]
["Custos Horários Produtivo e Improdutivo dos Equipamentos",102981,"PULVERIZADOR DE TINTA ELÉTRICO/MÁQUINA DE PINTURA AIRLESS, VAZÃO 2 L/MIN - CHP DIURNO. AF_05/2023","CHP",0]
["Custos Horários Produtivo e Improdutivo dos Equipamentos",5946,"PÁ CARREGADEIRA SOBRE RODAS, POTÊNCIA 197 HP, CAPACIDADE DA CAÇAMBA 2,5 A 3,5 M3, PESO OPERACIONAL 18338 KG - CHI DIURNO. AF_06/2014","CHI",93.04,0.70150000000000001]
["Custos Horários Produtivo e Improdutivo dos Equipamentos",5944,"PÁ CARREGADEIRA SOBRE RODAS, POTÊNCIA 197 HP, CAPACIDADE DA CAÇAMBA 2,5 A 3,5 M3, PESO OPERACIONAL 18338 KG - CHP DIURNO. AF_06/2014","CHP",226.96,0.57199999999999995]
["Custos Horários Produtivo e Improdutivo dos Equipamentos",5942,"PÁ CARREGADEIRA SOBRE RODAS, POTÊNCIA LÍQUIDA 128 HP, CAPACIDADE DA CAÇAMBA 1,7 A 2,8 M3, PESO OPERACIONAL 11632 KG - CHI DIURNO. AF_06/2014","CHI",74.849999999999994,0.629]
["Custos Horários Produtivo e Improdutivo dos Equipamentos",5940,"PÁ CARREGADEIRA SOBRE RODAS, POTÊNCIA LÍQUIDA 128 HP, CAPACIDADE DA CAÇAMBA 1,7 A 2,8 M3, PESO OPERACIONAL 11632 KG - CHP DIURNO. AF_06/2014","CHP",166.47,0.56240000000000001]
["Custos Horários Produtivo e Improdutivo dos Equipamentos",102893,"PÓRTICO ROLANTE MONOVIGA, PERFIL I, 4 PERNAS, CAPACIDADE 5 T - CHI DIURNO. AF_04/2019","CHI",0]
["Custos Horários Produtivo e Improdutivo dos Equipamentos",102892,"PÓRTICO ROLANTE MONOVIGA, PERFIL I, 4 PERNAS, CAPACIDADE 5 T - CHP DIURNO. AF_04/2019","CHP",0]
["Custos Horários Produtivo e Improdutivo dos Equipamentos",89251,"RECICLADORA DE ASFALTO A FRIO SOBRE RODAS, LARGURA FRESAGEM DE 2,0 M, POTÊNCIA 422 HP - CHI DIURNO. AF_11/2014","CHI",319.31,0.91300000000000003]
["Custos Horários Produtivo e Improdutivo dos Equipamentos",89250,"RECICLADORA DE ASFALTO A FRIO SOBRE RODAS, LARGURA FRESAGEM DE 2,0 M, POTÊNCIA 422 HP - CHP DIURNO. AF_11/2014","CHP",1088.9100000000001,0.63339999999999996]
["Custos Horários Produtivo e Improdutivo dos Equipamentos",102959,"RETROESCAVADEIRA SOBRE RODAS COM CARREGADEIRA, PESO OPERACIONAL MÍN. 6,674, POTÊNCIA LÍQ 88 HP, COM MARTELO ROMPEDOR HIDRÁULICO ENTRE 275 A 362 KG - CHI DIURNO. AF_02/2021","CHI",0]
["Custos Horários Produtivo e Improdutivo dos Equipamentos",102958,"RETROESCAVADEIRA SOBRE RODAS COM CARREGADEIRA, PESO OPERACIONAL MÍN. 6,674, POTÊNCIA LÍQ 88 HP, COM MARTELO ROMPEDOR HIDRÁULICO ENTRE 275 A 362 KG - CHP DIURNO. AF_02/2021","CHP",0]
["Custos Horários Produtivo e Improdutivo dos Equipamentos",5681,"RETROESCAVADEIRA SOBRE RODAS COM CARREGADEIRA, TRAÇÃO 4X2, POTÊNCIA LÍQ. 79 HP, CAÇAMBA CARREG. CAP. MÍN. 1 M3, CAÇAMBA RETRO CAP. 0,20 M3, PESO OPERACIONAL MÍN. 6.570 KG, PROFUNDIDADE ESCAVAÇÃO MÁX. 4,37 M - CHI DIURNO. AF_06/2014","CHI",57.99,0.50649999999999995]
["Custos Horários Produtivo e Improdutivo dos Equipamentos",5680,"RETROESCAVADEIRA SOBRE RODAS COM CARREGADEIRA, TRAÇÃO 4X2, POTÊNCIA LÍQ. 79 HP, CAÇAMBA CARREG. CAP. MÍN. 1 M3, CAÇAMBA RETRO CAP. 0,20 M3, PESO OPERACIONAL MÍN. 6.570 KG, PROFUNDIDADE ESCAVAÇÃO MÁX. 4,37 M - CHP DIURNO. AF_06/2014","CHP",132.22,0.44180000000000003]
["Custos Horários Produtivo e Improdutivo dos Equipamentos",5877,"RETROESCAVADEIRA SOBRE RODAS COM CARREGADEIRA, TRAÇÃO 4X4, POTÊNCIA LÍQ. 72 HP, CAÇAMBA CARREG. CAP. MÍN. 0,79 M3, CAÇAMBA RETRO CAP. 0,18 M3, PESO OPERACIONAL MÍN. 7.140 KG, PROFUNDIDADE ESCAVAÇÃO MÁX. 4,50 M - CHI DIURNO. AF_06/2014","CHI",60.48,0.52680000000000005]
["Custos Horários Produtivo e Improdutivo dos Equipamentos",5875,"RETROESCAVADEIRA SOBRE RODAS COM CARREGADEIRA, TRAÇÃO 4X4, POTÊNCIA LÍQ. 72 HP, CAÇAMBA CARREG. CAP. MÍN. 0,79 M3, CAÇAMBA RETRO CAP. 0,18 M3, PESO OPERACIONAL MÍN. 7.140 KG, PROFUNDIDADE ESCAVAÇÃO MÁX. 4,50 M - CHP DIURNO. AF_06/2014","CHP",133.16,0.4758]
["Custos Horários Produtivo e Improdutivo dos Equipamentos",5679,"RETROESCAVADEIRA SOBRE RODAS COM CARREGADEIRA, TRAÇÃO 4X4, POTÊNCIA LÍQ. 88 HP, CAÇAMBA CARREG. CAP. MÍN. 1 M3, CAÇAMBA RETRO CAP. 0,26 M3, PESO OPERACIONAL MÍN. 6.674 KG, PROFUNDIDADE ESCAVAÇÃO MÁX. 4,37 M - CHI DIURNO. AF_06/2014","CHI",61.64,0.53569999999999995]
["Custos Horários Produtivo e Improdutivo dos Equipamentos",5678,"RETROESCAVADEIRA SOBRE RODAS COM CARREGADEIRA, TRAÇÃO 4X4, POTÊNCIA LÍQ. 88 HP, CAÇAMBA CARREG. CAP. MÍN. 1 M3, CAÇAMBA RETRO CAP. 0,26 M3, PESO OPERACIONAL MÍN. 6.674 KG, PROFUNDIDADE ESCAVAÇÃO MÁX. 4,37 M - CHP DIURNO. AF_06/2014","CHP",144.61000000000001,0.4541]
["Custos Horários Produtivo e Improdutivo dos Equipamentos",6880,"ROLO COMPACTADOR DE PNEUS ESTÁTICO, PRESSÃO VARIÁVEL, POTÊNCIA 111 HP, PESO SEM/COM LASTRO 9,5 / 26 T, LARGURA DE TRABALHO 1,90 M - CHI DIURNO. AF_07/2014","CHI",89.82,0.70740000000000003]
["Custos Horários Produtivo e Improdutivo dos Equipamentos",6879,"ROLO COMPACTADOR DE PNEUS ESTÁTICO, PRESSÃO VARIÁVEL, POTÊNCIA 111 HP, PESO SEM/COM LASTRO 9,5 / 26 T, LARGURA DE TRABALHO 1,90 M - CHP DIURNO. AF_07/2014","CHP",216.05,0.58430000000000004]
["Custos Horários Produtivo e Improdutivo dos Equipamentos",96464,"ROLO COMPACTADOR DE PNEUS, ESTÁTICO, PRESSÃO VARIÁVEL, POTÊNCIA 110 HP, PESO SEM/COM LASTRO 10,8/27 T, LARGURA DE ROLAGEM 2,30 M - CHI DIURNO. AF_06/2017","CHI",93.72,0.71960000000000002]
["Custos Horários Produtivo e Improdutivo dos Equipamentos",96463,"ROLO COMPACTADOR DE PNEUS, ESTÁTICO, PRESSÃO VARIÁVEL, POTÊNCIA 110 HP, PESO SEM/COM LASTRO 10,8/27 T, LARGURA DE ROLAGEM 2,30 M - CHP DIURNO. AF_06/2017","CHP",223.22,0.60029999999999994]
["Custos Horários Produtivo e Improdutivo dos Equipamentos",7050,"ROLO COMPACTADOR PE DE CARNEIRO VIBRATORIO, POTENCIA 125 HP, PESO OPERACIONAL SEM/COM LASTRO 11,95 / 13,30 T, IMPACTO DINAMICO 38,5 / 22,5 T, LARGURA DE TRABALHO 2,15 M - CHI DIURNO. AF_06/2014","CHI",82.71,0.68230000000000002]
["Custos Horários Produtivo e Improdutivo dos Equipamentos",7049,"ROLO COMPACTADOR PE DE CARNEIRO VIBRATORIO, POTENCIA 125 HP, PESO OPERACIONAL SEM/COM LASTRO 11,95 / 13,30 T, IMPACTO DINAMICO 38,5 / 22,5 T, LARGURA DE TRABALHO 2,15 M - CHP DIURNO. AF_06/2014","CHP",226.34,0.495]
["Custos Horários Produtivo e Improdutivo dos Equipamentos",95632,"ROLO COMPACTADOR VIBRATORIO TANDEM, ACO LISO, POTENCIA 125 HP, PESO SEM/COM LASTRO 10,20/11,65 T, LARGURA DE TRABALHO 1,73 M - CHI DIURNO. AF_11/2016","CHI",87.09,0.69820000000000004]
["Custos Horários Produtivo e Improdutivo dos Equipamentos",95631,"ROLO COMPACTADOR VIBRATORIO TANDEM, ACO LISO, POTENCIA 125 HP, PESO SEM/COM LASTRO 10,20/11,65 T, LARGURA DE TRABALHO 1,73 M - CHP DIURNO. AF_11/2016","CHP",235.12,0.51390000000000002]
["Custos Horários Produtivo e Improdutivo dos Equipamentos",5685,"ROLO COMPACTADOR VIBRATÓRIO DE UM CILINDRO AÇO LISO, POTÊNCIA 80 HP, PESO OPERACIONAL MÁXIMO 8,1 T, IMPACTO DINÂMICO 16,15 / 9,5 T, LARGURA DE TRABALHO 1,68 M - CHI DIURNO. AF_06/2014","CHI",66.930000000000007,0.60740000000000005]
["Custos Horários Produtivo e Improdutivo dos Equipamentos",5684,"ROLO COMPACTADOR VIBRATÓRIO DE UM CILINDRO AÇO LISO, POTÊNCIA 80 HP, PESO OPERACIONAL MÁXIMO 8,1 T, IMPACTO DINÂMICO 16,15 / 9,5 T, LARGURA DE TRABALHO 1,68 M - CHP DIURNO. AF_06/2014","CHP",163.38,0.49430000000000002]
["Custos Horários Produtivo e Improdutivo dos Equipamentos",93244,"ROLO COMPACTADOR VIBRATÓRIO PÉ DE CARNEIRO PARA SOLOS, POTÊNCIA 80 HP, PESO OPERACIONAL SEM/COM LASTRO 7,4 / 8,8 T, LARGURA DE TRABALHO 1,68 M - CHI DIURNO. AF_02/2016","CHI",68.61,0.61699999999999999]
["Custos Horários Produtivo e Improdutivo dos Equipamentos",73436,"ROLO COMPACTADOR VIBRATÓRIO PÉ DE CARNEIRO PARA SOLOS, POTÊNCIA 80 HP, PESO OPERACIONAL SEM/COM LASTRO 7,4 / 8,8 T, LARGURA DE TRABALHO 1,68 M - CHP DIURNO. AF_02/2016","CHP",166.66,0.50429999999999997]
["Custos Horários Produtivo e Improdutivo dos Equipamentos",5881,"ROLO COMPACTADOR VIBRATÓRIO PÉ DE CARNEIRO, OPERADO POR CONTROLE REMOTO, POTÊNCIA 12,5 KW, PESO OPERACIONAL 1,675 T, LARGURA DE TRABALHO 0,85 M - CHI DIURNO. AF_02/2016","CHI",81.83,0.67879999999999996]
["Custos Horários Produtivo e Improdutivo dos Equipamentos",5879,"ROLO COMPACTADOR VIBRATÓRIO PÉ DE CARNEIRO, OPERADO POR CONTROLE REMOTO, POTÊNCIA 12,5 KW, PESO OPERACIONAL 1,675 T, LARGURA DE TRABALHO 0,85 M - CHP DIURNO. AF_02/2016","CHP",148.44,0.74350000000000005]
["Custos Horários Produtivo e Improdutivo dos Equipamentos",5865,"ROLO COMPACTADOR VIBRATÓRIO REBOCÁVEL, CILINDRO DE AÇO LISO, POTÊNCIA DE TRAÇÃO DE 65 CV, PESO 4,7 T, IMPACTO DINÂMICO 18,3 T, LARGURA DE TRABALHO 1,67 M - CHI DIURNO. AF_02/2016","CHI",12.26,1]
["Custos Horários Produtivo e Improdutivo dos Equipamentos",5863,"ROLO COMPACTADOR VIBRATÓRIO REBOCÁVEL, CILINDRO DE AÇO LISO, POTÊNCIA DE TRAÇÃO DE 65 CV, PESO 4,7 T, IMPACTO DINÂMICO 18,3 T, LARGURA DE TRABALHO 1,67 M - CHP DIURNO. AF_02/2016","CHP",24.36,1]
["Custos Horários Produtivo e Improdutivo dos Equipamentos",5869,"ROLO COMPACTADOR VIBRATÓRIO TANDEM AÇO LISO, POTÊNCIA 58 HP, PESO SEM/COM LASTRO 6,5 / 9,4 T, LARGURA DE TRABALHO 1,2 M - CHI DIURNO. AF_06/2014","CHI",76.2,0.65510000000000002]
["Custos Horários Produtivo e Improdutivo dos Equipamentos",5867,"ROLO COMPACTADOR VIBRATÓRIO TANDEM AÇO LISO, POTÊNCIA 58 HP, PESO SEM/COM LASTRO 6,5 / 9,4 T, LARGURA DE TRABALHO 1,2 M - CHP DIURNO. AF_06/2014","CHP",165.75,0.59840000000000004]
["Custos Horários Produtivo e Improdutivo dos Equipamentos",95271,"RÉGUA VIBRATÓRIA DUPLA PARA CONCRETO, PESO DE 60KG, COMPRIMENTO 4 M, COM MOTOR A GASOLINA, POTÊNCIA 5,5 HP - CHI DIURNO. AF_09/2016","CHI",0.74,1]
["Custos Horários Produtivo e Improdutivo dos Equipamentos",95270,"RÉGUA VIBRATÓRIA DUPLA PARA CONCRETO, PESO DE 60KG, COMPRIMENTO 4 M, COM MOTOR A GASOLINA, POTÊNCIA 5,5 HP - CHP DIURNO. AF_09/2016","CHP",9.9,0.13639999999999999]
["Custos Horários Produtivo e Improdutivo dos Equipamentos",91693,"SERRA CIRCULAR DE BANCADA COM MOTOR ELÉTRICO POTÊNCIA DE 5HP, COM COIFA PARA DISCO 10\" - CHI DIURNO. AF_08/2015","CHI",30.56,0]
["Custos Horários Produtivo e Improdutivo dos Equipamentos",91692,"SERRA CIRCULAR DE BANCADA COM MOTOR ELÉTRICO POTÊNCIA DE 5HP, COM COIFA PARA DISCO 10\" - CHP DIURNO. AF_08/2015","CHP",31.96,0]
["Custos Horários Produtivo e Improdutivo dos Equipamentos",102929,"SERRA FITA HORIZONTAL, ELÉTRICA, COM CONTROLE HIDRÁULICO, PAINEL DE COMANDO EM 24 V, MOTOR ELÉTRICO 1,5 CV, DIMENSÕES DA FITA 3880 X 27 X 0,9 MM, TRIFÁSICA - CHI DIURNO. AF_05/2023","CHI",0]
["Custos Horários Produtivo e Improdutivo dos Equipamentos",102928,"SERRA FITA HORIZONTAL, ELÉTRICA, COM CONTROLE HIDRÁULICO, PAINEL DE COMANDO EM 24 V, MOTOR ELÉTRICO 1,5 CV, DIMENSÕES DA FITA 3880 X 27 X 0,9 MM, TRIFÁSICA - CHP DIURNO. AF_05/2023","CHP",0]
["Custos Horários Produtivo e Improdutivo dos Equipamentos",95140,"TALHA MANUAL DE CORRENTE, CAPACIDADE DE 2 TON. COM ELEVAÇÃO DE 3 M - CHI DIURNO. AF_07/2016","CHI",0.04,0]
["Custos Horários Produtivo e Improdutivo dos Equipamentos",95139,"TALHA MANUAL DE CORRENTE, CAPACIDADE DE 2 TON. COM ELEVAÇÃO DE 3 M - CHP DIURNO. AF_07/2016","CHP",0.06,0]
["Custos Horários Produtivo e Improdutivo dos Equipamentos",89027,"TANQUE DE ASFALTO ESTACIONÁRIO COM MAÇARICO, CAPACIDADE 20.000 L - CHI DIURNO. AF_05/2023","CHI",5.14,1]
["Custos Horários Produtivo e Improdutivo dos Equipamentos",89028,"TANQUE DE ASFALTO ESTACIONÁRIO COM MAÇARICO, CAPACIDADE 20.000 L - CHP DIURNO. AF_05/2023","CHP",178.51,5.5599999999999997E-2]
["Custos Horários Produtivo e Improdutivo dos Equipamentos",7031,"TANQUE DE ASFALTO ESTACIONÁRIO COM SERPENTINA, CAPACIDADE 30.000 L - CHI DIURNO. AF_05/2023","CHI",6.33,1]
["Custos Horários Produtivo e Improdutivo dos Equipamentos",7030,"TANQUE DE ASFALTO ESTACIONÁRIO COM SERPENTINA, CAPACIDADE 30.000 L - CHP DIURNO. AF_05/2023","CHP",265.08999999999997,4.6100000000000002E-2]
["Custos Horários Produtivo e Improdutivo dos Equipamentos",102947,"TARTARUGA DE OXICORTE CG1, MONOFÁSICA, 220 V, FREQUÊNCIA 50 HZ, VELOCIDADE DE CORTE (MM/MIN) 50 A 750, DIÂMETRO MÍNIMO DO COMPASSO MM 200 - CHI DIURNO. AF_05/2023","CHI",0]
["Custos Horários Produtivo e Improdutivo dos Equipamentos",102946,"TARTARUGA DE OXICORTE CG1, MONOFÁSICA, 220 V, FREQUÊNCIA 50 HZ, VELOCIDADE DE CORTE (MM/MIN) 50 A 750, DIÂMETRO MÍNIMO DO COMPASSO MM 200 - CHP DIURNO. AF_05/2023","CHP",0]
["Custos Horários Produtivo e Improdutivo dos Equipamentos",104092,"TERMOFUSORA PARA TUBOS E CONEXÕES EM PPR COM DIÂMETROS DE 20 A 63 MM, POTÊNCIA DE 800 W, TENSAO 220 V - CHI DIURNO. AF_05/2022","CHI",0.06,0]
["Custos Horários Produtivo e Improdutivo dos Equipamentos",104091,"TERMOFUSORA PARA TUBOS E CONEXÕES EM PPR COM DIÂMETROS DE 20 A 63 MM, POTÊNCIA DE 800 W, TENSAO 220 V - CHP DIURNO. AF_05/2022","CHP",0.78,0]
["Custos Horários Produtivo e Improdutivo dos Equipamentos",104098,"TERMOFUSORA PARA TUBOS E CONEXÕES EM PPR COM DIÂMETROS DE 75 A 110 MM, POTÊNCIA DE *1100* W, TENSÃO 220 V - CHI DIURNO. AF_05/2022","CHI",0.08,0]
["Custos Horários Produtivo e Improdutivo dos Equipamentos",104097,"TERMOFUSORA PARA TUBOS E CONEXÕES EM PPR COM DIÂMETROS DE 75 A 110 MM, POTÊNCIA DE *1100* W, TENSÃO 220 V - CHP DIURNO. AF_05/2022","CHP",1.07,0]
["Custos Horários Produtivo e Improdutivo dos Equipamentos",102905,"TORRE, COMPOSTA POR GUINCHO MECÂNICO, GUINCHO MANUAL, CABOS DE AÇO, PITEIRA E SOQUETE - CHI DIURNO. AF_05/2023","CHI",0]
["Custos Horários Produtivo e Improdutivo dos Equipamentos",102904,"TORRE, COMPOSTA POR GUINCHO MECÂNICO, GUINCHO MANUAL, CABOS DE AÇO, PITEIRA E SOQUETE - CHP DIURNO. AF_05/2023","CHP",0]
["Custos Horários Produtivo e Improdutivo dos Equipamentos",89031,"TRATOR DE ESTEIRAS, POTÊNCIA 100 HP, PESO OPERACIONAL 9,4 T, COM LÂMINA 2,19 M3 - CHI DIURNO. AF_06/2014","CHI",78.75,0.61419999999999997]
["Custos Horários Produtivo e Improdutivo dos Equipamentos",89032,"TRATOR DE ESTEIRAS, POTÊNCIA 100 HP, PESO OPERACIONAL 9,4 T, COM LÂMINA 2,19 M3 - CHP DIURNO. AF_06/2014","CHP",200.38,0.54100000000000004]
["Custos Horários Produtivo e Improdutivo dos Equipamentos",88844,"TRATOR DE ESTEIRAS, POTÊNCIA 125 HP, PESO OPERACIONAL 12,9 T, COM LÂMINA 2,7 M3 - CHI DIURNO. AF_10/2014","CHI",81.010000000000005,0.625]
["Custos Horários Produtivo e Improdutivo dos Equipamentos",88843,"TRATOR DE ESTEIRAS, POTÊNCIA 125 HP, PESO OPERACIONAL 12,9 T, COM LÂMINA 2,7 M3 - CHP DIURNO. AF_10/2014","CHP",220.9,0.51370000000000005]
["Custos Horários Produtivo e Improdutivo dos Equipamentos",5853,"TRATOR DE ESTEIRAS, POTÊNCIA 150 HP, PESO OPERACIONAL 16,7 T, COM RODA MOTRIZ ELEVADA E LÂMINA 3,18 M3 - CHI DIURNO. AF_06/2014","CHI",93.1,0.67369999999999997]
["Custos Horários Produtivo e Improdutivo dos Equipamentos",5851,"TRATOR DE ESTEIRAS, POTÊNCIA 150 HP, PESO OPERACIONAL 16,7 T, COM RODA MOTRIZ ELEVADA E LÂMINA 3,18 M3 - CHP DIURNO. AF_06/2014","CHP",263.39,0.53369999999999995]
["Custos Horários Produtivo e Improdutivo dos Equipamentos",5849,"TRATOR DE ESTEIRAS, POTÊNCIA 170 HP, PESO OPERACIONAL 19 T, CAÇAMBA 5,2 M3 - CHI DIURNO. AF_06/2014","CHI",92.71,0.67230000000000001]
["Custos Horários Produtivo e Improdutivo dos Equipamentos",5847,"TRATOR DE ESTEIRAS, POTÊNCIA 170 HP, PESO OPERACIONAL 19 T, CAÇAMBA 5,2 M3 - CHP DIURNO. AF_06/2014","CHP",274.85000000000002,0.50819999999999999]
["Custos Horários Produtivo e Improdutivo dos Equipamentos",5857,"TRATOR DE ESTEIRAS, POTÊNCIA 347 HP, PESO OPERACIONAL 38,5 T, COM LÂMINA 8,70 M3 - CHI DIURNO. AF_06/2014","CHI",235.81,0.87119999999999997]
["Custos Horários Produtivo e Improdutivo dos Equipamentos",5855,"TRATOR DE ESTEIRAS, POTÊNCIA 347 HP, PESO OPERACIONAL 38,5 T, COM LÂMINA 8,70 M3 - CHP DIURNO. AF_06/2014","CHP",704.58,0.65339999999999998]
["Custos Horários Produtivo e Improdutivo dos Equipamentos",96021,"TRATOR DE PNEUS COM POTÊNCIA DE 122 CV, TRAÇÃO 4X4, COM GRADE DE DISCOS ACOPLADA - CHI DIURNO. AF_02/2017","CHI",59.04,0.4854]
["Custos Horários Produtivo e Improdutivo dos Equipamentos",96020,"TRATOR DE PNEUS COM POTÊNCIA DE 122 CV, TRAÇÃO 4X4, COM GRADE DE DISCOS ACOPLADA - CHP DIURNO. AF_02/2017","CHP",179.11,0.29809999999999998]
["Custos Horários Produtivo e Improdutivo dos Equipamentos",96014,"TRATOR DE PNEUS COM POTÊNCIA DE 122 CV, TRAÇÃO 4X4, COM VASSOURA MECÂNICA ACOPLADA - CHI DIURNO. AF_02/2017","CHI",59.29,0.48759999999999998]
["Custos Horários Produtivo e Improdutivo dos Equipamentos",96013,"TRATOR DE PNEUS COM POTÊNCIA DE 122 CV, TRAÇÃO 4X4, COM VASSOURA MECÂNICA ACOPLADA - CHP DIURNO. AF_02/2017","CHP",179.58,0.2999]
["Custos Horários Produtivo e Improdutivo dos Equipamentos",96029,"TRATOR DE PNEUS COM POTÊNCIA DE 85 CV, TRAÇÃO 4X4, COM GRADE DE DISCOS ACOPLADA - CHI DIURNO. AF_02/2017","CHI",52.5,0.42130000000000001]
["Custos Horários Produtivo e Improdutivo dos Equipamentos",96028,"TRATOR DE PNEUS COM POTÊNCIA DE 85 CV, TRAÇÃO 4X4, COM GRADE DE DISCOS ACOPLADA - CHP DIURNO. AF_02/2017","CHP",138.02000000000001,0.29859999999999998]
["Custos Horários Produtivo e Improdutivo dos Equipamentos",96155,"TRATOR DE PNEUS COM POTÊNCIA DE 85 CV, TRAÇÃO 4X4, COM VASSOURA MECÂNICA ACOPLADA - CHI DIURNO. AF_02/2017","CHI",52.75,0.42409999999999998]
["Custos Horários Produtivo e Improdutivo dos Equipamentos",96157,"TRATOR DE PNEUS COM POTÊNCIA DE 85 CV, TRAÇÃO 4X4, COM VASSOURA MECÂNICA ACOPLADA - CHP DIURNO. AF_03/2017","CHP",138.49,0.30099999999999999]
["Custos Horários Produtivo e Improdutivo dos Equipamentos",5845,"TRATOR DE PNEUS, POTÊNCIA 122 CV, TRAÇÃO 4X4, PESO COM LASTRO DE 4.510 KG - CHI DIURNO. AF_06/2014","CHI",54.85,0.4461]
["Custos Horários Produtivo e Improdutivo dos Equipamentos",5843,"TRATOR DE PNEUS, POTÊNCIA 122 CV, TRAÇÃO 4X4, PESO COM LASTRO DE 4.510 KG - CHP DIURNO. AF_06/2014","CHP",171.27,0.26600000000000001]
["Custos Horários Produtivo e Improdutivo dos Equipamentos",89036,"TRATOR DE PNEUS, POTÊNCIA 85 CV, TRAÇÃO 4X4, PESO COM LASTRO DE 4.675 KG - CHI DIURNO. AF_06/2014","CHI",48.28,0.37080000000000002]
["Custos Horários Produtivo e Improdutivo dos Equipamentos",89035,"TRATOR DE PNEUS, POTÊNCIA 85 CV, TRAÇÃO 4X4, PESO COM LASTRO DE 4.675 KG - CHP DIURNO. AF_06/2014","CHP",130.15,0.25619999999999998]
["Custos Horários Produtivo e Improdutivo dos Equipamentos",102911,"UNIDADE DOSADORA AIRLESS TIPO HOT SPRAY - CHI DIURNO. AF_05/2023","CHI",0]
["Custos Horários Produtivo e Improdutivo dos Equipamentos",102910,"UNIDADE DOSADORA AIRLESS TIPO HOT SPRAY - CHP DIURNO. AF_05/2023","CHP",0]
["Custos Horários Produtivo e Improdutivo dos Equipamentos",93440,"USINA DE ASFALTO À FRIO, CAPACIDADE DE 40 A 60 TON/HORA, ELÉTRICA POTÊNCIA 30 CV - CHI DIURNO. AF_05/2023","CHI",145.69999999999999,8.2600000000000007E-2]
["Custos Horários Produtivo e Improdutivo dos Equipamentos",93439,"USINA DE ASFALTO À FRIO, CAPACIDADE DE 40 A 60 TON/HORA, ELÉTRICA POTÊNCIA 30 CV - CHP DIURNO. AF_05/2023","CHP",266.5,8.2900000000000001E-2]
["Custos Horários Produtivo e Improdutivo dos Equipamentos",100648,"USINA DE ASFALTO, TIPO GRAVIMÉTRICA, PROD 150 TON/HORA - CHI DIURNO. AF_12/2019","CHI",596.27,0.93579999999999997]
["Custos Horários Produtivo e Improdutivo dos Equipamentos",100647,"USINA DE ASFALTO, TIPO GRAVIMÉTRICA, PROD 150 TON/HORA - CHP DIURNO. AF_12/2019","CHP",6569.44,0.18590000000000001]
["Custos Horários Produtivo e Improdutivo dos Equipamentos",5829,"USINA DE CONCRETO FIXA, CAPACIDADE NOMINAL DE 90 A 120 M3/H, SEM SILO - CHI DIURNO. AF_07/2016","CHI",176.26,0.24160000000000001]
["Custos Horários Produtivo e Improdutivo dos Equipamentos",5823,"USINA DE CONCRETO FIXA, CAPACIDADE NOMINAL DE 90 A 120 M3/H, SEM SILO - CHP DIURNO. AF_07/2016","CHP",234.72,0.3332]
["Custos Horários Produtivo e Improdutivo dos Equipamentos",5884,"USINA DE LAMA ASFÁLTICA, PROD 30 A 50 T/H, SILO DE AGREGADO 7 M3, RESERVATÓRIOS PARA EMULSÃO E ÁGUA DE 2,3 M3 CADA, MISTURADOR TIPO PUG MILL A SER MONTADO SOBRE CAMINHÃO - CHI DIURNO. AF_10/2014","CHI",62.81,0.62039999999999995]
["Custos Horários Produtivo e Improdutivo dos Equipamentos",5882,"USINA DE LAMA ASFÁLTICA, PROD 30 A 50 T/H, SILO DE AGREGADO 7 M3, RESERVATÓRIOS PARA EMULSÃO E ÁGUA DE 2,3 M3 CADA, MISTURADOR TIPO PUG MILL A SER MONTADO SOBRE CAMINHÃO - CHP DIURNO. AF_10/2014","CHP",141.77000000000001,0.6401]
["Custos Horários Produtivo e Improdutivo dos Equipamentos",106095,"USINA DE LAMA ASFÁLTICA, PROD 30 A 50 T/H, SILO DE AGREGADO 7 M3, RESERVATÓRIOS PARA EMULSÃO E ÁGUA DE 2,3 M3 CADA, MISTURADOR TIPO PUG MILL MONTADA SOBRE CAVALO MECÂNICO TRAÇÃO 4 X 2, PESO BRUTO 16000 KG, CAPACIDADE MÁXIMA DE TRAÇÃO DE 36000 KG, POTÊNCIA 286 CV, EXCLUSIVE SEMIREBOQUE - CHI DIURNO. AF_08/2025","CHI",113.4,0.3841]
["Custos Horários Produtivo e Improdutivo dos Equipamentos",106094,"USINA DE LAMA ASFÁLTICA, PROD 30 A 50 T/H, SILO DE AGREGADO 7 M3, RESERVATÓRIOS PARA EMULSÃO E ÁGUA DE 2,3 M3 CADA, MISTURADOR TIPO PUG MILL MONTADA SOBRE CAVALO MECÂNICO TRAÇÃO 4 X 2, PESO BRUTO 16000 KG, CAPACIDADE MÁXIMA DE TRAÇÃO DE 36000 KG, POTÊNCIA 286 CV, EXCLUSIVE SEMIREBOQUE- CHP DIURNO. AF_08/2025","CHP",334.01,0.28539999999999999]
["Custos Horários Produtivo e Improdutivo dos Equipamentos",100642,"USINA DE MISTURA ASFÁLTICA À QUENTE, TIPO CONTRA FLUXO, PROD 100 A 140 TON/HORA - CHI DIURNO. AF_12/2019","CHI",301.54000000000002,0.873]
["Custos Horários Produtivo e Improdutivo dos Equipamentos",100641,"USINA DE MISTURA ASFÁLTICA À QUENTE, TIPO CONTRA FLUXO, PROD 100 A 140 TON/HORA - CHP DIURNO. AF_12/2019","CHP",4801.41,0.10730000000000001]
["Custos Horários Produtivo e Improdutivo dos Equipamentos",93434,"USINA DE MISTURA ASFÁLTICA À QUENTE, TIPO CONTRA FLUXO, PROD 40 A 80 TON/HORA - CHI DIURNO. AF_05/2023","CHI",347.96,0.61580000000000001]
["Custos Horários Produtivo e Improdutivo dos Equipamentos",93433,"USINA DE MISTURA ASFÁLTICA À QUENTE, TIPO CONTRA FLUXO, PROD 40 A 80 TON/HORA - CHP DIURNO. AF_05/2023","CHP",2677.01,0.15659999999999999]
["Custos Horários Produtivo e Improdutivo dos Equipamentos",95122,"USINA MISTURADORA DE SOLOS, CAPACIDADE DE 200 A 500 TON/H, POTENCIA 75KW - CHI DIURNO. AF_07/2016","CHI",232.03,0.4239]
["Custos Horários Produtivo e Improdutivo dos Equipamentos",95121,"USINA MISTURADORA DE SOLOS, CAPACIDADE DE 200 A 500 TON/H, POTENCIA 75KW - CHP DIURNO. AF_07/2016","CHP",375.48,0.48099999999999998]
["Custos Horários Produtivo e Improdutivo dos Equipamentos",103662,"VARREDEIRA DE GRAMA SINTÉTICA A GASOLINA, 2,4 CV, 4 TEMPOS - CHI DIURNO. AF_05/2023","CHI",0]
["Custos Horários Produtivo e Improdutivo dos Equipamentos",103661,"VARREDEIRA DE GRAMA SINTÉTICA A GASOLINA, 2,4 CV, 4 TEMPOS - CHP DIURNO. AF_05/2023","CHP",0]
["Custos Horários Produtivo e Improdutivo dos Equipamentos",5841,"VASSOURA MECÂNICA REBOCÁVEL COM ESCOVA CILÍNDRICA, LARGURA ÚTIL DE VARRIMENTO DE 2,44 M - CHI DIURNO. AF_06/2014","CHI",4.6900000000000004,1]
["Custos Horários Produtivo e Improdutivo dos Equipamentos",5839,"VASSOURA MECÂNICA REBOCÁVEL COM ESCOVA CILÍNDRICA, LARGURA ÚTIL DE VARRIMENTO DE 2,44 M - CHP DIURNO. AF_06/2014","CHP",9.33,1]
["Custos Horários Produtivo e Improdutivo dos Equipamentos",90587,"VIBRADOR DE IMERSÃO, DIÂMETRO DE PONTEIRA 45MM, MOTOR ELÉTRICO TRIFÁSICO POTÊNCIA DE 2 CV - CHI DIURNO. AF_06/2015","CHI",0.56000000000000005,1]
["Custos Horários Produtivo e Improdutivo dos Equipamentos",90586,"VIBRADOR DE IMERSÃO, DIÂMETRO DE PONTEIRA 45MM, MOTOR ELÉTRICO TRIFÁSICO POTÊNCIA DE 2 CV - CHP DIURNO. AF_06/2015","CHP",1.41,0.65249999999999997]
["Custos Horários Produtivo e Improdutivo dos Equipamentos",5837,"VIBROACABADORA DE ASFALTO SOBRE ESTEIRAS, LARGURA DE PAVIMENTAÇÃO 1,90 M A 5,30 M, POTÊNCIA 105 HP CAPACIDADE 450 T/H - CHI DIURNO. AF_11/2014","CHI",134.38,0.79330000000000001]
["Custos Horários Produtivo e Improdutivo dos Equipamentos",5835,"VIBROACABADORA DE ASFALTO SOBRE ESTEIRAS, LARGURA DE PAVIMENTAÇÃO 1,90 M A 5,30 M, POTÊNCIA 105 HP CAPACIDADE 450 T/H - CHP DIURNO. AF_11/2014","CHP",348.89,0.66879999999999995]
["Custos Horários Produtivo e Improdutivo dos Equipamentos",89257,"VIBROACABADORA DE ASFALTO SOBRE ESTEIRAS, LARGURA DE PAVIMENTAÇÃO 2,13 M A 4,55 M, POTÊNCIA 100 HP CAPACIDADE 400 T/H - CHP DIURNO. AF_11/2014","CHP",302.58,0.63190000000000002]
["Custos Horários Produtivo e Improdutivo dos Equipamentos",89258,"VIBROACABADORA DE ASFALTO SOBRE ESTEIRAS, LARGURA DE PAVIMENTAÇÃO 2,13 M A 4,55 M, POTÊNCIA 100 HP, CAPACIDADE 400 T/H - CHI DIURNO. AF_11/2014","CHI",115.14,0.75880000000000003]
["Demolições e Remoções",97621,"DEMOLIÇÃO DE ALVENARIA DE BLOCO FURADO, DE FORMA MANUAL, COM REAPROVEITAMENTO. AF_09/2023","M3",129.19,0]
["Demolições e Remoções",97622,"DEMOLIÇÃO DE ALVENARIA DE BLOCO FURADO, DE FORMA MANUAL, SEM REAPROVEITAMENTO. AF_09/2023","M3",62.96,0]
["Demolições e Remoções",97623,"DEMOLIÇÃO DE ALVENARIA DE TIJOLO MACIÇO, DE FORMA MANUAL, COM REAPROVEITAMENTO. AF_09/2023","M3",192.88,0]
["Demolições e Remoções",97624,"DEMOLIÇÃO DE ALVENARIA DE TIJOLO MACIÇO, DE FORMA MANUAL, SEM REAPROVEITAMENTO. AF_09/2023","M3",118.38,0]
["Demolições e Remoções",97625,"DEMOLIÇÃO DE ALVENARIA PARA QUALQUER TIPO DE BLOCO, DE FORMA MECANIZADA, SEM REAPROVEITAMENTO. AF_09/2023","M3",50.38,0.57620000000000005]
["Demolições e Remoções",104791,"DEMOLIÇÃO DE ARGAMASSAS, DE FORMA DE FORMA MECANIZADA COM MARTELETE, SEM REAPROVEITAMENTO. AF_09/2023","M2",6.49,0]
["Demolições e Remoções",97631,"DEMOLIÇÃO DE ARGAMASSAS, DE FORMA MANUAL, SEM REAPROVEITAMENTO. AF_09/2023","M2",12.68,0]
["Demolições e Remoções",97630,"DEMOLIÇÃO DE ESTRUTURAS DE CONCRETO ARMADO EM GERAL, DE FORMA MECANIZADA COM ROMPEDOR ACOPLADO EM ESCAVADEIRA HIDRÁULICA, SEM REAPROVEITAMENTO. AF_09/2023","M3",0]
["Demolições e Remoções",104796,"DEMOLIÇÃO DE GUIAS, SARJETAS OU SARJETÕES, DE FORMA MECANIZADA, SEM REAPROVEITAMENTO. AF_09/2023","M",14.47,0.1479]
["Demolições e Remoções",97628,"DEMOLIÇÃO DE LAJES, EM CONCRETO ARMADO, DE FORMA MANUAL, SEM REAPROVEITAMENTO. AF_09/2023","M3",294.7,0]
["Demolições e Remoções",97629,"DEMOLIÇÃO DE LAJES, EM CONCRETO ARMADO, DE FORMA MECANIZADA COM MARTELETE, SEM REAPROVEITAMENTO. AF_09/2023","M3",89.72,0]
["Demolições e Remoções",97626,"DEMOLIÇÃO DE PILARES E VIGAS EM CONCRETO ARMADO, DE FORMA MANUAL, SEM REAPROVEITAMENTO. AF_09/2023","M3",632.78,0]
["Demolições e Remoções",97627,"DEMOLIÇÃO DE PILARES E VIGAS EM CONCRETO ARMADO, DE FORMA MECANIZADA COM MARTELETE, SEM REAPROVEITAMENTO. AF_09/2023","M3",192.65,0]
["Demolições e Remoções",104789,"DEMOLIÇÃO DE PISO DE CONCRETO SIMPLES, DE FORMA MANUAL, SEM REAPROVEITAMENTO. AF_09/2023","M3",221.58,0]
["Demolições e Remoções",104790,"DEMOLIÇÃO DE PISO DE CONCRETO SIMPLES, DE FORMA MECANIZADA COM MARTELETE, SEM REAPROVEITAMENTO. AF_09/2023","M3",108.43,0.25679999999999997]
["Demolições e Remoções",97633,"DEMOLIÇÃO DE REVESTIMENTO CERÂMICO, DE FORMA MANUAL, SEM REAPROVEITAMENTO. AF_09/2023","M2",25.32,0]
["Demolições e Remoções",97634,"DEMOLIÇÃO DE REVESTIMENTO CERÂMICO, DE FORMA MECANIZADA COM MARTELETE, SEM REAPROVEITAMENTO. AF_09/2023","M2",7.31,0]
["Demolições e Remoções",97632,"DEMOLIÇÃO DE RODAPÉ CERÂMICO, DE FORMA MANUAL, SEM REAPROVEITAMENTO. AF_09/2023","M",2.89,0]
["Demolições e Remoções",97636,"DEMOLIÇÃO PARCIAL DE PAVIMENTO ASFÁLTICO, DE FORMA MECANIZADA, SEM REAPROVEITAMENTO. AF_09/2023","M2",22.81,0.40949999999999998]
["Demolições e Remoções",104797,"REMOÇAO DE GUIAS PRÉ-FABRICADAS DE CONCRETO, DE FORMA MECANIZADA, COM REAPROVEITAMENTO. AF_09/2023","M",18.100000000000001,0.14810000000000001]
["Demolições e Remoções",104803,"REMOÇÃO CALHAS E RUFOS, DE FORMA MANUAL, SEM REAPROVEITAMENTO. AF_09/2023","M",5.07,0]
["Demolições e Remoções",97664,"REMOÇÃO DE ACESSÓRIOS, DE FORMA MANUAL, SEM REAPROVEITAMENTO. AF_09/2023","UN",1.75,0]
["Demolições e Remoções",104801,"REMOÇÃO DE ALAMBRADOS PARA QUADRAS POLIESPORTIVAS, ESTRUTURADO POR TUBOS DE AÇO GALVANIZADO, COM TELA DE ARAME GALVANIZADO, DE FORMA MANUAL, SEM REAPROVEITAMENTO. AF_09/2023","M2",15.67,0]
["Demolições e Remoções",97661,"REMOÇÃO DE CABOS ELÉTRICOS, COM SEÇÃO DE 10 MM², FORMA MANUAL, SEM REAPROVEITAMENTO. AF_09/2023","M",0.78,0]
["Demolições e Remoções",104794,"REMOÇÃO DE CABOS ELÉTRICOS, COM SEÇÃO DE 16 MM², FORMA MANUAL, SEM REAPROVEITAMENTO. AF_09/2023","M",1.07,0]
["Demolições e Remoções",104795,"REMOÇÃO DE CABOS ELÉTRICOS, COM SEÇÃO DE 25 MM², FORMA MANUAL, SEM REAPROVEITAMENTO. AF_09/2023","M",1.49,0]
["Demolições e Remoções",104792,"REMOÇÃO DE CABOS ELÉTRICOS, COM SEÇÃO DE ATÉ 2,5 MM², DE FORMA MANUAL, SEM REAPROVEITAMENTO. AF_09/2023","M",0.43,0]
["Demolições e Remoções",104793,"REMOÇÃO DE CABOS ELÉTRICOS, COM SEÇÃO MAIOR QUE 2,5 MM² E MENOR QUE 10 MM², DE FORMA MANUAL, SEM REAPROVEITAMENTO. AF_09/2023","M",0.59,0]
["Demolições e Remoções",104800,"REMOÇÃO DE CERCAS E MOURÕES, DE FORMA MANUAL, SEM REAPROVEITAMENTO. AF_09/2023","M",10.32,0]
["Demolições e Remoções",97638,"REMOÇÃO DE CHAPAS E PERFIS DE DRYWALL, DE FORMA MANUAL, SEM REAPROVEITAMENTO. AF_09/2023","M2",8.99,0]
["Demolições e Remoções",97641,"REMOÇÃO DE FORRO DE GESSO, DE FORMA MANUAL, SEM REAPROVEITAMENTO. AF_09/2023","M2",3.26,0]
["Demolições e Remoções",97640,"REMOÇÃO DE FORROS DE DRYWALL, PVC E FIBROMINERAL, DE FORMA MANUAL, SEM REAPROVEITAMENTO. AF_09/2023","M2",2.1,0]
["Demolições e Remoções",97660,"REMOÇÃO DE INTERRUPTORES/TOMADAS ELÉTRICAS, DE FORMA MANUAL, SEM REAPROVEITAMENTO. AF_09/2023","UN",0.74,0]
["Demolições e Remoções",97645,"REMOÇÃO DE JANELAS, DE FORMA MANUAL, SEM REAPROVEITAMENTO. AF_09/2023","M2",27.33,0]
["Demolições e Remoções",97663,"REMOÇÃO DE LOUÇAS, DE FORMA MANUAL, SEM REAPROVEITAMENTO. AF_09/2023","UN",14,0]
["Demolições e Remoções",97665,"REMOÇÃO DE LUMINÁRIAS, DE FORMA MANUAL, SEM REAPROVEITAMENTO. AF_09/2023","UN",2,0]
["Demolições e Remoções",97666,"REMOÇÃO DE METAIS SANITÁRIOS, DE FORMA MANUAL, SEM REAPROVEITAMENTO. AF_09/2023","UN",10.199999999999999,0]
["Demolições e Remoções",97635,"REMOÇÃO DE PISO DE BLOCO INTERTRAVADO OU DE PEDRA PORTUGUESA, DE FORMA MANUAL, COM REAPROVEITAMENTO. AF_09/2023","M2",19.38,0]
["Demolições e Remoções",97643,"REMOÇÃO DE PISO DE MADEIRA (ASSOALHO E BARROTE), DE FORMA MANUAL, SEM REAPROVEITAMENTO. AF_09/2023","M2",28.03,0]
["Demolições e Remoções",104799,"REMOÇÃO DE PLACAS DE SINALIZAÇÃO VIÁRIA, DE FORMA MANUAL, SEM REAPROVEITAMENTO. AF_09/2023","M2",11.62,0]
["Demolições e Remoções",97639,"REMOÇÃO DE PLACAS E PILARETES DE CONCRETO, DE FORMA MANUAL, SEM REAPROVEITAMENTO. AF_09/2023","M2",22.86,0]
["Demolições e Remoções",97644,"REMOÇÃO DE PORTAS, DE FORMA MANUAL, SEM REAPROVEITAMENTO. AF_09/2023","M2",10.59,0]
["Demolições e Remoções",97648,"REMOÇÃO DE PROTEÇÃO TÉRMICA PARA COBERTURA EM EPS, DE FORMA MANUAL, SEM REAPROVEITAMENTO. AF_09/2023","M2",2.2599999999999998,0]
["Demolições e Remoções",104798,"REMOÇÃO DE SUPORTE METÁLICO OU DE MADEIRA PARA PLACAS DE SINALIZAÇÃO VIÁRIA, DE FORMA MANUAL, SEM REAPROVEITAMENTO. AF_09/2023","UN",14.81,0]
["Demolições e Remoções",97637,"REMOÇÃO DE TAPUME/ CHAPAS METÁLICAS E DE MADEIRA, DE FORMA MANUAL, SEM REAPROVEITAMENTO. AF_09/2023","M2",3.08,0]
["Demolições e Remoções",104802,"REMOÇÃO DE TELA DE ARAME GALVANIZADO DE ALAMBRADOS PARA QUADRAS POLIESPORTIVAS, DE FORMA MANUAL, SEM REMOÇÃO DA ESTRUTURA DE SUSTENTAÇÃO, SEM REAPROVEITAMENTO. AF_09/2023","M2",10.42,0]
["Demolições e Remoções",97647,"REMOÇÃO DE TELHAS DE FIBROCIMENTO METÁLICA E CERÂMICA, DE FORMA MANUAL, SEM REAPROVEITAMENTO. AF_09/2023","M2",3.93,0]
["Demolições e Remoções",97649,"REMOÇÃO DE TELHAS DE FIBROCIMENTO, METÁLICA E CERÂMICA, DE FORMA MECANIZADA, COM USO DE GUINDASTE, SEM REAPROVEITAMENTO. AF_09/2023","M2",4.9400000000000004,0.12959999999999999]
["Demolições e Remoções",97652,"REMOÇÃO DE TESOURAS DE MADEIRA, COM VÃO MAIOR OU IGUAL A 8M, DE FORMA MANUAL, SEM REAPROVEITAMENTO. AF_09/2023","UN",209.93,0]
["Demolições e Remoções",97654,"REMOÇÃO DE TESOURAS DE MADEIRA, COM VÃO MAIOR OU IGUAL A 8M, DE FORMA MECANIZADA, COM REAPROVEITAMENTO. AF_09/2023","UN",185.63,0.52500000000000002]
["Demolições e Remoções",97651,"REMOÇÃO DE TESOURAS DE MADEIRA, COM VÃO MENOR QUE 8M, DE FORMA MANUAL, SEM REAPROVEITAMENTO. AF_09/2023","UN",92.6,0]
["Demolições e Remoções",97653,"REMOÇÃO DE TESOURAS DE MADEIRA, COM VÃO MENOR QUE 8M, DE FORMA MECANIZADA, COM REAPROVEITAMENTO. AF_09/2023","UN",147.22999999999999,0.66190000000000004]
["Demolições e Remoções",97657,"REMOÇÃO DE TESOURAS METÁLICAS, COM VÃO MAIOR OU IGUAL A 8M, DE FORMA MANUAL, SEM REAPROVEITAMENTO. AF_09/2023","UN",721.56,0.43309999999999998]
["Demolições e Remoções",97659,"REMOÇÃO DE TESOURAS METÁLICAS, COM VÃO MAIOR OU IGUAL A 8M, DE FORMA MECANIZADA, COM REAPROVEITAMENTO. AF_09/2023","UN",325.98,0.52080000000000004]
["Demolições e Remoções",97656,"REMOÇÃO DE TESOURAS METÁLICAS, COM VÃO MENOR QUE 8M, DE FORMA MANUAL, SEM REAPROVEITAMENTO. AF_09/2023","UN",364.05,0.43309999999999998]
["Demolições e Remoções",97658,"REMOÇÃO DE TESOURAS METÁLICAS, COM VÃO MENOR QUE 8M, DE FORMA MECANIZADA, COM REAPROVEITAMENTO. AF_09/2023","UN",232.66,0.59150000000000003]
["Demolições e Remoções",97650,"REMOÇÃO DE TRAMA DE MADEIRA PARA COBERTURA, DE FORMA MANUAL, SEM REAPROVEITAMENTO. AF_09/2023","M2",8.49,0]
["Demolições e Remoções",97642,"REMOÇÃO DE TRAMA METÁLICA OU DE MADEIRA PARA FORRO, DE FORMA MANUAL, SEM REAPROVEITAMENTO. AF_09/2023","M2",3,0]
["Demolições e Remoções",97655,"REMOÇÃO DE TRAMA METÁLICA PARA COBERTURA, DE FORMA MANUAL, SEM REAPROVEITAMENTO. AF_09/2023","M2",39.840000000000003,0.50329999999999997]
["Demolições e Remoções",97662,"REMOÇÃO DE TUBULAÇÕES (TUBOS E CONEXÕES) DE ÁGUA FRIA, DE FORMA MANUAL, SEM REAPROVEITAMENTO. AF_09/2023","M",0.56000000000000005,0]
["Demolições e Remoções",97646,"REMOÇÃO DE VIDRO, EM FACHADAS DE VIDRO, DE FORMA MECANIZADA, COM USO DE PLATAFORMA ELEVATÓRIA, SEM REAPROVEITAMENTO. AF_09/2023","M2",0]
["Depreciação, Juros, Impostos e Seguros, Manutenção e Materiais na Operação dos Equipamentos",92712,"APARELHO PARA CORTE E SOLDA OXI-ACETILENO SOBRE RODAS, INCLUSIVE CILINDROS E MAÇARICOS - DEPRECIAÇÃO. AF_05/2023","H",0.47,0]
["Depreciação, Juros, Impostos e Seguros, Manutenção e Materiais na Operação dos Equipamentos",92713,"APARELHO PARA CORTE E SOLDA OXI-ACETILENO SOBRE RODAS, INCLUSIVE CILINDROS E MAÇARICOS - JUROS. AF_05/2023","H",0.1,0]
["Depreciação, Juros, Impostos e Seguros, Manutenção e Materiais na Operação dos Equipamentos",92714,"APARELHO PARA CORTE E SOLDA OXI-ACETILENO SOBRE RODAS, INCLUSIVE CILINDROS E MAÇARICOS - MANUTENÇÃO. AF_05/2023","H",0.59,0]
["Depreciação, Juros, Impostos e Seguros, Manutenção e Materiais na Operação dos Equipamentos",92715,"APARELHO PARA CORTE E SOLDA OXI-ACETILENO SOBRE RODAS, INCLUSIVE CILINDROS E MAÇARICOS - MATERIAIS NA OPERAÇÃO. AF_05/2023","H",109,1]
["Depreciação, Juros, Impostos e Seguros, Manutenção e Materiais na Operação dos Equipamentos",103663,"BATE ESTACA PARA INSTALAÇÃO DE DEFENSAS METÁLICAS (GUARD RAIL) FIXO, INCLUSIVE CAMINHÃO TOCO PBT 9.700 KG, POTÊNCIA DE 160 CV - DEPRECIAÇÃO. AF_05/2023","H",0]
["Depreciação, Juros, Impostos e Seguros, Manutenção e Materiais na Operação dos Equipamentos",104390,"BATE ESTACA PARA INSTALAÇÃO DE DEFENSAS METÁLICAS (GUARD RAIL) FIXO, INCLUSIVE CAMINHÃO TOCO PBT 9.700 KG, POTÊNCIA DE 160 CV - IMPOSTOS E SEGUROS. AF_05/2023","H",0]
["Depreciação, Juros, Impostos e Seguros, Manutenção e Materiais na Operação dos Equipamentos",103664,"BATE ESTACA PARA INSTALAÇÃO DE DEFENSAS METÁLICAS (GUARD RAIL) FIXO, INCLUSIVE CAMINHÃO TOCO PBT 9.700 KG, POTÊNCIA DE 160 CV - JUROS. AF_05/2023","H",0]
["Depreciação, Juros, Impostos e Seguros, Manutenção e Materiais na Operação dos Equipamentos",104451,"BATE ESTACA PARA INSTALAÇÃO DE DEFENSAS METÁLICAS (GUARD RAIL) FIXO, INCLUSIVE CAMINHÃO TOCO PBT 9.700 KG, POTÊNCIA DE 160 CV - MANUTENÇÃO. AF_05/2023","H",0]
["Depreciação, Juros, Impostos e Seguros, Manutenção e Materiais na Operação dos Equipamentos",103666,"BATE ESTACA PARA INSTALAÇÃO DE DEFENSAS METÁLICAS (GUARD RAIL) FIXO, INCLUSIVE CAMINHÃO TOCO PBT 9.700 KG, POTÊNCIA DE 160 CV - MATERIAIS NA OPERAÇÃO. AF_05/2023","H",133.81,0]
["Depreciação, Juros, Impostos e Seguros, Manutenção e Materiais na Operação dos Equipamentos",89212,"BATE-ESTACAS POR GRAVIDADE, POTÊNCIA DE 160 HP, PESO DO MARTELO ATÉ 3 TONELADAS - DEPRECIAÇÃO. AF_11/2014","H",29.76,1]
["Depreciação, Juros, Impostos e Seguros, Manutenção e Materiais na Operação dos Equipamentos",89213,"BATE-ESTACAS POR GRAVIDADE, POTÊNCIA DE 160 HP, PESO DO MARTELO ATÉ 3 TONELADAS - JUROS. AF_11/2014","H",9.18,1]
["Depreciação, Juros, Impostos e Seguros, Manutenção e Materiais na Operação dos Equipamentos",89214,"BATE-ESTACAS POR GRAVIDADE, POTÊNCIA DE 160 HP, PESO DO MARTELO ATÉ 3 TONELADAS - MANUTENÇÃO. AF_11/2014","H",27.94,1]
["Depreciação, Juros, Impostos e Seguros, Manutenção e Materiais na Operação dos Equipamentos",89215,"BATE-ESTACAS POR GRAVIDADE, POTÊNCIA DE 160 HP, PESO DO MARTELO ATÉ 3 TONELADAS - MATERIAIS NA OPERAÇÃO. AF_11/2014","H",91.56,0]
["Depreciação, Juros, Impostos e Seguros, Manutenção e Materiais na Operação dos Equipamentos",87441,"BETONEIRA CAPACIDADE NOMINAL 400 L, CAPACIDADE DE MISTURA 310 L, MOTOR A DIESEL POTÊNCIA 5,0 CV, SEM CARREGADOR - DEPRECIAÇÃO. AF_05/2023","H",0.52,0]
["Depreciação, Juros, Impostos e Seguros, Manutenção e Materiais na Operação dos Equipamentos",87442,"BETONEIRA CAPACIDADE NOMINAL 400 L, CAPACIDADE DE MISTURA 310 L, MOTOR A DIESEL POTÊNCIA 5,0 CV, SEM CARREGADOR - JUROS. AF_05/2023","H",0.12,0]
["Depreciação, Juros, Impostos e Seguros, Manutenção e Materiais na Operação dos Equipamentos",87443,"BETONEIRA CAPACIDADE NOMINAL 400 L, CAPACIDADE DE MISTURA 310 L, MOTOR A DIESEL POTÊNCIA 5,0 CV, SEM CARREGADOR - MANUTENÇÃO. AF_05/2023","H",0.65,0]
["Depreciação, Juros, Impostos e Seguros, Manutenção e Materiais na Operação dos Equipamentos",87444,"BETONEIRA CAPACIDADE NOMINAL 400 L, CAPACIDADE DE MISTURA 310 L, MOTOR A DIESEL POTÊNCIA 5,0 CV, SEM CARREGADOR - MATERIAIS NA OPERAÇÃO. AF_05/2023","H",4.13,0]
["Depreciação, Juros, Impostos e Seguros, Manutenção e Materiais na Operação dos Equipamentos",93229,"BETONEIRA CAPACIDADE NOMINAL 400 L, CAPACIDADE DE MISTURA 310 L, MOTOR A GASOLINA POTÊNCIA 5,5 CV, SEM CARREGADOR - DEPRECIAÇÃO. AF_02/2016","H",0.48,0]
["Depreciação, Juros, Impostos e Seguros, Manutenção e Materiais na Operação dos Equipamentos",93230,"BETONEIRA CAPACIDADE NOMINAL 400 L, CAPACIDADE DE MISTURA 310 L, MOTOR A GASOLINA POTÊNCIA 5,5 CV, SEM CARREGADOR - JUROS. AF_02/2016","H",0.11,0]
["Depreciação, Juros, Impostos e Seguros, Manutenção e Materiais na Operação dos Equipamentos",93231,"BETONEIRA CAPACIDADE NOMINAL 400 L, CAPACIDADE DE MISTURA 310 L, MOTOR A GASOLINA POTÊNCIA 5,5 CV, SEM CARREGADOR - MANUTENÇÃO. AF_02/2016","H",0.6,0]
["Depreciação, Juros, Impostos e Seguros, Manutenção e Materiais na Operação dos Equipamentos",93232,"BETONEIRA CAPACIDADE NOMINAL 400 L, CAPACIDADE DE MISTURA 310 L, MOTOR A GASOLINA POTÊNCIA 5,5 CV, SEM CARREGADOR - MATERIAIS NA OPERAÇÃO. AF_02/2016","H",4.57,0]
["Depreciação, Juros, Impostos e Seguros, Manutenção e Materiais na Operação dos Equipamentos",102948,"BETONEIRA CAPACIDADE NOMINAL DE 250 L, CAPACIDADE DE MISTURA DE 175 L, MOTOR ELÉTRICO MONOFÁSICO POTÊNCIA 1CV - DEPRECIAÇÃO. AF_05/2023","H",0]
["Depreciação, Juros, Impostos e Seguros, Manutenção e Materiais na Operação dos Equipamentos",102949,"BETONEIRA CAPACIDADE NOMINAL DE 250 L, CAPACIDADE DE MISTURA DE 175 L, MOTOR ELÉTRICO MONOFÁSICO POTÊNCIA 1CV - JUROS. AF_05/2023","H",0]
["Depreciação, Juros, Impostos e Seguros, Manutenção e Materiais na Operação dos Equipamentos",102950,"BETONEIRA CAPACIDADE NOMINAL DE 250 L, CAPACIDADE DE MISTURA DE 175 L, MOTOR ELÉTRICO MONOFÁSICO POTÊNCIA 1CV - MANUTENÇÃO. AF_05/2023","H",0]
["Depreciação, Juros, Impostos e Seguros, Manutenção e Materiais na Operação dos Equipamentos",102951,"BETONEIRA CAPACIDADE NOMINAL DE 250 L, CAPACIDADE DE MISTURA DE 175 L, MOTOR ELÉTRICO MONOFÁSICO POTÊNCIA 1CV - MATERIAIS NA OPERAÇÃO. AF_05/2023","H",0.6,0]
["Depreciação, Juros, Impostos e Seguros, Manutenção e Materiais na Operação dos Equipamentos",88826,"BETONEIRA CAPACIDADE NOMINAL DE 400 L, CAPACIDADE DE MISTURA 280 L, MOTOR ELÉTRICO TRIFÁSICO POTÊNCIA DE 2 CV, SEM CARREGADOR - DEPRECIAÇÃO. AF_05/2023","H",0.38,0]
["Depreciação, Juros, Impostos e Seguros, Manutenção e Materiais na Operação dos Equipamentos",88827,"BETONEIRA CAPACIDADE NOMINAL DE 400 L, CAPACIDADE DE MISTURA 280 L, MOTOR ELÉTRICO TRIFÁSICO POTÊNCIA DE 2 CV, SEM CARREGADOR - JUROS. AF_05/2023","H",0.08,0]
["Depreciação, Juros, Impostos e Seguros, Manutenção e Materiais na Operação dos Equipamentos",88828,"BETONEIRA CAPACIDADE NOMINAL DE 400 L, CAPACIDADE DE MISTURA 280 L, MOTOR ELÉTRICO TRIFÁSICO POTÊNCIA DE 2 CV, SEM CARREGADOR - MANUTENÇÃO. AF_05/2023","H",0.42,0]
["Depreciação, Juros, Impostos e Seguros, Manutenção e Materiais na Operação dos Equipamentos",88829,"BETONEIRA CAPACIDADE NOMINAL DE 400 L, CAPACIDADE DE MISTURA 280 L, MOTOR ELÉTRICO TRIFÁSICO POTÊNCIA DE 2 CV, SEM CARREGADOR - MATERIAIS NA OPERAÇÃO. AF_05/2023","H",1.2,0]
["Depreciação, Juros, Impostos e Seguros, Manutenção e Materiais na Operação dos Equipamentos",89221,"BETONEIRA CAPACIDADE NOMINAL DE 600 L, CAPACIDADE DE MISTURA 360 L, MOTOR ELÉTRICO TRIFÁSICO POTÊNCIA DE 4 CV, SEM CARREGADOR - DEPRECIAÇÃO. AF_05/2023","H",1.56,0]
["Depreciação, Juros, Impostos e Seguros, Manutenção e Materiais na Operação dos Equipamentos",89222,"BETONEIRA CAPACIDADE NOMINAL DE 600 L, CAPACIDADE DE MISTURA 360 L, MOTOR ELÉTRICO TRIFÁSICO POTÊNCIA DE 4 CV, SEM CARREGADOR - JUROS. AF_05/2023","H",0.36,0]
["Depreciação, Juros, Impostos e Seguros, Manutenção e Materiais na Operação dos Equipamentos",89223,"BETONEIRA CAPACIDADE NOMINAL DE 600 L, CAPACIDADE DE MISTURA 360 L, MOTOR ELÉTRICO TRIFÁSICO POTÊNCIA DE 4 CV, SEM CARREGADOR - MANUTENÇÃO. AF_05/2023","H",1.71,0]
["Depreciação, Juros, Impostos e Seguros, Manutenção e Materiais na Operação dos Equipamentos",89224,"BETONEIRA CAPACIDADE NOMINAL DE 600 L, CAPACIDADE DE MISTURA 360 L, MOTOR ELÉTRICO TRIFÁSICO POTÊNCIA DE 4 CV, SEM CARREGADOR - MATERIAIS NA OPERAÇÃO. AF_05/2023","H",2.4,0]
["Depreciação, Juros, Impostos e Seguros, Manutenção e Materiais na Operação dos Equipamentos",89274,"BETONEIRA CAPACIDADE NOMINAL DE 600 L, CAPACIDADE DE MISTURA 440 L, MOTOR A DIESEL POTÊNCIA 10 CV, COM CARREGADOR - DEPRECIAÇÃO. AF_05/2023","H",1.9,0]
["Depreciação, Juros, Impostos e Seguros, Manutenção e Materiais na Operação dos Equipamentos",89275,"BETONEIRA CAPACIDADE NOMINAL DE 600 L, CAPACIDADE DE MISTURA 440 L, MOTOR A DIESEL POTÊNCIA 10 CV, COM CARREGADOR - JUROS. AF_05/2023","H",0.43,0]
["Depreciação, Juros, Impostos e Seguros, Manutenção e Materiais na Operação dos Equipamentos",89276,"BETONEIRA CAPACIDADE NOMINAL DE 600 L, CAPACIDADE DE MISTURA 440 L, MOTOR A DIESEL POTÊNCIA 10 CV, COM CARREGADOR - MANUTENÇÃO. AF_05/2023","H",2.37,0]
["Depreciação, Juros, Impostos e Seguros, Manutenção e Materiais na Operação dos Equipamentos",89277,"BETONEIRA CAPACIDADE NOMINAL DE 600 L, CAPACIDADE DE MISTURA 440 L, MOTOR A DIESEL POTÊNCIA 10 CV, COM CARREGADOR - MATERIAIS NA OPERAÇÃO. AF_05/2023","H",8.26,0]
["Depreciação, Juros, Impostos e Seguros, Manutenção e Materiais na Operação dos Equipamentos",90646,"BOMBA CENTRÍFUGA MONOESTÁGIO COM MOTOR ELÉTRICO MONOFÁSICO, POTÊNCIA 15 HP, DIÂMETRO DO ROTOR 173 MM, HM/Q = 30 MCA / 90 M3/H A 45 MCA / 55 M3/H - DEPRECIAÇÃO. AF_06/2015","H",0.78,0]
["Depreciação, Juros, Impostos e Seguros, Manutenção e Materiais na Operação dos Equipamentos",90647,"BOMBA CENTRÍFUGA MONOESTÁGIO COM MOTOR ELÉTRICO MONOFÁSICO, POTÊNCIA 15 HP, DIÂMETRO DO ROTOR 173 MM, HM/Q = 30 MCA / 90 M3/H A 45 MCA / 55 M3/H - JUROS. AF_06/2015","H",0.18,0]
["Depreciação, Juros, Impostos e Seguros, Manutenção e Materiais na Operação dos Equipamentos",90648,"BOMBA CENTRÍFUGA MONOESTÁGIO COM MOTOR ELÉTRICO MONOFÁSICO, POTÊNCIA 15 HP, DIÂMETRO DO ROTOR 173 MM, HM/Q = 30 MCA / 90 M3/H A 45 MCA / 55 M3/H - MANUTENÇÃO. AF_06/2015","H",0.85,0]
["Depreciação, Juros, Impostos e Seguros, Manutenção e Materiais na Operação dos Equipamentos",90649,"BOMBA CENTRÍFUGA MONOESTÁGIO COM MOTOR ELÉTRICO MONOFÁSICO, POTÊNCIA 15 HP, DIÂMETRO DO ROTOR 173 MM, HM/Q = 30 MCA / 90 M3/H A 45 MCA / 55 M3/H - MATERIAIS NA OPERAÇÃO. AF_06/2015","H",9.31,0]
["Depreciação, Juros, Impostos e Seguros, Manutenção e Materiais na Operação dos Equipamentos",106096,"BOMBA DE INJEÇÃO, ELÉTRICA, TRIFÁSICA, POTÊNCIA 7,5 CV - DEPRECIAÇÃO. AF_08/2025","H",0]
["Depreciação, Juros, Impostos e Seguros, Manutenção e Materiais na Operação dos Equipamentos",106097,"BOMBA DE INJEÇÃO, ELÉTRICA, TRIFÁSICA, POTÊNCIA 7,5 CV - JUROS. AF_08/2025","H",0]
["Depreciação, Juros, Impostos e Seguros, Manutenção e Materiais na Operação dos Equipamentos",106098,"BOMBA DE INJEÇÃO, ELÉTRICA, TRIFÁSICA, POTÊNCIA 7,5 CV - MANUTENÇÃO. AF_08/2025","H",0]
["Depreciação, Juros, Impostos e Seguros, Manutenção e Materiais na Operação dos Equipamentos",106099,"BOMBA DE INJEÇÃO, ELÉTRICA, TRIFÁSICA, POTÊNCIA 7,5 CV - MATERIAIS NA OPERAÇÃO. AF_08/2025","H",1,0]
["Depreciação, Juros, Impostos e Seguros, Manutenção e Materiais na Operação dos Equipamentos",90652,"BOMBA DE PROJEÇÃO DE CONCRETO SECO, POTÊNCIA 10 CV, VAZÃO 3 M3/H - DEPRECIAÇÃO. AF_06/2015","H",4.68,0]
["Depreciação, Juros, Impostos e Seguros, Manutenção e Materiais na Operação dos Equipamentos",90653,"BOMBA DE PROJEÇÃO DE CONCRETO SECO, POTÊNCIA 10 CV, VAZÃO 3 M3/H - JUROS. AF_06/2015","H",1.08,0]
["Depreciação, Juros, Impostos e Seguros, Manutenção e Materiais na Operação dos Equipamentos",90654,"BOMBA DE PROJEÇÃO DE CONCRETO SECO, POTÊNCIA 10 CV, VAZÃO 3 M3/H - MANUTENÇÃO. AF_06/2015","H",5.12,0]
["Depreciação, Juros, Impostos e Seguros, Manutenção e Materiais na Operação dos Equipamentos",90655,"BOMBA DE PROJEÇÃO DE CONCRETO SECO, POTÊNCIA 10 CV, VAZÃO 3 M3/H - MATERIAIS NA OPERAÇÃO. AF_06/2015","H",6.13,0]
["Depreciação, Juros, Impostos e Seguros, Manutenção e Materiais na Operação dos Equipamentos",90658,"BOMBA DE PROJEÇÃO DE CONCRETO SECO, POTÊNCIA 10 CV, VAZÃO 6 M3/H - DEPRECIAÇÃO. AF_06/2015","H",5.0199999999999996,0]
["Depreciação, Juros, Impostos e Seguros, Manutenção e Materiais na Operação dos Equipamentos",90659,"BOMBA DE PROJEÇÃO DE CONCRETO SECO, POTÊNCIA 10 CV, VAZÃO 6 M3/H - JUROS. AF_06/2015","H",1.1599999999999999,0]
["Depreciação, Juros, Impostos e Seguros, Manutenção e Materiais na Operação dos Equipamentos",90660,"BOMBA DE PROJEÇÃO DE CONCRETO SECO, POTÊNCIA 10 CV, VAZÃO 6 M3/H - MANUTENÇÃO. AF_06/2015","H",5.49,0]
["Depreciação, Juros, Impostos e Seguros, Manutenção e Materiais na Operação dos Equipamentos",90661,"BOMBA DE PROJEÇÃO DE CONCRETO SECO, POTÊNCIA 10 CV, VAZÃO 6 M3/H - MATERIAIS NA OPERAÇÃO. AF_06/2015","H",6.13,0]
["Depreciação, Juros, Impostos e Seguros, Manutenção e Materiais na Operação dos Equipamentos",89019,"BOMBA SUBMERSÍVEL ELÉTRICA TRIFÁSICA, POTÊNCIA 2,96 HP, Ø ROTOR 144 MM SEMI-ABERTO, BOCAL DE SAÍDA Ø 2\", HM/Q = 2 MCA / 38,8 M3/H A 28 MCA / 5 M3/H - DEPRECIAÇÃO. AF_06/2014","H",0.4,1]
["Depreciação, Juros, Impostos e Seguros, Manutenção e Materiais na Operação dos Equipamentos",89020,"BOMBA SUBMERSÍVEL ELÉTRICA TRIFÁSICA, POTÊNCIA 2,96 HP, Ø ROTOR 144 MM SEMI-ABERTO, BOCAL DE SAÍDA Ø 2\", HM/Q = 2 MCA / 38,8 M3/H A 28 MCA / 5 M3/H - JUROS. AF_06/2014","H",0.09,1]
["Depreciação, Juros, Impostos e Seguros, Manutenção e Materiais na Operação dos Equipamentos",5800,"BOMBA SUBMERSÍVEL ELÉTRICA TRIFÁSICA, POTÊNCIA 2,96 HP, Ø ROTOR 144 MM SEMI-ABERTO, BOCAL DE SAÍDA Ø 2\", HM/Q = 2 MCA / 38,8 M3/H A 28 MCA / 5 M3/H - MANUTENÇÃO. AF_06/2014","H",0.43,1]
["Depreciação, Juros, Impostos e Seguros, Manutenção e Materiais na Operação dos Equipamentos",53866,"BOMBA SUBMERSÍVEL ELÉTRICA TRIFÁSICA, POTÊNCIA 2,96 HP, Ø ROTOR 144 MM SEMI-ABERTO, BOCAL DE SAÍDA Ø 2\", HM/Q = 2 MCA / 38,8 M3/H A 28 MCA / 5 M3/H - MATERIAIS NA OPERAÇÃO. AF_06/2014","H",1.84,0]
["Depreciação, Juros, Impostos e Seguros, Manutenção e Materiais na Operação dos Equipamentos",90639,"BOMBA TRIPLEX, PARA INJEÇÃO DE NATA DE CIMENTO, VAZÃO MÁXIMA DE 100 LITROS/MINUTO, PRESSÃO MÁXIMA DE 70 BAR - DEPRECIAÇÃO. AF_06/2015","H",7.2,0]
["Depreciação, Juros, Impostos e Seguros, Manutenção e Materiais na Operação dos Equipamentos",90640,"BOMBA TRIPLEX, PARA INJEÇÃO DE NATA DE CIMENTO, VAZÃO MÁXIMA DE 100 LITROS/MINUTO, PRESSÃO MÁXIMA DE 70 BAR - JUROS. AF_06/2015","H",1.66,0]
["Depreciação, Juros, Impostos e Seguros, Manutenção e Materiais na Operação dos Equipamentos",90641,"BOMBA TRIPLEX, PARA INJEÇÃO DE NATA DE CIMENTO, VAZÃO MÁXIMA DE 100 LITROS/MINUTO, PRESSÃO MÁXIMA DE 70 BAR - MANUTENÇÃO. AF_06/2015","H",7.87,0]
["Depreciação, Juros, Impostos e Seguros, Manutenção e Materiais na Operação dos Equipamentos",90642,"BOMBA TRIPLEX, PARA INJEÇÃO DE NATA DE CIMENTO, VAZÃO MÁXIMA DE 100 LITROS/MINUTO, PRESSÃO MÁXIMA DE 70 BAR - MATERIAIS NA OPERAÇÃO. AF_06/2015","H",12.39,0]
["Depreciação, Juros, Impostos e Seguros, Manutenção e Materiais na Operação dos Equipamentos",102806,"CALDEIRA A GÁS COM TERMOSTATO, CAPACIDADE 100 LITROS - DEPRECIAÇÃO. AF_05/2023","H",0]
["Depreciação, Juros, Impostos e Seguros, Manutenção e Materiais na Operação dos Equipamentos",102807,"CALDEIRA A GÁS COM TERMOSTATO, CAPACIDADE 100 LITROS - JUROS. AF_05/2023","H",0]
["Depreciação, Juros, Impostos e Seguros, Manutenção e Materiais na Operação dos Equipamentos",102808,"CALDEIRA A GÁS COM TERMOSTATO, CAPACIDADE 100 LITROS - MANUTENÇÃO. AF_05/2023","H",0]
["Depreciação, Juros, Impostos e Seguros, Manutenção e Materiais na Operação dos Equipamentos",102809,"CALDEIRA A GÁS COM TERMOSTATO, CAPACIDADE 100 LITROS - MATERIAIS NA OPERAÇÃO. AF_05/2023","H",19.38,0]
["Depreciação, Juros, Impostos e Seguros, Manutenção e Materiais na Operação dos Equipamentos",92140,"CAMINHONETE CABINE SIMPLES COM MOTOR 1.6 FLEX, CÂMBIO MANUAL, POTÊNCIA 101/104 CV, 2 PORTAS - DEPRECIAÇÃO. AF_11/2015","H",4.83,0]
["Depreciação, Juros, Impostos e Seguros, Manutenção e Materiais na Operação dos Equipamentos",92142,"CAMINHONETE CABINE SIMPLES COM MOTOR 1.6 FLEX, CÂMBIO MANUAL, POTÊNCIA 101/104 CV, 2 PORTAS - IMPOSTOS E SEGUROS. AF_11/2015","H",0.6,0]
["Depreciação, Juros, Impostos e Seguros, Manutenção e Materiais na Operação dos Equipamentos",92141,"CAMINHONETE CABINE SIMPLES COM MOTOR 1.6 FLEX, CÂMBIO MANUAL, POTÊNCIA 101/104 CV, 2 PORTAS - JUROS. AF_11/2015","H",1.49,0]
["Depreciação, Juros, Impostos e Seguros, Manutenção e Materiais na Operação dos Equipamentos",92143,"CAMINHONETE CABINE SIMPLES COM MOTOR 1.6 FLEX, CÂMBIO MANUAL, POTÊNCIA 101/104 CV, 2 PORTAS - MANUTENÇÃO. AF_11/2015","H",6.04,0]
["Depreciação, Juros, Impostos e Seguros, Manutenção e Materiais na Operação dos Equipamentos",92144,"CAMINHONETE CABINE SIMPLES COM MOTOR 1.6 FLEX, CÂMBIO MANUAL, POTÊNCIA 101/104 CV, 2 PORTAS - MATERIAIS NA OPERAÇÃO. AF_11/2015","H",39.729999999999997,0]
["Depreciação, Juros, Impostos e Seguros, Manutenção e Materiais na Operação dos Equipamentos",92133,"CAMINHONETE COM MOTOR A DIESEL, POTÊNCIA 180 CV, CABINE DUPLA, 4X4 - DEPRECIAÇÃO. AF_11/2015","H",13.2,0]
["Depreciação, Juros, Impostos e Seguros, Manutenção e Materiais na Operação dos Equipamentos",92135,"CAMINHONETE COM MOTOR A DIESEL, POTÊNCIA 180 CV, CABINE DUPLA, 4X4 - IMPOSTOS E SEGUROS. AF_11/2015","H",1.65,0]
["Depreciação, Juros, Impostos e Seguros, Manutenção e Materiais na Operação dos Equipamentos",92134,"CAMINHONETE COM MOTOR A DIESEL, POTÊNCIA 180 CV, CABINE DUPLA, 4X4 - JUROS. AF_11/2015","H",4.07,0]
["Depreciação, Juros, Impostos e Seguros, Manutenção e Materiais na Operação dos Equipamentos",92136,"CAMINHONETE COM MOTOR A DIESEL, POTÊNCIA 180 CV, CABINE DUPLA, 4X4 - MANUTENÇÃO. AF_11/2015","H",16.5,0]
["Depreciação, Juros, Impostos e Seguros, Manutenção e Materiais na Operação dos Equipamentos",92137,"CAMINHONETE COM MOTOR A DIESEL, POTÊNCIA 180 CV, CABINE DUPLA, 4X4 - MATERIAIS NA OPERAÇÃO. AF_11/2015","H",34.75,0]
["Depreciação, Juros, Impostos e Seguros, Manutenção e Materiais na Operação dos Equipamentos",91380,"CAMINHÃO BASCULANTE 10 M3, TRUCADO CABINE SIMPLES, PESO BRUTO TOTAL 23.000 KG, CARGA ÚTIL MÁXIMA 15.935 KG, DISTÂNCIA ENTRE EIXOS 4,80 M, POTÊNCIA 230 CV INCLUSIVE CAÇAMBA METÁLICA - DEPRECIAÇÃO. AF_06/2014","H",28.89,0.17030000000000001]
["Depreciação, Juros, Impostos e Seguros, Manutenção e Materiais na Operação dos Equipamentos",91382,"CAMINHÃO BASCULANTE 10 M3, TRUCADO CABINE SIMPLES, PESO BRUTO TOTAL 23.000 KG, CARGA ÚTIL MÁXIMA 15.935 KG, DISTÂNCIA ENTRE EIXOS 4,80 M, POTÊNCIA 230 CV INCLUSIVE CAÇAMBA METÁLICA - IMPOSTOS E SEGUROS. AF_06/2014","H",4.47,0.1074]
["Depreciação, Juros, Impostos e Seguros, Manutenção e Materiais na Operação dos Equipamentos",91381,"CAMINHÃO BASCULANTE 10 M3, TRUCADO CABINE SIMPLES, PESO BRUTO TOTAL 23.000 KG, CARGA ÚTIL MÁXIMA 15.935 KG, DISTÂNCIA ENTRE EIXOS 4,80 M, POTÊNCIA 230 CV INCLUSIVE CAÇAMBA METÁLICA - JUROS. AF_06/2014","H",11.07,0.1075]
["Depreciação, Juros, Impostos e Seguros, Manutenção e Materiais na Operação dos Equipamentos",91383,"CAMINHÃO BASCULANTE 10 M3, TRUCADO CABINE SIMPLES, PESO BRUTO TOTAL 23.000 KG, CARGA ÚTIL MÁXIMA 15.935 KG, DISTÂNCIA ENTRE EIXOS 4,80 M, POTÊNCIA 230 CV INCLUSIVE CAÇAMBA METÁLICA - MANUTENÇÃO. AF_06/2014","H",51.93,0.13339999999999999]
["Depreciação, Juros, Impostos e Seguros, Manutenção e Materiais na Operação dos Equipamentos",91384,"CAMINHÃO BASCULANTE 10 M3, TRUCADO CABINE SIMPLES, PESO BRUTO TOTAL 23.000 KG, CARGA ÚTIL MÁXIMA 15.935 KG, DISTÂNCIA ENTRE EIXOS 4,80 M, POTÊNCIA 230 CV INCLUSIVE CAÇAMBA METÁLICA - MATERIAIS NA OPERAÇÃO. AF_06/2014","H",139.83000000000001,0]
["Depreciação, Juros, Impostos e Seguros, Manutenção e Materiais na Operação dos Equipamentos",96030,"CAMINHÃO BASCULANTE 10 M3, TRUCADO, POTÊNCIA 230 CV, INCLUSIVE CAÇAMBA METÁLICA, COM DISTRIBUIDOR DE AGREGADOS ACOPLADO - DEPRECIAÇÃO. AF_02/2017","H",36.729999999999997,0.34739999999999999]
["Depreciação, Juros, Impostos e Seguros, Manutenção e Materiais na Operação dos Equipamentos",96032,"CAMINHÃO BASCULANTE 10 M3, TRUCADO, POTÊNCIA 230 CV, INCLUSIVE CAÇAMBA METÁLICA, COM DISTRIBUIDOR DE AGREGADOS ACOPLADO - IMPOSTOS E SEGUROS. AF_02/2017","H",5.09,0.21609999999999999]
["Depreciação, Juros, Impostos e Seguros, Manutenção e Materiais na Operação dos Equipamentos",96031,"CAMINHÃO BASCULANTE 10 M3, TRUCADO, POTÊNCIA 230 CV, INCLUSIVE CAÇAMBA METÁLICA, COM DISTRIBUIDOR DE AGREGADOS ACOPLADO - JUROS. AF_02/2017","H",12.68,0.2208]
["Depreciação, Juros, Impostos e Seguros, Manutenção e Materiais na Operação dos Equipamentos",96033,"CAMINHÃO BASCULANTE 10 M3, TRUCADO, POTÊNCIA 230 CV, INCLUSIVE CAÇAMBA METÁLICA, COM DISTRIBUIDOR DE AGREGADOS ACOPLADO - MANUTENÇÃO. AF_02/2017","H",58.46,0.23019999999999999]
["Depreciação, Juros, Impostos e Seguros, Manutenção e Materiais na Operação dos Equipamentos",96034,"CAMINHÃO BASCULANTE 10 M3, TRUCADO, POTÊNCIA 230 CV, INCLUSIVE CAÇAMBA METÁLICA, COM DISTRIBUIDOR DE AGREGADOS ACOPLADO - MATERIAIS NA OPERAÇÃO. AF_02/2017","H",139.83000000000001,0]
["Depreciação, Juros, Impostos e Seguros, Manutenção e Materiais na Operação dos Equipamentos",89870,"CAMINHÃO BASCULANTE 14 M3, COM CAVALO MECÂNICO DE CAPACIDADE MÁXIMA DE TRAÇÃO COMBINADO DE 36000 KG, POTÊNCIA 286 CV, INCLUSIVE SEMIREBOQUE COM CAÇAMBA METÁLICA - DEPRECIAÇÃO. AF_12/2014","H",38.08,0.37659999999999999]
["Depreciação, Juros, Impostos e Seguros, Manutenção e Materiais na Operação dos Equipamentos",89872,"CAMINHÃO BASCULANTE 14 M3, COM CAVALO MECÂNICO DE CAPACIDADE MÁXIMA DE TRAÇÃO COMBINADO DE 36000 KG, POTÊNCIA 286 CV, INCLUSIVE SEMIREBOQUE COM CAÇAMBA METÁLICA - IMPOSTOS E SEGUROS. AF_12/2014","H",5.35,0.26169999999999999]
["Depreciação, Juros, Impostos e Seguros, Manutenção e Materiais na Operação dos Equipamentos",89871,"CAMINHÃO BASCULANTE 14 M3, COM CAVALO MECÂNICO DE CAPACIDADE MÁXIMA DE TRAÇÃO COMBINADO DE 36000 KG, POTÊNCIA 286 CV, INCLUSIVE SEMIREBOQUE COM CAÇAMBA METÁLICA - JUROS. AF_12/2014","H",13.26,0.26169999999999999]
["Depreciação, Juros, Impostos e Seguros, Manutenção e Materiais na Operação dos Equipamentos",89873,"CAMINHÃO BASCULANTE 14 M3, COM CAVALO MECÂNICO DE CAPACIDADE MÁXIMA DE TRAÇÃO COMBINADO DE 36000 KG, POTÊNCIA 286 CV, INCLUSIVE SEMIREBOQUE COM CAÇAMBA METÁLICA - MANUTENÇÃO. AF_12/2014","H",64.77,0.31169999999999998]
["Depreciação, Juros, Impostos e Seguros, Manutenção e Materiais na Operação dos Equipamentos",89874,"CAMINHÃO BASCULANTE 14 M3, COM CAVALO MECÂNICO DE CAPACIDADE MÁXIMA DE TRAÇÃO COMBINADO DE 36000 KG, POTÊNCIA 286 CV, INCLUSIVE SEMIREBOQUE COM CAÇAMBA METÁLICA - MATERIAIS NA OPERAÇÃO. AF_12/2014","H",173.87,0]
["Depreciação, Juros, Impostos e Seguros, Manutenção e Materiais na Operação dos Equipamentos",89878,"CAMINHÃO BASCULANTE 18 M3, COM CAVALO MECÂNICO DE CAPACIDADE MÁXIMA DE TRAÇÃO COMBINADO DE 45000 KG, POTÊNCIA 330 CV, INCLUSIVE SEMIREBOQUE COM CAÇAMBA METÁLICA - DEPRECIAÇÃO. AF_12/2014","H",40.89,0.4123]
["Depreciação, Juros, Impostos e Seguros, Manutenção e Materiais na Operação dos Equipamentos",89880,"CAMINHÃO BASCULANTE 18 M3, COM CAVALO MECÂNICO DE CAPACIDADE MÁXIMA DE TRAÇÃO COMBINADO DE 45000 KG, POTÊNCIA 330 CV, INCLUSIVE SEMIREBOQUE COM CAÇAMBA METÁLICA - IMPOSTOS E SEGUROS. AF_12/2014","H",5.64,0.2908]
["Depreciação, Juros, Impostos e Seguros, Manutenção e Materiais na Operação dos Equipamentos",89879,"CAMINHÃO BASCULANTE 18 M3, COM CAVALO MECÂNICO DE CAPACIDADE MÁXIMA DE TRAÇÃO COMBINADO DE 45000 KG, POTÊNCIA 330 CV, INCLUSIVE SEMIREBOQUE COM CAÇAMBA METÁLICA - JUROS. AF_12/2014","H",13.99,0.29160000000000003]
["Depreciação, Juros, Impostos e Seguros, Manutenção e Materiais na Operação dos Equipamentos",89881,"CAMINHÃO BASCULANTE 18 M3, COM CAVALO MECÂNICO DE CAPACIDADE MÁXIMA DE TRAÇÃO COMBINADO DE 45000 KG, POTÊNCIA 330 CV, INCLUSIVE SEMIREBOQUE COM CAÇAMBA METÁLICA - MANUTENÇÃO. AF_12/2014","H",68.86,0.3448]
["Depreciação, Juros, Impostos e Seguros, Manutenção e Materiais na Operação dos Equipamentos",89882,"CAMINHÃO BASCULANTE 18 M3, COM CAVALO MECÂNICO DE CAPACIDADE MÁXIMA DE TRAÇÃO COMBINADO DE 45000 KG, POTÊNCIA 330 CV, INCLUSIVE SEMIREBOQUE COM CAÇAMBA METÁLICA - MATERIAIS NA OPERAÇÃO. AF_12/2014","H",200.6,0]
["Depreciação, Juros, Impostos e Seguros, Manutenção e Materiais na Operação dos Equipamentos",7058,"CAMINHÃO BASCULANTE 6 M3 TOCO, PESO BRUTO TOTAL 16.000 KG, CARGA ÚTIL MÁXIMA 11.130 KG, DISTÂNCIA ENTRE EIXOS 5,36 M, POTÊNCIA 185 CV, INCLUSIVE CAÇAMBA METÁLICA - DEPRECIAÇÃO. AF_06/2014","H",22.71,0.16250000000000001]
["Depreciação, Juros, Impostos e Seguros, Manutenção e Materiais na Operação dos Equipamentos",91402,"CAMINHÃO BASCULANTE 6 M3 TOCO, PESO BRUTO TOTAL 16.000 KG, CARGA ÚTIL MÁXIMA 11.130 KG, DISTÂNCIA ENTRE EIXOS 5,36 M, POTÊNCIA 185 CV, INCLUSIVE CAÇAMBA METÁLICA - IMPOSTOS E SEGUROS. AF_06/2014","H",3.53,0.10199999999999999]
["Depreciação, Juros, Impostos e Seguros, Manutenção e Materiais na Operação dos Equipamentos",7059,"CAMINHÃO BASCULANTE 6 M3 TOCO, PESO BRUTO TOTAL 16.000 KG, CARGA ÚTIL MÁXIMA 11.130 KG, DISTÂNCIA ENTRE EIXOS 5,36 M, POTÊNCIA 185 CV, INCLUSIVE CAÇAMBA METÁLICA - JUROS. AF_06/2014","H",8.73,0.1019]
["Depreciação, Juros, Impostos e Seguros, Manutenção e Materiais na Operação dos Equipamentos",7060,"CAMINHÃO BASCULANTE 6 M3 TOCO, PESO BRUTO TOTAL 16.000 KG, CARGA ÚTIL MÁXIMA 11.130 KG, DISTÂNCIA ENTRE EIXOS 5,36 M, POTÊNCIA 185 CV, INCLUSIVE CAÇAMBA METÁLICA - MANUTENÇÃO. AF_06/2014","H",40.9,0.12709999999999999]
["Depreciação, Juros, Impostos e Seguros, Manutenção e Materiais na Operação dos Equipamentos",7061,"CAMINHÃO BASCULANTE 6 M3 TOCO, PESO BRUTO TOTAL 16.000 KG, CARGA ÚTIL MÁXIMA 11.130 KG, DISTÂNCIA ENTRE EIXOS 5,36 M, POTÊNCIA 185 CV, INCLUSIVE CAÇAMBA METÁLICA - MATERIAIS NA OPERAÇÃO. AF_06/2014","H",80.349999999999994,0]
["Depreciação, Juros, Impostos e Seguros, Manutenção e Materiais na Operação dos Equipamentos",91367,"CAMINHÃO BASCULANTE 6 M3, PESO BRUTO TOTAL 16.000 KG, CARGA ÚTIL MÁXIMA 13.071 KG, DISTÂNCIA ENTRE EIXOS 4,80 M, POTÊNCIA 230 CV INCLUSIVE CAÇAMBA METÁLICA - DEPRECIAÇÃO. AF_06/2014","H",21.95,0.1681]
["Depreciação, Juros, Impostos e Seguros, Manutenção e Materiais na Operação dos Equipamentos",91369,"CAMINHÃO BASCULANTE 6 M3, PESO BRUTO TOTAL 16.000 KG, CARGA ÚTIL MÁXIMA 13.071 KG, DISTÂNCIA ENTRE EIXOS 4,80 M, POTÊNCIA 230 CV INCLUSIVE CAÇAMBA METÁLICA - IMPOSTOS E SEGUROS. AF_06/2014","H",3.4,0.10589999999999999]
["Depreciação, Juros, Impostos e Seguros, Manutenção e Materiais na Operação dos Equipamentos",91368,"CAMINHÃO BASCULANTE 6 M3, PESO BRUTO TOTAL 16.000 KG, CARGA ÚTIL MÁXIMA 13.071 KG, DISTÂNCIA ENTRE EIXOS 4,80 M, POTÊNCIA 230 CV INCLUSIVE CAÇAMBA METÁLICA - JUROS. AF_06/2014","H",8.42,0.1057]
["Depreciação, Juros, Impostos e Seguros, Manutenção e Materiais na Operação dos Equipamentos",5695,"CAMINHÃO BASCULANTE 6 M3, PESO BRUTO TOTAL 16.000 KG, CARGA ÚTIL MÁXIMA 13.071 KG, DISTÂNCIA ENTRE EIXOS 4,80 M, POTÊNCIA 230 CV INCLUSIVE CAÇAMBA METÁLICA - MANUTENÇÃO. AF_06/2014","H",39.54,0.13150000000000001]
["Depreciação, Juros, Impostos e Seguros, Manutenção e Materiais na Operação dos Equipamentos",53792,"CAMINHÃO BASCULANTE 6 M3, PESO BRUTO TOTAL 16.000 KG, CARGA ÚTIL MÁXIMA 13.071 KG, DISTÂNCIA ENTRE EIXOS 4,80 M, POTÊNCIA 230 CV INCLUSIVE CAÇAMBA METÁLICA - MATERIAIS NA OPERAÇÃO. AF_06/2014","H",99.88,0]
["Depreciação, Juros, Impostos e Seguros, Manutenção e Materiais na Operação dos Equipamentos",92237,"CAMINHÃO DE TRANSPORTE DE MATERIAL ASFÁLTICO 20.000 L, COM CAVALO MECÂNICO DE CAPACIDADE MÁXIMA DE TRAÇÃO COMBINADO DE 45.000 KG, POTÊNCIA 330 CV, INCLUSIVE TANQUE DE ASFALTO COM MAÇARICO - DEPRECIAÇÃO. AF_12/2015","H",27.92,0.1368]
["Depreciação, Juros, Impostos e Seguros, Manutenção e Materiais na Operação dos Equipamentos",92239,"CAMINHÃO DE TRANSPORTE DE MATERIAL ASFÁLTICO 20.000 L, COM CAVALO MECÂNICO DE CAPACIDADE MÁXIMA DE TRAÇÃO COMBINADO DE 45.000 KG, POTÊNCIA 330 CV, INCLUSIVE TANQUE DE ASFALTO COM MAÇARICO - IMPOSTOS E SEGUROS. AF_12/2015","H",4.53,0.11700000000000001]
["Depreciação, Juros, Impostos e Seguros, Manutenção e Materiais na Operação dos Equipamentos",92238,"CAMINHÃO DE TRANSPORTE DE MATERIAL ASFÁLTICO 20.000 L, COM CAVALO MECÂNICO DE CAPACIDADE MÁXIMA DE TRAÇÃO COMBINADO DE 45.000 KG, POTÊNCIA 330 CV, INCLUSIVE TANQUE DE ASFALTO COM MAÇARICO - JUROS. AF_12/2015","H",11.23,0.11749999999999999]
["Depreciação, Juros, Impostos e Seguros, Manutenção e Materiais na Operação dos Equipamentos",92240,"CAMINHÃO DE TRANSPORTE DE MATERIAL ASFÁLTICO 20.000 L, COM CAVALO MECÂNICO DE CAPACIDADE MÁXIMA DE TRAÇÃO COMBINADO DE 45.000 KG, POTÊNCIA 330 CV, INCLUSIVE TANQUE DE ASFALTO COM MAÇARICO - MANUTENÇÃO. AF_12/2015","H",49.97,9.5699999999999993E-2]
["Depreciação, Juros, Impostos e Seguros, Manutenção e Materiais na Operação dos Equipamentos",92241,"CAMINHÃO DE TRANSPORTE DE MATERIAL ASFÁLTICO 20.000 L, COM CAVALO MECÂNICO DE CAPACIDADE MÁXIMA DE TRAÇÃO COMBINADO DE 45.000 KG, POTÊNCIA 330 CV, INCLUSIVE TANQUE DE ASFALTO COM MAÇARICO - MATERIAIS NA OPERAÇÃO. AF_12/2015","H",272.27999999999997,0]
["Depreciação, Juros, Impostos e Seguros, Manutenção e Materiais na Operação dos Equipamentos",91640,"CAMINHÃO DE TRANSPORTE DE MATERIAL ASFÁLTICO 30.000 L, COM CAVALO MECÂNICO DE CAPACIDADE MÁXIMA DE TRAÇÃO COMBINADO DE 66.000 KG, POTÊNCIA 360 CV, INCLUSIVE TANQUE DE ASFALTO COM SERPENTINA - DEPRECIAÇÃO. AF_08/2015","H",38.299999999999997,0.1227]
["Depreciação, Juros, Impostos e Seguros, Manutenção e Materiais na Operação dos Equipamentos",91642,"CAMINHÃO DE TRANSPORTE DE MATERIAL ASFÁLTICO 30.000 L, COM CAVALO MECÂNICO DE CAPACIDADE MÁXIMA DE TRAÇÃO COMBINADO DE 66.000 KG, POTÊNCIA 360 CV, INCLUSIVE TANQUE DE ASFALTO COM SERPENTINA - IMPOSTOS E SEGUROS. AF_08/2015","H",6.24,0.10580000000000001]
["Depreciação, Juros, Impostos e Seguros, Manutenção e Materiais na Operação dos Equipamentos",91641,"CAMINHÃO DE TRANSPORTE DE MATERIAL ASFÁLTICO 30.000 L, COM CAVALO MECÂNICO DE CAPACIDADE MÁXIMA DE TRAÇÃO COMBINADO DE 66.000 KG, POTÊNCIA 360 CV, INCLUSIVE TANQUE DE ASFALTO COM SERPENTINA - JUROS. AF_08/2015","H",15.44,0.1056]
["Depreciação, Juros, Impostos e Seguros, Manutenção e Materiais na Operação dos Equipamentos",91643,"CAMINHÃO DE TRANSPORTE DE MATERIAL ASFÁLTICO 30.000 L, COM CAVALO MECÂNICO DE CAPACIDADE MÁXIMA DE TRAÇÃO COMBINADO DE 66.000 KG, POTÊNCIA 360 CV, INCLUSIVE TANQUE DE ASFALTO COM SERPENTINA - MANUTENÇÃO. AF_08/2015","H",68.87,8.5400000000000004E-2]
["Depreciação, Juros, Impostos e Seguros, Manutenção e Materiais na Operação dos Equipamentos",91644,"CAMINHÃO DE TRANSPORTE DE MATERIAL ASFÁLTICO 30.000 L, COM CAVALO MECÂNICO DE CAPACIDADE MÁXIMA DE TRAÇÃO COMBINADO DE 66.000 KG, POTÊNCIA 360 CV, INCLUSIVE TANQUE DE ASFALTO COM SERPENTINA - MATERIAIS NA OPERAÇÃO. AF_08/2015","H",297,0]
["Depreciação, Juros, Impostos e Seguros, Manutenção e Materiais na Operação dos Equipamentos",92105,"CAMINHÃO PARA EQUIPAMENTO DE LIMPEZA A SUCÇÃO COM CAMINHÃO TRUCADO DE PESO BRUTO TOTAL 23000 KG, CARGA ÚTIL MÁX. 15935 KG, DISTÂNCIA ENTRE EIXOS 4,80 M, POTÊNCIA 230 CV, INCLUSIVE LIMPADORA A SUCÇÃO, TANQUE 12000 L - MATERIAIS NA OPERAÇÃO. AF_05/2023","H",189.74,0]
["Depreciação, Juros, Impostos e Seguros, Manutenção e Materiais na Operação dos Equipamentos",92101,"CAMINHÃO PARA EQUIPAMENTO DE LIMPEZA A SUCÇÃO COM CAMINHÃO TRUCADO DE PESO BRUTO TOTAL 23000 KG, CARGA ÚTIL MÁXIMA 15935 KG, DISTÂNCIA ENTRE EIXOS 4,80 M, POTÊNCIA 230 CV, INCLUSIVE LIMPADORA A SUCÇÃO, TANQUE 12000 L - DEPRECIAÇÃO. AF_05/2023","H",44.49,0.47739999999999999]
["Depreciação, Juros, Impostos e Seguros, Manutenção e Materiais na Operação dos Equipamentos",92103,"CAMINHÃO PARA EQUIPAMENTO DE LIMPEZA A SUCÇÃO COM CAMINHÃO TRUCADO DE PESO BRUTO TOTAL 23000 KG, CARGA ÚTIL MÁXIMA 15935 KG, DISTÂNCIA ENTRE EIXOS 4,80 M, POTÊNCIA 230 CV, INCLUSIVE LIMPADORA A SUCÇÃO, TANQUE 12000 L - IMPOSTOS E SEGUROS. AF_05/2023","H",5.63,0.31440000000000001]
["Depreciação, Juros, Impostos e Seguros, Manutenção e Materiais na Operação dos Equipamentos",92102,"CAMINHÃO PARA EQUIPAMENTO DE LIMPEZA A SUCÇÃO COM CAMINHÃO TRUCADO DE PESO BRUTO TOTAL 23000 KG, CARGA ÚTIL MÁXIMA 15935 KG, DISTÂNCIA ENTRE EIXOS 4,80 M, POTÊNCIA 230 CV, INCLUSIVE LIMPADORA A SUCÇÃO, TANQUE 12000 L - JUROS. AF_05/2023","H",13.92,0.31319999999999998]
["Depreciação, Juros, Impostos e Seguros, Manutenção e Materiais na Operação dos Equipamentos",92104,"CAMINHÃO PARA EQUIPAMENTO DE LIMPEZA A SUCÇÃO COM CAMINHÃO TRUCADO DE PESO BRUTO TOTAL 23000 KG, CARGA ÚTIL MÁXIMA 15935 KG, DISTÂNCIA ENTRE EIXOS 4,80 M, POTÊNCIA 230 CV, INCLUSIVE LIMPADORA A SUCÇÃO, TANQUE 12000 L - MANUTENÇÃO. AF_05/2023","H",70.14,0.3785]
["Depreciação, Juros, Impostos e Seguros, Manutenção e Materiais na Operação dos Equipamentos",91396,"CAMINHÃO PIPA 10.000 L TRUCADO, PESO BRUTO TOTAL 23.000 KG, CARGA ÚTIL MÁXIMA 15.935 KG, DISTÂNCIA ENTRE EIXOS 4,8 M, POTÊNCIA 230 CV, INCLUSIVE TANQUE DE AÇO PARA TRANSPORTE DE ÁGUA - DEPRECIAÇÃO. AF_06/2014","H",28.77,0.16439999999999999]
["Depreciação, Juros, Impostos e Seguros, Manutenção e Materiais na Operação dos Equipamentos",91398,"CAMINHÃO PIPA 10.000 L TRUCADO, PESO BRUTO TOTAL 23.000 KG, CARGA ÚTIL MÁXIMA 15.935 KG, DISTÂNCIA ENTRE EIXOS 4,8 M, POTÊNCIA 230 CV, INCLUSIVE TANQUE DE AÇO PARA TRANSPORTE DE ÁGUA - IMPOSTOS E SEGUROS. AF_06/2014","H",4.4800000000000004,0.1094]
["Depreciação, Juros, Impostos e Seguros, Manutenção e Materiais na Operação dos Equipamentos",91397,"CAMINHÃO PIPA 10.000 L TRUCADO, PESO BRUTO TOTAL 23.000 KG, CARGA ÚTIL MÁXIMA 15.935 KG, DISTÂNCIA ENTRE EIXOS 4,8 M, POTÊNCIA 230 CV, INCLUSIVE TANQUE DE AÇO PARA TRANSPORTE DE ÁGUA - JUROS. AF_06/2014","H",11.11,0.11070000000000001]
["Depreciação, Juros, Impostos e Seguros, Manutenção e Materiais na Operação dos Equipamentos",5763,"CAMINHÃO PIPA 10.000 L TRUCADO, PESO BRUTO TOTAL 23.000 KG, CARGA ÚTIL MÁXIMA 15.935 KG, DISTÂNCIA ENTRE EIXOS 4,8 M, POTÊNCIA 230 CV, INCLUSIVE TANQUE DE AÇO PARA TRANSPORTE DE ÁGUA - MANUTENÇÃO. AF_06/2014","H",50.99,0.11609999999999999]
["Depreciação, Juros, Impostos e Seguros, Manutenção e Materiais na Operação dos Equipamentos",53831,"CAMINHÃO PIPA 10.000 L TRUCADO, PESO BRUTO TOTAL 23.000 KG, CARGA ÚTIL MÁXIMA 15.935 KG, DISTÂNCIA ENTRE EIXOS 4,8 M, POTÊNCIA 230 CV, INCLUSIVE TANQUE DE AÇO PARA TRANSPORTE DE ÁGUA - MATERIAIS NA OPERAÇÃO. AF_06/2014","H",189.74,0]
["Depreciação, Juros, Impostos e Seguros, Manutenção e Materiais na Operação dos Equipamentos",91359,"CAMINHÃO PIPA 6.000 L, PESO BRUTO TOTAL 13.000 KG, DISTÂNCIA ENTRE EIXOS 4,80 M, POTÊNCIA 189 CV INCLUSIVE TANQUE DE AÇO PARA TRANSPORTE DE ÁGUA, CAPACIDADE 6 M3 - DEPRECIAÇÃO. AF_06/2014","H",20.75,0.19040000000000001]
["Depreciação, Juros, Impostos e Seguros, Manutenção e Materiais na Operação dos Equipamentos",91361,"CAMINHÃO PIPA 6.000 L, PESO BRUTO TOTAL 13.000 KG, DISTÂNCIA ENTRE EIXOS 4,80 M, POTÊNCIA 189 CV INCLUSIVE TANQUE DE AÇO PARA TRANSPORTE DE ÁGUA, CAPACIDADE 6 M3 - IMPOSTOS E SEGUROS. AF_06/2014","H",3.2,0.12809999999999999]
["Depreciação, Juros, Impostos e Seguros, Manutenção e Materiais na Operação dos Equipamentos",91360,"CAMINHÃO PIPA 6.000 L, PESO BRUTO TOTAL 13.000 KG, DISTÂNCIA ENTRE EIXOS 4,80 M, POTÊNCIA 189 CV INCLUSIVE TANQUE DE AÇO PARA TRANSPORTE DE ÁGUA, CAPACIDADE 6 M3 - JUROS. AF_06/2014","H",7.93,0.12989999999999999]
["Depreciação, Juros, Impostos e Seguros, Manutenção e Materiais na Operação dos Equipamentos",53882,"CAMINHÃO PIPA 6.000 L, PESO BRUTO TOTAL 13.000 KG, DISTÂNCIA ENTRE EIXOS 4,80 M, POTÊNCIA 189 CV INCLUSIVE TANQUE DE AÇO PARA TRANSPORTE DE ÁGUA, CAPACIDADE 6 M3 - MANUTENÇÃO. AF_06/2014","H",36.44,0.1356]
["Depreciação, Juros, Impostos e Seguros, Manutenção e Materiais na Operação dos Equipamentos",5747,"CAMINHÃO PIPA 6.000 L, PESO BRUTO TOTAL 13.000 KG, DISTÂNCIA ENTRE EIXOS 4,80 M, POTÊNCIA 189 CV INCLUSIVE TANQUE DE AÇO PARA TRANSPORTE DE ÁGUA, CAPACIDADE 6 M3 - MATERIAIS NA OPERAÇÃO. AF_06/2014","H",155.93,0]
["Depreciação, Juros, Impostos e Seguros, Manutenção e Materiais na Operação dos Equipamentos",104699,"CAMINHÃO TANQUE PARA HIDROSSEMEADURA, COM CAPACIDADE DE 8.000 LITROS, INCLUINDO BOMBA PARA LANÇAMENTO COM MOTOR DIESEL COM POTÊNCIA DE 105 CV - DEPRECIAÇÃO. AF_06/2023","H",0]
["Depreciação, Juros, Impostos e Seguros, Manutenção e Materiais na Operação dos Equipamentos",104702,"CAMINHÃO TANQUE PARA HIDROSSEMEADURA, COM CAPACIDADE DE 8.000 LITROS, INCLUINDO BOMBA PARA LANÇAMENTO COM MOTOR DIESEL COM POTÊNCIA DE 105 CV - IMPOSTOS E SEGUROS. AF_06/2023","H",0]
["Depreciação, Juros, Impostos e Seguros, Manutenção e Materiais na Operação dos Equipamentos",104700,"CAMINHÃO TANQUE PARA HIDROSSEMEADURA, COM CAPACIDADE DE 8.000 LITROS, INCLUINDO BOMBA PARA LANÇAMENTO COM MOTOR DIESEL COM POTÊNCIA DE 105 CV - JUROS. AF_06/2023","H",0]
["Depreciação, Juros, Impostos e Seguros, Manutenção e Materiais na Operação dos Equipamentos",104701,"CAMINHÃO TANQUE PARA HIDROSSEMEADURA, COM CAPACIDADE DE 8.000 LITROS, INCLUINDO BOMBA PARA LANÇAMENTO COM MOTOR DIESEL COM POTÊNCIA DE 105 CV - MANUTENÇÃO. AF_06/2023","H",0]
["Depreciação, Juros, Impostos e Seguros, Manutenção e Materiais na Operação dos Equipamentos",104703,"CAMINHÃO TANQUE PARA HIDROSSEMEADURA, COM CAPACIDADE DE 8.000 LITROS, INCLUINDO BOMBA PARA LANÇAMENTO COM MOTOR DIESEL COM POTÊNCIA DE 105 CV - MATERIAIS NA OPERAÇÃO. AF_06/2023","H",91.21,0]
["Depreciação, Juros, Impostos e Seguros, Manutenção e Materiais na Operação dos Equipamentos",91390,"CAMINHÃO TOCO, PBT 14.300 KG, CARGA ÚTIL MÁX. 9.710 KG, DIST. ENTRE EIXOS 3,56 M, POTÊNCIA 185 CV, INCLUSIVE CARROCERIA FIXA ABERTA DE MADEIRA P/ TRANSPORTE GERAL DE CARGA SECA, DIMEN. APROX. 2,50 X 6,50 X 0,50 M - DEPRECIAÇÃO. AF_06/2014","H",19.02,8.6800000000000002E-2]
["Depreciação, Juros, Impostos e Seguros, Manutenção e Materiais na Operação dos Equipamentos",91392,"CAMINHÃO TOCO, PBT 14.300 KG, CARGA ÚTIL MÁX. 9.710 KG, DIST. ENTRE EIXOS 3,56 M, POTÊNCIA 185 CV, INCLUSIVE CARROCERIA FIXA ABERTA DE MADEIRA P/ TRANSPORTE GERAL DE CARGA SECA, DIMEN. APROX. 2,50 X 6,50 X 0,50 M - IMPOSTOS E SEGUROS. AF_06/2014","H",3.05,5.57E-2]
["Depreciação, Juros, Impostos e Seguros, Manutenção e Materiais na Operação dos Equipamentos",91391,"CAMINHÃO TOCO, PBT 14.300 KG, CARGA ÚTIL MÁX. 9.710 KG, DIST. ENTRE EIXOS 3,56 M, POTÊNCIA 185 CV, INCLUSIVE CARROCERIA FIXA ABERTA DE MADEIRA P/ TRANSPORTE GERAL DE CARGA SECA, DIMEN. APROX. 2,50 X 6,50 X 0,50 M - JUROS. AF_06/2014","H",7.57,5.6800000000000003E-2]
["Depreciação, Juros, Impostos e Seguros, Manutenção e Materiais na Operação dos Equipamentos",73335,"CAMINHÃO TOCO, PBT 14.300 KG, CARGA ÚTIL MÁX. 9.710 KG, DIST. ENTRE EIXOS 3,56 M, POTÊNCIA 185 CV, INCLUSIVE CARROCERIA FIXA ABERTA DE MADEIRA P/ TRANSPORTE GERAL DE CARGA SECA, DIMEN. APROX. 2,50 X 6,50 X 0,50 M - MANUTENÇÃO. AF_06/2014","H",34.64,5.9799999999999999E-2]
["Depreciação, Juros, Impostos e Seguros, Manutenção e Materiais na Operação dos Equipamentos",73340,"CAMINHÃO TOCO, PBT 14.300 KG, CARGA ÚTIL MÁX. 9.710 KG, DIST. ENTRE EIXOS 3,56 M, POTÊNCIA 185 CV, INCLUSIVE CARROCERIA FIXA ABERTA DE MADEIRA P/ TRANSPORTE GERAL DE CARGA SECA, DIMEN. APROX. 2,50 X 6,50 X 0,50 M - MATERIAIS NA OPERAÇÃO. AF_06/2014","H",152.63,0]
["Depreciação, Juros, Impostos e Seguros, Manutenção e Materiais na Operação dos Equipamentos",89264,"CAMINHÃO TOCO, PBT 16.000 KG, CARGA ÚTIL MÁX. 10.685 KG, DIST. ENTRE EIXOS 4,8 M, POTÊNCIA 189 CV, INCLUSIVE CARROCERIA FIXA ABERTA DE MADEIRA P/ TRANSPORTE GERAL DE CARGA SECA, DIMEN. APROX. 2,5 X 7,00 X 0,50 M - DEPRECIAÇÃO. AF_06/2014","H",20.84,8.4900000000000003E-2]
["Depreciação, Juros, Impostos e Seguros, Manutenção e Materiais na Operação dos Equipamentos",89266,"CAMINHÃO TOCO, PBT 16.000 KG, CARGA ÚTIL MÁX. 10.685 KG, DIST. ENTRE EIXOS 4,8 M, POTÊNCIA 189 CV, INCLUSIVE CARROCERIA FIXA ABERTA DE MADEIRA P/ TRANSPORTE GERAL DE CARGA SECA, DIMEN. APROX. 2,5 X 7,00 X 0,50 M - IMPOSTOS E SEGUROS. AF_06/2014","H",3.35,5.3699999999999998E-2]
["Depreciação, Juros, Impostos e Seguros, Manutenção e Materiais na Operação dos Equipamentos",89265,"CAMINHÃO TOCO, PBT 16.000 KG, CARGA ÚTIL MÁX. 10.685 KG, DIST. ENTRE EIXOS 4,8 M, POTÊNCIA 189 CV, INCLUSIVE CARROCERIA FIXA ABERTA DE MADEIRA P/ TRANSPORTE GERAL DE CARGA SECA, DIMEN. APROX. 2,5 X 7,00 X 0,50 M - JUROS. AF_06/2014","H",8.3000000000000007,5.5399999999999998E-2]
["Depreciação, Juros, Impostos e Seguros, Manutenção e Materiais na Operação dos Equipamentos",5705,"CAMINHÃO TOCO, PBT 16.000 KG, CARGA ÚTIL MÁX. 10.685 KG, DIST. ENTRE EIXOS 4,8 M, POTÊNCIA 189 CV, INCLUSIVE CARROCERIA FIXA ABERTA DE MADEIRA P/ TRANSPORTE GERAL DE CARGA SECA, DIMEN. APROX. 2,5 X 7,00 X 0,50 M - MANUTENÇÃO. AF_06/2014","H",37.979999999999997,5.8500000000000003E-2]
["Depreciação, Juros, Impostos e Seguros, Manutenção e Materiais na Operação dos Equipamentos",53797,"CAMINHÃO TOCO, PBT 16.000 KG, CARGA ÚTIL MÁX. 10.685 KG, DIST. ENTRE EIXOS 4,8 M, POTÊNCIA 189 CV, INCLUSIVE CARROCERIA FIXA ABERTA DE MADEIRA P/ TRANSPORTE GERAL DE CARGA SECA, DIMEN. APROX. 2,5 X 7,00 X 0,50 M - MATERIAIS NA OPERAÇÃO. AF_06/2014","H",114.87,0]
["Depreciação, Juros, Impostos e Seguros, Manutenção e Materiais na Operação dos Equipamentos",91354,"CAMINHÃO TOCO, PESO BRUTO TOTAL 14.300 KG, CARGA ÚTIL MÁXIMA 9590 KG, DISTÂNCIA ENTRE EIXOS 4,76 M, POTÊNCIA 185 CV (NÃO INCLUI CARROCERIA) - DEPRECIAÇÃO. AF_06/2014","H",17.37,0]
["Depreciação, Juros, Impostos e Seguros, Manutenção e Materiais na Operação dos Equipamentos",91356,"CAMINHÃO TOCO, PESO BRUTO TOTAL 14.300 KG, CARGA ÚTIL MÁXIMA 9590 KG, DISTÂNCIA ENTRE EIXOS 4,76 M, POTÊNCIA 185 CV (NÃO INCLUI CARROCERIA) - IMPOSTOS E SEGUROS. AF_06/2014","H",2.88,0]
["Depreciação, Juros, Impostos e Seguros, Manutenção e Materiais na Operação dos Equipamentos",91355,"CAMINHÃO TOCO, PESO BRUTO TOTAL 14.300 KG, CARGA ÚTIL MÁXIMA 9590 KG, DISTÂNCIA ENTRE EIXOS 4,76 M, POTÊNCIA 185 CV (NÃO INCLUI CARROCERIA) - JUROS. AF_06/2014","H",7.14,0]
["Depreciação, Juros, Impostos e Seguros, Manutenção e Materiais na Operação dos Equipamentos",5751,"CAMINHÃO TOCO, PESO BRUTO TOTAL 14.300 KG, CARGA ÚTIL MÁXIMA 9590 KG, DISTÂNCIA ENTRE EIXOS 4,76 M, POTÊNCIA 185 CV (NÃO INCLUI CARROCERIA) - MANUTENÇÃO. AF_06/2014","H",32.57,0]
["Depreciação, Juros, Impostos e Seguros, Manutenção e Materiais na Operação dos Equipamentos",53827,"CAMINHÃO TOCO, PESO BRUTO TOTAL 14.300 KG, CARGA ÚTIL MÁXIMA 9590 KG, DISTÂNCIA ENTRE EIXOS 4,76 M, POTÊNCIA 185 CV (NÃO INCLUI CARROCERIA) - MATERIAIS NA OPERAÇÃO. AF_06/2014","H",112.45,0]
["Depreciação, Juros, Impostos e Seguros, Manutenção e Materiais na Operação dos Equipamentos",91375,"CAMINHÃO TOCO, PESO BRUTO TOTAL 16.000 KG, CARGA ÚTIL MÁXIMA DE 10.685 KG, DISTÂNCIA ENTRE EIXOS 4,80 M, POTÊNCIA 189 CV EXCLUSIVE CARROCERIA - DEPRECIAÇÃO. AF_06/2014","H",19.07,0]
["Depreciação, Juros, Impostos e Seguros, Manutenção e Materiais na Operação dos Equipamentos",91377,"CAMINHÃO TOCO, PESO BRUTO TOTAL 16.000 KG, CARGA ÚTIL MÁXIMA DE 10.685 KG, DISTÂNCIA ENTRE EIXOS 4,80 M, POTÊNCIA 189 CV EXCLUSIVE CARROCERIA - IMPOSTOS E SEGUROS. AF_06/2014","H",3.17,0]
["Depreciação, Juros, Impostos e Seguros, Manutenção e Materiais na Operação dos Equipamentos",91376,"CAMINHÃO TOCO, PESO BRUTO TOTAL 16.000 KG, CARGA ÚTIL MÁXIMA DE 10.685 KG, DISTÂNCIA ENTRE EIXOS 4,80 M, POTÊNCIA 189 CV EXCLUSIVE CARROCERIA - JUROS. AF_06/2014","H",7.84,0]
["Depreciação, Juros, Impostos e Seguros, Manutenção e Materiais na Operação dos Equipamentos",5754,"CAMINHÃO TOCO, PESO BRUTO TOTAL 16.000 KG, CARGA ÚTIL MÁXIMA DE 10.685 KG, DISTÂNCIA ENTRE EIXOS 4,80 M, POTÊNCIA 189 CV EXCLUSIVE CARROCERIA - MANUTENÇÃO. AF_06/2014","H",35.76,0]
["Depreciação, Juros, Impostos e Seguros, Manutenção e Materiais na Operação dos Equipamentos",53829,"CAMINHÃO TOCO, PESO BRUTO TOTAL 16.000 KG, CARGA ÚTIL MÁXIMA DE 10.685 KG, DISTÂNCIA ENTRE EIXOS 4,80 M, POTÊNCIA 189 CV EXCLUSIVE CARROCERIA - MATERIAIS NA OPERAÇÃO. AF_06/2014","H",114.87,0]
["Depreciação, Juros, Impostos e Seguros, Manutenção e Materiais na Operação dos Equipamentos",91026,"CAMINHÃO TRUCADO (C/ TERCEIRO EIXO) ELETRÔNICO - POTÊNCIA 231CV - PBT = 22000KG - DIST. ENTRE EIXOS 5170 MM - INCLUI CARROCERIA FIXA ABERTA DE MADEIRA - DEPRECIAÇÃO. AF_06/2015","H",24.45,6.7500000000000004E-2]
["Depreciação, Juros, Impostos e Seguros, Manutenção e Materiais na Operação dos Equipamentos",91028,"CAMINHÃO TRUCADO (C/ TERCEIRO EIXO) ELETRÔNICO - POTÊNCIA 231CV - PBT = 22000KG - DIST. ENTRE EIXOS 5170 MM - INCLUI CARROCERIA FIXA ABERTA DE MADEIRA - IMPOSTOS E SEGUROS. AF_06/2015","H",3.95,4.2999999999999997E-2]
["Depreciação, Juros, Impostos e Seguros, Manutenção e Materiais na Operação dos Equipamentos",91027,"CAMINHÃO TRUCADO (C/ TERCEIRO EIXO) ELETRÔNICO - POTÊNCIA 231CV - PBT = 22000KG - DIST. ENTRE EIXOS 5170 MM - INCLUI CARROCERIA FIXA ABERTA DE MADEIRA - JUROS. AF_06/2015","H",9.8000000000000007,4.3900000000000002E-2]
["Depreciação, Juros, Impostos e Seguros, Manutenção e Materiais na Operação dos Equipamentos",91029,"CAMINHÃO TRUCADO (C/ TERCEIRO EIXO) ELETRÔNICO - POTÊNCIA 231CV - PBT = 22000KG - DIST. ENTRE EIXOS 5170 MM - INCLUI CARROCERIA FIXA ABERTA DE MADEIRA - MANUTENÇÃO. AF_06/2015","H",44.81,4.6199999999999998E-2]
["Depreciação, Juros, Impostos e Seguros, Manutenção e Materiais na Operação dos Equipamentos",91030,"CAMINHÃO TRUCADO (C/ TERCEIRO EIXO) ELETRÔNICO - POTÊNCIA 231CV - PBT = 22000KG - DIST. ENTRE EIXOS 5170 MM - INCLUI CARROCERIA FIXA ABERTA DE MADEIRA - MATERIAIS NA OPERAÇÃO. AF_06/2015","H",144.66,0]
["Depreciação, Juros, Impostos e Seguros, Manutenção e Materiais na Operação dos Equipamentos",102812,"CENTRAL DE LAMA BENTONÍTICA (DEPÓSITO DE BENTONITA, MISTURADOR DE ALTA TURBULÊNCIA, SILOS DE ARMAZENAMENTO DE LAMA E ÁGUA, LABORATÓRIO DE CONTROLE DE QUALIDADE DA LAMA) - DEPRECIAÇÃO. AF_04/2019","H",0]
["Depreciação, Juros, Impostos e Seguros, Manutenção e Materiais na Operação dos Equipamentos",102813,"CENTRAL DE LAMA BENTONÍTICA (DEPÓSITO DE BENTONITA, MISTURADOR DE ALTA TURBULÊNCIA, SILOS DE ARMAZENAMENTO DE LAMA E ÁGUA, LABORATÓRIO DE CONTROLE DE QUALIDADE DA LAMA) - JUROS. AF_04/2019","H",0]
["Depreciação, Juros, Impostos e Seguros, Manutenção e Materiais na Operação dos Equipamentos",102814,"CENTRAL DE LAMA BENTONÍTICA (DEPÓSITO DE BENTONITA, MISTURADOR DE ALTA TURBULÊNCIA, SILOS DE ARMAZENAMENTO DE LAMA E ÁGUA, LABORATÓRIO DE CONTROLE DE QUALIDADE DA LAMA) - MANUTENÇÃO. AF_04/2019","H",0]
["Depreciação, Juros, Impostos e Seguros, Manutenção e Materiais na Operação dos Equipamentos",102815,"CENTRAL DE LAMA BENTONÍTICA (DEPÓSITO DE BENTONITA, MISTURADOR DE ALTA TURBULÊNCIA, SILOS DE ARMAZENAMENTO DE LAMA E ÁGUA, LABORATÓRIO DE CONTROLE DE QUALIDADE DA LAMA) - MATERIAIS NA OPERAÇÃO. AF_04/2019","H",3.26,0]
["Depreciação, Juros, Impostos e Seguros, Manutenção e Materiais na Operação dos Equipamentos",91529,"COMPACTADOR DE SOLOS DE PERCUSSÃO (SOQUETE) COM MOTOR A GASOLINA 4 TEMPOS, POTÊNCIA 4 CV - DEPRECIAÇÃO. AF_08/2015","H",0.92,1]
["Depreciação, Juros, Impostos e Seguros, Manutenção e Materiais na Operação dos Equipamentos",91530,"COMPACTADOR DE SOLOS DE PERCUSSÃO (SOQUETE) COM MOTOR A GASOLINA 4 TEMPOS, POTÊNCIA 4 CV - JUROS. AF_08/2015","H",0.24,1]
["Depreciação, Juros, Impostos e Seguros, Manutenção e Materiais na Operação dos Equipamentos",91531,"COMPACTADOR DE SOLOS DE PERCUSSÃO (SOQUETE) COM MOTOR A GASOLINA 4 TEMPOS, POTÊNCIA 4 CV - MANUTENÇÃO. AF_08/2015","H",1.1499999999999999,1]
["Depreciação, Juros, Impostos e Seguros, Manutenção e Materiais na Operação dos Equipamentos",91532,"COMPACTADOR DE SOLOS DE PERCUSSÃO (SOQUETE) COM MOTOR A GASOLINA 4 TEMPOS, POTÊNCIA 4 CV - MATERIAIS NA OPERAÇÃO. AF_08/2015","H",6.11,0]
["Depreciação, Juros, Impostos e Seguros, Manutenção e Materiais na Operação dos Equipamentos",95260,"COMPACTADOR DE SOLOS DE PERCUSÃO (SOQUETE) COM MOTOR A GASOLINA, POTÊNCIA 3 CV - DEPRECIAÇÃO. AF_09/2016","H",0.74,1]
["Depreciação, Juros, Impostos e Seguros, Manutenção e Materiais na Operação dos Equipamentos",95261,"COMPACTADOR DE SOLOS DE PERCUSÃO (SOQUETE) COM MOTOR A GASOLINA, POTÊNCIA 3 CV - JUROS. AF_09/2016","H",0.2,1]
["Depreciação, Juros, Impostos e Seguros, Manutenção e Materiais na Operação dos Equipamentos",95262,"COMPACTADOR DE SOLOS DE PERCUSÃO (SOQUETE) COM MOTOR A GASOLINA, POTÊNCIA 3 CV - MANUTENÇÃO. AF_09/2016","H",0.93,1]
["Depreciação, Juros, Impostos e Seguros, Manutenção e Materiais na Operação dos Equipamentos",95263,"COMPACTADOR DE SOLOS DE PERCUSÃO (SOQUETE) COM MOTOR A GASOLINA, POTÊNCIA 3 CV - MATERIAIS NA OPERAÇÃO. AF_09/2016","H",4.63,0]
["Depreciação, Juros, Impostos e Seguros, Manutenção e Materiais na Operação dos Equipamentos",90968,"COMPRESSOR DE AR REBOCAVEL, VAZÃO 250 PCM, PRESSAO DE TRABALHO 102 PSI, MOTOR A DIESEL POTÊNCIA 81 CV - DEPRECIAÇÃO. AF_06/2015","H",7.04,1]
["Depreciação, Juros, Impostos e Seguros, Manutenção e Materiais na Operação dos Equipamentos",90969,"COMPRESSOR DE AR REBOCAVEL, VAZÃO 250 PCM, PRESSAO DE TRABALHO 102 PSI, MOTOR A DIESEL POTÊNCIA 81 CV - JUROS. AF_06/2015","H",1.89,1]
["Depreciação, Juros, Impostos e Seguros, Manutenção e Materiais na Operação dos Equipamentos",90970,"COMPRESSOR DE AR REBOCAVEL, VAZÃO 250 PCM, PRESSAO DE TRABALHO 102 PSI, MOTOR A DIESEL POTÊNCIA 81 CV - MANUTENÇÃO. AF_06/2015","H",8.81,1]
["Depreciação, Juros, Impostos e Seguros, Manutenção e Materiais na Operação dos Equipamentos",90971,"COMPRESSOR DE AR REBOCAVEL, VAZÃO 250 PCM, PRESSAO DE TRABALHO 102 PSI, MOTOR A DIESEL POTÊNCIA 81 CV - MATERIAIS NA OPERAÇÃO. AF_06/2015","H",59.76,0]
["Depreciação, Juros, Impostos e Seguros, Manutenção e Materiais na Operação dos Equipamentos",90992,"COMPRESSOR DE AR REBOCAVEL, VAZÃO 400 PCM, PRESSAO DE TRABALHO 102 PSI, MOTOR A DIESEL POTÊNCIA 110 CV - DEPRECIAÇÃO. AF_06/2015","H",8.35,1]
["Depreciação, Juros, Impostos e Seguros, Manutenção e Materiais na Operação dos Equipamentos",90993,"COMPRESSOR DE AR REBOCAVEL, VAZÃO 400 PCM, PRESSAO DE TRABALHO 102 PSI, MOTOR A DIESEL POTÊNCIA 110 CV - JUROS. AF_06/2015","H",2.2400000000000002,1]
["Depreciação, Juros, Impostos e Seguros, Manutenção e Materiais na Operação dos Equipamentos",90994,"COMPRESSOR DE AR REBOCAVEL, VAZÃO 400 PCM, PRESSAO DE TRABALHO 102 PSI, MOTOR A DIESEL POTÊNCIA 110 CV - MANUTENÇÃO. AF_06/2015","H",10.45,1]
["Depreciação, Juros, Impostos e Seguros, Manutenção e Materiais na Operação dos Equipamentos",90995,"COMPRESSOR DE AR REBOCAVEL, VAZÃO 400 PCM, PRESSAO DE TRABALHO 102 PSI, MOTOR A DIESEL POTÊNCIA 110 CV - MATERIAIS NA OPERAÇÃO. AF_06/2015","H",81.180000000000007,0]
["Depreciação, Juros, Impostos e Seguros, Manutenção e Materiais na Operação dos Equipamentos",90957,"COMPRESSOR DE AR REBOCÁVEL, VAZÃO 189 PCM, PRESSÃO EFETIVA DE TRABALHO 102 PSI, MOTOR DIESEL, POTÊNCIA 63 CV - DEPRECIAÇÃO. AF_06/2015","H",5.26,1]
["Depreciação, Juros, Impostos e Seguros, Manutenção e Materiais na Operação dos Equipamentos",90958,"COMPRESSOR DE AR REBOCÁVEL, VAZÃO 189 PCM, PRESSÃO EFETIVA DE TRABALHO 102 PSI, MOTOR DIESEL, POTÊNCIA 63 CV - JUROS. AF_06/2015","H",1.41,1]
["Depreciação, Juros, Impostos e Seguros, Manutenção e Materiais na Operação dos Equipamentos",5797,"COMPRESSOR DE AR REBOCÁVEL, VAZÃO 189 PCM, PRESSÃO EFETIVA DE TRABALHO 102 PSI, MOTOR DIESEL, POTÊNCIA 63 CV - MANUTENÇÃO. AF_06/2015","H",6.58,1]
["Depreciação, Juros, Impostos e Seguros, Manutenção e Materiais na Operação dos Equipamentos",53865,"COMPRESSOR DE AR REBOCÁVEL, VAZÃO 189 PCM, PRESSÃO EFETIVA DE TRABALHO 102 PSI, MOTOR DIESEL, POTÊNCIA 63 CV - MATERIAIS NA OPERAÇÃO. AF_06/2015","H",46.49,0]
["Depreciação, Juros, Impostos e Seguros, Manutenção e Materiais na Operação dos Equipamentos",90975,"COMPRESSOR DE AR REBOCÁVEL, VAZÃO 748 PCM, PRESSÃO EFETIVA DE TRABALHO 102 PSI, MOTOR DIESEL, POTÊNCIA 210 CV - DEPRECIAÇÃO. AF_06/2015","H",17.89,1]
["Depreciação, Juros, Impostos e Seguros, Manutenção e Materiais na Operação dos Equipamentos",90976,"COMPRESSOR DE AR REBOCÁVEL, VAZÃO 748 PCM, PRESSÃO EFETIVA DE TRABALHO 102 PSI, MOTOR DIESEL, POTÊNCIA 210 CV - JUROS. AF_06/2015","H",4.8,1]
["Depreciação, Juros, Impostos e Seguros, Manutenção e Materiais na Operação dos Equipamentos",90977,"COMPRESSOR DE AR REBOCÁVEL, VAZÃO 748 PCM, PRESSÃO EFETIVA DE TRABALHO 102 PSI, MOTOR DIESEL, POTÊNCIA 210 CV - MANUTENÇÃO. AF_06/2015","H",22.39,1]
["Depreciação, Juros, Impostos e Seguros, Manutenção e Materiais na Operação dos Equipamentos",90978,"COMPRESSOR DE AR REBOCÁVEL, VAZÃO 748 PCM, PRESSÃO EFETIVA DE TRABALHO 102 PSI, MOTOR DIESEL, POTÊNCIA 210 CV - MATERIAIS NA OPERAÇÃO. AF_06/2015","H",155.05000000000001,0]
["Depreciação, Juros, Impostos e Seguros, Manutenção e Materiais na Operação dos Equipamentos",90960,"COMPRESSOR DE AR REBOCÁVEL, VAZÃO 89 PCM, PRESSÃO EFETIVA DE TRABALHO 102 PSI, MOTOR DIESEL, POTÊNCIA 20 CV - DEPRECIAÇÃO. AF_06/2015","H",7.02,1]
["Depreciação, Juros, Impostos e Seguros, Manutenção e Materiais na Operação dos Equipamentos",90961,"COMPRESSOR DE AR REBOCÁVEL, VAZÃO 89 PCM, PRESSÃO EFETIVA DE TRABALHO 102 PSI, MOTOR DIESEL, POTÊNCIA 20 CV - JUROS. AF_06/2015","H",1.88,1]
["Depreciação, Juros, Impostos e Seguros, Manutenção e Materiais na Operação dos Equipamentos",90962,"COMPRESSOR DE AR REBOCÁVEL, VAZÃO 89 PCM, PRESSÃO EFETIVA DE TRABALHO 102 PSI, MOTOR DIESEL, POTÊNCIA 20 CV - MANUTENÇÃO. AF_06/2015","H",8.7899999999999991,1]
["Depreciação, Juros, Impostos e Seguros, Manutenção e Materiais na Operação dos Equipamentos",90963,"COMPRESSOR DE AR REBOCÁVEL, VAZÃO 89 PCM, PRESSÃO EFETIVA DE TRABALHO 102 PSI, MOTOR DIESEL, POTÊNCIA 20 CV - MATERIAIS NA OPERAÇÃO. AF_06/2015","H",14.75,0]
["Depreciação, Juros, Impostos e Seguros, Manutenção e Materiais na Operação dos Equipamentos",102966,"COMPRESSOR DE AR, VAZAO DE 10 PCM, RESERVATORIO 100 L, PRESSAO DE TRABALHO ENTRE 6,9 E 9,7 BAR, POTENCIA 2 HP, TENSAO 110/220 V - DEPRECIAÇÃO. AF_05/2023","H",0]
["Depreciação, Juros, Impostos e Seguros, Manutenção e Materiais na Operação dos Equipamentos",102967,"COMPRESSOR DE AR, VAZAO DE 10 PCM, RESERVATORIO 100 L, PRESSAO DE TRABALHO ENTRE 6,9 E 9,7 BAR, POTENCIA 2 HP, TENSAO 110/220 V - JUROS. AF_05/2023","H",0]
["Depreciação, Juros, Impostos e Seguros, Manutenção e Materiais na Operação dos Equipamentos",102968,"COMPRESSOR DE AR, VAZAO DE 10 PCM, RESERVATORIO 100 L, PRESSAO DE TRABALHO ENTRE 6,9 E 9,7 BAR, POTENCIA 2 HP, TENSAO 110/220 V - MANUTENÇÃO. AF_05/2023","H",0]
["Depreciação, Juros, Impostos e Seguros, Manutenção e Materiais na Operação dos Equipamentos",102969,"COMPRESSOR DE AR, VAZAO DE 10 PCM, RESERVATORIO 100 L, PRESSAO DE TRABALHO ENTRE 6,9 E 9,7 BAR, POTENCIA 2 HP, TENSAO 110/220 V - MATERIAIS NA OPERAÇÃO. AF_05/2023","H",0.14000000000000001,0]
["Depreciação, Juros, Impostos e Seguros, Manutenção e Materiais na Operação dos Equipamentos",102818,"CONJUNTO CILINDRO E BOMBA HIDRÁULICA PARA PROTENSÃO DE MONOBARRAS PARA TIRANTES, ESFORÇO MÁXIMO DE 30 TONELADAS - DEPRECIAÇÃO. AF_05/2023","H",0]
["Depreciação, Juros, Impostos e Seguros, Manutenção e Materiais na Operação dos Equipamentos",102819,"CONJUNTO CILINDRO E BOMBA HIDRÁULICA PARA PROTENSÃO DE MONOBARRAS PARA TIRANTES, ESFORÇO MÁXIMO DE 30 TONELADAS - JUROS. AF_05/2023","H",0]
["Depreciação, Juros, Impostos e Seguros, Manutenção e Materiais na Operação dos Equipamentos",102820,"CONJUNTO CILINDRO E BOMBA HIDRÁULICA PARA PROTENSÃO DE MONOBARRAS PARA TIRANTES, ESFORÇO MÁXIMO DE 30 TONELADAS - MANUTENÇÃO. AF_05/2023","H",0]
["Depreciação, Juros, Impostos e Seguros, Manutenção e Materiais na Operação dos Equipamentos",102832,"CONJUNTO CILINDRO E BOMBA HIDRÁULICA PARA PROTENSÃO DE MONOBARRAS PARA TIRANTES, ESFORÇO MÁXIMO DE 30 TONELADAS - MATERIAIS NA OPERAÇÃO. AF_05/2023","H",8.16,0]
["Depreciação, Juros, Impostos e Seguros, Manutenção e Materiais na Operação dos Equipamentos",102823,"CONJUNTO MACACO E BOMBA HIDRÁULICA PARA PROTENSAO DE CORDOALHAS, ESFORÇO MAXIMO DE 115 TONELADAS - DEPRECIAÇÃO. AF_05/2023","H",0]
["Depreciação, Juros, Impostos e Seguros, Manutenção e Materiais na Operação dos Equipamentos",102824,"CONJUNTO MACACO E BOMBA HIDRÁULICA PARA PROTENSAO DE CORDOALHAS, ESFORÇO MAXIMO DE 115 TONELADAS - JUROS. AF_05/2023","H",0]
["Depreciação, Juros, Impostos e Seguros, Manutenção e Materiais na Operação dos Equipamentos",102825,"CONJUNTO MACACO E BOMBA HIDRÁULICA PARA PROTENSAO DE CORDOALHAS, ESFORÇO MAXIMO DE 115 TONELADAS - MANUTENÇÃO. AF_05/2023","H",0]
["Depreciação, Juros, Impostos e Seguros, Manutenção e Materiais na Operação dos Equipamentos",102826,"CONJUNTO MACACO E BOMBA HIDRÁULICA PARA PROTENSAO DE CORDOALHAS, ESFORÇO MAXIMO DE 115 TONELADAS - MATERIAIS NA OPERAÇÃO. AF_05/2023","H",6.12,0]
["Depreciação, Juros, Impostos e Seguros, Manutenção e Materiais na Operação dos Equipamentos",103934,"CONJUNTO MACACO HIDRÁULICO E CENTRAL DE BOMBEAMENTO MOTORIZADO 1,8 KW PARA PROTENSÃO DE MONOCABOS PARA CONCRETO PROTENDIDO, ESFORÇO MÁXIMO DE 20 TONELADAS - DEPRECIAÇÃO. AF_05/2022","H",0]
["Depreciação, Juros, Impostos e Seguros, Manutenção e Materiais na Operação dos Equipamentos",103935,"CONJUNTO MACACO HIDRÁULICO E CENTRAL DE BOMBEAMENTO MOTORIZADO 1,8 KW PARA PROTENSÃO DE MONOCABOS PARA CONCRETO PROTENDIDO, ESFORÇO MÁXIMO DE 20 TONELADAS - JUROS. AF_05/2022","H",0]
["Depreciação, Juros, Impostos e Seguros, Manutenção e Materiais na Operação dos Equipamentos",103936,"CONJUNTO MACACO HIDRÁULICO E CENTRAL DE BOMBEAMENTO MOTORIZADO 1,8 KW PARA PROTENSÃO DE MONOCABOS PARA CONCRETO PROTENDIDO, ESFORÇO MÁXIMO DE 20 TONELADAS - MANUTENÇÃO. AF_05/2022","H",0]
["Depreciação, Juros, Impostos e Seguros, Manutenção e Materiais na Operação dos Equipamentos",103937,"CONJUNTO MACACO HIDRÁULICO E CENTRAL DE BOMBEAMENTO MOTORIZADO 1,8 KW PARA PROTENSÃO DE MONOCABOS PARA CONCRETO PROTENDIDO, ESFORÇO MÁXIMO DE 20 TONELADAS - MATERIAIS NA OPERAÇÃO. AF_05/2022","H",1.46,0]
["Depreciação, Juros, Impostos e Seguros, Manutenção e Materiais na Operação dos Equipamentos",103940,"CONJUNTO MACACO HIDRÁULICO E CENTRAL DE BOMBEAMENTO MOTORIZADO 1,8 KW PARA PROTENSÃO DE MONOCABOS PARA CONCRETO PROTENDIDO, ESFORÇO MÁXIMO DE 30 TONELADAS - DEPRECIAÇÃO. AF_05/2022","H",0]
["Depreciação, Juros, Impostos e Seguros, Manutenção e Materiais na Operação dos Equipamentos",103941,"CONJUNTO MACACO HIDRÁULICO E CENTRAL DE BOMBEAMENTO MOTORIZADO 1,8 KW PARA PROTENSÃO DE MONOCABOS PARA CONCRETO PROTENDIDO, ESFORÇO MÁXIMO DE 30 TONELADAS - JUROS. AF_05/2022","H",0]
["Depreciação, Juros, Impostos e Seguros, Manutenção e Materiais na Operação dos Equipamentos",103942,"CONJUNTO MACACO HIDRÁULICO E CENTRAL DE BOMBEAMENTO MOTORIZADO 1,8 KW PARA PROTENSÃO DE MONOCABOS PARA CONCRETO PROTENDIDO, ESFORÇO MÁXIMO DE 30 TONELADAS - MANUTENÇÃO. AF_05/2022","H",0]
["Depreciação, Juros, Impostos e Seguros, Manutenção e Materiais na Operação dos Equipamentos",103943,"CONJUNTO MACACO HIDRÁULICO E CENTRAL DE BOMBEAMENTO MOTORIZADO 1,8 KW PARA PROTENSÃO DE MONOCABOS PARA CONCRETO PROTENDIDO, ESFORÇO MÁXIMO DE 30 TONELADAS - MATERIAIS NA OPERAÇÃO. AF_05/2022","H",1.46,0]
["Depreciação, Juros, Impostos e Seguros, Manutenção e Materiais na Operação dos Equipamentos",91279,"CORTADORA DE PISO COM MOTOR 4 TEMPOS A GASOLINA, POTÊNCIA DE 13 HP, COM DISCO DE CORTE DIAMANTADO SEGMENTADO PARA CONCRETO, DIÂMETRO DE 350 MM, FURO DE 1\" (14 X 1\") - DEPRECIAÇÃO. AF_08/2015","H",0.66,0]
["Depreciação, Juros, Impostos e Seguros, Manutenção e Materiais na Operação dos Equipamentos",91280,"CORTADORA DE PISO COM MOTOR 4 TEMPOS A GASOLINA, POTÊNCIA DE 13 HP, COM DISCO DE CORTE DIAMANTADO SEGMENTADO PARA CONCRETO, DIÂMETRO DE 350 MM, FURO DE 1\" (14 X 1\") - JUROS. AF_08/2015","H",0.14000000000000001,0]
["Depreciação, Juros, Impostos e Seguros, Manutenção e Materiais na Operação dos Equipamentos",91281,"CORTADORA DE PISO COM MOTOR 4 TEMPOS A GASOLINA, POTÊNCIA DE 13 HP, COM DISCO DE CORTE DIAMANTADO SEGMENTADO PARA CONCRETO, DIÂMETRO DE 350 MM, FURO DE 1\" (14 X 1\") - MANUTENÇÃO. AF_08/2015","H",0.82,0]
["Depreciação, Juros, Impostos e Seguros, Manutenção e Materiais na Operação dos Equipamentos",91282,"CORTADORA DE PISO COM MOTOR 4 TEMPOS A GASOLINA, POTÊNCIA DE 13 HP, COM DISCO DE CORTE DIAMANTADO SEGMENTADO PARA CONCRETO, DIÂMETRO DE 350 MM, FURO DE 1\" (14 X 1\") - MATERIAIS NA OPERAÇÃO. AF_08/2015","H",8.61,0]
["Depreciação, Juros, Impostos e Seguros, Manutenção e Materiais na Operação dos Equipamentos",95278,"DESEMPENADEIRA DE CONCRETO, PESO DE 78 KG, 4 PÁS, MOTOR A GASOLINA, POTÊNCIA 5,5 HP - DEPRECIAÇÃO. AF_05/2023","H",0.74,1]
["Depreciação, Juros, Impostos e Seguros, Manutenção e Materiais na Operação dos Equipamentos",95279,"DESEMPENADEIRA DE CONCRETO, PESO DE 78 KG, 4 PÁS, MOTOR A GASOLINA, POTÊNCIA 5,5 HP - JUROS. AF_05/2023","H",0.15,1]
["Depreciação, Juros, Impostos e Seguros, Manutenção e Materiais na Operação dos Equipamentos",95280,"DESEMPENADEIRA DE CONCRETO, PESO DE 78 KG, 4 PÁS, MOTOR A GASOLINA, POTÊNCIA 5,5 HP - MANUTENÇÃO. AF_05/2023","H",0.72,1]
["Depreciação, Juros, Impostos e Seguros, Manutenção e Materiais na Operação dos Equipamentos",95281,"DESEMPENADEIRA DE CONCRETO, PESO DE 78 KG, 4 PÁS, MOTOR A GASOLINA, POTÊNCIA 5,5 HP MATERIAIS NA OPERAÇÃO. AF_05/2023","H",8.5500000000000007,0]
["Depreciação, Juros, Impostos e Seguros, Manutenção e Materiais na Operação dos Equipamentos",95124,"DISTRIBUIDOR DE AGREGADOS AUTOPROPELIDO, C/AP 3 M3, A DIESEL, POTÊNCIA 176CV - JUROS. AF_07/2016","H",6.67,1]
["Depreciação, Juros, Impostos e Seguros, Manutenção e Materiais na Operação dos Equipamentos",95123,"DISTRIBUIDOR DE AGREGADOS AUTOPROPELIDO, CAP 3 M3, A DIESEL, POTÊNCIA 176CV - DEPRECIAÇÃO. AF_07/2016","H",21.64,1]
["Depreciação, Juros, Impostos e Seguros, Manutenção e Materiais na Operação dos Equipamentos",95125,"DISTRIBUIDOR DE AGREGADOS AUTOPROPELIDO, CAP 3 M3, A DIESEL, POTÊNCIA 176CV - MANUTENÇÃO. AF_07/2016","H",23.67,1]
["Depreciação, Juros, Impostos e Seguros, Manutenção e Materiais na Operação dos Equipamentos",95126,"DISTRIBUIDOR DE AGREGADOS AUTOPROPELIDO, CAP 3 M3, A DIESEL, POTÊNCIA 176CV - MATERIAIS NA OPERAÇÃO. AF_07/2016","H",145.19,0]
["Depreciação, Juros, Impostos e Seguros, Manutenção e Materiais na Operação dos Equipamentos",92040,"DISTRIBUIDOR DE AGREGADOS REBOCAVEL, CAPACIDADE 1,9 M³, LARGURA DE TRABALHO 3,66 M - DEPRECIAÇÃO. AF_11/2015","H",7.84,1]
["Depreciação, Juros, Impostos e Seguros, Manutenção e Materiais na Operação dos Equipamentos",92041,"DISTRIBUIDOR DE AGREGADOS REBOCAVEL, CAPACIDADE 1,9 M³, LARGURA DE TRABALHO 3,66 M - JUROS. AF_11/2015","H",1.61,1]
["Depreciação, Juros, Impostos e Seguros, Manutenção e Materiais na Operação dos Equipamentos",92042,"DISTRIBUIDOR DE AGREGADOS REBOCAVEL, CAPACIDADE 1,9 M³, LARGURA DE TRABALHO 3,66 M - MANUTENÇÃO. AF_11/2015","H",6.53,1]
["Depreciação, Juros, Impostos e Seguros, Manutenção e Materiais na Operação dos Equipamentos",102829,"DOBRADEIRA TDC, ESPESSURA 1,5MM - DEPRECIAÇÃO. AF_05/2023","H",0]
["Depreciação, Juros, Impostos e Seguros, Manutenção e Materiais na Operação dos Equipamentos",102830,"DOBRADEIRA TDC, ESPESSURA 1,5MM - JUROS. AF_05/2023","H",0]
["Depreciação, Juros, Impostos e Seguros, Manutenção e Materiais na Operação dos Equipamentos",102831,"DOBRADEIRA TDC, ESPESSURA 1,5MM - MANUTENÇÃO. AF_05/2023","H",0]
["Depreciação, Juros, Impostos e Seguros, Manutenção e Materiais na Operação dos Equipamentos",92114,"DOSADOR DE AREIA, CAPACIDADE DE 26 LITROS - DEPRECIAÇÃO. AF_05/2023","H",0.28000000000000003,0]
["Depreciação, Juros, Impostos e Seguros, Manutenção e Materiais na Operação dos Equipamentos",92115,"DOSADOR DE AREIA, CAPACIDADE DE 26 LITROS - JUROS. AF_05/2023","H",0.05,0]
["Depreciação, Juros, Impostos e Seguros, Manutenção e Materiais na Operação dos Equipamentos",92116,"DOSADOR DE AREIA, CAPACIDADE DE 26 LITROS - MANUTENÇÃO. AF_05/2023","H",0.19,0]
["Depreciação, Juros, Impostos e Seguros, Manutenção e Materiais na Operação dos Equipamentos",102912,"ENCERADEIRA INDUSTRIAL, 400 MM, 220V, 1 HP - DEPRECIAÇÃO. AF_05/2023","H",0]
["Depreciação, Juros, Impostos e Seguros, Manutenção e Materiais na Operação dos Equipamentos",102913,"ENCERADEIRA INDUSTRIAL, 400 MM, 220V, 1 HP - JUROS. AF_05/2023","H",0]
["Depreciação, Juros, Impostos e Seguros, Manutenção e Materiais na Operação dos Equipamentos",102914,"ENCERADEIRA INDUSTRIAL, 400 MM, 220V, 1 HP - MANUTENÇÃO. AF_05/2023","H",0]
["Depreciação, Juros, Impostos e Seguros, Manutenção e Materiais na Operação dos Equipamentos",102915,"ENCERADEIRA INDUSTRIAL, 400 MM, 220V, 1 HP - MATERIAIS NA OPERAÇÃO. AF_05/2023","H",0.6,0]
["Depreciação, Juros, Impostos e Seguros, Manutenção e Materiais na Operação dos Equipamentos",95716,"ESCAVADEIRA HIDRAULICA SOBRE ESTEIRA, EQUIPADA COM CLAMSHELL, COM CAPACIDADE DA CAÇAMBA ENTRE 1,20 E 1,50 M3, PESO OPERACIONAL ENTRE 20,00 E 22,00 TON, POTENCIA LIQUIDA ENTRE 150 E 160 HP - DEPRECIAÇÃO. AF_11/2016","H",66.36,1]
["Depreciação, Juros, Impostos e Seguros, Manutenção e Materiais na Operação dos Equipamentos",95717,"ESCAVADEIRA HIDRAULICA SOBRE ESTEIRA, EQUIPADA COM CLAMSHELL, COM CAPACIDADE DA CAÇAMBA ENTRE 1,20 E 1,50 M3, PESO OPERACIONAL ENTRE 20,00 E 22,00 TON, POTENCIA LIQUIDA ENTRE 150 E 160 HP - JUROS. AF_11/2016","H",17.53,1]
["Depreciação, Juros, Impostos e Seguros, Manutenção e Materiais na Operação dos Equipamentos",95718,"ESCAVADEIRA HIDRAULICA SOBRE ESTEIRA, EQUIPADA COM CLAMSHELL, COM CAPACIDADE DA CAÇAMBA ENTRE 1,20 E 1,50 M3, PESO OPERACIONAL ENTRE 20,00 E 22,00 TON, POTENCIA LIQUIDA ENTRE 150 E 160 HP - MANUTENÇÃO. AF_11/2016","H",82.95,1]
["Depreciação, Juros, Impostos e Seguros, Manutenção e Materiais na Operação dos Equipamentos",95719,"ESCAVADEIRA HIDRAULICA SOBRE ESTEIRA, EQUIPADA COM CLAMSHELL, COM CAPACIDADE DA CAÇAMBA ENTRE 1,20 E 1,50 M3, PESO OPERACIONAL ENTRE 20,00 E 22,00 TON, POTENCIA LIQUIDA ENTRE 150 E 160 HP - MATERIAIS NA OPERAÇÃO. AF_11/2016","H",88.67,0]
["Depreciação, Juros, Impostos e Seguros, Manutenção e Materiais na Operação dos Equipamentos",104712,"ESCAVADEIRA HIDRÁULICA DE BRAÇO LONGO (LONGO ALCANCE) SOBRE ESTEIRAS, CAÇAMBA 0,52 M3, PESO OPERACIONAL 24 T, POTÊNCIA LÍQUIDA 155 HP - DEPRECIAÇÃO. AF_06/2023","H",62.37,1]
["Depreciação, Juros, Impostos e Seguros, Manutenção e Materiais na Operação dos Equipamentos",104713,"ESCAVADEIRA HIDRÁULICA DE BRAÇO LONGO (LONGO ALCANCE) SOBRE ESTEIRAS, CAÇAMBA 0,52 M3, PESO OPERACIONAL 24 T, POTÊNCIA LÍQUIDA 155 HP - JUROS. AF_06/2023","H",16.48,1]
["Depreciação, Juros, Impostos e Seguros, Manutenção e Materiais na Operação dos Equipamentos",104714,"ESCAVADEIRA HIDRÁULICA DE BRAÇO LONGO (LONGO ALCANCE) SOBRE ESTEIRAS, CAÇAMBA 0,52 M3, PESO OPERACIONAL 24 T, POTÊNCIA LÍQUIDA 155 HP - MANUTENÇÃO. AF_06/2023","H",77.959999999999994,1]
["Depreciação, Juros, Impostos e Seguros, Manutenção e Materiais na Operação dos Equipamentos",104715,"ESCAVADEIRA HIDRÁULICA DE BRAÇO LONGO (LONGO ALCANCE) SOBRE ESTEIRAS, CAÇAMBA 0,52 M3, PESO OPERACIONAL 24 T, POTÊNCIA LÍQUIDA 155 HP - MATERIAIS NA OPERAÇÃO. AF_06/2023","H",88.67,0]
["Depreciação, Juros, Impostos e Seguros, Manutenção e Materiais na Operação dos Equipamentos",102894,"ESCAVADEIRA HIDRÁULICA SOBRE ESTEIRA, PESO OPERACIONAL ENTRE 22,00 E 23,50 T, POTÊNCIA NOMINAL 139 HP, COM MARTELO ROMPEDOR HIDRÁULICO 1700 KG - DEPRECIAÇÃO. AF_04/2019","H",0]
["Depreciação, Juros, Impostos e Seguros, Manutenção e Materiais na Operação dos Equipamentos",104161,"ESCAVADEIRA HIDRÁULICA SOBRE ESTEIRA, PESO OPERACIONAL ENTRE 22,00 E 23,50 T, POTÊNCIA NOMINAL 139 HP, COM MARTELO ROMPEDOR HIDRÁULICO 1700 KG - JUROS. AF_04/2019","H",0]
["Depreciação, Juros, Impostos e Seguros, Manutenção e Materiais na Operação dos Equipamentos",102896,"ESCAVADEIRA HIDRÁULICA SOBRE ESTEIRA, PESO OPERACIONAL ENTRE 22,00 E 23,50 T, POTÊNCIA NOMINAL 139 HP, COM MARTELO ROMPEDOR HIDRÁULICO 1700 KG - MANUTENÇÃO. AF_04/2019","H",0]
["Depreciação, Juros, Impostos e Seguros, Manutenção e Materiais na Operação dos Equipamentos",102897,"ESCAVADEIRA HIDRÁULICA SOBRE ESTEIRA, PESO OPERACIONAL ENTRE 22,00 E 23,50 T, POTÊNCIA NOMINAL 139 HP, COM MARTELO ROMPEDOR HIDRÁULICO 1700 KG - MATERIAIS NA OPERAÇÃO. AF_04/2019","H",88.67,0]
["Depreciação, Juros, Impostos e Seguros, Manutenção e Materiais na Operação dos Equipamentos",5627,"ESCAVADEIRA HIDRÁULICA SOBRE ESTEIRAS, CAÇAMBA 0,80 M3, PESO OPERACIONAL 17 T, POTENCIA BRUTA 111 HP - DEPRECIAÇÃO. AF_06/2014","H",47.92,1]
["Depreciação, Juros, Impostos e Seguros, Manutenção e Materiais na Operação dos Equipamentos",5628,"ESCAVADEIRA HIDRÁULICA SOBRE ESTEIRAS, CAÇAMBA 0,80 M3, PESO OPERACIONAL 17 T, POTENCIA BRUTA 111 HP - JUROS. AF_06/2014","H",12.66,1]
["Depreciação, Juros, Impostos e Seguros, Manutenção e Materiais na Operação dos Equipamentos",5629,"ESCAVADEIRA HIDRÁULICA SOBRE ESTEIRAS, CAÇAMBA 0,80 M3, PESO OPERACIONAL 17 T, POTENCIA BRUTA 111 HP - MANUTENÇÃO. AF_06/2014","H",59.9,1]
["Depreciação, Juros, Impostos e Seguros, Manutenção e Materiais na Operação dos Equipamentos",5630,"ESCAVADEIRA HIDRÁULICA SOBRE ESTEIRAS, CAÇAMBA 0,80 M3, PESO OPERACIONAL 17 T, POTENCIA BRUTA 111 HP - MATERIAIS NA OPERAÇÃO. AF_06/2014","H",63.54,0]
["Depreciação, Juros, Impostos e Seguros, Manutenção e Materiais na Operação dos Equipamentos",88900,"ESCAVADEIRA HIDRÁULICA SOBRE ESTEIRAS, CAÇAMBA 1,20 M3, PESO OPERACIONAL 21 T, POTÊNCIA BRUTA 155 HP - DEPRECIAÇÃO. AF_06/2014","H",54.22,1]
["Depreciação, Juros, Impostos e Seguros, Manutenção e Materiais na Operação dos Equipamentos",88902,"ESCAVADEIRA HIDRÁULICA SOBRE ESTEIRAS, CAÇAMBA 1,20 M3, PESO OPERACIONAL 21 T, POTÊNCIA BRUTA 155 HP - JUROS. AF_06/2014","H",14.33,1]
["Depreciação, Juros, Impostos e Seguros, Manutenção e Materiais na Operação dos Equipamentos",88903,"ESCAVADEIRA HIDRÁULICA SOBRE ESTEIRAS, CAÇAMBA 1,20 M3, PESO OPERACIONAL 21 T, POTÊNCIA BRUTA 155 HP - MANUTENÇÃO. AF_06/2014","H",67.78,1]
["Depreciação, Juros, Impostos e Seguros, Manutenção e Materiais na Operação dos Equipamentos",88904,"ESCAVADEIRA HIDRÁULICA SOBRE ESTEIRAS, CAÇAMBA 1,20 M3, PESO OPERACIONAL 21 T, POTÊNCIA BRUTA 155 HP - MATERIAIS NA OPERAÇÃO. AF_06/2014","H",88.67,0]
["Depreciação, Juros, Impostos e Seguros, Manutenção e Materiais na Operação dos Equipamentos",88569,"ESPARGIDOR DE ASFALTO PRESSURIZADO COM TANQUE DE 2500 L, REBOCÁVEL COM MOTOR A GASOLINA POTÊNCIA 3,4 HP - DEPRECIAÇÃO. AF_07/2014","H",4.49,1]
["Depreciação, Juros, Impostos e Seguros, Manutenção e Materiais na Operação dos Equipamentos",88570,"ESPARGIDOR DE ASFALTO PRESSURIZADO COM TANQUE DE 2500 L, REBOCÁVEL COM MOTOR A GASOLINA POTÊNCIA 3,4 HP - JUROS. AF_07/2014","H",1.55,1]
["Depreciação, Juros, Impostos e Seguros, Manutenção e Materiais na Operação dos Equipamentos",5765,"ESPARGIDOR DE ASFALTO PRESSURIZADO COM TANQUE DE 2500 L, REBOCÁVEL COM MOTOR A GASOLINA POTÊNCIA 3,4 HP - MANUTENÇÃO. AF_07/2014","H",5.61,1]
["Depreciação, Juros, Impostos e Seguros, Manutenção e Materiais na Operação dos Equipamentos",5766,"ESPARGIDOR DE ASFALTO PRESSURIZADO COM TANQUE DE 2500 L, REBOCÁVEL COM MOTOR A GASOLINA POTÊNCIA 3,4 HP - MATERIAIS NA OPERAÇÃO. AF_07/2014","H",2.85,0]
["Depreciação, Juros, Impostos e Seguros, Manutenção e Materiais na Operação dos Equipamentos",91468,"ESPARGIDOR DE ASFALTO PRESSURIZADO, TANQUE 6 M3 COM ISOLAÇÃO TÉRMICA, AQUECIDO COM 2 MAÇARICOS, COM BARRA ESPARGIDORA 3,60 M, MONTADO SOBRE CAMINHÃO TOCO, PBT 14.300 KG, POTÊNCIA 185 CV - DEPRECIAÇÃO. AF_05/2023","H",26.9,0.3543]
["Depreciação, Juros, Impostos e Seguros, Manutenção e Materiais na Operação dos Equipamentos",91484,"ESPARGIDOR DE ASFALTO PRESSURIZADO, TANQUE 6 M3 COM ISOLAÇÃO TÉRMICA, AQUECIDO COM 2 MAÇARICOS, COM BARRA ESPARGIDORA 3,60 M, MONTADO SOBRE CAMINHÃO TOCO, PBT 14.300 KG, POTÊNCIA 185 CV - IMPOSTOS E SEGUROS. AF_05/2023","H",4.22,0.3175]
["Depreciação, Juros, Impostos e Seguros, Manutenção e Materiais na Operação dos Equipamentos",91469,"ESPARGIDOR DE ASFALTO PRESSURIZADO, TANQUE 6 M3 COM ISOLAÇÃO TÉRMICA, AQUECIDO COM 2 MAÇARICOS, COM BARRA ESPARGIDORA 3,60 M, MONTADO SOBRE CAMINHÃO TOCO, PBT 14.300 KG, POTÊNCIA 185 CV - JUROS. AF_05/2023","H",10.44,0.31609999999999999]
["Depreciação, Juros, Impostos e Seguros, Manutenção e Materiais na Operação dos Equipamentos",83361,"ESPARGIDOR DE ASFALTO PRESSURIZADO, TANQUE 6 M3 COM ISOLAÇÃO TÉRMICA, AQUECIDO COM 2 MAÇARICOS, COM BARRA ESPARGIDORA 3,60 M, MONTADO SOBRE CAMINHÃO TOCO, PBT 14.300 KG, POTÊNCIA 185 CV - MANUTENÇÃO. AF_08/2015","H",44.44,0.26819999999999999]
["Depreciação, Juros, Impostos e Seguros, Manutenção e Materiais na Operação dos Equipamentos",91485,"ESPARGIDOR DE ASFALTO PRESSURIZADO, TANQUE 6 M3 COM ISOLAÇÃO TÉRMICA, AQUECIDO COM 2 MAÇARICOS, COM BARRA ESPARGIDORA 3,60 M, MONTADO SOBRE CAMINHÃO TOCO, PBT 14.300 KG, POTÊNCIA 185 CV - MATERIAIS NA OPERAÇÃO. AF_05/2023","H",152.63,0]
["Depreciação, Juros, Impostos e Seguros, Manutenção e Materiais na Operação dos Equipamentos",102835,"ESTABILIZADOR DE LINHA E PRESSÃO, CAPACIDADE DE 120 BAR, COM MANÔMETRO DE LEITURA, REGISTRO DE 1 COM RETORNO E LINHA - DEPRECIAÇÃO. AF_05/2023","H",0]
["Depreciação, Juros, Impostos e Seguros, Manutenção e Materiais na Operação dos Equipamentos",102836,"ESTABILIZADOR DE LINHA E PRESSÃO, CAPACIDADE DE 120 BAR, COM MANÔMETRO DE LEITURA, REGISTRO DE 1 COM RETORNO E LINHA - JUROS. AF_05/2023","H",0]
["Depreciação, Juros, Impostos e Seguros, Manutenção e Materiais na Operação dos Equipamentos",102837,"ESTABILIZADOR DE LINHA E PRESSÃO, CAPACIDADE DE 120 BAR, COM MANÔMETRO DE LEITURA, REGISTRO DE 1 COM RETORNO E LINHA - MANUTENÇÃO. AF_05/2023","H",0]
["Depreciação, Juros, Impostos e Seguros, Manutenção e Materiais na Operação dos Equipamentos",89230,"FRESADORA DE ASFALTO A FRIO SOBRE RODAS, LARGURA FRESAGEM DE 1,0 M, POTÊNCIA 208 HP - DEPRECIAÇÃO. AF_11/2014","H",109.96,1]
["Depreciação, Juros, Impostos e Seguros, Manutenção e Materiais na Operação dos Equipamentos",89231,"FRESADORA DE ASFALTO A FRIO SOBRE RODAS, LARGURA FRESAGEM DE 1,0 M, POTÊNCIA 208 HP - JUROS. AF_11/2014","H",33.67,1]
["Depreciação, Juros, Impostos e Seguros, Manutenção e Materiais na Operação dos Equipamentos",89232,"FRESADORA DE ASFALTO A FRIO SOBRE RODAS, LARGURA FRESAGEM DE 1,0 M, POTÊNCIA 208 HP - MANUTENÇÃO. AF_11/2014","H",196.14,1]
["Depreciação, Juros, Impostos e Seguros, Manutenção e Materiais na Operação dos Equipamentos",89233,"FRESADORA DE ASFALTO A FRIO SOBRE RODAS, LARGURA FRESAGEM DE 1,0 M, POTÊNCIA 208 HP - MATERIAIS NA OPERAÇÃO. AF_11/2014","H",164.78,0]
["Depreciação, Juros, Impostos e Seguros, Manutenção e Materiais na Operação dos Equipamentos",89236,"FRESADORA DE ASFALTO A FRIO SOBRE RODAS, LARGURA FRESAGEM DE 2,0 M, POTÊNCIA 550 HP - DEPRECIAÇÃO. AF_11/2014","H",256.87,1]
["Depreciação, Juros, Impostos e Seguros, Manutenção e Materiais na Operação dos Equipamentos",89237,"FRESADORA DE ASFALTO A FRIO SOBRE RODAS, LARGURA FRESAGEM DE 2,0 M, POTÊNCIA 550 HP - JUROS. AF_11/2014","H",78.650000000000006,1]
["Depreciação, Juros, Impostos e Seguros, Manutenção e Materiais na Operação dos Equipamentos",89238,"FRESADORA DE ASFALTO A FRIO SOBRE RODAS, LARGURA FRESAGEM DE 2,0 M, POTÊNCIA 550 HP - MANUTENÇÃO. AF_11/2014","H",458.19,1]
["Depreciação, Juros, Impostos e Seguros, Manutenção e Materiais na Operação dos Equipamentos",89239,"FRESADORA DE ASFALTO A FRIO SOBRE RODAS, LARGURA FRESAGEM DE 2,0 M, POTÊNCIA 550 HP - MATERIAIS NA OPERAÇÃO. AF_11/2014","H",435.77,0]
["Depreciação, Juros, Impostos e Seguros, Manutenção e Materiais na Operação dos Equipamentos",102930,"FURADEIRA ELETROMAGNÉTICA, VELOCIDADE (SEM CARGA/ COM CARGA) 450/ 270 RPM, ESPESSURA MÁXIMA DA CHAPA A SER FURADA 50 MM, PORÇA DE ADESÃO MAGNÉTICA 17000 N, POTÊNCIA 1100 W, ALIMENTÇÃO 220 - 60 HZ, MONOFÁSICA - DEPRECIAÇÃO. AF_08/2019","H",0]
["Depreciação, Juros, Impostos e Seguros, Manutenção e Materiais na Operação dos Equipamentos",102931,"FURADEIRA ELETROMAGNÉTICA, VELOCIDADE (SEM CARGA/ COM CARGA) 450/ 270 RPM, ESPESSURA MÁXIMA DA CHAPA A SER FURADA 50 MM, PORÇA DE ADESÃO MAGNÉTICA 17000 N, POTÊNCIA 1100 W, ALIMENTÇÃO 220 - 60 HZ, MONOFÁSICA - JUROS. AF_08/2019","H",0]
["Depreciação, Juros, Impostos e Seguros, Manutenção e Materiais na Operação dos Equipamentos",102932,"FURADEIRA ELETROMAGNÉTICA, VELOCIDADE (SEM CARGA/ COM CARGA) 450/ 270 RPM, ESPESSURA MÁXIMA DA CHAPA A SER FURADA 50 MM, PORÇA DE ADESÃO MAGNÉTICA 17000 N, POTÊNCIA 1100 W, ALIMENTÇÃO 220 - 60 HZ, MONOFÁSICA - MANUTENÇÃO. AF_08/2019","H",0]
["Depreciação, Juros, Impostos e Seguros, Manutenção e Materiais na Operação dos Equipamentos",102933,"FURADEIRA ELETROMAGNÉTICA, VELOCIDADE (SEM CARGA/ COM CARGA) 450/ 270 RPM, ESPESSURA MÁXIMA DA CHAPA A SER FURADA 50 MM, PORÇA DE ADESÃO MAGNÉTICA 17000 N, POTÊNCIA 1100 W, ALIMENTÇÃO 220 - 60 HZ, MONOFÁSICA - MATERIAIS NA OPERAÇÃO. AF_08/2019","H",0.9,0]
["Depreciação, Juros, Impostos e Seguros, Manutenção e Materiais na Operação dos Equipamentos",93411,"GERADOR PORTÁTIL MONOFÁSICO, POTÊNCIA 5500 VA, MOTOR A GASOLINA, POTÊNCIA DO MOTOR 13 CV - DEPRECIAÇÃO. AF_03/2016","H",0.37,1]
["Depreciação, Juros, Impostos e Seguros, Manutenção e Materiais na Operação dos Equipamentos",93412,"GERADOR PORTÁTIL MONOFÁSICO, POTÊNCIA 5500 VA, MOTOR A GASOLINA, POTÊNCIA DO MOTOR 13 CV - JUROS. AF_03/2016","H",0.13,1]
["Depreciação, Juros, Impostos e Seguros, Manutenção e Materiais na Operação dos Equipamentos",93413,"GERADOR PORTÁTIL MONOFÁSICO, POTÊNCIA 5500 VA, MOTOR A GASOLINA, POTÊNCIA DO MOTOR 13 CV - MANUTENÇÃO. AF_03/2016","H",0.33,1]
["Depreciação, Juros, Impostos e Seguros, Manutenção e Materiais na Operação dos Equipamentos",93414,"GERADOR PORTÁTIL MONOFÁSICO, POTÊNCIA 5500 VA, MOTOR A GASOLINA, POTÊNCIA DO MOTOR 13 CV - MATERIAIS NA OPERAÇÃO. AF_03/2016","H",10.81,0]
["Depreciação, Juros, Impostos e Seguros, Manutenção e Materiais na Operação dos Equipamentos",88855,"GRADE DE DISCO CONTROLE REMOTO REBOCÁVEL, COM 24 DISCOS 24\" X 6 MM COM PNEUS PARA TRANSPORTE - DEPRECIAÇÃO. AF_06/2014","H",3.21,1]
["Depreciação, Juros, Impostos e Seguros, Manutenção e Materiais na Operação dos Equipamentos",88856,"GRADE DE DISCO CONTROLE REMOTO REBOCÁVEL, COM 24 DISCOS 24\" X 6 MM COM PNEUS PARA TRANSPORTE - JUROS. AF_06/2014","H",0.88,1]
["Depreciação, Juros, Impostos e Seguros, Manutenção e Materiais na Operação dos Equipamentos",5658,"GRADE DE DISCO CONTROLE REMOTO REBOCÁVEL, COM 24 DISCOS 24\" X 6 MM COM PNEUS PARA TRANSPORTE - MANUTENÇÃO. AF_06/2014","H",2.23,1]
["Depreciação, Juros, Impostos e Seguros, Manutenção e Materiais na Operação dos Equipamentos",53840,"GRADE DE DISCO REBOCÁVEL COM 20 DISCOS 24\" X 6 MM COM PNEUS PARA TRANSPORTE - DEPRECIAÇÃO. AF_06/2014","H",2.52,1]
["Depreciação, Juros, Impostos e Seguros, Manutenção e Materiais na Operação dos Equipamentos",87026,"GRADE DE DISCO REBOCÁVEL COM 20 DISCOS 24\" X 6 MM COM PNEUS PARA TRANSPORTE - JUROS. AF_06/2014","H",0.69,1]
["Depreciação, Juros, Impostos e Seguros, Manutenção e Materiais na Operação dos Equipamentos",53841,"GRADE DE DISCO REBOCÁVEL COM 20 DISCOS 24\" X 6 MM COM PNEUS PARA TRANSPORTE - MANUTENÇÃO. AF_06/2014","H",1.75,1]
["Depreciação, Juros, Impostos e Seguros, Manutenção e Materiais na Operação dos Equipamentos",95209,"GRUA ASCENCIONAL, LANCA DE 42 M, CAPACIDADE DE 1,5 T A 30 M, ALTURA ATE 39 M JUROS. AF_05/2023","H",12.42,1]
["Depreciação, Juros, Impostos e Seguros, Manutenção e Materiais na Operação dos Equipamentos",95210,"GRUA ASCENCIONAL, LANCA DE 42 M, CAPACIDADE DE 1,5 T A 30 M, ALTURA ATE 39 M MANUTENÇÃO. AF_05/2023","H",58.74,1]
["Depreciação, Juros, Impostos e Seguros, Manutenção e Materiais na Operação dos Equipamentos",95211,"GRUA ASCENCIONAL, LANCA DE 42 M, CAPACIDADE DE 1,5 T A 30 M, ALTURA ATE 39 M MATERIAIS NA OPERAÇÃO. AF_05/2023","H",8.9700000000000006,0]
["Depreciação, Juros, Impostos e Seguros, Manutenção e Materiais na Operação dos Equipamentos",93267,"GRUA ASCENCIONAL, LANÇA DE 30 M, CAPACIDADE DE 1,0 T A 30 M, ALTURA ATÉ 39 M DEPRECIAÇÃO. AF_05/2023","H",26.66,1]
["Depreciação, Juros, Impostos e Seguros, Manutenção e Materiais na Operação dos Equipamentos",93269,"GRUA ASCENCIONAL, LANÇA DE 30 M, CAPACIDADE DE 1,0 T A 30 M, ALTURA ATÉ 39 M JUROS. AF_05/2023","H",10,1]
["Depreciação, Juros, Impostos e Seguros, Manutenção e Materiais na Operação dos Equipamentos",93270,"GRUA ASCENCIONAL, LANÇA DE 30 M, CAPACIDADE DE 1,0 T A 30 M, ALTURA ATÉ 39 M MANUTENÇÃO. AF_05/2023","H",25.92,1]
["Depreciação, Juros, Impostos e Seguros, Manutenção e Materiais na Operação dos Equipamentos",93271,"GRUA ASCENCIONAL, LANÇA DE 30 M, CAPACIDADE DE 1,0 T A 30 M, ALTURA ATÉ 39 M MATERIAIS NA OPERAÇÃO. AF_05/2023","H",8.9700000000000006,0]
["Depreciação, Juros, Impostos e Seguros, Manutenção e Materiais na Operação dos Equipamentos",95208,"GRUA ASCENCIONAL, LANÇA DE 42 M, CAPACIDADE DE 1,5 T A 30 M, ALTURA ATÉ 39 M DEPRECIAÇÃO. AF_05/2023","H",53.71,1]
["Depreciação, Juros, Impostos e Seguros, Manutenção e Materiais na Operação dos Equipamentos",83761,"GRUPO DE SOLDAGEM COM GERADOR A DIESEL 60 CV PARA SOLDA ELÉTRICA, SOBRE 04 RODAS, COM MOTOR 4 CILINDROS 600 A - DEPRECIAÇÃO. AF_02/2016","H",10.38,1]
["Depreciação, Juros, Impostos e Seguros, Manutenção e Materiais na Operação dos Equipamentos",83764,"GRUPO DE SOLDAGEM COM GERADOR A DIESEL 60 CV PARA SOLDA ELÉTRICA, SOBRE 04 RODAS, COM MOTOR 4 CILINDROS 600 A - JUROS. AF_02/2016","H",3.66,1]
["Depreciação, Juros, Impostos e Seguros, Manutenção e Materiais na Operação dos Equipamentos",83762,"GRUPO DE SOLDAGEM COM GERADOR A DIESEL 60 CV PARA SOLDA ELÉTRICA, SOBRE 04 RODAS, COM MOTOR 4 CILINDROS 600 A - MANUTENÇÃO. AF_02/2016","H",9.27,1]
["Depreciação, Juros, Impostos e Seguros, Manutenção e Materiais na Operação dos Equipamentos",83763,"GRUPO DE SOLDAGEM COM GERADOR A DIESEL 60 CV PARA SOLDA ELÉTRICA, SOBRE 04 RODAS, COM MOTOR 4 CILINDROS 600 A - MATERIAIS NA OPERAÇÃO. AF_02/2016","H",49.5,0]
["Depreciação, Juros, Impostos e Seguros, Manutenção e Materiais na Operação dos Equipamentos",95874,"GRUPO GERADOR COM CARENAGEM, MOTOR DIESEL POTÊNCIA STANDART ENTRE 250 E 260 KVA - DEPRECIAÇÃO. AF_12/2016","H",11.09,1]
["Depreciação, Juros, Impostos e Seguros, Manutenção e Materiais na Operação dos Equipamentos",95869,"GRUPO GERADOR COM CARENAGEM, MOTOR DIESEL POTÊNCIA STANDART ENTRE 250 E 260 KVA - JUROS. AF_12/2016","H",3.91,1]
["Depreciação, Juros, Impostos e Seguros, Manutenção e Materiais na Operação dos Equipamentos",95870,"GRUPO GERADOR COM CARENAGEM, MOTOR DIESEL POTÊNCIA STANDART ENTRE 250 E 260 KVA - MANUTENÇÃO. AF_12/2016","H",9.9,1]
["Depreciação, Juros, Impostos e Seguros, Manutenção e Materiais na Operação dos Equipamentos",95871,"GRUPO GERADOR COM CARENAGEM, MOTOR DIESEL POTÊNCIA STANDART ENTRE 250 E 260 KVA - MATERIAIS NA OPERAÇÃO. AF_12/2016","H",269.27,0]
["Depreciação, Juros, Impostos e Seguros, Manutenção e Materiais na Operação dos Equipamentos",104684,"GRUPO GERADOR DIESEL, COM CARENAGEM, POTÊNCIA STANDART ENTRE 400 E 460 KVA, VELOCIDADE DE 1800 RPM, FREQUÊNCIA DE 60 HZ - DEPRECIAÇÃO. AF_05/2023","H",0]
["Depreciação, Juros, Impostos e Seguros, Manutenção e Materiais na Operação dos Equipamentos",104685,"GRUPO GERADOR DIESEL, COM CARENAGEM, POTÊNCIA STANDART ENTRE 400 E 460 KVA, VELOCIDADE DE 1800 RPM, FREQUÊNCIA DE 60 HZ - JUROS. AF_05/2023","H",0]
["Depreciação, Juros, Impostos e Seguros, Manutenção e Materiais na Operação dos Equipamentos",104686,"GRUPO GERADOR DIESEL, COM CARENAGEM, POTÊNCIA STANDART ENTRE 400 E 460 KVA, VELOCIDADE DE 1800 RPM, FREQUÊNCIA DE 60 HZ - MANUTENÇÃO. AF_05/2023","H",0]
["Depreciação, Juros, Impostos e Seguros, Manutenção e Materiais na Operação dos Equipamentos",104687,"GRUPO GERADOR DIESEL, COM CARENAGEM, POTÊNCIA STANDART ENTRE 400 E 460 KVA, VELOCIDADE DE 1800 RPM, FREQUÊNCIA DE 60 HZ - MATERIAIS NA OPERAÇÃO. AF_05/2023","H",443.2,0]
["Depreciação, Juros, Impostos e Seguros, Manutenção e Materiais na Operação dos Equipamentos",73303,"GRUPO GERADOR ESTACIONÁRIO, MOTOR DIESEL POTÊNCIA 170 KVA - DEPRECIAÇÃO. AF_02/2016","H",7.79,1]
["Depreciação, Juros, Impostos e Seguros, Manutenção e Materiais na Operação dos Equipamentos",93235,"GRUPO GERADOR ESTACIONÁRIO, MOTOR DIESEL POTÊNCIA 170 KVA - JUROS. AF_02/2016","H",2.74,1]
["Depreciação, Juros, Impostos e Seguros, Manutenção e Materiais na Operação dos Equipamentos",73307,"GRUPO GERADOR ESTACIONÁRIO, MOTOR DIESEL POTÊNCIA 170 KVA - MANUTENÇÃO. AF_02/2016","H",6.95,1]
["Depreciação, Juros, Impostos e Seguros, Manutenção e Materiais na Operação dos Equipamentos",73311,"GRUPO GERADOR ESTACIONÁRIO, MOTOR DIESEL POTÊNCIA 170 KVA - MATERIAIS NA OPERAÇÃO. AF_02/2016","H",175.64,0]
["Depreciação, Juros, Impostos e Seguros, Manutenção e Materiais na Operação dos Equipamentos",93423,"GRUPO GERADOR ESTACIONÁRIO, POTÊNCIA 150 KVA, MOTOR A DIESEL- DEPRECIAÇÃO. AF_03/2016","H",6.94,1]
["Depreciação, Juros, Impostos e Seguros, Manutenção e Materiais na Operação dos Equipamentos",93424,"GRUPO GERADOR ESTACIONÁRIO, POTÊNCIA 150 KVA, MOTOR A DIESEL- JUROS. AF_03/2016","H",2.44,1]
["Depreciação, Juros, Impostos e Seguros, Manutenção e Materiais na Operação dos Equipamentos",93425,"GRUPO GERADOR ESTACIONÁRIO, POTÊNCIA 150 KVA, MOTOR A DIESEL- MANUTENÇÃO. AF_03/2016","H",6.19,1]
["Depreciação, Juros, Impostos e Seguros, Manutenção e Materiais na Operação dos Equipamentos",93426,"GRUPO GERADOR ESTACIONÁRIO, POTÊNCIA 150 KVA, MOTOR A DIESEL- MATERIAIS NA OPERAÇÃO. AF_03/2016","H",158.06,0]
["Depreciação, Juros, Impostos e Seguros, Manutenção e Materiais na Operação dos Equipamentos",93417,"GRUPO GERADOR REBOCÁVEL, POTÊNCIA 66 KVA, MOTOR A DIESEL - DEPRECIAÇÃO. AF_03/2016","H",4.9000000000000004,1]
["Depreciação, Juros, Impostos e Seguros, Manutenção e Materiais na Operação dos Equipamentos",93418,"GRUPO GERADOR REBOCÁVEL, POTÊNCIA 66 KVA, MOTOR A DIESEL - JUROS. AF_03/2016","H",1.72,1]
["Depreciação, Juros, Impostos e Seguros, Manutenção e Materiais na Operação dos Equipamentos",93419,"GRUPO GERADOR REBOCÁVEL, POTÊNCIA 66 KVA, MOTOR A DIESEL - MANUTENÇÃO. AF_03/2016","H",4.37,1]
["Depreciação, Juros, Impostos e Seguros, Manutenção e Materiais na Operação dos Equipamentos",93420,"GRUPO GERADOR REBOCÁVEL, POTÊNCIA 66 KVA, MOTOR A DIESEL - MATERIAIS NA OPERAÇÃO. AF_03/2016","H",66.13,0]
["Depreciação, Juros, Impostos e Seguros, Manutenção e Materiais na Operação dos Equipamentos",93277,"GUINCHO ELÉTRICO DE COLUNA, CAPACIDADE 400 KG, COM MOTO FREIO, MOTOR TRIFÁSICO DE 1,25 CV - DEPRECIAÇÃO. AF_03/2016","H",0.3,0]
["Depreciação, Juros, Impostos e Seguros, Manutenção e Materiais na Operação dos Equipamentos",93278,"GUINCHO ELÉTRICO DE COLUNA, CAPACIDADE 400 KG, COM MOTO FREIO, MOTOR TRIFÁSICO DE 1,25 CV - JUROS. AF_03/2016","H",7.0000000000000007E-2,0]
["Depreciação, Juros, Impostos e Seguros, Manutenção e Materiais na Operação dos Equipamentos",93279,"GUINCHO ELÉTRICO DE COLUNA, CAPACIDADE 400 KG, COM MOTO FREIO, MOTOR TRIFÁSICO DE 1,25 CV - MANUTENÇÃO. AF_03/2016","H",0.28000000000000003,0]
["Depreciação, Juros, Impostos e Seguros, Manutenção e Materiais na Operação dos Equipamentos",93280,"GUINCHO ELÉTRICO DE COLUNA, CAPACIDADE 400 KG, COM MOTO FREIO, MOTOR TRIFÁSICO DE 1,25 CV - MATERIAIS NA OPERAÇÃO. AF_03/2016","H",0.74,0]
["Depreciação, Juros, Impostos e Seguros, Manutenção e Materiais na Operação dos Equipamentos",104909,"GUINDASTE DERRICK, LANÇA DE *20* M, CARGA MÁXIMA 10T, POTÊNCIA 45 KW - DEPRECIAÇÃO. AF_01/2024","H",0]
["Depreciação, Juros, Impostos e Seguros, Manutenção e Materiais na Operação dos Equipamentos",104910,"GUINDASTE DERRICK, LANÇA DE *20* M, CARGA MÁXIMA 10T, POTÊNCIA 45 KW - JUROS. AF_01/2024","H",0]
["Depreciação, Juros, Impostos e Seguros, Manutenção e Materiais na Operação dos Equipamentos",104911,"GUINDASTE DERRICK, LANÇA DE *20* M, CARGA MÁXIMA 10T, POTÊNCIA 45 KW - MANUTENÇÃO. AF_01/2024","H",0]
["Depreciação, Juros, Impostos e Seguros, Manutenção e Materiais na Operação dos Equipamentos",104912,"GUINDASTE DERRICK, LANÇA DE *20* M, CARGA MÁXIMA 10T, POTÊNCIA 45 KW - MATERIAIS NA OPERAÇÃO. AF_01/2024","H",36.72,0]
["Depreciação, Juros, Impostos e Seguros, Manutenção e Materiais na Operação dos Equipamentos",102840,"GUINDASTE HIDRAULICO AUTOPROPELIDO, COM LANÇA TRELIÇADA 40 M, CAPACIDADE MÁXIMA 75 T, EQUIPADO COM CLAMSHELL - DEPRECIAÇÃO. AF_04/2019","H",0]
["Depreciação, Juros, Impostos e Seguros, Manutenção e Materiais na Operação dos Equipamentos",102841,"GUINDASTE HIDRAULICO AUTOPROPELIDO, COM LANÇA TRELIÇADA 40 M, CAPACIDADE MÁXIMA 75 T, EQUIPADO COM CLAMSHELL - JUROS. AF_04/2019","H",0]
["Depreciação, Juros, Impostos e Seguros, Manutenção e Materiais na Operação dos Equipamentos",102842,"GUINDASTE HIDRAULICO AUTOPROPELIDO, COM LANÇA TRELIÇADA 40 M, CAPACIDADE MÁXIMA 75 T, EQUIPADO COM CLAMSHELL - MANUTENÇÃO. AF_04/2019","H",0]
["Depreciação, Juros, Impostos e Seguros, Manutenção e Materiais na Operação dos Equipamentos",102843,"GUINDASTE HIDRAULICO AUTOPROPELIDO, COM LANÇA TRELIÇADA 40 M, CAPACIDADE MÁXIMA 75 T, EQUIPADO COM CLAMSHELL - MATERIAIS NA OPERAÇÃO. AF_04/2019","H",132.75,0]
["Depreciação, Juros, Impostos e Seguros, Manutenção e Materiais na Operação dos Equipamentos",89267,"GUINDASTE HIDRÁULICO AUTOPROPELIDO, COM LANÇA TELESCÓPICA 28,80 M, CAPACIDADE MÁXIMA 30 T, POTÊNCIA 97 KW, TRAÇÃO 4 X 4 - DEPRECIAÇÃO. AF_11/2014","H",51.81,1]
["Depreciação, Juros, Impostos e Seguros, Manutenção e Materiais na Operação dos Equipamentos",89269,"GUINDASTE HIDRÁULICO AUTOPROPELIDO, COM LANÇA TELESCÓPICA 28,80 M, CAPACIDADE MÁXIMA 30 T, POTÊNCIA 97 KW, TRAÇÃO 4 X 4 - IMPOSTOS E SEGUROS. AF_11/2014","H",7.38,1]
["Depreciação, Juros, Impostos e Seguros, Manutenção e Materiais na Operação dos Equipamentos",89268,"GUINDASTE HIDRÁULICO AUTOPROPELIDO, COM LANÇA TELESCÓPICA 28,80 M, CAPACIDADE MÁXIMA 30 T, POTÊNCIA 97 KW, TRAÇÃO 4 X 4 - JUROS. AF_11/2014","H",18.260000000000002,1]
["Depreciação, Juros, Impostos e Seguros, Manutenção e Materiais na Operação dos Equipamentos",89270,"GUINDASTE HIDRÁULICO AUTOPROPELIDO, COM LANÇA TELESCÓPICA 28,80 M, CAPACIDADE MÁXIMA 30 T, POTÊNCIA 97 KW, TRAÇÃO 4 X 4 - MANUTENÇÃO. AF_11/2014","H",83.29,1]
["Depreciação, Juros, Impostos e Seguros, Manutenção e Materiais na Operação dos Equipamentos",89271,"GUINDASTE HIDRÁULICO AUTOPROPELIDO, COM LANÇA TELESCÓPICA 28,80 M, CAPACIDADE MÁXIMA 30 T, POTÊNCIA 97 KW, TRAÇÃO 4 X 4 - MATERIAIS NA OPERAÇÃO. AF_11/2014","H",28.61,0]
["Depreciação, Juros, Impostos e Seguros, Manutenção e Materiais na Operação dos Equipamentos",93283,"GUINDASTE HIDRÁULICO AUTOPROPELIDO, COM LANÇA TELESCÓPICA 40 M, CAPACIDADE MÁXIMA 60 T, POTÊNCIA 260 KW - DEPRECIAÇÃO. AF_03/2016","H",99.64,1]
["Depreciação, Juros, Impostos e Seguros, Manutenção e Materiais na Operação dos Equipamentos",93296,"GUINDASTE HIDRÁULICO AUTOPROPELIDO, COM LANÇA TELESCÓPICA 40 M, CAPACIDADE MÁXIMA 60 T, POTÊNCIA 260 KW - IMPOSTOS E SEGUROS. AF_03/2016","H",14.19,1]
["Depreciação, Juros, Impostos e Seguros, Manutenção e Materiais na Operação dos Equipamentos",93284,"GUINDASTE HIDRÁULICO AUTOPROPELIDO, COM LANÇA TELESCÓPICA 40 M, CAPACIDADE MÁXIMA 60 T, POTÊNCIA 260 KW - JUROS. AF_03/2016","H",35.119999999999997,1]
["Depreciação, Juros, Impostos e Seguros, Manutenção e Materiais na Operação dos Equipamentos",93285,"GUINDASTE HIDRÁULICO AUTOPROPELIDO, COM LANÇA TELESCÓPICA 40 M, CAPACIDADE MÁXIMA 60 T, POTÊNCIA 260 KW - MANUTENÇÃO. AF_03/2016","H",160.16999999999999,1]
["Depreciação, Juros, Impostos e Seguros, Manutenção e Materiais na Operação dos Equipamentos",93286,"GUINDASTE HIDRÁULICO AUTOPROPELIDO, COM LANÇA TELESCÓPICA 40 M, CAPACIDADE MÁXIMA 60 T, POTÊNCIA 260 KW - MATERIAIS NA OPERAÇÃO. AF_03/2016","H",12.48,0]
["Depreciação, Juros, Impostos e Seguros, Manutenção e Materiais na Operação dos Equipamentos",104706,"GUINDASTE HIDRÁULICO AUTOPROPELIDO, COM LANÇA TRELICADA 41 M, CAPACIDADE MÁXIMA DE ELEVAÇÃO 43 T, POTÊNCIA 230 KW, EQUIPADO COM CAÇAMBA DE ARRASTO (DRAGLINE) DE 0,76 M3 - DEPRECIAÇÃO. AF_06/2023","H",0]
["Depreciação, Juros, Impostos e Seguros, Manutenção e Materiais na Operação dos Equipamentos",104707,"GUINDASTE HIDRÁULICO AUTOPROPELIDO, COM LANÇA TRELICADA 41 M, CAPACIDADE MÁXIMA DE ELEVAÇÃO 43 T, POTÊNCIA 230 KW, EQUIPADO COM CAÇAMBA DE ARRASTO (DRAGLINE) DE 0,76 M3 - JUROS. AF_06/2023","H",0]
["Depreciação, Juros, Impostos e Seguros, Manutenção e Materiais na Operação dos Equipamentos",104708,"GUINDASTE HIDRÁULICO AUTOPROPELIDO, COM LANÇA TRELICADA 41 M, CAPACIDADE MÁXIMA DE ELEVAÇÃO 43 T, POTÊNCIA 230 KW, EQUIPADO COM CAÇAMBA DE ARRASTO (DRAGLINE) DE 0,76 M3 - MANUTENÇÃO. AF_06/2023","H",0]
["Depreciação, Juros, Impostos e Seguros, Manutenção e Materiais na Operação dos Equipamentos",104709,"GUINDASTE HIDRÁULICO AUTOPROPELIDO, COM LANÇA TRELICADA 41 M, CAPACIDADE MÁXIMA DE ELEVAÇÃO 43 T, POTÊNCIA 230 KW, EQUIPADO COM CAÇAMBA DE ARRASTO (DRAGLINE) DE 0,76 M3 - MATERIAIS NA OPERAÇÃO. AF_06/2023","H",1153.45,0]
["Depreciação, Juros, Impostos e Seguros, Manutenção e Materiais na Operação dos Equipamentos",104903,"GUINDASTE HIDRÁULICO RODOVIÁRIO, LANCA TELESCÓPICA DE *50+20* M, CAPACIDADE MÁXIMA DE 90T, 4 EIXOS, POTÊNCIA 330 KW, MOTOR DIESEL - DEPRECIAÇÃO. AF_01/2024","H",0]
["Depreciação, Juros, Impostos e Seguros, Manutenção e Materiais na Operação dos Equipamentos",104904,"GUINDASTE HIDRÁULICO RODOVIÁRIO, LANCA TELESCÓPICA DE *50+20* M, CAPACIDADE MÁXIMA DE 90T, 4 EIXOS, POTÊNCIA 330 KW, MOTOR DIESEL - JUROS. AF_01/2024","H",0]
["Depreciação, Juros, Impostos e Seguros, Manutenção e Materiais na Operação dos Equipamentos",104905,"GUINDASTE HIDRÁULICO RODOVIÁRIO, LANCA TELESCÓPICA DE *50+20* M, CAPACIDADE MÁXIMA DE 90T, 4 EIXOS, POTÊNCIA 330 KW, MOTOR DIESEL - MANUTENÇÃO. AF_01/2024","H",0]
["Depreciação, Juros, Impostos e Seguros, Manutenção e Materiais na Operação dos Equipamentos",104906,"GUINDASTE HIDRÁULICO RODOVIÁRIO, LANCA TELESCÓPICA DE *50+20* M, CAPACIDADE MÁXIMA DE 90T, 4 EIXOS, POTÊNCIA 330 KW, MOTOR DIESEL - MATERIAIS NA OPERAÇÃO. AF_01/2024","H",97.35,0]
["Depreciação, Juros, Impostos e Seguros, Manutenção e Materiais na Operação dos Equipamentos",102846,"GUINDASTE SOBRE ESTEIRAS, COM LANÇA TRELIÇADA 40 M, CAPACIDADE MÁXIMA 75 T - DEPRECIAÇÃO. AF_04/2019","H",0]
["Depreciação, Juros, Impostos e Seguros, Manutenção e Materiais na Operação dos Equipamentos",102847,"GUINDASTE SOBRE ESTEIRAS, COM LANÇA TRELIÇADA 40 M, CAPACIDADE MÁXIMA 75 T - JUROS. AF_04/2019","H",0]
["Depreciação, Juros, Impostos e Seguros, Manutenção e Materiais na Operação dos Equipamentos",102848,"GUINDASTE SOBRE ESTEIRAS, COM LANÇA TRELIÇADA 40 M, CAPACIDADE MÁXIMA 75 T - MANUTENÇÃO. AF_04/2019","H",0]
["Depreciação, Juros, Impostos e Seguros, Manutenção e Materiais na Operação dos Equipamentos",102849,"GUINDASTE SOBRE ESTEIRAS, COM LANÇA TRELIÇADA 40 M, CAPACIDADE MÁXIMA 75 T - MATERIAIS NA OPERAÇÃO. AF_04/2019","H",64.900000000000006,0]
["Depreciação, Juros, Impostos e Seguros, Manutenção e Materiais na Operação dos Equipamentos",102852,"GUINDASTE SOBRE ESTEIRAS, COM LANÇA TRELIÇADA 40 M, CAPACIDADE MÁXIMA 75 T, EQUIPADO COM CLAMSHELL - DEPRECIAÇÃO. AF_04/2019","H",0]
["Depreciação, Juros, Impostos e Seguros, Manutenção e Materiais na Operação dos Equipamentos",102853,"GUINDASTE SOBRE ESTEIRAS, COM LANÇA TRELIÇADA 40 M, CAPACIDADE MÁXIMA 75 T, EQUIPADO COM CLAMSHELL - JUROS. AF_04/2019","H",0]
["Depreciação, Juros, Impostos e Seguros, Manutenção e Materiais na Operação dos Equipamentos",102854,"GUINDASTE SOBRE ESTEIRAS, COM LANÇA TRELIÇADA 40 M, CAPACIDADE MÁXIMA 75 T, EQUIPADO COM CLAMSHELL - MANUTENÇÃO. AF_04/2019","H",0]
["Depreciação, Juros, Impostos e Seguros, Manutenção e Materiais na Operação dos Equipamentos",102855,"GUINDASTE SOBRE ESTEIRAS, COM LANÇA TRELIÇADA 40 M, CAPACIDADE MÁXIMA 75 T, EQUIPADO COM CLAMSHELL - MATERIAIS NA OPERAÇÃO. AF_04/2019","H",64.900000000000006,0]
["Depreciação, Juros, Impostos e Seguros, Manutenção e Materiais na Operação dos Equipamentos",93397,"GUINDAUTO HIDRÁULICO, CAPACIDADE MÁXIMA DE CARGA 3300 KG, MOMENTO MÁXIMO DE CARGA 5,8 TM, ALCANCE MÁXIMO HORIZONTAL 7,60 M, INCLUSIVE CAMINHÃO TOCO PBT 16.000 KG, POTÊNCIA DE 189 CV - DEPRECIAÇÃO. AF_03/2016","H",24.7,0.22789999999999999]
["Depreciação, Juros, Impostos e Seguros, Manutenção e Materiais na Operação dos Equipamentos",93399,"GUINDAUTO HIDRÁULICO, CAPACIDADE MÁXIMA DE CARGA 3300 KG, MOMENTO MÁXIMO DE CARGA 5,8 TM, ALCANCE MÁXIMO HORIZONTAL 7,60 M, INCLUSIVE CAMINHÃO TOCO PBT 16.000 KG, POTÊNCIA DE 189 CV - IMPOSTOS E SEGUROS. AF_03/2016","H",3.76,0.15690000000000001]
["Depreciação, Juros, Impostos e Seguros, Manutenção e Materiais na Operação dos Equipamentos",93398,"GUINDAUTO HIDRÁULICO, CAPACIDADE MÁXIMA DE CARGA 3300 KG, MOMENTO MÁXIMO DE CARGA 5,8 TM, ALCANCE MÁXIMO HORIZONTAL 7,60 M, INCLUSIVE CAMINHÃO TOCO PBT 16.000 KG, POTÊNCIA DE 189 CV - JUROS. AF_03/2016","H",9.31,0.15790000000000001]
["Depreciação, Juros, Impostos e Seguros, Manutenção e Materiais na Operação dos Equipamentos",93400,"GUINDAUTO HIDRÁULICO, CAPACIDADE MÁXIMA DE CARGA 3300 KG, MOMENTO MÁXIMO DE CARGA 5,8 TM, ALCANCE MÁXIMO HORIZONTAL 7,60 M, INCLUSIVE CAMINHÃO TOCO PBT 16.000 KG, POTÊNCIA DE 189 CV - MANUTENÇÃO. AF_03/2016","H",42.8,0.16450000000000001]
["Depreciação, Juros, Impostos e Seguros, Manutenção e Materiais na Operação dos Equipamentos",93401,"GUINDAUTO HIDRÁULICO, CAPACIDADE MÁXIMA DE CARGA 3300 KG, MOMENTO MÁXIMO DE CARGA 5,8 TM, ALCANCE MÁXIMO HORIZONTAL 7,60 M, INCLUSIVE CAMINHÃO TOCO PBT 16.000 KG, POTÊNCIA DE 189 CV - MATERIAIS NA OPERAÇÃO. AF_03/2016","H",155.93,0]
["Depreciação, Juros, Impostos e Seguros, Manutenção e Materiais na Operação dos Equipamentos",89259,"GUINDAUTO HIDRÁULICO, CAPACIDADE MÁXIMA DE CARGA 6200 KG, MOMENTO MÁXIMO DE CARGA 11,7 TM, ALCANCE MÁXIMO HORIZONTAL 9,70 M, INCLUSIVE CAMINHÃO TOCO PBT 16.000 KG, POTÊNCIA DE 189 CV - DEPRECIAÇÃO. AF_06/2014","H",26.99,0.29339999999999999]
["Depreciação, Juros, Impostos e Seguros, Manutenção e Materiais na Operação dos Equipamentos",91466,"GUINDAUTO HIDRÁULICO, CAPACIDADE MÁXIMA DE CARGA 6200 KG, MOMENTO MÁXIMO DE CARGA 11,7 TM, ALCANCE MÁXIMO HORIZONTAL 9,70 M, INCLUSIVE CAMINHÃO TOCO PBT 16.000 KG, POTÊNCIA DE 189 CV - IMPOSTOS E SEGUROS. AF_08/2015","H",4,0.20749999999999999]
["Depreciação, Juros, Impostos e Seguros, Manutenção e Materiais na Operação dos Equipamentos",89260,"GUINDAUTO HIDRÁULICO, CAPACIDADE MÁXIMA DE CARGA 6200 KG, MOMENTO MÁXIMO DE CARGA 11,7 TM, ALCANCE MÁXIMO HORIZONTAL 9,70 M, INCLUSIVE CAMINHÃO TOCO PBT 16.000 KG, POTÊNCIA DE 189 CV - JUROS. AF_06/2014","H",9.91,0.2089]
["Depreciação, Juros, Impostos e Seguros, Manutenção e Materiais na Operação dos Equipamentos",89262,"GUINDAUTO HIDRÁULICO, CAPACIDADE MÁXIMA DE CARGA 6200 KG, MOMENTO MÁXIMO DE CARGA 11,7 TM, ALCANCE MÁXIMO HORIZONTAL 9,70 M, INCLUSIVE CAMINHÃO TOCO PBT 16.000 KG, POTÊNCIA DE 189 CV - MANUTENÇÃO. AF_06/2014","H",45.66,0.21679999999999999]
["Depreciação, Juros, Impostos e Seguros, Manutenção e Materiais na Operação dos Equipamentos",91467,"GUINDAUTO HIDRÁULICO, CAPACIDADE MÁXIMA DE CARGA 6200 KG, MOMENTO MÁXIMO DE CARGA 11,7 TM, ALCANCE MÁXIMO HORIZONTAL 9,70 M, INCLUSIVE CAMINHÃO TOCO PBT 16.000 KG, POTÊNCIA DE 189 CV - MATERIAIS NA OPERAÇÃO. AF_08/2015","H",155.93,0]
["Depreciação, Juros, Impostos e Seguros, Manutenção e Materiais na Operação dos Equipamentos",105839,"GUINDAUTO HIDRÁULICO, CAPACIDADE MÁXIMA DE CARGA 6200 KG, MOMENTO MÁXIMO DE CARGA 11,7 TM, ALCANCE MÁXIMO HORIZONTAL 9,70 M, INCLUSIVE CAMINHÃO TOCO PBT 16.000 KG, POTÊNCIA DE 189 CV E CESTA AÉREA COM ISOLAMENTO CLASSE C - DEPRECIAÇÃO. AF_01/2025","H",0]
["Depreciação, Juros, Impostos e Seguros, Manutenção e Materiais na Operação dos Equipamentos",105842,"GUINDAUTO HIDRÁULICO, CAPACIDADE MÁXIMA DE CARGA 6200 KG, MOMENTO MÁXIMO DE CARGA 11,7 TM, ALCANCE MÁXIMO HORIZONTAL 9,70 M, INCLUSIVE CAMINHÃO TOCO PBT 16.000 KG, POTÊNCIA DE 189 CV E CESTA AÉREA COM ISOLAMENTO CLASSE C - IMPOSTOS E SEGUROS. AF_01/2025","H",0]
["Depreciação, Juros, Impostos e Seguros, Manutenção e Materiais na Operação dos Equipamentos",105840,"GUINDAUTO HIDRÁULICO, CAPACIDADE MÁXIMA DE CARGA 6200 KG, MOMENTO MÁXIMO DE CARGA 11,7 TM, ALCANCE MÁXIMO HORIZONTAL 9,70 M, INCLUSIVE CAMINHÃO TOCO PBT 16.000 KG, POTÊNCIA DE 189 CV E CESTA AÉREA COM ISOLAMENTO CLASSE C - JUROS. AF_01/2025","H",0]
["Depreciação, Juros, Impostos e Seguros, Manutenção e Materiais na Operação dos Equipamentos",105841,"GUINDAUTO HIDRÁULICO, CAPACIDADE MÁXIMA DE CARGA 6200 KG, MOMENTO MÁXIMO DE CARGA 11,7 TM, ALCANCE MÁXIMO HORIZONTAL 9,70 M, INCLUSIVE CAMINHÃO TOCO PBT 16.000 KG, POTÊNCIA DE 189 CV E CESTA AÉREA COM ISOLAMENTO CLASSE C - MANUTENÇÃO. AF_01/2025","H",0]
["Depreciação, Juros, Impostos e Seguros, Manutenção e Materiais na Operação dos Equipamentos",105843,"GUINDAUTO HIDRÁULICO, CAPACIDADE MÁXIMA DE CARGA 6200 KG, MOMENTO MÁXIMO DE CARGA 11,7 TM, ALCANCE MÁXIMO HORIZONTAL 9,70 M, INCLUSIVE CAMINHÃO TOCO PBT 16.000 KG, POTÊNCIA DE 189 CV E CESTA AÉREA COM ISOLAMENTO CLASSE C - MATERIAIS NA OPERAÇÃO. AF_01/2025","H",82.06,0]
["Depreciação, Juros, Impostos e Seguros, Manutenção e Materiais na Operação dos Equipamentos",91629,"GUINDAUTO HIDRÁULICO, CAPACIDADE MÁXIMA DE CARGA 6500 KG, MOMENTO MÁXIMO DE CARGA 5,8 TM, ALCANCE MÁXIMO HORIZONTAL 7,60 M, INCLUSIVE CAMINHÃO TOCO PBT 9.700 KG, POTÊNCIA DE 160 CV - DEPRECIAÇÃO. AF_08/2015","H",21.37,0.26350000000000001]
["Depreciação, Juros, Impostos e Seguros, Manutenção e Materiais na Operação dos Equipamentos",91631,"GUINDAUTO HIDRÁULICO, CAPACIDADE MÁXIMA DE CARGA 6500 KG, MOMENTO MÁXIMO DE CARGA 5,8 TM, ALCANCE MÁXIMO HORIZONTAL 7,60 M, INCLUSIVE CAMINHÃO TOCO PBT 9.700 KG, POTÊNCIA DE 160 CV - IMPOSTOS E SEGUROS. AF_08/2015","H",3.2,0.18440000000000001]
["Depreciação, Juros, Impostos e Seguros, Manutenção e Materiais na Operação dos Equipamentos",91630,"GUINDAUTO HIDRÁULICO, CAPACIDADE MÁXIMA DE CARGA 6500 KG, MOMENTO MÁXIMO DE CARGA 5,8 TM, ALCANCE MÁXIMO HORIZONTAL 7,60 M, INCLUSIVE CAMINHÃO TOCO PBT 9.700 KG, POTÊNCIA DE 160 CV - JUROS. AF_08/2015","H",7.94,0.18509999999999999]
["Depreciação, Juros, Impostos e Seguros, Manutenção e Materiais na Operação dos Equipamentos",91632,"GUINDAUTO HIDRÁULICO, CAPACIDADE MÁXIMA DE CARGA 6500 KG, MOMENTO MÁXIMO DE CARGA 5,8 TM, ALCANCE MÁXIMO HORIZONTAL 7,60 M, INCLUSIVE CAMINHÃO TOCO PBT 9.700 KG, POTÊNCIA DE 160 CV - MANUTENÇÃO. AF_08/2015","H",36.56,0.19259999999999999]
["Depreciação, Juros, Impostos e Seguros, Manutenção e Materiais na Operação dos Equipamentos",91633,"GUINDAUTO HIDRÁULICO, CAPACIDADE MÁXIMA DE CARGA 6500 KG, MOMENTO MÁXIMO DE CARGA 5,8 TM, ALCANCE MÁXIMO HORIZONTAL 7,60 M, INCLUSIVE CAMINHÃO TOCO PBT 9.700 KG, POTÊNCIA DE 160 CV - MATERIAIS NA OPERAÇÃO. AF_08/2015","H",131.97999999999999,0]
["Depreciação, Juros, Impostos e Seguros, Manutenção e Materiais na Operação dos Equipamentos",105979,"GUINDAUTO HIDRÁULICO, CAPACIDADE MÁXIMA DE CARGA 8500 KG, MOMENTO MÁXIMO DE CARGA 30,4 TM, ALCANCE MÁXIMO HORIZONTAL 14,30 M, INCLUSIVE CAMINHÃO TRUCADO PBT 23.000 KG, POTÊNCIA DE 256 CV E CARROCERIA FIXA ABERTA DE MADEIRA - DEPRECIAÇÃO. AF_05/2025","H",43.36,0.47420000000000001]
["Depreciação, Juros, Impostos e Seguros, Manutenção e Materiais na Operação dos Equipamentos",105982,"GUINDAUTO HIDRÁULICO, CAPACIDADE MÁXIMA DE CARGA 8500 KG, MOMENTO MÁXIMO DE CARGA 30,4 TM, ALCANCE MÁXIMO HORIZONTAL 14,30 M, INCLUSIVE CAMINHÃO TRUCADO PBT 23.000 KG, POTÊNCIA DE 256 CV E CARROCERIA FIXA ABERTA DE MADEIRA - IMPOSTOS E SEGUROS. AF_05/2025","H",5.97,0.36680000000000001]
["Depreciação, Juros, Impostos e Seguros, Manutenção e Materiais na Operação dos Equipamentos",105980,"GUINDAUTO HIDRÁULICO, CAPACIDADE MÁXIMA DE CARGA 8500 KG, MOMENTO MÁXIMO DE CARGA 30,4 TM, ALCANCE MÁXIMO HORIZONTAL 14,30 M, INCLUSIVE CAMINHÃO TRUCADO PBT 23.000 KG, POTÊNCIA DE 256 CV E CARROCERIA FIXA ABERTA DE MADEIRA - JUROS. AF_05/2025","H",14.77,0.36559999999999998]
["Depreciação, Juros, Impostos e Seguros, Manutenção e Materiais na Operação dos Equipamentos",105981,"GUINDAUTO HIDRÁULICO, CAPACIDADE MÁXIMA DE CARGA 8500 KG, MOMENTO MÁXIMO DE CARGA 30,4 TM, ALCANCE MÁXIMO HORIZONTAL 14,30 M, INCLUSIVE CAMINHÃO TRUCADO PBT 23.000 KG, POTÊNCIA DE 256 CV E CARROCERIA FIXA ABERTA DE MADEIRA - MANUTENÇÃO. AF_05/2025","H",68.45,0.37559999999999999]
["Depreciação, Juros, Impostos e Seguros, Manutenção e Materiais na Operação dos Equipamentos",105983,"GUINDAUTO HIDRÁULICO, CAPACIDADE MÁXIMA DE CARGA 8500 KG, MOMENTO MÁXIMO DE CARGA 30,4 TM, ALCANCE MÁXIMO HORIZONTAL 14,30 M, INCLUSIVE CAMINHÃO TRUCADO PBT 23.000 KG, POTÊNCIA DE 256 CV E CARROCERIA FIXA ABERTA DE MADEIRA - MATERIAIS NA OPERAÇÃO. AF_05/2025","H",155.63999999999999,0]
["Depreciação, Juros, Impostos e Seguros, Manutenção e Materiais na Operação dos Equipamentos",98760,"INVERSOR DE SOLDA MONOFÁSICO DE 160 A, POTÊNCIA DE 7000 W, TENSÃO DE 220 V, TURBO VENTILADO, PROTEÇÃO POR TERMOSTATO, PARA ELETRODOS DE 2,0 A 4,0 MM - DEPRECIAÇÃO. AF_06/2018","H",0.12,0]
["Depreciação, Juros, Impostos e Seguros, Manutenção e Materiais na Operação dos Equipamentos",98761,"INVERSOR DE SOLDA MONOFÁSICO DE 160 A, POTÊNCIA DE 7000 W, TENSÃO DE 220 V, TURBO VENTILADO, PROTEÇÃO POR TERMOSTATO, PARA ELETRODOS DE 2,0 A 4,0 MM - JUROS. AF_06/2018","H",0.02,0]
["Depreciação, Juros, Impostos e Seguros, Manutenção e Materiais na Operação dos Equipamentos",98762,"INVERSOR DE SOLDA MONOFÁSICO DE 160 A, POTÊNCIA DE 7000 W, TENSÃO DE 220 V, TURBO VENTILADO, PROTEÇÃO POR TERMOSTATO, PARA ELETRODOS DE 2,0 A 4,0 MM - MANUTENÇÃO. AF_06/2018","H",0.16,0]
["Depreciação, Juros, Impostos e Seguros, Manutenção e Materiais na Operação dos Equipamentos",98763,"INVERSOR DE SOLDA MONOFÁSICO DE 160 A, POTÊNCIA DE 7000 W, TENSÃO DE 220 V, TURBO VENTILADO, PROTEÇÃO POR TERMOSTATO, PARA ELETRODOS DE 2,0 A 4,0 MM - MATERIAIS NA OPERAÇÃO. AF_06/2018","H",5.71,0]
["Depreciação, Juros, Impostos e Seguros, Manutenção e Materiais na Operação dos Equipamentos",99829,"LAVADORA DE ALTA PRESSAO (LAVA-JATO) PARA AGUA FRIA, PRESSAO DE OPERACAO ENTRE 1400 E 1900 LIB/POL2, VAZAO MAXIMA ENTRE 400 E 700 L/H - DEPRECIAÇÃO. AF_05/2023","H",0.19,0]
["Depreciação, Juros, Impostos e Seguros, Manutenção e Materiais na Operação dos Equipamentos",99830,"LAVADORA DE ALTA PRESSAO (LAVA-JATO) PARA AGUA FRIA, PRESSAO DE OPERACAO ENTRE 1400 E 1900 LIB/POL2, VAZAO MAXIMA ENTRE 400 E 700 L/H - JUROS. AF_05/2023","H",0.04,0]
["Depreciação, Juros, Impostos e Seguros, Manutenção e Materiais na Operação dos Equipamentos",99831,"LAVADORA DE ALTA PRESSAO (LAVA-JATO) PARA AGUA FRIA, PRESSAO DE OPERACAO ENTRE 1400 E 1900 LIB/POL2, VAZAO MAXIMA ENTRE 400 E 700 L/H - MANUTENÇÃO. AF_05/2023","H",0.13,0]
["Depreciação, Juros, Impostos e Seguros, Manutenção e Materiais na Operação dos Equipamentos",99832,"LAVADORA DE ALTA PRESSAO (LAVA-JATO) PARA AGUA FRIA, PRESSAO DE OPERACAO ENTRE 1400 E 1900 LIB/POL2, VAZAO MAXIMA ENTRE 400 E 700 L/H - MATERIAIS NA OPERAÇÃO. AF_05/2023","H",4.24,0]
["Depreciação, Juros, Impostos e Seguros, Manutenção e Materiais na Operação dos Equipamentos",104516,"LIXADEIRA DE PAREDE, COM LED, POTÊNCIA 750 W, FREQUÊNCIA 60 HZ, VELOCIDADE 1000 A 2100 RPM, DIÂMETRO DA LIXA 225 MM - DEPRECIAÇÃO. AF_12/2022","H",0]
["Depreciação, Juros, Impostos e Seguros, Manutenção e Materiais na Operação dos Equipamentos",104517,"LIXADEIRA DE PAREDE, COM LED, POTÊNCIA 750 W, FREQUÊNCIA 60 HZ, VELOCIDADE 1000 A 2100 RPM, DIÂMETRO DA LIXA 225 MM - JUROS. AF_12/2022","H",0]
["Depreciação, Juros, Impostos e Seguros, Manutenção e Materiais na Operação dos Equipamentos",104518,"LIXADEIRA DE PAREDE, COM LED, POTÊNCIA 750 W, FREQUÊNCIA 60 HZ, VELOCIDADE 1000 A 2100 RPM, DIÂMETRO DA LIXA 225 MM - MANUTENÇÃO. AF_12/2022","H",0]
["Depreciação, Juros, Impostos e Seguros, Manutenção e Materiais na Operação dos Equipamentos",104519,"LIXADEIRA DE PAREDE, COM LED, POTÊNCIA 750 W, FREQUÊNCIA 60 HZ, VELOCIDADE 1000 A 2100 RPM, DIÂMETRO DA LIXA 225 MM - MATERIAIS NA OPERAÇÃO. AF_12/2022","H",0.61,0]
["Depreciação, Juros, Impostos e Seguros, Manutenção e Materiais na Operação dos Equipamentos",90682,"MANIPULADOR TELESCÓPICO, POTÊNCIA DE 85 HP, CAPACIDADE DE CARGA DE 3.500 KG, ALTURA MÁXIMA DE ELEVAÇÃO DE 12,3 M - DEPRECIAÇÃO. AF_05/2023","H",39.04,1]
["Depreciação, Juros, Impostos e Seguros, Manutenção e Materiais na Operação dos Equipamentos",90683,"MANIPULADOR TELESCÓPICO, POTÊNCIA DE 85 HP, CAPACIDADE DE CARGA DE 3.500 KG, ALTURA MÁXIMA DE ELEVAÇÃO DE 12,3 M - JUROS. AF_05/2023","H",9.0299999999999994,1]
["Depreciação, Juros, Impostos e Seguros, Manutenção e Materiais na Operação dos Equipamentos",90684,"MANIPULADOR TELESCÓPICO, POTÊNCIA DE 85 HP, CAPACIDADE DE CARGA DE 3.500 KG, ALTURA MÁXIMA DE ELEVAÇÃO DE 12,3 M - MANUTENÇÃO. AF_05/2023","H",42.71,1]
["Depreciação, Juros, Impostos e Seguros, Manutenção e Materiais na Operação dos Equipamentos",90685,"MANIPULADOR TELESCÓPICO, POTÊNCIA DE 85 HP, CAPACIDADE DE CARGA DE 3.500 KG, ALTURA MÁXIMA DE ELEVAÇÃO DE 12,3 M - MATERIAIS NA OPERAÇÃO. AF_05/2023","H",56.1,0]
["Depreciação, Juros, Impostos e Seguros, Manutenção e Materiais na Operação dos Equipamentos",95114,"MARTELETE OU ROMPEDOR PNEUMÁTICO MANUAL, 28 KG, COM SILENCIADOR - DEPRECIAÇÃO. AF_07/2016","H",0.65,0]
["Depreciação, Juros, Impostos e Seguros, Manutenção e Materiais na Operação dos Equipamentos",95115,"MARTELETE OU ROMPEDOR PNEUMÁTICO MANUAL, 28 KG, COM SILENCIADOR - JUROS. AF_07/2016","H",0.15,0]
["Depreciação, Juros, Impostos e Seguros, Manutenção e Materiais na Operação dos Equipamentos",53863,"MARTELETE OU ROMPEDOR PNEUMÁTICO MANUAL, 28 KG, COM SILENCIADOR - MANUTENÇÃO. AF_07/2016","H",0.82,0]
["Depreciação, Juros, Impostos e Seguros, Manutenção e Materiais na Operação dos Equipamentos",104652,"MARTELETE PERFURADOR/ ROMPEDOR ELÉTRICO, POTÊNCIA 800 W, 220 V - DEPRECIAÇÃO. AF_05/2023","H",0]
["Depreciação, Juros, Impostos e Seguros, Manutenção e Materiais na Operação dos Equipamentos",104653,"MARTELETE PERFURADOR/ ROMPEDOR ELÉTRICO, POTÊNCIA 800 W, 220 V - JUROS. AF_05/2023","H",0]
["Depreciação, Juros, Impostos e Seguros, Manutenção e Materiais na Operação dos Equipamentos",104654,"MARTELETE PERFURADOR/ ROMPEDOR ELÉTRICO, POTÊNCIA 800 W, 220 V - MANUTENÇÃO. AF_05/2023","H",0]
["Depreciação, Juros, Impostos e Seguros, Manutenção e Materiais na Operação dos Equipamentos",104655,"MARTELETE PERFURADOR/ ROMPEDOR ELÉTRICO, POTÊNCIA 800 W, 220 V - MATERIAIS NA OPERAÇÃO. AF_05/2023","H",0.65,0]
["Depreciação, Juros, Impostos e Seguros, Manutenção e Materiais na Operação dos Equipamentos",102270,"MARTELO DEMOLIDOR ELÉTRICO, COM POTÊNCIA DE 2.000 W, 1.000 IMPACTOS POR MINUTO, PESO DE 30 KG - DEPRECIAÇÃO. AF_01/2021","H",1.1100000000000001,0]
["Depreciação, Juros, Impostos e Seguros, Manutenção e Materiais na Operação dos Equipamentos",102271,"MARTELO DEMOLIDOR ELÉTRICO, COM POTÊNCIA DE 2.000 W, 1.000 IMPACTOS POR MINUTO, PESO DE 30 KG - JUROS. AF_01/2021","H",0.25,0]
["Depreciação, Juros, Impostos e Seguros, Manutenção e Materiais na Operação dos Equipamentos",102272,"MARTELO DEMOLIDOR ELÉTRICO, COM POTÊNCIA DE 2.000 W, 1.000 IMPACTOS POR MINUTO, PESO DE 30 KG - MANUTENÇÃO. AF_01/2021","H",1.39,0]
["Depreciação, Juros, Impostos e Seguros, Manutenção e Materiais na Operação dos Equipamentos",102273,"MARTELO DEMOLIDOR ELÉTRICO, COM POTÊNCIA DE 2.000 W, 1.000 IMPACTOS POR MINUTO, PESO DE 30 KG - MATERIAIS NA OPERAÇÃO. AF_01/2021","H",1.63,0]
["Depreciação, Juros, Impostos e Seguros, Manutenção e Materiais na Operação dos Equipamentos",95255,"MARTELO DEMOLIDOR PNEUMÁTICO MANUAL, 32 KG - DEPRECIAÇÃO. AF_09/2016","H",1.33,0]
["Depreciação, Juros, Impostos e Seguros, Manutenção e Materiais na Operação dos Equipamentos",95256,"MARTELO DEMOLIDOR PNEUMÁTICO MANUAL, 32 KG - JUROS. AF_09/2016","H",0.3,0]
["Depreciação, Juros, Impostos e Seguros, Manutenção e Materiais na Operação dos Equipamentos",95257,"MARTELO DEMOLIDOR PNEUMÁTICO MANUAL, 32 KG - MANUTENÇÃO. AF_09/2016","H",1.66,0]
["Depreciação, Juros, Impostos e Seguros, Manutenção e Materiais na Operação dos Equipamentos",105913,"MARTELO PERFURADOR PNEUMÁTICO MANUAL, HASTE 19 X 108 MM, *11* KG - DEPRECIAÇÃO. AF_02/2025","H",1.1299999999999999,0]
["Depreciação, Juros, Impostos e Seguros, Manutenção e Materiais na Operação dos Equipamentos",105914,"MARTELO PERFURADOR PNEUMÁTICO MANUAL, HASTE 19 X 108 MM, *11* KG - JUROS. AF_02/2025","H",0.26,0]
["Depreciação, Juros, Impostos e Seguros, Manutenção e Materiais na Operação dos Equipamentos",105915,"MARTELO PERFURADOR PNEUMÁTICO MANUAL, HASTE 19 X 108 MM, *11* KG - MANUTENÇÃO. AF_02/2025","H",1.41,0]
["Depreciação, Juros, Impostos e Seguros, Manutenção e Materiais na Operação dos Equipamentos",103792,"MINI GUINDASTE ARANHA SOBRE ESTEIRAS E LANCA TELESCÓPICA, CAPACIDADE MÁXIMA DE CARGA 3,0 TON, RAIO MÁXIMO DE TRABALHO 8,25 M, ALTURA DE LANÇA DO SOLO 9,2 M, 55 M DE CABO DE AÇO 8 MM, MOTOR ELÉTRICO 220/380 VOLTS - MATERIAIS NA OPERAÇÃO. AF_03/2022","H",4.49,0]
["Depreciação, Juros, Impostos e Seguros, Manutenção e Materiais na Operação dos Equipamentos",103789,"MINI GUINDASTE ARANHA SOBRE ESTEIRAS E LANCA TELESCÓPICA, CAPACIDADE MÁXIMA DE CARGA 3,0 TON, RAIO MÁXIMO DE TRABALHO 8,25 M, ALTURA DE LANÇA DO SOLO 9,2 M, 55 M DE CABO DE AÇO 8 MM, MOTOR ELÉTRICO 220/380 VOLTS TRIFÁSICO - DEPRECIAÇÃO. AF_03/2022","H",0]
["Depreciação, Juros, Impostos e Seguros, Manutenção e Materiais na Operação dos Equipamentos",103790,"MINI GUINDASTE ARANHA SOBRE ESTEIRAS E LANCA TELESCÓPICA, CAPACIDADE MÁXIMA DE CARGA 3,0 TON, RAIO MÁXIMO DE TRABALHO 8,25 M, ALTURA DE LANÇA DO SOLO 9,2 M, 55 M DE CABO DE AÇO 8 MM, MOTOR ELÉTRICO 220/380 VOLTS TRIFÁSICO - JUROS. AF_03/2022","H",0]
["Depreciação, Juros, Impostos e Seguros, Manutenção e Materiais na Operação dos Equipamentos",103791,"MINI GUINDASTE ARANHA SOBRE ESTEIRAS E LANCA TELESCÓPICA, CAPACIDADE MÁXIMA DE CARGA 3,0 TON, RAIO MÁXIMO DE TRABALHO 8,25 M, ALTURA DE LANÇA DO SOLO 9,2 M, 55 M DE CABO DE AÇO 8 MM, MOTOR ELÉTRICO 220/380 VOLTS TRIFÁSICO - MANUTENÇÃO. AF_03/2022","H",0]
["Depreciação, Juros, Impostos e Seguros, Manutenção e Materiais na Operação dos Equipamentos",96054,"MINICARREGADEIRA SOBRE RODAS POTENCIA 47HP CAPACIDADE OPERACAO 646 KG, COM VASSOURA MECÂNICA ACOPLADA - DEPRECIAÇÃO. AF_03/2017","H",32.51,1]
["Depreciação, Juros, Impostos e Seguros, Manutenção e Materiais na Operação dos Equipamentos",96060,"MINICARREGADEIRA SOBRE RODAS POTENCIA 47HP CAPACIDADE OPERACAO 646 KG, COM VASSOURA MECÂNICA ACOPLADA - JUROS. AF_03/2017","H",6.66,1]
["Depreciação, Juros, Impostos e Seguros, Manutenção e Materiais na Operação dos Equipamentos",96061,"MINICARREGADEIRA SOBRE RODAS POTENCIA 47HP CAPACIDADE OPERACAO 646 KG, COM VASSOURA MECÂNICA ACOPLADA - MANUTENÇÃO. AF_03/2017","H",40.64,1]
["Depreciação, Juros, Impostos e Seguros, Manutenção e Materiais na Operação dos Equipamentos",96062,"MINICARREGADEIRA SOBRE RODAS POTENCIA 47HP CAPACIDADE OPERACAO 646 KG, COM VASSOURA MECÂNICA ACOPLADA - MATERIAIS NA OPERAÇÃO. AF_03/2017","H",39.29,0]
["Depreciação, Juros, Impostos e Seguros, Manutenção e Materiais na Operação dos Equipamentos",90688,"MINICARREGADEIRA SOBRE RODAS, POTÊNCIA LÍQUIDA DE 47 HP, CAPACIDADE NOMINAL DE OPERAÇÃO DE 646 KG - DEPRECIAÇÃO. AF_06/2015","H",28.8,1]
["Depreciação, Juros, Impostos e Seguros, Manutenção e Materiais na Operação dos Equipamentos",90689,"MINICARREGADEIRA SOBRE RODAS, POTÊNCIA LÍQUIDA DE 47 HP, CAPACIDADE NOMINAL DE OPERAÇÃO DE 646 KG - JUROS. AF_06/2015","H",5.68,1]
["Depreciação, Juros, Impostos e Seguros, Manutenção e Materiais na Operação dos Equipamentos",90690,"MINICARREGADEIRA SOBRE RODAS, POTÊNCIA LÍQUIDA DE 47 HP, CAPACIDADE NOMINAL DE OPERAÇÃO DE 646 KG - MANUTENÇÃO. AF_06/2015","H",36,1]
["Depreciação, Juros, Impostos e Seguros, Manutenção e Materiais na Operação dos Equipamentos",90691,"MINICARREGADEIRA SOBRE RODAS, POTÊNCIA LÍQUIDA DE 47 HP, CAPACIDADE NOMINAL DE OPERAÇÃO DE 646 KG - MATERIAIS NA OPERAÇÃO. AF_06/2015","H",39.29,0]
["Depreciação, Juros, Impostos e Seguros, Manutenção e Materiais na Operação dos Equipamentos",96241,"MINIESCAVADEIRA SOBRE ESTEIRAS, POTÊNCIA LÍQUIDA DE *30* HP, PESO OPERACIONAL DE *3.500* KG - DEPRECIAÇÃO. AF_04/2017","H",30.6,1]
["Depreciação, Juros, Impostos e Seguros, Manutenção e Materiais na Operação dos Equipamentos",96242,"MINIESCAVADEIRA SOBRE ESTEIRAS, POTÊNCIA LÍQUIDA DE *30* HP, PESO OPERACIONAL DE *3.500* KG - JUROS. AF_04/2017","H",8.08,1]
["Depreciação, Juros, Impostos e Seguros, Manutenção e Materiais na Operação dos Equipamentos",96243,"MINIESCAVADEIRA SOBRE ESTEIRAS, POTÊNCIA LÍQUIDA DE *30* HP, PESO OPERACIONAL DE *3.500* KG - MANUTENÇÃO. AF_04/2017","H",38.25,1]
["Depreciação, Juros, Impostos e Seguros, Manutenção e Materiais na Operação dos Equipamentos",96244,"MINIESCAVADEIRA SOBRE ESTEIRAS, POTÊNCIA LÍQUIDA DE *30* HP, PESO OPERACIONAL DE *3.500* KG - MATERIAIS NA OPERAÇÃO. AF_04/2017","H",17.16,0]
["Depreciação, Juros, Impostos e Seguros, Manutenção e Materiais na Operação dos Equipamentos",88400,"MISTURADOR DE ARGAMASSA, EIXO HORIZONTAL, CAPACIDADE DE MISTURA 160 KG, MOTOR ELÉTRICO POTÊNCIA 3 CV - DEPRECIAÇÃO. AF_05/2023","H",0.96,0]
["Depreciação, Juros, Impostos e Seguros, Manutenção e Materiais na Operação dos Equipamentos",88401,"MISTURADOR DE ARGAMASSA, EIXO HORIZONTAL, CAPACIDADE DE MISTURA 160 KG, MOTOR ELÉTRICO POTÊNCIA 3 CV - JUROS. AF_05/2023","H",0.22,0]
["Depreciação, Juros, Impostos e Seguros, Manutenção e Materiais na Operação dos Equipamentos",88402,"MISTURADOR DE ARGAMASSA, EIXO HORIZONTAL, CAPACIDADE DE MISTURA 160 KG, MOTOR ELÉTRICO POTÊNCIA 3 CV - MANUTENÇÃO. AF_05/2023","H",1.05,0]
["Depreciação, Juros, Impostos e Seguros, Manutenção e Materiais na Operação dos Equipamentos",88403,"MISTURADOR DE ARGAMASSA, EIXO HORIZONTAL, CAPACIDADE DE MISTURA 160 KG, MOTOR ELÉTRICO POTÊNCIA 3 CV - MATERIAIS NA OPERAÇÃO. AF_05/2023","H",1.8,0]
["Depreciação, Juros, Impostos e Seguros, Manutenção e Materiais na Operação dos Equipamentos",88387,"MISTURADOR DE ARGAMASSA, EIXO HORIZONTAL, CAPACIDADE DE MISTURA 300 KG, MOTOR ELÉTRICO POTÊNCIA 5 CV - DEPRECIAÇÃO. AF_05/2023","H",1.01,0]
["Depreciação, Juros, Impostos e Seguros, Manutenção e Materiais na Operação dos Equipamentos",88389,"MISTURADOR DE ARGAMASSA, EIXO HORIZONTAL, CAPACIDADE DE MISTURA 300 KG, MOTOR ELÉTRICO POTÊNCIA 5 CV - JUROS. AF_05/2023","H",0.23,0]
["Depreciação, Juros, Impostos e Seguros, Manutenção e Materiais na Operação dos Equipamentos",88390,"MISTURADOR DE ARGAMASSA, EIXO HORIZONTAL, CAPACIDADE DE MISTURA 300 KG, MOTOR ELÉTRICO POTÊNCIA 5 CV - MANUTENÇÃO. AF_05/2023","H",1.1100000000000001,0]
["Depreciação, Juros, Impostos e Seguros, Manutenção e Materiais na Operação dos Equipamentos",88391,"MISTURADOR DE ARGAMASSA, EIXO HORIZONTAL, CAPACIDADE DE MISTURA 300 KG, MOTOR ELÉTRICO POTÊNCIA 5 CV - MATERIAIS NA OPERAÇÃO. AF_05/2023","H",3,0]
["Depreciação, Juros, Impostos e Seguros, Manutenção e Materiais na Operação dos Equipamentos",88394,"MISTURADOR DE ARGAMASSA, EIXO HORIZONTAL, CAPACIDADE DE MISTURA 600 KG, MOTOR ELÉTRICO POTÊNCIA 7,5 CV - DEPRECIAÇÃO. AF_05/2023","H",1.21,0]
["Depreciação, Juros, Impostos e Seguros, Manutenção e Materiais na Operação dos Equipamentos",88395,"MISTURADOR DE ARGAMASSA, EIXO HORIZONTAL, CAPACIDADE DE MISTURA 600 KG, MOTOR ELÉTRICO POTÊNCIA 7,5 CV - JUROS. AF_05/2023","H",0.28000000000000003,0]
["Depreciação, Juros, Impostos e Seguros, Manutenção e Materiais na Operação dos Equipamentos",88396,"MISTURADOR DE ARGAMASSA, EIXO HORIZONTAL, CAPACIDADE DE MISTURA 600 KG, MOTOR ELÉTRICO POTÊNCIA 7,5 CV - MANUTENÇÃO. AF_05/2023","H",1.32,0]
["Depreciação, Juros, Impostos e Seguros, Manutenção e Materiais na Operação dos Equipamentos",88397,"MISTURADOR DE ARGAMASSA, EIXO HORIZONTAL, CAPACIDADE DE MISTURA 600 KG, MOTOR ELÉTRICO POTÊNCIA 7,5 CV - MATERIAIS NA OPERAÇÃO. AF_05/2023","H",4.5,0]
["Depreciação, Juros, Impostos e Seguros, Manutenção e Materiais na Operação dos Equipamentos",90633,"MISTURADOR DUPLO HORIZONTAL DE ALTA TURBULÊNCIA, CAPACIDADE / VOLUME 2 X 500 LITROS, MOTORES ELÉTRICOS MÍNIMO 5 CV CADA, PARA NATA CIMENTO, ARGAMASSA E OUTROS - DEPRECIAÇÃO. AF_06/2015","H",4.82,0]
["Depreciação, Juros, Impostos e Seguros, Manutenção e Materiais na Operação dos Equipamentos",90634,"MISTURADOR DUPLO HORIZONTAL DE ALTA TURBULÊNCIA, CAPACIDADE / VOLUME 2 X 500 LITROS, MOTORES ELÉTRICOS MÍNIMO 5 CV CADA, PARA NATA CIMENTO, ARGAMASSA E OUTROS - JUROS. AF_06/2015","H",1.1100000000000001,0]
["Depreciação, Juros, Impostos e Seguros, Manutenção e Materiais na Operação dos Equipamentos",90635,"MISTURADOR DUPLO HORIZONTAL DE ALTA TURBULÊNCIA, CAPACIDADE / VOLUME 2 X 500 LITROS, MOTORES ELÉTRICOS MÍNIMO 5 CV CADA, PARA NATA CIMENTO, ARGAMASSA E OUTROS - MANUTENÇÃO. AF_06/2015","H",5.27,0]
["Depreciação, Juros, Impostos e Seguros, Manutenção e Materiais na Operação dos Equipamentos",90636,"MISTURADOR DUPLO HORIZONTAL DE ALTA TURBULÊNCIA, CAPACIDADE / VOLUME 2 X 500 LITROS, MOTORES ELÉTRICOS MÍNIMO 5 CV CADA, PARA NATA CIMENTO, ARGAMASSA E OUTROS - MATERIAIS NA OPERAÇÃO. AF_06/2015","H",6,0]
["Depreciação, Juros, Impostos e Seguros, Manutenção e Materiais na Operação dos Equipamentos",103238,"MISTURADOR PARA PREPARO DE LAMA ESTABILIZANTE COM CAPACIDADE DE *4000* L, COM BOMBA CENTRÍFUGA 5,5 HP A 23,07 HP, PARA SISTEMA DE FURO DIRECIONAL - DEPRECIAÇÃO. AF_05/2023","H",0]
["Depreciação, Juros, Impostos e Seguros, Manutenção e Materiais na Operação dos Equipamentos",103239,"MISTURADOR PARA PREPARO DE LAMA ESTABILIZANTE COM CAPACIDADE DE *4000* L, COM BOMBA CENTRÍFUGA 5,5 HP A 23,07 HP, PARA SISTEMA DE FURO DIRECIONAL - JUROS. AF_05/2023","H",0]
["Depreciação, Juros, Impostos e Seguros, Manutenção e Materiais na Operação dos Equipamentos",103240,"MISTURADOR PARA PREPARO DE LAMA ESTABILIZANTE COM CAPACIDADE DE *4000* L, COM BOMBA CENTRÍFUGA 5,5 HP A 23,07 HP, PARA SISTEMA DE FURO DIRECIONAL - MANUTENÇÃO. AF_05/2023","H",0]
["Depreciação, Juros, Impostos e Seguros, Manutenção e Materiais na Operação dos Equipamentos",103241,"MISTURADOR PARA PREPARO DE LAMA ESTABILIZANTE COM CAPACIDADE DE *4000* L, COM BOMBA CENTRÍFUGA 5,5 HP A 23,07 HP, PARA SISTEMA DE FURO DIRECIONAL - MATERIAIS NA OPERAÇÃO. AF_05/2023","H",11.26,0]
["Depreciação, Juros, Impostos e Seguros, Manutenção e Materiais na Operação dos Equipamentos",88853,"MOTOBOMBA CENTRÍFUGA, MOTOR A GASOLINA, POTÊNCIA 5,42 HP, BOCAIS 1 1/2\" X 1\", DIÂMETRO ROTOR 143 MM HM/Q = 6 MCA / 16,8 M3/H A 38 MCA / 6,6 M3/H - DEPRECIAÇÃO. AF_06/2014","H",0.22,0]
["Depreciação, Juros, Impostos e Seguros, Manutenção e Materiais na Operação dos Equipamentos",88854,"MOTOBOMBA CENTRÍFUGA, MOTOR A GASOLINA, POTÊNCIA 5,42 HP, BOCAIS 1 1/2\" X 1\", DIÂMETRO ROTOR 143 MM HM/Q = 6 MCA / 16,8 M3/H A 38 MCA / 6,6 M3/H - JUROS. AF_06/2014","H",0.05,0]
["Depreciação, Juros, Impostos e Seguros, Manutenção e Materiais na Operação dos Equipamentos",5692,"MOTOBOMBA CENTRÍFUGA, MOTOR A GASOLINA, POTÊNCIA 5,42 HP, BOCAIS 1 1/2\" X 1\", DIÂMETRO ROTOR 143 MM HM/Q = 6 MCA / 16,8 M3/H A 38 MCA / 6,6 M3/H - MANUTENÇÃO. AF_06/2014","H",0.24,0]
["Depreciação, Juros, Impostos e Seguros, Manutenção e Materiais na Operação dos Equipamentos",5693,"MOTOBOMBA CENTRÍFUGA, MOTOR A GASOLINA, POTÊNCIA 5,42 HP, BOCAIS 1 1/2\" X 1\", DIÂMETRO ROTOR 143 MM HM/Q = 6 MCA / 16,8 M3/H A 38 MCA / 6,6 M3/H - MATERIAIS NA OPERAÇÃO. AF_06/2014","H",20.43,0]
["Depreciação, Juros, Impostos e Seguros, Manutenção e Materiais na Operação dos Equipamentos",7044,"MOTOBOMBA TRASH (PARA ÁGUA SUJA) AUTO ESCORVANTE, MOTOR GASOLINA DE 6,41 HP, DIÂMETROS DE SUCÇÃO X RECALQUE: 3\" X 3\", HM/Q = 10 MCA / 60 M3/H A 23 MCA / 0 M3/H - DEPRECIAÇÃO. AF_10/2014","H",0.27,0]
["Depreciação, Juros, Impostos e Seguros, Manutenção e Materiais na Operação dos Equipamentos",7045,"MOTOBOMBA TRASH (PARA ÁGUA SUJA) AUTO ESCORVANTE, MOTOR GASOLINA DE 6,41 HP, DIÂMETROS DE SUCÇÃO X RECALQUE: 3\" X 3\", HM/Q = 10 MCA / 60 M3/H A 23 MCA / 0 M3/H - JUROS. AF_10/2014","H",0.06,0]
["Depreciação, Juros, Impostos e Seguros, Manutenção e Materiais na Operação dos Equipamentos",7046,"MOTOBOMBA TRASH (PARA ÁGUA SUJA) AUTO ESCORVANTE, MOTOR GASOLINA DE 6,41 HP, DIÂMETROS DE SUCÇÃO X RECALQUE: 3\" X 3\", HM/Q = 10 MCA / 60 M3/H A 23 MCA / 0 M3/H - MANUTENÇÃO. AF_10/2014","H",0.3,0]
["Depreciação, Juros, Impostos e Seguros, Manutenção e Materiais na Operação dos Equipamentos",7047,"MOTOBOMBA TRASH (PARA ÁGUA SUJA) AUTO ESCORVANTE, MOTOR GASOLINA DE 6,41 HP, DIÂMETROS DE SUCÇÃO X RECALQUE: 3\" X 3\", HM/Q = 10 MCA / 60 M3/H A 23 MCA / 0 M3/H - MATERIAIS NA OPERAÇÃO. AF_10/2014","H",24.11,0]
["Depreciação, Juros, Impostos e Seguros, Manutenção e Materiais na Operação dos Equipamentos",89228,"MOTONIVELADORA POTÊNCIA BÁSICA LÍQUIDA (PRIMEIRA MARCHA) 125 HP, PESO BRUTO 13032 KG, LARGURA DA LÂMINA DE 3,7 M - DEPRECIAÇÃO. AF_06/2014","H",46.8,1]
["Depreciação, Juros, Impostos e Seguros, Manutenção e Materiais na Operação dos Equipamentos",89229,"MOTONIVELADORA POTÊNCIA BÁSICA LÍQUIDA (PRIMEIRA MARCHA) 125 HP, PESO BRUTO 13032 KG, LARGURA DA LÂMINA DE 3,7 M - JUROS. AF_06/2014","H",16.489999999999998,1]
["Depreciação, Juros, Impostos e Seguros, Manutenção e Materiais na Operação dos Equipamentos",5779,"MOTONIVELADORA POTÊNCIA BÁSICA LÍQUIDA (PRIMEIRA MARCHA) 125 HP, PESO BRUTO 13032 KG, LARGURA DA LÂMINA DE 3,7 M - MANUTENÇÃO. AF_06/2014","H",75.23,1]
["Depreciação, Juros, Impostos e Seguros, Manutenção e Materiais na Operação dos Equipamentos",53849,"MOTONIVELADORA POTÊNCIA BÁSICA LÍQUIDA (PRIMEIRA MARCHA) 125 HP, PESO BRUTO 13032 KG, LARGURA DA LÂMINA DE 3,7 M - MATERIAIS NA OPERAÇÃO. AF_06/2014","H",82.54,0]
["Depreciação, Juros, Impostos e Seguros, Manutenção e Materiais na Operação dos Equipamentos",95129,"MÁQUINA DEMARCADORA DE FAIXA DE TRÁFEGO À FRIO, AUTOPROPELIDA, POTÊNCIA 38 HP - DEPRECIAÇÃO. AF_07/2016","H",57.97,1]
["Depreciação, Juros, Impostos e Seguros, Manutenção e Materiais na Operação dos Equipamentos",95130,"MÁQUINA DEMARCADORA DE FAIXA DE TRÁFEGO À FRIO, AUTOPROPELIDA, POTÊNCIA 38 HP - JUROS. AF_07/2016","H",21.02,1]
["Depreciação, Juros, Impostos e Seguros, Manutenção e Materiais na Operação dos Equipamentos",95131,"MÁQUINA DEMARCADORA DE FAIXA DE TRÁFEGO À FRIO, AUTOPROPELIDA, POTÊNCIA 38 HP - MANUTENÇÃO. AF_07/2016","H",68.239999999999995,1]
["Depreciação, Juros, Impostos e Seguros, Manutenção e Materiais na Operação dos Equipamentos",95132,"MÁQUINA DEMARCADORA DE FAIXA DE TRÁFEGO À FRIO, AUTOPROPELIDA, POTÊNCIA 38 HP - MATERIAIS NA OPERAÇÃO. AF_07/2016","H",31.8,0]
["Depreciação, Juros, Impostos e Seguros, Manutenção e Materiais na Operação dos Equipamentos",102982,"MÁQUINA DEMARCADORA DE FAIXA DE TRÁFEGO À FRIO, TRAÇÃO MANUAL, 4 CV, PRESSÃO MAX 3300 PSI, TANQUE 20 L - DEPRECIAÇÃO. AF_06/2021","H",0]
["Depreciação, Juros, Impostos e Seguros, Manutenção e Materiais na Operação dos Equipamentos",102983,"MÁQUINA DEMARCADORA DE FAIXA DE TRÁFEGO À FRIO, TRAÇÃO MANUAL, 4 CV, PRESSÃO MAX 3300 PSI, TANQUE 20 L - JUROS. AF_06/2021","H",0]
["Depreciação, Juros, Impostos e Seguros, Manutenção e Materiais na Operação dos Equipamentos",102984,"MÁQUINA DEMARCADORA DE FAIXA DE TRÁFEGO À FRIO, TRAÇÃO MANUAL, 4 CV, PRESSÃO MAX 3300 PSI, TANQUE 20 L - MANUTENÇÃO. AF_06/2021","H",0]
["Depreciação, Juros, Impostos e Seguros, Manutenção e Materiais na Operação dos Equipamentos",102985,"MÁQUINA DEMARCADORA DE FAIXA DE TRÁFEGO À FRIO, TRAÇÃO MANUAL, 4 CV, PRESSÃO MAX 3300 PSI, TANQUE 20 L - MATERIAIS NA OPERAÇÃO. AF_06/2021","H",14.75,0]
["Depreciação, Juros, Impostos e Seguros, Manutenção e Materiais na Operação dos Equipamentos",92956,"MÁQUINA EXTRUSORA DE CONCRETO PARA GUIAS E SARJETAS, MOTOR A DIESEL, POTÊNCIA 14 CV - DEPRECIAÇÃO. AF_12/2015","H",4.37,1]
["Depreciação, Juros, Impostos e Seguros, Manutenção e Materiais na Operação dos Equipamentos",92957,"MÁQUINA EXTRUSORA DE CONCRETO PARA GUIAS E SARJETAS, MOTOR A DIESEL, POTÊNCIA 14 CV - JUROS. AF_12/2015","H",1.01,1]
["Depreciação, Juros, Impostos e Seguros, Manutenção e Materiais na Operação dos Equipamentos",92958,"MÁQUINA EXTRUSORA DE CONCRETO PARA GUIAS E SARJETAS, MOTOR A DIESEL, POTÊNCIA 14 CV - MANUTENÇÃO. AF_12/2015","H",4.79,1]
["Depreciação, Juros, Impostos e Seguros, Manutenção e Materiais na Operação dos Equipamentos",92959,"MÁQUINA EXTRUSORA DE CONCRETO PARA GUIAS E SARJETAS, MOTOR A DIESEL, POTÊNCIA 14 CV - MATERIAIS NA OPERAÇÃO. AF_12/2015","H",9.14,0]
["Depreciação, Juros, Impostos e Seguros, Manutenção e Materiais na Operação dos Equipamentos",102858,"MÁQUINA FORMER DOBRAS DIVERSAS: 220V/380V TRIFÁSICO OU MONOFÁSICO, CAPACIDADE 0,5-1,27MM, MOTOR 2CV - DEPRECIAÇÃO. AF_05/2023","H",0]
["Depreciação, Juros, Impostos e Seguros, Manutenção e Materiais na Operação dos Equipamentos",102859,"MÁQUINA FORMER DOBRAS DIVERSAS: 220V/380V TRIFÁSICO OU MONOFÁSICO, CAPACIDADE 0,5-1,27MM, MOTOR 2CV - JUROS. AF_05/2023","H",0]
["Depreciação, Juros, Impostos e Seguros, Manutenção e Materiais na Operação dos Equipamentos",102860,"MÁQUINA FORMER DOBRAS DIVERSAS: 220V/380V TRIFÁSICO OU MONOFÁSICO, CAPACIDADE 0,5-1,27MM, MOTOR 2CV - MANUTENÇÃO. AF_05/2023","H",0]
["Depreciação, Juros, Impostos e Seguros, Manutenção e Materiais na Operação dos Equipamentos",102861,"MÁQUINA FORMER DOBRAS DIVERSAS: 220V/380V TRIFÁSICO OU MONOFÁSICO, CAPACIDADE 0,5-1,27MM, MOTOR 2CV - MATERIAIS NA OPERAÇÃO. AF_05/2023","H",1.2,0]
["Depreciação, Juros, Impostos e Seguros, Manutenção e Materiais na Operação dos Equipamentos",93404,"MÁQUINA JATO DE PRESSAO PORTÁTIL, CAMARA DE 1 SAIDA, CAPACIDADE 280 L, DIAMETRO 670 MM, BICO DE JATO CURTO VENTURI DE 5/16\", MANGUEIRA DE 1\" COM COMPRESSOR DE AR REBOCÁVEL 189 PCM E MOTOR DIESEL 63 CV - DEPRECIAÇÃO. AF_05/2023","H",7.75,1]
["Depreciação, Juros, Impostos e Seguros, Manutenção e Materiais na Operação dos Equipamentos",93405,"MÁQUINA JATO DE PRESSAO PORTÁTIL, CAMARA DE 1 SAIDA, CAPACIDADE 280 L, DIAMETRO 670 MM, BICO DE JATO CURTO VENTURI DE 5/16\", MANGUEIRA DE 1\" COM COMPRESSOR DE AR REBOCÁVEL 189 PCM E MOTOR DIESEL 63 CV - JUROS. AF_05/2023","H",1.98,1]
["Depreciação, Juros, Impostos e Seguros, Manutenção e Materiais na Operação dos Equipamentos",93406,"MÁQUINA JATO DE PRESSAO PORTÁTIL, CAMARA DE 1 SAIDA, CAPACIDADE 280 L, DIAMETRO 670 MM, BICO DE JATO CURTO VENTURI DE 5/16\", MANGUEIRA DE 1\" COM COMPRESSOR DE AR REBOCÁVEL 189 PCM E MOTOR DIESEL 63 CV - MANUTENÇÃO. AF_05/2023","H",9.3000000000000007,1]
["Depreciação, Juros, Impostos e Seguros, Manutenção e Materiais na Operação dos Equipamentos",93407,"MÁQUINA JATO DE PRESSAO PORTÁTIL, CAMARA DE 1 SAIDA, CAPACIDADE 280 L, DIAMETRO 670 MM, BICO DE JATO CURTO VENTURI DE 5/16\", MANGUEIRA DE 1\" COM COMPRESSOR DE AR REBOCÁVEL 189 PCM E MOTOR DIESEL 63 CV - MATERIAIS NA OPERAÇÃO. AF_05/2023","H",46.49,0]
["Depreciação, Juros, Impostos e Seguros, Manutenção e Materiais na Operação dos Equipamentos",102936,"MÁQUINA METALEIRA UNIVERSAL MODELO IW 110/180 BTD - DEPRECIAÇÃO. AF_05/2023","H",0]
["Depreciação, Juros, Impostos e Seguros, Manutenção e Materiais na Operação dos Equipamentos",102937,"MÁQUINA METALEIRA UNIVERSAL MODELO IW 110/180 BTD - JUROS. AF_05/2023","H",0]
["Depreciação, Juros, Impostos e Seguros, Manutenção e Materiais na Operação dos Equipamentos",102938,"MÁQUINA METALEIRA UNIVERSAL MODELO IW 110/180 BTD - MANUTENÇÃO. AF_05/2023","H",0]
["Depreciação, Juros, Impostos e Seguros, Manutenção e Materiais na Operação dos Equipamentos",102939,"MÁQUINA METALEIRA UNIVERSAL MODELO IW 110/180 BTD - MATERIAIS NA OPERAÇÃO. AF_05/2023","H",8.9700000000000006,0]
["Depreciação, Juros, Impostos e Seguros, Manutenção e Materiais na Operação dos Equipamentos",103159,"MÁQUINA PARA SOLDA POR ELETROFUSÃO PARA TUBOS DE POLIETILENO DE ALTA DENSIDADE (PEAD) COM DIÂMETRO EXTERNO DE 20 A 1600 MM, POTÊNCIA DE 3500 W - DEPRECIAÇÃO. AF_05/2023","H",0]
["Depreciação, Juros, Impostos e Seguros, Manutenção e Materiais na Operação dos Equipamentos",103160,"MÁQUINA PARA SOLDA POR ELETROFUSÃO PARA TUBOS DE POLIETILENO DE ALTA DENSIDADE (PEAD) COM DIÂMETRO EXTERNO DE 20 A 1600 MM, POTÊNCIA DE 3500 W - JUROS. AF_05/2023","H",0]
["Depreciação, Juros, Impostos e Seguros, Manutenção e Materiais na Operação dos Equipamentos",103161,"MÁQUINA PARA SOLDA POR ELETROFUSÃO PARA TUBOS DE POLIETILENO DE ALTA DENSIDADE (PEAD) COM DIÂMETRO EXTERNO DE 20 A 1600 MM, POTÊNCIA DE 3500 W - MANUTENÇÃO. AF_05/2023","H",0]
["Depreciação, Juros, Impostos e Seguros, Manutenção e Materiais na Operação dos Equipamentos",103162,"MÁQUINA PARA SOLDA POR ELETROFUSÃO PARA TUBOS DE POLIETILENO DE ALTA DENSIDADE (PEAD) COM DIÂMETRO EXTERNO DE 20 A 1600 MM, POTÊNCIA DE 3500 W - MATERIAIS NA OPERAÇÃO. AF_05/2023","H",0.64,0]
["Depreciação, Juros, Impostos e Seguros, Manutenção e Materiais na Operação dos Equipamentos",103153,"MÁQUINA PARA SOLDA POR ELETROFUSÃO PARA TUBOS DE POLIETILENO DE ALTA DENSIDADE (PEAD) COM DIÂMETRO EXTERNO DE 20 A 800 MM, POTÊNCIA ENTRE 2750 E 3000 W - DEPRECIAÇÃO. AF_05/2023","H",0]
["Depreciação, Juros, Impostos e Seguros, Manutenção e Materiais na Operação dos Equipamentos",103154,"MÁQUINA PARA SOLDA POR ELETROFUSÃO PARA TUBOS DE POLIETILENO DE ALTA DENSIDADE (PEAD) COM DIÂMETRO EXTERNO DE 20 A 800 MM, POTÊNCIA ENTRE 2750 E 3000 W - JUROS. AF_05/2023","H",0]
["Depreciação, Juros, Impostos e Seguros, Manutenção e Materiais na Operação dos Equipamentos",103155,"MÁQUINA PARA SOLDA POR ELETROFUSÃO PARA TUBOS DE POLIETILENO DE ALTA DENSIDADE (PEAD) COM DIÂMETRO EXTERNO DE 20 A 800 MM, POTÊNCIA ENTRE 2750 E 3000 W - MANUTENÇÃO. AF_05/2023","H",0]
["Depreciação, Juros, Impostos e Seguros, Manutenção e Materiais na Operação dos Equipamentos",103156,"MÁQUINA PARA SOLDA POR ELETROFUSÃO PARA TUBOS DE POLIETILENO DE ALTA DENSIDADE (PEAD) COM DIÂMETRO EXTERNO DE 20 A 800 MM, POTÊNCIA ENTRE 2750 E 3000 W - MATERIAIS NA OPERAÇÃO. AF_05/2023","H",2.2799999999999998,0]
["Depreciação, Juros, Impostos e Seguros, Manutenção e Materiais na Operação dos Equipamentos",103171,"MÁQUINA PARA SOLDA POR TERMOFUSÃO PARA TUBOS DE POLIETILENO DE ALTA DENSIDADE (PEAD) COM DIÂMETRO EXTERNO DE 315 A 630 MM, POTÊNCIA ENTRE 8000 E 12350 W - DEPRECIAÇÃO. AF_05/2023","H",0]
["Depreciação, Juros, Impostos e Seguros, Manutenção e Materiais na Operação dos Equipamentos",103172,"MÁQUINA PARA SOLDA POR TERMOFUSÃO PARA TUBOS DE POLIETILENO DE ALTA DENSIDADE (PEAD) COM DIÂMETRO EXTERNO DE 315 A 630 MM, POTÊNCIA ENTRE 8000 E 12350 W - JUROS. AF_05/2023","H",0]
["Depreciação, Juros, Impostos e Seguros, Manutenção e Materiais na Operação dos Equipamentos",103173,"MÁQUINA PARA SOLDA POR TERMOFUSÃO PARA TUBOS DE POLIETILENO DE ALTA DENSIDADE (PEAD) COM DIÂMETRO EXTERNO DE 315 A 630 MM, POTÊNCIA ENTRE 8000 E 12350 W - MANUTENÇÃO. AF_05/2023","H",0]
["Depreciação, Juros, Impostos e Seguros, Manutenção e Materiais na Operação dos Equipamentos",103174,"MÁQUINA PARA SOLDA POR TERMOFUSÃO PARA TUBOS DE POLIETILENO DE ALTA DENSIDADE (PEAD) COM DIÂMETRO EXTERNO DE 315 A 630 MM, POTÊNCIA ENTRE 8000 E 12350 W - MATERIAIS NA OPERAÇÃO. AF_05/2023","H",1.82,0]
["Depreciação, Juros, Impostos e Seguros, Manutenção e Materiais na Operação dos Equipamentos",103177,"MÁQUINA PARA SOLDA POR TERMOFUSÃO PARA TUBOS DE POLIETILENO DE ALTA DENSIDADE (PEAD) COM DIÂMETRO EXTERNO DE 710 A 1200 MM, POTÊNCIA ENTRE 16000 E 29500 W - DEPRECIAÇÃO. AF_05/2023","H",0]
["Depreciação, Juros, Impostos e Seguros, Manutenção e Materiais na Operação dos Equipamentos",103178,"MÁQUINA PARA SOLDA POR TERMOFUSÃO PARA TUBOS DE POLIETILENO DE ALTA DENSIDADE (PEAD) COM DIÂMETRO EXTERNO DE 710 A 1200 MM, POTÊNCIA ENTRE 16000 E 29500 W - JUROS. AF_05/2023","H",0]
["Depreciação, Juros, Impostos e Seguros, Manutenção e Materiais na Operação dos Equipamentos",103179,"MÁQUINA PARA SOLDA POR TERMOFUSÃO PARA TUBOS DE POLIETILENO DE ALTA DENSIDADE (PEAD) COM DIÂMETRO EXTERNO DE 710 A 1200 MM, POTÊNCIA ENTRE 16000 E 29500 W - MANUTENÇÃO. AF_05/2023","H",0]
["Depreciação, Juros, Impostos e Seguros, Manutenção e Materiais na Operação dos Equipamentos",103180,"MÁQUINA PARA SOLDA POR TERMOFUSÃO PARA TUBOS DE POLIETILENO DE ALTA DENSIDADE (PEAD) COM DIÂMETRO EXTERNO DE 710 A 1200 MM, POTÊNCIA ENTRE 16000 E 29500 W - MATERIAIS NA OPERAÇÃO. AF_05/2023","H",4.1900000000000004,0]
["Depreciação, Juros, Impostos e Seguros, Manutenção e Materiais na Operação dos Equipamentos",103165,"MÁQUINA PARA SOLDA POR TERMOFUSÃO PARA TUBOS DE POLIETILENO DE ALTA DENSIDADE (PEAD) COM DIÂMETRO EXTERNO DE 90 A 315 MM, POTÊNCIA ENTRE 2500 E 5350 W - DEPRECIAÇÃO. AF_05/2023","H",0]
["Depreciação, Juros, Impostos e Seguros, Manutenção e Materiais na Operação dos Equipamentos",103166,"MÁQUINA PARA SOLDA POR TERMOFUSÃO PARA TUBOS DE POLIETILENO DE ALTA DENSIDADE (PEAD) COM DIÂMETRO EXTERNO DE 90 A 315 MM, POTÊNCIA ENTRE 2500 E 5350 W - JUROS. AF_05/2023","H",0]
["Depreciação, Juros, Impostos e Seguros, Manutenção e Materiais na Operação dos Equipamentos",103167,"MÁQUINA PARA SOLDA POR TERMOFUSÃO PARA TUBOS DE POLIETILENO DE ALTA DENSIDADE (PEAD) COM DIÂMETRO EXTERNO DE 90 A 315 MM, POTÊNCIA ENTRE 2500 E 5350 W - MANUTENÇÃO. AF_05/2023","H",0]
["Depreciação, Juros, Impostos e Seguros, Manutenção e Materiais na Operação dos Equipamentos",103168,"MÁQUINA PARA SOLDA POR TERMOFUSÃO PARA TUBOS DE POLIETILENO DE ALTA DENSIDADE (PEAD) COM DIÂMETRO EXTERNO DE 90 A 315 MM, POTÊNCIA ENTRE 2500 E 5350 W - MATERIAIS NA OPERAÇÃO. AF_05/2023","H",0.72,0]
["Depreciação, Juros, Impostos e Seguros, Manutenção e Materiais na Operação dos Equipamentos",102864,"MÁQUINA SOLDA ARCO COM PISTOLA DE SOLDAGEM PARA STUD BOLT DE 5 MM A 22 MM - DEPRECIAÇÃO. AF_05/2023","H",0]
["Depreciação, Juros, Impostos e Seguros, Manutenção e Materiais na Operação dos Equipamentos",102865,"MÁQUINA SOLDA ARCO COM PISTOLA DE SOLDAGEM PARA STUD BOLT DE 5 MM A 22 MM - JUROS. AF_05/2023","H",0]
["Depreciação, Juros, Impostos e Seguros, Manutenção e Materiais na Operação dos Equipamentos",102866,"MÁQUINA SOLDA ARCO COM PISTOLA DE SOLDAGEM PARA STUD BOLT DE 5 MM A 22 MM - MANUTENÇÃO. AF_05/2023","H",0]
["Depreciação, Juros, Impostos e Seguros, Manutenção e Materiais na Operação dos Equipamentos",102867,"MÁQUINA SOLDA ARCO COM PISTOLA DE SOLDAGEM PARA STUD BOLT DE 5 MM A 22 MM - MATERIAIS NA OPERAÇÃO. AF_05/2023","H",0.65,0]
["Depreciação, Juros, Impostos e Seguros, Manutenção e Materiais na Operação dos Equipamentos",92108,"PENEIRA ROTATIVA COM MOTOR ELÉTRICO TRIFÁSICO DE 2 CV, CILINDRO DE 1 M X 0,60 M, COM FUROS DE 3,17 MM - DEPRECIAÇÃO. AF_05/2023","H",1.1200000000000001,0]
["Depreciação, Juros, Impostos e Seguros, Manutenção e Materiais na Operação dos Equipamentos",92109,"PENEIRA ROTATIVA COM MOTOR ELÉTRICO TRIFÁSICO DE 2 CV, CILINDRO DE 1 M X 0,60 M, COM FUROS DE 3,17 MM - JUROS. AF_05/2023","H",0.26,0]
["Depreciação, Juros, Impostos e Seguros, Manutenção e Materiais na Operação dos Equipamentos",92110,"PENEIRA ROTATIVA COM MOTOR ELÉTRICO TRIFÁSICO DE 2 CV, CILINDRO DE 1 M X 0,60 M, COM FUROS DE 3,17 MM - MANUTENÇÃO. AF_05/2023","H",1.41,0]
["Depreciação, Juros, Impostos e Seguros, Manutenção e Materiais na Operação dos Equipamentos",92111,"PENEIRA ROTATIVA COM MOTOR ELÉTRICO TRIFÁSICO DE 2 CV, CILINDRO DE 1 M X 0,60 M, COM FUROS DE 3,17 MM - MATERIAIS NA OPERAÇÃO. AF_05/2023","H",1.2,0]
["Depreciação, Juros, Impostos e Seguros, Manutenção e Materiais na Operação dos Equipamentos",90670,"PERFURATRIZ COM TORRE METÁLICA PARA EXECUÇÃO DE ESTACA HÉLICE CONTÍNUA, PROFUNDIDADE MÁXIMA DE 30 M, DIÂMETRO MÁXIMO DE 800 MM, POTÊNCIA INSTALADA DE 268 HP, MESA ROTATIVA COM TORQUE MÁXIMO DE 170 KNM - DEPRECIAÇÃO. AF_06/2015","H",246.56,1]
["Depreciação, Juros, Impostos e Seguros, Manutenção e Materiais na Operação dos Equipamentos",90671,"PERFURATRIZ COM TORRE METÁLICA PARA EXECUÇÃO DE ESTACA HÉLICE CONTÍNUA, PROFUNDIDADE MÁXIMA DE 30 M, DIÂMETRO MÁXIMO DE 800 MM, POTÊNCIA INSTALADA DE 268 HP, MESA ROTATIVA COM TORQUE MÁXIMO DE 170 KNM - JUROS. AF_06/2015","H",66.150000000000006,1]
["Depreciação, Juros, Impostos e Seguros, Manutenção e Materiais na Operação dos Equipamentos",90672,"PERFURATRIZ COM TORRE METÁLICA PARA EXECUÇÃO DE ESTACA HÉLICE CONTÍNUA, PROFUNDIDADE MÁXIMA DE 30 M, DIÂMETRO MÁXIMO DE 800 MM, POTÊNCIA INSTALADA DE 268 HP, MESA ROTATIVA COM TORQUE MÁXIMO DE 170 KNM - MANUTENÇÃO. AF_06/2015","H",308.55,1]
["Depreciação, Juros, Impostos e Seguros, Manutenção e Materiais na Operação dos Equipamentos",90673,"PERFURATRIZ COM TORRE METÁLICA PARA EXECUÇÃO DE ESTACA HÉLICE CONTÍNUA, PROFUNDIDADE MÁXIMA DE 30 M, DIÂMETRO MÁXIMO DE 800 MM, POTÊNCIA INSTALADA DE 268 HP, MESA ROTATIVA COM TORQUE MÁXIMO DE 170 KNM - MATERIAIS NA OPERAÇÃO. AF_06/2015","H",117.94,0]
["Depreciação, Juros, Impostos e Seguros, Manutenção e Materiais na Operação dos Equipamentos",93220,"PERFURATRIZ COM TORRE METÁLICA PARA EXECUÇÃO DE ESTACA HÉLICE CONTÍNUA, PROFUNDIDADE MÁXIMA DE 32 M, DIÂMETRO MÁXIMO DE 1000 MM, POTÊNCIA INSTALADA DE 350 HP, MESA ROTATIVA COM TORQUE MÁXIMO DE 263 KNM - DEPRECIAÇÃO. AF_01/2016","H",378.06,1]
["Depreciação, Juros, Impostos e Seguros, Manutenção e Materiais na Operação dos Equipamentos",93221,"PERFURATRIZ COM TORRE METÁLICA PARA EXECUÇÃO DE ESTACA HÉLICE CONTÍNUA, PROFUNDIDADE MÁXIMA DE 32 M, DIÂMETRO MÁXIMO DE 1000 MM, POTÊNCIA INSTALADA DE 350 HP, MESA ROTATIVA COM TORQUE MÁXIMO DE 263 KNM - JUROS. AF_01/2016","H",101.43,1]
["Depreciação, Juros, Impostos e Seguros, Manutenção e Materiais na Operação dos Equipamentos",93222,"PERFURATRIZ COM TORRE METÁLICA PARA EXECUÇÃO DE ESTACA HÉLICE CONTÍNUA, PROFUNDIDADE MÁXIMA DE 32 M, DIÂMETRO MÁXIMO DE 1000 MM, POTÊNCIA INSTALADA DE 350 HP, MESA ROTATIVA COM TORQUE MÁXIMO DE 263 KNM - MANUTENÇÃO. AF_01/2016","H",473.11,1]
["Depreciação, Juros, Impostos e Seguros, Manutenção e Materiais na Operação dos Equipamentos",93223,"PERFURATRIZ COM TORRE METÁLICA PARA EXECUÇÃO DE ESTACA HÉLICE CONTÍNUA, PROFUNDIDADE MÁXIMA DE 32 M, DIÂMETRO MÁXIMO DE 1000 MM, POTÊNCIA INSTALADA DE 350 HP, MESA ROTATIVA COM TORQUE MÁXIMO DE 263 KNM - MATERIAIS NA OPERAÇÃO. AF_01/2016","H",154.04,0]
["Depreciação, Juros, Impostos e Seguros, Manutenção e Materiais na Operação dos Equipamentos",104691,"PERFURATRIZ DE COROA DIAMANTADA PARA CONCRETO, DIÂMETRO ATÉ 250 MM, MOTOR ELÉTRICO 220 V, POTÊNCIA 2.500 W - DEPRECIAÇÃO. AF_05/2023","H",0.98,1]
["Depreciação, Juros, Impostos e Seguros, Manutenção e Materiais na Operação dos Equipamentos",104692,"PERFURATRIZ DE COROA DIAMANTADA PARA CONCRETO, DIÂMETRO ATÉ 250 MM, MOTOR ELÉTRICO 220 V, POTÊNCIA 2.500 W - JUROS. AF_05/2023","H",0.22,1]
["Depreciação, Juros, Impostos e Seguros, Manutenção e Materiais na Operação dos Equipamentos",104693,"PERFURATRIZ DE COROA DIAMANTADA PARA CONCRETO, DIÂMETRO ATÉ 250 MM, MOTOR ELÉTRICO 220 V, POTÊNCIA 2.500 W - MANUTENÇÃO. AF_05/2023","H",1.22,1]
["Depreciação, Juros, Impostos e Seguros, Manutenção e Materiais na Operação dos Equipamentos",104694,"PERFURATRIZ DE COROA DIAMANTADA PARA CONCRETO, DIÂMETRO ATÉ 250 MM, MOTOR ELÉTRICO 220 V, POTÊNCIA 2.500 W - MATERIAIS NA OPERAÇÃO. AF_05/2023","H",2.04,0]
["Depreciação, Juros, Impostos e Seguros, Manutenção e Materiais na Operação dos Equipamentos",90676,"PERFURATRIZ HIDRÁULICA SOBRE CAMINHÃO COM TRADO CURTO ACOPLADO, PROFUNDIDADE MÁXIMA DE 20 M, DIÂMETRO MÁXIMO DE 1500 MM, POTÊNCIA INSTALADA DE 137 HP, MESA ROTATIVA COM TORQUE MÁXIMO DE 30 KNM - DEPRECIAÇÃO. AF_06/2015","H",99.71,0.77200000000000002]
["Depreciação, Juros, Impostos e Seguros, Manutenção e Materiais na Operação dos Equipamentos",91021,"PERFURATRIZ HIDRÁULICA SOBRE CAMINHÃO COM TRADO CURTO ACOPLADO, PROFUNDIDADE MÁXIMA DE 20 M, DIÂMETRO MÁXIMO DE 1500 MM, POTÊNCIA INSTALADA DE 137 HP, MESA ROTATIVA COM TORQUE MÁXIMO DE 30 KNM - IMPOSTOS E SEGUROS. AF_06/2015","H",12.15,0.68889999999999996]
["Depreciação, Juros, Impostos e Seguros, Manutenção e Materiais na Operação dos Equipamentos",90677,"PERFURATRIZ HIDRÁULICA SOBRE CAMINHÃO COM TRADO CURTO ACOPLADO, PROFUNDIDADE MÁXIMA DE 20 M, DIÂMETRO MÁXIMO DE 1500 MM, POTÊNCIA INSTALADA DE 137 HP, MESA ROTATIVA COM TORQUE MÁXIMO DE 30 KNM - JUROS. AF_06/2015","H",30.02,0.68789999999999996]
["Depreciação, Juros, Impostos e Seguros, Manutenção e Materiais na Operação dos Equipamentos",90678,"PERFURATRIZ HIDRÁULICA SOBRE CAMINHÃO COM TRADO CURTO ACOPLADO, PROFUNDIDADE MÁXIMA DE 20 M, DIÂMETRO MÁXIMO DE 1500 MM, POTÊNCIA INSTALADA DE 137 HP, MESA ROTATIVA COM TORQUE MÁXIMO DE 30 KNM - MANUTENÇÃO. AF_06/2015","H",139.01,0.69299999999999995]
["Depreciação, Juros, Impostos e Seguros, Manutenção e Materiais na Operação dos Equipamentos",90679,"PERFURATRIZ HIDRÁULICA SOBRE CAMINHÃO COM TRADO CURTO ACOPLADO, PROFUNDIDADE MÁXIMA DE 20 M, DIÂMETRO MÁXIMO DE 1500 MM, POTÊNCIA INSTALADA DE 137 HP, MESA ROTATIVA COM TORQUE MÁXIMO DE 30 KNM - MATERIAIS NA OPERAÇÃO. AF_06/2015","H",90.44,0]
["Depreciação, Juros, Impostos e Seguros, Manutenção e Materiais na Operação dos Equipamentos",102870,"PERFURATRIZ HIDRÁULICA SOBRE ESTEIRA, TORQUE MÁXIMO 161 KNM, PROFUNDIDADE MÁXIMA 54 M, DIÂMETRO MÁXIMO 1500 MM, POTÊNCIA MOTOR 268 HP - DEPRECIAÇÃO. AF_04/2019","H",359.58,1]
["Depreciação, Juros, Impostos e Seguros, Manutenção e Materiais na Operação dos Equipamentos",102871,"PERFURATRIZ HIDRÁULICA SOBRE ESTEIRA, TORQUE MÁXIMO 161 KNM, PROFUNDIDADE MÁXIMA 54 M, DIÂMETRO MÁXIMO 1500 MM, POTÊNCIA MOTOR 268 HP - JUROS. AF_04/2019","H",97.14,1]
["Depreciação, Juros, Impostos e Seguros, Manutenção e Materiais na Operação dos Equipamentos",102872,"PERFURATRIZ HIDRÁULICA SOBRE ESTEIRA, TORQUE MÁXIMO 161 KNM, PROFUNDIDADE MÁXIMA 54 M, DIÂMETRO MÁXIMO 1500 MM, POTÊNCIA MOTOR 268 HP - MANUTENÇÃO. AF_04/2019","H",449.98,1]
["Depreciação, Juros, Impostos e Seguros, Manutenção e Materiais na Operação dos Equipamentos",102873,"PERFURATRIZ HIDRÁULICA SOBRE ESTEIRA, TORQUE MÁXIMO 161 KNM, PROFUNDIDADE MÁXIMA 54 M, DIÂMETRO MÁXIMO 1500 MM, POTÊNCIA MOTOR 268 HP - MATERIAIS NA OPERAÇÃO. AF_04/2019","H",117.94,0]
["Depreciação, Juros, Impostos e Seguros, Manutenção e Materiais na Operação dos Equipamentos",102960,"PERFURATRIZ HIDRÁULICA SOBRE ESTEIRA, TORQUE MÁXIMO 98 KNM, PROFUNDIDADE MÁXIMA 25 M, DIÂMETRO MÁXIMO 115 MM, POTÊNCIA MOTOR 190 HP - DEPRECIAÇÃO. AF_02/2021","H",174.51,1]
["Depreciação, Juros, Impostos e Seguros, Manutenção e Materiais na Operação dos Equipamentos",102961,"PERFURATRIZ HIDRÁULICA SOBRE ESTEIRA, TORQUE MÁXIMO 98 KNM, PROFUNDIDADE MÁXIMA 25 M, DIÂMETRO MÁXIMO 115 MM, POTÊNCIA MOTOR 190 HP - JUROS. AF_02/2021","H",47.14,1]
["Depreciação, Juros, Impostos e Seguros, Manutenção e Materiais na Operação dos Equipamentos",102962,"PERFURATRIZ HIDRÁULICA SOBRE ESTEIRA, TORQUE MÁXIMO 98 KNM, PROFUNDIDADE MÁXIMA 25 M, DIÂMETRO MÁXIMO 115 MM, POTÊNCIA MOTOR 190 HP - MANUTENÇÃO. AF_02/2021","H",163.69999999999999,1]
["Depreciação, Juros, Impostos e Seguros, Manutenção e Materiais na Operação dos Equipamentos",102963,"PERFURATRIZ HIDRÁULICA SOBRE ESTEIRA, TORQUE MÁXIMO 98 KNM, PROFUNDIDADE MÁXIMA 25 M, DIÂMETRO MÁXIMO 115 MM, POTÊNCIA MOTOR 190 HP - MATERIAIS NA OPERAÇÃO. AF_02/2021","H",83.6,0]
["Depreciação, Juros, Impostos e Seguros, Manutenção e Materiais na Operação dos Equipamentos",90621,"PERFURATRIZ MANUAL, TORQUE MÁXIMO 83 N.M, POTÊNCIA 5 CV, COM DIÂMETRO MÁXIMO 4\" - DEPRECIAÇÃO. AF_06/2015","H",4.1500000000000004,0]
["Depreciação, Juros, Impostos e Seguros, Manutenção e Materiais na Operação dos Equipamentos",90622,"PERFURATRIZ MANUAL, TORQUE MÁXIMO 83 N.M, POTÊNCIA 5 CV, COM DIÂMETRO MÁXIMO 4\" - JUROS. AF_06/2015","H",0.96,0]
["Depreciação, Juros, Impostos e Seguros, Manutenção e Materiais na Operação dos Equipamentos",90623,"PERFURATRIZ MANUAL, TORQUE MÁXIMO 83 N.M, POTÊNCIA 5 CV, COM DIÂMETRO MÁXIMO 4\" - MANUTENÇÃO. AF_06/2015","H",5.19,0]
["Depreciação, Juros, Impostos e Seguros, Manutenção e Materiais na Operação dos Equipamentos",90624,"PERFURATRIZ MANUAL, TORQUE MÁXIMO 83 N.M, POTÊNCIA 5 CV, COM DIÂMETRO MÁXIMO 4\" - MATERIAIS NA OPERAÇÃO. AF_06/2015","H",3,0]
["Depreciação, Juros, Impostos e Seguros, Manutenção e Materiais na Operação dos Equipamentos",102876,"PERFURATRIZ PARA EXECUÇÃO DE ESTACAS SECANTES, TIPO HÉLICE CONTÍNUA COM CABEÇOTE DUPLO E TUBO METÁLICO - DEPRECIAÇÃO. AF_04/2019","H",499.7,1]
["Depreciação, Juros, Impostos e Seguros, Manutenção e Materiais na Operação dos Equipamentos",102877,"PERFURATRIZ PARA EXECUÇÃO DE ESTACAS SECANTES, TIPO HÉLICE CONTÍNUA COM CABEÇOTE DUPLO E TUBO METÁLICO - JUROS. AF_04/2019","H",135,1]
["Depreciação, Juros, Impostos e Seguros, Manutenção e Materiais na Operação dos Equipamentos",102878,"PERFURATRIZ PARA EXECUÇÃO DE ESTACAS SECANTES, TIPO HÉLICE CONTÍNUA COM CABEÇOTE DUPLO E TUBO METÁLICO - MANUTENÇÃO. AF_04/2019","H",625.32000000000005,1]
["Depreciação, Juros, Impostos e Seguros, Manutenção e Materiais na Operação dos Equipamentos",102879,"PERFURATRIZ PARA EXECUÇÃO DE ESTACAS SECANTES, TIPO HÉLICE CONTÍNUA COM CABEÇOTE DUPLO E TUBO METÁLICO - MATERIAIS NA OPERAÇÃO. AF_04/2019","H",177,0]
["Depreciação, Juros, Impostos e Seguros, Manutenção e Materiais na Operação dos Equipamentos",103220,"PERFURATRIZ PARA FURO DIRECIONAL HORIZONTAL (HDD) COM CAPACIDADE ATÉ 89 KN, POTÊNCIA 24,8 HP A 80 HP (INCLUSO FERRAMENTAS E LOCALIZADOR) - DEPRECIAÇÃO. AF_05/2023","H",152.82,1]
["Depreciação, Juros, Impostos e Seguros, Manutenção e Materiais na Operação dos Equipamentos",103221,"PERFURATRIZ PARA FURO DIRECIONAL HORIZONTAL (HDD) COM CAPACIDADE ATÉ 89 KN, POTÊNCIA 24,8 HP A 80 HP (INCLUSO FERRAMENTAS E LOCALIZADOR) - JUROS. AF_05/2023","H",41.28,1]
["Depreciação, Juros, Impostos e Seguros, Manutenção e Materiais na Operação dos Equipamentos",103222,"PERFURATRIZ PARA FURO DIRECIONAL HORIZONTAL (HDD) COM CAPACIDADE ATÉ 89 KN, POTÊNCIA 24,8 HP A 80 HP (INCLUSO FERRAMENTAS E LOCALIZADOR) - MANUTENÇÃO. AF_05/2023","H",191.24,1]
["Depreciação, Juros, Impostos e Seguros, Manutenção e Materiais na Operação dos Equipamentos",103223,"PERFURATRIZ PARA FURO DIRECIONAL HORIZONTAL (HDD) COM CAPACIDADE ATÉ 89 KN, POTÊNCIA 24,8 HP A 80 HP (INCLUSO FERRAMENTAS E LOCALIZADOR) - MATERIAIS NA OPERAÇÃO. AF_05/2023","H",34.57,0]
["Depreciação, Juros, Impostos e Seguros, Manutenção e Materiais na Operação dos Equipamentos",103232,"PERFURATRIZ PARA FURO DIRECIONAL HORIZONTAL (HDD) COM CAPACIDADE DE 201 KN A 560 KN, POTÊNCIA 200 HP A 260 HP (INCLUSO FERRAMENTAS E LOCALIZADOR) - DEPRECIAÇÃO. AF_05/2023","H",479.44,1]
["Depreciação, Juros, Impostos e Seguros, Manutenção e Materiais na Operação dos Equipamentos",103233,"PERFURATRIZ PARA FURO DIRECIONAL HORIZONTAL (HDD) COM CAPACIDADE DE 201 KN A 560 KN, POTÊNCIA 200 HP A 260 HP (INCLUSO FERRAMENTAS E LOCALIZADOR) - JUROS. AF_05/2023","H",129.53,1]
["Depreciação, Juros, Impostos e Seguros, Manutenção e Materiais na Operação dos Equipamentos",103234,"PERFURATRIZ PARA FURO DIRECIONAL HORIZONTAL (HDD) COM CAPACIDADE DE 201 KN A 560 KN, POTÊNCIA 200 HP A 260 HP (INCLUSO FERRAMENTAS E LOCALIZADOR) - MANUTENÇÃO. AF_05/2023","H",629.66999999999996,1]
["Depreciação, Juros, Impostos e Seguros, Manutenção e Materiais na Operação dos Equipamentos",103235,"PERFURATRIZ PARA FURO DIRECIONAL HORIZONTAL (HDD) COM CAPACIDADE DE 201 KN A 560 KN, POTÊNCIA 200 HP A 260 HP (INCLUSO FERRAMENTAS E LOCALIZADOR) - MATERIAIS NA OPERAÇÃO. AF_05/2023","H",101.23,0]
["Depreciação, Juros, Impostos e Seguros, Manutenção e Materiais na Operação dos Equipamentos",103228,"PERFURATRIZ PARA FURO DIRECIONAL HORIZONTAL (HDD) COM CAPACIDADE DE 90 KN A 200 KN, POTÊNCIA 100 HP A 160 HP (INCLUSO FERRAMENTAS E LOCALIZADOR - MANUTENÇÃO. AF_05/2023","H",438.73,1]
["Depreciação, Juros, Impostos e Seguros, Manutenção e Materiais na Operação dos Equipamentos",103226,"PERFURATRIZ PARA FURO DIRECIONAL HORIZONTAL (HDD) COM CAPACIDADE DE 90 KN A 200 KN, POTÊNCIA 100 HP A 160 HP (INCLUSO FERRAMENTAS E LOCALIZADOR) - DEPRECIAÇÃO. AF_05/2023","H",350.59,1]
["Depreciação, Juros, Impostos e Seguros, Manutenção e Materiais na Operação dos Equipamentos",103227,"PERFURATRIZ PARA FURO DIRECIONAL HORIZONTAL (HDD) COM CAPACIDADE DE 90 KN A 200 KN, POTÊNCIA 100 HP A 160 HP (INCLUSO FERRAMENTAS E LOCALIZADOR) - JUROS. AF_05/2023","H",94.72,1]
["Depreciação, Juros, Impostos e Seguros, Manutenção e Materiais na Operação dos Equipamentos",103229,"PERFURATRIZ PARA FURO DIRECIONAL HORIZONTAL (HDD) COM CAPACIDADE DE 90 KN A 200 KN, POTÊNCIA 100 HP A 160 HP (INCLUSO FERRAMENTAS E LOCALIZADOR) - MATERIAIS NA OPERAÇÃO. AF_05/2023","H",85.84,0]
["Depreciação, Juros, Impostos e Seguros, Manutenção e Materiais na Operação dos Equipamentos",102972,"PERFURATRIZ ROTATIVA SOBRE ESTEIRA, TORQUE MAXIMO 2500 KGM, POTENCIA 110 HP, MOTOR DIESEL - DEPRECIAÇÃO. AF_05/2017","H",93.14,1]
["Depreciação, Juros, Impostos e Seguros, Manutenção e Materiais na Operação dos Equipamentos",102973,"PERFURATRIZ ROTATIVA SOBRE ESTEIRA, TORQUE MAXIMO 2500 KGM, POTENCIA 110 HP, MOTOR DIESEL - JUROS. AF_05/2017","H",25.86,1]
["Depreciação, Juros, Impostos e Seguros, Manutenção e Materiais na Operação dos Equipamentos",102974,"PERFURATRIZ ROTATIVA SOBRE ESTEIRA, TORQUE MAXIMO 2500 KGM, POTENCIA 110 HP, MOTOR DIESEL - MANUTENÇÃO. AF_05/2017","H",87.37,1]
["Depreciação, Juros, Impostos e Seguros, Manutenção e Materiais na Operação dos Equipamentos",96301,"PERFURATRIZ ROTATIVA SOBRE ESTEIRA, TORQUE MAXIMO 2500 KGM, POTENCIA 110 HP, MOTOR DIESEL - MATERIAIS NA OPERAÇÃO. AF_05/2017","H",48.43,0]
["Depreciação, Juros, Impostos e Seguros, Manutenção e Materiais na Operação dos Equipamentos",90627,"PERFURATRIZ SOBRE ESTEIRA, TORQUE MÁXIMO 600 KGF, PESO MÉDIO 1000 KG, POTÊNCIA 20 HP, DIÂMETRO MÁXIMO 10\" - DEPRECIAÇÃO. AF_06/2015","H",54.65,1]
["Depreciação, Juros, Impostos e Seguros, Manutenção e Materiais na Operação dos Equipamentos",90628,"PERFURATRIZ SOBRE ESTEIRA, TORQUE MÁXIMO 600 KGF, PESO MÉDIO 1000 KG, POTÊNCIA 20 HP, DIÂMETRO MÁXIMO 10\" - JUROS. AF_06/2015","H",14.66,1]
["Depreciação, Juros, Impostos e Seguros, Manutenção e Materiais na Operação dos Equipamentos",90629,"PERFURATRIZ SOBRE ESTEIRA, TORQUE MÁXIMO 600 KGF, PESO MÉDIO 1000 KG, POTÊNCIA 20 HP, DIÂMETRO MÁXIMO 10\" - MANUTENÇÃO. AF_06/2015","H",68.39,1]
["Depreciação, Juros, Impostos e Seguros, Manutenção e Materiais na Operação dos Equipamentos",90630,"PERFURATRIZ SOBRE ESTEIRA, TORQUE MÁXIMO 600 KGF, PESO MÉDIO 1000 KG, POTÊNCIA 20 HP, DIÂMETRO MÁXIMO 10\" - MATERIAIS NA OPERAÇÃO. AF_06/2015","H",1.43,0]
["Depreciação, Juros, Impostos e Seguros, Manutenção e Materiais na Operação dos Equipamentos",95704,"PERFURATRIZ SOBRE ESTEIRA, TORQUE MÁXIMO 600 KGF, POTÊNCIA ENTRE 50 E 60 HP, DIÂMETRO MÁXIMO 10\" - DEPRECIAÇÃO. AF_11/2016","H",55.18,1]
["Depreciação, Juros, Impostos e Seguros, Manutenção e Materiais na Operação dos Equipamentos",95705,"PERFURATRIZ SOBRE ESTEIRA, TORQUE MÁXIMO 600 KGF, POTÊNCIA ENTRE 50 E 60 HP, DIÂMETRO MÁXIMO 10\" - JUROS. AF_11/2016","H",14.8,1]
["Depreciação, Juros, Impostos e Seguros, Manutenção e Materiais na Operação dos Equipamentos",95706,"PERFURATRIZ SOBRE ESTEIRA, TORQUE MÁXIMO 600 KGF, POTÊNCIA ENTRE 50 E 60 HP, DIÂMETRO MÁXIMO 10\" - MANUTENÇÃO. AF_11/2016","H",69.06,1]
["Depreciação, Juros, Impostos e Seguros, Manutenção e Materiais na Operação dos Equipamentos",95707,"PERFURATRIZ SOBRE ESTEIRA, TORQUE MÁXIMO 600 KGF, POTÊNCIA ENTRE 50 E 60 HP, DIÂMETRO MÁXIMO 10\" - MATERIAIS NA OPERAÇÃO. AF_11/2016","H",3.93,0]
["Depreciação, Juros, Impostos e Seguros, Manutenção e Materiais na Operação dos Equipamentos",91273,"PLACA VIBRATÓRIA REVERSÍVEL COM MOTOR 4 TEMPOS A GASOLINA, FORÇA CENTRÍFUGA DE 25 KN (2500 KGF), POTÊNCIA 5,5 CV - DEPRECIAÇÃO. AF_08/2015","H",0.62,1]
["Depreciação, Juros, Impostos e Seguros, Manutenção e Materiais na Operação dos Equipamentos",91274,"PLACA VIBRATÓRIA REVERSÍVEL COM MOTOR 4 TEMPOS A GASOLINA, FORÇA CENTRÍFUGA DE 25 KN (2500 KGF), POTÊNCIA 5,5 CV - JUROS. AF_08/2015","H",0.16,1]
["Depreciação, Juros, Impostos e Seguros, Manutenção e Materiais na Operação dos Equipamentos",91275,"PLACA VIBRATÓRIA REVERSÍVEL COM MOTOR 4 TEMPOS A GASOLINA, FORÇA CENTRÍFUGA DE 25 KN (2500 KGF), POTÊNCIA 5,5 CV - MANUTENÇÃO. AF_08/2015","H",0.78,1]
["Depreciação, Juros, Impostos e Seguros, Manutenção e Materiais na Operação dos Equipamentos",91276,"PLACA VIBRATÓRIA REVERSÍVEL COM MOTOR 4 TEMPOS A GASOLINA, FORÇA CENTRÍFUGA DE 25 KN (2500 KGF), POTÊNCIA 5,5 CV - MATERIAIS NA OPERAÇÃO. AF_08/2015","H",8.5500000000000007,0]
["Depreciação, Juros, Impostos e Seguros, Manutenção e Materiais na Operação dos Equipamentos",102882,"PLATAFORMA ELEVATÓRIA - DEPRECIAÇÃO. AF_04/2019","H",0]
["Depreciação, Juros, Impostos e Seguros, Manutenção e Materiais na Operação dos Equipamentos",102883,"PLATAFORMA ELEVATÓRIA - JUROS. AF_04/2019","H",0]
["Depreciação, Juros, Impostos e Seguros, Manutenção e Materiais na Operação dos Equipamentos",102884,"PLATAFORMA ELEVATÓRIA - MANUTENÇÃO. AF_04/2019","H",0]
["Depreciação, Juros, Impostos e Seguros, Manutenção e Materiais na Operação dos Equipamentos",102885,"PLATAFORMA ELEVATÓRIA - MATERIAIS NA OPERAÇÃO. AF_04/2019","H",1.22,0]
["Depreciação, Juros, Impostos e Seguros, Manutenção e Materiais na Operação dos Equipamentos",95272,"POLIDORA DE PISO (POLITRIZ), PESO DE 100KG, DIÂMETRO 450 MM, MOTOR ELÉTRICO, POTÊNCIA 4 HP - DEPRECIAÇÃO. AF_05/2023","H",0.61,1]
["Depreciação, Juros, Impostos e Seguros, Manutenção e Materiais na Operação dos Equipamentos",95273,"POLIDORA DE PISO (POLITRIZ), PESO DE 100KG, DIÂMETRO 450 MM, MOTOR ELÉTRICO, POTÊNCIA 4 HP - JUROS. AF_05/2023","H",0.14000000000000001,1]
["Depreciação, Juros, Impostos e Seguros, Manutenção e Materiais na Operação dos Equipamentos",95274,"POLIDORA DE PISO (POLITRIZ), PESO DE 100KG, DIÂMETRO 450 MM, MOTOR ELÉTRICO, POTÊNCIA 4 HP - MANUTENÇÃO. AF_05/2023","H",0.47,1]
["Depreciação, Juros, Impostos e Seguros, Manutenção e Materiais na Operação dos Equipamentos",95275,"POLIDORA DE PISO (POLITRIZ), PESO DE 100KG, DIÂMETRO 450 MM, MOTOR ELÉTRICO, POTÊNCIA 4 HP - MATERIAIS NA OPERAÇÃO. AF_05/2023","H",2.4300000000000002,0]
["Depreciação, Juros, Impostos e Seguros, Manutenção e Materiais na Operação dos Equipamentos",88419,"PROJETOR DE ARGAMASSA, CAPACIDADE DE PROJEÇÃO 1,5 M3/H, ALCANCE DE 30 ATÉ 60 M, MOTOR ELÉTRICO POTÊNCIA 7,5 HP - DEPRECIAÇÃO. AF_06/2014","H",6.27,0]
["Depreciação, Juros, Impostos e Seguros, Manutenção e Materiais na Operação dos Equipamentos",88422,"PROJETOR DE ARGAMASSA, CAPACIDADE DE PROJEÇÃO 1,5 M3/H, ALCANCE DE 30 ATÉ 60 M, MOTOR ELÉTRICO POTÊNCIA 7,5 HP - JUROS. AF_06/2014","H",1.44,0]
["Depreciação, Juros, Impostos e Seguros, Manutenção e Materiais na Operação dos Equipamentos",88425,"PROJETOR DE ARGAMASSA, CAPACIDADE DE PROJEÇÃO 1,5 M3/H, ALCANCE DE 30 ATÉ 60 M, MOTOR ELÉTRICO POTÊNCIA 7,5 HP - MANUTENÇÃO. AF_06/2014","H",7.83,0]
["Depreciação, Juros, Impostos e Seguros, Manutenção e Materiais na Operação dos Equipamentos",88427,"PROJETOR DE ARGAMASSA, CAPACIDADE DE PROJEÇÃO 1,5 M3/H, ALCANCE DE 30 ATÉ 60 M, MOTOR ELÉTRICO POTÊNCIA 7,5 HP - MATERIAIS NA OPERAÇÃO. AF_06/2014","H",1.01,0]
["Depreciação, Juros, Impostos e Seguros, Manutenção e Materiais na Operação dos Equipamentos",88434,"PROJETOR DE ARGAMASSA, CAPACIDADE DE PROJEÇÃO 2 M3/H, ALCANCE ATÉ 50 M, MOTOR ELÉTRICO POTÊNCIA 7,5 HP - DEPRECIAÇÃO. AF_06/2014","H",8.31,0]
["Depreciação, Juros, Impostos e Seguros, Manutenção e Materiais na Operação dos Equipamentos",88435,"PROJETOR DE ARGAMASSA, CAPACIDADE DE PROJEÇÃO 2 M3/H, ALCANCE ATÉ 50 M, MOTOR ELÉTRICO POTÊNCIA 7,5 HP - JUROS. AF_06/2014","H",1.92,0]
["Depreciação, Juros, Impostos e Seguros, Manutenção e Materiais na Operação dos Equipamentos",88436,"PROJETOR DE ARGAMASSA, CAPACIDADE DE PROJEÇÃO 2 M3/H, ALCANCE ATÉ 50 M, MOTOR ELÉTRICO POTÊNCIA 7,5 HP - MANUTENÇÃO. AF_06/2014","H",10.38,0]
["Depreciação, Juros, Impostos e Seguros, Manutenção e Materiais na Operação dos Equipamentos",88437,"PROJETOR DE ARGAMASSA, CAPACIDADE DE PROJEÇÃO 2 M3/H, ALCANCE ATÉ 50 M, MOTOR ELÉTRICO POTÊNCIA 7,5 HP - MATERIAIS NA OPERAÇÃO. AF_06/2014","H",1.01,0]
["Depreciação, Juros, Impostos e Seguros, Manutenção e Materiais na Operação dos Equipamentos",90664,"PROJETOR PNEUMÁTICO DE ARGAMASSA PARA CHAPISCO E REBOCO COM RECIPIENTE ACOPLADO, TIPO CANEQUINHA, COM COMPRESSOR DE AR REBOCÁVEL VAZÃO 89 PCM E MOTOR DIESEL DE 20 CV - DEPRECIAÇÃO. AF_05/2023","H",7.07,0.9929]
["Depreciação, Juros, Impostos e Seguros, Manutenção e Materiais na Operação dos Equipamentos",90665,"PROJETOR PNEUMÁTICO DE ARGAMASSA PARA CHAPISCO E REBOCO COM RECIPIENTE ACOPLADO, TIPO CANEQUINHA, COM COMPRESSOR DE AR REBOCÁVEL VAZÃO 89 PCM E MOTOR DIESEL DE 20 CV - JUROS. AF_05/2023","H",1.88,1]
["Depreciação, Juros, Impostos e Seguros, Manutenção e Materiais na Operação dos Equipamentos",90666,"PROJETOR PNEUMÁTICO DE ARGAMASSA PARA CHAPISCO E REBOCO COM RECIPIENTE ACOPLADO, TIPO CANEQUINHA, COM COMPRESSOR DE AR REBOCÁVEL VAZÃO 89 PCM E MOTOR DIESEL DE 20 CV - MANUTENÇÃO. AF_05/2023","H",8.85,0.99319999999999997]
["Depreciação, Juros, Impostos e Seguros, Manutenção e Materiais na Operação dos Equipamentos",90667,"PROJETOR PNEUMÁTICO DE ARGAMASSA PARA CHAPISCO E REBOCO COM RECIPIENTE ACOPLADO, TIPO CANEQUINHA, COM COMPRESSOR DE AR REBOCÁVEL VAZÃO 89 PCM E MOTOR DIESEL DE 20 CV - MATERIAIS NA OPERAÇÃO. AF_05/2023","H",14.75,0]
["Depreciação, Juros, Impostos e Seguros, Manutenção e Materiais na Operação dos Equipamentos",102977,"PULVERIZADOR DE TINTA ELÉTRICO/MÁQUINA DE PINTURA AIRLESS, VAZÃO 2 L/MIN - DEPRECIAÇÃO. AF_05/2023","H",0]
["Depreciação, Juros, Impostos e Seguros, Manutenção e Materiais na Operação dos Equipamentos",102978,"PULVERIZADOR DE TINTA ELÉTRICO/MÁQUINA DE PINTURA AIRLESS, VAZÃO 2 L/MIN - JUROS. AF_05/2023","H",0]
["Depreciação, Juros, Impostos e Seguros, Manutenção e Materiais na Operação dos Equipamentos",102979,"PULVERIZADOR DE TINTA ELÉTRICO/MÁQUINA DE PINTURA AIRLESS, VAZÃO 2 L/MIN - MANUTENÇÃO. AF_05/2023","H",0]
["Depreciação, Juros, Impostos e Seguros, Manutenção e Materiais na Operação dos Equipamentos",95217,"PULVERIZADOR DE TINTA ELÉTRICO/MÁQUINA DE PINTURA AIRLESS, VAZÃO 2 L/MIN - MATERIAIS NA OPERAÇÃO. AF_05/2023","H",0.6,0]
["Depreciação, Juros, Impostos e Seguros, Manutenção e Materiais na Operação dos Equipamentos",89130,"PÁ CARREGADEIRA SOBRE RODAS, POTÊNCIA 197 HP, CAPACIDADE DA CAÇAMBA 2,5 A 3,5 M3, PESO OPERACIONAL 18338 KG - DEPRECIAÇÃO. AF_06/2014","H",51.63,1]
["Depreciação, Juros, Impostos e Seguros, Manutenção e Materiais na Operação dos Equipamentos",89131,"PÁ CARREGADEIRA SOBRE RODAS, POTÊNCIA 197 HP, CAPACIDADE DA CAÇAMBA 2,5 A 3,5 M3, PESO OPERACIONAL 18338 KG - JUROS. AF_06/2014","H",13.64,1]
["Depreciação, Juros, Impostos e Seguros, Manutenção e Materiais na Operação dos Equipamentos",53861,"PÁ CARREGADEIRA SOBRE RODAS, POTÊNCIA 197 HP, CAPACIDADE DA CAÇAMBA 2,5 A 3,5 M3, PESO OPERACIONAL 18338 KG - MANUTENÇÃO. AF_06/2014","H",64.540000000000006,1]
["Depreciação, Juros, Impostos e Seguros, Manutenção e Materiais na Operação dos Equipamentos",5787,"PÁ CARREGADEIRA SOBRE RODAS, POTÊNCIA 197 HP, CAPACIDADE DA CAÇAMBA 2,5 A 3,5 M3, PESO OPERACIONAL 18338 KG - MATERIAIS NA OPERAÇÃO. AF_06/2014","H",69.38,0]
["Depreciação, Juros, Impostos e Seguros, Manutenção e Materiais na Operação dos Equipamentos",89128,"PÁ CARREGADEIRA SOBRE RODAS, POTÊNCIA LÍQUIDA 128 HP, CAPACIDADE DA CAÇAMBA 1,7 A 2,8 M3, PESO OPERACIONAL 11632 KG - DEPRECIAÇÃO. AF_06/2014","H",37.24,1]
["Depreciação, Juros, Impostos e Seguros, Manutenção e Materiais na Operação dos Equipamentos",89129,"PÁ CARREGADEIRA SOBRE RODAS, POTÊNCIA LÍQUIDA 128 HP, CAPACIDADE DA CAÇAMBA 1,7 A 2,8 M3, PESO OPERACIONAL 11632 KG - JUROS. AF_06/2014","H",9.84,1]
["Depreciação, Juros, Impostos e Seguros, Manutenção e Materiais na Operação dos Equipamentos",53857,"PÁ CARREGADEIRA SOBRE RODAS, POTÊNCIA LÍQUIDA 128 HP, CAPACIDADE DA CAÇAMBA 1,7 A 2,8 M3, PESO OPERACIONAL 11632 KG - MANUTENÇÃO. AF_06/2014","H",46.55,1]
["Depreciação, Juros, Impostos e Seguros, Manutenção e Materiais na Operação dos Equipamentos",53858,"PÁ CARREGADEIRA SOBRE RODAS, POTÊNCIA LÍQUIDA 128 HP, CAPACIDADE DA CAÇAMBA 1,7 A 2,8 M3, PESO OPERACIONAL 11632 KG - MATERIAIS NA OPERAÇÃO. AF_06/2014","H",45.07,0]
["Depreciação, Juros, Impostos e Seguros, Manutenção e Materiais na Operação dos Equipamentos",102888,"PÓRTICO ROLANTE MONOVIGA, PERFIL I, 4 PERNAS, CAPACIDADE 5 T - DEPRECIAÇÃO. AF_04/2019","H",0]
["Depreciação, Juros, Impostos e Seguros, Manutenção e Materiais na Operação dos Equipamentos",102889,"PÓRTICO ROLANTE MONOVIGA, PERFIL I, 4 PERNAS, CAPACIDADE 5 T - JUROS. AF_04/2019","H",0]
["Depreciação, Juros, Impostos e Seguros, Manutenção e Materiais na Operação dos Equipamentos",102890,"PÓRTICO ROLANTE MONOVIGA, PERFIL I, 4 PERNAS, CAPACIDADE 5 T - MANUTENÇÃO. AF_04/2019","H",0]
["Depreciação, Juros, Impostos e Seguros, Manutenção e Materiais na Operação dos Equipamentos",102891,"PÓRTICO ROLANTE MONOVIGA, PERFIL I, 4 PERNAS, CAPACIDADE 5 T - MATERIAIS NA OPERAÇÃO. AF_04/2019","H",1.22,0]
["Depreciação, Juros, Impostos e Seguros, Manutenção e Materiais na Operação dos Equipamentos",89246,"RECICLADORA DE ASFALTO A FRIO SOBRE RODAS, LARGURA FRESAGEM DE 2,0 M, POTÊNCIA 422 HP - DEPRECIAÇÃO. AF_11/2014","H",223.2,1]
["Depreciação, Juros, Impostos e Seguros, Manutenção e Materiais na Operação dos Equipamentos",89247,"RECICLADORA DE ASFALTO A FRIO SOBRE RODAS, LARGURA FRESAGEM DE 2,0 M, POTÊNCIA 422 HP - JUROS. AF_11/2014","H",68.34,1]
["Depreciação, Juros, Impostos e Seguros, Manutenção e Materiais na Operação dos Equipamentos",89248,"RECICLADORA DE ASFALTO A FRIO SOBRE RODAS, LARGURA FRESAGEM DE 2,0 M, POTÊNCIA 422 HP - MANUTENÇÃO. AF_11/2014","H",398.14,1]
["Depreciação, Juros, Impostos e Seguros, Manutenção e Materiais na Operação dos Equipamentos",89249,"RECICLADORA DE ASFALTO A FRIO SOBRE RODAS, LARGURA FRESAGEM DE 2,0 M, POTÊNCIA 422 HP - MATERIAIS NA OPERAÇÃO. AF_11/2014","H",371.46,0]
["Depreciação, Juros, Impostos e Seguros, Manutenção e Materiais na Operação dos Equipamentos",102954,"RETROESCAVADEIRA SOBRE RODAS COM CARREGADEIRA, PESO OPERACIONAL MÍN. 6,674, POTÊNCIA LÍQ 88 HP, COM MARTELO ROMPEDOR HIDRÁULICO ENTRE 275 A 362 KG - DEPRECIAÇÃO. AF_02/2021","H",0]
["Depreciação, Juros, Impostos e Seguros, Manutenção e Materiais na Operação dos Equipamentos",104727,"RETROESCAVADEIRA SOBRE RODAS COM CARREGADEIRA, PESO OPERACIONAL MÍN. 6,674, POTÊNCIA LÍQ 88 HP, COM MARTELO ROMPEDOR HIDRÁULICO ENTRE 275 A 362 KG - JUROS. AF_02/2021","H",0]
["Depreciação, Juros, Impostos e Seguros, Manutenção e Materiais na Operação dos Equipamentos",102956,"RETROESCAVADEIRA SOBRE RODAS COM CARREGADEIRA, PESO OPERACIONAL MÍN. 6,674, POTÊNCIA LÍQ 88 HP, COM MARTELO ROMPEDOR HIDRÁULICO ENTRE 275 A 362 KG - MANUTENÇÃO. AF_02/2021","H",0]
["Depreciação, Juros, Impostos e Seguros, Manutenção e Materiais na Operação dos Equipamentos",102957,"RETROESCAVADEIRA SOBRE RODAS COM CARREGADEIRA, PESO OPERACIONAL MÍN. 6,674, POTÊNCIA LÍQ 88 HP, COM MARTELO ROMPEDOR HIDRÁULICO ENTRE 275 A 362 KG - MATERIAIS NA OPERAÇÃO. AF_02/2021","H",38.76,0]
["Depreciação, Juros, Impostos e Seguros, Manutenção e Materiais na Operação dos Equipamentos",88859,"RETROESCAVADEIRA SOBRE RODAS COM CARREGADEIRA, TRAÇÃO 4X2, POTÊNCIA LÍQ. 79 HP, CAÇAMBA CARREG. CAP. MÍN. 1 M3, CAÇAMBA RETRO CAP. 0,20 M3, PESO OPERACIONAL MÍN. 6.570 KG, PROFUNDIDADE ESCAVAÇÃO MÁX. 4,37 M - DEPRECIAÇÃO. AF_06/2014","H",23.23,1]
["Depreciação, Juros, Impostos e Seguros, Manutenção e Materiais na Operação dos Equipamentos",88860,"RETROESCAVADEIRA SOBRE RODAS COM CARREGADEIRA, TRAÇÃO 4X2, POTÊNCIA LÍQ. 79 HP, CAÇAMBA CARREG. CAP. MÍN. 1 M3, CAÇAMBA RETRO CAP. 0,20 M3, PESO OPERACIONAL MÍN. 6.570 KG, PROFUNDIDADE ESCAVAÇÃO MÁX. 4,37 M - JUROS. AF_06/2014","H",6.14,1]
["Depreciação, Juros, Impostos e Seguros, Manutenção e Materiais na Operação dos Equipamentos",5667,"RETROESCAVADEIRA SOBRE RODAS COM CARREGADEIRA, TRAÇÃO 4X2, POTÊNCIA LÍQ. 79 HP, CAÇAMBA CARREG. CAP. MÍN. 1 M3, CAÇAMBA RETRO CAP. 0,20 M3, PESO OPERACIONAL MÍN. 6.570 KG, PROFUNDIDADE ESCAVAÇÃO MÁX. 4,37 M - MANUTENÇÃO. AF_06/2014","H",29.04,1]
["Depreciação, Juros, Impostos e Seguros, Manutenção e Materiais na Operação dos Equipamentos",5668,"RETROESCAVADEIRA SOBRE RODAS COM CARREGADEIRA, TRAÇÃO 4X2, POTÊNCIA LÍQ. 79 HP, CAÇAMBA CARREG. CAP. MÍN. 1 M3, CAÇAMBA RETRO CAP. 0,20 M3, PESO OPERACIONAL MÍN. 6.570 KG, PROFUNDIDADE ESCAVAÇÃO MÁX. 4,37 M - MATERIAIS NA OPERAÇÃO. AF_06/2014","H",45.19,0]
["Depreciação, Juros, Impostos e Seguros, Manutenção e Materiais na Operação dos Equipamentos",89011,"RETROESCAVADEIRA SOBRE RODAS COM CARREGADEIRA, TRAÇÃO 4X4, POTÊNCIA LÍQ. 72 HP, CAÇAMBA CARREG. CAP. MÍN. 0,79 M3, CAÇAMBA RETRO CAP. 0,18 M3, PESO OPERACIONAL MÍN. 7.140 KG, PROFUNDIDADE ESCAVAÇÃO MÁX. 4,50 M - DEPRECIAÇÃO. AF_06/2014","H",25.2,1]
["Depreciação, Juros, Impostos e Seguros, Manutenção e Materiais na Operação dos Equipamentos",89012,"RETROESCAVADEIRA SOBRE RODAS COM CARREGADEIRA, TRAÇÃO 4X4, POTÊNCIA LÍQ. 72 HP, CAÇAMBA CARREG. CAP. MÍN. 0,79 M3, CAÇAMBA RETRO CAP. 0,18 M3, PESO OPERACIONAL MÍN. 7.140 KG, PROFUNDIDADE ESCAVAÇÃO MÁX. 4,50 M - JUROS. AF_06/2014","H",6.66,1]
["Depreciação, Juros, Impostos e Seguros, Manutenção e Materiais na Operação dos Equipamentos",5735,"RETROESCAVADEIRA SOBRE RODAS COM CARREGADEIRA, TRAÇÃO 4X4, POTÊNCIA LÍQ. 72 HP, CAÇAMBA CARREG. CAP. MÍN. 0,79 M3, CAÇAMBA RETRO CAP. 0,18 M3, PESO OPERACIONAL MÍN. 7.140 KG, PROFUNDIDADE ESCAVAÇÃO MÁX. 4,50 M - MANUTENÇÃO. AF_06/2014","H",31.5,1]
["Depreciação, Juros, Impostos e Seguros, Manutenção e Materiais na Operação dos Equipamentos",5736,"RETROESCAVADEIRA SOBRE RODAS COM CARREGADEIRA, TRAÇÃO 4X4, POTÊNCIA LÍQ. 72 HP, CAÇAMBA CARREG. CAP. MÍN. 0,79 M3, CAÇAMBA RETRO CAP. 0,18 M3, PESO OPERACIONAL MÍN. 7.140 KG, PROFUNDIDADE ESCAVAÇÃO MÁX. 4,50 M - MATERIAIS NA OPERAÇÃO. AF_06/2014","H",41.18,0]
["Depreciação, Juros, Impostos e Seguros, Manutenção e Materiais na Operação dos Equipamentos",88857,"RETROESCAVADEIRA SOBRE RODAS COM CARREGADEIRA, TRAÇÃO 4X4, POTÊNCIA LÍQ. 88 HP, CAÇAMBA CARREG. CAP. MÍN. 1 M3, CAÇAMBA RETRO CAP. 0,26 M3, PESO OPERACIONAL MÍN. 6.674 KG, PROFUNDIDADE ESCAVAÇÃO MÁX. 4,37 M - DEPRECIAÇÃO. AF_06/2014","H",26.12,1]
["Depreciação, Juros, Impostos e Seguros, Manutenção e Materiais na Operação dos Equipamentos",88858,"RETROESCAVADEIRA SOBRE RODAS COM CARREGADEIRA, TRAÇÃO 4X4, POTÊNCIA LÍQ. 88 HP, CAÇAMBA CARREG. CAP. MÍN. 1 M3, CAÇAMBA RETRO CAP. 0,26 M3, PESO OPERACIONAL MÍN. 6.674 KG, PROFUNDIDADE ESCAVAÇÃO MÁX. 4,37 M - JUROS. AF_06/2014","H",6.9,1]
["Depreciação, Juros, Impostos e Seguros, Manutenção e Materiais na Operação dos Equipamentos",5664,"RETROESCAVADEIRA SOBRE RODAS COM CARREGADEIRA, TRAÇÃO 4X4, POTÊNCIA LÍQ. 88 HP, CAÇAMBA CARREG. CAP. MÍN. 1 M3, CAÇAMBA RETRO CAP. 0,26 M3, PESO OPERACIONAL MÍN. 6.674 KG, PROFUNDIDADE ESCAVAÇÃO MÁX. 4,37 M - MANUTENÇÃO. AF_06/2014","H",32.65,1]
["Depreciação, Juros, Impostos e Seguros, Manutenção e Materiais na Operação dos Equipamentos",53786,"RETROESCAVADEIRA SOBRE RODAS COM CARREGADEIRA, TRAÇÃO 4X4, POTÊNCIA LÍQ. 88 HP, CAÇAMBA CARREG. CAP. MÍN. 1 M3, CAÇAMBA RETRO CAP. 0,26 M3, PESO OPERACIONAL MÍN. 6.674 KG, PROFUNDIDADE ESCAVAÇÃO MÁX. 4,37 M - MATERIAIS NA OPERAÇÃO. AF_06/2014","H",50.32,0]
["Depreciação, Juros, Impostos e Seguros, Manutenção e Materiais na Operação dos Equipamentos",7038,"ROLO COMPACTADOR DE PNEUS ESTÁTICO, PRESSÃO VARIÁVEL, POTÊNCIA 111 HP, PESO SEM/COM LASTRO 9,5 / 26 T, LARGURA DE TRABALHO 1,90 M - DEPRECIAÇÃO. AF_07/2014","H",50.1,1]
["Depreciação, Juros, Impostos e Seguros, Manutenção e Materiais na Operação dos Equipamentos",7039,"ROLO COMPACTADOR DE PNEUS ESTÁTICO, PRESSÃO VARIÁVEL, POTÊNCIA 111 HP, PESO SEM/COM LASTRO 9,5 / 26 T, LARGURA DE TRABALHO 1,90 M - JUROS. AF_07/2014","H",13.44,1]
["Depreciação, Juros, Impostos e Seguros, Manutenção e Materiais na Operação dos Equipamentos",7040,"ROLO COMPACTADOR DE PNEUS ESTÁTICO, PRESSÃO VARIÁVEL, POTÊNCIA 111 HP, PESO SEM/COM LASTRO 9,5 / 26 T, LARGURA DE TRABALHO 1,90 M - MANUTENÇÃO. AF_07/2014","H",62.69,1]
["Depreciação, Juros, Impostos e Seguros, Manutenção e Materiais na Operação dos Equipamentos",55263,"ROLO COMPACTADOR DE PNEUS ESTÁTICO, PRESSÃO VARIÁVEL, POTÊNCIA 111 HP, PESO SEM/COM LASTRO 9,5 / 26 T, LARGURA DE TRABALHO 1,90 M - MATERIAIS NA OPERAÇÃO. AF_07/2014","H",63.54,0]
["Depreciação, Juros, Impostos e Seguros, Manutenção e Materiais na Operação dos Equipamentos",96460,"ROLO COMPACTADOR DE PNEUS, ESTÁTICO, PRESSÃO VARIÁVEL, POTÊNCIA 110 HP, PESO SEM/COM LASTRO 10,8/27 T, LARGURA DE ROLAGEM 2,30 M - DEPRECIAÇÃO. AF_06/2017","H",53.18,1]
["Depreciação, Juros, Impostos e Seguros, Manutenção e Materiais na Operação dos Equipamentos",96459,"ROLO COMPACTADOR DE PNEUS, ESTÁTICO, PRESSÃO VARIÁVEL, POTÊNCIA 110 HP, PESO SEM/COM LASTRO 10,8/27 T, LARGURA DE ROLAGEM 2,30 M - JUROS. AF_06/2017","H",14.26,1]
["Depreciação, Juros, Impostos e Seguros, Manutenção e Materiais na Operação dos Equipamentos",96458,"ROLO COMPACTADOR DE PNEUS, ESTÁTICO, PRESSÃO VARIÁVEL, POTÊNCIA 110 HP, PESO SEM/COM LASTRO 10,8/27 T, LARGURA DE ROLAGEM 2,30 M - MANUTENÇÃO. AF_06/2017","H",66.55,1]
["Depreciação, Juros, Impostos e Seguros, Manutenção e Materiais na Operação dos Equipamentos",96457,"ROLO COMPACTADOR DE PNEUS, ESTÁTICO, PRESSÃO VARIÁVEL, POTÊNCIA 110 HP, PESO SEM/COM LASTRO 10,8/27 T, LARGURA DE ROLAGEM 2,30 M - MATERIAIS NA OPERAÇÃO. AF_06/2017","H",62.95,0]
["Depreciação, Juros, Impostos e Seguros, Manutenção e Materiais na Operação dos Equipamentos",7051,"ROLO COMPACTADOR PE DE CARNEIRO VIBRATORIO, POTENCIA 125 HP, PESO OPERACIONAL SEM/COM LASTRO 11,95 / 13,30 T, IMPACTO DINAMICO 38,5 / 22,5 T, LARGURA DE TRABALHO 2,15 M - DEPRECIAÇÃO. AF_06/2014","H",44.43,1]
["Depreciação, Juros, Impostos e Seguros, Manutenção e Materiais na Operação dos Equipamentos",7052,"ROLO COMPACTADOR PE DE CARNEIRO VIBRATORIO, POTENCIA 125 HP, PESO OPERACIONAL SEM/COM LASTRO 11,95 / 13,30 T, IMPACTO DINAMICO 38,5 / 22,5 T, LARGURA DE TRABALHO 2,15 M - JUROS. AF_06/2014","H",12,1]
["Depreciação, Juros, Impostos e Seguros, Manutenção e Materiais na Operação dos Equipamentos",7053,"ROLO COMPACTADOR PE DE CARNEIRO VIBRATORIO, POTENCIA 125 HP, PESO OPERACIONAL SEM/COM LASTRO 11,95 / 13,30 T, IMPACTO DINAMICO 38,5 / 22,5 T, LARGURA DE TRABALHO 2,15 M - MANUTENÇÃO. AF_06/2014","H",55.61,1]
["Depreciação, Juros, Impostos e Seguros, Manutenção e Materiais na Operação dos Equipamentos",7054,"ROLO COMPACTADOR PE DE CARNEIRO VIBRATORIO, POTENCIA 125 HP, PESO OPERACIONAL SEM/COM LASTRO 11,95 / 13,30 T, IMPACTO DINAMICO 38,5 / 22,5 T, LARGURA DE TRABALHO 2,15 M - MATERIAIS NA OPERAÇÃO. AF_06/2014","H",88.02,0]
["Depreciação, Juros, Impostos e Seguros, Manutenção e Materiais na Operação dos Equipamentos",95627,"ROLO COMPACTADOR VIBRATORIO TANDEM, ACO LISO, POTENCIA 125 HP, PESO SEM/COM LASTRO 10,20/11,65 T, LARGURA DE TRABALHO 1,73 M - DEPRECIAÇÃO. AF_11/2016","H",47.95,1]
["Depreciação, Juros, Impostos e Seguros, Manutenção e Materiais na Operação dos Equipamentos",95628,"ROLO COMPACTADOR VIBRATORIO TANDEM, ACO LISO, POTENCIA 125 HP, PESO SEM/COM LASTRO 10,20/11,65 T, LARGURA DE TRABALHO 1,73 M - JUROS. AF_11/2016","H",12.86,1]
["Depreciação, Juros, Impostos e Seguros, Manutenção e Materiais na Operação dos Equipamentos",95629,"ROLO COMPACTADOR VIBRATORIO TANDEM, ACO LISO, POTENCIA 125 HP, PESO SEM/COM LASTRO 10,20/11,65 T, LARGURA DE TRABALHO 1,73 M - MANUTENÇÃO. AF_11/2016","H",60.01,1]
["Depreciação, Juros, Impostos e Seguros, Manutenção e Materiais na Operação dos Equipamentos",95630,"ROLO COMPACTADOR VIBRATORIO TANDEM, ACO LISO, POTENCIA 125 HP, PESO SEM/COM LASTRO 10,20/11,65 T, LARGURA DE TRABALHO 1,73 M - MATERIAIS NA OPERAÇÃO. AF_11/2016","H",88.02,0]
["Depreciação, Juros, Impostos e Seguros, Manutenção e Materiais na Operação dos Equipamentos",89210,"ROLO COMPACTADOR VIBRATÓRIO DE UM CILINDRO AÇO LISO, POTÊNCIA 80 HP, PESO OPERACIONAL MÁXIMO 8,1 T, IMPACTO DINÂMICO 16,15 / 9,5 T, LARGURA DE TRABALHO 1,68 M - DEPRECIAÇÃO. AF_06/2014","H",32.049999999999997,1]
["Depreciação, Juros, Impostos e Seguros, Manutenção e Materiais na Operação dos Equipamentos",89211,"ROLO COMPACTADOR VIBRATÓRIO DE UM CILINDRO AÇO LISO, POTÊNCIA 80 HP, PESO OPERACIONAL MÁXIMO 8,1 T, IMPACTO DINÂMICO 16,15 / 9,5 T, LARGURA DE TRABALHO 1,68 M - JUROS. AF_06/2014","H",8.6,1]
["Depreciação, Juros, Impostos e Seguros, Manutenção e Materiais na Operação dos Equipamentos",5674,"ROLO COMPACTADOR VIBRATÓRIO DE UM CILINDRO AÇO LISO, POTÊNCIA 80 HP, PESO OPERACIONAL MÁXIMO 8,1 T, IMPACTO DINÂMICO 16,15 / 9,5 T, LARGURA DE TRABALHO 1,68 M - MANUTENÇÃO. AF_06/2014","H",40.11,1]
["Depreciação, Juros, Impostos e Seguros, Manutenção e Materiais na Operação dos Equipamentos",53788,"ROLO COMPACTADOR VIBRATÓRIO DE UM CILINDRO AÇO LISO, POTÊNCIA 80 HP, PESO OPERACIONAL MÁXIMO 8,1 T, IMPACTO DINÂMICO 16,15 / 9,5 T, LARGURA DE TRABALHO 1,68 M - MATERIAIS NA OPERAÇÃO. AF_06/2014","H",56.34,0]
["Depreciação, Juros, Impostos e Seguros, Manutenção e Materiais na Operação dos Equipamentos",73309,"ROLO COMPACTADOR VIBRATÓRIO PÉ DE CARNEIRO PARA SOLOS, POTÊNCIA 80 HP, PESO OPERACIONAL SEM/COM LASTRO 7,4 / 8,8 T, LARGURA DE TRABALHO 1,68 M - DEPRECIAÇÃO. AF_02/2016","H",33.33,1]
["Depreciação, Juros, Impostos e Seguros, Manutenção e Materiais na Operação dos Equipamentos",73313,"ROLO COMPACTADOR VIBRATÓRIO PÉ DE CARNEIRO PARA SOLOS, POTÊNCIA 80 HP, PESO OPERACIONAL SEM/COM LASTRO 7,4 / 8,8 T, LARGURA DE TRABALHO 1,68 M - JUROS. AF_02/2016","H",9,1]
["Depreciação, Juros, Impostos e Seguros, Manutenção e Materiais na Operação dos Equipamentos",5089,"ROLO COMPACTADOR VIBRATÓRIO PÉ DE CARNEIRO PARA SOLOS, POTÊNCIA 80 HP, PESO OPERACIONAL SEM/COM LASTRO 7,4 / 8,8 T, LARGURA DE TRABALHO 1,68 M - MANUTENÇÃO. AF_02/2016","H",41.71,1]
["Depreciação, Juros, Impostos e Seguros, Manutenção e Materiais na Operação dos Equipamentos",73315,"ROLO COMPACTADOR VIBRATÓRIO PÉ DE CARNEIRO PARA SOLOS, POTÊNCIA 80 HP, PESO OPERACIONAL SEM/COM LASTRO 7,4 / 8,8 T, LARGURA DE TRABALHO 1,68 M - MATERIAIS NA OPERAÇÃO. AF_02/2016","H",56.34,0]
["Depreciação, Juros, Impostos e Seguros, Manutenção e Materiais na Operação dos Equipamentos",5738,"ROLO COMPACTADOR VIBRATÓRIO PÉ DE CARNEIRO, OPERADO POR CONTROLE REMOTO, POTÊNCIA 12,5 KW, PESO OPERACIONAL 1,675 T, LARGURA DE TRABALHO 0,85 M - DEPRECIAÇÃO. AF_02/2016","H",43.8,1]
["Depreciação, Juros, Impostos e Seguros, Manutenção e Materiais na Operação dos Equipamentos",93239,"ROLO COMPACTADOR VIBRATÓRIO PÉ DE CARNEIRO, OPERADO POR CONTROLE REMOTO, POTÊNCIA 12,5 KW, PESO OPERACIONAL 1,675 T, LARGURA DE TRABALHO 0,85 M - JUROS. AF_02/2016","H",11.75,1]
["Depreciação, Juros, Impostos e Seguros, Manutenção e Materiais na Operação dos Equipamentos",5739,"ROLO COMPACTADOR VIBRATÓRIO PÉ DE CARNEIRO, OPERADO POR CONTROLE REMOTO, POTÊNCIA 12,5 KW, PESO OPERACIONAL 1,675 T, LARGURA DE TRABALHO 0,85 M - MANUTENÇÃO. AF_02/2016","H",54.81,1]
["Depreciação, Juros, Impostos e Seguros, Manutenção e Materiais na Operação dos Equipamentos",93240,"ROLO COMPACTADOR VIBRATÓRIO PÉ DE CARNEIRO, OPERADO POR CONTROLE REMOTO, POTÊNCIA 12,5 KW, PESO OPERACIONAL 1,675 T, LARGURA DE TRABALHO 0,85 M - MATERIAIS NA OPERAÇÃO. AF_02/2016","H",11.8,0]
["Depreciação, Juros, Impostos e Seguros, Manutenção e Materiais na Operação dos Equipamentos",53818,"ROLO COMPACTADOR VIBRATÓRIO REBOCÁVEL, CILINDRO DE AÇO LISO, POTÊNCIA DE TRAÇÃO DE 65 CV, PESO 4,7 T, IMPACTO DINÂMICO 18,3 T, LARGURA DE TRABALHO 1,67 M - DEPRECIAÇÃO. AF_02/2016","H",9.67,1]
["Depreciação, Juros, Impostos e Seguros, Manutenção e Materiais na Operação dos Equipamentos",93238,"ROLO COMPACTADOR VIBRATÓRIO REBOCÁVEL, CILINDRO DE AÇO LISO, POTÊNCIA DE TRAÇÃO DE 65 CV, PESO 4,7 T, IMPACTO DINÂMICO 18,3 T, LARGURA DE TRABALHO 1,67 M - JUROS. AF_02/2016","H",2.59,1]
["Depreciação, Juros, Impostos e Seguros, Manutenção e Materiais na Operação dos Equipamentos",5727,"ROLO COMPACTADOR VIBRATÓRIO REBOCÁVEL, CILINDRO DE AÇO LISO, POTÊNCIA DE TRAÇÃO DE 65 CV, PESO 4,7 T, IMPACTO DINÂMICO 18,3 T, LARGURA DE TRABALHO 1,67 M - MANUTENÇÃO. AF_02/2016","H",12.1,1]
["Depreciação, Juros, Impostos e Seguros, Manutenção e Materiais na Operação dos Equipamentos",89280,"ROLO COMPACTADOR VIBRATÓRIO TANDEM AÇO LISO, POTÊNCIA 58 HP, PESO SEM/COM LASTRO 6,5 / 9,4 T, LARGURA DE TRABALHO 1,2 M - DEPRECIAÇÃO. AF_06/2014","H",39.36,1]
["Depreciação, Juros, Impostos e Seguros, Manutenção e Materiais na Operação dos Equipamentos",89281,"ROLO COMPACTADOR VIBRATÓRIO TANDEM AÇO LISO, POTÊNCIA 58 HP, PESO SEM/COM LASTRO 6,5 / 9,4 T, LARGURA DE TRABALHO 1,2 M - JUROS. AF_06/2014","H",10.56,1]
["Depreciação, Juros, Impostos e Seguros, Manutenção e Materiais na Operação dos Equipamentos",5729,"ROLO COMPACTADOR VIBRATÓRIO TANDEM AÇO LISO, POTÊNCIA 58 HP, PESO SEM/COM LASTRO 6,5 / 9,4 T, LARGURA DE TRABALHO 1,2 M - MANUTENÇÃO. AF_06/2014","H",49.26,1]
["Depreciação, Juros, Impostos e Seguros, Manutenção e Materiais na Operação dos Equipamentos",5730,"ROLO COMPACTADOR VIBRATÓRIO TANDEM AÇO LISO, POTÊNCIA 58 HP, PESO SEM/COM LASTRO 6,5 / 9,4 T, LARGURA DE TRABALHO 1,2 M - MATERIAIS NA OPERAÇÃO. AF_06/2014","H",40.29,0]
["Depreciação, Juros, Impostos e Seguros, Manutenção e Materiais na Operação dos Equipamentos",95266,"RÉGUA VIBRATÓRIA DUPLA PARA CONCRETO, PESO DE 60KG, COMPRIMENTO 4 M, COM MOTOR A GASOLINA, POTÊNCIA 5,5 HP - DEPRECIAÇÃO. AF_09/2016","H",0.62,1]
["Depreciação, Juros, Impostos e Seguros, Manutenção e Materiais na Operação dos Equipamentos",95267,"RÉGUA VIBRATÓRIA DUPLA PARA CONCRETO, PESO DE 60KG, COMPRIMENTO 4 M, COM MOTOR A GASOLINA, POTÊNCIA 5,5 HP - JUROS. AF_09/2016","H",0.12,1]
["Depreciação, Juros, Impostos e Seguros, Manutenção e Materiais na Operação dos Equipamentos",95268,"RÉGUA VIBRATÓRIA DUPLA PARA CONCRETO, PESO DE 60KG, COMPRIMENTO 4 M, COM MOTOR A GASOLINA, POTÊNCIA 5,5 HP - MANUTENÇÃO. AF_09/2016","H",0.61,1]
["Depreciação, Juros, Impostos e Seguros, Manutenção e Materiais na Operação dos Equipamentos",95269,"RÉGUA VIBRATÓRIA DUPLA PARA CONCRETO, PESO DE 60KG, COMPRIMENTO 4 M, COM MOTOR A GASOLINA, POTÊNCIA 5,5 HP - MATERIAIS NA OPERAÇÃO. AF_09/2016","H",8.5500000000000007,0]
["Depreciação, Juros, Impostos e Seguros, Manutenção e Materiais na Operação dos Equipamentos",91688,"SERRA CIRCULAR DE BANCADA COM MOTOR ELÉTRICO POTÊNCIA DE 5HP, COM COIFA PARA DISCO 10\" - DEPRECIAÇÃO. AF_08/2015","H",0.15,0]
["Depreciação, Juros, Impostos e Seguros, Manutenção e Materiais na Operação dos Equipamentos",91689,"SERRA CIRCULAR DE BANCADA COM MOTOR ELÉTRICO POTÊNCIA DE 5HP, COM COIFA PARA DISCO 10\" - JUROS. AF_08/2015","H",0.03,0]
["Depreciação, Juros, Impostos e Seguros, Manutenção e Materiais na Operação dos Equipamentos",91690,"SERRA CIRCULAR DE BANCADA COM MOTOR ELÉTRICO POTÊNCIA DE 5HP, COM COIFA PARA DISCO 10\" - MANUTENÇÃO. AF_08/2015","H",0.1,0]
["Depreciação, Juros, Impostos e Seguros, Manutenção e Materiais na Operação dos Equipamentos",91691,"SERRA CIRCULAR DE BANCADA COM MOTOR ELÉTRICO POTÊNCIA DE 5HP, COM COIFA PARA DISCO 10\" - MATERIAIS NA OPERAÇÃO. AF_08/2015","H",1.3,0]
["Depreciação, Juros, Impostos e Seguros, Manutenção e Materiais na Operação dos Equipamentos",102924,"SERRA FITA HORIZONTAL, ELÉTRICA, COM CONTROLE HIDRÁULICO, PAINEL DE COMANDO EM 24 V, MOTOR ELÉTRICO 1,5 CV, DIMENSÕES DA FITA 3880 X 27 X 0,9 MM, TRIFÁSICA - DEPRECIAÇÃO. AF_05/2023","H",0]
["Depreciação, Juros, Impostos e Seguros, Manutenção e Materiais na Operação dos Equipamentos",102925,"SERRA FITA HORIZONTAL, ELÉTRICA, COM CONTROLE HIDRÁULICO, PAINEL DE COMANDO EM 24 V, MOTOR ELÉTRICO 1,5 CV, DIMENSÕES DA FITA 3880 X 27 X 0,9 MM, TRIFÁSICA - JUROS. AF_05/2023","H",0]
["Depreciação, Juros, Impostos e Seguros, Manutenção e Materiais na Operação dos Equipamentos",102926,"SERRA FITA HORIZONTAL, ELÉTRICA, COM CONTROLE HIDRÁULICO, PAINEL DE COMANDO EM 24 V, MOTOR ELÉTRICO 1,5 CV, DIMENSÕES DA FITA 3880 X 27 X 0,9 MM, TRIFÁSICA - MANUTENÇÃO. AF_05/2023","H",0]
["Depreciação, Juros, Impostos e Seguros, Manutenção e Materiais na Operação dos Equipamentos",102927,"SERRA FITA HORIZONTAL, ELÉTRICA, COM CONTROLE HIDRÁULICO, PAINEL DE COMANDO EM 24 V, MOTOR ELÉTRICO 1,5 CV, DIMENSÕES DA FITA 3880 X 27 X 0,9 MM, TRIFÁSICA - MATERIAIS NA OPERAÇÃO. AF_05/2023","H",0.9,0]
["Depreciação, Juros, Impostos e Seguros, Manutenção e Materiais na Operação dos Equipamentos",95136,"TALHA MANUAL DE CORRENTE, CAPACIDADE DE 2 TON. COM ELEVAÇÃO DE 3 M - DEPRECIAÇÃO. AF_07/2016","H",0.03,0]
["Depreciação, Juros, Impostos e Seguros, Manutenção e Materiais na Operação dos Equipamentos",95137,"TALHA MANUAL DE CORRENTE, CAPACIDADE DE 2 TON. COM ELEVAÇÃO DE 3 M - JUROS. AF_07/2016","H",0.01,0]
["Depreciação, Juros, Impostos e Seguros, Manutenção e Materiais na Operação dos Equipamentos",95138,"TALHA MANUAL DE CORRENTE, CAPACIDADE DE 2 TON. COM ELEVAÇÃO DE 3 M - MANUTENÇÃO. AF_07/2016","H",0.02,0]
["Depreciação, Juros, Impostos e Seguros, Manutenção e Materiais na Operação dos Equipamentos",89023,"TANQUE DE ASFALTO ESTACIONÁRIO COM MAÇARICO, CAPACIDADE 20.000 L - DEPRECIAÇÃO. AF_05/2023","H",3.82,1]
["Depreciação, Juros, Impostos e Seguros, Manutenção e Materiais na Operação dos Equipamentos",89024,"TANQUE DE ASFALTO ESTACIONÁRIO COM MAÇARICO, CAPACIDADE 20.000 L - JUROS. AF_05/2023","H",1.32,1]
["Depreciação, Juros, Impostos e Seguros, Manutenção e Materiais na Operação dos Equipamentos",89025,"TANQUE DE ASFALTO ESTACIONÁRIO COM MAÇARICO, CAPACIDADE 20.000 L - MANUTENÇÃO. AF_05/2023","H",4.78,1]
["Depreciação, Juros, Impostos e Seguros, Manutenção e Materiais na Operação dos Equipamentos",89026,"TANQUE DE ASFALTO ESTACIONÁRIO COM MAÇARICO, CAPACIDADE 20.000 L - MATERIAIS NA OPERAÇÃO. AF_05/2023","H",168.59,0]
["Depreciação, Juros, Impostos e Seguros, Manutenção e Materiais na Operação dos Equipamentos",7032,"TANQUE DE ASFALTO ESTACIONÁRIO COM SERPENTINA, CAPACIDADE 30.000 L - DEPRECIAÇÃO. AF_05/2023","H",4.7,1]
["Depreciação, Juros, Impostos e Seguros, Manutenção e Materiais na Operação dos Equipamentos",7033,"TANQUE DE ASFALTO ESTACIONÁRIO COM SERPENTINA, CAPACIDADE 30.000 L - JUROS. AF_05/2023","H",1.63,1]
["Depreciação, Juros, Impostos e Seguros, Manutenção e Materiais na Operação dos Equipamentos",7034,"TANQUE DE ASFALTO ESTACIONÁRIO COM SERPENTINA, CAPACIDADE 30.000 L - MANUTENÇÃO. AF_05/2023","H",5.88,1]
["Depreciação, Juros, Impostos e Seguros, Manutenção e Materiais na Operação dos Equipamentos",7035,"TANQUE DE ASFALTO ESTACIONÁRIO COM SERPENTINA, CAPACIDADE 30.000 L - MATERIAIS NA OPERAÇÃO. AF_05/2023","H",252.88,0]
["Depreciação, Juros, Impostos e Seguros, Manutenção e Materiais na Operação dos Equipamentos",102942,"TARTARUGA DE OXICORTE CG1, MONOFÁSICA, 220 V, FREQUÊNCIA 50 HZ, VELOCIDADE DE CORTE (MM/MIN) 50 A 750, DIÂMETRO MÍNIMO DO COMPASSO MM 200 - DEPRECIAÇÃO. AF_05/2023","H",0]
["Depreciação, Juros, Impostos e Seguros, Manutenção e Materiais na Operação dos Equipamentos",102943,"TARTARUGA DE OXICORTE CG1, MONOFÁSICA, 220 V, FREQUÊNCIA 50 HZ, VELOCIDADE DE CORTE (MM/MIN) 50 A 750, DIÂMETRO MÍNIMO DO COMPASSO MM 200 - JUROS. AF_05/2023","H",0]
["Depreciação, Juros, Impostos e Seguros, Manutenção e Materiais na Operação dos Equipamentos",102944,"TARTARUGA DE OXICORTE CG1, MONOFÁSICA, 220 V, FREQUÊNCIA 50 HZ, VELOCIDADE DE CORTE (MM/MIN) 50 A 750, DIÂMETRO MÍNIMO DO COMPASSO MM 200 - MANUTENÇÃO. AF_05/2023","H",0]
["Depreciação, Juros, Impostos e Seguros, Manutenção e Materiais na Operação dos Equipamentos",102945,"TARTARUGA DE OXICORTE CG1, MONOFÁSICA, 220 V, FREQUÊNCIA 50 HZ, VELOCIDADE DE CORTE (MM/MIN) 50 A 750, DIÂMETRO MÍNIMO DO COMPASSO MM 200 - MATERIAIS NA OPERAÇÃO. AF_05/2023","H",0.01,0]
["Depreciação, Juros, Impostos e Seguros, Manutenção e Materiais na Operação dos Equipamentos",104087,"TERMOFUSORA PARA TUBOS E CONEXÕES EM PPR COM DIÂMETROS DE 20 A 63 MM, POTÊNCIA DE 800 W, TENSAO 220 V - DEPRECIAÇÃO. AF_05/2022","H",0.05,0]
["Depreciação, Juros, Impostos e Seguros, Manutenção e Materiais na Operação dos Equipamentos",104088,"TERMOFUSORA PARA TUBOS E CONEXÕES EM PPR COM DIÂMETROS DE 20 A 63 MM, POTÊNCIA DE 800 W, TENSAO 220 V - JUROS. AF_05/2022","H",0.01,0]
["Depreciação, Juros, Impostos e Seguros, Manutenção e Materiais na Operação dos Equipamentos",104089,"TERMOFUSORA PARA TUBOS E CONEXÕES EM PPR COM DIÂMETROS DE 20 A 63 MM, POTÊNCIA DE 800 W, TENSAO 220 V - MANUTENÇÃO. AF_05/2022","H",7.0000000000000007E-2,0]
["Depreciação, Juros, Impostos e Seguros, Manutenção e Materiais na Operação dos Equipamentos",104090,"TERMOFUSORA PARA TUBOS E CONEXÕES EM PPR COM DIÂMETROS DE 20 A 63 MM, POTÊNCIA DE 800 W, TENSAO 220 V - MATERIAIS NA OPERAÇÃO. AF_05/2022","H",0.65,0]
["Depreciação, Juros, Impostos e Seguros, Manutenção e Materiais na Operação dos Equipamentos",104093,"TERMOFUSORA PARA TUBOS E CONEXÕES EM PPR COM DIÂMETROS DE 75 A 110 MM, POTÊNCIA DE *1100* W, TENSÃO 220 V - DEPRECIAÇÃO. AF_05/2022","H",7.0000000000000007E-2,0]
["Depreciação, Juros, Impostos e Seguros, Manutenção e Materiais na Operação dos Equipamentos",104094,"TERMOFUSORA PARA TUBOS E CONEXÕES EM PPR COM DIÂMETROS DE 75 A 110 MM, POTÊNCIA DE *1100* W, TENSÃO 220 V - JUROS. AF_05/2022","H",0.01,0]
["Depreciação, Juros, Impostos e Seguros, Manutenção e Materiais na Operação dos Equipamentos",104095,"TERMOFUSORA PARA TUBOS E CONEXÕES EM PPR COM DIÂMETROS DE 75 A 110 MM, POTÊNCIA DE *1100* W, TENSÃO 220 V - MANUTENÇÃO. AF_05/2022","H",0.09,0]
["Depreciação, Juros, Impostos e Seguros, Manutenção e Materiais na Operação dos Equipamentos",104096,"TERMOFUSORA PARA TUBOS E CONEXÕES EM PPR COM DIÂMETROS DE 75 A 110 MM, POTÊNCIA DE *1100* W, TENSÃO 220 V - MATERIAIS NA OPERAÇÃO. AF_05/2022","H",0.9,0]
["Depreciação, Juros, Impostos e Seguros, Manutenção e Materiais na Operação dos Equipamentos",102900,"TORRE, COMPOSTA POR GUINCHO MECÂNICO, GUINCHO MANUAL, CABOS DE AÇO, PITEIRA E SOQUETE - DEPRECIAÇÃO. AF_05/2023","H",0]
["Depreciação, Juros, Impostos e Seguros, Manutenção e Materiais na Operação dos Equipamentos",102901,"TORRE, COMPOSTA POR GUINCHO MECÂNICO, GUINCHO MANUAL, CABOS DE AÇO, PITEIRA E SOQUETE - JUROS. AF_05/2023","H",0]
["Depreciação, Juros, Impostos e Seguros, Manutenção e Materiais na Operação dos Equipamentos",102902,"TORRE, COMPOSTA POR GUINCHO MECÂNICO, GUINCHO MANUAL, CABOS DE AÇO, PITEIRA E SOQUETE - MANUTENÇÃO. AF_05/2023","H",0]
["Depreciação, Juros, Impostos e Seguros, Manutenção e Materiais na Operação dos Equipamentos",102903,"TORRE, COMPOSTA POR GUINCHO MECÂNICO, GUINCHO MANUAL, CABOS DE AÇO, PITEIRA E SOQUETE - MATERIAIS NA OPERAÇÃO. AF_05/2023","H",11.5,0]
["Depreciação, Juros, Impostos e Seguros, Manutenção e Materiais na Operação dos Equipamentos",89029,"TRATOR DE ESTEIRAS, POTÊNCIA 100 HP, PESO OPERACIONAL 9,4 T, COM LÂMINA 2,19 M3 - DEPRECIAÇÃO. AF_06/2014","H",33.58,1]
["Depreciação, Juros, Impostos e Seguros, Manutenção e Materiais na Operação dos Equipamentos",89030,"TRATOR DE ESTEIRAS, POTÊNCIA 100 HP, PESO OPERACIONAL 9,4 T, COM LÂMINA 2,19 M3 - JUROS. AF_06/2014","H",14.79,1]
["Depreciação, Juros, Impostos e Seguros, Manutenção e Materiais na Operação dos Equipamentos",5724,"TRATOR DE ESTEIRAS, POTÊNCIA 100 HP, PESO OPERACIONAL 9,4 T, COM LÂMINA 2,19 M3 - MANUTENÇÃO. AF_06/2014","H",60.04,1]
["Depreciação, Juros, Impostos e Seguros, Manutenção e Materiais na Operação dos Equipamentos",53817,"TRATOR DE ESTEIRAS, POTÊNCIA 100 HP, PESO OPERACIONAL 9,4 T, COM LÂMINA 2,19 M3 - MATERIAIS NA OPERAÇÃO. AF_06/2014","H",61.59,0]
["Depreciação, Juros, Impostos e Seguros, Manutenção e Materiais na Operação dos Equipamentos",88839,"TRATOR DE ESTEIRAS, POTÊNCIA 125 HP, PESO OPERACIONAL 12,9 T, COM LÂMINA 2,7 M3 - DEPRECIAÇÃO. AF_10/2014","H",35.15,1]
["Depreciação, Juros, Impostos e Seguros, Manutenção e Materiais na Operação dos Equipamentos",88840,"TRATOR DE ESTEIRAS, POTÊNCIA 125 HP, PESO OPERACIONAL 12,9 T, COM LÂMINA 2,7 M3 - JUROS. AF_10/2014","H",15.48,1]
["Depreciação, Juros, Impostos e Seguros, Manutenção e Materiais na Operação dos Equipamentos",88841,"TRATOR DE ESTEIRAS, POTÊNCIA 125 HP, PESO OPERACIONAL 12,9 T, COM LÂMINA 2,7 M3 - MANUTENÇÃO. AF_10/2014","H",62.84,1]
["Depreciação, Juros, Impostos e Seguros, Manutenção e Materiais na Operação dos Equipamentos",88842,"TRATOR DE ESTEIRAS, POTÊNCIA 125 HP, PESO OPERACIONAL 12,9 T, COM LÂMINA 2,7 M3 - MATERIAIS NA OPERAÇÃO. AF_10/2014","H",77.05,0]
["Depreciação, Juros, Impostos e Seguros, Manutenção e Materiais na Operação dos Equipamentos",89009,"TRATOR DE ESTEIRAS, POTÊNCIA 150 HP, PESO OPERACIONAL 16,7 T, COM RODA MOTRIZ ELEVADA E LÂMINA 3,18 M3 - DEPRECIAÇÃO. AF_06/2014","H",43.54,1]
["Depreciação, Juros, Impostos e Seguros, Manutenção e Materiais na Operação dos Equipamentos",89010,"TRATOR DE ESTEIRAS, POTÊNCIA 150 HP, PESO OPERACIONAL 16,7 T, COM RODA MOTRIZ ELEVADA E LÂMINA 3,18 M3 - JUROS. AF_06/2014","H",19.18,1]
["Depreciação, Juros, Impostos e Seguros, Manutenção e Materiais na Operação dos Equipamentos",53810,"TRATOR DE ESTEIRAS, POTÊNCIA 150 HP, PESO OPERACIONAL 16,7 T, COM RODA MOTRIZ ELEVADA E LÂMINA 3,18 M3 - MANUTENÇÃO. AF_06/2014","H",77.84,1]
["Depreciação, Juros, Impostos e Seguros, Manutenção e Materiais na Operação dos Equipamentos",5721,"TRATOR DE ESTEIRAS, POTÊNCIA 150 HP, PESO OPERACIONAL 16,7 T, COM RODA MOTRIZ ELEVADA E LÂMINA 3,18 M3 - MATERIAIS NA OPERAÇÃO. AF_06/2014","H",92.45,0]
["Depreciação, Juros, Impostos e Seguros, Manutenção e Materiais na Operação dos Equipamentos",89017,"TRATOR DE ESTEIRAS, POTÊNCIA 170 HP, PESO OPERACIONAL 19 T, CAÇAMBA 5,2 M3 - DEPRECIAÇÃO. AF_06/2014","H",43.27,1]
["Depreciação, Juros, Impostos e Seguros, Manutenção e Materiais na Operação dos Equipamentos",89018,"TRATOR DE ESTEIRAS, POTÊNCIA 170 HP, PESO OPERACIONAL 19 T, CAÇAMBA 5,2 M3 - JUROS. AF_06/2014","H",19.059999999999999,1]
["Depreciação, Juros, Impostos e Seguros, Manutenção e Materiais na Operação dos Equipamentos",53806,"TRATOR DE ESTEIRAS, POTÊNCIA 170 HP, PESO OPERACIONAL 19 T, CAÇAMBA 5,2 M3 - MANUTENÇÃO. AF_06/2014","H",77.36,1]
["Depreciação, Juros, Impostos e Seguros, Manutenção e Materiais na Operação dos Equipamentos",5718,"TRATOR DE ESTEIRAS, POTÊNCIA 170 HP, PESO OPERACIONAL 19 T, CAÇAMBA 5,2 M3 - MATERIAIS NA OPERAÇÃO. AF_06/2014","H",104.78,0]
["Depreciação, Juros, Impostos e Seguros, Manutenção e Materiais na Operação dos Equipamentos",89013,"TRATOR DE ESTEIRAS, POTÊNCIA 347 HP, PESO OPERACIONAL 38,5 T, COM LÂMINA 8,70 M3 - DEPRECIAÇÃO. AF_06/2014","H",142.61000000000001,1]
["Depreciação, Juros, Impostos e Seguros, Manutenção e Materiais na Operação dos Equipamentos",89014,"TRATOR DE ESTEIRAS, POTÊNCIA 347 HP, PESO OPERACIONAL 38,5 T, COM LÂMINA 8,70 M3 - JUROS. AF_06/2014","H",62.82,1]
["Depreciação, Juros, Impostos e Seguros, Manutenção e Materiais na Operação dos Equipamentos",53814,"TRATOR DE ESTEIRAS, POTÊNCIA 347 HP, PESO OPERACIONAL 38,5 T, COM LÂMINA 8,70 M3 - MANUTENÇÃO. AF_06/2014","H",254.96,1]
["Depreciação, Juros, Impostos e Seguros, Manutenção e Materiais na Operação dos Equipamentos",5722,"TRATOR DE ESTEIRAS, POTÊNCIA 347 HP, PESO OPERACIONAL 38,5 T, COM LÂMINA 8,70 M3 - MATERIAIS NA OPERAÇÃO. AF_06/2014","H",213.81,0]
["Depreciação, Juros, Impostos e Seguros, Manutenção e Materiais na Operação dos Equipamentos",96015,"TRATOR DE PNEUS COM POTÊNCIA DE 122 CV, TRAÇÃO 4X4, COM GRADE DE DISCOS ACOPLADA - DEPRECIAÇÃO. AF_02/2017","H",22.6,1]
["Depreciação, Juros, Impostos e Seguros, Manutenção e Materiais na Operação dos Equipamentos",96016,"TRATOR DE PNEUS COM POTÊNCIA DE 122 CV, TRAÇÃO 4X4, COM GRADE DE DISCOS ACOPLADA - JUROS. AF_02/2017","H",6.06,1]
["Depreciação, Juros, Impostos e Seguros, Manutenção e Materiais na Operação dos Equipamentos",96018,"TRATOR DE PNEUS COM POTÊNCIA DE 122 CV, TRAÇÃO 4X4, COM GRADE DE DISCOS ACOPLADA - MANUTENÇÃO. AF_02/2017","H",24.73,1]
["Depreciação, Juros, Impostos e Seguros, Manutenção e Materiais na Operação dos Equipamentos",96019,"TRATOR DE PNEUS COM POTÊNCIA DE 122 CV, TRAÇÃO 4X4, COM GRADE DE DISCOS ACOPLADA - MATERIAIS NA OPERAÇÃO. AF_02/2017","H",95.34,0]
["Depreciação, Juros, Impostos e Seguros, Manutenção e Materiais na Operação dos Equipamentos",96008,"TRATOR DE PNEUS COM POTÊNCIA DE 122 CV, TRAÇÃO 4X4, COM VASSOURA MECÂNICA ACOPLADA - DEPRECIAÇÃO. AF_02/2017","H",22.8,1]
["Depreciação, Juros, Impostos e Seguros, Manutenção e Materiais na Operação dos Equipamentos",96009,"TRATOR DE PNEUS COM POTÊNCIA DE 122 CV, TRAÇÃO 4X4, COM VASSOURA MECÂNICA ACOPLADA - JUROS. AF_02/2017","H",6.11,1]
["Depreciação, Juros, Impostos e Seguros, Manutenção e Materiais na Operação dos Equipamentos",96011,"TRATOR DE PNEUS COM POTÊNCIA DE 122 CV, TRAÇÃO 4X4, COM VASSOURA MECÂNICA ACOPLADA - MANUTENÇÃO. AF_02/2017","H",24.95,1]
["Depreciação, Juros, Impostos e Seguros, Manutenção e Materiais na Operação dos Equipamentos",96012,"TRATOR DE PNEUS COM POTÊNCIA DE 122 CV, TRAÇÃO 4X4, COM VASSOURA MECÂNICA ACOPLADA - MATERIAIS NA OPERAÇÃO. AF_02/2017","H",95.34,0]
["Depreciação, Juros, Impostos e Seguros, Manutenção e Materiais na Operação dos Equipamentos",96023,"TRATOR DE PNEUS COM POTÊNCIA DE 85 CV, TRAÇÃO 4X4, COM GRADE DE DISCOS ACOPLADA - DEPRECIAÇÃO. AF_02/2017","H",17.45,1]
["Depreciação, Juros, Impostos e Seguros, Manutenção e Materiais na Operação dos Equipamentos",96024,"TRATOR DE PNEUS COM POTÊNCIA DE 85 CV, TRAÇÃO 4X4, COM GRADE DE DISCOS ACOPLADA - JUROS. AF_02/2017","H",4.67,1]
["Depreciação, Juros, Impostos e Seguros, Manutenção e Materiais na Operação dos Equipamentos",96026,"TRATOR DE PNEUS COM POTÊNCIA DE 85 CV, TRAÇÃO 4X4, COM GRADE DE DISCOS ACOPLADA - MANUTENÇÃO. AF_02/2017","H",19.09,1]
["Depreciação, Juros, Impostos e Seguros, Manutenção e Materiais na Operação dos Equipamentos",96027,"TRATOR DE PNEUS COM POTÊNCIA DE 85 CV, TRAÇÃO 4X4, COM GRADE DE DISCOS ACOPLADA - MATERIAIS NA OPERAÇÃO. AF_02/2017","H",66.430000000000007,0]
["Depreciação, Juros, Impostos e Seguros, Manutenção e Materiais na Operação dos Equipamentos",96053,"TRATOR DE PNEUS COM POTÊNCIA DE 85 CV, TRAÇÃO 4X4, COM VASSOURA MECÂNICA ACOPLADA - DEPRECIAÇÃO. AF_03/2017","H",17.649999999999999,1]
["Depreciação, Juros, Impostos e Seguros, Manutenção e Materiais na Operação dos Equipamentos",96055,"TRATOR DE PNEUS COM POTÊNCIA DE 85 CV, TRAÇÃO 4X4, COM VASSOURA MECÂNICA ACOPLADA - JUROS. AF_03/2017","H",4.72,1]
["Depreciação, Juros, Impostos e Seguros, Manutenção e Materiais na Operação dos Equipamentos",96056,"TRATOR DE PNEUS COM POTÊNCIA DE 85 CV, TRAÇÃO 4X4, COM VASSOURA MECÂNICA ACOPLADA - MANUTENÇÃO. AF_03/2017","H",19.309999999999999,1]
["Depreciação, Juros, Impostos e Seguros, Manutenção e Materiais na Operação dos Equipamentos",96057,"TRATOR DE PNEUS COM POTÊNCIA DE 85 CV, TRAÇÃO 4X4, COM VASSOURA MECÂNICA ACOPLADA - MATERIAIS NA OPERAÇÃO. AF_03/2017","H",66.430000000000007,0]
["Depreciação, Juros, Impostos e Seguros, Manutenção e Materiais na Operação dos Equipamentos",7063,"TRATOR DE PNEUS, POTÊNCIA 122 CV, TRAÇÃO 4X4, PESO COM LASTRO DE 4.510 KG - DEPRECIAÇÃO. AF_06/2014","H",19.27,1]
["Depreciação, Juros, Impostos e Seguros, Manutenção e Materiais na Operação dos Equipamentos",7064,"TRATOR DE PNEUS, POTÊNCIA 122 CV, TRAÇÃO 4X4, PESO COM LASTRO DE 4.510 KG - JUROS. AF_06/2014","H",5.2,1]
["Depreciação, Juros, Impostos e Seguros, Manutenção e Materiais na Operação dos Equipamentos",7065,"TRATOR DE PNEUS, POTÊNCIA 122 CV, TRAÇÃO 4X4, PESO COM LASTRO DE 4.510 KG - MANUTENÇÃO. AF_06/2014","H",21.08,1]
["Depreciação, Juros, Impostos e Seguros, Manutenção e Materiais na Operação dos Equipamentos",7066,"TRATOR DE PNEUS, POTÊNCIA 122 CV, TRAÇÃO 4X4, PESO COM LASTRO DE 4.510 KG - MATERIAIS NA OPERAÇÃO. AF_06/2014","H",95.34,0]
["Depreciação, Juros, Impostos e Seguros, Manutenção e Materiais na Operação dos Equipamentos",89033,"TRATOR DE PNEUS, POTÊNCIA 85 CV, TRAÇÃO 4X4, PESO COM LASTRO DE 4.675 KG - DEPRECIAÇÃO. AF_06/2014","H",14.12,1]
["Depreciação, Juros, Impostos e Seguros, Manutenção e Materiais na Operação dos Equipamentos",89034,"TRATOR DE PNEUS, POTÊNCIA 85 CV, TRAÇÃO 4X4, PESO COM LASTRO DE 4.675 KG - JUROS. AF_06/2014","H",3.78,1]
["Depreciação, Juros, Impostos e Seguros, Manutenção e Materiais na Operação dos Equipamentos",5714,"TRATOR DE PNEUS, POTÊNCIA 85 CV, TRAÇÃO 4X4, PESO COM LASTRO DE 4.675 KG - MANUTENÇÃO. AF_06/2014","H",15.44,1]
["Depreciação, Juros, Impostos e Seguros, Manutenção e Materiais na Operação dos Equipamentos",5715,"TRATOR DE PNEUS, POTÊNCIA 85 CV, TRAÇÃO 4X4, PESO COM LASTRO DE 4.675 KG - MATERIAIS NA OPERAÇÃO. AF_06/2014","H",66.430000000000007,0]
["Depreciação, Juros, Impostos e Seguros, Manutenção e Materiais na Operação dos Equipamentos",102906,"UNIDADE DOSADORA AIRLESS TIPO HOT SPRAY - DEPRECIAÇÃO. AF_05/2023","H",0]
["Depreciação, Juros, Impostos e Seguros, Manutenção e Materiais na Operação dos Equipamentos",102907,"UNIDADE DOSADORA AIRLESS TIPO HOT SPRAY - JUROS. AF_05/2023","H",0]
["Depreciação, Juros, Impostos e Seguros, Manutenção e Materiais na Operação dos Equipamentos",102908,"UNIDADE DOSADORA AIRLESS TIPO HOT SPRAY - MANUTENÇÃO. AF_05/2023","H",0]
["Depreciação, Juros, Impostos e Seguros, Manutenção e Materiais na Operação dos Equipamentos",102909,"UNIDADE DOSADORA AIRLESS TIPO HOT SPRAY - MATERIAIS NA OPERAÇÃO. AF_05/2023","H",3.91,0]
["Depreciação, Juros, Impostos e Seguros, Manutenção e Materiais na Operação dos Equipamentos",93435,"USINA DE ASFALTO À FRIO, CAPACIDADE DE 40 A 60 TON/HORA, ELÉTRICA POTÊNCIA 30 CV - DEPRECIAÇÃO. AF_05/2023","H",9.1999999999999993,1]
["Depreciação, Juros, Impostos e Seguros, Manutenção e Materiais na Operação dos Equipamentos",93436,"USINA DE ASFALTO À FRIO, CAPACIDADE DE 40 A 60 TON/HORA, ELÉTRICA POTÊNCIA 30 CV - JUROS. AF_05/2023","H",2.83,1]
["Depreciação, Juros, Impostos e Seguros, Manutenção e Materiais na Operação dos Equipamentos",93437,"USINA DE ASFALTO À FRIO, CAPACIDADE DE 40 A 60 TON/HORA, ELÉTRICA POTÊNCIA 30 CV - MANUTENÇÃO. AF_05/2023","H",10.06,1]
["Depreciação, Juros, Impostos e Seguros, Manutenção e Materiais na Operação dos Equipamentos",93438,"USINA DE ASFALTO À FRIO, CAPACIDADE DE 40 A 60 TON/HORA, ELÉTRICA POTÊNCIA 30 CV - MATERIAIS NA OPERAÇÃO. AF_05/2023","H",110.74,0]
["Depreciação, Juros, Impostos e Seguros, Manutenção e Materiais na Operação dos Equipamentos",100643,"USINA DE ASFALTO, TIPO GRAVIMÉTRICA, PROD 150 TON/HORA - DEPRECIAÇÃO. AF_12/2019","H",412.54,1]
["Depreciação, Juros, Impostos e Seguros, Manutenção e Materiais na Operação dos Equipamentos",100644,"USINA DE ASFALTO, TIPO GRAVIMÉTRICA, PROD 150 TON/HORA - JUROS. AF_12/2019","H",145.41999999999999,1]
["Depreciação, Juros, Impostos e Seguros, Manutenção e Materiais na Operação dos Equipamentos",100645,"USINA DE ASFALTO, TIPO GRAVIMÉTRICA, PROD 150 TON/HORA - MANUTENÇÃO. AF_12/2019","H",663.17,1]
["Depreciação, Juros, Impostos e Seguros, Manutenção e Materiais na Operação dos Equipamentos",100646,"USINA DE ASFALTO, TIPO GRAVIMÉTRICA, PROD 150 TON/HORA - MATERIAIS NA OPERAÇÃO. AF_12/2019","H",5310,0]
["Depreciação, Juros, Impostos e Seguros, Manutenção e Materiais na Operação dos Equipamentos",95116,"USINA DE CONCRETO FIXA, CAPACIDADE NOMINAL DE 90 A 120 M3/H, SEM SILO - DEPRECIAÇÃO. AF_07/2016","H",32.549999999999997,1]
["Depreciação, Juros, Impostos e Seguros, Manutenção e Materiais na Operação dos Equipamentos",95117,"USINA DE CONCRETO FIXA, CAPACIDADE NOMINAL DE 90 A 120 M3/H, SEM SILO - JUROS. AF_07/2016","H",10.039999999999999,1]
["Depreciação, Juros, Impostos e Seguros, Manutenção e Materiais na Operação dos Equipamentos",53794,"USINA DE CONCRETO FIXA, CAPACIDADE NOMINAL DE 90 A 120 M3/H, SEM SILO - MANUTENÇÃO. AF_07/2016","H",35.619999999999997,1]
["Depreciação, Juros, Impostos e Seguros, Manutenção e Materiais na Operação dos Equipamentos",5703,"USINA DE CONCRETO FIXA, CAPACIDADE NOMINAL DE 90 A 120 M3/H, SEM SILO - MATERIAIS NA OPERAÇÃO. AF_07/2016","H",22.84,0]
["Depreciação, Juros, Impostos e Seguros, Manutenção e Materiais na Operação dos Equipamentos",88847,"USINA DE LAMA ASFÁLTICA, PROD 30 A 50 T/H, SILO DE AGREGADO 7 M3, RESERVATÓRIOS PARA EMULSÃO E ÁGUA DE 2,3 M3 CADA, MISTURADOR TIPO PUG MILL A SER MONTADO SOBRE CAMINHÃO - DEPRECIAÇÃO. AF_10/2014","H",27.62,1]
["Depreciação, Juros, Impostos e Seguros, Manutenção e Materiais na Operação dos Equipamentos",88848,"USINA DE LAMA ASFÁLTICA, PROD 30 A 50 T/H, SILO DE AGREGADO 7 M3, RESERVATÓRIOS PARA EMULSÃO E ÁGUA DE 2,3 M3 CADA, MISTURADOR TIPO PUG MILL A SER MONTADO SOBRE CAMINHÃO - JUROS. AF_10/2014","H",11.35,1]
["Depreciação, Juros, Impostos e Seguros, Manutenção e Materiais na Operação dos Equipamentos",5741,"USINA DE LAMA ASFÁLTICA, PROD 30 A 50 T/H, SILO DE AGREGADO 7 M3, RESERVATÓRIOS PARA EMULSÃO E ÁGUA DE 2,3 M3 CADA, MISTURADOR TIPO PUG MILL A SER MONTADO SOBRE CAMINHÃO - MANUTENÇÃO. AF_10/2014","H",51.77,1]
["Depreciação, Juros, Impostos e Seguros, Manutenção e Materiais na Operação dos Equipamentos",5742,"USINA DE LAMA ASFÁLTICA, PROD 30 A 50 T/H, SILO DE AGREGADO 7 M3, RESERVATÓRIOS PARA EMULSÃO E ÁGUA DE 2,3 M3 CADA, MISTURADOR TIPO PUG MILL A SER MONTADO SOBRE CAMINHÃO - MATERIAIS NA OPERAÇÃO. AF_10/2014","H",27.19,0]
["Depreciação, Juros, Impostos e Seguros, Manutenção e Materiais na Operação dos Equipamentos",106089,"USINA DE LAMA ASFÁLTICA, PROD 30 A 50 T/H, SILO DE AGREGADO 7 M3, RESERVATÓRIOS PARA EMULSÃO E ÁGUA DE 2,3 M3 CADA, MISTURADOR TIPO PUG MILL MONTADA SOBRE CAVALO MECÂNICO TRAÇÃO 4 X 2, PESO BRUTO 16000 KG, CAPACIDADE MÁXIMA DE TRAÇÃO DE 36000 KG, POTÊNCIA 286 CV, EXCLUSIVE SEMIREBOQUE - DEPRECIAÇÃO. AF_08/2025","H",51.43,0.53700000000000003]
["Depreciação, Juros, Impostos e Seguros, Manutenção e Materiais na Operação dos Equipamentos",106092,"USINA DE LAMA ASFÁLTICA, PROD 30 A 50 T/H, SILO DE AGREGADO 7 M3, RESERVATÓRIOS PARA EMULSÃO E ÁGUA DE 2,3 M3 CADA, MISTURADOR TIPO PUG MILL MONTADA SOBRE CAVALO MECÂNICO TRAÇÃO 4 X 2, PESO BRUTO 16000 KG, CAPACIDADE MÁXIMA DE TRAÇÃO DE 36000 KG, POTÊNCIA 286 CV, EXCLUSIVE SEMIREBOQUE - IMPOSTOS E SEGUROS. AF_08/2025","H",8.5399999999999991,0.53749999999999998]
["Depreciação, Juros, Impostos e Seguros, Manutenção e Materiais na Operação dos Equipamentos",106090,"USINA DE LAMA ASFÁLTICA, PROD 30 A 50 T/H, SILO DE AGREGADO 7 M3, RESERVATÓRIOS PARA EMULSÃO E ÁGUA DE 2,3 M3 CADA, MISTURADOR TIPO PUG MILL MONTADA SOBRE CAVALO MECÂNICO TRAÇÃO 4 X 2, PESO BRUTO 16000 KG, CAPACIDADE MÁXIMA DE TRAÇÃO DE 36000 KG, POTÊNCIA 286 CV, EXCLUSIVE SEMIREBOQUE - JUROS. AF_08/2025","H",21.14,0.53690000000000004]
["Depreciação, Juros, Impostos e Seguros, Manutenção e Materiais na Operação dos Equipamentos",106091,"USINA DE LAMA ASFÁLTICA, PROD 30 A 50 T/H, SILO DE AGREGADO 7 M3, RESERVATÓRIOS PARA EMULSÃO E ÁGUA DE 2,3 M3 CADA, MISTURADOR TIPO PUG MILL MONTADA SOBRE CAVALO MECÂNICO TRAÇÃO 4 X 2, PESO BRUTO 16000 KG, CAPACIDADE MÁXIMA DE TRAÇÃO DE 36000 KG, POTÊNCIA 286 CV, EXCLUSIVE SEMIREBOQUE - MANUTENÇÃO. AF_08/2025","H",96.42,0.53690000000000004]
["Depreciação, Juros, Impostos e Seguros, Manutenção e Materiais na Operação dos Equipamentos",106093,"USINA DE LAMA ASFÁLTICA, PROD 30 A 50 T/H, SILO DE AGREGADO 7 M3, RESERVATÓRIOS PARA EMULSÃO E ÁGUA DE 2,3 M3 CADA, MISTURADOR TIPO PUG MILL MONTADA SOBRE CAVALO MECÂNICO TRAÇÃO 4 X 2, PESO BRUTO 16000 KG, CAPACIDADE MÁXIMA DE TRAÇÃO DE 36000 KG, POTÊNCIA 286 CV, EXCLUSIVE SEMIREBOQUE - MATERIAIS NA OPERAÇÃO. AF_08/2025","H",124.19,0]
["Depreciação, Juros, Impostos e Seguros, Manutenção e Materiais na Operação dos Equipamentos",100637,"USINA DE MISTURA ASFÁLTICA À QUENTE, TIPO CONTRA FLUXO, PROD 100 A 140 TON/HORA - DEPRECIAÇÃO. AF_12/2019","H",201.34,1]
["Depreciação, Juros, Impostos e Seguros, Manutenção e Materiais na Operação dos Equipamentos",100638,"USINA DE MISTURA ASFÁLTICA À QUENTE, TIPO CONTRA FLUXO, PROD 100 A 140 TON/HORA - JUROS. AF_12/2019","H",61.89,1]
["Depreciação, Juros, Impostos e Seguros, Manutenção e Materiais na Operação dos Equipamentos",100639,"USINA DE MISTURA ASFÁLTICA À QUENTE, TIPO CONTRA FLUXO, PROD 100 A 140 TON/HORA - MANUTENÇÃO. AF_12/2019","H",251.87,1]
["Depreciação, Juros, Impostos e Seguros, Manutenção e Materiais na Operação dos Equipamentos",100640,"USINA DE MISTURA ASFÁLTICA À QUENTE, TIPO CONTRA FLUXO, PROD 100 A 140 TON/HORA - MATERIAIS NA OPERAÇÃO. AF_12/2019","H",4248,0]
["Depreciação, Juros, Impostos e Seguros, Manutenção e Materiais na Operação dos Equipamentos",93429,"USINA DE MISTURA ASFÁLTICA À QUENTE, TIPO CONTRA FLUXO, PROD 40 A 80 TON/HORA - DEPRECIAÇÃO. AF_05/2023","H",163.91,1]
["Depreciação, Juros, Impostos e Seguros, Manutenção e Materiais na Operação dos Equipamentos",93430,"USINA DE MISTURA ASFÁLTICA À QUENTE, TIPO CONTRA FLUXO, PROD 40 A 80 TON/HORA - JUROS. AF_05/2023","H",50.38,1]
["Depreciação, Juros, Impostos e Seguros, Manutenção e Materiais na Operação dos Equipamentos",93431,"USINA DE MISTURA ASFÁLTICA À QUENTE, TIPO CONTRA FLUXO, PROD 40 A 80 TON/HORA - MANUTENÇÃO. AF_05/2023","H",205.05,1]
["Depreciação, Juros, Impostos e Seguros, Manutenção e Materiais na Operação dos Equipamentos",93432,"USINA DE MISTURA ASFÁLTICA À QUENTE, TIPO CONTRA FLUXO, PROD 40 A 80 TON/HORA - MATERIAIS NA OPERAÇÃO. AF_05/2023","H",2124,0]
["Depreciação, Juros, Impostos e Seguros, Manutenção e Materiais na Operação dos Equipamentos",95118,"USINA MISTURADORA DE SOLOS, CAPACIDADE DE 200 A 500 TON/H, POTENCIA 75KW - DEPRECIAÇÃO. AF_07/2016","H",75.17,1]
["Depreciação, Juros, Impostos e Seguros, Manutenção e Materiais na Operação dos Equipamentos",95119,"USINA MISTURADORA DE SOLOS, CAPACIDADE DE 200 A 500 TON/H, POTENCIA 75KW - JUROS. AF_07/2016","H",23.19,1]
["Depreciação, Juros, Impostos e Seguros, Manutenção e Materiais na Operação dos Equipamentos",5707,"USINA MISTURADORA DE SOLOS, CAPACIDADE DE 200 A 500 TON/H, POTENCIA 75KW - MANUTENÇÃO. AF_07/2016","H",82.25,1]
["Depreciação, Juros, Impostos e Seguros, Manutenção e Materiais na Operação dos Equipamentos",95120,"USINA MISTURADORA DE SOLOS, CAPACIDADE DE 200 A 500 TON/H, POTENCIA 75KW - MATERIAIS NA OPERAÇÃO. AF_07/2016","H",61.2,0]
["Depreciação, Juros, Impostos e Seguros, Manutenção e Materiais na Operação dos Equipamentos",103657,"VARREDEIRA DE GRAMA SINTÉTICA A GASOLINA, 2,4 CV, 4 TEMPOS - DEPRECIAÇÃO. AF_05/2023","H",0]
["Depreciação, Juros, Impostos e Seguros, Manutenção e Materiais na Operação dos Equipamentos",103658,"VARREDEIRA DE GRAMA SINTÉTICA A GASOLINA, 2,4 CV, 4 TEMPOS - JUROS. AF_05/2023","H",0]
["Depreciação, Juros, Impostos e Seguros, Manutenção e Materiais na Operação dos Equipamentos",103659,"VARREDEIRA DE GRAMA SINTÉTICA A GASOLINA, 2,4 CV, 4 TEMPOS - MANUTENÇÃO. AF_05/2023","H",0]
["Depreciação, Juros, Impostos e Seguros, Manutenção e Materiais na Operação dos Equipamentos",103660,"VARREDEIRA DE GRAMA SINTÉTICA A GASOLINA, 2,4 CV, 4 TEMPOS - MATERIAIS NA OPERAÇÃO. AF_05/2023","H",11.52,0]
["Depreciação, Juros, Impostos e Seguros, Manutenção e Materiais na Operação dos Equipamentos",89015,"VASSOURA MECÂNICA REBOCÁVEL COM ESCOVA CILÍNDRICA, LARGURA ÚTIL DE VARRIMENTO DE 2,44 M - DEPRECIAÇÃO. AF_06/2014","H",3.71,1]
["Depreciação, Juros, Impostos e Seguros, Manutenção e Materiais na Operação dos Equipamentos",89016,"VASSOURA MECÂNICA REBOCÁVEL COM ESCOVA CILÍNDRICA, LARGURA ÚTIL DE VARRIMENTO DE 2,44 M - JUROS. AF_06/2014","H",0.98,1]
["Depreciação, Juros, Impostos e Seguros, Manutenção e Materiais na Operação dos Equipamentos",53804,"VASSOURA MECÂNICA REBOCÁVEL COM ESCOVA CILÍNDRICA, LARGURA ÚTIL DE VARRIMENTO DE 2,44 M - MANUTENÇÃO. AF_06/2014","H",4.6399999999999997,1]
["Depreciação, Juros, Impostos e Seguros, Manutenção e Materiais na Operação dos Equipamentos",90582,"VIBRADOR DE IMERSÃO, DIÂMETRO DE PONTEIRA 45MM, MOTOR ELÉTRICO TRIFÁSICO POTÊNCIA DE 2 CV - DEPRECIAÇÃO. AF_06/2015","H",0.46,1]
["Depreciação, Juros, Impostos e Seguros, Manutenção e Materiais na Operação dos Equipamentos",90583,"VIBRADOR DE IMERSÃO, DIÂMETRO DE PONTEIRA 45MM, MOTOR ELÉTRICO TRIFÁSICO POTÊNCIA DE 2 CV - JUROS. AF_06/2015","H",0.1,1]
["Depreciação, Juros, Impostos e Seguros, Manutenção e Materiais na Operação dos Equipamentos",90584,"VIBRADOR DE IMERSÃO, DIÂMETRO DE PONTEIRA 45MM, MOTOR ELÉTRICO TRIFÁSICO POTÊNCIA DE 2 CV - MANUTENÇÃO. AF_06/2015","H",0.36,1]
["Depreciação, Juros, Impostos e Seguros, Manutenção e Materiais na Operação dos Equipamentos",90585,"VIBRADOR DE IMERSÃO, DIÂMETRO DE PONTEIRA 45MM, MOTOR ELÉTRICO TRIFÁSICO POTÊNCIA DE 2 CV - MATERIAIS NA OPERAÇÃO. AF_06/2015","H",0.49,0]
["Depreciação, Juros, Impostos e Seguros, Manutenção e Materiais na Operação dos Equipamentos",89240,"VIBROACABADORA DE ASFALTO SOBRE ESTEIRAS, LARGURA DE PAVIMENTAÇÃO 1,90 M A 5,30 M, POTÊNCIA 105 HP CAPACIDADE 450 T/H - DEPRECIAÇÃO. AF_11/2014","H",78.83,1]
["Depreciação, Juros, Impostos e Seguros, Manutenção e Materiais na Operação dos Equipamentos",89241,"VIBROACABADORA DE ASFALTO SOBRE ESTEIRAS, LARGURA DE PAVIMENTAÇÃO 1,90 M A 5,30 M, POTÊNCIA 105 HP CAPACIDADE 450 T/H - JUROS. AF_11/2014","H",27.78,1]
["Depreciação, Juros, Impostos e Seguros, Manutenção e Materiais na Operação dos Equipamentos",5710,"VIBROACABADORA DE ASFALTO SOBRE ESTEIRAS, LARGURA DE PAVIMENTAÇÃO 1,90 M A 5,30 M, POTÊNCIA 105 HP CAPACIDADE 450 T/H - MANUTENÇÃO. AF_11/2014","H",126.72,1]
["Depreciação, Juros, Impostos e Seguros, Manutenção e Materiais na Operação dos Equipamentos",5711,"VIBROACABADORA DE ASFALTO SOBRE ESTEIRAS, LARGURA DE PAVIMENTAÇÃO 1,90 M A 5,30 M, POTÊNCIA 105 HP CAPACIDADE 450 T/H - MATERIAIS NA OPERAÇÃO. AF_11/2014","H",87.79,0]
["Depreciação, Juros, Impostos e Seguros, Manutenção e Materiais na Operação dos Equipamentos",89253,"VIBROACABADORA DE ASFALTO SOBRE ESTEIRAS, LARGURA DE PAVIMENTAÇÃO 2,13 M A 4,55 M, POTÊNCIA 100 HP, CAPACIDADE 400 T/H - DEPRECIAÇÃO. AF_11/2014","H",64.599999999999994,1]
["Depreciação, Juros, Impostos e Seguros, Manutenção e Materiais na Operação dos Equipamentos",89254,"VIBROACABADORA DE ASFALTO SOBRE ESTEIRAS, LARGURA DE PAVIMENTAÇÃO 2,13 M A 4,55 M, POTÊNCIA 100 HP, CAPACIDADE 400 T/H - JUROS. AF_11/2014","H",22.77,1]
["Depreciação, Juros, Impostos e Seguros, Manutenção e Materiais na Operação dos Equipamentos",89255,"VIBROACABADORA DE ASFALTO SOBRE ESTEIRAS, LARGURA DE PAVIMENTAÇÃO 2,13 M A 4,55 M, POTÊNCIA 100 HP, CAPACIDADE 400 T/H - MANUTENÇÃO. AF_11/2014","H",103.84,1]
["Depreciação, Juros, Impostos e Seguros, Manutenção e Materiais na Operação dos Equipamentos",89256,"VIBROACABADORA DE ASFALTO SOBRE ESTEIRAS, LARGURA DE PAVIMENTAÇÃO 2,13 M A 4,55 M, POTÊNCIA 100 HP, CAPACIDADE 400 T/H - MATERIAIS NA OPERAÇÃO. AF_11/2014","H",83.6,0]
["Dissipadores de Energia",103797,"ARMAÇÃO DE DESCIDA D'ÁGUA UTILIZANDO AÇO CA-60 DE 5 MM - MONTAGEM. AF_08/2022","KG",16.309999999999999,0]
["Dissipadores de Energia",103930,"BACIA DE DISSIPAÇÃO, LARGURA ATÉ 1 M, TIPO BACIA EM PEDRA DE MÃO FIXADA COM CONCRETO (DEB 01, 02), COM PREPARO MANUAL, FCK = 20 MPA, LANÇADO MANUALMENTE, INCLUINDO MATERIAIS E FÔRMAS (2 UTILIZAÇÕES). AF_08/2022","M3",919.4,4.0000000000000002E-4]
["Dissipadores de Energia",103931,"BACIA DE DISSIPAÇÃO, LARGURA DE 1 A 4 M, TIPO BACIA EM PEDRA DE MÃO FIXADA COM CONCRETO (DEB 03, 04, 05, 06), COM PREPARO MANUAL, FCK = 20 MPA, LANÇADO MANUALMENTE, INCLUINDO MATERIAIS E FÔRMAS (2 UTILIZAÇÕES). AF_08/2022","M3",665.44,4.0000000000000002E-4]
["Dissipadores de Energia",103932,"BACIA DE DISSIPAÇÃO, LARGURA DE 4 A 9,2 M, TIPO BACIA EM PEDRA DE MÃO FIXADA COM CONCRETO (DEB 07, 08, 09, 10, 11, 12, 13), COM PREPARO MANUAL, FCK = 20 MPA, LANÇADO MANUALMENTE, INCLUINDO MATERIAIS E FÔRMAS (2 UTILIZAÇÕES). AF_08/2022","M3",628.22,4.0000000000000002E-4]
["Dissipadores de Energia",103929,"BACIA DE DISSIPAÇÃO, TIPO BACIA COM DENTES DE CONCRETO (01), COM PREPARO MANUAL, FCK = 20 MPA, LANÇADO MANUALMENTE, INCLUINDO MATERIAIS E FÔRMAS (2 UTILIZAÇÕES). AF_08/2022","M3",1510.3,5.9999999999999995E-4]
["Dissipadores de Energia",103928,"BACIA DE DISSIPAÇÃO, TIPO BACIA EM PEDRA DE MÃO ARGAMASSADA (DES 01, 02, 03, 04), LANÇADO MANUALMENTE, INCLUINDO MATERIAIS E FÔRMAS (2 UTILIZAÇÕES). AF_08/2022","M3",590.41,0]
["Dissipadores de Energia",103798,"CONCRETAGEM DE DISSIPADOR DE ENERGIA, CONCRETO USINADO, FCK = 20 MPA, COM USO DE BOMBA - LANÇAMENTO, ADENSAMENTO E ACABAMENTO. AF_08/2022","M3",766.19,2.0000000000000001E-4]
["Dissipadores de Energia",103801,"CONCRETAGEM DE DISSIPADOR DE ENERGIA, FCK = 20 MPA, COM USO DE JERICAS E PREPARO EM BETONEIRA DE 600 L - AREIA E BRITA COMERCIAIS - LANÇAMENTO, ADENSAMENTO E ACABAMENTO. AF_08/2022","M3",764.82,1.1000000000000001E-3]
["Dissipadores de Energia",103933,"DESCIDA D'ÁGUA RÁPIDA (DAR 03), EM CONCRETO USINADO, FCK = 20 MPA, LANÇADO COM BOMBA, INCLUINDO ARMAÇÃO, MATERIAIS E FÔRMAS (2 UTILIZAÇÕES). AF_08/2022","M3",1768.61,9.5999999999999992E-3]
["Dissipadores de Energia",103925,"ESCADA HIDRÁULICA, LARGURA ATÉ 1M, TIPO DESCIDA D'ÁGUA DE CORTE OU ATERRO EM DEGRAUS (DCD 02, 04 E DAD 02), EM CONCRETO USINADO, FCK = 20 MPA, LANÇADO COM BOMBA, INCLUINDO ARMAÇÃO, MATERIAIS E FÔRMAS (3 UTILIZAÇÕES). AF_08/2022","M3",1874.01,5.1000000000000004E-3]
["Dissipadores de Energia",103926,"ESCADA HIDRÁULICA, LARGURA DE 1 A 4,1 M, TIPO DESCIDA D'ÁGUA DE ATERRO EM DEGRAUS (DAD 04, 06, 08, 10, 12, 14, 16, 18), EM CONCRETO USINADO, FCK = 20 MPA, LANÇADO COM BOMBA, INCLUINDO ARMAÇÃO, MATERIAIS E FÔRMAS (3 UTILIZAÇÕES). AF_08/2022","M3",1529.4,6.1999999999999998E-3]
["Dissipadores de Energia",103796,"FABRICAÇÃO, MONTAGEM E DESMONTAGEM DE FÔRMA PARA BACIA DE DISSIPAÇÃO, EM MADEIRA SERRADA, E = 25 MM, 2 UTILIZAÇÕES. AF_08/2022","M2",74.540000000000006,0]
["Dissipadores de Energia",103795,"FABRICAÇÃO, MONTAGEM E DESMONTAGEM DE FÔRMA PARA ESCADA HIDRÁULICA, EM CHAPA DE MADEIRA COMPENSADA RESINADA, E = 17 MM, 3 UTILIZAÇÕES. AF_08/2022","M2",93.57,0]
["Dissipadores de Energia",103800,"PEDRA ARGAMASSADA COM CIMENTO E AREIA 1:3, 40% DE ARGAMASSA EM VOLUME - AREIA E PEDRA DE MÃO COMERCIAIS - FORNECIMENTO E ASSENTAMENTO. AF_08/2022","M3",590.41,0]
["Dissipadores de Energia",103799,"PEDRA DE MÃO FIXADA COM CONCRETO PARA BACIA DE DISSIPAÇÃO, 40% DE CONCRETO EM VOLUME, FCK = 20 MPA, COM USO DE JERICA E PREPARO EM BETONEIRA DE 600 L - AREIA, BRITA E PEDRA DE MÃO COMERCIAIS - LANÇAMENTO, ADENSAMENTO E ACABAMENTO. AF_08/2022","M3",481.23,0]
["Dragagem",104950,"DRAGAGEM DE MATERIAIS DE 1A CATEGORIA E COMPOSTOS ORGÂNICOS E INORGÂNICOS COM DRAGLINE (CAÇAMBA: 0,76 M3/ 43 T). AF_03/2024","M3",0]
["Dragagem",104948,"DRAGAGEM DE MATERIAIS DE 1A CATEGORIA E COMPOSTOS ORGÂNICOS E INORGÂNICOS COM ESCAVADEIRA HIDRÁULICA (CAÇAMBA: 0,80 M3/111 HP). AF_03/2024","M3",5.21,0.5202]
["Dragagem",104949,"DRAGAGEM DE MATERIAIS DE 1A CATEGORIA E COMPOSTOS ORGÂNICOS E INORGÂNICOS COM ESCAVADEIRA HIDRÁULICA DE LONGO ALCANCE (CAÇAMBA: 0,52 M3/155 HP). AF_03/2024","M3",9.8000000000000007,0.55610000000000004]
["Dragagem",104947,"DRAGAGEM DE MATERIAIS DE 1A CATEGORIA E COMPOSTOS ORGÂNICOS E INORGÂNICOS COM RETROESCAVADEIRA (CAÇAMBA: 0,26 M3/88 HP). AF_03/2024","M3",11.75,0.3881]
["Drenagem de ar condicionado",104325,"CAIXA DE PASSAGEM PARA AR CONDICIONADO - FORNECIMENTO E INSTALAÇÃO. AF_08/2022","UN",0]
["Drenagem de ar condicionado",104318,"JOELHO 45 GRAUS, PVC, SOLDÁVEL, DN 20 MM, INSTALADO EM DRENO DE AR CONDICIONADO - FORNECIMENTO E INSTALAÇÃO. AF_08/2022","UN",7.48,0]
["Drenagem de ar condicionado",89867,"JOELHO 45 GRAUS, PVC, SOLDÁVEL, DN 25MM, INSTALADO EM DRENO DE AR-CONDICIONADO - FORNECIMENTO E INSTALAÇÃO. AF_08/2022","UN",8.36,0]
["Drenagem de ar condicionado",104320,"JOELHO 45 GRAUS, PVC, SOLDÁVEL, DN 32 MM, INSTALADO EM DRENO DE AR CONDICIONADO - FORNECIMENTO E INSTALAÇÃO. AF_08/2022","UN",11.71,0]
["Drenagem de ar condicionado",104317,"JOELHO 90 GRAUS, PVC, SOLDÁVEL, DN 20 MM, INSTALADO EM DRENO DE AR CONDICIONADO - FORNECIMENTO E INSTALAÇÃO. AF_08/2022","UN",6.95,0]
["Drenagem de ar condicionado",89866,"JOELHO 90 GRAUS, PVC, SOLDÁVEL, DN 25MM, INSTALADO EM DRENO DE AR-CONDICIONADO - FORNECIMENTO E INSTALAÇÃO. AF_08/2022","UN",7.6,0]
["Drenagem de ar condicionado",104319,"JOELHO 90 GRAUS, PVC, SOLDÁVEL, DN 32 MM, INSTALADO EM DRENO DE AR CONDICIONADO - FORNECIMENTO E INSTALAÇÃO. AF_08/2022","UN",10.02,0]
["Drenagem de ar condicionado",104321,"LUVA, PVC, SOLDÁVEL, DN 20 MM, INSTALADO EM DRENO DE AR CONDICIONADO - FORNECIMENTO E INSTALAÇÃO. AF_08/2022","UN",5.27,0]
["Drenagem de ar condicionado",89868,"LUVA, PVC, SOLDÁVEL, DN 25MM, INSTALADO EM DRENO DE AR-CONDICIONADO - FORNECIMENTO E INSTALAÇÃO. AF_08/2022","UN",5.71,0]
["Drenagem de ar condicionado",104322,"LUVA, PVC, SOLDÁVEL, DN 32 MM, INSTALADO EM DRENO DE AR CONDICIONADO - FORNECIMENTO E INSTALAÇÃO. AF_08/2022","UN",7.49,0]
["Drenagem de ar condicionado",104323,"TE, PVC, SOLDÁVEL, DN 20 MM, INSTALADO EM DRENO DE AR CONDICIONADO - FORNECIMENTO E INSTALAÇÃO. AF_08/2022","UN",9.69,0]
["Drenagem de ar condicionado",89869,"TE, PVC, SOLDÁVEL, DN 25MM, INSTALADO EM DRENO DE AR-CONDICIONADO - FORNECIMENTO E INSTALAÇÃO. AF_08/2022","UN",10.53,0]
["Drenagem de ar condicionado",104324,"TE, PVC, SOLDÁVEL, DN 32 MM, INSTALADO EM DRENO DE AR CONDICIONADO - FORNECIMENTO E INSTALAÇÃO. AF_08/2022","UN",14.14,0]
["Drenagem de ar condicionado",104315,"TUBO, PVC, SOLDÁVEL, DE 20MM, INSTALADO EM DRENO DE AR CONDICIONADO - FORNECIMENTO E INSTALAÇÃO. AF_08/2022","M",16.760000000000002,0]
["Drenagem de ar condicionado",89865,"TUBO, PVC, SOLDÁVEL, DE 25MM, INSTALADO EM DRENO DE AR-CONDICIONADO - FORNECIMENTO E INSTALAÇÃO. AF_08/2022","M",17.940000000000001,0]
["Drenagem de ar condicionado",104316,"TUBO, PVC, SOLDÁVEL, DE 32MM, INSTALADO EM DRENO DE AR CONDICIONADO - FORNECIMENTO E INSTALAÇÃO. AF_08/2022","M",23.86,0]
["Drenos",102724,"DRENO BARBACÃ, DN 100 MM, COM MATERIAL DRENANTE. AF_07/2021","UN",30.16,0.25]
["Drenos",102726,"DRENO BARBACÃ, DN 50 MM, COM MATERIAL DRENANTE. AF_07/2021","UN",27.82,0.25879999999999997]
["Drenos",102725,"DRENO BARBACÃ, DN 75 MM, COM MATERIAL DRENANTE. AF_07/2021","UN",29.58,0.2492]
["Drenos",102722,"DRENO EM MURO DE CONTENÇÃO, EXECUTADO NO PÉ DO MURO, COM TUBO DE PEAD CORRUGADO FLEXÍVEL PERFURADO, ENCHIMENTO COM BRITA, ENVOLVIDO COM MANTA GEOTÊXTIL. AF_07/2021","M",55.27,0.61080000000000001]
["Drenos",102721,"DRENO EM MURO DE CONTENÇÃO, EXECUTADO NO PÉ DO MURO, COM TUBO DE PEAD CORRUGADO FLEXÍVEL PERFURADO, ENVOLVIDO COM GEOCOMPOSTO DRENANTE. AF_07/2021","M",0]
["Drenos",102723,"DRENO EM MURO DE CONTENÇÃO, EXECUTADO NO PÉ DO MURO, COM TUBO DE PVC CORRUGADO RÍGIDO PERFURADO, ENCHIMENTO COM BRITA, ENVOLVIDO COM MANTA GEOTÊXTIL. AF_07/2021","M",99.44,0.22939999999999999]
["Drenos",102690,"DRENO ESPINHA DE PEIXE (SEÇÃO (0,40 X 0,40 M), COM TUBO DE PEAD CORRUGADO PERFURADO, DN 100 MM, ENCHIMENTO COM BRITA, ENVOLVIDO COM MANTA GEOTÊXTIL, INCLUSIVE CONEXÕES. AF_07/2021","M",66.48,0.51529999999999998]
["Drenos",102688,"DRENO ESPINHA DE PEIXE (SEÇÃO 0,40 X 0,40 M), COM TUBO DE PEAD CORRUGADO PERFURADO, DN 100 MM, ENCHIMENTO COM AREIA, INCLUSIVE CONEXÕES. AF_07/2021","M",52.07,0.21990000000000001]
["Drenos",102689,"DRENO ESPINHA DE PEIXE (SEÇÃO 0,40 X 0,40 M), COM TUBO DE PVC CORRUGADO RÍGIDO PERFURADO, DN 100 MM, ENCHIMENTO COM AREIA, INCLUSIVE CONEXÕES. AF_07/2021","M",97.44,5.1000000000000004E-3]
["Drenos",102693,"DRENO ESPINHA DE PEIXE (SEÇÃO 0,40 X 0,40 M), COM TUBO DE PVC CORRUGADO RÍGIDO PERFURADO, DN 100 MM, ENCHIMENTO COM BRITA, ENVOLVIDO COM MANTA GEOTÊXTIL, INCLUSIVE CONEXÕES. AF_07/2021","M",111.85,0.2084]
["Drenos",102694,"DRENO ESPINHA DE PEIXE (SEÇÃO 0,50 X 0,80 M), COM TUBO DE PEAD CORRUGADO PERFURADO, DN 100 MM, ENCHIMENTO COM AREIA, INCLUSIVE CONEXÕES. AF_07/2021","M",104.2,0.1686]
["Drenos",102697,"DRENO ESPINHA DE PEIXE (SEÇÃO 0,50 X 0,80 M), COM TUBO DE PEAD CORRUGADO PERFURADO, DN 100 MM, ENCHIMENTO COM BRITA, ENVOLVIDO COM MANTA GEOTÊXTIL, INCLUSIVE CONEXÕES. AF_07/2021","M",113.21,0.43049999999999999]
["Drenos",102696,"DRENO ESPINHA DE PEIXE (SEÇÃO 0,50 X 0,80 M), COM TUBO DE PVC CORRUGADO RÍGIDO PERFURADO, DN 100 MM, ENCHIMENTO COM AREIA, INCLUSIVE CONEXÕES. AF_07/2021","M",149.63999999999999,4.82E-2]
["Drenos",102703,"DRENO ESPINHA DE PEIXE (SEÇÃO 0,50 X 0,80 M), COM TUBO DE PVC CORRUGADO RÍGIDO PERFURADO, DN 100 MM, ENCHIMENTO COM BRITA, ENVOLVIDO COM MANTA GEOTÊXTIL, INCLUSIVE CONEXÕES. AF_07/2021","M",158.66,0.24199999999999999]
["Drenos",102678,"DRENO PROFUNDO (SEÇÃO 0,50 X 1,50 M), CEGO, ENCHIMENTO DE BRITA, ENVOLVIDO COM MANTA GEOTÊXTIL, COM SELO DE ARGILA. AF_07/2021","M",143.1,0.36399999999999999]
["Drenos",102679,"DRENO PROFUNDO (SEÇÃO 0,50 X 1,50 M), CEGO, ENCHIMENTO DE BRITA, ENVOLVIDO COM MANTA GEOTÊXTIL. AF_07/2021","M",156.94999999999999,0.33629999999999999]
["Drenos",102673,"DRENO PROFUNDO (SEÇÃO 0,50 X 1,50 M), COM TUBO DE CONCRETO SIMPLES POROSO, DN 200 MM, ENCHIMENTO COM AREIA, COM SELO DE ARGILA. AF_07/2021","M",208.54,0.28689999999999999]
["Drenos",102677,"DRENO PROFUNDO (SEÇÃO 0,50 X 1,50 M), COM TUBO DE CONCRETO SIMPLES POROSO, DN 200 MM, ENCHIMENTO COM AREIA. AF_07/2021","M",204.2,0.26319999999999999]
["Drenos",102683,"DRENO PROFUNDO (SEÇÃO 0,50 X 1,50 M), COM TUBO DE CONCRETO SIMPLES POROSO, DN 200 MM, ENCHIMENTO COM BRITA, ENVOLVIDO COM MANTA GEOTÊXTIL, COM SELO DE ARGILA. AF_07/2021","M",200.92,0.49280000000000002]
["Drenos",102687,"DRENO PROFUNDO (SEÇÃO 0,50 X 1,50 M), COM TUBO DE CONCRETO SIMPLES POROSO, DN 200 MM, ENCHIMENTO COM BRITA, ENVOLVIDO COM MANTA GEOTÊXTIL. AF_07/2021","M",208.93,0.47720000000000001]
["Drenos",102670,"DRENO PROFUNDO (SEÇÃO 0,50 X 1,50 M), COM TUBO DE PEAD CORRUGADO PERFURADO, DN 100 MM, ENCHIMENTO COM AREIA, COM SELO DE ARGILA. AF_07/2021","M",148.53,0.1196]
["Drenos",102674,"DRENO PROFUNDO (SEÇÃO 0,50 X 1,50 M), COM TUBO DE PEAD CORRUGADO PERFURADO, DN 100 MM, ENCHIMENTO COM AREIA. AF_07/2021","M",165.45,0.1106]
["Drenos",102680,"DRENO PROFUNDO (SEÇÃO 0,50 X 1,50 M), COM TUBO DE PEAD CORRUGADO PERFURADO, DN 100 MM, ENCHIMENTO COM BRITA, ENVOLVIDO COM MANTA GEOTÊXTIL, COM SELO DE ARGILA. AF_07/2021","M",154.93,0.41039999999999999]
["Drenos",102684,"DRENO PROFUNDO (SEÇÃO 0,50 X 1,50 M), COM TUBO DE PEAD CORRUGADO PERFURADO, DN 100 MM, ENCHIMENTO COM BRITA, ENVOLVIDO COM MANTA GEOTÊXTIL. AF_07/2021","M",168.78,0.38069999999999998]
["Drenos",102672,"DRENO PROFUNDO (SEÇÃO 0,50 X 1,50 M), COM TUBO DE PVC CORRUGADO RÍGIDO PERFURADO, DN 100 MM, ENCHIMENTO COM AREIA, COM SELO DE ARGILA. AF_07/2021","M",210.65,4.6600000000000003E-2]
["Drenos",102676,"DRENO PROFUNDO (SEÇÃO 0,50 X 1,50 M), COM TUBO DE PVC CORRUGADO RÍGIDO PERFURADO, DN 100 MM, ENCHIMENTO COM AREIA. AF_07/2021","M",216.91,4.2500000000000003E-2]
["Drenos",102681,"DRENO PROFUNDO (SEÇÃO 0,50 X 1,50 M), COM TUBO DE PVC CORRUGADO RÍGIDO PERFURADO, DN 100 MM, ENCHIMENTO COM BRITA, ENVOLVIDO COM MANTA GEOTÊXTIL, COM SELO DE ARGILA. AF_07/2021","M",206.39,0.26400000000000001]
["Drenos",102685,"DRENO PROFUNDO (SEÇÃO 0,50 X 1,50 M), COM TUBO DE PVC CORRUGADO RÍGIDO PERFURADO, DN 100 MM, ENCHIMENTO COM BRITA, ENVOLVIDO COM MANTA GEOTÊXTIL. AF_07/2021","M",220.24,0.2505]
["Drenos",102664,"DRENO SUBSUPERFICIAL (SEÇÃO 0,40 X 0,40 M), CEGO, ENCHIMENTO DE BRITA, ENVOLVIDO COM MANTA GEOTÊXTIL. AF_07/2021","M",49.78,0.46829999999999999]
["Drenos",102665,"DRENO SUBSUPERFICIAL (SEÇÃO 0,40 X 0,40 M), CEGO, ENCHIMENTO DE BRITA. AF_07/2021","M",26.47,1.89E-2]
["Drenos",102663,"DRENO SUBSUPERFICIAL (SEÇÃO 0,40 X 0,40 M), COM TUBO DE CONCRETO SIMPLES POROSO, DN 200 MM, ENCHIMENTO COM AREIA. AF_07/2021","M",78.7,0.5595]
["Drenos",102669,"DRENO SUBSUPERFICIAL (SEÇÃO 0,40 X 0,40 M), COM TUBO DE CONCRETO SIMPLES POROSO, DN 200 MM, ENCHIMENTO COM BRITA, ENVOLVIDO COM MANTA GEOTÊXTIL. AF_07/2021","M",94.51,0.70720000000000005]
["Drenos",102661,"DRENO SUBSUPERFICIAL (SEÇÃO 0,40 X 0,40 M), COM TUBO DE PEAD CORRUGADO PERFURADO, DN 100 MM, ENCHIMENTO COM AREIA. AF_07/2021","M",45.98,0.249]
["Drenos",102666,"DRENO SUBSUPERFICIAL (SEÇÃO 0,40 X 0,40 M), COM TUBO DE PEAD CORRUGADO PERFURADO, DN 100 MM, ENCHIMENTO COM BRITA, ENVOLVIDO COM MANTA GEOTÊXTIL. AF_07/2021","M",60.39,0.56730000000000003]
["Drenos",102662,"DRENO SUBSUPERFICIAL (SEÇÃO 0,40 X 0,40 M), COM TUBO DE PVC CORRUGADO RÍGIDO PERFURADO, DN 100 MM, ENCHIMENTO COM AREIA. AF_07/2021","M",93.98,5.3E-3]
["Drenos",102668,"DRENO SUBSUPERFICIAL (SEÇÃO 0,40 X 0,40 M), COM TUBO DE PVC CORRUGADO RÍGIDO PERFURADO, DN 100 MM, ENCHIMENTO COM BRITA, ENVOLVIDO COM MANTA GEOTÊXTIL. AF_07/2021","M",108.39,0.21510000000000001]
["Drenos",102718,"ENCHIMENTO DE AREIA PARA DRENO, LANÇAMENTO MANUAL. AF_07/2021","M3",215.96,0]
["Drenos",102716,"ENCHIMENTO DE AREIA PARA DRENO, LANÇAMENTO MECANIZADO. AF_07/2021","M3",203.28,4.4999999999999998E-2]
["Drenos",102719,"ENCHIMENTO DE BRITA PARA DRENO, LANÇAMENTO MANUAL. AF_07/2021","M3",157.47999999999999,0]
["Drenos",102717,"ENCHIMENTO DE BRITA PARA DRENO, LANÇAMENTO MECANIZADO. AF_07/2021","M3",144.80000000000001,6.3100000000000003E-2]
["Drenos",102720,"GEOCOMPOSTO DRENANTE, INSTALADO EM MURO DE CONTENÇÃO - EXCLUSIVE DRENO NO PÉ DO MURO. AF_07/2021","M2",0]
["Drenos",102713,"GEOTÊXTIL NÃO TECIDO 100% POLIÉSTER, RESISTÊNCIA A TRAÇÃO DE 14 KN/M (RT - 14), INSTALADO EM DRENO - FORNECIMENTO E INSTALAÇÃO. AF_07/2021","M2",12.49,0.96079999999999999]
["Drenos",102715,"GEOTÊXTIL NÃO TECIDO 100% POLIÉSTER, RESISTÊNCIA A TRAÇÃO DE 26 KN/M (RT - 26), INSTALADO EM DRENO - FORNECIMENTO E INSTALAÇÃO. AF_07/2021","M2",24.68,0.98009999999999997]
["Drenos",103653,"GEOTÊXTIL NÃO TECIDO 100% POLIÉSTER, RESISTÊNCIA A TRAÇÃO DE 31 KN/M (RT-31), INSTALADO EM DRENO - FORNECIMENTO E INSTALAÇÃO. AF_07/2021","M2",29.48,0.98340000000000005]
["Drenos",102712,"GEOTÊXTIL NÃO TECIDO 100% POLIÉSTER, RESISTÊNCIA A TRAÇÃO DE 9 KN/M (RT - 9), INSTALADO EM DRENO - FORNECIMENTO E INSTALAÇÃO. AF_07/2021","M2",9.1,0.94620000000000004]
["Drenos",102711,"JUNÇÃO DUPLA DE PVC, SÉRIE NORMAL, PARA ESGOTO PREDIAL, DN 100 X 100 X 100 MM, INSTALADA EM DRENO - FORNECIMENTO E INSTALAÇÃO. AF_07/2021","UN",76.47,0]
["Drenos",102710,"JUNÇÃO SIMPLES DE PVC, 45 GRAUS, SÉRIE NORMAL, PARA ESGOTO PREDIAL, DN 100 MM, INSTALADA EM DRENO - FORNECIMENTO E INSTALAÇÃO. AF_07/2021","UN",60.4,0]
["Drenos",102709,"LUVA DE PEAD, DN 100 MM, INSTALADA EM DRENO - FORNECIMENTO E INSTALAÇÃO. AF_07/2021","UN",0]
["Drenos",102708,"LUVA DE PVC, SÉRIE NORMAL, PARA ESGOTO PREDIAL, DN 100 MM, INSTALADA EM DRENO - FORNECIMENTO E INSTALAÇÃO. AF_07/2021","UN",25.29,0]
["Drenos",102707,"TUBO DE CONCRETO SIMPLES POROSO, DN 200 MM, PARA DRENO - FORNECIMENTO E ASSENTAMENTO. AF_07/2021","M",49.66,0.87660000000000005]
["Drenos",102704,"TUBO DE PEAD CORRUGADO PERFURADO, DN 100 MM, PARA DRENO - FORNECIMENTO E ASSENTAMENTO. AF_07/2021","M",11.44,0.95720000000000005]
["Drenos",102705,"TUBO DE PVC CORRUGADO RÍGIDO PERFURADO, DN 100 MM, PARA DRENO - FORNECIMENTO E ASSENTAMENTO. AF_07/2021","M",55.61,0]
["Dutos para ar condicionado",98333,"FABRICAÇÃO DE CURVA, REDUÇÃO OU TÊ PARA DUTO PARA AR CONDICIONADO EM CHAPA GALVANIZADA BITOLA 22. AF_03/2024","M2",0]
["Dutos para ar condicionado",98332,"FABRICAÇÃO DE CURVA, REDUÇÃO OU TÊ PARA DUTO PARA AR CONDICIONADO EM CHAPA GALVANIZADA BITOLA 24. AF_03/2024","M2",0]
["Dutos para ar condicionado",98331,"FABRICAÇÃO DE CURVA, REDUÇÃO OU TÊ PARA DUTO PARA AR CONDICIONADO EM CHAPA GALVANIZADA BITOLA 26. AF_03/2024","M2",0]
["Dutos para ar condicionado",98327,"FABRICAÇÃO DE DUTO RETANGULAR PARA AR CONDICIONADO (TRECHO RETO) EM CHAPA GALVANIZADA BITOLA 22. AF_03/2024","M2",0]
["Dutos para ar condicionado",98326,"FABRICAÇÃO DE DUTO RETANGULAR PARA AR CONDICIONADO (TRECHO RETO) EM CHAPA GALVANIZADA BITOLA 24. AF_03/2024","M2",0]
["Dutos para ar condicionado",98325,"FABRICAÇÃO DE DUTO RETANGULAR PARA AR CONDICIONADO (TRECHO RETO) EM CHAPA GALVANIZADA BITOLA 26. AF_03/2024","M2",0]
["Dutos para ar condicionado",98370,"FABRICAÇÃO DE DUTO RETANGULAR PARA AR CONDICIONADO EM PAINEL PRÉ-ISOLADO. AF_03/2024","M2",0]
["Dutos para ar condicionado",98389,"INSTALAÇÃO DE COLARINHO DE AÇO GALVANIZADO DN 109 MM (4\") PARA DUTO FLEXÍVEL CIRCULAR PARA AR CONDICIONADO. AF_03/2024","UN",0]
["Dutos para ar condicionado",98390,"INSTALAÇÃO DE COLARINHO DE AÇO GALVANIZADO DN 131 MM (5\") PARA DUTO FLEXÍVEL CIRCULAR PARA AR CONDICIONADO. AF_03/2024","UN",0]
["Dutos para ar condicionado",98391,"INSTALAÇÃO DE COLARINHO DE AÇO GALVANIZADO DN 161 MM (6\") PARA DUTO FLEXÍVEL CIRCULAR PARA AR CONDICIONADO. AF_03/2024","UN",0]
["Dutos para ar condicionado",98392,"INSTALAÇÃO DE COLARINHO DE AÇO GALVANIZADO DN 185 MM (7\") PARA DUTO FLEXÍVEL CIRCULAR PARA AR CONDICIONADO. AF_03/2024","UN",0]
["Dutos para ar condicionado",98393,"INSTALAÇÃO DE COLARINHO DE AÇO GALVANIZADO DN 209 MM (8\") PARA DUTO FLEXÍVEL CIRCULAR PARA AR CONDICIONADO. AF_03/2024","UN",0]
["Dutos para ar condicionado",98394,"INSTALAÇÃO DE COLARINHO DE AÇO GALVANIZADO DN 263 MM (10\") PARA DUTO FLEXÍVEL CIRCULAR PARA AR CONDICIONADO. AF_03/2024","UN",0]
["Dutos para ar condicionado",98395,"INSTALAÇÃO DE COLARINHO DE AÇO GALVANIZADO DN 314 MM (12\") PARA DUTO FLEXÍVEL CIRCULAR PARA AR CONDICIONADO. AF_03/2024","UN",0]
["Dutos para ar condicionado",98396,"INSTALAÇÃO DE COLARINHO DE AÇO GALVANIZADO DN 364 MM (14\") PARA DUTO FLEXÍVEL CIRCULAR PARA AR CONDICIONADO. AF_03/2024","UN",0]
["Dutos para ar condicionado",98369,"INSTALAÇÃO DE CURVA, REDUÇÃO OU TÊ DE DUTO PARA AR CONDICIONADO EM CHAPA GALVANIZADA BITOLA 22 - COM ISOLAMENTO DE MANTA FIXADA NA CHAPA COM CLAVO, INCLUSO FABRICAÇÃO. AF_03/2024","M2",0]
["Dutos para ar condicionado",98360,"INSTALAÇÃO DE CURVA, REDUÇÃO OU TÊ DE DUTO PARA AR CONDICIONADO EM CHAPA GALVANIZADA BITOLA 22 - COM ISOLAMENTO DE MANTA FIXADA NA CHAPA COM FITA PLÁSTICA, INCLUSO FABRICAÇÃO. AF_03/2024","M2",0]
["Dutos para ar condicionado",98368,"INSTALAÇÃO DE CURVA, REDUÇÃO OU TÊ DE DUTO PARA AR CONDICIONADO EM CHAPA GALVANIZADA BITOLA 24 - COM ISOLAMENTO DE MANTA FIXADA NA CHAPA COM CLAVO, INCLUSO FABRICAÇÃO. AF_03/2024","M2",0]
["Dutos para ar condicionado",98359,"INSTALAÇÃO DE CURVA, REDUÇÃO OU TÊ DE DUTO PARA AR CONDICIONADO EM CHAPA GALVANIZADA BITOLA 24 - COM ISOLAMENTO DE MANTA FIXADA NA CHAPA COM FITA PLÁSTICA, INCLUSO FABRICAÇÃO. AF_03/2024","M2",0]
["Dutos para ar condicionado",98367,"INSTALAÇÃO DE CURVA, REDUÇÃO OU TÊ DE DUTO PARA AR CONDICIONADO EM CHAPA GALVANIZADA BITOLA 26 - COM ISOLAMENTO DE MANTA FIXADA NA CHAPA COM CLAVO, INCLUSO FABRICAÇÃO. AF_03/2024","M2",0]
["Dutos para ar condicionado",98358,"INSTALAÇÃO DE CURVA, REDUÇÃO OU TÊ DE DUTO PARA AR CONDICIONADO EM CHAPA GALVANIZADA BITOLA 26 - COM ISOLAMENTO DE MANTA FIXADA NA CHAPA COM FITA PLÁSTICA, INCLUSO FABRICAÇÃO. AF_03/2024","M2",0]
["Dutos para ar condicionado",98352,"INSTALAÇÃO DE CURVA, REDUÇÃO OU TÊ PARA DUTO PARA AR CONDICIONADO EM CHAPA GALVANIZADA BITOLA 22 - COM ISOLAMENTO DE MANTA COLADA NA CHAPA, INCLUSO FABRICAÇÃO. AF_03/2024","M2",0]
["Dutos para ar condicionado",98343,"INSTALAÇÃO DE CURVA, REDUÇÃO OU TÊ PARA DUTO PARA AR CONDICIONADO EM CHAPA GALVANIZADA BITOLA 22 - SEM ISOLAMENTO, INCLUSO FABRICAÇÃO. AF_03/2024","M2",0]
["Dutos para ar condicionado",98351,"INSTALAÇÃO DE CURVA, REDUÇÃO OU TÊ PARA DUTO PARA AR CONDICIONADO EM CHAPA GALVANIZADA BITOLA 24 - COM ISOLAMENTO DE MANTA COLADA NA CHAPA, INCLUSO FABRICAÇÃO. AF_03/2024","M2",0]
["Dutos para ar condicionado",98342,"INSTALAÇÃO DE CURVA, REDUÇÃO OU TÊ PARA DUTO PARA AR CONDICIONADO EM CHAPA GALVANIZADA BITOLA 24 - SEM ISOLAMENTO, INCLUSO FABRICAÇÃO. AF_03/2024","M2",0]
["Dutos para ar condicionado",98350,"INSTALAÇÃO DE CURVA, REDUÇÃO OU TÊ PARA DUTO PARA AR CONDICIONADO EM CHAPA GALVANIZADA BITOLA 26 - COM ISOLAMENTO DE MANTA COLADA NA CHAPA, INCLUSO FABRICAÇÃO. AF_03/2024","M2",0]
["Dutos para ar condicionado",98341,"INSTALAÇÃO DE CURVA, REDUÇÃO OU TÊ PARA DUTO PARA AR CONDICIONADO EM CHAPA GALVANIZADA BITOLA 26 - SEM ISOLAMENTO, INCLUSO FABRICAÇÃO. AF_03/2024","M2",0]
["Dutos para ar condicionado",98381,"INSTALAÇÃO DE DUTO FLEXÍVEL CIRCULAR PARA AR CONDICIONADO EM ALUMÍNIO ISOLADO - DN 109 MM (4\"). AF_03/2024","M",0]
["Dutos para ar condicionado",98382,"INSTALAÇÃO DE DUTO FLEXÍVEL CIRCULAR PARA AR CONDICIONADO EM ALUMÍNIO ISOLADO - DN 131 MM (5\"). AF_03/2024","M",0]
["Dutos para ar condicionado",98383,"INSTALAÇÃO DE DUTO FLEXÍVEL CIRCULAR PARA AR CONDICIONADO EM ALUMÍNIO ISOLADO - DN 161 MM (6\"). AF_03/2024","M",0]
["Dutos para ar condicionado",98384,"INSTALAÇÃO DE DUTO FLEXÍVEL CIRCULAR PARA AR CONDICIONADO EM ALUMÍNIO ISOLADO - DN 185 MM (7\"). AF_03/2024","M",0]
["Dutos para ar condicionado",98385,"INSTALAÇÃO DE DUTO FLEXÍVEL CIRCULAR PARA AR CONDICIONADO EM ALUMÍNIO ISOLADO - DN 209 MM (8\"). AF_03/2024","M",0]
["Dutos para ar condicionado",98386,"INSTALAÇÃO DE DUTO FLEXÍVEL CIRCULAR PARA AR CONDICIONADO EM ALUMÍNIO ISOLADO - DN 263 MM (10\"). AF_03/2024","M",0]
["Dutos para ar condicionado",98387,"INSTALAÇÃO DE DUTO FLEXÍVEL CIRCULAR PARA AR CONDICIONADO EM ALUMÍNIO ISOLADO - DN 314 MM (12\"). AF_03/2024","M",0]
["Dutos para ar condicionado",98388,"INSTALAÇÃO DE DUTO FLEXÍVEL CIRCULAR PARA AR CONDICIONADO EM ALUMÍNIO ISOLADO - DN 364 MM (14\"). AF_03/2024","M",0]
["Dutos para ar condicionado",98346,"INSTALAÇÃO DE DUTO RETANGULAR PARA AR CONDICIONADO (TRECHO RETO) EM CHAPA GALVANIZADA BITOLA 22 - COM ISOLAMENTO DE MANTA COLADA NA CHAPA, INCLUSO FABRICAÇÃO. AF_03/2024","M2",0]
["Dutos para ar condicionado",98363,"INSTALAÇÃO DE DUTO RETANGULAR PARA AR CONDICIONADO (TRECHO RETO) EM CHAPA GALVANIZADA BITOLA 22 - COM ISOLAMENTO DE MANTA FIXADA NA CHAPA COM CLAVO, INCLUSO FABRICAÇÃO. AF_03/2024","M2",0]
["Dutos para ar condicionado",98354,"INSTALAÇÃO DE DUTO RETANGULAR PARA AR CONDICIONADO (TRECHO RETO) EM CHAPA GALVANIZADA BITOLA 22 - COM ISOLAMENTO DE MANTA FIXADA NA CHAPA COM FITA PLÁSTICA, INCLUSO FABRICAÇÃO. AF_03/2024","M2",0]
["Dutos para ar condicionado",98337,"INSTALAÇÃO DE DUTO RETANGULAR PARA AR CONDICIONADO (TRECHO RETO) EM CHAPA GALVANIZADA BITOLA 22 - SEM ISOLAMENTO, INCLUSO FABRICAÇÃO. AF_03/2024","M2",0]
["Dutos para ar condicionado",98345,"INSTALAÇÃO DE DUTO RETANGULAR PARA AR CONDICIONADO (TRECHO RETO) EM CHAPA GALVANIZADA BITOLA 24 - COM ISOLAMENTO DE MANTA COLADA NA CHAPA, INCLUSO FABRICAÇÃO. AF_03/2024","M2",0]
["Dutos para ar condicionado",98362,"INSTALAÇÃO DE DUTO RETANGULAR PARA AR CONDICIONADO (TRECHO RETO) EM CHAPA GALVANIZADA BITOLA 24 - COM ISOLAMENTO DE MANTA FIXADA NA CHAPA COM CLAVO, INCLUSO FABRICAÇÃO. AF_03/2024","M2",0]
["Dutos para ar condicionado",98403,"INSTALAÇÃO DE DUTO RETANGULAR PARA AR CONDICIONADO (TRECHO RETO) EM CHAPA GALVANIZADA BITOLA 24 - COM ISOLAMENTO DE MANTA FIXADA NA CHAPA COM FITA PLÁSTICA, INCLUSO FABRICAÇÃO. AF_03/2024","M2",0]
["Dutos para ar condicionado",98335,"INSTALAÇÃO DE DUTO RETANGULAR PARA AR CONDICIONADO (TRECHO RETO) EM CHAPA GALVANIZADA BITOLA 24 - SEM ISOLAMENTO, INCLUSO FABRICAÇÃO. AF_03/2024","M2",0]
["Dutos para ar condicionado",98344,"INSTALAÇÃO DE DUTO RETANGULAR PARA AR CONDICIONADO (TRECHO RETO) EM CHAPA GALVANIZADA BITOLA 26 - COM ISOLAMENTO DE MANTA COLADA NA CHAPA, INCLUSO FABRICAÇÃO. AF_03/2024","M2",0]
["Dutos para ar condicionado",98361,"INSTALAÇÃO DE DUTO RETANGULAR PARA AR CONDICIONADO (TRECHO RETO) EM CHAPA GALVANIZADA BITOLA 26 - COM ISOLAMENTO DE MANTA FIXADA NA CHAPA COM CLAVO, INCLUSO FABRICAÇÃO. AF_03/2024","M2",0]
["Dutos para ar condicionado",98353,"INSTALAÇÃO DE DUTO RETANGULAR PARA AR CONDICIONADO (TRECHO RETO) EM CHAPA GALVANIZADA BITOLA 26 - COM ISOLAMENTO DE MANTA FIXADA NA CHAPA COM FITA PLÁSTICA, INCLUSO FABRICAÇÃO. AF_03/2024","M2",0]
["Dutos para ar condicionado",98334,"INSTALAÇÃO DE DUTO RETANGULAR PARA AR CONDICIONADO (TRECHO RETO) EM CHAPA GALVANIZADA BITOLA 26 - SEM ISOLAMENTO, INCLUSO FABRICAÇÃO. AF_03/2024","M2",0]
["Dutos para ar condicionado",98371,"INSTALAÇÃO DE DUTO RETANGULAR PARA AR CONDICIONADO EM PAINEL PRÉ-ISOLADO, INCLUSO FABRICAÇÃO. AF_03/2024","M2",0]
["Dutos para ar condicionado",98397,"PINTURA ANTICORROSIVA DE DUTO METÁLICO. AF_03/2024","M2",11.33,0]
["Eletrocalhas",97280,"COTOVELO HORIZONTAL 90º PARA ELETROCALHA, LISA OU PERFURADA EM AÇO GALVANIZADO, LARGURA DE 100MM E ALTURA DE 50MM - FORNECIMENTO E INSTALAÇÃO. AF_04/2023","UN",0]
["Eletrocalhas",97275,"COTOVELO HORIZONTAL 90º PARA ELETROCALHA, LISA OU PERFURADA EM AÇO GALVANIZADO, LARGURA DE 50MM E ALTURA DE 50MM - FORNECIMENTO E INSTALAÇÃO. AF_04/2023","UN",0]
["Eletrocalhas",97279,"COTOVELO HORIZONTAL 90º PARA ELETROCALHA, LISA OU PERFURADA EM AÇO GALVANIZADO, LARGURA DE 75MM E ALTURA DE 50MM - FORNECIMENTO E INSTALAÇÃO. AF_04/2023","UN",0]
["Eletrocalhas",97285,"COTOVELO HORIZONTAL 90º, PARA ELETROCALHA, LISA OU PERFURADA EM AÇO GALVANIZADO, LARGURA DE 125MM E ALTURA DE 50MM - FORNECIMENTO E INSTALAÇÃO. AF_04/2023","UN",0]
["Eletrocalhas",97286,"COTOVELO HORIZONTAL 90º, PARA ELETROCALHA, LISA OU PERFURADA EM AÇO GALVANIZADO, LARGURA DE 150MM E ALTURA DE 50MM - FORNECIMENTO E INSTALAÇÃO. AF_04/2023","UN",0]
["Eletrocalhas",97291,"COTOVELO HORIZONTAL 90º, PARA ELETROCALHA, LISA OU PERFURADA EM AÇO GALVANIZADO, LARGURA DE 200MM E ALTURA DE 50MM - FORNECIMENTO E INSTALAÇÃO. AF_04/2023","UN",0]
["Eletrocalhas",97292,"COTOVELO HORIZONTAL 90º, PARA ELETROCALHA, LISA OU PERFURADA EM AÇO GALVANIZADO, LARGURA DE 250MM E ALTURA DE 50MM - FORNECIMENTO E INSTALAÇÃO. AF_04/2023","UN",0]
["Eletrocalhas",97297,"COTOVELO HORIZONTAL 90º, PARA ELETROCALHA, LISA OU PERFURADA EM AÇO GALVANIZADO, LARGURA DE 300MM E ALTURA DE 50MM - FORNECIMENTO E INSTALAÇÃO. AF_04/2023","UN",0]
["Eletrocalhas",97298,"COTOVELO HORIZONTAL 90º, PARA ELETROCALHA, LISA OU PERFURADA EM AÇO GALVANIZADO, LARGURA DE 400MM E ALTURA DE 50MM - FORNECIMENTO E INSTALAÇÃO. AF_04/2023","UN",0]
["Eletrocalhas",97303,"COTOVELO HORIZONTAL 90º, PARA ELETROCALHA, LISA OU PERFURADA EM AÇO GALVANIZADO, LARGURA DE 500MM E ALTURA DE 50MM - FORNECIMENTO E INSTALAÇÃO. AF_04/2023","UN",0]
["Eletrocalhas",97304,"COTOVELO HORIZONTAL 90º, PARA ELETROCALHA, LISA OU PERFURADA EM AÇO GALVANIZADO, LARGURA DE 600MM E ALTURA DE 50MM - FORNECIMENTO E INSTALAÇÃO. AF_04/2023","UN",0]
["Eletrocalhas",97309,"COTOVELO HORIZONTAL 90º, PARA ELETROCALHA, LISA OU PERFURADA EM AÇO GALVANIZADO, LARGURA DE 700MM E ALTURA DE 50MM - FORNECIMENTO E INSTALAÇÃO. AF_04/2023","UN",0]
["Eletrocalhas",97310,"COTOVELO HORIZONTAL 90º, PARA ELETROCALHA, LISA OU PERFURADA EM AÇO GALVANIZADO, LARGURA DE 800MM E ALTURA DE 50MM - FORNECIMENTO E INSTALAÇÃO. AF_04/2023","UN",0]
["Eletrocalhas",97282,"COTOVELO RETO 90º PARA ELETROCALHA, LISA OU PERFURADA EM AÇO GALVANIZADO, LARGURA DE 100MM E ALTURA DE 50MM - FORNECIMENTO E INSTALAÇÃO. AF_04/2023","UN",0]
["Eletrocalhas",97276,"COTOVELO RETO 90º PARA ELETROCALHA, LISA OU PERFURADA EM AÇO GALVANIZADO, LARGURA DE 50MM E ALTURA DE 50MM - FORNECIMENTO E INSTALAÇÃO. AF_04/2023","UN",0]
["Eletrocalhas",97281,"COTOVELO RETO 90º PARA ELETROCALHA, LISA OU PERFURADA EM AÇO GALVANIZADO, LARGURA DE 75MM E ALTURA DE 50MM - FORNECIMENTO E INSTALAÇÃO. AF_04/2023","UN",0]
["Eletrocalhas",97287,"COTOVELO RETO 90º, PARA ELETROCALHA, LISA OU PERFURADA EM AÇO GALVANIZADO, LARGURA DE 125MM E ALTURA DE 50MM - FORNECIMENTO E INSTALAÇÃO. AF_04/2023","UN",0]
["Eletrocalhas",97288,"COTOVELO RETO 90º, PARA ELETROCALHA, LISA OU PERFURADA EM AÇO GALVANIZADO, LARGURA DE 150MM E ALTURA DE 50MM - FORNECIMENTO E INSTALAÇÃO. AF_04/2023","UN",0]
["Eletrocalhas",97293,"COTOVELO RETO 90º, PARA ELETROCALHA, LISA OU PERFURADA EM AÇO GALVANIZADO, LARGURA DE 200MM E ALTURA DE 50MM - FORNECIMENTO E INSTALAÇÃO. AF_04/2023","UN",0]
["Eletrocalhas",97294,"COTOVELO RETO 90º, PARA ELETROCALHA, LISA OU PERFURADA EM AÇO GALVANIZADO, LARGURA DE 250MM E ALTURA DE 50MM - FORNECIMENTO E INSTALAÇÃO. AF_04/2023","UN",0]
["Eletrocalhas",97299,"COTOVELO RETO 90º, PARA ELETROCALHA, LISA OU PERFURADA EM AÇO GALVANIZADO, LARGURA DE 300MM E ALTURA DE 50MM - FORNECIMENTO E INSTALAÇÃO. AF_04/2023","UN",0]
["Eletrocalhas",97300,"COTOVELO RETO 90º, PARA ELETROCALHA, LISA OU PERFURADA EM AÇO GALVANIZADO, LARGURA DE 400MM E ALTURA DE 50MM - FORNECIMENTO E INSTALAÇÃO. AF_04/2023","UN",0]
["Eletrocalhas",97305,"COTOVELO RETO 90º, PARA ELETROCALHA, LISA OU PERFURADA EM AÇO GALVANIZADO, LARGURA DE 500MM E ALTURA DE 50MM - FORNECIMENTO E INSTALAÇÃO. AF_04/2023","UN",0]
["Eletrocalhas",97306,"COTOVELO RETO 90º, PARA ELETROCALHA, LISA OU PERFURADA EM AÇO GALVANIZADO, LARGURA DE 600MM E ALTURA DE 50MM - FORNECIMENTO E INSTALAÇÃO. AF_04/2023","UN",0]
["Eletrocalhas",97311,"COTOVELO RETO 90º, PARA ELETROCALHA, LISA OU PERFURADA EM AÇO GALVANIZADO, LARGURA DE 700MM E ALTURA DE 50MM - FORNECIMENTO E INSTALAÇÃO. AF_04/2023","UN",0]
["Eletrocalhas",97312,"COTOVELO RETO 90º, PARA ELETROCALHA, LISA OU PERFURADA EM AÇO GALVANIZADO, LARGURA DE 800MM E ALTURA DE 50MM - FORNECIMENTO E INSTALAÇÃO. AF_04/2023","UN",0]
["Eletrocalhas",97278,"CURVA HORIZONTAL 90º PARA ELETROCALHA, LISA OU PERFURADA EM AÇO GALVANIZADO, LARGURA DE 100MM E ALTURA DE 50MM - FORNECIMENTO E INSTALAÇÃO. AF_04/2023","UN",0]
["Eletrocalhas",97274,"CURVA HORIZONTAL 90º PARA ELETROCALHA, LISA OU PERFURADA EM AÇO GALVANIZADO, LARGURA DE 50MM E ALTURA DE 50MM - FORNECIMENTO E INSTALAÇÃO. AF_04/2023","UN",0]
["Eletrocalhas",97283,"CURVA HORIZONTAL 90º, PARA ELETROCALHA, LISA OU PERFURADA EM AÇO GALVANIZADO, LARGURA DE 125MM E ALTURA DE 50MM - FORNECIMENTO E INSTALAÇÃO. AF_04/2023","UN",0]
["Eletrocalhas",97284,"CURVA HORIZONTAL 90º, PARA ELETROCALHA, LISA OU PERFURADA EM AÇO GALVANIZADO, LARGURA DE 150MM E ALTURA DE 50MM - FORNECIMENTO E INSTALAÇÃO. AF_04/2023","UN",0]
["Eletrocalhas",97289,"CURVA HORIZONTAL 90º, PARA ELETROCALHA, LISA OU PERFURADA EM AÇO GALVANIZADO, LARGURA DE 200MM E ALTURA DE 50MM - FORNECIMENTO E INSTALAÇÃO. AF_04/2023","UN",0]
["Eletrocalhas",97290,"CURVA HORIZONTAL 90º, PARA ELETROCALHA, LISA OU PERFURADA EM AÇO GALVANIZADO, LARGURA DE 250MM E ALTURA DE 50MM - FORNECIMENTO E INSTALAÇÃO. AF_04/2023","UN",0]
["Eletrocalhas",97295,"CURVA HORIZONTAL 90º, PARA ELETROCALHA, LISA OU PERFURADA EM AÇO GALVANIZADO, LARGURA DE 300MM E ALTURA DE 50MM - FORNECIMENTO E INSTALAÇÃO. AF_04/2023","UN",0]
["Eletrocalhas",97296,"CURVA HORIZONTAL 90º, PARA ELETROCALHA, LISA OU PERFURADA EM AÇO GALVANIZADO, LARGURA DE 400MM E ALTURA DE 50MM - FORNECIMENTO E INSTALAÇÃO. AF_04/2023","UN",0]
["Eletrocalhas",97301,"CURVA HORIZONTAL 90º, PARA ELETROCALHA, LISA OU PERFURADA EM AÇO GALVANIZADO, LARGURA DE 500MM E ALTURA DE 50MM - FORNECIMENTO E INSTALAÇÃO. AF_04/2023","UN",0]
["Eletrocalhas",97302,"CURVA HORIZONTAL 90º, PARA ELETROCALHA, LISA OU PERFURADA EM AÇO GALVANIZADO, LARGURA DE 600MM E ALTURA DE 50MM - FORNECIMENTO E INSTALAÇÃO. AF_04/2023","UN",0]
["Eletrocalhas",97307,"CURVA HORIZONTAL 90º, PARA ELETROCALHA, LISA OU PERFURADA EM AÇO GALVANIZADO, LARGURA DE 700MM E ALTURA DE 50MM - FORNECIMENTO E INSTALAÇÃO. AF_04/2023","UN",0]
["Eletrocalhas",97277,"CURVA HORIZONTAL 90º, PARA ELETROCALHA, LISA OU PERFURADA EM AÇO GALVANIZADO, LARGURA DE 75MM E ALTURA DE 50MM - FORNECIMENTO E INSTALAÇÃO. AF_04/2023","UN",0]
["Eletrocalhas",97308,"CURVA HORIZONTAL 90º, PARA ELETROCALHA, LISA OU PERFURADA EM AÇO GALVANIZADO, LARGURA DE 800MM E ALTURA DE 50MM - FORNECIMENTO E INSTALAÇÃO. AF_04/2023","UN",0]
["Eletrocalhas",97238,"ELETROCALHA LISA OU PERFURADA EM AÇO GALVANIZADO, LARGURA 100MM E ALTURA 50MM, INCLUSIVE EMENDA E FIXAÇÃO - FORNECIMENTO E INSTALAÇÃO. AF_04/2023","M",0]
["Eletrocalhas",97239,"ELETROCALHA LISA OU PERFURADA EM AÇO GALVANIZADO, LARGURA 125MM E ALTURA 50MM, INCLUSIVE EMENDA E FIXAÇÃO - FORNECIMENTO E INSTALAÇÃO. AF_04/2023","M",0]
["Eletrocalhas",97240,"ELETROCALHA LISA OU PERFURADA EM AÇO GALVANIZADO, LARGURA 150MM E ALTURA 50MM, INCLUSIVE EMENDA E FIXAÇÃO - FORNECIMENTO E INSTALAÇÃO. AF_04/2023","M",0]
["Eletrocalhas",97241,"ELETROCALHA LISA OU PERFURADA EM AÇO GALVANIZADO, LARGURA 200MM E ALTURA 50MM, INCLUSIVE EMENDA E FIXAÇÃO - FORNECIMENTO E INSTALAÇÃO. AF_04/2023","M",0]
["Eletrocalhas",97242,"ELETROCALHA LISA OU PERFURADA EM AÇO GALVANIZADO, LARGURA 250MM E ALTURA 50MM, INCLUSIVE EMENDA E FIXAÇÃO - FORNECIMENTO E INSTALAÇÃO. AF_04/2023","M",0]
["Eletrocalhas",97243,"ELETROCALHA LISA OU PERFURADA EM AÇO GALVANIZADO, LARGURA 300MM E ALTURA 50MM, INCLUSIVE EMENDA E FIXAÇÃO - FORNECIMENTO E INSTALAÇÃO. AF_04/2023","M",0]
["Eletrocalhas",97244,"ELETROCALHA LISA OU PERFURADA EM AÇO GALVANIZADO, LARGURA 400MM E ALTURA 50MM, INCLUSIVE EMENDA E FIXAÇÃO - FORNECIMENTO E INSTALAÇÃO. AF_04/2023","M",0]
["Eletrocalhas",97245,"ELETROCALHA LISA OU PERFURADA EM AÇO GALVANIZADO, LARGURA 500MM E ALTURA 50MM, INCLUSIVE EMENDA E FIXAÇÃO - FORNECIMENTO E INSTALAÇÃO. AF_04/2023","M",0]
["Eletrocalhas",97236,"ELETROCALHA LISA OU PERFURADA EM AÇO GALVANIZADO, LARGURA 50MM E ALTURA 50MM, INCLUSIVE EMENDA E FIXAÇÃO - FORNECIMENTO E INSTALAÇÃO. AF_04/2023","M",0]
["Eletrocalhas",97246,"ELETROCALHA LISA OU PERFURADA EM AÇO GALVANIZADO, LARGURA 600MM E ALTURA 50MM, INCLUSIVE EMENDA E FIXAÇÃO - FORNECIMENTO E INSTALAÇÃO. AF_04/2023","M",0]
["Eletrocalhas",97247,"ELETROCALHA LISA OU PERFURADA EM AÇO GALVANIZADO, LARGURA 700MM E ALTURA 50MM, INCLUSIVE EMENDA E FIXAÇÃO - FORNECIMENTO E INSTALAÇÃO. AF_04/2023","M",0]
["Eletrocalhas",97237,"ELETROCALHA LISA OU PERFURADA EM AÇO GALVANIZADO, LARGURA 75MM E ALTURA 50MM, INCLUSIVE EMENDA E FIXAÇÃO - FORNECIMENTO E INSTALAÇÃO. AF_04/2023","M",0]
["Eletrocalhas",97248,"ELETROCALHA LISA OU PERFURADA EM AÇO GALVANIZADO, LARGURA 800MM E ALTURA 50MM, INCLUSIVE EMENDA E FIXAÇÃO - FORNECIMENTO E INSTALAÇÃO. AF_04/2023","M",0]
["Eletrocalhas",97251,"EMENDA PARA ELETROCALHA, LISA OU PERFURADA EM AÇO GALVANIZADO, LARGURA 100MM E ALTURA 50MM - FORNECIMENTO E INSTALAÇÃO. AF_04/2023","UN",0]
["Eletrocalhas",97254,"EMENDA PARA ELETROCALHA, LISA OU PERFURADA EM AÇO GALVANIZADO, LARGURA 125MM E ALTURA 50MM - FORNECIMENTO E INSTALAÇÃO. AF_04/2023","UN",0]
["Eletrocalhas",97255,"EMENDA PARA ELETROCALHA, LISA OU PERFURADA EM AÇO GALVANIZADO, LARGURA 150MM E ALTURA 50MM - FORNECIMENTO E INSTALAÇÃO. AF_04/2023","UN",0]
["Eletrocalhas",97249,"EMENDA PARA ELETROCALHA, LISA OU PERFURADA EM AÇO GALVANIZADO, LARGURA 50MM E ALTURA 50MM - FORNECIMENTO E INSTALAÇÃO. AF_04/2023","UN",0]
["Eletrocalhas",97250,"EMENDA PARA ELETROCALHA, LISA OU PERFURADA EM AÇO GALVANIZADO, LARGURA 75MM E ALTURA 50MM - FORNECIMENTO E INSTALAÇÃO. AF_04/2023","UN",0]
["Eletrocalhas",97258,"EMENDA PARA ELETROCALHA, LISA OU PERFURADA EM AÇO GALVANIZADO, LARGURA DE 200MM E ALTURA DE 50MM - FORNECIMENTO E INSTALAÇÃO. AF_04/2023","UN",0]
["Eletrocalhas",97259,"EMENDA PARA ELETROCALHA, LISA OU PERFURADA EM AÇO GALVANIZADO, LARGURA DE 250MM E ALTURA DE 50MM - FORNECIMENTO E INSTALAÇÃO. AF_04/2023","UN",0]
["Eletrocalhas",97262,"EMENDA PARA ELETROCALHA, LISA OU PERFURADA EM AÇO GALVANIZADO, LARGURA DE 300MM E ALTURA DE 50MM - FORNECIMENTO E INSTALAÇÃO. AF_04/2023","UN",0]
["Eletrocalhas",97263,"EMENDA PARA ELETROCALHA, LISA OU PERFURADA EM AÇO GALVANIZADO, LARGURA DE 400MM E ALTURA DE 50MM - FORNECIMENTO E INSTALAÇÃO. AF_04/2023","UN",0]
["Eletrocalhas",97266,"EMENDA PARA ELETROCALHA, LISA OU PERFURADA EM AÇO GALVANIZADO, LARGURA DE 500MM E ALTURA DE 50MM - FORNECIMENTO E INSTALAÇÃO. AF_04/2023","UN",0]
["Eletrocalhas",97267,"EMENDA PARA ELETROCALHA, LISA OU PERFURADA EM AÇO GALVANIZADO, LARGURA DE 600MM E ALTURA DE 50MM - FORNECIMENTO E INSTALAÇÃO. AF_04/2023","UN",0]
["Eletrocalhas",97270,"EMENDA PARA ELETROCALHA, LISA OU PERFURADA EM AÇO GALVANIZADO, LARGURA DE 700MM E ALTURA DE 50MM - FORNECIMENTO E INSTALAÇÃO. AF_04/2023","UN",0]
["Eletrocalhas",97271,"EMENDA PARA ELETROCALHA, LISA OU PERFURADA EM AÇO GALVANIZADO, LARGURA DE 800MM E ALTURA DE 50MM - FORNECIMENTO E INSTALAÇÃO. AF_04/2023","UN",0]
["Eletrocalhas",97252,"REDUÇÃO PARA ELETROCALHA, LISA OU PERFURADA EM AÇO GALVANIZADO, 100X75MM E ALTURA 50MM - FORNECIMENTO E INSTALAÇÃO. AF_04/2023","UN",0]
["Eletrocalhas",97257,"REDUÇÃO PARA ELETROCALHA, LISA OU PERFURADA EM AÇO GALVANIZADO, 125X100MM E ALTURA DE 50MM - FORNECIMENTO E INSTALAÇÃO. AF_04/2023","UN",0]
["Eletrocalhas",97256,"REDUÇÃO PARA ELETROCALHA, LISA OU PERFURADA EM AÇO GALVANIZADO, 150X125MM E ALTURA DE 50MM - FORNECIMENTO E INSTALAÇÃO. AF_04/2023","UN",0]
["Eletrocalhas",97253,"REDUÇÃO PARA ELETROCALHA, LISA OU PERFURADA EM AÇO GALVANIZADO, 75X50MM E ALTURA 50MM - FORNECIMENTO E INSTALAÇÃO. AF_04/2023","UN",0]
["Eletrocalhas",97261,"REDUÇÃO PARA ELETROCALHA, LISA OU PERFURADA EM AÇO GALVANIZADO, LARGURA DE 200X150MM E ALTURA DE 50MM - FORNECIMENTO E INSTALAÇÃO. AF_04/2023","UN",0]
["Eletrocalhas",97260,"REDUÇÃO PARA ELETROCALHA, LISA OU PERFURADA EM AÇO GALVANIZADO, LARGURA DE 250X200MM E ALTURA DE 50MM - FORNECIMENTO E INSTALAÇÃO. AF_04/2023","UN",0]
["Eletrocalhas",97265,"REDUÇÃO PARA ELETROCALHA, LISA OU PERFURADA EM AÇO GALVANIZADO, LARGURA DE 300X250MM E ALTURA DE 50MM - FORNECIMENTO E INSTALAÇÃO. AF_04/2023","UN",0]
["Eletrocalhas",97264,"REDUÇÃO PARA ELETROCALHA, LISA OU PERFURADA EM AÇO GALVANIZADO, LARGURA DE 400X300MM E ALTURA DE 50MM - FORNECIMENTO E INSTALAÇÃO. AF_04/2023","UN",0]
["Eletrocalhas",97269,"REDUÇÃO PARA ELETROCALHA, LISA OU PERFURADA EM AÇO GALVANIZADO, LARGURA DE 500X400MM E ALTURA DE 50MM - FORNECIMENTO E INSTALAÇÃO. AF_04/2023","UN",0]
["Eletrocalhas",97268,"REDUÇÃO PARA ELETROCALHA, LISA OU PERFURADA EM AÇO GALVANIZADO, LARGURA DE 600X500MM E ALTURA DE 50MM - FORNECIMENTO E INSTALAÇÃO. AF_04/2023","UN",0]
["Eletrocalhas",97273,"REDUÇÃO PARA ELETROCALHA, LISA OU PERFURADA EM AÇO GALVANIZADO, LARGURA DE 700X600MM E ALTURA DE 50MM - FORNECIMENTO E INSTALAÇÃO. AF_04/2023","UN",0]
["Eletrocalhas",97272,"REDUÇÃO PARA ELETROCALHA, LISA OU PERFURADA EM AÇO GALVANIZADO, LARGURA DE 800X700MM E ALTURA DE 50MM - FORNECIMENTO E INSTALAÇÃO. AF_04/2023","UN",0]
["Eletrocalhas",97315,"TÊ HORIZONTAL 90º, PARA ELETROCALHA, LISA OU PERFURADA EM AÇO GALVANIZADO, LARGURA DE 100MM E ALTURA DE 50MM - FORNECIMENTO E INSTALAÇÃO. AF_04/2023","UN",0]
["Eletrocalhas",97316,"TÊ HORIZONTAL 90º, PARA ELETROCALHA, LISA OU PERFURADA EM AÇO GALVANIZADO, LARGURA DE 125MM E ALTURA DE 50MM - FORNECIMENTO E INSTALAÇÃO. AF_04/2023","UN",0]
["Eletrocalhas",97317,"TÊ HORIZONTAL 90º, PARA ELETROCALHA, LISA OU PERFURADA EM AÇO GALVANIZADO, LARGURA DE 150MM E ALTURA DE 50MM - FORNECIMENTO E INSTALAÇÃO. AF_04/2023","UN",0]
["Eletrocalhas",97318,"TÊ HORIZONTAL 90º, PARA ELETROCALHA, LISA OU PERFURADA EM AÇO GALVANIZADO, LARGURA DE 200MM E ALTURA DE 50MM - FORNECIMENTO E INSTALAÇÃO. AF_04/2023","UN",0]
["Eletrocalhas",97319,"TÊ HORIZONTAL 90º, PARA ELETROCALHA, LISA OU PERFURADA EM AÇO GALVANIZADO, LARGURA DE 250MM E ALTURA DE 50MM - FORNECIMENTO E INSTALAÇÃO. AF_04/2023","UN",0]
["Eletrocalhas",97320,"TÊ HORIZONTAL 90º, PARA ELETROCALHA, LISA OU PERFURADA EM AÇO GALVANIZADO, LARGURA DE 300MM E ALTURA DE 50MM - FORNECIMENTO E INSTALAÇÃO. AF_04/2023","UN",0]
["Eletrocalhas",97321,"TÊ HORIZONTAL 90º, PARA ELETROCALHA, LISA OU PERFURADA EM AÇO GALVANIZADO, LARGURA DE 400MM E ALTURA DE 50MM - FORNECIMENTO E INSTALAÇÃO. AF_04/2023","UN",0]
["Eletrocalhas",97322,"TÊ HORIZONTAL 90º, PARA ELETROCALHA, LISA OU PERFURADA EM AÇO GALVANIZADO, LARGURA DE 500MM E ALTURA DE 50MM - FORNECIMENTO E INSTALAÇÃO. AF_04/2023","UN",0]
["Eletrocalhas",97313,"TÊ HORIZONTAL 90º, PARA ELETROCALHA, LISA OU PERFURADA EM AÇO GALVANIZADO, LARGURA DE 50MM E ALTURA DE 50MM - FORNECIMENTO E INSTALAÇÃO. AF_04/2023","UN",0]
["Eletrocalhas",97323,"TÊ HORIZONTAL 90º, PARA ELETROCALHA, LISA OU PERFURADA EM AÇO GALVANIZADO, LARGURA DE 600MM E ALTURA DE 50MM - FORNECIMENTO E INSTALAÇÃO. AF_04/2023","UN",0]
["Eletrocalhas",97324,"TÊ HORIZONTAL 90º, PARA ELETROCALHA, LISA OU PERFURADA EM AÇO GALVANIZADO, LARGURA DE 700MM E ALTURA DE 50MM - FORNECIMENTO E INSTALAÇÃO. AF_04/2023","UN",0]
["Eletrocalhas",97314,"TÊ HORIZONTAL 90º, PARA ELETROCALHA, LISA OU PERFURADA EM AÇO GALVANIZADO, LARGURA DE 75MM E ALTURA DE 50MM - FORNECIMENTO E INSTALAÇÃO. AF_04/2023","UN",0]
["Eletrocalhas",97325,"TÊ HORIZONTAL 90º, PARA ELETROCALHA, LISA OU PERFURADA EM AÇO GALVANIZADO, LARGURA DE 800MM E ALTURA DE 50MM - FORNECIMENTO E INSTALAÇÃO. AF_04/2023","UN",0]
["Energia Solar para Edificações",103517,"AQUECEDOR SOLAR COMPACTO, KIT PARA 1 COLETOR SOLAR EM VIDRO TEMPERADO E SERPENTINA EM TUBO DE COBRE COM SUPORTE, RESERVATÓRIO, FIXAÇÕES E TUBOS - FORNECIMENTO E INSTALAÇÃO. AF_12/2021","UN",3120.49,0.96140000000000003]
["Energia Solar para Edificações",103518,"AQUECEDOR SOLAR COMPACTO, KIT PARA 1 COLETOR SOLAR À VÁCUO COM SUPORTE, RESERVATÓRIO, FIXAÇÕES E TUBOS - FORNECIMENTO E INSTALAÇÃO. AF_12/2021","UN",0]
["Energia Solar para Edificações",103519,"BLOCO CONCRETADO NO LOCAL, 20X20X15CM, PARA BASE DE FIXAÇÃO DA ESTRUTURA SOLAR PARA LAJE DE CONCRETO - FORNECIMENTO E INSTALAÇÃO. AF_12/2021","UN",11.61,8.9999999999999998E-4]
["Energia Solar para Edificações",103515,"BOMBA DE CIRCULACAO DE ÁGUA QUENTE, 93 ATÉ 150 W - FORNECIMENTO E INSTALAÇÃO. AF_12/2021","UN",0]
["Energia Solar para Edificações",103502,"CABO FOTOVOLTAICO 4 MM² INSTALADO EM ELETRODUTO - FORNECIMENTO E INSTALAÇÃO. AF_12/2021","M",0]
["Energia Solar para Edificações",103504,"CABO FOTOVOLTAICO 4 MM² INSTALADO SOLTO NO TELHADO - FORNECIMENTO E INSTALAÇÃO. AF_12/2021","M",0]
["Energia Solar para Edificações",103503,"CABO FOTOVOLTAICO 6 MM² INSTALADO EM ELETRODUTO - FORNECIMENTO E INSTALAÇÃO. AF_12/2021","M",0]
["Energia Solar para Edificações",103505,"CABO FOTOVOLTAICO 6 MM² INSTALADO SOLTO NO TELHADO - FORNECIMENTO E INSTALAÇÃO. AF_12/2021","M",0]
["Energia Solar para Edificações",103499,"COLETOR PARA AQUECIMENTO SOLAR A VÁCUO, COM SUPORTE PARA LAJE DE CONCRETO - FORNECIMENTO E INSTALAÇÃO. AF_12/2021","UN",0]
["Energia Solar para Edificações",103501,"COLETOR PARA AQUECIMENTO SOLAR A VÁCUO, COM SUPORTE PARA TELHA CERÂMICA - FORNECIMENTO E INSTALAÇÃO. AF_12/2021","UN",0]
["Energia Solar para Edificações",103500,"COLETOR PARA AQUECIMENTO SOLAR A VÁCUO, COM SUPORTE PARA TELHA METÁLICA - FORNECIMENTO E INSTALAÇÃO. AF_12/2021","UN",0]
["Energia Solar para Edificações",103496,"COLETOR PARA AQUECIMENTO SOLAR, EM VIDRO TEMPERADO E SERPENTINA EM TUBO DE COBRE, COM SUPORTE PARA LAJE DE CONCRETO - FORNECIMENTO E INSTALAÇÃO. AF_12/2021","UN",0]
["Energia Solar para Edificações",103498,"COLETOR PARA AQUECIMENTO SOLAR, EM VIDRO TEMPERADO E SERPENTINA EM TUBO DE COBRE, COM SUPORTE PARA TELHA CERÂMICA - FORNECIMENTO E INSTALAÇÃO. AF_12/2021","UN",0]
["Energia Solar para Edificações",103497,"COLETOR PARA AQUECIMENTO SOLAR, EM VIDRO TEMPERADO E SERPENTINA EM TUBO DE COBRE, COM SUPORTE PARA TELHA METÁLICA - FORNECIMENTO E INSTALAÇÃO. AF_12/2021","UN",0]
["Energia Solar para Edificações",103516,"CONTROLADOR POR DIFERENCIAL DE TEMPERATURA COM 2 SENSORES - FORNECIMENTO E INSTALAÇÃO. AF_12/2021","UN",0]
["Energia Solar para Edificações",103506,"INVERSOR SOLAR FOTOVOLTAICO - FORNECIMENTO E INSTALAÇÃO. AF_12/2021","UN",0]
["Energia Solar para Edificações",103507,"MICRO INVERSOR SOLAR FOTOVOLTAICO - FORNECIMENTO E INSTALAÇÃO. AF_12/2021","UN",0]
["Energia Solar para Edificações",103493,"PAINEL SOLAR FOTOVOLTAICO, 2 X 1 M, COM SUPORTE PARA LAJE DE CONCRETO - FORNECIMENTO E INSTALAÇÃO. AF_12/2021","UN",0]
["Energia Solar para Edificações",103495,"PAINEL SOLAR FOTOVOLTAICO, 2 X 1 M, COM SUPORTE PARA TELHA CERÂMICA - FORNECIMENTO E INSTALAÇÃO. AF_12/2021","UN",0]
["Energia Solar para Edificações",103494,"PAINEL SOLAR FOTOVOLTAICO, 2 X 1 M, COM SUPORTE PARA TELHA METÁLICA - FORNECIMENTO E INSTALAÇÃO. AF_12/2021","UN",0]
["Energia Solar para Edificações",103513,"RESERVATÓRIO TÉRMICO/BOILER SOLAR EM AÇO INOX 1000 L - FORNECIMENTO E INSTALAÇÃO. AF_12/2021","UN",0]
["Energia Solar para Edificações",103523,"RESERVATÓRIO TÉRMICO/BOILER SOLAR EM AÇO INOX 1000 L COM 5 PLACAS COLETORAS EM VIDRO TEMPERADO COM SERPENTINA EM TUBO DE COBRE 2 X 1 M - FORNECIMENTO E INSTALAÇÃO. AF_12/2021","UN",10413.870000000001,0.97789999999999999]
["Energia Solar para Edificações",103509,"RESERVATÓRIO TÉRMICO/BOILER SOLAR EM AÇO INOX 200 L - FORNECIMENTO E INSTALAÇÃO. AF_12/2021","UN",0]
["Energia Solar para Edificações",103514,"RESERVATÓRIO TÉRMICO/BOILER SOLAR EM AÇO INOX 3000 L - FORNECIMENTO E INSTALAÇÃO. AF_12/2021","UN",0]
["Energia Solar para Edificações",103510,"RESERVATÓRIO TÉRMICO/BOILER SOLAR EM AÇO INOX 400 L - FORNECIMENTO E INSTALAÇÃO. AF_12/2021","UN",0]
["Energia Solar para Edificações",103520,"RESERVATÓRIO TÉRMICO/BOILER SOLAR EM AÇO INOX 400 L COM 2 PLACAS COLETORAS EM VIDRO TEMPERADO COM SERPENTINA EM TUBO DE COBRE 2 X 1 M - FORNECIMENTO E INSTALAÇÃO. AF_12/2021","UN",5118.5200000000004,0.99350000000000005]
["Energia Solar para Edificações",103511,"RESERVATÓRIO TÉRMICO/BOILER SOLAR EM AÇO INOX 600 L - FORNECIMENTO E INSTALAÇÃO. AF_12/2021","UN",0]
["Energia Solar para Edificações",103521,"RESERVATÓRIO TÉRMICO/BOILER SOLAR EM AÇO INOX 600 L COM 3 PLACAS COLETORAS EM VIDRO TEMPERADO COM SERPENTINA EM TUBO DE COBRE 2 X 1 M - FORNECIMENTO E INSTALAÇÃO. AF_12/2021","UN",6796.93,0.99299999999999999]
["Energia Solar para Edificações",103512,"RESERVATÓRIO TÉRMICO/BOILER SOLAR EM AÇO INOX 800 L - FORNECIMENTO E INSTALAÇÃO. AF_12/2021","UN",0]
["Energia Solar para Edificações",103522,"RESERVATÓRIO TÉRMICO/BOILER SOLAR EM AÇO INOX 800 L COM 4 PLACAS COLETORAS EM VIDRO TEMPERADO COM SERPENTINA EM TUBO DE COBRE 2 X 1 M - FORNECIMENTO E INSTALAÇÃO. AF_12/2021","UN",6957.45,0.96830000000000005]
["Energia Solar para Edificações",103508,"STRING BOX PARA SISTEMA FOTOVOLTAICO - FORNECIMENTO E INSTALAÇÃO. AF_12/2021","UN",0]
["Energia Solar para Edificações",103524,"SUPORTE DE 1 COLETOR SOLAR PARA LAJE DE CONCRETO - FORNECIMENTO E INSTALAÇÃO. AF_12/2021","UN",0]
["Energia Solar para Edificações",103526,"SUPORTE DE 1 COLETOR SOLAR PARA TELHA CERÂMICA - FORNECIMENTO E INSTALAÇÃO. AF_12/2021","UN",0]
["Energia Solar para Edificações",103525,"SUPORTE DE 1 COLETOR SOLAR PARA TELHA METÁLICA - FORNECIMENTO E INSTALAÇÃO. AF_12/2021","UN",0]
["Equipamentos de Proteção Coletiva",97062,"COLOCAÇÃO DE TELA EM ANDAIME FACHADEIRO. AF_03/2024","M2",7.23,0]
["Equipamentos de Proteção Coletiva",97061,"COLOCAÇÃO DE TELA FACHADEIRA PERIMETRAL. AF_03/2024","M2",0]
["Equipamentos de Proteção Coletiva",104988,"FECHAMENTO METÁLICO REMOVÍVEL DE ABERTURA DE CAIXILHO (PROTEÇÃO DE GESSEIRO) - 4 MONTAGENS EM OBRA. AF_03/2024","M2",0]
["Equipamentos de Proteção Coletiva",104979,"FECHAMENTO METÁLICO REMOVÍVEL DE VÃO DE PORTAS (VÃO DO ELEVADOR) - 1 MONTAGEM EM OBRA. AF_03/2024","M2",0]
["Equipamentos de Proteção Coletiva",97040,"FECHAMENTO REMOVÍVEL DE ABERTURA DE CAIXILHO EM MADEIRA - 4 MONTAGENS EM OBRA. AF_03/2024","M2",21.03,0]
["Equipamentos de Proteção Coletiva",97041,"FECHAMENTO REMOVÍVEL DE ABERTURA NO PISO EM MADEIRA - 1 MONTAGEM EM OBRA. AF_03/2024","M2",189.9,0]
["Equipamentos de Proteção Coletiva",97039,"FECHAMENTO REMOVÍVEL DE VÃO DE PORTAS EM MADEIRA (VÃO DO ELEVADOR) - 1 MONTAGEM EM OBRA. AF_03/2024","M2",88.28,0]
["Equipamentos de Proteção Coletiva",102655,"FITA DE SINALIZAÇÃO FIXADA NA ESTRUTURA. AF_03/2024","M",0]
["Equipamentos de Proteção Coletiva",104987,"GUARDA-CORPO DE CONCRETAGEM COM MONTANTES METÁLICOS FIXADOS EM BARROTES (VIGAMENTO) DE FORMA DE MADEIRA COM FECHAMENTO EM PAINEL DE TELA METÁLICA. AF_03/2024","M",0]
["Equipamentos de Proteção Coletiva",104986,"GUARDA-CORPO DE CONCRETAGEM COM MONTANTES METÁLICOS FIXADOS NOS GARFOS DE FORMA DE MADEIRA COM FECHAMENTO EM PAINEL DE TELA METÁLICA. AF_03/2024","M",0]
["Equipamentos de Proteção Coletiva",104984,"GUARDA-CORPO EM LAJE PÓS DESFÔRMA COM MONTANTE METÁLICO FIXADO EM LAJE COM PARABOLT E FECHAMENTO EM PAINEL DE TELA METÁLICA. AF_03/2024","M",0]
["Equipamentos de Proteção Coletiva",104985,"GUARDA-CORPO EM LAJE PÓS DESFÔRMA COM MONTANTE METÁLICO FIXADO EM LAJE COM SARGENTO E FECHAMENTO EM PAINEL DE TELA METÁLICA. AF_03/2024","M",0]
["Equipamentos de Proteção Coletiva",97026,"GUARDA-CORPO EM LAJE PÓS-DESFÔRMA COM CABOS DE AÇO E FECHAMENTO EM TELA DE POLIPROPILENO (SISTEMA DE BARREIRA COM REDE) PARA EDIFÍCIOS ACIMA DE 4 PAVIMENTOS (2 MONTAGENS). AF_03/2024","M",0]
["Equipamentos de Proteção Coletiva",97025,"GUARDA-CORPO EM LAJE PÓS-DESFÔRMA COM CABOS DE AÇO E FECHAMENTO EM TELA DE POLIPROPILENO (SISTEMA DE BARREIRA COM REDE) PARA EDIFÍCIOS COM ATÉ 4 PAVIMENTOS (1 MONTAGEM). AF_03/2024","M",0]
["Equipamentos de Proteção Coletiva",97032,"GUARDA-CORPO EM LAJE PÓS-DESFÔRMA COM ESCORAS DE MADEIRA ESTRONCADAS NA ESTRUTURA, TRAVESSÕES DE MADEIRA E FECHAMENTO EM TELA DE POLIPROPILENO PARA EDIFÍCIOS ACIMA DE 4 PAVIMENTOS (2 MONTAGENS). AF_03/2024","M",61.2,0]
["Equipamentos de Proteção Coletiva",97031,"GUARDA-CORPO EM LAJE PÓS-DESFÔRMA COM ESCORAS DE MADEIRA ESTRONCADAS NA ESTRUTURA, TRAVESSÕES DE MADEIRA E FECHAMENTO EM TELA DE POLIPROPILENO PARA EDIFÍCIOS COM ATÉ 4 PAVIMENTOS (1 MONTAGEM). AF_03/2024","M",100.4,0]
["Equipamentos de Proteção Coletiva",97036,"GUARDA-CORPO EM LAJE PÓS-DESFÔRMA COM ESCORAS METÁLICAS ESTRONCADAS NA ESTRUTURA E FECHAMENTO EM PAINEL DE TELA METÁLICA PARA EDIFÍCIOS ACIMA DE 4 PAVIMENTOS (2 MONTAGENS). AF_03/2024","M",0]
["Equipamentos de Proteção Coletiva",97035,"GUARDA-CORPO EM LAJE PÓS-DESFÔRMA COM ESCORAS METÁLICAS ESTRONCADAS NA ESTRUTURA E FECHAMENTO EM PAINEL DE TELA METÁLICA PARA EDIFÍCIOS COM ATÉ 4 PAVIMENTOS (1 MONTAGEM). AF_03/2024","M",0]
["Equipamentos de Proteção Coletiva",97034,"GUARDA-CORPO EM LAJE PÓS-DESFÔRMA COM ESCORAS METÁLICAS ESTRONCADAS NA ESTRUTURA, TRAVESSÕES DE MADEIRA E FECHAMENTO EM TELA DE POLIPROPILENO PARA EDIFÍCIOS ACIMA DE 4 PAVIMENTOS (2 MONTAGENS). AF_03/2024_PS","M",56.86,0]
["Equipamentos de Proteção Coletiva",97033,"GUARDA-CORPO EM LAJE PÓS-DESFÔRMA COM ESCORAS METÁLICAS ESTRONCADAS NA ESTRUTURA, TRAVESSÕES DE MADEIRA E FECHAMENTO EM TELA DE POLIPROPILENO PARA EDIFÍCIOS COM ATÉ 4 PAVIMENTOS (1 MONTAGEM). AF_03/2024_PS","M",86.31,0]
["Equipamentos de Proteção Coletiva",97030,"GUARDA-CORPO EM LAJE PÓS-DESFÔRMA COM MONTANTE METÁLICO FIXADO COM BARRAS DE AÇO ENGASTADAS NA LAJE, CABOS DE AÇO E FECHAMENTO EM TELA DE POLIPROPILENO PARA EDIFÍCIOS ACIMA DE 4 PAVIMENTOS (2 MONTAGENS). AF_03/2024","M",0]
["Equipamentos de Proteção Coletiva",97029,"GUARDA-CORPO EM LAJE PÓS-DESFÔRMA COM MONTANTE METÁLICO FIXADO COM BARRAS DE AÇO ENGASTADAS NA LAJE, CABOS DE AÇO E FECHAMENTO EM TELA DE POLIPROPILENO PARA EDIFÍCIOS COM ATÉ 4 PAVIMENTOS (1 MONTAGEM). AF_03/2024","M",0]
["Equipamentos de Proteção Coletiva",97028,"GUARDA-CORPO EM LAJE PÓS-DESFÔRMA COM MONTANTE METÁLICO FIXADO COM BARRAS DE AÇO ENGASTADAS NA LAJE, TRAVESSÃO EM MADEIRA E FECHAMENTO EM TELA DE POLIPROPILENO PARA EDIFÍCIOS ACIMA DE 4 PAVIMENTOS (2 MONTAGENS). AF_03/2024","M",0]
["Equipamentos de Proteção Coletiva",97027,"GUARDA-CORPO EM LAJE PÓS-DESFÔRMA COM MONTANTE METÁLICO FIXADO COM BARRAS DE AÇO ENGASTADAS NA LAJE, TRAVESSÃO EM MADEIRA E FECHAMENTO EM TELA DE POLIPROPILENO PARA EDIFÍCIOS COM ATÉ 4 PAVIMENTOS (1 MONTAGEM). AF_03/2024","M",0]
["Equipamentos de Proteção Coletiva",97038,"GUARDA-CORPO EM LAJE PÓS-DESFÔRMA COM MONTANTE METÁLICO FIXADO EM VIGA DE BORDA E FECHAMENTO EM PAINEL DE TELA METÁLICA PARA EDIFÍCIOS ACIMA DE 4 PAVIMENTOS (2 MONTAGENS). AF_03/2024","M",0]
["Equipamentos de Proteção Coletiva",97037,"GUARDA-CORPO EM LAJE PÓS-DESFÔRMA, PARA ESTRUTURAS EM CONCRETO, COM MONTANTE METÁLICO FIXADO EM VIGA DE BORDA E FECHAMENTO EM PAINEL DE TELA METÁLICA PARA EDIFÍCIOS COM ATÉ 4 PAVIMENTOS (1 MONTAGEM). AF_03/2024","M",0]
["Equipamentos de Proteção Coletiva",97014,"GUARDA-CORPO FIXADO EM FÔRMA DE MADEIRA COM MONTANTES E TRAVESSÕES EM MADEIRA E FECHAMENTO EM PLACA COMPENSADO PARA EDIFÍCIOS COM 3 PAVIMENTOS. AF_03/2024","M",63.99,0]
["Equipamentos de Proteção Coletiva",97015,"GUARDA-CORPO FIXADO EM FÔRMA DE MADEIRA COM MONTANTES E TRAVESSÕES EM MADEIRA E FECHAMENTO EM PLACA COMPENSADO PARA EDIFÍCIOS COM ALTURA IGUAL OU SUPERIOR A 4 PAVIMENTOS. AF_03/2024","M",53.14,0]
["Equipamentos de Proteção Coletiva",97013,"GUARDA-CORPO FIXADO EM FÔRMA DE MADEIRA COM MONTANTES E TRAVESSÕES EM MADEIRA E FECHAMENTO EM PLACA COMPENSADO PARA EDIFÍCIOS COM ATÉ 2 PAVIMENTOS. AF_03/2024","M",85.68,0]
["Equipamentos de Proteção Coletiva",97017,"GUARDA-CORPO FIXADO EM FÔRMA DE MADEIRA COM MONTANTES E TRAVESSÕES EM MADEIRA PRÉ-MONTADOS PARA EDIFÍCIOS COM 3 PAVIMENTOS. AF_03/2024","M",46.25,0]
["Equipamentos de Proteção Coletiva",97018,"GUARDA-CORPO FIXADO EM FÔRMA DE MADEIRA COM MONTANTES E TRAVESSÕES EM MADEIRA PRÉ-MONTADOS PARA EDIFÍCIOS COM ALTURA IGUAL OU SUPERIOR A 4 PAVIMENTOS. AF_03/2024","M",38.630000000000003,0]
["Equipamentos de Proteção Coletiva",97016,"GUARDA-CORPO FIXADO EM FÔRMA DE MADEIRA COM MONTANTES E TRAVESSÕES EM MADEIRA PRÉ-MONTADOS PARA EDIFÍCIOS COM ATÉ 2 PAVIMENTOS. AF_03/2024","M",61.58,0]
["Equipamentos de Proteção Coletiva",97024,"GUARDA-CORPO PARA ALVENARIA ESTRUTURAL, COM MONTANTE METÁLICO PARA DOIS NÍVEIS DE PROTEÇÃO E FECHAMENTO EM PAINEL DE TELA METÁLICA PARA EDIFÍCIOS ACIMA DE 8 PAVIMENTOS. AF_03/2024","M",0]
["Equipamentos de Proteção Coletiva",97023,"GUARDA-CORPO PARA ALVENARIA ESTRUTURAL, COM MONTANTE METÁLICO PARA DOIS NÍVEIS DE PROTEÇÃO E FECHAMENTO EM PAINEL DE TELA METÁLICA PARA EDIFÍCIOS COM ALTURA DE 5 A 8 PAVIMENTOS. AF_03/2024","M",0]
["Equipamentos de Proteção Coletiva",105804,"GUARDA-CORPO PARA ALVENARIA ESTRUTURAL, COM MONTANTE METÁLICO PARA DOIS NÍVEIS DE PROTEÇÃO E FECHAMENTO EM PAINEL DE TELA METÁLICA PARA EDIFÍCIOS COM ATÉ 4 PAVIMENTOS. AF_03/2024","M",0]
["Equipamentos de Proteção Coletiva",104990,"GUARDA-CORPO PARA POÇO DE CREMALHEIRA, COM MONTANTE METÁLICO FIXADO EM LAJE COM CHUMBADOR PARABOLT E FECHAMENTO EM PAINEL DE TELA METÁLICA (EXCLUSO PROTEÇÃO). AF_03/2024","M",11.27,0.47199999999999998]
["Equipamentos de Proteção Coletiva",97052,"INSTALAÇÃO DE GAMBIARRA PARA SINALIZAÇÃO, INCLUINDO LÂMPADA, E SINALIZADOR. AF_03/2024","UN",0]
["Equipamentos de Proteção Coletiva",97054,"INSTALAÇÃO DE SINALIZADOR NOTURNO LED. AF_03/2024","UN",29,0]
["Equipamentos de Proteção Coletiva",104981,"LINHA DE VIDA INSTALADA JUNTO AO PISO PARA EDIFÍCIOS ACIMA DE 8 PAVIMENTOS. AF_03/2024","M",0]
["Equipamentos de Proteção Coletiva",104980,"LINHA DE VIDA INSTALADA JUNTO AO PISO PARA EDIFÍCIOS DE 5 A 8 PAVIMENTOS. AF_03/2024","M",0]
["Equipamentos de Proteção Coletiva",97042,"LINHA DE VIDA INSTALADA JUNTO AO PISO PARA EDIFÍCIOS DE ATÉ 4 PAVIMENTOS. AF_03/2024","M",0]
["Equipamentos de Proteção Coletiva",97045,"LINHA DE VIDA TIPO VARAL DE SEGURANÇA COM CABO DE AÇO PARA PROTEÇÃO DE PERIFERIA PARA EDIFÍCIOS ACIMA DE 8 PAVIMENTOS. AF_03/2024","M",0]
["Equipamentos de Proteção Coletiva",97044,"LINHA DE VIDA TIPO VARAL DE SEGURANÇA COM CABO DE AÇO PARA PROTEÇÃO DE PERIFERIA PARA EDIFÍCIOS DE 5 A 8 PAVIMENTOS. AF_03/2024","M",0]
["Equipamentos de Proteção Coletiva",97043,"LINHA DE VIDA TIPO VARAL DE SEGURANÇA COM CABO DE AÇO PARA PROTEÇÃO DE PERIFERIA PARA EDIFÍCIOS DE ATÉ 4 PAVIMENTOS. AF_03/2024","M",0]
["Equipamentos de Proteção Coletiva",97063,"MONTAGEM E DESMONTAGEM DE ANDAIME MODULAR FACHADEIRO, COM PISO METÁLICO, PARA EDIFÍCIOS COM MULTIPLOS PAVIMENTOS (EXCLUSIVE ANDAIME E LIMPEZA). AF_03/2024","M2",18.59,0]
["Equipamentos de Proteção Coletiva",97065,"MONTAGEM E DESMONTAGEM DE ANDAIME MULTIDIRECIONAL (EXCLUSIVE ANDAIME E LIMPEZA). AF_03/2024","M3",12.59,0]
["Equipamentos de Proteção Coletiva",97064,"MONTAGEM E DESMONTAGEM DE ANDAIME TUBULAR TIPO \"TORRE\" (EXCLUSIVE ANDAIME E LIMPEZA). AF_03/2024","M",26.2,0]
["Equipamentos de Proteção Coletiva",97049,"PLACA INDICATIVA FIXADA DIRETAMENTE NA ESTRUTURA ATRAVÉS DE PREGOS. AF_03/2024","M2",0]
["Equipamentos de Proteção Coletiva",96997,"PLATAFORMA DE PROTEÇÃO PRINCIPAL (PRIMÁRIA) PARA COLETA DE RESÍDUOS COM ESTRUTURA METÁLICA E FORRAÇÃO EM TÁBUA DE MADEIRA SERRADA - 1 MONTAGEM POR OBRA. AF_03/2024","M",0]
["Equipamentos de Proteção Coletiva",96999,"PLATAFORMA DE PROTEÇÃO PRINCIPAL (PRIMÁRIA) PARA COLETA DE RESÍDUOS COM ESTRUTURA METÁLICA E FORRAÇÃO EM TÁBUA DE MADEIRA SERRADA - 2 MONTAGENS POR OBRA. AF_03/2024","M",0]
["Equipamentos de Proteção Coletiva",96996,"PLATAFORMA DE PROTEÇÃO PRINCIPAL (PRIMÁRIA) PARA COLETA DE RESÍDUOS COM ESTRUTURA METÁLICA E TRAMA DE MADEIRA FORRADA EM PAINEL COMPENSADO - 1 MONTAGEM POR OBRA. AF_03/2024","M",0]
["Equipamentos de Proteção Coletiva",96998,"PLATAFORMA DE PROTEÇÃO PRINCIPAL (PRIMÁRIA) PARA COLETA DE RESÍDUOS COM ESTRUTURA METÁLICA E TRAMA DE MADEIRA FORRADA EM PAINEL COMPENSADO - 2 MONTAGENS POR OBRA. AF_03/2024","M",0]
["Equipamentos de Proteção Coletiva",97067,"PLATAFORMA DE PROTEÇÃO PRINCIPAL PARA ALVENARIA ESTRUTURAL PARA SER APOIADA EM ANDAIME, INCLUSIVE MONTAGEM E DESMONTAGEM. AF_03/2024","M",635.22,0]
["Equipamentos de Proteção Coletiva",97001,"PLATAFORMA DE PROTEÇÃO SECUNDÁRIA PARA COLETA DE RESÍDUOS COM ESTRUTURA METÁLICA E FORRAÇÃO EM TÁBUA DE MADEIRA SERRADA - 1 MONTAGEM POR OBRA. AF_03/2024","M",0]
["Equipamentos de Proteção Coletiva",97003,"PLATAFORMA DE PROTEÇÃO SECUNDÁRIA PARA COLETA DE RESÍDUOS COM ESTRUTURA METÁLICA E FORRAÇÃO EM TÁBUA DE MADEIRA SERRADA - 2 MONTAGENS POR OBRA. AF_03/2024","M",0]
["Equipamentos de Proteção Coletiva",97005,"PLATAFORMA DE PROTEÇÃO SECUNDÁRIA PARA COLETA DE RESÍDUOS COM ESTRUTURA METÁLICA E FORRAÇÃO EM TÁBUA DE MADEIRA SERRADA - 3 MONTAGENS POR OBRA. AF_03/2024","M",0]
["Equipamentos de Proteção Coletiva",97000,"PLATAFORMA DE PROTEÇÃO SECUNDÁRIA PARA COLETA DE RESÍDUOS COM ESTRUTURA METÁLICA E TRAMA DE MADEIRA FORRADA EM PAINEL COMPENSADO - 1 MONTAGEM POR OBRA. AF_03/2024","M",0]
["Equipamentos de Proteção Coletiva",97002,"PLATAFORMA DE PROTEÇÃO SECUNDÁRIA PARA COLETA DE RESÍDUOS COM ESTRUTURA METÁLICA E TRAMA DE MADEIRA FORRADA EM PAINEL COMPENSADO - 2 MONTAGENS POR OBRA. AF_03/2024","M",0]
["Equipamentos de Proteção Coletiva",97004,"PLATAFORMA DE PROTEÇÃO SECUNDÁRIA PARA COLETA DE RESÍDUOS COM ESTRUTURA METÁLICA E TRAMA DE MADEIRA FORRADA EM PAINEL COMPENSADO - 3 MONTAGENS POR OBRA. AF_03/2024","M",0]
["Equipamentos de Proteção Coletiva",97007,"PLATAFORMA DE PROTEÇÃO TERCIÁRIA PARA COLETA DE RESÍDUOS COM ESTRUTURA METÁLICA E FORRAÇÃO EM TÁBUA DE MADEIRA SERRADA - 1 MONTAGEM POR OBRA. AF_03/2024","M",0]
["Equipamentos de Proteção Coletiva",97009,"PLATAFORMA DE PROTEÇÃO TERCIÁRIA PARA COLETA DE RESÍDUOS COM ESTRUTURA METÁLICA E FORRAÇÃO EM TÁBUA DE MADEIRA SERRADA - 2 MONTAGENS POR OBRA. AF_03/2024","M",0]
["Equipamentos de Proteção Coletiva",97006,"PLATAFORMA DE PROTEÇÃO TERCIÁRIA PARA COLETA DE RESÍDUOS COM ESTRUTURA METÁLICA E TRAMA DE MADEIRA FORRADA EM PAINEL COMPENSADO - 1 MONTAGEM POR OBRA. AF_03/2024","M",0]
["Equipamentos de Proteção Coletiva",97008,"PLATAFORMA DE PROTEÇÃO TERCIÁRIA PARA COLETA DE RESÍDUOS COM ESTRUTURA METÁLICA E TRAMA DE MADEIRA FORRADA EM PAINEL COMPENSADO - 2 MONTAGENS POR OBRA. AF_03/2024","M",0]
["Equipamentos de Proteção Coletiva",97048,"PONTEIRAS DE PROTEÇÃO DE PONTAS E VERGALHÕES EXPOSTOS EM ALVENARIA ESTRUTURAL. AF_03/2024","M2",0.09,0.77780000000000005]
["Equipamentos de Proteção Coletiva",97047,"PONTEIRAS DE PROTEÇÃO DE PONTAS E VERGALHÕES EXPOSTOS EM ESTRUTURAS DE CONCRETO ARMADO CONVENCIONAL. AF_03/2024","M2",0.13,0.76919999999999999]
["Equipamentos de Proteção Coletiva",97046,"PONTEIRAS DE PROTEÇÃO DE PONTAS E VERGALHÕES EXPOSTOS EM FUNDAÇÕES. AF_03/2024","M2",0.34,0.76470000000000005]
["Equipamentos de Proteção Coletiva",104989,"PROTEÇÃO DE ACESSO A CREMALHEIRA, COM CANCELA FIXADA EM LAJE - 1 MONTAGEM (EXCLUSO CANCELA). AF_03/2024","UN",40.76,0.26100000000000001]
["Equipamentos de Proteção Coletiva",97066,"PROTEÇÃO DE PEDESTRES, INCLUSIVE MONTAGEM E DESMONTAGEM. AF_03/2024_PS","M2",345.79,0.26979999999999998]
["Equipamentos de Proteção Coletiva",104982,"REDE DE PROTEÇÃO PISO A PISO (SISTEMA U). AF_03/2024","M",0]
["Equipamentos de Proteção Coletiva",97060,"REDE DE PROTEÇÃO TIPO SLQA INTERMEDIÁRIO PARA EDIFÍCIOS ACIMA DE 8 PAVIMENTOS. AF_03/2024","M",0]
["Equipamentos de Proteção Coletiva",97059,"REDE DE PROTEÇÃO TIPO SLQA INTERMEDIÁRIO PARA EDIFÍCIOS DE 5 A 8 PAVIMENTOS. AF_03/2024","M",0]
["Equipamentos de Proteção Coletiva",97058,"REDE DE PROTEÇÃO TIPO SLQA INTERMEDIÁRIO PARA EDIFÍCIOS DE ATÉ 4 PAVIMENTOS. AF_03/2024","M",0]
["Equipamentos de Proteção Coletiva",97056,"REDE DE PROTEÇÃO TIPO SLQA PESADO COM SUPORTES METÁLICOS TIPO FORCA PARA EDIFÍCIOS DE 5 A 8 PAVIMENTOS. AF_03/2024","M",0]
["Equipamentos de Proteção Coletiva",97057,"REDE DE PROTEÇÃO TIPO SLQA PESADO COM SUPORTES METÁLICOS TIPO FORCA PARA EDIFÍCIOS DE ACIMA DE 8 PAVIMENTOS. AF_03/2024","M",0]
["Equipamentos de Proteção Coletiva",97055,"REDE DE PROTEÇÃO TIPO SLQA PESADO COM SUPORTES METÁLICOS TIPO FORCA PARA EDIFÍCIOS DE ATÉ 4 PAVIMENTOS. AF_03/2024","M",0]
["Equipamentos de Proteção Coletiva",102656,"SINALIZAÇÃO COM FITA FIXADA EM CONE PLÁSTICO, INCLUINDO CONE. AF_03/2024","M",0]
["Equipamentos de Proteção Coletiva",104983,"SISTEMA DE PROTEÇÃO PARA PILARES DE PERIFERIA. AF_03/2024","UN",0]
["Equipamentos de Proteção Coletiva",97050,"TOTEN EM MADEIRA COM PLACA INDICATIVA POSICIONADA NO TERRENO. AF_03/2024","M2",0]
["Escadas",95946,"ARMAÇÃO DE ESCADA, DE UMA ESTRUTURA CONVENCIONAL DE CONCRETO ARMADO UTILIZANDO AÇO CA-50 DE 10,0 MM - MONTAGEM. AF_11/2020","KG",12.5,7.1999999999999998E-3]
["Escadas",95947,"ARMAÇÃO DE ESCADA, DE UMA ESTRUTURA CONVENCIONAL DE CONCRETO ARMADO UTILIZANDO AÇO CA-50 DE 12,5 MM - MONTAGEM. AF_11/2020","KG",9.4600000000000009,6.3E-3]
["Escadas",95948,"ARMAÇÃO DE ESCADA, DE UMA ESTRUTURA CONVENCIONAL DE CONCRETO ARMADO UTILIZANDO AÇO CA-50 DE 16,0 MM - MONTAGEM. AF_11/2020","KG",8.15,3.7000000000000002E-3]
["Escadas",95944,"ARMAÇÃO DE ESCADA, DE UMA ESTRUTURA CONVENCIONAL DE CONCRETO ARMADO UTILIZANDO AÇO CA-50 DE 6,3 MM - MONTAGEM. AF_11/2020","KG",20.309999999999999,8.8999999999999999E-3]
["Escadas",95945,"ARMAÇÃO DE ESCADA, DE UMA ESTRUTURA CONVENCIONAL DE CONCRETO ARMADO UTILIZANDO AÇO CA-50 DE 8,0 MM - MONTAGEM. AF_11/2020","KG",16.03,8.0999999999999996E-3]
["Escadas",95943,"ARMAÇÃO DE ESCADA, DE UMA ESTRUTURA CONVENCIONAL DE CONCRETO ARMADO UTILIZANDO AÇO CA-60 DE 5,0 MM - MONTAGEM. AF_11/2020","KG",22.72,9.7000000000000003E-3]
["Escadas",102077,"ESCADA EM CONCRETO ARMADO MOLDADO IN LOCO, FCK 25 MPA, COM 1 LANCE E LAJE CASCATA, FÔRMA EM CHAPA DE MADEIRA COMPENSADA RESINADA. AF_11/2020","M3",5404.11,2.5999999999999999E-3]
["Escadas",102073,"ESCADA EM CONCRETO ARMADO MOLDADO IN LOCO, FCK 25 MPA, COM 1 LANCE E LAJE PLANA, FÔRMA EM CHAPA DE MADEIRA COMPENSADA RESINADA. AF_11/2020","M3",4004.34,1.6999999999999999E-3]
["Escadas",102079,"ESCADA EM CONCRETO ARMADO MOLDADO IN LOCO, FCK 25 MPA, COM 2 LANCES EM L E LAJE CASCATA, FÔRMA EM CHAPA DE MADEIRA COMPENSADA RESINADA. AF_11/2020","M3",5293.3,2.5999999999999999E-3]
["Escadas",102075,"ESCADA EM CONCRETO ARMADO MOLDADO IN LOCO, FCK 25 MPA, COM 2 LANCES EM L E LAJE PLANA, FÔRMA EM CHAPA DE MADEIRA COMPENSADA RESINADA. AF_11/2020","M3",4854.5200000000004,2.7000000000000001E-3]
["Escadas",102078,"ESCADA EM CONCRETO ARMADO MOLDADO IN LOCO, FCK 25 MPA, COM 2 LANCES EM U E LAJE CASCATA, FÔRMA EM CHAPA DE MADEIRA COMPENSADA RESINADA. AF_11/2020","M3",5539.52,2.2000000000000001E-3]
["Escadas",102074,"ESCADA EM CONCRETO ARMADO MOLDADO IN LOCO, FCK 25 MPA, COM 2 LANCES EM U E LAJE PLANA, FÔRMA EM CHAPA DE MADEIRA COMPENSADA RESINADA. AF_11/2020","M3",4692.2700000000004,2.3999999999999998E-3]
["Escadas",102080,"ESCADA EM CONCRETO ARMADO MOLDADO IN LOCO, FCK 25 MPA, COM 2 LANCES EM X E LAJE CASCATA, FÔRMA EM CHAPA DE MADEIRA COMPENSADA RESINADA. AF_11/2020","M3",4617.51,3.0000000000000001E-3]
["Escadas",102076,"ESCADA EM CONCRETO ARMADO MOLDADO IN LOCO, FCK 25 MPA, COM 2 LANCES EM X E LAJE PLANA, FÔRMA EM CHAPA DE MADEIRA COMPENSADA RESINADA. AF_11/2020","M3",4994.26,2.5999999999999999E-3]
["Escadas",102084,"ESCADA HELICOIDAL EM AÇO GALVANIZADO, DIAMETRO DE 1,2 M, DOTADA DE GUARDA-CORPO, FIXADA COM CHUMBADOR MECÂNICO. AF_11/2020","M",0]
["Escadas",102082,"ESCADA TIPO MARINHEIRO EM TUBO ACO GALVANIZADO 1 1/2\", COM GUARDA-CORPO, PARA ALTURAS MAIORES QUE 3 M, FIXADA COM CHUMBADOR MECÂNICO. AF_11/2020","M",0]
["Escadas",102081,"ESCADA TIPO MARINHEIRO EM TUBO ACO GALVANIZADO 1 1/2\", SEM GUARDA-CORPO, FIXADA COM CHUMBADOR MECÂNICO. AF_11/2020","M",0]
["Escadas",102092,"ESCADA TIPO MARINHEIRO EM TUBO AÇO GALVANIZADO 1 1/2\", COM GUARDA-CORPO, PARA ALTURAS DE ATÉ 3 M, FIXADA COM CHUMBADOR MECÂNICO. AF_11/2020","M",0]
["Escadas",102089,"FABRICAÇÃO DE FÔRMA PARA ESCADA DUPLA COM 2 LANCES EM \"X\" E LAJE CASCATA, EM CHAPA DE MADEIRA COMPENSADA PLASTIFICADA, E=18 MM. AF_11/2020","M2",210.68,0]
["Escadas",102090,"FABRICAÇÃO DE FÔRMA PARA ESCADA DUPLA COM 2 LANCES EM \"X\" E LAJE CASCATA, EM CHAPA DE MADEIRA COMPENSADA RESINADA, E= 17 MM. AF_11/2020","M2",159.47,0]
["Escadas",102086,"FABRICAÇÃO DE FÔRMA PARA ESCADA DUPLA COM 2 LANCES EM \"X\" E LAJE PLANA, EM CHAPA DE MADEIRA COMPENSADA PLASTIFICADA, E=18 MM. AF_11/2020","M2",233.46,0]
["Escadas",102087,"FABRICAÇÃO DE FÔRMA PARA ESCADA DUPLA COM 2 LANCES EM \"X\" E LAJE PLANA, EM CHAPA DE MADEIRA COMPENSADA RESINADA, E= 17 MM. AF_11/2020","M2",188.32,0]
["Escadas",102091,"FABRICAÇÃO DE FÔRMA PARA ESCADA DUPLA COM 2 LANCES EM X E LAJE CASCATA, EM MADEIRA SERRADA, E=25 MM. AF_11/2020","M2",262.51,0]
["Escadas",102088,"FABRICAÇÃO DE FÔRMA PARA ESCADA DUPLA COM 2 LANCES EM X E LAJE PLANA, EM MADEIRA SERRADA, E=25 MM. AF_11/2020","M2",230.61,0]
["Escadas",101997,"FABRICAÇÃO DE FÔRMA PARA ESCADAS, COM 1 LANCE E LAJE CASCATA, EM CHAPA DE MADEIRA COMPENSADA PLASTIFICADA, E=18 MM. AF_11/2020","M2",221.27,0]
["Escadas",101998,"FABRICAÇÃO DE FÔRMA PARA ESCADAS, COM 1 LANCE E LAJE CASCATA, EM CHAPA DE MADEIRA COMPENSADA RESINADA, E= 17 MM. AF_11/2020","M2",167.16,0]
["Escadas",101999,"FABRICAÇÃO DE FÔRMA PARA ESCADAS, COM 1 LANCE E LAJE CASCATA, EM MADEIRA SERRADA, E=25 MM. AF_11/2020","M2",308.04000000000002,0]
["Escadas",101994,"FABRICAÇÃO DE FÔRMA PARA ESCADAS, COM 1 LANCE E LAJE PLANA, EM CHAPA DE MADEIRA COMPENSADA PLASTIFICADA, E=18 MM. AF_11/2020","M2",242.9,0]
["Escadas",101995,"FABRICAÇÃO DE FÔRMA PARA ESCADAS, COM 1 LANCE E LAJE PLANA, EM CHAPA DE MADEIRA COMPENSADA RESINADA, E= 17 MM. AF_11/2020","M2",194.64,0]
["Escadas",101996,"FABRICAÇÃO DE FÔRMA PARA ESCADAS, COM 1 LANCE E LAJE PLANA, EM MADEIRA SERRADA, E=25 MM. AF_11/2020","M2",246.78,0]
["Escadas",101991,"FABRICAÇÃO DE FÔRMA PARA ESCADAS, COM 2 LANCES EM \"L\" E LAJE CASCATA, EM CHAPA DE MADEIRA COMPENSADA PLASTIFICADA, E=18 MM. AF_11/2020","M2",222.55,0]
["Escadas",101992,"FABRICAÇÃO DE FÔRMA PARA ESCADAS, COM 2 LANCES EM \"L\" E LAJE CASCATA, EM CHAPA DE MADEIRA COMPENSADA RESINADA, E= 17 MM. AF_11/2020","M2",169.63,0]
["Escadas",101993,"FABRICAÇÃO DE FÔRMA PARA ESCADAS, COM 2 LANCES EM \"L\" E LAJE CASCATA, EM MADEIRA SERRADA, E=25 MM. AF_11/2020","M2",288.25,0]
["Escadas",101988,"FABRICAÇÃO DE FÔRMA PARA ESCADAS, COM 2 LANCES EM \"L\" E LAJE PLANA, EM CHAPA DE MADEIRA COMPENSADA PLASTIFICADA, E=18 MM. AF_11/2020","M2",229.73,0]
["Escadas",101989,"FABRICAÇÃO DE FÔRMA PARA ESCADAS, COM 2 LANCES EM \"L\" E LAJE PLANA, EM CHAPA DE MADEIRA COMPENSADA RESINADA, E= 17 MM. AF_11/2020","M2",186.74,0]
["Escadas",101990,"FABRICAÇÃO DE FÔRMA PARA ESCADAS, COM 2 LANCES EM \"L\" E LAJE PLANA, EM MADEIRA SERRADA, E=25 MM. AF_11/2020","M2",230.38,0]
["Escadas",101985,"FABRICAÇÃO DE FÔRMA PARA ESCADAS, COM 2 LANCES EM \"U\" E LAJE CASCATA, EM CHAPA DE MADEIRA COMPENSADA PLASTIFICADA, E=18 MM. AF_11/2020","M2",221.62,0]
["Escadas",101986,"FABRICAÇÃO DE FÔRMA PARA ESCADAS, COM 2 LANCES EM \"U\" E LAJE CASCATA, EM CHAPA DE MADEIRA COMPENSADA RESINADA, E= 17 MM. AF_11/2020","M2",166.27,0]
["Escadas",101987,"FABRICAÇÃO DE FÔRMA PARA ESCADAS, COM 2 LANCES EM \"U\" E LAJE CASCATA, EM MADEIRA SERRADA, E=25 MM. AF_11/2020","M2",247,0]
["Escadas",101969,"FABRICAÇÃO DE FÔRMA PARA ESCADAS, COM 2 LANCES EM \"U\" E LAJE PLANA, EM CHAPA DE MADEIRA COMPENSADA PLASTIFICADA, E=18 MM. AF_11/2020","M2",220.69,0]
["Escadas",101971,"FABRICAÇÃO DE FÔRMA PARA ESCADAS, COM 2 LANCES EM \"U\" E LAJE PLANA, EM CHAPA DE MADEIRA COMPENSADA RESINADA, E= 17 MM. AF_11/2020","M2",177.16,0]
["Escadas",101973,"FABRICAÇÃO DE FÔRMA PARA ESCADAS, COM 2 LANCES EM \"U\" E LAJE PLANA, EM MADEIRA SERRADA, E=25 MM. AF_11/2020","M2",214.31,0]
["Escadas",102072,"MONTAGEM E DESMONTAGEM DE FÔRMA PARA ESCADA DUPLA COM 2 LANCES EM \"X\" E LAJE CASCATA, EM CHAPA DE MADEIRA COMPENSADA PLASTIFICADA, 10 UTILIZAÇÕES. AF_11/2020","M2",193.54,0]
["Escadas",102070,"MONTAGEM E DESMONTAGEM DE FÔRMA PARA ESCADA DUPLA COM 2 LANCES EM \"X\" E LAJE CASCATA, EM CHAPA DE MADEIRA COMPENSADA PLASTIFICADA, 6 UTILIZAÇÕES. AF_11/2020","M2",228.69,0]
["Escadas",102071,"MONTAGEM E DESMONTAGEM DE FÔRMA PARA ESCADA DUPLA COM 2 LANCES EM \"X\" E LAJE CASCATA, EM CHAPA DE MADEIRA COMPENSADA PLASTIFICADA, 8 UTILIZAÇÕES. AF_11/2020","M2",200.55,0]
["Escadas",102068,"MONTAGEM E DESMONTAGEM DE FÔRMA PARA ESCADA DUPLA COM 2 LANCES EM \"X\" E LAJE CASCATA, EM CHAPA DE MADEIRA COMPENSADA RESINADA, 2 UTILIZAÇÕES. AF_11/2020","M2",289.52,0]
["Escadas",102069,"MONTAGEM E DESMONTAGEM DE FÔRMA PARA ESCADA DUPLA COM 2 LANCES EM \"X\" E LAJE CASCATA, EM CHAPA DE MADEIRA COMPENSADA RESINADA, 4 UTILIZAÇÕES. AF_11/2020","M2",265.77,0]
["Escadas",102066,"MONTAGEM E DESMONTAGEM DE FÔRMA PARA ESCADA DUPLA COM 2 LANCES EM \"X\" E LAJE CASCATA, EM MADEIRA SERRADA, 1 UTILIZAÇÃO. AF_11/2020","M2",512.47,0]
["Escadas",102067,"MONTAGEM E DESMONTAGEM DE FÔRMA PARA ESCADA DUPLA COM 2 LANCES EM \"X\" E LAJE CASCATA, EM MADEIRA SERRADA, 2 UTILIZAÇÕES. AF_11/2020","M2",437.97,0]
["Escadas",102065,"MONTAGEM E DESMONTAGEM DE FÔRMA PARA ESCADA DUPLA COM 2 LANCES EM \"X\" E LAJE PLANA, EM CHAPA DE MADEIRA COMPENSADA PLASTIFICADA, 10 UTILIZAÇÕES. AF_11/2020","M2",198.59,0]
["Escadas",102063,"MONTAGEM E DESMONTAGEM DE FÔRMA PARA ESCADA DUPLA COM 2 LANCES EM \"X\" E LAJE PLANA, EM CHAPA DE MADEIRA COMPENSADA PLASTIFICADA, 6 UTILIZAÇÕES. AF_11/2020","M2",246.21,0]
["Escadas",102064,"MONTAGEM E DESMONTAGEM DE FÔRMA PARA ESCADA DUPLA COM 2 LANCES EM \"X\" E LAJE PLANA, EM CHAPA DE MADEIRA COMPENSADA PLASTIFICADA, 8 UTILIZAÇÕES. AF_11/2020","M2",215.57,0]
["Escadas",102061,"MONTAGEM E DESMONTAGEM DE FÔRMA PARA ESCADA DUPLA COM 2 LANCES EM \"X\" E LAJE PLANA, EM CHAPA DE MADEIRA COMPENSADA RESINADA, 2 UTILIZAÇÕES. AF_11/2020","M2",318.54000000000002,0]
["Escadas",102062,"MONTAGEM E DESMONTAGEM DE FÔRMA PARA ESCADA DUPLA COM 2 LANCES EM \"X\" E LAJE PLANA, EM CHAPA DE MADEIRA COMPENSADA RESINADA, 4 UTILIZAÇÕES. AF_11/2020","M2",293.93,0]
["Escadas",102059,"MONTAGEM E DESMONTAGEM DE FÔRMA PARA ESCADA DUPLA COM 2 LANCES EM \"X\" E LAJE PLANA, EM MADEIRA SERRADA, 1 UTILIZAÇÃO. AF_11/2020","M2",502.17,0]
["Escadas",102060,"MONTAGEM E DESMONTAGEM DE FÔRMA PARA ESCADA DUPLA COM 2 LANCES EM \"X\" E LAJE PLANA, EM MADEIRA SERRADA, 2 UTILIZAÇÕES. AF_11/2020","M2",421.9,0]
["Escadas",102052,"MONTAGEM E DESMONTAGEM DE FÔRMA PARA ESCADAS, COM 1 LANCE E LAJE CASCATA, EM CHAPA DE MADEIRA COMPENSADA PLASTIFICADA, 10 UTILIZAÇÕES. AF_11/2020","M2",196.33,0]
["Escadas",102050,"MONTAGEM E DESMONTAGEM DE FÔRMA PARA ESCADAS, COM 1 LANCE E LAJE CASCATA, EM CHAPA DE MADEIRA COMPENSADA PLASTIFICADA, 6 UTILIZAÇÕES. AF_11/2020","M2",243.41,0]
["Escadas",102051,"MONTAGEM E DESMONTAGEM DE FÔRMA PARA ESCADAS, COM 1 LANCE E LAJE CASCATA, EM CHAPA DE MADEIRA COMPENSADA PLASTIFICADA, 8 UTILIZAÇÕES. AF_11/2020","M2",213.16,0]
["Escadas",102048,"MONTAGEM E DESMONTAGEM DE FÔRMA PARA ESCADAS, COM 1 LANCE E LAJE CASCATA, EM CHAPA DE MADEIRA COMPENSADA RESINADA, 2 UTILIZAÇÕES. AF_11/2020","M2",315.47000000000003,0]
["Escadas",102049,"MONTAGEM E DESMONTAGEM DE FÔRMA PARA ESCADAS, COM 1 LANCE E LAJE CASCATA, EM CHAPA DE MADEIRA COMPENSADA RESINADA, 4 UTILIZAÇÕES. AF_11/2020","M2",282.37,0]
["Escadas",102046,"MONTAGEM E DESMONTAGEM DE FÔRMA PARA ESCADAS, COM 1 LANCE E LAJE CASCATA, EM MADEIRA SERRADA, 1 UTILIZAÇÃO. AF_11/2020","M2",570.37,0]
["Escadas",102047,"MONTAGEM E DESMONTAGEM DE FÔRMA PARA ESCADAS, COM 1 LANCE E LAJE CASCATA, EM MADEIRA SERRADA, 2 UTILIZAÇÕES. AF_11/2020","M2",485.29,0]
["Escadas",102045,"MONTAGEM E DESMONTAGEM DE FÔRMA PARA ESCADAS, COM 1 LANCE E LAJE PLANA, EM CHAPA DE MADEIRA COMPENSADA PLASTIFICADA, 10 UTILIZAÇÕES. AF_11/2020","M2",212.17,0]
["Escadas",102043,"MONTAGEM E DESMONTAGEM DE FÔRMA PARA ESCADAS, COM 1 LANCE E LAJE PLANA, EM CHAPA DE MADEIRA COMPENSADA PLASTIFICADA, 6 UTILIZAÇÕES. AF_11/2020","M2",260.5,0]
["Escadas",102044,"MONTAGEM E DESMONTAGEM DE FÔRMA PARA ESCADAS, COM 1 LANCE E LAJE PLANA, EM CHAPA DE MADEIRA COMPENSADA PLASTIFICADA, 8 UTILIZAÇÕES. AF_11/2020","M2",230.3,0]
["Escadas",102041,"MONTAGEM E DESMONTAGEM DE FÔRMA PARA ESCADAS, COM 1 LANCE E LAJE PLANA, EM CHAPA DE MADEIRA COMPENSADA RESINADA, 2 UTILIZAÇÕES. AF_11/2020","M2",343.01,0]
["Escadas",102042,"MONTAGEM E DESMONTAGEM DE FÔRMA PARA ESCADAS, COM 1 LANCE E LAJE PLANA, EM CHAPA DE MADEIRA COMPENSADA RESINADA, 4 UTILIZAÇÕES. AF_11/2020","M2",309.57,0]
["Escadas",102039,"MONTAGEM E DESMONTAGEM DE FÔRMA PARA ESCADAS, COM 1 LANCE E LAJE PLANA, EM MADEIRA SERRADA, 1 UTILIZAÇÃO. AF_11/2020","M2",537.16999999999996,0]
["Escadas",102040,"MONTAGEM E DESMONTAGEM DE FÔRMA PARA ESCADAS, COM 1 LANCE E LAJE PLANA, EM MADEIRA SERRADA, 2 UTILIZAÇÕES. AF_11/2020","M2",447.37,0]
["Escadas",102038,"MONTAGEM E DESMONTAGEM DE FÔRMA PARA ESCADAS, COM 2 LANCES EM \"L\" E LAJE CASCATA, EM CHAPA DE MADEIRA COMPENSADA PLASTIFICADA, 10 UTILIZAÇÕES. AF_11/2020","M2",205.13,0]
["Escadas",102036,"MONTAGEM E DESMONTAGEM DE FÔRMA PARA ESCADAS, COM 2 LANCES EM \"L\" E LAJE CASCATA, EM CHAPA DE MADEIRA COMPENSADA PLASTIFICADA, 6 UTILIZAÇÕES. AF_11/2020","M2",252.43,0]
["Escadas",102037,"MONTAGEM E DESMONTAGEM DE FÔRMA PARA ESCADAS, COM 2 LANCES EM \"L\" E LAJE CASCATA, EM CHAPA DE MADEIRA COMPENSADA PLASTIFICADA, 8 UTILIZAÇÕES. AF_11/2020","M2",222.04,0]
["Escadas",102016,"MONTAGEM E DESMONTAGEM DE FÔRMA PARA ESCADAS, COM 2 LANCES EM \"L\" E LAJE CASCATA, EM CHAPA DE MADEIRA COMPENSADA RESINADA, 2 UTILIZAÇÕES. AF_11/2020","M2",323.56,0]
["Escadas",102017,"MONTAGEM E DESMONTAGEM DE FÔRMA PARA ESCADAS, COM 2 LANCES EM \"L\" E LAJE CASCATA, EM CHAPA DE MADEIRA COMPENSADA RESINADA, 4 UTILIZAÇÕES. AF_11/2020","M2",294.05,0]
["Escadas",102014,"MONTAGEM E DESMONTAGEM DE FÔRMA PARA ESCADAS, COM 2 LANCES EM \"L\" E LAJE CASCATA, EM MADEIRA SERRADA, 1 UTILIZAÇÃO. AF_11/2020","M2",563.6,0]
["Escadas",102015,"MONTAGEM E DESMONTAGEM DE FÔRMA PARA ESCADAS, COM 2 LANCES EM \"L\" E LAJE CASCATA, EM MADEIRA SERRADA, 2 UTILIZAÇÕES. AF_11/2020","M2",471.87,0]
["Escadas",102013,"MONTAGEM E DESMONTAGEM DE FÔRMA PARA ESCADAS, COM 2 LANCES EM \"L\" E LAJE PLANA, EM CHAPA DE MADEIRA COMPENSADA PLASTIFICADA, 10 UTILIZAÇÕES. AF_11/2020","M2",212.77,0]
["Escadas",102011,"MONTAGEM E DESMONTAGEM DE FÔRMA PARA ESCADAS, COM 2 LANCES EM \"L\" E LAJE PLANA, EM CHAPA DE MADEIRA COMPENSADA PLASTIFICADA, 6 UTILIZAÇÕES. AF_11/2020","M2",261.29000000000002,0]
["Escadas",102012,"MONTAGEM E DESMONTAGEM DE FÔRMA PARA ESCADAS, COM 2 LANCES EM \"L\" E LAJE PLANA, EM CHAPA DE MADEIRA COMPENSADA PLASTIFICADA, 8 UTILIZAÇÕES. AF_11/2020","M2",230.11,0]
["Escadas",102009,"MONTAGEM E DESMONTAGEM DE FÔRMA PARA ESCADAS, COM 2 LANCES EM \"L\" E LAJE PLANA, EM CHAPA DE MADEIRA COMPENSADA RESINADA, 2 UTILIZAÇÕES. AF_11/2020","M2",341.91,0]
["Escadas",102010,"MONTAGEM E DESMONTAGEM DE FÔRMA PARA ESCADAS, COM 2 LANCES EM \"L\" E LAJE PLANA, EM CHAPA DE MADEIRA COMPENSADA RESINADA, 4 UTILIZAÇÕES. AF_11/2020","M2",311.58,0]
["Escadas",102007,"MONTAGEM E DESMONTAGEM DE FÔRMA PARA ESCADAS, COM 2 LANCES EM \"L\" E LAJE PLANA, EM MADEIRA SERRADA, 1 UTILIZAÇÃO. AF_11/2020","M2",515.77,0]
["Escadas",102008,"MONTAGEM E DESMONTAGEM DE FÔRMA PARA ESCADAS, COM 2 LANCES EM \"L\" E LAJE PLANA, EM MADEIRA SERRADA, 2 UTILIZAÇÕES. AF_11/2020","M2",430.79,0]
["Escadas",102006,"MONTAGEM E DESMONTAGEM DE FÔRMA PARA ESCADAS, COM 2 LANCES EM \"U\" E LAJE CASCATA, EM CHAPA DE MADEIRA COMPENSADA PLASTIFICADA, 10 UTILIZAÇÕES. AF_11/2020","M2",208.67,0]
["Escadas",102004,"MONTAGEM E DESMONTAGEM DE FÔRMA PARA ESCADAS, COM 2 LANCES EM \"U\" E LAJE CASCATA, EM CHAPA DE MADEIRA COMPENSADA PLASTIFICADA, 6 UTILIZAÇÕES. AF_11/2020","M2",258.02999999999997,0]
["Escadas",102005,"MONTAGEM E DESMONTAGEM DE FÔRMA PARA ESCADAS, COM 2 LANCES EM \"U\" E LAJE CASCATA, EM CHAPA DE MADEIRA COMPENSADA PLASTIFICADA, 8 UTILIZAÇÕES. AF_11/2020","M2",227.75,0]
["Escadas",102002,"MONTAGEM E DESMONTAGEM DE FÔRMA PARA ESCADAS, COM 2 LANCES EM \"U\" E LAJE CASCATA, EM CHAPA DE MADEIRA COMPENSADA RESINADA, 2 UTILIZAÇÕES. AF_11/2020","M2",324.95,0]
["Escadas",102003,"MONTAGEM E DESMONTAGEM DE FÔRMA PARA ESCADAS, COM 2 LANCES EM \"U\" E LAJE CASCATA, EM CHAPA DE MADEIRA COMPENSADA RESINADA, 4 UTILIZAÇÕES. AF_11/2020","M2",297.67,0]
["Escadas",102000,"MONTAGEM E DESMONTAGEM DE FÔRMA PARA ESCADAS, COM 2 LANCES EM \"U\" E LAJE CASCATA, EM MADEIRA SERRADA, 1 UTILIZAÇÃO. AF_11/2020","M2",522.79999999999995,0]
["Escadas",102001,"MONTAGEM E DESMONTAGEM DE FÔRMA PARA ESCADAS, COM 2 LANCES EM \"U\" E LAJE CASCATA, EM MADEIRA SERRADA, 2 UTILIZAÇÕES. AF_11/2020","M2",448.91,0]
["Escadas",101983,"MONTAGEM E DESMONTAGEM DE FÔRMA PARA ESCADAS, COM 2 LANCES EM \"U\" E LAJE PLANA, EM CHAPA DE MADEIRA COMPENSADA PLASTIFICADA, 10 UTILIZAÇÕES. AF_11/2020","M2",214.82,0]
["Escadas",101981,"MONTAGEM E DESMONTAGEM DE FÔRMA PARA ESCADAS, COM 2 LANCES EM \"U\" E LAJE PLANA, EM CHAPA DE MADEIRA COMPENSADA PLASTIFICADA, 6 UTILIZAÇÕES. AF_11/2020","M2",264.01,0]
["Escadas",101982,"MONTAGEM E DESMONTAGEM DE FÔRMA PARA ESCADAS, COM 2 LANCES EM \"U\" E LAJE PLANA, EM CHAPA DE MADEIRA COMPENSADA PLASTIFICADA, 8 UTILIZAÇÕES. AF_11/2020","M2",233.83,0]
["Escadas",101977,"MONTAGEM E DESMONTAGEM DE FÔRMA PARA ESCADAS, COM 2 LANCES EM \"U\" E LAJE PLANA, EM CHAPA DE MADEIRA COMPENSADA RESINADA, 2 UTILIZAÇÕES. AF_11/2020","M2",339.09,0]
["Escadas",101980,"MONTAGEM E DESMONTAGEM DE FÔRMA PARA ESCADAS, COM 2 LANCES EM \"U\" E LAJE PLANA, EM CHAPA DE MADEIRA COMPENSADA RESINADA, 4 UTILIZAÇÕES. AF_11/2020","M2",311.75,0]
["Escadas",101974,"MONTAGEM E DESMONTAGEM DE FÔRMA PARA ESCADAS, COM 2 LANCES EM \"U\" E LAJE PLANA, EM MADEIRA SERRADA, 1 UTILIZAÇÃO. AF_11/2020","M2",525.22,0]
["Escadas",101975,"MONTAGEM E DESMONTAGEM DE FÔRMA PARA ESCADAS, COM 2 LANCES EM \"U\" E LAJE PLANA, EM MADEIRA SERRADA, 2 UTILIZAÇÕES. AF_11/2020","M2",446.38,0]
["Escavação Horizontal",101114,"ESCAVAÇÃO HORIZONTAL EM SOLO DE 1A CATEGORIA COM TRATOR DE ESTEIRAS (100HP/LÂMINA: 2,19M3). AF_07/2020","M3",4.5599999999999996,0.47810000000000002]
["Escavação Horizontal",101118,"ESCAVAÇÃO HORIZONTAL EM SOLO DE 1A CATEGORIA COM TRATOR DE ESTEIRAS (125HP/LÂMINA: 2,70M3). AF_07/2020","M3",3.91,0.47060000000000002]
["Escavação Horizontal",101115,"ESCAVAÇÃO HORIZONTAL EM SOLO DE 1A CATEGORIA COM TRATOR DE ESTEIRAS (150HP/LÂMINA: 3,18M3). AF_07/2020","M3",3.82,0.51049999999999995]
["Escavação Horizontal",101116,"ESCAVAÇÃO HORIZONTAL EM SOLO DE 1A CATEGORIA COM TRATOR DE ESTEIRAS (170HP/LÂMINA: 5,20M3). AF_07/2020","M3",2.38,0.49580000000000002]
["Escavação Horizontal",101117,"ESCAVAÇÃO HORIZONTAL EM SOLO DE 1A CATEGORIA COM TRATOR DE ESTEIRAS (347HP/LÂMINA: 8,70M3). AF_07/2020","M3",3.37,0.69140000000000001]
["Escavação Horizontal",101124,"ESCAVAÇÃO HORIZONTAL, INCLUINDO CARGA E DESCARGA EM SOLO DE 1A CATEGORIA COM TRATOR DE ESTEIRAS (100HP/LÂMINA: 2,19M3). AF_07/2020","M3",15.26,0.27460000000000001]
["Escavação Horizontal",101128,"ESCAVAÇÃO HORIZONTAL, INCLUINDO CARGA E DESCARGA EM SOLO DE 1A CATEGORIA COM TRATOR DE ESTEIRAS (125HP/LÂMINA: 2,70M3). AF_07/2020","M3",14.61,0.26350000000000001]
["Escavação Horizontal",101125,"ESCAVAÇÃO HORIZONTAL, INCLUINDO CARGA E DESCARGA EM SOLO DE 1A CATEGORIA COM TRATOR DE ESTEIRAS (150HP/LÂMINA: 3,18M3). AF_07/2020","M3",14.52,0.2727]
["Escavação Horizontal",101126,"ESCAVAÇÃO HORIZONTAL, INCLUINDO CARGA E DESCARGA EM SOLO DE 1A CATEGORIA COM TRATOR DE ESTEIRAS (170HP/LÂMINA: 5,20M3). AF_07/2020","M3",13.07,0.24410000000000001]
["Escavação Horizontal",101127,"ESCAVAÇÃO HORIZONTAL, INCLUINDO CARGA E DESCARGA EM SOLO DE 1A CATEGORIA COM TRATOR DE ESTEIRAS (347HP/LÂMINA: 8,70M3). AF_07/2020","M3",14.07,0.3085]
["Escavação Horizontal",101134,"ESCAVAÇÃO HORIZONTAL, INCLUINDO CARGA, DESCARGA E TRANSPORTE EM SOLO DE 1A CATEGORIA COM TRATOR DE ESTEIRAS (100HP/LÂMINA: 2,19M3) E CAMINHÃO BASCULANTE DE 10M3, DMT ATÉ 200M. AF_07/2020","M3",15.94,0.26469999999999999]
["Escavação Horizontal",101144,"ESCAVAÇÃO HORIZONTAL, INCLUINDO CARGA, DESCARGA E TRANSPORTE EM SOLO DE 1A CATEGORIA COM TRATOR DE ESTEIRAS (100HP/LÂMINA: 2,19M3) E CAMINHÃO BASCULANTE DE 14M3, DMT ATÉ 200M. AF_07/2020","M3",15.82,0.3034]
["Escavação Horizontal",101138,"ESCAVAÇÃO HORIZONTAL, INCLUINDO CARGA, DESCARGA E TRANSPORTE EM SOLO DE 1A CATEGORIA COM TRATOR DE ESTEIRAS (125HP/LÂMINA: 2,70M3) E CAMINHÃO BASCULANTE DE 10M3, DMT ATÉ 200M. AF_07/2020","M3",15.29,0.25380000000000003]
["Escavação Horizontal",101148,"ESCAVAÇÃO HORIZONTAL, INCLUINDO CARGA, DESCARGA E TRANSPORTE EM SOLO DE 1A CATEGORIA COM TRATOR DE ESTEIRAS (125HP/LÂMINA: 2,70M3) E CAMINHÃO BASCULANTE DE 14M3, DMT ATÉ 200M. AF_07/2020","M3",15.17,0.29399999999999998]
["Escavação Horizontal",101135,"ESCAVAÇÃO HORIZONTAL, INCLUINDO CARGA, DESCARGA E TRANSPORTE EM SOLO DE 1A CATEGORIA COM TRATOR DE ESTEIRAS (150HP/LÂMINA: 3,18M3) E CAMINHÃO BASCULANTE DE 10M3, DMT ATÉ 200M AF_07/2020","M3",15.2,0.26250000000000001]
["Escavação Horizontal",101145,"ESCAVAÇÃO HORIZONTAL, INCLUINDO CARGA, DESCARGA E TRANSPORTE EM SOLO DE 1A CATEGORIA COM TRATOR DE ESTEIRAS (150HP/LÂMINA: 3,18M3) E CAMINHÃO BASCULANTE DE 14M3, DMT ATÉ 200M. AF_07/2020","M3",15.08,0.30309999999999998]
["Escavação Horizontal",101136,"ESCAVAÇÃO HORIZONTAL, INCLUINDO CARGA, DESCARGA E TRANSPORTE EM SOLO DE 1A CATEGORIA COM TRATOR DE ESTEIRAS (170HP/LÂMINA: 5,20M3) E CAMINHÃO BASCULANTE DE 10M3, DMT ATÉ 200M. AF_07/2020","M3",13.76,0.23400000000000001]
["Escavação Horizontal",101146,"ESCAVAÇÃO HORIZONTAL, INCLUINDO CARGA, DESCARGA E TRANSPORTE EM SOLO DE 1A CATEGORIA COM TRATOR DE ESTEIRAS (170HP/LÂMINA: 5,20M3) E CAMINHÃO BASCULANTE DE 14M3, DMT ATÉ 200M. AF_07/2020","M3",13.64,0.27860000000000001]
["Escavação Horizontal",101137,"ESCAVAÇÃO HORIZONTAL, INCLUINDO CARGA, DESCARGA E TRANSPORTE EM SOLO DE 1A CATEGORIA COM TRATOR DE ESTEIRAS (347HP/LÂMINA: 8,70M3) E CAMINHÃO BASCULANTE DE 10M3, DMT ATÉ 200M. AF_07/2020","M3",14.75,0.29630000000000001]
["Escavação Horizontal",101147,"ESCAVAÇÃO HORIZONTAL, INCLUINDO CARGA, DESCARGA E TRANSPORTE EM SOLO DE 1A CATEGORIA COM TRATOR DE ESTEIRAS (347HP/LÂMINA: 8,70M3) E CAMINHÃO BASCULANTE DE 14M3, DMT ATÉ 200M. AF_07/2020","M3",14.63,0.33829999999999999]
["Escavação Horizontal",101119,"ESCAVAÇÃO HORIZONTAL, INCLUINDO ESCARIFICAÇÃO EM SOLO DE 2A CATEGORIA COM TRATOR DE ESTEIRAS (100HP/LÂMINA: 2,19M3). AF_07/2020","M3",8.6999999999999993,0.47820000000000001]
["Escavação Horizontal",101123,"ESCAVAÇÃO HORIZONTAL, INCLUINDO ESCARIFICAÇÃO EM SOLO DE 2A CATEGORIA COM TRATOR DE ESTEIRAS (125HP/LÂMINA: 2,70M3). AF_07/2020","M3",7.48,0.47060000000000002]
["Escavação Horizontal",101120,"ESCAVAÇÃO HORIZONTAL, INCLUINDO ESCARIFICAÇÃO EM SOLO DE 2A CATEGORIA COM TRATOR DE ESTEIRAS (150HP/LÂMINA: 3,18M3). AF_07/2020","M3",7.32,0.50819999999999999]
["Escavação Horizontal",101121,"ESCAVAÇÃO HORIZONTAL, INCLUINDO ESCARIFICAÇÃO EM SOLO DE 2A CATEGORIA COM TRATOR DE ESTEIRAS (170HP/LÂMINA: 5,20M3). AF_07/2020","M3",4.5599999999999996,0.49340000000000001]
["Escavação Horizontal",101122,"ESCAVAÇÃO HORIZONTAL, INCLUINDO ESCARIFICAÇÃO EM SOLO DE 2A CATEGORIA COM TRATOR DE ESTEIRAS (347HP/LÂMINA: 8,70M3). AF_07/2020","M3",6.43,0.69359999999999999]
["Escavação Horizontal",101129,"ESCAVAÇÃO HORIZONTAL, INCLUINDO ESCARIFICAÇÃO, CARGA E DESCARGA EM SOLO DE 2A CATEGORIA COM TRATOR DE ESTEIRAS (100HP/LÂMINA: 2,19M3). AF_07/2020","M3",19.82,0.31530000000000002]
["Escavação Horizontal",101133,"ESCAVAÇÃO HORIZONTAL, INCLUINDO ESCARIFICAÇÃO, CARGA E DESCARGA EM SOLO DE 2A CATEGORIA COM TRATOR DE ESTEIRAS (125HP/LÂMINA: 2,70M3). AF_07/2020","M3",18.600000000000001,0.30159999999999998]
["Escavação Horizontal",101130,"ESCAVAÇÃO HORIZONTAL, INCLUINDO ESCARIFICAÇÃO, CARGA E DESCARGA EM SOLO DE 2A CATEGORIA COM TRATOR DE ESTEIRAS (150HP/LÂMINA: 3,18M3). AF_07/2020","M3",18.440000000000001,0.31509999999999999]
["Escavação Horizontal",101131,"ESCAVAÇÃO HORIZONTAL, INCLUINDO ESCARIFICAÇÃO, CARGA E DESCARGA EM SOLO DE 2A CATEGORIA COM TRATOR DE ESTEIRAS (170HP/LÂMINA: 5,20M3). AF_07/2020","M3",15.68,0.27679999999999999]
["Escavação Horizontal",101132,"ESCAVAÇÃO HORIZONTAL, INCLUINDO ESCARIFICAÇÃO, CARGA E DESCARGA EM SOLO DE 2A CATEGORIA COM TRATOR DE ESTEIRAS (347HP/LÂMINA: 8,70M3). AF_07/2020","M3",17.55,0.37319999999999998]
["Escavação Horizontal",101139,"ESCAVAÇÃO HORIZONTAL, INCLUINDO ESCARIFICAÇÃO, CARGA, DESCARGA E TRANSPORTE EM SOLO DE 2A CATEGORIA COM TRATOR DE ESTEIRAS (100HP/LÂMINA: 2,19M3) E CAMINHÃO BASCULANTE DE 10M3, DMT ATÉ 200M. AF_07/2020","M3",20.52,0.30599999999999999]
["Escavação Horizontal",101149,"ESCAVAÇÃO HORIZONTAL, INCLUINDO ESCARIFICAÇÃO, CARGA, DESCARGA E TRANSPORTE EM SOLO DE 2A CATEGORIA COM TRATOR DE ESTEIRAS (100HP/LÂMINA: 2,19M3) E CAMINHÃO BASCULANTE DE 14M3, DMT ATÉ 200M. AF_07/2020","M3",20.41,0.33710000000000001]
["Escavação Horizontal",101143,"ESCAVAÇÃO HORIZONTAL, INCLUINDO ESCARIFICAÇÃO, CARGA, DESCARGA E TRANSPORTE EM SOLO DE 2A CATEGORIA COM TRATOR DE ESTEIRAS (125HP/LÂMINA: 2,70M3) E CAMINHÃO BASCULANTE DE 10M3, DMT ATÉ 200M. AF_07/2020","M3",19.3,0.29220000000000002]
["Escavação Horizontal",101153,"ESCAVAÇÃO HORIZONTAL, INCLUINDO ESCARIFICAÇÃO, CARGA, DESCARGA E TRANSPORTE EM SOLO DE 2A CATEGORIA COM TRATOR DE ESTEIRAS (125HP/LÂMINA: 2,70M3) E CAMINHÃO BASCULANTE DE 14M3, DMT ATÉ 200M. AF_07/2020","M3",19.190000000000001,0.32519999999999999]
["Escavação Horizontal",101140,"ESCAVAÇÃO HORIZONTAL, INCLUINDO ESCARIFICAÇÃO, CARGA, DESCARGA E TRANSPORTE EM SOLO DE 2A CATEGORIA COM TRATOR DE ESTEIRAS (150HP/LÂMINA: 3,18M3) E CAMINHÃO BASCULANTE DE 10M3, DMT ATÉ 200M. AF_07/2020","M3",19.14,0.30509999999999998]
["Escavação Horizontal",101150,"ESCAVAÇÃO HORIZONTAL, INCLUINDO ESCARIFICAÇÃO, CARGA, DESCARGA E TRANSPORTE EM SOLO DE 2A CATEGORIA COM TRATOR DE ESTEIRAS (150HP/LÂMINA: 3,18M3) E CAMINHÃO BASCULANTE DE 14M3, DMT ATÉ 200M. AF_07/2020","M3",19.03,0.33839999999999998]
["Escavação Horizontal",101141,"ESCAVAÇÃO HORIZONTAL, INCLUINDO ESCARIFICAÇÃO, CARGA, DESCARGA E TRANSPORTE EM SOLO DE 2A CATEGORIA COM TRATOR DE ESTEIRAS (170HP/LÂMINA: 5,20M3) E CAMINHÃO BASCULANTE DE 10M3, DMT ATÉ 200M. AF_07/2020","M3",16.38,0.26679999999999998]
["Escavação Horizontal",101151,"ESCAVAÇÃO HORIZONTAL, INCLUINDO ESCARIFICAÇÃO, CARGA, DESCARGA E TRANSPORTE EM SOLO DE 2A CATEGORIA COM TRATOR DE ESTEIRAS (170HP/LÂMINA: 5,20M3) E CAMINHÃO BASCULANTE DE 14M3, DMT ATÉ 200M. AF_07/2020","M3",16.27,0.30549999999999999]
["Escavação Horizontal",101142,"ESCAVAÇÃO HORIZONTAL, INCLUINDO ESCARIFICAÇÃO, CARGA, DESCARGA E TRANSPORTE EM SOLO DE 2A CATEGORIA COM TRATOR DE ESTEIRAS (347HP/LÂMINA: 8,70M3) E CAMINHÃO BASCULANTE DE 10M3, DMT ATÉ 200M. AF_07/2020","M3",18.25,0.36049999999999999]
["Escavação Horizontal",101152,"ESCAVAÇÃO HORIZONTAL, INCLUINDO ESCARIFICAÇÃO, CARGA, DESCARGA E TRANSPORTE EM SOLO DE 2A CATEGORIA COM TRATOR DE ESTEIRAS (347HP/LÂMINA: 8,70M3) E CAMINHÃO BASCULANTE DE 14M3, DMT ATÉ 200M. AF_07/2020","M3",18.14,0.39579999999999999]
["Escavação Vertical a Céu Aberto",101207,"ESCAVAÇÃO VERTICAL PARA EDIFICAÇÃO, COM CARGA, DESCARGA E TRANSPORTE DE SOLO DE 1ª CATEGORIA, COM ESCAVADEIRA HIDRÁULICA (CAÇAMBA: 0,8 M³ / 111 HP), FROTA DE 2 CAMINHÕES BASCULANTES DE 18 M³, DMT ATÉ 1 KM E VELOCIDADE MÉDIA 14 KM/H. AF_05/2020","M3",10.95,0.2311]
["Escavação Vertical a Céu Aberto",101206,"ESCAVAÇÃO VERTICAL PARA EDIFICAÇÃO, COM CARGA, DESCARGA E TRANSPORTE DE SOLO DE 1ª CATEGORIA, COM ESCAVADEIRA HIDRÁULICA (CAÇAMBA: 0,8 M³ / 111 HP), FROTA DE 3 CAMINHÕES BASCULANTES DE 14 M³, DMT ATÉ 1 KM E VELOCIDADE MÉDIA 14 KM/H. AF_05/2020","M3",12.72,0.2233]
["Escavação Vertical a Céu Aberto",101210,"ESCAVAÇÃO VERTICAL PARA EDIFICAÇÃO, COM CARGA, DESCARGA E TRANSPORTE DE SOLO DE 1ª CATEGORIA, COM ESCAVADEIRA HIDRÁULICA (CAÇAMBA: 0,8 M³ / 111 HP), FROTA DE 4 CAMINHÕES BASCULANTES DE 14 M³, DMT DE 1,5 KM E VELOCIDADE MÉDIA 18 KM/H. AF_05/2020","M3",17.7,0.1915]
["Escavação Vertical a Céu Aberto",101211,"ESCAVAÇÃO VERTICAL PARA EDIFICAÇÃO, COM CARGA, DESCARGA E TRANSPORTE DE SOLO DE 1ª CATEGORIA, COM ESCAVADEIRA HIDRÁULICA (CAÇAMBA: 0,8 M³ / 111 HP), FROTA DE 4 CAMINHÕES BASCULANTES DE 14 M³, DMT DE 2 KM E VELOCIDADE MÉDIA 19 KM/H. AF_05/2020","M3",19,0.18679999999999999]
["Escavação Vertical a Céu Aberto",101215,"ESCAVAÇÃO VERTICAL PARA EDIFICAÇÃO, COM CARGA, DESCARGA E TRANSPORTE DE SOLO DE 1ª CATEGORIA, COM ESCAVADEIRA HIDRÁULICA (CAÇAMBA: 0,8 M³ / 111 HP), FROTA DE 4 CAMINHÕES BASCULANTES DE 18 M³, DMT DE 1,5 KM E VELOCIDADE MÉDIA 18 KM/H. AF_05/2020","M3",17.04,0.20250000000000001]
["Escavação Vertical a Céu Aberto",101216,"ESCAVAÇÃO VERTICAL PARA EDIFICAÇÃO, COM CARGA, DESCARGA E TRANSPORTE DE SOLO DE 1ª CATEGORIA, COM ESCAVADEIRA HIDRÁULICA (CAÇAMBA: 0,8 M³ / 111 HP), FROTA DE 4 CAMINHÕES BASCULANTES DE 18 M³, DMT DE 2 KM E VELOCIDADE MÉDIA 19 KM/H. AF_05/2020","M3",17.850000000000001,0.19719999999999999]
["Escavação Vertical a Céu Aberto",101212,"ESCAVAÇÃO VERTICAL PARA EDIFICAÇÃO, COM CARGA, DESCARGA E TRANSPORTE DE SOLO DE 1ª CATEGORIA, COM ESCAVADEIRA HIDRÁULICA (CAÇAMBA: 0,8 M³ / 111 HP), FROTA DE 5 CAMINHÕES BASCULANTES DE 14 M³, DMT DE 3 KM E VELOCIDADE MÉDIA 20 KM/H. AF_05/2020","M3",22.18,0.1794]
["Escavação Vertical a Céu Aberto",101217,"ESCAVAÇÃO VERTICAL PARA EDIFICAÇÃO, COM CARGA, DESCARGA E TRANSPORTE DE SOLO DE 1ª CATEGORIA, COM ESCAVADEIRA HIDRÁULICA (CAÇAMBA: 0,8 M³ / 111 HP), FROTA DE 5 CAMINHÕES BASCULANTES DE 18 M³, DMT DE 3 KM E VELOCIDADE MÉDIA 20 KM/H. AF_05/2020","M3",20.81,0.1908]
["Escavação Vertical a Céu Aberto",101218,"ESCAVAÇÃO VERTICAL PARA EDIFICAÇÃO, COM CARGA, DESCARGA E TRANSPORTE DE SOLO DE 1ª CATEGORIA, COM ESCAVADEIRA HIDRÁULICA (CAÇAMBA: 0,8 M³ / 111 HP), FROTA DE 5 CAMINHÕES BASCULANTES DE 18 M³, DMT DE 4 KM E VELOCIDADE MÉDIA 22 KM/H. AF_05/2020","M3",21.99,0.18509999999999999]
["Escavação Vertical a Céu Aberto",101213,"ESCAVAÇÃO VERTICAL PARA EDIFICAÇÃO, COM CARGA, DESCARGA E TRANSPORTE DE SOLO DE 1ª CATEGORIA, COM ESCAVADEIRA HIDRÁULICA (CAÇAMBA: 0,8 M³ / 111 HP), FROTA DE 6 CAMINHÕES BASCULANTES DE 14 M³, DMT DE 4 KM E VELOCIDADE MÉDIA 22 KM/H. AF_05/2020","M3",24.83,0.17599999999999999]
["Escavação Vertical a Céu Aberto",101219,"ESCAVAÇÃO VERTICAL PARA EDIFICAÇÃO, COM CARGA, DESCARGA E TRANSPORTE DE SOLO DE 1ª CATEGORIA, COM ESCAVADEIRA HIDRÁULICA (CAÇAMBA: 0,8 M³ / 111 HP), FROTA DE 6 CAMINHÕES BASCULANTES DE 18 M³, DMT DE 6 KM E VELOCIDADE MÉDIA 22 KM/H. AF_05/2020","M3",26.64,0.1757]
["Escavação Vertical a Céu Aberto",101214,"ESCAVAÇÃO VERTICAL PARA EDIFICAÇÃO, COM CARGA, DESCARGA E TRANSPORTE DE SOLO DE 1ª CATEGORIA, COM ESCAVADEIRA HIDRÁULICA (CAÇAMBA: 0,8 M³ / 111 HP), FROTA DE 7 CAMINHÕES BASCULANTES DE 14 M³, DMT DE 6 KM E VELOCIDADE MÉDIA 22 KM/H. AF_05/2020","M3",29.97,0.1658]
["Escavação Vertical a Céu Aberto",101254,"ESCAVAÇÃO VERTICAL PARA EDIFICAÇÃO, COM CARGA, DESCARGA E TRANSPORTE DE SOLO DE 1ª CATEGORIA, COM ESCAVADEIRA HIDRÁULICA (CAÇAMBA: 0,8 M³ / 111HP), FROTA DE 3 CAMINHÕES BASCULANTES DE 10 M³, DMT ATÉ 1 KM E VELOCIDADE MÉDIA 14 KM/H. AF_05/2020","M3",13,0.17230000000000001]
["Escavação Vertical a Céu Aberto",101256,"ESCAVAÇÃO VERTICAL PARA EDIFICAÇÃO, COM CARGA, DESCARGA E TRANSPORTE DE SOLO DE 1ª CATEGORIA, COM ESCAVADEIRA HIDRÁULICA (CAÇAMBA: 0,8 M³ / 111HP), FROTA DE 5 CAMINHÕES BASCULANTES DE 10 M³, DMT DE 1,5 KM E VELOCIDADE MÉDIA 18 KM/H. AF_05/2020","M3",20.05,0.13070000000000001]
["Escavação Vertical a Céu Aberto",101257,"ESCAVAÇÃO VERTICAL PARA EDIFICAÇÃO, COM CARGA, DESCARGA E TRANSPORTE DE SOLO DE 1ª CATEGORIA, COM ESCAVADEIRA HIDRÁULICA (CAÇAMBA: 0,8 M³ / 111HP), FROTA DE 5 CAMINHÕES BASCULANTES DE 10 M³, DMT DE 2 KM E VELOCIDADE MÉDIA 19 KM/H. AF_05/2020","M3",21.11,0.1255]
["Escavação Vertical a Céu Aberto",101258,"ESCAVAÇÃO VERTICAL PARA EDIFICAÇÃO, COM CARGA, DESCARGA E TRANSPORTE DE SOLO DE 1ª CATEGORIA, COM ESCAVADEIRA HIDRÁULICA (CAÇAMBA: 0,8 M³ / 111HP), FROTA DE 6 CAMINHÕES BASCULANTES DE 10 M³, DMT DE 3 KM E VELOCIDADE MÉDIA 20 KM/H. AF_05/2020","M3",24.49,0.11559999999999999]
["Escavação Vertical a Céu Aberto",101259,"ESCAVAÇÃO VERTICAL PARA EDIFICAÇÃO, COM CARGA, DESCARGA E TRANSPORTE DE SOLO DE 1ª CATEGORIA, COM ESCAVADEIRA HIDRÁULICA (CAÇAMBA: 0,8 M³ / 111HP), FROTA DE 7 CAMINHÕES BASCULANTES DE 10 M³, DMT DE 4 KM E VELOCIDADE MÉDIA 22 KM/H. AF_05/2020","M3",27.23,0.10979999999999999]
["Escavação Vertical a Céu Aberto",101260,"ESCAVAÇÃO VERTICAL PARA EDIFICAÇÃO, COM CARGA, DESCARGA E TRANSPORTE DE SOLO DE 1ª CATEGORIA, COM ESCAVADEIRA HIDRÁULICA (CAÇAMBA: 0,8 M³ / 111HP), FROTA DE 9 CAMINHÕES BASCULANTES DE 10 M³, DMT DE 6 KM E VELOCIDADE MÉDIA 22 KM/H. AF_05/2020","M3",34.049999999999997,9.8699999999999996E-2]
["Escavação Vertical a Céu Aberto",101208,"ESCAVAÇÃO VERTICAL PARA EDIFICAÇÃO, COM CARGA, DESCARGA E TRANSPORTE DE SOLO DE 1ª CATEGORIA, COM ESCAVADEIRA HIDRÁULICA (CAÇAMBA: 1,2 M³ / 155 HP), FROTA DE 3 CAMINHÕES BASCULANTES DE 14 M³, DMT ATÉ 1 KM E VELOCIDADE MÉDIA 14 KM/H. AF_05/2020","M3",10.74,0.22070000000000001]
["Escavação Vertical a Céu Aberto",101209,"ESCAVAÇÃO VERTICAL PARA EDIFICAÇÃO, COM CARGA, DESCARGA E TRANSPORTE DE SOLO DE 1ª CATEGORIA, COM ESCAVADEIRA HIDRÁULICA (CAÇAMBA: 1,2 M³ / 155 HP), FROTA DE 3 CAMINHÕES BASCULANTES DE 18 M³, DMT ATÉ 1 KM E VELOCIDADE MÉDIA 14 KM/H. AF_05/2020","M3",9.9700000000000006,0.22770000000000001]
["Escavação Vertical a Céu Aberto",101220,"ESCAVAÇÃO VERTICAL PARA EDIFICAÇÃO, COM CARGA, DESCARGA E TRANSPORTE DE SOLO DE 1ª CATEGORIA, COM ESCAVADEIRA HIDRÁULICA (CAÇAMBA: 1,2 M³ / 155 HP), FROTA DE 5 CAMINHÕES BASCULANTES DE 14 M³, DMT DE 1,5 KM E VELOCIDADE MÉDIA 18 KM/H. AF_05/2020","M3",16.72,0.18659999999999999]
["Escavação Vertical a Céu Aberto",101221,"ESCAVAÇÃO VERTICAL PARA EDIFICAÇÃO, COM CARGA, DESCARGA E TRANSPORTE DE SOLO DE 1ª CATEGORIA, COM ESCAVADEIRA HIDRÁULICA (CAÇAMBA: 1,2 M³ / 155 HP), FROTA DE 5 CAMINHÕES BASCULANTES DE 14 M³, DMT DE 2 KM E VELOCIDADE MÉDIA 19 KM/H. AF_05/2020","M3",17.66,0.18179999999999999]
["Escavação Vertical a Céu Aberto",101225,"ESCAVAÇÃO VERTICAL PARA EDIFICAÇÃO, COM CARGA, DESCARGA E TRANSPORTE DE SOLO DE 1ª CATEGORIA, COM ESCAVADEIRA HIDRÁULICA (CAÇAMBA: 1,2 M³ / 155 HP), FROTA DE 5 CAMINHÕES BASCULANTES DE 18 M³, DMT DE 1,5 KM E VELOCIDADE MÉDIA 18 KM/H. AF_05/2020","M3",15.37,0.19650000000000001]
["Escavação Vertical a Céu Aberto",101226,"ESCAVAÇÃO VERTICAL PARA EDIFICAÇÃO, COM CARGA, DESCARGA E TRANSPORTE DE SOLO DE 1ª CATEGORIA, COM ESCAVADEIRA HIDRÁULICA (CAÇAMBA: 1,2 M³ / 155 HP), FROTA DE 5 CAMINHÕES BASCULANTES DE 18 M³, DMT DE 2 KM E VELOCIDADE MÉDIA 19 KM/H. AF_05/2020","M3",16.18,0.191]
["Escavação Vertical a Céu Aberto",101222,"ESCAVAÇÃO VERTICAL PARA EDIFICAÇÃO, COM CARGA, DESCARGA E TRANSPORTE DE SOLO DE 1ª CATEGORIA, COM ESCAVADEIRA HIDRÁULICA (CAÇAMBA: 1,2 M³ / 155 HP), FROTA DE 6 CAMINHÕES BASCULANTES DE 14 M³, DMT DE 3 KM E VELOCIDADE MÉDIA 20 KM/H. AF_05/2020","M3",20.53,0.1739]
["Escavação Vertical a Céu Aberto",101227,"ESCAVAÇÃO VERTICAL PARA EDIFICAÇÃO, COM CARGA, DESCARGA E TRANSPORTE DE SOLO DE 1ª CATEGORIA, COM ESCAVADEIRA HIDRÁULICA (CAÇAMBA: 1,2 M³ / 155 HP), FROTA DE 6 CAMINHÕES BASCULANTES DE 18 M³, DMT DE 3 KM E VELOCIDADE MÉDIA 20 KM/H. AF_05/2020","M3",18.760000000000002,0.18440000000000001]
["Escavação Vertical a Céu Aberto",101228,"ESCAVAÇÃO VERTICAL PARA EDIFICAÇÃO, COM CARGA, DESCARGA E TRANSPORTE DE SOLO DE 1ª CATEGORIA, COM ESCAVADEIRA HIDRÁULICA (CAÇAMBA: 1,2 M³ / 155 HP), FROTA DE 6 CAMINHÕES BASCULANTES DE 18 M³, DMT DE 4 KM E VELOCIDADE MÉDIA 22 KM/H. AF_05/2020","M3",19.98,0.1787]
["Escavação Vertical a Céu Aberto",101223,"ESCAVAÇÃO VERTICAL PARA EDIFICAÇÃO, COM CARGA, DESCARGA E TRANSPORTE DE SOLO DE 1ª CATEGORIA, COM ESCAVADEIRA HIDRÁULICA (CAÇAMBA: 1,2 M³ / 155 HP), FROTA DE 7 CAMINHÕES BASCULANTES DE 14 M³, DMT DE 4 KM E VELOCIDADE MÉDIA 22 KM/H. AF_05/2020","M3",22.86,0.1706]
["Escavação Vertical a Céu Aberto",101229,"ESCAVAÇÃO VERTICAL PARA EDIFICAÇÃO, COM CARGA, DESCARGA E TRANSPORTE DE SOLO DE 1ª CATEGORIA, COM ESCAVADEIRA HIDRÁULICA (CAÇAMBA: 1,2 M³ / 155 HP), FROTA DE 8 CAMINHÕES BASCULANTES DE 18 M³, DMT DE 6 KM E VELOCIDADE MÉDIA 22 KM/H. AF_05/2020","M3",25.21,0.1706]
["Escavação Vertical a Céu Aberto",101224,"ESCAVAÇÃO VERTICAL PARA EDIFICAÇÃO, COM CARGA, DESCARGA E TRANSPORTE DE SOLO DE 1ª CATEGORIA, COM ESCAVADEIRA HIDRÁULICA (CAÇAMBA: 1,2 M³ / 155 HP), FROTA DE 9 CAMINHÕES BASCULANTES DE 14 M³, DMT DE 6 KM E VELOCIDADE MÉDIA 22 KM/H. AF_05/2020","M3",28.66,0.16189999999999999]
["Escavação Vertical a Céu Aberto",101265,"ESCAVAÇÃO VERTICAL PARA EDIFICAÇÃO, COM CARGA, DESCARGA E TRANSPORTE DE SOLO DE 1ª CATEGORIA, COM ESCAVADEIRA HIDRÁULICA (CAÇAMBA: 1,2 M³ / 155HP), FROTA DE 10 CAMINHÕES BASCULANTES DE 10 M³, DMT DE 6 KM E VELOCIDADE MÉDIA 22 KM/H. AF_05/2020","M3",31.99,9.5299999999999996E-2]
["Escavação Vertical a Céu Aberto",101255,"ESCAVAÇÃO VERTICAL PARA EDIFICAÇÃO, COM CARGA, DESCARGA E TRANSPORTE DE SOLO DE 1ª CATEGORIA, COM ESCAVADEIRA HIDRÁULICA (CAÇAMBA: 1,2 M³ / 155HP), FROTA DE 3 CAMINHÕES BASCULANTES DE 10 M³, DMT ATÉ 1 KM E VELOCIDADE MÉDIA 14 KM/H. AF_05/2020","M3",11.49,0.17230000000000001]
["Escavação Vertical a Céu Aberto",101261,"ESCAVAÇÃO VERTICAL PARA EDIFICAÇÃO, COM CARGA, DESCARGA E TRANSPORTE DE SOLO DE 1ª CATEGORIA, COM ESCAVADEIRA HIDRÁULICA (CAÇAMBA: 1,2 M³ / 155HP), FROTA DE 6 CAMINHÕES BASCULANTES DE 10 M³, DMT DE 1,5 KM E VELOCIDADE MÉDIA 18 KM/H. AF_05/2020","M3",19.010000000000002,0.12570000000000001]
["Escavação Vertical a Céu Aberto",101262,"ESCAVAÇÃO VERTICAL PARA EDIFICAÇÃO, COM CARGA, DESCARGA E TRANSPORTE DE SOLO DE 1ª CATEGORIA, COM ESCAVADEIRA HIDRÁULICA (CAÇAMBA: 1,2 M³ / 155HP), FROTA DE 6 CAMINHÕES BASCULANTES DE 10 M³, DMT DE 2 KM E VELOCIDADE MÉDIA 19 KM/H. AF_05/2020","M3",20.04,0.12130000000000001]
["Escavação Vertical a Céu Aberto",101263,"ESCAVAÇÃO VERTICAL PARA EDIFICAÇÃO, COM CARGA, DESCARGA E TRANSPORTE DE SOLO DE 1ª CATEGORIA, COM ESCAVADEIRA HIDRÁULICA (CAÇAMBA: 1,2 M³ / 155HP), FROTA DE 7 CAMINHÕES BASCULANTES DE 10 M³, DMT DE 3 KM E VELOCIDADE MÉDIA 20 KM/H. AF_05/2020","M3",23.17,0.1118]
["Escavação Vertical a Céu Aberto",101264,"ESCAVAÇÃO VERTICAL PARA EDIFICAÇÃO, COM CARGA, DESCARGA E TRANSPORTE DE SOLO DE 1ª CATEGORIA, COM ESCAVADEIRA HIDRÁULICA (CAÇAMBA: 1,2 M³ / 155HP), FROTA DE 8 CAMINHÕES BASCULANTES DE 10 M³, DMT DE 4 KM E VELOCIDADE MÉDIA 22 KM/H. AF_05/2020","M3",25.68,0.10630000000000001]
["Escavação Vertical a Céu Aberto",101230,"ESCAVAÇÃO VERTICAL PARA INFRAESTRUTURA, COM CARGA, DESCARGA E TRANSPORTE DE SOLO DE 1ª CATEGORIA, COM ESCAVADEIRA HIDRÁULICA (CAÇAMBA: 0,8 M³ / 111 HP), FROTA DE 3 CAMINHÕES BASCULANTES DE 14 M³, DMT ATÉ 1 KM E VELOCIDADE MÉDIA14 KM/H. AF_05/2020","M3",11.2,0.217]
["Escavação Vertical a Céu Aberto",101231,"ESCAVAÇÃO VERTICAL PARA INFRAESTRUTURA, COM CARGA, DESCARGA E TRANSPORTE DE SOLO DE 1ª CATEGORIA, COM ESCAVADEIRA HIDRÁULICA (CAÇAMBA: 0,8 M³ / 111 HP), FROTA DE 3 CAMINHÕES BASCULANTES DE 18 M³, DMT ATÉ 1 KM E VELOCIDADE MÉDIA14 KM/H. AF_05/2020","M3",10.66,0.22509999999999999]
["Escavação Vertical a Céu Aberto",101272,"ESCAVAÇÃO VERTICAL PARA INFRAESTRUTURA, COM CARGA, DESCARGA E TRANSPORTE DE SOLO DE 1ª CATEGORIA, COM ESCAVADEIRA HIDRÁULICA (CAÇAMBA: 0,8 M³ / 111HP), FROTA DE 10 CAMINHÕES BASCULANTES DE 10 M³, DMT DE 6 KM E VELOCIDADE MÉDIA22 KM/H. AF_05/2020","M3",32.5,9.2600000000000002E-2]
["Escavação Vertical a Céu Aberto",101266,"ESCAVAÇÃO VERTICAL PARA INFRAESTRUTURA, COM CARGA, DESCARGA E TRANSPORTE DE SOLO DE 1ª CATEGORIA, COM ESCAVADEIRA HIDRÁULICA (CAÇAMBA: 0,8 M³ / 111HP), FROTA DE 3 CAMINHÕES BASCULANTES DE 10 M³, DMT ATÉ 1 KM E VELOCIDADE MÉDIA14 KM/H. AF_05/2020","M3",11.54,0.1646]
["Escavação Vertical a Céu Aberto",101239,"ESCAVAÇÃO VERTICAL PARA INFRAESTRUTURA, COM CARGA, DESCARGA E TRANSPORTE DE SOLO DE 1ª CATEGORIA, COM ESCAVADEIRA HIDRÁULICA (CAÇAMBA: 0,8 M³ / 111HP), FROTA DE 4 CAMINHÕES BASCULANTES DE 18 M³, DMT DE 1,5 KM E VELOCIDADE MÉDIA18 KM/H. AF_05/2020","M3",15.25,0.1948]
["Escavação Vertical a Céu Aberto",101240,"ESCAVAÇÃO VERTICAL PARA INFRAESTRUTURA, COM CARGA, DESCARGA E TRANSPORTE DE SOLO DE 1ª CATEGORIA, COM ESCAVADEIRA HIDRÁULICA (CAÇAMBA: 0,8 M³ / 111HP), FROTA DE 4 CAMINHÕES BASCULANTES DE 18 M³, DMT DE 2 KM E VELOCIDADE MÉDIA 19 KM/H. AF_05/2020","M3",16.079999999999998,0.18909999999999999]
["Escavação Vertical a Céu Aberto",101268,"ESCAVAÇÃO VERTICAL PARA INFRAESTRUTURA, COM CARGA, DESCARGA E TRANSPORTE DE SOLO DE 1ª CATEGORIA, COM ESCAVADEIRA HIDRÁULICA (CAÇAMBA: 0,8 M³ / 111HP), FROTA DE 5 CAMINHÕES BASCULANTES DE 10 M³, DMT DE 1,5 KM E VELOCIDADE MÉDIA18 KM/H. AF_05/2020","M3",18.190000000000001,0.1231]
["Escavação Vertical a Céu Aberto",101234,"ESCAVAÇÃO VERTICAL PARA INFRAESTRUTURA, COM CARGA, DESCARGA E TRANSPORTE DE SOLO DE 1ª CATEGORIA, COM ESCAVADEIRA HIDRÁULICA (CAÇAMBA: 0,8 M³ / 111HP), FROTA DE 5 CAMINHÕES BASCULANTES DE 14 M³, DMT DE 1,5 KM E VELOCIDADE MÉDIA18 KM/H. AF_05/2020","M3",17.399999999999999,0.18559999999999999]
["Escavação Vertical a Céu Aberto",101235,"ESCAVAÇÃO VERTICAL PARA INFRAESTRUTURA, COM CARGA, DESCARGA E TRANSPORTE DE SOLO DE 1ª CATEGORIA, COM ESCAVADEIRA HIDRÁULICA (CAÇAMBA: 0,8 M³ / 111HP), FROTA DE 5 CAMINHÕES BASCULANTES DE 14 M³, DMT DE 2 KM E VELOCIDADE MÉDIA 19 KM/H. AF_05/2020","M3",18.3,0.18029999999999999]
["Escavação Vertical a Céu Aberto",101241,"ESCAVAÇÃO VERTICAL PARA INFRAESTRUTURA, COM CARGA, DESCARGA E TRANSPORTE DE SOLO DE 1ª CATEGORIA, COM ESCAVADEIRA HIDRÁULICA (CAÇAMBA: 0,8 M³ / 111HP), FROTA DE 5 CAMINHÕES BASCULANTES DE 18 M³, DMT DE 3 KM E VELOCIDADE MÉDIA 20 KM/H. AF_05/2020","M3",18.809999999999999,0.18340000000000001]
["Escavação Vertical a Céu Aberto",101269,"ESCAVAÇÃO VERTICAL PARA INFRAESTRUTURA, COM CARGA, DESCARGA E TRANSPORTE DE SOLO DE 1ª CATEGORIA, COM ESCAVADEIRA HIDRÁULICA (CAÇAMBA: 0,8 M³ / 111HP), FROTA DE 6 CAMINHÕES BASCULANTES DE 10 M³, DMT DE 2 KM E VELOCIDADE MÉDIA 19 KM/H. AF_05/2020","M3",20.28,0.1169]
["Escavação Vertical a Céu Aberto",101236,"ESCAVAÇÃO VERTICAL PARA INFRAESTRUTURA, COM CARGA, DESCARGA E TRANSPORTE DE SOLO DE 1ª CATEGORIA, COM ESCAVADEIRA HIDRÁULICA (CAÇAMBA: 0,8 M³ / 111HP), FROTA DE 6 CAMINHÕES BASCULANTES DE 14 M³, DMT DE 3 KM E VELOCIDADE MÉDIA 20 KM/H. AF_05/2020","M3",21.32,0.17349999999999999]
["Escavação Vertical a Céu Aberto",101237,"ESCAVAÇÃO VERTICAL PARA INFRAESTRUTURA, COM CARGA, DESCARGA E TRANSPORTE DE SOLO DE 1ª CATEGORIA, COM ESCAVADEIRA HIDRÁULICA (CAÇAMBA: 0,8 M³ / 111HP), FROTA DE 6 CAMINHÕES BASCULANTES DE 14 M³, DMT DE 4 KM E VELOCIDADE MÉDIA 22 KM/H. AF_05/2020","M3",22.69,0.16839999999999999]
["Escavação Vertical a Céu Aberto",101242,"ESCAVAÇÃO VERTICAL PARA INFRAESTRUTURA, COM CARGA, DESCARGA E TRANSPORTE DE SOLO DE 1ª CATEGORIA, COM ESCAVADEIRA HIDRÁULICA (CAÇAMBA: 0,8 M³ / 111HP), FROTA DE 6 CAMINHÕES BASCULANTES DE 18 M³, DMT DE 4 KM E VELOCIDADE MÉDIA 22 KM/H. AF_05/2020","M3",21.04,0.18060000000000001]
["Escavação Vertical a Céu Aberto",101270,"ESCAVAÇÃO VERTICAL PARA INFRAESTRUTURA, COM CARGA, DESCARGA E TRANSPORTE DE SOLO DE 1ª CATEGORIA, COM ESCAVADEIRA HIDRÁULICA (CAÇAMBA: 0,8 M³ / 111HP), FROTA DE 7 CAMINHÕES BASCULANTES DE 10 M³, DMT DE 3 KM E VELOCIDADE MÉDIA 20 KM/H. AF_05/2020","M3",23.47,0.1082]
["Escavação Vertical a Céu Aberto",101243,"ESCAVAÇÃO VERTICAL PARA INFRAESTRUTURA, COM CARGA, DESCARGA E TRANSPORTE DE SOLO DE 1ª CATEGORIA, COM ESCAVADEIRA HIDRÁULICA (CAÇAMBA: 0,8 M³ / 111HP), FROTA DE 7 CAMINHÕES BASCULANTES DE 18 M³, DMT DE 6 KM E VELOCIDADE MÉDIA 22 KM/H. AF_05/2020","M3",25.48,0.17069999999999999]
["Escavação Vertical a Céu Aberto",101271,"ESCAVAÇÃO VERTICAL PARA INFRAESTRUTURA, COM CARGA, DESCARGA E TRANSPORTE DE SOLO DE 1ª CATEGORIA, COM ESCAVADEIRA HIDRÁULICA (CAÇAMBA: 0,8 M³ / 111HP), FROTA DE 8 CAMINHÕES BASCULANTES DE 10 M³, DMT DE 4 KM E VELOCIDADE MÉDIA 22 KM/H. AF_05/2020","M3",26.05,0.10290000000000001]
["Escavação Vertical a Céu Aberto",101238,"ESCAVAÇÃO VERTICAL PARA INFRAESTRUTURA, COM CARGA, DESCARGA E TRANSPORTE DE SOLO DE 1ª CATEGORIA, COM ESCAVADEIRA HIDRÁULICA (CAÇAMBA: 0,8 M³ / 111HP), FROTA DE 8 CAMINHÕES BASCULANTES DE 14 M³, DMT DE 6 KM E VELOCIDADE MÉDIA 22 KM/H. AF_05/2020","M3",28.71,0.16020000000000001]
["Escavação Vertical a Céu Aberto",101232,"ESCAVAÇÃO VERTICAL PARA INFRAESTRUTURA, COM CARGA, DESCARGA E TRANSPORTE DE SOLO DE 1ª CATEGORIA, COM ESCAVADEIRA HIDRÁULICA (CAÇAMBA: 1,2 M³ / 155 HP), FROTA DE 3 CAMINHÕES BASCULANTES DE 14 M³, DMT ATÉ 1 KM E VELOCIDADE MÉDIA14 KM/H. AF_05/2020","M3",9.58,0.21290000000000001]
["Escavação Vertical a Céu Aberto",101233,"ESCAVAÇÃO VERTICAL PARA INFRAESTRUTURA, COM CARGA, DESCARGA E TRANSPORTE DE SOLO DE 1ª CATEGORIA, COM ESCAVADEIRA HIDRÁULICA (CAÇAMBA: 1,2 M³ / 155 HP), FROTA DE 3 CAMINHÕES BASCULANTES DE 18 M³, DMT ATÉ 1 KM E VELOCIDADE MÉDIA14 KM/H. AF_05/2020","M3",8.84,0.21829999999999999]
["Escavação Vertical a Céu Aberto",101248,"ESCAVAÇÃO VERTICAL PARA INFRAESTRUTURA, COM CARGA, DESCARGA E TRANSPORTE DE SOLO DE 1ª CATEGORIA, COM ESCAVADEIRA HIDRÁULICA (CAÇAMBA: 1,2 M³ / 155HP), FROTA DE 10 CAMINHÕES BASCULANTES DE 14 M³, DMT DE 6 KM E VELOCIDADE MÉDIA22 KM/H. AF_05/2020","M3",27.43,0.15640000000000001]
["Escavação Vertical a Céu Aberto",101277,"ESCAVAÇÃO VERTICAL PARA INFRAESTRUTURA, COM CARGA, DESCARGA E TRANSPORTE DE SOLO DE 1ª CATEGORIA, COM ESCAVADEIRA HIDRÁULICA (CAÇAMBA: 1,2 M³ / 155HP), FROTA DE 12 CAMINHÕES BASCULANTES DE 10 M³, DMT DE 6 KM E VELOCIDADE MÉDIA22 KM/H. AF_05/2020","M3",31.47,9.0200000000000002E-2]
["Escavação Vertical a Céu Aberto",101267,"ESCAVAÇÃO VERTICAL PARA INFRAESTRUTURA, COM CARGA, DESCARGA E TRANSPORTE DE SOLO DE 1ª CATEGORIA, COM ESCAVADEIRA HIDRÁULICA (CAÇAMBA: 1,2 M³ / 155HP), FROTA DE 4 CAMINHÕES BASCULANTES DE 10 M³, DMT ATÉ 1 KM E VELOCIDADE MÉDIA14 KM/H. AF_05/2020","M3",11.14,0.1598]
["Escavação Vertical a Céu Aberto",101249,"ESCAVAÇÃO VERTICAL PARA INFRAESTRUTURA, COM CARGA, DESCARGA E TRANSPORTE DE SOLO DE 1ª CATEGORIA, COM ESCAVADEIRA HIDRÁULICA (CAÇAMBA: 1,2 M³ / 155HP), FROTA DE 5 CAMINHÕES BASCULANTES DE 18 M³, DMT DE 1,5 KM E VELOCIDADE MÉDIA18 KM/H. AF_05/2020","M3",13.97,0.1875]
["Escavação Vertical a Céu Aberto",101273,"ESCAVAÇÃO VERTICAL PARA INFRAESTRUTURA, COM CARGA, DESCARGA E TRANSPORTE DE SOLO DE 1ª CATEGORIA, COM ESCAVADEIRA HIDRÁULICA (CAÇAMBA: 1,2 M³ / 155HP), FROTA DE 6 CAMINHÕES BASCULANTES DE 10 M³, DMT DE 1,5 KM E VELOCIDADE MÉDIA18 KM/H. AF_05/2020","M3",17.399999999999999,0.1195]
["Escavação Vertical a Céu Aberto",101245,"ESCAVAÇÃO VERTICAL PARA INFRAESTRUTURA, COM CARGA, DESCARGA E TRANSPORTE DE SOLO DE 1ª CATEGORIA, COM ESCAVADEIRA HIDRÁULICA (CAÇAMBA: 1,2 M³ / 155HP), FROTA DE 6 CAMINHÕES BASCULANTES DE 14 M³, DMT DE 2 KM E VELOCIDADE MÉDIA 19 KM/H. AF_05/2020","M3",17,0.1759]
["Escavação Vertical a Céu Aberto",101250,"ESCAVAÇÃO VERTICAL PARA INFRAESTRUTURA, COM CARGA, DESCARGA E TRANSPORTE DE SOLO DE 1ª CATEGORIA, COM ESCAVADEIRA HIDRÁULICA (CAÇAMBA: 1,2 M³ / 155HP), FROTA DE 6 CAMINHÕES BASCULANTES DE 18 M³, DMT DE 2 KM E VELOCIDADE MÉDIA 19 KM/H. AF_05/2020","M3",15.53,0.18540000000000001]
["Escavação Vertical a Céu Aberto",101251,"ESCAVAÇÃO VERTICAL PARA INFRAESTRUTURA, COM CARGA, DESCARGA E TRANSPORTE DE SOLO DE 1ª CATEGORIA, COM ESCAVADEIRA HIDRÁULICA (CAÇAMBA: 1,2 M³ / 155HP), FROTA DE 6 CAMINHÕES BASCULANTES DE 18 M³, DMT DE 3 KM E VELOCIDADE MÉDIA 20 KM/H. AF_05/2020","M3",17.63,0.18940000000000001]
["Escavação Vertical a Céu Aberto",101274,"ESCAVAÇÃO VERTICAL PARA INFRAESTRUTURA, COM CARGA, DESCARGA E TRANSPORTE DE SOLO DE 1ª CATEGORIA, COM ESCAVADEIRA HIDRÁULICA (CAÇAMBA: 1,2 M³ / 155HP), FROTA DE 7 CAMINHÕES BASCULANTES DE 10 M³, DMT DE 2 KM E VELOCIDADE MÉDIA 19 KM/H. AF_05/2020","M3",19.25,0.1143]
["Escavação Vertical a Céu Aberto",101246,"ESCAVAÇÃO VERTICAL PARA INFRAESTRUTURA, COM CARGA, DESCARGA E TRANSPORTE DE SOLO DE 1ª CATEGORIA, COM ESCAVADEIRA HIDRÁULICA (CAÇAMBA: 1,2 M³ / 155HP), FROTA DE 7 CAMINHÕES BASCULANTES DE 14 M³, DMT DE 3 KM E VELOCIDADE MÉDIA 20 KM/H. AF_05/2020","M3",19.75,0.1681]
["Escavação Vertical a Céu Aberto",101252,"ESCAVAÇÃO VERTICAL PARA INFRAESTRUTURA, COM CARGA, DESCARGA E TRANSPORTE DE SOLO DE 1ª CATEGORIA, COM ESCAVADEIRA HIDRÁULICA (CAÇAMBA: 1,2 M³ / 155HP), FROTA DE 7 CAMINHÕES BASCULANTES DE 18 M³, DMT DE 4 KM E VELOCIDADE MÉDIA 22 KM/H. AF_05/2020","M3",19.16,0.17280000000000001]
["Escavação Vertical a Céu Aberto",101275,"ESCAVAÇÃO VERTICAL PARA INFRAESTRUTURA, COM CARGA, DESCARGA E TRANSPORTE DE SOLO DE 1ª CATEGORIA, COM ESCAVADEIRA HIDRÁULICA (CAÇAMBA: 1,2 M³ / 155HP), FROTA DE 8 CAMINHÕES BASCULANTES DE 10 M³, DMT DE 3 KM E VELOCIDADE MÉDIA 20 KM/H. AF_05/2020","M3",22.27,0.1055]
["Escavação Vertical a Céu Aberto",101247,"ESCAVAÇÃO VERTICAL PARA INFRAESTRUTURA, COM CARGA, DESCARGA E TRANSPORTE DE SOLO DE 1ª CATEGORIA, COM ESCAVADEIRA HIDRÁULICA (CAÇAMBA: 1,2 M³ / 155HP), FROTA DE 8 CAMINHÕES BASCULANTES DE 14 M³, DMT DE 4 KM E VELOCIDADE MÉDIA 22 KM/H. AF_05/2020","M3",21.93,0.1651]
["Escavação Vertical a Céu Aberto",101276,"ESCAVAÇÃO VERTICAL PARA INFRAESTRUTURA, COM CARGA, DESCARGA E TRANSPORTE DE SOLO DE 1ª CATEGORIA, COM ESCAVADEIRA HIDRÁULICA (CAÇAMBA: 1,2 M³ / 155HP), FROTA DE 9 CAMINHÕES BASCULANTES DE 10 M³, DMT DE 4 KM E VELOCIDADE MÉDIA 22 KM/H. AF_05/2020","M3",24.62,0.1003]
["Escavação Vertical a Céu Aberto",101253,"ESCAVAÇÃO VERTICAL PARA INFRAESTRUTURA, COM CARGA, DESCARGA E TRANSPORTE DE SOLO DE 1ª CATEGORIA, COM ESCAVADEIRA HIDRÁULICA (CAÇAMBA: 1,2 M³ / 155HP), FROTA DE 9 CAMINHÕES BASCULANTES DE 18 M³, DMT DE 6 KM E VELOCIDADE MÉDIA 22 KM/H. AF_05/2020","M3",24.13,0.16539999999999999]
["Escavação Vertical a Céu Aberto",101244,"ESCAVAÇÃO VERTICAL PARA INFRAESTRUTURA, COM CARGA, DESCARGA E TRANSPORTE DE SOLO DE 1ª CATEGORIA, COM ESCAVADEIRA HIDRÁULICA (CAÇAMBA: 1,2M³ / 155HP), FROTA DE 6 CAMINHÕES BASCULANTES DE 14 M³, DMT DE 1,5 KM E VELOCIDADE MÉDIA18 KM/H. AF_05/2020","M3",16.09,0.18090000000000001]
["Escavação de Valas",93358,"ESCAVAÇÃO MANUAL DE VALA. AF_09/2024","M3",94.3,0]
["Escavação de Valas",90082,"ESCAVAÇÃO MECANIZADA DE VALA COM PROF. ATÉ 1,5 M (MÉDIA MONTANTE E JUSANTE/UMA COMPOSIÇÃO POR TRECHO), ESCAVADEIRA (0,8 M3), LARG. DE 1,5 M A 2,5 M, EM SOLO DE 1A CATEGORIA, EM LOCAIS COM ALTO NÍVEL DE INTERFERÊNCIA. AF_09/2024","M3",9.59,0.51619999999999999]
["Escavação de Valas",90091,"ESCAVAÇÃO MECANIZADA DE VALA COM PROF. ATÉ 1,5 M (MÉDIA MONTANTE E JUSANTE/UMA COMPOSIÇÃO POR TRECHO), ESCAVADEIRA (0,8 M3), LARG. DE 1,5 M A 2,5 M, EM SOLO DE 1A CATEGORIA, LOCAIS COM BAIXO NÍVEL DE INTERFERÊNCIA. AF_09/2024","M3",6.04,0.51659999999999995]
["Escavação de Valas",102307,"ESCAVAÇÃO MECANIZADA DE VALA COM PROF. ATÉ 1,5 M (MÉDIA MONTANTE E JUSANTE/UMA COMPOSIÇÃO POR TRECHO), ESCAVADEIRA (0,8 M3), LARG. DE 1,5 M A 2,5 M, EM SOLO DE 2A CATEGORIA, EM LOCAIS COM ALTO NÍVEL DE INTERFERÊNCIA. AF_09/2024","M3",12,0.51670000000000005]
["Escavação de Valas",102315,"ESCAVAÇÃO MECANIZADA DE VALA COM PROF. ATÉ 1,5 M (MÉDIA MONTANTE E JUSANTE/UMA COMPOSIÇÃO POR TRECHO), ESCAVADEIRA (0,8 M3), LARG. DE 1,5 M A 2,5 M, EM SOLO DE 2A CATEGORIA, LOCAIS COM BAIXO NÍVEL DE INTERFERÊNCIA. AF_09/2024","M3",7.56,0.51719999999999999]
["Escavação de Valas",102283,"ESCAVAÇÃO MECANIZADA DE VALA COM PROF. ATÉ 1,5 M (MÉDIA MONTANTE E JUSANTE/UMA COMPOSIÇÃO POR TRECHO), ESCAVADEIRA (0,8 M3), LARG. DE 1,5 M A 2,5 M, EM SOLO MOLE, EM LOCAIS COM ALTO NÍVEL DE INTERFERÊNCIA. AF_09/2024","M3",12.56,0.51670000000000005]
["Escavação de Valas",102291,"ESCAVAÇÃO MECANIZADA DE VALA COM PROF. ATÉ 1,5 M (MÉDIA MONTANTE E JUSANTE/UMA COMPOSIÇÃO POR TRECHO), ESCAVADEIRA (0,8 M3), LARG. DE 1,5 M A 2,5 M, EM SOLO MOLE, LOCAIS COM BAIXO NÍVEL DE INTERFERÊNCIA. AF_09/2024","M3",7.91,0.5171]
["Escavação de Valas",102276,"ESCAVAÇÃO MECANIZADA DE VALA COM PROF. ATÉ 1,5 M (MÉDIA MONTANTE E JUSANTE/UMA COMPOSIÇÃO POR TRECHO), ESCAVADEIRA (0,8 M3), LARG. MENOR QUE 1,5 M, EM SOLO DE 1A CATEGORIA, EM LOCAIS COM ALTO NÍVEL DE INTERFERÊNCIA. AF_09/2024","M3",10.8,0.51670000000000005]
["Escavação de Valas",102306,"ESCAVAÇÃO MECANIZADA DE VALA COM PROF. ATÉ 1,5 M (MÉDIA MONTANTE E JUSANTE/UMA COMPOSIÇÃO POR TRECHO), ESCAVADEIRA (0,8 M3),LARG. ATÉ 1,5 M, EM SOLO DE 2A CATEGORIA, EM LOCAIS COM ALTO NÍVEL DE INTERFERÊNCIA. AF_09/2024","M3",13.51,0.51670000000000005]
["Escavação de Valas",102279,"ESCAVAÇÃO MECANIZADA DE VALA COM PROF. ATÉ 1,5 M (MÉDIA MONTANTE E JUSANTE/UMA COMPOSIÇÃO POR TRECHO), ESCAVADEIRA (0,8 M3),LARG. MENOR QUE 1,5 M, EM SOLO DE 1A CATEGORIA, LOCAIS COM BAIXO NÍVEL DE INTERFERÊNCIA. AF_09/2024","M3",6.81,0.51539999999999997]
["Escavação de Valas",102282,"ESCAVAÇÃO MECANIZADA DE VALA COM PROF. ATÉ 1,5 M (MÉDIA MONTANTE E JUSANTE/UMA COMPOSIÇÃO POR TRECHO), ESCAVADEIRA (0,8 M3),LARG. MENOR QUE 1,5 M, EM SOLO DE MOLE, EM LOCAIS COM ALTO NÍVEL DE INTERFERÊNCIA. AF_09/2024","M3",14.14,0.51629999999999998]
["Escavação de Valas",102290,"ESCAVAÇÃO MECANIZADA DE VALA COM PROF. ATÉ 1,5 M (MÉDIA MONTANTE E JUSANTE/UMA COMPOSIÇÃO POR TRECHO), ESCAVADEIRA (0,8 M3),LARG. MENOR QUE 1,5 M, EM SOLO MOLE, LOCAIS COM BAIXO NÍVEL DE INTERFERÊNCIA. AF_09/2024","M3",8.9,0.51690000000000003]
["Escavação de Valas",90100,"ESCAVAÇÃO MECANIZADA DE VALA COM PROF. ATÉ 1,5 M (MÉDIA MONTANTE E JUSANTE/UMA COMPOSIÇÃO POR TRECHO), RETROESCAV. (0,26 M3), LARG. DE 0,8 M A 1,5 M, EM SOLO DE 1A CATEGORIA, EM LOCAIS COM ALTO NÍVEL DE INTERFERÊNCIA. AF_09/2024","M3",12.89,0.38790000000000002]
["Escavação de Valas",102323,"ESCAVAÇÃO MECANIZADA DE VALA COM PROF. ATÉ 1,5 M (MÉDIA MONTANTE E JUSANTE/UMA COMPOSIÇÃO POR TRECHO), RETROESCAV. (0,26 M3), LARG. DE 0,8 M A 1,5 M, EM SOLO DE 2A CATEGORIA, EM LOCAIS COM ALTO NÍVEL DE INTERFERÊNCIA. AF_09/2024","M3",16.11,0.38800000000000001]
["Escavação de Valas",102327,"ESCAVAÇÃO MECANIZADA DE VALA COM PROF. ATÉ 1,5 M (MÉDIA MONTANTE E JUSANTE/UMA COMPOSIÇÃO POR TRECHO), RETROESCAV. (0,26 M3), LARG. DE 0,8 M A 1,5 M, EM SOLO DE 2A CATEGORIA, EM LOCAIS COM BAIXO NÍVEL DE INTERFERÊNCIA. AF_09/2024","M3",10.14,0.3876]
["Escavação de Valas",102299,"ESCAVAÇÃO MECANIZADA DE VALA COM PROF. ATÉ 1,5 M (MÉDIA MONTANTE E JUSANTE/UMA COMPOSIÇÃO POR TRECHO), RETROESCAV. (0,26 M3), LARG. DE 0,8 M A 1,5 M, EM SOLO MOLE, EM LOCAIS COM ALTO NÍVEL DE INTERFERÊNCIA. AF_09/2024","M3",16.86,0.38850000000000001]
["Escavação de Valas",102303,"ESCAVAÇÃO MECANIZADA DE VALA COM PROF. ATÉ 1,5 M (MÉDIA MONTANTE E JUSANTE/UMA COMPOSIÇÃO POR TRECHO), RETROESCAV. (0,26 M3), LARG. DE 0,8 M A 1,5 M, EM SOLO MOLE, LOCAIS COM BAIXO NÍVEL DE INTERFERÊNCIA. AF_09/2024","M3",10.62,0.38790000000000002]
["Escavação de Valas",90099,"ESCAVAÇÃO MECANIZADA DE VALA COM PROF. ATÉ 1,5 M (MÉDIA MONTANTE E JUSANTE/UMA COMPOSIÇÃO POR TRECHO), RETROESCAV. (0,26 M3), LARG. MENOR QUE 0,8 M, EM SOLO DE 1A CATEGORIA, EM LOCAIS COM ALTO NÍVEL DE INTERFERÊNCIA. AF_09/2024","M3",15.04,0.38829999999999998]
["Escavação de Valas",102322,"ESCAVAÇÃO MECANIZADA DE VALA COM PROF. ATÉ 1,5 M (MÉDIA MONTANTE E JUSANTE/UMA COMPOSIÇÃO POR TRECHO), RETROESCAV. (0,26 M3), LARG. MENOR QUE 0,8 M, EM SOLO DE 2A CATEGORIA, EM LOCAIS COM ALTO NÍVEL DE INTERFERÊNCIA. AF_09/2024","M3",18.8,0.38829999999999998]
["Escavação de Valas",102298,"ESCAVAÇÃO MECANIZADA DE VALA COM PROF. ATÉ 1,5 M (MÉDIA MONTANTE E JUSANTE/UMA COMPOSIÇÃO POR TRECHO), RETROESCAV. (0,26 M3), LARG. MENOR QUE 0,8 M, EM SOLO MOLE, EM LOCAIS COM ALTO NÍVEL DE INTERFERÊNCIA. AF_09/2024","M3",19.670000000000002,0.38840000000000002]
["Escavação de Valas",102302,"ESCAVAÇÃO MECANIZADA DE VALA COM PROF. ATÉ 1,5 M (MÉDIA MONTANTE E JUSANTE/UMA COMPOSIÇÃO POR TRECHO), RETROESCAV. (0,26 M3), LARG. MENOR QUE 0,8 M, EM SOLO MOLE, LOCAIS COM BAIXO NÍVEL DE INTERFERÊNCIA. AF_09/2024","M3",12.39,0.38819999999999999]
["Escavação de Valas",102326,"ESCAVAÇÃO MECANIZADA DE VALA COM PROF. ATÉ 1,5 M (MÉDIA MONTANTE E JUSANTE/UMA COMPOSIÇÃO POR TRECHO), RETROESCAV. (0,26 M3), LARGURA MENOR QUE 0,8 M, EM SOLO DE 2A CATEGORIA, EM LOCAIS COM BAIXO NÍVEL DE INTERFERÊNCIA. AF_09/2024","M3",11.85,0.38729999999999998]
["Escavação de Valas",102314,"ESCAVAÇÃO MECANIZADA DE VALA COM PROF. ATÉ 1,5 M (MÉDIA MONTANTE E JUSANTE/UMA COMPOSIÇÃO POR TRECHO),COM ESCAVADEIRA (0,8 M3), LARG. MENOR QUE 1,5 M, EM SOLO DE 2A CATEGORIA, LOCAIS COM BAIXO NÍVEL DE INTERFERÊNCIA. AF_09/2024","M3",8.51,0.51590000000000003]
["Escavação de Valas",102312,"ESCAVAÇÃO MECANIZADA DE VALA COM PROF. DE 3,0 M ATÉ 4,5 M (MÉDIA MONTANTE E JUSANTE/UMA COMPOSIÇÃO POR TRECHO), ESCAVADEIRA (1,2 M3), LARG. DE 1,5 M A 2,5 M, EM SOLO DE 2A CATEGORIA, EM LOCAIS COM ALTO NÍVEL DE INTERFERÊNCIA. AF_09/2024","M3",10.82,0.5111]
["Escavação de Valas",102288,"ESCAVAÇÃO MECANIZADA DE VALA COM PROF. DE 3,0 M ATÉ 4,5 M (MÉDIA MONTANTE E JUSANTE/UMA COMPOSIÇÃO POR TRECHO), ESCAVADEIRA (1,2 M3), LARG. DE 1,5 M A 2,5 M, EM SOLO MOLE, EM LOCAIS COM ALTO NÍVEL DE INTERFERÊNCIA. AF_09/2024","M3",11.34,0.51060000000000005]
["Escavação de Valas",90087,"ESCAVAÇÃO MECANIZADA DE VALA COM PROF. DE 3,0 M ATÉ 4,5 M(MÉDIA MONTANTE E JUSANTE/UMA COMPOSIÇÃO POR TRECHO), ESCAVADEIRA (1,2 M3), LARG. DE 1,5 M A 2,5 M, EM SOLO DE 1A CATEGORIA, EM LOCAIS COM ALTO NÍVEL DE INTERFERÊNCIA. AF_09/2024","M3",8.67,0.50980000000000003]
["Escavação de Valas",102308,"ESCAVAÇÃO MECANIZADA DE VALA COM PROF. MAIOR QUE 1,5 M ATÉ 3,0 M (MÉDIA MONTANTE E JUSANTE/UMA COMPOSIÇÃO POR TRECHO), ESCAVADEIRA (0,8 M3), LARG. ATÉ 1,5 M, EM SOLO DE 2A CATEGORIA, EM LOCAIS COM ALTO NÍVEL DE INTERFERÊNCIA. AF_09/2024","M3",11.63,0.51590000000000003]
["Escavação de Valas",90084,"ESCAVAÇÃO MECANIZADA DE VALA COM PROF. MAIOR QUE 1,5 M ATÉ 3,0 M (MÉDIA MONTANTE E JUSANTE/UMA COMPOSIÇÃO POR TRECHO), ESCAVADEIRA (0,8 M3), LARGURA ATÉ 1,5 M, EM SOLO DE 1A CATEGORIA, EM LOCAIS COM ALTO NÍVEL DE INTERFERÊNCIA. AF_09/2024","M3",9.2899999999999991,0.51670000000000005]
["Escavação de Valas",102284,"ESCAVAÇÃO MECANIZADA DE VALA COM PROF. MAIOR QUE 1,5 M ATÉ 3,0 M (MÉDIA MONTANTE E JUSANTE/UMA COMPOSIÇÃO POR TRECHO), ESCAVADEIRA (0,8 M3), LARGURA ATÉ 1,5 M, EM SOLO MOLE, EM LOCAIS COM ALTO NÍVEL DE INTERFERÊNCIA. AF_09/2024","M3",12.16,0.51639999999999997]
["Escavação de Valas",102325,"ESCAVAÇÃO MECANIZADA DE VALA COM PROF. MAIOR QUE 1,5 M ATÉ 3,0 M (MÉDIA MONTANTE E JUSANTE/UMA COMPOSIÇÃO POR TRECHO), RETROESCAV. (0,26 M3), LARG. DE 0,8 M A 1,5 M, EM SOLO DE 2A CATEGORIA, EM LOCAIS COM ALTO NÍVEL DE INTERFERÊNCIA. AF_09/2024","M3",14.57,0.38850000000000001]
["Escavação de Valas",102329,"ESCAVAÇÃO MECANIZADA DE VALA COM PROF. MAIOR QUE 1,5 M ATÉ 3,0 M (MÉDIA MONTANTE E JUSANTE/UMA COMPOSIÇÃO POR TRECHO), RETROESCAV. (0,26 M3), LARG. DE 0,8 M A 1,5 M, EM SOLO DE 2A CATEGORIA, EM LOCAIS COM BAIXO NÍVEL DE INTERFERÊNCIA. AF_09/2024","M3",9.18,0.38779999999999998]
["Escavação de Valas",102301,"ESCAVAÇÃO MECANIZADA DE VALA COM PROF. MAIOR QUE 1,5 M ATÉ 3,0 M (MÉDIA MONTANTE E JUSANTE/UMA COMPOSIÇÃO POR TRECHO), RETROESCAV. (0,26 M3), LARG. DE 0,8 M A 1,5 M, EM SOLO MOLE, EM LOCAIS COM ALTO NÍVEL DE INTERFERÊNCIA. AF_09/2024","M3",15.25,0.38819999999999999]
["Escavação de Valas",102305,"ESCAVAÇÃO MECANIZADA DE VALA COM PROF. MAIOR QUE 1,5 M ATÉ 3,0 M (MÉDIA MONTANTE E JUSANTE/UMA COMPOSIÇÃO POR TRECHO), RETROESCAV. (0,26 M3), LARG. DE 0,8 M A 1,5 M, EM SOLO MOLE, LOCAIS COM BAIXO NÍVEL DE INTERFERÊNCIA. AF_09/2024","M3",9.61,0.3881]
["Escavação de Valas",90101,"ESCAVAÇÃO MECANIZADA DE VALA COM PROF. MAIOR QUE 1,5 M ATÉ 3,0 M (MÉDIA MONTANTE E JUSANTE/UMA COMPOSIÇÃO POR TRECHO), RETROESCAV. (0,26 M3), LARG. MENOR QUE 0,8 M, EM SOLO DE 1A CATEGORIA, EM LOCAIS COM ALTO NÍVEL DE INTERFERÊNCIA. AF_09/2024","M3",12.73,0.3881]
["Escavação de Valas",102324,"ESCAVAÇÃO MECANIZADA DE VALA COM PROF. MAIOR QUE 1,5 M ATÉ 3,0 M (MÉDIA MONTANTE E JUSANTE/UMA COMPOSIÇÃO POR TRECHO), RETROESCAV. (0,26 M3), LARG. MENOR QUE 0,8 M, EM SOLO DE 2A CATEGORIA, EM LOCAIS COM ALTO NÍVEL DE INTERFERÊNCIA. AF_09/2024","M3",15.92,0.38819999999999999]
["Escavação de Valas",102300,"ESCAVAÇÃO MECANIZADA DE VALA COM PROF. MAIOR QUE 1,5 M ATÉ 3,0 M (MÉDIA MONTANTE E JUSANTE/UMA COMPOSIÇÃO POR TRECHO), RETROESCAV. (0,26 M3), LARG. MENOR QUE 0,8 M, EM SOLO MOLE, EM LOCAIS COM ALTO NÍVEL DE INTERFERÊNCIA. AF_09/2024","M3",16.66,0.38840000000000002]
["Escavação de Valas",90102,"ESCAVAÇÃO MECANIZADA DE VALA COM PROF. MAIOR QUE 1,5 M ATÉ 3,0 M (MÉDIA MONTANTE E JUSANTE/UMA COMPOSIÇÃO POR TRECHO), RETROESCAV. (0,26 M3), LARGURA DE 0,8 M A 1,5 M, EM SOLO DE 1A CATEGORIA, EM LOCAIS COM ALTO NÍVEL DE INTERFERÊNCIA. AF_09/2024","M3",11.66,0.38850000000000001]
["Escavação de Valas",102328,"ESCAVAÇÃO MECANIZADA DE VALA COM PROF. MAIOR QUE 1,5 M ATÉ 3,0 M (MÉDIA MONTANTE E JUSANTE/UMA COMPOSIÇÃO POR TRECHO), RETROESCAV. (0,26 M3),LARG. MENOR QUE 0,8 M, EM SOLO DE 2A CATEGORIA, EM LOCAIS COM BAIXO NÍVEL DE INTERFERÊNCIA. AF_09/2024","M3",10.029999999999999,0.38779999999999998]
["Escavação de Valas",102304,"ESCAVAÇÃO MECANIZADA DE VALA COM PROF. MAIOR QUE 1,5 M ATÉ 3,0 M (MÉDIA MONTANTE E JUSANTE/UMA COMPOSIÇÃO POR TRECHO), RETROESCAV. (0,26 M3),LARG. MENOR QUE 0,8 M, EM SOLO MOLE, LOCAIS COM BAIXO NÍVEL DE INTERFERÊNCIA. AF_09/2024","M3",10.49,0.38800000000000001]
["Escavação de Valas",102295,"ESCAVAÇÃO MECANIZADA DE VALA COM PROF. MAIOR QUE 1,5 M ATÉ 3,0 M (MÉDIA MONTANTE E JUSANTE/UMA COMPOSIÇÃO POR TRECHO),COM ESCAVADEIRA (1,2 M3), LARG. DE 1,5 M A 2,5 M, EM SOLO MOLE, LOCAIS COM BAIXO NÍVEL DE INTERFERÊNCIA. AF_09/2024","M3",7.43,0.5101]
["Escavação de Valas",102281,"ESCAVAÇÃO MECANIZADA DE VALA COM PROF. MAIOR QUE 1,5 M ATÉ 3,0 M (MÉDIA MONTANTE E JUSANTE/UMA COMPOSIÇÃO POR TRECHO),COM ESCAVADEIRA (1,2 M3),LARG. DE 1,5 M A 2,5 M, EM SOLO DE 1A CATEGORIA, LOCAIS COM BAIXO NÍVEL DE INTERFERÊNCIA. AF_09/2024","M3",5.66,0.51060000000000005]
["Escavação de Valas",102311,"ESCAVAÇÃO MECANIZADA DE VALA COM PROF. MAIOR QUE 1,5 M ATÉ 3,0 M (MÉDIA MONTANTE E JUSANTE/UMA COMPOSIÇÃO POR TRECHO),COM ESCAVADEIRA (1,2 M3),LARG. DE 1,5 M A 2,5 M, EM SOLO DE 2A CATEGORIA, EM LOCAIS COM ALTO NÍVEL DE INTERFERÊNCIA. AF_09/2024","M3",11.26,0.51070000000000004]
["Escavação de Valas",102319,"ESCAVAÇÃO MECANIZADA DE VALA COM PROF. MAIOR QUE 1,5 M ATÉ 3,0 M (MÉDIA MONTANTE E JUSANTE/UMA COMPOSIÇÃO POR TRECHO),COM ESCAVADEIRA (1,2 M3),LARG. DE 1,5 M A 2,5 M, EM SOLO DE 2A CATEGORIA, LOCAIS COM BAIXO NÍVEL DE INTERFERÊNCIA. AF_09/2024","M3",7.09,0.50919999999999999]
["Escavação de Valas",102287,"ESCAVAÇÃO MECANIZADA DE VALA COM PROF. MAIOR QUE 1,5 M ATÉ 3,0 M (MÉDIA MONTANTE E JUSANTE/UMA COMPOSIÇÃO POR TRECHO),COM ESCAVADEIRA (1,2 M3),LARG. DE 1,5 M A 2,5 M, EM SOLO MOLE, EM LOCAIS COM ALTO NÍVEL DE INTERFERÊNCIA. AF_09/2024","M3",11.78,0.51019999999999999]
["Escavação de Valas",102316,"ESCAVAÇÃO MECANIZADA DE VALA COM PROF. MAIOR QUE 1,5 M E ATÉ 3,0 M (MÉDIA MONTANTE E JUSANTE/UMA COMPOSIÇÃO POR TRECHO), ESCAVADEIRA (0,8 M3), LARG. MENOR QUE 1,5 M, EM SOLO DE 2A CATEGORIA, LOCAIS COM BAIXO NÍVEL DE INTERFERÊNCIA. AF_09/2024","M3",7.33,0.51570000000000005]
["Escavação de Valas",102292,"ESCAVAÇÃO MECANIZADA DE VALA COM PROF. MAIOR QUE 1,5 M E ATÉ 3,0 M (MÉDIA MONTANTE E JUSANTE/UMA COMPOSIÇÃO POR TRECHO), ESCAVADEIRA (0,8 M3), LARG. MENOR QUE 1,5 M, EM SOLO MOLE, LOCAIS COM BAIXO NÍVEL DE INTERFERÊNCIA. AF_09/2024","M3",7.66,0.51700000000000002]
["Escavação de Valas",90092,"ESCAVAÇÃO MECANIZADA DE VALA COM PROF. MAIOR QUE 1,5 M E ATÉ 3,0 M(MÉDIA MONTANTE E JUSANTE/UMA COMPOSIÇÃO POR TRECHO), ESCAVADEIRA (0,8 M3), LARG. MENOR QUE 1,5 M, EM SOLO DE 1A CATEGORIA, LOCAIS COM BAIXO NÍVEL DE INTERFERÊNCIA. AF_09/2024","M3",5.85,0.51790000000000003]
["Escavação de Valas",102278,"ESCAVAÇÃO MECANIZADA DE VALA COM PROF. MAIOR QUE 1,50 M ATÉ 3,0 M (MÉDIA MONTANTE E JUSANTE/UMA COMPOSIÇÃO POR TRECHO), ESCAVADEIRA (1,2 M3), LARG. DE 1,5 M A 2,5 M, EM SOLO DE 1A CATEGORIA, EM LOCAIS COM ALTO NÍVEL DE INTERFERÊNCIA. AF_09/2024","M3",9.01,0.50939999999999996]
["Escavação de Valas",90094,"ESCAVAÇÃO MECANIZADA DE VALA COM PROF. MAIOR QUE 3,0 M ATÉ 4,5 M (MÉDIA MONTANTE E JUSANTE/UMA COMPOSIÇÃO POR TRECHO), ESCAVADEIRA (0,8 M3), LARG. MENOR QUE 1,5 M, EM SOLO DE 1A CATEGORIA, LOCAIS COM BAIXO NÍVEL DE INTERFERÊNCIA. AF_09/2024","M3",5.53,0.51719999999999999]
["Escavação de Valas",102309,"ESCAVAÇÃO MECANIZADA DE VALA COM PROF. MAIOR QUE 3,0 M ATÉ 4,5 M (MÉDIA MONTANTE E JUSANTE/UMA COMPOSIÇÃO POR TRECHO), ESCAVADEIRA (0,8 M3), LARG. MENOR QUE 1,5 M, EM SOLO DE 2A CATEGORIA, EM LOCAIS COM ALTO NÍVEL DE INTERFERÊNCIA. AF_09/2024","M3",10.99,0.51680000000000004]
["Escavação de Valas",102285,"ESCAVAÇÃO MECANIZADA DE VALA COM PROF. MAIOR QUE 3,0 M ATÉ 4,5 M (MÉDIA MONTANTE E JUSANTE/UMA COMPOSIÇÃO POR TRECHO), ESCAVADEIRA (0,8 M3), LARG. MENOR QUE 1,5 M, EM SOLO MOLE, EM LOCAIS COM ALTO NÍVEL DE INTERFERÊNCIA. AF_09/2024","M3",11.5,0.51649999999999996]
["Escavação de Valas",90095,"ESCAVAÇÃO MECANIZADA DE VALA COM PROF. MAIOR QUE 3,0 M ATÉ 4,5 M (MÉDIA MONTANTE E JUSANTE/UMA COMPOSIÇÃO POR TRECHO), ESCAVADEIRA (1,2 M3), LARG. DE 1,5 M A 2,5 M, EM SOLO DE 1A CATEGORIA, LOCAIS COM BAIXO NÍVEL DE INTERFERÊNCIA. AF_09/2024","M3",5.45,0.5101]
["Escavação de Valas",102320,"ESCAVAÇÃO MECANIZADA DE VALA COM PROF. MAIOR QUE 3,0 M ATÉ 4,5 M (MÉDIA MONTANTE E JUSANTE/UMA COMPOSIÇÃO POR TRECHO), ESCAVADEIRA (1,2 M3), LARG. DE 1,5 M A 2,5 M, EM SOLO DE 2A CATEGORIA, LOCAIS COM BAIXO NÍVEL DE INTERFERÊNCIA. AF_09/2024","M3",6.82,0.50880000000000003]
["Escavação de Valas",102296,"ESCAVAÇÃO MECANIZADA DE VALA COM PROF. MAIOR QUE 3,0 M ATÉ 4,5 M (MÉDIA MONTANTE E JUSANTE/UMA COMPOSIÇÃO POR TRECHO), ESCAVADEIRA (1,2 M3), LARG. DE 1,5 M A 2,5 M, EM SOLO MOLE, LOCAIS COM BAIXO NÍVEL DE INTERFERÊNCIA. AF_09/2024","M3",7.13,0.51049999999999995]
["Escavação de Valas",90086,"ESCAVAÇÃO MECANIZADA DE VALA COM PROF. MAIOR QUE 3,0 M ATÉ 4,5 M(MÉDIA MONTANTE E JUSANTE/UMA COMPOSIÇÃO POR TRECHO), ESCAVADEIRA (0,8 M3), LARG. MENOR QUE 1,5 M, EM SOLO DE 1A CATEGORIA, EM LOCAIS COM ALTO NÍVEL DE INTERFERÊNCIA. AF_09/2024","M3",8.8000000000000007,0.51590000000000003]
["Escavação de Valas",102277,"ESCAVAÇÃO MECANIZADA DE VALA COM PROF. MAIOR QUE 4,5 M ATÉ 6,0 M (MÉDIA MONTANTE E JUSANTE/UMA COMPOSIÇÃO POR TRECHO), ESCAVADEIRA (0,8 M3), LARG. MENOR QUE 1,5 M, EM SOLO DE 1A CATEGORIA, EM LOCAIS COM ALTO NÍVEL DE INTERFERÊNCIA. AF_09/2024","M3",8.5299999999999994,0.51700000000000002]
["Escavação de Valas",102286,"ESCAVAÇÃO MECANIZADA DE VALA COM PROF. MAIOR QUE 4,5 M ATÉ 6,0 M (MÉDIA MONTANTE E JUSANTE/UMA COMPOSIÇÃO POR TRECHO), ESCAVADEIRA (0,8 M3),LARG. MENOR QUE 1,5 M, EM SOLO DE MOLE, EM LOCAIS COM ALTO NÍVEL DE INTERFERÊNCIA. AF_09/2024","M3",11.17,0.51749999999999996]
["Escavação de Valas",90098,"ESCAVAÇÃO MECANIZADA DE VALA COM PROF. MAIOR QUE 4,5 M ATÉ 6,0 M (MÉDIA MONTANTE E JUSANTE/UMA COMPOSIÇÃO POR TRECHO), ESCAVADEIRA (1,2 M3), LARG. DE 1,5 M A 2,5 M, EM SOLO DE 1A CATEGORIA, LOCAIS COM BAIXO NÍVEL DE INTERFERÊNCIA. AF_09/2024","M3",5.35,0.50839999999999996]
["Escavação de Valas",102313,"ESCAVAÇÃO MECANIZADA DE VALA COM PROF. MAIOR QUE 4,5 M ATÉ 6,0 M (MÉDIA MONTANTE E JUSANTE/UMA COMPOSIÇÃO POR TRECHO), ESCAVADEIRA (1,2 M3), LARG. DE 1,5 M A 2,5 M, EM SOLO DE 2A CATEGORIA, EM LOCAIS COM ALTO NÍVEL DE INTERFERÊNCIA. AF_09/2024","M3",10.61,0.50990000000000002]
["Escavação de Valas",102321,"ESCAVAÇÃO MECANIZADA DE VALA COM PROF. MAIOR QUE 4,5 M ATÉ 6,0 M (MÉDIA MONTANTE E JUSANTE/UMA COMPOSIÇÃO POR TRECHO), ESCAVADEIRA (1,2 M3), LARG. DE 1,5 M A 2,5 M, EM SOLO DE 2A CATEGORIA, LOCAIS COM BAIXO NÍVEL DE INTERFERÊNCIA. AF_09/2024","M3",6.68,0.51049999999999995]
["Escavação de Valas",102289,"ESCAVAÇÃO MECANIZADA DE VALA COM PROF. MAIOR QUE 4,5 M ATÉ 6,0 M (MÉDIA MONTANTE E JUSANTE/UMA COMPOSIÇÃO POR TRECHO), ESCAVADEIRA (1,2 M3), LARG. DE 1,5 M A 2,5 M, EM SOLO MOLE, EM LOCAIS COM ALTO NÍVEL DE INTERFERÊNCIA. AF_09/2024","M3",11.11,0.51039999999999996]
["Escavação de Valas",102297,"ESCAVAÇÃO MECANIZADA DE VALA COM PROF. MAIOR QUE 4,5 M ATÉ 6,0 M (MÉDIA MONTANTE E JUSANTE/UMA COMPOSIÇÃO POR TRECHO), ESCAVADEIRA (1,2 M3), LARG. DE 1,5 M A 2,5 M, EM SOLO MOLE, LOCAIS COM BAIXO NÍVEL DE INTERFERÊNCIA. AF_09/2024","M3",6.99,0.51070000000000004]
["Escavação de Valas",102280,"ESCAVAÇÃO MECANIZADA DE VALA COM PROF. MAIOR QUE 4,5 M ATÉ 6,0 M (MÉDIA MONTANTE E JUSANTE/UMA COMPOSIÇÃO POR TRECHO),COM ESCAVADEIRA (0,8 M3), LARG. MENOR QUE 1,5 M, EM SOLO DE 1A CATEGORIA, LOCAIS COM BAIXO NÍVEL DE INTERFERÊNCIA. AF_09/2024","M3",5.38,0.51670000000000005]
["Escavação de Valas",102294,"ESCAVAÇÃO MECANIZADA DE VALA COM PROF. MAIOR QUE 4,5 M ATÉ 6,0 M (MÉDIA MONTANTE E JUSANTE/UMA COMPOSIÇÃO POR TRECHO),COM ESCAVADEIRA (0,8 M3), LARG. MENOR QUE 1,5 M, EM SOLO MOLE, LOCAIS COM BAIXO NÍVEL DE INTERFERÊNCIA. AF_09/2024","M3",7.04,0.51700000000000002]
["Escavação de Valas",90090,"ESCAVAÇÃO MECANIZADA DE VALA COM PROF. MAIOR QUE 4,5 M ATÉ 6,0 M(MÉDIA MONTANTE E JUSANTE/UMA COMPOSIÇÃO POR TRECHO), ESCAVADEIRA (1,2 M3), LARG. DE 1,5 M A 2,5 M, EM SOLO DE 1A CATEGORIA, EM LOCAIS COM ALTO NÍVEL DE INTERFERÊNCIA. AF_09/2024","M3",8.49,0.51]
["Escavação de Valas",102317,"ESCAVAÇÃO MECANIZADA DE VALA COM PROF.MAIOR QUE 3,0 M ATÉ 4,5 M (MÉDIA MONTANTE E JUSANTE/UMA COMPOSIÇÃO POR TRECHO), ESCAVADEIRA (0,8 M3), LARG. MENOR QUE 1,5 M, EM SOLO DE 2A CATEGORIA, LOCAIS COM BAIXO NÍVEL DE INTERFERÊNCIA. AF_09/2024","M3",6.92,0.51590000000000003]
["Escavação de Valas",102293,"ESCAVAÇÃO MECANIZADA DE VALA COM PROF.MAIOR QUE 3,0 M ATÉ 4,5 M (MÉDIA MONTANTE E JUSANTE/UMA COMPOSIÇÃO POR TRECHO), ESCAVADEIRA (0,8 M3), LARG. MENOR QUE 1,5 M, EM SOLO MOLE, LOCAIS COM BAIXO NÍVEL DE INTERFERÊNCIA. AF_09/2024","M3",7.25,0.51590000000000003]
["Escavação de Valas",102310,"ESCAVAÇÃO MECANIZADA DE VALA COM PROF.MAIOR QUE 4,5 M ATÉ 6,0 M (MÉDIA MONTANTE E JUSANTE/UMA COMPOSIÇÃO POR TRECHO),COM ESCAVADEIRA (0,8 M3), LARG. MENOR QUE 1,5 M, EM SOLO DE 2A CATEGORIA, EM LOCAIS COM ALTO NÍVEL DE INTERFERÊNCIA. AF_09/2024","M3",10.67,0.51639999999999997]
["Escavação de Valas",102318,"ESCAVAÇÃO MECANIZADA DE VALA COM PROF.MAIOR QUE 4,5 M ATÉ 6,0 M (MÉDIA MONTANTE E JUSANTE/UMA COMPOSIÇÃO POR TRECHO),COM ESCAVADEIRA (0,8 M3), LARG. MENOR QUE 1,5 M, EM SOLO DE 2A CATEGORIA, EM LOCAIS COM BAIXO NÍVEL DE INTERFERÊNCIA. AF_09/2024","M3",6.73,0.51559999999999995]
["Escavação de Valas",90106,"ESCAVAÇÃO MECANIZADA DE VALA COM PROFUNDIDADE ATÉ 1,5 M (MÉDIA MONTANTE E JUSANTE/UMA COMPOSIÇÃO POR TRECHO), RETROESCAV. (0,26 M3), LARGURA DE 0,8 M A 1,5 M, EM SOLO DE 1A CATEGORIA, LOCAIS COM BAIXO NÍVEL DE INTERFERÊNCIA. AF_09/2024","M3",8.11,0.38840000000000002]
["Escavação de Valas",90105,"ESCAVAÇÃO MECANIZADA DE VALA COM PROFUNDIDADE ATÉ 1,5 M (MÉDIA MONTANTE E JUSANTE/UMA COMPOSIÇÃO POR TRECHO), RETROESCAV. (0,26 M3), LARGURA MENOR QUE 0,8 M, EM SOLO DE 1A CATEGORIA, LOCAIS COM BAIXO NÍVEL DE INTERFERÊNCIA. AF_09/2024","M3",8.92,0.38229999999999997]
["Escavação de Valas",90108,"ESCAVAÇÃO MECANIZADA DE VALA COM PROFUNDIDADE MAIOR QUE 1,5 M ATÉ 3,0 M (MÉDIA MONTANTE E JUSANTE/UMA COMPOSIÇÃO POR TRECHO), RETROESCAV (0,26 M3), LARGURA DE 0,8 M A 1,5 M, EM SOLO DE 1A CATEGORIA, LOCAIS COM BAIXO NÍVEL DE INTERFERÊNCIA. AF_09/2024","M3",7.34,0.38829999999999998]
["Escavação de Valas",90107,"ESCAVAÇÃO MECANIZADA DE VALA COM PROFUNDIDADE MAIOR QUE 1,5 M ATÉ 3,0 M (MÉDIA MONTANTE E JUSANTE/UMA COMPOSIÇÃO POR TRECHO), RETROESCAV. (0,26 M3), LARGURA MENOR QUE 0,8 M, EM SOLO DE 1A CATEGORIA, LOCAIS COM BAIXO NÍVEL DE INTERFERÊNCIA. AF_09/2024","M3",8.01,0.38829999999999998]
["Escavação em Material de 3ª Categoria",102354,"DESMONTE DE MATERIAL DE 3ª CATEGORIA (BLOCOS DE ROCHAS OU MATACOS), COM MARTELETE PNEUMÁTICO MANUAL - EXCLUSIVE CARGA E TRANSPORTE. AF_03/2021","M3",151.74,0.1686]
["Escavação em Material de 3ª Categoria",102355,"DESMONTE DE MATERIAL DE 3ª CATEGORIA (BLOCOS DE ROCHAS OU MATACOS), EM VALA, COM MARTELETE PNEUMÁTICO MANUAL - EXCLUSIVE RETIRADA, CARGA E TRANSPORTE. AF_03/2021","M3",178.33,0.1749]
["Escavação em Material de 3ª Categoria",102356,"DESMONTE DE MATERIAL DE 3ª CATEGORIA, COM USO DE ARGAMASSA EXPANSIVA - EXCLUSIVE CARGA E TRANSPORTE. AF_03/2021","M3",0]
["Escavação em Material de 3ª Categoria",102357,"DESMONTE DE MATERIAL DE 3ª CATEGORIA, COM USO DE ARGAMASSA EXPANSIVA, EM VALA - EXCLUSIVE RETIRADA, CARGA E TRANSPORTE. AF_03/2021","M3",0]
["Escavação em Material de 3ª Categoria",102358,"DESMONTE DE MATERIAL DE 3ª CATEGORIA, COM USO DE EMULSÃO EXPLOSIVA ENCARTUCHADA - EXCLUSIVE CARGA E TRANSPORTE. AF_03/2021","M3",0]
["Escavação em Material de 3ª Categoria",102359,"DESMONTE DE MATERIAL DE 3ª CATEGORIA, EM VALA, COM USO DE EMULSÃO EXPLOSIVA ENCARTUCHADA - EXCLUSIVE RETIRADA, CARGA E TRANSPORTE. AF_03/2021","M3",0]
["Escavação em Material de 3ª Categoria",102348,"ESCAVAÇÃO DE VALA EM MATERIAL DE 3ª CATEGORIA, RESISTÊNCIA À COMPRESSÃO MAIOR OU IGUAL A 50 MPA, COM ROMPEDOR ACOPLADO EM ESCAVADEIRA HIDRÁULICA - EXCLUSIVE RETIRADA, CARGA E TRANSPORTE. AF_03/2021","M3",0]
["Escavação em Material de 3ª Categoria",102346,"ESCAVAÇÃO DE VALA EM MATERIAL DE 3ª CATEGORIA, RESISTÊNCIA À COMPRESSÃO MENOR QUE 50 MPA, COM ROMPEDOR ACOPLADO EM ESCAVADEIRA HIDRÁULICA - EXCLUSIVE RETIRADA, CARGA E TRANSPORTE. AF_03/2021","M3",0]
["Escavação em Material de 3ª Categoria",102347,"ESCAVAÇÃO DE VALA EM MATERIAL DE 3ª CATEGORIA, RESISTÊNCIA À COMPRESSÃO MENOR QUE 50 MPA, COM ROMPEDOR ACOPLADO EM RETROESCAVADEIRA - EXCLUSIVE RETIRADA CARGA E TRANSPORTE. AF_03/2021","M3",0]
["Escavação em Material de 3ª Categoria",102350,"ESCAVAÇÃO EM MATERIAL DE 3ª CATEGORIA, RESISTÊNCIA À COMPRESSÃO MAIOR OU IGUAL A 50 MPA E MENOR QUE 70 MPA, COM ROMPEDOR ACOPLADO EM ESCAVADEIRA HIDRÁULICA - EXCLUSIVE CARGA E TRANSPORTE. AF_03/2021","M3",0]
["Escavação em Material de 3ª Categoria",102351,"ESCAVAÇÃO EM MATERIAL DE 3ª CATEGORIA, RESISTÊNCIA À COMPRESSÃO MAIOR OU IGUAL A 70 MPA E MENOR QUE 90 MPA, COM ROMPEDOR ACOPLADO EM ESCAVADEIRA HIDRÁULICA - EXCLUSIVE CARGA E TRANSPORTE. AF_03/2021","M3",0]
["Escavação em Material de 3ª Categoria",102352,"ESCAVAÇÃO EM MATERIAL DE 3ª CATEGORIA, RESISTÊNCIA À COMPRESSÃO MAIOR OU IGUAL A 90 MPA E MENOR QUE 110 MPA, COM ROMPEDOR ACOPLADO EM ESCAVADEIRA HIDRÁULICA - EXCLUSIVE CARGA E TRANSPORTE. AF_03/2021","M3",0]
["Escavação em Material de 3ª Categoria",102353,"ESCAVAÇÃO EM MATERIAL DE 3ª CATEGORIA, RESISTÊNCIA À COMPRESSÃO MAIOR QUE 110 MPA, COM ROMPEDOR ACOPLADO EM ESCAVADEIRA HIDRÁULICA - EXCLUSIVE CARGA E TRANSPORTE. AF_03/2021","M3",0]
["Escavação em Material de 3ª Categoria",102349,"ESCAVAÇÃO EM MATERIAL DE 3ª CATEGORIA, RESISTÊNCIA À COMPRESSÃO MENOR QUE 50 MPA, COM ROMPEDOR ACOPLADO EM ESCAVADEIRA HIDRÁULICA - EXCLUSIVE CARGA E TRANSPORTE. AF_03/2021","M3",0]
["Escavação em Material de 3ª Categoria",102360,"RETIRADA DE MATERIAL DE 3ª CATEGORIA (APÓS ESCAVAÇÃO/DESMONTE) EM VALAS, COM ESCAVADEIRA HIDRÁULICA - EXCLUSIVE CARGA E TRANSPORTE. AF_03/2021","M3",24.44,0.65549999999999997]
["Escavação em Material de 3ª Categoria",102361,"RETIRADA DE MATERIAL DE 3ª CATEGORIA (APÓS ESCAVAÇÃO/DESMONTE) EM VALAS, COM RETROESCAVADEIRA - EXCLUSIVE CARGA E TRANSPORTE. AF_03/2021","M3",35.85,0.51849999999999996]
["Escoramento e Preparo de Fundo de Valas",101595,"ESCORAMENTO DE VALA, TIPO BLINDADEM, COM PROFUNDIDADE DE 0 A 1,5 M, LARGURA MAIOR OU IGUAL A 1,5 M E MENOR QUE 2,5 M - EXECUÇÃO E FORNECIMENTO, INCLUI MATERIAL. AF_08/2020","M2",0]
["Escoramento e Preparo de Fundo de Valas",101601,"ESCORAMENTO DE VALA, TIPO BLINDAGEM COM PROFUNDIDADE DE 0 A 1,5 M, LARGURA MAIOR OU IGUAL A 1,5 M E MENOR QUE 2,5 M - EXECUÇÃO, NÃO INCLUI MATERIAL. AF_08/2020","M2",26.86,0.36969999999999997]
["Escoramento e Preparo de Fundo de Valas",101594,"ESCORAMENTO DE VALA, TIPO BLINDAGEM, COM PROFUNDIDADE DE 0 A 1,5 M, LARGURA MENOR QUE 1,5 M - EXECUÇÃO E FORNECIMENTO, INCLUI MATERIAL. AF_08/2020","M2",0]
["Escoramento e Preparo de Fundo de Valas",101600,"ESCORAMENTO DE VALA, TIPO BLINDAGEM, COM PROFUNDIDADE DE 0 A 1,5 M, LARGURA MENOR QUE 1,5 M - EXECUÇÃO, NÃO INCLUI MATERIAL. AF_08/2020","M2",18.14,0.36930000000000002]
["Escoramento e Preparo de Fundo de Valas",101597,"ESCORAMENTO DE VALA, TIPO BLINDAGEM, COM PROFUNDIDADE DE 1,5 A 3,0 M, LARGURA MAIOR OU IGUAL A 1,5 M E MENOR QUE 2,5 M - EXECUÇÃO E FORNECIMENTO, INCLUI MATERIAL. AF_08/2020","M2",0]
["Escoramento e Preparo de Fundo de Valas",101603,"ESCORAMENTO DE VALA, TIPO BLINDAGEM, COM PROFUNDIDADE DE 1,5 A 3,0 M, LARGURA MAIOR OU IGUAL A 1,5 M E MENOR QUE 2,5 M - EXECUÇÃO, NÃO INCLUI MATERIAL. AF_08/2020","M2",22.18,0.36930000000000002]
["Escoramento e Preparo de Fundo de Valas",101596,"ESCORAMENTO DE VALA, TIPO BLINDAGEM, COM PROFUNDIDADE DE 1,5 A 3,0 M, LARGURA MENOR QUE 1,5 M - EXECUÇÃO E FORNECIMENTO, INCLUI MATERIAL. AF_08/2020","M2",0]
["Escoramento e Preparo de Fundo de Valas",101602,"ESCORAMENTO DE VALA, TIPO BLINDAGEM, COM PROFUNDIDADE DE 1,5 A 3,0 M, LARGURA MENOR QUE 1,5 M - EXECUÇÃO, NÃO INCLUI MATERIAL. AF_08/2020","M2",13.46,0.36919999999999997]
["Escoramento e Preparo de Fundo de Valas",101599,"ESCORAMENTO DE VALA, TIPO BLINDAGEM, COM PROFUNDIDADE DE 3,0 A 4,5 M, LARGURA MAIOR OU IGUAL A 1,5 M E MENOR QUE 2,5 M - EXECUÇÃO E FORNECIMENTO, INCLUI MATERIAL. AF_08/2020","M2",0]
["Escoramento e Preparo de Fundo de Valas",101605,"ESCORAMENTO DE VALA, TIPO BLINDAGEM, COM PROFUNDIDADE DE 3,0 A 4,5 M, LARGURA MAIOR OU IGUAL A 1,5 M E MENOR QUE 2,5 M - EXECUÇÃO, NÃO INCLUI MATERIAL. AF_08/2020","M2",17.52,0.36930000000000002]
["Escoramento e Preparo de Fundo de Valas",101598,"ESCORAMENTO DE VALA, TIPO BLINDAGEM, COM PROFUNDIDADE DE 3,0 A 4,5 M, LARGURA MENOR QUE 1,5 M - EXECUÇÃO E FORNECIMENTO, INCLUI MATERIAL. AF_08/2020","M2",0]
["Escoramento e Preparo de Fundo de Valas",101604,"ESCORAMENTO DE VALA, TIPO BLINDAGEM, COM PROFUNDIDADE DE 3,0 A 4,5 M, LARGURA MENOR QUE 1,5 M - EXECUÇÃO, NÃO INCLUI MATERIAL. AF_08/2020","M2",8.8000000000000007,0.36930000000000002]
["Escoramento e Preparo de Fundo de Valas",101588,"ESCORAMENTO DE VALA, TIPO CONTÍNUO COM PERFIL METÁLICO \"U\", COM PROFUNDIDADE DE 0 A 1,5 M, LARGURA MENOR QUE 1,5 M. AF_08/2020","M2",96.44,0.36159999999999998]
["Escoramento e Preparo de Fundo de Valas",101591,"ESCORAMENTO DE VALA, TIPO CONTÍNUO COM PERFIL METÁLICO \"U\", COM PROFUNDIDADE DE 1,5 A 3,0 M, LARGURA MAIOR OU IGUAL 1,5 M E MENOR QUE 2,5 M. AF_08/2020","M2",117.26,0.36580000000000001]
["Escoramento e Preparo de Fundo de Valas",101590,"ESCORAMENTO DE VALA, TIPO CONTÍNUO COM PERFIL METÁLICO \"U\", COM PROFUNDIDADE DE 1,5 A 3,0 M, LARGURA MENOR QUE 1,5 M. AF_08/2020","M2",72.91,0.35849999999999999]
["Escoramento e Preparo de Fundo de Valas",101593,"ESCORAMENTO DE VALA, TIPO CONTÍNUO COM PERFIL METÁLICO \"U\", COM PROFUNDIDADE DE 3,0 A 4,5 M, LARGURA MAIOR OU IGUAL A 1,5 M E MENOR QUE 2,5 M. AF_08/2020","M2",95.52,0.3619]
["Escoramento e Preparo de Fundo de Valas",101592,"ESCORAMENTO DE VALA, TIPO CONTÍNUO COM PERFIL METÁLICO \"U\", COM PROFUNDIDADE DE 3,0 A 4,5 M, LARGURA MENOR QUE 1,5 M. AF_08/2020","M2",51.02,0.34570000000000001]
["Escoramento e Preparo de Fundo de Valas",101583,"ESCORAMENTO DE VALA, TIPO CONTÍNUO, COM PROFUNDIDADE DE 0 A 1,5 M, LARGURA MAIOR OU IGUAL A 1,5 M E MENOR QUE 2,5 M. AF_08/2020","M2",88.74,1.2800000000000001E-2]
["Escoramento e Preparo de Fundo de Valas",101582,"ESCORAMENTO DE VALA, TIPO CONTÍNUO, COM PROFUNDIDADE DE 0 A 1,5 M, LARGURA MENOR QUE 1,5 M. AF_08/2020","M2",70.16,8.0999999999999996E-3]
["Escoramento e Preparo de Fundo de Valas",101585,"ESCORAMENTO DE VALA, TIPO CONTÍNUO, COM PROFUNDIDADE DE 1,5 A 3,0 M, LARGURA MAIOR OU IGUAL A 1,5 M E MENOR QUE 2,5 M. AF_08/2020","M2",75.8,1.4999999999999999E-2]
["Escoramento e Preparo de Fundo de Valas",101584,"ESCORAMENTO DE VALA, TIPO CONTÍNUO, COM PROFUNDIDADE DE 1,5 M A 3,0 M, LARGURA MENOR QUE 1,5 M. AF_08/2020","M2",57.22,0.01]
["Escoramento e Preparo de Fundo de Valas",101587,"ESCORAMENTO DE VALA, TIPO CONTÍNUO, COM PROFUNDIDADE DE 3,0 A 4,5 M, LARGURA MAIOR OU IGUAL A 1,5 E MENOR QUE 2,5 M. AF_08/2020","M2",67.400000000000006,2.2599999999999999E-2]
["Escoramento e Preparo de Fundo de Valas",101586,"ESCORAMENTO DE VALA, TIPO CONTÍNUO, COM PROFUNDIDADE DE 3,0 A 4,5 M, LARGURA MENOR QUE 1,5 M. AF_08/2020","M2",48.63,1.5599999999999999E-2]
["Escoramento e Preparo de Fundo de Valas",101577,"ESCORAMENTO DE VALA, TIPO DESCONTÍNUO, COM PROFUNDIDADE DE 0 A 1,5 M, LARGURA MAIOR OU IGUAL A 1,5 M E MENOR QUE 2,5 M. AF_08/2020","M2",54.86,2.0799999999999999E-2]
["Escoramento e Preparo de Fundo de Valas",101576,"ESCORAMENTO DE VALA, TIPO DESCONTÍNUO, COM PROFUNDIDADE DE 0 A 1,5 M, LARGURA MENOR QUE 1,5 M. AF_08/2020","M2",42.91,1.3299999999999999E-2]
["Escoramento e Preparo de Fundo de Valas",101579,"ESCORAMENTO DE VALA, TIPO DESCONTÍNUO, COM PROFUNDIDADE DE 1,5 A 3,0 M, LARGURA MAIOR OU IGUAL A 1,5 M E MENOR QUE 2,5 M. AF_08/2020","M2",47.12,2.4199999999999999E-2]
["Escoramento e Preparo de Fundo de Valas",101578,"ESCORAMENTO DE VALA, TIPO DESCONTÍNUO, COM PROFUNDIDADE DE 1,5 M A 3,0 M, LARGURA MENOR QUE 1,5 M. AF_08/2020","M2",35.17,1.6199999999999999E-2]
["Escoramento e Preparo de Fundo de Valas",101581,"ESCORAMENTO DE VALA, TIPO DESCONTÍNUO, COM PROFUNDIDADE DE 3,0 A 4,5 M, LARGURA MAIOR OU IGUAL A 1,5 E MENOR QUE 2,5 M. AF_08/2020","M2",42.71,3.56E-2]
["Escoramento e Preparo de Fundo de Valas",101580,"ESCORAMENTO DE VALA, TIPO DESCONTÍNUO, COM PROFUNDIDADE DE 3,0 A 4,5 M, LARGURA MENOR QUE 1,5 M. AF_08/2020","M2",30.57,2.4899999999999999E-2]
["Escoramento e Preparo de Fundo de Valas",101606,"ESCORAMENTO DE VALA, TIPO ESTACA PRANCHA METÁLICA CRAVADA, COM PROFUNDIDADE DE 0 A 1,5 M. AF_08/2020","M2",0]
["Escoramento e Preparo de Fundo de Valas",101607,"ESCORAMENTO DE VALA, TIPO ESTACA PRANCHA METÁLICA CRAVADA, COM PROFUNDIDADE DE 1,5 A 3 M. AF_08/2020","M2",0]
["Escoramento e Preparo de Fundo de Valas",101608,"ESCORAMENTO DE VALA, TIPO ESTACA PRANCHA METÁLICA CRAVADA, COM PROFUNDIDADE DE 3 A 4,5 M. AF_08/2020","M2",0]
["Escoramento e Preparo de Fundo de Valas",101571,"ESCORAMENTO DE VALA, TIPO PONTALETEAMENTO, COM PROFUNDIDADE DE 0 A 1,5 M, LARGURA MAIOR OU IGUAL A 1,5 M E MENOR QUE 2,5 M. AF_08/2020","M2",34.19,3.3300000000000003E-2]
["Escoramento e Preparo de Fundo de Valas",101570,"ESCORAMENTO DE VALA, TIPO PONTALETEAMENTO, COM PROFUNDIDADE DE 0 A 1,5 M, LARGURA MENOR QUE 1,5 M. AF_08/2020","M2",24.84,2.29E-2]
["Escoramento e Preparo de Fundo de Valas",101573,"ESCORAMENTO DE VALA, TIPO PONTALETEAMENTO, COM PROFUNDIDADE DE 1,5 A 3,0 M, LARGURA MAIOR OU IGUAL A 1,5 M E MENOR QUE 2,5 M. AF_08/2020","M2",28.75,3.9699999999999999E-2]
["Escoramento e Preparo de Fundo de Valas",101572,"ESCORAMENTO DE VALA, TIPO PONTALETEAMENTO, COM PROFUNDIDADE DE 1,5 A 3,0 M, LARGURA MENOR QUE 1,5 M. AF_08/2020","M2",19.420000000000002,2.9399999999999999E-2]
["Escoramento e Preparo de Fundo de Valas",101575,"ESCORAMENTO DE VALA, TIPO PONTALETEAMENTO, COM PROFUNDIDADE DE 3,0 A 4,5 M, LARGURA MAIOR OU IGUAL A 1,5 M E MENOR QUE 2,5 M. AF_08/2020","M2",24.25,6.2700000000000006E-2]
["Escoramento e Preparo de Fundo de Valas",101574,"ESCORAMENTO DE VALA, TIPO PONTALETEAMENTO, COM PROFUNDIDADE DE 3,0 A 4,5 M, LARGURA MENOR QUE 1,5 M. AF_08/2020","M2",14.72,5.16E-2]
["Escoramento e Preparo de Fundo de Valas",101589,"ESCORAMENTO DE VALA,TIPO CONTÍNUO COM PERFIL METÁLICO \"U\", COM PROFUNDIDADE DE 0 A 1,5 M, LARGURA MAIOR OU IGUAL A 1,5 E MENOR QUE 2,5 M. AF_08/2020","M2",140.77000000000001,0.36670000000000003]
["Escoramento e Preparo de Fundo de Valas",101610,"FABRICAÇÃO DE CONJUNTO DE MÓDULO METÁLICO, COMPRIMENTO DE 3,0 M E ALTURA DE 1,8 M (ESTRONCAS DE 1,00 M). AF_08/2020","UN",0]
["Escoramento e Preparo de Fundo de Valas",101613,"FABRICAÇÃO DE CONJUNTO DE MÓDULO METÁLICO, COMPRIMENTO DE 3,0 M E ALTURA DE 1,8 M (ESTRONCAS DE 2,00 M). AF_08/2020","UN",0]
["Escoramento e Preparo de Fundo de Valas",101611,"FABRICAÇÃO DE CONJUNTO DE MÓDULO METÁLICO, COMPRIMENTO DE 3,0 M E ALTURA DE 2,4 M (ESTRONCAS DE 1,00 M). AF_08/2020","UN",0]
["Escoramento e Preparo de Fundo de Valas",101614,"FABRICAÇÃO DE CONJUNTO DE MÓDULO METÁLICO, COMPRIMENTO DE 3,0 M E ALTURA DE 2,4 M (ESTRONCAS DE 2,00 M). AF_08/2020","UN",0]
["Escoramento e Preparo de Fundo de Valas",101612,"FABRICAÇÃO DE CONJUNTO DE MÓDULO METÁLICO, COMPRIMENTO DE 3,6 M E ALTURA DE 3,0 M (ESTRONCAS DE 1,00 M). AF_08/2020","UN",0]
["Escoramento e Preparo de Fundo de Valas",101615,"FABRICAÇÃO DE CONJUNTO DE MÓDULO METÁLICO, COMPRIMENTO DE 3,6 M E ALTURA DE 3,0 M (ESTRONCAS DE 2,00 M). AF_08/2020","UN",0]
["Escoramento e Preparo de Fundo de Valas",101617,"PREPARO DE FUNDO DE VALA COM LARGURA MAIOR OU IGUAL A 1,5 M E MENOR QUE 2,5 M (ACERTO DO SOLO NATURAL). AF_08/2020","M2",3.44,0]
["Escoramento e Preparo de Fundo de Valas",101620,"PREPARO DE FUNDO DE VALA COM LARGURA MAIOR OU IGUAL A 1,5 M E MENOR QUE 2,5 M, COM CAMADA DE AREIA, LANÇAMENTO MANUAL. AF_08/2020","M3",285.89,2.9999999999999997E-4]
["Escoramento e Preparo de Fundo de Valas",101625,"PREPARO DE FUNDO DE VALA COM LARGURA MAIOR OU IGUAL A 1,5 M E MENOR QUE 2,5 M, COM CAMADA DE AREIA, LANÇAMENTO MECANIZADO. AF_08/2020","M3",235.32,6.0900000000000003E-2]
["Escoramento e Preparo de Fundo de Valas",101621,"PREPARO DE FUNDO DE VALA COM LARGURA MAIOR OU IGUAL A 1,5 M E MENOR QUE 2,5 M, COM CAMADA DE BRITA, LANÇAMENTO MANUAL. AF_08/2020","M3",278.51,4.0000000000000002E-4]
["Escoramento e Preparo de Fundo de Valas",101624,"PREPARO DE FUNDO DE VALA COM LARGURA MAIOR OU IGUAL A 1,5 M E MENOR QUE 2,5 M, COM CAMADA DE BRITA, LANÇAMENTO MECANIZADO. AF_08/2020","M3",213.37,8.6300000000000002E-2]
["Escoramento e Preparo de Fundo de Valas",101616,"PREPARO DE FUNDO DE VALA COM LARGURA MENOR QUE 1,5 M (ACERTO DO SOLO NATURAL). AF_08/2020","M2",6.94,0]
["Escoramento e Preparo de Fundo de Valas",101618,"PREPARO DE FUNDO DE VALA COM LARGURA MENOR QUE 1,5 M, COM CAMADA DE AREIA, LANÇAMENTO MANUAL. AF_08/2020","M3",313.85000000000002,6.9999999999999999E-4]
["Escoramento e Preparo de Fundo de Valas",101622,"PREPARO DE FUNDO DE VALA COM LARGURA MENOR QUE 1,5 M, COM CAMADA DE AREIA, LANÇAMENTO MECANIZADO. AF_08/2020","M3",276.95999999999998,8.72E-2]
["Escoramento e Preparo de Fundo de Valas",101619,"PREPARO DE FUNDO DE VALA COM LARGURA MENOR QUE 1,5 M, COM CAMADA DE BRITA, LANÇAMENTO MANUAL. AF_08/2020","M3",306.47000000000003,8.0000000000000004E-4]
["Escoramento e Preparo de Fundo de Valas",101623,"PREPARO DE FUNDO DE VALA COM LARGURA MENOR QUE 1,5 M, COM CAMADA DE BRITA, LANÇAMENTO MECANIZADO. AF_08/2020","M3",260.99,0.114]
["Esgotamento de Vala e Rebaixamento do Lençol Freático",104482,"ESGOTAMENTO DE VALA COM BOMBA SUBMERSÍVEL. AF_12/2022","H",31.43,1.8800000000000001E-2]
["Esgotamento de Vala e Rebaixamento do Lençol Freático",104189,"INSTALAÇÃO DE MATERIAL GRANULAR FILTRANTE PARA SISTEMA DE REBAIXAMENTO DE LENÇOL FREÁTICO POR POÇOS PROFUNDOSA, DIÂMETRO DO POÇO DE 400 MM. AF_12/2022","M3",220.06,0]
["Esgotamento de Vala e Rebaixamento do Lençol Freático",104465,"INSTALAÇÃO DE SISTEMA DE REBAIXAMENTO DE LENÇOL FREÁTICO POR POÇOS PROFUNDOS, DIÂMETRO DO POÇO DE 400 MM (EXCLUI O FORNECIMENTO E FUNCIONAMENTO DE BOMBAS). AF_12/2022","M",0]
["Esgotamento de Vala e Rebaixamento do Lençol Freático",104188,"INSTALAÇÃO DE TUBULAÇÃO (GEOMECÂNICA E DE SUCÇÃO) PARA SISTEMA DE REBAIXAMENTO DE LENÇOL FREÁTICO POR POÇOS PROFUNDOS COM BOMBA SUBMERSA, DIÂMETRO DO POÇO DE 400 MM. AF_12/2022","M",0]
["Esgotamento de Vala e Rebaixamento do Lençol Freático",104185,"INSTALAÇÃO E DESINSTALAÇÃO DE CONJUNTO DE BOMBAS, À VÁCUO E CENTRÍFUGA, PARA SISTEMA DE REBAIXAMENTO DE LENÇOL FREÁTICO POR PONTEIRAS FILTRANTES (EXCLUI O FORNECIMENTO DE BOMBAS). AF_12/2022","UN",26.54,0]
["Esgotamento de Vala e Rebaixamento do Lençol Freático",104182,"INSTALAÇÃO E DESINSTALAÇÃO DE MANGOTES PARA SISTEMA DE REBAIXAMENTO DE LENÇOL FREÁTICO POR PONTEIRAS FILTRANTES. AF_12/2022","M",0]
["Esgotamento de Vala e Rebaixamento do Lençol Freático",104184,"INSTALAÇÃO E DESINSTALAÇÃO DE REGISTRO DE PVC PARA SISTEMA DE REBAIXAMENTO DE LENÇOL FREÁTICO POR PONTEIRAS FILTRANTES. AF_12/2022","UN",34.83,0]
["Esgotamento de Vala e Rebaixamento do Lençol Freático",104190,"INSTALAÇÃO E DESINSTALAÇÃO DE SISTEMA DE BOMBA PARA SISTEMA DE REBAIXAMENTO DE LENÇOL FREÁTICO POR POÇOS PROFUNDOS (EXCLUI O FORNECIMENTO DE BOMBA). AF_12/2022","UN",712.88,0]
["Esgotamento de Vala e Rebaixamento do Lençol Freático",104463,"INSTALAÇÃO E DESINSTALAÇÃO DE SISTEMA DE REBAIXAMENTO DE LENÇOL FREÁTICO POR PONTEIRAS FILTRANTES PARA OBRAS ESTACIONÁRIAS (EXCLUI O FORNECIMENTO E FUNCIONAMENTO DE BOMBAS). AF_12/2022","UN",0]
["Esgotamento de Vala e Rebaixamento do Lençol Freático",104464,"INSTALAÇÃO E DESINSTALAÇÃO DE SISTEMA DE REBAIXAMENTO DE LENÇOL FREÁTICO POR PONTEIRAS FILTRANTES PARA OBRAS ITINERANTES (EXCLUI O FORNECIMENTO E FUNCIONAMENTO DE BOMBAS). AF_12/2022","UN",0]
["Esgotamento de Vala e Rebaixamento do Lençol Freático",104183,"INSTALAÇÃO E DESINSTALAÇÃO DE TUBO COLETOR DE PVC, DIÂMETRO DE 100 MM, PARA SISTEMA DE REBAIXAMENTO DE LENÇOL FREÁTICO POR PONTEIRAS FILTRANTES. AF_12/2022","M",225.36,1.1299999999999999E-2]
["Esgotamento de Vala e Rebaixamento do Lençol Freático",104187,"INSTALAÇÃO E RETIRADA DE REVESTIMENTO METÁLICO PARA PERFURAÇÃO DE SOLO PARA SISTEMA DE REBAIXAMENTO DE LENÇOL FREÁTICO POR PORÇOS PROFUNDOS, DIÂMETRO DO POÇO DE 400 MM. AF_12/2022","M",1594.61,0.96399999999999997]
["Esgotamento de Vala e Rebaixamento do Lençol Freático",104186,"PERFURAÇÃO DE SOLO PARA SISTEMA DE REBAIXAMENTO DE LENÇOL FREÁTICO POR POÇOS PROFUNDOS, DIÂMETRO DO POÇO DE 400 MM. AF_12/2022","M",282.08,0.65210000000000001]
["Esgotamento de Vala e Rebaixamento do Lençol Freático",104180,"PERFURAÇÃO DE SOLO, INSTALAÇÃO E DESINSTALAÇÃO DE PONTEIRAS PARA SISTEMA DE REBAIXAMENTO DE LENÇOL FREÁTICO POR PONTEIRAS FILTRANTES EM OBRAS ESTACIONÁRIAS. AF_12/2022","M",0]
["Esgotamento de Vala e Rebaixamento do Lençol Freático",104181,"PERFURAÇÃO DE SOLO, INSTALAÇÃO E DESINSTALAÇÃO DE PONTEIRAS PARA SISTEMA DE REBAIXAMENTO DE LENÇOL FREÁTICO POR PONTEIRAS FILTRANTES EM OBRAS ITINERANTES. AF_12/2022","M",0]
["Esquadrias - Janelas",100674,"CAIXILHO FIXO DE ALUMÍNIO PARA VIDRO (VIDRO INCLUSO), BATENTE/ REQUADRO DE 4 A 14 CM, SEM GUARNIÇÃO/ ALIZAR, FIXAÇÃO COM PARAFUSOS, VEDAÇÃO COM SILICONE, EXCLUSIVE CONTRAMARCO - FORNECIMENTO E INSTALAÇÃO. AF_11/2024","M2",826.31,0.92220000000000002]
["Esquadrias - Janelas",100664,"CAIXILHO FIXO DE PVC BRANCO PARA VIDRO (VIDRO INCLUSO), BATENTE/ REQUADRO DE 4 A 14 CM, SEM GUARNIÇÃO/ ALIZAR, COM FERRAGENS, FIXAÇÃO COM PARAFUSOS, VEDAÇÃO COM SILICONE, EXCLUSIVE CONTRAMARCO - FORNECIMENTO E INSTALAÇÃO. AF_11/2024","M2",0]
["Esquadrias - Janelas",94589,"CONTRAMARCO DE ALUMÍNIO, FIXAÇÃO COM ARGAMASSA - FORNECIMENTO E INSTALAÇÃO. AF_11/2024","M",22.16,0.36099999999999999]
["Esquadrias - Janelas",94590,"CONTRAMARCO DE ALUMÍNIO, FIXAÇÃO COM PARAFUSO - FORNECIMENTO E INSTALAÇÃO. AF_11/2024","M",30.29,0.2641]
["Esquadrias - Janelas",94587,"CONTRAMARCO DE AÇO, FIXAÇÃO COM ARGAMASSA - FORNECIMENTO E INSTALAÇÃO. AF_11/2024","M",67.16,0.54569999999999996]
["Esquadrias - Janelas",94588,"CONTRAMARCO DE AÇO, FIXAÇÃO COM PARAFUSO - FORNECIMENTO E INSTALAÇÃO. AF_11/2024","M",79.900000000000006,0.4587]
["Esquadrias - Janelas",105812,"GUARNIÇÃO DE ALUMÍNIO. AF_11/2024","M",33.19,0.91900000000000004]
["Esquadrias - Janelas",94571,"JANELA DE ALUMÍNIO DE CORRER COM 2 FOLHAS PARA VIDROS (VIDROS INCLUSOS) E PERSIANA INTEGRADA, BATENTE/ REQUADRO 6 A 14 CM, ACABAMENTO COM ACETATO OU BRILHANTE, FIXAÇÃO COM PARAFUSO, SEM GUARNIÇÃO/ ALIZAR, DIMENSÕES 120X120 CM, VEDAÇÃO COM SILICONE, EXCLUSIVE CONTRAMARCO - FORNECIMENTO E INSTALAÇÃO. AF_11/2024","M2",0]
["Esquadrias - Janelas",94570,"JANELA DE ALUMÍNIO DE CORRER COM 2 FOLHAS PARA VIDROS (VIDROS INCLUSOS), BATENTE/ REQUADRO 6 A 14 CM, ACABAMENTO COM ACETATO OU BRILHANTE, FIXAÇÃO COM PARAFUSO, SEM GUARNIÇÃO/ ALIZAR, DIMENSÕES 100X120 CM, VEDAÇÃO COM SILICONE, EXCLUSIVE CONTRAMARCO - FORNECIMENTO E INSTALAÇÃO. AF_11/2024","M2",380.48,0.91569999999999996]
["Esquadrias - Janelas",105811,"JANELA DE ALUMÍNIO DE CORRER COM 2 FOLHAS PARA VIDROS (VIDROS INCLUSOS), COM BANDEIRA, BATENTE/ REQUADRO 6 A 14 CM, ACABAMENTO COM ACETATO OU BRILHANTE, FIXAÇÃO COM PARAFUSO, SEM GUARNIÇÃO/ ALIZAR, DIMENSÕES 100X120 CM, VEDAÇÃO COM SILICONE, EXCLUSIVE CONTRAMARCO - FORNECIMENTO E INSTALAÇÃO. AF_11/2024","M2",0]
["Esquadrias - Janelas",94572,"JANELA DE ALUMÍNIO DE CORRER COM 3 FOLHAS (2 VENEZIANAS E 1 FOLHA PARA VIDRO,VIDRO INCLUSO), BATENTE/ REQUADRO 6 A 14 CM, SEM ACABAMENTO, FIXAÇÃO COM PARAFUSO, SEM GUARNIÇÃO/ ALIZAR, DIMENSÕES 100X120 CM, VEDAÇÃO COM SILICONE, EXCLUSIVE CONTRAMARCO - FORNECIMENTO E INSTALAÇÃO. AF_11/2024","M2",543.29,0.92930000000000001]
["Esquadrias - Janelas",94573,"JANELA DE ALUMÍNIO DE CORRER COM 4 FOLHAS PARA VIDROS (VIDROS INCLUSOS), COM BANDEIRA, BATENTE/ REQUADRO 6 A 14 CM, ACABAMENTO COM ACETATO OU BRILHANTE, FIXAÇÃO COM PARAFUSO, SEM GUARNIÇÃO/ ALIZAR, DIMENSÕES 150X120 CM, VEDAÇÃO COM SILICONE, EXCLUSIVE CONTRAMARCO - FORNECIMENTO E INSTALAÇÃO. AF_11/2024","M2",423.36,0.92889999999999995]
["Esquadrias - Janelas",105809,"JANELA DE ALUMÍNIO DE CORRER COM 4 FOLHAS PARA VIDROS (VIDROS INCLUSOS), SEM BANDEIRA, BATENTE/ REQUADRO 6 A 14 CM, ACABAMENTO COM ACETATO OU BRILHANTE, FIXAÇÃO COM PARAFUSO, SEM GUARNIÇÃO/ ALIZAR, DIMENSÕES 150X120 CM, VEDAÇÃO COM SILICONE, EXCLUSIVE CONTRAMARCO - FORNECIMENTO E INSTALAÇÃO. AF_11/2024","M2",0]
["Esquadrias - Janelas",94569,"JANELA DE ALUMÍNIO TIPO MAXIM-AR, BATENTE/ REQUADRO 3 A 14 CM, VIDRO INCLUSO, FIXAÇÃO COM PARAFUSO, SEM GUARNIÇÃO/ ALIZAR, DIMENSÕES 60X80 (A X L) CM, SEM ACABAMENTO, VEDAÇÃO COM SILICONE, EXCLUSIVE CONTRAMARCO - FORNECIMENTO E INSTALAÇÃO. AF_11/2024","M2",718.39,0.89490000000000003]
["Esquadrias - Janelas",105810,"JANELA DE ALUMÍNIO TIPO MAXIM-AR, VIDRO INCLUSO, COM BANDEIRA, FIXAÇÃO COM PARAFUSO, SEM GUARNIÇÃO/ ALIZAR, DIMENSÕES 100X80 (A X L) CM, SEM ACABAMENTO, VEDAÇÃO COM SILICONE, EXCLUSIVE CONTRAMARCO - FORNECIMENTO E INSTALAÇÃO. AF_11/2024","M2",0]
["Esquadrias - Janelas",94561,"JANELA DE AÇO DE CORRER COM 3 FOLHAS (2 VENEZIANAS E 1 PARA VIDRO - VIDRO INCLUSO), BATENTE/ REQUADRO INCLUSO (6 A 14 CM), FIXAÇÃO COM ARGAMASSA, COM PINTURA ANTICORROSIVA E PINTURA DE ACABAMENTO, COM FERRAGENS, FIXAÇÃO COM ARGAMASSA, EXCLUSIVE CONTRAMARCO - FORNECIMENTO E INSTALAÇÃO. AF_11/2024","M2",0]
["Esquadrias - Janelas",94562,"JANELA DE AÇO DE CORRER COM 4 FOLHAS PARA VIDRO (VIDROS NÃO INCLUSOS), BATENTE/ REQUADRO INCLUSO (6 A 14 CM), FIXAÇÃO COM ARGAMASSA, COM PINTURA ANTICORROSIVA, COM FERRAGENS, FIXAÇÃO COM ARGAMASSA, EXCLUSIVE CONTRAMARCO - FORNECIMENTO E INSTALAÇÃO. AF_11/2024","M2",631,0.89839999999999998]
["Esquadrias - Janelas",105813,"JANELA DE AÇO GALVANIZADO TIPO MAXIMO-AR, PINT. ANTICORROSIVA, COM BATENTE/REQUADRO DE 6 A 14 CM, SEM VIDRO, COM GRADE, 1 FL, 60 X 80 CM (A X L), FIXAÇÃO COM ARGAMASSA, EXCLUSIVE CONTRAMARCO - FORNECIMENTO E INSTALAÇÃO. AF_11/2024","M2",1066.47,0.78580000000000005]
["Esquadrias - Janelas",94559,"JANELA DE AÇO TIPO BASCULANTE, PARA VIDROS (VIDROS NÃO INCLUSOS), BATENTE/ REQUADRO INCLUSO (6,5 A 14 CM), DIMENSÕES 60X60 CM, COM COM PINTURA ANTICORROSIVA, SEM ACABAMENTO, COM FERRAGENS, FIXAÇÃO COM ARGAMASSA, EXCLUSIVE CONTRAMARCO - FORNECIMENTO E INSTALAÇÃO. AF_11/2024","M2",743.81,0.68979999999999997]
["Esquadrias - Janelas",100668,"JANELA DE MADEIRA CEDRINHO/ ANGELIM COMERCIAL/ CURUPIXA/ CUMARU OU EQUIVALENTE DA REGIÃO, TIPO MAXIMA AR, PARA VIDRO (VIDRO NÃO INCLUSO), CAIXA DO BATENTE/ MARCO DE 10 CM, COM GUARNIÇÕES/ ALIZAR E FERRAGENS, SEM ACABAMENTO, FIXAÇÃO COM PARAFUSOS E ESPUMA EXPANSIVA, EXCLUSIVE CONTRAMARCO - FORNECIMENTO E INSTALAÇÃO. AF_11/2024","M2",1183.83,0.7]
["Esquadrias - Janelas",100670,"JANELA DE MADEIRA CEDRINHO/ ANGELIM COMERCIAL/ CURUPIXA/ CUMARU OU EQUIVALENTE, CAIXA DO BATENTE/ MARCO 10 CM, COM 6 FOLHAS (2 VENEZIANAS FIXAS, 2 VENEZIANAS DE CORRER E 2 FOLHAS DE CORRER PARA VIDRO, VIDROS NÃO INCLUSOS), SEM GUARNIÇÃO/ ALIZAR, COM FERRAGENS, FIXAÇÃO COM PARAFUSOS E ESPUMA EXPANSIVA, EXCLUSIVE CONTRAMARCO - FORNECIMENTO E INSTALAÇÃO. AF_11/2024","M2",885.37,0.84519999999999995]
["Esquadrias - Janelas",100665,"JANELA DE MADEIRA CEDRINHO/ ANGELIM COMERCIAL/ CURUPIXA/ CUMARU OU EQUIVALENTE, CAIXA DO BATENTE/ MARCO 10 CM, COM DUAS FOLHAS DE ABRIR TIPO VENEZIANAS E 2 FOLHAS GUILHOTINAS PARA VIDRO (VIDROS NÃO INCLUSOS), COM GUARNIÇÃO/ ALIZAR E FERRAGENS, FIXAÇÃO COM PARAFUSOS E ESPUMA EXPANSIVA, EXCLUSIVE CONTRAMARCO - FORNECIMENTO E INSTALAÇÃO. AF_11/2024","M2",745.5,0.78820000000000001]
["Esquadrias - Janelas",100924,"JANELA DE MADEIRA CEDRINHO/ ANGELIM COMERCIAL/ CURUPIXA/ CUMARU OU EQUIVALENTE, VENEZIANAS PANTOGRÁFICAS DE CORRER E 2 FOLHAS PARA VIDROS DE CORRER (VIDROS NÃO INCLUSOS), GUARNIÇÕES/ MARCO INCLUSOS, FERRAGENS INCLUSAS, FIXAÇÃO COM PARAFUSOS E ESPUMA EXPANSIVA, EXCLUSIVE CONTRAMARCO - FORNECIMENTO E INSTALAÇÃO. AF_11/2024","M2",0]
["Esquadrias - Janelas",100671,"JANELA DE MADEIRA IMBUIA/CEDRO ARANA/CEDRO OU EQUIVALENTE, CAIXA DO BATENTE/ MARCO 10 CM, COM 6 FOLHAS (2 VENEZIANAS FIXAS, 2 VENEZIANAS DE CORRER E 2 FOLHAS DE CORRER PARA VIDRO, VIDROS NÃO INCLUSOS), SEM GUARNIÇÃO/ ALIZAR, COM FERRAGENS, FIXAÇÃO COM PARAFUSOS E ESPUMA EXPANSIVA, EXCLUSIVE CONTRAMARCO - FORNECIMENTO E INSTALAÇÃO. AF_11/2024","M2",1085.46,0.87380000000000002]
["Esquadrias - Janelas",100667,"JANELA DE MADEIRA IMBUIA/CEDRO ARANA/CEDRO ROSAOU EQUIVALENTE, CAIXA DO BATENTE/ MARCO 10 CM, COM DUAS FOLHAS DE ABRIR TIPO VENEZIANAS E 2 FOLHAS GUILHOTINAS PARA VIDRO (VIDROS NÃO INCLUSOS), COM GUARNIÇÃO/ ALIZAR E FERRAGENS, FIXAÇÃO COM PARAFUSOS E ESPUMA EXPANSIVA, EXCLUSIVE CONTRAMARCO - FORNECIMENTO E INSTALAÇÃO. AF_11/2024","M2",942.48,0.83240000000000003]
["Esquadrias - Janelas",100669,"JANELA DE MADEIRA PINUS/ EUCALIPTO/ TAUARI/ VIROLA OU EQUIVALENTE DA REGIÃO, TIPO BASCULANTE, 2 FOLHAS PARA (VIDROS NÃO INCLUSOS), CAIXA DO BATENTE/ MARCO DE 10 CM, SEM GUARNIÇÕES/ ALIZAR, COM FERRAGENS, FIXAÇÃO COM PARAFUSOS E ESPUMA EXPANSIVA, EXCLUSIVE CONTRAMARCO - FORNECIMENTO E INSTALAÇÃO. AF_11/2024","M2",884.12,0.59819999999999995]
["Esquadrias - Janelas",100672,"JANELA DE MADEIRA PINUS/ EUCALIPTO/ TAUARI/ VIROLA OU EQUIVALENTE, CAIXA DO BATENTE/ MARCO 10 CM, COM 6 FOLHAS (2 VENEZIANAS FIXAS, 2 VENEZIANAS DE CORRER E 2 FOLHAS DE CORRER PARA VIDRO, VIDROS NÃO INCLUSOS), SEM GUARNIÇÃO/ ALIZAR, COM FERRAGENS, FIXAÇÃO COM PARAFUSOS E ESPUMA EXPANSIVA, EXCLUSIVE CONTRAMARCO - FORNECIMENTO E INSTALAÇÃO. AF_11/2024","M2",720.15,0.80969999999999998]
["Esquadrias - Janelas",100666,"JANELA DE MADEIRA PINUS/EUCALIPTO/ TAUARI/ VIROLA OU EQUIVALENTE, CAIXA DO BATENTE/ MARCO 10 CM, COM DUAS FOLHAS DE ABRIR TIPO VENEZIANAS E 2 FOLHAS GUILHOTINAS PARA VIDRO (VIDROS NÃO INCLUSOS), COM GUARNIÇÃO/ ALIZAR E FERRAGENS, FIXAÇÃO COM PARAFUSOS E ESPUMA EXPANSIVA, EXCLUSIVE CONTRAMARCO - FORNECIMENTO E INSTALAÇÃO. AF_11/2024","M2",606.16999999999996,0.73950000000000005]
["Esquadrias - Janelas",100663,"JANELA DE PVC BRANCO DE CORRER COM 2 FOLHAS PARA VIDRO (VIDROS INCLUSOS) E PERSIANA INTEGRADA, BATENTE/ REQUADRO DE 4 A 14 CM, DIMENSÕES 120X120 CM, COM GUARNIÇÃO/ ALIZAR, COM FERRAGENS, FIXAÇÃO COM PARAFUSOS, VEDAÇÃO COM SILICONE, EXCLUSIVE CONTRAMARCO - FORNECIMENTO E INSTALAÇÃO. AF_11/2024","M2",0]
["Esquadrias - Janelas",100662,"JANELA DE PVC BRANCO DE CORRER COM 3 FOLHAS (2 VENEZIANAS E 1 PARA VIDRO, VIDRO INCLUSO), BATENTE/ REQUADRO DE 4 A 14 CM, DIMENSÕES 100X200 CM, COM GUARNIÇÃO/ ALIZAR, COM FERRAGENS, FIXAÇÃO COM PARAFUSOS, VEDAÇÃO COM SILICONE, EXCLUSIVE CONTRAMARCO - FORNECIMENTO E INSTALAÇÃO. AF_11/2024","M2",0]
["Esquadrias - Janelas",100661,"JANELA DE PVC BRANCO TIPO MAXIM-AR (VIDRO INCLUSO), BATENTE/ REQUADRO DE 4 A 14 CM, DIMENSÕES 60X60 CM, COM GUARNIÇÃO/ ALIZAR, COM FERRAGENS, FIXAÇÃO COM PARAFUSOS, VEDAÇÃO COM SILICONE, EXCLUSIVE CONTRAMARCO - FORNECIMENTO E INSTALAÇÃO. AF_11/2024","M2",0]
["Esquadrias - Portas",100659,"ALIZAR DE 5X1,5CM PARA PORTA FIXADO COM PREGOS, PADRÃO MÉDIO - FORNECIMENTO E INSTALAÇÃO. AF_12/2019","M",13.34,0]
["Esquadrias - Portas",100660,"ALIZAR DE 5X1,5CM PARA PORTA FIXADO COM PREGOS, PADRÃO POPULAR - FORNECIMENTO E INSTALAÇÃO. AF_12/2019","M",9.1199999999999992,0]
["Esquadrias - Portas",100711,"BATENTE DE AÇO GALVANIZADO, COM PERFIL PRÉ-FABRICADO, FIXADO COM ARGAMASSA, COM SOLDA, GRAPAS E FUROS PARA FERRAGENS INCLUSOS. AF_12/2019","M",0]
["Esquadrias - Portas",100676,"BATENTE PARA PORTA COM BANDEIRA, FIXAÇÃO COM PARAFUSO E BUCHA. AF_12/2019","UN",219.97,0]
["Esquadrias - Portas",90806,"BATENTE PARA PORTA DE MADEIRA, FIXAÇÃO COM ARGAMASSA, PADRÃO MÉDIO - FORNECIMENTO E INSTALAÇÃO. AF_12/2019","UN",462.86,0]
["Esquadrias - Portas",91292,"BATENTE PARA PORTA DE MADEIRA, FIXAÇÃO COM ARGAMASSA, PADRÃO POPULAR. FORNECIMENTO E INSTALAÇÃO. AF_12/2019","UN",369.08,0]
["Esquadrias - Portas",90801,"BATENTE PARA PORTA DE MADEIRA, PADRÃO MÉDIO - FORNECIMENTO E MONTAGEM. AF_12/2019","UN",359.12,0]
["Esquadrias - Portas",91287,"BATENTE PARA PORTA DE MADEIRA, PADRÃO POPULAR - FORNECIMENTO E MONTAGEM. AF_12/2019","UN",265.33999999999997,0]
["Esquadrias - Portas",100706,"CREMONA EM LATÃO CROMADO OU POLIDO, COMPLETA. AF_12/2019","UN",74.89,0]
["Esquadrias - Portas",100709,"DOBRADIÇA EM AÇO/FERRO, 3\" X 21/2\", E=1,9 A 2MM, SEN ANEL, CROMADO OU ZINCADO, TAMPA BOLA, COM PARAFUSOS. AF_12/2019","UN",53.04,0]
["Esquadrias - Portas",100710,"DOBRADIÇA TIPO VAI E VEM EM LATÃO POLIDO 3\". AF_12/2019","UN",133.81,0]
["Esquadrias - Portas",90830,"FECHADURA DE EMBUTIR COM CILINDRO, EXTERNA, COMPLETA, ACABAMENTO PADRÃO MÉDIO, INCLUSO EXECUÇÃO DE FURO - FORNECIMENTO E INSTALAÇÃO. AF_12/2019","UN",195.07,0]
["Esquadrias - Portas",91304,"FECHADURA DE EMBUTIR COM CILINDRO, EXTERNA, COMPLETA, ACABAMENTO PADRÃO POPULAR, INCLUSO EXECUÇÃO DE FURO - FORNECIMENTO E INSTALAÇÃO. AF_12/2019","UN",118.69,0]
["Esquadrias - Portas",90831,"FECHADURA DE EMBUTIR PARA PORTA DE BANHEIRO, COMPLETA, ACABAMENTO PADRÃO MÉDIO, INCLUSO EXECUÇÃO DE FURO - FORNECIMENTO E INSTALAÇÃO. AF_12/2019","UN",171.05,0]
["Esquadrias - Portas",91305,"FECHADURA DE EMBUTIR PARA PORTA DE BANHEIRO, COMPLETA, ACABAMENTO PADRÃO POPULAR, INCLUSO EXECUÇÃO DE FURO - FORNECIMENTO E INSTALAÇÃO. AF_12/2019","UN",118.51,0]
["Esquadrias - Portas",91306,"FECHADURA DE EMBUTIR PARA PORTAS INTERNAS, COMPLETA, ACABAMENTO PADRÃO MÉDIO, COM EXECUÇÃO DE FURO - FORNECIMENTO E INSTALAÇÃO. AF_12/2019","UN",171.05,0]
["Esquadrias - Portas",91307,"FECHADURA DE EMBUTIR PARA PORTAS INTERNAS, COMPLETA, ACABAMENTO PADRÃO POPULAR, COM EXECUÇÃO DE FURO - FORNECIMENTO E INSTALAÇÃO. AF_12/2019","UN",100.78,0]
["Esquadrias - Portas",100707,"FECHO DE EMBUTIR TIPO UNHA 22CM. AF_12/2019","UN",147.07,0]
["Esquadrias - Portas",100708,"FECHO DE EMBUTIR TIPO UNHA 40CM. AF_12/2019","UN",183.28,0]
["Esquadrias - Portas",91328,"KIT DE PORTA DE MADEIRA FRISADA, SEMI-OCA (LEVE OU MÉDIA), PADRÃO MÉDIO 60X210CM, ESPESSURA DE 3CM, ITENS INCLUSOS: DOBRADIÇAS, MONTAGEM E INSTALAÇÃO DO BATENTE, SEM FECHADURA - FORNECIMENTO E INSTALAÇÃO. AF_12/2019","UN",1031.92,0]
["Esquadrias - Portas",100687,"KIT DE PORTA DE MADEIRA FRISADA, SEMI-OCA (LEVE OU MÉDIA), PADRÃO MÉDIO, 60X210CM, ESPESSURA DE 3,5CM, ITENS INCLUSOS: DOBRADIÇAS, MONTAGEM E INSTALAÇÃO DE BATENTE, FECHADURA COM EXECUÇÃO DO FURO - FORNECIMENTO E INSTALAÇÃO. AF_12/2019","UN",1202.97,0]
["Esquadrias - Portas",100681,"KIT DE PORTA DE MADEIRA FRISADA, SEMI-OCA (LEVE OU MÉDIA), PADRÃO MÉDIO, 70X210CM, ESPESSURA DE 3CM, ITENS INCLUSOS: DOBRADIÇAS, MONTAGEM E INSTALAÇÃO DE BATENTE, FECHADURA COM EXECUÇÃO DO FURO - FORNECIMENTO E INSTALAÇÃO. AF_12/2019","UN",1237.51,0]
["Esquadrias - Portas",91330,"KIT DE PORTA DE MADEIRA FRISADA, SEMI-OCA (LEVE OU MÉDIA), PADRÃO MÉDIO, 70X210CM, ESPESSURA DE 3CM, ITENS INCLUSOS: DOBRADIÇAS, MONTAGEM E INSTALAÇÃO DO BATENTE, SEM FECHADURA - FORNECIMENTO E INSTALAÇÃO. AF_12/2019","UN",1066.46,0]
["Esquadrias - Portas",100689,"KIT DE PORTA DE MADEIRA FRISADA, SEMI-OCA (LEVE OU MÉDIA), PADRÃO MÉDIO, 80X210CM, ESPESSURA DE 3,5CM, ITENS INCLUSOS: DOBRADIÇAS, MONTAGEM E INSTALAÇÃO DE BATENTE, FECHADURA COM EXECUÇÃO DO FURO - FORNECIMENTO E INSTALAÇÃO. AF_12/2019","UN",1312.42,0]
["Esquadrias - Portas",91332,"KIT DE PORTA DE MADEIRA FRISADA, SEMI-OCA (LEVE OU MÉDIA), PADRÃO MÉDIO, 80X210CM, ESPESSURA DE 3,5CM, ITENS INCLUSOS: DOBRADIÇAS, MONTAGEM E INSTALAÇÃO DO BATENTE, SEM FECHADURA - FORNECIMENTO E INSTALAÇÃO. AF_12/2019","UN",1117.3499999999999,0]
["Esquadrias - Portas",100688,"KIT DE PORTA DE MADEIRA FRISADA, SEMI-OCA (LEVE OU MÉDIA), PADRÃO POPULAR, 60X210CM, ESPESSURA DE 3CM, ITENS INCLUSOS: DOBRADIÇAS, MONTAGEM E INSTALAÇÃO DE BATENTE, FECHADURA COM EXECUÇÃO DO FURO - FORNECIMENTO E INSTALAÇÃO. AF_12/2019","UN",1016.14,0]
["Esquadrias - Portas",91329,"KIT DE PORTA DE MADEIRA FRISADA, SEMI-OCA (LEVE OU MÉDIA), PADRÃO POPULAR, 60X210CM, ESPESSURA DE 3CM, ITENS INCLUSOS: DOBRADIÇAS, MONTAGEM E INSTALAÇÃO DO BATENTE, SEM FECHADURA - FORNECIMENTO E INSTALAÇÃO. AF_12/2019","UN",897.63,0]
["Esquadrias - Portas",100682,"KIT DE PORTA DE MADEIRA FRISADA, SEMI-OCA (LEVE OU MÉDIA), PADRÃO POPULAR, 70X210CM, ESPESSURA DE 3CM, ITENS INCLUSOS: DOBRADIÇAS, MONTAGEM E INSTALAÇÃO DE BATENTE, FECHADURA COM EXECUÇÃO DO FURO - FORNECIMENTO E INSTALAÇÃO. AF_12/2019","UN",1032.0999999999999,0]
["Esquadrias - Portas",91331,"KIT DE PORTA DE MADEIRA FRISADA, SEMI-OCA (LEVE OU MÉDIA), PADRÃO POPULAR, 70X210CM, ESPESSURA DE 3CM, ITENS INCLUSOS: DOBRADIÇAS, MONTAGEM E INSTALAÇÃO DO BATENTE, SEM FECHADURA - FORNECIMENTO E INSTALAÇÃO. AF_12/2019","UN",931.32,0]
["Esquadrias - Portas",100690,"KIT DE PORTA DE MADEIRA FRISADA, SEMI-OCA (LEVE OU MÉDIA), PADRÃO POPULAR, 80X210CM, ESPESSURA DE 3,5CM, ITENS INCLUSOS: DOBRADIÇAS, MONTAGEM E INSTALAÇÃO DE BATENTE, FECHADURA COM EXECUÇÃO DO FURO - FORNECIMENTO E INSTALAÇÃO. AF_12/2019","UN",1100.06,0]
["Esquadrias - Portas",91333,"KIT DE PORTA DE MADEIRA FRISADA, SEMI-OCA (LEVE OU MÉDIA), PADRÃO POPULAR, 80X210CM, ESPESSURA DE 3,5CM, ITENS INCLUSOS: DOBRADIÇAS, MONTAGEM E INSTALAÇÃO DO BATENTE, SEM FECHADURA - FORNECIMENTO E INSTALAÇÃO. AF_12/2019","UN",981.37,0]
["Esquadrias - Portas",90841,"KIT DE PORTA DE MADEIRA PARA PINTURA, SEMI-OCA (LEVE OU MÉDIA), PADRÃO MÉDIO, 60X210CM, ESPESSURA DE 3,5CM, ITENS INCLUSOS: DOBRADIÇAS, MONTAGEM E INSTALAÇÃO DO BATENTE, FECHADURA COM EXECUÇÃO DO FURO - FORNECIMENTO E INSTALAÇÃO. AF_12/2019","UN",1174.92,0]
["Esquadrias - Portas",90847,"KIT DE PORTA DE MADEIRA PARA PINTURA, SEMI-OCA (LEVE OU MÉDIA), PADRÃO MÉDIO, 60X210CM, ESPESSURA DE 3,5CM, ITENS INCLUSOS: DOBRADIÇAS, MONTAGEM E INSTALAÇÃO DO BATENTE, SEM FECHADURA - FORNECIMENTO E INSTALAÇÃO. AF_12/2019","UN",1003.87,0]
["Esquadrias - Portas",90842,"KIT DE PORTA DE MADEIRA PARA PINTURA, SEMI-OCA (LEVE OU MÉDIA), PADRÃO MÉDIO, 70X210CM, ESPESSURA DE 3,5CM, ITENS INCLUSOS: DOBRADIÇAS, MONTAGEM E INSTALAÇÃO DO BATENTE, FECHADURA COM EXECUÇÃO DO FURO - FORNECIMENTO E INSTALAÇÃO. AF_12/2019","UN",1185.4000000000001,0]
["Esquadrias - Portas",90848,"KIT DE PORTA DE MADEIRA PARA PINTURA, SEMI-OCA (LEVE OU MÉDIA), PADRÃO MÉDIO, 70X210CM, ESPESSURA DE 3,5CM, ITENS INCLUSOS: DOBRADIÇAS, MONTAGEM E INSTALAÇÃO DO BATENTE, SEM FECHADURA - FORNECIMENTO E INSTALAÇÃO. AF_12/2019","UN",1014.35,0]
["Esquadrias - Portas",90843,"KIT DE PORTA DE MADEIRA PARA PINTURA, SEMI-OCA (LEVE OU MÉDIA), PADRÃO MÉDIO, 80X210CM, ESPESSURA DE 3,5CM, ITENS INCLUSOS: DOBRADIÇAS, MONTAGEM E INSTALAÇÃO DO BATENTE, FECHADURA COM EXECUÇÃO DO FURO - FORNECIMENTO E INSTALAÇÃO. AF_12/2019","UN",1242.72,0]
["Esquadrias - Portas",90849,"KIT DE PORTA DE MADEIRA PARA PINTURA, SEMI-OCA (LEVE OU MÉDIA), PADRÃO MÉDIO, 80X210CM, ESPESSURA DE 3,5CM, ITENS INCLUSOS: DOBRADIÇAS, MONTAGEM E INSTALAÇÃO DO BATENTE, SEM FECHADURA - FORNECIMENTO E INSTALAÇÃO. AF_12/2019","UN",1047.6500000000001,0]
["Esquadrias - Portas",90844,"KIT DE PORTA DE MADEIRA PARA PINTURA, SEMI-OCA (LEVE OU MÉDIA), PADRÃO MÉDIO, 90X210CM, ESPESSURA DE 3,5CM, ITENS INCLUSOS: DOBRADIÇAS, MONTAGEM E INSTALAÇÃO DO BATENTE, FECHADURA COM EXECUÇÃO DO FURO - FORNECIMENTO E INSTALAÇÃO. AF_12/2019","UN",1351.12,0]
["Esquadrias - Portas",90850,"KIT DE PORTA DE MADEIRA PARA PINTURA, SEMI-OCA (LEVE OU MÉDIA), PADRÃO MÉDIO, 90X210CM, ESPESSURA DE 3,5CM, ITENS INCLUSOS: DOBRADIÇAS, MONTAGEM E INSTALAÇÃO DO BATENTE, SEM FECHADURA - FORNECIMENTO E INSTALAÇÃO. AF_12/2019","UN",1156.05,0]
["Esquadrias - Portas",91312,"KIT DE PORTA DE MADEIRA PARA PINTURA, SEMI-OCA (LEVE OU MÉDIA), PADRÃO POPULAR, 60X210CM, ESPESSURA DE 3,5CM, ITENS INCLUSOS: DOBRADIÇAS, MONTAGEM E INSTALAÇÃO DO BATENTE, FECHADURA COM EXECUÇÃO DO FURO - FORNECIMENTO E INSTALAÇÃO. AF_12/2019","UN",988.09,0]
["Esquadrias - Portas",91318,"KIT DE PORTA DE MADEIRA PARA PINTURA, SEMI-OCA (LEVE OU MÉDIA), PADRÃO POPULAR, 60X210CM, ESPESSURA DE 3,5CM, ITENS INCLUSOS: DOBRADIÇAS, MONTAGEM E INSTALAÇÃO DO BATENTE, SEM FECHADURA - FORNECIMENTO E INSTALAÇÃO. AF_12/2019","UN",869.58,0]
["Esquadrias - Portas",91313,"KIT DE PORTA DE MADEIRA PARA PINTURA, SEMI-OCA (LEVE OU MÉDIA), PADRÃO POPULAR, 70X210CM, ESPESSURA DE 3,5CM, ITENS INCLUSOS: DOBRADIÇAS, MONTAGEM E INSTALAÇÃO DO BATENTE, FECHADURA COM EXECUÇÃO DO FURO - FORNECIMENTO E INSTALAÇÃO. AF_12/2019","UN",979.99,0]
["Esquadrias - Portas",91319,"KIT DE PORTA DE MADEIRA PARA PINTURA, SEMI-OCA (LEVE OU MÉDIA), PADRÃO POPULAR, 70X210CM, ESPESSURA DE 3,5CM, ITENS INCLUSOS: DOBRADIÇAS, MONTAGEM E INSTALAÇÃO DO BATENTE, SEM FECHADURA - FORNECIMENTO E INSTALAÇÃO. AF_12/2019","UN",879.21,0]
["Esquadrias - Portas",91314,"KIT DE PORTA DE MADEIRA PARA PINTURA, SEMI-OCA (LEVE OU MÉDIA), PADRÃO POPULAR, 80X210CM, ESPESSURA DE 3,5CM, ITENS INCLUSOS: DOBRADIÇAS, MONTAGEM E INSTALAÇÃO DO BATENTE, FECHADURA COM EXECUÇÃO DO FURO - FORNECIMENTO E INSTALAÇÃO. AF_12/2019","UN",1030.3599999999999,0]
["Esquadrias - Portas",91320,"KIT DE PORTA DE MADEIRA PARA PINTURA, SEMI-OCA (LEVE OU MÉDIA), PADRÃO POPULAR, 80X210CM, ESPESSURA DE 3,5CM, ITENS INCLUSOS: DOBRADIÇAS, MONTAGEM E INSTALAÇÃO DO BATENTE, SEM FECHADURA - FORNECIMENTO E INSTALAÇÃO. AF_12/2019","UN",911.67,0]
["Esquadrias - Portas",91315,"KIT DE PORTA DE MADEIRA PARA PINTURA, SEMI-OCA (LEVE OU MÉDIA), PADRÃO POPULAR, 90X210CM, ESPESSURA DE 3,5CM, ITENS INCLUSOS: DOBRADIÇAS, MONTAGEM E INSTALAÇÃO DO BATENTE, FECHADURA COM EXECUÇÃO DO FURO - FORNECIMENTO E INSTALAÇÃO. AF_12/2019","UN",1137.92,0]
["Esquadrias - Portas",91321,"KIT DE PORTA DE MADEIRA PARA PINTURA, SEMI-OCA (LEVE OU MÉDIA), PADRÃO POPULAR, 90X210CM, ESPESSURA DE 3,5CM, ITENS INCLUSOS: DOBRADIÇAS, MONTAGEM E INSTALAÇÃO DO BATENTE, SEM FECHADURA - FORNECIMENTO E INSTALAÇÃO. AF_12/2019","UN",1019.23,0]
["Esquadrias - Portas",90845,"KIT DE PORTA DE MADEIRA PARA PINTURA, SEMI-OCA (PESADA OU SUPERPESADA), PADRÃO MÉDIO, 80X210CM, ESPESSURA DE 3,5CM, ITENS INCLUSOS: DOBRADIÇAS, MONTAGEM E INSTALAÇÃO DO BATENTE, FECHADURA COM EXECUÇÃO DO FURO - FORNECIMENTO E INSTALAÇÃO. AF_12/2019","UN",1591.26,0]
["Esquadrias - Portas",90851,"KIT DE PORTA DE MADEIRA PARA PINTURA, SEMI-OCA (PESADA OU SUPERPESADA), PADRÃO MÉDIO, 80X210CM, ESPESSURA DE 3,5CM, ITENS INCLUSOS: DOBRADIÇAS, MONTAGEM E INSTALAÇÃO DO BATENTE, SEM FECHADURA - FORNECIMENTO E INSTALAÇÃO. AF_12/2019","UN",1396.19,0]
["Esquadrias - Portas",90846,"KIT DE PORTA DE MADEIRA PARA PINTURA, SEMI-OCA (PESADA OU SUPERPESADA), PADRÃO MÉDIO, 90X210CM, ESPESSURA DE 3,5CM, ITENS INCLUSOS: DOBRADIÇAS, MONTAGEM E INSTALAÇÃO DO BATENTE, FECHADURA COM EXECUÇÃO DO FURO - FORNECIMENTO E INSTALAÇÃO. AF_12/2019","UN",1685.69,0]
["Esquadrias - Portas",90852,"KIT DE PORTA DE MADEIRA PARA PINTURA, SEMI-OCA (PESADA OU SUPERPESADA), PADRÃO MÉDIO, 90X210CM, ESPESSURA DE 3,5CM, ITENS INCLUSOS: DOBRADIÇAS, MONTAGEM E INSTALAÇÃO DO BATENTE, SEM FECHADURA - FORNECIMENTO E INSTALAÇÃO. AF_12/2019","UN",1490.62,0]
["Esquadrias - Portas",91316,"KIT DE PORTA DE MADEIRA PARA PINTURA, SEMI-OCA (PESADA OU SUPERPESADA), PADRÃO POPULAR, 80X210CM, ESPESSURA DE 3,5CM, ITENS INCLUSOS: DOBRADIÇAS, MONTAGEM E INSTALAÇÃO DO BATENTE, FECHADURA COM EXECUÇÃO DO FURO - FORNECIMENTO E INSTALAÇÃO. AF_12/2019","UN",1378.9,0]
["Esquadrias - Portas",91322,"KIT DE PORTA DE MADEIRA PARA PINTURA, SEMI-OCA (PESADA OU SUPERPESADA), PADRÃO POPULAR, 80X210CM, ESPESSURA DE 3,5CM, ITENS INCLUSOS: DOBRADIÇAS, MONTAGEM E INSTALAÇÃO DO BATENTE, SEM FECHADURA - FORNECIMENTO E INSTALAÇÃO. AF_12/2019","UN",1260.21,0]
["Esquadrias - Portas",91317,"KIT DE PORTA DE MADEIRA PARA PINTURA, SEMI-OCA (PESADA OU SUPERPESADA), PADRÃO POPULAR, 90X210CM, ESPESSURA DE 3,5CM, ITENS INCLUSOS: DOBRADIÇAS, MONTAGEM E INSTALAÇÃO DO BATENTE, FECHADURA COM EXECUÇÃO DO FURO - FORNECIMENTO E INSTALAÇÃO. AF_12/2019","UN",1472.49,0]
["Esquadrias - Portas",91323,"KIT DE PORTA DE MADEIRA PARA PINTURA, SEMI-OCA (PESADA OU SUPERPESADA), PADRÃO POPULAR, 90X210CM, ESPESSURA DE 3,5CM, ITENS INCLUSOS: DOBRADIÇAS, MONTAGEM E INSTALAÇÃO DO BATENTE, SEM FECHADURA - FORNECIMENTO E INSTALAÇÃO. AF_12/2019","UN",1353.8,0]
["Esquadrias - Portas",100678,"KIT DE PORTA DE MADEIRA PARA VERNIZ, SEMI-OCA (LEVE OU MÉDIA), PADRÃO MÉDIO, 60X210CM, ESPESSURA DE 3,5CM, ITENS INCLUSOS: DOBRADIÇAS, MONTAGEM E INSTALAÇÃO DE BATENTE, FECHADURA COM EXECUÇÃO DO FURO - FORNECIMENTO E INSTALAÇÃO. AF_12/2019","UN",1189.95,0]
["Esquadrias - Portas",91013,"KIT DE PORTA DE MADEIRA PARA VERNIZ, SEMI-OCA (LEVE OU MÉDIA), PADRÃO MÉDIO, 60X210CM, ESPESSURA DE 3,5CM, ITENS INCLUSOS: DOBRADIÇAS, MONTAGEM E INSTALAÇÃO DO BATENTE, SEM FECHADURA - FORNECIMENTO E INSTALAÇÃO. AF_12/2019","UN",1018.9,0]
["Esquadrias - Portas",100680,"KIT DE PORTA DE MADEIRA PARA VERNIZ, SEMI-OCA (LEVE OU MÉDIA), PADRÃO MÉDIO, 70X210CM, ESPESSURA DE 3,5CM, ITENS INCLUSOS: DOBRADIÇAS, MONTAGEM E INSTALAÇÃO DE BATENTE, FECHADURA COM EXECUÇÃO DO FURO - FORNECIMENTO E INSTALAÇÃO. AF_12/2019","UN",1201.1400000000001,0]
["Esquadrias - Portas",91014,"KIT DE PORTA DE MADEIRA PARA VERNIZ, SEMI-OCA (LEVE OU MÉDIA), PADRÃO MÉDIO, 70X210CM, ESPESSURA DE 3,5CM, ITENS INCLUSOS: DOBRADIÇAS, MONTAGEM E INSTALAÇÃO DO BATENTE, SEM FECHADURA - FORNECIMENTO E INSTALAÇÃO. AF_12/2019","UN",1030.0899999999999,0]
["Esquadrias - Portas",100683,"KIT DE PORTA DE MADEIRA PARA VERNIZ, SEMI-OCA (LEVE OU MÉDIA), PADRÃO MÉDIO, 80X210CM, ESPESSURA DE 3,5CM, ITENS INCLUSOS: DOBRADIÇAS, MONTAGEM E INSTALAÇÃO DE BATENTE, FECHADURA COM EXECUÇÃO DO FURO - FORNECIMENTO E INSTALAÇÃO. AF_12/2019","UN",1303.75,0]
["Esquadrias - Portas",91015,"KIT DE PORTA DE MADEIRA PARA VERNIZ, SEMI-OCA (LEVE OU MÉDIA), PADRÃO MÉDIO, 80X210CM, ESPESSURA DE 3,5CM, ITENS INCLUSOS: DOBRADIÇAS, MONTAGEM E INSTALAÇÃO DO BATENTE, SEM FECHADURA - FORNECIMENTO E INSTALAÇÃO. AF_12/2019","UN",1108.68,0]
["Esquadrias - Portas",100685,"KIT DE PORTA DE MADEIRA PARA VERNIZ, SEMI-OCA (LEVE OU MÉDIA), PADRÃO MÉDIO, 90X210CM, ESPESSURA DE 3,5CM, ITENS INCLUSOS: DOBRADIÇAS, MONTAGEM E INSTALAÇÃO DE BATENTE, FECHADURA COM EXECUÇÃO DO FURO - FORNECIMENTO E INSTALAÇÃO. AF_12/2019","UN",1364.44,0]
["Esquadrias - Portas",91016,"KIT DE PORTA DE MADEIRA PARA VERNIZ, SEMI-OCA (LEVE OU MÉDIA), PADRÃO MÉDIO, 90X210CM, ESPESSURA DE 3,5CM, ITENS INCLUSOS: DOBRADIÇAS, MONTAGEM E INSTALAÇÃO DO BATENTE, SEM FECHADURA - FORNECIMENTO E INSTALAÇÃO. AF_12/2019","UN",1169.3699999999999,0]
["Esquadrias - Portas",100679,"KIT DE PORTA DE MADEIRA PARA VERNIZ, SEMI-OCA (LEVE OU MÉDIA), PADRÃO POPULAR, 60X210CM, ESPESSURA DE 3,5CM, ITENS INCLUSOS: DOBRADIÇAS, MONTAGEM E INSTALAÇÃO DE BATENTE, FECHADURA COM EXECUÇÃO DO FURO - FORNECIMENTO E INSTALAÇÃO. AF_12/2019","UN",1003.12,0]
["Esquadrias - Portas",91324,"KIT DE PORTA DE MADEIRA PARA VERNIZ, SEMI-OCA (LEVE OU MÉDIA), PADRÃO POPULAR, 60X210CM, ESPESSURA DE 3,5CM, ITENS INCLUSOS: DOBRADIÇAS, MONTAGEM E INSTALAÇÃO DO BATENTE, SEM FECHADURA - FORNECIMENTO E INSTALAÇÃO. AF_12/2019","UN",884.61,0]
["Esquadrias - Portas",100712,"KIT DE PORTA DE MADEIRA PARA VERNIZ, SEMI-OCA (LEVE OU MÉDIA), PADRÃO POPULAR, 70X210CM, ESPESSURA DE 3,5CM, ITENS INCLUSOS: DOBRADIÇAS, MONTAGEM E INSTALAÇÃO DE BATENTE, FECHADURA COM EXECUÇÃO DO FURO - FORNECIMENTO E INSTALAÇÃO. AF_12/2019","UN",995.73,0]
["Esquadrias - Portas",91325,"KIT DE PORTA DE MADEIRA PARA VERNIZ, SEMI-OCA (LEVE OU MÉDIA), PADRÃO POPULAR, 70X210CM, ESPESSURA DE 3,5CM, ITENS INCLUSOS: DOBRADIÇAS, MONTAGEM E INSTALAÇÃO DO BATENTE, SEM FECHADURA - FORNECIMENTO E INSTALAÇÃO. AF_12/2019","UN",894.95,0]
["Esquadrias - Portas",100684,"KIT DE PORTA DE MADEIRA PARA VERNIZ, SEMI-OCA (LEVE OU MÉDIA), PADRÃO POPULAR, 80X210CM, ESPESSURA DE 3,5CM, ITENS INCLUSOS: DOBRADIÇAS, MONTAGEM E INSTALAÇÃO DE BATENTE, FECHADURA COM EXECUÇÃO DO FURO - FORNECIMENTO E INSTALAÇÃO. AF_12/2019","UN",1091.3900000000001,0]
["Esquadrias - Portas",91326,"KIT DE PORTA DE MADEIRA PARA VERNIZ, SEMI-OCA (LEVE OU MÉDIA), PADRÃO POPULAR, 80X210CM, ESPESSURA DE 3,5CM, ITENS INCLUSOS: DOBRADIÇAS, MONTAGEM E INSTALAÇÃO DO BATENTE, SEM FECHADURA - FORNECIMENTO E INSTALAÇÃO. AF_12/2019","UN",972.7,0]
["Esquadrias - Portas",91327,"KIT DE PORTA DE MADEIRA PARA VERNIZ, SEMI-OCA (LEVE OU MÉDIA), PADRÃO POPULAR, 90X210CM, ESPESSURA DE 3,5CM, ITENS INCLUSOS: DOBRADIÇAS, MONTAGEM E INSTALAÇÃO DO BATENTE, SEM FECHADURA - FORNECIMENTO E INSTALAÇÃO. AF_12/2019","UN",1032.55,0]
["Esquadrias - Portas",100686,"KIT DE PORTA DE MADEIRA PARA VERNIZ, SEMI-OCA (LEVE OU MÉDIA), PADRÃO POPULAR, 90X210CM, ESPESSURA DE 3CM, ITENS INCLUSOS: DOBRADIÇAS, MONTAGEM E INSTALAÇÃO DE BATENTE, FECHADURA COM EXECUÇÃO DO FURO - FORNECIMENTO E INSTALAÇÃO. AF_12/2019","UN",1151.24,0]
["Esquadrias - Portas",100693,"KIT DE PORTA DE MADEIRA TIPO MEXICANA, MACIÇA (PESADA OU SUPERPESADA), PADRÃO MÉDIO, 80X210CM, ESPESSURA DE 3,5CM, ITENS INCLUSOS: DOBRADIÇAS, MONTAGEM E INSTALAÇÃO DE BATENTE, FECHADURA COM EXECUÇÃO DO FURO - FORNECIMENTO E INSTALAÇÃO. AF_12/2019","UN",2062.7600000000002,0.53339999999999999]
["Esquadrias - Portas",91336,"KIT DE PORTA DE MADEIRA TIPO MEXICANA, MACIÇA (PESADA OU SUPERPESADA), PADRÃO MÉDIO, 80X210CM, ESPESSURA DE 3CM, ITENS INCLUSOS: DOBRADIÇAS, MONTAGEM E INSTALAÇÃO DO BATENTE, SEM FECHADURA - FORNECIMENTO E INSTALAÇÃO. AF_12/2019","UN",1867.69,0.58909999999999996]
["Esquadrias - Portas",100694,"KIT DE PORTA DE MADEIRA TIPO MEXICANA, MACIÇA (PESADA OU SUPERPESADA), PADRÃO POPULAR, 80X210CM, ESPESSURA DE 3,5CM, ITENS INCLUSOS: DOBRADIÇAS, MONTAGEM E INSTALAÇÃO DE BATENTE, FECHADURA COM EXECUÇÃO DO FURO - FORNECIMENTO E INSTALAÇÃO. AF_12/2019","UN",1850.4,0.59460000000000002]
["Esquadrias - Portas",91337,"KIT DE PORTA DE MADEIRA TIPO MEXICANA, MACIÇA (PESADA OU SUPERPESADA), PADRÃO POPULAR, 80X210CM, ESPESSURA DE 3CM, ITENS INCLUSOS: DOBRADIÇAS, MONTAGEM E INSTALAÇÃO DO BATENTE, SEM FECHADURA - FORNECIMENTO E INSTALAÇÃO. AF_12/2019","UN",1731.71,0.63539999999999996]
["Esquadrias - Portas",100691,"KIT DE PORTA DE MADEIRA TIPO VENEZIANA, 80X210CM (ESPESSURA DE 3CM), PADRÃO MÉDIO, ITENS INCLUSOS: DOBRADIÇAS, MONTAGEM E INSTALAÇÃO DE BATENTE, FECHADURA COM EXECUÇÃO DO FURO - FORNECIMENTO E INSTALAÇÃO. AF_12/2019","UN",1703.92,0.44940000000000002]
["Esquadrias - Portas",100692,"KIT DE PORTA DE MADEIRA TIPO VENEZIANA, 80X210CM (ESPESSURA DE 3CM), PADRÃO POPULAR, ITENS INCLUSOS: DOBRADIÇAS, MONTAGEM E INSTALAÇÃO DE BATENTE, FECHADURA COM EXECUÇÃO DO FURO - FORNECIMENTO E INSTALAÇÃO. AF_12/2019","UN",1491.56,0.51339999999999997]
["Esquadrias - Portas",91334,"KIT DE PORTA DE MADEIRA TIPO VENEZIANA, PADRÃO MÉDIO, 80X210CM, ESPESSURA DE 3CM, ITENS INCLUSOS: DOBRADIÇAS, MONTAGEM E INSTALAÇÃO DO BATENTE, SEM FECHADURA - FORNECIMENTO E INSTALAÇÃO. AF_12/2019","UN",1508.85,0.50749999999999995]
["Esquadrias - Portas",91335,"KIT DE PORTA DE MADEIRA TIPO VENEZIANA, PADRÃO POPULAR, 80X210CM, ESPESSURA DE 3CM, ITENS INCLUSOS: DOBRADIÇAS, MONTAGEM E INSTALAÇÃO DO BATENTE, SEM FECHADURA - FORNECIMENTO E INSTALAÇÃO. AF_12/2019","UN",1372.87,0.55779999999999996]
["Esquadrias - Portas",90788,"KIT DE PORTA-PRONTA DE MADEIRA EM ACABAMENTO MELAMÍNICO BRANCO, FOLHA LEVE OU MÉDIA, 60X210CM, EXCLUSIVE FECHADURA, FIXAÇÃO COM PREENCHIMENTO PARCIAL DE ESPUMA EXPANSIVA - FORNECIMENTO E INSTALAÇÃO. AF_12/2019","UN",1096.45,0]
["Esquadrias - Portas",90789,"KIT DE PORTA-PRONTA DE MADEIRA EM ACABAMENTO MELAMÍNICO BRANCO, FOLHA LEVE OU MÉDIA, 70X210CM, EXCLUSIVE FECHADURA, FIXAÇÃO COM PREENCHIMENTO PARCIAL DE ESPUMA EXPANSIVA - FORNECIMENTO E INSTALAÇÃO. AF_12/2019","UN",1098.3900000000001,0]
["Esquadrias - Portas",90790,"KIT DE PORTA-PRONTA DE MADEIRA EM ACABAMENTO MELAMÍNICO BRANCO, FOLHA LEVE OU MÉDIA, 80X210CM, EXCLUSIVE FECHADURA, FIXAÇÃO COM PREENCHIMENTO PARCIAL DE ESPUMA EXPANSIVA - FORNECIMENTO E INSTALAÇÃO. AF_12/2019","UN",1132.8,0]
["Esquadrias - Portas",100675,"KIT DE PORTA-PRONTA DE MADEIRA EM ACABAMENTO MELAMÍNICO BRANCO, FOLHA LEVE OU MÉDIA, 90X210, EXCLUSIVE FECHADURA, FIXAÇÃO COM PREENCHIMENTO TOTAL DE ESPUMA EXPANSIVA - FORNECIMENTO E INSTALAÇÃO. AF_12/2019","UN",1242.3800000000001,0]
["Esquadrias - Portas",90794,"KIT DE PORTA-PRONTA DE MADEIRA EM ACABAMENTO MELAMÍNICO BRANCO, FOLHA LEVE OU MÉDIA, E BATENTE METÁLICO, 60X210CM, FIXAÇÃO COM ARGAMASSA - FORNECIMENTO E INSTALAÇÃO. AF_12/2019","UN",939.48,0]
["Esquadrias - Portas",90795,"KIT DE PORTA-PRONTA DE MADEIRA EM ACABAMENTO MELAMÍNICO BRANCO, FOLHA LEVE OU MÉDIA, E BATENTE METÁLICO, 70X210CM, FIXAÇÃO COM ARGAMASSA - FORNECIMENTO E INSTALAÇÃO. AF_12/2019","UN",947.75,0]
["Esquadrias - Portas",90796,"KIT DE PORTA-PRONTA DE MADEIRA EM ACABAMENTO MELAMÍNICO BRANCO, FOLHA LEVE OU MÉDIA, E BATENTE METÁLICO, 80X210CM, FIXAÇÃO COM ARGAMASSA - FORNECIMENTO E INSTALAÇÃO. AF_12/2019","UN",956.03,0]
["Esquadrias - Portas",90797,"KIT DE PORTA-PRONTA DE MADEIRA EM ACABAMENTO MELAMÍNICO BRANCO, FOLHA LEVE OU MÉDIA, E BATENTE METÁLICO, 90X210CM, FIXAÇÃO COM ARGAMASSA - FORNECIMENTO E INSTALAÇÃO. AF_12/2019","UN",964.31,0]
["Esquadrias - Portas",90791,"KIT DE PORTA-PRONTA DE MADEIRA EM ACABAMENTO MELAMÍNICO BRANCO, FOLHA PESADA OU SUPERPESADA, 80X210CM, FIXAÇÃO COM PREENCHIMENTO PARCIAL DE ESPUMA EXPANSIVA - FORNECIMENTO E INSTALAÇÃO. AF_12/2019","UN",1327.71,0]
["Esquadrias - Portas",90793,"KIT DE PORTA-PRONTA DE MADEIRA EM ACABAMENTO MELAMÍNICO BRANCO, FOLHA PESADA OU SUPERPESADA, 90X210CM, FIXAÇÃO COM PREENCHIMENTO TOTAL DE ESPUMA EXPANSIVA - FORNECIMENTO E INSTALAÇÃO. AF_12/2019","UN",1394.5,0]
["Esquadrias - Portas",90798,"KIT DE PORTA-PRONTA DE MADEIRA EM ACABAMENTO MELAMÍNICO BRANCO, FOLHA PESADA OU SUPERPESADA, E BATENTE METÁLICO, 80X210CM, FIXAÇÃO COM ARGAMASSA - FORNECIMENTO E INSTALAÇÃO. AF_12/2019","UN",1405.25,0]
["Esquadrias - Portas",90799,"KIT DE PORTA-PRONTA DE MADEIRA EM ACABAMENTO MELAMÍNICO BRANCO, FOLHA PESADA OU SUPERPESADA, E BATENTE METÁLICO, 90X210CM, FIXAÇÃO COM ARGAMASSA - FORNECIMENTO E INSTALAÇÃO. AF_12/2019","UN",1449.35,0]
["Esquadrias - Portas",100704,"PORTA CADEADO ZINCADO OXIDADO PRETO COM CADEADO DE AÇO INOX, LARGURA DE *50* MM. AF_12/2019","UN",69.510000000000005,0]
["Esquadrias - Portas",90838,"PORTA CORTA-FOGO 90X210X4CM - FORNECIMENTO E INSTALAÇÃO. AF_12/2019","UN",1765.7,0.89839999999999998]
["Esquadrias - Portas",91338,"PORTA DE ALUMÍNIO DE ABRIR COM LAMBRI, COM GUARNIÇÃO, FIXAÇÃO COM PARAFUSOS - FORNECIMENTO E INSTALAÇÃO. AF_12/2019","M2",912.61,0.93889999999999996]
["Esquadrias - Portas",94805,"PORTA DE ALUMÍNIO DE ABRIR PARA VIDRO SEM GUARNIÇÃO, 87X210CM, FIXAÇÃO COM PARAFUSOS, INCLUSIVE VIDROS - FORNECIMENTO E INSTALAÇÃO. AF_12/2019","UN",900.96,0.88700000000000001]
["Esquadrias - Portas",100702,"PORTA DE CORRER DE ALUMÍNIO, COM DUAS FOLHAS PARA VIDRO, INCLUSO VIDRO LISO INCOLOR, FECHADURA E PUXADOR, SEM ALIZAR. AF_12/2019","M2",499.65,0.96509999999999996]
["Esquadrias - Portas",100701,"PORTA DE FERRO, DE ABRIR, TIPO GRADE COM CHAPA, COM GUARNIÇÕES. AF_12/2019","M2",700.54,0.95909999999999995]
["Esquadrias - Portas",100700,"PORTA DE MADEIRA COMPENSADA LISA PARA PINTURA, 120X210X3,5CM, 2 FOLHAS, INCLUSO ADUELA 2A, ALIZAR 2A E DOBRADIÇAS. AF_12/2019","UN",1047.04,0]
["Esquadrias - Portas",91295,"PORTA DE MADEIRA FRISADA, SEMI-OCA (LEVE OU MÉDIA), 60X210CM, ESPESSURA DE 3CM, INCLUSO DOBRADIÇAS - FORNECIMENTO E INSTALAÇÃO. AF_12/2019","UN",441,0]
["Esquadrias - Portas",91296,"PORTA DE MADEIRA FRISADA, SEMI-OCA (LEVE OU MÉDIA), 70X210CM, ESPESSURA DE 3CM, INCLUSO DOBRADIÇAS - FORNECIMENTO E INSTALAÇÃO. AF_12/2019","UN",472.87,0]
["Esquadrias - Portas",91297,"PORTA DE MADEIRA FRISADA, SEMI-OCA (LEVE OU MÉDIA), 80X210CM, ESPESSURA DE 3,5CM, INCLUSO DOBRADIÇAS - FORNECIMENTO E INSTALAÇÃO. AF_12/2019","UN",521.09,0]
["Esquadrias - Portas",90820,"PORTA DE MADEIRA PARA PINTURA, SEMI-OCA (LEVE OU MÉDIA), 60X210CM, ESPESSURA DE 3,5CM, INCLUSO DOBRADIÇAS - FORNECIMENTO E INSTALAÇÃO. AF_12/2019","UN",412.95,0]
["Esquadrias - Portas",90821,"PORTA DE MADEIRA PARA PINTURA, SEMI-OCA (LEVE OU MÉDIA), 70X210CM, ESPESSURA DE 3,5CM, INCLUSO DOBRADIÇAS - FORNECIMENTO E INSTALAÇÃO. AF_12/2019","UN",420.76,0]
["Esquadrias - Portas",90822,"PORTA DE MADEIRA PARA PINTURA, SEMI-OCA (LEVE OU MÉDIA), 80X210CM, ESPESSURA DE 3,5CM, INCLUSO DOBRADIÇAS - FORNECIMENTO E INSTALAÇÃO. AF_12/2019","UN",451.39,0]
["Esquadrias - Portas",90823,"PORTA DE MADEIRA PARA PINTURA, SEMI-OCA (LEVE OU MÉDIA), 90X210CM, ESPESSURA DE 3,5CM, INCLUSO DOBRADIÇAS - FORNECIMENTO E INSTALAÇÃO. AF_12/2019","UN",557.13,0]
["Esquadrias - Portas",90824,"PORTA DE MADEIRA PARA PINTURA, SEMI-OCA (PESADA OU SUPERPESADA), 80X210CM, ESPESSURA DE 3,5CM, INCLUSO DOBRADIÇAS - FORNECIMENTO E INSTALAÇÃO. AF_12/2019","UN",799.93,0]
["Esquadrias - Portas",91009,"PORTA DE MADEIRA PARA VERNIZ, SEMI-OCA (LEVE OU MÉDIA), 60X210CM, ESPESSURA DE 3,5CM, INCLUSO DOBRADIÇAS - FORNECIMENTO E INSTALAÇÃO. AF_12/2019","UN",427.98,0]
["Esquadrias - Portas",91010,"PORTA DE MADEIRA PARA VERNIZ, SEMI-OCA (LEVE OU MÉDIA), 70X210CM, ESPESSURA DE 3,5CM, INCLUSO DOBRADIÇAS - FORNECIMENTO E INSTALAÇÃO. AF_12/2019","UN",436.5,0]
["Esquadrias - Portas",91011,"PORTA DE MADEIRA PARA VERNIZ, SEMI-OCA (LEVE OU MÉDIA), 80X210CM, ESPESSURA DE 3,5CM, INCLUSO DOBRADIÇAS - FORNECIMENTO E INSTALAÇÃO. AF_12/2019","UN",512.41999999999996,0]
["Esquadrias - Portas",91012,"PORTA DE MADEIRA PARA VERNIZ, SEMI-OCA (LEVE OU MÉDIA), 90X210CM, ESPESSURA DE 3,5CM, INCLUSO DOBRADIÇAS - FORNECIMENTO E INSTALAÇÃO. AF_12/2019","UN",570.45000000000005,0]
["Esquadrias - Portas",91298,"PORTA DE MADEIRA TIPO VENEZIANA, 80X210CM, ESPESSURA DE 3CM, INCLUSO DOBRADIÇAS - FORNECIMENTO E INSTALAÇÃO. AF_12/2019","UN",912.59,0.83909999999999996]
["Esquadrias - Portas",90825,"PORTA DE MADEIRA, MACIÇA (PESADA OU SUPERPESADA), 90X210CM, ESPESSURA DE 3,5CM, INCLUSO DOBRADIÇAS - FORNECIMENTO E INSTALAÇÃO. AF_12/2019","UN",891.7,0]
["Esquadrias - Portas",91299,"PORTA DE MADEIRA, TIPO MEXICANA, MACIÇA (PESADA OU SUPERPESADA), 80X210CM, ESPESSURA DE 3,5CM, INCLUSO DOBRADIÇAS - FORNECIMENTO E INSTALAÇÃO. AF_12/2019","UN",1271.43,0.86539999999999995]
["Esquadrias - Portas",91341,"PORTA EM ALUMÍNIO DE ABRIR TIPO VENEZIANA COM GUARNIÇÃO, FIXAÇÃO COM PARAFUSOS - FORNECIMENTO E INSTALAÇÃO. AF_12/2019","M2",714.23,0.9204]
["Esquadrias - Portas",94806,"PORTA EM AÇO DE ABRIR PARA VIDRO SEM GUARNIÇÃO, 87X210CM, FIXAÇÃO COM PARAFUSOS, EXCLUSIVE VIDROS - FORNECIMENTO E INSTALAÇÃO. AF_12/2019","UN",827.5,0.86329999999999996]
["Esquadrias - Portas",94807,"PORTA EM AÇO DE ABRIR TIPO VENEZIANA SEM GUARNIÇÃO, 87X210CM, FIXAÇÃO COM PARAFUSOS - FORNECIMENTO E INSTALAÇÃO. AF_12/2019","UN",755.05,0.84750000000000003]
["Esquadrias - Portas",100703,"PUXADOR CENTRAL PARA ESQUADRIA DE MADEIRA. AF_12/2019","UN",33.229999999999997,0]
["Esquadrias - Portas",100695,"RECOLOCAÇÃO DE FOLHAS DE PORTA DE MADEIRA LEVE OU MÉDIA DE 60CM DE LARGURA, CONSIDERANDO REAPROVEITAMENTO DO MATERIAL. AF_12/2019","UN",66.88,0]
["Esquadrias - Portas",100696,"RECOLOCAÇÃO DE FOLHAS DE PORTA DE MADEIRA LEVE OU MÉDIA DE 70CM DE LARGURA, CONSIDERANDO REAPROVEITAMENTO DO MATERIAL. AF_12/2019","UN",74.34,0]
["Esquadrias - Portas",100697,"RECOLOCAÇÃO DE FOLHAS DE PORTA DE MADEIRA LEVE OU MÉDIA DE 80CM DE LARGURA, CONSIDERANDO REAPROVEITAMENTO DO MATERIAL. AF_12/2019","UN",81.84,0]
["Esquadrias - Portas",100698,"RECOLOCAÇÃO DE FOLHAS DE PORTA DE MADEIRA LEVE OU MÉDIA DE 90CM DE LARGURA, CONSIDERANDO REAPROVEITAMENTO DO MATERIAL. AF_12/2019","UN",89.32,0]
["Esquadrias - Portas",100699,"RECOLOCAÇÃO DE FOLHAS DE PORTA DE MADEIRA PESADA OU SUPERPESADA DE 80CM DE LARGURA, CONSIDERANDO REAPROVEITAMENTO DO MATERIAL. AF_12/2019","UN",106.13,0]
["Esquadrias - Portas",100705,"TARJETA TIPO LIVRE/OCUPADO PARA PORTA DE BANHEIRO. AF_12/2019","UN",81.709999999999994,0]
["Estacas Broca, Strauss e Escavada com Fluido Estabilizante",101173,"ESTACA BROCA DE CONCRETO, DIÂMETRO DE 20CM, ESCAVAÇÃO MANUAL COM TRADO CONCHA, COM ARMADURA DE ARRANQUE. AF_05/2020","M",66.41,0]
["Estacas Broca, Strauss e Escavada com Fluido Estabilizante",101174,"ESTACA BROCA DE CONCRETO, DIÂMETRO DE 25CM, ESCAVAÇÃO MANUAL COM TRADO CONCHA, COM ARMADURA DE ARRANQUE. AF_05/2020","M",94.31,0]
["Estacas Broca, Strauss e Escavada com Fluido Estabilizante",101175,"ESTACA BROCA DE CONCRETO, DIÂMETRO DE 30CM, ESCAVAÇÃO MANUAL COM TRADO CONCHA, COM ARMADURA DE ARRANQUE. AF_05/2020","M",128.9,0]
["Estacas Broca, Strauss e Escavada com Fluido Estabilizante",101176,"ESTACA BROCA DE CONCRETO, DIÂMETRO DE 30CM, ESCAVAÇÃO MANUAL COM TRADO CONCHA, INTEIRAMENTE ARMADA. AF_05/2020","M",156.12,2.8999999999999998E-3]
["Estacas Broca, Strauss e Escavada com Fluido Estabilizante",101183,"ESTACA CIRCULAR ESCAVADA COM FLUIDO ESTABILIZANTE (ESTACÃO), DIÂMETRO DE 110CM (EXCLUSIVE MOBILIZAÇÃO E DESMOBILIZAÇÃO). AF_05/2020","M",0]
["Estacas Broca, Strauss e Escavada com Fluido Estabilizante",101184,"ESTACA CIRCULAR ESCAVADA COM FLUIDO ESTABILIZANTE (ESTACÃO), DIÂMETRO DE 140CM (EXCLUSIVE MOBILIZAÇÃO E DESMOBILIZAÇÃO). AF_05/2020","M",0]
["Estacas Broca, Strauss e Escavada com Fluido Estabilizante",101182,"ESTACA CIRCULAR ESCAVADA COM FLUIDO ESTABILIZANTE (ESTACÃO), DIÂMETRO DE 80CM (EXCLUSIVE MOBILIZAÇÃO E DESMOBILIZAÇÃO). AF_05/2020","M",0]
["Estacas Broca, Strauss e Escavada com Fluido Estabilizante",101185,"ESTACA RETANGULAR ESCAVADA COM FLUIDO ESTABILIZANTE (BARRETE), 40 X 250CM (EXCLUSIVE MOBILIZAÇÃO E DESMOBILIZAÇÃO). AF_05/2020","M",0]
["Estacas Broca, Strauss e Escavada com Fluido Estabilizante",101186,"ESTACA RETANGULAR ESCAVADA COM FLUIDO ESTABILIZANTE (BARRETE), 60 X 250CM (EXCLUSIVE MOBILIZAÇÃO E DESMOBILIZAÇÃO). AF_05/2020","M",0]
["Estacas Broca, Strauss e Escavada com Fluido Estabilizante",101187,"ESTACA RETANGULAR ESCAVADA COM FLUIDO ESTABILIZANTE (BARRETE), 80 X 250CM (EXCLUSIVE MOBILIZAÇÃO E DESMOBILIZAÇÃO). AF_05/2020","M",0]
["Estacas Broca, Strauss e Escavada com Fluido Estabilizante",101177,"ESTACA STRAUSS, DIÂMETRO DE 25CM, COM ARMADURA DE ARRANQUE (EXCLUSIVE MOBILIZAÇÃO E DESMOBILIZAÇÃO). AF_05/2020","M",0]
["Estacas Broca, Strauss e Escavada com Fluido Estabilizante",101178,"ESTACA STRAUSS, DIÂMETRO DE 32CM, COM ARMADURA DE ARRANQUE (EXCLUSIVE MOBILIZAÇÃO E DESMOBILIZAÇÃO). AF_05/2020","M",0]
["Estacas Broca, Strauss e Escavada com Fluido Estabilizante",101180,"ESTACA STRAUSS, DIÂMETRO DE 32CM, INTEIRAMENTE ARMADA (EXCLUSIVE MOBILIZAÇÃO E DESMOBILIZAÇÃO). AF_05/2020","M",0]
["Estacas Broca, Strauss e Escavada com Fluido Estabilizante",101179,"ESTACA STRAUSS, DIÂMETRO DE 38CM, COM ARMADURA DE ARRANQUE (EXCLUSIVE MOBILIZAÇÃO E DESMOBILIZAÇÃO). AF_05/2020","M",0]
["Estacas Broca, Strauss e Escavada com Fluido Estabilizante",101181,"ESTACA STRAUSS, DIÂMETRO DE 38CM, INTEIRAMENTE ARMADA (EXCLUSIVE MOBILIZAÇÃO E DESMOBILIZAÇÃO). AF_05/2020","M",0]
["Estacas Escavadas Sem Fluido Estabilizante",100899,"ESTACA ESCAVADA MECANICAMENTE, SEM FLUIDO ESTABILIZANTE, COM 25CM DE DIÂMETRO, CONCRETO LANÇADO MANUALMENTE (EXCLUSIVE MOBILIZAÇÃO E DESMOBILIZAÇÃO). AF_01/2020","M",93.79,0.1162]
["Estacas Escavadas Sem Fluido Estabilizante",100896,"ESTACA ESCAVADA MECANICAMENTE, SEM FLUIDO ESTABILIZANTE, COM 25CM DE DIÂMETRO, CONCRETO LANÇADO POR CAMINHÃO BETONEIRA (EXCLUSIVE MOBILIZAÇÃO E DESMOBILIZAÇÃO). AF_01/2020","M",67.010000000000005,0.1545]
["Estacas Escavadas Sem Fluido Estabilizante",100897,"ESTACA ESCAVADA MECANICAMENTE, SEM FLUIDO ESTABILIZANTE, COM 40CM DE DIÂMETRO, CONCRETO LANÇADO POR CAMINHÃO BETONEIRA (EXCLUSIVE MOBILIZAÇÃO E DESMOBILIZAÇÃO). AF_01/2020","M",133.77000000000001,0.1026]
["Estacas Escavadas Sem Fluido Estabilizante",100900,"ESTACA ESCAVADA MECANICAMENTE, SEM FLUIDO ESTABILIZANTE, COM 60CM DE DIÂMETRO, CONCRETO LANÇADO POR BOMBA LANÇA (EXCLUSIVE BOMBEAMENTO, MOBILIZAÇÃO E DESMOBILIZAÇÃO). AF_01/2020","M",302.72000000000003,5.4600000000000003E-2]
["Estacas Escavadas Sem Fluido Estabilizante",100898,"ESTACA ESCAVADA MECANICAMENTE, SEM FLUIDO ESTABILIZANTE, COM 60CM DE DIÂMETRO, CONCRETO LANÇADO POR CAMINHÃO BETONEIRA (EXCLUSIVE MOBILIZAÇÃO E DESMOBILIZAÇÃO). AF_01/2020","M",262.05,6.3100000000000003E-2]
["Estacas Metálicas",100892,"ESTACA METÁLICA PARA CONTENÇÃO, UTILIZANDO PERFIL LAMINADO W250X32,7 (EXCLUSIVE MOBILIZAÇÃO E DESMOBILIZAÇÃO). AF_01/2020","KG",12.42,0.91869999999999996]
["Estacas Metálicas",100893,"ESTACA METÁLICA PARA CONTENÇÃO, UTILIZANDO PERFIL LAMINADO W250X38,5 (EXCLUSIVE MOBILIZAÇÃO E DESMOBILIZAÇÃO). AF_01/2020","KG",12.23,0.92969999999999997]
["Estacas Metálicas",100894,"ESTACA METÁLICA PARA CONTENÇÃO, UTILIZANDO PERFIL LAMINADO W250X44,8 (EXCLUSIVE MOBILIZAÇÃO E DESMOBILIZAÇÃO). AF_01/2020","KG",12.09,0.93710000000000004]
["Estacas Metálicas",100889,"ESTACA METÁLICA PARA FUNDAÇÃO, UTILIZANDO PERFIL LAMINADO HP250X62 (EXCLUSIVE MOBILIZAÇÃO E DESMOBILIZAÇÃO). AF_01/2020","KG",11.97,0.94489999999999996]
["Estacas Metálicas",100891,"ESTACA METÁLICA PARA FUNDAÇÃO, UTILIZANDO PERFIL LAMINADO HP310X125 (EXCLUSIVE MOBILIZAÇÃO E DESMOBILIZAÇÃO). AF_01/2020","KG",0]
["Estacas Metálicas",100890,"ESTACA METÁLICA PARA FUNDAÇÃO, UTILIZANDO PERFIL LAMINADO HP310X79 (EXCLUSIVE MOBILIZAÇÃO E DESMOBILIZAÇÃO). AF_01/2020","KG",11.78,0.95669999999999999]
["Estacas Pré-Moldadas",100658,"ESTACA PRÉ-MOLDADA DE CONCRETO CENTRIFUGADO, SEÇÃO CIRCULAR, CAPACIDADE DE 100 TONELADAS, INCLUSO EMENDA (EXCLUSIVE MOBILIZAÇÃO E DESMOBILIZAÇÃO). AF_12/2019","M",367.24,0.91849999999999998]
["Estacas Pré-Moldadas",100657,"ESTACA PRÉ-MOLDADA DE CONCRETO SEÇÃO QUADRADA, CAPACIDADE DE 50 TONELADAS, INCLUSO EMENDA (EXCLUSIVE MOBILIZAÇÃO E DESMOBILIZAÇÃO). AF_12/2019","M",157.46,0.85940000000000005]
["Estacas Pré-Moldadas",100656,"ESTACA PRÉ-MOLDADA DE CONCRETO, SEÇÃO QUADRADA, CAPACIDADE DE 25 TONELADAS, INCLUSO EMENDA (EXCLUSIVE MOBILIZAÇÃO E DESMOBILIZAÇÃO). AF_12/2019","M",121.64,0.82989999999999997]
["Estacas Raiz",102649,"ESTACA RAIZ, DIÂMETRO DE 20 CM, PERFURADA EM ROCHA (EXCLUSIVE MOBILIZAÇÃO E DESMOBILIZAÇÃO). AF_03/2020","M",0]
["Estacas Raiz",102645,"ESTACA RAIZ, DIÂMETRO DE 20 CM, SEM PRESENÇA DE ROCHA (EXCLUSIVE MOBILIZAÇÃO E DESMOBILIZAÇÃO). AF_03/2020","M",0]
["Estacas Raiz",102650,"ESTACA RAIZ, DIÂMETRO DE 31 CM, PERFURADA EM ROCHA (EXCLUSIVE MOBILIZAÇÃO E DESMOBILIZAÇÃO). AF_03/2020","M",0]
["Estacas Raiz",102646,"ESTACA RAIZ, DIÂMETRO DE 31 CM, SEM PRESENÇA DE ROCHA (EXCLUSIVE MOBILIZAÇÃO E DESMOBILIZAÇÃO). AF_03/2020","M",0]
["Estacas Raiz",102651,"ESTACA RAIZ, DIÂMETRO DE 40 CM, PERFURADA EM ROCHA (EXCLUSIVE MOBILIZAÇÃO E DESMOBILIZAÇÃO). AF_03/2020","M",0]
["Estacas Raiz",102647,"ESTACA RAIZ, DIÂMETRO DE 40 CM, SEM PRESENÇA DE ROCHA (EXCLUSIVE MOBILIZAÇÃO E DESMOBILIZAÇÃO). AF_03/2020","M",0]
["Estacas Raiz",102652,"ESTACA RAIZ, DIÂMETRO DE 45 CM, PERFURADA EM ROCHA (EXCLUSIVE MOBILIZAÇÃO E DESMOBILIZAÇÃO). AF_03/2020","M",0]
["Estacas Raiz",102648,"ESTACA RAIZ, DIÂMETRO DE 45 CM, SEM PRESENÇA DE ROCHA (EXCLUSIVE MOBILIZAÇÃO E DESMOBILIZAÇÃO). AF_03/2020","M",0]
["Estacas em Hélice Contínua",100651,"ESTACA HÉLICE CONTÍNUA, DIÂMETRO DE 30 CM, INCLUSO CONCRETO FCK=30MPA E ARMADURA MÍNIMA (EXCLUSIVE BOMBEAMENTO, MOBILIZAÇÃO E DESMOBILIZAÇÃO). AF_12/2019","M",154.16,0.2198]
["Estacas em Hélice Contínua",100652,"ESTACA HÉLICE CONTÍNUA, DIÂMETRO DE 50 CM, INCLUSO CONCRETO FCK=30MPA E ARMADURA MÍNIMA (EXCLUSIVE BOMBEAMENTO, MOBILIZAÇÃO E DESMOBILIZAÇÃO). AF_12/2019","M",299.04000000000002,0.13980000000000001]
["Estacas em Hélice Contínua",100653,"ESTACA HÉLICE CONTÍNUA, DIÂMETRO DE 70 CM, INCLUSO CONCRETO FCK=30MPA E ARMADURA MÍNIMA (EXCLUSIVE BOMBEAMENTO, MOBILIZAÇÃO E DESMOBILIZAÇÃO). AF_12/2019","M",499.66,9.8199999999999996E-2]
["Estacas em Hélice Contínua",100654,"ESTACA HÉLICE CONTÍNUA, DIÂMETRO DE 80 CM, INCLUSO CONCRETO FCK=30MPA E ARMADURA MÍNIMA (EXCLUSIVE BOMBEAMENTO, MOBILIZAÇÃO E DESMOBILIZAÇÃO). AF_12/2019","M",660.75,8.3500000000000005E-2]
["Estacas em Hélice Contínua",100655,"ESTACA HÉLICE CONTÍNUA, DIÂMETRO DE 90 CM, INCLUSO CONCRETO FCK=30MPA E ARMADURA MÍNIMA (EXCLUSIVE BOMBEAMENTO, MOBILIZAÇÃO E DESMOBILIZAÇÃO). AF_12/2019","M",772.16,8.4099999999999994E-2]
["Estrutura e Trama para Cobertura",100364,"FABRICAÇÃO E INSTALAÇÃO DE MEIA TESOURA DE MADEIRA NÃO APARELHADA, COM VÃO DE 10 M, PARA TELHA CERÂMICA OU DE CONCRETO, INCLUSO IÇAMENTO. AF_07/2019","UN",3135.73,0.127]
["Estrutura e Trama para Cobertura",100374,"FABRICAÇÃO E INSTALAÇÃO DE MEIA TESOURA DE MADEIRA NÃO APARELHADA, COM VÃO DE 10 M, PARA TELHA ONDULADA DE FIBROCIMENTO, ALUMÍNIO, PLÁSTICA OU TERMOACÚSTICA, INCLUSO IÇAMENTO. AF_07/2019","UN",2929.14,0.13600000000000001]
["Estrutura e Trama para Cobertura",100365,"FABRICAÇÃO E INSTALAÇÃO DE MEIA TESOURA DE MADEIRA NÃO APARELHADA, COM VÃO DE 11 M, PARA TELHA CERÂMICA OU DE CONCRETO, INCLUSO IÇAMENTO. AF_07/2019","UN",3618.61,0.1101]
["Estrutura e Trama para Cobertura",100375,"FABRICAÇÃO E INSTALAÇÃO DE MEIA TESOURA DE MADEIRA NÃO APARELHADA, COM VÃO DE 11 M, PARA TELHA ONDULADA DE FIBROCIMENTO, ALUMÍNIO, PLÁSTICA OU TERMOACÚSTICA, INCLUSO IÇAMENTO. AF_07/2019","UN",3311.43,0.1203]
["Estrutura e Trama para Cobertura",100366,"FABRICAÇÃO E INSTALAÇÃO DE MEIA TESOURA DE MADEIRA NÃO APARELHADA, COM VÃO DE 12 M, PARA TELHA CERÂMICA OU DE CONCRETO, INCLUSO IÇAMENTO. AF_07/2019","UN",3855.61,0.1033]
["Estrutura e Trama para Cobertura",100376,"FABRICAÇÃO E INSTALAÇÃO DE MEIA TESOURA DE MADEIRA NÃO APARELHADA, COM VÃO DE 12 M, PARA TELHA ONDULADA DE FIBROCIMENTO, ALUMÍNIO, PLÁSTICA OU TERMOACÚSTICA, INCLUSO IÇAMENTO. AF_07/2019","UN",3245.63,0.1227]
["Estrutura e Trama para Cobertura",100357,"FABRICAÇÃO E INSTALAÇÃO DE MEIA TESOURA DE MADEIRA NÃO APARELHADA, COM VÃO DE 3 M, PARA TELHA CERÂMICA OU DE CONCRETO, INCLUSO IÇAMENTO. AF_07/2019","UN",1103.58,5.4600000000000003E-2]
["Estrutura e Trama para Cobertura",100367,"FABRICAÇÃO E INSTALAÇÃO DE MEIA TESOURA DE MADEIRA NÃO APARELHADA, COM VÃO DE 3 M, PARA TELHA ONDULADA DE FIBROCIMENTO, ALUMÍNIO, PLÁSTICA OU TERMOACÚSTICA, INCLUSO IÇAMENTO. AF_07/2019","UN",1076.0899999999999,5.6000000000000001E-2]
["Estrutura e Trama para Cobertura",100358,"FABRICAÇÃO E INSTALAÇÃO DE MEIA TESOURA DE MADEIRA NÃO APARELHADA, COM VÃO DE 4 M, PARA TELHA CERÂMICA OU DE CONCRETO, INCLUSO IÇAMENTO. AF_07/2019","UN",1501.94,4.0099999999999997E-2]
["Estrutura e Trama para Cobertura",100368,"FABRICAÇÃO E INSTALAÇÃO DE MEIA TESOURA DE MADEIRA NÃO APARELHADA, COM VÃO DE 4 M, PARA TELHA ONDULADA DE FIBROCIMENTO, ALUMÍNIO, PLÁSTICA OU TERMOACÚSTICA, INCLUSO IÇAMENTO. AF_07/2019","UN",1468.02,4.1099999999999998E-2]
["Estrutura e Trama para Cobertura",100359,"FABRICAÇÃO E INSTALAÇÃO DE MEIA TESOURA DE MADEIRA NÃO APARELHADA, COM VÃO DE 5 M, PARA TELHA CERÂMICA OU DE CONCRETO, INCLUSO IÇAMENTO. AF_07/2019","UN",1574.27,3.8300000000000001E-2]
["Estrutura e Trama para Cobertura",100369,"FABRICAÇÃO E INSTALAÇÃO DE MEIA TESOURA DE MADEIRA NÃO APARELHADA, COM VÃO DE 5 M, PARA TELHA ONDULADA DE FIBROCIMENTO, ALUMÍNIO, PLÁSTICA OU TERMOACÚSTICA, INCLUSO IÇAMENTO. AF_07/2019","UN",1540.36,3.9100000000000003E-2]
["Estrutura e Trama para Cobertura",100360,"FABRICAÇÃO E INSTALAÇÃO DE MEIA TESOURA DE MADEIRA NÃO APARELHADA, COM VÃO DE 6 M, PARA TELHA CERÂMICA OU DE CONCRETO, INCLUSO IÇAMENTO. AF_07/2019","UN",1743.57,3.4599999999999999E-2]
["Estrutura e Trama para Cobertura",100370,"FABRICAÇÃO E INSTALAÇÃO DE MEIA TESOURA DE MADEIRA NÃO APARELHADA, COM VÃO DE 6 M, PARA TELHA ONDULADA DE FIBROCIMENTO, ALUMÍNIO, PLÁSTICA OU TERMOACÚSTICA, INCLUSO IÇAMENTO. AF_07/2019","UN",1814.72,3.32E-2]
["Estrutura e Trama para Cobertura",100361,"FABRICAÇÃO E INSTALAÇÃO DE MEIA TESOURA DE MADEIRA NÃO APARELHADA, COM VÃO DE 7 M, PARA TELHA CERÂMICA OU DE CONCRETO, INCLUSO IÇAMENTO. AF_07/2019","UN",2172.41,2.7799999999999998E-2]
["Estrutura e Trama para Cobertura",100371,"FABRICAÇÃO E INSTALAÇÃO DE MEIA TESOURA DE MADEIRA NÃO APARELHADA, COM VÃO DE 7 M, PARA TELHA ONDULADA DE FIBROCIMENTO, ALUMÍNIO, PLÁSTICA OU TERMOACÚSTICA, INCLUSO IÇAMENTO. AF_07/2019","UN",2081.98,2.9000000000000001E-2]
["Estrutura e Trama para Cobertura",100362,"FABRICAÇÃO E INSTALAÇÃO DE MEIA TESOURA DE MADEIRA NÃO APARELHADA, COM VÃO DE 8 M, PARA TELHA CERÂMICA OU DE CONCRETO, INCLUSO IÇAMENTO. AF_07/2019","UN",2794.09,0.14249999999999999]
["Estrutura e Trama para Cobertura",100372,"FABRICAÇÃO E INSTALAÇÃO DE MEIA TESOURA DE MADEIRA NÃO APARELHADA, COM VÃO DE 8 M, PARA TELHA ONDULADA DE FIBROCIMENTO, ALUMÍNIO, PLÁSTICA OU TERMOACÚSTICA, INCLUSO IÇAMENTO. AF_07/2019","UN",2639.12,0.15090000000000001]
["Estrutura e Trama para Cobertura",100363,"FABRICAÇÃO E INSTALAÇÃO DE MEIA TESOURA DE MADEIRA NÃO APARELHADA, COM VÃO DE 9 M, PARA TELHA CERÂMICA OU DE CONCRETO, INCLUSO IÇAMENTO. AF_07/2019","UN",2883.12,0.1381]
["Estrutura e Trama para Cobertura",100373,"FABRICAÇÃO E INSTALAÇÃO DE MEIA TESOURA DE MADEIRA NÃO APARELHADA, COM VÃO DE 9 M, PARA TELHA ONDULADA DE FIBROCIMENTO, ALUMÍNIO, PLÁSTICA OU TERMOACÚSTICA, INCLUSO IÇAMENTO. AF_07/2019","UN",2726.71,0.14610000000000001]
["Estrutura e Trama para Cobertura",100381,"FABRICAÇÃO E INSTALAÇÃO DE PONTALETES DE MADEIRA NÃO APARELHADA PARA TELHADOS COM ATÉ 2 ÁGUAS E COM TELHA CERÂMICA OU DE CONCRETO EM EDIFÍCIO INSTITUCIONAL TÉRREO, INCLUSO TRANSPORTE VERTICAL. AF_07/2019","M2",59,0]
["Estrutura e Trama para Cobertura",100380,"FABRICAÇÃO E INSTALAÇÃO DE PONTALETES DE MADEIRA NÃO APARELHADA PARA TELHADOS COM ATÉ 2 ÁGUAS E COM TELHA CERÂMICA OU DE CONCRETO EM EDIFÍCIO RESIDENCIAL DE MÚLTIPLOS PAVIMENTOS, INCLUSO TRANSPORTE VERTICAL. AF_07/2019","M2",52.34,7.6E-3]
["Estrutura e Trama para Cobertura",100379,"FABRICAÇÃO E INSTALAÇÃO DE PONTALETES DE MADEIRA NÃO APARELHADA PARA TELHADOS COM ATÉ 2 ÁGUAS E COM TELHA CERÂMICA OU DE CONCRETO EM EDIFÍCIO RESIDENCIAL TÉRREO, INCLUSO TRANSPORTE VERTICAL. AF_07/2019","M2",39.35,0]
["Estrutura e Trama para Cobertura",100384,"FABRICAÇÃO E INSTALAÇÃO DE PONTALETES DE MADEIRA NÃO APARELHADA PARA TELHADOS COM ATÉ 2 ÁGUAS E COM TELHA ONDULADA DE FIBROCIMENTO, ALUMÍNIO OU PLÁSTICA EM EDIFÍCIO INSTITUCIONAL TÉRREO, INCLUSO TRANSPORTE VERTICAL. AF_07/2019","M2",27.4,0]
["Estrutura e Trama para Cobertura",100383,"FABRICAÇÃO E INSTALAÇÃO DE PONTALETES DE MADEIRA NÃO APARELHADA PARA TELHADOS COM ATÉ 2 ÁGUAS E COM TELHA ONDULADA DE FIBROCIMENTO, ALUMÍNIO OU PLÁSTICA EM EDIFÍCIO RESIDENCIAL DE MÚLTIPLOS PAVIMENTOS, INCLUSO TRANSPORTE VERTICAL. AF_07/2019","M2",25.92,1.2699999999999999E-2]
["Estrutura e Trama para Cobertura",100382,"FABRICAÇÃO E INSTALAÇÃO DE PONTALETES DE MADEIRA NÃO APARELHADA PARA TELHADOS COM ATÉ 2 ÁGUAS E COM TELHA ONDULADA DE FIBROCIMENTO, ALUMÍNIO OU PLÁSTICA EM EDIFÍCIO RESIDENCIAL TÉRREO, INCLUSO TRANSPORTE VERTICAL. AF_07/2019","M2",23.87,0]
["Estrutura e Trama para Cobertura",100387,"FABRICAÇÃO E INSTALAÇÃO DE PONTALETES DE MADEIRA NÃO APARELHADA PARA TELHADOS COM MAIS QUE 2 ÁGUAS E COM TELHA CERÂMICA OU DE CONCRETO EM EDIFÍCIO INSTITUCIONAL TÉRREO, INCLUSO TRANSPORTE VERTICAL. AF_07/2019","M2",55.29,0]
["Estrutura e Trama para Cobertura",100386,"FABRICAÇÃO E INSTALAÇÃO DE PONTALETES DE MADEIRA NÃO APARELHADA PARA TELHADOS COM MAIS QUE 2 ÁGUAS E COM TELHA CERÂMICA OU DE CONCRETO EM EDIFÍCIO RESIDENCIAL DE MÚLTIPLOS PAVIMENTOS. AF_07/2019","M2",45.18,1.04E-2]
["Estrutura e Trama para Cobertura",100385,"FABRICAÇÃO E INSTALAÇÃO DE PONTALETES DE MADEIRA NÃO APARELHADA PARA TELHADOS COM MAIS QUE 2 ÁGUAS E COM TELHA CERÂMICA OU DE CONCRETO EM EDIFÍCIO RESIDENCIAL TÉRREO, INCLUSO TRANSPORTE VERTICAL. AF_07/2019","M2",35.08,0]
["Estrutura e Trama para Cobertura",100377,"FABRICAÇÃO E INSTALAÇÃO DE TESOURA (INTEIRA OU MEIA) EM AÇO, VÃOS MAIORES OU IGUAIS A 3,0 M E MENORES OU IGUAL A 6,0 M, INCLUSO IÇAMENTO. AF_07/2019","KG",11.47,0.82650000000000001]
["Estrutura e Trama para Cobertura",100378,"FABRICAÇÃO E INSTALAÇÃO DE TESOURA (INTEIRA OU MEIA) EM AÇO, VÃOS MAIORES QUE 6,0 M E MENORES QUE 12,0 M, INCLUSO IÇAMENTO. AF_07/2019","KG",10.6,0.83109999999999995]
["Estrutura e Trama para Cobertura",92596,"FABRICAÇÃO E INSTALAÇÃO DE TESOURA INTEIRA EM AÇO, VÃO DE 10 M, PARA TELHA CERÂMICA OU DE CONCRETO, INCLUSO IÇAMENTO. AF_07/2019","UN",1868.19,0.80420000000000003]
["Estrutura e Trama para Cobertura",92616,"FABRICAÇÃO E INSTALAÇÃO DE TESOURA INTEIRA EM AÇO, VÃO DE 10 M, PARA TELHA ONDULADA DE FIBROCIMENTO, METÁLICA, PLÁSTICA OU TERMOACÚSTICA, INCLUSO IÇAMENTO. AF_07/2019","UN",1780.13,0.79449999999999998]
["Estrutura e Trama para Cobertura",92598,"FABRICAÇÃO E INSTALAÇÃO DE TESOURA INTEIRA EM AÇO, VÃO DE 11 M, PARA TELHA CERÂMICA OU DE CONCRETO, INCLUSO IÇAMENTO. AF_07/2019","UN",1984.24,0.81569999999999998]
["Estrutura e Trama para Cobertura",92618,"FABRICAÇÃO E INSTALAÇÃO DE TESOURA INTEIRA EM AÇO, VÃO DE 11 M, PARA TELHA ONDULADA DE FIBROCIMENTO, METÁLICA, PLÁSTICA OU TERMOACÚSTICA, INCLUSO IÇAMENTO. AF_07/2019","UN",1896.18,0.80710000000000004]
["Estrutura e Trama para Cobertura",92600,"FABRICAÇÃO E INSTALAÇÃO DE TESOURA INTEIRA EM AÇO, VÃO DE 12 M, PARA TELHA CERÂMICA OU DE CONCRETO, INCLUSO IÇAMENTO. AF_07/2019","UN",2129.65,0.82820000000000005]
["Estrutura e Trama para Cobertura",92620,"FABRICAÇÃO E INSTALAÇÃO DE TESOURA INTEIRA EM AÇO, VÃO DE 12 M, PARA TELHA ONDULADA DE FIBROCIMENTO, METÁLICA, PLÁSTICA OU TERMOACÚSTICA, INCLUSO IÇAMENTO. AF_07/2019","UN",2012.23,0.81820000000000004]
["Estrutura e Trama para Cobertura",92582,"FABRICAÇÃO E INSTALAÇÃO DE TESOURA INTEIRA EM AÇO, VÃO DE 3 M, PARA TELHA CERÂMICA OU DE CONCRETO, INCLUSO IÇAMENTO. AF_07/2019","UN",693.67,0.77600000000000002]
["Estrutura e Trama para Cobertura",92602,"FABRICAÇÃO E INSTALAÇÃO DE TESOURA INTEIRA EM AÇO, VÃO DE 3 M, PARA TELHA ONDULADA DE FIBROCIMENTO, METÁLICA, PLÁSTICA OU TERMOACÚSTICA, INCLUSO IÇAMENTO. AF_07/2019","UN",693.67,0.77600000000000002]
["Estrutura e Trama para Cobertura",92584,"FABRICAÇÃO E INSTALAÇÃO DE TESOURA INTEIRA EM AÇO, VÃO DE 4 M, PARA TELHA CERÂMICA OU DE CONCRETO, INCLUSO IÇAMENTO. AF_07/2019","UN",809.73,0.80810000000000004]
["Estrutura e Trama para Cobertura",92604,"FABRICAÇÃO E INSTALAÇÃO DE TESOURA INTEIRA EM AÇO, VÃO DE 4 M, PARA TELHA ONDULADA DE FIBROCIMENTO, METÁLICA, PLÁSTICA OU TERMOACÚSTICA, INCLUSO IÇAMENTO. AF_07/2019","UN",780.37,0.80089999999999995]
["Estrutura e Trama para Cobertura",92586,"FABRICAÇÃO E INSTALAÇÃO DE TESOURA INTEIRA EM AÇO, VÃO DE 5 M, PARA TELHA CERÂMICA OU DE CONCRETO, INCLUSO IÇAMENTO. AF_07/2019","UN",925.78,0.83220000000000005]
["Estrutura e Trama para Cobertura",92606,"FABRICAÇÃO E INSTALAÇÃO DE TESOURA INTEIRA EM AÇO, VÃO DE 5 M, PARA TELHA ONDULADA DE FIBROCIMENTO, METÁLICA, PLÁSTICA OU TERMOACÚSTICA, INCLUSO IÇAMENTO. AF_07/2019","UN",896.43,0.82669999999999999]
["Estrutura e Trama para Cobertura",92588,"FABRICAÇÃO E INSTALAÇÃO DE TESOURA INTEIRA EM AÇO, VÃO DE 6 M, PARA TELHA CERÂMICA OU DE CONCRETO, INCLUSO IÇAMENTO. AF_07/2019","UN",1170.1099999999999,0.80779999999999996]
["Estrutura e Trama para Cobertura",92608,"FABRICAÇÃO E INSTALAÇÃO DE TESOURA INTEIRA EM AÇO, VÃO DE 6 M, PARA TELHA ONDULADA DE FIBROCIMENTO, METÁLICA, PLÁSTICA OU TERMOACÚSTICA, INCLUSO IÇAMENTO. AF_07/2019","UN",1111.4000000000001,0.79759999999999998]
["Estrutura e Trama para Cobertura",92590,"FABRICAÇÃO E INSTALAÇÃO DE TESOURA INTEIRA EM AÇO, VÃO DE 7 M, PARA TELHA CERÂMICA OU DE CONCRETO, INCLUSO IÇAMENTO. AF_07/2019","UN",1286.1600000000001,0.82509999999999994]
["Estrutura e Trama para Cobertura",92610,"FABRICAÇÃO E INSTALAÇÃO DE TESOURA INTEIRA EM AÇO, VÃO DE 7 M, PARA TELHA ONDULADA DE FIBROCIMENTO, METÁLICA, PLÁSTICA OU TERMOACÚSTICA, INCLUSO IÇAMENTO. AF_07/2019","UN",1227.46,0.81669999999999998]
["Estrutura e Trama para Cobertura",92592,"FABRICAÇÃO E INSTALAÇÃO DE TESOURA INTEIRA EM AÇO, VÃO DE 8 M, PARA TELHA CERÂMICA OU DE CONCRETO, INCLUSO IÇAMENTO. AF_07/2019","UN",1446.8,0.81369999999999998]
["Estrutura e Trama para Cobertura",92612,"FABRICAÇÃO E INSTALAÇÃO DE TESOURA INTEIRA EM AÇO, VÃO DE 8 M, PARA TELHA ONDULADA DE FIBROCIMENTO, METÁLICA, PLÁSTICA OU TERMOACÚSTICA, INCLUSO IÇAMENTO, INCLUSO IÇAMENTO. AF_07/2019","UN",1388.09,0.80579999999999996]
["Estrutura e Trama para Cobertura",92594,"FABRICAÇÃO E INSTALAÇÃO DE TESOURA INTEIRA EM AÇO, VÃO DE 9 M, PARA TELHA CERÂMICA OU DE CONCRETO, INCLUSO IÇAMENTO. AF_07/2019","UN",1675.49,0.82450000000000001]
["Estrutura e Trama para Cobertura",92614,"FABRICAÇÃO E INSTALAÇÃO DE TESOURA INTEIRA EM AÇO, VÃO DE 9 M, PARA TELHA ONDULADA DE FIBROCIMENTO, METÁLICA, PLÁSTICA OU TERMOACÚSTICA, INCLUSO IÇAMENTO. AF_07/2019","UN",1558.08,0.81120000000000003]
["Estrutura e Trama para Cobertura",92552,"FABRICAÇÃO E INSTALAÇÃO DE TESOURA INTEIRA EM MADEIRA NÃO APARELHADA, VÃO DE 10 M, PARA TELHA CERÂMICA OU DE CONCRETO, INCLUSO IÇAMENTO. AF_07/2019","UN",2628.34,8.72E-2]
["Estrutura e Trama para Cobertura",92562,"FABRICAÇÃO E INSTALAÇÃO DE TESOURA INTEIRA EM MADEIRA NÃO APARELHADA, VÃO DE 10 M, PARA TELHA ONDULADA DE FIBROCIMENTO, METÁLICA, PLÁSTICA OU TERMOACÚSTICA, INCLUSO IÇAMENTO. AF_07/2019","UN",2570.34,8.9200000000000002E-2]
["Estrutura e Trama para Cobertura",92553,"FABRICAÇÃO E INSTALAÇÃO DE TESOURA INTEIRA EM MADEIRA NÃO APARELHADA, VÃO DE 11 M, PARA TELHA CERÂMICA OU DE CONCRETO, INCLUSO IÇAMENTO. AF_07/2019","UN",3031.81,7.5600000000000001E-2]
["Estrutura e Trama para Cobertura",92563,"FABRICAÇÃO E INSTALAÇÃO DE TESOURA INTEIRA EM MADEIRA NÃO APARELHADA, VÃO DE 11 M, PARA TELHA ONDULADA DE FIBROCIMENTO, METÁLICA, PLÁSTICA OU TERMOACÚSTICA, INCLUSO IÇAMENTO. AF_07/2019","UN",2963.99,7.7399999999999997E-2]
["Estrutura e Trama para Cobertura",92554,"FABRICAÇÃO E INSTALAÇÃO DE TESOURA INTEIRA EM MADEIRA NÃO APARELHADA, VÃO DE 12 M, PARA TELHA CERÂMICA OU DE CONCRETO, INCLUSO IÇAMENTO. AF_07/2019","UN",3136.18,7.3099999999999998E-2]
["Estrutura e Trama para Cobertura",92564,"FABRICAÇÃO E INSTALAÇÃO DE TESOURA INTEIRA EM MADEIRA NÃO APARELHADA, VÃO DE 12 M, PARA TELHA ONDULADA DE FIBROCIMENTO, METÁLICA, PLÁSTICA OU TERMOACÚSTICA, INCLUSO IÇAMENTO. AF_07/2019","UN",3053.11,7.51E-2]
["Estrutura e Trama para Cobertura",92545,"FABRICAÇÃO E INSTALAÇÃO DE TESOURA INTEIRA EM MADEIRA NÃO APARELHADA, VÃO DE 3 M, PARA TELHA CERÂMICA OU DE CONCRETO, INCLUSO IÇAMENTO. AF_07/2019","UN",1065.24,5.6599999999999998E-2]
["Estrutura e Trama para Cobertura",92555,"FABRICAÇÃO E INSTALAÇÃO DE TESOURA INTEIRA EM MADEIRA NÃO APARELHADA, VÃO DE 3 M, PARA TELHA ONDULADA DE FIBROCIMENTO, METÁLICA, PLÁSTICA OU TERMOACÚSTICA, INCLUSO IÇAMENTO. AF_07/2019","UN",1051.5,5.7299999999999997E-2]
["Estrutura e Trama para Cobertura",92546,"FABRICAÇÃO E INSTALAÇÃO DE TESOURA INTEIRA EM MADEIRA NÃO APARELHADA, VÃO DE 4 M, PARA TELHA CERÂMICA OU DE CONCRETO, INCLUSO IÇAMENTO. AF_07/2019","UN",1309.54,4.5999999999999999E-2]
["Estrutura e Trama para Cobertura",92556,"FABRICAÇÃO E INSTALAÇÃO DE TESOURA INTEIRA EM MADEIRA NÃO APARELHADA, VÃO DE 4 M, PARA TELHA ONDULADA DE FIBROCIMENTO, METÁLICA, PLÁSTICA OU TERMOACÚSTICA, INCLUSO IÇAMENTO. AF_07/2019","UN",1285.46,4.6899999999999997E-2]
["Estrutura e Trama para Cobertura",92547,"FABRICAÇÃO E INSTALAÇÃO DE TESOURA INTEIRA EM MADEIRA NÃO APARELHADA, VÃO DE 5 M, PARA TELHA CERÂMICA OU DE CONCRETO, INCLUSO IÇAMENTO. AF_07/2019","UN",1380.45,4.3700000000000003E-2]
["Estrutura e Trama para Cobertura",92557,"FABRICAÇÃO E INSTALAÇÃO DE TESOURA INTEIRA EM MADEIRA NÃO APARELHADA, VÃO DE 5 M, PARA TELHA ONDULADA DE FIBROCIMENTO, METÁLICA, PLÁSTICA OU TERMOACÚSTICA, INCLUSO IÇAMENTO. AF_07/2019","UN",1356.36,4.4499999999999998E-2]
["Estrutura e Trama para Cobertura",92548,"FABRICAÇÃO E INSTALAÇÃO DE TESOURA INTEIRA EM MADEIRA NÃO APARELHADA, VÃO DE 6 M, PARA TELHA CERÂMICA OU DE CONCRETO, INCLUSO IÇAMENTO. AF_07/2019","UN",1535.51,3.9300000000000002E-2]
["Estrutura e Trama para Cobertura",92558,"FABRICAÇÃO E INSTALAÇÃO DE TESOURA INTEIRA EM MADEIRA NÃO APARELHADA, VÃO DE 6 M, PARA TELHA ONDULADA DE FIBROCIMENTO, METÁLICA, PLÁSTICA OU TERMOACÚSTICA, INCLUSO IÇAMENTO. AF_07/2019","UN",1521.76,3.9600000000000003E-2]
["Estrutura e Trama para Cobertura",92549,"FABRICAÇÃO E INSTALAÇÃO DE TESOURA INTEIRA EM MADEIRA NÃO APARELHADA, VÃO DE 7 M, PARA TELHA CERÂMICA OU DE CONCRETO, INCLUSO IÇAMENTO. AF_07/2019","UN",1928.98,3.1300000000000001E-2]
["Estrutura e Trama para Cobertura",92559,"FABRICAÇÃO E INSTALAÇÃO DE TESOURA INTEIRA EM MADEIRA NÃO APARELHADA, VÃO DE 7 M, PARA TELHA ONDULADA DE FIBROCIMENTO, METÁLICA, PLÁSTICA OU TERMOACÚSTICA, INCLUSO IÇAMENTO. AF_07/2019","UN",1903.38,3.1699999999999999E-2]
["Estrutura e Trama para Cobertura",92550,"FABRICAÇÃO E INSTALAÇÃO DE TESOURA INTEIRA EM MADEIRA NÃO APARELHADA, VÃO DE 8 M, PARA TELHA CERÂMICA OU DE CONCRETO, INCLUSO IÇAMENTO. AF_07/2019","UN",2322.54,9.8699999999999996E-2]
["Estrutura e Trama para Cobertura",92560,"FABRICAÇÃO E INSTALAÇÃO DE TESOURA INTEIRA EM MADEIRA NÃO APARELHADA, VÃO DE 8 M, PARA TELHA ONDULADA DE FIBROCIMENTO, METÁLICA, PLÁSTICA OU TERMOACÚSTICA, INCLUSO IÇAMENTO. AF_07/2019","UN",2287.6799999999998,0.1002]
["Estrutura e Trama para Cobertura",92551,"FABRICAÇÃO E INSTALAÇÃO DE TESOURA INTEIRA EM MADEIRA NÃO APARELHADA, VÃO DE 9 M, PARA TELHA CERÂMICA OU DE CONCRETO, INCLUSO IÇAMENTO. AF_07/2019","UN",2413.6,9.5000000000000001E-2]
["Estrutura e Trama para Cobertura",92561,"FABRICAÇÃO E INSTALAÇÃO DE TESOURA INTEIRA EM MADEIRA NÃO APARELHADA, VÃO DE 9 M, PARA TELHA ONDULADA DE FIBROCIMENTO, METÁLICA, PLÁSTICA OU TERMOACÚSTICA, INCLUSO IÇAMENTO. AF_07/2019","UN",2379.6799999999998,9.6299999999999997E-2]
["Estrutura e Trama para Cobertura",92262,"INSTALAÇÃO DE TESOURA (INTEIRA OU MEIA), BIAPOIADA, EM MADEIRA NÃO APARELHADA, PARA VÃOS MAIORES OU IGUAIS A 10,0 M E MENORES QUE 12,0 M, INCLUSO IÇAMENTO. AF_07/2019","UN",727.07,8.2900000000000001E-2]
["Estrutura e Trama para Cobertura",92259,"INSTALAÇÃO DE TESOURA (INTEIRA OU MEIA), BIAPOIADA, EM MADEIRA NÃO APARELHADA, PARA VÃOS MAIORES OU IGUAIS A 3,0 M E MENORES QUE 6,0 M, INCLUSO IÇAMENTO. AF_07/2019","UN",478.45,0.126]
["Estrutura e Trama para Cobertura",92260,"INSTALAÇÃO DE TESOURA (INTEIRA OU MEIA), BIAPOIADA, EM MADEIRA NÃO APARELHADA, PARA VÃOS MAIORES OU IGUAIS A 6,0 M E MENORES QUE 8,0 M, INCLUSO IÇAMENTO. AF_07/2019","UN",548.87,0.1099]
["Estrutura e Trama para Cobertura",92261,"INSTALAÇÃO DE TESOURA (INTEIRA OU MEIA), BIAPOIADA, EM MADEIRA NÃO APARELHADA, PARA VÃOS MAIORES OU IGUAIS A 8,0 M E MENORES QUE 10,0 M, INCLUSO IÇAMENTO. AF_07/2019","UN",617.15,9.7699999999999995E-2]
["Estrutura e Trama para Cobertura",92258,"INSTALAÇÃO DE TESOURA (INTEIRA OU MEIA), EM AÇO, PARA VÃOS MAIORES OU IGUAIS A 10,0 M E MENORES QUE 12,0 M, INCLUSO IÇAMENTO. AF_07/2019","UN",356.12,0.2455]
["Estrutura e Trama para Cobertura",92255,"INSTALAÇÃO DE TESOURA (INTEIRA OU MEIA), EM AÇO, PARA VÃOS MAIORES OU IGUAIS A 3,0 M E MENORES QUE 6,0 M, INCLUSO IÇAMENTO. AF_07/2019","UN",194.86,0.44869999999999999]
["Estrutura e Trama para Cobertura",92256,"INSTALAÇÃO DE TESOURA (INTEIRA OU MEIA), EM AÇO, PARA VÃOS MAIORES OU IGUAIS A 6,0 M E MENORES QUE 8,0 M, INCLUSO IÇAMENTO. AF_07/2019","UN",239.86,0.36449999999999999]
["Estrutura e Trama para Cobertura",92257,"INSTALAÇÃO DE TESOURA (INTEIRA OU MEIA), EM AÇO, PARA VÃOS MAIORES OU IGUAIS A 8,0 M E MENORES QUE 10,0 M, INCLUSO IÇAMENTO. AF_07/2019","UN",284.44,0.30740000000000001]
["Estrutura e Trama para Cobertura",100393,"RETIRADA E RECOLOCAÇÃO DE CAIBRO EM TELHADOS DE ATÉ 2 ÁGUAS COM TELHA CERÂMICA CAPA-CANAL, INCLUSO TRANSPORTE VERTICAL. AF_07/2019","M2",21.08,0]
["Estrutura e Trama para Cobertura",100389,"RETIRADA E RECOLOCAÇÃO DE CAIBRO EM TELHADOS DE ATÉ 2 ÁGUAS COM TELHA CERÂMICA OU DE CONCRETO DE ENCAIXE, INCLUSO TRANSPORTE VERTICAL. AF_07/2019","M2",18.350000000000001,0]
["Estrutura e Trama para Cobertura",100395,"RETIRADA E RECOLOCAÇÃO DE CAIBRO EM TELHADOS DE MAIS DE 2 ÁGUAS COM TELHA CERÂMICA CAPA-CANAL, INCLUSO TRANSPORTE VERTICAL. AF_07/2019","M2",25.24,0]
["Estrutura e Trama para Cobertura",100391,"RETIRADA E RECOLOCAÇÃO DE CAIBRO EM TELHADOS DE MAIS DE 2 ÁGUAS COM TELHA CERÂMICA OU DE CONCRETO DE ENCAIXE, INCLUSO TRANSPORTE VERTICAL. AF_07/2019","M2",21.17,0]
["Estrutura e Trama para Cobertura",100392,"RETIRADA E RECOLOCAÇÃO DE RIPA EM TELHADOS DE ATÉ 2 ÁGUAS COM TELHA CERÂMICA CAPA-CANAL, INCLUSO TRANSPORTE VERTICAL. AF_07/2019","M2",15.92,0]
["Estrutura e Trama para Cobertura",100388,"RETIRADA E RECOLOCAÇÃO DE RIPA EM TELHADOS DE ATÉ 2 ÁGUAS COM TELHA CERÂMICA OU DE CONCRETO DE ENCAIXE, INCLUSO TRANSPORTE VERTICAL. AF_07/2019","M2",20.18,0]
["Estrutura e Trama para Cobertura",100394,"RETIRADA E RECOLOCAÇÃO DE RIPA EM TELHADOS DE MAIS DE 2 ÁGUAS COM TELHA CERÂMICA CAPA-CANAL, INCLUSO TRANSPORTE VERTICAL. AF_07/2019","M2",19.170000000000002,0]
["Estrutura e Trama para Cobertura",100390,"RETIRADA E RECOLOCAÇÃO DE RIPA EM TELHADOS DE MAIS DE 2 ÁGUAS COM TELHA CERÂMICA OU DE CONCRETO DE ENCAIXE, INCLUSO TRANSPORTE VERTICAL. AF_07/2019","M2",24.35,0]
["Estrutura e Trama para Cobertura",92575,"TRAMA DE AÇO COMPOSTA POR RIPAS E CAIBROS PARA TELHADOS DE ATÉ 2 ÁGUAS PARA TELHA CERÂMICA CAPA-CANAL, INCLUSO TRANSPORTE VERTICAL. AF_07/2019","M2",62.88,0.90549999999999997]
["Estrutura e Trama para Cobertura",92569,"TRAMA DE AÇO COMPOSTA POR RIPAS E CAIBROS PARA TELHADOS DE ATÉ 2 ÁGUAS PARA TELHA DE ENCAIXE DE CERÂMICA OU DE CONCRETO, INCLUSO TRANSPORTE VERTICAL. AF_07/2019","M2",68.650000000000006,0.91220000000000001]
["Estrutura e Trama para Cobertura",92578,"TRAMA DE AÇO COMPOSTA POR RIPAS E CAIBROS PARA TELHADOS DE MAIS DE 2 ÁGUAS PARA TELHA CERÂMICA CAPA-CANAL, INCLUSO TRANSPORTE VERTICAL. AF_07/2019","M2",67.95,0.8478]
["Estrutura e Trama para Cobertura",92572,"TRAMA DE AÇO COMPOSTA POR RIPAS E CAIBROS PARA TELHADOS DE MAIS DE 2 ÁGUAS PARA TELHA DE ENCAIXE DE CERÂMICA OU DE CONCRETO, INCLUSO TRANSPORTE VERTICAL. AF_07/2019","M2",79.13,0.86140000000000005]
["Estrutura e Trama para Cobertura",92576,"TRAMA DE AÇO COMPOSTA POR RIPAS PARA TELHADOS DE ATÉ 2 ÁGUAS PARA TELHA CERÂMICA CAPA-CANAL, INCLUSO TRANSPORTE VERTICAL. AF_07/2019","M2",34.5,0.9345]
["Estrutura e Trama para Cobertura",92570,"TRAMA DE AÇO COMPOSTA POR RIPAS PARA TELHADOS DE ATÉ 2 ÁGUAS PARA TELHA DE ENCAIXE DE CERÂMICA OU DE CONCRETO, INCLUSO TRANSPORTE VERTICAL. AF_07/2019","M2",43.63,0.93469999999999998]
["Estrutura e Trama para Cobertura",92579,"TRAMA DE AÇO COMPOSTA POR RIPAS PARA TELHADOS DE MAIS DE 2 ÁGUAS PARA TELHA CERÂMICA CAPA-CANAL, INCLUSO TRANSPORTE VERTICAL. AF_07/2019","M2",37.450000000000003,0.86539999999999995]
["Estrutura e Trama para Cobertura",92573,"TRAMA DE AÇO COMPOSTA POR RIPAS PARA TELHADOS DE MAIS DE 2 ÁGUAS PARA TELHA DE ENCAIXE DE CERÂMICA OU DE CONCRETO, INCLUSO TRANSPORTE VERTICAL, INCLUSO TRANSPORTE VERTICAL. AF_07/2019","M2",47.35,0.86629999999999996]
["Estrutura e Trama para Cobertura",92574,"TRAMA DE AÇO COMPOSTA POR RIPAS, CAIBROS E TERÇAS PARA TELHADOS DE ATÉ 2 ÁGUAS PARA TELHA CERÂMICA CAPA-CANAL, INCLUSO TRANSPORTE VERTICAL. AF_07/2019","M2",125.22,0.88009999999999999]
["Estrutura e Trama para Cobertura",92568,"TRAMA DE AÇO COMPOSTA POR RIPAS, CAIBROS E TERÇAS PARA TELHADOS DE ATÉ 2 ÁGUAS PARA TELHA DE ENCAIXE DE CERÂMICA OU DE CONCRETO, INCLUSO TRANSPORTE VERTICAL. AF_07/2019","M2",123.06,0.88749999999999996]
["Estrutura e Trama para Cobertura",92577,"TRAMA DE AÇO COMPOSTA POR RIPAS, CAIBROS E TERÇAS PARA TELHADOS DE MAIS DE 2 ÁGUAS PARA TELHA CERÂMICA CAPA-CANAL, INCLUSO TRANSPORTE VERTICAL. AF_07/2019","M2",134.30000000000001,0.83109999999999995]
["Estrutura e Trama para Cobertura",92571,"TRAMA DE AÇO COMPOSTA POR RIPAS, CAIBROS E TERÇAS PARA TELHADOS DE MAIS DE 2 ÁGUAS PARA TELHA DE ENCAIXE DE CERÂMICA OU DE CONCRETO, INCLUSO TRANSPORTE VERTICAL. AF_07/2019","M2",131.75,0.83609999999999995]
["Estrutura e Trama para Cobertura",92581,"TRAMA DE AÇO COMPOSTA POR TERÇAS PARA TELHADOS DE ATÉ 2 ÁGUAS PARA TELHA ESTRUTURAL DE FIBROCIMENTO, INCLUSO TRANSPORTE VERTICAL. AF_07/2019","M2",48.89,0.84660000000000002]
["Estrutura e Trama para Cobertura",104314,"TRAMA DE AÇO COMPOSTA POR TERÇAS PARA TELHADOS DE ATÉ 2 ÁGUAS PARA TELHA ONDULADA DE FIBROCIMENTO, METÁLICA, PLÁSTICA OU TERMOACÚSTICA, INCLUSO TRANSPORTE VERTICAL (EM KG). AF_07/2019","KG",10.84,0.8266]
["Estrutura e Trama para Cobertura",92580,"TRAMA DE AÇO COMPOSTA POR TERÇAS PARA TELHADOS DE ATÉ 2 ÁGUAS PARA TELHA ONDULADA DE FIBROCIMENTO, METÁLICA, PLÁSTICA OU TERMOACÚSTICA, INCLUSO TRANSPORTE VERTICAL. AF_07/2019","M2",46.99,0.82630000000000003]
["Estrutura e Trama para Cobertura",92541,"TRAMA DE MADEIRA COMPOSTA POR RIPAS, CAIBROS E TERÇAS PARA TELHADOS DE ATÉ 2 ÁGUAS PARA TELHA CERÂMICA CAPA-CANAL, INCLUSO TRANSPORTE VERTICAL. AF_07/2019","M2",84.2,0]
["Estrutura e Trama para Cobertura",92539,"TRAMA DE MADEIRA COMPOSTA POR RIPAS, CAIBROS E TERÇAS PARA TELHADOS DE ATÉ 2 ÁGUAS PARA TELHA DE ENCAIXE DE CERÂMICA OU DE CONCRETO, INCLUSO TRANSPORTE VERTICAL. AF_07/2019","M2",78.19,0]
["Estrutura e Trama para Cobertura",92542,"TRAMA DE MADEIRA COMPOSTA POR RIPAS, CAIBROS E TERÇAS PARA TELHADOS DE MAIS QUE 2 ÁGUAS PARA TELHA CERÂMICA CAPA-CANAL, INCLUSO TRANSPORTE VERTICAL. AF_07/2019","M2",102.87,0]
["Estrutura e Trama para Cobertura",92540,"TRAMA DE MADEIRA COMPOSTA POR RIPAS, CAIBROS E TERÇAS PARA TELHADOS DE MAIS QUE 2 ÁGUAS PARA TELHA DE ENCAIXE DE CERÂMICA OU DE CONCRETO, INCLUSO TRANSPORTE VERTICAL. AF_07/2019","M2",88.65,0]
["Estrutura e Trama para Cobertura",92544,"TRAMA DE MADEIRA COMPOSTA POR TERÇAS PARA TELHADOS DE ATÉ 2 ÁGUAS PARA TELHA ESTRUTURAL DE FIBROCIMENTO, INCLUSO TRANSPORTE VERTICAL. AF_07/2019","M2",18.600000000000001,0]
["Estrutura e Trama para Cobertura",92543,"TRAMA DE MADEIRA COMPOSTA POR TERÇAS PARA TELHADOS DE ATÉ 2 ÁGUAS PARA TELHA ONDULADA DE FIBROCIMENTO, METÁLICA, PLÁSTICA OU TERMOACÚSTICA, INCLUSO TRANSPORTE VERTICAL. AF_07/2019","M2",23.36,0]
["Estruturas Pré-Fabricadas e Pré-Moldadas",97725,"FORNECIMENTO E MONTAGEM DE ESCADAS PRÉ-FABRICADAS, INCLUSO IÇAMENTO COM GUINDASTE. AF_03/2024","M3",0]
["Estruturas Pré-Fabricadas e Pré-Moldadas",97721,"FORNECIMENTO E MONTAGEM DE LAJES ALVEOLARES PRÉ-FABRICADAS, INCLUSO IÇAMENTO COM GUINDASTE. AF_03/2024","M3",0]
["Estruturas Pré-Fabricadas e Pré-Moldadas",97722,"FORNECIMENTO E MONTAGEM DE LAJES DUPLO T (PI) PRÉ-FABRICADAS, INCLUSO IÇAMENTO COM GUINDASTE. AF_03/2024","M3",0]
["Estruturas Pré-Fabricadas e Pré-Moldadas",97724,"FORNECIMENTO E MONTAGEM DE PAINÉIS ESTRUTURAIS PRÉ-FABRICADOS, INCLUSO IÇAMENTO COM GUINDASTE. AF_03/2024","M3",0]
["Estruturas Pré-Fabricadas e Pré-Moldadas",97719,"FORNECIMENTO E MONTAGEM DE PILARES PRÉ-FABRICADOS, INCLUSO IÇAMENTO COM GUINDASTE. AF_03/2024","M3",0]
["Estruturas Pré-Fabricadas e Pré-Moldadas",97723,"FORNECIMENTO E MONTAGEM DE PRÉ-LAJE TRELIÇADA PRÉ-FABRICADAS, INCLUSO IÇAMENTO COM GUINDASTE. AF_03/2024","M3",0]
["Estruturas Pré-Fabricadas e Pré-Moldadas",104946,"FORNECIMENTO E MONTAGEM DE TERÇAS PRÉ-FABRICADAS, INCLUSO IÇAMENTO COM GUINDASTE. AF_03/2024","M3",0]
["Estruturas Pré-Fabricadas e Pré-Moldadas",104944,"FORNECIMENTO E MONTAGEM DE TESOURAS PRÉ-FABRICADAS, INCLUSO IÇAMENTO COM GUINDASTE. AF_03/2024","M3",0]
["Estruturas Pré-Fabricadas e Pré-Moldadas",104945,"FORNECIMENTO E MONTAGEM DE VIGAS CALHA PRÉ-FABRICADAS, INCLUSO IÇAMENTO COM GUINDASTE. AF_03/2024","M3",0]
["Estruturas Pré-Fabricadas e Pré-Moldadas",97720,"FORNECIMENTO E MONTAGEM DE VIGAS PRÉ-FABRICADAS, INCLUSO IÇAMENTO COM GUINDASTE. AF_03/2024","M3",0]
["Estruturas Pré-Fabricadas e Pré-Moldadas",97740,"PEÇA CIRCULAR PRÉ-MOLDADA, VOLUME DE CONCRETO ACIMA DE 100 LITROS, TAXA DE AÇO APROXIMADA DE 30KG/M³. AF_03/2024","M3",2207.42,5.7299999999999997E-2]
["Estruturas Pré-Fabricadas e Pré-Moldadas",97738,"PEÇA CIRCULAR PRÉ-MOLDADA, VOLUME DE CONCRETO DE 10 A 30 LITROS, TAXA DE FIBRA DE POLIPROPILENO APROXIMADA DE 6 KG/M³. AF_03/2024_PS","M3",4259.43,1.6899999999999998E-2]
["Estruturas Pré-Fabricadas e Pré-Moldadas",97739,"PEÇA CIRCULAR PRÉ-MOLDADA, VOLUME DE CONCRETO DE 30 A 100 LITROS, TAXA DE AÇO APROXIMADA DE 30KG/M³. AF_03/2024","M3",3120.83,7.9000000000000008E-3]
["Estruturas Pré-Fabricadas e Pré-Moldadas",97736,"PEÇA RETANGULAR PRÉ-MOLDADA, VOLUME DE CONCRETO ACIMA DE 100 LITROS, TAXA DE AÇO APROXIMADA DE 30KG/M³. AF_03/2024","M3",1615.39,6.0699999999999997E-2]
["Estruturas Pré-Fabricadas e Pré-Moldadas",97734,"PEÇA RETANGULAR PRÉ-MOLDADA, VOLUME DE CONCRETO DE 10 A 30 LITROS, TAXA DE AÇO APROXIMADA DE 30KG/M³. AF_03/2024","M3",3222.89,1.03E-2]
["Estruturas Pré-Fabricadas e Pré-Moldadas",97735,"PEÇA RETANGULAR PRÉ-MOLDADA, VOLUME DE CONCRETO DE 30 A 100 LITROS, TAXA DE AÇO APROXIMADA DE 30KG/M³. AF_03/2024","M3",2648.08,1.0999999999999999E-2]
["Estruturas Pré-Fabricadas e Pré-Moldadas",97737,"PEÇA RETANGULAR PRÉ-MOLDADA, VOLUME DE CONCRETO DE 30 A 70 LITROS, TAXA DE AÇO APROXIMADA DE 70KG/M³. AF_03/2024","M3",3417.63,8.6999999999999994E-3]
["Estruturas Pré-Fabricadas e Pré-Moldadas",97733,"PEÇA RETANGULAR PRÉ-MOLDADA, VOLUME DE CONCRETO DE ATÉ 10 LITROS, TAXA DE AÇO APROXIMADA DE 30KG/M³. AF_03/2024","M3",3647.02,1.1599999999999999E-2]
["Estruturas de Contenção - Estacas, Paredes Diafragma e Mureta Guia",98616,"CONTENÇÃO EM CORTINA COM ESTACAS ESPAÇADAS COM 30 CM DE DIÂMETRO E PROFUNDIDADE ATÉ 20 METROS. AF_02/2025","M2",272.41000000000003,6.0600000000000001E-2]
["Estruturas de Contenção - Estacas, Paredes Diafragma e Mureta Guia",98619,"CONTENÇÃO EM CORTINA COM ESTACAS ESPAÇADAS COM 40 CM DE DIÂMETRO E PROFUNDIDADE ATÉ 20 METROS. AF_02/2025","M2",300.14999999999998,5.0299999999999997E-2]
["Estruturas de Contenção - Estacas, Paredes Diafragma e Mureta Guia",98622,"CONTENÇÃO EM CORTINA COM ESTACAS ESPAÇADAS COM 50 CM DE DIÂMETRO E PROFUNDIDADE ATÉ 20 METROS. AF_02/2025","M2",459.32,3.5700000000000003E-2]
["Estruturas de Contenção - Estacas, Paredes Diafragma e Mureta Guia",98625,"CONTENÇÃO EM CORTINA COM ESTACAS ESPAÇADAS COM 60 CM DE DIÂMETRO E PROFUNDIDADE ATÉ 20 METROS. AF_02/2025","M2",485.4,3.2500000000000001E-2]
["Estruturas de Contenção - Estacas, Paredes Diafragma e Mureta Guia",105918,"CONTENÇÃO EM CORTINA COM ESTACAS SECANTES COM 40 CM DE DIÂMETRO E PROFUNDIDADE ATÉ 20 METROS. AF_02/2025","M2",0]
["Estruturas de Contenção - Estacas, Paredes Diafragma e Mureta Guia",98631,"CONTENÇÃO EM CORTINA COM ESTACAS SECANTES COM 50 CM DE DIÂMETRO E PROFUNDIDADE ATÉ 20 METROS. AF_02/2025","M2",0]
["Estruturas de Contenção - Estacas, Paredes Diafragma e Mureta Guia",98637,"CONTENÇÃO EM PAREDE DIAFRAGMA COM 30 CM DE ESPESSURA E PROFUNDIDADE ATÉ 25 METROS. AF_02/2025","M3",0]
["Estruturas de Contenção - Estacas, Paredes Diafragma e Mureta Guia",98641,"CONTENÇÃO EM PAREDE DIAFRAGMA COM 40 CM DE ESPESSURA E PROFUNDIDADE ATÉ 25 METROS. AF_02/2025","M3",0]
["Estruturas de Contenção - Estacas, Paredes Diafragma e Mureta Guia",98645,"CONTENÇÃO EM PAREDE DIAFRAGMA COM 50 CM DE ESPESSURA E PROFUNDIDADE ATÉ 25 METROS. AF_02/2025","M3",0]
["Estruturas de Contenção - Estacas, Paredes Diafragma e Mureta Guia",98649,"CONTENÇÃO EM PAREDE DIAFRAGMA COM 60 CM DE ESPESSURA E PROFUNDIDADE ATÉ 25 METROS. AF_02/2025","M3",0]
["Estruturas de Contenção - Estacas, Paredes Diafragma e Mureta Guia",98653,"CONTENÇÃO EM PAREDE DIAFRAGMA COM 80 CM DE ESPESSURA E PROFUNDIDADE ATÉ 25 METROS. AF_02/2025","M3",0]
["Estruturas de Contenção - Estacas, Paredes Diafragma e Mureta Guia",98657,"EXECUÇÃO DE MURETA GUIA PARA CONTENÇÃO/FUNDAÇÃO, PARA LAMELAS ATÉ 0,80 M DE LARGURA. AF_02/2025","M",749.26,4.5400000000000003E-2]
["Estruturas de Contenção - Perfis Pranchados, Cortinas e Muros de Arrimo",100344,"ARMAÇÃO DE CORTINA DE CONTENÇÃO EM CONCRETO ARMADO, COM AÇO CA-50 DE 10 MM - MONTAGEM. AF_11/2024","KG",12.13,9.1000000000000004E-3]
["Estruturas de Contenção - Perfis Pranchados, Cortinas e Muros de Arrimo",100345,"ARMAÇÃO DE CORTINA DE CONTENÇÃO EM CONCRETO ARMADO, COM AÇO CA-50 DE 12,5 MM - MONTAGEM. AF_11/2024","KG",9.3800000000000008,8.5000000000000006E-3]
["Estruturas de Contenção - Perfis Pranchados, Cortinas e Muros de Arrimo",100346,"ARMAÇÃO DE CORTINA DE CONTENÇÃO EM CONCRETO ARMADO, COM AÇO CA-50 DE 16 MM - MONTAGEM. AF_11/2024","KG",8.94,4.4999999999999997E-3]
["Estruturas de Contenção - Perfis Pranchados, Cortinas e Muros de Arrimo",100347,"ARMAÇÃO DE CORTINA DE CONTENÇÃO EM CONCRETO ARMADO, COM AÇO CA-50 DE 20 MM - MONTAGEM. AF_11/2024","KG",10,2E-3]
["Estruturas de Contenção - Perfis Pranchados, Cortinas e Muros de Arrimo",100348,"ARMAÇÃO DE CORTINA DE CONTENÇÃO EM CONCRETO ARMADO, COM AÇO CA-50 DE 25 MM - MONTAGEM. AF_11/2024","KG",9.83,1E-3]
["Estruturas de Contenção - Perfis Pranchados, Cortinas e Muros de Arrimo",100342,"ARMAÇÃO DE CORTINA DE CONTENÇÃO EM CONCRETO ARMADO, COM AÇO CA-50 DE 6,3 MM - MONTAGEM. AF_11/2024","KG",16.96,1.24E-2]
["Estruturas de Contenção - Perfis Pranchados, Cortinas e Muros de Arrimo",100343,"ARMAÇÃO DE CORTINA DE CONTENÇÃO EM CONCRETO ARMADO, COM AÇO CA-50 DE 8 MM - MONTAGEM. AF_11/2024","KG",14.87,1.0800000000000001E-2]
["Estruturas de Contenção - Perfis Pranchados, Cortinas e Muros de Arrimo",100349,"CONCRETAGEM DE CORTINA DE CONTENÇÃO, ATRAVÉS DE BOMBA - LANÇAMENTO, ADENSAMENTO E ACABAMENTO. AF_11/2024","M3",772.95,2.0000000000000001E-4]
["Estruturas de Contenção - Perfis Pranchados, Cortinas e Muros de Arrimo",100336,"CONTENÇÃO EM PERFIL PRANCHADO COM PAINEL TRELIÇADO DUPLA FACE DE CONCRETO PRÉ-FABRICADO, PERFIS ESPAÇADOS A 1,5 M PARA 1 SUBSOLO. AF_11/2024","M2",0]
["Estruturas de Contenção - Perfis Pranchados, Cortinas e Muros de Arrimo",100337,"CONTENÇÃO EM PERFIL PRANCHADO COM PAINEL TRELIÇADO DUPLA FACE DE CONCRETO PRÉ-FABRICADO, PERFIS ESPAÇADOS A 1,5 M PARA 2 OU MAIS SUBSOLOS. AF_11/2024","M2",0]
["Estruturas de Contenção - Perfis Pranchados, Cortinas e Muros de Arrimo",100339,"CONTENÇÃO EM PERFIL PRANCHADO COM PAINEL TRELIÇADO DUPLA FACE DE CONCRETO PRÉ-FABRICADO, PERFIS ESPAÇADOS A 2 M PARA 1 SUBSOLO. AF_11/2024","M2",0]
["Estruturas de Contenção - Perfis Pranchados, Cortinas e Muros de Arrimo",100340,"CONTENÇÃO EM PERFIL PRANCHADO COM PAINEL TRELIÇADO DUPLA FACE DE CONCRETO PRÉ-FABRICADO, PERFIS ESPAÇADOS A 2 M PARA 2 OU MAIS SUBSOLOS. AF_11/2024","M2",0]
["Estruturas de Contenção - Perfis Pranchados, Cortinas e Muros de Arrimo",105805,"CONTENÇÃO EM PERFIL PRANCHADO COM PRANCHÃO DE MADEIRA, PERFIS ESPAÇADOS A 1,5 M PARA 1 SUBSOLO. AF_11/2024","M2",886.89,0.71340000000000003]
["Estruturas de Contenção - Perfis Pranchados, Cortinas e Muros de Arrimo",105806,"CONTENÇÃO EM PERFIL PRANCHADO COM PRANCHÃO DE MADEIRA, PERFIS ESPAÇADOS A 1,5 M PARA 2 OU MAIS SUBSOLOS. AF_11/2024","M2",571,0.5998]
["Estruturas de Contenção - Perfis Pranchados, Cortinas e Muros de Arrimo",105807,"CONTENÇÃO EM PERFIL PRANCHADO COM PRANCHÃO DE MADEIRA, PERFIS ESPAÇADOS A 2 M PARA 1 SUBSOLO. AF_11/2024","M2",713.9,0.66790000000000005]
["Estruturas de Contenção - Perfis Pranchados, Cortinas e Muros de Arrimo",105808,"CONTENÇÃO EM PERFIL PRANCHADO COM PRANCHÃO DE MADEIRA, PERFIS ESPAÇADOS A 2 M PARA 2 OU MAIS SUBSOLOS. AF_11/2024","M2",476.99,0.54330000000000001]
["Estruturas de Contenção - Perfis Pranchados, Cortinas e Muros de Arrimo",100341,"FABRICAÇÃO, MONTAGEM E DESMONTAGEM DE FÔRMA PARA CORTINA DE CONTENÇÃO, EM CHAPA DE MADEIRA COMPENSADA PLASTIFICADA, E = 18 MM, 10 UTILIZAÇÕES. AF_11/2024","M2",41.95,0]
["Estruturas de Contenção - Perfis Pranchados, Cortinas e Muros de Arrimo",100351,"MURO DE ARRIMO COM BLOCOS DE CONCRETO ESTRUTURAL E PILARES INTERMEDIÁRIOS, COM ALTURA MAIOR QUE 1,6 M E MENOR OU IGUAL A 2,8 M (EXCETO FUNDAÇÃO). AF_11/2024","M2",0]
["Estruturas de Contenção - Perfis Pranchados, Cortinas e Muros de Arrimo",100353,"MURO DE ARRIMO COM BLOCOS DE CONCRETO ESTRUTURAL E PILARES INTERMEDIÁRIOS, COM ALTURA MAIOR QUE 2,8 M E MENOR OU IGUAL A 4,0 M (EXCETO FUNDAÇÃO). AF_11/2024","M2",0]
["Estruturas de Contenção - Perfis Pranchados, Cortinas e Muros de Arrimo",100350,"MURO DE ARRIMO COM BLOCOS DE CONCRETO ESTRUTURAL, ATÉ 1,6 M DE ALTURA (EXCETO FUNDAÇÃO). AF_11/2024","M2",0]
["Estruturas de Madeira",105043,"PILAR DE MADEIRA ROLIÇA, EUCALIPTO OU EQUIVALENTE DA REGIÃO, FIXADO COM PORTA PILAR METÁLICO, DIÂMETRO DE 12 A 15 CM, APOIO ARTICULADO, COMPRIMENTO DE 3 M. AF_03/2024","M",0]
["Estruturas de Madeira",105047,"PILAR DE MADEIRA ROLIÇA, EUCALIPTO OU EQUIVALENTE DA REGIÃO, FIXADO COM PORTA PILAR METÁLICO, DIÂMETRO DE 12 A 15 CM, APOIO ARTICULADO, COMPRIMENTO DE 6 M. AF_03/2024","M",0]
["Estruturas de Madeira",105044,"PILAR DE MADEIRA ROLIÇA, EUCALIPTO OU EQUIVALENTE DA REGIÃO, FIXADO COM PORTA PILAR METÁLICO, DIÂMETRO DE 12 A 15 CM, APOIO ENGASTADO, COMPRIMENTO DE 3 M. AF_03/2024","M",0]
["Estruturas de Madeira",105094,"PILAR DE MADEIRA ROLIÇA, EUCALIPTO OU EQUIVALENTE DA REGIÃO, FIXADO COM PORTA PILAR METÁLICO, DIÂMETRO DE 12 A 15 CM, APOIO ENGASTADO, COMPRIMENTO DE 6 M. AF_03/2024","M",0]
["Estruturas de Madeira",105096,"PILAR DE MADEIRA ROLIÇA, EUCALIPTO OU EQUIVALENTE DA REGIÃO, FIXADO COM PORTA PILAR METÁLICO, DIÂMETRO DE 16 A 20 CM, APOIO ARTICULADO, COMPRIMENTO DE 3 M. AF_03/2024","M",0]
["Estruturas de Madeira",105048,"PILAR DE MADEIRA ROLIÇA, EUCALIPTO OU EQUIVALENTE DA REGIÃO, FIXADO COM PORTA PILAR METÁLICO, DIÂMETRO DE 16 A 20 CM, APOIO ARTICULADO, COMPRIMENTO DE 6 M. AF_03/2024","M",0]
["Estruturas de Madeira",105097,"PILAR DE MADEIRA ROLIÇA, EUCALIPTO OU EQUIVALENTE DA REGIÃO, FIXADO COM PORTA PILAR METÁLICO, DIÂMETRO DE 16 A 20 CM, APOIO ENGASTADO, COMPRIMENTO DE 3 M. AF_03/2024","M",0]
["Estruturas de Madeira",105049,"PILAR DE MADEIRA ROLIÇA, EUCALIPTO OU EQUIVALENTE DA REGIÃO, FIXADO COM PORTA PILAR METÁLICO, DIÂMETRO DE 16 A 20 CM, APOIO ENGASTADO, COMPRIMENTO DE 6 M. AF_03/2024","M",0]
["Estruturas de Madeira",105051,"PILAR DE MADEIRA ROLIÇA, EUCALIPTO OU EQUIVALENTE DA REGIÃO, FIXADO COM PORTA PILAR METÁLICO, DIÂMETRO DE 21 A 29 CM, APOIO ARTICULADO, COMPRIMENTO DE 3 M. AF_03/2024","M",0]
["Estruturas de Madeira",105054,"PILAR DE MADEIRA ROLIÇA, EUCALIPTO OU EQUIVALENTE DA REGIÃO, FIXADO COM PORTA PILAR METÁLICO, DIÂMETRO DE 21 A 29 CM, APOIO ARTICULADO, COMPRIMENTO DE 6 M. AF_03/2024","M",0]
["Estruturas de Madeira",105052,"PILAR DE MADEIRA ROLIÇA, EUCALIPTO OU EQUIVALENTE DA REGIÃO, FIXADO COM PORTA PILAR METÁLICO, DIÂMETRO DE 21 A 29 CM, APOIO ENGASTADO, COMPRIMENTO DE 3 M. AF_03/2024","M",0]
["Estruturas de Madeira",105055,"PILAR DE MADEIRA ROLIÇA, EUCALIPTO OU EQUIVALENTE DA REGIÃO, FIXADO COM PORTA PILAR METÁLICO, DIÂMETRO DE 21 A 29 CM, APOIO ENGASTADO, COMPRIMENTO DE 6 M. AF_03/2024","M",0]
["Estruturas de Madeira",105065,"PILAR DE MADEIRA ROLIÇA, EUCALIPTO OU EQUIVALENTE DA REGIÃO, FIXADO COM PORTA PILAR METÁLICO, DIÂMETRO DE 30 A 34 CM, APOIO ARTICULADO, COMPRIMENTO DE 3 M. AF_03/2024","M",0]
["Estruturas de Madeira",105059,"PILAR DE MADEIRA ROLIÇA, EUCALIPTO OU EQUIVALENTE DA REGIÃO, FIXADO COM PORTA PILAR METÁLICO, DIÂMETRO DE 30 A 34 CM, APOIO ARTICULADO, COMPRIMENTO DE 6 M. AF_03/2024","M",0]
["Estruturas de Madeira",105057,"PILAR DE MADEIRA ROLIÇA, EUCALIPTO OU EQUIVALENTE DA REGIÃO, FIXADO COM PORTA PILAR METÁLICO, DIÂMETRO DE 30 A 34 CM, APOIO ENGASTADO, COMPRIMENTO DE 3 M. AF_03/2024","M",0]
["Estruturas de Madeira",105060,"PILAR DE MADEIRA ROLIÇA, EUCALIPTO OU EQUIVALENTE DA REGIÃO, FIXADO COM PORTA PILAR METÁLICO, DIÂMETRO DE 30 A 34 CM, APOIO ENGASTADO, COMPRIMENTO DE 6 M. AF_03/2024","M",0]
["Estruturas de Madeira",105042,"PILAR DE MADEIRA ROLIÇA, EUCALIPTO OU EQUIVALENTE DA REGIÃO, FIXADO COM VERGALHÃO, DIÂMETRO DE 12 A 15 CM, APOIO ARTICULADO, COMPRIMENTO DE 3 M. AF_03/2024","M",66.790000000000006,0.59040000000000004]
["Estruturas de Madeira",105046,"PILAR DE MADEIRA ROLIÇA, EUCALIPTO OU EQUIVALENTE DA REGIÃO, FIXADO COM VERGALHÃO, DIÂMETRO DE 12 A 15 CM, APOIO ARTICULADO, COMPRIMENTO DE 6 M. AF_03/2024","M",56.01,0.70399999999999996]
["Estruturas de Madeira",105095,"PILAR DE MADEIRA ROLIÇA, EUCALIPTO OU EQUIVALENTE DA REGIÃO, FIXADO COM VERGALHÃO, DIÂMETRO DE 16 A 20 CM, APOIO ARTICULADO, COMPRIMENTO DE 3 M. AF_03/2024","M",99.55,0.72419999999999995]
["Estruturas de Madeira",105098,"PILAR DE MADEIRA ROLIÇA, EUCALIPTO OU EQUIVALENTE DA REGIÃO, FIXADO COM VERGALHÃO, DIÂMETRO DE 16 A 20 CM, APOIO ARTICULADO, COMPRIMENTO DE 6 M. AF_03/2024","M",88.8,0.81179999999999997]
["Estruturas de Madeira",105050,"PILAR DE MADEIRA ROLIÇA, EUCALIPTO OU EQUIVALENTE DA REGIÃO, FIXADO COM VERGALHÃO, DIÂMETRO DE 21 A 29 CM, APOIO ARTICULADO, COMPRIMENTO DE 3 M. AF_03/2024","M",206.69,0.8659]
["Estruturas de Madeira",105053,"PILAR DE MADEIRA ROLIÇA, EUCALIPTO OU EQUIVALENTE DA REGIÃO, FIXADO COM VERGALHÃO, DIÂMETRO DE 21 A 29 CM, APOIO ARTICULADO, COMPRIMENTO DE 6 M. AF_03/2024","M",196.07,0.91279999999999994]
["Estruturas de Madeira",105056,"PILAR DE MADEIRA ROLIÇA, EUCALIPTO OU EQUIVALENTE DA REGIÃO, FIXADO COM VERGALHÃO, DIÂMETRO DE 30 A 34 CM, APOIO ARTICULADO, COMPRIMENTO DE 3 M. AF_03/2024","M",285.52999999999997,0.90129999999999999]
["Estruturas de Madeira",105058,"PILAR DE MADEIRA ROLIÇA, EUCALIPTO OU EQUIVALENTE DA REGIÃO, FIXADO COM VERGALHÃO, DIÂMETRO DE 30 A 34 CM, APOIO ARTICULADO, COMPRIMENTO DE 6 M. AF_03/2024","M",275.64999999999998,0.93359999999999999]
["Estruturas de Madeira",105062,"PILAR DE MADEIRA SERRADA, MAÇARANDUBA OU EQUIVALENTE DA REGIÃO, NÃO APARELHADO, FIXADO COM PORTA PILAR METÁLICO, SEÇÃO QUADRADA 10 X 10 CM, APOIO ARTICULADO, COMPRIMENTO DE 3 M. AF_03/2024","M",0]
["Estruturas de Madeira",105066,"PILAR DE MADEIRA SERRADA, MAÇARANDUBA OU EQUIVALENTE DA REGIÃO, NÃO APARELHADO, FIXADO COM PORTA PILAR METÁLICO, SEÇÃO QUADRADA 10 X 10 CM, APOIO ARTICULADO, COMPRIMENTO DE 6 M. AF_03/2024","M",0]
["Estruturas de Madeira",105063,"PILAR DE MADEIRA SERRADA, MAÇARANDUBA OU EQUIVALENTE DA REGIÃO, NÃO APARELHADO, FIXADO COM PORTA PILAR METÁLICO, SEÇÃO QUADRADA 10 X 10 CM, APOIO ENGASTADO, COMPRIMENTO DE 3 M. AF_03/2024","M",0]
["Estruturas de Madeira",105067,"PILAR DE MADEIRA SERRADA, MAÇARANDUBA OU EQUIVALENTE DA REGIÃO, NÃO APARELHADO, FIXADO COM PORTA PILAR METÁLICO, SEÇÃO QUADRADA 10 X 10 CM, APOIO ENGASTADO, COMPRIMENTO DE 6 M. AF_03/2024","M",0]
["Estruturas de Madeira",105069,"PILAR DE MADEIRA SERRADA, MAÇARANDUBA OU EQUIVALENTE DA REGIÃO, NÃO APARELHADO, FIXADO COM PORTA PILAR METÁLICO, SEÇÃO QUADRADA 15 X 15 CM, APOIO ARTICULADO, COMPRIMENTO DE 3 M. AF_03/2024","M",0]
["Estruturas de Madeira",105072,"PILAR DE MADEIRA SERRADA, MAÇARANDUBA OU EQUIVALENTE DA REGIÃO, NÃO APARELHADO, FIXADO COM PORTA PILAR METÁLICO, SEÇÃO QUADRADA 15 X 15 CM, APOIO ARTICULADO, COMPRIMENTO DE 6 M. AF_03/2024","M",0]
["Estruturas de Madeira",105070,"PILAR DE MADEIRA SERRADA, MAÇARANDUBA OU EQUIVALENTE DA REGIÃO, NÃO APARELHADO, FIXADO COM PORTA PILAR METÁLICO, SEÇÃO QUADRADA 15 X 15 CM, APOIO ENGASTADO, COMPRIMENTO DE 3 M. AF_03/2024","M",0]
["Estruturas de Madeira",105073,"PILAR DE MADEIRA SERRADA, MAÇARANDUBA OU EQUIVALENTE DA REGIÃO, NÃO APARELHADO, FIXADO COM PORTA PILAR METÁLICO, SEÇÃO QUADRADA 15 X 15 CM, APOIO ENGASTADO, COMPRIMENTO DE 6 M. AF_03/2024","M",0]
["Estruturas de Madeira",105075,"PILAR DE MADEIRA SERRADA, MAÇARANDUBA OU EQUIVALENTE DA REGIÃO, NÃO APARELHADO, FIXADO COM PORTA PILAR METÁLICO, SEÇÃO QUADRADA 20 X 20 CM, APOIO ARTICULADO, COMPRIMENTO DE 3 M. AF_03/2024","M",0]
["Estruturas de Madeira",105078,"PILAR DE MADEIRA SERRADA, MAÇARANDUBA OU EQUIVALENTE DA REGIÃO, NÃO APARELHADO, FIXADO COM PORTA PILAR METÁLICO, SEÇÃO QUADRADA 20 X 20 CM, APOIO ARTICULADO, COMPRIMENTO DE 6 M. AF_03/2024","M",0]
["Estruturas de Madeira",105076,"PILAR DE MADEIRA SERRADA, MAÇARANDUBA OU EQUIVALENTE DA REGIÃO, NÃO APARELHADO, FIXADO COM PORTA PILAR METÁLICO, SEÇÃO QUADRADA 20 X 20 CM, APOIO ENGASTADO, COMPRIMENTO DE 3 M. AF_03/2024","M",0]
["Estruturas de Madeira",105079,"PILAR DE MADEIRA SERRADA, MAÇARANDUBA OU EQUIVALENTE DA REGIÃO, NÃO APARELHADO, FIXADO COM PORTA PILAR METÁLICO, SEÇÃO QUADRADA 20 X 20 CM, APOIO ENGASTADO, COMPRIMENTO DE 6 M. AF_03/2024","M",0]
["Estruturas de Madeira",105061,"PILAR DE MADEIRA SERRADA, MAÇARANDUBA OU EQUIVALENTE DA REGIÃO, NÃO APARELHADO, FIXADO COM VERGALHÃO, SEÇÃO QUADRADA 10 X 10 CM, APOIO ARTICULADO, COMPRIMENTO DE 3 M. AF_03/2024","M",94.74,7.8299999999999995E-2]
["Estruturas de Madeira",105064,"PILAR DE MADEIRA SERRADA, MAÇARANDUBA OU EQUIVALENTE DA REGIÃO, NÃO APARELHADO, FIXADO COM VERGALHÃO, SEÇÃO QUADRADA 10 X 10 CM, APOIO ARTICULADO, COMPRIMENTO DE 6 M. AF_03/2024","M",80.97,9.1600000000000001E-2]
["Estruturas de Madeira",105068,"PILAR DE MADEIRA SERRADA, MAÇARANDUBA OU EQUIVALENTE DA REGIÃO, NÃO APARELHADO, FIXADO COM VERGALHÃO, SEÇÃO QUADRADA 15 X 15 CM, APOIO ARTICULADO, COMPRIMENTO DE 3 M. AF_03/2024","M",155.47999999999999,4.7699999999999999E-2]
["Estruturas de Madeira",105071,"PILAR DE MADEIRA SERRADA, MAÇARANDUBA OU EQUIVALENTE DA REGIÃO, NÃO APARELHADO, FIXADO COM VERGALHÃO, SEÇÃO QUADRADA 15 X 15 CM, APOIO ARTICULADO, COMPRIMENTO DE 6 M. AF_03/2024","M",141.72999999999999,5.2400000000000002E-2]
["Estruturas de Madeira",105074,"PILAR DE MADEIRA SERRADA, MAÇARANDUBA OU EQUIVALENTE DA REGIÃO, NÃO APARELHADO, FIXADO COM VERGALHÃO, SEÇÃO QUADRADA 20 X 20 CM, APOIO ARTICULADO, COMPRIMENTO DE 3 M. AF_03/2024","M",240.49,3.09E-2]
["Estruturas de Madeira",105077,"PILAR DE MADEIRA SERRADA, MAÇARANDUBA OU EQUIVALENTE DA REGIÃO, NÃO APARELHADO, FIXADO COM VERGALHÃO, SEÇÃO QUADRADA 20 X 20 CM, APOIO ARTICULADO, COMPRIMENTO DE 6 M. AF_03/2024","M",226.8,3.27E-2]
["Estruturas de Madeira",105090,"PISO DE MADEIRA, SOBRE VIGOTAS DE MADEIRA SEÇÃO 7,5 X 15 CM. AF_03/2024","M2",591.54,0.83489999999999998]
["Estruturas de Madeira",105099,"VIGA DE MADEIRA ROLIÇA, EUCALIPTO OU EQUIVALENTE DA REGIÃO, DIÂMETRO DE 12 A 15 CM. AF_03/2024","M",81.44,0.58209999999999995]
["Estruturas de Madeira",105100,"VIGA DE MADEIRA ROLIÇA, EUCALIPTO OU EQUIVALENTE DA REGIÃO, DIÂMETRO DE 16 A 20 CM. AF_03/2024","M",117.11,0.68369999999999997]
["Estruturas de Madeira",105101,"VIGA DE MADEIRA ROLIÇA, EUCALIPTO OU EQUIVALENTE DA REGIÃO, DIÂMETRO DE 21 A 29 CM. AF_03/2024","M",230.32,0.81169999999999998]
["Estruturas de Madeira",105102,"VIGA DE MADEIRA ROLIÇA, EUCALIPTO OU EQUIVALENTE DA REGIÃO, DIÂMETRO DE 30 A 34 CM. AF_03/2024","M",317.06,0.83689999999999998]
["Estruturas de Madeira",105080,"VIGA DE MADEIRA SERRADA, MAÇARANDUBA OU EQUIVALENTE DA REGIÃO, APARELHADA, SEÇÃO RETANGULAR 6 X 12 CM. AF_03/2024","M",62.84,0.24510000000000001]
["Estruturas de Madeira",105081,"VIGA DE MADEIRA SERRADA, MAÇARANDUBA OU EQUIVALENTE DA REGIÃO, APARELHADA, SEÇÃO RETANGULAR 6 X 16 CM. AF_03/2024","M",72.5,0.21240000000000001]
["Estruturas de Madeira",105091,"VIGA DE MADEIRA SERRADA, MAÇARANDUBA OU EQUIVALENTE DA REGIÃO, APARELHADA, SEÇÃO RETANGULAR 7,5 X 23 CM. AF_03/2024","M",125.34,0.1229]
["Estruturas de Madeira",105089,"VIGA DE MADEIRA SERRADA, MAÇARANDUBA OU EQUIVALENTE DA REGIÃO, APARELHADA, SEÇÃO RETANGULAR 8 X 30 CM. AF_03/2024","M",157.80000000000001,9.7600000000000006E-2]
["Estruturas de Madeira",105082,"VIGA DE MADEIRA SERRADA, MAÇARANDUBA OU EQUIVALENTE DA REGIÃO, NÃO APARELHADA, SEÇÃO RETANGULAR 6 X 12 CM. AF_03/2024","M",65.42,0.2354]
["Estruturas de Madeira",105083,"VIGA DE MADEIRA SERRADA, MAÇARANDUBA OU EQUIVALENTE DA REGIÃO, NÃO APARELHADA, SEÇÃO RETANGULAR 6 X 16 CM. AF_03/2024","M",73.69,0.20899999999999999]
["Estruturas de Madeira",105084,"VIGA DE MADEIRA SERRADA, MAÇARANDUBA OU EQUIVALENTE DA REGIÃO, NÃO APARELHADA, SEÇÃO RETANGULAR 6 X 20 CM. AF_03/2024","M",91.16,0.16889999999999999]
["Estruturas de Madeira",105086,"VIGA DE MADEIRA SERRADA, MAÇARANDUBA OU EQUIVALENTE DA REGIÃO, NÃO APARELHADA, SEÇÃO RETANGULAR 6 X 25 CM. AF_03/2024","M",84.92,0.18129999999999999]
["Estruturas de Madeira",105087,"VIGA DE MADEIRA SERRADA, MAÇARANDUBA OU EQUIVALENTE DA REGIÃO, NÃO APARELHADA, SEÇÃO RETANGULAR 6 X 30 CM. AF_03/2024","M",95.22,0.16170000000000001]
["Estruturas de Madeira",105088,"VIGA DE MADEIRA SERRADA, MAÇARANDUBA OU EQUIVALENTE DA REGIÃO, NÃO APARELHADA, SEÇÃO RETANGULAR 6 X 40 CM. AF_03/2024","M",170.81,9.0200000000000002E-2]
["Estruturas de Madeira",105092,"VIGA DE MADEIRA SERRADA, MAÇARANDUBA OU EQUIVALENTE DA REGIÃO, NÃO APARELHADA, SEÇÃO RETANGULAR 7,5 X 23 CM. AF_03/2024","M",136.19,0.11310000000000001]
["Estruturas de Madeira",105085,"VIGA DE MADEIRA SERRADA, MAÇARANDUBA OU EQUIVALENTE DA REGIÃO, NÃO APARELHADA, SEÇÃO RETANGULAR 8 X 16 CM. AF_03/2024","M",95.23,0.16170000000000001]
["Estruturas de Madeira",105093,"VIGA DE MADEIRA SERRADA, MAÇARANDUBA OU EQUIVALENTE DA REGIÃO, NÃO APARELHADA, SEÇÃO RETANGULAR 8 X 30 CM. AF_03/2024","M",138.29,0.1114]
["Estruturas de Madeira",105041,"VIGA DE MADEIRA SERRADA, PINUS OU EQUIVALENTE DA REGIÃO, SEÇÃO RETANGULAR 7,5 X 10 CM. AF_03/2024","M",59.63,0.25829999999999997]
["Estruturas de Madeira",105045,"VIGA DE MADEIRA SERRADA, PINUS OU EQUIVALENTE DA REGIÃO, SEÇÃO RETANGULAR 7,5 X 15 CM. AF_03/2024","M",69.84,0.2205]
["Execução de Grampo para Solo Grampeado",93961,"EXECUÇÃO DE GRAMPO PARA SOLO GRAMPEADO COM COMPRIMENTO MAIOR QUE 10 M, DIÂMETRO DE 10 CM, PERFURAÇÃO COM EQUIPAMENTO MANUAL E ARMADURA COM DIÂMETRO DE 20 MM. AF_07/2024","M",258.31,3.85E-2]
["Execução de Grampo para Solo Grampeado",93971,"EXECUÇÃO DE GRAMPO PARA SOLO GRAMPEADO COM COMPRIMENTO MAIOR QUE 10 M, DIÂMETRO DE 7 CM, PERFURAÇÃO COM EQUIPAMENTO MANUAL E ARMADURA COM DIÂMETRO DE 20 MM. AF_07/2024","M",214.84,4.4900000000000002E-2]
["Execução de Grampo para Solo Grampeado",93959,"EXECUÇÃO DE GRAMPO PARA SOLO GRAMPEADO COM COMPRIMENTO MAIOR QUE 6 M E MENOR OU IGUAL A 10 M, DIÂMETRO DE 10 CM, PERFURAÇÃO COM EQUIPAMENTO MANUAL E ARMADURA COM DIÂMETRO DE 20 MM. AF_07/2024","M",287.42,4.2299999999999997E-2]
["Execução de Grampo para Solo Grampeado",93969,"EXECUÇÃO DE GRAMPO PARA SOLO GRAMPEADO COM COMPRIMENTO MAIOR QUE 6 M E MENOR OU IGUAL A 10 M, DIÂMETRO DE 7 CM, PERFURAÇÃO COM EQUIPAMENTO MANUAL E ARMADURA COM DIÂMETRO DE 20 MM. AF_07/2024","M",238.24,4.9099999999999998E-2]
["Execução de Grampo para Solo Grampeado",93957,"EXECUÇÃO DE GRAMPO PARA SOLO GRAMPEADO COM COMPRIMENTO MENOR OU IGUAL A 6 M, DIÂMETRO DE 10 CM, PERFURAÇÃO COM EQUIPAMENTO MANUAL E ARMADURA COM DIÂMETRO DE 20 MM. AF_07/2024","M",356.45,5.1400000000000001E-2]
["Execução de Grampo para Solo Grampeado",93967,"EXECUÇÃO DE GRAMPO PARA SOLO GRAMPEADO COM COMPRIMENTO MENOR OU IGUAL A 6 M, DIÂMETRO DE 7 CM, PERFURAÇÃO COM EQUIPAMENTO MANUAL E ARMADURA COM DIÂMETRO DE 20 MM. AF_07/2024","M",295.72000000000003,5.9299999999999999E-2]
["Execução de Tirantes",104878,"EXECUÇÃO DE LONGARINA, PARA TIRANTES PERMANENTES, COM PERFIL METÁLICO, INCLUINDO CUNHA E SOLIDARIZAÇÃO. AF_11/2023","UN",2302.6999999999998,0.93740000000000001]
["Execução de Tirantes",104877,"EXECUÇÃO DE LONGARINA, PARA TIRANTES PROVISÓRIOS, COM PERFIL METÁLICO, INCLUINDO CUNHA E SOLIDARIZAÇÃO. AF_11/2023","UN",600.29999999999995,0.75970000000000004]
["Execução de Tirantes",104841,"EXECUÇÃO DE PERFURAÇÃO PARA TIRANTE, COMPRIMENTO MAIOR OU IGUAL A 14 M E MENOR QUE 22 M, COM DIÂMETRO DE FURO DE 100 MM EXECUTADO COM HASTE E TUBOS DE REVESTIMENTO UTILIZANDO PERFURATRIZ SOBRE ESTEIRA. AF_11/2023","M",86.11,0.18720000000000001]
["Execução de Tirantes",104849,"EXECUÇÃO DE PERFURAÇÃO PARA TIRANTE, COMPRIMENTO MAIOR OU IGUAL A 14 M E MENOR QUE 22 M, COM DIÂMETRO DE FURO DE 100 MM EXECUTADO COM HASTE UTILIZANDO PERFURATRIZ MANUAL SOBRE BASE DE MONTAGEM. AF_11/2023","M",59.11,1.83E-2]
["Execução de Tirantes",104887,"EXECUÇÃO DE PERFURAÇÃO PARA TIRANTE, COMPRIMENTO MAIOR OU IGUAL A 14 M E MENOR QUE 22 M, COM DIÂMETRO DE FURO DE 100 MM EXECUTADO COM HASTE UTILIZANDO PERFURATRIZ SOBRE ESTEIRA. AF_11/2023","M",45.81,0.1371]
["Execução de Tirantes",104844,"EXECUÇÃO DE PERFURAÇÃO PARA TIRANTE, COMPRIMENTO MAIOR OU IGUAL A 14 M E MENOR QUE 22 M, COM DIÂMETRO DE FURO DE 150 MM EXECUTADO COM HASTE E TUBOS DE REVESTIMENTO UTILIZANDO PERFURATRIZ SOBRE ESTEIRA. AF_11/2023","M",95.02,0.1925]
["Execução de Tirantes",104852,"EXECUÇÃO DE PERFURAÇÃO PARA TIRANTE, COMPRIMENTO MAIOR OU IGUAL A 14 M E MENOR QUE 22 M, COM DIÂMETRO DE FURO DE 150 MM EXECUTADO COM HASTE UTILIZANDO PERFURATRIZ MANUAL SOBRE BASE DE MONTAGEM. AF_11/2023","M",65.040000000000006,1.95E-2]
["Execução de Tirantes",104846,"EXECUÇÃO DE PERFURAÇÃO PARA TIRANTE, COMPRIMENTO MAIOR OU IGUAL A 14 M E MENOR QUE 22 M, COM DIÂMETRO DE FURO DE 200 MM EXECUTADO COM HASTE E TUBOS DE REVESTIMENTO UTILIZANDO PERFURATRIZ SOBRE ESTEIRA. AF_11/2023","M",108.29,0.19869999999999999]
["Execução de Tirantes",104854,"EXECUÇÃO DE PERFURAÇÃO PARA TIRANTE, COMPRIMENTO MAIOR OU IGUAL A 14 M E MENOR QUE 22 M, COM DIÂMETRO DE FURO DE 200 MM EXECUTADO COM HASTE UTILIZANDO PERFURATRIZ MANUAL SOBRE BASE DE MONTAGEM. AF_11/2023","M",73.91,2.07E-2]
["Execução de Tirantes",104890,"EXECUÇÃO DE PERFURAÇÃO PARA TIRANTE, COMPRIMENTO MAIOR OU IGUAL A 14 M E MENOR QUE 22 M, COM DIÂMETRO DE FURO DE 200 MM EXECUTADO COM HASTE UTILIZANDO PERFURATRIZ SOBRE ESTEIRA. AF_11/2023","M",52.51,0.15060000000000001]
["Execução de Tirantes",104842,"EXECUÇÃO DE PERFURAÇÃO PARA TIRANTE, COMPRIMENTO MAIOR OU IGUAL A 22 M E MENOR QUE 30 M, COM DIÂMETRO DE FURO DE 100 MM EXECUTADO COM HASTE E TUBOS DE REVESTIMENTO UTILIZANDO PERFURATRIZ SOBRE ESTEIRA. AF_11/2023","M",73.58,0.17780000000000001]
["Execução de Tirantes",104850,"EXECUÇÃO DE PERFURAÇÃO PARA TIRANTE, COMPRIMENTO MAIOR OU IGUAL A 22 M E MENOR QUE 30 M, COM DIÂMETRO DE FURO DE 100 MM EXECUTADO COM HASTE UTILIZANDO PERFURATRIZ MANUAL SOBRE BASE DE MONTAGEM. AF_11/2023","M",52.62,1.7100000000000001E-2]
["Execução de Tirantes",104888,"EXECUÇÃO DE PERFURAÇÃO PARA TIRANTE, COMPRIMENTO MAIOR OU IGUAL A 22 M E MENOR QUE 30 M, COM DIÂMETRO DE FURO DE 100 MM EXECUTADO COM HASTE UTILIZANDO PERFURATRIZ SOBRE ESTEIRA. AF_11/2023","M",41.6,0.12620000000000001]
["Execução de Tirantes",104879,"EXECUÇÃO DE PERFURAÇÃO PARA TIRANTE, COMPRIMENTO MAIOR OU IGUAL A 22 M E MENOR QUE 30 M, COM DIÂMETRO DE FURO DE 150 MM EXECUTADO COM HASTE E TUBOS DE REVESTIMENTO UTILIZANDO PERFURATRIZ SOBRE ESTEIRA. AF_11/2023","M",81.03,0.18390000000000001]
["Execução de Tirantes",104853,"EXECUÇÃO DE PERFURAÇÃO PARA TIRANTE, COMPRIMENTO MAIOR OU IGUAL A 22 M E MENOR QUE 30 M, COM DIÂMETRO DE FURO DE 150 MM EXECUTADO COM HASTE UTILIZANDO PERFURATRIZ MANUAL SOBRE BASE DE MONTAGEM. AF_11/2023","M",57.63,1.84E-2]
["Execução de Tirantes",104847,"EXECUÇÃO DE PERFURAÇÃO PARA TIRANTE, COMPRIMENTO MAIOR OU IGUAL A 22 M E MENOR QUE 30 M, COM DIÂMETRO DE FURO DE 200 MM EXECUTADO COM HASTE E TUBOS DE REVESTIMENTO UTILIZANDO PERFURATRIZ SOBRE ESTEIRA. AF_11/2023","M",92.08,0.19089999999999999]
["Execução de Tirantes",104855,"EXECUÇÃO DE PERFURAÇÃO PARA TIRANTE, COMPRIMENTO MAIOR OU IGUAL A 22 M E MENOR QUE 30 M, COM DIÂMETRO DE FURO DE 200 MM EXECUTADO COM HASTE UTILIZANDO PERFURATRIZ MANUAL SOBRE BASE DE MONTAGEM. AF_11/2023","M",65,1.9800000000000002E-2]
["Execução de Tirantes",104891,"EXECUÇÃO DE PERFURAÇÃO PARA TIRANTE, COMPRIMENTO MAIOR OU IGUAL A 22 M E MENOR QUE 30 M, COM DIÂMETRO DE FURO DE 200 MM EXECUTADO COM HASTE UTILIZANDO PERFURATRIZ SOBRE ESTEIRA. AF_11/2023","M",47.23,0.14019999999999999]
["Execução de Tirantes",104892,"EXECUÇÃO DE PERFURAÇÃO PARA TIRANTE, COMPRIMENTO MAIOR OU IGUAL A 6 M E MENOR QUE 14 M, COM DIÂMETRO DE FURO DE 100 MM EXECUTADO COM HASTE E TUBOS DE REVESTIMENTO UTILIZANDO PERFURATRIZ SOBRE ESTEIRA. AF_11/2023","M",107,0.19789999999999999]
["Execução de Tirantes",104848,"EXECUÇÃO DE PERFURAÇÃO PARA TIRANTE, COMPRIMENTO MAIOR OU IGUAL A 6 M E MENOR QUE 14 M, COM DIÂMETRO DE FURO DE 100 MM EXECUTADO COM HASTE UTILIZANDO PERFURATRIZ MANUAL SOBRE BASE DE MONTAGEM. AF_11/2023","M",68.7,1.95E-2]
["Execução de Tirantes",104886,"EXECUÇÃO DE PERFURAÇÃO PARA TIRANTE, COMPRIMENTO MAIOR OU IGUAL A 6 M E MENOR QUE 14 M, COM DIÂMETRO DE FURO DE 100 MM EXECUTADO COM HASTE UTILIZANDO PERFURATRIZ SOBRE ESTEIRA. AF_11/2023","M",52.05,0.14990000000000001]
["Execução de Tirantes",104843,"EXECUÇÃO DE PERFURAÇÃO PARA TIRANTE, COMPRIMENTO MAIOR OU IGUAL A 6 M E MENOR QUE 14 M, COM DIÂMETRO DE FURO DE 150 MM EXECUTADO COM HASTE E TUBOS DE REVESTIMENTO UTILIZANDO PERFURATRIZ SOBRE ESTEIRA. AF_11/2023","M",118.12,0.20219999999999999]
["Execução de Tirantes",104851,"EXECUÇÃO DE PERFURAÇÃO PARA TIRANTE, COMPRIMENTO MAIOR OU IGUAL A 6 M E MENOR QUE 14 M, COM DIÂMETRO DE FURO DE 150 MM EXECUTADO COM HASTE UTILIZANDO PERFURATRIZ MANUAL SOBRE BASE DE MONTAGEM. AF_11/2023","M",76.16,2.06E-2]
["Execução de Tirantes",104845,"EXECUÇÃO DE PERFURAÇÃO PARA TIRANTE, COMPRIMENTO MAIOR OU IGUAL A 6 M E MENOR QUE 14 M, COM DIÂMETRO DE FURO DE 200 MM EXECUTADO COM HASTE E TUBOS DE REVESTIMENTO UTILIZANDO PERFURATRIZ SOBRE ESTEIRA. AF_11/2023","M",134.63,0.2072]
["Execução de Tirantes",104880,"EXECUÇÃO DE PERFURAÇÃO PARA TIRANTE, COMPRIMENTO MAIOR OU IGUAL A 6 M E MENOR QUE 14 M, COM DIÂMETRO DE FURO DE 200 MM EXECUTADO COM HASTE UTILIZANDO PERFURATRIZ MANUAL SOBRE BASE DE MONTAGEM. AF_11/2023","M",87.19,2.1700000000000001E-2]
["Execução de Tirantes",104889,"EXECUÇÃO DE PERFURAÇÃO PARA TIRANTE, COMPRIMENTO MAIOR OU IGUAL A 6 M E MENOR QUE 14 M, COM DIÂMETRO DE FURO DE 200 MM EXECUTADO COM HASTE UTILIZANDO PERFURATRIZ SOBRE ESTEIRA. AF_11/2023","M",60.37,0.1628]
["Execução de Tirantes",95108,"EXECUÇÃO DE PROTEÇÃO DA CABEÇA DO TIRANTE COM USO DE FÔRMAS METÁLICAS, 50 UTILIZAÇÕES, E CONCRETO FCK =15 MPA. AF_11/2023","UN",40.68,6.1199999999999997E-2]
["Execução de Tirantes",104857,"INJEÇÃO DE CALDA DE CIMENTO PARA CHUMBAMENTO DE TIRANTE COM 8 CORDOALHAS DE 12,7 MM, COMPRIMENTO MAIOR OU IGUAL A 22 M E MENOR QUE 30 M, DIÂMETRO DE 100 MM, INCLUSIVE PRODUÇÃO. AF_11/2023","M",0]
["Execução de Tirantes",104859,"INJEÇÃO DE CALDA DE CIMENTO PARA CHUMBAMENTO DE TIRANTE COM 8 CORDOALHAS DE 12,7 MM, COMPRIMENTO MAIOR OU IGUAL A 22 M E MENOR QUE 30 M, DIÂMETRO DE 150 MM, INCLUSIVE PRODUÇÃO. AF_11/2023","M",0]
["Execução de Tirantes",104861,"INJEÇÃO DE CALDA DE CIMENTO PARA CHUMBAMENTO DE TIRANTE COM 8 CORDOALHAS DE 12,7 MM, COMPRIMENTO MAIOR OU IGUAL A 22 M E MENOR QUE 30 M, DIÂMETRO DE 200 MM, INCLUSIVE PRODUÇÃO. AF_11/2023","M",0]
["Execução de Tirantes",104856,"INJEÇÃO DE CALDA DE CIMENTO PARA CHUMBAMENTO DE TIRANTE MONOBARRA COM ARMADURA DE 36 MM, COMPRIMENTO MAIOR OU IGUAL A 22 M E MENOR QUE 30 M, DIÂMETRO DE 100 MM, INCLUSIVE PRODUÇÃO. AF_11/2023","M",0]
["Execução de Tirantes",104858,"INJEÇÃO DE CALDA DE CIMENTO PARA CHUMBAMENTO DE TIRANTE MONOBARRA COM ARMADURA DE 36 MM, COMPRIMENTO MAIOR OU IGUAL A 22 M E MENOR QUE 30 M, DIÂMETRO DE 150 MM, INCLUSIVE PRODUÇÃO. AF_11/2023","M",0]
["Execução de Tirantes",104860,"INJEÇÃO DE CALDA DE CIMENTO PARA CHUMBAMENTO DE TIRANTE MONOBARRA COM ARMADURA DE 36 MM, COMPRIMENTO MAIOR OU IGUAL A 22 M E MENOR QUE 30 M, DIÂMETRO DE 200 MM, INCLUSIVE PRODUÇÃO. AF_11/2023","M",0]
["Execução de Tirantes",104871,"INSTALAÇÃO DE TIRANTE COM 4 CORDOALHAS DE 12,7 MM, COMPRIMENTO MAIOR OU IGUAL A 14 M E MENOR QUE 22 M, INCLUSIVE MONTAGEM, INSTALAÇÃO E PROTENSÃO. AF_11/2023","M",0]
["Execução de Tirantes",104883,"INSTALAÇÃO DE TIRANTE COM 4 CORDOALHAS DE 12,7 MM, COMPRIMENTO MAIOR OU IGUAL A 22 M E MENOR QUE 30 M, INCLUSIVE MONTAGEM, INSTALAÇÃO E PROTENSÃO. AF_11/2023","M",0]
["Execução de Tirantes",104865,"INSTALAÇÃO DE TIRANTE COM 4 CORDOALHAS DE 12,7 MM, COMPRIMENTO MAIOR OU IGUAL A 6 M E MENOR QUE 14 M, INCLUSIVE MONTAGEM, INSTALAÇÃO E PROTENSÃO. AF_11/2023","M",0]
["Execução de Tirantes",104872,"INSTALAÇÃO DE TIRANTE COM 6 CORDOALHAS DE 12,7 MM, COMPRIMENTO MAIOR OU IGUAL A 14 M E MENOR QUE 22 M, INCLUSIVE MONTAGEM, INSTALAÇÃO E PROTENSÃO. AF_11/2023","M",0]
["Execução de Tirantes",104884,"INSTALAÇÃO DE TIRANTE COM 6 CORDOALHAS DE 12,7 MM, COMPRIMENTO MAIOR OU IGUAL A 22 M E MENOR QUE 30 M, INCLUSIVE MONTAGEM, INSTALAÇÃO E PROTENSÃO. AF_11/2023","M",0]
["Execução de Tirantes",104866,"INSTALAÇÃO DE TIRANTE COM 6 CORDOALHAS DE 12,7 MM, COMPRIMENTO MAIOR OU IGUAL A 6 M E MENOR QUE 14 M, INCLUSIVE MONTAGEM, INSTALAÇÃO E PROTENSÃO. AF_11/2023","M",0]
["Execução de Tirantes",104873,"INSTALAÇÃO DE TIRANTE COM 8 CORDOALHAS DE 12,7 MM, COMPRIMENTO MAIOR OU IGUAL A 14 M E MENOR QUE 22 M, INCLUSIVE MONTAGEM, INSTALAÇÃO E PROTENSÃO. AF_11/2023","M",0]
["Execução de Tirantes",104885,"INSTALAÇÃO DE TIRANTE COM 8 CORDOALHAS DE 12,7 MM, COMPRIMENTO MAIOR OU IGUAL A 22 M E MENOR QUE 30 M, INCLUSIVE MONTAGEM, INSTALAÇÃO E PROTENSÃO. AF_11/2023","M",0]
["Execução de Tirantes",104867,"INSTALAÇÃO DE TIRANTE COM 8 CORDOALHAS DE 12,7 MM, COMPRIMENTO MAIOR OU IGUAL A 6 M E MENOR QUE 14 M, INCLUSIVE MONTAGEM, INSTALAÇÃO E PROTENSÃO. AF_11/2023","M",0]
["Execução de Tirantes",104868,"INSTALAÇÃO DE TIRANTE MONOBARRA COM ARMADURA DE 25 MM, COMPRIMENTO MAIOR OU IGUAL A 14 M E MENOR QUE 22 M, INCLUSIVE MONTAGEM, INSTALAÇÃO E PROTENSÃO. AF_11/2023","M",0]
["Execução de Tirantes",104874,"INSTALAÇÃO DE TIRANTE MONOBARRA COM ARMADURA DE 25 MM, COMPRIMENTO MAIOR OU IGUAL A 22 M E MENOR QUE 30 M, INCLUSIVE MONTAGEM, INSTALAÇÃO E PROTENSÃO. AF_11/2023","M",0]
["Execução de Tirantes",104862,"INSTALAÇÃO DE TIRANTE MONOBARRA COM ARMADURA DE 25 MM, COMPRIMENTO MAIOR OU IGUAL A 6 M E MENOR QUE 14 M, INCLUSIVE MONTAGEM, INSTALAÇÃO E PROTENSÃO. AF_11/2023","M",0]
["Execução de Tirantes",104869,"INSTALAÇÃO DE TIRANTE MONOBARRA COM ARMADURA DE 32 MM, COMPRIMENTO MAIOR OU IGUAL A 14 M E MENOR QUE 22 M, INCLUSIVE MONTAGEM, INSTALAÇÃO E PROTENSÃO. AF_11/2023","M",0]
["Execução de Tirantes",104881,"INSTALAÇÃO DE TIRANTE MONOBARRA COM ARMADURA DE 32 MM, COMPRIMENTO MAIOR OU IGUAL A 22 M E MENOR QUE 30 M, INCLUSIVE MONTAGEM, INSTALAÇÃO E PROTENSÃO. AF_11/2023","M",0]
["Execução de Tirantes",104863,"INSTALAÇÃO DE TIRANTE MONOBARRA COM ARMADURA DE 32 MM, COMPRIMENTO MAIOR OU IGUAL A 6 M E MENOR QUE 14 M, INCLUSIVE MONTAGEM, INSTALAÇÃO E PROTENSÃO. AF_11/2023","M",0]
["Execução de Tirantes",104870,"INSTALAÇÃO DE TIRANTE MONOBARRA COM ARMADURA DE 36 MM, COMPRIMENTO MAIOR OU IGUAL A 14 M E MENOR QUE 22 M, INCLUSIVE MONTAGEM, INSTALAÇÃO E PROTENSÃO. AF_11/2023","M",0]
["Execução de Tirantes",104882,"INSTALAÇÃO DE TIRANTE MONOBARRA COM ARMADURA DE 36 MM, COMPRIMENTO MAIOR OU IGUAL A 22 M E MENOR QUE 30 M, INCLUSIVE MONTAGEM, INSTALAÇÃO E PROTENSÃO. AF_11/2023","M",0]
["Execução de Tirantes",104864,"INSTALAÇÃO DE TIRANTE MONOBARRA COM ARMADURA DE 36 MM, COMPRIMENTO MAIOR OU IGUAL A 6 M E MENOR QUE 14 M, INCLUSIVE MONTAGEM, INSTALAÇÃO E PROTENSÃO. AF_11/2023","M",0]
["Execução de Tirantes",104876,"PERFURAÇÃO DE CORTINA PRÉ-MOLDADA COM MARTELETE ROMPEDOR. AF_11/2023","UN",24.18,0]
["Execução de Tirantes",104875,"PERFURAÇÃO DE PAREDE DIAFRAGMA COM COROA DIAMANTADA DE DIÂMETRO DE 102 MM. AF_11/2023","M",132.49,2.98E-2]
["Fachadas com Placas Cerâmicas e Granito - Insertadas",105942,"REQUADRO DE VÃOS COM PLACAS DE PORCELANATO ASSENTADAS COM ARGAMASSA COLANTE. AF_03/2025","M",0]
["Fachadas com Placas Cerâmicas e Granito - Insertadas",105943,"REQUADRO DE VÃOS PLACAS DE GRANITO FIXADAS COM INSERTE METÁLICO. AF_03/2025","M",0]
["Fachadas com Placas Cerâmicas e Granito - Insertadas",105941,"REVESTIMENTO NÃO ADERIDO DE PAREDES EXTERNAS COM PLACAS DE GRANITO DE ÁREA MAIOR QUE 10000 CM2, FIXADAS COM INSERTE METÁLICO. AF_03/2025","M2",0]
["Fachadas com Placas Cerâmicas e Granito - Insertadas",105940,"REVESTIMENTO NÃO ADERIDO DE PAREDES EXTERNAS COM PLACAS DE GRANITO DE ÁREA MAIOR QUE 3025 CM2 E MENOR OU IGUAL A 10000 CM2, FIXADAS COM INSERTE METÁLICO. AF_03/2025","M2",0]
["Fachadas com Placas Cerâmicas e Granito - Insertadas",105938,"REVESTIMENTO NÃO ADERIDO DE PAREDES EXTERNAS COM PLACAS DE PORCELANATO DE ÁREA MAIOR DO QUE 2500 CM2 E MENOR OU IGUAL A 6400 CM2, FIXADAS COM INSERTE METÁLICO. AF_03/2025","M2",0]
["Fachadas com Placas Cerâmicas e Granito - Insertadas",105939,"REVESTIMENTO NÃO ADERIDO DE PAREDES EXTERNAS COM PLACAS DE PORCELANATO DE ÁREA MAIOR QUE 6400 CM2 E MENOR QUE 10000 CM2, FIXADAS COM INSERTE METÁLICO. AF_03/2025","M2",0]
["Forros",96120,"ACABAMENTOS PARA FORRO (MOLDURA DE GESSO). AF_08/2023","M",3.45,1.1599999999999999E-2]
["Forros",96123,"ACABAMENTOS PARA FORRO (MOLDURA EM DRYWALL, COM LARGURA DE 15 CM). AF_08/2023_PS","M",33.11,5.8299999999999998E-2]
["Forros",96122,"ACABAMENTOS PARA FORRO (RODA-FORRO EM MADEIRA PINUS). AF_08/2023","M",44.57,0.11550000000000001]
["Forros",96121,"ACABAMENTOS PARA FORRO (RODA-FORRO EM PERFIL METÁLICO E PLÁSTICO). AF_08/2023","M",11.48,0.14549999999999999]
["Forros",99054,"ACABAMENTOS PARA FORRO (SANCA DE GESSO, MONTADA NA OBRA). AF_08/2023_PS","M2",65.72,1.54E-2]
["Forros",96110,"FORRO EM DRYWALL PARA AMBIENTES RESIDENCIAIS, INCLUSIVE ESTRUTURA UNIDIRECIONAL DE FIXAÇÃO. AF_08/2023_PS","M2",85.14,2.3599999999999999E-2]
["Forros",96114,"FORRO EM DRYWALL, PARA AMBIENTES COMERCIAIS, INCLUSIVE ESTRUTURA BIRECIONAL DE FIXAÇÃO. AF_08/2023_PS","M2",87.62,1.8100000000000002E-2]
["Forros",104757,"FORRO EM FIBRA MINERAL, PARA AMBIENTES COMERCIAIS, INCLUSIVE ESTRUTURA DE FIXAÇÃO. AF_08/2023","M2",0]
["Forros",104756,"FORRO EM MADEIRA PINUS, PARA AMBIENTES RESIDENCIAIS E COMERCIAIS, INCLUSIVE ESTRUTURA BIDIRECIONAL DE FIXAÇÃO. AF_08/2023","M2",191.41,0.183]
["Forros",96112,"FORRO EM MADEIRA PINUS, PARA AMBIENTES RESIDENCIAIS, INCLUSIVE ESTRUTURA UNIDIRECIONAL DE FIXAÇÃO. AF_08/2023","M2",145.53,0.24060000000000001]
["Forros",96113,"FORRO EM PLACAS DE GESSO, PARA AMBIENTES COMERCIAIS. AF_08/2023_PS","M2",52.21,1.9300000000000001E-2]
["Forros",96109,"FORRO EM PLACAS DE GESSO, PARA AMBIENTES RESIDENCIAIS. AF_08/2023_PS","M2",57.67,1.7500000000000002E-2]
["Forros",96116,"FORRO EM RÉGUAS DE PVC, FRISADO, PARA AMBIENTES COMERCIAIS, INCLUSIVE ESTRUTURA BIDIRECIONAL DE FIXAÇÃO. AF_08/2023_PS","M2",69.83,3.5200000000000002E-2]
["Forros",96111,"FORRO EM RÉGUAS DE PVC, FRISADO, PARA AMBIENTES RESIDENCIAIS, INCLUSIVE ESTRUTURA UNIDIRECIONAL DE FIXAÇÃO. AF_08/2023_PS","M2",65.75,3.27E-2]
["Forros",96486,"FORRO EM RÉGUAS DE PVC, LISO, PARA AMBIENTES COMERCIAIS, INCLUSIVE ESTRUTURA BIDIRECIONAL DE FIXAÇÃO. AF_08/2023_PS","M2",79.59,3.09E-2]
["Forros",96485,"FORRO EM RÉGUAS DE PVC, LISO, PARA AMBIENTES RESIDENCIAIS, INCLUSIVE ESTRUTURA UNIDIRECIONAL DE FIXAÇÃO. AF_08/2023_PS","M2",75.510000000000005,2.8500000000000001E-2]
["Forros",97557,"FORRO METÁLICO, PARA AMBIENTES COMERCIAIS, INCLUSIVE ESTRUTURA DE FIXAÇÃO. AF_08/2023","M2",0]
["Fossas e Sumidouros",101807,"CAIXA ENTERRADA DISTRIBUIDORA DE VAZÃO (SUMIDOUROS MÚLTIPLOS), RETANGULAR, EM ALVENARIA COM BLOCOS DE CONCRETO, DIMENSÕES INTERNAS: 0,60 X 0,60 X H=0,50 M. AF_12/2020","UN",555.91,6.0000000000000001E-3]
["Fossas e Sumidouros",101806,"CAIXA ENTERRADA DISTRIBUIDORA DE VAZÃO (SUMIDOUROS MÚLTIPLOS), RETANGULAR, EM ALVENARIA COM TIJOLOS MACIÇOS, DIMENSÕES INTERNAS: 0,60 X 0,60 X H=0,50 M. AF_12/2020","UN",599.63,5.4999999999999997E-3]
["Fossas e Sumidouros",101808,"CAIXA ENTERRADA DISTRIBUIDORA DE VAZÃO (SUMIDOUROS MÚLTIPLOS), RETANGULAR, EM CONCRETO PRÉ-MOLDADO, DIMENSÕES INTERNAS: 0,60 X 0,60 X H=0,50 M. AF_12/2020","UN",599.29999999999995,1.2800000000000001E-2]
["Fossas e Sumidouros",98058,"FILTRO ANAERÓBIO CIRCULAR, EM CONCRETO PRÉ-MOLDADO, DIÂMETRO INTERNO = 1,10 M, ALTURA INTERNA = 1,50 M, VOLUME ÚTIL: 1140,4 L (PARA 5 CONTRIBUINTES). AF_12/2020","UN",1903.89,3.2500000000000001E-2]
["Fossas e Sumidouros",98059,"FILTRO ANAERÓBIO CIRCULAR, EM CONCRETO PRÉ-MOLDADO, DIÂMETRO INTERNO = 1,88 M, ALTURA INTERNA = 1,50 M, VOLUME ÚTIL: 3331,1 L (PARA 19 CONTRIBUINTES). AF_12/2020","UN",4099.95,3.8699999999999998E-2]
["Fossas e Sumidouros",98060,"FILTRO ANAERÓBIO CIRCULAR, EM CONCRETO PRÉ-MOLDADO, DIÂMETRO INTERNO = 2,38 M, ALTURA INTERNA = 1,50 M, VOLUME ÚTIL: 5338,6 L (PARA 34 CONTRIBUINTES). AF_12/2020","UN",5716.86,4.0800000000000003E-2]
["Fossas e Sumidouros",98061,"FILTRO ANAERÓBIO CIRCULAR, EM CONCRETO PRÉ-MOLDADO, DIÂMETRO INTERNO = 2,88 M, ALTURA INTERNA = 1,50 M, VOLUME ÚTIL: 7817,3 L (PARA 75 CONTRIBUINTES). AF_12/2020","UN",7974.49,4.0599999999999997E-2]
["Fossas e Sumidouros",98088,"FILTRO ANAERÓBIO RETANGULAR, EM ALVENARIA COM BLOCOS DE CONCRETO, DIMENSÕES INTERNAS: 0,8 X 1,2 X H=1,67 M, VOLUME ÚTIL: 1152 L (PARA 5 CONTRIBUINTES). AF_12/2020","UN",3493.58,1.06E-2]
["Fossas e Sumidouros",98089,"FILTRO ANAERÓBIO RETANGULAR, EM ALVENARIA COM BLOCOS DE CONCRETO, DIMENSÕES INTERNAS: 1,2 X 1,8 X H=1,67 M, VOLUME ÚTIL: 2592 L (PARA 13 CONTRIBUINTES). AF_12/2020","UN",5517.09,1.3899999999999999E-2]
["Fossas e Sumidouros",98090,"FILTRO ANAERÓBIO RETANGULAR, EM ALVENARIA COM BLOCOS DE CONCRETO, DIMENSÕES INTERNAS: 1,4 X 3,0 X H=1,67 M, VOLUME ÚTIL: 5040 L (PARA 32 CONTRIBUINTES). AF_12/2020","UN",8658.44,1.7100000000000001E-2]
["Fossas e Sumidouros",98091,"FILTRO ANAERÓBIO RETANGULAR, EM ALVENARIA COM BLOCOS DE CONCRETO, DIMENSÕES INTERNAS: 1,4 X 4,2 X H=1,67 M, VOLUME ÚTIL: 7056 L (PARA 67 CONTRIBUINTES). AF_12/2020","UN",11306.07,1.83E-2]
["Fossas e Sumidouros",98092,"FILTRO ANAERÓBIO RETANGULAR, EM ALVENARIA COM BLOCOS DE CONCRETO, DIMENSÕES INTERNAS: 1,6 X 4,6 X H=1,67 M, VOLUME ÚTIL: 8832 L (PARA 84 CONTRIBUINTES). AF_12/2020","UN",13126.45,1.95E-2]
["Fossas e Sumidouros",98093,"FILTRO ANAERÓBIO RETANGULAR, EM ALVENARIA COM BLOCOS DE CONCRETO, DIMENSÕES INTERNAS: 1,6 X 5,6 X H=1,67 M, VOLUME ÚTIL: 10752 L (PARA 103 CONTRIBUINTES). AF_12/2020","UN",15491.76,2.0199999999999999E-2]
["Fossas e Sumidouros",98072,"FILTRO ANAERÓBIO RETANGULAR, EM ALVENARIA COM TIJOLOS CERÂMICOS MACIÇOS, DIMENSÕES INTERNAS: 0,8 X 1,2 X H=1,67 M, VOLUME ÚTIL: 1152 L (PARA 5 CONTRIBUINTES). AF_12/2020","UN",4231.2,1.21E-2]
["Fossas e Sumidouros",98073,"FILTRO ANAERÓBIO RETANGULAR, EM ALVENARIA COM TIJOLOS CERÂMICOS MACIÇOS, DIMENSÕES INTERNAS: 1,2 X 1,8 X H=1,67 M, VOLUME ÚTIL: 2592 L (PARA 13 CONTRIBUINTES). AF_12/2020","UN",6642.35,1.47E-2]
["Fossas e Sumidouros",98074,"FILTRO ANAERÓBIO RETANGULAR, EM ALVENARIA COM TIJOLOS CERÂMICOS MACIÇOS, DIMENSÕES INTERNAS: 1,4 X 3,0 X H=1,67 M, VOLUME ÚTIL: 5040 L (PARA 32 CONTRIBUINTES). AF_12/2020","UN",10342.86,1.78E-2]
["Fossas e Sumidouros",98075,"FILTRO ANAERÓBIO RETANGULAR, EM ALVENARIA COM TIJOLOS CERÂMICOS MACIÇOS, DIMENSÕES INTERNAS: 1,4 X 4,2 X H=1,67 M, VOLUME ÚTIL: 7056 L (PARA 67 CONTRIBUINTES). AF_12/2020","UN",13464.09,1.9E-2]
["Fossas e Sumidouros",98076,"FILTRO ANAERÓBIO RETANGULAR, EM ALVENARIA COM TIJOLOS CERÂMICOS MACIÇOS, DIMENSÕES INTERNAS: 1,6 X 4,6 X H=1,67 M, VOLUME ÚTIL: 8832 L (PARA 84 CONTRIBUINTES). AF_12/2020","UN",15534.28,2.0299999999999999E-2]
["Fossas e Sumidouros",98077,"FILTRO ANAERÓBIO RETANGULAR, EM ALVENARIA COM TIJOLOS CERÂMICOS MACIÇOS, DIMENSÕES INTERNAS: 1,6 X 5,6 X H=1,67 M, VOLUME ÚTIL: 10752 L (PARA 103 CONTRIBUINTES). AF_12/2020","UN",18298.64,2.0899999999999998E-2]
["Fossas e Sumidouros",98062,"SUMIDOURO CIRCULAR, EM CONCRETO PRÉ-MOLDADO, DIÂMETRO INTERNO = 1,88 M, ALTURA INTERNA = 2,00 M, ÁREA DE INFILTRAÇÃO: 13,1 M² (PARA 5 CONTRIBUINTES). AF_12/2020","UN",3312.94,2.76E-2]
["Fossas e Sumidouros",98063,"SUMIDOURO CIRCULAR, EM CONCRETO PRÉ-MOLDADO, DIÂMETRO INTERNO = 2,38 M, ALTURA INTERNA = 2,50 M, ÁREA DE INFILTRAÇÃO: 21,3 M² (PARA 8 CONTRIBUINTES). AF_12/2020","UN",5063.84,2.7400000000000001E-2]
["Fossas e Sumidouros",98064,"SUMIDOURO CIRCULAR, EM CONCRETO PRÉ-MOLDADO, DIÂMETRO INTERNO = 2,38 M, ALTURA INTERNA = 3,0 M, ÁREA DE INFILTRAÇÃO: 25 M² (PARA 10 CONTRIBUINTES). AF_12/2020","UN",5868.67,2.6499999999999999E-2]
["Fossas e Sumidouros",98065,"SUMIDOURO CIRCULAR, EM CONCRETO PRÉ-MOLDADO, DIÂMETRO INTERNO = 2,88 M, ALTURA INTERNA = 3,0 M, ÁREA DE INFILTRAÇÃO: 31,4 M² (PARA 12 CONTRIBUINTES). AF_12/2020","UN",8163.69,2.41E-2]
["Fossas e Sumidouros",98094,"SUMIDOURO RETANGULAR, EM ALVENARIA COM BLOCOS DE CONCRETO, DIMENSÕES INTERNAS: 0,8 X 1,4 X H=3,0 M, ÁREA DE INFILTRAÇÃO: 13,2 M² (PARA 5 CONTRIBUINTES). AF_12/2020","UN",2931.58,7.9000000000000008E-3]
["Fossas e Sumidouros",98099,"SUMIDOURO RETANGULAR, EM ALVENARIA COM BLOCOS DE CONCRETO, DIMENSÕES INTERNAS: 1,0 X 3,0 X H=3,0 M, ÁREA DE INFILTRAÇÃO: 25 M² (PARA 10 CONTRIBUINTES). AF_12/2020","UN",5004.2700000000004,1.09E-2]
["Fossas e Sumidouros",98100,"SUMIDOURO RETANGULAR, EM ALVENARIA COM BLOCOS DE CONCRETO, DIMENSÕES INTERNAS: 1,6 X 3,4 X H=3,0 M, ÁREA DE INFILTRAÇÃO: 32,9 M² (PARA 13 CONTRIBUINTES). . AF_12/2020","UN",6547.13,1.41E-2]
["Fossas e Sumidouros",98101,"SUMIDOURO RETANGULAR, EM ALVENARIA COM BLOCOS DE CONCRETO, DIMENSÕES INTERNAS: 1,6 X 5,8 X H=3,0 M, ÁREA DE INFILTRAÇÃO: 50 M² (PARA 20 CONTRIBUINTES). . AF_12/2020","UN",9671.1,1.5900000000000001E-2]
["Fossas e Sumidouros",98078,"SUMIDOURO RETANGULAR, EM ALVENARIA COM TIJOLOS CERÂMICOS MACIÇOS, DIMENSÕES INTERNAS: 0,8 X 1,4 X H=3,0 M, ÁREA DE INFILTRAÇÃO: 13,2 M² (PARA 5 CONTRIBUINTES). AF_12/2020","UN",4612.58,5.0000000000000001E-3]
["Fossas e Sumidouros",98079,"SUMIDOURO RETANGULAR, EM ALVENARIA COM TIJOLOS CERÂMICOS MACIÇOS, DIMENSÕES INTERNAS: 1,0 X 3,0 X H=3,0 M, ÁREA DE INFILTRAÇÃO: 25 M² (PARA 10 CONTRIBUINTES). AF_12/2020","UN",8087.53,6.7999999999999996E-3]
["Fossas e Sumidouros",98080,"SUMIDOURO RETANGULAR, EM ALVENARIA COM TIJOLOS CERÂMICOS MACIÇOS, DIMENSÕES INTERNAS: 1,6 X 3,4 X H=3,0 M, ÁREA DE INFILTRAÇÃO: 32,9 M² (PARA 13 CONTRIBUINTES). AF_12/2020","UN",10409.51,8.8999999999999999E-3]
["Fossas e Sumidouros",98081,"SUMIDOURO RETANGULAR, EM ALVENARIA COM TIJOLOS CERÂMICOS MACIÇOS, DIMENSÕES INTERNAS: 1,6 X 5,8 X H=3,0 M, ÁREA DE INFILTRAÇÃO: 50 M² (PARA 20 CONTRIBUINTES). AF_12/2020","UN",15429.03,0.01]
["Fossas e Sumidouros",98052,"TANQUE SÉPTICO CIRCULAR, EM CONCRETO PRÉ-MOLDADO, DIÂMETRO INTERNO = 1,10 M, ALTURA INTERNA = 2,50 M, VOLUME ÚTIL: 2138,2 L (PARA 5 CONTRIBUINTES). AF_12/2020","UN",2239.81,2.4500000000000001E-2]
["Fossas e Sumidouros",98053,"TANQUE SÉPTICO CIRCULAR, EM CONCRETO PRÉ-MOLDADO, DIÂMETRO INTERNO = 1,40 M, ALTURA INTERNA = 2,50 M, VOLUME ÚTIL: 3463,6 L (PARA 13 CONTRIBUINTES). AF_12/2020","UN",3086.96,1.9800000000000002E-2]
["Fossas e Sumidouros",98054,"TANQUE SÉPTICO CIRCULAR, EM CONCRETO PRÉ-MOLDADO, DIÂMETRO INTERNO = 1,88 M, ALTURA INTERNA = 2,50 M, VOLUME ÚTIL: 6245,8 L (PARA 32 CONTRIBUINTES). AF_12/2020","UN",5026.63,2.1000000000000001E-2]
["Fossas e Sumidouros",98055,"TANQUE SÉPTICO CIRCULAR, EM CONCRETO PRÉ-MOLDADO, DIÂMETRO INTERNO = 2,38 M, ALTURA INTERNA = 2,50 M, VOLUME ÚTIL: 10009,8 L (PARA 69 CONTRIBUINTES). AF_12/2020","UN",6832.68,2.0400000000000001E-2]
["Fossas e Sumidouros",98056,"TANQUE SÉPTICO CIRCULAR, EM CONCRETO PRÉ-MOLDADO, DIÂMETRO INTERNO = 2,38 M, ALTURA INTERNA = 3,0 M, VOLUME ÚTIL: 12234,2 L (PARA 86 CONTRIBUINTES). AF_12/2020","UN",7990.39,1.95E-2]
["Fossas e Sumidouros",98057,"TANQUE SÉPTICO CIRCULAR, EM CONCRETO PRÉ-MOLDADO, DIÂMETRO INTERNO = 2,88 M, ALTURA INTERNA = 2,50 M, VOLUME ÚTIL: 14657,4 L (PARA 105 CONTRIBUINTES). AF_12/2020","UN",9502.5,1.8800000000000001E-2]
["Fossas e Sumidouros",98082,"TANQUE SÉPTICO RETANGULAR, EM ALVENARIA COM BLOCOS DE CONCRETO, DIMENSÕES INTERNAS: 1,0 X 2,0 X H=1,4 M, VOLUME ÚTIL: 2000 L (PARA 5 CONTRIBUINTES). AF_12/2020","UN",4047.18,8.3999999999999995E-3]
["Fossas e Sumidouros",98083,"TANQUE SÉPTICO RETANGULAR, EM ALVENARIA COM BLOCOS DE CONCRETO, DIMENSÕES INTERNAS: 1,2 X 2,4 X H=1,6 M, VOLUME ÚTIL: 3456 L (PARA 13 CONTRIBUINTES). AF_12/2020","UN",5337.39,8.3000000000000001E-3]
["Fossas e Sumidouros",98084,"TANQUE SÉPTICO RETANGULAR, EM ALVENARIA COM BLOCOS DE CONCRETO, DIMENSÕES INTERNAS: 1,4 X 3,2 X H=1,8 M, VOLUME ÚTIL: 6272 L (PARA 32 CONTRIBUINTES). AF_12/2020","UN",7482.73,8.3999999999999995E-3]
["Fossas e Sumidouros",98085,"TANQUE SÉPTICO RETANGULAR, EM ALVENARIA COM BLOCOS DE CONCRETO, DIMENSÕES INTERNAS: 1,6 X 4,4 X H=1,8 M, VOLUME ÚTIL: 9856 L (PARA 68 CONTRIBUINTES). AF_12/2020","UN",10140.370000000001,9.1000000000000004E-3]
["Fossas e Sumidouros",98087,"TANQUE SÉPTICO RETANGULAR, EM ALVENARIA COM BLOCOS DE CONCRETO, DIMENSÕES INTERNAS: 1,6 X 4,6 X H=2,4 M, VOLUME ÚTIL: 14720 L (PARA 105 CONTRIBUINTES). AF_12/2020","UN",12227.4,7.9000000000000008E-3]
["Fossas e Sumidouros",98086,"TANQUE SÉPTICO RETANGULAR, EM ALVENARIA COM BLOCOS DE CONCRETO, DIMENSÕES INTERNAS: 1,6 X 4,8 X H=2,0 M, VOLUME ÚTIL: 12288 L (PARA 86 CONTRIBUINTES). AF_12/2020","UN",11449.47,8.6999999999999994E-3]
["Fossas e Sumidouros",98066,"TANQUE SÉPTICO RETANGULAR, EM ALVENARIA COM TIJOLOS CERÂMICOS MACIÇOS, DIMENSÕES INTERNAS: 1,0 X 2,0 X H=1,4 M, VOLUME ÚTIL: 2000 L (PARA 5 CONTRIBUINTES). AF_12/2020","UN",5033.28,6.7000000000000002E-3]
["Fossas e Sumidouros",98067,"TANQUE SÉPTICO RETANGULAR, EM ALVENARIA COM TIJOLOS CERÂMICOS MACIÇOS, DIMENSÕES INTERNAS: 1,2 X 2,4 X H=1,6 M, VOLUME ÚTIL: 3456 L (PARA 13 CONTRIBUINTES). AF_12/2020","UN",6707.94,6.6E-3]
["Fossas e Sumidouros",98068,"TANQUE SÉPTICO RETANGULAR, EM ALVENARIA COM TIJOLOS CERÂMICOS MACIÇOS, DIMENSÕES INTERNAS: 1,4 X 3,2 X H=1,8 M, VOLUME ÚTIL: 6272 L (PARA 32 CONTRIBUINTES). AF_12/2020","UN",9475.51,6.7000000000000002E-3]
["Fossas e Sumidouros",98069,"TANQUE SÉPTICO RETANGULAR, EM ALVENARIA COM TIJOLOS CERÂMICOS MACIÇOS, DIMENSÕES INTERNAS: 1,6 X 4,4 X H=1,8 M, VOLUME ÚTIL: 9856 L (PARA 68 CONTRIBUINTES). AF_12/2020","UN",12749.41,7.3000000000000001E-3]
["Fossas e Sumidouros",98071,"TANQUE SÉPTICO RETANGULAR, EM ALVENARIA COM TIJOLOS CERÂMICOS MACIÇOS, DIMENSÕES INTERNAS: 1,6 X 4,6 X H=2,4 M, VOLUME ÚTIL: 14720 L (PARA 105 CONTRIBUINTES). AF_12/2020","UN",15869.38,6.1000000000000004E-3]
["Fossas e Sumidouros",98070,"TANQUE SÉPTICO RETANGULAR, EM ALVENARIA COM TIJOLOS CERÂMICOS MACIÇOS, DIMENSÕES INTERNAS: 1,6 X 4,8 X H=2,0 M, VOLUME ÚTIL: 12288 L (PARA 86 CONTRIBUINTES). AF_12/2020","UN",14559.74,6.8999999999999999E-3]
["Fundações Rasas (Blocos, Sapatas, Vigas Baldrame)",104915,"ARMAÇÃO DE BLOCO E SAPATA UTILIZANDO AÇO CA-50 DE 25 MM - MONTAGEM. AF_01/2024","KG",9.68,1E-3]
["Fundações Rasas (Blocos, Sapatas, Vigas Baldrame)",96546,"ARMAÇÃO DE BLOCO UTILIZANDO AÇO CA-50 DE 10 MM - MONTAGEM. AF_01/2024","KG",13.88,7.1999999999999998E-3]
["Fundações Rasas (Blocos, Sapatas, Vigas Baldrame)",96544,"ARMAÇÃO DE BLOCO UTILIZANDO AÇO CA-50 DE 6,3 MM - MONTAGEM. AF_01/2024","KG",17.989999999999998,0.01]
["Fundações Rasas (Blocos, Sapatas, Vigas Baldrame)",96545,"ARMAÇÃO DE BLOCO UTILIZANDO AÇO CA-50 DE 8 MM - MONTAGEM. AF_01/2024","KG",16.010000000000002,8.0999999999999996E-3]
["Fundações Rasas (Blocos, Sapatas, Vigas Baldrame)",96543,"ARMAÇÃO DE BLOCO UTILIZANDO AÇO CA-60 DE 5 MM - MONTAGEM. AF_01/2024","KG",20.309999999999999,1.23E-2]
["Fundações Rasas (Blocos, Sapatas, Vigas Baldrame)",104922,"ARMAÇÃO DE BLOCO, SAPATA ISOLADA E SAPATA CORRIDA UTILIZANDO AÇO CA-50 DE 20 MM - MONTAGEM. AF_01/2024","KG",10.76,3.7000000000000002E-3]
["Fundações Rasas (Blocos, Sapatas, Vigas Baldrame)",104920,"ARMAÇÃO DE BLOCO, SAPATA ISOLADA, VIGA BALDRAME E SAPATA CORRIDA UTILIZANDO AÇO CA-50 DE 12,5 MM - MONTAGEM. AF_01/2024","KG",10.55,5.7000000000000002E-3]
["Fundações Rasas (Blocos, Sapatas, Vigas Baldrame)",104921,"ARMAÇÃO DE BLOCO, SAPATA ISOLADA, VIGA BALDRAME E SAPATA CORRIDA UTILIZANDO AÇO CA-50 DE 16 MM - MONTAGEM. AF_01/2024","KG",9.8699999999999992,5.1000000000000004E-3]
["Fundações Rasas (Blocos, Sapatas, Vigas Baldrame)",104919,"ARMAÇÃO DE SAPATA ISOLADA, VIGA BALDRAME E SAPATA CORRIDA UTILIZANDO AÇO CA-50 DE 10 MM - MONTAGEM. AF_01/2024","KG",12.5,6.4000000000000003E-3]
["Fundações Rasas (Blocos, Sapatas, Vigas Baldrame)",104917,"ARMAÇÃO DE SAPATA ISOLADA, VIGA BALDRAME E SAPATA CORRIDA UTILIZANDO AÇO CA-50 DE 6,3 MM - MONTAGEM. AF_01/2024","KG",15.4,9.1000000000000004E-3]
["Fundações Rasas (Blocos, Sapatas, Vigas Baldrame)",104918,"ARMAÇÃO DE SAPATA ISOLADA, VIGA BALDRAME E SAPATA CORRIDA UTILIZANDO AÇO CA-50 DE 8 MM - MONTAGEM. AF_01/2024","KG",14.12,7.7999999999999996E-3]
["Fundações Rasas (Blocos, Sapatas, Vigas Baldrame)",104916,"ARMAÇÃO DE SAPATA ISOLADA, VIGA BALDRAME E SAPATA CORRIDA UTILIZANDO AÇO CA-60 DE 5 MM - MONTAGEM. AF_01/2024","KG",16.86,1.0699999999999999E-2]
["Fundações Rasas (Blocos, Sapatas, Vigas Baldrame)",96557,"CONCRETAGEM DE BLOCO DE COROAMENTO OU VIGA BALDRAME, FCK 30 MPA, COM USO DE BOMBA - LANÇAMENTO, ADENSAMENTO E ACABAMENTO. AF_01/2024","M3",848.26,1E-4]
["Fundações Rasas (Blocos, Sapatas, Vigas Baldrame)",96555,"CONCRETAGEM DE BLOCO DE COROAMENTO OU VIGA BALDRAME, FCK 30 MPA, COM USO DE JERICA - LANÇAMENTO, ADENSAMENTO E ACABAMENTO. AF_01/2024","M3",852.33,1.1000000000000001E-3]
["Fundações Rasas (Blocos, Sapatas, Vigas Baldrame)",104924,"CONCRETAGEM DE SAPATA CORRIDA, FCK 30 MPA, COM USO DE BOMBA - LANÇAMENTO, ADENSAMENTO E ACABAMENTO. AF_01/2024","M3",875.44,2.0000000000000001E-4]
["Fundações Rasas (Blocos, Sapatas, Vigas Baldrame)",104923,"CONCRETAGEM DE SAPATA CORRIDA, FCK 30 MPA, COM USO DE JERICA - LANÇAMENTO, ADENSAMENTO E ACABAMENTO. AF_01/2024","M3",913.99,1.2999999999999999E-3]
["Fundações Rasas (Blocos, Sapatas, Vigas Baldrame)",96558,"CONCRETAGEM DE SAPATA, FCK 30 MPA, COM USO DE BOMBA - LANÇAMENTO, ADENSAMENTO E ACABAMENTO. AF_01/2024","M3",885.19,2.0000000000000001E-4]
["Fundações Rasas (Blocos, Sapatas, Vigas Baldrame)",96556,"CONCRETAGEM DE SAPATA, FCK 30 MPA, COM USO DE JERICA - LANÇAMENTO, ADENSAMENTO E ACABAMENTO. AF_01/2024","M3",1018.93,1.6000000000000001E-3]
["Fundações Rasas (Blocos, Sapatas, Vigas Baldrame)",96523,"ESCAVAÇÃO MANUAL PARA BLOCO DE COROAMENTO OU SAPATA (INCLUINDO ESCAVAÇÃO PARA COLOCAÇÃO DE FÔRMAS). AF_01/2024","M3",103.5,0]
["Fundações Rasas (Blocos, Sapatas, Vigas Baldrame)",96522,"ESCAVAÇÃO MANUAL PARA BLOCO DE COROAMENTO OU SAPATA (SEM ESCAVAÇÃO PARA COLOCAÇÃO DE FÔRMAS). AF_01/2024","M3",156.37,0]
["Fundações Rasas (Blocos, Sapatas, Vigas Baldrame)",96527,"ESCAVAÇÃO MANUAL PARA VIGA BALDRAME OU SAPATA CORRIDA (INCLUINDO ESCAVAÇÃO PARA COLOCAÇÃO DE FÔRMAS). AF_01/2024","M3",113.92,0]
["Fundações Rasas (Blocos, Sapatas, Vigas Baldrame)",96526,"ESCAVAÇÃO MANUAL PARA VIGA BALDRAME OU SAPATA CORRIDA (SEM ESCAVAÇÃO PARA COLOCAÇÃO DE FÔRMAS). AF_01/2024","M3",223.54,0]
["Fundações Rasas (Blocos, Sapatas, Vigas Baldrame)",96521,"ESCAVAÇÃO MECANIZADA PARA BLOCO DE COROAMENTO OU SAPATA COM RETROESCAVADEIRA (INCLUINDO ESCAVAÇÃO PARA COLOCAÇÃO DE FÔRMAS). AF_01/2024","M3",40.770000000000003,0.3866]
["Fundações Rasas (Blocos, Sapatas, Vigas Baldrame)",96520,"ESCAVAÇÃO MECANIZADA PARA BLOCO DE COROAMENTO OU SAPATA COM RETROESCAVADEIRA (SEM ESCAVAÇÃO PARA COLOCAÇÃO DE FÔRMAS). AF_01/2024","M3",93.91,0.22040000000000001]
["Fundações Rasas (Blocos, Sapatas, Vigas Baldrame)",96525,"ESCAVAÇÃO MECANIZADA PARA VIGA BALDRAME OU SAPATA CORRIDA COM MINI-ESCAVADEIRA (INCLUINDO ESCAVAÇÃO PARA COLOCAÇÃO DE FÔRMAS). AF_01/2024","M3",57.09,0.55300000000000005]
["Fundações Rasas (Blocos, Sapatas, Vigas Baldrame)",96524,"ESCAVAÇÃO MECANIZADA PARA VIGA BALDRAME OU SAPATA CORRIDA COM MINI-ESCAVADEIRA (SEM ESCAVAÇÃO PARA COLOCAÇÃO DE FÔRMAS). AF_01/2024","M3",161.94999999999999,0.25840000000000002]
["Fundações Rasas (Blocos, Sapatas, Vigas Baldrame)",96537,"FABRICAÇÃO, MONTAGEM E DESMONTAGEM DE FÔRMA PARA BLOCO DE COROAMENTO, EM CHAPA DE MADEIRA COMPENSADA RESINADA, E=17 MM, 2 UTILIZAÇÕES. AF_01/2024","M2",208.39,0]
["Fundações Rasas (Blocos, Sapatas, Vigas Baldrame)",96540,"FABRICAÇÃO, MONTAGEM E DESMONTAGEM DE FÔRMA PARA BLOCO DE COROAMENTO, EM CHAPA DE MADEIRA COMPENSADA RESINADA, E=17 MM, 4 UTILIZAÇÕES. AF_01/2024","M2",144.47,0]
["Fundações Rasas (Blocos, Sapatas, Vigas Baldrame)",96528,"FABRICAÇÃO, MONTAGEM E DESMONTAGEM DE FÔRMA PARA BLOCO DE COROAMENTO, EM MADEIRA SERRADA, E=25 MM, 1 UTILIZAÇÃO. AF_01/2024","M2",195.16,0]
["Fundações Rasas (Blocos, Sapatas, Vigas Baldrame)",96531,"FABRICAÇÃO, MONTAGEM E DESMONTAGEM DE FÔRMA PARA BLOCO DE COROAMENTO, EM MADEIRA SERRADA, E=25 MM, 2 UTILIZAÇÕES. AF_01/2024","M2",126,0]
["Fundações Rasas (Blocos, Sapatas, Vigas Baldrame)",96534,"FABRICAÇÃO, MONTAGEM E DESMONTAGEM DE FÔRMA PARA BLOCO DE COROAMENTO, EM MADEIRA SERRADA, E=25 MM, 4 UTILIZAÇÕES. AF_01/2024","M2",90.01,0]
["Fundações Rasas (Blocos, Sapatas, Vigas Baldrame)",104928,"FABRICAÇÃO, MONTAGEM E DESMONTAGEM DE FÔRMA PARA SAPATA CORRIDA, EM CHAPA DE MADEIRA COMPENSADA RESINADA, E=17 MM, 2 UTILIZAÇÕES. AF_01/2024","M2",164.37,0]
["Fundações Rasas (Blocos, Sapatas, Vigas Baldrame)",104929,"FABRICAÇÃO, MONTAGEM E DESMONTAGEM DE FÔRMA PARA SAPATA CORRIDA, EM CHAPA DE MADEIRA COMPENSADA RESINADA, E=17 MM, 4 UTILIZAÇÕES. AF_01/2024","M2",100.05,0]
["Fundações Rasas (Blocos, Sapatas, Vigas Baldrame)",104925,"FABRICAÇÃO, MONTAGEM E DESMONTAGEM DE FÔRMA PARA SAPATA CORRIDA, EM MADEIRA SERRADA, E=25 MM, 1 UTILIZAÇÃO. AF_01/2024","M2",201.2,0]
["Fundações Rasas (Blocos, Sapatas, Vigas Baldrame)",104926,"FABRICAÇÃO, MONTAGEM E DESMONTAGEM DE FÔRMA PARA SAPATA CORRIDA, EM MADEIRA SERRADA, E=25 MM, 2 UTILIZAÇÕES. AF_01/2024","M2",124.92,0]
["Fundações Rasas (Blocos, Sapatas, Vigas Baldrame)",104927,"FABRICAÇÃO, MONTAGEM E DESMONTAGEM DE FÔRMA PARA SAPATA CORRIDA, EM MADEIRA SERRADA, E=25 MM, 4 UTILIZAÇÕES. AF_01/2024","M2",85.26,0]
["Fundações Rasas (Blocos, Sapatas, Vigas Baldrame)",96538,"FABRICAÇÃO, MONTAGEM E DESMONTAGEM DE FÔRMA PARA SAPATA, EM CHAPA DE MADEIRA COMPENSADA RESINADA, E=17 MM, 2 UTILIZAÇÕES. AF_01/2024","M2",270.10000000000002,0]
["Fundações Rasas (Blocos, Sapatas, Vigas Baldrame)",96541,"FABRICAÇÃO, MONTAGEM E DESMONTAGEM DE FÔRMA PARA SAPATA, EM CHAPA DE MADEIRA COMPENSADA RESINADA, E=17 MM, 4 UTILIZAÇÕES. AF_01/2024","M2",196.01,0]
["Fundações Rasas (Blocos, Sapatas, Vigas Baldrame)",96529,"FABRICAÇÃO, MONTAGEM E DESMONTAGEM DE FÔRMA PARA SAPATA, EM MADEIRA SERRADA, E=25 MM, 1 UTILIZAÇÃO. AF_01/2024","M2",306.47000000000003,0]
["Fundações Rasas (Blocos, Sapatas, Vigas Baldrame)",96532,"FABRICAÇÃO, MONTAGEM E DESMONTAGEM DE FÔRMA PARA SAPATA, EM MADEIRA SERRADA, E=25 MM, 2 UTILIZAÇÕES. AF_01/2024","M2",202.23,0]
["Fundações Rasas (Blocos, Sapatas, Vigas Baldrame)",96535,"FABRICAÇÃO, MONTAGEM E DESMONTAGEM DE FÔRMA PARA SAPATA, EM MADEIRA SERRADA, E=25 MM, 4 UTILIZAÇÕES. AF_01/2024","M2",148.02000000000001,0]
["Fundações Rasas (Blocos, Sapatas, Vigas Baldrame)",96539,"FABRICAÇÃO, MONTAGEM E DESMONTAGEM DE FÔRMA PARA VIGA BALDRAME, EM CHAPA DE MADEIRA COMPENSADA RESINADA, E=17 MM, 2 UTILIZAÇÕES. AF_01/2024","M2",143.35,0]
["Fundações Rasas (Blocos, Sapatas, Vigas Baldrame)",96542,"FABRICAÇÃO, MONTAGEM E DESMONTAGEM DE FÔRMA PARA VIGA BALDRAME, EM CHAPA DE MADEIRA COMPENSADA RESINADA, E=17 MM, 4 UTILIZAÇÕES. AF_01/2024","M2",105,0]
["Fundações Rasas (Blocos, Sapatas, Vigas Baldrame)",96530,"FABRICAÇÃO, MONTAGEM E DESMONTAGEM DE FÔRMA PARA VIGA BALDRAME, EM MADEIRA SERRADA, E=25 MM, 1 UTILIZAÇÃO. AF_01/2024","M2",178.39,0]
["Fundações Rasas (Blocos, Sapatas, Vigas Baldrame)",96533,"FABRICAÇÃO, MONTAGEM E DESMONTAGEM DE FÔRMA PARA VIGA BALDRAME, EM MADEIRA SERRADA, E=25 MM, 2 UTILIZAÇÕES. AF_01/2024","M2",112.72,0]
["Fundações Rasas (Blocos, Sapatas, Vigas Baldrame)",96536,"FABRICAÇÃO, MONTAGEM E DESMONTAGEM DE FÔRMA PARA VIGA BALDRAME, EM MADEIRA SERRADA, E=25 MM, 4 UTILIZAÇÕES. AF_01/2024","M2",78.52,0]
["Fôrmas Curvas para Paredes de Reservatórios de Concreto",105518,"MONTAGEM E DESMONTAGEM DE FÔRMA PARA ESTRUTURA CIRCULAR, COM INSTALAÇÃO EXCLUSIVAMENTE NA FACE INTERNA DA ESTRUTURA, COM AUXÍLIO DE GUINDASTE. AF_07/2024","M2",0]
["Fôrmas Curvas para Paredes de Reservatórios de Concreto",105517,"MONTAGEM E DESMONTAGEM DE FÔRMA PARA ESTRUTURA CIRCULAR, COM INSTALAÇÃO EXCLUSIVAMENTE NA FACE INTERNA DA ESTRUTURA, SEM AUXÍLIO DE GUINDASTE. AF_07/2024","M2",0]
["Fôrmas Curvas para Paredes de Reservatórios de Concreto",105520,"MONTAGEM E DESMONTAGEM DE FÔRMA PARA ESTRUTURA CIRCULAR, COM INSTALAÇÃO NA FACE INTERNA E EXTERNA DA EXTRUTURA, COM AUXÍLIO DE GUINDASTE. AF_07/2024","M2",0]
["Fôrmas Curvas para Paredes de Reservatórios de Concreto",105519,"MONTAGEM E DESMONTAGEM DE FÔRMA PARA ESTRUTURA CIRCULAR, COM INSTALAÇÃO NA FACE INTERNA E EXTERNA DA EXTRUTURA, SEM AUXÍLIO DE GUINDASTE. AF_07/2024","M2",0]
["Fôrmas para Estruturas de Concreto Armado",101793,"ESCORAMENTO DE FÔRMAS DE LAJE EM MADEIRA NÃO APARELHADA, PÉ-DIREITO DUPLO, INCLUSO TRAVAMENTO, 4 UTILIZAÇÕES. AF_09/2020","M3",31.45,0]
["Fôrmas para Estruturas de Concreto Armado",101792,"ESCORAMENTO DE FÔRMAS DE LAJE EM MADEIRA NÃO APARELHADA, PÉ-DIREITO SIMPLES, INCLUSO TRAVAMENTO, 4 UTILIZAÇÕES. AF_09/2020","M3",19.63,0]
["Fôrmas para Estruturas de Concreto Armado",92272,"FABRICAÇÃO DE ESCORAS DE VIGA DO TIPO GARFO, EM MADEIRA. AF_09/2020","M",45.74,0]
["Fôrmas para Estruturas de Concreto Armado",101791,"FABRICAÇÃO DE ESCORAS DO TIPO PONTALETE, EM MADEIRA, PARA PÉ-DIREITO DUPLO. AF_09/2020","M",35.450000000000003,0]
["Fôrmas para Estruturas de Concreto Armado",92273,"FABRICAÇÃO DE ESCORAS DO TIPO PONTALETE, EM MADEIRA, PARA PÉ-DIREITO SIMPLES. AF_09/2020","M",19.8,0]
["Fôrmas para Estruturas de Concreto Armado",92268,"FABRICAÇÃO DE FÔRMA PARA LAJES, EM CHAPA DE MADEIRA COMPENSADA PLASTIFICADA, E = 18 MM. AF_09/2020","M2",94.24,0]
["Fôrmas para Estruturas de Concreto Armado",92267,"FABRICAÇÃO DE FÔRMA PARA LAJES, EM CHAPA DE MADEIRA COMPENSADA RESINADA, E = 17 MM. AF_09/2020","M2",56.08,0]
["Fôrmas para Estruturas de Concreto Armado",92271,"FABRICAÇÃO DE FÔRMA PARA LAJES, EM MADEIRA SERRADA, E=25 MM. AF_09/2020","M2",103.9,0]
["Fôrmas para Estruturas de Concreto Armado",92264,"FABRICAÇÃO DE FÔRMA PARA PILARES E ESTRUTURAS SIMILARES, EM CHAPA DE MADEIRA COMPENSADA PLASTIFICADA, E = 18 MM. AF_09/2020","M2",237.06,0]
["Fôrmas para Estruturas de Concreto Armado",92263,"FABRICAÇÃO DE FÔRMA PARA PILARES E ESTRUTURAS SIMILARES, EM CHAPA DE MADEIRA COMPENSADA RESINADA, E = 17 MM. AF_09/2020","M2",188.51,0]
["Fôrmas para Estruturas de Concreto Armado",92269,"FABRICAÇÃO DE FÔRMA PARA PILARES E ESTRUTURAS SIMILARES, EM MADEIRA SERRADA, E=25 MM. AF_09/2020","M2",172.76,0]
["Fôrmas para Estruturas de Concreto Armado",92270,"FABRICAÇÃO DE FÔRMA PARA VIGAS, COM MADEIRA SERRADA, E = 25 MM. AF_09/2020","M2",175.21,0]
["Fôrmas para Estruturas de Concreto Armado",92266,"FABRICAÇÃO DE FÔRMA PARA VIGAS, EM CHAPA DE MADEIRA COMPENSADA PLASTIFICADA, E = 18 MM. AF_09/2020","M2",175.38,0]
["Fôrmas para Estruturas de Concreto Armado",92265,"FABRICAÇÃO DE FÔRMA PARA VIGAS, EM CHAPA DE MADEIRA COMPENSADA RESINADA, E = 17 MM. AF_09/2020","M2",133.72999999999999,0]
["Fôrmas para Estruturas de Concreto Armado",92524,"MONTAGEM E DESMONTAGEM DE FÔRMA DE LAJE MACIÇA, PÉ-DIREITO DUPLO, EM CHAPA DE MADEIRA COMPENSADA PLASTIFICADA, 10 UTILIZAÇÕES. AF_09/2020","M2",72.45,6.9699999999999998E-2]
["Fôrmas para Estruturas de Concreto Armado",92528,"MONTAGEM E DESMONTAGEM DE FÔRMA DE LAJE MACIÇA, PÉ-DIREITO DUPLO, EM CHAPA DE MADEIRA COMPENSADA PLASTIFICADA, 12 UTILIZAÇÕES. AF_09/2020","M2",68.89,7.3300000000000004E-2]
["Fôrmas para Estruturas de Concreto Armado",92532,"MONTAGEM E DESMONTAGEM DE FÔRMA DE LAJE MACIÇA, PÉ-DIREITO DUPLO, EM CHAPA DE MADEIRA COMPENSADA PLASTIFICADA, 14 UTILIZAÇÕES. AF_09/2020","M2",65.81,7.6700000000000004E-2]
["Fôrmas para Estruturas de Concreto Armado",92536,"MONTAGEM E DESMONTAGEM DE FÔRMA DE LAJE MACIÇA, PÉ-DIREITO DUPLO, EM CHAPA DE MADEIRA COMPENSADA PLASTIFICADA, 18 UTILIZAÇÕES. AF_09/2020","M2",59.86,8.4400000000000003E-2]
["Fôrmas para Estruturas de Concreto Armado",92508,"MONTAGEM E DESMONTAGEM DE FÔRMA DE LAJE MACIÇA, PÉ-DIREITO DUPLO, EM CHAPA DE MADEIRA COMPENSADA RESINADA, 2 UTILIZAÇÕES. AF_09/2020","M2",102.96,4.9000000000000002E-2]
["Fôrmas para Estruturas de Concreto Armado",92512,"MONTAGEM E DESMONTAGEM DE FÔRMA DE LAJE MACIÇA, PÉ-DIREITO DUPLO, EM CHAPA DE MADEIRA COMPENSADA RESINADA, 4 UTILIZAÇÕES. AF_09/2020","M2",86.67,5.8299999999999998E-2]
["Fôrmas para Estruturas de Concreto Armado",92515,"MONTAGEM E DESMONTAGEM DE FÔRMA DE LAJE MACIÇA, PÉ-DIREITO DUPLO, EM CHAPA DE MADEIRA COMPENSADA RESINADA, 6 UTILIZAÇÕES. AF_09/2020","M2",78.459999999999994,6.4399999999999999E-2]
["Fôrmas para Estruturas de Concreto Armado",92520,"MONTAGEM E DESMONTAGEM DE FÔRMA DE LAJE MACIÇA, PÉ-DIREITO DUPLO, EM CHAPA DE MADEIRA COMPENSADA RESINADA, 8 UTILIZAÇÕES. AF_09/2020","M2",73.040000000000006,6.9099999999999995E-2]
["Fôrmas para Estruturas de Concreto Armado",92526,"MONTAGEM E DESMONTAGEM DE FÔRMA DE LAJE MACIÇA, PÉ-DIREITO SIMPLES, EM CHAPA DE MADEIRA COMPENSADA PLASTIFICADA, 10 UTILIZAÇÕES. AF_09/2020","M2",42.02,0.1202]
["Fôrmas para Estruturas de Concreto Armado",92530,"MONTAGEM E DESMONTAGEM DE FÔRMA DE LAJE MACIÇA, PÉ-DIREITO SIMPLES, EM CHAPA DE MADEIRA COMPENSADA PLASTIFICADA, 12 UTILIZAÇÕES. AF_09/2020","M2",39.4,0.12820000000000001]
["Fôrmas para Estruturas de Concreto Armado",92534,"MONTAGEM E DESMONTAGEM DE FÔRMA DE LAJE MACIÇA, PÉ-DIREITO SIMPLES, EM CHAPA DE MADEIRA COMPENSADA PLASTIFICADA, 14 UTILIZAÇÕES. AF_09/2020","M2",37.200000000000003,0.1358]
["Fôrmas para Estruturas de Concreto Armado",92538,"MONTAGEM E DESMONTAGEM DE FÔRMA DE LAJE MACIÇA, PÉ-DIREITO SIMPLES, EM CHAPA DE MADEIRA COMPENSADA PLASTIFICADA, 18 UTILIZAÇÕES. AF_09/2020","M2",32.76,0.1542]
["Fôrmas para Estruturas de Concreto Armado",103760,"MONTAGEM E DESMONTAGEM DE FÔRMA DE LAJE MACIÇA, PÉ-DIREITO SIMPLES, EM CHAPA DE MADEIRA COMPENSADA RESINADA E CIMBRAMENTO DE MADEIRA, 2 UTILIZAÇÕES. AF_03/2022","M2",123.8,0]
["Fôrmas para Estruturas de Concreto Armado",103761,"MONTAGEM E DESMONTAGEM DE FÔRMA DE LAJE MACIÇA, PÉ-DIREITO SIMPLES, EM CHAPA DE MADEIRA COMPENSADA RESINADA E CIMBRAMENTO DE MADEIRA, 4 UTILIZAÇÕES. AF_03/2022","M2",86.17,0]
["Fôrmas para Estruturas de Concreto Armado",103762,"MONTAGEM E DESMONTAGEM DE FÔRMA DE LAJE MACIÇA, PÉ-DIREITO SIMPLES, EM CHAPA DE MADEIRA COMPENSADA RESINADA E CIMBRAMENTO DE MADEIRA, 6 UTILIZAÇÕES. AF_03/2022","M2",73.83,0]
["Fôrmas para Estruturas de Concreto Armado",103763,"MONTAGEM E DESMONTAGEM DE FÔRMA DE LAJE MACIÇA, PÉ-DIREITO SIMPLES, EM CHAPA DE MADEIRA COMPENSADA RESINADA E CIMBRAMENTO DE MADEIRA, 8 UTILIZAÇÕES. AF_03/2022","M2",65.44,0]
["Fôrmas para Estruturas de Concreto Armado",92510,"MONTAGEM E DESMONTAGEM DE FÔRMA DE LAJE MACIÇA, PÉ-DIREITO SIMPLES, EM CHAPA DE MADEIRA COMPENSADA RESINADA, 2 UTILIZAÇÕES. AF_09/2020","M2",67.92,7.4399999999999994E-2]
["Fôrmas para Estruturas de Concreto Armado",92514,"MONTAGEM E DESMONTAGEM DE FÔRMA DE LAJE MACIÇA, PÉ-DIREITO SIMPLES, EM CHAPA DE MADEIRA COMPENSADA RESINADA, 4 UTILIZAÇÕES. AF_09/2020","M2",52.9,9.5500000000000002E-2]
["Fôrmas para Estruturas de Concreto Armado",92518,"MONTAGEM E DESMONTAGEM DE FÔRMA DE LAJE MACIÇA, PÉ-DIREITO SIMPLES, EM CHAPA DE MADEIRA COMPENSADA RESINADA, 6 UTILIZAÇÕES. AF_09/2020","M2",45.9,0.11]
["Fôrmas para Estruturas de Concreto Armado",92522,"MONTAGEM E DESMONTAGEM DE FÔRMA DE LAJE MACIÇA, PÉ-DIREITO SIMPLES, EM CHAPA DE MADEIRA COMPENSADA RESINADA, 8 UTILIZAÇÕES. AF_09/2020","M2",41.58,0.1215]
["Fôrmas para Estruturas de Concreto Armado",92482,"MONTAGEM E DESMONTAGEM DE FÔRMA DE LAJE MACIÇA, PÉ-DIREITO SIMPLES, EM MADEIRA SERRADA, 1 UTILIZAÇÃO. AF_09/2020","M2",340.67,0]
["Fôrmas para Estruturas de Concreto Armado",92484,"MONTAGEM E DESMONTAGEM DE FÔRMA DE LAJE MACIÇA, PÉ-DIREITO SIMPLES, EM MADEIRA SERRADA, 2 UTILIZAÇÕES. AF_09/2020","M2",238.86,0]
["Fôrmas para Estruturas de Concreto Armado",92486,"MONTAGEM E DESMONTAGEM DE FÔRMA DE LAJE MACIÇA, PÉ-DIREITO SIMPLES, EM MADEIRA SERRADA, 4 UTILIZAÇÕES. AF_09/2020","M2",173.1,0]
["Fôrmas para Estruturas de Concreto Armado",92492,"MONTAGEM E DESMONTAGEM DE FÔRMA DE LAJE NERVURADA COM CUBETA E ASSOALHO, PÉ-DIREITO DUPLO, EM CHAPA DE MADEIRA COMPENSADA RESINADA, 10 UTILIZAÇÕES. AF_09/2020","M2",96.77,5.2200000000000003E-2]
["Fôrmas para Estruturas de Concreto Armado",92496,"MONTAGEM E DESMONTAGEM DE FÔRMA DE LAJE NERVURADA COM CUBETA E ASSOALHO, PÉ-DIREITO DUPLO, EM CHAPA DE MADEIRA COMPENSADA RESINADA, 12 UTILIZAÇÕES. AF_09/2020","M2",91.73,5.5100000000000003E-2]
["Fôrmas para Estruturas de Concreto Armado",92500,"MONTAGEM E DESMONTAGEM DE FÔRMA DE LAJE NERVURADA COM CUBETA E ASSOALHO, PÉ-DIREITO DUPLO, EM CHAPA DE MADEIRA COMPENSADA RESINADA, 14 UTILIZAÇÕES. AF_09/2020","M2",87.7,5.7599999999999998E-2]
["Fôrmas para Estruturas de Concreto Armado",92504,"MONTAGEM E DESMONTAGEM DE FÔRMA DE LAJE NERVURADA COM CUBETA E ASSOALHO, PÉ-DIREITO DUPLO, EM CHAPA DE MADEIRA COMPENSADA RESINADA, 18 UTILIZAÇÕES. AF_09/2020","M2",80.319999999999993,6.2899999999999998E-2]
["Fôrmas para Estruturas de Concreto Armado",92488,"MONTAGEM E DESMONTAGEM DE FÔRMA DE LAJE NERVURADA COM CUBETA E ASSOALHO, PÉ-DIREITO DUPLO, EM CHAPA DE MADEIRA COMPENSADA RESINADA, 8 UTILIZAÇÕES. AF_09/2020","M2",102.78,4.9099999999999998E-2]
["Fôrmas para Estruturas de Concreto Armado",92494,"MONTAGEM E DESMONTAGEM DE FÔRMA DE LAJE NERVURADA COM CUBETA E ASSOALHO, PÉ-DIREITO SIMPLES, EM CHAPA DE MADEIRA COMPENSADA RESINADA, 10 UTILIZAÇÕES. AF_09/2020","M2",64.959999999999994,7.7700000000000005E-2]
["Fôrmas para Estruturas de Concreto Armado",92498,"MONTAGEM E DESMONTAGEM DE FÔRMA DE LAJE NERVURADA COM CUBETA E ASSOALHO, PÉ-DIREITO SIMPLES, EM CHAPA DE MADEIRA COMPENSADA RESINADA, 12 UTILIZAÇÕES. AF_09/2020","M2",60.93,8.2900000000000001E-2]
["Fôrmas para Estruturas de Concreto Armado",92502,"MONTAGEM E DESMONTAGEM DE FÔRMA DE LAJE NERVURADA COM CUBETA E ASSOALHO, PÉ-DIREITO SIMPLES, EM CHAPA DE MADEIRA COMPENSADA RESINADA, 14 UTILIZAÇÕES. AF_09/2020","M2",57.87,8.7300000000000003E-2]
["Fôrmas para Estruturas de Concreto Armado",92506,"MONTAGEM E DESMONTAGEM DE FÔRMA DE LAJE NERVURADA COM CUBETA E ASSOALHO, PÉ-DIREITO SIMPLES, EM CHAPA DE MADEIRA COMPENSADA RESINADA, 18 UTILIZAÇÕES. AF_09/2020","M2",52.2,9.6699999999999994E-2]
["Fôrmas para Estruturas de Concreto Armado",92490,"MONTAGEM E DESMONTAGEM DE FÔRMA DE LAJE NERVURADA COM CUBETA E ASSOALHO, PÉ-DIREITO SIMPLES, EM CHAPA DE MADEIRA COMPENSADA RESINADA, 8 UTILIZAÇÕES. AF_09/2020","M2",69.790000000000006,7.2400000000000006E-2]
["Fôrmas para Estruturas de Concreto Armado",92433,"MONTAGEM E DESMONTAGEM DE FÔRMA DE PILARES RETANGULARES E ESTRUTURAS SIMILARES, PÉ-DIREITO DUPLO, EM CHAPA DE MADEIRA COMPENSADA PLASTIFICADA, 10 UTILIZAÇÕES. AF_09/2020","M2",76.34,0]
["Fôrmas para Estruturas de Concreto Armado",92437,"MONTAGEM E DESMONTAGEM DE FÔRMA DE PILARES RETANGULARES E ESTRUTURAS SIMILARES, PÉ-DIREITO DUPLO, EM CHAPA DE MADEIRA COMPENSADA PLASTIFICADA, 12 UTILIZAÇÕES. AF_09/2020","M2",72.45,0]
["Fôrmas para Estruturas de Concreto Armado",92441,"MONTAGEM E DESMONTAGEM DE FÔRMA DE PILARES RETANGULARES E ESTRUTURAS SIMILARES, PÉ-DIREITO DUPLO, EM CHAPA DE MADEIRA COMPENSADA PLASTIFICADA, 14 UTILIZAÇÕES. AF_09/2020","M2",69.67,0]
["Fôrmas para Estruturas de Concreto Armado",92445,"MONTAGEM E DESMONTAGEM DE FÔRMA DE PILARES RETANGULARES E ESTRUTURAS SIMILARES, PÉ-DIREITO DUPLO, EM CHAPA DE MADEIRA COMPENSADA PLASTIFICADA, 18 UTILIZAÇÕES. AF_09/2020","M2",63.93,0]
["Fôrmas para Estruturas de Concreto Armado",92417,"MONTAGEM E DESMONTAGEM DE FÔRMA DE PILARES RETANGULARES E ESTRUTURAS SIMILARES, PÉ-DIREITO DUPLO, EM CHAPA DE MADEIRA COMPENSADA RESINADA, 2 UTILIZAÇÕES. AF_09/2020","M2",176.52,0]
["Fôrmas para Estruturas de Concreto Armado",92421,"MONTAGEM E DESMONTAGEM DE FÔRMA DE PILARES RETANGULARES E ESTRUTURAS SIMILARES, PÉ-DIREITO DUPLO, EM CHAPA DE MADEIRA COMPENSADA RESINADA, 4 UTILIZAÇÕES. AF_09/2020","M2",112.53,0]
["Fôrmas para Estruturas de Concreto Armado",92425,"MONTAGEM E DESMONTAGEM DE FÔRMA DE PILARES RETANGULARES E ESTRUTURAS SIMILARES, PÉ-DIREITO DUPLO, EM CHAPA DE MADEIRA COMPENSADA RESINADA, 6 UTILIZAÇÕES. AF_09/2020","M2",92.03,0]
["Fôrmas para Estruturas de Concreto Armado",92429,"MONTAGEM E DESMONTAGEM DE FÔRMA DE PILARES RETANGULARES E ESTRUTURAS SIMILARES, PÉ-DIREITO DUPLO, EM CHAPA DE MADEIRA COMPENSADA RESINADA, 8 UTILIZAÇÕES. AF_09/2020","M2",81.7,0]
["Fôrmas para Estruturas de Concreto Armado",92431,"MONTAGEM E DESMONTAGEM DE FÔRMA DE PILARES RETANGULARES E ESTRUTURAS SIMILARES, PÉ-DIREITO SIMPLES, EM CHAPA DE MADEIRA COMPENSADA PLASTIFICADA, 10 UTILIZAÇÕES. AF_09/2020","M2",61.79,0]
["Fôrmas para Estruturas de Concreto Armado",92435,"MONTAGEM E DESMONTAGEM DE FÔRMA DE PILARES RETANGULARES E ESTRUTURAS SIMILARES, PÉ-DIREITO SIMPLES, EM CHAPA DE MADEIRA COMPENSADA PLASTIFICADA, 12 UTILIZAÇÕES. AF_09/2020","M2",58.41,0]
["Fôrmas para Estruturas de Concreto Armado",92439,"MONTAGEM E DESMONTAGEM DE FÔRMA DE PILARES RETANGULARES E ESTRUTURAS SIMILARES, PÉ-DIREITO SIMPLES, EM CHAPA DE MADEIRA COMPENSADA PLASTIFICADA, 14 UTILIZAÇÕES. AF_09/2020","M2",55.96,0]
["Fôrmas para Estruturas de Concreto Armado",92443,"MONTAGEM E DESMONTAGEM DE FÔRMA DE PILARES RETANGULARES E ESTRUTURAS SIMILARES, PÉ-DIREITO SIMPLES, EM CHAPA DE MADEIRA COMPENSADA PLASTIFICADA, 18 UTILIZAÇÕES. AF_09/2020","M2",50.71,0]
["Fôrmas para Estruturas de Concreto Armado",92415,"MONTAGEM E DESMONTAGEM DE FÔRMA DE PILARES RETANGULARES E ESTRUTURAS SIMILARES, PÉ-DIREITO SIMPLES, EM CHAPA DE MADEIRA COMPENSADA RESINADA, 2 UTILIZAÇÕES. AF_09/2020","M2",151.72,0]
["Fôrmas para Estruturas de Concreto Armado",92419,"MONTAGEM E DESMONTAGEM DE FÔRMA DE PILARES RETANGULARES E ESTRUTURAS SIMILARES, PÉ-DIREITO SIMPLES, EM CHAPA DE MADEIRA COMPENSADA RESINADA, 4 UTILIZAÇÕES. AF_09/2020","M2",93.52,0]
["Fôrmas para Estruturas de Concreto Armado",92423,"MONTAGEM E DESMONTAGEM DE FÔRMA DE PILARES RETANGULARES E ESTRUTURAS SIMILARES, PÉ-DIREITO SIMPLES, EM CHAPA DE MADEIRA COMPENSADA RESINADA, 6 UTILIZAÇÕES. AF_09/2020","M2",75.5,0]
["Fôrmas para Estruturas de Concreto Armado",92427,"MONTAGEM E DESMONTAGEM DE FÔRMA DE PILARES RETANGULARES E ESTRUTURAS SIMILARES, PÉ-DIREITO SIMPLES, EM CHAPA DE MADEIRA COMPENSADA RESINADA, 8 UTILIZAÇÕES. AF_09/2020","M2",66.38,0]
["Fôrmas para Estruturas de Concreto Armado",92409,"MONTAGEM E DESMONTAGEM DE FÔRMA DE PILARES RETANGULARES E ESTRUTURAS SIMILARES, PÉ-DIREITO SIMPLES, EM MADEIRA SERRADA, 1 UTILIZAÇÃO. AF_09/2020","M2",280.01,0]
["Fôrmas para Estruturas de Concreto Armado",92411,"MONTAGEM E DESMONTAGEM DE FÔRMA DE PILARES RETANGULARES E ESTRUTURAS SIMILARES, PÉ-DIREITO SIMPLES, EM MADEIRA SERRADA, 2 UTILIZAÇÕES. AF_09/2020","M2",183.26,0]
["Fôrmas para Estruturas de Concreto Armado",92413,"MONTAGEM E DESMONTAGEM DE FÔRMA DE PILARES RETANGULARES E ESTRUTURAS SIMILARES, PÉ-DIREITO SIMPLES, EM MADEIRA SERRADA, 4 UTILIZAÇÕES. AF_09/2020","M2",118.21,0]
["Fôrmas para Estruturas de Concreto Armado",92465,"MONTAGEM E DESMONTAGEM DE FÔRMA DE VIGA, ESCORAMENTO COM GARFO DE MADEIRA, PÉ-DIREITO DUPLO, EM CHAPA DE MADEIRA PLASTIFICADA, 10 UTILIZAÇÕES. AF_09/2020","M2",175.18,0]
["Fôrmas para Estruturas de Concreto Armado",92469,"MONTAGEM E DESMONTAGEM DE FÔRMA DE VIGA, ESCORAMENTO COM GARFO DE MADEIRA, PÉ-DIREITO DUPLO, EM CHAPA DE MADEIRA PLASTIFICADA, 12 UTILIZAÇÕES. AF_09/2020","M2",159.28,0]
["Fôrmas para Estruturas de Concreto Armado",92473,"MONTAGEM E DESMONTAGEM DE FÔRMA DE VIGA, ESCORAMENTO COM GARFO DE MADEIRA, PÉ-DIREITO DUPLO, EM CHAPA DE MADEIRA PLASTIFICADA, 14 UTILIZAÇÕES. AF_09/2020","M2",146.44999999999999,0]
["Fôrmas para Estruturas de Concreto Armado",92477,"MONTAGEM E DESMONTAGEM DE FÔRMA DE VIGA, ESCORAMENTO COM GARFO DE MADEIRA, PÉ-DIREITO DUPLO, EM CHAPA DE MADEIRA PLASTIFICADA, 18 UTILIZAÇÕES. AF_09/2020","M2",118.89,0]
["Fôrmas para Estruturas de Concreto Armado",92449,"MONTAGEM E DESMONTAGEM DE FÔRMA DE VIGA, ESCORAMENTO COM GARFO DE MADEIRA, PÉ-DIREITO DUPLO, EM CHAPA DE MADEIRA RESINADA, 2 UTILIZAÇÕES. AF_09/2020","M2",320.39,0]
["Fôrmas para Estruturas de Concreto Armado",92453,"MONTAGEM E DESMONTAGEM DE FÔRMA DE VIGA, ESCORAMENTO COM GARFO DE MADEIRA, PÉ-DIREITO DUPLO, EM CHAPA DE MADEIRA RESINADA, 4 UTILIZAÇÕES. AF_09/2020","M2",275.89,0]
["Fôrmas para Estruturas de Concreto Armado",92457,"MONTAGEM E DESMONTAGEM DE FÔRMA DE VIGA, ESCORAMENTO COM GARFO DE MADEIRA, PÉ-DIREITO DUPLO, EM CHAPA DE MADEIRA RESINADA, 6 UTILIZAÇÕES. AF_09/2020","M2",239.98,0]
["Fôrmas para Estruturas de Concreto Armado",92461,"MONTAGEM E DESMONTAGEM DE FÔRMA DE VIGA, ESCORAMENTO COM GARFO DE MADEIRA, PÉ-DIREITO DUPLO, EM CHAPA DE MADEIRA RESINADA, 8 UTILIZAÇÕES. AF_09/2020","M2",221.89,0]
["Fôrmas para Estruturas de Concreto Armado",92467,"MONTAGEM E DESMONTAGEM DE FÔRMA DE VIGA, ESCORAMENTO COM GARFO DE MADEIRA, PÉ-DIREITO SIMPLES, EM CHAPA DE MADEIRA PLASTIFICADA, 10 UTILIZAÇÕES. AF_09/2020","M2",111.5,0]
["Fôrmas para Estruturas de Concreto Armado",92471,"MONTAGEM E DESMONTAGEM DE FÔRMA DE VIGA, ESCORAMENTO COM GARFO DE MADEIRA, PÉ-DIREITO SIMPLES, EM CHAPA DE MADEIRA PLASTIFICADA, 12 UTILIZAÇÕES. AF_09/2020","M2",101.53,0]
["Fôrmas para Estruturas de Concreto Armado",92475,"MONTAGEM E DESMONTAGEM DE FÔRMA DE VIGA, ESCORAMENTO COM GARFO DE MADEIRA, PÉ-DIREITO SIMPLES, EM CHAPA DE MADEIRA PLASTIFICADA, 14 UTILIZAÇÕES. AF_09/2020","M2",93.45,0]
["Fôrmas para Estruturas de Concreto Armado",92479,"MONTAGEM E DESMONTAGEM DE FÔRMA DE VIGA, ESCORAMENTO COM GARFO DE MADEIRA, PÉ-DIREITO SIMPLES, EM CHAPA DE MADEIRA PLASTIFICADA, 18 UTILIZAÇÕES. AF_09/2020","M2",76.11,0]
["Fôrmas para Estruturas de Concreto Armado",92451,"MONTAGEM E DESMONTAGEM DE FÔRMA DE VIGA, ESCORAMENTO COM GARFO DE MADEIRA, PÉ-DIREITO SIMPLES, EM CHAPA DE MADEIRA RESINADA, 2 UTILIZAÇÕES. AF_09/2020","M2",214.92,0]
["Fôrmas para Estruturas de Concreto Armado",92455,"MONTAGEM E DESMONTAGEM DE FÔRMA DE VIGA, ESCORAMENTO COM GARFO DE MADEIRA, PÉ-DIREITO SIMPLES, EM CHAPA DE MADEIRA RESINADA, 4 UTILIZAÇÕES. AF_09/2020","M2",177.02,0]
["Fôrmas para Estruturas de Concreto Armado",92459,"MONTAGEM E DESMONTAGEM DE FÔRMA DE VIGA, ESCORAMENTO COM GARFO DE MADEIRA, PÉ-DIREITO SIMPLES, EM CHAPA DE MADEIRA RESINADA, 6 UTILIZAÇÕES. AF_09/2020","M2",150.55000000000001,0]
["Fôrmas para Estruturas de Concreto Armado",92463,"MONTAGEM E DESMONTAGEM DE FÔRMA DE VIGA, ESCORAMENTO COM GARFO DE MADEIRA, PÉ-DIREITO SIMPLES, EM CHAPA DE MADEIRA RESINADA, 8 UTILIZAÇÕES. AF_09/2020","M2",136.77000000000001,0]
["Fôrmas para Estruturas de Concreto Armado",92446,"MONTAGEM E DESMONTAGEM DE FÔRMA DE VIGA, ESCORAMENTO COM PONTALETE DE MADEIRA, PÉ-DIREITO SIMPLES, EM MADEIRA SERRADA, 1 UTILIZAÇÃO. AF_09/2020","M2",315.08999999999997,0]
["Fôrmas para Estruturas de Concreto Armado",92447,"MONTAGEM E DESMONTAGEM DE FÔRMA DE VIGA, ESCORAMENTO COM PONTALETE DE MADEIRA, PÉ-DIREITO SIMPLES, EM MADEIRA SERRADA, 2 UTILIZAÇÕES. AF_09/2020","M2",221.17,0]
["Fôrmas para Estruturas de Concreto Armado",92448,"MONTAGEM E DESMONTAGEM DE FÔRMA DE VIGA, ESCORAMENTO COM PONTALETE DE MADEIRA, PÉ-DIREITO SIMPLES, EM MADEIRA SERRADA, 4 UTILIZAÇÕES. AF_09/2020","M2",175.85,0]
["Fôrmas para Estruturas de Concreto Armado",92466,"MONTAGEM E DESMONTAGEM DE FÔRMA DE VIGA, ESCORAMENTO METÁLICO, PÉ-DIREITO DUPLO, EM CHAPA DE MADEIRA PLASTIFICADA, 10 UTILIZAÇÕES. AF_09/2020","M2",218,0]
["Fôrmas para Estruturas de Concreto Armado",92470,"MONTAGEM E DESMONTAGEM DE FÔRMA DE VIGA, ESCORAMENTO METÁLICO, PÉ-DIREITO DUPLO, EM CHAPA DE MADEIRA PLASTIFICADA, 12 UTILIZAÇÕES. AF_09/2020","M2",210.58,0]
["Fôrmas para Estruturas de Concreto Armado",92474,"MONTAGEM E DESMONTAGEM DE FÔRMA DE VIGA, ESCORAMENTO METÁLICO, PÉ-DIREITO DUPLO, EM CHAPA DE MADEIRA PLASTIFICADA, 14 UTILIZAÇÕES. AF_09/2020","M2",204.22,0]
["Fôrmas para Estruturas de Concreto Armado",92478,"MONTAGEM E DESMONTAGEM DE FÔRMA DE VIGA, ESCORAMENTO METÁLICO, PÉ-DIREITO DUPLO, EM CHAPA DE MADEIRA PLASTIFICADA, 18 UTILIZAÇÕES. AF_09/2020","M2",191.62,0]
["Fôrmas para Estruturas de Concreto Armado",92450,"MONTAGEM E DESMONTAGEM DE FÔRMA DE VIGA, ESCORAMENTO METÁLICO, PÉ-DIREITO DUPLO, EM CHAPA DE MADEIRA RESINADA, 2 UTILIZAÇÕES. AF_09/2020","M2",294.52,0]
["Fôrmas para Estruturas de Concreto Armado",92454,"MONTAGEM E DESMONTAGEM DE FÔRMA DE VIGA, ESCORAMENTO METÁLICO, PÉ-DIREITO DUPLO, EM CHAPA DE MADEIRA RESINADA, 4 UTILIZAÇÕES. AF_09/2020","M2",260.12,0]
["Fôrmas para Estruturas de Concreto Armado",92458,"MONTAGEM E DESMONTAGEM DE FÔRMA DE VIGA, ESCORAMENTO METÁLICO, PÉ-DIREITO DUPLO, EM CHAPA DE MADEIRA RESINADA, 6 UTILIZAÇÕES. AF_09/2020","M2",238.83,0]
["Fôrmas para Estruturas de Concreto Armado",92462,"MONTAGEM E DESMONTAGEM DE FÔRMA DE VIGA, ESCORAMENTO METÁLICO, PÉ-DIREITO DUPLO, EM CHAPA DE MADEIRA RESINADA, 8 UTILIZAÇÕES. AF_09/2020","M2",225.46,0]
["Fôrmas para Estruturas de Concreto Armado",92468,"MONTAGEM E DESMONTAGEM DE FÔRMA DE VIGA, ESCORAMENTO METÁLICO, PÉ-DIREITO SIMPLES, EM CHAPA DE MADEIRA PLASTIFICADA, 10 UTILIZAÇÕES. AF_09/2020","M2",112.04,0]
["Fôrmas para Estruturas de Concreto Armado",92472,"MONTAGEM E DESMONTAGEM DE FÔRMA DE VIGA, ESCORAMENTO METÁLICO, PÉ-DIREITO SIMPLES, EM CHAPA DE MADEIRA PLASTIFICADA, 12 UTILIZAÇÕES. AF_09/2020","M2",105.47,0]
["Fôrmas para Estruturas de Concreto Armado",92476,"MONTAGEM E DESMONTAGEM DE FÔRMA DE VIGA, ESCORAMENTO METÁLICO, PÉ-DIREITO SIMPLES, EM CHAPA DE MADEIRA PLASTIFICADA, 14 UTILIZAÇÕES. AF_09/2020","M2",99.9,0]
["Fôrmas para Estruturas de Concreto Armado",92480,"MONTAGEM E DESMONTAGEM DE FÔRMA DE VIGA, ESCORAMENTO METÁLICO, PÉ-DIREITO SIMPLES, EM CHAPA DE MADEIRA PLASTIFICADA, 18 UTILIZAÇÕES. AF_09/2020","M2",88.75,0]
["Fôrmas para Estruturas de Concreto Armado",92452,"MONTAGEM E DESMONTAGEM DE FÔRMA DE VIGA, ESCORAMENTO METÁLICO, PÉ-DIREITO SIMPLES, EM CHAPA DE MADEIRA RESINADA, 2 UTILIZAÇÕES. AF_09/2020","M2",189.07,0]
["Fôrmas para Estruturas de Concreto Armado",92456,"MONTAGEM E DESMONTAGEM DE FÔRMA DE VIGA, ESCORAMENTO METÁLICO, PÉ-DIREITO SIMPLES, EM CHAPA DE MADEIRA RESINADA, 4 UTILIZAÇÕES. AF_09/2020","M2",153.79,0]
["Fôrmas para Estruturas de Concreto Armado",92460,"MONTAGEM E DESMONTAGEM DE FÔRMA DE VIGA, ESCORAMENTO METÁLICO, PÉ-DIREITO SIMPLES, EM CHAPA DE MADEIRA RESINADA, 6 UTILIZAÇÕES. AF_09/2020","M2",127.99,0]
["Fôrmas para Estruturas de Concreto Armado",92464,"MONTAGEM E DESMONTAGEM DE FÔRMA DE VIGA, ESCORAMENTO METÁLICO, PÉ-DIREITO SIMPLES, EM CHAPA DE MADEIRA RESINADA, 8 UTILIZAÇÕES. AF_09/2020","M2",119.32,0]
["Fôrmas para Pilares Circulares",105403,"FABRICAÇÃO DE FÔRMA PARA PILARES CIRCULARES, EM CHAPA DE MADEIRA COMPENSADA RESINADA, PÉ-DIREITO DUPLO. AF_05/2024","M2",217.94,0]
["Fôrmas para Pilares Circulares",96252,"FABRICAÇÃO DE FÔRMA PARA PILARES CIRCULARES, EM CHAPA DE MADEIRA COMPENSADA RESINADA, PÉ-DIREITO SIMPLES. AF_05/2024","M2",181.49,0]
["Fôrmas para Pilares Circulares",96254,"MONTAGEM E DESMONTAGEM DE FÔRMA DE PILARES CIRCULARES, COM ÁREA MÉDIA DAS SEÇÕES MAIOR QUE 0,28 M², EM PAPELÃO. AF_05/2024","M",0]
["Fôrmas para Pilares Circulares",96253,"MONTAGEM E DESMONTAGEM DE FÔRMA DE PILARES CIRCULARES, COM ÁREA MÉDIA DAS SEÇÕES MENOR OU IGUAL A 0,28 M², EM PAPELÃO. AF_05/2024","M",0]
["Fôrmas para Pilares Circulares",105406,"MONTAGEM E DESMONTAGEM DE FÔRMA DE PILARES CIRCULARES, PÉ-DIREITO DUPLO, EM MADEIRA, 2 UTILIZAÇÕES. AF_05/2024","M2",215.15,0]
["Fôrmas para Pilares Circulares",96264,"MONTAGEM E DESMONTAGEM DE FÔRMA DE PILARES CIRCULARES, PÉ-DIREITO DUPLO, METÁLICA. AF_05/2024","M2",0]
["Fôrmas para Pilares Circulares",105405,"MONTAGEM E DESMONTAGEM DE FÔRMA DE PILARES CIRCULARES, PÉ-DIREITO DUPLO, PLÁSTICA. AF_05/2024","M2",0]
["Fôrmas para Pilares Circulares",96258,"MONTAGEM E DESMONTAGEM DE FÔRMA DE PILARES CIRCULARES, PÉ-DIREITO SIMPLES, EM MADEIRA, 2 UTILIZAÇÕES. AF_05/2024","M2",159.69,0]
["Fôrmas para Pilares Circulares",96262,"MONTAGEM E DESMONTAGEM DE FÔRMA DE PILARES CIRCULARES, PÉ-DIREITO SIMPLES, METÁLICA. AF_05/2024","M2",0]
["Fôrmas para Pilares Circulares",105404,"MONTAGEM E DESMONTAGEM DE FÔRMA DE PILARES CIRCULARES, PÉ-DIREITO SIMPLES, PLÁSTICA. AF_05/2024","M2",0]
["Gabiões - Execução de Muro e Proteção Superficial",92751,"MURO DE GABIÃO, ENCHIMENTO COM PEDRA DE MÃO TIPO RACHÃO, COM SOLO REFORÇADO, PARA MUROS COM ALTURA MAIOR QUE 12 M E MENOR OU IGUAL A 20 M - FORNECIMENTO E EXECUÇÃO. AF_03/2024","M3",2035.69,7.0599999999999996E-2]
["Gabiões - Execução de Muro e Proteção Superficial",92752,"MURO DE GABIÃO, ENCHIMENTO COM PEDRA DE MÃO TIPO RACHÃO, COM SOLO REFORÇADO, PARA MUROS COM ALTURA MAIOR QUE 20 M E MENOR OU IGUAL A 28 M - FORNECIMENTO E EXECUÇÃO. AF_03/2024","M3",2419.35,6.6900000000000001E-2]
["Gabiões - Execução de Muro e Proteção Superficial",92750,"MURO DE GABIÃO, ENCHIMENTO COM PEDRA DE MÃO TIPO RACHÃO, COM SOLO REFORÇADO, PARA MUROS COM ALTURA MAIOR QUE 4 M E MENOR OU IGUAL A 12 M - FORNECIMENTO E EXECUÇÃO. AF_03/2024","M3",1649.45,7.5700000000000003E-2]
["Gabiões - Execução de Muro e Proteção Superficial",92749,"MURO DE GABIÃO, ENCHIMENTO COM PEDRA DE MÃO TIPO RACHÃO, COM SOLO REFORÇADO, PARA MUROS COM ALTURA MENOR OU IGUAL A 4 M - FORNECIMENTO E EXECUÇÃO. AF_03/2024","M3",989.29,9.2799999999999994E-2]
["Gabiões - Execução de Muro e Proteção Superficial",92745,"MURO DE GABIÃO, ENCHIMENTO COM PEDRA DE MÃO TIPO RACHÃO, DE GRAVIDADE, COM GAIOLAS DE COMPRIMENTO IGUAL A 2 M, PARA MUROS COM ALTURA MAIOR QUE 4 M E MENOR OU IGUAL A 6 M - FORNECIMENTO E EXECUÇÃO. AF_03/2024","M3",842.74,9.8900000000000002E-2]
["Gabiões - Execução de Muro e Proteção Superficial",92747,"MURO DE GABIÃO, ENCHIMENTO COM PEDRA DE MÃO TIPO RACHÃO, DE GRAVIDADE, COM GAIOLAS DE COMPRIMENTO IGUAL A 2 M, PARA MUROS COM ALTURA MAIOR QUE 6 M E MENOR OU IGUAL A 10 M - FORNECIMENTO E EXECUÇÃO. AF_03/2024","M3",935.16,9.6799999999999997E-2]
["Gabiões - Execução de Muro e Proteção Superficial",92743,"MURO DE GABIÃO, ENCHIMENTO COM PEDRA DE MÃO TIPO RACHÃO, DE GRAVIDADE, COM GAIOLAS DE COMPRIMENTO IGUAL A 2 M, PARA MUROS COM ALTURA MENOR OU IGUAL A 4 M - FORNECIMENTO E EXECUÇÃO. AF_03/2024","M3",694.15,0.10639999999999999]
["Gabiões - Execução de Muro e Proteção Superficial",92746,"MURO DE GABIÃO, ENCHIMENTO COM PEDRA DE MÃO TIPO RACHÃO, DE GRAVIDADE, COM GAIOLAS DE COMPRIMENTO IGUAL A 5 M, PARA MUROS COM ALTURA MAIOR QUE 4 M E MENOR OU IGUAL A 6 M - FORNECIMENTO E EXECUÇÃO. AF_03/2024","M3",769.28,7.2499999999999995E-2]
["Gabiões - Execução de Muro e Proteção Superficial",92748,"MURO DE GABIÃO, ENCHIMENTO COM PEDRA DE MÃO TIPO RACHÃO, DE GRAVIDADE, COM GAIOLAS DE COMPRIMENTO IGUAL A 5 M, PARA MUROS COM ALTURA MAIOR QUE 6 M E MENOR OU IGUAL A 10 M- FORNECIMENTO E EXECUÇÃO. AF_03/2024","M3",841.5,7.5499999999999998E-2]
["Gabiões - Execução de Muro e Proteção Superficial",92744,"MURO DE GABIÃO, ENCHIMENTO COM PEDRA DE MÃO TIPO RACHÃO, DE GRAVIDADE, COM GAIOLAS DE COMPRIMENTO IGUAL A 5 M, PARA MUROS COM ALTURA MENOR OU IGUAL A 4 M - FORNECIMENTO E EXECUÇÃO. AF_03/2024","M3",649.72,6.7100000000000007E-2]
["Gabiões - Execução de Muro e Proteção Superficial",92754,"MURO DE GABIÃO, ENCHIMENTO COM RESÍDUO DE CONSTRUÇÃO E DEMOLIÇÃO, DE GRAVIDADE, COM GAIOLA TRAPEZOIDAL DE COMPRIMENTO IGUAL A 2 M, PARA MUROS COM ALTURA MAIOR QUE 2 M E MENOR OU IGUAL A 4 M - FORNECIMENTO E EXECUÇÃO. AF_03/2024","M3",640.12,0.22389999999999999]
["Gabiões - Execução de Muro e Proteção Superficial",92753,"MURO DE GABIÃO, ENCHIMENTO COM RESÍDUO DE CONSTRUÇÃO E DEMOLIÇÃO, DE GRAVIDADE, COM GAIOLA TRAPEZOIDAL DE COMPRIMENTO IGUAL A 2 M, PARA MUROS COM ALTURA MENOR OU IGUAL A 2 M - FORNECIMENTO E EXECUÇÃO. AF_03/2024","M3",654.91,0.2172]
["Gabiões - Execução de Muro e Proteção Superficial",92755,"PROTEÇÃO SUPERFICIAL DE CANAL EM GABIÃO TIPO COLCHÃO, ALTURA DE 17 CENTÍMETROS, ENCHIMENTO COM PEDRA DE MÃO TIPO RACHÃO - FORNECIMENTO E EXECUÇÃO. AF_03/2024","M2",253.97,0.1298]
["Gabiões - Execução de Muro e Proteção Superficial",92756,"PROTEÇÃO SUPERFICIAL DE CANAL EM GABIÃO TIPO COLCHÃO, ALTURA DE 23 CENTÍMETROS, ENCHIMENTO COM PEDRA DE MÃO TIPO RACHÃO - FORNECIMENTO E EXECUÇÃO. AF_03/2024","M2",291.41000000000003,0.13059999999999999]
["Gabiões - Execução de Muro e Proteção Superficial",92757,"PROTEÇÃO SUPERFICIAL DE CANAL EM GABIÃO TIPO COLCHÃO, ALTURA DE 30 CENTÍMETROS, ENCHIMENTO COM PEDRA DE MÃO TIPO RACHÃO - FORNECIMENTO E EXECUÇÃO. AF_03/2024","M2",336.3,0.13089999999999999]
["Gabiões - Execução de Muro e Proteção Superficial",92758,"PROTEÇÃO SUPERFICIAL DE CANAL EM GABIÃO TIPO SACO, DIÂMETRO DE 65 CENTÍMETROS, ENCHIMENTO MANUAL COM PEDRA DE MÃO TIPO RACHÃO - FORNECIMENTO E EXECUÇÃO. AF_03/2024","M3",718.16,4.0500000000000001E-2]
["Galerias com Aduelas de Concreto",104500,"ADUELA/ GALERIA ABERTA PRE-MOLDADA DE CONCRETO ARMADO, SECAO QUADRANGULAR INTERNA DE 1,50 X 1,50 M (L X A), MISULA DE 20 X 20 CM, C = 1,00 M, ESPESSURA MIN = 15 CM, TB-45 E FCK DO CONCRETO = 30 MPA FORNECIMENTO E ASSENTAMENTO. AF_01/2023","M",0]
["Galerias com Aduelas de Concreto",104503,"ADUELA/ GALERIA ABERTA PRE-MOLDADA DE CONCRETO ARMADO, SECAO QUADRANGULAR INTERNA DE 2,00 X 2,00 M (L X A), MISULA DE 20 X 20 CM, C = 1,00 M, ESPESSURA MIN = 15 CM, TB-45 E FCK DO CONCRETO = 30 MPA FORNECIMENTO E ASSENTAMENTO. AF_01/2023","M",0]
["Galerias com Aduelas de Concreto",104504,"ADUELA/ GALERIA ABERTA PRE-MOLDADA DE CONCRETO ARMADO, SECAO QUADRANGULAR INTERNA DE 2,00 X 2,00 M (L X A), MISULA DE 20 X 20 CM, C = 1,00 M, ESPESSURA MIN = 20 CM, TB-45 E FCK DO CONCRETO = 30 MPA FORNECIMENTO E ASSENTAMENTO. AF_01/2023","M",0]
["Galerias com Aduelas de Concreto",104507,"ADUELA/ GALERIA ABERTA PRE-MOLDADA DE CONCRETO ARMADO, SECAO QUADRANGULAR INTERNA DE 2,50 X 2,50 M (L X A), MISULA DE 20 X 20 CM, C = 1,00 M, ESPESSURA MIN = 15 CM, TB-45 E FCK DO CONCRETO = 30 MPA FORNECIMENTO E ASSENTAMENTO. AF_01/2023","M",0]
["Galerias com Aduelas de Concreto",104508,"ADUELA/ GALERIA ABERTA PRE-MOLDADA DE CONCRETO ARMADO, SECAO QUADRANGULAR INTERNA DE 2,50 X 2,50 M (L X A), MISULA DE 20 X 20 CM, C = 1,00 M, ESPESSURA MIN = 20 CM, TB-45 E FCK DO CONCRETO = 30 MPA FORNECIMENTO E ASSENTAMENTO. AF_01/2023","M",0]
["Galerias com Aduelas de Concreto",104509,"ADUELA/ GALERIA ABERTA PRE-MOLDADA DE CONCRETO ARMADO, SECAO QUADRANGULAR INTERNA DE 2,50 X 2,50 M (L X A), MISULA DE 20 X 20 CM, C = 1,00 M, ESPESSURA MIN = 25 CM, TB-45 E FCK DO CONCRETO = 30 MPA FORNECIMENTO E ASSENTAMENTO. AF_01/2023","M",0]
["Galerias com Aduelas de Concreto",104512,"ADUELA/ GALERIA ABERTA PRE-MOLDADA DE CONCRETO ARMADO, SECAO QUADRANGULAR INTERNA DE 3,00 X 3,00 M (L X A), MISULA DE 20 X 20 CM, C = 1,00 M, ESPESSURA MIN = 20 CM, TB-45 E FCK DO CONCRETO = 30 MPA FORNECIMENTO E ASSENTAMENTO. AF_01/2023","M",0]
["Galerias com Aduelas de Concreto",104513,"ADUELA/ GALERIA ABERTA PRE-MOLDADA DE CONCRETO ARMADO, SECAO QUADRANGULAR INTERNA DE 3,00 X 3,00 M (L X A), MISULA DE 20 X 20 CM, C = 1,00 M, ESPESSURA MIN = 25 CM, TB-45 E FCK DO CONCRETO = 30 MPA FORNECIMENTO E ASSENTAMENTO. AF_01/2023","M",0]
["Galerias com Aduelas de Concreto",104514,"ADUELA/ GALERIA ABERTA PRE-MOLDADA DE CONCRETO ARMADO, SECAO QUADRANGULAR INTERNA DE 3,00 X 3,00 M (L X A), MISULA DE 20 X 20 CM, C = 1,00 M, ESPESSURA MIN = 35 CM, TB-45 E FCK DO CONCRETO = 30 MPA FORNECIMENTO E ASSENTAMENTO. AF_01/2023","M",0]
["Galerias com Aduelas de Concreto",104501,"ADUELA/ GALERIA ABERTA PRE-MOLDADA DE CONCRETO ARMADO, SECAO RETANGULAR INTERNA DE 2,00 X 1,50 M (L X A), MISULA DE 20 X 20 CM, C = 1,00 M, ESPESSURA MIN = 20 CM, TB-45 E FCK DO CONCRETO = 30 MPA FORNECIMENTO E ASSENTAMENTO. AF_01/2023","M",0]
["Galerias com Aduelas de Concreto",104502,"ADUELA/ GALERIA ABERTA PRE-MOLDADA DE CONCRETO ARMADO, SECAO RETANGULAR INTERNA DE 2,50 X 1,50 M (L X A), MISULA DE 20 X 20 CM, C = 1,00 M, ESPESSURA MIN = 15 CM, TB-45 E FCK DO CONCRETO = 30 MPA FORNECIMENTO E ASSENTAMENTO. AF_01/2023","M",0]
["Galerias com Aduelas de Concreto",104505,"ADUELA/ GALERIA ABERTA PRE-MOLDADA DE CONCRETO ARMADO, SECAO RETANGULAR INTERNA DE 2,50 X 2,00 M (L X A), MISULA DE 20 X 20 CM, C = 1,00 M, ESPESSURA MIN = 15 CM, TB-45 E FCK DO CONCRETO = 30 MPA FORNECIMENTO E ASSENTAMENTO. AF_01/2023","M",0]
["Galerias com Aduelas de Concreto",104506,"ADUELA/ GALERIA ABERTA PRE-MOLDADA DE CONCRETO ARMADO, SECAO RETANGULAR INTERNA DE 2,50 X 2,00 M (L X A), MISULA DE 20 X 20 CM, C = 1,00 M, ESPESSURA MIN = 20 CM, TB-45 E FCK DO CONCRETO = 30 MPA FORNECIMENTO E ASSENTAMENTO. AF_01/2023","M",0]
["Galerias com Aduelas de Concreto",104510,"ADUELA/ GALERIA ABERTA PRE-MOLDADA DE CONCRETO ARMADO, SECAO RETANGULAR INTERNA DE 3,00 X 2,00 M (L X A), MISULA DE 20 X 20 CM, C = 1,00 M, ESPESSURA MIN = 15 CM, TB-45 E FCK DO CONCRETO = 30 MPA FORNECIMENTO E ASSENTAMENTO. AF_01/2023","M",0]
["Galerias com Aduelas de Concreto",104511,"ADUELA/ GALERIA ABERTA PRE-MOLDADA DE CONCRETO ARMADO, SECAO RETANGULAR INTERNA DE 3,00 X 2,00 M (L X A), MISULA DE 20 X 20 CM, C = 1,00 M, ESPESSURA MIN = 20 CM, TB-45 E FCK DO CONCRETO = 30 MPA FORNECIMENTO E ASSENTAMENTO. AF_01/2023","M",0]
["Galerias com Aduelas de Concreto",104491,"ADUELA/ GALERIA FECHADA PRE-MOLDADA DE CONCRETO ARMADO, SECAO QUADRANGULAR INTERNA DE 1,50 X 1,50 M (L X A), MISULA DE 20 X 20 CM, C = 1,00 M, ESPESSURA MIN = 15 CM, TB-45 E FCK DO CONCRETO = 30 MPA FORNECIMENTO E ASSENTAMENTO. AF_01/2023","M",4422.43,6.7000000000000002E-3]
["Galerias com Aduelas de Concreto",104492,"ADUELA/ GALERIA FECHADA PRE-MOLDADA DE CONCRETO ARMADO, SECAO QUADRANGULAR INTERNA DE 2,00 X 2,00 M (L X A), MISULA DE 20 X 20 CM, C = 1,00 M, ESPESSURA MIN = 15 CM, TB-45 E FCK DO CONCRETO = 30 MPA FORNECIMENTO E ASSENTAMENTO. AF_01/2023","M",5530.97,5.7000000000000002E-3]
["Galerias com Aduelas de Concreto",104493,"ADUELA/ GALERIA FECHADA PRE-MOLDADA DE CONCRETO ARMADO, SECAO QUADRANGULAR INTERNA DE 2,00 X 2,00 M (L X A), MISULA DE 20 X 20 CM, C = 1,00 M, ESPESSURA MIN = 20 CM, TB-45 E FCK DO CONCRETO = 30 MPA FORNECIMENTO E ASSENTAMENTO. AF_01/2023","M",0]
["Galerias com Aduelas de Concreto",104494,"ADUELA/ GALERIA FECHADA PRE-MOLDADA DE CONCRETO ARMADO, SECAO QUADRANGULAR INTERNA DE 2,50 X 2,50 M (L X A), MISULA DE 20 X 20 CM, C = 1,00 M, ESPESSURA MIN = 15 CM, TB-45 E FCK DO CONCRETO = 30 MPA FORNECIMENTO E ASSENTAMENTO. AF_01/2023","M",7472.59,5.1999999999999998E-3]
["Galerias com Aduelas de Concreto",104495,"ADUELA/ GALERIA FECHADA PRE-MOLDADA DE CONCRETO ARMADO, SECAO QUADRANGULAR INTERNA DE 2,50 X 2,50 M (L X A), MISULA DE 20 X 20 CM, C = 1,00 M, ESPESSURA MIN = 20 CM, TB-45 E FCK DO CONCRETO = 30 MPA FORNECIMENTO E ASSENTAMENTO. AF_01/2023","M",0]
["Galerias com Aduelas de Concreto",104496,"ADUELA/ GALERIA FECHADA PRE-MOLDADA DE CONCRETO ARMADO, SECAO QUADRANGULAR INTERNA DE 2,50 X 2,50 M (L X A), MISULA DE 20 X 20 CM, C = 1,00 M, ESPESSURA MIN = 25 CM, TB-45 E FCK DO CONCRETO = 30 MPA FORNECIMENTO E ASSENTAMENTO. AF_01/2023","M",0]
["Galerias com Aduelas de Concreto",104497,"ADUELA/ GALERIA FECHADA PRE-MOLDADA DE CONCRETO ARMADO, SECAO QUADRANGULAR INTERNA DE 3,00 X 3,00 M (L X A), MISULA DE 20 X 20 CM, C = 1,00 M, ESPESSURA MIN = 20 CM, TB-45 E FCK DO CONCRETO = 30 MPA FORNECIMENTO E ASSENTAMENTO. AF_01/2023","M",8951.98,1.52E-2]
["Galerias com Aduelas de Concreto",104498,"ADUELA/ GALERIA FECHADA PRE-MOLDADA DE CONCRETO ARMADO, SECAO QUADRANGULAR INTERNA DE 3,00 X 3,00 M (L X A), MISULA DE 20 X 20 CM, C = 1,00 M, ESPESSURA MIN = 25 CM, TB-45 E FCK DO CONCRETO = 30 MPA FORNECIMENTO E ASSENTAMENTO. AF_01/2023","M",0]
["Galerias com Aduelas de Concreto",104499,"ADUELA/ GALERIA FECHADA PRE-MOLDADA DE CONCRETO ARMADO, SECAO QUADRANGULAR INTERNA DE 3,00 X 3,00 M (L X A), MISULA DE 20 X 20 CM, C = 1,00 M, ESPESSURA MIN = 35 CM, TB-45 E FCK DO CONCRETO = 30 MPA FORNECIMENTO E ASSENTAMENTO. AF_01/2023","M",0]
["Galerias com Aduelas de Concreto",104515,"APLICAÇÃO DE MANTA GEOTÊXTIL NAS JUNTAS RÍGIDAS DE ADUELAS PRÉ-MOLDADAS DE CONCRETO ARMADO. AF_01/2023","M2",25.47,0.98229999999999995]
["Gesso",87430,"APLICAÇÃO DE GESSO PROJETADO COM EQUIPAMENTO DE PROJEÇÃO EM PAREDES, DESEMPENADO (SEM TALISCAS), ESPESSURA DE 0,5CM. AF_03/2023","M2",21.59,0]
["Gesso",87433,"APLICAÇÃO DE GESSO PROJETADO COM EQUIPAMENTO DE PROJEÇÃO EM PAREDES, DESEMPENADO (SEM TALISCAS), ESPESSURA DE 1,0CM. AF_03/2023","M2",31.58,0]
["Gesso",87436,"APLICAÇÃO DE GESSO PROJETADO COM EQUIPAMENTO DE PROJEÇÃO EM PAREDES, SARRAFEADO (COM TALISCAS), ESPESSURA DE 1,0CM. AF_03/2023","M2",35.630000000000003,0]
["Gesso",87439,"APLICAÇÃO DE GESSO PROJETADO COM EQUIPAMENTO DE PROJEÇÃO EM PAREDES, SARRAFEADO (COM TALISCAS), ESPESSURA DE 1,5CM. AF_03/2023","M2",43.81,0]
["Gesso",104633,"APLICAÇÃO MANUAL DE GESSO DESEMPENADO (SEM TALISCAS) EM PAREDES COM PÉ DIREITO DUPLO, ESPESSURA DE 0,5CM. AF_03/2023","M2",29.66,0]
["Gesso",104634,"APLICAÇÃO MANUAL DE GESSO DESEMPENADO (SEM TALISCAS) EM PAREDES COM PÉ DIREITO DUPLO, ESPESSURA DE 1,0CM. AF_03/2023","M2",44.1,0]
["Gesso",87418,"APLICAÇÃO MANUAL DE GESSO DESEMPENADO (SEM TALISCAS) EM PAREDES, ESPESSURA DE 0,5CM. AF_03/2023","M2",21.87,0]
["Gesso",87421,"APLICAÇÃO MANUAL DE GESSO DESEMPENADO (SEM TALISCAS) EM PAREDES, ESPESSURA DE 1,0CM. AF_03/2023","M2",33.74,0]
["Gesso",104628,"APLICAÇÃO MANUAL DE GESSO DESEMPENADO (SEM TALISCAS) EM TETO DE AMBIENTES COM PAREDES EM PÉ DIREITO DUPLO E ÁREA ENTRE 5M² E 10M², ESPESSURA DE 0,5CM. AF_03/2023","M2",33.47,0]
["Gesso",104631,"APLICAÇÃO MANUAL DE GESSO DESEMPENADO (SEM TALISCAS) EM TETO DE AMBIENTES COM PAREDES EM PÉ DIREITO DUPLO E ÁREA ENTRE 5M² E 10M², ESPESSURA DE 1,0CM. AF_03/2023","M2",46.16,0]
["Gesso",104627,"APLICAÇÃO MANUAL DE GESSO DESEMPENADO (SEM TALISCAS) EM TETO DE AMBIENTES COM PAREDES EM PÉ DIREITO DUPLO E ÁREA MAIOR QUE 10M², ESPESSURA DE 0,5CM. AF_03/2023","M2",21.85,0]
["Gesso",104630,"APLICAÇÃO MANUAL DE GESSO DESEMPENADO (SEM TALISCAS) EM TETO DE AMBIENTES COM PAREDES EM PÉ DIREITO DUPLO E ÁREA MAIOR QUE 10M², ESPESSURA DE 1,0CM. AF_03/2023","M2",34.54,0]
["Gesso",104629,"APLICAÇÃO MANUAL DE GESSO DESEMPENADO (SEM TALISCAS) EM TETO DE AMBIENTES COM PAREDES EM PÉ DIREITO DUPLO E ÁREA MENOR QUE 5M², ESPESSURA DE 0,5CM. AF_03/2023","M2",40.15,0]
["Gesso",104632,"APLICAÇÃO MANUAL DE GESSO DESEMPENADO (SEM TALISCAS) EM TETO DE AMBIENTES COM PAREDES EM PÉ DIREITO DUPLO E ÁREA MENOR QUE 5M², ESPESSURA DE 1,0CM. AF_03/2023","M2",52.83,0]
["Gesso",87412,"APLICAÇÃO MANUAL DE GESSO DESEMPENADO (SEM TALISCAS) EM TETO DE AMBIENTES DE ÁREA ENTRE 5M² E 10M², ESPESSURA DE 0,5CM. AF_03/2023","M2",27.99,0]
["Gesso",87415,"APLICAÇÃO MANUAL DE GESSO DESEMPENADO (SEM TALISCAS) EM TETO DE AMBIENTES DE ÁREA ENTRE 5M² E 10M², ESPESSURA DE 1,0CM. AF_03/2023","M2",39.44,0]
["Gesso",87411,"APLICAÇÃO MANUAL DE GESSO DESEMPENADO (SEM TALISCAS) EM TETO DE AMBIENTES DE ÁREA MAIOR QUE 10M², ESPESSURA DE 0,5CM. AF_03/2023","M2",19.03,0]
["Gesso",87414,"APLICAÇÃO MANUAL DE GESSO DESEMPENADO (SEM TALISCAS) EM TETO DE AMBIENTES DE ÁREA MAIOR QUE 10M², ESPESSURA DE 1,0CM. AF_03/2023","M2",30.49,0]
["Gesso",87413,"APLICAÇÃO MANUAL DE GESSO DESEMPENADO (SEM TALISCAS) EM TETO DE AMBIENTES DE ÁREA MENOR QUE 5M², ESPESSURA DE 0,5CM. AF_03/2023","M2",33.130000000000003,0]
["Gesso",87416,"APLICAÇÃO MANUAL DE GESSO DESEMPENADO (SEM TALISCAS) EM TETO DE AMBIENTES DE ÁREA MENOR QUE 5M², ESPESSURA DE 1,0CM. AF_03/2023","M2",44.59,0]
["Gesso",104635,"APLICAÇÃO MANUAL DE GESSO SARRAFEADO (COM TALISCAS) EM PAREDES COM PÉ DIREITO DUPLO, ESPESSURA DE 1,0CM. AF_03/2023","M2",60.28,0]
["Gesso",104636,"APLICAÇÃO MANUAL DE GESSO SARRAFEADO (COM TALISCAS) EM PAREDES COM PÉ DIREITO DUPLO, ESPESSURA DE 1,5CM. AF_03/2023","M2",70.319999999999993,0]
["Gesso",87424,"APLICAÇÃO MANUAL DE GESSO SARRAFEADO (COM TALISCAS) EM PAREDES, ESPESSURA DE 1,0CM. AF_03/2023","M2",43.74,0]
["Gesso",87427,"APLICAÇÃO MANUAL DE GESSO SARRAFEADO (COM TALISCAS) EM PAREDES, ESPESSURA DE 1,5CM. AF_03/2023","M2",51.99,0]
["Graute e Armação",89998,"ARMAÇÃO DE CINTA DE ALVENARIA ESTRUTURAL; DIÂMETRO DE 10,0 MM. AF_09/2021","KG",9.8000000000000007,0]
["Graute e Armação",102920,"ARMAÇÃO DE CINTA DE ALVENARIA ESTRUTURAL; DIÂMETRO DE 12,5 MM. AF_09/2021","KG",7.98,0]
["Graute e Armação",102923,"ARMAÇÃO DE CINTA DE ALVENARIA ESTRUTURAL; DIÂMETRO DE 16,0 MM. AF_09/2021","KG",7.41,0]
["Graute e Armação",90000,"ARMAÇÃO DE VERGA E CONTRAVERGA DE ALVENARIA ESTRUTURAL; DIÂMETRO DE 10,0 MM. AF_09/2021","KG",12.84,0]
["Graute e Armação",103088,"ARMAÇÃO DE VERGA E CONTRAVERGA DE ALVENARIA ESTRUTURAL; DIÂMETRO DE 12,5 MM. AF_09/2021","KG",9.93,0]
["Graute e Armação",102922,"ARMAÇÃO DE VERGA E CONTRAVERGA DE ALVENARIA ESTRUTURAL; DIÂMETRO DE 16,0 MM. AF_09/2021","KG",8.6,0]
["Graute e Armação",89999,"ARMAÇÃO DE VERGA E CONTRAVERGA DE ALVENARIA ESTRUTURAL; DIÂMETRO DE 8,0 MM. AF_09/2021","KG",16.29,0]
["Graute e Armação",89996,"ARMAÇÃO VERTICAL DE ALVENARIA ESTRUTURAL; DIÂMETRO DE 10,0 MM. AF_09/2021","KG",10.38,0]
["Graute e Armação",89997,"ARMAÇÃO VERTICAL DE ALVENARIA ESTRUTURAL; DIÂMETRO DE 12,5 MM. AF_09/2021","KG",8.35,0]
["Graute e Armação",102921,"ARMAÇÃO VERTICAL DE ALVENARIA ESTRUTURAL; DIÂMETRO DE 16,0 MM. AF_09/2021","KG",7.64,0]
["Graute e Armação",90278,"GRAUTE FGK=15 MPA; TRAÇO 1:0,04:2,2:2,5 (EM MASSA SECA DE CIMENTO/CAL/AREIA GROSSA/BRITA 0) - PREPARO MECÂNICO COM BETONEIRA 400 L. AF_09/2021","M3",613.6,0]
["Graute e Armação",90282,"GRAUTE FGK=15 MPA; TRAÇO 1:2,2:2,5:0,3 (EM MASSA SECA DE CIMENTO/ AREIA GROSSA/ BRITA 0/ ADITIVO) - PREPARO MECÂNICO COM BETONEIRA 400 L. AF_09/2021","M3",601.36,0]
["Graute e Armação",90279,"GRAUTE FGK=20 MPA; TRAÇO 1:0,04:1,8:2,1 (EM MASSA SECA DE CIMENTO/ CAL/ AREIA GROSSA/ BRITA 0) - PREPARO MECÂNICO COM BETONEIRA 400 L. AF_09/2021","M3",675.14,0]
["Graute e Armação",90283,"GRAUTE FGK=20 MPA; TRAÇO 1:1,8:2,1:0,4 (EM MASSA SECA DE CIMENTO/ AREIA GROSSA/ BRITA 0/ ADITIVO) - PREPARO MECÂNICO COM BETONEIRA 400 L. AF_09/2021","M3",663.19,0]
["Graute e Armação",90280,"GRAUTE FGK=25 MPA; TRAÇO 1:0,02:1,3:1,6 (EM MASSA SECA DE CIMENTO/ CAL/ AREIA GROSSA/ BRITA 0) - PREPARO MECÂNICO COM BETONEIRA 400 L. AF_09/2021","M3",746.57,0]
["Graute e Armação",90284,"GRAUTE FGK=25 MPA; TRAÇO 1:1,3:1,6:0,4 (EM MASSA SECA DE CIMENTO/ AREIA GROSSA/ BRITA 0/ ADITIVO) - PREPARO MECÂNICO COM BETONEIRA 400 L. AF_09/2021","M3",739.64,0]
["Graute e Armação",90281,"GRAUTE FGK=30 MPA; TRAÇO 1:0,02:0,9:1,2 (EM MASSA SECA DE CIMENTO/ CAL/ AREIA GROSSA/ BRITA 0) - PREPARO MECÂNICO COM BETONEIRA 400 L. AF_09/2021","M3",865.58,0]
["Graute e Armação",90285,"GRAUTE FGK=30 MPA; TRAÇO 1:0,9:1,2:0,6 (EM MASSA SECA DE CIMENTO/ AREIA GROSSA/ BRITA 0/ ADITIVO) - PREPARO MECÂNICO COM BETONEIRA 400 L. AF_09/2021","M3",866.01,0]
["Graute e Armação",89994,"GRAUTEAMENTO DE CINTA INTERMEDIÁRIA OU DE CONTRAVERGA EM ALVENARIA ESTRUTURAL. AF_09/2021","M3",1034.67,0]
["Graute e Armação",89995,"GRAUTEAMENTO DE CINTA SUPERIOR OU DE VERGA EM ALVENARIA ESTRUTURAL. AF_09/2021","M3",1152.54,0]
["Graute e Armação",89993,"GRAUTEAMENTO VERTICAL EM ALVENARIA ESTRUTURAL. AF_09/2021","M3",1193.06,0]
["Guarda-Corpo, Corrimão e Grade para Esquadrias",99860,"CORRIMÃO DUPLO, DIÂMETRO EXTERNO = 1 1/2\", EM ALUMÍNIO. AF_04/2019","M",0]
["Guarda-Corpo, Corrimão e Grade para Esquadrias",99858,"CORRIMÃO DUPLO, DIÂMETRO EXTERNO = 1 1/2\", EM AÇO GALVANIZADO. AF_04/2019","M",0]
["Guarda-Corpo, Corrimão e Grade para Esquadrias",99859,"CORRIMÃO DUPLO, DIÂMETRO EXTERNO = 1 1/2\", EM AÇO INOX. AF_04/2019","M",0]
["Guarda-Corpo, Corrimão e Grade para Esquadrias",99857,"CORRIMÃO SIMPLES, DIÂMETRO EXTERNO = 1 1/2\", EM ALUMÍNIO. AF_04/2019_PS","M",99.39,0.20799999999999999]
["Guarda-Corpo, Corrimão e Grade para Esquadrias",99855,"CORRIMÃO SIMPLES, DIÂMETRO EXTERNO = 1 1/2\", EM AÇO GALVANIZADO. AF_04/2019_PS","M",113.3,0.46760000000000002]
["Guarda-Corpo, Corrimão e Grade para Esquadrias",99856,"CORRIMÃO SIMPLES, DIÂMETRO EXTERNO = 1 1/2\", EM AÇO INOX. AF_04/2019","M",0]
["Guarda-Corpo, Corrimão e Grade para Esquadrias",99862,"GRADIL EM ALUMÍNIO FIXADO EM VÃOS DE JANELAS, FORMADO POR TUBOS DE 3/4\". AF_04/2019","M2",634.04,0.29370000000000002]
["Guarda-Corpo, Corrimão e Grade para Esquadrias",99861,"GRADIL EM FERRO FIXADO EM VÃOS DE JANELAS, FORMADO POR BARRAS CHATAS DE 25X4,8 MM. AF_04/2019","M2",638.23,9.4799999999999995E-2]
["Guarda-Corpo, Corrimão e Grade para Esquadrias",99839,"GUARDA-CORPO DE AÇO GALVANIZADO DE 1,10M DE ALTURA, MONTANTES TUBULARES DE 1.1/2 ESPAÇADOS DE 1,20M, TRAVESSA SUPERIOR DE 2, GRADIL FORMADO POR BARRAS CHATAS EM FERRO DE 32X4,8MM, FIXADO COM CHUMBADOR MECÂNICO. AF_04/2019_PS","M",505.32,0.25829999999999997]
["Guarda-Corpo, Corrimão e Grade para Esquadrias",99849,"GUARDA-CORPO DE AÇO GALVANIZADO DE 1,10M DE ALTURA,DUPLO CORRIMÃO, MONTANTES TUBULARES DE 1.1/2\" ESPAÇADOS 1,20M, TRAVESSA SUPERIOR DE 2\", GRADIL DE BARRAS CHATAS DE 32X4,8MM, FIXADO COM CHUMBADOR MECÂNICO. AF_04/2019","M",0]
["Guarda-Corpo, Corrimão e Grade para Esquadrias",99853,"GUARDA-CORPO DE AÇO GALVANIZADO DE 1,10M, DUPLO CORRIMÃO, MONTANTES TUBULARES DE 1.1/2\" ESPAÇADOS DE 1,20M, TRAVESSA SUPERIOR DE 2\", GRADIL DE BARRAS CHATAS DE 32X4,8MM, FIXADO COM ADESIVO ESTRUTURAL EPOXI. AF_04/2019","M",0]
["Guarda-Corpo, Corrimão e Grade para Esquadrias",99847,"GUARDA-CORPO DE AÇO GALVANIZADO DE 1,10M, DUPLO CORRIMÃO, MONTANTES TUBULARES DE 1.1/4\" ESPAÇADOS 1,20M, TRAVESSA SUPERIOR DE 1.1/2\", GRADIL DE TUBOS HORIZONTAIS DE 1\" E VERTICAIS DE 3/4\", FIXADO COM CHUMBADOR MECÂNICO. AF_04/2019","M",0]
["Guarda-Corpo, Corrimão e Grade para Esquadrias",99851,"GUARDA-CORPO DE AÇO GALVANIZADO DE 1,10M, DUPLO CORRIMÃO, MONTANTES TUBULARES DE 1.1/4\" ESPAÇADOS DE 1,20M, TRAVESSA SUPERIOR DE 1.1/2\", GRADIL EM TUBOS HORIZONTAIS DE 1\" E VERTICAIS DE 3/4\", FIXADO COM ADESIVO ESTRUTURAL EPOXI. AF_04/2019","M",0]
["Guarda-Corpo, Corrimão e Grade para Esquadrias",99850,"GUARDA-CORPO DE AÇO GALVANIZADO DE 1,10M, DUPLO CORRIMÃO, MONTANTES TUBULARES DE 100X50MM ESPAÇADOS 1,20M, TRAVESSA SUPERIOR DE 3\", GRADIL EM CANTONEIRA 51X51X4,8 MM E BARRAS CHATAS NA VERTICAL DE 32X4,8 MM, FIXADO COM CHUMBADOR MECÂNICO. AF_04/2019","M",0]
["Guarda-Corpo, Corrimão e Grade para Esquadrias",99854,"GUARDA-CORPO DE AÇO GALVANIZADO DE 1,10M, DUPLO CORRIMÃO, MONTANTES TUBULARES DE 100X50MM ESPAÇADOS DE 1,20M, TRAVESSA SUPERIOR DE 3?, GRADIL EM CANTONEIRA 51X51X4,8 MM E BARRAS CHATAS NA VERTICAL DE 32X4,8 MM, FIXADO COM ADESIVO EPOXI. AF_04/2019","M",0]
["Guarda-Corpo, Corrimão e Grade para Esquadrias",99848,"GUARDA-CORPO DE AÇO GALVANIZADO DE 1,10M, DUPLO CORRIMÃO, MONTANTES TUBULARES DE 30X30 MM ESPAÇADOS DE 1,20M, TRAVESSA SUPERIOR DE 1.1/2\", GRADIL DE TUBOS HORIZONTAIS DE 25X25MM E VERTICAIS DE 20X20MM, FIXADO COM CHUMBADOR MECÂNICO. AF_04/2019","M",0]
["Guarda-Corpo, Corrimão e Grade para Esquadrias",99852,"GUARDA-CORPO DE AÇO GALVANIZADO DE 1,10M, DUPLO CORRIMÃO, MONTANTES TUBULARES DE 30X30 MM ESPAÇADOS DE 1,20M, TRAVESSA SUPERIOR DE 1.1/2\", GRADIL EM TUBOS HORIZONTAIS DE 25X25MM E VERTICAIS DE 20X20MM, FIXADO COM ADESIVO ESTRUTURAL EPOXI. AF_04/2019","M",0]
["Guarda-Corpo, Corrimão e Grade para Esquadrias",99844,"GUARDA-CORPO DE AÇO GALVANIZADO DE 1,10M, MONTANTES TUBULARES DE 1.1/2\" ESPAÇADOS 1,20M, TRAVESSA SUPERIOR DE 2\", GRADIL FORMADO POR BARRAS CHATAS DE 32X4,8MM, FIXADO COM ADESIVO ESTRUTURAL EPOXI. AF_04/2019","M",0]
["Guarda-Corpo, Corrimão e Grade para Esquadrias",99842,"GUARDA-CORPO DE AÇO GALVANIZADO DE 1,10M, MONTANTES TUBULARES DE 1.1/4\" ESPAÇADOS 1,20M, TRAVESSA SUPERIOR DE 1.1/2\", GRADIL FORMADO POR TUBOS HORIZONTAIS DE 1\" E VERTICAIS DE 3/4\", FIXADO COM ADESIVO ESTRUTURAL EPOXI. AF_04/2019","M",0]
["Guarda-Corpo, Corrimão e Grade para Esquadrias",99837,"GUARDA-CORPO DE AÇO GALVANIZADO DE 1,10M, MONTANTES TUBULARES DE 1.1/4\" ESPAÇADOS DE 1,20M, TRAVESSA SUPERIOR DE 1.1/2\", GRADIL FORMADO POR TUBOS HORIZONTAIS DE 1\" E VERTICAIS DE 3/4\", FIXADO COM CHUMBADOR MECÂNICO. AF_04/2019_PS","M",601.70000000000005,0.53959999999999997]
["Guarda-Corpo, Corrimão e Grade para Esquadrias",99840,"GUARDA-CORPO DE AÇO GALVANIZADO DE 1,10M, MONTANTES TUBULARES DE 100X50MM ESPAÇADOS 1,20M, TRAVESSA SUPERIOR DE 3\", GRADIL COM CANTONEIRA 51X51X4,8 MM E BARRAS CHATAS NA VERTICAL DE 32X4,8 MM, FIXADO COM CHUMBADOR MECÂNICO. AF_04/2019","M",0]
["Guarda-Corpo, Corrimão e Grade para Esquadrias",99845,"GUARDA-CORPO DE AÇO GALVANIZADO DE 1,10M, MONTANTES TUBULARES DE 100X50MM ESPAÇADOS DE 1,20M, TRAVESSA SUPERIOR DE 3\", GRADIL EM CANTONEIRA 51X51X4,8 MM E BARRAS CHATAS NA VERTICAL DE 32X4,8 MM, FIXADO COM ADESIVO ESTRUTURAL EPOXI. AF_04/2019","M",0]
["Guarda-Corpo, Corrimão e Grade para Esquadrias",99843,"GUARDA-CORPO DE AÇO GALVANIZADO DE 1,10M, MONTANTES TUBULARES DE 30X30 MM ESPAÇADOS 1,20M, TRAVESSA SUPERIOR DE 1.1/2\", GRADIL DE TUBOS HORIZONTAIS DE 25X25MM E VERTICAIS DE 20X20MM, FIXADO COM ADESIVO ESTRUTURAL EPOXI. AF_04/2019","M",0]
["Guarda-Corpo, Corrimão e Grade para Esquadrias",99838,"GUARDA-CORPO DE AÇO GALVANIZADO DE 1,10M, MONTANTES TUBULARES DE 30X30 MM ESPAÇADOS 1,20M, TRAVESSA SUPERIOR DE 1.1/2\", GRADIL FORMADO POR TUBOS HORIZONTAIS DE 25X25MM E VERTICAIS DE 20X20MM, FIXADO COM CHUMBADOR MECÂNICO. AF_04/2019","M",0]
["Guarda-Corpo, Corrimão e Grade para Esquadrias",99846,"GUARDA-CORPO PANORÂMICO COM PERFIS DE ALUMÍNIO E VIDRO LAMINADO 8 MM, FIXADO COM ADESIVO ESTRUTURAL EPOXI. AF_04/2019","M",0]
["Guarda-Corpo, Corrimão e Grade para Esquadrias",99841,"GUARDA-CORPO PANORÂMICO COM PERFIS DE ALUMÍNIO E VIDRO LAMINADO 8 MM, FIXADO COM CHUMBADOR MECÂNICO. AF_04/2019_PS","M",1167.6099999999999,0.18079999999999999]
["Guias e sarjetas",94276,"ASSENTAMENTO DE GUIA (MEIO-FIO) EM TRECHO CURVO, CONFECCIONADA EM CONCRETO PRÉ-FABRICADO, DIMENSÕES 100X15X13X20 CM (COMPRIMENTO X BASE INFERIOR X BASE SUPERIOR X ALTURA). AF_01/2024","M",52.46,0]
["Guias e sarjetas",94274,"ASSENTAMENTO DE GUIA (MEIO-FIO) EM TRECHO CURVO, CONFECCIONADA EM CONCRETO PRÉ-FABRICADO, DIMENSÕES 100X15X13X30 CM (COMPRIMENTO X BASE INFERIOR X BASE SUPERIOR X ALTURA). AF_01/2024","M",57.46,0]
["Guias e sarjetas",94280,"ASSENTAMENTO DE GUIA (MEIO-FIO) EM TRECHO CURVO, CONFECCIONADA EM CONCRETO PRÉ-FABRICADO, DIMENSÕES 39X6,5X6,5X19 CM (COMPRIMENTO X BASE INFERIOR X BASE SUPERIOR X ALTURA), PARA DELIMITAÇÃO DE JARDINS, PRAÇAS OU PASSEIOS. AF_01/2024","M",55.7,0]
["Guias e sarjetas",94278,"ASSENTAMENTO DE GUIA (MEIO-FIO) EM TRECHO CURVO, CONFECCIONADA EM CONCRETO PRÉ-FABRICADO, DIMENSÕES 80X08X08X25 CM (COMPRIMENTO X BASE INFERIOR X BASE SUPERIOR X ALTURA). AF_01/2024","M",46.53,0]
["Guias e sarjetas",94275,"ASSENTAMENTO DE GUIA (MEIO-FIO) EM TRECHO RETO, CONFECCIONADA EM CONCRETO PRÉ-FABRICADO, DIMENSÕES 100X15X13X20 CM (COMPRIMENTO X BASE INFERIOR X BASE SUPERIOR X ALTURA). AF_01/2024","M",49.42,0]
["Guias e sarjetas",94273,"ASSENTAMENTO DE GUIA (MEIO-FIO) EM TRECHO RETO, CONFECCIONADA EM CONCRETO PRÉ-FABRICADO, DIMENSÕES 100X15X13X30 CM (COMPRIMENTO X BASE INFERIOR X BASE SUPERIOR X ALTURA). AF_01/2024","M",54.43,0]
["Guias e sarjetas",94279,"ASSENTAMENTO DE GUIA (MEIO-FIO) EM TRECHO RETO, CONFECCIONADA EM CONCRETO PRÉ-FABRICADO, DIMENSÕES 39X6,5X6,5X19 CM (COMPRIMENTO X BASE INFERIOR X BASE SUPERIOR X ALTURA), PARA DELIMITAÇÃO DE JARDINS, PRAÇAS OU PASSEIOS. AF_01/2024","M",52.67,0]
["Guias e sarjetas",94277,"ASSENTAMENTO DE GUIA (MEIO-FIO) EM TRECHO RETO, CONFECCIONADA EM CONCRETO PRÉ-FABRICADO, DIMENSÕES 80X08X08X25 CM (COMPRIMENTO X BASE INFERIOR X BASE SUPERIOR X ALTURA). AF_01/2024","M",43.5,0]
["Guias e sarjetas",104930,"ASSENTAMENTO DE GUIA (MEIO-FIO), TIPO PAVER (FINCADINHA) EM TRECHO RETO, EM CONCRETO PRÉ-FABRICADO, DIMENSÕES 45X08X608X19 CM (COMPRIMENTO X BASE INFERIOR X BASE SUPERIOR X ALTURA), PARA DELIMITAÇÃO DE JARDINS, PRAÇAS OU PASSEIOS. AF_01/2024","M",0]
["Guias e sarjetas",104931,"ASSENTAMENTO DE GUIA (MEIO-FIO), TIPO PAVER, FINCADINHA, EM TRECHO CURVO, EM CONCRETO PRÉ-FABRICADO, DIMENSÕES 45X08X08X19 CM (COMPRIMENTO X BASE INFERIOR X BASE SUPERIOR X ALTURA), PARA DELIMITAÇÃO DE JARDINS, PRAÇAS OU PASSEIOS. AF_01/2024","M",0]
["Guias e sarjetas",94294,"EXECUÇÃO DE ESCORAS DE CONCRETO PARA CONTENÇÃO DE GUIAS PRÉ-FABRICADAS. AF_01/2024","M",9.5299999999999994,0]
["Guias e sarjetas",94288,"EXECUÇÃO DE SARJETA DE CONCRETO USINADO, MOLDADA IN LOCO EM TRECHO CURVO, 30 CM BASE X 10 CM ALTURA. AF_01/2024","M",45.6,0]
["Guias e sarjetas",94282,"EXECUÇÃO DE SARJETA DE CONCRETO USINADO, MOLDADA IN LOCO EM TRECHO CURVO, 30 CM BASE X 15 CM ALTURA. AF_01/2024","M",59.16,0]
["Guias e sarjetas",94290,"EXECUÇÃO DE SARJETA DE CONCRETO USINADO, MOLDADA IN LOCO EM TRECHO CURVO, 45 CM BASE X 10 CM ALTURA. AF_01/2024","M",57.63,0]
["Guias e sarjetas",94284,"EXECUÇÃO DE SARJETA DE CONCRETO USINADO, MOLDADA IN LOCO EM TRECHO CURVO, 45 CM BASE X 15 CM ALTURA. AF_01/2024","M",77.95,0]
["Guias e sarjetas",94292,"EXECUÇÃO DE SARJETA DE CONCRETO USINADO, MOLDADA IN LOCO EM TRECHO CURVO, 60 CM BASE X 10 CM ALTURA. AF_01/2024","M",70.2,0]
["Guias e sarjetas",94286,"EXECUÇÃO DE SARJETA DE CONCRETO USINADO, MOLDADA IN LOCO EM TRECHO CURVO, 60 CM BASE X 15 CM ALTURA. AF_01/2024","M",99.2,0]
["Guias e sarjetas",94287,"EXECUÇÃO DE SARJETA DE CONCRETO USINADO, MOLDADA IN LOCO EM TRECHO RETO, 30 CM BASE X 10 CM ALTURA. AF_01/2024","M",38.47,0]
["Guias e sarjetas",94281,"EXECUÇÃO DE SARJETA DE CONCRETO USINADO, MOLDADA IN LOCO EM TRECHO RETO, 30 CM BASE X 15 CM ALTURA. AF_01/2024","M",51.14,0]
["Guias e sarjetas",94289,"EXECUÇÃO DE SARJETA DE CONCRETO USINADO, MOLDADA IN LOCO EM TRECHO RETO, 45 CM BASE X 10 CM ALTURA. AF_01/2024","M",50.5,0]
["Guias e sarjetas",94283,"EXECUÇÃO DE SARJETA DE CONCRETO USINADO, MOLDADA IN LOCO EM TRECHO RETO, 45 CM BASE X 15 CM ALTURA. AF_01/2024","M",69.92,0]
["Guias e sarjetas",94291,"EXECUÇÃO DE SARJETA DE CONCRETO USINADO, MOLDADA IN LOCO EM TRECHO RETO, 60 CM BASE X 10 CM ALTURA. AF_01/2024","M",63.07,0]
["Guias e sarjetas",94285,"EXECUÇÃO DE SARJETA DE CONCRETO USINADO, MOLDADA IN LOCO EM TRECHO RETO, 60 CM BASE X 15 CM ALTURA. AF_01/2024","M",91.16,0]
["Guias e sarjetas",94293,"EXECUÇÃO DE SARJETÃO DE CONCRETO USINADO, MOLDADA IN LOCO EM TRECHO RETO, 100 CM BASE X 20 CM ALTURA. AF_01/2024","M",204.52,0]
["Guias e sarjetas",94264,"GUIA (MEIO-FIO) CONCRETO, MOLDADA IN LOCO EM TRECHO CURVO COM EXTRUSORA, 13 CM BASE X 22 CM ALTURA. AF_01/2024","M",44.16,1.83E-2]
["Guias e sarjetas",94266,"GUIA (MEIO-FIO) CONCRETO, MOLDADA IN LOCO EM TRECHO CURVO COM EXTRUSORA, 15 CM BASE X 30 CM ALTURA. AF_01/2024","M",59.52,1.55E-2]
["Guias e sarjetas",94263,"GUIA (MEIO-FIO) CONCRETO, MOLDADA IN LOCO EM TRECHO RETO COM EXTRUSORA, 13 CM BASE X 22 CM ALTURA. AF_01/2024","M",39.200000000000003,1.3299999999999999E-2]
["Guias e sarjetas",94265,"GUIA (MEIO-FIO) CONCRETO, MOLDADA IN LOCO EM TRECHO RETO COM EXTRUSORA, 15 CM BASE X 30 CM ALTURA. AF_01/2024","M",53.84,1.11E-2]
["Guias e sarjetas",94268,"GUIA (MEIO-FIO) E SARJETA CONJUGADOS DE CONCRETO, MOLDADA IN LOCO EM TRECHO CURVO COM EXTRUSORA, 45 CM BASE (15 CM BASE DA GUIA + 30 CM BASE DA SARJETA) X 22 CM ALTURA. AF_01/2024","M",71.53,1.43E-2]
["Guias e sarjetas",94270,"GUIA (MEIO-FIO) E SARJETA CONJUGADOS DE CONCRETO, MOLDADA IN LOCO EM TRECHO CURVO COM EXTRUSORA, 60 CM BASE (15 CM BASE DA GUIA + 45 CM BASE DA SARJETA) X 26 CM ALTURA. AF_01/2024","M",102.86,1.38E-2]
["Guias e sarjetas",94272,"GUIA (MEIO-FIO) E SARJETA CONJUGADOS DE CONCRETO, MOLDADA IN LOCO EM TRECHO CURVO COM EXTRUSORA, 65 CM BASE (15 CM BASE DA GUIA + 50 CM BASE DA SARJETA) X 26 CM ALTURA. AF_01/2024","M",126.53,1.4999999999999999E-2]
["Guias e sarjetas",94267,"GUIA (MEIO-FIO) E SARJETA CONJUGADOS DE CONCRETO, MOLDADA IN LOCO EM TRECHO RETO COM EXTRUSORA, 45 CM BASE (15 CM BASE DA GUIA + 30 CM BASE DA SARJETA) X 22 CM ALTURA. AF_01/2024","M",65.28,1.03E-2]
["Guias e sarjetas",94269,"GUIA (MEIO-FIO) E SARJETA CONJUGADOS DE CONCRETO, MOLDADA IN LOCO EM TRECHO RETO COM EXTRUSORA, 60 CM BASE (15 CM BASE DA GUIA + 45 CM BASE DA SARJETA) X 26 CM ALTURA. AF_01/2024","M",94.17,9.9000000000000008E-3]
["Guias e sarjetas",94271,"GUIA (MEIO-FIO) E SARJETA CONJUGADOS DE CONCRETO, MOLDADA IN LOCO EM TRECHO RETO COM EXTRUSORA, 65 CM BASE (15 CM BASE DA GUIA + 50 CM BASE DA SARJETA) X 26 CM ALTURA. AF_01/2024","M",114.91,1.09E-2]
["Iluminação Predial e Monitoramento",105555,"BLOCO AUTÔNOMO DE ILUMINAÇÃO DE EMERGÊNCIA COM DOIS REFLETORES - FORNECIMENTO E INSTALAÇÃO. AF_09/2024","UN",0]
["Iluminação Predial e Monitoramento",97603,"CÂMERA DE MONITORAMENTO COM ATÉ 25 METROS DE ALCANCE TIPO BULLET - FORNECIMENTO E INSTALAÇÃO. AF_09/2024","UN",0]
["Iluminação Predial e Monitoramento",97602,"CÂMERA DE MONITORAMENTO COM ATÉ 25 METROS DE ALCANCE TIPO DOME - FORNECIMENTO E INSTALAÇÃO. AF_09/2024","UN",0]
["Iluminação Predial e Monitoramento",97604,"CÂMERA DE MONITORAMENTO COM MAIS DE 25 METROS DE ALCANCE TIPO BULLET - FORNECIMENTO E INSTALAÇÃO. AF_09/2024","UN",0]
["Iluminação Predial e Monitoramento",105553,"CÂMERA IP BULLET - FORNECIMENTO E INSTALAÇÃO. AF_09/2024","UN",0]
["Iluminação Predial e Monitoramento",105552,"CÂMERA IP DOME RESOLUCAO 1MP - FORNECIMENTO E INSTALAÇÃO. AF_09/2024","UN",0]
["Iluminação Predial e Monitoramento",105550,"CÂMERA IP SPEED DOME - FORNECIMENTO E INSTALAÇÃO. AF_09/2024","UN",0]
["Iluminação Predial e Monitoramento",105551,"CÂMERA IP WIFI - FORNECIMENTO E INSTALAÇÃO. AF_09/2024","UN",0]
["Iluminação Predial e Monitoramento",105549,"DRIVER SLIM PARA FITA LED - FORNECIMENTO E INSTALAÇÃO. AF_09/2024","UN",0]
["Iluminação Predial e Monitoramento",105547,"FITA LED - FORNECIMENTO E INSTALAÇÃO. AF_09/2024","M",0]
["Iluminação Predial e Monitoramento",97605,"LUMINÁRIA ARANDELA TIPO MEIA LUA, DE SOBREPOR, COM 1 LÂMPADA LED DE 6 W, SEM REATOR - FORNECIMENTO E INSTALAÇÃO. AF_09/2024","UN",83.99,0.77710000000000001]
["Iluminação Predial e Monitoramento",97607,"LUMINÁRIA ARANDELA TIPO TARTARUGA, DE SOBREPOR, COM 1 LÂMPADA LED DE 6 W, SEM REATOR - FORNECIMENTO E INSTALAÇÃO. AF_09/2024","UN",106.89,0.75580000000000003]
["Iluminação Predial e Monitoramento",97599,"LUMINÁRIA DE EMERGÊNCIA, COM 30 LÂMPADAS LED DE 2 W, SEM REATOR - FORNECIMENTO E INSTALAÇÃO. AF_09/2024","UN",18.54,0]
["Iluminação Predial e Monitoramento",105542,"LUMINÁRIA LED DE EMBUTIR - QUADRADA 60X60CM, INCLUSO DRIVER - FORNECIMENTO E INSTALAÇÃO. AF_09/2024","UN",0]
["Iluminação Predial e Monitoramento",105543,"LUMINÁRIA LED DE SOBREPOR - QUADRADA *60X60*CM, INCLUSO DRIVER - FORNECIMENTO E INSTALAÇÃO. AF_09/2024","UN",0]
["Iluminação Predial e Monitoramento",105544,"LUMINÁRIA LED DE SOBREPOR HERMÉTICA - *60X15CM*, INCLUSO DRIVER - FORNECIMENTO E INSTALAÇÃO. AF_09/2024","UN",0]
["Iluminação Predial e Monitoramento",100913,"LUMINÁRIA TIPO CALHA, DE EMBUTIR, COM 1 LÂMPADA TUBULAR LED DE 18 W, SEM REATOR - FORNECIMENTO E INSTALAÇÃO. AF_09/2024","UN",0]
["Iluminação Predial e Monitoramento",100916,"LUMINÁRIA TIPO CALHA, DE EMBUTIR, COM 2 LÂMPADAS TUBULARES LED DE 18 W, SEM REATOR - FORNECIMENTO E INSTALAÇÃO. AF_09/2024","UN",0]
["Iluminação Predial e Monitoramento",100918,"LUMINÁRIA TIPO CALHA, DE EMBUTIR, COM 2 LÂMPADAS TUBULARES LED DE 9 W, SEM REATOR - FORNECIMENTO E INSTALAÇÃO. AF_09/2024","UN",0]
["Iluminação Predial e Monitoramento",100914,"LUMINÁRIA TIPO CALHA, DE EMBUTIR, PARA 1 LÂMPADA TUBULAR LED DE 36 W, SEM LÂMPADA E SEM REATOR - FORNECIMENTO E INSTALAÇÃO. AF_09/2024","UN",0]
["Iluminação Predial e Monitoramento",100917,"LUMINÁRIA TIPO CALHA, DE EMBUTIR, PARA 2 LÂMPADAS TUBULARES LED DE 36 W, SEM LÂMPADA E SEM REATOR - FORNECIMENTO E INSTALAÇÃO. AF_09/2024","UN",0]
["Iluminação Predial e Monitoramento",100907,"LUMINÁRIA TIPO CALHA, DE SOBREPOR, COM 1 LÂMPADA TUBULAR LED DE 18 W, SEM REATOR - FORNECIMENTO E INSTALAÇÃO. AF_09/2024","UN",0]
["Iluminação Predial e Monitoramento",102467,"LUMINÁRIA TIPO CALHA, DE SOBREPOR, COM 1 LÂMPADA TUBULAR LED DE 9 W SEM REATOR - FORNECIMENTO E INSTALAÇÃO. AF_09/2024","UN",0]
["Iluminação Predial e Monitoramento",100910,"LUMINÁRIA TIPO CALHA, DE SOBREPOR, COM 2 LÂMPADAS TUBULARES LED DE 18 W, SEM REATOR - FORNECIMENTO E INSTALAÇÃO. AF_09/2024","UN",0]
["Iluminação Predial e Monitoramento",105541,"LUMINÁRIA TIPO CALHA, DE SOBREPOR, COM 2 LÂMPADAS TUBULARES LED DE 9 W SEM REATOR - FORNECIMENTO E INSTALAÇÃO. AF_09/2024","UN",0]
["Iluminação Predial e Monitoramento",100908,"LUMINÁRIA TIPO CALHA, DE SOBREPOR, PARA 1 LÂMPADA TUBULAR LED DE 36 W, SEM LÂMPADA E SEM REATOR - FORNECIMENTO E INSTALAÇÃO. AF_09/2024","UN",0]
["Iluminação Predial e Monitoramento",100911,"LUMINÁRIA TIPO CALHA, DE SOBREPOR, PARA 2 LÂMPADAS TUBULARES LED DE 36 W, SEM LÂMPADA E SEM REATOR - FORNECIMENTO E INSTALAÇÃO. AF_09/2024","UN",0]
["Iluminação Predial e Monitoramento",103782,"LUMINÁRIA TIPO PLAFON CIRCULAR, DE SOBREPOR, COM LED DE 12/13 W - FORNECIMENTO E INSTALAÇÃO. AF_09/2024","UN",29.25,0]
["Iluminação Predial e Monitoramento",103786,"LUMINÁRIA TIPO PLAFON QUADRADA, DE EMBUTIR, COM LED DE 12 W - FORNECIMENTO E INSTALAÇÃO. AF_09/2024","UN",0]
["Iluminação Predial e Monitoramento",103787,"LUMINÁRIA TIPO PLAFON QUADRADA, DE EMBUTIR, COM LED DE 18 W - FORNECIMENTO E INSTALAÇÃO. AF_09/2024","UN",0]
["Iluminação Predial e Monitoramento",103788,"LUMINÁRIA TIPO PLAFON QUADRADA, DE EMBUTIR, COM LED DE 24 W - FORNECIMENTO E INSTALAÇÃO. AF_09/2024","UN",0]
["Iluminação Predial e Monitoramento",103783,"LUMINÁRIA TIPO PLAFON QUADRADA, DE SOBREPOR, COM LED DE 12 W - FORNECIMENTO E INSTALAÇÃO. AF_09/2024","UN",0]
["Iluminação Predial e Monitoramento",103784,"LUMINÁRIA TIPO PLAFON QUADRADA, DE SOBREPOR, COM LED DE 18 W - FORNECIMENTO E INSTALAÇÃO. AF_09/2024","UN",0]
["Iluminação Predial e Monitoramento",103785,"LUMINÁRIA TIPO PLAFON QUADRADA, DE SOBREPOR, COM LED DE 24 W - FORNECIMENTO E INSTALAÇÃO. AF_09/2024","UN",0]
["Iluminação Predial e Monitoramento",105546,"LUMINÁRIA TIPO SPOT, DE EMBUTIR, COM 1 LÂMPADA LED PAR20 - FORNECIMENTO E INSTALAÇÃO. AF_09/2024","UN",0]
["Iluminação Predial e Monitoramento",105545,"LUMINÁRIA TIPO SPOT, DE SOBREPOR, COM 1 LÂMPADA LED PAR20 - FORNECIMENTO E INSTALAÇÃO. AF_09/2024","UN",0]
["Iluminação Predial e Monitoramento",97610,"LÂMPADA COMPACTA DE LED 10 W, BASE E27 - FORNECIMENTO E INSTALAÇÃO. AF_09/2024","UN",13.2,0]
["Iluminação Predial e Monitoramento",97609,"LÂMPADA COMPACTA DE LED 6 W, BASE E27 - FORNECIMENTO E INSTALAÇÃO. AF_09/2024","UN",12.58,0]
["Iluminação Predial e Monitoramento",105554,"LÂMPADA TUBULAR LED 9/10W SEM SOQUETE - FORNECIMENTO E INSTALAÇÃO. AF_09/2024","UN",15.41,0]
["Iluminação Predial e Monitoramento",100903,"LÂMPADA TUBULAR LED DE 18/20 W, COM SOQUETE, BASE G13 - FORNECIMENTO E INSTALAÇÃO. AF_09/2024_PS","UN",28.87,0]
["Iluminação Predial e Monitoramento",100902,"LÂMPADA TUBULAR LED DE 9/10 W, COM SOQUETE, BASE G13 - FORNECIMENTO E INSTALAÇÃO. AF_09/2024_PS","UN",26.14,0]
["Iluminação Predial e Monitoramento",105548,"PERFIL COM FITA LED - FORNECIMENTO E INSTALAÇÃO. AF_09/2024","M",0]
["Iluminação Predial e Monitoramento",97595,"SENSOR DE PRESENÇA COM FOTOCÉLULA, FIXAÇÃO EM PAREDE - FORNECIMENTO E INSTALAÇÃO. AF_09/2024","UN",102.32,0.76549999999999996]
["Iluminação Predial e Monitoramento",97597,"SENSOR DE PRESENÇA COM FOTOCÉLULA, FIXAÇÃO EM TETO - FORNECIMENTO E INSTALAÇÃO. AF_09/2024","UN",72.13,0.75590000000000002]
["Iluminação Predial e Monitoramento",97596,"SENSOR DE PRESENÇA SEM FOTOCÉLULA, FIXAÇÃO EM PAREDE - FORNECIMENTO E INSTALAÇÃO. AF_09/2024","UN",72.430000000000007,0.66879999999999995]
["Iluminação Predial e Monitoramento",97598,"SENSOR DE PRESENÇA SEM FOTOCÉLULA, FIXAÇÃO EM TETO - FORNECIMENTO E INSTALAÇÃO. AF_09/2024","UN",68.31,0.74219999999999997]
["Impermeabilização, Proteção Mecânica e Tratamento de Junta",98549,"IMPERMEABILIZAÇÃO COM MANTA ASFÁLTICA COLADA COM ASFALTO DERRETIDO, DUAS CAMADAS, E = 3MM E E=4MM. AF_09/2023","M2",0]
["Impermeabilização, Proteção Mecânica e Tratamento de Junta",98562,"IMPERMEABILIZAÇÃO DE SUPERFÍCIE COM ARGAMASSA DE CIMENTO E AREIA, COM ADITIVO IMPERMEABILIZANTE, E = 1,5CM. AF_09/2023","M2",55.55,0]
["Impermeabilização, Proteção Mecânica e Tratamento de Junta",98555,"IMPERMEABILIZAÇÃO DE SUPERFÍCIE COM ARGAMASSA POLIMÉRICA / MEMBRANA ACRÍLICA, 3 DEMÃOS. AF_09/2023","M2",35.68,0]
["Impermeabilização, Proteção Mecânica e Tratamento de Junta",98556,"IMPERMEABILIZAÇÃO DE SUPERFÍCIE COM ARGAMASSA POLIMÉRICA / MEMBRANA ACRÍLICA, 4 DEMÃOS, REFORÇADA COM VÉU DE POLIÉSTER (MAV). AF_09/2023","M2",64.05,0.15570000000000001]
["Impermeabilização, Proteção Mecânica e Tratamento de Junta",98557,"IMPERMEABILIZAÇÃO DE SUPERFÍCIE COM EMULSÃO ASFÁLTICA, 2 DEMÃOS. AF_09/2023","M2",45.69,0]
["Impermeabilização, Proteção Mecânica e Tratamento de Junta",98548,"IMPERMEABILIZAÇÃO DE SUPERFÍCIE COM MANTA ASFÁLTICA COLADA COM ASFALTO DERRETIDO, UMA CAMADA, E=4MM. AF_09/2023","M2",0]
["Impermeabilização, Proteção Mecânica e Tratamento de Junta",98547,"IMPERMEABILIZAÇÃO DE SUPERFÍCIE COM MANTA ASFÁLTICA, DUAS CAMADAS, INCLUSIVE APLICAÇÃO DE PRIMER ASFÁLTICO, E=3MM E E=4MM. AF_09/2023","M2",210.55,0.72650000000000003]
["Impermeabilização, Proteção Mecânica e Tratamento de Junta",98546,"IMPERMEABILIZAÇÃO DE SUPERFÍCIE COM MANTA ASFÁLTICA, UMA CAMADA, INCLUSIVE APLICAÇÃO DE PRIMER ASFÁLTICO, E=4MM. AF_09/2023","M2",124.73,0.71499999999999997]
["Impermeabilização, Proteção Mecânica e Tratamento de Junta",98552,"IMPERMEABILIZAÇÃO DE SUPERFÍCIE COM MEMBRANA A BASE DE POLIURÉIA, 2 DEMÃOS. AF_09/2023","M2",0]
["Impermeabilização, Proteção Mecânica e Tratamento de Junta",98553,"IMPERMEABILIZAÇÃO DE SUPERFÍCIE COM MEMBRANA À BASE DE POLIURETANO, 2 DEMÃOS. AF_09/2023","M2",196.38,0]
["Impermeabilização, Proteção Mecânica e Tratamento de Junta",98554,"IMPERMEABILIZAÇÃO DE SUPERFÍCIE COM MEMBRANA À BASE DE RESINA ACRÍLICA, 3 DEMÃOS. AF_09/2023","M2",54.88,0]
["Impermeabilização, Proteção Mecânica e Tratamento de Junta",98565,"PROTEÇÃO MECÂNICA DE SUPERFICIE HORIZONTAL COM ARGAMASSA DE CIMENTO E AREIA, TRAÇO 1:3, E=3CM. AF_09/2023","M2",61.18,3.6900000000000002E-2]
["Impermeabilização, Proteção Mecânica e Tratamento de Junta",98567,"PROTEÇÃO MECÂNICA DE SUPERFICIE HORIZONTAL COM ARGAMASSA DE CIMENTO E AREIA, TRAÇO 1:3, E=4CM. AF_09/2023","M2",78.42,2.8799999999999999E-2]
["Impermeabilização, Proteção Mecânica e Tratamento de Junta",98569,"PROTEÇÃO MECÂNICA DE SUPERFICIE HORIZONTAL COM ARGAMASSA DE CIMENTO E AREIA, TRAÇO 1:3, E=5CM. AF_09/2023","M2",96.67,2.3400000000000001E-2]
["Impermeabilização, Proteção Mecânica e Tratamento de Junta",98571,"PROTEÇÃO MECÂNICA DE SUPERFICIE HORIZONTAL COM CONCRETO 15 MPA, E=4CM. AF_09/2023","M2",50.52,4.4699999999999997E-2]
["Impermeabilização, Proteção Mecânica e Tratamento de Junta",98572,"PROTEÇÃO MECÂNICA DE SUPERFICIE HORIZONTAL COM CONCRETO 15 MPA, E=5CM. AF_09/2023","M2",62.01,3.6400000000000002E-2]
["Impermeabilização, Proteção Mecânica e Tratamento de Junta",98563,"PROTEÇÃO MECÂNICA DE SUPERFÍCIE HORIZONTAL COM ARGAMASSA DE CIMENTO E AREIA, TRAÇO 1:3, E=2CM. AF_09/2023","M2",42.94,5.2600000000000001E-2]
["Impermeabilização, Proteção Mecânica e Tratamento de Junta",98564,"PROTEÇÃO MECÂNICA DE SUPERFÍCIE VERTICAL COM ARGAMASSA DE CIMENTO E AREIA, TRAÇO 1:3, E=2CM. AF_09/2023","M2",56.33,0.23930000000000001]
["Impermeabilização, Proteção Mecânica e Tratamento de Junta",98566,"PROTEÇÃO MECÂNICA DE SUPERFÍCIE VERTICAL COM ARGAMASSA DE CIMENTO E AREIA, TRAÇO 1:3, E=3CM. AF_09/2023","M2",74.569999999999993,0.18079999999999999]
["Impermeabilização, Proteção Mecânica e Tratamento de Junta",98568,"PROTEÇÃO MECÂNICA DE SUPERFÍCIE VERTICAL COM ARGAMASSA DE CIMENTO E AREIA, TRAÇO 1:3, E=4CM. AF_09/2023","M2",91.81,0.14680000000000001]
["Impermeabilização, Proteção Mecânica e Tratamento de Junta",98570,"PROTEÇÃO MECÂNICA DE SUPERFÍCIE VERTICAL COM ARGAMASSA DE CIMENTO E AREIA, TRAÇO 1:3, E=5CM. AF_09/2023","M2",110.06,0.1225]
["Impermeabilização, Proteção Mecânica e Tratamento de Junta",98573,"PROTEÇÃO MECÂNICA DE SUPERFÍCIE VERTICAL COM CONCRETO 15 MPA, E=5CM. AF_09/2023","M2",74.790000000000006,0.1802]
["Impermeabilização, Proteção Mecânica e Tratamento de Junta",98576,"TRATAMENTO DE JUNTA DE DILATAÇÃO COM MANTA ASFÁLTICA ADERIDA COM MAÇARICO. AF_09/2023","M",23.46,0.92669999999999997]
["Impermeabilização, Proteção Mecânica e Tratamento de Junta",98575,"TRATAMENTO DE JUNTA DE DILATAÇÃO, COM TARUGO DE POLIETILENO E SELANTE PU, INCLUSO PREENCHIMENTO COM ESPUMA EXPANSIVA PU. AF_09/2023","M",78.87,0]
["Impermeabilização, Proteção Mecânica e Tratamento de Junta",98577,"TRATAMENTO DE JUNTA SERRADA, COM TARUGO DE POLIETILENO E SELANTE À BASE DE SILICONE. AF_09/2023","M",51.88,0]
["Impermeabilização, Proteção Mecânica e Tratamento de Junta",98558,"TRATAMENTO DE RALO OU PONTO EMERGENTE COM ARGAMASSA POLIMÉRICA / MEMBRANA ACRÍLICA REFORÇADO COM TELA DE POLIÉSTER (MAV). AF_09/2023","UN",10.49,0.25069999999999998]
["Impermeabilização, Proteção Mecânica e Tratamento de Junta",98550,"TRATAMENTO DE RALO OU PONTO EMERGENTE COM MANTA ASFÁLTICA COLADA COM ASFÁLTO DERRETIDO, E=4MM. AF_09/2023","M2",0]
["Impermeabilização, Proteção Mecânica e Tratamento de Junta",98551,"TRATAMENTO DE RODAPÉ COM MANTA ASFÁLTICA COLADA COM ASFALTO DERRETIDO, E=4MM. AF_09/2023","M",0]
["Impermeabilização, Proteção Mecânica e Tratamento de Junta",98559,"TRATAMENTO DE RODAPÉ COM TELA DE POLIÉSTER. AF_09/2023","M",5.13,0.58279999999999998]
["Instalações Elétricas - Eletrodutos Embutidos, Cabos, Caixas, Tomadas e Interruptores",91925,"CABO DE COBRE FLEXÍVEL ISOLADO, 1,5 MM², ANTI-CHAMA 0,6/1,0 KV, PARA CIRCUITOS TERMINAIS - FORNECIMENTO E INSTALAÇÃO. AF_03/2023","M",4.17,0]
["Instalações Elétricas - Eletrodutos Embutidos, Cabos, Caixas, Tomadas e Interruptores",91924,"CABO DE COBRE FLEXÍVEL ISOLADO, 1,5 MM², ANTI-CHAMA 450/750 V, PARA CIRCUITOS TERMINAIS - FORNECIMENTO E INSTALAÇÃO. AF_03/2023","M",3.42,0]
["Instalações Elétricas - Eletrodutos Embutidos, Cabos, Caixas, Tomadas e Interruptores",91933,"CABO DE COBRE FLEXÍVEL ISOLADO, 10 MM², ANTI-CHAMA 0,6/1,0 KV, PARA CIRCUITOS TERMINAIS - FORNECIMENTO E INSTALAÇÃO. AF_03/2023","M",18.89,0]
["Instalações Elétricas - Eletrodutos Embutidos, Cabos, Caixas, Tomadas e Interruptores",91932,"CABO DE COBRE FLEXÍVEL ISOLADO, 10 MM², ANTI-CHAMA 450/750 V, PARA CIRCUITOS TERMINAIS - FORNECIMENTO E INSTALAÇÃO. AF_03/2023","M",19.600000000000001,0]
["Instalações Elétricas - Eletrodutos Embutidos, Cabos, Caixas, Tomadas e Interruptores",91935,"CABO DE COBRE FLEXÍVEL ISOLADO, 16 MM², ANTI-CHAMA 0,6/1,0 KV, PARA CIRCUITOS TERMINAIS - FORNECIMENTO E INSTALAÇÃO. AF_03/2023","M",29.68,0]
["Instalações Elétricas - Eletrodutos Embutidos, Cabos, Caixas, Tomadas e Interruptores",91934,"CABO DE COBRE FLEXÍVEL ISOLADO, 16 MM², ANTI-CHAMA 450/750 V, PARA CIRCUITOS TERMINAIS - FORNECIMENTO E INSTALAÇÃO. AF_03/2023","M",28.3,0]
["Instalações Elétricas - Eletrodutos Embutidos, Cabos, Caixas, Tomadas e Interruptores",91927,"CABO DE COBRE FLEXÍVEL ISOLADO, 2,5 MM², ANTI-CHAMA 0,6/1,0 KV, PARA CIRCUITOS TERMINAIS - FORNECIMENTO E INSTALAÇÃO. AF_03/2023","M",5.64,0]
["Instalações Elétricas - Eletrodutos Embutidos, Cabos, Caixas, Tomadas e Interruptores",91926,"CABO DE COBRE FLEXÍVEL ISOLADO, 2,5 MM², ANTI-CHAMA 450/750 V, PARA CIRCUITOS TERMINAIS - FORNECIMENTO E INSTALAÇÃO. AF_03/2023","M",5,0]
["Instalações Elétricas - Eletrodutos Embutidos, Cabos, Caixas, Tomadas e Interruptores",91929,"CABO DE COBRE FLEXÍVEL ISOLADO, 4 MM², ANTI-CHAMA 0,6/1,0 KV, PARA CIRCUITOS TERMINAIS - FORNECIMENTO E INSTALAÇÃO. AF_03/2023","M",8.33,0]
["Instalações Elétricas - Eletrodutos Embutidos, Cabos, Caixas, Tomadas e Interruptores",91928,"CABO DE COBRE FLEXÍVEL ISOLADO, 4 MM², ANTI-CHAMA 450/750 V, PARA CIRCUITOS TERMINAIS - FORNECIMENTO E INSTALAÇÃO. AF_03/2023","M",7.78,0]
["Instalações Elétricas - Eletrodutos Embutidos, Cabos, Caixas, Tomadas e Interruptores",91931,"CABO DE COBRE FLEXÍVEL ISOLADO, 6 MM², ANTI-CHAMA 0,6/1,0 KV, PARA CIRCUITOS TERMINAIS - FORNECIMENTO E INSTALAÇÃO. AF_03/2023","M",11.79,0]
["Instalações Elétricas - Eletrodutos Embutidos, Cabos, Caixas, Tomadas e Interruptores",91930,"CABO DE COBRE FLEXÍVEL ISOLADO, 6 MM², ANTI-CHAMA 450/750 V, PARA CIRCUITOS TERMINAIS - FORNECIMENTO E INSTALAÇÃO. AF_03/2023","M",10.89,0]
["Instalações Elétricas - Eletrodutos Embutidos, Cabos, Caixas, Tomadas e Interruptores",104620,"CAIXA ELÉTRICA 4\"X2\" AUTOTRAVANTE PARA FURO CIRCULAR ALTA (2,00 M DO PISO), PVC, INSTALADA EM PAREDE - FORNECIMENTO E INSTALAÇÃO. AF_03/2023","UN",0]
["Instalações Elétricas - Eletrodutos Embutidos, Cabos, Caixas, Tomadas e Interruptores",104624,"CAIXA ELÉTRICA 4\"X2\" AUTOTRAVANTE PARA FURO CIRCULAR BAIXA (0,30 M DO PISO), PVC, INSTALADA EM PAREDE - FORNECIMENTO E INSTALAÇÃO. AF_03/2023","UN",0]
["Instalações Elétricas - Eletrodutos Embutidos, Cabos, Caixas, Tomadas e Interruptores",104622,"CAIXA ELÉTRICA 4\"X2\" AUTOTRAVANTE PARA FURO CIRCULAR MÉDIA (1,30 M DO PISO), PVC, INSTALADA EM PAREDE - FORNECIMENTO E INSTALAÇÃO. AF_03/2023","UN",0]
["Instalações Elétricas - Eletrodutos Embutidos, Cabos, Caixas, Tomadas e Interruptores",104621,"CAIXA ELÉTRICA 4\"X4\" AUTOTRAVANTE PARA FURO CIRCULAR ALTA (2,00 M DO PISO), PVC, INSTALADA EM PAREDE - FORNECIMENTO E INSTALAÇÃO. AF_03/2023","UN",0]
["Instalações Elétricas - Eletrodutos Embutidos, Cabos, Caixas, Tomadas e Interruptores",104625,"CAIXA ELÉTRICA 4\"X4\" AUTOTRAVANTE PARA FURO CIRCULAR BAIXA (0,30 M DO PISO), PVC, INSTALADA EM PAREDE - FORNECIMENTO E INSTALAÇÃO. AF_03/2023","UN",0]
["Instalações Elétricas - Eletrodutos Embutidos, Cabos, Caixas, Tomadas e Interruptores",104623,"CAIXA ELÉTRICA 4\"X4\" AUTOTRAVANTE PARA FURO CIRCULAR MÉDIA (1,30 M DO PISO), PVC, INSTALADA EM PAREDE - FORNECIMENTO E INSTALAÇÃO. AF_03/2023","UN",0]
["Instalações Elétricas - Eletrodutos Embutidos, Cabos, Caixas, Tomadas e Interruptores",91937,"CAIXA OCTOGONAL 3\" X 3\", PVC, INSTALADA EM LAJE - FORNECIMENTO E INSTALAÇÃO. AF_03/2023","UN",16.989999999999998,0]
["Instalações Elétricas - Eletrodutos Embutidos, Cabos, Caixas, Tomadas e Interruptores",92865,"CAIXA OCTOGONAL 4\" X 4\", METÁLICA, INSTALADA EM LAJE - FORNECIMENTO E INSTALAÇÃO. AF_03/2023","UN",15.03,0.18160000000000001]
["Instalações Elétricas - Eletrodutos Embutidos, Cabos, Caixas, Tomadas e Interruptores",91936,"CAIXA OCTOGONAL 4\" X 4\", PVC, INSTALADA EM LAJE - FORNECIMENTO E INSTALAÇÃO. AF_03/2023","UN",19.079999999999998,0]
["Instalações Elétricas - Eletrodutos Embutidos, Cabos, Caixas, Tomadas e Interruptores",92867,"CAIXA RETANGULAR 4\" X 2\" ALTA (2,00 M DO PISO), METÁLICA, INSTALADA EM PAREDE - FORNECIMENTO E INSTALAÇÃO. AF_03/2023","UN",32.49,3.9699999999999999E-2]
["Instalações Elétricas - Eletrodutos Embutidos, Cabos, Caixas, Tomadas e Interruptores",91939,"CAIXA RETANGULAR 4\" X 2\" ALTA (2,00 M DO PISO), PVC, INSTALADA EM PAREDE - FORNECIMENTO E INSTALAÇÃO. AF_03/2023","UN",33.82,0]
["Instalações Elétricas - Eletrodutos Embutidos, Cabos, Caixas, Tomadas e Interruptores",92869,"CAIXA RETANGULAR 4\" X 2\" BAIXA (0,30 M DO PISO), METÁLICA, INSTALADA EM PAREDE - FORNECIMENTO E INSTALAÇÃO. AF_03/2023","UN",11.09,0.1163]
["Instalações Elétricas - Eletrodutos Embutidos, Cabos, Caixas, Tomadas e Interruptores",91941,"CAIXA RETANGULAR 4\" X 2\" BAIXA (0,30 M DO PISO), PVC, INSTALADA EM PAREDE - FORNECIMENTO E INSTALAÇÃO. AF_03/2023","UN",12.42,0]
["Instalações Elétricas - Eletrodutos Embutidos, Cabos, Caixas, Tomadas e Interruptores",92868,"CAIXA RETANGULAR 4\" X 2\" MÉDIA (1,30 M DO PISO), METÁLICA, INSTALADA EM PAREDE - FORNECIMENTO E INSTALAÇÃO. AF_03/2023","UN",18.14,7.1099999999999997E-2]
["Instalações Elétricas - Eletrodutos Embutidos, Cabos, Caixas, Tomadas e Interruptores",91940,"CAIXA RETANGULAR 4\" X 2\" MÉDIA (1,30 M DO PISO), PVC, INSTALADA EM PAREDE - FORNECIMENTO E INSTALAÇÃO. AF_03/2023","UN",19.47,0]
["Instalações Elétricas - Eletrodutos Embutidos, Cabos, Caixas, Tomadas e Interruptores",92870,"CAIXA RETANGULAR 4\" X 4\" ALTA (2,00 M DO PISO), METÁLICA, INSTALADA EM PAREDE - FORNECIMENTO E INSTALAÇÃO. AF_03/2023","UN",35.229999999999997,7.7499999999999999E-2]
["Instalações Elétricas - Eletrodutos Embutidos, Cabos, Caixas, Tomadas e Interruptores",91942,"CAIXA RETANGULAR 4\" X 4\" ALTA (2,00 M DO PISO), PVC, INSTALADA EM PAREDE - FORNECIMENTO E INSTALAÇÃO. AF_03/2023","UN",37.71,0]
["Instalações Elétricas - Eletrodutos Embutidos, Cabos, Caixas, Tomadas e Interruptores",92872,"CAIXA RETANGULAR 4\" X 4\" BAIXA (0,30 M DO PISO), METÁLICA, INSTALADA EM PAREDE - FORNECIMENTO E INSTALAÇÃO. AF_03/2023","UN",13.06,0.20899999999999999]
["Instalações Elétricas - Eletrodutos Embutidos, Cabos, Caixas, Tomadas e Interruptores",91944,"CAIXA RETANGULAR 4\" X 4\" BAIXA (0,30 M DO PISO), PVC, INSTALADA EM PAREDE - FORNECIMENTO E INSTALAÇÃO. AF_03/2023","UN",15.54,0]
["Instalações Elétricas - Eletrodutos Embutidos, Cabos, Caixas, Tomadas e Interruptores",92871,"CAIXA RETANGULAR 4\" X 4\" MÉDIA (1,30 M DO PISO), METÁLICA, INSTALADA EM PAREDE - FORNECIMENTO E INSTALAÇÃO. AF_03/2023","UN",20.38,0.13400000000000001]
["Instalações Elétricas - Eletrodutos Embutidos, Cabos, Caixas, Tomadas e Interruptores",91943,"CAIXA RETANGULAR 4\" X 4\" MÉDIA (1,30 M DO PISO), PVC, INSTALADA EM PAREDE - FORNECIMENTO E INSTALAÇÃO. AF_03/2023","UN",22.86,0]
["Instalações Elétricas - Eletrodutos Embutidos, Cabos, Caixas, Tomadas e Interruptores",92866,"CAIXA SEXTAVADA 3\" X 3\", METÁLICA, INSTALADA EM LAJE - FORNECIMENTO E INSTALAÇÃO. AF_03/2023","UN",13.55,9.2299999999999993E-2]
["Instalações Elétricas - Eletrodutos Embutidos, Cabos, Caixas, Tomadas e Interruptores",91987,"CAMPAINHA CIGARRA (1 MÓDULO), 10A/250V, INCLUINDO SUPORTE E PLACA - FORNECIMENTO E INSTALAÇÃO. AF_03/2023","UN",47.97,0]
["Instalações Elétricas - Eletrodutos Embutidos, Cabos, Caixas, Tomadas e Interruptores",91986,"CAMPAINHA CIGARRA (1 MÓDULO), 10A/250V, SEM SUPORTE E SEM PLACA - FORNECIMENTO E INSTALAÇÃO. AF_03/2023","UN",36.85,0]
["Instalações Elétricas - Eletrodutos Embutidos, Cabos, Caixas, Tomadas e Interruptores",97559,"CURVA 135 GRAUS PARA ELETRODUTO, PVC, ROSCÁVEL, DN 25 MM (3/4\"), PARA CIRCUITOS TERMINAIS, INSTALADA EM FORRO - FORNECIMENTO E INSTALAÇÃO. AF_03/2023","UN",14.2,0]
["Instalações Elétricas - Eletrodutos Embutidos, Cabos, Caixas, Tomadas e Interruptores",97562,"CURVA 135 GRAUS PARA ELETRODUTO, PVC, ROSCÁVEL, DN 25 MM (3/4\"), PARA CIRCUITOS TERMINAIS, INSTALADA EM LAJE - FORNECIMENTO E INSTALAÇÃO. AF_03/2023","UN",11.76,0]
["Instalações Elétricas - Eletrodutos Embutidos, Cabos, Caixas, Tomadas e Interruptores",97564,"CURVA 135 GRAUS PARA ELETRODUTO, PVC, ROSCÁVEL, DN 25 MM (3/4\"), PARA CIRCUITOS TERMINAIS, INSTALADA EM PAREDE - FORNECIMENTO E INSTALAÇÃO. AF_03/2023","UN",19.14,0]
["Instalações Elétricas - Eletrodutos Embutidos, Cabos, Caixas, Tomadas e Interruptores",91889,"CURVA 180 GRAUS PARA ELETRODUTO, PVC, ROSCÁVEL, DN 20 MM (1/2\"), PARA CIRCUITOS TERMINAIS, INSTALADA EM FORRO - FORNECIMENTO E INSTALAÇÃO. AF_03/2023","UN",12.75,0]
["Instalações Elétricas - Eletrodutos Embutidos, Cabos, Caixas, Tomadas e Interruptores",91901,"CURVA 180 GRAUS PARA ELETRODUTO, PVC, ROSCÁVEL, DN 20 MM (1/2\"), PARA CIRCUITOS TERMINAIS, INSTALADA EM LAJE - FORNECIMENTO E INSTALAÇÃO. AF_03/2023","UN",10.31,0]
["Instalações Elétricas - Eletrodutos Embutidos, Cabos, Caixas, Tomadas e Interruptores",91913,"CURVA 180 GRAUS PARA ELETRODUTO, PVC, ROSCÁVEL, DN 20 MM (1/2\"), PARA CIRCUITOS TERMINAIS, INSTALADA EM PAREDE - FORNECIMENTO E INSTALAÇÃO. AF_03/2023","UN",17.739999999999998,0]
["Instalações Elétricas - Eletrodutos Embutidos, Cabos, Caixas, Tomadas e Interruptores",91892,"CURVA 180 GRAUS PARA ELETRODUTO, PVC, ROSCÁVEL, DN 25 MM (3/4\"), PARA CIRCUITOS TERMINAIS, INSTALADA EM FORRO - FORNECIMENTO E INSTALAÇÃO. AF_03/2023","UN",16.62,0]
["Instalações Elétricas - Eletrodutos Embutidos, Cabos, Caixas, Tomadas e Interruptores",91904,"CURVA 180 GRAUS PARA ELETRODUTO, PVC, ROSCÁVEL, DN 25 MM (3/4\"), PARA CIRCUITOS TERMINAIS, INSTALADA EM LAJE - FORNECIMENTO E INSTALAÇÃO. AF_03/2023","UN",14.18,0]
["Instalações Elétricas - Eletrodutos Embutidos, Cabos, Caixas, Tomadas e Interruptores",91916,"CURVA 180 GRAUS PARA ELETRODUTO, PVC, ROSCÁVEL, DN 25 MM (3/4\"), PARA CIRCUITOS TERMINAIS, INSTALADA EM PAREDE - FORNECIMENTO E INSTALAÇÃO. AF_03/2023","UN",21.56,0]
["Instalações Elétricas - Eletrodutos Embutidos, Cabos, Caixas, Tomadas e Interruptores",91895,"CURVA 180 GRAUS PARA ELETRODUTO, PVC, ROSCÁVEL, DN 32 MM (1\"), PARA CIRCUITOS TERMINAIS, INSTALADA EM FORRO - FORNECIMENTO E INSTALAÇÃO. AF_03/2023","UN",20.11,0]
["Instalações Elétricas - Eletrodutos Embutidos, Cabos, Caixas, Tomadas e Interruptores",91907,"CURVA 180 GRAUS PARA ELETRODUTO, PVC, ROSCÁVEL, DN 32 MM (1\"), PARA CIRCUITOS TERMINAIS, INSTALADA EM LAJE - FORNECIMENTO E INSTALAÇÃO. AF_03/2023","UN",17.670000000000002,0]
["Instalações Elétricas - Eletrodutos Embutidos, Cabos, Caixas, Tomadas e Interruptores",91919,"CURVA 180 GRAUS PARA ELETRODUTO, PVC, ROSCÁVEL, DN 32 MM (1\"), PARA CIRCUITOS TERMINAIS, INSTALADA EM PAREDE - FORNECIMENTO E INSTALAÇÃO. AF_03/2023","UN",24.98,0]
["Instalações Elétricas - Eletrodutos Embutidos, Cabos, Caixas, Tomadas e Interruptores",91898,"CURVA 180 GRAUS PARA ELETRODUTO, PVC, ROSCÁVEL, DN 40 MM (1 1/4\"), PARA CIRCUITOS TERMINAIS, INSTALADA EM FORRO - FORNECIMENTO E INSTALAÇÃO. AF_03/2023","UN",22.96,0]
["Instalações Elétricas - Eletrodutos Embutidos, Cabos, Caixas, Tomadas e Interruptores",91910,"CURVA 180 GRAUS PARA ELETRODUTO, PVC, ROSCÁVEL, DN 40 MM (1 1/4\"), PARA CIRCUITOS TERMINAIS, INSTALADA EM LAJE - FORNECIMENTO E INSTALAÇÃO. AF_03/2023","UN",20.57,0]
["Instalações Elétricas - Eletrodutos Embutidos, Cabos, Caixas, Tomadas e Interruptores",91922,"CURVA 180 GRAUS PARA ELETRODUTO, PVC, ROSCÁVEL, DN 40 MM (1 1/4\"), PARA CIRCUITOS TERMINAIS, INSTALADA EM PAREDE - FORNECIMENTO E INSTALAÇÃO. AF_03/2023","UN",27.78,0]
["Instalações Elétricas - Eletrodutos Embutidos, Cabos, Caixas, Tomadas e Interruptores",91887,"CURVA 90 GRAUS PARA ELETRODUTO, PVC, ROSCÁVEL, DN 20 MM (1/2\"), PARA CIRCUITOS TERMINAIS, INSTALADA EM FORRO - FORNECIMENTO E INSTALAÇÃO. AF_03/2023","UN",13.08,0]
["Instalações Elétricas - Eletrodutos Embutidos, Cabos, Caixas, Tomadas e Interruptores",91899,"CURVA 90 GRAUS PARA ELETRODUTO, PVC, ROSCÁVEL, DN 20 MM (1/2\"), PARA CIRCUITOS TERMINAIS, INSTALADA EM LAJE - FORNECIMENTO E INSTALAÇÃO. AF_03/2023","UN",10.64,0]
["Instalações Elétricas - Eletrodutos Embutidos, Cabos, Caixas, Tomadas e Interruptores",91911,"CURVA 90 GRAUS PARA ELETRODUTO, PVC, ROSCÁVEL, DN 20 MM (1/2\"), PARA CIRCUITOS TERMINAIS, INSTALADA EM PAREDE - FORNECIMENTO E INSTALAÇÃO. AF_03/2023","UN",18.07,0]
["Instalações Elétricas - Eletrodutos Embutidos, Cabos, Caixas, Tomadas e Interruptores",91890,"CURVA 90 GRAUS PARA ELETRODUTO, PVC, ROSCÁVEL, DN 25 MM (3/4\"), PARA CIRCUITOS TERMINAIS, INSTALADA EM FORRO - FORNECIMENTO E INSTALAÇÃO. AF_03/2023","UN",14.45,0]
["Instalações Elétricas - Eletrodutos Embutidos, Cabos, Caixas, Tomadas e Interruptores",91902,"CURVA 90 GRAUS PARA ELETRODUTO, PVC, ROSCÁVEL, DN 25 MM (3/4\"), PARA CIRCUITOS TERMINAIS, INSTALADA EM LAJE - FORNECIMENTO E INSTALAÇÃO. AF_03/2023","UN",12.01,0]
["Instalações Elétricas - Eletrodutos Embutidos, Cabos, Caixas, Tomadas e Interruptores",91914,"CURVA 90 GRAUS PARA ELETRODUTO, PVC, ROSCÁVEL, DN 25 MM (3/4\"), PARA CIRCUITOS TERMINAIS, INSTALADA EM PAREDE - FORNECIMENTO E INSTALAÇÃO. AF_03/2023","UN",19.39,0]
["Instalações Elétricas - Eletrodutos Embutidos, Cabos, Caixas, Tomadas e Interruptores",91893,"CURVA 90 GRAUS PARA ELETRODUTO, PVC, ROSCÁVEL, DN 32 MM (1\"), PARA CIRCUITOS TERMINAIS, INSTALADA EM FORRO - FORNECIMENTO E INSTALAÇÃO. AF_03/2023","UN",17.899999999999999,0]
["Instalações Elétricas - Eletrodutos Embutidos, Cabos, Caixas, Tomadas e Interruptores",91905,"CURVA 90 GRAUS PARA ELETRODUTO, PVC, ROSCÁVEL, DN 32 MM (1\"), PARA CIRCUITOS TERMINAIS, INSTALADA EM LAJE - FORNECIMENTO E INSTALAÇÃO. AF_03/2023","UN",15.46,0]
["Instalações Elétricas - Eletrodutos Embutidos, Cabos, Caixas, Tomadas e Interruptores",91917,"CURVA 90 GRAUS PARA ELETRODUTO, PVC, ROSCÁVEL, DN 32 MM (1\"), PARA CIRCUITOS TERMINAIS, INSTALADA EM PAREDE - FORNECIMENTO E INSTALAÇÃO. AF_03/2023","UN",22.77,0]
["Instalações Elétricas - Eletrodutos Embutidos, Cabos, Caixas, Tomadas e Interruptores",91896,"CURVA 90 GRAUS PARA ELETRODUTO, PVC, ROSCÁVEL, DN 40 MM (1 1/4\"), PARA CIRCUITOS TERMINAIS, INSTALADA EM FORRO - FORNECIMENTO E INSTALAÇÃO. AF_03/2023","UN",20.59,0]
["Instalações Elétricas - Eletrodutos Embutidos, Cabos, Caixas, Tomadas e Interruptores",91908,"CURVA 90 GRAUS PARA ELETRODUTO, PVC, ROSCÁVEL, DN 40 MM (1 1/4\"), PARA CIRCUITOS TERMINAIS, INSTALADA EM LAJE - FORNECIMENTO E INSTALAÇÃO. AF_03/2023","UN",18.2,0]
["Instalações Elétricas - Eletrodutos Embutidos, Cabos, Caixas, Tomadas e Interruptores",91920,"CURVA 90 GRAUS PARA ELETRODUTO, PVC, ROSCÁVEL, DN 40 MM (1 1/4\"), PARA CIRCUITOS TERMINAIS, INSTALADA EM PAREDE - FORNECIMENTO E INSTALAÇÃO. AF_03/2023","UN",25.41,0]
["Instalações Elétricas - Eletrodutos Embutidos, Cabos, Caixas, Tomadas e Interruptores",91983,"DIMMER ROTATIVO (1 MÓDULO), 220V/600W, INCLUINDO SUPORTE E PLACA - FORNECIMENTO E INSTALAÇÃO. AF_03/2023","UN",93.97,0]
["Instalações Elétricas - Eletrodutos Embutidos, Cabos, Caixas, Tomadas e Interruptores",91982,"DIMMER ROTATIVO (1 MÓDULO), 220V/600W, SEM SUPORTE E SEM PLACA - FORNECIMENTO E INSTALAÇÃO. AF_03/2023","UN",82.85,0]
["Instalações Elétricas - Eletrodutos Embutidos, Cabos, Caixas, Tomadas e Interruptores",91833,"ELETRODUTO FLEXÍVEL CORRUGADO REFORÇADO, PVC, DN 20 MM (1/2\"), PARA CIRCUITOS TERMINAIS, INSTALADO EM FORRO - FORNECIMENTO E INSTALAÇÃO. AF_03/2023","M",20.21,0]
["Instalações Elétricas - Eletrodutos Embutidos, Cabos, Caixas, Tomadas e Interruptores",91843,"ELETRODUTO FLEXÍVEL CORRUGADO REFORÇADO, PVC, DN 20 MM (1/2\"), PARA CIRCUITOS TERMINAIS, INSTALADO EM LAJE - FORNECIMENTO E INSTALAÇÃO. AF_03/2023","M",7.26,0]
["Instalações Elétricas - Eletrodutos Embutidos, Cabos, Caixas, Tomadas e Interruptores",91853,"ELETRODUTO FLEXÍVEL CORRUGADO REFORÇADO, PVC, DN 20 MM (1/2\"), PARA CIRCUITOS TERMINAIS, INSTALADO EM PAREDE - FORNECIMENTO E INSTALAÇÃO. AF_03/2023","M",10.42,0]
["Instalações Elétricas - Eletrodutos Embutidos, Cabos, Caixas, Tomadas e Interruptores",91835,"ELETRODUTO FLEXÍVEL CORRUGADO REFORÇADO, PVC, DN 25 MM (3/4\"), PARA CIRCUITOS TERMINAIS, INSTALADO EM FORRO - FORNECIMENTO E INSTALAÇÃO. AF_03/2023","M",22.17,0]
["Instalações Elétricas - Eletrodutos Embutidos, Cabos, Caixas, Tomadas e Interruptores",91845,"ELETRODUTO FLEXÍVEL CORRUGADO REFORÇADO, PVC, DN 25 MM (3/4\"), PARA CIRCUITOS TERMINAIS, INSTALADO EM LAJE - FORNECIMENTO E INSTALAÇÃO. AF_03/2023","M",9.17,0]
["Instalações Elétricas - Eletrodutos Embutidos, Cabos, Caixas, Tomadas e Interruptores",91855,"ELETRODUTO FLEXÍVEL CORRUGADO REFORÇADO, PVC, DN 25 MM (3/4\"), PARA CIRCUITOS TERMINAIS, INSTALADO EM PAREDE - FORNECIMENTO E INSTALAÇÃO. AF_03/2023","M",12.24,0]
["Instalações Elétricas - Eletrodutos Embutidos, Cabos, Caixas, Tomadas e Interruptores",91837,"ELETRODUTO FLEXÍVEL CORRUGADO REFORÇADO, PVC, DN 32 MM (1\"), PARA CIRCUITOS TERMINAIS, INSTALADO EM FORRO - FORNECIMENTO E INSTALAÇÃO. AF_03/2023","M",27.76,0]
["Instalações Elétricas - Eletrodutos Embutidos, Cabos, Caixas, Tomadas e Interruptores",91847,"ELETRODUTO FLEXÍVEL CORRUGADO REFORÇADO, PVC, DN 32 MM (1\"), PARA CIRCUITOS TERMINAIS, INSTALADO EM LAJE - FORNECIMENTO E INSTALAÇÃO. AF_03/2023","M",14.83,0]
["Instalações Elétricas - Eletrodutos Embutidos, Cabos, Caixas, Tomadas e Interruptores",91857,"ELETRODUTO FLEXÍVEL CORRUGADO REFORÇADO, PVC, DN 32 MM (1\"), PARA CIRCUITOS TERMINAIS, INSTALADO EM PAREDE - FORNECIMENTO E INSTALAÇÃO. AF_03/2023","M",17.52,0]
["Instalações Elétricas - Eletrodutos Embutidos, Cabos, Caixas, Tomadas e Interruptores",91838,"ELETRODUTO FLEXÍVEL CORRUGADO, PEAD, DN 32 MM (1\"), PARA CIRCUITOS TERMINAIS, INSTALADO EM FORRO - FORNECIMENTO E INSTALAÇÃO. AF_03/2023","M",0]
["Instalações Elétricas - Eletrodutos Embutidos, Cabos, Caixas, Tomadas e Interruptores",91848,"ELETRODUTO FLEXÍVEL CORRUGADO, PEAD, DN 32 MM (1\"), PARA CIRCUITOS TERMINAIS, INSTALADO EM LAJE - FORNECIMENTO E INSTALAÇÃO. AF_03/2023","M",0]
["Instalações Elétricas - Eletrodutos Embutidos, Cabos, Caixas, Tomadas e Interruptores",91858,"ELETRODUTO FLEXÍVEL CORRUGADO, PEAD, DN 32 MM (1\"), PARA CIRCUITOS TERMINAIS, INSTALADO EM PAREDE - FORNECIMENTO E INSTALAÇÃO. AF_03/2023","M",0]
["Instalações Elétricas - Eletrodutos Embutidos, Cabos, Caixas, Tomadas e Interruptores",91840,"ELETRODUTO FLEXÍVEL CORRUGADO, PEAD, DN 40 MM (1 1/4\"), PARA CIRCUITOS TERMINAIS, INSTALADO EM FORRO - FORNECIMENTO E INSTALAÇÃO. AF_03/2023","M",23.38,0]
["Instalações Elétricas - Eletrodutos Embutidos, Cabos, Caixas, Tomadas e Interruptores",91850,"ELETRODUTO FLEXÍVEL CORRUGADO, PEAD, DN 40 MM (1 1/4\"), PARA CIRCUITOS TERMINAIS, INSTALADO EM LAJE - FORNECIMENTO E INSTALAÇÃO. AF_03/2023","M",10.4,0]
["Instalações Elétricas - Eletrodutos Embutidos, Cabos, Caixas, Tomadas e Interruptores",91860,"ELETRODUTO FLEXÍVEL CORRUGADO, PEAD, DN 40 MM (1 1/4\"), PARA CIRCUITOS TERMINAIS, INSTALADO EM PAREDE - FORNECIMENTO E INSTALAÇÃO. AF_03/2023","M",13.49,0]
["Instalações Elétricas - Eletrodutos Embutidos, Cabos, Caixas, Tomadas e Interruptores",91831,"ELETRODUTO FLEXÍVEL CORRUGADO, PVC, DN 20 MM (1/2\"), PARA CIRCUITOS TERMINAIS, INSTALADO EM FORRO - FORNECIMENTO E INSTALAÇÃO. AF_03/2023","M",19.5,0]
["Instalações Elétricas - Eletrodutos Embutidos, Cabos, Caixas, Tomadas e Interruptores",91852,"ELETRODUTO FLEXÍVEL CORRUGADO, PVC, DN 20 MM (1/2\"), PARA CIRCUITOS TERMINAIS, INSTALADO EM PAREDE - FORNECIMENTO E INSTALAÇÃO. AF_03/2023","M",9.77,0]
["Instalações Elétricas - Eletrodutos Embutidos, Cabos, Caixas, Tomadas e Interruptores",91834,"ELETRODUTO FLEXÍVEL CORRUGADO, PVC, DN 25 MM (3/4\"), PARA CIRCUITOS TERMINAIS, INSTALADO EM FORRO - FORNECIMENTO E INSTALAÇÃO. AF_03/2023","M",20.38,0]
["Instalações Elétricas - Eletrodutos Embutidos, Cabos, Caixas, Tomadas e Interruptores",91854,"ELETRODUTO FLEXÍVEL CORRUGADO, PVC, DN 25 MM (3/4\"), PARA CIRCUITOS TERMINAIS, INSTALADO EM PAREDE - FORNECIMENTO E INSTALAÇÃO. AF_03/2023","M",10.58,0]
["Instalações Elétricas - Eletrodutos Embutidos, Cabos, Caixas, Tomadas e Interruptores",91836,"ELETRODUTO FLEXÍVEL CORRUGADO, PVC, DN 32 MM (1\"), PARA CIRCUITOS TERMINAIS, INSTALADO EM FORRO - FORNECIMENTO E INSTALAÇÃO. AF_03/2023","M",23.58,0]
["Instalações Elétricas - Eletrodutos Embutidos, Cabos, Caixas, Tomadas e Interruptores",91856,"ELETRODUTO FLEXÍVEL CORRUGADO, PVC, DN 32 MM (1\"), PARA CIRCUITOS TERMINAIS, INSTALADO EM PAREDE - FORNECIMENTO E INSTALAÇÃO. AF_03/2023","M",13.66,0]
["Instalações Elétricas - Eletrodutos Embutidos, Cabos, Caixas, Tomadas e Interruptores",91839,"ELETRODUTO FLEXÍVEL LISO, PEAD, DN 32 MM (1\"), PARA CIRCUITOS TERMINAIS, INSTALADO EM FORRO - FORNECIMENTO E INSTALAÇÃO. AF_03/2023","M",20.79,0]
["Instalações Elétricas - Eletrodutos Embutidos, Cabos, Caixas, Tomadas e Interruptores",91849,"ELETRODUTO FLEXÍVEL LISO, PEAD, DN 32 MM (1\"), PARA CIRCUITOS TERMINAIS, INSTALADO EM LAJE - FORNECIMENTO E INSTALAÇÃO. AF_03/2023","M",7.86,0]
["Instalações Elétricas - Eletrodutos Embutidos, Cabos, Caixas, Tomadas e Interruptores",91859,"ELETRODUTO FLEXÍVEL LISO, PEAD, DN 32 MM (1\"), PARA CIRCUITOS TERMINAIS, INSTALADO EM PAREDE - FORNECIMENTO E INSTALAÇÃO. AF_03/2023","M",11.08,0]
["Instalações Elétricas - Eletrodutos Embutidos, Cabos, Caixas, Tomadas e Interruptores",91841,"ELETRODUTO FLEXÍVEL LISO, PEAD, DN 40 MM (1 1/4\"), PARA CIRCUITOS TERMINAIS, INSTALADO EM FORRO - FORNECIMENTO E INSTALAÇÃO. AF_03/2023","M",22.66,0]
["Instalações Elétricas - Eletrodutos Embutidos, Cabos, Caixas, Tomadas e Interruptores",91851,"ELETRODUTO FLEXÍVEL LISO, PEAD, DN 40 MM (1 1/4\"), PARA CIRCUITOS TERMINAIS, INSTALADO EM LAJE - FORNECIMENTO E INSTALAÇÃO. AF_03/2023","M",9.68,0]
["Instalações Elétricas - Eletrodutos Embutidos, Cabos, Caixas, Tomadas e Interruptores",91861,"ELETRODUTO FLEXÍVEL LISO, PEAD, DN 40 MM (1 1/4\"), PARA CIRCUITOS TERMINAIS, INSTALADO EM PAREDE - FORNECIMENTO E INSTALAÇÃO. AF_03/2023","M",12.83,0]
["Instalações Elétricas - Eletrodutos Embutidos, Cabos, Caixas, Tomadas e Interruptores",91862,"ELETRODUTO RÍGIDO ROSCÁVEL, PVC, DN 20 MM (1/2\"), PARA CIRCUITOS TERMINAIS, INSTALADO EM FORRO - FORNECIMENTO E INSTALAÇÃO. AF_03/2023","M",10.64,0]
["Instalações Elétricas - Eletrodutos Embutidos, Cabos, Caixas, Tomadas e Interruptores",91866,"ELETRODUTO RÍGIDO ROSCÁVEL, PVC, DN 20 MM (1/2\"), PARA CIRCUITOS TERMINAIS, INSTALADO EM LAJE - FORNECIMENTO E INSTALAÇÃO. AF_03/2023","M",9.2899999999999991,0]
["Instalações Elétricas - Eletrodutos Embutidos, Cabos, Caixas, Tomadas e Interruptores",91870,"ELETRODUTO RÍGIDO ROSCÁVEL, PVC, DN 20 MM (1/2\"), PARA CIRCUITOS TERMINAIS, INSTALADO EM PAREDE - FORNECIMENTO E INSTALAÇÃO. AF_03/2023","M",13.86,0]
["Instalações Elétricas - Eletrodutos Embutidos, Cabos, Caixas, Tomadas e Interruptores",91863,"ELETRODUTO RÍGIDO ROSCÁVEL, PVC, DN 25 MM (3/4\"), PARA CIRCUITOS TERMINAIS, INSTALADO EM FORRO - FORNECIMENTO E INSTALAÇÃO. AF_03/2023","M",12.6,0]
["Instalações Elétricas - Eletrodutos Embutidos, Cabos, Caixas, Tomadas e Interruptores",91867,"ELETRODUTO RÍGIDO ROSCÁVEL, PVC, DN 25 MM (3/4\"), PARA CIRCUITOS TERMINAIS, INSTALADO EM LAJE - FORNECIMENTO E INSTALAÇÃO. AF_03/2023","M",11.25,0]
["Instalações Elétricas - Eletrodutos Embutidos, Cabos, Caixas, Tomadas e Interruptores",91871,"ELETRODUTO RÍGIDO ROSCÁVEL, PVC, DN 25 MM (3/4\"), PARA CIRCUITOS TERMINAIS, INSTALADO EM PAREDE - FORNECIMENTO E INSTALAÇÃO. AF_03/2023","M",15.81,0]
["Instalações Elétricas - Eletrodutos Embutidos, Cabos, Caixas, Tomadas e Interruptores",91864,"ELETRODUTO RÍGIDO ROSCÁVEL, PVC, DN 32 MM (1\"), PARA CIRCUITOS TERMINAIS, INSTALADO EM FORRO - FORNECIMENTO E INSTALAÇÃO. AF_03/2023","M",17.09,0]
["Instalações Elétricas - Eletrodutos Embutidos, Cabos, Caixas, Tomadas e Interruptores",91868,"ELETRODUTO RÍGIDO ROSCÁVEL, PVC, DN 32 MM (1\"), PARA CIRCUITOS TERMINAIS, INSTALADO EM LAJE - FORNECIMENTO E INSTALAÇÃO. AF_03/2023","M",15.74,0]
["Instalações Elétricas - Eletrodutos Embutidos, Cabos, Caixas, Tomadas e Interruptores",91872,"ELETRODUTO RÍGIDO ROSCÁVEL, PVC, DN 32 MM (1\"), PARA CIRCUITOS TERMINAIS, INSTALADO EM PAREDE - FORNECIMENTO E INSTALAÇÃO. AF_03/2023","M",20.3,0]
["Instalações Elétricas - Eletrodutos Embutidos, Cabos, Caixas, Tomadas e Interruptores",91865,"ELETRODUTO RÍGIDO ROSCÁVEL, PVC, DN 40 MM (1 1/4\"), PARA CIRCUITOS TERMINAIS, INSTALADO EM FORRO - FORNECIMENTO E INSTALAÇÃO. AF_03/2023","M",21.47,0]
["Instalações Elétricas - Eletrodutos Embutidos, Cabos, Caixas, Tomadas e Interruptores",91869,"ELETRODUTO RÍGIDO ROSCÁVEL, PVC, DN 40 MM (1 1/4\"), PARA CIRCUITOS TERMINAIS, INSTALADO EM LAJE - FORNECIMENTO E INSTALAÇÃO. AF_03/2023","M",20.079999999999998,0]
["Instalações Elétricas - Eletrodutos Embutidos, Cabos, Caixas, Tomadas e Interruptores",91873,"ELETRODUTO RÍGIDO ROSCÁVEL, PVC, DN 40 MM (1 1/4\"), PARA CIRCUITOS TERMINAIS, INSTALADO EM PAREDE - FORNECIMENTO E INSTALAÇÃO. AF_03/2023","M",24.63,0]
["Instalações Elétricas - Eletrodutos Embutidos, Cabos, Caixas, Tomadas e Interruptores",91981,"INTERRUPTOR BIPOLAR (1 MÓDULO), 10A/250V, INCLUINDO SUPORTE E PLACA - FORNECIMENTO E INSTALAÇÃO. AF_03/2023","UN",49.69,0]
["Instalações Elétricas - Eletrodutos Embutidos, Cabos, Caixas, Tomadas e Interruptores",91980,"INTERRUPTOR BIPOLAR (1 MÓDULO), 10A/250V, SEM SUPORTE E SEM PLACA - FORNECIMENTO E INSTALAÇÃO. AF_03/2023","UN",38.57,0]
["Instalações Elétricas - Eletrodutos Embutidos, Cabos, Caixas, Tomadas e Interruptores",91979,"INTERRUPTOR INTERMEDIÁRIO (1 MÓDULO), 10A/250V, INCLUINDO SUPORTE E PLACA - FORNECIMENTO E INSTALAÇÃO. AF_03/2023","UN",50.8,0]
["Instalações Elétricas - Eletrodutos Embutidos, Cabos, Caixas, Tomadas e Interruptores",91978,"INTERRUPTOR INTERMEDIÁRIO (1 MÓDULO), 10A/250V, SEM SUPORTE E SEM PLACA - FORNECIMENTO E INSTALAÇÃO. AF_03/2023","UN",39.68,0]
["Instalações Elétricas - Eletrodutos Embutidos, Cabos, Caixas, Tomadas e Interruptores",92029,"INTERRUPTOR PARALELO (1 MÓDULO) COM 1 TOMADA DE EMBUTIR 2P+T 10 A, INCLUINDO SUPORTE E PLACA - FORNECIMENTO E INSTALAÇÃO. AF_03/2023","UN",58.16,0]
["Instalações Elétricas - Eletrodutos Embutidos, Cabos, Caixas, Tomadas e Interruptores",92028,"INTERRUPTOR PARALELO (1 MÓDULO) COM 1 TOMADA DE EMBUTIR 2P+T 10 A, SEM SUPORTE E SEM PLACA - FORNECIMENTO E INSTALAÇÃO. AF_03/2023","UN",47.04,0]
["Instalações Elétricas - Eletrodutos Embutidos, Cabos, Caixas, Tomadas e Interruptores",92031,"INTERRUPTOR PARALELO (1 MÓDULO) COM 2 TOMADAS DE EMBUTIR 2P+T 10 A, INCLUINDO SUPORTE E PLACA - FORNECIMENTO E INSTALAÇÃO. AF_03/2023","UN",79.39,0]
["Instalações Elétricas - Eletrodutos Embutidos, Cabos, Caixas, Tomadas e Interruptores",92030,"INTERRUPTOR PARALELO (1 MÓDULO) COM 2 TOMADAS DE EMBUTIR 2P+T 10 A, SEM SUPORTE E SEM PLACA - FORNECIMENTO E INSTALAÇÃO. AF_03/2023","UN",68.27,0]
["Instalações Elétricas - Eletrodutos Embutidos, Cabos, Caixas, Tomadas e Interruptores",91955,"INTERRUPTOR PARALELO (1 MÓDULO), 10A/250V, INCLUINDO SUPORTE E PLACA - FORNECIMENTO E INSTALAÇÃO. AF_03/2023","UN",36.880000000000003,0]
["Instalações Elétricas - Eletrodutos Embutidos, Cabos, Caixas, Tomadas e Interruptores",91954,"INTERRUPTOR PARALELO (1 MÓDULO), 10A/250V, SEM SUPORTE E SEM PLACA - FORNECIMENTO E INSTALAÇÃO. AF_03/2023","UN",25.76,0]
["Instalações Elétricas - Eletrodutos Embutidos, Cabos, Caixas, Tomadas e Interruptores",92033,"INTERRUPTOR PARALELO (2 MÓDULOS) COM 1 TOMADA DE EMBUTIR 2P+T 10 A, INCLUINDO SUPORTE E PLACA - FORNECIMENTO E INSTALAÇÃO. AF_03/2023","UN",80.430000000000007,0]
["Instalações Elétricas - Eletrodutos Embutidos, Cabos, Caixas, Tomadas e Interruptores",92032,"INTERRUPTOR PARALELO (2 MÓDULOS) COM 1 TOMADA DE EMBUTIR 2P+T 10 A, SEM SUPORTE E SEM PLACA - FORNECIMENTO E INSTALAÇÃO. AF_03/2023","UN",69.31,0]
["Instalações Elétricas - Eletrodutos Embutidos, Cabos, Caixas, Tomadas e Interruptores",91961,"INTERRUPTOR PARALELO (2 MÓDULOS), 10A/250V, INCLUINDO SUPORTE E PLACA - FORNECIMENTO E INSTALAÇÃO. AF_03/2023","UN",59.2,0]
["Instalações Elétricas - Eletrodutos Embutidos, Cabos, Caixas, Tomadas e Interruptores",91960,"INTERRUPTOR PARALELO (2 MÓDULOS), 10A/250V, SEM SUPORTE E SEM PLACA - FORNECIMENTO E INSTALAÇÃO. AF_03/2023","UN",48.08,0]
["Instalações Elétricas - Eletrodutos Embutidos, Cabos, Caixas, Tomadas e Interruptores",91969,"INTERRUPTOR PARALELO (3 MÓDULOS), 10A/250V, INCLUINDO SUPORTE E PLACA - FORNECIMENTO E INSTALAÇÃO. AF_03/2023","UN",81.47,0]
["Instalações Elétricas - Eletrodutos Embutidos, Cabos, Caixas, Tomadas e Interruptores",91968,"INTERRUPTOR PARALELO (3 MÓDULOS), 10A/250V, SEM SUPORTE E SEM PLACA - FORNECIMENTO E INSTALAÇÃO. AF_03/2023","UN",70.349999999999994,0]
["Instalações Elétricas - Eletrodutos Embutidos, Cabos, Caixas, Tomadas e Interruptores",91985,"INTERRUPTOR PULSADOR CAMPAINHA (1 MÓDULO), 10A/250V, INCLUINDO SUPORTE E PLACA - FORNECIMENTO E INSTALAÇÃO. AF_03/2023","UN",29.24,0]
["Instalações Elétricas - Eletrodutos Embutidos, Cabos, Caixas, Tomadas e Interruptores",91984,"INTERRUPTOR PULSADOR CAMPAINHA (1 MÓDULO), 10A/250V, SEM SUPORTE E SEM PLACA - FORNECIMENTO E INSTALAÇÃO. AF_03/2023","UN",18.12,0]
["Instalações Elétricas - Eletrodutos Embutidos, Cabos, Caixas, Tomadas e Interruptores",91989,"INTERRUPTOR PULSADOR MINUTERIA (1 MÓDULO), 10A/250V, INCLUINDO SUPORTE E PLACA - FORNECIMENTO E INSTALAÇÃO. AF_03/2023","UN",32.94,0]
["Instalações Elétricas - Eletrodutos Embutidos, Cabos, Caixas, Tomadas e Interruptores",91988,"INTERRUPTOR PULSADOR MINUTERIA (1 MÓDULO), 10A/250V, SEM SUPORTE E SEM PLACA - FORNECIMENTO E INSTALAÇÃO. AF_03/2023","UN",21.82,0]
["Instalações Elétricas - Eletrodutos Embutidos, Cabos, Caixas, Tomadas e Interruptores",92023,"INTERRUPTOR SIMPLES (1 MÓDULO) COM 1 TOMADA DE EMBUTIR 2P+T 10 A, INCLUINDO SUPORTE E PLACA - FORNECIMENTO E INSTALAÇÃO. AF_03/2023","UN",51.49,0]
["Instalações Elétricas - Eletrodutos Embutidos, Cabos, Caixas, Tomadas e Interruptores",92022,"INTERRUPTOR SIMPLES (1 MÓDULO) COM 1 TOMADA DE EMBUTIR 2P+T 10 A, SEM SUPORTE E SEM PLACA - FORNECIMENTO E INSTALAÇÃO. AF_03/2023","UN",40.369999999999997,0]
["Instalações Elétricas - Eletrodutos Embutidos, Cabos, Caixas, Tomadas e Interruptores",92025,"INTERRUPTOR SIMPLES (1 MÓDULO) COM 2 TOMADAS DE EMBUTIR 2P+T 10 A, INCLUINDO SUPORTE E PLACA - FORNECIMENTO E INSTALAÇÃO. AF_03/2023","UN",72.78,0]
["Instalações Elétricas - Eletrodutos Embutidos, Cabos, Caixas, Tomadas e Interruptores",92024,"INTERRUPTOR SIMPLES (1 MÓDULO) COM 2 TOMADAS DE EMBUTIR 2P+T 10 A, SEM SUPORTE E SEM PLACA - FORNECIMENTO E INSTALAÇÃO. AF_03/2023","UN",61.66,0]
["Instalações Elétricas - Eletrodutos Embutidos, Cabos, Caixas, Tomadas e Interruptores",91957,"INTERRUPTOR SIMPLES (1 MÓDULO) COM INTERRUPTOR PARALELO (1 MÓDULO), 10A/250V, INCLUINDO SUPORTE E PLACA - FORNECIMENTO E INSTALAÇÃO. AF_03/2023","UN",52.53,0]
["Instalações Elétricas - Eletrodutos Embutidos, Cabos, Caixas, Tomadas e Interruptores",91956,"INTERRUPTOR SIMPLES (1 MÓDULO) COM INTERRUPTOR PARALELO (1 MÓDULO), 10A/250V, SEM SUPORTE E SEM PLACA - FORNECIMENTO E INSTALAÇÃO. AF_03/2023","UN",41.41,0]
["Instalações Elétricas - Eletrodutos Embutidos, Cabos, Caixas, Tomadas e Interruptores",91963,"INTERRUPTOR SIMPLES (1 MÓDULO) COM INTERRUPTOR PARALELO (2 MÓDULOS), 10A/250V, INCLUINDO SUPORTE E PLACA - FORNECIMENTO E INSTALAÇÃO. AF_03/2023","UN",74.86,0]
["Instalações Elétricas - Eletrodutos Embutidos, Cabos, Caixas, Tomadas e Interruptores",91962,"INTERRUPTOR SIMPLES (1 MÓDULO) COM INTERRUPTOR PARALELO (2 MÓDULOS), 10A/250V, SEM SUPORTE E SEM PLACA - FORNECIMENTO E INSTALAÇÃO. AF_03/2023","UN",63.74,0]
["Instalações Elétricas - Eletrodutos Embutidos, Cabos, Caixas, Tomadas e Interruptores",91953,"INTERRUPTOR SIMPLES (1 MÓDULO), 10A/250V, INCLUINDO SUPORTE E PLACA - FORNECIMENTO E INSTALAÇÃO. AF_03/2023","UN",30.26,0]
["Instalações Elétricas - Eletrodutos Embutidos, Cabos, Caixas, Tomadas e Interruptores",91952,"INTERRUPTOR SIMPLES (1 MÓDULO), 10A/250V, SEM SUPORTE E SEM PLACA - FORNECIMENTO E INSTALAÇÃO. AF_03/2023","UN",19.14,0]
["Instalações Elétricas - Eletrodutos Embutidos, Cabos, Caixas, Tomadas e Interruptores",92035,"INTERRUPTOR SIMPLES (1 MÓDULO), INTERRUPTOR PARALELO (1 MÓDULO) E 1 TOMADA DE EMBUTIR 2P+T 10 A, INCLUINDO SUPORTE E PLACA - FORNECIMENTO E INSTALAÇÃO. AF_03/2023","UN",73.819999999999993,0]
["Instalações Elétricas - Eletrodutos Embutidos, Cabos, Caixas, Tomadas e Interruptores",92034,"INTERRUPTOR SIMPLES (1 MÓDULO), INTERRUPTOR PARALELO (1 MÓDULO) E 1 TOMADA DE EMBUTIR 2P+T 10 A, SEM SUPORTE E SEM PLACA - FORNECIMENTO E INSTALAÇÃO. AF_03/2023","UN",62.7,0]
["Instalações Elétricas - Eletrodutos Embutidos, Cabos, Caixas, Tomadas e Interruptores",92027,"INTERRUPTOR SIMPLES (2 MÓDULOS) COM 1 TOMADA DE EMBUTIR 2P+T 10 A, INCLUINDO SUPORTE E PLACA - FORNECIMENTO E INSTALAÇÃO. AF_03/2023","UN",67.2,0]
["Instalações Elétricas - Eletrodutos Embutidos, Cabos, Caixas, Tomadas e Interruptores",92026,"INTERRUPTOR SIMPLES (2 MÓDULOS) COM 1 TOMADA DE EMBUTIR 2P+T 10 A, SEM SUPORTE E SEM PLACA - FORNECIMENTO E INSTALAÇÃO. AF_03/2023","UN",56.08,0]
["Instalações Elétricas - Eletrodutos Embutidos, Cabos, Caixas, Tomadas e Interruptores",91965,"INTERRUPTOR SIMPLES (2 MÓDULOS) COM INTERRUPTOR PARALELO (1 MÓDULO), 10A/250V, INCLUINDO SUPORTE E PLACA - FORNECIMENTO E INSTALAÇÃO. AF_03/2023","UN",68.239999999999995,0]
["Instalações Elétricas - Eletrodutos Embutidos, Cabos, Caixas, Tomadas e Interruptores",91964,"INTERRUPTOR SIMPLES (2 MÓDULOS) COM INTERRUPTOR PARALELO (1 MÓDULO), 10A/250V, SEM SUPORTE E SEM PLACA - FORNECIMENTO E INSTALAÇÃO. AF_03/2023","UN",57.12,0]
["Instalações Elétricas - Eletrodutos Embutidos, Cabos, Caixas, Tomadas e Interruptores",91973,"INTERRUPTOR SIMPLES (2 MÓDULOS) COM INTERRUPTOR PARALELO (2 MÓDULOS), 10A/250V, INCLUINDO SUPORTE E PLACA - FORNECIMENTO E INSTALAÇÃO. AF_03/2023","UN",95.87,0]
["Instalações Elétricas - Eletrodutos Embutidos, Cabos, Caixas, Tomadas e Interruptores",91972,"INTERRUPTOR SIMPLES (2 MÓDULOS) COM INTERRUPTOR PARALELO (2 MÓDULOS), 10A/250V, SEM SUPORTE E SEM PLACA - FORNECIMENTO E INSTALAÇÃO. AF_03/2023","UN",79.900000000000006,0]
["Instalações Elétricas - Eletrodutos Embutidos, Cabos, Caixas, Tomadas e Interruptores",91959,"INTERRUPTOR SIMPLES (2 MÓDULOS), 10A/250V, INCLUINDO SUPORTE E PLACA - FORNECIMENTO E INSTALAÇÃO. AF_03/2023","UN",45.98,0]
["Instalações Elétricas - Eletrodutos Embutidos, Cabos, Caixas, Tomadas e Interruptores",91958,"INTERRUPTOR SIMPLES (2 MÓDULOS), 10A/250V, SEM SUPORTE E SEM PLACA - FORNECIMENTO E INSTALAÇÃO. AF_03/2023","UN",34.86,0]
["Instalações Elétricas - Eletrodutos Embutidos, Cabos, Caixas, Tomadas e Interruptores",91971,"INTERRUPTOR SIMPLES (3 MÓDULOS) COM INTERRUPTOR PARALELO (1 MÓDULO), 10A/250V, INCLUINDO SUPORTE E PLACA - FORNECIMENTO E INSTALAÇÃO. AF_03/2023","UN",89.2,0]
["Instalações Elétricas - Eletrodutos Embutidos, Cabos, Caixas, Tomadas e Interruptores",91970,"INTERRUPTOR SIMPLES (3 MÓDULOS) COM INTERRUPTOR PARALELO (1 MÓDULO), 10A/250V, SEM SUPORTE E SEM PLACA - FORNECIMENTO E INSTALAÇÃO. AF_03/2023","UN",73.23,0]
["Instalações Elétricas - Eletrodutos Embutidos, Cabos, Caixas, Tomadas e Interruptores",91967,"INTERRUPTOR SIMPLES (3 MÓDULOS), 10A/250V, INCLUINDO SUPORTE E PLACA - FORNECIMENTO E INSTALAÇÃO. AF_03/2023","UN",61.69,0]
["Instalações Elétricas - Eletrodutos Embutidos, Cabos, Caixas, Tomadas e Interruptores",91966,"INTERRUPTOR SIMPLES (3 MÓDULOS), 10A/250V, SEM SUPORTE E SEM PLACA - FORNECIMENTO E INSTALAÇÃO. AF_03/2023","UN",50.57,0]
["Instalações Elétricas - Eletrodutos Embutidos, Cabos, Caixas, Tomadas e Interruptores",91975,"INTERRUPTOR SIMPLES (4 MÓDULOS), 10A/250V, INCLUINDO SUPORTE E PLACA - FORNECIMENTO E INSTALAÇÃO. AF_03/2023","UN",82.59,0]
["Instalações Elétricas - Eletrodutos Embutidos, Cabos, Caixas, Tomadas e Interruptores",91974,"INTERRUPTOR SIMPLES (4 MÓDULOS), 10A/250V, SEM SUPORTE E SEM PLACA - FORNECIMENTO E INSTALAÇÃO. AF_03/2023","UN",66.62,0]
["Instalações Elétricas - Eletrodutos Embutidos, Cabos, Caixas, Tomadas e Interruptores",91977,"INTERRUPTOR SIMPLES (6 MÓDULOS), 10A/250V, INCLUINDO SUPORTE E PLACA - FORNECIMENTO E INSTALAÇÃO. AF_03/2023","UN",114.08,0]
["Instalações Elétricas - Eletrodutos Embutidos, Cabos, Caixas, Tomadas e Interruptores",91976,"INTERRUPTOR SIMPLES (6 MÓDULOS), 10A/250V, SEM SUPORTE E SEM PLACA - FORNECIMENTO E INSTALAÇÃO. AF_03/2023","UN",98.11,0]
["Instalações Elétricas - Eletrodutos Embutidos, Cabos, Caixas, Tomadas e Interruptores",91874,"LUVA PARA ELETRODUTO, PVC, ROSCÁVEL, DN 20 MM (1/2\"), PARA CIRCUITOS TERMINAIS, INSTALADA EM FORRO - FORNECIMENTO E INSTALAÇÃO. AF_03/2023","UN",7.59,0]
["Instalações Elétricas - Eletrodutos Embutidos, Cabos, Caixas, Tomadas e Interruptores",91878,"LUVA PARA ELETRODUTO, PVC, ROSCÁVEL, DN 20 MM (1/2\"), PARA CIRCUITOS TERMINAIS, INSTALADA EM LAJE - FORNECIMENTO E INSTALAÇÃO. AF_03/2023","UN",5.98,0]
["Instalações Elétricas - Eletrodutos Embutidos, Cabos, Caixas, Tomadas e Interruptores",91882,"LUVA PARA ELETRODUTO, PVC, ROSCÁVEL, DN 20 MM (1/2\"), PARA CIRCUITOS TERMINAIS, INSTALADA EM PAREDE - FORNECIMENTO E INSTALAÇÃO. AF_03/2023","UN",10.91,0]
["Instalações Elétricas - Eletrodutos Embutidos, Cabos, Caixas, Tomadas e Interruptores",91875,"LUVA PARA ELETRODUTO, PVC, ROSCÁVEL, DN 25 MM (3/4\"), PARA CIRCUITOS TERMINAIS, INSTALADA EM FORRO - FORNECIMENTO E INSTALAÇÃO. AF_03/2023","UN",8.91,0]
["Instalações Elétricas - Eletrodutos Embutidos, Cabos, Caixas, Tomadas e Interruptores",91879,"LUVA PARA ELETRODUTO, PVC, ROSCÁVEL, DN 25 MM (3/4\"), PARA CIRCUITOS TERMINAIS, INSTALADA EM LAJE - FORNECIMENTO E INSTALAÇÃO. AF_03/2023","UN",7.3,0]
["Instalações Elétricas - Eletrodutos Embutidos, Cabos, Caixas, Tomadas e Interruptores",91884,"LUVA PARA ELETRODUTO, PVC, ROSCÁVEL, DN 25 MM (3/4\"), PARA CIRCUITOS TERMINAIS, INSTALADA EM PAREDE - FORNECIMENTO E INSTALAÇÃO. AF_03/2023","UN",12.23,0]
["Instalações Elétricas - Eletrodutos Embutidos, Cabos, Caixas, Tomadas e Interruptores",91876,"LUVA PARA ELETRODUTO, PVC, ROSCÁVEL, DN 32 MM (1\"), PARA CIRCUITOS TERMINAIS, INSTALADA EM FORRO - FORNECIMENTO E INSTALAÇÃO. AF_03/2023","UN",10.7,0]
["Instalações Elétricas - Eletrodutos Embutidos, Cabos, Caixas, Tomadas e Interruptores",91880,"LUVA PARA ELETRODUTO, PVC, ROSCÁVEL, DN 32 MM (1\"), PARA CIRCUITOS TERMINAIS, INSTALADA EM LAJE - FORNECIMENTO E INSTALAÇÃO. AF_03/2023","UN",9.09,0]
["Instalações Elétricas - Eletrodutos Embutidos, Cabos, Caixas, Tomadas e Interruptores",91885,"LUVA PARA ELETRODUTO, PVC, ROSCÁVEL, DN 32 MM (1\"), PARA CIRCUITOS TERMINAIS, INSTALADA EM PAREDE - FORNECIMENTO E INSTALAÇÃO. AF_03/2023","UN",13.97,0]
["Instalações Elétricas - Eletrodutos Embutidos, Cabos, Caixas, Tomadas e Interruptores",91877,"LUVA PARA ELETRODUTO, PVC, ROSCÁVEL, DN 40 MM (1 1/4\"), PARA CIRCUITOS TERMINAIS, INSTALADA EM FORRO - FORNECIMENTO E INSTALAÇÃO. AF_03/2023","UN",13.17,0]
["Instalações Elétricas - Eletrodutos Embutidos, Cabos, Caixas, Tomadas e Interruptores",91881,"LUVA PARA ELETRODUTO, PVC, ROSCÁVEL, DN 40 MM (1 1/4\"), PARA CIRCUITOS TERMINAIS, INSTALADA EM LAJE - FORNECIMENTO E INSTALAÇÃO. AF_03/2023","UN",11.55,0]
["Instalações Elétricas - Eletrodutos Embutidos, Cabos, Caixas, Tomadas e Interruptores",91886,"LUVA PARA ELETRODUTO, PVC, ROSCÁVEL, DN 40 MM (1 1/4\"), PARA CIRCUITOS TERMINAIS, INSTALADA EM PAREDE - FORNECIMENTO E INSTALAÇÃO. AF_03/2023","UN",16.38,0]
["Instalações Elétricas - Eletrodutos Embutidos, Cabos, Caixas, Tomadas e Interruptores",91945,"SUPORTE PARAFUSADO COM PLACA DE ENCAIXE 4\" X 2\" ALTO (2,00 M DO PISO) PARA PONTO ELÉTRICO - FORNECIMENTO E INSTALAÇÃO. AF_03/2023","UN",14.4,0]
["Instalações Elétricas - Eletrodutos Embutidos, Cabos, Caixas, Tomadas e Interruptores",91947,"SUPORTE PARAFUSADO COM PLACA DE ENCAIXE 4\" X 2\" BAIXO (0,30 M DO PISO) PARA PONTO ELÉTRICO - FORNECIMENTO E INSTALAÇÃO. AF_03/2023","UN",9.08,0]
["Instalações Elétricas - Eletrodutos Embutidos, Cabos, Caixas, Tomadas e Interruptores",91946,"SUPORTE PARAFUSADO COM PLACA DE ENCAIXE 4\" X 2\" MÉDIO (1,30 M DO PISO) PARA PONTO ELÉTRICO - FORNECIMENTO E INSTALAÇÃO. AF_03/2023","UN",11.12,0]
["Instalações Elétricas - Eletrodutos Embutidos, Cabos, Caixas, Tomadas e Interruptores",91949,"SUPORTE PARAFUSADO COM PLACA DE ENCAIXE 4\" X 4\" ALTO (2,00 M DO PISO) PARA PONTO ELÉTRICO - FORNECIMENTO E INSTALAÇÃO. AF_03/2023","UN",19.97,0]
["Instalações Elétricas - Eletrodutos Embutidos, Cabos, Caixas, Tomadas e Interruptores",91951,"SUPORTE PARAFUSADO COM PLACA DE ENCAIXE 4\" X 4\" BAIXO (0,30 M DO PISO) PARA PONTO ELÉTRICO - FORNECIMENTO E INSTALAÇÃO. AF_03/2023","UN",13.6,0]
["Instalações Elétricas - Eletrodutos Embutidos, Cabos, Caixas, Tomadas e Interruptores",91950,"SUPORTE PARAFUSADO COM PLACA DE ENCAIXE 4\" X 4\" MÉDIO (1,30 M DO PISO) PARA PONTO ELÉTRICO - FORNECIMENTO E INSTALAÇÃO. AF_03/2023","UN",15.97,0]
["Instalações Elétricas - Eletrodutos Embutidos, Cabos, Caixas, Tomadas e Interruptores",91992,"TOMADA ALTA DE EMBUTIR (1 MÓDULO), 2P+T 10 A, INCLUINDO SUPORTE E PLACA - FORNECIMENTO E INSTALAÇÃO. AF_03/2023","UN",46.59,0]
["Instalações Elétricas - Eletrodutos Embutidos, Cabos, Caixas, Tomadas e Interruptores",91990,"TOMADA ALTA DE EMBUTIR (1 MÓDULO), 2P+T 10 A, SEM SUPORTE E SEM PLACA - FORNECIMENTO E INSTALAÇÃO. AF_03/2023","UN",35.47,0]
["Instalações Elétricas - Eletrodutos Embutidos, Cabos, Caixas, Tomadas e Interruptores",91993,"TOMADA ALTA DE EMBUTIR (1 MÓDULO), 2P+T 20 A, INCLUINDO SUPORTE E PLACA - FORNECIMENTO E INSTALAÇÃO. AF_03/2023","UN",48.59,0]
["Instalações Elétricas - Eletrodutos Embutidos, Cabos, Caixas, Tomadas e Interruptores",91991,"TOMADA ALTA DE EMBUTIR (1 MÓDULO), 2P+T 20 A, SEM SUPORTE E SEM PLACA - FORNECIMENTO E INSTALAÇÃO. AF_03/2023","UN",37.47,0]
["Instalações Elétricas - Eletrodutos Embutidos, Cabos, Caixas, Tomadas e Interruptores",92000,"TOMADA BAIXA DE EMBUTIR (1 MÓDULO), 2P+T 10 A, INCLUINDO SUPORTE E PLACA - FORNECIMENTO E INSTALAÇÃO. AF_03/2023","UN",31.68,0]
["Instalações Elétricas - Eletrodutos Embutidos, Cabos, Caixas, Tomadas e Interruptores",91998,"TOMADA BAIXA DE EMBUTIR (1 MÓDULO), 2P+T 10 A, SEM SUPORTE E SEM PLACA - FORNECIMENTO E INSTALAÇÃO. AF_03/2023","UN",20.56,0]
["Instalações Elétricas - Eletrodutos Embutidos, Cabos, Caixas, Tomadas e Interruptores",92001,"TOMADA BAIXA DE EMBUTIR (1 MÓDULO), 2P+T 20 A, INCLUINDO SUPORTE E PLACA - FORNECIMENTO E INSTALAÇÃO. AF_03/2023","UN",33.68,0]
["Instalações Elétricas - Eletrodutos Embutidos, Cabos, Caixas, Tomadas e Interruptores",91999,"TOMADA BAIXA DE EMBUTIR (1 MÓDULO), 2P+T 20 A, SEM SUPORTE E SEM PLACA - FORNECIMENTO E INSTALAÇÃO. AF_03/2023","UN",22.56,0]
["Instalações Elétricas - Eletrodutos Embutidos, Cabos, Caixas, Tomadas e Interruptores",92008,"TOMADA BAIXA DE EMBUTIR (2 MÓDULOS), 2P+T 10 A, INCLUINDO SUPORTE E PLACA - FORNECIMENTO E INSTALAÇÃO. AF_03/2023","UN",48.75,0]
["Instalações Elétricas - Eletrodutos Embutidos, Cabos, Caixas, Tomadas e Interruptores",92006,"TOMADA BAIXA DE EMBUTIR (2 MÓDULOS), 2P+T 10 A, SEM SUPORTE E SEM PLACA - FORNECIMENTO E INSTALAÇÃO. AF_03/2023","UN",37.630000000000003,0]
["Instalações Elétricas - Eletrodutos Embutidos, Cabos, Caixas, Tomadas e Interruptores",92009,"TOMADA BAIXA DE EMBUTIR (2 MÓDULOS), 2P+T 20 A, INCLUINDO SUPORTE E PLACA - FORNECIMENTO E INSTALAÇÃO. AF_03/2023","UN",52.75,0]
["Instalações Elétricas - Eletrodutos Embutidos, Cabos, Caixas, Tomadas e Interruptores",92007,"TOMADA BAIXA DE EMBUTIR (2 MÓDULOS), 2P+T 20 A, SEM SUPORTE E SEM PLACA - FORNECIMENTO E INSTALAÇÃO. AF_03/2023","UN",41.63,0]
["Instalações Elétricas - Eletrodutos Embutidos, Cabos, Caixas, Tomadas e Interruptores",92016,"TOMADA BAIXA DE EMBUTIR (3 MÓDULOS), 2P+T 10 A, INCLUINDO SUPORTE E PLACA - FORNECIMENTO E INSTALAÇÃO. AF_03/2023","UN",65.819999999999993,0]
["Instalações Elétricas - Eletrodutos Embutidos, Cabos, Caixas, Tomadas e Interruptores",92014,"TOMADA BAIXA DE EMBUTIR (3 MÓDULOS), 2P+T 10 A, SEM SUPORTE E SEM PLACA - FORNECIMENTO E INSTALAÇÃO. AF_03/2023","UN",54.7,0]
["Instalações Elétricas - Eletrodutos Embutidos, Cabos, Caixas, Tomadas e Interruptores",92017,"TOMADA BAIXA DE EMBUTIR (3 MÓDULOS), 2P+T 20 A, INCLUINDO SUPORTE E PLACA - FORNECIMENTO E INSTALAÇÃO. AF_03/2023","UN",71.819999999999993,0]
["Instalações Elétricas - Eletrodutos Embutidos, Cabos, Caixas, Tomadas e Interruptores",92015,"TOMADA BAIXA DE EMBUTIR (3 MÓDULOS), 2P+T 20 A, SEM SUPORTE E SEM PLACA - FORNECIMENTO E INSTALAÇÃO. AF_03/2023","UN",60.7,0]
["Instalações Elétricas - Eletrodutos Embutidos, Cabos, Caixas, Tomadas e Interruptores",92019,"TOMADA BAIXA DE EMBUTIR (4 MÓDULOS), 2P+T 10 A, INCLUINDO SUPORTE E PLACA - FORNECIMENTO E INSTALAÇÃO. AF_03/2023","UN",88.36,0]
["Instalações Elétricas - Eletrodutos Embutidos, Cabos, Caixas, Tomadas e Interruptores",92018,"TOMADA BAIXA DE EMBUTIR (4 MÓDULOS), 2P+T 10 A, SEM SUPORTE E SEM PLACA - FORNECIMENTO E INSTALAÇÃO. AF_03/2023","UN",72.39,0]
["Instalações Elétricas - Eletrodutos Embutidos, Cabos, Caixas, Tomadas e Interruptores",92021,"TOMADA BAIXA DE EMBUTIR (6 MÓDULOS), 2P+T 10 A, INCLUINDO SUPORTE E PLACA - FORNECIMENTO E INSTALAÇÃO. AF_03/2023","UN",122.78,0]
["Instalações Elétricas - Eletrodutos Embutidos, Cabos, Caixas, Tomadas e Interruptores",92020,"TOMADA BAIXA DE EMBUTIR (6 MÓDULOS), 2P+T 10 A, SEM SUPORTE E SEM PLACA - FORNECIMENTO E INSTALAÇÃO. AF_03/2023","UN",106.81,0]
["Instalações Elétricas - Eletrodutos Embutidos, Cabos, Caixas, Tomadas e Interruptores",91996,"TOMADA MÉDIA DE EMBUTIR (1 MÓDULO), 2P+T 10 A, INCLUINDO SUPORTE E PLACA - FORNECIMENTO E INSTALAÇÃO. AF_03/2023","UN",35.840000000000003,0]
["Instalações Elétricas - Eletrodutos Embutidos, Cabos, Caixas, Tomadas e Interruptores",91994,"TOMADA MÉDIA DE EMBUTIR (1 MÓDULO), 2P+T 10 A, SEM SUPORTE E SEM PLACA - FORNECIMENTO E INSTALAÇÃO. AF_03/2023","UN",24.72,0]
["Instalações Elétricas - Eletrodutos Embutidos, Cabos, Caixas, Tomadas e Interruptores",91997,"TOMADA MÉDIA DE EMBUTIR (1 MÓDULO), 2P+T 20 A, INCLUINDO SUPORTE E PLACA - FORNECIMENTO E INSTALAÇÃO. AF_03/2023","UN",37.840000000000003,0]
["Instalações Elétricas - Eletrodutos Embutidos, Cabos, Caixas, Tomadas e Interruptores",91995,"TOMADA MÉDIA DE EMBUTIR (1 MÓDULO), 2P+T 20 A, SEM SUPORTE E SEM PLACA - FORNECIMENTO E INSTALAÇÃO. AF_03/2023","UN",26.72,0]
["Instalações Elétricas - Eletrodutos Embutidos, Cabos, Caixas, Tomadas e Interruptores",92004,"TOMADA MÉDIA DE EMBUTIR (2 MÓDULOS), 2P+T 10 A, INCLUINDO SUPORTE E PLACA - FORNECIMENTO E INSTALAÇÃO. AF_03/2023","UN",57.12,0]
["Instalações Elétricas - Eletrodutos Embutidos, Cabos, Caixas, Tomadas e Interruptores",92002,"TOMADA MÉDIA DE EMBUTIR (2 MÓDULOS), 2P+T 10 A, SEM SUPORTE E SEM PLACA - FORNECIMENTO E INSTALAÇÃO. AF_03/2023","UN",46,0]
["Instalações Elétricas - Eletrodutos Embutidos, Cabos, Caixas, Tomadas e Interruptores",92005,"TOMADA MÉDIA DE EMBUTIR (2 MÓDULOS), 2P+T 20 A, INCLUINDO SUPORTE E PLACA - FORNECIMENTO E INSTALAÇÃO. AF_03/2023","UN",61.12,0]
["Instalações Elétricas - Eletrodutos Embutidos, Cabos, Caixas, Tomadas e Interruptores",92003,"TOMADA MÉDIA DE EMBUTIR (2 MÓDULOS), 2P+T 20 A, SEM SUPORTE E SEM PLACA - FORNECIMENTO E INSTALAÇÃO. AF_03/2023","UN",50,0]
["Instalações Elétricas - Eletrodutos Embutidos, Cabos, Caixas, Tomadas e Interruptores",92012,"TOMADA MÉDIA DE EMBUTIR (3 MÓDULOS), 2P+T 10 A, INCLUINDO SUPORTE E PLACA - FORNECIMENTO E INSTALAÇÃO. AF_03/2023","UN",78.349999999999994,0]
["Instalações Elétricas - Eletrodutos Embutidos, Cabos, Caixas, Tomadas e Interruptores",92010,"TOMADA MÉDIA DE EMBUTIR (3 MÓDULOS), 2P+T 10 A, SEM SUPORTE E SEM PLACA - FORNECIMENTO E INSTALAÇÃO. AF_03/2023","UN",67.23,0]
["Instalações Elétricas - Eletrodutos Embutidos, Cabos, Caixas, Tomadas e Interruptores",92013,"TOMADA MÉDIA DE EMBUTIR (3 MÓDULOS), 2P+T 20 A, INCLUINDO SUPORTE E PLACA - FORNECIMENTO E INSTALAÇÃO. AF_03/2023","UN",84.35,0]
["Instalações Elétricas - Eletrodutos Embutidos, Cabos, Caixas, Tomadas e Interruptores",92011,"TOMADA MÉDIA DE EMBUTIR (3 MÓDULOS), 2P+T 20 A, SEM SUPORTE E SEM PLACA - FORNECIMENTO E INSTALAÇÃO. AF_03/2023","UN",73.23,0]
["Instalações Elétricas - Eletrodutos, Conexões e Conduletes Aparentes",95777,"CONDULETE DE ALUMÍNIO, TIPO B, PARA ELETRODUTO DE AÇO GALVANIZADO DN 20 MM (3/4''), APARENTE - FORNECIMENTO E INSTALAÇÃO. AF_10/2022","UN",30.98,0]
["Instalações Elétricas - Eletrodutos, Conexões e Conduletes Aparentes",95780,"CONDULETE DE ALUMÍNIO, TIPO B, PARA ELETRODUTO DE AÇO GALVANIZADO DN 25 MM (1''), APARENTE - FORNECIMENTO E INSTALAÇÃO. AF_10/2022","UN",37.369999999999997,0]
["Instalações Elétricas - Eletrodutos, Conexões e Conduletes Aparentes",95783,"CONDULETE DE ALUMÍNIO, TIPO B, PARA ELETRODUTO DE AÇO GALVANIZADO DN 32 MM (1 1/4''), APARENTE - FORNECIMENTO E INSTALAÇÃO. AF_10/2022","UN",0]
["Instalações Elétricas - Eletrodutos, Conexões e Conduletes Aparentes",95778,"CONDULETE DE ALUMÍNIO, TIPO C, PARA ELETRODUTO DE AÇO GALVANIZADO DN 20 MM (3/4''), APARENTE - FORNECIMENTO E INSTALAÇÃO. AF_10/2022","UN",34.409999999999997,0]
["Instalações Elétricas - Eletrodutos, Conexões e Conduletes Aparentes",95781,"CONDULETE DE ALUMÍNIO, TIPO C, PARA ELETRODUTO DE AÇO GALVANIZADO DN 25 MM (1''), APARENTE - FORNECIMENTO E INSTALAÇÃO. AF_10/2022","UN",41.91,0]
["Instalações Elétricas - Eletrodutos, Conexões e Conduletes Aparentes",95784,"CONDULETE DE ALUMÍNIO, TIPO C, PARA ELETRODUTO DE AÇO GALVANIZADO DN 32 MM (1 1/4''), APARENTE - FORNECIMENTO E INSTALAÇÃO. AF_10/2022","UN",0]
["Instalações Elétricas - Eletrodutos, Conexões e Conduletes Aparentes",95782,"CONDULETE DE ALUMÍNIO, TIPO E, ELETRODUTO DE AÇO GALVANIZADO DN 25 MM (1''), APARENTE - FORNECIMENTO E INSTALAÇÃO. AF_10/2022","UN",40.25,0]
["Instalações Elétricas - Eletrodutos, Conexões e Conduletes Aparentes",95779,"CONDULETE DE ALUMÍNIO, TIPO E, PARA ELETRODUTO DE AÇO GALVANIZADO DN 20 MM (3/4''), APARENTE - FORNECIMENTO E INSTALAÇÃO. AF_10/2022","UN",28.46,0]
["Instalações Elétricas - Eletrodutos, Conexões e Conduletes Aparentes",95785,"CONDULETE DE ALUMÍNIO, TIPO E, PARA ELETRODUTO DE AÇO GALVANIZADO DN 32 MM (1 1/4''), APARENTE - FORNECIMENTO E INSTALAÇÃO. AF_10/2022","UN",47.99,0]
["Instalações Elétricas - Eletrodutos, Conexões e Conduletes Aparentes",95792,"CONDULETE DE ALUMÍNIO, TIPO LB, PARA ELETRODUTO DE AÇO GALVANIZADO DN 20 MM (3/4''), APARENTE - FORNECIMENTO E INSTALAÇÃO. AF_10/2022","UN",0]
["Instalações Elétricas - Eletrodutos, Conexões e Conduletes Aparentes",95793,"CONDULETE DE ALUMÍNIO, TIPO LB, PARA ELETRODUTO DE AÇO GALVANIZADO DN 25 MM (1''), APARENTE - FORNECIMENTO E INSTALAÇÃO. AF_10/2022","UN",0]
["Instalações Elétricas - Eletrodutos, Conexões e Conduletes Aparentes",95794,"CONDULETE DE ALUMÍNIO, TIPO LB, PARA ELETRODUTO DE AÇO GALVANIZADO DN 32 MM (1 1/4''), APARENTE - FORNECIMENTO E INSTALAÇÃO. AF_10/2022","UN",0]
["Instalações Elétricas - Eletrodutos, Conexões e Conduletes Aparentes",95786,"CONDULETE DE ALUMÍNIO, TIPO LL, PARA ELETRODUTO DE AÇO GALVANIZADO DN 20 MM (3/4''), APARENTE - FORNECIMENTO E INSTALAÇÃO. AF_10/2022","UN",0]
["Instalações Elétricas - Eletrodutos, Conexões e Conduletes Aparentes",95788,"CONDULETE DE ALUMÍNIO, TIPO LL, PARA ELETRODUTO DE AÇO GALVANIZADO DN 25 MM (1''), APARENTE - FORNECIMENTO E INSTALAÇÃO. AF_10/2022","UN",0]
["Instalações Elétricas - Eletrodutos, Conexões e Conduletes Aparentes",95790,"CONDULETE DE ALUMÍNIO, TIPO LL, PARA ELETRODUTO DE AÇO GALVANIZADO DN 32 MM (1 1/4''), APARENTE - FORNECIMENTO E INSTALAÇÃO. AF_10/2022","UN",0]
["Instalações Elétricas - Eletrodutos, Conexões e Conduletes Aparentes",95787,"CONDULETE DE ALUMÍNIO, TIPO LR, PARA ELETRODUTO DE AÇO GALVANIZADO DN 20 MM (3/4''), APARENTE - FORNECIMENTO E INSTALAÇÃO. AF_10/2022","UN",33.700000000000003,0]
["Instalações Elétricas - Eletrodutos, Conexões e Conduletes Aparentes",95789,"CONDULETE DE ALUMÍNIO, TIPO LR, PARA ELETRODUTO DE AÇO GALVANIZADO DN 25 MM (1''), APARENTE - FORNECIMENTO E INSTALAÇÃO. AF_10/2022","UN",46.89,0]
["Instalações Elétricas - Eletrodutos, Conexões e Conduletes Aparentes",95791,"CONDULETE DE ALUMÍNIO, TIPO LR, PARA ELETRODUTO DE AÇO GALVANIZADO DN 32 MM (1 1/4''), APARENTE - FORNECIMENTO E INSTALAÇÃO. AF_10/2022","UN",66.319999999999993,0]
["Instalações Elétricas - Eletrodutos, Conexões e Conduletes Aparentes",95795,"CONDULETE DE ALUMÍNIO, TIPO T, PARA ELETRODUTO DE AÇO GALVANIZADO DN 20 MM (3/4''), APARENTE - FORNECIMENTO E INSTALAÇÃO. AF_10/2022","UN",38.479999999999997,0]
["Instalações Elétricas - Eletrodutos, Conexões e Conduletes Aparentes",95796,"CONDULETE DE ALUMÍNIO, TIPO T, PARA ELETRODUTO DE AÇO GALVANIZADO DN 25 MM (1''), APARENTE - FORNECIMENTO E INSTALAÇÃO. AF_10/2022","UN",55.15,0]
["Instalações Elétricas - Eletrodutos, Conexões e Conduletes Aparentes",95797,"CONDULETE DE ALUMÍNIO, TIPO T, PARA ELETRODUTO DE AÇO GALVANIZADO DN 32 MM (1 1/4''), APARENTE - FORNECIMENTO E INSTALAÇÃO. AF_10/2022","UN",77.150000000000006,0]
["Instalações Elétricas - Eletrodutos, Conexões e Conduletes Aparentes",95798,"CONDULETE DE ALUMÍNIO, TIPO TB, PARA ELETRODUTO DE AÇO GALVANIZADO DN 20 MM (3/4''), APARENTE - FORNECIMENTO E INSTALAÇÃO. AF_10/2022","UN",0]
["Instalações Elétricas - Eletrodutos, Conexões e Conduletes Aparentes",95799,"CONDULETE DE ALUMÍNIO, TIPO TB, PARA ELETRODUTO DE AÇO GALVANIZADO DN 25 MM (1''), APARENTE - FORNECIMENTO E INSTALAÇÃO. AF_10/2022","UN",0]
["Instalações Elétricas - Eletrodutos, Conexões e Conduletes Aparentes",95800,"CONDULETE DE ALUMÍNIO, TIPO TB, PARA ELETRODUTO DE AÇO GALVANIZADO DN 32 MM (1 1/4''), APARENTE - FORNECIMENTO E INSTALAÇÃO. AF_10/2022","UN",0]
["Instalações Elétricas - Eletrodutos, Conexões e Conduletes Aparentes",95801,"CONDULETE DE ALUMÍNIO, TIPO X, PARA ELETRODUTO DE AÇO GALVANIZADO DN 20 MM (3/4''), APARENTE - FORNECIMENTO E INSTALAÇÃO. AF_10/2022","UN",46.69,0]
["Instalações Elétricas - Eletrodutos, Conexões e Conduletes Aparentes",95802,"CONDULETE DE ALUMÍNIO, TIPO X, PARA ELETRODUTO DE AÇO GALVANIZADO DN 25 MM (1''), APARENTE - FORNECIMENTO E INSTALAÇÃO. AF_10/2022","UN",57.64,0]
["Instalações Elétricas - Eletrodutos, Conexões e Conduletes Aparentes",95803,"CONDULETE DE ALUMÍNIO, TIPO X, PARA ELETRODUTO DE AÇO GALVANIZADO DN 32 MM (1 1/4''), APARENTE - FORNECIMENTO E INSTALAÇÃO. AF_10/2022","UN",85.34,0]
["Instalações Elétricas - Eletrodutos, Conexões e Conduletes Aparentes",95804,"CONDULETE DE PVC, TIPO B, PARA ELETRODUTO DE PVC SOLDÁVEL DN 20 MM (1/2''), APARENTE - FORNECIMENTO E INSTALAÇÃO. AF_10/2022","UN",23.32,0]
["Instalações Elétricas - Eletrodutos, Conexões e Conduletes Aparentes",95805,"CONDULETE DE PVC, TIPO B, PARA ELETRODUTO DE PVC SOLDÁVEL DN 25 MM (3/4''), APARENTE - FORNECIMENTO E INSTALAÇÃO. AF_10/2022","UN",24.7,0]
["Instalações Elétricas - Eletrodutos, Conexões e Conduletes Aparentes",95806,"CONDULETE DE PVC, TIPO B, PARA ELETRODUTO DE PVC SOLDÁVEL DN 32 MM (1''), APARENTE - FORNECIMENTO E INSTALAÇÃO. AF_10/2022","UN",27.15,0]
["Instalações Elétricas - Eletrodutos, Conexões e Conduletes Aparentes",104401,"CONDULETE DE PVC, TIPO C, PARA ELETRODUTO DE PVC SOLDÁVEL DN 20 MM (1/2''), APARENTE - FORNECIMENTO E INSTALAÇÃO. AF_10/2022","UN",25.94,0]
["Instalações Elétricas - Eletrodutos, Conexões e Conduletes Aparentes",104402,"CONDULETE DE PVC, TIPO C, PARA ELETRODUTO DE PVC SOLDÁVEL DN 25 MM (3/4''), APARENTE - FORNECIMENTO E INSTALAÇÃO. AF_10/2022","UN",27.37,0]
["Instalações Elétricas - Eletrodutos, Conexões e Conduletes Aparentes",104403,"CONDULETE DE PVC, TIPO C, PARA ELETRODUTO DE PVC SOLDÁVEL DN 32 MM (1''), APARENTE - FORNECIMENTO E INSTALAÇÃO. AF_10/2022","UN",34,0]
["Instalações Elétricas - Eletrodutos, Conexões e Conduletes Aparentes",104395,"CONDULETE DE PVC, TIPO E, PARA ELETRODUTO DE PVC SOLDÁVEL DN 20 MM (1/2''), APARENTE - FORNECIMENTO E INSTALAÇÃO. AF_10/2022","UN",22.82,0]
["Instalações Elétricas - Eletrodutos, Conexões e Conduletes Aparentes",104396,"CONDULETE DE PVC, TIPO E, PARA ELETRODUTO DE PVC SOLDÁVEL DN 25 MM (3/4''), APARENTE - FORNECIMENTO E INSTALAÇÃO. AF_10/2022","UN",23.35,0]
["Instalações Elétricas - Eletrodutos, Conexões e Conduletes Aparentes",104397,"CONDULETE DE PVC, TIPO E, PARA ELETRODUTO DE PVC SOLDÁVEL DN 32 MM (1''), APARENTE - FORNECIMENTO E INSTALAÇÃO. AF_10/2022","UN",27.79,0]
["Instalações Elétricas - Eletrodutos, Conexões e Conduletes Aparentes",95810,"CONDULETE DE PVC, TIPO LB, PARA ELETRODUTO DE PVC SOLDÁVEL DN 20 MM (1/2''), APARENTE - FORNECIMENTO E INSTALAÇÃO. AF_10/2022","UN",16.68,0]
["Instalações Elétricas - Eletrodutos, Conexões e Conduletes Aparentes",95811,"CONDULETE DE PVC, TIPO LB, PARA ELETRODUTO DE PVC SOLDÁVEL DN 25 MM (3/4''), APARENTE - FORNECIMENTO E INSTALAÇÃO. AF_10/2022","UN",20.83,0]
["Instalações Elétricas - Eletrodutos, Conexões e Conduletes Aparentes",95812,"CONDULETE DE PVC, TIPO LB, PARA ELETRODUTO DE PVC SOLDÁVEL DN 32 MM (1''), APARENTE - FORNECIMENTO E INSTALAÇÃO. AF_10/2022","UN",28.62,0]
["Instalações Elétricas - Eletrodutos, Conexões e Conduletes Aparentes",95807,"CONDULETE DE PVC, TIPO LL, PARA ELETRODUTO DE PVC SOLDÁVEL DN 20 MM (1/2''), APARENTE - FORNECIMENTO E INSTALAÇÃO. AF_10/2022","UN",27.48,0]
["Instalações Elétricas - Eletrodutos, Conexões e Conduletes Aparentes",95808,"CONDULETE DE PVC, TIPO LL, PARA ELETRODUTO DE PVC SOLDÁVEL DN 25 MM (3/4''), APARENTE - FORNECIMENTO E INSTALAÇÃO. AF_10/2022","UN",31.61,0]
["Instalações Elétricas - Eletrodutos, Conexões e Conduletes Aparentes",95809,"CONDULETE DE PVC, TIPO LL, PARA ELETRODUTO DE PVC SOLDÁVEL DN 32 MM (1''), APARENTE - FORNECIMENTO E INSTALAÇÃO. AF_10/2022","UN",39.42,0]
["Instalações Elétricas - Eletrodutos, Conexões e Conduletes Aparentes",104398,"CONDULETE DE PVC, TIPO LR, PARA ELETRODUTO DE PVC SOLDÁVEL DN 20 MM (1/2''), APARENTE - FORNECIMENTO E INSTALAÇÃO. AF_10/2022","UN",27.47,0]
["Instalações Elétricas - Eletrodutos, Conexões e Conduletes Aparentes",104399,"CONDULETE DE PVC, TIPO LR, PARA ELETRODUTO DE PVC SOLDÁVEL DN 25 MM (3/4''), APARENTE - FORNECIMENTO E INSTALAÇÃO. AF_10/2022","UN",30.26,0]
["Instalações Elétricas - Eletrodutos, Conexões e Conduletes Aparentes",104400,"CONDULETE DE PVC, TIPO LR, PARA ELETRODUTO DE PVC SOLDÁVEL DN 32 MM (1''), APARENTE - FORNECIMENTO E INSTALAÇÃO. AF_10/2022","UN",38.840000000000003,0]
["Instalações Elétricas - Eletrodutos, Conexões e Conduletes Aparentes",104404,"CONDULETE DE PVC, TIPO T, PARA ELETRODUTO DE PVC SOLDÁVEL DN 25 MM (3/4''), APARENTE - FORNECIMENTO E INSTALAÇÃO. AF_10/2022","UN",35.36,0]
["Instalações Elétricas - Eletrodutos, Conexões e Conduletes Aparentes",104405,"CONDULETE DE PVC, TIPO T, PARA ELETRODUTO DE PVC SOLDÁVEL DN 32 MM (1''), APARENTE - FORNECIMENTO E INSTALAÇÃO. AF_10/2022","UN",47.77,0]
["Instalações Elétricas - Eletrodutos, Conexões e Conduletes Aparentes",95813,"CONDULETE DE PVC, TIPO TB, PARA ELETRODUTO DE PVC SOLDÁVEL DN 20 MM (1/2''), APARENTE - FORNECIMENTO E INSTALAÇÃO. AF_10/2022","UN",19.46,0]
["Instalações Elétricas - Eletrodutos, Conexões e Conduletes Aparentes",95814,"CONDULETE DE PVC, TIPO TB, PARA ELETRODUTO DE PVC SOLDÁVEL DN 25 MM (3/4''), APARENTE - FORNECIMENTO E INSTALAÇÃO. AF_10/2022","UN",24.99,0]
["Instalações Elétricas - Eletrodutos, Conexões e Conduletes Aparentes",95815,"CONDULETE DE PVC, TIPO TB, PARA ELETRODUTO DE PVC SOLDÁVEL DN 32 MM (1''), APARENTE - FORNECIMENTO E INSTALAÇÃO. AF_10/2022","UN",36.99,0]
["Instalações Elétricas - Eletrodutos, Conexões e Conduletes Aparentes",95816,"CONDULETE DE PVC, TIPO X, PARA ELETRODUTO DE PVC SOLDÁVEL DN 20 MM (1/2''), APARENTE - FORNECIMENTO E INSTALAÇÃO. AF_10/2022","UN",33.29,0]
["Instalações Elétricas - Eletrodutos, Conexões e Conduletes Aparentes",95817,"CONDULETE DE PVC, TIPO X, PARA ELETRODUTO DE PVC SOLDÁVEL DN 25 MM (3/4\"), APARENTE - FORNECIMENTO E INSTALAÇÃO. AF_10/2022","UN",39.71,0]
["Instalações Elétricas - Eletrodutos, Conexões e Conduletes Aparentes",95818,"CONDULETE DE PVC, TIPO X, PARA ELETRODUTO DE PVC SOLDÁVEL DN 32 MM (1''), APARENTE - FORNECIMENTO E INSTALAÇÃO. AF_10/2022","UN",55.14,0]
["Instalações Elétricas - Eletrodutos, Conexões e Conduletes Aparentes",104391,"CURVA 135 GRAUS PARA ELETRODUTO, AÇO GALVANIZADO, DN 20 MM (3/4''), APARENTE - FORNECIMENTO E INSTALAÇÃO. AF_10/2022","UN",0]
["Instalações Elétricas - Eletrodutos, Conexões e Conduletes Aparentes",104392,"CURVA 135 GRAUS PARA ELETRODUTO, AÇO GALVANIZADO, DN 25 MM (1''), APARENTE - FORNECIMENTO E INSTALAÇÃO. AF_10/2022","UN",0]
["Instalações Elétricas - Eletrodutos, Conexões e Conduletes Aparentes",104393,"CURVA 135 GRAUS PARA ELETRODUTO, AÇO GALVANIZADO, DN 32 MM (1 1/4''), APARENTE - FORNECIMENTO E INSTALAÇÃO. AF_10/2022","UN",0]
["Instalações Elétricas - Eletrodutos, Conexões e Conduletes Aparentes",104394,"CURVA 135 GRAUS PARA ELETRODUTO, AÇO GALVANIZADO, DN 40 MM (1 1/2''), APARENTE - FORNECIMENTO E INSTALAÇÃO. AF_10/2022","UN",0]
["Instalações Elétricas - Eletrodutos, Conexões e Conduletes Aparentes",95761,"CURVA 45 GRAUS PARA ELETRODUTO, AÇO GALVANIZADO, DN 20 MM (3/4''), APARENTE - FORNECIMENTO E INSTALAÇÃO. AF_10/2022","UN",0]
["Instalações Elétricas - Eletrodutos, Conexões e Conduletes Aparentes",95763,"CURVA 45 GRAUS PARA ELETRODUTO, AÇO GALVANIZADO, DN 25 MM (1''), APARENTE - FORNECIMENTO E INSTALAÇÃO. AF_10/2022","UN",0]
["Instalações Elétricas - Eletrodutos, Conexões e Conduletes Aparentes",95765,"CURVA 45 GRAUS PARA ELETRODUTO, AÇO GALVANIZADO, DN 32 MM (1 1/4''), APARENTE - FORNECIMENTO E INSTALAÇÃO. AF_10/2022","UN",0]
["Instalações Elétricas - Eletrodutos, Conexões e Conduletes Aparentes",95767,"CURVA 45 GRAUS PARA ELETRODUTO, AÇO GALVANIZADO, DN 40 MM (1 1/2''), APARENTE - FORNECIMENTO E INSTALAÇÃO. AF_10/2022","UN",0]
["Instalações Elétricas - Eletrodutos, Conexões e Conduletes Aparentes",95762,"CURVA 90 GRAUS PARA ELETRODUTO, AÇO GALVANIZADO, DN 20 MM (3/4''), APARENTE - FORNECIMENTO E INSTALAÇÃO. AF_10/2022","UN",0]
["Instalações Elétricas - Eletrodutos, Conexões e Conduletes Aparentes",95764,"CURVA 90 GRAUS PARA ELETRODUTO, AÇO GALVANIZADO, DN 25 MM (1\"), APARENTE - FORNECIMENTO E INSTALAÇÃO. AF_10/2022","UN",0]
["Instalações Elétricas - Eletrodutos, Conexões e Conduletes Aparentes",95766,"CURVA 90 GRAUS PARA ELETRODUTO, AÇO GALVANIZADO, DN 32 MM (1 1/4''), APARENTE - FORNECIMENTO E INSTALAÇÃO. AF_10/2022","UN",0]
["Instalações Elétricas - Eletrodutos, Conexões e Conduletes Aparentes",95768,"CURVA 90 GRAUS PARA ELETRODUTO, AÇO GALVANIZADO, DN 40 MM (1 1/2''), APARENTE - FORNECIMENTO E INSTALAÇÃO. AF_10/2022","UN",0]
["Instalações Elétricas - Eletrodutos, Conexões e Conduletes Aparentes",95739,"CURVA 90 GRAUS PARA ELETRODUTO, PVC, SOLDÁVEL, DN 20 MM (1/2''), APARENTE - FORNECIMENTO E INSTALAÇÃO. AF_10/2022","UN",0]
["Instalações Elétricas - Eletrodutos, Conexões e Conduletes Aparentes",95740,"CURVA 90 GRAUS PARA ELETRODUTO, PVC, SOLDÁVEL, DN 25 MM (3/4''), APARENTE - FORNECIMENTO E INSTALAÇÃO. AF_10/2022","UN",0]
["Instalações Elétricas - Eletrodutos, Conexões e Conduletes Aparentes",95741,"CURVA 90 GRAUS PARA ELETRODUTO, PVC, SOLDÁVEL, DN 32 MM (1''), APARENTE - FORNECIMENTO E INSTALAÇÃO. AF_10/2022","UN",0]
["Instalações Elétricas - Eletrodutos, Conexões e Conduletes Aparentes",104409,"ELETRODUTO RIGIDO, EM ACO ZINCADO OU GALVANIZADO, TIPO PESADO, DN=1 1/2\", APARENTE - FORNECIMENTO E INSTALAÇÃO. AF_10/2022","M",0]
["Instalações Elétricas - Eletrodutos, Conexões e Conduletes Aparentes",104408,"ELETRODUTO RIGIDO, EM ACO ZINCADO OU GALVANIZADO, TIPO PESADO, DN=1 1/4\", APARENTE- FORNECIMENTO E INSTALAÇÃO. AF_10/2022","M",0]
["Instalações Elétricas - Eletrodutos, Conexões e Conduletes Aparentes",104407,"ELETRODUTO RIGIDO, EM ACO ZINCADO OU GALVANIZADO, TIPO PESADO, DN=1\", APARENTE - FORNECIMENTO E INSTALAÇÃO. AF_10/2022","M",0]
["Instalações Elétricas - Eletrodutos, Conexões e Conduletes Aparentes",104406,"ELETRODUTO RIGIDO, EM ACO ZINCADO OU GALVANIZADO, TIPO PESADO, DN=3/4\", APARENTE - FORNECIMENTO E INSTALAÇÃO. AF_10/2022","M",0]
["Instalações Elétricas - Eletrodutos, Conexões e Conduletes Aparentes",95726,"ELETRODUTO RÍGIDO SOLDÁVEL, PVC, DN 20 MM (1/2\"), APARENTE - FORNECIMENTO E INSTALAÇÃO. AF_10/2022","M",18.36,0]
["Instalações Elétricas - Eletrodutos, Conexões e Conduletes Aparentes",95727,"ELETRODUTO RÍGIDO SOLDÁVEL, PVC, DN 25 MM (3/4\"), APARENTE - FORNECIMENTO E INSTALAÇÃO. AF_10/2022","M",22.31,0]
["Instalações Elétricas - Eletrodutos, Conexões e Conduletes Aparentes",95728,"ELETRODUTO RÍGIDO SOLDÁVEL, PVC, DN 32 MM (1\"), APARENTE - FORNECIMENTO E INSTALAÇÃO. AF_10/2022","M",28.77,0]
["Instalações Elétricas - Eletrodutos, Conexões e Conduletes Aparentes",104452,"LUVA DE EMENDA PARA ELETRODUTO, AÇO GALVANIZADO, DN 20 MM (3/4''), APARENTE - FORNECIMENTO E INSTALAÇÃO. AF_10/2022","UN",0]
["Instalações Elétricas - Eletrodutos, Conexões e Conduletes Aparentes",104448,"LUVA DE EMENDA PARA ELETRODUTO, AÇO GALVANIZADO, DN 25 MM (1''), APARENTE - FORNECIMENTO E INSTALAÇÃO. AF_10/2022","UN",0]
["Instalações Elétricas - Eletrodutos, Conexões e Conduletes Aparentes",104449,"LUVA DE EMENDA PARA ELETRODUTO, AÇO GALVANIZADO, DN 32 MM (1 1/4''), APARENTE - FORNECIMENTO E INSTALAÇÃO. AF_10/2022","UN",0]
["Instalações Elétricas - Eletrodutos, Conexões e Conduletes Aparentes",104450,"LUVA DE EMENDA PARA ELETRODUTO, AÇO GALVANIZADO, DN 40 MM (1 1/2''), APARENTE - FORNECIMENTO E INSTALAÇÃO. AF_10/2022","UN",0]
["Instalações Elétricas - Eletrodutos, Conexões e Conduletes Aparentes",104445,"LUVA PARA ELETRODUTO, PVC, SOLDÁVEL, DN 20 MM (1/2''), APARENTE - FORNECIMENTO E INSTALAÇÃO. AF_10/2022","UN",0]
["Instalações Elétricas - Eletrodutos, Conexões e Conduletes Aparentes",104446,"LUVA PARA ELETRODUTO, PVC, SOLDÁVEL, DN 25 MM (3/4''), APARENTE - FORNECIMENTO E INSTALAÇÃO. AF_10/2022","UN",0]
["Instalações Elétricas - Eletrodutos, Conexões e Conduletes Aparentes",104447,"LUVA PARA ELETRODUTO, PVC, SOLDÁVEL, DN 32 MM (1''), APARENTE - FORNECIMENTO E INSTALAÇÃO. AF_10/2022","UN",0]
["Instalações Elétricas - Quadros, Cabos, Disjuntores, Contatores e Barramentos Blindados",101884,"CABO DE COBRE ISOLADO, 10 MM², ANTI-CHAMA 450/750 V, INSTALADO EM ELETROCALHA OU PERFILADO - FORNECIMENTO E INSTALAÇÃO. AF_07/2025","M",12.93,0]
["Instalações Elétricas - Quadros, Cabos, Disjuntores, Contatores e Barramentos Blindados",101886,"CABO DE COBRE ISOLADO, 16 MM², ANTI-CHAMA 450/750 V, INSTALADO EM ELETROCALHA OU PERFILADO - FORNECIMENTO E INSTALAÇÃO. AF_07/2025","M",18.53,0]
["Instalações Elétricas - Quadros, Cabos, Disjuntores, Contatores e Barramentos Blindados",101888,"CABO DE COBRE ISOLADO, 25 MM², ANTI-CHAMA 450/750 V, INSTALADO EM ELETROCALHA OU PERFILADO - FORNECIMENTO E INSTALAÇÃO. AF_07/2025","M",29.55,0]
["Instalações Elétricas - Quadros, Cabos, Disjuntores, Contatores e Barramentos Blindados",101938,"CAIXA DE PROTEÇÃO PARA MEDIDOR MONOFÁSICO DE EMBUTIR - FORNECIMENTO E INSTALAÇÃO. AF_07/2025","UN",171.36,0]
["Instalações Elétricas - Quadros, Cabos, Disjuntores, Contatores e Barramentos Blindados",101904,"CONTATOR TRIPOLAR I NOMIMAL 95A - FORNECIMENTO E INSTALAÇÃO. AF_07/2025","UN",1580.65,0]
["Instalações Elétricas - Quadros, Cabos, Disjuntores, Contatores e Barramentos Blindados",101901,"CONTATOR TRIPOLAR I NOMINAL 12A - FORNECIMENTO E INSTALAÇÃO. AF_07/2025","UN",165.14,0]
["Instalações Elétricas - Quadros, Cabos, Disjuntores, Contatores e Barramentos Blindados",101902,"CONTATOR TRIPOLAR I NOMINAL 22A - FORNECIMENTO E INSTALAÇÃO. AF_07/2025","UN",203.3,0]
["Instalações Elétricas - Quadros, Cabos, Disjuntores, Contatores e Barramentos Blindados",101903,"CONTATOR TRIPOLAR I NOMINAL 38A - FORNECIMENTO E INSTALAÇÃO. AF_07/2025","UN",422.81,0]
["Instalações Elétricas - Quadros, Cabos, Disjuntores, Contatores e Barramentos Blindados",97414,"COTOVELO PARA BARRAMENTO BLINDADO, 1000A - FORNECIMENTO E INSTALAÇÃO. AF_07/2025","UN",0]
["Instalações Elétricas - Quadros, Cabos, Disjuntores, Contatores e Barramentos Blindados",97415,"COTOVELO PARA BARRAMENTO BLINDADO, 1250A - FORNECIMENTO E INSTALAÇÃO. AF_07/2025","UN",0]
["Instalações Elétricas - Quadros, Cabos, Disjuntores, Contatores e Barramentos Blindados",97416,"COTOVELO PARA BARRAMENTO BLINDADO, 1600A - FORNECIMENTO E INSTALAÇÃO. AF_07/2025","UN",0]
["Instalações Elétricas - Quadros, Cabos, Disjuntores, Contatores e Barramentos Blindados",97417,"COTOVELO PARA BARRAMENTO BLINDADO, 2000A - FORNECIMENTO E INSTALAÇÃO. AF_07/2025","UN",0]
["Instalações Elétricas - Quadros, Cabos, Disjuntores, Contatores e Barramentos Blindados",97418,"COTOVELO PARA BARRAMENTO BLINDADO, 2500A - FORNECIMENTO E INSTALAÇÃO. AF_07/2025","UN",0]
["Instalações Elétricas - Quadros, Cabos, Disjuntores, Contatores e Barramentos Blindados",97409,"COTOVELO PARA BARRAMENTO BLINDADO, 250A - FORNECIMENTO E INSTALAÇÃO. AF_07/2025","UN",0]
["Instalações Elétricas - Quadros, Cabos, Disjuntores, Contatores e Barramentos Blindados",97410,"COTOVELO PARA BARRAMENTO BLINDADO, 350A - FORNECIMENTO E INSTALAÇÃO. AF_07/2025","UN",0]
["Instalações Elétricas - Quadros, Cabos, Disjuntores, Contatores e Barramentos Blindados",97411,"COTOVELO PARA BARRAMENTO BLINDADO, 450A - FORNECIMENTO E INSTALAÇÃO. AF_07/2025","UN",0]
["Instalações Elétricas - Quadros, Cabos, Disjuntores, Contatores e Barramentos Blindados",97412,"COTOVELO PARA BARRAMENTO BLINDADO, 550A - FORNECIMENTO E INSTALAÇÃO. AF_07/2025","UN",0]
["Instalações Elétricas - Quadros, Cabos, Disjuntores, Contatores e Barramentos Blindados",97413,"COTOVELO PARA BARRAMENTO BLINDADO, 630A - FORNECIMENTO E INSTALAÇÃO. AF_07/2025","UN",0]
["Instalações Elétricas - Quadros, Cabos, Disjuntores, Contatores e Barramentos Blindados",101900,"DISJUNTOR BAIXA TENSÃO TRIPOLAR A SECO 800A/600V - FORNECIMENTO E INSTALAÇÃO. AF_07/2025","UN",4303.29,0]
["Instalações Elétricas - Quadros, Cabos, Disjuntores, Contatores e Barramentos Blindados",106030,"DISJUNTOR BIPOLAR DR 63A - FORNECIMENTO E INSTALAÇÃO. AF_07/2025","UN",166.47,0]
["Instalações Elétricas - Quadros, Cabos, Disjuntores, Contatores e Barramentos Blindados",93660,"DISJUNTOR BIPOLAR TIPO DIN, CORRENTE NOMINAL DE 10A - FORNECIMENTO E INSTALAÇÃO. AF_07/2025","UN",54.9,0]
["Instalações Elétricas - Quadros, Cabos, Disjuntores, Contatores e Barramentos Blindados",93661,"DISJUNTOR BIPOLAR TIPO DIN, CORRENTE NOMINAL DE 16A - FORNECIMENTO E INSTALAÇÃO. AF_07/2025","UN",54.9,0]
["Instalações Elétricas - Quadros, Cabos, Disjuntores, Contatores e Barramentos Blindados",93662,"DISJUNTOR BIPOLAR TIPO DIN, CORRENTE NOMINAL DE 20A - FORNECIMENTO E INSTALAÇÃO. AF_07/2025","UN",56.84,0]
["Instalações Elétricas - Quadros, Cabos, Disjuntores, Contatores e Barramentos Blindados",93663,"DISJUNTOR BIPOLAR TIPO DIN, CORRENTE NOMINAL DE 25A - FORNECIMENTO E INSTALAÇÃO. AF_07/2025","UN",58.74,0]
["Instalações Elétricas - Quadros, Cabos, Disjuntores, Contatores e Barramentos Blindados",93664,"DISJUNTOR BIPOLAR TIPO DIN, CORRENTE NOMINAL DE 32A - FORNECIMENTO E INSTALAÇÃO. AF_07/2025","UN",61.86,0]
["Instalações Elétricas - Quadros, Cabos, Disjuntores, Contatores e Barramentos Blindados",93665,"DISJUNTOR BIPOLAR TIPO DIN, CORRENTE NOMINAL DE 40A - FORNECIMENTO E INSTALAÇÃO. AF_07/2025","UN",65.87,0]
["Instalações Elétricas - Quadros, Cabos, Disjuntores, Contatores e Barramentos Blindados",93666,"DISJUNTOR BIPOLAR TIPO DIN, CORRENTE NOMINAL DE 50A - FORNECIMENTO E INSTALAÇÃO. AF_07/2025","UN",72.069999999999993,0]
["Instalações Elétricas - Quadros, Cabos, Disjuntores, Contatores e Barramentos Blindados",93674,"DISJUNTOR BIPOLAR TIPO DR, CORRENTE NOMINAL DE 25A - FORNECIMENTO E INSTALAÇÃO. AF_07/2025","UN",140.83000000000001,0]
["Instalações Elétricas - Quadros, Cabos, Disjuntores, Contatores e Barramentos Blindados",93675,"DISJUNTOR BIPOLAR TIPO DR, CORRENTE NOMINAL DE 40A - FORNECIMENTO E INSTALAÇÃO. AF_07/2025","UN",151.03,0]
["Instalações Elétricas - Quadros, Cabos, Disjuntores, Contatores e Barramentos Blindados",101892,"DISJUNTOR BIPOLAR TIPO NEMA, CORRENTE NOMINAL DE 10 ATÉ 50A - FORNECIMENTO E INSTALAÇÃO. AF_07/2025","UN",69.260000000000005,0]
["Instalações Elétricas - Quadros, Cabos, Disjuntores, Contatores e Barramentos Blindados",93653,"DISJUNTOR MONOPOLAR TIPO DIN, CORRENTE NOMINAL DE 10A - FORNECIMENTO E INSTALAÇÃO. AF_07/2025","UN",11.59,0]
["Instalações Elétricas - Quadros, Cabos, Disjuntores, Contatores e Barramentos Blindados",93654,"DISJUNTOR MONOPOLAR TIPO DIN, CORRENTE NOMINAL DE 16A - FORNECIMENTO E INSTALAÇÃO. AF_07/2025","UN",11.59,0]
["Instalações Elétricas - Quadros, Cabos, Disjuntores, Contatores e Barramentos Blindados",93655,"DISJUNTOR MONOPOLAR TIPO DIN, CORRENTE NOMINAL DE 20A - FORNECIMENTO E INSTALAÇÃO. AF_07/2025","UN",12.57,0]
["Instalações Elétricas - Quadros, Cabos, Disjuntores, Contatores e Barramentos Blindados",93656,"DISJUNTOR MONOPOLAR TIPO DIN, CORRENTE NOMINAL DE 25A - FORNECIMENTO E INSTALAÇÃO. AF_07/2025","UN",13.52,0]
["Instalações Elétricas - Quadros, Cabos, Disjuntores, Contatores e Barramentos Blindados",93657,"DISJUNTOR MONOPOLAR TIPO DIN, CORRENTE NOMINAL DE 32A - FORNECIMENTO E INSTALAÇÃO. AF_07/2025","UN",15.13,0]
["Instalações Elétricas - Quadros, Cabos, Disjuntores, Contatores e Barramentos Blindados",93658,"DISJUNTOR MONOPOLAR TIPO DIN, CORRENTE NOMINAL DE 40A - FORNECIMENTO E INSTALAÇÃO. AF_07/2025","UN",21.55,0]
["Instalações Elétricas - Quadros, Cabos, Disjuntores, Contatores e Barramentos Blindados",93659,"DISJUNTOR MONOPOLAR TIPO DIN, CORRENTE NOMINAL DE 50A - FORNECIMENTO E INSTALAÇÃO. AF_07/2025","UN",24.65,0]
["Instalações Elétricas - Quadros, Cabos, Disjuntores, Contatores e Barramentos Blindados",101890,"DISJUNTOR MONOPOLAR TIPO NEMA, CORRENTE NOMINAL DE 10 ATÉ 30A - FORNECIMENTO E INSTALAÇÃO. AF_07/2025","UN",15.08,0]
["Instalações Elétricas - Quadros, Cabos, Disjuntores, Contatores e Barramentos Blindados",101891,"DISJUNTOR MONOPOLAR TIPO NEMA, CORRENTE NOMINAL DE 35 ATÉ 50A - FORNECIMENTO E INSTALAÇÃO. AF_07/2025","UN",27.41,0]
["Instalações Elétricas - Quadros, Cabos, Disjuntores, Contatores e Barramentos Blindados",101895,"DISJUNTOR TERMOMAGNÉTICO TRIPOLAR, CORRENTE NOMINAL DE 125A - FORNECIMENTO E INSTALAÇÃO. AF_07/2025","UN",411.65,0]
["Instalações Elétricas - Quadros, Cabos, Disjuntores, Contatores e Barramentos Blindados",101896,"DISJUNTOR TERMOMAGNÉTICO TRIPOLAR, CORRENTE NOMINAL DE 200A - FORNECIMENTO E INSTALAÇÃO. AF_07/2025","UN",614.23,0]
["Instalações Elétricas - Quadros, Cabos, Disjuntores, Contatores e Barramentos Blindados",101897,"DISJUNTOR TERMOMAGNÉTICO TRIPOLAR, CORRENTE NOMINAL DE 250A - FORNECIMENTO E INSTALAÇÃO. AF_07/2025","UN",975.27,0]
["Instalações Elétricas - Quadros, Cabos, Disjuntores, Contatores e Barramentos Blindados",101898,"DISJUNTOR TERMOMAGNÉTICO TRIPOLAR, CORRENTE NOMINAL DE 400A - FORNECIMENTO E INSTALAÇÃO. AF_07/2025","UN",1299.3800000000001,0]
["Instalações Elétricas - Quadros, Cabos, Disjuntores, Contatores e Barramentos Blindados",101899,"DISJUNTOR TERMOMAGNÉTICO TRIPOLAR, CORRENTE NOMINAL DE 600A - FORNECIMENTO E INSTALAÇÃO. AF_07/2025","UN",2070.3200000000002,0]
["Instalações Elétricas - Quadros, Cabos, Disjuntores, Contatores e Barramentos Blindados",93676,"DISJUNTOR TETRAPOLAR TIPO DR, CORRENTE NOMINAL DE 25A - FORNECIMENTO E INSTALAÇÃO. AF_07/2025","UN",169.14,0]
["Instalações Elétricas - Quadros, Cabos, Disjuntores, Contatores e Barramentos Blindados",97711,"DISJUNTOR TETRAPOLAR TIPO DR, CORRENTE NOMINAL DE 40A - FORNECIMENTO E INSTALAÇÃO. AF_07/2025","UN",184.97,0]
["Instalações Elétricas - Quadros, Cabos, Disjuntores, Contatores e Barramentos Blindados",106020,"DISJUNTOR TRIPOLAR DIN 63A - FORNECIMENTO E INSTALAÇÃO. AF_07/2025","UN",107.44,0]
["Instalações Elétricas - Quadros, Cabos, Disjuntores, Contatores e Barramentos Blindados",106031,"DISJUNTOR TRIPOLAR DIN 80A - FORNECIMENTO E INSTALAÇÃO. AF_07/2025","UN",0]
["Instalações Elétricas - Quadros, Cabos, Disjuntores, Contatores e Barramentos Blindados",93667,"DISJUNTOR TRIPOLAR TIPO DIN, CORRENTE NOMINAL DE 10A - FORNECIMENTO E INSTALAÇÃO. AF_07/2025","UN",68.98,0]
["Instalações Elétricas - Quadros, Cabos, Disjuntores, Contatores e Barramentos Blindados",93668,"DISJUNTOR TRIPOLAR TIPO DIN, CORRENTE NOMINAL DE 16A - FORNECIMENTO E INSTALAÇÃO. AF_07/2025","UN",68.98,0]
["Instalações Elétricas - Quadros, Cabos, Disjuntores, Contatores e Barramentos Blindados",93669,"DISJUNTOR TRIPOLAR TIPO DIN, CORRENTE NOMINAL DE 20A - FORNECIMENTO E INSTALAÇÃO. AF_07/2025","UN",71.900000000000006,0]
["Instalações Elétricas - Quadros, Cabos, Disjuntores, Contatores e Barramentos Blindados",93670,"DISJUNTOR TRIPOLAR TIPO DIN, CORRENTE NOMINAL DE 25A - FORNECIMENTO E INSTALAÇÃO. AF_07/2025","UN",74.739999999999995,0]
["Instalações Elétricas - Quadros, Cabos, Disjuntores, Contatores e Barramentos Blindados",93671,"DISJUNTOR TRIPOLAR TIPO DIN, CORRENTE NOMINAL DE 32A - FORNECIMENTO E INSTALAÇÃO. AF_07/2025","UN",79.42,0]
["Instalações Elétricas - Quadros, Cabos, Disjuntores, Contatores e Barramentos Blindados",93672,"DISJUNTOR TRIPOLAR TIPO DIN, CORRENTE NOMINAL DE 40A - FORNECIMENTO E INSTALAÇÃO. AF_07/2025","UN",86.54,0]
["Instalações Elétricas - Quadros, Cabos, Disjuntores, Contatores e Barramentos Blindados",93673,"DISJUNTOR TRIPOLAR TIPO DIN, CORRENTE NOMINAL DE 50A - FORNECIMENTO E INSTALAÇÃO. AF_07/2025","UN",95.85,0]
["Instalações Elétricas - Quadros, Cabos, Disjuntores, Contatores e Barramentos Blindados",101893,"DISJUNTOR TRIPOLAR TIPO NEMA, CORRENTE NOMINAL DE 10 ATÉ 50A - FORNECIMENTO E INSTALAÇÃO. AF_07/2025","UN",88.93,0]
["Instalações Elétricas - Quadros, Cabos, Disjuntores, Contatores e Barramentos Blindados",101894,"DISJUNTOR TRIPOLAR TIPO NEMA, CORRENTE NOMINAL DE 60 ATÉ 100A - FORNECIMENTO E INSTALAÇÃO. AF_07/2025","UN",153.82,0]
["Instalações Elétricas - Quadros, Cabos, Disjuntores, Contatores e Barramentos Blindados",106027,"DISPOSITIVO DPS 20KA-175V OU 275V - FORNECIMENTO E INSTALAÇÃO. AF_07/2025","UN",72.66,0]
["Instalações Elétricas - Quadros, Cabos, Disjuntores, Contatores e Barramentos Blindados",106028,"DISPOSITIVO DPS 40KA-175V OU 275V - FORNECIMENTO E INSTALAÇÃO. AF_07/2025","UN",0]
["Instalações Elétricas - Quadros, Cabos, Disjuntores, Contatores e Barramentos Blindados",106029,"DISPOSITIVO DPS 60KA-275V - FORNECIMENTO E INSTALAÇÃO. AF_07/2025","UN",0]
["Instalações Elétricas - Quadros, Cabos, Disjuntores, Contatores e Barramentos Blindados",97421,"GABARITO PARA BARRAMENTO BLINDADO - FORNECIMENTO E INSTALAÇÃO. AF_07/2025","UN",0]
["Instalações Elétricas - Quadros, Cabos, Disjuntores, Contatores e Barramentos Blindados",97373,"PEÇA RETA DE BARRAMENTO BLINDADO, 1000A - FORNECIMENTO E INSTALAÇÃO. AF_07/2025","M",0]
["Instalações Elétricas - Quadros, Cabos, Disjuntores, Contatores e Barramentos Blindados",97374,"PEÇA RETA DE BARRAMENTO BLINDADO, 1250A - FORNECIMENTO E INSTALAÇÃO. AF_07/2025","M",0]
["Instalações Elétricas - Quadros, Cabos, Disjuntores, Contatores e Barramentos Blindados",97375,"PEÇA RETA DE BARRAMENTO BLINDADO, 1600A - FORNECIMENTO E INSTALAÇÃO. AF_07/2025","M",0]
["Instalações Elétricas - Quadros, Cabos, Disjuntores, Contatores e Barramentos Blindados",97376,"PEÇA RETA DE BARRAMENTO BLINDADO, 2000A - FORNECIMENTO E INSTALAÇÃO. AF_07/2025","M",0]
["Instalações Elétricas - Quadros, Cabos, Disjuntores, Contatores e Barramentos Blindados",97377,"PEÇA RETA DE BARRAMENTO BLINDADO, 2500A - FORNECIMENTO E INSTALAÇÃO. AF_07/2025","M",0]
["Instalações Elétricas - Quadros, Cabos, Disjuntores, Contatores e Barramentos Blindados",97368,"PEÇA RETA DE BARRAMENTO BLINDADO, 250A - FORNECIMENTO E INSTALAÇÃO. AF_07/2025","M",0]
["Instalações Elétricas - Quadros, Cabos, Disjuntores, Contatores e Barramentos Blindados",97369,"PEÇA RETA DE BARRAMENTO BLINDADO, 350A - FORNECIMENTO E INSTALAÇÃO. AF_07/2025","M",0]
["Instalações Elétricas - Quadros, Cabos, Disjuntores, Contatores e Barramentos Blindados",97370,"PEÇA RETA DE BARRAMENTO BLINDADO, 450A - FORNECIMENTO E INSTALAÇÃO. AF_07/2025","M",0]
["Instalações Elétricas - Quadros, Cabos, Disjuntores, Contatores e Barramentos Blindados",97371,"PEÇA RETA DE BARRAMENTO BLINDADO, 550A - FORNECIMENTO E INSTALAÇÃO. AF_07/2025","M",0]
["Instalações Elétricas - Quadros, Cabos, Disjuntores, Contatores e Barramentos Blindados",97372,"PEÇA RETA DE BARRAMENTO BLINDADO, 630A - FORNECIMENTO E INSTALAÇÃO. AF_07/2025","M",0]
["Instalações Elétricas - Quadros, Cabos, Disjuntores, Contatores e Barramentos Blindados",101875,"QUADRO DE DISTRIBUIÇÃO DE ENERGIA EM CHAPA DE AÇO GALVANIZADO, DE EMBUTIR, COM BARRAMENTO TRIFÁSICO, PARA 12 DISJUNTORES DIN 100A - FORNECIMENTO E INSTALAÇÃO. AF_07/2025","UN",383.39,0.76459999999999995]
["Instalações Elétricas - Quadros, Cabos, Disjuntores, Contatores e Barramentos Blindados",101883,"QUADRO DE DISTRIBUIÇÃO DE ENERGIA EM CHAPA DE AÇO GALVANIZADO, DE EMBUTIR, COM BARRAMENTO TRIFÁSICO, PARA 18 DISJUNTORES DIN 100A - FORNECIMENTO E INSTALAÇÃO. AF_07/2025","UN",513.64,0.79979999999999996]
["Instalações Elétricas - Quadros, Cabos, Disjuntores, Contatores e Barramentos Blindados",101879,"QUADRO DE DISTRIBUIÇÃO DE ENERGIA EM CHAPA DE AÇO GALVANIZADO, DE EMBUTIR, COM BARRAMENTO TRIFÁSICO, PARA 24 DISJUNTORES DIN 100A - FORNECIMENTO E INSTALAÇÃO. AF_07/2025","UN",535.61,0.80600000000000005]
["Instalações Elétricas - Quadros, Cabos, Disjuntores, Contatores e Barramentos Blindados",106021,"QUADRO DE DISTRIBUIÇÃO DE ENERGIA EM CHAPA DE AÇO GALVANIZADO, DE EMBUTIR, COM BARRAMENTO TRIFÁSICO, PARA 28 DISJUNTORES DIN 100A - FORNECIMENTO E INSTALAÇÃO. AF_07/2025","UN",0]
["Instalações Elétricas - Quadros, Cabos, Disjuntores, Contatores e Barramentos Blindados",101880,"QUADRO DE DISTRIBUIÇÃO DE ENERGIA EM CHAPA DE AÇO GALVANIZADO, DE EMBUTIR, COM BARRAMENTO TRIFÁSICO, PARA 30 DISJUNTORES DIN 150A - FORNECIMENTO E INSTALAÇÃO. AF_07/2025","UN",624.11,0.79330000000000001]
["Instalações Elétricas - Quadros, Cabos, Disjuntores, Contatores e Barramentos Blindados",101882,"QUADRO DE DISTRIBUIÇÃO DE ENERGIA EM CHAPA DE AÇO GALVANIZADO, DE EMBUTIR, COM BARRAMENTO TRIFÁSICO, PARA 30 DISJUNTORES DIN 225A - FORNECIMENTO E INSTALAÇÃO. AF_07/2025","UN",1174.5999999999999,0.88990000000000002]
["Instalações Elétricas - Quadros, Cabos, Disjuntores, Contatores e Barramentos Blindados",106022,"QUADRO DE DISTRIBUIÇÃO DE ENERGIA EM CHAPA DE AÇO GALVANIZADO, DE EMBUTIR, COM BARRAMENTO TRIFÁSICO, PARA 36 DISJUNTORES DIN 100A - FORNECIMENTO E INSTALAÇÃO. AF_07/2025","UN",0]
["Instalações Elétricas - Quadros, Cabos, Disjuntores, Contatores e Barramentos Blindados",101881,"QUADRO DE DISTRIBUIÇÃO DE ENERGIA EM CHAPA DE AÇO GALVANIZADO, DE EMBUTIR, COM BARRAMENTO TRIFÁSICO, PARA 40 DISJUNTORES DIN 100A - FORNECIMENTO E INSTALAÇÃO. AF_07/2025","UN",856.26,0.84840000000000004]
["Instalações Elétricas - Quadros, Cabos, Disjuntores, Contatores e Barramentos Blindados",106023,"QUADRO DE DISTRIBUIÇÃO DE ENERGIA EM CHAPA DE AÇO GALVANIZADO, DE EMBUTIR, COM BARRAMENTO TRIFÁSICO, PARA 48 DISJUNTORES DIN 100A - FORNECIMENTO E INSTALAÇÃO. AF_07/2025","UN",0]
["Instalações Elétricas - Quadros, Cabos, Disjuntores, Contatores e Barramentos Blindados",101878,"QUADRO DE DISTRIBUIÇÃO DE ENERGIA EM CHAPA DE AÇO GALVANIZADO, DE SOBREPOR, COM BARRAMENTO TRIFÁSICO, PARA 18 DISJUNTORES DIN 100A - FORNECIMENTO E INSTALAÇÃO. AF_07/2025","UN",397.79,0.95579999999999998]
["Instalações Elétricas - Quadros, Cabos, Disjuntores, Contatores e Barramentos Blindados",106024,"QUADRO DE DISTRIBUIÇÃO DE ENERGIA EM CHAPA DE AÇO GALVANIZADO, DE SOBREPOR, COM BARRAMENTO TRIFÁSICO, PARA 28 DISJUNTORES DIN 100A - FORNECIMENTO E INSTALAÇÃO. AF_07/2025","UN",0]
["Instalações Elétricas - Quadros, Cabos, Disjuntores, Contatores e Barramentos Blindados",106025,"QUADRO DE DISTRIBUIÇÃO DE ENERGIA EM CHAPA DE AÇO GALVANIZADO, DE SOBREPOR, COM BARRAMENTO TRIFÁSICO, PARA 36 DISJUNTORES DIN 100A - FORNECIMENTO E INSTALAÇÃO. AF_07/2025","UN",0]
["Instalações Elétricas - Quadros, Cabos, Disjuntores, Contatores e Barramentos Blindados",106026,"QUADRO DE DISTRIBUIÇÃO DE ENERGIA EM CHAPA DE AÇO GALVANIZADO, DE SOBREPOR, COM BARRAMENTO TRIFÁSICO, PARA 48 DISJUNTORES DIN 100A - FORNECIMENTO E INSTALAÇÃO. AF_07/2025","UN",0]
["Instalações Elétricas - Quadros, Cabos, Disjuntores, Contatores e Barramentos Blindados",101877,"QUADRO DE DISTRIBUIÇÃO DE ENERGIA EM PVC, DE EMBUTIR, SEM BARRAMENTO, PARA 3 DISJUNTORES - FORNECIMENTO E INSTALAÇÃO. AF_07/2025","UN",90.88,0]
["Instalações Elétricas - Quadros, Cabos, Disjuntores, Contatores e Barramentos Blindados",101876,"QUADRO DE DISTRIBUIÇÃO DE ENERGIA EM PVC, DE EMBUTIR, SEM BARRAMENTO, PARA 6 DISJUNTORES - FORNECIMENTO E INSTALAÇÃO. AF_07/2025","UN",126.87,0]
["Instalações Elétricas - Quadros, Cabos, Disjuntores, Contatores e Barramentos Blindados",101873,"QUADRO DE DISTRIBUIÇÃO DE LUZ EM PVC PARA 12 DISJUNTORES - FORNECIMENTO E INSTALAÇÃO. AF_07/2025","UN",0]
["Instalações Elétricas - Quadros, Cabos, Disjuntores, Contatores e Barramentos Blindados",101874,"QUADRO DE DISTRIBUIÇÃO DE LUZ EM PVC PARA 24 DISJUNTORES - FORNECIMENTO E INSTALAÇÃO. AF_07/2025","UN",0]
["Instalações Elétricas - Quadros, Cabos, Disjuntores, Contatores e Barramentos Blindados",101871,"QUADRO DE DISTRIBUIÇÃO DE LUZ EM PVC PARA 4 DISJUNTORES - FORNECIMENTO E INSTALAÇÃO. AF_07/2025","UN",0]
["Instalações Elétricas - Quadros, Cabos, Disjuntores, Contatores e Barramentos Blindados",101872,"QUADRO DE DISTRIBUIÇÃO DE LUZ EM PVC PARA 8 DISJUNTORES - FORNECIMENTO E INSTALAÇÃO. AF_07/2025","UN",0]
["Instalações Elétricas - Quadros, Cabos, Disjuntores, Contatores e Barramentos Blindados",97360,"QUADRO DE MEDIÇÃO GERAL DE ENERGIA COM 12 MEDIDORES - FORNECIMENTO E INSTALAÇÃO. AF_07/2025","UN",8458.68,0]
["Instalações Elétricas - Quadros, Cabos, Disjuntores, Contatores e Barramentos Blindados",97361,"QUADRO DE MEDIÇÃO GERAL DE ENERGIA COM 16 MEDIDORES - FORNECIMENTO E INSTALAÇÃO. AF_07/2025","UN",11278.25,0]
["Instalações Elétricas - Quadros, Cabos, Disjuntores, Contatores e Barramentos Blindados",97359,"QUADRO DE MEDIÇÃO GERAL DE ENERGIA COM 8 MEDIDORES - FORNECIMENTO E INSTALAÇÃO. AF_07/2025","UN",4382.33,0]
["Instalações Elétricas - Quadros, Cabos, Disjuntores, Contatores e Barramentos Blindados",101946,"QUADRO DE MEDIÇÃO GERAL DE ENERGIA PARA 1 MEDIDOR DE SOBREPOR - FORNECIMENTO E INSTALAÇÃO. AF_07/2025","UN",131.82,0]
["Instalações Elétricas - Quadros, Cabos, Disjuntores, Contatores e Barramentos Blindados",97362,"QUADRO DE MEDIÇÃO GERAL DE ENERGIA PARA BARRAMENTO BLINDADO COM 4 MEDIDORES - FORNECIMENTO E INSTALAÇÃO. AF_07/2025","UN",1491.59,0.97]
["Instalações Elétricas - Rede de Distribuição",101553,"ALÇA PREFORMADA DE DISTRIBUIÇÃO, EM AÇO GALVANIZADO, AWG 1 - FORNECIMENTO E INSTALAÇÃO. AF_07/2020","UN",22.01,0]
["Instalações Elétricas - Rede de Distribuição",101554,"ALÇA PREFORMADA DE DISTRIBUIÇÃO, EM AÇO GALVANIZADO, AWG 2 - FORNECIMENTO E INSTALAÇÃO. AF_07/2020","UN",15.34,0]
["Instalações Elétricas - Rede de Distribuição",101555,"ALÇA PREFORMADA DE DISTRIBUIÇÃO, EM AÇO GALVANIZADO, AWG 4 - FORNECIMENTO E INSTALAÇÃO. AF_07/2020","UN",9.26,0]
["Instalações Elétricas - Rede de Distribuição",101556,"ALÇA PREFORMADA DE DISTRIBUIÇÃO, EM AÇO GALVANIZADO, AWG 6 - FORNECIMENTO E INSTALAÇÃO. AF_07/2020","UN",8.2899999999999991,0]
["Instalações Elétricas - Rede de Distribuição",101537,"APARELHO SINALIZADOR DE SAÍDA DE GARAGEM, COM CÉLULA FOTOELÉTRICA - FORNECIMENTO E INSTALAÇÃO. AF_07/2020","UN",96.11,0]
["Instalações Elétricas - Rede de Distribuição",101538,"ARMAÇÃO SECUNDÁRIA, COM 1 ESTRIBO E 1 ISOLADOR - FORNECIMENTO E INSTALAÇÃO. AF_07/2020","UN",62.52,5.57E-2]
["Instalações Elétricas - Rede de Distribuição",101542,"ARMAÇÃO SECUNDÁRIA, COM 1 ESTRIBO, SEM ISOLADOR - FORNECIMENTO E INSTALAÇÃO. AF_07/2020","UN",46.7,7.4499999999999997E-2]
["Instalações Elétricas - Rede de Distribuição",101539,"ARMAÇÃO SECUNDÁRIA, COM 2 ESTRIBOS E 2 ISOLADORES - FORNECIMENTO E INSTALAÇÃO. AF_07/2020","UN",101.54,6.8500000000000005E-2]
["Instalações Elétricas - Rede de Distribuição",101543,"ARMAÇÃO SECUNDÁRIA, COM 2 ESTRIBOS, SEM ISOLADOR - FORNECIMENTO E INSTALAÇÃO. AF_07/2020","UN",82.04,8.48E-2]
["Instalações Elétricas - Rede de Distribuição",101540,"ARMAÇÃO SECUNDÁRIA, COM 3 ESTRIBOS E 3 ISOLADORES - FORNECIMENTO E INSTALAÇÃO. AF_07/2020","UN",173.23,6.0299999999999999E-2]
["Instalações Elétricas - Rede de Distribuição",101544,"ARMAÇÃO SECUNDÁRIA, COM 3 ESTRIBOS, SEM ISOLADOR - FORNECIMENTO E INSTALAÇÃO. AF_07/2020","UN",132.13999999999999,7.9000000000000001E-2]
["Instalações Elétricas - Rede de Distribuição",101541,"ARMAÇÃO SECUNDÁRIA, COM 4 ESTRIBOS E 4 ISOLADORES - FORNECIMENTO E INSTALAÇÃO. AF_07/2020","UN",225.46,6.1699999999999998E-2]
["Instalações Elétricas - Rede de Distribuição",101545,"ARMAÇÃO SECUNDÁRIA, COM 4 ESTRIBOS, SEM ISOLADOR - FORNECIMENTO E INSTALAÇÃO. AF_07/2020","UN",193.29,7.1999999999999995E-2]
["Instalações Elétricas - Rede de Distribuição",101560,"CABO DE COBRE FLEXÍVEL ISOLADO, 10 MM², 0,6/1,0 KV, PARA REDE AÉREA DE DISTRIBUIÇÃO DE ENERGIA ELÉTRICA DE BAIXA TENSÃO - FORNECIMENTO E INSTALAÇÃO. AF_07/2020","M",12.34,0]
["Instalações Elétricas - Rede de Distribuição",101568,"CABO DE COBRE FLEXÍVEL ISOLADO, 120 MM², 0,6/1,0 KV, PARA REDE AÉREA DE DISTRIBUIÇÃO DE ENERGIA ELÉTRICA DE BAIXA TENSÃO - FORNECIMENTO E INSTALAÇÃO. AF_07/2020","M",150.36000000000001,0]
["Instalações Elétricas - Rede de Distribuição",101561,"CABO DE COBRE FLEXÍVEL ISOLADO, 16 MM², 0,6/1,0 KV, PARA REDE AÉREA DE DISTRIBUIÇÃO DE ENERGIA ELÉTRICA DE BAIXA TENSÃO - FORNECIMENTO E INSTALAÇÃO. AF_07/2020","M",19.600000000000001,0]
["Instalações Elétricas - Rede de Distribuição",101562,"CABO DE COBRE FLEXÍVEL ISOLADO, 25 MM², 0,6/1,0 KV, PARA REDE AÉREA DE DISTRIBUIÇÃO DE ENERGIA ELÉTRICA DE BAIXA TENSÃO - FORNECIMENTO E INSTALAÇÃO. AF_07/2020","M",30.35,0]
["Instalações Elétricas - Rede de Distribuição",101563,"CABO DE COBRE FLEXÍVEL ISOLADO, 35 MM², 0,6/1,0 KV, PARA REDE AÉREA DE DISTRIBUIÇÃO DE ENERGIA ELÉTRICA DE BAIXA TENSÃO - FORNECIMENTO E INSTALAÇÃO. AF_07/2020","M",42.86,0]
["Instalações Elétricas - Rede de Distribuição",101564,"CABO DE COBRE FLEXÍVEL ISOLADO, 50 MM², 0,6/1,0 KV, PARA REDE AÉREA DE DISTRIBUIÇÃO DE ENERGIA ELÉTRICA DE BAIXA TENSÃO - FORNECIMENTO E INSTALAÇÃO. AF_07/2020","M",63.34,0]
["Instalações Elétricas - Rede de Distribuição",101565,"CABO DE COBRE FLEXÍVEL ISOLADO, 70 MM², 0,6/1,0 KV, PARA REDE AÉREA DE DISTRIBUIÇÃO DE ENERGIA ELÉTRICA DE BAIXA TENSÃO - FORNECIMENTO E INSTALAÇÃO. AF_07/2020","M",88.59,0]
["Instalações Elétricas - Rede de Distribuição",101567,"CABO DE COBRE FLEXÍVEL ISOLADO, 95 MM², 0,6/1,0 KV, PARA REDE AÉREA DE DISTRIBUIÇÃO DE ENERGIA ELÉTRICA DE BAIXA TENSÃO - FORNECIMENTO E INSTALAÇÃO. AF_07/2020","M",114.98,0]
["Instalações Elétricas - Rede de Distribuição",101551,"CONECTOR CUNHA, PARA REDES AÉREAS DE DISTRIBUIÇÃO DE ENERGIA ELÉTRICA DE BAIXA TENSÃO - FORNECIMENTO E INSTALAÇÃO. AF_07/2020","UN",0]
["Instalações Elétricas - Rede de Distribuição",101552,"CONECTOR H, PARA REDES AÉREAS DE DISTRIBUIÇÃO DE ENERGIA ELÉTRICA DE BAIXA TENSÃO - FORNECIMENTO E INSTALAÇÃO. AF_07/2020","UN",0]
["Instalações Elétricas - Rede de Distribuição",101550,"CONECTOR PERFURANTE, PARA REDES AÉREAS DE DISTRIBUIÇÃO DE ENERGIA ELÉTRICA DE BAIXA TENSÃO - FORNECIMENTO E INSTALAÇÃO. AF_07/2020","UN",0]
["Instalações Elétricas - Rede de Distribuição",101501,"ENTRADA DE ENERGIA ELÉTRICA, AÉREA, BIFÁSICA, COM CAIXA DE EMBUTIR, CABO DE 10 MM2 E DISJUNTOR DIN 50A (NÃO INCLUSO O POSTE DE CONCRETO). AF_07/2020_PS","UN",1978.28,2.53E-2]
["Instalações Elétricas - Rede de Distribuição",101502,"ENTRADA DE ENERGIA ELÉTRICA, AÉREA, BIFÁSICA, COM CAIXA DE EMBUTIR, CABO DE 16 MM2 E DISJUNTOR DIN 50A (NÃO INCLUSO O POSTE DE CONCRETO). AF_07/2020_PS","UN",2157.94,2.3199999999999998E-2]
["Instalações Elétricas - Rede de Distribuição",101503,"ENTRADA DE ENERGIA ELÉTRICA, AÉREA, BIFÁSICA, COM CAIXA DE EMBUTIR, CABO DE 25 MM2 E DISJUNTOR DIN 50A (NÃO INCLUSO O POSTE DE CONCRETO). AF_07/2020_PS","UN",2212.2199999999998,2.2599999999999999E-2]
["Instalações Elétricas - Rede de Distribuição",101504,"ENTRADA DE ENERGIA ELÉTRICA, AÉREA, BIFÁSICA, COM CAIXA DE EMBUTIR, CABO DE 35 MM2 E DISJUNTOR DIN 50A (NÃO INCLUSO O POSTE DE CONCRETO). AF_07/2020_PS","UN",2457.5500000000002,2.0400000000000001E-2]
["Instalações Elétricas - Rede de Distribuição",101497,"ENTRADA DE ENERGIA ELÉTRICA, AÉREA, BIFÁSICA, COM CAIXA DE SOBREPOR, CABO DE 10 MM2 E DISJUNTOR DIN 50A (NÃO INCLUSO O POSTE DE CONCRETO). AF_07/2020_PS","UN",1985,2.52E-2]
["Instalações Elétricas - Rede de Distribuição",101498,"ENTRADA DE ENERGIA ELÉTRICA, AÉREA, BIFÁSICA, COM CAIXA DE SOBREPOR, CABO DE 16 MM2 E DISJUNTOR DIN 50A (NÃO INCLUSO O POSTE DE CONCRETO). AF_07/2020_PS","UN",2164.66,2.3099999999999999E-2]
["Instalações Elétricas - Rede de Distribuição",101499,"ENTRADA DE ENERGIA ELÉTRICA, AÉREA, BIFÁSICA, COM CAIXA DE SOBREPOR, CABO DE 25 MM2 E DISJUNTOR DIN 50A (NÃO INCLUSO O POSTE DE CONCRETO). AF_07/2020_PS","UN",2218.94,2.2599999999999999E-2]
["Instalações Elétricas - Rede de Distribuição",101500,"ENTRADA DE ENERGIA ELÉTRICA, AÉREA, BIFÁSICA, COM CAIXA DE SOBREPOR, CABO DE 35 MM2 E DISJUNTOR DIN 50A (NÃO INCLUSO O POSTE DE CONCRETO). AF_07/2020_PS","UN",2464.27,2.0299999999999999E-2]
["Instalações Elétricas - Rede de Distribuição",101493,"ENTRADA DE ENERGIA ELÉTRICA, AÉREA, MONOFÁSICA, COM CAIXA DE EMBUTIR, CABO DE 10 MM2 E DISJUNTOR DIN 50A (NÃO INCLUSO O POSTE DE CONCRETO). AF_07/2020_PS","UN",1674.74,2.9899999999999999E-2]
["Instalações Elétricas - Rede de Distribuição",101494,"ENTRADA DE ENERGIA ELÉTRICA, AÉREA, MONOFÁSICA, COM CAIXA DE EMBUTIR, CABO DE 16 MM2 E DISJUNTOR DIN 50A (NÃO INCLUSO O POSTE DE CONCRETO). AF_07/2020_PS","UN",1793.43,2.7900000000000001E-2]
["Instalações Elétricas - Rede de Distribuição",101495,"ENTRADA DE ENERGIA ELÉTRICA, AÉREA, MONOFÁSICA, COM CAIXA DE EMBUTIR, CABO DE 25 MM2 E DISJUNTOR DIN 50A (NÃO INCLUSO O POSTE DE CONCRETO). AF_07/2020_PS","UN",1829.29,2.7400000000000001E-2]
["Instalações Elétricas - Rede de Distribuição",101496,"ENTRADA DE ENERGIA ELÉTRICA, AÉREA, MONOFÁSICA, COM CAIXA DE EMBUTIR, CABO DE 35 MM2 E DISJUNTOR DIN 50A (NÃO INCLUSO O POSTE DE CONCRETO). AF_07/2020_PS","UN",2002.93,2.5000000000000001E-2]
["Instalações Elétricas - Rede de Distribuição",101489,"ENTRADA DE ENERGIA ELÉTRICA, AÉREA, MONOFÁSICA, COM CAIXA DE SOBREPOR, CABO DE 10 MM2 E DISJUNTOR DIN 50A (NÃO INCLUSO O POSTE DE CONCRETO). AF_07/2020_PS","UN",1690.78,2.9600000000000001E-2]
["Instalações Elétricas - Rede de Distribuição",101490,"ENTRADA DE ENERGIA ELÉTRICA, AÉREA, MONOFÁSICA, COM CAIXA DE SOBREPOR, CABO DE 16 MM2 E DISJUNTOR DIN 50A (NÃO INCLUSO O POSTE DE CONCRETO). AF_07/2020_PS","UN",1809.47,2.7699999999999999E-2]
["Instalações Elétricas - Rede de Distribuição",101491,"ENTRADA DE ENERGIA ELÉTRICA, AÉREA, MONOFÁSICA, COM CAIXA DE SOBREPOR, CABO DE 25 MM2 E DISJUNTOR DIN 50A (NÃO INCLUSO O POSTE DE CONCRETO). AF_07/2020_PS","UN",1845.33,2.7099999999999999E-2]
["Instalações Elétricas - Rede de Distribuição",101492,"ENTRADA DE ENERGIA ELÉTRICA, AÉREA, MONOFÁSICA, COM CAIXA DE SOBREPOR, CABO DE 35 MM2 E DISJUNTOR DIN 50A (NÃO INCLUSO O POSTE DE CONCRETO). AF_07/2020_PS","UN",2018.97,2.4799999999999999E-2]
["Instalações Elétricas - Rede de Distribuição",101509,"ENTRADA DE ENERGIA ELÉTRICA, AÉREA, TRIFÁSICA, COM CAIXA DE EMBUTIR, CABO DE 10 MM2 E DISJUNTOR DIN 50A (NÃO INCLUSO O POSTE DE CONCRETO). AF_07/2020","UN",2086.4,0.12909999999999999]
["Instalações Elétricas - Rede de Distribuição",101510,"ENTRADA DE ENERGIA ELÉTRICA, AÉREA, TRIFÁSICA, COM CAIXA DE EMBUTIR, CABO DE 16 MM2 E DISJUNTOR DIN 50A (NÃO INCLUSO O POSTE DE CONCRETO). AF_07/2020","UN",2325.94,0.1158]
["Instalações Elétricas - Rede de Distribuição",101511,"ENTRADA DE ENERGIA ELÉTRICA, AÉREA, TRIFÁSICA, COM CAIXA DE EMBUTIR, CABO DE 25 MM2 E DISJUNTOR DIN 50A (NÃO INCLUSO O POSTE DE CONCRETO). AF_07/2020","UN",2398.31,0.1123]
["Instalações Elétricas - Rede de Distribuição",101512,"ENTRADA DE ENERGIA ELÉTRICA, AÉREA, TRIFÁSICA, COM CAIXA DE EMBUTIR, CABO DE 35 MM2 E DISJUNTOR DIN 50A (NÃO INCLUSO O POSTE DE CONCRETO). AF_07/2020","UN",2714.08,9.9299999999999999E-2]
["Instalações Elétricas - Rede de Distribuição",101505,"ENTRADA DE ENERGIA ELÉTRICA, AÉREA, TRIFÁSICA, COM CAIXA DE SOBREPOR, CABO DE 10 MM2 E DISJUNTOR DIN 50A (NÃO INCLUSO O POSTE DE CONCRETO). AF_07/2020_PS","UN",2113.62,2.3699999999999999E-2]
["Instalações Elétricas - Rede de Distribuição",101506,"ENTRADA DE ENERGIA ELÉTRICA, AÉREA, TRIFÁSICA, COM CAIXA DE SOBREPOR, CABO DE 16 MM2 E DISJUNTOR DIN 50A (NÃO INCLUSO O POSTE DE CONCRETO). AF_07/2020_PS","UN",2353.16,2.1299999999999999E-2]
["Instalações Elétricas - Rede de Distribuição",101507,"ENTRADA DE ENERGIA ELÉTRICA, AÉREA, TRIFÁSICA, COM CAIXA DE SOBREPOR, CABO DE 25 MM2 E DISJUNTOR DIN 50A (NÃO INCLUSO O POSTE DE CONCRETO). AF_07/2020_PS","UN",2425.5300000000002,2.06E-2]
["Instalações Elétricas - Rede de Distribuição",101508,"ENTRADA DE ENERGIA ELÉTRICA, AÉREA, TRIFÁSICA, COM CAIXA DE SOBREPOR, CABO DE 35 MM2 E DISJUNTOR DIN 50A (NÃO INCLUSO O POSTE DE CONCRETO). AF_07/2020_PS","UN",2741.3,1.83E-2]
["Instalações Elétricas - Rede de Distribuição",101525,"ENTRADA DE ENERGIA ELÉTRICA, SUBTERRÂNEA, BIFÁSICA, COM CAIXA DE EMBUTIR, CABO DE 10 MM2 E DISJUNTOR DIN 50A (NÃO INCLUSA MURETA DE ALVENARIA). AF_07/2020_PS","UN",1180.8699999999999,0]
["Instalações Elétricas - Rede de Distribuição",101526,"ENTRADA DE ENERGIA ELÉTRICA, SUBTERRÂNEA, BIFÁSICA, COM CAIXA DE EMBUTIR, CABO DE 16 MM2 E DISJUNTOR DIN 50A (NÃO INCLUSA MURETA DE ALVENARIA). AF_07/2020_PS","UN",1394.51,0]
["Instalações Elétricas - Rede de Distribuição",101527,"ENTRADA DE ENERGIA ELÉTRICA, SUBTERRÂNEA, BIFÁSICA, COM CAIXA DE EMBUTIR, CABO DE 25 MM2 E DISJUNTOR DIN 50A (NÃO INCLUSA MURETA DE ALVENARIA). AF_07/2020_PS","UN",1459.06,0]
["Instalações Elétricas - Rede de Distribuição",101528,"ENTRADA DE ENERGIA ELÉTRICA, SUBTERRÂNEA, BIFÁSICA, COM CAIXA DE EMBUTIR, CABO DE 35 MM2 E DISJUNTOR DIN 50A (NÃO INCLUSA MURETA DE ALVENARIA). AF_07/2020_PS","UN",1710.32,0]
["Instalações Elétricas - Rede de Distribuição",101521,"ENTRADA DE ENERGIA ELÉTRICA, SUBTERRÂNEA, BIFÁSICA, COM CAIXA DE SOBREPOR, CABO DE 10 MM2 E DISJUNTOR DIN 50A (NÃO INCLUSA MURETA DE ALVENARIA). AF_07/2020_PS","UN",1187.5999999999999,0]
["Instalações Elétricas - Rede de Distribuição",101522,"ENTRADA DE ENERGIA ELÉTRICA, SUBTERRÂNEA, BIFÁSICA, COM CAIXA DE SOBREPOR, CABO DE 16 MM2 E DISJUNTOR DIN 50A (NÃO INCLUSA MURETA DE ALVENARIA). AF_07/2020_PS","UN",1401.24,0]
["Instalações Elétricas - Rede de Distribuição",101523,"ENTRADA DE ENERGIA ELÉTRICA, SUBTERRÂNEA, BIFÁSICA, COM CAIXA DE SOBREPOR, CABO DE 25 MM2 E DISJUNTOR DIN 50A (NÃO INCLUSA MURETA DE ALVENARIA). AF_07/2020_PS","UN",1465.79,0]
["Instalações Elétricas - Rede de Distribuição",101524,"ENTRADA DE ENERGIA ELÉTRICA, SUBTERRÂNEA, BIFÁSICA, COM CAIXA DE SOBREPOR, CABO DE 35 MM2 E DISJUNTOR DIN 50A (NÃO INCLUSA MURETA DE ALVENARIA). AF_07/2020_PS","UN",1717.05,0]
["Instalações Elétricas - Rede de Distribuição",101517,"ENTRADA DE ENERGIA ELÉTRICA, SUBTERRÂNEA, MONOFÁSICA, COM CAIXA DE EMBUTIR, CABO DE 10 MM2 E DISJUNTOR DIN 50A (NÃO INCLUSA MURETA DE ALVENARIA). AF_07/2020_PS","UN",859.37,0]
["Instalações Elétricas - Rede de Distribuição",101518,"ENTRADA DE ENERGIA ELÉTRICA, SUBTERRÂNEA, MONOFÁSICA, COM CAIXA DE EMBUTIR, CABO DE 16 MM2 E DISJUNTOR DIN 50A (NÃO INCLUSA MURETA DE ALVENARIA). AF_07/2020_PS","UN",1001.8,0]
["Instalações Elétricas - Rede de Distribuição",101519,"ENTRADA DE ENERGIA ELÉTRICA, SUBTERRÂNEA, MONOFÁSICA, COM CAIXA DE EMBUTIR, CABO DE 25 MM2 E DISJUNTOR DIN 50A (NÃO INCLUSA MURETA DE ALVENARIA). AF_07/2020_PS","UN",1044.83,0]
["Instalações Elétricas - Rede de Distribuição",101520,"ENTRADA DE ENERGIA ELÉTRICA, SUBTERRÂNEA, MONOFÁSICA, COM CAIXA DE EMBUTIR, CABO DE 35 MM2 E DISJUNTOR DIN 50A (NÃO INCLUSA MURETA DE ALVENARIA). AF_07/2020_PS","UN",1212.3399999999999,0]
["Instalações Elétricas - Rede de Distribuição",101513,"ENTRADA DE ENERGIA ELÉTRICA, SUBTERRÂNEA, MONOFÁSICA, COM CAIXA DE SOBREPOR, CABO DE 10 MM2 E DISJUNTOR DIN 50A (NÃO INCLUSA MURETA DE ALVENARIA). AF_07/2020_PS","UN",875.42,0]
["Instalações Elétricas - Rede de Distribuição",101514,"ENTRADA DE ENERGIA ELÉTRICA, SUBTERRÂNEA, MONOFÁSICA, COM CAIXA DE SOBREPOR, CABO DE 16 MM2 E DISJUNTOR DIN 50A (NÃO INCLUSA MURETA DE ALVENARIA). AF_07/2020_PS","UN",1017.85,0]
["Instalações Elétricas - Rede de Distribuição",101515,"ENTRADA DE ENERGIA ELÉTRICA, SUBTERRÂNEA, MONOFÁSICA, COM CAIXA DE SOBREPOR, CABO DE 25 MM2 E DISJUNTOR DIN 50A (NÃO INCLUSA MURETA DE ALVENARIA). AF_07/2020_PS","UN",1060.8800000000001,0]
["Instalações Elétricas - Rede de Distribuição",101516,"ENTRADA DE ENERGIA ELÉTRICA, SUBTERRÂNEA, MONOFÁSICA, COM CAIXA DE SOBREPOR, CABO DE 35 MM2 E DISJUNTOR DIN 50A (NÃO INCLUSA MURETA DE ALVENARIA). AF_07/2020_PS","UN",1228.3900000000001,0]
["Instalações Elétricas - Rede de Distribuição",101533,"ENTRADA DE ENERGIA ELÉTRICA, SUBTERRÂNEA, TRIFÁSICA, COM CAIXA DE EMBUTIR, CABO DE 10 MM2 E DISJUNTOR DIN 50A (NÃO INCLUSA MURETA DE ALVENARIA). AF_07/2020","UN",1308.82,0.1676]
["Instalações Elétricas - Rede de Distribuição",101534,"ENTRADA DE ENERGIA ELÉTRICA, SUBTERRÂNEA, TRIFÁSICA, COM CAIXA DE EMBUTIR, CABO DE 16 MM2 E DISJUNTOR DIN 50A (NÃO INCLUSA MURETA DE ALVENARIA). AF_07/2020","UN",1593.68,0.1376]
["Instalações Elétricas - Rede de Distribuição",101535,"ENTRADA DE ENERGIA ELÉTRICA, SUBTERRÂNEA, TRIFÁSICA, COM CAIXA DE EMBUTIR, CABO DE 25 MM2 E DISJUNTOR DIN 50A (NÃO INCLUSA MURETA DE ALVENARIA). AF_07/2020","UN",1679.74,0.13059999999999999]
["Instalações Elétricas - Rede de Distribuição",101536,"ENTRADA DE ENERGIA ELÉTRICA, SUBTERRÂNEA, TRIFÁSICA, COM CAIXA DE EMBUTIR, CABO DE 35 MM2 E DISJUNTOR DIN 50A (NÃO INCLUSA MURETA DE ALVENARIA). AF_07/2020","UN",2014.76,0.1089]
["Instalações Elétricas - Rede de Distribuição",101529,"ENTRADA DE ENERGIA ELÉTRICA, SUBTERRÂNEA, TRIFÁSICA, COM CAIXA DE SOBREPOR, CABO DE 10 MM2 E DISJUNTOR DIN 50A (NÃO INCLUSA MURETA DE ALVENARIA). AF_07/2020_PS","UN",1336.05,0]
["Instalações Elétricas - Rede de Distribuição",101530,"ENTRADA DE ENERGIA ELÉTRICA, SUBTERRÂNEA, TRIFÁSICA, COM CAIXA DE SOBREPOR, CABO DE 16 MM2 E DISJUNTOR DIN 50A (NÃO INCLUSA MURETA DE ALVENARIA). AF_07/2020_PS","UN",1620.91,0]
["Instalações Elétricas - Rede de Distribuição",101531,"ENTRADA DE ENERGIA ELÉTRICA, SUBTERRÂNEA, TRIFÁSICA, COM CAIXA DE SOBREPOR, CABO DE 25 MM2 E DISJUNTOR DIN 50A (NÃO INCLUSA MURETA DE ALVENARIA). AF_07/2020_PS","UN",1706.97,0]
["Instalações Elétricas - Rede de Distribuição",101532,"ENTRADA DE ENERGIA ELÉTRICA, SUBTERRÂNEA, TRIFÁSICA, COM CAIXA DE SOBREPOR, CABO DE 35 MM2 E DISJUNTOR DIN 50A (NÃO INCLUSA MURETA DE ALVENARIA). AF_07/2020_PS","UN",2041.99,0]
["Instalações Elétricas - Rede de Distribuição",101549,"GRAMPO PARALELO METÁLICO, PARA REDES AÉREAS DE DISTRIBUIÇÃO DE ENERGIA ELÉTRICA DE BAIXA TENSÃO - FORNECIMENTO E INSTALAÇÃO. AF_07/2020","UN",20.34,0]
["Instalações Elétricas - Rede de Distribuição",101547,"ISOLADOR, TIPO DISCO, PARA TENSÃO 15 KV - FORNECIMENTO E INSTALAÇÃO. AF_07/2020","UN",152.33000000000001,0]
["Instalações Elétricas - Rede de Distribuição",101546,"ISOLADOR, TIPO PINO, PARA TENSÃO 15 KV - FORNECIMENTO E INSTALAÇÃO. AF_07/2020","UN",48.05,0]
["Instalações Elétricas - Rede de Distribuição",101548,"ISOLADOR, TIPO ROLDANA, PARA BAIXA TENSÃO - FORNECIMENTO E INSTALAÇÃO. AF_07/2020","UN",11.27,0]
["Instalações Hidráulicas - Reservação e Bombas de Recalque",94764,"ADAPTADOR COM FLANGE E ANEL DE VEDAÇÃO, CPVC, ROSCÁVEL, DN 15 MM, INSTALADO EM RESERVAÇÃO PREDIAL DE ÁGUA - FORNECIMENTO E INSTALAÇÃO. AF_04/2024","UN",37.729999999999997,0.79620000000000002]
["Instalações Hidráulicas - Reservação e Bombas de Recalque",94765,"ADAPTADOR COM FLANGE E ANEL DE VEDAÇÃO, CPVC, ROSCÁVEL, DN 22 MM, INSTALADO EM RESERVAÇÃO PREDIAL DE ÁGUA - FORNECIMENTO E INSTALAÇÃO. AF_04/2024","UN",41.54,0.8014]
["Instalações Hidráulicas - Reservação e Bombas de Recalque",94766,"ADAPTADOR COM FLANGE E ANEL DE VEDAÇÃO, CPVC, ROSCÁVEL, DN 28 MM, INSTALADO EM RESERVAÇÃO PREDIAL DE ÁGUA - FORNECIMENTO E INSTALAÇÃO. AF_04/2024","UN",46.42,0.81]
["Instalações Hidráulicas - Reservação e Bombas de Recalque",94767,"ADAPTADOR COM FLANGE E ANEL DE VEDAÇÃO, CPVC, ROSCÁVEL, DN 35 MM, INSTALADO EM RESERVAÇÃO PREDIAL DE ÁGUA - FORNECIMENTO E INSTALAÇÃO. AF_04/2024","UN",68.91,0.86329999999999996]
["Instalações Hidráulicas - Reservação e Bombas de Recalque",94768,"ADAPTADOR COM FLANGE E ANEL DE VEDAÇÃO, CPVC, ROSCÁVEL, DN 42 MM, INSTALADO EM RESERVAÇÃO PREDIAL DE ÁGUA - FORNECIMENTO E INSTALAÇÃO. AF_04/2024","UN",78.069999999999993,0.87090000000000001]
["Instalações Hidráulicas - Reservação e Bombas de Recalque",94769,"ADAPTADOR COM FLANGE E ANEL DE VEDAÇÃO, CPVC, ROSCÁVEL, DN 54 MM, INSTALADO EM RESERVAÇÃO PREDIAL DE ÁGUA - FORNECIMENTO E INSTALAÇÃO. AF_04/2024","UN",104.33,0.89459999999999995]
["Instalações Hidráulicas - Reservação e Bombas de Recalque",94783,"ADAPTADOR COM FLANGE E ANEL DE VEDAÇÃO, PVC, SOLDÁVEL, DN 20 MM X 1/2\", INSTALADO EM RESERVAÇÃO PREDIAL DE ÁGUA - FORNECIMENTO E INSTALAÇÃO. AF_04/2024","UN",18.46,0]
["Instalações Hidráulicas - Reservação e Bombas de Recalque",94703,"ADAPTADOR COM FLANGE E ANEL DE VEDAÇÃO, PVC, SOLDÁVEL, DN 25 MM X 3/4\", INSTALADO EM RESERVAÇÃO PREDIAL DE ÁGUA - FORNECIMENTO E INSTALAÇÃO. AF_04/2024","UN",19.72,0]
["Instalações Hidráulicas - Reservação e Bombas de Recalque",94704,"ADAPTADOR COM FLANGE E ANEL DE VEDAÇÃO, PVC, SOLDÁVEL, DN 32 MM X 1\", INSTALADO EM RESERVAÇÃO PREDIAL DE ÁGUA - FORNECIMENTO E INSTALAÇÃO. AF_04/2024","UN",26.19,0]
["Instalações Hidráulicas - Reservação e Bombas de Recalque",94705,"ADAPTADOR COM FLANGE E ANEL DE VEDAÇÃO, PVC, SOLDÁVEL, DN 40 MM X 1 1/4\", INSTALADO EM RESERVAÇÃO PREDIAL DE ÁGUA - FORNECIMENTO E INSTALAÇÃO. AF_04/2024","UN",35.67,0]
["Instalações Hidráulicas - Reservação e Bombas de Recalque",94706,"ADAPTADOR COM FLANGE E ANEL DE VEDAÇÃO, PVC, SOLDÁVEL, DN 50 MM X 1 1/2\", INSTALADO EM RESERVAÇÃO PREDIAL DE ÁGUA - FORNECIMENTO E INSTALAÇÃO. AF_04/2024","UN",34.880000000000003,0]
["Instalações Hidráulicas - Reservação e Bombas de Recalque",94707,"ADAPTADOR COM FLANGE E ANEL DE VEDAÇÃO, PVC, SOLDÁVEL, DN 60 MM X 2\", INSTALADO EM RESERVAÇÃO PREDIAL DE ÁGUA - FORNECIMENTO E INSTALAÇÃO. AF_04/2024","UN",54.85,0]
["Instalações Hidráulicas - Reservação e Bombas de Recalque",94715,"ADAPTADOR COM FLANGES LIVRES, PVC, SOLDÁVEL, DN 110 MM X 4\", INSTALADO EM RESERVAÇÃO PREDIAL DE ÁGUA - FORNECIMENTO E INSTALAÇÃO. AF_04/2024","UN",282.95,0]
["Instalações Hidráulicas - Reservação e Bombas de Recalque",94713,"ADAPTADOR COM FLANGES LIVRES, PVC, SOLDÁVEL, DN 75 MM X 2 1/2\", INSTALADO EM RESERVAÇÃO PREDIAL DE ÁGUA - FORNECIMENTO E INSTALAÇÃO. AF_04/2024","UN",226.9,0]
["Instalações Hidráulicas - Reservação e Bombas de Recalque",94714,"ADAPTADOR COM FLANGES LIVRES, PVC, SOLDÁVEL, DN 85 MM X 3\", INSTALADO EM RESERVAÇÃO PREDIAL DE ÁGUA - FORNECIMENTO E INSTALAÇÃO. AF_04/2024","UN",318.2,0]
["Instalações Hidráulicas - Reservação e Bombas de Recalque",94670,"ADAPTADOR CURTO COM BOLSA E ROSCA PARA REGISTRO, PVC, SOLDÁVEL, DN 110 MM X 4\", INSTALADO EM RESERVAÇÃO PREDIAL DE ÁGUA - FORNECIMENTO E INSTALAÇÃO. AF_04/2024","UN",67.180000000000007,0]
["Instalações Hidráulicas - Reservação e Bombas de Recalque",94656,"ADAPTADOR CURTO COM BOLSA E ROSCA PARA REGISTRO, PVC, SOLDÁVEL, DN 25 MM X 3/4\", INSTALADO EM RESERVAÇÃO PREDIAL DE ÁGUA - FORNECIMENTO E INSTALAÇÃO. AF_04/2024","UN",3.48,0]
["Instalações Hidráulicas - Reservação e Bombas de Recalque",94658,"ADAPTADOR CURTO COM BOLSA E ROSCA PARA REGISTRO, PVC, SOLDÁVEL, DN 32 MM X 1\", INSTALADO EM RESERVAÇÃO PREDIAL DE ÁGUA - FORNECIMENTO E INSTALAÇÃO. AF_04/2024","UN",5.19,0]
["Instalações Hidráulicas - Reservação e Bombas de Recalque",94660,"ADAPTADOR CURTO COM BOLSA E ROSCA PARA REGISTRO, PVC, SOLDÁVEL, DN 40 MM X 1 1/4\", INSTALADO EM RESERVAÇÃO PREDIAL DE ÁGUA - FORNECIMENTO E INSTALAÇÃO. AF_04/2024","UN",8.1999999999999993,0]
["Instalações Hidráulicas - Reservação e Bombas de Recalque",94662,"ADAPTADOR CURTO COM BOLSA E ROSCA PARA REGISTRO, PVC, SOLDÁVEL, DN 50 MM X 1 1/2\", INSTALADO EM RESERVAÇÃO PREDIAL DE ÁGUA - FORNECIMENTO E INSTALAÇÃO. AF_04/2024","UN",10.78,0]
["Instalações Hidráulicas - Reservação e Bombas de Recalque",94664,"ADAPTADOR CURTO COM BOLSA E ROSCA PARA REGISTRO, PVC, SOLDÁVEL, DN 60 MM X 2\", INSTALADO EM RESERVAÇÃO PREDIAL DE ÁGUA - FORNECIMENTO E INSTALAÇÃO. AF_04/2024","UN",19.59,0]
["Instalações Hidráulicas - Reservação e Bombas de Recalque",94666,"ADAPTADOR CURTO COM BOLSA E ROSCA PARA REGISTRO, PVC, SOLDÁVEL, DN 75 MM X 2 1/2\", INSTALADO EM RESERVAÇÃO PREDIAL DE ÁGUA - FORNECIMENTO E INSTALAÇÃO. AF_04/2024","UN",31.79,0]
["Instalações Hidráulicas - Reservação e Bombas de Recalque",94668,"ADAPTADOR CURTO COM BOLSA E ROSCA PARA REGISTRO, PVC, SOLDÁVEL, DN 85 MM X 3\", INSTALADO EM RESERVAÇÃO PREDIAL DE ÁGUA - FORNECIMENTO E INSTALAÇÃO. AF_04/2024","UN",42.22,0]
["Instalações Hidráulicas - Reservação e Bombas de Recalque",105215,"BUCHA DE REDUÇÃO CPVC, SOLDÁVEL, DN 28 X 22 MM, INSTALADO EM RESERVAÇÃO PREDIAL DE ÁGUA - FORNECIMENTO E INSTALAÇÃO. AF_04/2024","UN",9.27,0.4617]
["Instalações Hidráulicas - Reservação e Bombas de Recalque",105216,"BUCHA DE REDUÇÃO CPVC, SOLDÁVEL, DN 35 X 28 MM, INSTALADO EM RESERVAÇÃO PREDIAL DE ÁGUA - FORNECIMENTO E INSTALAÇÃO. AF_04/2024","UN",35.67,0.82]
["Instalações Hidráulicas - Reservação e Bombas de Recalque",105217,"BUCHA DE REDUÇÃO CPVC, SOLDÁVEL, DN 42 X 22 MM, INSTALADO EM RESERVAÇÃO PREDIAL DE ÁGUA - FORNECIMENTO E INSTALAÇÃO. AF_04/2024","UN",40.24,0.83599999999999997]
["Instalações Hidráulicas - Reservação e Bombas de Recalque",105214,"BUCHA DE REDUÇÃO CPVC, SOLDÁVEL, DN 54 X 28 MM, INSTALADO EM RESERVAÇÃO PREDIAL DE ÁGUA - FORNECIMENTO E INSTALAÇÃO. AF_04/2024","UN",41.96,0.79049999999999998]
["Instalações Hidráulicas - Reservação e Bombas de Recalque",105218,"BUCHA DE REDUÇÃO CPVC, SOLDÁVEL, DN 54 X 35 MM, INSTALADO EM RESERVAÇÃO PREDIAL DE ÁGUA - FORNECIMENTO E INSTALAÇÃO. AF_04/2024","UN",69.95,0.86329999999999996]
["Instalações Hidráulicas - Reservação e Bombas de Recalque",105213,"BUCHA DE REDUÇÃO EM COBRE, PONTA X BOLSA, 66 X 54 MM, INSTALADO EM RESERVAÇÃO PREDIAL DE ÁGUA - FORNECIMENTO E INSTALAÇÃO. AF_04/2024","UN",193.43,0.88390000000000002]
["Instalações Hidráulicas - Reservação e Bombas de Recalque",105233,"BUCHA DE REDUÇÃO PVC, SOLDÁVEL, LONGA, DN 40 X 25 MM, INSTALADO EM RESERVAÇÃO PREDIAL DE ÁGUA - FORNECIMENTO E INSTALAÇÃO. AF_04/2024","UN",7.74,0]
["Instalações Hidráulicas - Reservação e Bombas de Recalque",105234,"BUCHA DE REDUÇÃO PVC, SOLDÁVEL, LONGA, DN 50 X 25 MM, INSTALADO EM RESERVAÇÃO PREDIAL DE ÁGUA - FORNECIMENTO E INSTALAÇÃO. AF_04/2024","UN",9.4600000000000009,0]
["Instalações Hidráulicas - Reservação e Bombas de Recalque",105228,"BUCHA DE REDUÇÃO PVC, SOLDÁVEL, LONGA, DN 50 X 32 MM, INSTALADO EM RESERVAÇÃO PREDIAL DE ÁGUA - FORNECIMENTO E INSTALAÇÃO. AF_04/2024","UN",11.4,0]
["Instalações Hidráulicas - Reservação e Bombas de Recalque",105138,"BUCHA DE REDUÇÃO PVC, SOLDÁVEL, LONGA, DN 60 X 25 MM, INSTALADO EM RESERVAÇÃO PREDIAL DE ÁGUA - FORNECIMENTO E INSTALAÇÃO. AF_04/2024","UN",16.59,0]
["Instalações Hidráulicas - Reservação e Bombas de Recalque",105139,"BUCHA DE REDUÇÃO PVC, SOLDÁVEL, LONGA, DN 60 X 32 MM, INSTALADO EM RESERVAÇÃO PREDIAL DE ÁGUA - FORNECIMENTO E INSTALAÇÃO. AF_04/2024","UN",19.489999999999998,0]
["Instalações Hidráulicas - Reservação e Bombas de Recalque",105140,"BUCHA DE REDUÇÃO PVC, SOLDÁVEL, LONGA, DN 60 X 50 MM, INSTALADO EM RESERVAÇÃO PREDIAL DE ÁGUA - FORNECIMENTO E INSTALAÇÃO. AF_04/2024","UN",25.05,0]
["Instalações Hidráulicas - Reservação e Bombas de Recalque",105141,"BUCHA DE REDUÇÃO PVC, SOLDÁVEL, LONGA, DN 75 X 50 MM, INSTALADO EM RESERVAÇÃO PREDIAL DE ÁGUA - FORNECIMENTO E INSTALAÇÃO. AF_04/2024","UN",29.82,0]
["Instalações Hidráulicas - Reservação e Bombas de Recalque",105172,"BUCHA DE REDUÇÃO, EM FERRO GALVANIZADO, CONEXÃO ROSQUEADA, DN 80 MM X 50 MM (3\" X 2\"), INSTALADO EM RESERVAÇÃO PREDIAL DE ÁGUA - FORNECIMENTO E INSTALAÇÃO. AF_04/2024","UN",89.31,0.76900000000000002]
["Instalações Hidráulicas - Reservação e Bombas de Recalque",105169,"BUCHA DE REDUÇÃO, EM FERRO GALVANIZADO, CONEXÃO ROSQUEADA, DN 80 MM X 65 MM (3\" X 2 1/2\"), INSTALADO EM RESERVAÇÃO PREDIAL DE ÁGUA - FORNECIMENTO E INSTALAÇÃO. AF_04/2024","UN",89.22,0.75209999999999999]
["Instalações Hidráulicas - Reservação e Bombas de Recalque",105230,"BUCHA DE REDUÇÃO, PPR, DN 25 X 20 MM, INSTALADO EM RESERVAÇÃO PREDIAL DE ÁGUA - FORNECIMENTO E INSTALAÇÃO. AF_04/2024","UN",8.06,0.53100000000000003]
["Instalações Hidráulicas - Reservação e Bombas de Recalque",105231,"BUCHA DE REDUÇÃO, PPR, DN 32 X 25 MM, INSTALADO EM RESERVAÇÃO PREDIAL DE ÁGUA - FORNECIMENTO E INSTALAÇÃO. AF_04/2024","UN",9.4700000000000006,0.54800000000000004]
["Instalações Hidráulicas - Reservação e Bombas de Recalque",105232,"BUCHA DE REDUÇÃO, PPR, DN 40 X 25 MM, INSTALADO EM RESERVAÇÃO PREDIAL DE ÁGUA - FORNECIMENTO E INSTALAÇÃO. AF_04/2024","UN",18.25,0.74029999999999996]
["Instalações Hidráulicas - Reservação e Bombas de Recalque",105229,"BUCHA DE REDUÇÃO, PPR, DN 50 X 25 MM, INSTALADO EM RESERVAÇÃO PREDIAL DE ÁGUA - FORNECIMENTO E INSTALAÇÃO. AF_04/2024","UN",29.01,0.8125]
["Instalações Hidráulicas - Reservação e Bombas de Recalque",105146,"BUCHA DE REDUÇÃO, PPR, DN 50 X 32 MM, INSTALADO EM RESERVAÇÃO PREDIAL DE ÁGUA - FORNECIMENTO E INSTALAÇÃO. AF_04/2024","UN",23.38,0.75319999999999998]
["Instalações Hidráulicas - Reservação e Bombas de Recalque",94613,"CONECTOR EM BRONZE/LATÃO, DN 104 MM X 4\", SEM ANEL DE SOLDA, BOLSA X ROSCA, INSTALADO EM RESERVAÇÃO PREDIAL DE ÁGUA - FORNECIMENTO E INSTALAÇÃO. AF_04/2024","UN",0]
["Instalações Hidráulicas - Reservação e Bombas de Recalque",94607,"CONECTOR EM BRONZE/LATÃO, DN 54 MM X 2\", SEM ANEL DE SOLDA, BOLSA X ROSCA, INSTALADO EM RESERVAÇÃO PREDIAL DE ÁGUA - FORNECIMENTO E INSTALAÇÃO. AF_04/2024","UN",0]
["Instalações Hidráulicas - Reservação e Bombas de Recalque",94609,"CONECTOR EM BRONZE/LATÃO, DN 66 MM X 2 1/2\", SEM ANEL DE SOLDA, BOLSA X ROSCA, INSTALADO EM RESERVAÇÃO PREDIAL DE ÁGUA - FORNECIMENTO E INSTALAÇÃO. AF_04/2024","UN",0]
["Instalações Hidráulicas - Reservação e Bombas de Recalque",94611,"CONECTOR EM BRONZE/LATÃO, DN 79 MM X 3\", SEM ANEL DE SOLDA, BOLSA X ROSCA, INSTALADO EM RESERVAÇÃO PREDIAL DE ÁGUA - FORNECIMENTO E INSTALAÇÃO. AF_04/2024","UN",0]
["Instalações Hidráulicas - Reservação e Bombas de Recalque",96738,"CONECTOR MACHO, PPR, 25 MM X 1/2'', INSTALADO EM RESERVAÇÃO PREDIAL DE ÁGUA - FORNECIMENTO E INSTALAÇÃO. AF_04/2024","UN",24.32,0.83509999999999995]
["Instalações Hidráulicas - Reservação e Bombas de Recalque",96740,"CONECTOR MACHO, PPR, 32 MM X 3/4'', INSTALADO EM RESERVAÇÃO PREDIAL DE ÁGUA - FORNECIMENTO E INSTALAÇÃO. AF_04/2024","UN",33.71,0.86180000000000001]
["Instalações Hidráulicas - Reservação e Bombas de Recalque",94738,"CONECTOR, CPVC, SOLDÁVEL, DN 114 MM X 4\", INSTALADO EM RESERVAÇÃO PREDIAL DE ÁGUA - FORNECIMENTO E INSTALAÇÃO. AF_04/2024","UN",1682.09,0.98080000000000001]
["Instalações Hidráulicas - Reservação e Bombas de Recalque",94724,"CONECTOR, CPVC, SOLDÁVEL, DN 22 MM X 3/4\", INSTALADO EM RESERVAÇÃO PREDIAL DE ÁGUA - FORNECIMENTO E INSTALAÇÃO. AF_04/2024","UN",26.51,0.88039999999999996]
["Instalações Hidráulicas - Reservação e Bombas de Recalque",94726,"CONECTOR, CPVC, SOLDÁVEL, DN 28 MM X 1\", INSTALADO EM RESERVAÇÃO PREDIAL DE ÁGUA - FORNECIMENTO E INSTALAÇÃO. AF_04/2024","UN",34.15,0.88080000000000003]
["Instalações Hidráulicas - Reservação e Bombas de Recalque",94728,"CONECTOR, CPVC, SOLDÁVEL, DN 35 MM X 1 1/4\", INSTALADO EM RESERVAÇÃO PREDIAL DE ÁGUA - FORNECIMENTO E INSTALAÇÃO. AF_04/2024","UN",53.35,0.9022]
["Instalações Hidráulicas - Reservação e Bombas de Recalque",94730,"CONECTOR, CPVC, SOLDÁVEL, DN 42 MM X 1 1/2\", INSTALADO EM RESERVAÇÃO PREDIAL DE ÁGUA - FORNECIMENTO E INSTALAÇÃO. AF_04/2024","UN",65.42,0.90059999999999996]
["Instalações Hidráulicas - Reservação e Bombas de Recalque",94732,"CONECTOR, CPVC, SOLDÁVEL, DN 54 MM X 2\", INSTALADO EM RESERVAÇÃO PREDIAL DE ÁGUA - FORNECIMENTO E INSTALAÇÃO. AF_04/2024","UN",105.03,0.91439999999999999]
["Instalações Hidráulicas - Reservação e Bombas de Recalque",94734,"CONECTOR, CPVC, SOLDÁVEL, DN 73 MM X 2 1/2\", INSTALADO EM RESERVAÇÃO PREDIAL DE ÁGUA - FORNECIMENTO E INSTALAÇÃO. AF_04/2024","UN",383.96,0.96499999999999997]
["Instalações Hidráulicas - Reservação e Bombas de Recalque",94736,"CONECTOR, CPVC, SOLDÁVEL, DN 89 MM X 3\", INSTALADO EM RESERVAÇÃO PREDIAL DE ÁGUA - FORNECIMENTO E INSTALAÇÃO. AF_04/2024","UN",558.16,0.96399999999999997]
["Instalações Hidráulicas - Reservação e Bombas de Recalque",94483,"CONJUNTO HIDRÁULICO EM AÇO ROSCÁVEL PARA INSTALAÇÃO DE BOMBA, DN SUCÇÃO 32 MM (1 1/4\") E DN RECALQUE 25 MM (1\"), PARA EDIFICAÇÃO COM 4 PAVIMENTOS - FORNECIMENTO E INSTALAÇÃO. AF_04/2024","UN",1307.52,0.57420000000000004]
["Instalações Hidráulicas - Reservação e Bombas de Recalque",94482,"CONJUNTO HIDRÁULICO EM AÇO ROSCÁVEL PARA INSTALAÇÃO DE BOMBA, DN SUCÇÃO 40 MM (1 1/2\") E DN RECALQUE 32 MM (1 1/4\"), PARA EDIFICAÇÃO COM 8 PAVIMENTOS - FORNECIMENTO E INSTALAÇÃO. AF_04/2024","UN",1559.65,0.6119]
["Instalações Hidráulicas - Reservação e Bombas de Recalque",94481,"CONJUNTO HIDRÁULICO EM AÇO ROSCÁVEL PARA INSTALAÇÃO DE BOMBA, DN SUCÇÃO 50 MM (2\") E DN RECALQUE 40 MM (1 1/2\"), PARA EDIFICAÇÃO COM 12 PAVIMENTOS - FORNECIMENTO E INSTALAÇÃO. AF_04/2024","UN",1991.96,0.66369999999999996]
["Instalações Hidráulicas - Reservação e Bombas de Recalque",94480,"CONJUNTO HIDRÁULICO EM AÇO ROSCÁVEL PARA INSTALAÇÃO DE BOMBA, DN SUCÇÃO 65 MM (2½\") E DN RECALQUE 50 MM (2\"), PARA EDIFICAÇÃO COM 18 PAVIMENTOS - FORNECIMENTO E INSTALAÇÃO. AF_04/2024","UN",2805.41,0.70599999999999996]
["Instalações Hidráulicas - Reservação e Bombas de Recalque",94472,"COTOVELO 45 GRAUS, EM FERRO GALVANIZADO, CONEXÃO ROSQUEADA, DN 50 MM (2\"), INSTALADO EM RESERVAÇÃO PREDIAL DE ÁGUA - FORNECIMENTO E INSTALAÇÃO. AF_04/2024","UN",80.06,0.6794]
["Instalações Hidráulicas - Reservação e Bombas de Recalque",94474,"COTOVELO 45 GRAUS, EM FERRO GALVANIZADO, CONEXÃO ROSQUEADA, DN 65 MM (2 1/2\"), INSTALADO EM RESERVAÇÃO PREDIAL DE ÁGUA - FORNECIMENTO E INSTALAÇÃO. AF_04/2024","UN",135.19999999999999,0.77769999999999995]
["Instalações Hidráulicas - Reservação e Bombas de Recalque",94476,"COTOVELO 45 GRAUS, EM FERRO GALVANIZADO, CONEXÃO ROSQUEADA, DN 80 MM (3\"), INSTALADO EM RESERVAÇÃO PREDIAL DE ÁGUA - FORNECIMENTO E INSTALAÇÃO. AF_04/2024","UN",189.18,0.8125]
["Instalações Hidráulicas - Reservação e Bombas de Recalque",94471,"COTOVELO 90 GRAUS, EM FERRO GALVANIZADO, CONEXÃO ROSQUEADA, DN 50 MM (2\"), INSTALADO EM RESERVAÇÃO PREDIAL DE ÁGUA - FORNECIMENTO E INSTALAÇÃO. AF_04/2024","UN",77.680000000000007,0.66949999999999998]
["Instalações Hidráulicas - Reservação e Bombas de Recalque",94473,"COTOVELO 90 GRAUS, EM FERRO GALVANIZADO, CONEXÃO ROSQUEADA, DN 65 MM (2 1/2\"), INSTALADO EM RESERVAÇÃO PREDIAL DE ÁGUA - FORNECIMENTO E INSTALAÇÃO. AF_04/2024","UN",124.71,0.75900000000000001]
["Instalações Hidráulicas - Reservação e Bombas de Recalque",94475,"COTOVELO 90 GRAUS, EM FERRO GALVANIZADO, CONEXÃO ROSQUEADA, DN 80 MM (3\"), INSTALADO EM RESERVAÇÃO PREDIAL DE ÁGUA - FORNECIMENTO E INSTALAÇÃO. AF_04/2024","UN",168.98,0.79010000000000002]
["Instalações Hidráulicas - Reservação e Bombas de Recalque",105194,"COTOVELO 90 GRAUS, EM FERRO GALVANIZADO, MACHO/FÊMEA, CONEXÃO ROSQUEADA, DN 50 MM (2\"), INSTALADO EM RESERVAÇÃO PREDIAL DE ÁGUA - FORNECIMENTO E INSTALAÇÃO. AF_04/2024","UN",86.6,0.7036]
["Instalações Hidráulicas - Reservação e Bombas de Recalque",105195,"COTOVELO 90 GRAUS, EM FERRO GALVANIZADO, MACHO/FÊMEA, CONEXÃO ROSQUEADA, DN 80 MM (3\"), INSTALADO EM RESERVAÇÃO PREDIAL DE ÁGUA - FORNECIMENTO E INSTALAÇÃO. AF_04/2024","UN",223.22,0.84109999999999996]
["Instalações Hidráulicas - Reservação e Bombas de Recalque",105178,"COTOVELO DE REDUÇÃO, 90 GRAUS, EM FERRO GALVANIZADO, CONEXÃO ROSQUEADA, DN 65 MM X 50 MM (2 1/2\" X 2\"), INSTALADO EM RESERVAÇÃO PREDIAL DE ÁGUA - FORNECIMENTO E INSTALAÇÃO. AF_04/2024","UN",140.21,0.80120000000000002]
["Instalações Hidráulicas - Reservação e Bombas de Recalque",94620,"COTOVELO EM COBRE, DN 104 MM, 90 GRAUS, SEM ANEL DE SOLDA, INSTALADO EM RESERVAÇÃO PREDIAL DE ÁGUA - FORNECIMENTO E INSTALAÇÃO. AF_04/2024","UN",892.93,0.95660000000000001]
["Instalações Hidráulicas - Reservação e Bombas de Recalque",94614,"COTOVELO EM COBRE, DN 54 MM, 90 GRAUS, SEM ANEL DE SOLDA, INSTALADO EM RESERVAÇÃO PREDIAL DE ÁGUA - FORNECIMENTO E INSTALAÇÃO. AF_04/2024","UN",142.35,0.76929999999999998]
["Instalações Hidráulicas - Reservação e Bombas de Recalque",94616,"COTOVELO EM COBRE, DN 66 MM, 90 GRAUS, SEM ANEL DE SOLDA, INSTALADO EM RESERVAÇÃO PREDIAL DE ÁGUA - FORNECIMENTO E INSTALAÇÃO. AF_04/2024","UN",398.3,0.91400000000000003]
["Instalações Hidráulicas - Reservação e Bombas de Recalque",94618,"COTOVELO EM COBRE, DN 79 MM, 90 GRAUS, SEM ANEL DE SOLDA, INSTALADO EM RESERVAÇÃO PREDIAL DE ÁGUA - FORNECIMENTO E INSTALAÇÃO. AF_04/2024","UN",387.16,0.90759999999999996]
["Instalações Hidráulicas - Reservação e Bombas de Recalque",105193,"COTOVELO, 90 GRAUS, EM FERRO GALVANIZADO, MACHO/FÊMEA, CONEXÃO ROSQUEADA, DN 65 MM (2 1/2\"), INSTALADO EM RESERVAÇÃO PREDIAL DE ÁGUA - FORNECIMENTO E INSTALAÇÃO. AF_04/2024","UN",153.5,0.80420000000000003]
["Instalações Hidráulicas - Reservação e Bombas de Recalque",105197,"CURVA 45 GRAUS, EM FERRO GALVANIZADO, FÊMEA, CONEXÃO ROSQUEADA, DN 50 MM (2\"), INSTALADO EM RESERVAÇÃO PREDIAL DE ÁGUA - FORNECIMENTO E INSTALAÇÃO. AF_04/2024","UN",164.16,0.84360000000000002]
["Instalações Hidráulicas - Reservação e Bombas de Recalque",105196,"CURVA 45 GRAUS, EM FERRO GALVANIZADO, FÊMEA, CONEXÃO ROSQUEADA, DN 65 MM (2 1/2\"), INSTALADO EM RESERVAÇÃO PREDIAL DE ÁGUA - FORNECIMENTO E INSTALAÇÃO. AF_04/2024","UN",238.7,0.87409999999999999]
["Instalações Hidráulicas - Reservação e Bombas de Recalque",105198,"CURVA 45 GRAUS, EM FERRO GALVANIZADO, FÊMEA, CONEXÃO ROSQUEADA, DN 80 MM (3\"), INSTALADO EM RESERVAÇÃO PREDIAL DE ÁGUA - FORNECIMENTO E INSTALAÇÃO. AF_04/2024","UN",338.9,0.89529999999999998]
["Instalações Hidráulicas - Reservação e Bombas de Recalque",105200,"CURVA 45 GRAUS, EM FERRO GALVANIZADO, MACHO/FÊMEA, CONEXÃO ROSQUEADA, DN 50 MM (2\"), INSTALADO EM RESERVAÇÃO PREDIAL DE ÁGUA - FORNECIMENTO E INSTALAÇÃO. AF_04/2024","UN",129.26,0.8014]
["Instalações Hidráulicas - Reservação e Bombas de Recalque",105199,"CURVA 45 GRAUS, EM FERRO GALVANIZADO, MACHO/FÊMEA, CONEXÃO ROSQUEADA, DN 65 MM (2 1/2\"), INSTALADO EM RESERVAÇÃO PREDIAL DE ÁGUA - FORNECIMENTO E INSTALAÇÃO. AF_04/2024","UN",216.82,0.86140000000000005]
["Instalações Hidráulicas - Reservação e Bombas de Recalque",105201,"CURVA 45 GRAUS, EM FERRO GALVANIZADO, MACHO/FÊMEA, CONEXÃO ROSQUEADA, DN 80 MM (3\"), INSTALADO EM RESERVAÇÃO PREDIAL DE ÁGUA - FORNECIMENTO E INSTALAÇÃO. AF_04/2024","UN",296.95999999999998,0.88060000000000005]
["Instalações Hidráulicas - Reservação e Bombas de Recalque",94755,"CURVA 90 GRAUS, CPVC, SOLDÁVEL, DN 114 MM, INSTALADO EM RESERVAÇÃO PREDIAL DE ÁGUA - FORNECIMENTO E INSTALAÇÃO. AF_04/2024","UN",0]
["Instalações Hidráulicas - Reservação e Bombas de Recalque",94741,"CURVA 90 GRAUS, CPVC, SOLDÁVEL, DN 22 MM, INSTALADO EM RESERVAÇÃO PREDIAL DE ÁGUA - FORNECIMENTO E INSTALAÇÃO. AF_04/2024","UN",12.81,0.59019999999999995]
["Instalações Hidráulicas - Reservação e Bombas de Recalque",94743,"CURVA 90 GRAUS, CPVC, SOLDÁVEL, DN 28 MM, INSTALADO EM RESERVAÇÃO PREDIAL DE ÁGUA - FORNECIMENTO E INSTALAÇÃO. AF_04/2024","UN",21.01,0.67630000000000001]
["Instalações Hidráulicas - Reservação e Bombas de Recalque",94745,"CURVA 90 GRAUS, CPVC, SOLDÁVEL, DN 35 MM, INSTALADO EM RESERVAÇÃO PREDIAL DE ÁGUA - FORNECIMENTO E INSTALAÇÃO. AF_04/2024","UN",0]
["Instalações Hidráulicas - Reservação e Bombas de Recalque",94747,"CURVA 90 GRAUS, CPVC, SOLDÁVEL, DN 42 MM, INSTALADO EM RESERVAÇÃO PREDIAL DE ÁGUA - FORNECIMENTO E INSTALAÇÃO. AF_04/2024","UN",0]
["Instalações Hidráulicas - Reservação e Bombas de Recalque",94749,"CURVA 90 GRAUS, CPVC, SOLDÁVEL, DN 54 MM, INSTALADO EM RESERVAÇÃO PREDIAL DE ÁGUA - FORNECIMENTO E INSTALAÇÃO. AF_04/2024","UN",0]
["Instalações Hidráulicas - Reservação e Bombas de Recalque",94751,"CURVA 90 GRAUS, CPVC, SOLDÁVEL, DN 73 MM, INSTALADO EM RESERVAÇÃO PREDIAL DE ÁGUA - FORNECIMENTO E INSTALAÇÃO. AF_04/2024","UN",0]
["Instalações Hidráulicas - Reservação e Bombas de Recalque",94753,"CURVA 90 GRAUS, CPVC, SOLDÁVEL, DN 89 MM, INSTALADO EM RESERVAÇÃO PREDIAL DE ÁGUA - FORNECIMENTO E INSTALAÇÃO. AF_04/2024","UN",0]
["Instalações Hidráulicas - Reservação e Bombas de Recalque",105209,"CURVA 90 GRAUS, EM FERRO GALVANIZADO, CONEXÃO ROSQUEADA, DN 50 MM (2\"), INSTALADO EM RESERVAÇÃO PREDIAL DE ÁGUA - FORNECIMENTO E INSTALAÇÃO. AF_04/2024","UN",158.94,0.83850000000000002]
["Instalações Hidráulicas - Reservação e Bombas de Recalque",105208,"CURVA 90 GRAUS, EM FERRO GALVANIZADO, CONEXÃO ROSQUEADA, DN 65 MM (2 1/2\"), INSTALADO EM RESERVAÇÃO PREDIAL DE ÁGUA - FORNECIMENTO E INSTALAÇÃO. AF_04/2024","UN",327.89,0.9083]
["Instalações Hidráulicas - Reservação e Bombas de Recalque",105210,"CURVA 90 GRAUS, EM FERRO GALVANIZADO, CONEXÃO ROSQUEADA, DN 80 MM (3\"), INSTALADO EM RESERVAÇÃO PREDIAL DE ÁGUA - FORNECIMENTO E INSTALAÇÃO. AF_04/2024","UN",423.37,0.91620000000000001]
["Instalações Hidráulicas - Reservação e Bombas de Recalque",105203,"CURVA 90 GRAUS, EM FERRO GALVANIZADO, FÊMEA, CONEXÃO ROSQUEADA, DN 50 MM (2\"), INSTALADO EM RESERVAÇÃO PREDIAL DE ÁGUA - FORNECIMENTO E INSTALAÇÃO. AF_04/2024","UN",163.44,0.84289999999999998]
["Instalações Hidráulicas - Reservação e Bombas de Recalque",105202,"CURVA 90 GRAUS, EM FERRO GALVANIZADO, FÊMEA, CONEXÃO ROSQUEADA, DN 65 MM (2 1/2\"), INSTALADO EM RESERVAÇÃO PREDIAL DE ÁGUA - FORNECIMENTO E INSTALAÇÃO. AF_04/2024","UN",269.14,0.88829999999999998]
["Instalações Hidráulicas - Reservação e Bombas de Recalque",105204,"CURVA 90 GRAUS, EM FERRO GALVANIZADO, FÊMEA, CONEXÃO ROSQUEADA, DN 80 (3\"), INSTALADO EM RESERVAÇÃO PREDIAL DE ÁGUA - FORNECIMENTO E INSTALAÇÃO. AF_04/2024","UN",358.19,0.90100000000000002]
["Instalações Hidráulicas - Reservação e Bombas de Recalque",105206,"CURVA 90 GRAUS, EM FERRO GALVANIZADO, MACHO/FÊMEA, CONEXÃO ROSQUEADA, DN 50 MM (2\"), INSTALADO EM RESERVAÇÃO PREDIAL DE ÁGUA - FORNECIMENTO E INSTALAÇÃO. AF_04/2024","UN",155.69,0.83509999999999995]
["Instalações Hidráulicas - Reservação e Bombas de Recalque",105205,"CURVA 90 GRAUS, EM FERRO GALVANIZADO, MACHO/FÊMEA, CONEXÃO ROSQUEADA, DN 65 MM (2 1/2\"), INSTALADO EM RESERVAÇÃO PREDIAL DE ÁGUA - FORNECIMENTO E INSTALAÇÃO. AF_04/2024","UN",248.5,0.879]
["Instalações Hidráulicas - Reservação e Bombas de Recalque",105207,"CURVA 90 GRAUS, EM FERRO GALVANIZADO, MACHO/FÊMEA, CONEXÃO ROSQUEADA, DN 80 MM (3\"), INSTALADO EM RESERVAÇÃO PREDIAL DE ÁGUA - FORNECIMENTO E INSTALAÇÃO. AF_04/2024","UN",347.87,0.89800000000000002]
["Instalações Hidráulicas - Reservação e Bombas de Recalque",94687,"CURVA 90 GRAUS, PVC, SOLDÁVEL, DN 110 MM, INSTALADO EM RESERVAÇÃO PREDIAL DE ÁGUA - FORNECIMENTO E INSTALAÇÃO. AF_04/2024","UN",218.97,0]
["Instalações Hidráulicas - Reservação e Bombas de Recalque",94673,"CURVA 90 GRAUS, PVC, SOLDÁVEL, DN 25 MM, INSTALADO EM RESERVAÇÃO PREDIAL DE ÁGUA - FORNECIMENTO E INSTALAÇÃO. AF_04/2024","UN",6.98,0]
["Instalações Hidráulicas - Reservação e Bombas de Recalque",94675,"CURVA 90 GRAUS, PVC, SOLDÁVEL, DN 32 MM, INSTALADO EM RESERVAÇÃO PREDIAL DE ÁGUA - FORNECIMENTO E INSTALAÇÃO. AF_04/2024","UN",11.68,0]
["Instalações Hidráulicas - Reservação e Bombas de Recalque",94677,"CURVA 90 GRAUS, PVC, SOLDÁVEL, DN 40 MM, INSTALADO EM RESERVAÇÃO PREDIAL DE ÁGUA - FORNECIMENTO E INSTALAÇÃO. AF_04/2024","UN",18.87,0]
["Instalações Hidráulicas - Reservação e Bombas de Recalque",94679,"CURVA 90 GRAUS, PVC, SOLDÁVEL, DN 50 MM, INSTALADO EM RESERVAÇÃO PREDIAL DE ÁGUA - FORNECIMENTO E INSTALAÇÃO. AF_04/2024","UN",22.85,0]
["Instalações Hidráulicas - Reservação e Bombas de Recalque",94681,"CURVA 90 GRAUS, PVC, SOLDÁVEL, DN 60 MM, INSTALADO EM RESERVAÇÃO PREDIAL DE ÁGUA - FORNECIMENTO E INSTALAÇÃO. AF_04/2024","UN",46.97,0]
["Instalações Hidráulicas - Reservação e Bombas de Recalque",94683,"CURVA 90 GRAUS, PVC, SOLDÁVEL, DN 75 MM, INSTALADO EM RESERVAÇÃO PREDIAL DE ÁGUA - FORNECIMENTO E INSTALAÇÃO. AF_04/2024","UN",71.38,0]
["Instalações Hidráulicas - Reservação e Bombas de Recalque",94685,"CURVA 90 GRAUS, PVC, SOLDÁVEL, DN 85 MM, INSTALADO EM RESERVAÇÃO PREDIAL DE ÁGUA - FORNECIMENTO E INSTALAÇÃO. AF_04/2024","UN",90.88,0]
["Instalações Hidráulicas - Reservação e Bombas de Recalque",94621,"CURVA EM COBRE, DN 104 MM, 45 GRAUS, SEM ANEL DE SOLDA, BOLSA X BOLSA, INSTALADO EM RESERVAÇÃO PREDIAL DE ÁGUA - FORNECIMENTO E INSTALAÇÃO. AF_04/2024","UN",0]
["Instalações Hidráulicas - Reservação e Bombas de Recalque",94615,"CURVA EM COBRE, DN 54 MM, 45 GRAUS, SEM ANEL DE SOLDA, BOLSA X BOLSA, INSTALADO EM RESERVAÇÃO PREDIAL DE ÁGUA - FORNECIMENTO E INSTALAÇÃO. AF_04/2024","UN",161.57,0.79669999999999996]
["Instalações Hidráulicas - Reservação e Bombas de Recalque",94617,"CURVA EM COBRE, DN 66 MM, 45 GRAUS, SEM ANEL DE SOLDA, BOLSA X BOLSA, INSTALADO EM RESERVAÇÃO PREDIAL DE ÁGUA - FORNECIMENTO E INSTALAÇÃO. AF_04/2024","UN",331.47,0.89659999999999995]
["Instalações Hidráulicas - Reservação e Bombas de Recalque",94619,"CURVA EM COBRE, DN 79 MM, 45 GRAUS, SEM ANEL DE SOLDA, BOLSA X BOLSA, INSTALADO EM RESERVAÇÃO PREDIAL DE ÁGUA - FORNECIMENTO E INSTALAÇÃO. AF_04/2024","UN",0]
["Instalações Hidráulicas - Reservação e Bombas de Recalque",105147,"CURVA PPR 90 GRAUS, DN 20 MM, INSTALADO EM RESERVAÇÃO PREDIAL DE ÁGUA - FORNECIMENTO E INSTALAÇÃO. AF_04/2024","UN",16.2,0.66539999999999999]
["Instalações Hidráulicas - Reservação e Bombas de Recalque",105148,"CURVA PPR 90 GRAUS, DN 25 MM, INSTALADO EM RESERVAÇÃO PREDIAL DE ÁGUA - FORNECIMENTO E INSTALAÇÃO. AF_04/2024","UN",23.3,0.74460000000000004]
["Instalações Hidráulicas - Reservação e Bombas de Recalque",105154,"CURVA PVC 45 GRAUS, SOLDÁVEL, DN 25 MM, INSTALADO EM RESERVAÇÃO PREDIAL DE ÁGUA - FORNECIMENTO E INSTALAÇÃO. AF_04/2024","UN",6.46,0]
["Instalações Hidráulicas - Reservação e Bombas de Recalque",105155,"CURVA PVC 45 GRAUS, SOLDÁVEL, DN 32 MM, INSTALADO EM RESERVAÇÃO PREDIAL DE ÁGUA - FORNECIMENTO E INSTALAÇÃO. AF_04/2024","UN",9.73,0]
["Instalações Hidráulicas - Reservação e Bombas de Recalque",105156,"CURVA PVC 45 GRAUS, SOLDÁVEL, DN 40 MM, INSTALADO EM RESERVAÇÃO PREDIAL DE ÁGUA - FORNECIMENTO E INSTALAÇÃO. AF_04/2024","UN",12.38,0]
["Instalações Hidráulicas - Reservação e Bombas de Recalque",105157,"CURVA PVC 45 GRAUS, SOLDÁVEL, DN 50 MM, INSTALADO EM RESERVAÇÃO PREDIAL DE ÁGUA - FORNECIMENTO E INSTALAÇÃO. AF_04/2024","UN",19.149999999999999,0]
["Instalações Hidráulicas - Reservação e Bombas de Recalque",105158,"CURVA PVC 45 GRAUS, SOLDÁVEL, DN 60 MM, INSTALADO EM RESERVAÇÃO PREDIAL DE ÁGUA - FORNECIMENTO E INSTALAÇÃO. AF_04/2024","UN",28.18,0]
["Instalações Hidráulicas - Reservação e Bombas de Recalque",105159,"CURVA PVC 45 GRAUS, SOLDÁVEL, DN 75 MM, INSTALADO EM RESERVAÇÃO PREDIAL DE ÁGUA - FORNECIMENTO E INSTALAÇÃO. AF_04/2024","UN",50.36,0]
["Instalações Hidráulicas - Reservação e Bombas de Recalque",105160,"CURVA PVC 45 GRAUS, SOLDÁVEL, DN 85 MM, INSTALADO EM RESERVAÇÃO PREDIAL DE ÁGUA - FORNECIMENTO E INSTALAÇÃO. AF_04/2024","UN",62.11,0]
["Instalações Hidráulicas - Reservação e Bombas de Recalque",94634,"FLANGE CURTA EM COBRE, DN 104 MM X 4\", INSTALADO EM RESERVAÇÃO PREDIAL DE ÁGUA - FORNECIMENTO E INSTALAÇÃO. AF_04/2024","UN",0]
["Instalações Hidráulicas - Reservação e Bombas de Recalque",94631,"FLANGE CURTA EM COBRE, DN 54 MM X 2\", INSTALADO EM RESERVAÇÃO PREDIAL DE ÁGUA - FORNECIMENTO E INSTALAÇÃO. AF_04/2024","UN",0]
["Instalações Hidráulicas - Reservação e Bombas de Recalque",94632,"FLANGE CURTA EM COBRE, DN 66 MM X 2 1/2\", INSTALADO EM RESERVAÇÃO PREDIAL DE ÁGUA - FORNECIMENTO E INSTALAÇÃO. AF_04/2024","UN",0]
["Instalações Hidráulicas - Reservação e Bombas de Recalque",94633,"FLANGE CURTA EM COBRE, DN 79 MM X 3\", INSTALADO EM RESERVAÇÃO PREDIAL DE ÁGUA - FORNECIMENTO E INSTALAÇÃO. AF_04/2024","UN",0]
["Instalações Hidráulicas - Reservação e Bombas de Recalque",94672,"JOELHO 90 GRAUS COM BUCHA DE LATÃO, PVC, SOLDÁVEL, DN 25 MM X 3/4\", INSTALADO EM RESERVAÇÃO PREDIAL DE ÁGUA - FORNECIMENTO E INSTALAÇÃO. AF_04/2024","UN",6.01,0]
["Instalações Hidráulicas - Reservação e Bombas de Recalque",94754,"JOELHO 90 GRAUS, CPVC, SOLDÁVEL, DN 114 MM, INSTALADO EM RESERVAÇÃO PREDIAL DE ÁGUA - FORNECIMENTO E INSTALAÇÃO. AF_04/2024","UN",290.64999999999998,0.81710000000000005]
["Instalações Hidráulicas - Reservação e Bombas de Recalque",94740,"JOELHO 90 GRAUS, CPVC, SOLDÁVEL, DN 22 MM, INSTALADO EM RESERVAÇÃO PREDIAL DE ÁGUA - FORNECIMENTO E INSTALAÇÃO. AF_04/2024","UN",9.7899999999999991,0.4637]
["Instalações Hidráulicas - Reservação e Bombas de Recalque",94742,"JOELHO 90 GRAUS, CPVC, SOLDÁVEL, DN 28 MM, INSTALADO EM RESERVAÇÃO PREDIAL DE ÁGUA - FORNECIMENTO E INSTALAÇÃO. AF_04/2024","UN",16.47,0.58709999999999996]
["Instalações Hidráulicas - Reservação e Bombas de Recalque",94744,"JOELHO 90 GRAUS, CPVC, SOLDÁVEL, DN 35 MM, INSTALADO EM RESERVAÇÃO PREDIAL DE ÁGUA - FORNECIMENTO E INSTALAÇÃO. AF_04/2024","UN",26.16,0.66820000000000002]
["Instalações Hidráulicas - Reservação e Bombas de Recalque",94746,"JOELHO 90 GRAUS, CPVC, SOLDÁVEL, DN 42 MM, INSTALADO EM RESERVAÇÃO PREDIAL DE ÁGUA - FORNECIMENTO E INSTALAÇÃO. AF_04/2024","UN",37.69,0.71399999999999997]
["Instalações Hidráulicas - Reservação e Bombas de Recalque",94748,"JOELHO 90 GRAUS, CPVC, SOLDÁVEL, DN 54 MM, INSTALADO EM RESERVAÇÃO PREDIAL DE ÁGUA - FORNECIMENTO E INSTALAÇÃO. AF_04/2024","UN",83.52,0.82330000000000003]
["Instalações Hidráulicas - Reservação e Bombas de Recalque",94750,"JOELHO 90 GRAUS, CPVC, SOLDÁVEL, DN 73 MM, INSTALADO EM RESERVAÇÃO PREDIAL DE ÁGUA - FORNECIMENTO E INSTALAÇÃO. AF_04/2024","UN",169.45,0.87209999999999999]
["Instalações Hidráulicas - Reservação e Bombas de Recalque",94752,"JOELHO 90 GRAUS, CPVC, SOLDÁVEL, DN 89 MM, INSTALADO EM RESERVAÇÃO PREDIAL DE ÁGUA - FORNECIMENTO E INSTALAÇÃO. AF_04/2024","UN",203.19,0.83850000000000002]
["Instalações Hidráulicas - Reservação e Bombas de Recalque",96755,"JOELHO 90 GRAUS, PPR, DN 110 MM, INSTALADO EM RESERVAÇÃO PREDIAL DE ÁGUA - FORNECIMENTO E INSTALAÇÃO. AF_04/2024","UN",351.21,0.9052]
["Instalações Hidráulicas - Reservação e Bombas de Recalque",96747,"JOELHO 90 GRAUS, PPR, DN 20 MM, INSTALADO EM RESERVAÇÃO PREDIAL DE ÁGUA - FORNECIMENTO E INSTALAÇÃO. AF_04/2024","UN",7.4,0.2676]
["Instalações Hidráulicas - Reservação e Bombas de Recalque",96748,"JOELHO 90 GRAUS, PPR, DN 25 MM, INSTALADO EM RESERVAÇÃO PREDIAL DE ÁGUA - FORNECIMENTO E INSTALAÇÃO. AF_04/2024","UN",8.61,0.30890000000000001]
["Instalações Hidráulicas - Reservação e Bombas de Recalque",96749,"JOELHO 90 GRAUS, PPR, DN 32 MM, INSTALADO EM RESERVAÇÃO PREDIAL DE ÁGUA - FORNECIMENTO E INSTALAÇÃO. AF_04/2024","UN",10.95,0.37080000000000002]
["Instalações Hidráulicas - Reservação e Bombas de Recalque",96750,"JOELHO 90 GRAUS, PPR, DN 40 MM, INSTALADO EM RESERVAÇÃO PREDIAL DE ÁGUA - FORNECIMENTO E INSTALAÇÃO. AF_04/2024","UN",17.41,0.52500000000000002]
["Instalações Hidráulicas - Reservação e Bombas de Recalque",96751,"JOELHO 90 GRAUS, PPR, DN 50 MM, INSTALADO EM RESERVAÇÃO PREDIAL DE ÁGUA - FORNECIMENTO E INSTALAÇÃO. AF_04/2024","UN",25.57,0.59289999999999998]
["Instalações Hidráulicas - Reservação e Bombas de Recalque",96752,"JOELHO 90 GRAUS, PPR, DN 63 MM, INSTALADO EM RESERVAÇÃO PREDIAL DE ÁGUA - FORNECIMENTO E INSTALAÇÃO. AF_04/2024","UN",38.47,0.63919999999999999]
["Instalações Hidráulicas - Reservação e Bombas de Recalque",96753,"JOELHO 90 GRAUS, PPR, DN 75 MM, INSTALADO EM RESERVAÇÃO PREDIAL DE ÁGUA - FORNECIMENTO E INSTALAÇÃO. AF_04/2024","UN",89.21,0.79949999999999999]
["Instalações Hidráulicas - Reservação e Bombas de Recalque",96754,"JOELHO 90 GRAUS, PPR, DN 90 MM, INSTALADO EM RESERVAÇÃO PREDIAL DE ÁGUA - FORNECIMENTO E INSTALAÇÃO. AF_04/2024","UN",114.41,0.79210000000000003]
["Instalações Hidráulicas - Reservação e Bombas de Recalque",94686,"JOELHO 90 GRAUS, PVC, SOLDÁVEL, DN 110 MM INSTALADO EM RESERVAÇÃO PREDIAL DE ÁGUA - FORNECIMENTO E INSTALAÇÃO. AF_04/2024","UN",241.79,0]
["Instalações Hidráulicas - Reservação e Bombas de Recalque",94674,"JOELHO 90 GRAUS, PVC, SOLDÁVEL, DN 32 MM INSTALADO EM RESERVAÇÃO PREDIAL DE ÁGUA - FORNECIMENTO E INSTALAÇÃO. AF_04/2024","UN",7.72,0]
["Instalações Hidráulicas - Reservação e Bombas de Recalque",94676,"JOELHO 90 GRAUS, PVC, SOLDÁVEL, DN 40 MM INSTALADO EM RESERVAÇÃO PREDIAL DE ÁGUA - FORNECIMENTO E INSTALAÇÃO. AF_04/2024","UN",12.86,0]
["Instalações Hidráulicas - Reservação e Bombas de Recalque",94678,"JOELHO 90 GRAUS, PVC, SOLDÁVEL, DN 50 MM INSTALADO EM RESERVAÇÃO PREDIAL DE ÁGUA - FORNECIMENTO E INSTALAÇÃO. AF_04/2024","UN",14.94,0]
["Instalações Hidráulicas - Reservação e Bombas de Recalque",94680,"JOELHO 90 GRAUS, PVC, SOLDÁVEL, DN 60 MM INSTALADO EM RESERVAÇÃO PREDIAL DE ÁGUA - FORNECIMENTO E INSTALAÇÃO. AF_04/2024","UN",41.92,0]
["Instalações Hidráulicas - Reservação e Bombas de Recalque",94682,"JOELHO 90 GRAUS, PVC, SOLDÁVEL, DN 75 MM INSTALADO EM RESERVAÇÃO PREDIAL DE ÁGUA - FORNECIMENTO E INSTALAÇÃO. AF_04/2024","UN",103.82,0]
["Instalações Hidráulicas - Reservação e Bombas de Recalque",94684,"JOELHO 90 GRAUS, PVC, SOLDÁVEL, DN 85 MM INSTALADO EM RESERVAÇÃO PREDIAL DE ÁGUA - FORNECIMENTO E INSTALAÇÃO. AF_04/2024","UN",125.26,0]
["Instalações Hidráulicas - Reservação e Bombas de Recalque",105219,"JOELHO CPVC, SOLDÁVEL, 45 GRAUS, DN 22 MM, INSTALADO EM RESERVAÇÃO PREDIAL DE ÁGUA - FORNECIMENTO E INSTALAÇÃO. AF_04/2024","UN",11.47,0.5423]
["Instalações Hidráulicas - Reservação e Bombas de Recalque",105220,"JOELHO CPVC, SOLDÁVEL, 45 GRAUS, DN 28 MM, INSTALADO EM RESERVAÇÃO PREDIAL DE ÁGUA - FORNECIMENTO E INSTALAÇÃO. AF_04/2024","UN",15.78,0.56910000000000005]
["Instalações Hidráulicas - Reservação e Bombas de Recalque",105221,"JOELHO CPVC, SOLDÁVEL, 45 GRAUS, DN 35 MM, INSTALADO EM RESERVAÇÃO PREDIAL DE ÁGUA - FORNECIMENTO E INSTALAÇÃO. AF_04/2024","UN",24.44,0.64480000000000004]
["Instalações Hidráulicas - Reservação e Bombas de Recalque",105166,"JOELHO CPVC, SOLDÁVEL, 45 GRAUS, DN 42 MM, INSTALADO EM RESERVAÇÃO PREDIAL DE ÁGUA - FORNECIMENTO E INSTALAÇÃO. AF_04/2024","UN",37.270000000000003,0.71079999999999999]
["Instalações Hidráulicas - Reservação e Bombas de Recalque",105222,"JOELHO CPVC, SOLDÁVEL, 45 GRAUS, DN 54 MM, INSTALADO EM RESERVAÇÃO PREDIAL DE ÁGUA - FORNECIMENTO E INSTALAÇÃO. AF_04/2024","UN",71,0.79210000000000003]
["Instalações Hidráulicas - Reservação e Bombas de Recalque",105223,"JOELHO CPVC, SOLDÁVEL, 45 GRAUS, DN 73 MM, INSTALADO EM RESERVAÇÃO PREDIAL DE ÁGUA - FORNECIMENTO E INSTALAÇÃO. AF_04/2024","UN",163.79,0.86770000000000003]
["Instalações Hidráulicas - Reservação e Bombas de Recalque",105224,"JOELHO CPVC, SOLDÁVEL, 45 GRAUS, DN 89 MM, INSTALADO EM RESERVAÇÃO PREDIAL DE ÁGUA - FORNECIMENTO E INSTALAÇÃO. AF_04/2024","UN",238.43,0.86229999999999996]
["Instalações Hidráulicas - Reservação e Bombas de Recalque",105149,"JOELHO PPR 45 GRAUS, SOLDÁVEL, DN 20 MM, INSTALADO EM RESERVAÇÃO PREDIAL DE ÁGUA - FORNECIMENTO E INSTALAÇÃO. AF_04/2024","UN",7.65,0.29149999999999998]
["Instalações Hidráulicas - Reservação e Bombas de Recalque",105150,"JOELHO PPR 45 GRAUS, SOLDÁVEL, DN 25 MM, INSTALADO EM RESERVAÇÃO PREDIAL DE ÁGUA - FORNECIMENTO E INSTALAÇÃO. AF_04/2024","UN",9.0299999999999994,0.34110000000000001]
["Instalações Hidráulicas - Reservação e Bombas de Recalque",105151,"JOELHO PPR 45 GRAUS, SOLDÁVEL, DN 40 MM, INSTALADO EM RESERVAÇÃO PREDIAL DE ÁGUA - FORNECIMENTO E INSTALAÇÃO. AF_04/2024","UN",23.07,0.64149999999999996]
["Instalações Hidráulicas - Reservação e Bombas de Recalque",105152,"JOELHO PPR 45 GRAUS, SOLDÁVEL, DN 50 MM, INSTALADO EM RESERVAÇÃO PREDIAL DE ÁGUA - FORNECIMENTO E INSTALAÇÃO. AF_04/2024","UN",34.520000000000003,0.69840000000000002]
["Instalações Hidráulicas - Reservação e Bombas de Recalque",105153,"JOELHO PPR 45 GRAUS, SOLDÁVEL, DN 63 MM, INSTALADO EM RESERVAÇÃO PREDIAL DE ÁGUA - FORNECIMENTO E INSTALAÇÃO. AF_04/2024","UN",54.45,0.74509999999999998]
["Instalações Hidráulicas - Reservação e Bombas de Recalque",105161,"JOELHO PPR 45 GRAUS, SOLDÁVEL, DN 75 MM, INSTALADO EM RESERVAÇÃO PREDIAL DE ÁGUA - FORNECIMENTO E INSTALAÇÃO. AF_04/2024","UN",98.95,0.81920000000000004]
["Instalações Hidráulicas - Reservação e Bombas de Recalque",105162,"JOELHO PPR 45 GRAUS, SOLDÁVEL, DN 90 MM, INSTALADO EM RESERVAÇÃO PREDIAL DE ÁGUA - FORNECIMENTO E INSTALAÇÃO. AF_04/2024","UN",169.66,0.85980000000000001]
["Instalações Hidráulicas - Reservação e Bombas de Recalque",105163,"JOELHO PPR, 45 GRAUS, SOLDÁVEL, DN 32 MM, INSTALADO EM RESERVAÇÃO PREDIAL DE ÁGUA - FORNECIMENTO E INSTALAÇÃO. AF_04/2024","UN",14.43,0.52249999999999996]
["Instalações Hidráulicas - Reservação e Bombas de Recalque",105170,"JOELHO PVC, SOLDÁVEL, 45 GRAUS, DN 25 MM, INSTALADO EM RESERVAÇÃO PREDIAL DE ÁGUA - FORNECIMENTO E INSTALAÇÃO. AF_04/2024","UN",5.52,0]
["Instalações Hidráulicas - Reservação e Bombas de Recalque",105179,"JOELHO PVC, SOLDÁVEL, 45 GRAUS, DN 32 MM, INSTALADO EM RESERVAÇÃO PREDIAL DE ÁGUA - FORNECIMENTO E INSTALAÇÃO. AF_04/2024","UN",9.41,0]
["Instalações Hidráulicas - Reservação e Bombas de Recalque",105180,"JOELHO PVC, SOLDÁVEL, 45 GRAUS, DN 40 MM, INSTALADO EM RESERVAÇÃO PREDIAL DE ÁGUA - FORNECIMENTO E INSTALAÇÃO. AF_04/2024","UN",12.91,0]
["Instalações Hidráulicas - Reservação e Bombas de Recalque",105181,"JOELHO PVC, SOLDÁVEL, 45 GRAUS, DN 50 MM, INSTALADO EM RESERVAÇÃO PREDIAL DE ÁGUA - FORNECIMENTO E INSTALAÇÃO. AF_04/2024","UN",17.39,0]
["Instalações Hidráulicas - Reservação e Bombas de Recalque",105182,"JOELHO PVC, SOLDÁVEL, 45 GRAUS, DN 60 MM, INSTALADO EM RESERVAÇÃO PREDIAL DE ÁGUA - FORNECIMENTO E INSTALAÇÃO. AF_04/2024","UN",40.200000000000003,0]
["Instalações Hidráulicas - Reservação e Bombas de Recalque",105183,"JOELHO PVC, SOLDÁVEL, 45 GRAUS, DN 75 MM, INSTALADO EM RESERVAÇÃO PREDIAL DE ÁGUA - FORNECIMENTO E INSTALAÇÃO. AF_04/2024","UN",84.02,0]
["Instalações Hidráulicas - Reservação e Bombas de Recalque",105184,"JOELHO PVC, SOLDÁVEL, 45 GRAUS, DN 85 MM, INSTALADO EM RESERVAÇÃO PREDIAL DE ÁGUA - FORNECIMENTO E INSTALAÇÃO. AF_04/2024","UN",104.06,0]
["Instalações Hidráulicas - Reservação e Bombas de Recalque",94612,"LUVA DE COBRE, DN 104 MM, SEM ANEL DE SOLDA, INSTALADO EM RESERVAÇÃO PREDIAL DE ÁGUA - FORNECIMENTO E INSTALAÇÃO. AF_04/2024","UN",433.73,0.94020000000000004]
["Instalações Hidráulicas - Reservação e Bombas de Recalque",105142,"LUVA DE REDUÇÃO SOLDÁVEL, PVC, DN 32 MM X 25 MM, INSTALADO EM RESERVAÇÃO PREDIAL DE ÁGUA - FORNECIMENTO E INSTALAÇÃO. AF_04/2024","UN",6.58,0]
["Instalações Hidráulicas - Reservação e Bombas de Recalque",105143,"LUVA DE REDUÇÃO SOLDÁVEL, PVC, DN 40 MM X 32 MM, INSTALADO EM RESERVAÇÃO PREDIAL DE ÁGUA - FORNECIMENTO E INSTALAÇÃO. AF_04/2024","UN",9.86,0]
["Instalações Hidráulicas - Reservação e Bombas de Recalque",105144,"LUVA DE REDUÇÃO SOLDÁVEL, PVC, DN 60 MM X 50 MM, INSTALADO EM RESERVAÇÃO PREDIAL DE ÁGUA - FORNECIMENTO E INSTALAÇÃO. AF_04/2024","UN",20.85,0]
["Instalações Hidráulicas - Reservação e Bombas de Recalque",105173,"LUVA DE REDUÇÃO, EM FERRO GALVANIZADO, CONEXÃO ROSQUEADA, DN 65 MM X 50 MM (2 1/2\" X 2\"), INSTALADO EM RESERVAÇÃO PREDIAL DE ÁGUA - FORNECIMENTO E INSTALAÇÃO. AF_04/2024","UN",90.13,0.7913]
["Instalações Hidráulicas - Reservação e Bombas de Recalque",105175,"LUVA DE REDUÇÃO, EM FERRO GALVANIZADO, CONEXÃO ROSQUEADA, DN 80 MM X 50 MM (3\" X 2\"), INSTALADO EM RESERVAÇÃO PREDIAL DE ÁGUA - FORNECIMENTO E INSTALAÇÃO. AF_04/2024","UN",129.29,0.84040000000000004]
["Instalações Hidráulicas - Reservação e Bombas de Recalque",105174,"LUVA DE REDUÇÃO, EM FERRO GALVANIZADO, CONEXÃO ROSQUEADA, DN 80 MM X 65 MM (3\" X 2 1/2\"), INSTALADO EM RESERVAÇÃO PREDIAL DE ÁGUA - FORNECIMENTO E INSTALAÇÃO. AF_04/2024","UN",130.78,0.83089999999999997]
["Instalações Hidráulicas - Reservação e Bombas de Recalque",105145,"LUVA DE REDUÇÃO, SOLDÁVEL, PVC, DN 50 X 25 MM, INSTALADO EM RESERVAÇÃO PREDIAL DE ÁGUA - FORNECIMENTO E INSTALAÇÃO. AF_04/2024","UN",11.4,0]
["Instalações Hidráulicas - Reservação e Bombas de Recalque",94606,"LUVA EM COBRE, DN 54 MM, SEM ANEL DE SOLDA, INSTALADO EM RESERVAÇÃO PREDIAL DE ÁGUA - FORNECIMENTO E INSTALAÇÃO. AF_04/2024","UN",83.45,0.73680000000000001]
["Instalações Hidráulicas - Reservação e Bombas de Recalque",94608,"LUVA EM COBRE, DN 66 MM, SEM ANEL DE SOLDA, INSTALADO EM RESERVAÇÃO PREDIAL DE ÁGUA - FORNECIMENTO E INSTALAÇÃO. AF_04/2024","UN",208.76,0.89019999999999999]
["Instalações Hidráulicas - Reservação e Bombas de Recalque",94610,"LUVA EM COBRE, DN 79 MM, SEM ANEL DE SOLDA, INSTALADO EM RESERVAÇÃO PREDIAL DE ÁGUA - FORNECIMENTO E INSTALAÇÃO. AF_04/2024","UN",305.24,0.92159999999999997]
["Instalações Hidráulicas - Reservação e Bombas de Recalque",94657,"LUVA PVC, SOLDÁVEL, DN 25 MM, INSTALADO EM RESERVAÇÃO PREDIAL DE ÁGUA - FORNECIMENTO E INSTALAÇÃO. AF_04/2024","UN",3.83,0]
["Instalações Hidráulicas - Reservação e Bombas de Recalque",94659,"LUVA PVC, SOLDÁVEL, DN 32 MM, INSTALADO EM RESERVAÇÃO PREDIAL DE ÁGUA - FORNECIMENTO E INSTALAÇÃO. AF_04/2024","UN",5.96,0]
["Instalações Hidráulicas - Reservação e Bombas de Recalque",94739,"LUVA, CPVC, SOLDÁVEL, DN 114 MM, INSTALADO EM RESERVAÇÃO PREDIAL DE ÁGUA - FORNECIMENTO E INSTALAÇÃO. AF_04/2024","UN",236.81,0.82079999999999997]
["Instalações Hidráulicas - Reservação e Bombas de Recalque",94725,"LUVA, CPVC, SOLDÁVEL, DN 22 MM, INSTALADO EM RESERVAÇÃO PREDIAL DE ÁGUA - FORNECIMENTO E INSTALAÇÃO. AF_04/2024","UN",6.86,0.36730000000000002]
["Instalações Hidráulicas - Reservação e Bombas de Recalque",94727,"LUVA, CPVC, SOLDÁVEL, DN 28 MM, INSTALADO EM RESERVAÇÃO PREDIAL DE ÁGUA - FORNECIMENTO E INSTALAÇÃO. AF_04/2024","UN",11.25,0.49869999999999998]
["Instalações Hidráulicas - Reservação e Bombas de Recalque",94729,"LUVA, CPVC, SOLDÁVEL, DN 35 MM, INSTALADO EM RESERVAÇÃO PREDIAL DE ÁGUA - FORNECIMENTO E INSTALAÇÃO. AF_04/2024","UN",19.68,0.63519999999999999]
["Instalações Hidráulicas - Reservação e Bombas de Recalque",94731,"LUVA, CPVC, SOLDÁVEL, DN 42 MM, INSTALADO EM RESERVAÇÃO PREDIAL DE ÁGUA - FORNECIMENTO E INSTALAÇÃO. AF_04/2024","UN",26.15,0.66120000000000001]
["Instalações Hidráulicas - Reservação e Bombas de Recalque",94733,"LUVA, CPVC, SOLDÁVEL, DN 54 MM, INSTALADO EM RESERVAÇÃO PREDIAL DE ÁGUA - FORNECIMENTO E INSTALAÇÃO. AF_04/2024","UN",46.23,0.74170000000000003]
["Instalações Hidráulicas - Reservação e Bombas de Recalque",94863,"LUVA, CPVC, SOLDÁVEL, DN 73 MM, INSTALADO EM RESERVAÇÃO PREDIAL DE ÁGUA - FORNECIMENTO E INSTALAÇÃO. AF_04/2024","UN",162.47999999999999,0.89559999999999995]
["Instalações Hidráulicas - Reservação e Bombas de Recalque",94737,"LUVA, CPVC, SOLDÁVEL, DN 89 MM, INSTALADO EM RESERVAÇÃO PREDIAL DE ÁGUA - FORNECIMENTO E INSTALAÇÃO. AF_04/2024","UN",193.23,0.86499999999999999]
["Instalações Hidráulicas - Reservação e Bombas de Recalque",94465,"LUVA, EM FERRO GALVANIZADO, CONEXÃO ROSQUEADA, DN 50 MM (2\"), INSTALADO EM RESERVAÇÃO PREDIAL DE ÁGUA - FORNECIMENTO E INSTALAÇÃO. AF_04/2024","UN",53.92,0.67900000000000005]
["Instalações Hidráulicas - Reservação e Bombas de Recalque",94467,"LUVA, EM FERRO GALVANIZADO, CONEXÃO ROSQUEADA, DN 65 MM (2 1/2\"), INSTALADO EM RESERVAÇÃO PREDIAL DE ÁGUA - FORNECIMENTO E INSTALAÇÃO. AF_04/2024","UN",87.08,0.76700000000000002]
["Instalações Hidráulicas - Reservação e Bombas de Recalque",94469,"LUVA, EM FERRO GALVANIZADO, CONEXÃO ROSQUEADA, DN 80 MM (3\"), INSTALADO EM RESERVAÇÃO PREDIAL DE ÁGUA - FORNECIMENTO E INSTALAÇÃO. AF_04/2024","UN",124.7,0.80800000000000005]
["Instalações Hidráulicas - Reservação e Bombas de Recalque",96746,"LUVA, PPR, DN 110 MM, CLASSE PN 25, INSTALADO EM RESERVAÇÃO PREDIAL DE ÁGUA - FORNECIMENTO E INSTALAÇÃO. AF_04/2024","UN",115.27,0.80730000000000002]
["Instalações Hidráulicas - Reservação e Bombas de Recalque",96736,"LUVA, PPR, DN 20 MM, INSTALADO EM RESERVAÇÃO PREDIAL DE ÁGUA - FORNECIMENTO E INSTALAÇÃO. AF_04/2024","UN",6.1,0.4098]
["Instalações Hidráulicas - Reservação e Bombas de Recalque",96737,"LUVA, PPR, DN 25 MM, INSTALADO EM RESERVAÇÃO PREDIAL DE ÁGUA - FORNECIMENTO E INSTALAÇÃO. AF_04/2024","UN",6.24,0.3654]
["Instalações Hidráulicas - Reservação e Bombas de Recalque",96739,"LUVA, PPR, DN 32 MM, CLASSE PN 25, INSTALADO EM RESERVAÇÃO PREDIAL DE ÁGUA - FORNECIMENTO E INSTALAÇÃO. AF_04/2024","UN",8.68,0.47120000000000001]
["Instalações Hidráulicas - Reservação e Bombas de Recalque",96741,"LUVA, PPR, DN 40 MM, CLASSE PN 25, INSTALADO EM RESERVAÇÃO PREDIAL DE ÁGUA - FORNECIMENTO E INSTALAÇÃO. AF_04/2024","UN",17.14,0.67849999999999999]
["Instalações Hidráulicas - Reservação e Bombas de Recalque",96742,"LUVA, PPR, DN 50 MM, CLASSE PN 25, INSTALADO EM RESERVAÇÃO PREDIAL DE ÁGUA - FORNECIMENTO E INSTALAÇÃO. AF_04/2024","UN",21.04,0.67059999999999997]
["Instalações Hidráulicas - Reservação e Bombas de Recalque",96743,"LUVA, PPR, DN 63 MM, CLASSE PN 25, INSTALADO EM RESERVAÇÃO PREDIAL DE ÁGUA - FORNECIMENTO E INSTALAÇÃO. AF_04/2024","UN",32.94,0.71919999999999995]
["Instalações Hidráulicas - Reservação e Bombas de Recalque",96744,"LUVA, PPR, DN 75 MM, CLASSE PN 25, INSTALADO EM RESERVAÇÃO PREDIAL DE ÁGUA - FORNECIMENTO E INSTALAÇÃO. AF_04/2024","UN",55.85,0.78659999999999997]
["Instalações Hidráulicas - Reservação e Bombas de Recalque",96745,"LUVA, PPR, DN 90 MM, CLASSE PN 25, INSTALADO EM RESERVAÇÃO PREDIAL DE ÁGUA - FORNECIMENTO E INSTALAÇÃO. AF_04/2024","UN",87.74,0.81950000000000001]
["Instalações Hidráulicas - Reservação e Bombas de Recalque",94671,"LUVA, PVC, SOLDÁVEL, DN 110 MM, INSTALADO EM RESERVAÇÃO PREDIAL DE ÁGUA - FORNECIMENTO E INSTALAÇÃO. AF_04/2024","UN",101.76,0]
["Instalações Hidráulicas - Reservação e Bombas de Recalque",94661,"LUVA, PVC, SOLDÁVEL, DN 40 MM, INSTALADO EM RESERVAÇÃO PREDIAL DE ÁGUA - FORNECIMENTO E INSTALAÇÃO. AF_04/2024","UN",9.4600000000000009,0]
["Instalações Hidráulicas - Reservação e Bombas de Recalque",94663,"LUVA, PVC, SOLDÁVEL, DN 50 MM, INSTALADO EM RESERVAÇÃO PREDIAL DE ÁGUA - FORNECIMENTO E INSTALAÇÃO. AF_04/2024","UN",11.82,0]
["Instalações Hidráulicas - Reservação e Bombas de Recalque",94665,"LUVA, PVC, SOLDÁVEL, DN 60 MM, INSTALADO EM RESERVAÇÃO PREDIAL DE ÁGUA - FORNECIMENTO E INSTALAÇÃO. AF_04/2024","UN",23.25,0]
["Instalações Hidráulicas - Reservação e Bombas de Recalque",94667,"LUVA, PVC, SOLDÁVEL, DN 75 MM, INSTALADO EM RESERVAÇÃO PREDIAL DE ÁGUA - FORNECIMENTO E INSTALAÇÃO. AF_04/2024","UN",34.200000000000003,0]
["Instalações Hidráulicas - Reservação e Bombas de Recalque",94669,"LUVA, PVC, SOLDÁVEL, DN 85 MM, INSTALADO EM RESERVAÇÃO PREDIAL DE ÁGUA - FORNECIMENTO E INSTALAÇÃO. AF_04/2024","UN",61.88,0]
["Instalações Hidráulicas - Reservação e Bombas de Recalque",105177,"NIPLE DE REDUÇÃO, EM FERRO GALVANIZADO, CONEXÃO ROSQUEADA, DN 80 MM X 50 MM (3\" X 2\"), INSTALADO EM RESERVAÇÃO PREDIAL DE ÁGUA - FORNECIMENTO E INSTALAÇÃO. AF_04/2024","UN",145.91999999999999,0.85860000000000003]
["Instalações Hidráulicas - Reservação e Bombas de Recalque",105176,"NIPLE DE REDUÇÃO, EM FERRO GALVANIZADO, CONEXÃO ROSQUEADA, DN 80 MM X 65 MM (3\" X 2 1/2\"), INSTALADO EM RESERVAÇÃO PREDIAL DE ÁGUA - FORNECIMENTO E INSTALAÇÃO. AF_04/2024","UN",163.98,0.86509999999999998]
["Instalações Hidráulicas - Reservação e Bombas de Recalque",94466,"NIPLE, EM FERRO GALVANIZADO, CONEXÃO ROSQUEADA, DN 50 MM (2\"), INSTALADO EM RESERVAÇÃO PREDIAL DE ÁGUA - FORNECIMENTO E INSTALAÇÃO. AF_04/2024","UN",53.95,0.67910000000000004]
["Instalações Hidráulicas - Reservação e Bombas de Recalque",94468,"NIPLE, EM FERRO GALVANIZADO, CONEXÃO ROSQUEADA, DN 65 MM (2 1/2\"), INSTALADO EM RESERVAÇÃO PREDIAL DE ÁGUA - FORNECIMENTO E INSTALAÇÃO. AF_04/2024","UN",76.37,0.73429999999999995]
["Instalações Hidráulicas - Reservação e Bombas de Recalque",94470,"NIPLE, EM FERRO GALVANIZADO, CONEXÃO ROSQUEADA, DN 80 MM (3\"), INSTALADO EM RESERVAÇÃO PREDIAL DE ÁGUA - FORNECIMENTO E INSTALAÇÃO. AF_04/2024","UN",115.17,0.79210000000000003]
["Instalações Hidráulicas - Reservação e Bombas de Recalque",105225,"TE DE REDUÇÃO, CPVC, DN 28 X 22 MM, INSTALADO EM RESERVAÇÃO PREDIAL DE ÁGUA - FORNECIMENTO E INSTALAÇÃO. AF_04/2024","UN",16.97,0.47610000000000002]
["Instalações Hidráulicas - Reservação e Bombas de Recalque",105226,"TE DE REDUÇÃO, CPVC, DN 35 X 28 MM, INSTALADO EM RESERVAÇÃO PREDIAL DE ÁGUA - FORNECIMENTO E INSTALAÇÃO. AF_04/2024","UN",40.369999999999997,0.71789999999999998]
["Instalações Hidráulicas - Reservação e Bombas de Recalque",105227,"TE DE REDUÇÃO, CPVC, DN 42 X 35 MM, INSTALADO EM RESERVAÇÃO PREDIAL DE ÁGUA - FORNECIMENTO E INSTALAÇÃO. AF_04/2024","UN",57.97,0.75439999999999996]
["Instalações Hidráulicas - Reservação e Bombas de Recalque",105212,"TE DE REDUÇÃO, EM FERRO GALVANIZADO, CONEXÃO ROSQUEADA, DN 80 MM X 50 MM (3\" X 2\"), INSTALADO EM RESERVAÇÃO PREDIAL DE ÁGUA - FORNECIMENTO E INSTALAÇÃO. AF_04/2024","UN",247.21,0.82579999999999998]
["Instalações Hidráulicas - Reservação e Bombas de Recalque",105211,"TE DE REDUÇÃO, EM FERRO GALVANIZADO, CONEXÃO ROSQUEADA, DN 80 MM X 65 MM (3\" X 2 1/2\"), INSTALADO EM RESERVAÇÃO PREDIAL DE ÁGUA - FORNECIMENTO E INSTALAÇÃO. AF_04/2024","UN",249.19,0.81920000000000004]
["Instalações Hidráulicas - Reservação e Bombas de Recalque",105189,"TE DE REDUÇÃO, PVC, SOLDÁVEL, 90 GRAUS, DN 50 MM X 25 MM, INSTALADO EM RESERVAÇÃO PREDIAL DE ÁGUA - FORNECIMENTO E INSTALAÇÃO. AF_04/2024","UN",21.08,0]
["Instalações Hidráulicas - Reservação e Bombas de Recalque",105190,"TE DE REDUÇÃO, PVC, SOLDÁVEL, 90 GRAUS, DN 50 MM X 32 MM, INSTALADO EM RESERVAÇÃO PREDIAL DE ÁGUA - FORNECIMENTO E INSTALAÇÃO. AF_04/2024","UN",26.2,0]
["Instalações Hidráulicas - Reservação e Bombas de Recalque",94625,"TE EM COBRE, DN 104 MM, SEM ANEL DE SOLDA, INSTALADO EM RESERVAÇÃO PREDIAL DE ÁGUA - FORNECIMENTO E INSTALAÇÃO. AF_04/2024","UN",1555.16,0.9667]
["Instalações Hidráulicas - Reservação e Bombas de Recalque",94622,"TE EM COBRE, DN 54 MM, SEM ANEL DE SOLDA, INSTALADO EM RESERVAÇÃO PREDIAL DE ÁGUA - FORNECIMENTO E INSTALAÇÃO. AF_04/2024","UN",207.6,0.78890000000000005]
["Instalações Hidráulicas - Reservação e Bombas de Recalque",94623,"TE EM COBRE, DN 66 MM, SEM ANEL DE SOLDA, INSTALADO EM RESERVAÇÃO PREDIAL DE ÁGUA - FORNECIMENTO E INSTALAÇÃO. AF_04/2024","UN",493.34,0.9073]
["Instalações Hidráulicas - Reservação e Bombas de Recalque",94624,"TE EM COBRE, DN 79 MM, SEM ANEL DE SOLDA, INSTALADO EM RESERVAÇÃO PREDIAL DE ÁGUA - FORNECIMENTO E INSTALAÇÃO. AF_04/2024","UN",742.8,0.93569999999999998]
["Instalações Hidráulicas - Reservação e Bombas de Recalque",94763,"TE, CPVC, SOLDÁVEL, DN 114 MM, INSTALADO EM RESERVAÇÃO PREDIAL DE ÁGUA - FORNECIMENTO E INSTALAÇÃO. AF_04/2024","UN",361.5,0.79420000000000002]
["Instalações Hidráulicas - Reservação e Bombas de Recalque",94756,"TE, CPVC, SOLDÁVEL, DN 22 MM, INSTALADO EM RESERVAÇÃO PREDIAL DE ÁGUA - FORNECIMENTO E INSTALAÇÃO. AF_04/2024","UN",12.55,0.4088]
["Instalações Hidráulicas - Reservação e Bombas de Recalque",94757,"TE, CPVC, SOLDÁVEL, DN 28 MM, INSTALADO EM RESERVAÇÃO PREDIAL DE ÁGUA - FORNECIMENTO E INSTALAÇÃO. AF_04/2024","UN",19.91,0.51629999999999998]
["Instalações Hidráulicas - Reservação e Bombas de Recalque",94758,"TE, CPVC, SOLDÁVEL, DN 35 MM, INSTALADO EM RESERVAÇÃO PREDIAL DE ÁGUA - FORNECIMENTO E INSTALAÇÃO. AF_04/2024","UN",51.46,0.76160000000000005]
["Instalações Hidráulicas - Reservação e Bombas de Recalque",94759,"TE, CPVC, SOLDÁVEL, DN 42 MM, INSTALADO EM RESERVAÇÃO PREDIAL DE ÁGUA - FORNECIMENTO E INSTALAÇÃO. AF_04/2024","UN",65.569999999999993,0.76790000000000003]
["Instalações Hidráulicas - Reservação e Bombas de Recalque",94760,"TE, CPVC, SOLDÁVEL, DN 54 MM, INSTALADO EM RESERVAÇÃO PREDIAL DE ÁGUA - FORNECIMENTO E INSTALAÇÃO. AF_04/2024","UN",104.81,0.80230000000000001]
["Instalações Hidráulicas - Reservação e Bombas de Recalque",94761,"TE, CPVC, SOLDÁVEL, DN 73 MM, INSTALADO EM RESERVAÇÃO PREDIAL DE ÁGUA - FORNECIMENTO E INSTALAÇÃO. AF_04/2024","UN",227.85,0.86760000000000004]
["Instalações Hidráulicas - Reservação e Bombas de Recalque",94762,"TE, CPVC, SOLDÁVEL, DN 89 MM, INSTALADO EM RESERVAÇÃO PREDIAL DE ÁGUA - FORNECIMENTO E INSTALAÇÃO. AF_04/2024","UN",275.75,0.8337]
["Instalações Hidráulicas - Reservação e Bombas de Recalque",94462,"TUBO DE AÇO GALVANIZADO COM COSTURA, CLASSE MÉDIA, DN 50 MM (2\"), CONEXÃO ROSQUEADA, INSTALADO EM RESERVAÇÃO PREDIAL DE ÁGUA - FORNECIMENTO E INSTALAÇÃO. AF_04/2024","M",97.41,0.79279999999999995]
["Instalações Hidráulicas - Reservação e Bombas de Recalque",94463,"TUBO DE AÇO GALVANIZADO COM COSTURA, CLASSE MÉDIA, DN 65 MM (2 1/2\"), CONEXÃO ROSQUEADA, INSTALADO EM RESERVAÇÃO PREDIAL DE ÁGUA - FORNECIMENTO E INSTALAÇÃO. AF_04/2024","M",119.41,0.80259999999999998]
["Instalações Hidráulicas - Reservação e Bombas de Recalque",94464,"TUBO DE AÇO GALVANIZADO COM COSTURA, CLASSE MÉDIA, DN 80 MM (3\"), CONEXÃO ROSQUEADA, INSTALADO EM RESERVAÇÃO PREDIAL DE ÁGUA - FORNECIMENTO E INSTALAÇÃO. AF_04/2024","M",156.79,0.8226]
["Instalações Hidráulicas - Reservação e Bombas de Recalque",94605,"TUBO EM COBRE RÍGIDO, DN 104 MM, CLASSE E, SEM ISOLAMENTO, INSTALADO EM RESERVAÇÃO PREDIAL DE ÁGUA - FORNECIMENTO E INSTALAÇÃO. AF_04/2024","M",660.47,0.95279999999999998]
["Instalações Hidráulicas - Reservação e Bombas de Recalque",94602,"TUBO EM COBRE RÍGIDO, DN 54 MM, CLASSE E, SEM ISOLAMENTO, INSTALADO EM RESERVAÇÃO PREDIAL DE ÁGUA - FORNECIMENTO E INSTALAÇÃO. AF_04/2024","M",233.64,0.88690000000000002]
["Instalações Hidráulicas - Reservação e Bombas de Recalque",94603,"TUBO EM COBRE RÍGIDO, DN 66 MM, CLASSE E, SEM ISOLAMENTO, INSTALADO EM RESERVAÇÃO PREDIAL DE ÁGUA - FORNECIMENTO E INSTALAÇÃO. AF_04/2024","M",319.49,0.91369999999999996]
["Instalações Hidráulicas - Reservação e Bombas de Recalque",94604,"TUBO EM COBRE RÍGIDO, DN 79 MM, CLASSE E, SEM ISOLAMENTO, INSTALADO EM RESERVAÇÃO PREDIAL DE ÁGUA - FORNECIMENTO E INSTALAÇÃO. AF_04/2024","M",455.56,0.93679999999999997]
["Instalações Hidráulicas - Reservação e Bombas de Recalque",94723,"TUBO, CPVC, SOLDÁVEL, DN 114 MM, INSTALADO EM RESERVAÇÃO PREDIAL DE ÁGUA - FORNECIMENTO E INSTALAÇÃO. AF_04/2024","M",469.44,0.94489999999999996]
["Instalações Hidráulicas - Reservação e Bombas de Recalque",94716,"TUBO, CPVC, SOLDÁVEL, DN 22 MM, INSTALADO EM RESERVAÇÃO PREDIAL DE ÁGUA - FORNECIMENTO E INSTALAÇÃO. AF_04/2024","M",23.03,0.90449999999999997]
["Instalações Hidráulicas - Reservação e Bombas de Recalque",94717,"TUBO, CPVC, SOLDÁVEL, DN 28 MM, INSTALADO EM RESERVAÇÃO PREDIAL DE ÁGUA - FORNECIMENTO E INSTALAÇÃO. AF_04/2024","M",38.65,0.92830000000000001]
["Instalações Hidráulicas - Reservação e Bombas de Recalque",94718,"TUBO, CPVC, SOLDÁVEL, DN 35 MM, INSTALADO EM RESERVAÇÃO PREDIAL DE ÁGUA - FORNECIMENTO E INSTALAÇÃO. AF_04/2024","M",50.46,0.92869999999999997]
["Instalações Hidráulicas - Reservação e Bombas de Recalque",94719,"TUBO, CPVC, SOLDÁVEL, DN 42 MM, INSTALADO EM RESERVAÇÃO PREDIAL DE ÁGUA - FORNECIMENTO E INSTALAÇÃO. AF_04/2024","M",67.349999999999994,0.93140000000000001]
["Instalações Hidráulicas - Reservação e Bombas de Recalque",94720,"TUBO, CPVC, SOLDÁVEL, DN 54 MM, INSTALADO EM RESERVAÇÃO PREDIAL DE ÁGUA - FORNECIMENTO E INSTALAÇÃO. AF_04/2024","M",98.62,0.93110000000000004]
["Instalações Hidráulicas - Reservação e Bombas de Recalque",94721,"TUBO, CPVC, SOLDÁVEL, DN 73 MM, INSTALADO EM RESERVAÇÃO PREDIAL DE ÁGUA - FORNECIMENTO E INSTALAÇÃO. AF_04/2024","M",159.85,0.92889999999999995]
["Instalações Hidráulicas - Reservação e Bombas de Recalque",94722,"TUBO, CPVC, SOLDÁVEL, DN 89 MM, INSTALADO EM RESERVAÇÃO PREDIAL DE ÁGUA - FORNECIMENTO E INSTALAÇÃO. AF_04/2024","M",249.34,0.93479999999999996]
["Instalações Hidráulicas - Reservação e Bombas de Recalque",96726,"TUBO, PPR, DN 110 MM, CLASSE PN 12, INSTALADO EM RESERVAÇÃO PREDIAL DE ÁGUA - FORNECIMENTO E INSTALAÇÃO. AF_04/2024","M",171.01,0.84319999999999995]
["Instalações Hidráulicas - Reservação e Bombas de Recalque",96735,"TUBO, PPR, DN 110 MM, CLASSE PN 25, INSTALADO EM RESERVAÇÃO PREDIAL DE ÁGUA - FORNECIMENTO E INSTALAÇÃO. AF_04/2024","M",324.27999999999997,0.89839999999999998]
["Instalações Hidráulicas - Reservação e Bombas de Recalque",96718,"TUBO, PPR, DN 20 MM, CLASSE PN 20, INSTALADO EM RESERVAÇÃO PREDIAL DE ÁGUA - FORNECIMENTO E INSTALAÇÃO. AF_04/2024","M",15.22,0.71350000000000002]
["Instalações Hidráulicas - Reservação e Bombas de Recalque",96727,"TUBO, PPR, DN 20 MM, CLASSE PN 25, INSTALADO EM RESERVAÇÃO PREDIAL DE ÁGUA - FORNECIMENTO E INSTALAÇÃO. AF_04/2024","M",17.309999999999999,0.68979999999999997]
["Instalações Hidráulicas - Reservação e Bombas de Recalque",96719,"TUBO, PPR, DN 25 MM, CLASSE PN 20, INSTALADO EM RESERVAÇÃO PREDIAL DE ÁGUA - FORNECIMENTO E INSTALAÇÃO. AF_04/2024","M",19.53,0.75470000000000004]
["Instalações Hidráulicas - Reservação e Bombas de Recalque",96728,"TUBO, PPR, DN 25 MM, CLASSE PN 25, INSTALADO EM RESERVAÇÃO PREDIAL DE ÁGUA - FORNECIMENTO E INSTALAÇÃO. AF_04/2024","M",22.41,0.73719999999999997]
["Instalações Hidráulicas - Reservação e Bombas de Recalque",96720,"TUBO, PPR, DN 32 MM, CLASSE PN 12, INSTALADO EM RESERVAÇÃO PREDIAL DE ÁGUA - FORNECIMENTO E INSTALAÇÃO. AF_04/2024","M",17.64,0.68540000000000001]
["Instalações Hidráulicas - Reservação e Bombas de Recalque",96729,"TUBO, PPR, DN 32 MM, CLASSE PN 25, INSTALADO EM RESERVAÇÃO PREDIAL DE ÁGUA - FORNECIMENTO E INSTALAÇÃO. AF_04/2024","M",28.94,0.76400000000000001]
["Instalações Hidráulicas - Reservação e Bombas de Recalque",96721,"TUBO, PPR, DN 40 MM, CLASSE PN 12, INSTALADO EM RESERVAÇÃO PREDIAL DE ÁGUA - FORNECIMENTO E INSTALAÇÃO. AF_04/2024","M",22.95,0.71020000000000005]
["Instalações Hidráulicas - Reservação e Bombas de Recalque",96730,"TUBO, PPR, DN 40 MM, CLASSE PN 25, INSTALADO EM RESERVAÇÃO PREDIAL DE ÁGUA - FORNECIMENTO E INSTALAÇÃO. AF_04/2024","M",40.08,0.79590000000000005]
["Instalações Hidráulicas - Reservação e Bombas de Recalque",96722,"TUBO, PPR, DN 50 MM, CLASSE PN 12, INSTALADO EM RESERVAÇÃO PREDIAL DE ÁGUA - FORNECIMENTO E INSTALAÇÃO. AF_04/2024","M",35.33,0.7631]
["Instalações Hidráulicas - Reservação e Bombas de Recalque",96731,"TUBO, PPR, DN 50 MM, CLASSE PN 25, INSTALADO EM RESERVAÇÃO PREDIAL DE ÁGUA - FORNECIMENTO E INSTALAÇÃO. AF_04/2024","M",60.71,0.83030000000000004]
["Instalações Hidráulicas - Reservação e Bombas de Recalque",96723,"TUBO, PPR, DN 63 MM, CLASSE PN 12, INSTALADO EM RESERVAÇÃO PREDIAL DE ÁGUA - FORNECIMENTO E INSTALAÇÃO. AF_04/2024","M",54.95,0.79649999999999999]
["Instalações Hidráulicas - Reservação e Bombas de Recalque",96732,"TUBO, PPR, DN 63 MM, CLASSE PN 25, INSTALADO EM RESERVAÇÃO PREDIAL DE ÁGUA - FORNECIMENTO E INSTALAÇÃO. AF_04/2024","M",102.44,0.8659]
["Instalações Hidráulicas - Reservação e Bombas de Recalque",96724,"TUBO, PPR, DN 75 MM, CLASSE PN 12, INSTALADO EM RESERVAÇÃO PREDIAL DE ÁGUA - FORNECIMENTO E INSTALAÇÃO. AF_04/2024","M",70.53,0.79600000000000004]
["Instalações Hidráulicas - Reservação e Bombas de Recalque",96733,"TUBO, PPR, DN 75 MM, CLASSE PN 25, INSTALADO EM RESERVAÇÃO PREDIAL DE ÁGUA - FORNECIMENTO E INSTALAÇÃO. AF_04/2024","M",139.62,0.87339999999999995]
["Instalações Hidráulicas - Reservação e Bombas de Recalque",96725,"TUBO, PPR, DN 90 MM, CLASSE PN 12, INSTALADO EM RESERVAÇÃO PREDIAL DE ÁGUA - FORNECIMENTO E INSTALAÇÃO. AF_04/2024","M",115.65,0.83450000000000002]
["Instalações Hidráulicas - Reservação e Bombas de Recalque",96734,"TUBO, PPR, DN 90 MM, CLASSE PN 25, INSTALADO EM RESERVAÇÃO PREDIAL DE ÁGUA - FORNECIMENTO E INSTALAÇÃO. AF_04/2024","M",233.18,0.89910000000000001]
["Instalações Hidráulicas - Reservação e Bombas de Recalque",94655,"TUBO, PVC, SOLDÁVEL, DE 110MM, INSTALADO EM RESERVAÇÃO PREDIAL DE ÁGUA - FORNECIMENTO E INSTALAÇÃO. AF_04/2024","M",118.7,0]
["Instalações Hidráulicas - Reservação e Bombas de Recalque",94648,"TUBO, PVC, SOLDÁVEL, DE 25MM, INSTALADO EM RESERVAÇÃO PREDIAL DE ÁGUA - FORNECIMENTO E INSTALAÇÃO. AF_04/2024","M",6.75,0]
["Instalações Hidráulicas - Reservação e Bombas de Recalque",94649,"TUBO, PVC, SOLDÁVEL, DE 32MM, INSTALADO EM RESERVAÇÃO PREDIAL DE ÁGUA - FORNECIMENTO E INSTALAÇÃO. AF_04/2024","M",12.46,0]
["Instalações Hidráulicas - Reservação e Bombas de Recalque",94650,"TUBO, PVC, SOLDÁVEL, DE 40MM, INSTALADO EM RESERVAÇÃO PREDIAL DE ÁGUA - FORNECIMENTO E INSTALAÇÃO. AF_04/2024","M",18.84,0]
["Instalações Hidráulicas - Reservação e Bombas de Recalque",94651,"TUBO, PVC, SOLDÁVEL, DE 50MM, INSTALADO EM RESERVAÇÃO PREDIAL DE ÁGUA - FORNECIMENTO E INSTALAÇÃO. AF_04/2024","M",21.93,0]
["Instalações Hidráulicas - Reservação e Bombas de Recalque",94652,"TUBO, PVC, SOLDÁVEL, DE 60MM, INSTALADO EM RESERVAÇÃO PREDIAL DE ÁGUA - FORNECIMENTO E INSTALAÇÃO. AF_04/2024","M",34.299999999999997,0]
["Instalações Hidráulicas - Reservação e Bombas de Recalque",94653,"TUBO, PVC, SOLDÁVEL, DE 75MM, INSTALADO EM RESERVAÇÃO PREDIAL DE ÁGUA - FORNECIMENTO E INSTALAÇÃO. AF_04/2024","M",55.33,0]
["Instalações Hidráulicas - Reservação e Bombas de Recalque",94654,"TUBO, PVC, SOLDÁVEL, DE 85MM, INSTALADO EM RESERVAÇÃO PREDIAL DE ÁGUA - FORNECIMENTO E INSTALAÇÃO. AF_04/2024","M",75.36,0]
["Instalações Hidráulicas - Reservação e Bombas de Recalque",94689,"TÊ COM BUCHA DE LATÃO NA BOLSA CENTRAL, PVC, SOLDÁVEL, DN 25 MM X 3/4\", INSTALADO EM RESERVAÇÃO PREDIAL DE ÁGUA - FORNECIMENTO E INSTALAÇÃO. AF_04/2024","UN",9.31,0]
["Instalações Hidráulicas - Reservação e Bombas de Recalque",94702,"TÊ DE REDUÇÃO, PVC, SOLDÁVEL, DN 110 MM X 60 MM, INSTALADO EM RESERVAÇÃO PREDIAL DE ÁGUA - FORNECIMENTO E INSTALAÇÃO. AF_04/2024","UN",181.36,0]
["Instalações Hidráulicas - Reservação e Bombas de Recalque",94691,"TÊ DE REDUÇÃO, PVC, SOLDÁVEL, DN 32 MM X 25 MM, INSTALADO EM RESERVAÇÃO PREDIAL DE ÁGUA - FORNECIMENTO E INSTALAÇÃO. AF_04/2024","UN",13.25,0]
["Instalações Hidráulicas - Reservação e Bombas de Recalque",94693,"TÊ DE REDUÇÃO, PVC, SOLDÁVEL, DN 40 MM X 32 MM, INSTALADO EM RESERVAÇÃO PREDIAL DE ÁGUA - FORNECIMENTO E INSTALAÇÃO. AF_04/2024","UN",17.37,0]
["Instalações Hidráulicas - Reservação e Bombas de Recalque",94695,"TÊ DE REDUÇÃO, PVC, SOLDÁVEL, DN 50 MM X 40 MM, INSTALADO EM RESERVAÇÃO PREDIAL DE ÁGUA - FORNECIMENTO E INSTALAÇÃO. AF_04/2024","UN",30.22,0]
["Instalações Hidráulicas - Reservação e Bombas de Recalque",94698,"TÊ DE REDUÇÃO, PVC, SOLDÁVEL, DN 75 MM X 50 MM, INSTALADO EM RESERVAÇÃO PREDIAL DE ÁGUA - FORNECIMENTO E INSTALAÇÃO. AF_04/2024","UN",64.739999999999995,0]
["Instalações Hidráulicas - Reservação e Bombas de Recalque",94700,"TÊ DE REDUÇÃO, PVC, SOLDÁVEL, DN 85 MM X 60 MM, INSTALADO EM RESERVAÇÃO PREDIAL DE ÁGUA - FORNECIMENTO E INSTALAÇÃO. AF_04/2024","UN",125.82,0]
["Instalações Hidráulicas - Reservação e Bombas de Recalque",94477,"TÊ, EM FERRO GALVANIZADO, CONEXÃO ROSQUEADA, DN 50 MM (2\"), INSTALADO EM RESERVAÇÃO PREDIAL DE ÁGUA - FORNECIMENTO E INSTALAÇÃO. AF_04/2024","UN",103.48,0.66820000000000002]
["Instalações Hidráulicas - Reservação e Bombas de Recalque",94478,"TÊ, EM FERRO GALVANIZADO, CONEXÃO ROSQUEADA, DN 65 MM (2 1/2\"), INSTALADO EM RESERVAÇÃO PREDIAL DE ÁGUA - FORNECIMENTO E INSTALAÇÃO. AF_04/2024","UN",171.52,0.76549999999999996]
["Instalações Hidráulicas - Reservação e Bombas de Recalque",94479,"TÊ, EM FERRO GALVANIZADO, CONEXÃO ROSQUEADA, DN 80 MM (3\"), INSTALADO EM RESERVAÇÃO PREDIAL DE ÁGUA - FORNECIMENTO E INSTALAÇÃO. AF_04/2024","UN",223.3,0.78759999999999997]
["Instalações Hidráulicas - Reservação e Bombas de Recalque",96764,"TÊ, PPR, DN 110 MM, INSTALADO EM RESERVAÇÃO PREDIAL DE ÁGUA - FORNECIMENTO E INSTALAÇÃO. AF_04/2024","UN",319.20999999999998,0.86080000000000001]
["Instalações Hidráulicas - Reservação e Bombas de Recalque",105164,"TÊ, PPR, DN 20 MM, INSTALADO EM RESERVAÇÃO PREDIAL DE ÁGUA - FORNECIMENTO E INSTALAÇÃO. AF_04/2024","UN",11.03,0.34360000000000002]
["Instalações Hidráulicas - Reservação e Bombas de Recalque",105165,"TÊ, PPR, DN 25 MM, INSTALADO EM RESERVAÇÃO PREDIAL DE ÁGUA - FORNECIMENTO E INSTALAÇÃO. AF_04/2024","UN",11.2,0.29110000000000003]
["Instalações Hidráulicas - Reservação e Bombas de Recalque",96758,"TÊ, PPR, DN 32 MM, INSTALADO EM RESERVAÇÃO PREDIAL DE ÁGUA - FORNECIMENTO E INSTALAÇÃO. AF_04/2024","UN",17.329999999999998,0.46860000000000002]
["Instalações Hidráulicas - Reservação e Bombas de Recalque",96759,"TÊ, PPR, DN 40 MM, INSTALADO EM RESERVAÇÃO PREDIAL DE ÁGUA - FORNECIMENTO E INSTALAÇÃO. AF_04/2024","UN",25.84,0.57310000000000005]
["Instalações Hidráulicas - Reservação e Bombas de Recalque",96760,"TÊ, PPR, DN 50 MM, INSTALADO EM RESERVAÇÃO PREDIAL DE ÁGUA - FORNECIMENTO E INSTALAÇÃO. AF_04/2024","UN",42.4,0.67259999999999998]
["Instalações Hidráulicas - Reservação e Bombas de Recalque",96761,"TÊ, PPR, DN 63 MM, INSTALADO EM RESERVAÇÃO PREDIAL DE ÁGUA - FORNECIMENTO E INSTALAÇÃO. AF_04/2024","UN",63.36,0.7077]
["Instalações Hidráulicas - Reservação e Bombas de Recalque",96762,"TÊ, PPR, DN 75 MM, INSTALADO EM RESERVAÇÃO PREDIAL DE ÁGUA - FORNECIMENTO E INSTALAÇÃO. AF_04/2024","UN",120.05,0.80120000000000002]
["Instalações Hidráulicas - Reservação e Bombas de Recalque",96763,"TÊ, PPR, DN 90 MM, INSTALADO EM RESERVAÇÃO PREDIAL DE ÁGUA - FORNECIMENTO E INSTALAÇÃO. AF_04/2024","UN",160.78,0.80279999999999996]
["Instalações Hidráulicas - Reservação e Bombas de Recalque",94701,"TÊ, PVC, SOLDÁVEL, DN 110 MM INSTALADO EM RESERVAÇÃO PREDIAL DE ÁGUA - FORNECIMENTO E INSTALAÇÃO. AF_04/2024","UN",217.65,0]
["Instalações Hidráulicas - Reservação e Bombas de Recalque",94688,"TÊ, PVC, SOLDÁVEL, DN 25 MM INSTALADO EM RESERVAÇÃO PREDIAL DE ÁGUA - FORNECIMENTO E INSTALAÇÃO. AF_04/2024","UN",6.76,0]
["Instalações Hidráulicas - Reservação e Bombas de Recalque",94690,"TÊ, PVC, SOLDÁVEL, DN 32 MM INSTALADO EM RESERVAÇÃO PREDIAL DE ÁGUA - FORNECIMENTO E INSTALAÇÃO. AF_04/2024","UN",11.08,0]
["Instalações Hidráulicas - Reservação e Bombas de Recalque",94692,"TÊ, PVC, SOLDÁVEL, DN 40 MM INSTALADO EM RESERVAÇÃO PREDIAL DE ÁGUA - FORNECIMENTO E INSTALAÇÃO. AF_04/2024","UN",18.77,0]
["Instalações Hidráulicas - Reservação e Bombas de Recalque",94694,"TÊ, PVC, SOLDÁVEL, DN 50 MM INSTALADO EM RESERVAÇÃO PREDIAL DE ÁGUA - FORNECIMENTO E INSTALAÇÃO. AF_04/2024","UN",23.3,0]
["Instalações Hidráulicas - Reservação e Bombas de Recalque",94696,"TÊ, PVC, SOLDÁVEL, DN 60 MM INSTALADO EM RESERVAÇÃO PREDIAL DE ÁGUA - FORNECIMENTO E INSTALAÇÃO. AF_04/2024","UN",48.96,0]
["Instalações Hidráulicas - Reservação e Bombas de Recalque",94697,"TÊ, PVC, SOLDÁVEL, DN 75 MM INSTALADO EM RESERVAÇÃO PREDIAL DE ÁGUA - FORNECIMENTO E INSTALAÇÃO. AF_04/2024","UN",83.87,0]
["Instalações Hidráulicas - Reservação e Bombas de Recalque",94699,"TÊ, PVC, SOLDÁVEL, DN 85 MM INSTALADO EM RESERVAÇÃO PREDIAL DE ÁGUA - FORNECIMENTO E INSTALAÇÃO. AF_04/2024","UN",111.11,0]
["Instalações Hidráulicas - Reservação e Bombas de Recalque",105167,"UNIÃO FLANGE, PPR, COM PARAFUSOS, DN 40 MM, INSTALADO EM RESERVAÇÃO PREDIAL DE ÁGUA - FORNECIMENTO E INSTALAÇÃO. AF_04/2024","UN",222.98,0.6764]
["Instalações Hidráulicas - Reservação e Bombas de Recalque",105168,"UNIÃO FLANGE, PPR, COM PARAFUSOS, DN 50 MM, INSTALADO EM RESERVAÇÃO PREDIAL DE ÁGUA - FORNECIMENTO E INSTALAÇÃO. AF_04/2024","UN",0]
["Instalações Hidráulicas - Reservação e Bombas de Recalque",105171,"UNIÃO FLANGE, PPR, COM PARAFUSOS, DN 63 MM, INSTALADO EM RESERVAÇÃO PREDIAL DE ÁGUA - FORNECIMENTO E INSTALAÇÃO. AF_04/2024","UN",0]
["Instalações Hidráulicas - Reservação e Bombas de Recalque",105191,"UNIÃO FLANGE, PPR, COM PARAFUSOS, DN 75 MM, INSTALADO EM RESERVAÇÃO PREDIAL DE ÁGUA - FORNECIMENTO E INSTALAÇÃO. AF_04/2024","UN",0]
["Instalações Hidráulicas - Reservação e Bombas de Recalque",105192,"UNIÃO FLANGE, PPR, COM PARAFUSOS, DN 90 MM, INSTALADO EM RESERVAÇÃO PREDIAL DE ÁGUA - FORNECIMENTO E INSTALAÇÃO. AF_04/2024","UN",0]
["Instalações Hidráulicas em PEX",96809,"CONEXÃO FIXA, ROSCA FÊMEA, METÁLICA, PARA INSTALAÇÕES EM PEX ÁGUA, DN 16 MM X 1/2\", COM ANEL DESLIZANTE. FORNECIMENTO E INSTALAÇÃO. AF_02/2023","UN",19.170000000000002,0.51639999999999997]
["Instalações Hidráulicas em PEX",96812,"CONEXÃO FIXA, ROSCA FÊMEA, METÁLICA, PARA INSTALAÇÕES EM PEX ÁGUA, DN 20 MM X 1/2\", COM ANEL DESLIZANTE. FORNECIMENTO E INSTALAÇÃO. AF_02/2023","UN",19.97,0.50429999999999997]
["Instalações Hidráulicas em PEX",96813,"CONEXÃO FIXA, ROSCA FÊMEA, METÁLICA, PARA INSTALAÇÕES EM PEX ÁGUA, DN 20 MM X 3/4\", COM ANEL DESLIZANTE. FORNECIMENTO E INSTALAÇÃO. AF_02/2023","UN",22.78,0.51800000000000002]
["Instalações Hidráulicas em PEX",96817,"CONEXÃO FIXA, ROSCA FÊMEA, METÁLICA, PARA INSTALAÇÕES EM PEX ÁGUA, DN 25 MM X 1\", COM ANEL DESLIZANTE - FORNECIMENTO E INSTALAÇÃO. AF_02/2023","UN",34.44,0.61880000000000002]
["Instalações Hidráulicas em PEX",96816,"CONEXÃO FIXA, ROSCA FÊMEA, METÁLICA, PARA INSTALAÇÕES EM PEX ÁGUA, DN 25 MM X 3/4\", COM ANEL DESLIZANTE - FORNECIMENTO E INSTALAÇÃO. AF_02/2023","UN",25.75,0.54249999999999998]
["Instalações Hidráulicas em PEX",96821,"CONEXÃO FIXA, ROSCA FÊMEA, METÁLICA, PARA INSTALAÇÕES EM PEX ÁGUA, DN 32 MM X 1\", COM ANEL DESLIZANTE - FORNECIMENTO E INSTALAÇÃO. AF_02/2023","UN",38.340000000000003,0.62829999999999997]
["Instalações Hidráulicas em PEX",96824,"CONEXÃO FIXA, ROSCA FÊMEA, PARA INSTALAÇÕES EM PEX ÁGUA, DN 16MM X 1/2\", CONEXÃO POR CRIMPAGEM - FORNECIMENTO E INSTALAÇÃO. AF_02/2023","UN",17.98,0.54279999999999995]
["Instalações Hidráulicas em PEX",96827,"CONEXÃO FIXA, ROSCA FÊMEA, PARA INSTALAÇÕES EM PEX ÁGUA, DN 20MM X 1/2\", CONEXÃO POR CRIMPAGEM - FORNECIMENTO E INSTALAÇÃO. AF_02/2023","UN",19.600000000000001,0.55820000000000003]
["Instalações Hidráulicas em PEX",96828,"CONEXÃO FIXA, ROSCA FÊMEA, PARA INSTALAÇÕES EM PEX ÁGUA, DN 20MM X 3/4\", CONEXÃO POR CRIMPAGEM - FORNECIMENTO E INSTALAÇÃO. AF_02/2023","UN",24.19,0.59740000000000004]
["Instalações Hidráulicas em PEX",96832,"CONEXÃO FIXA, ROSCA FÊMEA, PARA INSTALAÇÕES EM PEX ÁGUA, DN 25MM X 3/4\", CONEXÃO POR CRIMPAGEM - FORNECIMENTO E INSTALAÇÃO. AF_02/2023","UN",30.48,0.66210000000000002]
["Instalações Hidráulicas em PEX",104525,"CONEXÃO FIXA, ROSCA MACHO, PARA INSTALAÇÕES EM PEX ÁGUA, DN 16 MM X 1/2\", COM ANEL DESLIZANTE - FORNECIMENTO E INSTALAÇÃO. AF_02/2023","UN",0]
["Instalações Hidráulicas em PEX",104563,"CONEXÃO FIXA, ROSCA MACHO, PARA INSTALAÇÕES EM PEX ÁGUA, DN 16 MM X 3/4\", COM ANEL DESLIZANTE - FORNECIMENTO E INSTALAÇÃO. AF_02/2023","UN",0]
["Instalações Hidráulicas em PEX",104531,"CONEXÃO FIXA, ROSCA MACHO, PARA INSTALAÇÕES EM PEX ÁGUA, DN 20 MM X 1/2\", COM ANEL DESLIZANTE - FORNECIMENTO E INSTALAÇÃO. AF_02/2023","UN",0]
["Instalações Hidráulicas em PEX",104527,"CONEXÃO FIXA, ROSCA MACHO, PARA INSTALAÇÕES EM PEX ÁGUA, DN 20 MM X 3/4\", COM ANEL DESLIZANTE - FORNECIMENTO E INSTALAÇÃO. AF_02/2023","UN",0]
["Instalações Hidráulicas em PEX",104529,"CONEXÃO FIXA, ROSCA MACHO, PARA INSTALAÇÕES EM PEX ÁGUA, DN 25 MM X 1\", COM ANEL DESLIZANTE - FORNECIMENTO E INSTALAÇÃO. AF_02/2023","UN",0]
["Instalações Hidráulicas em PEX",104564,"CONEXÃO FIXA, ROSCA MACHO, PARA INSTALAÇÕES EM PEX ÁGUA, DN 25 MM X 1/2\", COM ANEL DESLIZANTE - FORNECIMENTO E INSTALAÇÃO. AF_02/2023","UN",0]
["Instalações Hidráulicas em PEX",104533,"CONEXÃO FIXA, ROSCA MACHO, PARA INSTALAÇÕES EM PEX ÁGUA, DN 25 MM X 3/4\", COM ANEL DESLIZANTE - FORNECIMENTO E INSTALAÇÃO. AF_02/2023","UN",0]
["Instalações Hidráulicas em PEX",104535,"CONEXÃO FIXA, ROSCA MACHO, PARA INSTALAÇÕES EM PEX ÁGUA, DN 32 MM X 1\", COM ANEL DESLIZANTE - FORNECIMENTO E INSTALAÇÃO. AF_02/2023","UN",0]
["Instalações Hidráulicas em PEX",96810,"CONEXÃO MÓVEL, ROSCA FÊMEA, METÁLICA, PARA INSTALAÇÕES EM PEX ÁGUA, DN 16 MM X 3/4\", COM ANEL DESLIZANTE. FORNECIMENTO E INSTALAÇÃO. AF_02/2023","UN",20.8,0.50290000000000001]
["Instalações Hidráulicas em PEX",104524,"CONEXÃO MÓVEL, ROSCA FÊMEA, PARA INSTALAÇÕES EM PEX ÁGUA, DN 16 MM X 1/2\", COM ANEL DESLIZANTE - FORNECIMENTO E INSTALAÇÃO. AF_02/2023","UN",0]
["Instalações Hidráulicas em PEX",104530,"CONEXÃO MÓVEL, ROSCA FÊMEA, PARA INSTALAÇÕES EM PEX ÁGUA, DN 20 MM X 1/2\", COM ANEL DESLIZANTE - FORNECIMENTO E INSTALAÇÃO. AF_02/2023","UN",0]
["Instalações Hidráulicas em PEX",104526,"CONEXÃO MÓVEL, ROSCA FÊMEA, PARA INSTALAÇÕES EM PEX ÁGUA, DN 20 MM X 3/4\", COM ANEL DESLIZANTE - FORNECIMENTO E INSTALAÇÃO. AF_02/2023","UN",0]
["Instalações Hidráulicas em PEX",104528,"CONEXÃO MÓVEL, ROSCA FÊMEA, PARA INSTALAÇÕES EM PEX ÁGUA, DN 25 MM X 1\", COM ANEL DESLIZANTE - FORNECIMENTO E INSTALAÇÃO. AF_02/2023","UN",0]
["Instalações Hidráulicas em PEX",104532,"CONEXÃO MÓVEL, ROSCA FÊMEA, PARA INSTALAÇÕES EM PEX ÁGUA, DN 25 MM X 3/4\", COM ANEL DESLIZANTE - FORNECIMENTO E INSTALAÇÃO. AF_02/2023","UN",0]
["Instalações Hidráulicas em PEX",104534,"CONEXÃO MÓVEL, ROSCA FÊMEA, PARA INSTALAÇÕES EM PEX ÁGUA, DN 32 MM X 1\", COM ANEL DESLIZANTE - FORNECIMENTO E INSTALAÇÃO. AF_02/2023","UN",0]
["Instalações Hidráulicas em PEX",96873,"DISTRIBUIDOR 2 SAÍDAS, METÁLICO, PARA INSTALAÇÕES EM PEX ÁGUA, ENTRADA DE 1\" X 2 SAÍDAS DE 1/2\", CONEXÃO POR ANEL DESLIZANTE - FORNECIMENTO E INSTALAÇÃO. AF_02/2023","UN",65.06,0.66549999999999998]
["Instalações Hidráulicas em PEX",96872,"DISTRIBUIDOR 2 SAÍDAS, METÁLICO, PARA INSTALAÇÕES EM PEX ÁGUA, ENTRADA DE 3/4\" X 2 SAÍDAS DE 1/2\", CONEXÃO POR ANEL DESLIZANTE - FORNECIMENTO E INSTALAÇÃO. AF_02/2023","UN",48.76,0.60360000000000003]
["Instalações Hidráulicas em PEX",96876,"DISTRIBUIDOR 2 SAÍDAS, PARA INSTALAÇÕES EM PEX ÁGUA, ENTRADA DE 32 MM X 2 SAÍDAS DE 16 MM, CONEXÃO POR CRIMPAGEM FORNECIMENTO E INSTALAÇÃO. AF_02/2023","UN",181.62,0.87280000000000002]
["Instalações Hidráulicas em PEX",96878,"DISTRIBUIDOR 2 SAÍDAS, PARA INSTALAÇÕES EM PEX ÁGUA, ENTRADA DE 32 MM X 2 SAÍDAS DE 25 MM, CONEXÃO POR CRIMPAGEM - FORNECIMENTO E INSTALAÇÃO. AF_02/2023","UN",203.96,0.87690000000000001]
["Instalações Hidráulicas em PEX",96875,"DISTRIBUIDOR 3 SAÍDAS, METÁLICO, PARA INSTALAÇÕES EM PEX ÁGUA, ENTRADA DE 1\" X 3 SAÍDAS DE 1/2\", CONEXÃO POR ANEL DESLIZANTE - FORNECIMENTO E INSTALAÇÃO. AF_02/2023","UN",77.959999999999994,0.67659999999999998]
["Instalações Hidráulicas em PEX",96874,"DISTRIBUIDOR 3 SAÍDAS, METÁLICO, PARA INSTALAÇÕES EM PEX ÁGUA, ENTRADA DE 3/4\" X 3 SAÍDAS DE 1/2\", CONEXÃO POR ANEL DESLIZANTE - FORNECIMENTO E INSTALAÇÃO. AF_02/2023","UN",59.3,0.6159]
["Instalações Hidráulicas em PEX",96879,"DISTRIBUIDOR 3 SAÍDAS, PARA INSTALAÇÕES EM PEX ÁGUA, ENTRADA DE 32 MM X 3 SAÍDAS DE 16 MM, CONEXÃO POR CRIMPAGEM - FORNECIMENTO E INSTALAÇÃO. AF_02/2023","UN",197.6,0.87090000000000001]
["Instalações Hidráulicas em PEX",96881,"DISTRIBUIDOR 3 SAÍDAS, PARA INSTALAÇÕES EM PEX ÁGUA, ENTRADA DE 32 MM X 3 SAÍDAS DE 25 MM, CONEXÃO POR CRIMPAGEM - FORNECIMENTO E INSTALAÇÃO. AF_02/2023","UN",234.47,0.87839999999999996]
["Instalações Hidráulicas em PEX",96837,"JOELHO 90 GRAUS, METÁLICO, PARA INSTALAÇÕES EM PEX ÁGUA, DN 16 MM, CONEXÃO POR ANEL DESLIZANTE - FORNECIMENTO E INSTALAÇÃO. AF_02/2023","UN",21.35,0.51570000000000005]
["Instalações Hidráulicas em PEX",96840,"JOELHO 90 GRAUS, METÁLICO, PARA INSTALAÇÕES EM PEX ÁGUA, DN 20 MM, CONEXÃO POR ANEL DESLIZANTE - FORNECIMENTO E INSTALAÇÃO. AF_02/2023","UN",25.78,0.52439999999999998]
["Instalações Hidráulicas em PEX",96845,"JOELHO 90 GRAUS, METÁLICO, PARA INSTALAÇÕES EM PEX ÁGUA, DN 25 MM, CONEXÃO POR ANEL DESLIZANTE - FORNECIMENTO E INSTALAÇÃO. AF_02/2023","UN",40.71,0.6401]
["Instalações Hidráulicas em PEX",96848,"JOELHO 90 GRAUS, METÁLICO, PARA INSTALAÇÕES EM PEX ÁGUA, DN 32 MM, CONEXÃO POR ANEL DESLIZANTE - FORNECIMENTO E INSTALAÇÃO. AF_02/2023","UN",54.07,0.66690000000000005]
["Instalações Hidráulicas em PEX",96849,"JOELHO 90 GRAUS, PARA INSTALAÇÕES EM PEX ÁGUA, DN 16 MM, CONEXÃO POR CRIMPAGEM - FORNECIMENTO E INSTALAÇÃO. AF_02/2023","UN",17.05,0.57650000000000001]
["Instalações Hidráulicas em PEX",96852,"JOELHO 90 GRAUS, PARA INSTALAÇÕES EM PEX ÁGUA, DN 20 MM, CONEXÃO POR CRIMPAGEM - FORNECIMENTO E INSTALAÇÃO. AF_02/2023","UN",21.72,0.60589999999999999]
["Instalações Hidráulicas em PEX",96855,"JOELHO 90 GRAUS, PARA INSTALAÇÕES EM PEX ÁGUA, DN 25 MM, CONEXÃO POR CRIMPAGEM - FORNECIMENTO E INSTALAÇÃO. AF_02/2023","UN",34.159999999999997,0.70050000000000001]
["Instalações Hidráulicas em PEX",96838,"JOELHO 90 GRAUS, ROSCA FÊMEA TERMINAL, METÁLICO, PARA INSTALAÇÕES EM PEX ÁGUA, DN 16MM X 1/2\", CONEXÃO POR ANEL DESLIZANTE - FORNECIMENTO E INSTALAÇÃO. AF_02/2023","UN",25.66,0.45910000000000001]
["Instalações Hidráulicas em PEX",96841,"JOELHO 90 GRAUS, ROSCA FÊMEA TERMINAL, METÁLICO, PARA INSTALAÇÕES EM PEX ÁGUA, DN 20 MM X 1/2\", CONEXÃO POR ANEL DESLIZANTE - FORNECIMENTO E INSTALAÇÃO. AF_02/2023","UN",28.51,0.47949999999999998]
["Instalações Hidráulicas em PEX",96842,"JOELHO 90 GRAUS, ROSCA FÊMEA TERMINAL, METÁLICO, PARA INSTALAÇÕES EM PEX ÁGUA, DN 20 MM X 3/4\", CONEXÃO POR ANEL DESLIZANTE - FORNECIMENTO E INSTALAÇÃO. AF_02/2023","UN",32.68,0.49630000000000002]
["Instalações Hidráulicas em PEX",96846,"JOELHO 90 GRAUS, ROSCA FÊMEA TERMINAL, METÁLICO, PARA INSTALAÇÕES EM PEX ÁGUA, DN 25 MM X 3/4\", CONEXÃO POR ANEL DESLIZANTE - FORNECIMENTO E INSTALAÇÃO. AF_02/2023","UN",38.130000000000003,0.53710000000000002]
["Instalações Hidráulicas em PEX",96850,"JOELHO 90 GRAUS, ROSCA FÊMEA TERMINAL, PARA INSTALAÇÕES EM PEX ÁGUA, DN 16MM X 1/2\", CONEXÃO POR CRIMPAGEM - FORNECIMENTO E INSTALAÇÃO. AF_02/2023","UN",23.95,0.48559999999999998]
["Instalações Hidráulicas em PEX",96853,"JOELHO 90 GRAUS, ROSCA FÊMEA TERMINAL, PARA INSTALAÇÕES EM PEX ÁGUA, DN 20MM X 1/2\", CONEXÃO POR CRIMPAGEM - FORNECIMENTO E INSTALAÇÃO. AF_02/2023","UN",25.75,0.4955]
["Instalações Hidráulicas em PEX",96854,"JOELHO 90 GRAUS, ROSCA FÊMEA TERMINAL, PARA INSTALAÇÕES EM PEX ÁGUA, DN 20MM X 3/4\", CONEXÃO POR CRIMPAGEM - FORNECIMENTO E INSTALAÇÃO. AF_02/2023","UN",31.75,0.54020000000000001]
["Instalações Hidráulicas em PEX",104571,"JOELHO 90 GRAUS, ROSCA FÊMEA TERMINAL, PARA INSTALAÇÕES EM PEX ÁGUA, DN 25 MM X 3/4\", FIXAÇÃO DAS CONEXÕES POR CRIMPAGEM - FORNECIMENTO E INSTALAÇÃO. AF_02/2023","UN",0]
["Instalações Hidráulicas em PEX",96856,"JOELHO 90 GRAUS, ROSCA FÊMEA TERMINAL, PARA INSTALAÇÕES EM PEX ÁGUA, DN 25MM X 1/2\", CONEXÃO POR CRIMPAGEM - FORNECIMENTO E INSTALAÇÃO. AF_02/2023","UN",36.49,0.62129999999999996]
["Instalações Hidráulicas em PEX",104566,"JOELHO 90 GRAUS, ROSCA MACHO TERMINAL, PARA INSTALAÇÕES EM PEX ÁGUA, DN 16 MM X 1/2\", COM ANEL DESLIZANTE - FORNECIMENTO E INSTALAÇÃO. AF_02/2023","UN",0]
["Instalações Hidráulicas em PEX",104536,"JOELHO 90 GRAUS, ROSCA MACHO TERMINAL, PARA INSTALAÇÕES EM PEX ÁGUA, DN 20 MM X 1/2\", FIXAÇÃO DAS CONEXÕES POR CRIMPAGEM - FORNECIMENTO E INSTALAÇÃO. AF_02/2023","UN",0]
["Instalações Hidráulicas em PEX",104537,"JOELHO 90 GRAUS, ROSCA MACHO TERMINAL, PARA INSTALAÇÕES EM PEX ÁGUA, DN 20 MM X 3/4\", FIXAÇÃO DAS CONEXÕES POR CRIMPAGEM - FORNECIMENTO E INSTALAÇÃO. AF_02/2023","UN",0]
["Instalações Hidráulicas em PEX",104572,"JOELHO 90 GRAUS, ROSCA MACHO TERMINAL, PARA INSTALAÇÕES EM PEX ÁGUA, DN 25 MM X 1\", COM ANEL DESLIZANTE - FORNECIMENTO E INSTALAÇÃO. AF_02/2023","UN",0]
["Instalações Hidráulicas em PEX",104568,"JOELHO 90 GRAUS, ROSCA MACHO TERMINAL, PARA INSTALAÇÕES EM PEX ÁGUA, DN 25 MM X 1/2\", COM ANEL DESLIZANTE - FORNECIMENTO E INSTALAÇÃO. AF_02/2023","UN",0]
["Instalações Hidráulicas em PEX",104538,"JOELHO 90 GRAUS, ROSCA MACHO TERMINAL, PARA INSTALAÇÕES EM PEX ÁGUA, DN 25 MM X 3/4\", FIXAÇÃO DAS CONEXÕES POR CRIMPAGEM - FORNECIMENTO E INSTALAÇÃO. AF_02/2023","UN",0]
["Instalações Hidráulicas em PEX",104570,"JOELHO 90 GRAUS, ROSCA MACHO TERMINAL, PARA INSTALAÇÕES EM PEX ÁGUA, DN 32 MM X 1\", COM ANEL DESLIZANTE - FORNECIMENTO E INSTALAÇÃO. AF_02/2023","UN",0]
["Instalações Hidráulicas em PEX",104565,"JOELHO ROSCA FÊMEA MÓVEL, PARA INSTALAÇÕES EM PEX ÁGUA, DN 16 MM X 1/2\", COM ANEL DESLIZANTE - FORNECIMENTO E INSTALAÇÃO. AF_02/2023","UN",0]
["Instalações Hidráulicas em PEX",104567,"JOELHO ROSCA FÊMEA MÓVEL, PARA INSTALAÇÕES EM PEX ÁGUA, DN 20 MM X 1/2\", COM ANEL DESLIZANTE - FORNECIMENTO E INSTALAÇÃO. AF_02/2023","UN",0]
["Instalações Hidráulicas em PEX",104569,"JOELHO ROSCA FÊMEA MÓVEL, PARA INSTALAÇÕES EM PEX ÁGUA, DN 25 MM X 3/4\", COM ANEL DESLIZANTE - FORNECIMENTO E INSTALAÇÃO. AF_02/2023","UN",0]
["Instalações Hidráulicas em PEX",96843,"JOELHO ROSCA FÊMEA, COM BASE FIXA, METÁLICO, PARA INSTALAÇÕES EM PEX ÁGUA, DN 20MM X 1/2\", CONEXÃO POR ANEL DESLIZANTE - FORNECIMENTO E INSTALAÇÃO. AF_02/2023","UN",29.71,0.50049999999999994]
["Instalações Hidráulicas em PEX",96847,"JOELHO ROSCA FÊMEA, COM BASE FIXA, METÁLICO, PARA INSTALAÇÕES EM PEX ÁGUA, DN 25MM X 3/4\", CONEXÃO POR ANEL DESLIZANTE - FORNECIMENTO E INSTALAÇÃO. AF_02/2023","UN",37.6,0.53059999999999996]
["Instalações Hidráulicas em PEX",96844,"JOELHO ROSCA FÊMEA, MÓVEL, METÁLICO, PARA INSTALAÇÕES EM PEX ÁGUA, DN 20MM X 3/4\", CONEXÃO POR ANEL DESLIZANTE - FORNECIMENTO E INSTALAÇÃO. AF_02/2023","UN",34.229999999999997,0.51910000000000001]
["Instalações Hidráulicas em PEX",96839,"JOELHO, ROSCA FÊMEA, COM BASE FIXA, METÁLICO, PARA INSTALAÇÕES EM PEX ÁGUA, DN 16MM X 1/2\", CONEXÃO POR ANEL DESLIZANTE - FORNECIMENTO E INSTALAÇÃO. AF_02/2023","UN",26.55,0.47720000000000001]
["Instalações Hidráulicas em PEX",104574,"JOELHO, ROSCA FÊMEA, COM BASE FIXA, PARA INSTALAÇÕES EM PEX ÁGUA, DN 16 MM X 3/4\", FIXAÇÃO DAS CONEXÕES POR CRIMPAGEM - FORNECIMENTO E INSTALAÇÃO. AF_02/2023","UN",0]
["Instalações Hidráulicas em PEX",104575,"JOELHO, ROSCA FÊMEA, COM BASE FIXA, PARA INSTALAÇÕES EM PEX ÁGUA, DN 20 MM X 3/4\", FIXAÇÃO DAS CONEXÕES POR CRIMPAGEM - FORNECIMENTO E INSTALAÇÃO. AF_02/2023","UN",0]
["Instalações Hidráulicas em PEX",104573,"JOELHO, ROSCA FÊMEA, COM BASE FIXA, PARA INSTALAÇÕES EM PEX ÁGUA, DN 25 MM X 1/2\", FIXAÇÃO DAS CONEXÕES POR CRIMPAGEM - FORNECIMENTO E INSTALAÇÃO. AF_02/2023","UN",0]
["Instalações Hidráulicas em PEX",96805,"KIT CHASSI PEX, PRÉ-FABRICADO, PARA CHUVEIRO, INCLUSO QUADRO METÁLICO, TUBOS, REGISTROS DE PRESSÃO E CONEXÕES POR ANEL DESLIZANTE - FORNECIMENTO E INSTALAÇÃO. AF_02/2023","UN",222.64,0.875]
["Instalações Hidráulicas em PEX",96802,"KIT CHASSI PEX, PRÉ-FABRICADO, PARA CHUVEIRO, INCLUSO QUADRO METÁLICO, TUBOS, REGISTROS DE PRESSÃO E CONEXÕES POR CRIMPAGEM - FORNECIMENTO E INSTALAÇÃO. AF_02/2023","UN",431.77,0.95189999999999997]
["Instalações Hidráulicas em PEX",96806,"KIT CHASSI PEX, PRÉ-FABRICADO, PARA COZINHA COM CUBA SIMPLES, INCLUSO QUADRO METÁLICO, TUBOS E CONEXÕES POR ANEL DESLIZANTE - FORNECIMENTO E INSTALAÇÃO. AF_02/2023","UN",85.27,0.71560000000000001]
["Instalações Hidráulicas em PEX",96803,"KIT CHASSI PEX, PRÉ-FABRICADO, PARA COZINHA COM CUBA SIMPLES, INCLUSO QUADRO METÁLICO, TUBOS E CONEXÕES POR CRIMPAGEM - FORNECIMENTO E INSTALAÇÃO. AF_02/2023","UN",78.23,0.78]
["Instalações Hidráulicas em PEX",96807,"KIT CHASSI PEX, PRÉ-FABRICADO, PARA ÁREA DE SERVIÇO COM TANQUE E MÁQUINA DE LAVAR ROUPA, INCLUSO QUADRO METÁLICO, TUBOS E CONEXÕES POR ANEL DESLIZANTE - FORNECIMENTO E INSTALAÇÃO. AF_02/2023","UN",136.65,0.65059999999999996]
["Instalações Hidráulicas em PEX",96804,"KIT CHASSI PEX, PRÉ-FABRICADO, PARA ÁREA DE SERVIÇO COM TANQUE E MÁQUINA DE LAVAR ROUPA, INCLUSO QUADRO METÁLICO, TUBOS E CONEXÕES POR CRIMPAGEM - FORNECIMENTO E INSTALAÇÃO. AF_02/2023","UN",125.56,0.67589999999999995]
["Instalações Hidráulicas em PEX",96829,"LUVA DE REDUÇÃO PARA INSTALAÇÕES EM PEX ÁGUA, DN 20 X 16 MM, CONEXÃO POR CRIMPAGEM - FORNECIMENTO E INSTALAÇÃO. AF_02/2023","UN",18.850000000000001,0.72099999999999997]
["Instalações Hidráulicas em PEX",96833,"LUVA DE REDUÇÃO PARA INSTALAÇÕES EM PEX ÁGUA, DN 25 X 16 MM, CONEXÃO POR CRIMPAGEM - FORNECIMENTO E INSTALAÇÃO. AF_02/2023","UN",24.07,0.75819999999999999]
["Instalações Hidráulicas em PEX",96836,"LUVA DE REDUÇÃO PARA INSTALAÇÕES EM PEX ÁGUA, DN 32 X 25 MM, CONEXÃO POR CRIMPAGEM - FORNECIMENTO E INSTALAÇÃO. AF_02/2023","UN",34.450000000000003,0.77939999999999998]
["Instalações Hidráulicas em PEX",104576,"LUVA DE REDUÇÃO, PARA INSTALAÇÕES EM PEX ÁGUA, DN 20 X 16 MM, COM ANEL DESLIZANTE - FORNECIMENTO E INSTALAÇÃO. AF_02/2023","UN",16.39,0.54059999999999997]
["Instalações Hidráulicas em PEX",104577,"LUVA DE REDUÇÃO, PARA INSTALAÇÕES EM PEX ÁGUA, DN 25 X 16 MM, COM ANEL DESLIZANTE - FORNECIMENTO E INSTALAÇÃO. AF_02/2023","UN",22.1,0.62309999999999999]
["Instalações Hidráulicas em PEX",104578,"LUVA DE REDUÇÃO, PARA INSTALAÇÕES EM PEX ÁGUA, DN 25 X 20 MM, COM ANEL DESLIZANTE - FORNECIMENTO E INSTALAÇÃO. AF_02/2023","UN",23.69,0.62139999999999995]
["Instalações Hidráulicas em PEX",104580,"LUVA DE REDUÇÃO, PARA INSTALAÇÕES EM PEX ÁGUA, DN 32 X 20 MM, FIXAÇÃO DAS CONEXÕES POR CRIMPAGEM - FORNECIMENTO E INSTALAÇÃO. AF_02/2023","UN",20.63,0.65869999999999995]
["Instalações Hidráulicas em PEX",104579,"LUVA DE REDUÇÃO, PARA INSTALAÇÕES EM PEX ÁGUA, DN 32 X 25 MM, COM ANEL DESLIZANTE - FORNECIMENTO E INSTALAÇÃO. AF_02/2023","UN",31.13,0.6502]
["Instalações Hidráulicas em PEX",96823,"LUVA PARA INSTALAÇÕES EM PEX ÁGUA, DN 16 MM, CONEXÃO POR CRIMPAGEM - FORNECIMENTO E INSTALAÇÃO. AF_02/2023","UN",11.55,0.58350000000000002]
["Instalações Hidráulicas em PEX",96826,"LUVA PARA INSTALAÇÕES EM PEX ÁGUA, DN 20 MM, CONEXÃO POR CRIMPAGEM - FORNECIMENTO E INSTALAÇÃO. AF_02/2023","UN",13.37,0.57440000000000002]
["Instalações Hidráulicas em PEX",96830,"LUVA PARA INSTALAÇÕES EM PEX ÁGUA, DN 25 MM, CONEXÃO POR CRIMPAGEM - FORNECIMENTO E INSTALAÇÃO. AF_02/2023","UN",21.15,0.67800000000000005]
["Instalações Hidráulicas em PEX",96834,"LUVA PARA INSTALAÇÕES EM PEX ÁGUA, DN 32 MM, CONEXÃO POR CRIMPAGEM - FORNECIMENTO E INSTALAÇÃO. AF_02/2023","UN",28.69,0.70789999999999997]
["Instalações Hidráulicas em PEX",104581,"LUVA, PARA INSTALAÇÕES EM PEX ÁGUA, DN 16 MM, COM ANEL DESLIZANTE - FORNECIMENTO E INSTALAÇÃO. AF_02/2023","UN",14.97,0.53969999999999996]
["Instalações Hidráulicas em PEX",104582,"LUVA, PARA INSTALAÇÕES EM PEX ÁGUA, DN 20 MM, COM ANEL DESLIZANTE - FORNECIMENTO E INSTALAÇÃO. AF_02/2023","UN",19.12,0.57269999999999999]
["Instalações Hidráulicas em PEX",104583,"LUVA, PARA INSTALAÇÕES EM PEX ÁGUA, DN 25 MM, COM ANEL DESLIZANTE - FORNECIMENTO E INSTALAÇÃO. AF_02/2023","UN",30.79,0.68300000000000005]
["Instalações Hidráulicas em PEX",104584,"LUVA, PARA INSTALAÇÕES EM PEX ÁGUA, DN 32 MM, COM ANEL DESLIZANTE - FORNECIMENTO E INSTALAÇÃO. AF_02/2023","UN",36.93,0.67479999999999996]
["Instalações Hidráulicas em PEX",104585,"TAMPÃO / CAP, ROSCA FÊMEA, PARA INSTALAÇÕES EM PEX ÁGUA, DN 1/2\" - FORNECIMENTO E INSTALAÇÃO. AF_02/2023","UN",0]
["Instalações Hidráulicas em PEX",104587,"TAMPÃO / CAP, ROSCA FÊMEA, PARA INSTALAÇÕES EM PEX ÁGUA, DN 3/4\" - FORNECIMENTO E INSTALAÇÃO. AF_02/2023","UN",0]
["Instalações Hidráulicas em PEX",104586,"TAMPÃO / CAP, ROSCA MACHO, PARA INSTALAÇÕES EM PEX ÁGUA, DN 1/2\" - FORNECIMENTO E INSTALAÇÃO. AF_02/2023","UN",0]
["Instalações Hidráulicas em PEX",96798,"TUBO, PEX, MONOCAMADA, DN 16, INSTALADO EM RAMAL/SUB-RAMAL OU DISTRIBUIÇÃO DE ÁGUA - FORNECIMENTO E INSTALAÇÃO. AF_02/2023","M",7.92,0.60350000000000004]
["Instalações Hidráulicas em PEX",96799,"TUBO, PEX, MONOCAMADA, DN 20, INSTALADO EM RAMAL/SUB-RAMAL OU DISTRIBUIÇÃO DE ÁGUA - FORNECIMENTO E INSTALAÇÃO. AF_02/2023","M",10.14,0.60950000000000004]
["Instalações Hidráulicas em PEX",96800,"TUBO, PEX, MONOCAMADA, DN 25, INSTALADO EM RAMAL/SUB-RAMAL OU DISTRIBUIÇÃO DE ÁGUA - FORNECIMENTO E INSTALAÇÃO. AF_02/2023","M",13.77,0.63829999999999998]
["Instalações Hidráulicas em PEX",96801,"TUBO, PEX, MONOCAMADA, DN 32, INSTALADO EM RAMAL/SUB-RAMAL OU DISTRIBUIÇÃO DE ÁGUA - FORNECIMENTO E INSTALAÇÃO. AF_02/2023","M",20.79,0.69120000000000004]
["Instalações Hidráulicas em PEX",104539,"TÊ DE REDUÇÃO, PARA INSTALAÇÕES EM PEX ÁGUA, DN 16 X 20 X 16 MM, COM ANEL DESLIZANTE - FORNECIMENTO E INSTALAÇÃO. AF_02/2023","UN",0]
["Instalações Hidráulicas em PEX",104541,"TÊ DE REDUÇÃO, PARA INSTALAÇÕES EM PEX ÁGUA, DN 16 X 25 X 16 MM, COM ANEL DESLIZANTE - FORNECIMENTO E INSTALAÇÃO. AF_02/2023","UN",0]
["Instalações Hidráulicas em PEX",104540,"TÊ DE REDUÇÃO, PARA INSTALAÇÕES EM PEX ÁGUA, DN 20 X 16 X 16 MM, COM ANEL DESLIZANTE - FORNECIMENTO E INSTALAÇÃO. AF_02/2023","UN",0]
["Instalações Hidráulicas em PEX",104543,"TÊ DE REDUÇÃO, PARA INSTALAÇÕES EM PEX ÁGUA, DN 20 X 16 X 20 MM, COM ANEL DESLIZANTE - FORNECIMENTO E INSTALAÇÃO. AF_02/2023","UN",0]
["Instalações Hidráulicas em PEX",104544,"TÊ DE REDUÇÃO, PARA INSTALAÇÕES EM PEX ÁGUA, DN 20 X 20 X 16 MM, COM ANEL DESLIZANTE - FORNECIMENTO E INSTALAÇÃO. AF_02/2023","UN",0]
["Instalações Hidráulicas em PEX",104545,"TÊ DE REDUÇÃO, PARA INSTALAÇÕES EM PEX ÁGUA, DN 20 X 25 X 20 MM, COM ANEL DESLIZANTE - FORNECIMENTO E INSTALAÇÃO. AF_02/2023","UN",0]
["Instalações Hidráulicas em PEX",104542,"TÊ DE REDUÇÃO, PARA INSTALAÇÕES EM PEX ÁGUA, DN 25 X 16 X 16 MM, COM ANEL DESLIZANTE - FORNECIMENTO E INSTALAÇÃO. AF_02/2023","UN",0]
["Instalações Hidráulicas em PEX",104592,"TÊ DE REDUÇÃO, PARA INSTALAÇÕES EM PEX ÁGUA, DN 25 X 16 X 20 MM, COM ANEL DESLIZANTE - FORNECIMENTO E INSTALAÇÃO. AF_02/2023","UN",0]
["Instalações Hidráulicas em PEX",104548,"TÊ DE REDUÇÃO, PARA INSTALAÇÕES EM PEX ÁGUA, DN 25 X 16 X 25 MM, COM ANEL DESLIZANTE - FORNECIMENTO E INSTALAÇÃO. AF_02/2023","UN",0]
["Instalações Hidráulicas em PEX",104546,"TÊ DE REDUÇÃO, PARA INSTALAÇÕES EM PEX ÁGUA, DN 25 X 20 X 20 MM, COM ANEL DESLIZANTE - FORNECIMENTO E INSTALAÇÃO. AF_02/2023","UN",0]
["Instalações Hidráulicas em PEX",104549,"TÊ DE REDUÇÃO, PARA INSTALAÇÕES EM PEX ÁGUA, DN 25 X 20 X 25 MM, COM ANEL DESLIZANTE - FORNECIMENTO E INSTALAÇÃO. AF_02/2023","UN",0]
["Instalações Hidráulicas em PEX",104550,"TÊ DE REDUÇÃO, PARA INSTALAÇÕES EM PEX ÁGUA, DN 25 X 32 X 25 MM, COM ANEL DESLIZANTE - FORNECIMENTO E INSTALAÇÃO. AF_02/2023","UN",0]
["Instalações Hidráulicas em PEX",104552,"TÊ DE REDUÇÃO, PARA INSTALAÇÕES EM PEX ÁGUA, DN 32 X 20 X 32 MM, COM ANEL DESLIZANTE - FORNECIMENTO E INSTALAÇÃO. AF_02/2023","UN",0]
["Instalações Hidráulicas em PEX",104551,"TÊ DE REDUÇÃO, PARA INSTALAÇÕES EM PEX ÁGUA, DN 32 X 25 X 25 MM, COM ANEL DESLIZANTE - FORNECIMENTO E INSTALAÇÃO. AF_02/2023","UN",0]
["Instalações Hidráulicas em PEX",104553,"TÊ DE REDUÇÃO, PARA INSTALAÇÕES EM PEX ÁGUA, DN 32 X 25 X 32 MM, COM ANEL DESLIZANTE - FORNECIMENTO E INSTALAÇÃO. AF_02/2023","UN",0]
["Instalações Hidráulicas em PEX",104554,"TÊ MISTURADOR, PARA INSTALAÇÕES EM PEX ÁGUA, DN 16 MM X 1/2\", COM ANEL DESLIZANTE - FORNECIMENTO E INSTALAÇÃO. AF_02/2023","UN",0]
["Instalações Hidráulicas em PEX",104555,"TÊ MISTURADOR, PARA INSTALAÇÕES EM PEX ÁGUA, DN 20 MM X 3/4\", COM ANEL DESLIZANTE - FORNECIMENTO E INSTALAÇÃO. AF_02/2023","UN",0]
["Instalações Hidráulicas em PEX",104556,"TÊ ROSCA FÊMEA, PARA INSTALAÇÕES EM PEX ÁGUA, DN 20 MM X 3/4\", COM ANEL DESLIZANTE - FORNECIMENTO E INSTALAÇÃO. AF_02/2023","UN",0]
["Instalações Hidráulicas em PEX",104558,"TÊ ROSCA FÊMEA, PARA INSTALAÇÕES EM PEX ÁGUA, DN 25 MM X 1/2\", COM ANEL DESLIZANTE - FORNECIMENTO E INSTALAÇÃO. AF_02/2023","UN",0]
["Instalações Hidráulicas em PEX",104559,"TÊ ROSCA MACHO, PARA INSTALAÇÕES EM PEX ÁGUA, DN 16 MM X 1/2\", COM ANEL DESLIZANTE - FORNECIMENTO E INSTALAÇÃO. AF_02/2023","UN",0]
["Instalações Hidráulicas em PEX",104560,"TÊ ROSCA MACHO, PARA INSTALAÇÕES EM PEX ÁGUA, DN 20 MM X 1/2\", COM ANEL DESLIZANTE - FORNECIMENTO E INSTALAÇÃO. AF_02/2023","UN",0]
["Instalações Hidráulicas em PEX",104557,"TÊ ROSCA MACHO, PARA INSTALAÇÕES EM PEX ÁGUA, DN 20 MM X 3/4\", COM ANEL DESLIZANTE - FORNECIMENTO E INSTALAÇÃO. AF_02/2023","UN",0]
["Instalações Hidráulicas em PEX",104561,"TÊ ROSCA MACHO, PARA INSTALAÇÕES EM PEX ÁGUA, DN 25 MM X 3/4\", COM ANEL DESLIZANTE - FORNECIMENTO E INSTALAÇÃO. AF_02/2023","UN",0]
["Instalações Hidráulicas em PEX",104562,"TÊ ROSCA MACHO, PARA INSTALAÇÕES EM PEX ÁGUA, DN 32 MM X 3/4\", COM ANEL DESLIZANTE - FORNECIMENTO E INSTALAÇÃO. AF_02/2023","UN",0]
["Instalações Hidráulicas em PEX",96860,"TÊ, METÁLICO, PARA INSTALAÇÕES EM PEX ÁGUA, DN 16 MM, CONEXÃO POR ANEL DESLIZANTE - FORNECIMENTO E INSTALAÇÃO. AF_02/2023","UN",30.56,0.54879999999999995]
["Instalações Hidráulicas em PEX",96862,"TÊ, METÁLICO, PARA INSTALAÇÕES EM PEX ÁGUA, DN 20 MM, CONEXÃO POR ANEL DESLIZANTE - FORNECIMENTO E INSTALAÇÃO. AF_02/2023","UN",37.590000000000003,0.56499999999999995]
["Instalações Hidráulicas em PEX",96864,"TÊ, METÁLICO, PARA INSTALAÇÕES EM PEX ÁGUA, DN 25 MM, CONEXÃO POR ANEL DESLIZANTE - FORNECIMENTO E INSTALAÇÃO. AF_02/2023","UN",53.21,0.63260000000000005]
["Instalações Hidráulicas em PEX",96866,"TÊ, METÁLICO, PARA INSTALAÇÕES EM PEX ÁGUA, DN 32 MM, CONEXÃO POR ANEL DESLIZANTE - FORNECIMENTO E INSTALAÇÃO. AF_02/2023","UN",69.25,0.65310000000000001]
["Instalações Hidráulicas em PEX",96868,"TÊ, PARA INSTALAÇÕES EM PEX ÁGUA, DN 16 MM, CONEXÃO POR CRIMPAGEM - FORNECIMENTO E INSTALAÇÃO. AF_02/2023","UN",19.95,0.51729999999999998]
["Instalações Hidráulicas em PEX",96869,"TÊ, PARA INSTALAÇÕES EM PEX ÁGUA, DN 20 MM, CONEXÃO POR CRIMPAGEM - FORNECIMENTO E INSTALAÇÃO. AF_02/2023","UN",30.66,0.62749999999999995]
["Instalações Hidráulicas em PEX",96870,"TÊ, PARA INSTALAÇÕES EM PEX ÁGUA, DN 25 MM, CONEXÃO POR CRIMPAGEM - FORNECIMENTO E INSTALAÇÃO. AF_02/2023","UN",46.13,0.70430000000000004]
["Instalações Hidráulicas em PEX",96871,"TÊ, PARA INSTALAÇÕES EM PEX ÁGUA, DN 32 MM, CONEXÃO POR CRIMPAGEM - FORNECIMENTO E INSTALAÇÃO. AF_02/2023","UN",52.7,0.68179999999999996]
["Instalações Hidráulicas em PEX",96861,"TÊ, ROSCA FÊMEA, METÁLICO, PARA INSTALAÇÕES EM PEX ÁGUA, DN 16 MM X ½\", CONEXÃO POR ANEL DESLIZANTE - FORNECIMENTO E INSTALAÇÃO. AF_02/2023","UN",38.64,0.56159999999999999]
["Instalações Hidráulicas em PEX",96863,"TÊ, ROSCA FÊMEA, METÁLICO, PARA INSTALAÇÕES EM PEX ÁGUA, DN 20 MM X 1/2\", CONEXÃO POR ANEL DESLIZANTE - FORNECIMENTO E INSTALAÇÃO. AF_02/2023","UN",39.57,0.52869999999999995]
["Instalações Hidráulicas em PEX",96865,"TÊ, ROSCA FÊMEA, METÁLICO, PARA INSTALAÇÕES EM PEX ÁGUA, DN 25 MM X 3/4\", CONEXÃO POR ANEL DESLIZANTE - FORNECIMENTO E INSTALAÇÃO. AF_02/2023","UN",46.68,0.5242]
["Instalações Hidráulicas em PEX",96814,"UNIÃO DE REDUÇÃO, METÁLICA, PARA INSTALAÇÕES EM PEX ÁGUA, DN 20 X 16 MM, CONEXÃO POR ANEL DESLIZANTE - FORNECIMENTO E INSTALAÇÃO. AF_02/2023","UN",16.39,0.54059999999999997]
["Instalações Hidráulicas em PEX",96818,"UNIÃO DE REDUÇÃO, METÁLICA, PARA INSTALAÇÕES EM PEX ÁGUA, DN 25 X 16 MM, CONEXÃO POR ANEL DESLIZANTE - FORNECIMENTO E INSTALAÇÃO. AF_02/2023","UN",22.1,0.62309999999999999]
["Instalações Hidráulicas em PEX",96819,"UNIÃO DE REDUÇÃO, METÁLICA, PARA INSTALAÇÕES EM PEX ÁGUA, DN 25 X 20 MM, CONEXÃO POR ANEL DESLIZANTE - FORNECIMENTO E INSTALAÇÃO. AF_02/2023","UN",23.69,0.62139999999999995]
["Instalações Hidráulicas em PEX",96822,"UNIÃO DE REDUÇÃO, METÁLICA, PARA INSTALAÇÕES EM PEX ÁGUA, DN 32 X 25 MM, CONEXÃO POR ANEL DESLIZANTE - FORNECIMENTO E INSTALAÇÃO. AF_02/2023","UN",31.13,0.6502]
["Instalações Hidráulicas em PEX",96808,"UNIÃO METÁLICA PARA INSTALAÇÕES EM PEX ÁGUA, DN 16 MM, COM ANEL DESLIZANTE - FORNECIMENTO E INSTALAÇÃO. AF_02/2023","UN",17.350000000000001,0.4657]
["Instalações Hidráulicas em PEX",96811,"UNIÃO METÁLICA PARA INSTALAÇÕES EM PEX ÁGUA, DN 20 MM, COM ANEL DESLIZANTE - FORNECIMENTO E INSTALAÇÃO. AF_02/2023","UN",21.93,0.49930000000000002]
["Instalações Hidráulicas em PEX",96815,"UNIÃO METÁLICA PARA INSTALAÇÕES EM PEX ÁGUA, DN 25 MM, COM ANEL DESLIZANTE - FORNECIMENTO E INSTALAÇÃO. AF_02/2023","UN",34.159999999999997,0.61560000000000004]
["Instalações Hidráulicas em PEX",96820,"UNIÃO METÁLICA PARA INSTALAÇÕES EM PEX ÁGUA, DN 32 MM, COM ANEL DESLIZANTE - FORNECIMENTO E INSTALAÇÃO. AF_02/2023","UN",41.07,0.60680000000000001]
["Instalações Hidráulicas em PPR",96702,"BUCHA DE REDUÇÃO, PPR, 32 X 25, CLASSE PN 25, INSTALADO EM PRUMADA DE ÁGUA FORNECIMENTO E INSTALAÇÃO . AF_08/2022","UN",12.08,0.42959999999999998]
["Instalações Hidráulicas em PPR",96662,"BUCHA DE REDUÇÃO, PPR, 32 X 25, CLASSE PN 25, INSTALADO EM RAMAL DE DISTRIBUIÇÃO DE ÁGUA FORNECIMENTO E INSTALAÇÃO. AF_08/2022","UN",9.75,0.5323]
["Instalações Hidráulicas em PPR",96704,"BUCHA DE REDUÇÃO, PPR, 40 X 25, CLASSE PN 25, INSTALADO EM PRUMADA DE ÁGUA FORNECIMENTO E INSTALAÇÃO . AF_08/2022","UN",21.18,0.63790000000000002]
["Instalações Hidráulicas em PPR",96664,"BUCHA DE REDUÇÃO, PPR, 40 X 25, CLASSE PN 25, INSTALADO EM RAMAL DE DISTRIBUIÇÃO DE ÁGUA FORNECIMENTO E INSTALAÇÃO. AF_08/2022","UN",18.2,0.74229999999999996]
["Instalações Hidráulicas em PPR",104191,"BUCHA DE REDUÇÃO, PPR, DN 25 X 20 MM, INSTALADO EM RAMAL OU SUB-RAMAL DE ÁGUA - FORNECIMENTO E INSTALAÇÃO. AF_08/2022","UN",10.9,0.39269999999999999]
["Instalações Hidráulicas em PPR",96700,"CONECTOR FÊMEA, PPR, 25 X 1/2\", CLASSE PN 25, INSTALADO EM PRUMADA DE ÁGUA FORNECIMENTO E INSTALAÇÃO . AF_08/2022","UN",17.579999999999998,0.6462]
["Instalações Hidráulicas em PPR",96658,"CONECTOR FÊMEA, PPR, 25 X 1/2, CLASSE PN 25, INSTALADO EM RAMAL DE DISTRIBUIÇÃO DE ÁGUA FORNECIMENTO E INSTALAÇÃO. AF_08/2022","UN",15.81,0.71850000000000003]
["Instalações Hidráulicas em PPR",96641,"CONECTOR FÊMEA, PPR, 25 X 1/2, CLASSE PN 25, INSTALADO EM RAMAL OU SUB-RAMAL DE ÁGUA FORNECIMENTO E INSTALAÇÃO. AF_08/2022","UN",17.98,0.63180000000000003]
["Instalações Hidráulicas em PPR",96661,"CONECTOR FÊMEA, PPR, 32 X 3/4\", CLASSE PN 25, INSTALADO EM RAMAL DE DISTRIBUIÇÃO DE ÁGUA FORNECIMENTO E INSTALAÇÃO. AF_08/2022","UN",33.29,0.86299999999999999]
["Instalações Hidráulicas em PPR",96699,"CONECTOR MACHO, PPR, 25 X 1/2\", CLASSE PN 25, INSTALADO EM PRUMADA DE ÁGUA FORNECIMENTO E INSTALAÇÃO . AF_08/2022","UN",26.53,0.76549999999999996]
["Instalações Hidráulicas em PPR",96657,"CONECTOR MACHO, PPR, 25 X 1/2, CLASSE PN 25, INSTALADO EM RAMAL DE DISTRIBUIÇÃO DE ÁGUA FORNECIMENTO E INSTALAÇÃO. AF_08/2022","UN",24.76,0.82030000000000003]
["Instalações Hidráulicas em PPR",96640,"CONECTOR MACHO, PPR, 25 X 1/2, CLASSE PN 25, INSTALADO EM RAMAL OU SUB-RAMAL DE ÁGUA FORNECIMENTO E INSTALAÇÃO. AF_08/2022","UN",26.93,0.75419999999999998]
["Instalações Hidráulicas em PPR",96660,"CONECTOR MACHO, PPR, 32 X 3/4\", CLASSE PN 25, INSTALADO EM RAMAL DE DISTRIBUIÇÃO DE ÁGUA FORNECIMENTO E INSTALAÇÃO. AF_08/2022","UN",33.61,0.86429999999999996]
["Instalações Hidráulicas em PPR",104196,"CURVA 90 GRAUS, PPR, DN 20 MM, INSTALADO EM RAMAL OU SUB-RAMAL DE ÁGUA - FORNECIMENTO E INSTALAÇÃO. AF_08/2022","UN",16.66,0.64710000000000001]
["Instalações Hidráulicas em PPR",104197,"CURVA 90 GRAUS, PPR, DN 25 MM, INSTALADO EM RAMAL OU SUB-RAMAL DE ÁGUA - FORNECIMENTO E INSTALAÇÃO. AF_08/2022","UN",31.36,0.55330000000000001]
["Instalações Hidráulicas em PPR",104198,"JOELHO 45 GRAUS, PPR, DN 20 MM, INSTALADO EM RAMAL OU SUB-RAMAL DE ÁGUA - FORNECIMENTO E INSTALAÇÃO. AF_08/2022","UN",8.11,0.27500000000000002]
["Instalações Hidráulicas em PPR",96685,"JOELHO 45 GRAUS, PPR, DN 25 MM, CLASSE PN 25, INSTALADO EM PRUMADA DE ÁGUA FORNECIMENTO E INSTALAÇÃO . AF_08/2022","UN",12.4,0.24840000000000001]
["Instalações Hidráulicas em PPR",96651,"JOELHO 45 GRAUS, PPR, DN 25 MM, CLASSE PN 25, INSTALADO EM RAMAL DE DISTRIBUIÇÃO DE ÁGUA FORNECIMENTO E INSTALAÇÃO. AF_08/2022","UN",9.75,0.31590000000000001]
["Instalações Hidráulicas em PPR",96638,"JOELHO 45 GRAUS, PPR, DN 25 MM, CLASSE PN 25, INSTALADO EM RAMAL OU SUB-RAMAL DE ÁGUA FORNECIMENTO E INSTALAÇÃO. AF_08/2022","UN",17.09,0.1802]
["Instalações Hidráulicas em PPR",96687,"JOELHO 45 GRAUS, PPR, DN 32 MM, CLASSE PN 25, INSTALADO EM PRUMADA DE ÁGUA FORNECIMENTO E INSTALAÇÃO . AF_08/2022","UN",18.91,0.3987]
["Instalações Hidráulicas em PPR",96653,"JOELHO 45 GRAUS, PPR, DN 32 MM, CLASSE PN 25, INSTALADO EM RAMAL DE DISTRIBUIÇÃO DE ÁGUA - FORNECIMENTO E INSTALAÇÃO. AF_08/2022","UN",14.56,0.51790000000000003]
["Instalações Hidráulicas em PPR",96689,"JOELHO 45 GRAUS, PPR, DN 40 MM, CLASSE PN 25, INSTALADO EM PRUMADA DE ÁGUA FORNECIMENTO E INSTALAÇÃO . AF_08/2022","UN",28.5,0.51929999999999998]
["Instalações Hidráulicas em PPR",96655,"JOELHO 45 GRAUS, PPR, DN 40 MM, CLASSE PN 25, INSTALADO EM RAMAL DE DISTRIBUIÇÃO DE ÁGUA - FORNECIMENTO E INSTALAÇÃO. AF_08/2022","UN",22.22,0.66610000000000003]
["Instalações Hidráulicas em PPR",96691,"JOELHO 45 GRAUS, PPR, DN 50 MM, CLASSE PN 25, INSTALADO EM PRUMADA DE ÁGUA FORNECIMENTO E INSTALAÇÃO . AF_08/2022","UN",40.75,0.5917]
["Instalações Hidráulicas em PPR",96693,"JOELHO 45 GRAUS, PPR, DN 63 MM, CLASSE PN 25, INSTALADO EM PRUMADA DE ÁGUA FORNECIMENTO E INSTALAÇÃO . AF_08/2022","UN",61.01,0.66500000000000004]
["Instalações Hidráulicas em PPR",96695,"JOELHO 45 GRAUS, PPR, DN 75 MM, CLASSE PN 25, INSTALADO EM PRUMADA DE ÁGUA FORNECIMENTO E INSTALAÇÃO . AF_08/2022","UN",105.1,0.77129999999999999]
["Instalações Hidráulicas em PPR",104193,"JOELHO 45 GRAUS, PPR, F/ F, DN 90 MM, INSTALADO EM PRUMADA DE ÁGUA - FORNECIMENTO E INSTALAÇÃO. AF_08/2022","UN",174.31,0.83679999999999999]
["Instalações Hidráulicas em PPR",96697,"JOELHO 90 GRAUS, PPR, DN 110 MM, CLASSE PN 25, INSTALADO EM PRUMADA DE ÁGUA FORNECIMENTO E INSTALAÇÃO . AF_08/2022","UN",352.23,0.90249999999999997]
["Instalações Hidráulicas em PPR",104199,"JOELHO 90 GRAUS, PPR, DN 20 MM, INSTALADO EM RAMAL OU SUB-RAMAL DE ÁGUA - FORNECIMENTO E INSTALAÇÃO. AF_08/2022","UN",7.86,0.25190000000000001]
["Instalações Hidráulicas em PPR",96684,"JOELHO 90 GRAUS, PPR, DN 25 MM, CLASSE PN 25, INSTALADO EM PRUMADA DE ÁGUA FORNECIMENTO E INSTALAÇÃO . AF_08/2022","UN",11.98,0.222]
["Instalações Hidráulicas em PPR",96650,"JOELHO 90 GRAUS, PPR, DN 25 MM, CLASSE PN 25, INSTALADO EM RAMAL DE DISTRIBUIÇÃO FORNECIMENTO E INSTALAÇÃO. AF_08/2022","UN",9.33,0.28510000000000002]
["Instalações Hidráulicas em PPR",96637,"JOELHO 90 GRAUS, PPR, DN 25 MM, CLASSE PN 25, INSTALADO EM RAMAL OU SUB-RAMAL DE ÁGUA FORNECIMENTO E INSTALAÇÃO. AF_08/2022","UN",16.670000000000002,0.15959999999999999]
["Instalações Hidráulicas em PPR",96686,"JOELHO 90 GRAUS, PPR, DN 32 MM, CLASSE PN 25, INSTALADO EM PRUMADA DE ÁGUA FORNECIMENTO E INSTALAÇÃO . AF_08/2022","UN",15.43,0.2631]
["Instalações Hidráulicas em PPR",96652,"JOELHO 90 GRAUS, PPR, DN 32 MM, CLASSE PN 25, INSTALADO EM RAMAL DE DISTRIBUIÇÃO - FORNECIMENTO E INSTALAÇÃO. AF_08/2022","UN",11.08,0.3664]
["Instalações Hidráulicas em PPR",96688,"JOELHO 90 GRAUS, PPR, DN 40 MM, CLASSE PN 25, INSTALADO EM PRUMADA DE ÁGUA FORNECIMENTO E INSTALAÇÃO . AF_08/2022","UN",22.84,0.4002]
["Instalações Hidráulicas em PPR",96654,"JOELHO 90 GRAUS, PPR, DN 40 MM, CLASSE PN 25, INSTALADO EM RAMAL DE DISTRIBUIÇÃO - FORNECIMENTO E INSTALAÇÃO. AF_08/2022","UN",16.559999999999999,0.55189999999999995]
["Instalações Hidráulicas em PPR",96690,"JOELHO 90 GRAUS, PPR, DN 50 MM, CLASSE PN 25, INSTALADO EM PRUMADA DE ÁGUA FORNECIMENTO E INSTALAÇÃO . AF_08/2022","UN",31.8,0.47670000000000001]
["Instalações Hidráulicas em PPR",96692,"JOELHO 90 GRAUS, PPR, DN 63 MM, CLASSE PN 25, INSTALADO EM PRUMADA DE ÁGUA FORNECIMENTO E INSTALAÇÃO . AF_08/2022","UN",45.03,0.54610000000000003]
["Instalações Hidráulicas em PPR",96694,"JOELHO 90 GRAUS, PPR, DN 75 MM, CLASSE PN 25, INSTALADO EM PRUMADA DE ÁGUA FORNECIMENTO E INSTALAÇÃO . AF_08/2022","UN",95.36,0.74790000000000001]
["Instalações Hidráulicas em PPR",96696,"JOELHO 90 GRAUS, PPR, DN 90 MM, CLASSE PN 25, INSTALADO EM PRUMADA DE ÁGUA FORNECIMENTO E INSTALAÇÃO . AF_08/2022","UN",119.06,0.7611]
["Instalações Hidráulicas em PPR",96709,"LUVA, PPR, DN 110 MM, CLASSE PN 25, INSTALADO EM PRUMADA DE ÁGUA FORNECIMENTO E INSTALAÇÃO. AF_08/2022","UN",115.94,0.80269999999999997]
["Instalações Hidráulicas em PPR",104200,"LUVA, PPR, DN 20 MM, INSTALADO EM RAMAL OU SUB-RAMAL DE ÁGUA - FORNECIMENTO E INSTALAÇÃO. AF_08/2022","UN",6.41,0.39]
["Instalações Hidráulicas em PPR",96698,"LUVA, PPR, DN 25 MM, CLASSE PN 25, INSTALADO EM PRUMADA DE ÁGUA FORNECIMENTO E INSTALAÇÃO . AF_08/2022","UN",8.5,0.26819999999999999]
["Instalações Hidráulicas em PPR",96656,"LUVA, PPR, DN 25 MM, CLASSE PN 25, INSTALADO EM RAMAL DE DISTRIBUIÇÃO DE ÁGUA FORNECIMENTO E INSTALAÇÃO. AF_08/2022","UN",6.73,0.33879999999999999]
["Instalações Hidráulicas em PPR",96639,"LUVA, PPR, DN 25 MM, CLASSE PN 25, INSTALADO EM RAMAL OU SUB-RAMAL DE ÁGUA FORNECIMENTO E INSTALAÇÃO. AF_08/2022","UN",11.62,0.19620000000000001]
["Instalações Hidráulicas em PPR",96701,"LUVA, PPR, DN 32 MM, CLASSE PN 25, INSTALADO EM PRUMADA DE ÁGUA FORNECIMENTO E INSTALAÇÃO. AF_08/2022","UN",11.66,0.3508]
["Instalações Hidráulicas em PPR",96659,"LUVA, PPR, DN 32 MM, CLASSE PN 25, INSTALADO EM RAMAL DE DISTRIBUIÇÃO DE ÁGUA FORNECIMENTO E INSTALAÇÃO. AF_08/2022","UN",8.76,0.46689999999999998]
["Instalações Hidráulicas em PPR",96703,"LUVA, PPR, DN 40 MM, CLASSE PN 25, INSTALADO EM PRUMADA DE ÁGUA FORNECIMENTO E INSTALAÇÃO. AF_08/2022","UN",20.77,0.55989999999999995]
["Instalações Hidráulicas em PPR",96663,"LUVA, PPR, DN 40 MM, CLASSE PN 25, INSTALADO EM RAMAL DE DISTRIBUIÇÃO DE ÁGUA FORNECIMENTO E INSTALAÇÃO. AF_08/2022","UN",16.57,0.70189999999999997]
["Instalações Hidráulicas em PPR",96705,"LUVA, PPR, DN 50 MM, CLASSE PN 25, INSTALADO EM PRUMADA DE ÁGUA FORNECIMENTO E INSTALAÇÃO. AF_08/2022","UN",25.19,0.56010000000000004]
["Instalações Hidráulicas em PPR",96706,"LUVA, PPR, DN 63 MM, CLASSE PN 25, INSTALADO EM PRUMADA DE ÁGUA FORNECIMENTO E INSTALAÇÃO. AF_08/2022","UN",37.299999999999997,0.6351]
["Instalações Hidráulicas em PPR",96707,"LUVA, PPR, DN 75 MM, CLASSE PN 25, INSTALADO EM PRUMADA DE ÁGUA FORNECIMENTO E INSTALAÇÃO. AF_08/2022","UN",59.95,0.73280000000000001]
["Instalações Hidráulicas em PPR",96708,"LUVA, PPR, DN 90 MM, CLASSE PN 25, INSTALADO EM PRUMADA DE ÁGUA FORNECIMENTO E INSTALAÇÃO. AF_08/2022","UN",90.85,0.79139999999999999]
["Instalações Hidráulicas em PPR",96675,"TUBO, PPR, DN 110, CLASSE PN 12, INSTALADO EM PRUMADA DE ÁGUA FORNECIMENTO E INSTALAÇÃO. AF_08/2022","M",163.24,0.88329999999999997]
["Instalações Hidráulicas em PPR",96683,"TUBO, PPR, DN 110, CLASSE PN 25, INSTALADO EM PRUMADA DE ÁGUA FORNECIMENTO E INSTALAÇÃO. AF_08/2022","M",317.35000000000002,0.91800000000000004]
["Instalações Hidráulicas em PPR",104194,"TUBO, PPR, DN 20, CLASSE PN20, INSTALADO EM RAMAL OU SUB-RAMAL DE ÁGUA - FORNECIMENTO E INSTALAÇÃO. AF_08/2022","M",23.03,0.47160000000000002]
["Instalações Hidráulicas em PPR",104195,"TUBO, PPR, DN 20, CLASSE PN25, INSTALADO EM RAMAL OU SUB-RAMAL DE ÁGUA - FORNECIMENTO E INSTALAÇÃO. AF_08/2022","M",24.46,0.48809999999999998]
["Instalações Hidráulicas em PPR",96668,"TUBO, PPR, DN 25, CLASSE PN 20, INSTALADO EM PRUMADA DE ÁGUA FORNECIMENTO E INSTALAÇÃO. AF_08/2022","M",18.670000000000002,0.78949999999999998]
["Instalações Hidráulicas em PPR",96644,"TUBO, PPR, DN 25, CLASSE PN 20, INSTALADO EM RAMAL DE DISTRIBUIÇÃO DE ÁGUA FORNECIMENTO E INSTALAÇÃO. AF_08/2022","M",23.95,0.61539999999999995]
["Instalações Hidráulicas em PPR",96635,"TUBO, PPR, DN 25, CLASSE PN 20, INSTALADO EM RAMAL OU SUB-RAMAL DE ÁGUA FORNECIMENTO E INSTALAÇÃO. AF_08/2022","M",43.74,0.33700000000000002]
["Instalações Hidráulicas em PPR",96636,"TUBO, PPR, DN 25, CLASSE PN 25 INSTALADO EM RAMAL OU SUB-RAMAL DE ÁGUA FORNECIMENTO E INSTALAÇÃO. AF_08/2022","M",46.37,0.35630000000000001]
["Instalações Hidráulicas em PPR",96676,"TUBO, PPR, DN 25, CLASSE PN 25, INSTALADO EM PRUMADA DE ÁGUA FORNECIMENTO E INSTALAÇÃO. AF_08/2022","M",23.59,0.70030000000000003]
["Instalações Hidráulicas em PPR",96647,"TUBO, PPR, DN 25, CLASSE PN 25, INSTALADO EM RAMAL DE DISTRIBUIÇÃO DE ÁGUA FORNECIMENTO E INSTALAÇÃO. AF_08/2022","M",25.99,0.63560000000000005]
["Instalações Hidráulicas em PPR",96669,"TUBO, PPR, DN 32, CLASSE PN 12, INSTALADO EM PRUMADA DE ÁGUA FORNECIMENTO E INSTALAÇÃO. AF_08/2022","M",18.399999999999999,0.65710000000000002]
["Instalações Hidráulicas em PPR",96645,"TUBO, PPR, DN 32, CLASSE PN 12, INSTALADO EM RAMAL DE DISTRIBUIÇÃO DE ÁGUA FORNECIMENTO E INSTALAÇÃO. AF_08/2022","M",21.21,0.56999999999999995]
["Instalações Hidráulicas em PPR",96677,"TUBO, PPR, DN 32, CLASSE PN 25, INSTALADO EM PRUMADA DE ÁGUA FORNECIMENTO E INSTALAÇÃO. AF_08/2022","M",30.73,0.71950000000000003]
["Instalações Hidráulicas em PPR",96648,"TUBO, PPR, DN 32, CLASSE PN 25, INSTALADO EM RAMAL DE DISTRIBUIÇÃO DE ÁGUA FORNECIMENTO E INSTALAÇÃO. AF_08/2022","M",32.07,0.68940000000000001]
["Instalações Hidráulicas em PPR",96670,"TUBO, PPR, DN 40, CLASSE PN 12, INSTALADO EM PRUMADA DE ÁGUA FORNECIMENTO E INSTALAÇÃO. AF_08/2022","M",23.91,0.68169999999999997]
["Instalações Hidráulicas em PPR",96646,"TUBO, PPR, DN 40, CLASSE PN 12, INSTALADO EM RAMAL DE DISTRIBUIÇÃO DE ÁGUA FORNECIMENTO E INSTALAÇÃO. AF_08/2022","M",25.93,0.62860000000000005]
["Instalações Hidráulicas em PPR",96678,"TUBO, PPR, DN 40, CLASSE PN 25, INSTALADO EM PRUMADA DE ÁGUA FORNECIMENTO E INSTALAÇÃO. AF_08/2022","M",42.29,0.75429999999999997]
["Instalações Hidráulicas em PPR",96649,"TUBO, PPR, DN 40, CLASSE PN 25, INSTALADO EM RAMAL DE DISTRIBUIÇÃO DE ÁGUA FORNECIMENTO E INSTALAÇÃO. AF_08/2022","M",42.44,0.75160000000000005]
["Instalações Hidráulicas em PPR",96671,"TUBO, PPR, DN 50, CLASSE PN 12, INSTALADO EM PRUMADA DE ÁGUA FORNECIMENTO E INSTALAÇÃO. AF_08/2022","M",36.200000000000003,0.74480000000000002]
["Instalações Hidráulicas em PPR",96679,"TUBO, PPR, DN 50, CLASSE PN 25, INSTALADO EM PRUMADA DE ÁGUA FORNECIMENTO E INSTALAÇÃO. AF_08/2022","M",63.01,0.8]
["Instalações Hidráulicas em PPR",96672,"TUBO, PPR, DN 63, CLASSE PN 12, INSTALADO EM PRUMADA DE ÁGUA FORNECIMENTO E INSTALAÇÃO. AF_08/2022","M",55.12,0.79410000000000003]
["Instalações Hidráulicas em PPR",96680,"TUBO, PPR, DN 63, CLASSE PN 25, INSTALADO EM PRUMADA DE ÁGUA FORNECIMENTO E INSTALAÇÃO. AF_08/2022","M",104.19,0.85129999999999995]
["Instalações Hidráulicas em PPR",96673,"TUBO, PPR, DN 75, CLASSE PN 12, INSTALADO EM PRUMADA DE ÁGUA FORNECIMENTO E INSTALAÇÃO. AF_08/2022","M",69.489999999999995,0.80789999999999995]
["Instalações Hidráulicas em PPR",96681,"TUBO, PPR, DN 75, CLASSE PN 25, INSTALADO EM PRUMADA DE ÁGUA FORNECIMENTO E INSTALAÇÃO. AF_08/2022","M",140.15,0.87009999999999998]
["Instalações Hidráulicas em PPR",96674,"TUBO, PPR, DN 90, CLASSE PN 12, INSTALADO EM PRUMADA DE ÁGUA FORNECIMENTO E INSTALAÇÃO. AF_08/2022","M",112.3,0.85940000000000005]
["Instalações Hidráulicas em PPR",96682,"TUBO, PPR, DN 90, CLASSE PN 25, INSTALADO EM PRUMADA DE ÁGUA FORNECIMENTO E INSTALAÇÃO. AF_08/2022","M",231.21,0.90680000000000005]
["Instalações Hidráulicas em PPR",96643,"TÊ MISTURADOR, PPR, 25 X 3/4, CLASSE PN 25, INSTALADO EM RAMAL OU SUB-RAMAL DE ÁGUA FORNECIMENTO E INSTALAÇÃO. AF_08/2022","UN",47.23,0.71879999999999999]
["Instalações Hidráulicas em PPR",104201,"TÊ MISTURADOR, PPR, F M M, DN 20 X 20 MM, INSTALADO EM RAMAL OU SUB-RAMAL DE ÁGUA - FORNECIMENTO E INSTALAÇÃO. AF_08/2022","UN",20.57,0.61890000000000001]
["Instalações Hidráulicas em PPR",104192,"TÊ MISTURADOR, PPR, F M M, DN 25 X 25 MM, INSTALADO EM RAMAL OU SUB-RAMAL DE ÁGUA - FORNECIMENTO E INSTALAÇÃO. AF_08/2022","UN",30.32,0.56200000000000006]
["Instalações Hidráulicas em PPR",104202,"TÊ NORMAL, PPR, 90 GRAUS, DN 20 X 20 X 20 MM, INSTALADO EM RAMAL OU SUB-RAMAL DE ÁGUA - FORNECIMENTO E INSTALAÇÃO. AF_08/2022","UN",11.63,0.32590000000000002]
["Instalações Hidráulicas em PPR",96717,"TÊ NORMAL, PPR, DN 110 MM, CLASSE PN 25, INSTALADO EM PRUMADA DE ÁGUA FORNECIMENTO E INSTALAÇÃO . AF_08/2022","UN",320.56,0.85719999999999996]
["Instalações Hidráulicas em PPR",96710,"TÊ NORMAL, PPR, DN 25 MM, CLASSE PN 25, INSTALADO EM PRUMADA DE ÁGUA FORNECIMENTO E INSTALAÇÃO . AF_08/2022","UN",15.69,0.20780000000000001]
["Instalações Hidráulicas em PPR",96665,"TÊ NORMAL, PPR, DN 25 MM, CLASSE PN 25, INSTALADO EM RAMAL DE DISTRIBUIÇÃO DE ÁGUA FORNECIMENTO E INSTALAÇÃO. AF_08/2022","UN",12.16,0.2681]
["Instalações Hidráulicas em PPR",96642,"TÊ NORMAL, PPR, DN 25 MM, CLASSE PN 25, INSTALADO EM RAMAL OU SUB-RAMAL DE ÁGUA FORNECIMENTO E INSTALAÇÃO. AF_08/2022","UN",21.96,0.14849999999999999]
["Instalações Hidráulicas em PPR",96711,"TÊ NORMAL, PPR, DN 32 MM, CLASSE PN 25, INSTALADO EM PRUMADA DE ÁGUA FORNECIMENTO E INSTALAÇÃO . AF_08/2022","UN",23.29,0.34860000000000002]
["Instalações Hidráulicas em PPR",96666,"TÊ NORMAL, PPR, DN 32 MM, CLASSE PN 25, INSTALADO EM RAMAL DE DISTRIBUIÇÃO DE ÁGUA FORNECIMENTO E INSTALAÇÃO. AF_08/2022","UN",17.48,0.46450000000000002]
["Instalações Hidráulicas em PPR",96712,"TÊ NORMAL, PPR, DN 40 MM, CLASSE PN 25, INSTALADO EM PRUMADA DE ÁGUA FORNECIMENTO E INSTALAÇÃO . AF_08/2022","UN",33.090000000000003,0.4476]
["Instalações Hidráulicas em PPR",96667,"TÊ NORMAL, PPR, DN 40 MM, CLASSE PN 25, INSTALADO EM RAMAL DE DISTRIBUIÇÃO DE ÁGUA FORNECIMENTO E INSTALAÇÃO. AF_08/2022","UN",24.7,0.59960000000000002]
["Instalações Hidráulicas em PPR",96713,"TÊ NORMAL, PPR, DN 50 MM, CLASSE PN 25, INSTALADO EM PRUMADA DE ÁGUA FORNECIMENTO E INSTALAÇÃO . AF_08/2022","UN",50.7,0.5625]
["Instalações Hidráulicas em PPR",96714,"TÊ NORMAL, PPR, DN 63 MM, CLASSE PN 25, INSTALADO EM PRUMADA DE ÁGUA FORNECIMENTO E INSTALAÇÃO . AF_08/2022","UN",72.099999999999994,0.62190000000000001]
["Instalações Hidráulicas em PPR",96715,"TÊ NORMAL, PPR, DN 75 MM, CLASSE PN 25, INSTALADO EM PRUMADA DE ÁGUA FORNECIMENTO E INSTALAÇÃO . AF_08/2022","UN",128.25,0.75]
["Instalações Hidráulicas em PPR",96716,"TÊ NORMAL, PPR, DN 90 MM, CLASSE PN 25, INSTALADO EM PRUMADA DE ÁGUA FORNECIMENTO E INSTALAÇÃO . AF_08/2022","UN",167.01,0.77290000000000003]
["Instalações Prediais de Esgoto - Caixas e Ralos",104328,"CAIXA SIFONADA, COM GRELHA QUADRADA, PVC, DN 150 X 150 X 50 MM, JUNTA SOLDÁVEL, FORNECIDA E INSTALADA EM RAMAL DE DESCARGA OU EM RAMAL DE ESGOTO SANITÁRIO. AF_08/2022","UN",74.25,0]
["Instalações Prediais de Esgoto - Caixas e Ralos",104329,"CAIXA SIFONADA, COM GRELHA REDONDA, PVC, DN 150 X 150 X 50 MM, JUNTA SOLDÁVEL, FORNECIDA E INSTALADA EM RAMAL DE DESCARGA OU EM RAMAL DE ESGOTO SANITÁRIO. AF_08/2022","UN",83.87,0]
["Instalações Prediais de Esgoto - Caixas e Ralos",89707,"CAIXA SIFONADA, PVC, DN 100 X 100 X 50 MM, JUNTA ELÁSTICA, FORNECIDA E INSTALADA EM RAMAL DE DESCARGA OU EM RAMAL DE ESGOTO SANITÁRIO. AF_08/2022","UN",51.16,0]
["Instalações Prediais de Esgoto - Caixas e Ralos",89708,"CAIXA SIFONADA, PVC, DN 150 X 185 X 75 MM, JUNTA ELÁSTICA, FORNECIDA E INSTALADA EM RAMAL DE DESCARGA OU EM RAMAL DE ESGOTO SANITÁRIO. AF_08/2022","UN",108.55,0]
["Instalações Prediais de Esgoto - Caixas e Ralos",104330,"RALO LINEAR, EM PVC COM GRELHA INOX, JUNTA SOLDÁVEL, FORNECIDO E INSTALADO EM RAMAL DE DESCARGA OU EM RAMAL DE ESGOTO SANITÁRIO. AF_08/2022","UN",0]
["Instalações Prediais de Esgoto - Caixas e Ralos",104326,"RALO SECO CÔNICO, PVC, DN 100 X 40 MM, JUNTA SOLDÁVEL, FORNECIDO E INSTALADO EM RAMAL DE DESCARGA OU EM RAMAL DE ESGOTO SANITÁRIO. AF_08/2022","UN",21.23,0]
["Instalações Prediais de Esgoto - Caixas e Ralos",89710,"RALO SECO, PVC, DN 100 X 40 MM, JUNTA SOLDÁVEL, FORNECIDO E INSTALADO EM RAMAL DE DESCARGA OU EM RAMAL DE ESGOTO SANITÁRIO. AF_08/2022","UN",19.559999999999999,0]
["Instalações Prediais de Esgoto - Caixas e Ralos",104327,"RALO SIFONADO REDONDO, PVC, DN 100 X 40 MM, JUNTA SOLDÁVEL, FORNECIDO E INSTALADO EM RAMAL DE DESCARGA OU EM RAMAL DE ESGOTO SANITÁRIO. AF_08/2022","UN",20.239999999999998,0]
["Instalações Prediais de Esgoto - Caixas e Ralos",89709,"RALO SIFONADO, PVC, DN 100 X 40 MM, JUNTA SOLDÁVEL, FORNECIDO E INSTALADO EM RAMAL DE DESCARGA OU EM RAMAL DE ESGOTO SANITÁRIO. AF_08/2022","UN",22.25,0]
["Instalações Prediais de Esgoto - Tubos e Conexões",104341,"BUCHA DE REDUÇÃO LONGA, PVC, SÉRIE NORMAL, ESGOTO PREDIAL, DN 50 X 40 MM, JUNTA SOLDÁVEL E ELÁSTICA, FORNECIDO E INSTALADO EM RAMAL DE DESCARGA OU RAMAL DE ESGOTO SANITÁRIO. AF_08/2022","UN",11.14,0]
["Instalações Prediais de Esgoto - Tubos e Conexões",104357,"CAP, PVC, SÉRIE NORMAL, ESGOTO PREDIAL, DN 100 MM, JUNTA ELÁSTICA, FORNECIDO E INSTALADO EM SUBCOLETOR AÉREO DE ESGOTO SANITÁRIO. AF_08/2022","UN",18.98,0]
["Instalações Prediais de Esgoto - Tubos e Conexões",89811,"CURVA CURTA 90 GRAUS, PVC, SERIE NORMAL, ESGOTO PREDIAL, DN 100 MM, JUNTA ELÁSTICA, FORNECIDO E INSTALADO EM PRUMADA DE ESGOTO SANITÁRIO OU VENTILAÇÃO. AF_08/2022","UN",43.28,0]
["Instalações Prediais de Esgoto - Tubos e Conexões",89748,"CURVA CURTA 90 GRAUS, PVC, SERIE NORMAL, ESGOTO PREDIAL, DN 100 MM, JUNTA ELÁSTICA, FORNECIDO E INSTALADO EM RAMAL DE DESCARGA OU RAMAL DE ESGOTO SANITÁRIO. AF_08/2022","UN",41.97,0]
["Instalações Prediais de Esgoto - Tubos e Conexões",89852,"CURVA CURTA 90 GRAUS, PVC, SERIE NORMAL, ESGOTO PREDIAL, DN 100 MM, JUNTA ELÁSTICA, FORNECIDO E INSTALADO EM SUBCOLETOR AÉREO DE ESGOTO SANITÁRIO. AF_08/2022","UN",46.49,0]
["Instalações Prediais de Esgoto - Tubos e Conexões",89728,"CURVA CURTA 90 GRAUS, PVC, SERIE NORMAL, ESGOTO PREDIAL, DN 40 MM, JUNTA SOLDÁVEL, FORNECIDO E INSTALADO EM RAMAL DE DESCARGA OU RAMAL DE ESGOTO SANITÁRIO. AF_08/2022","UN",12.94,0]
["Instalações Prediais de Esgoto - Tubos e Conexões",89803,"CURVA CURTA 90 GRAUS, PVC, SERIE NORMAL, ESGOTO PREDIAL, DN 50 MM, JUNTA ELÁSTICA, FORNECIDO E INSTALADO EM PRUMADA DE ESGOTO SANITÁRIO OU VENTILAÇÃO. AF_08/2022","UN",17.84,0]
["Instalações Prediais de Esgoto - Tubos e Conexões",89733,"CURVA CURTA 90 GRAUS, PVC, SERIE NORMAL, ESGOTO PREDIAL, DN 50 MM, JUNTA ELÁSTICA, FORNECIDO E INSTALADO EM RAMAL DE DESCARGA OU RAMAL DE ESGOTO SANITÁRIO. AF_08/2022","UN",23.37,0]
["Instalações Prediais de Esgoto - Tubos e Conexões",89807,"CURVA CURTA 90 GRAUS, PVC, SERIE NORMAL, ESGOTO PREDIAL, DN 75 MM, JUNTA ELÁSTICA, FORNECIDO E INSTALADO EM PRUMADA DE ESGOTO SANITÁRIO OU VENTILAÇÃO. AF_08/2022","UN",36.67,0]
["Instalações Prediais de Esgoto - Tubos e Conexões",89742,"CURVA CURTA 90 GRAUS, PVC, SERIE NORMAL, ESGOTO PREDIAL, DN 75 MM, JUNTA ELÁSTICA, FORNECIDO E INSTALADO EM RAMAL DE DESCARGA OU RAMAL DE ESGOTO SANITÁRIO. AF_08/2022","UN",38.78,0]
["Instalações Prediais de Esgoto - Tubos e Conexões",89812,"CURVA LONGA 90 GRAUS, PVC, SERIE NORMAL, ESGOTO PREDIAL, DN 100 MM, JUNTA ELÁSTICA, FORNECIDO E INSTALADO EM PRUMADA DE ESGOTO SANITÁRIO OU VENTILAÇÃO. AF_08/2022","UN",74.75,0]
["Instalações Prediais de Esgoto - Tubos e Conexões",89750,"CURVA LONGA 90 GRAUS, PVC, SERIE NORMAL, ESGOTO PREDIAL, DN 100 MM, JUNTA ELÁSTICA, FORNECIDO E INSTALADO EM RAMAL DE DESCARGA OU RAMAL DE ESGOTO SANITÁRIO. AF_08/2022","UN",73.44,0]
["Instalações Prediais de Esgoto - Tubos e Conexões",89853,"CURVA LONGA 90 GRAUS, PVC, SERIE NORMAL, ESGOTO PREDIAL, DN 100 MM, JUNTA ELÁSTICA, FORNECIDO E INSTALADO EM SUBCOLETOR AÉREO DE ESGOTO SANITÁRIO. AF_08/2022","UN",77.959999999999994,0]
["Instalações Prediais de Esgoto - Tubos e Conexões",89730,"CURVA LONGA 90 GRAUS, PVC, SERIE NORMAL, ESGOTO PREDIAL, DN 40 MM, JUNTA SOLDÁVEL, FORNECIDO E INSTALADO EM RAMAL DE DESCARGA OU RAMAL DE ESGOTO SANITÁRIO. AF_08/2022","UN",14.65,0]
["Instalações Prediais de Esgoto - Tubos e Conexões",89804,"CURVA LONGA 90 GRAUS, PVC, SERIE NORMAL, ESGOTO PREDIAL, DN 50 MM, JUNTA ELÁSTICA, FORNECIDO E INSTALADO EM PRUMADA DE ESGOTO SANITÁRIO OU VENTILAÇÃO. AF_08/2022","UN",19.8,0]
["Instalações Prediais de Esgoto - Tubos e Conexões",89735,"CURVA LONGA 90 GRAUS, PVC, SERIE NORMAL, ESGOTO PREDIAL, DN 50 MM, JUNTA ELÁSTICA, FORNECIDO E INSTALADO EM RAMAL DE DESCARGA OU RAMAL DE ESGOTO SANITÁRIO. AF_08/2022","UN",25.33,0]
["Instalações Prediais de Esgoto - Tubos e Conexões",89808,"CURVA LONGA 90 GRAUS, PVC, SERIE NORMAL, ESGOTO PREDIAL, DN 75 MM, JUNTA ELÁSTICA, FORNECIDO E INSTALADO EM PRUMADA DE ESGOTO SANITÁRIO OU VENTILAÇÃO. AF_08/2022","UN",55.15,0]
["Instalações Prediais de Esgoto - Tubos e Conexões",89743,"CURVA LONGA 90 GRAUS, PVC, SERIE NORMAL, ESGOTO PREDIAL, DN 75 MM, JUNTA ELÁSTICA, FORNECIDO E INSTALADO EM RAMAL DE DESCARGA OU RAMAL DE ESGOTO SANITÁRIO. AF_08/2022","UN",57.26,0]
["Instalações Prediais de Esgoto - Tubos e Conexões",89810,"JOELHO 45 GRAUS, PVC, SERIE NORMAL, ESGOTO PREDIAL, DN 100 MM, JUNTA ELÁSTICA, FORNECIDO E INSTALADO EM PRUMADA DE ESGOTO SANITÁRIO OU VENTILAÇÃO. AF_08/2022","UN",30.53,0]
["Instalações Prediais de Esgoto - Tubos e Conexões",89746,"JOELHO 45 GRAUS, PVC, SERIE NORMAL, ESGOTO PREDIAL, DN 100 MM, JUNTA ELÁSTICA, FORNECIDO E INSTALADO EM RAMAL DE DESCARGA OU RAMAL DE ESGOTO SANITÁRIO. AF_08/2022","UN",29.22,0]
["Instalações Prediais de Esgoto - Tubos e Conexões",89851,"JOELHO 45 GRAUS, PVC, SERIE NORMAL, ESGOTO PREDIAL, DN 100 MM, JUNTA ELÁSTICA, FORNECIDO E INSTALADO EM SUBCOLETOR AÉREO DE ESGOTO SANITÁRIO. AF_08/2022","UN",33.74,0]
["Instalações Prediais de Esgoto - Tubos e Conexões",89855,"JOELHO 45 GRAUS, PVC, SERIE NORMAL, ESGOTO PREDIAL, DN 150 MM, JUNTA ELÁSTICA, FORNECIDO E INSTALADO EM SUBCOLETOR AÉREO DE ESGOTO SANITÁRIO. AF_08/2022","UN",109.8,0]
["Instalações Prediais de Esgoto - Tubos e Conexões",89726,"JOELHO 45 GRAUS, PVC, SERIE NORMAL, ESGOTO PREDIAL, DN 40 MM, JUNTA SOLDÁVEL, FORNECIDO E INSTALADO EM RAMAL DE DESCARGA OU RAMAL DE ESGOTO SANITÁRIO. AF_08/2022","UN",10.52,0]
["Instalações Prediais de Esgoto - Tubos e Conexões",89802,"JOELHO 45 GRAUS, PVC, SERIE NORMAL, ESGOTO PREDIAL, DN 50 MM, JUNTA ELÁSTICA, FORNECIDO E INSTALADO EM PRUMADA DE ESGOTO SANITÁRIO OU VENTILAÇÃO. AF_08/2022","UN",10.9,0]
["Instalações Prediais de Esgoto - Tubos e Conexões",89732,"JOELHO 45 GRAUS, PVC, SERIE NORMAL, ESGOTO PREDIAL, DN 50 MM, JUNTA ELÁSTICA, FORNECIDO E INSTALADO EM RAMAL DE DESCARGA OU RAMAL DE ESGOTO SANITÁRIO. AF_08/2022","UN",16.43,0]
["Instalações Prediais de Esgoto - Tubos e Conexões",89806,"JOELHO 45 GRAUS, PVC, SERIE NORMAL, ESGOTO PREDIAL, DN 75 MM, JUNTA ELÁSTICA, FORNECIDO E INSTALADO EM PRUMADA DE ESGOTO SANITÁRIO OU VENTILAÇÃO. AF_08/2022","UN",22.21,0]
["Instalações Prediais de Esgoto - Tubos e Conexões",89739,"JOELHO 45 GRAUS, PVC, SERIE NORMAL, ESGOTO PREDIAL, DN 75 MM, JUNTA ELÁSTICA, FORNECIDO E INSTALADO EM RAMAL DE DESCARGA OU RAMAL DE ESGOTO SANITÁRIO. AF_08/2022","UN",24.32,0]
["Instalações Prediais de Esgoto - Tubos e Conexões",89809,"JOELHO 90 GRAUS, PVC, SERIE NORMAL, ESGOTO PREDIAL, DN 100 MM, JUNTA ELÁSTICA, FORNECIDO E INSTALADO EM PRUMADA DE ESGOTO SANITÁRIO OU VENTILAÇÃO. AF_08/2022","UN",29.78,0]
["Instalações Prediais de Esgoto - Tubos e Conexões",89744,"JOELHO 90 GRAUS, PVC, SERIE NORMAL, ESGOTO PREDIAL, DN 100 MM, JUNTA ELÁSTICA, FORNECIDO E INSTALADO EM RAMAL DE DESCARGA OU RAMAL DE ESGOTO SANITÁRIO. AF_08/2022","UN",28.47,0]
["Instalações Prediais de Esgoto - Tubos e Conexões",89850,"JOELHO 90 GRAUS, PVC, SERIE NORMAL, ESGOTO PREDIAL, DN 100 MM, JUNTA ELÁSTICA, FORNECIDO E INSTALADO EM SUBCOLETOR AÉREO DE ESGOTO SANITÁRIO. AF_08/2022","UN",32.99,0]
["Instalações Prediais de Esgoto - Tubos e Conexões",89854,"JOELHO 90 GRAUS, PVC, SERIE NORMAL, ESGOTO PREDIAL, DN 150 MM, JUNTA ELÁSTICA, FORNECIDO E INSTALADO EM SUBCOLETOR AÉREO DE ESGOTO SANITÁRIO. AF_08/2022","UN",105.12,0]
["Instalações Prediais de Esgoto - Tubos e Conexões",89724,"JOELHO 90 GRAUS, PVC, SERIE NORMAL, ESGOTO PREDIAL, DN 40 MM, JUNTA SOLDÁVEL, FORNECIDO E INSTALADO EM RAMAL DE DESCARGA OU RAMAL DE ESGOTO SANITÁRIO. AF_08/2022","UN",10.32,0]
["Instalações Prediais de Esgoto - Tubos e Conexões",89801,"JOELHO 90 GRAUS, PVC, SERIE NORMAL, ESGOTO PREDIAL, DN 50 MM, JUNTA ELÁSTICA, FORNECIDO E INSTALADO EM PRUMADA DE ESGOTO SANITÁRIO OU VENTILAÇÃO. AF_08/2022","UN",10.24,0]
["Instalações Prediais de Esgoto - Tubos e Conexões",89731,"JOELHO 90 GRAUS, PVC, SERIE NORMAL, ESGOTO PREDIAL, DN 50 MM, JUNTA ELÁSTICA, FORNECIDO E INSTALADO EM RAMAL DE DESCARGA OU RAMAL DE ESGOTO SANITÁRIO. AF_08/2022","UN",15.77,0]
["Instalações Prediais de Esgoto - Tubos e Conexões",89805,"JOELHO 90 GRAUS, PVC, SERIE NORMAL, ESGOTO PREDIAL, DN 75 MM, JUNTA ELÁSTICA, FORNECIDO E INSTALADO EM PRUMADA DE ESGOTO SANITÁRIO OU VENTILAÇÃO. AF_08/2022","UN",21.34,0]
["Instalações Prediais de Esgoto - Tubos e Conexões",89737,"JOELHO 90 GRAUS, PVC, SERIE NORMAL, ESGOTO PREDIAL, DN 75 MM, JUNTA ELÁSTICA, FORNECIDO E INSTALADO EM RAMAL DE DESCARGA OU RAMAL DE ESGOTO SANITÁRIO. AF_08/2022","UN",23.45,0]
["Instalações Prediais de Esgoto - Tubos e Conexões",104355,"JUNÇÃO DE REDUCAO INVERTIDA, PVC, SÉRIE NORMAL, ESGOTO PREDIAL, DN 100 X 75 MM, JUNTA ELÁSTICA, FORNECIDO E INSTALADO EM PRUMADA DE ESGOTO SANITÁRIO OU VENTILAÇÃO. AF_08/2022","UN",48.16,0]
["Instalações Prediais de Esgoto - Tubos e Conexões",104347,"JUNÇÃO DE REDUCAO INVERTIDA, PVC, SÉRIE NORMAL, ESGOTO PREDIAL, DN 100 X 75 MM, JUNTA ELÁSTICA, FORNECIDO E INSTALADO EM RAMAL DE DESCARGA OU RAMAL DE ESGOTO SANITÁRIO. AF_08/2022","UN",47.92,0]
["Instalações Prediais de Esgoto - Tubos e Conexões",104353,"JUNÇÃO DE REDUÇÃO INVERTIDA, PVC, SÉRIE NORMAL, ESGOTO PREDIAL, DN 100 X 50 MM, JUNTA ELÁSTICA, FORNECIDO E INSTALADO EM PRUMADA DE ESGOTO SANITÁRIO OU VENTILAÇÃO. AF_08/2022","UN",41.82,0]
["Instalações Prediais de Esgoto - Tubos e Conexões",104345,"JUNÇÃO DE REDUÇÃO INVERTIDA, PVC, SÉRIE NORMAL, ESGOTO PREDIAL, DN 100 X 50 MM, JUNTA ELÁSTICA, FORNECIDO E INSTALADO EM RAMAL DE DESCARGA OU RAMAL DE ESGOTO SANITÁRIO. AF_08/2022","UN",43.11,0]
["Instalações Prediais de Esgoto - Tubos e Conexões",104350,"JUNÇÃO DE REDUÇÃO INVERTIDA, PVC, SÉRIE NORMAL, ESGOTO PREDIAL, DN 75 X 50 MM, JUNTA ELÁSTICA, FORNECIDO E INSTALADO EM PRUMADA DE ESGOTO SANITÁRIO OU VENTILAÇÃO. AF_08/2022","UN",30.26,0]
["Instalações Prediais de Esgoto - Tubos e Conexões",104343,"JUNÇÃO DE REDUÇÃO INVERTIDA, PVC, SÉRIE NORMAL, ESGOTO PREDIAL, DN 75 X 50 MM, JUNTA ELÁSTICA, FORNECIDO E INSTALADO EM RAMAL DE DESCARGA OU RAMAL DE ESGOTO SANITÁRIO. AF_08/2022","UN",34.6,0]
["Instalações Prediais de Esgoto - Tubos e Conexões",89834,"JUNÇÃO SIMPLES, PVC, SERIE NORMAL, ESGOTO PREDIAL, DN 100 X 100 MM, JUNTA ELÁSTICA, FORNECIDO E INSTALADO EM PRUMADA DE ESGOTO SANITÁRIO OU VENTILAÇÃO. AF_08/2022","UN",53.14,0]
["Instalações Prediais de Esgoto - Tubos e Conexões",89797,"JUNÇÃO SIMPLES, PVC, SERIE NORMAL, ESGOTO PREDIAL, DN 100 X 100 MM, JUNTA ELÁSTICA, FORNECIDO E INSTALADO EM RAMAL DE DESCARGA OU RAMAL DE ESGOTO SANITÁRIO. AF_08/2022","UN",51.39,0]
["Instalações Prediais de Esgoto - Tubos e Conexões",89861,"JUNÇÃO SIMPLES, PVC, SERIE NORMAL, ESGOTO PREDIAL, DN 100 X 100 MM, JUNTA ELÁSTICA, FORNECIDO E INSTALADO EM SUBCOLETOR AÉREO DE ESGOTO SANITÁRIO. AF_08/2022","UN",57.42,0]
["Instalações Prediais de Esgoto - Tubos e Conexões",89783,"JUNÇÃO SIMPLES, PVC, SERIE NORMAL, ESGOTO PREDIAL, DN 40 MM, JUNTA SOLDÁVEL, FORNECIDO E INSTALADO EM RAMAL DE DESCARGA OU RAMAL DE ESGOTO SANITÁRIO. AF_08/2022","UN",14.92,0]
["Instalações Prediais de Esgoto - Tubos e Conexões",89827,"JUNÇÃO SIMPLES, PVC, SERIE NORMAL, ESGOTO PREDIAL, DN 50 X 50 MM, JUNTA ELÁSTICA, FORNECIDO E INSTALADO EM PRUMADA DE ESGOTO SANITÁRIO OU VENTILAÇÃO. AF_08/2022","UN",19.79,0]
["Instalações Prediais de Esgoto - Tubos e Conexões",89785,"JUNÇÃO SIMPLES, PVC, SERIE NORMAL, ESGOTO PREDIAL, DN 50 X 50 MM, JUNTA ELÁSTICA, FORNECIDO E INSTALADO EM RAMAL DE DESCARGA OU RAMAL DE ESGOTO SANITÁRIO. AF_08/2022","UN",27.17,0]
["Instalações Prediais de Esgoto - Tubos e Conexões",89830,"JUNÇÃO SIMPLES, PVC, SERIE NORMAL, ESGOTO PREDIAL, DN 75 X 75 MM, JUNTA ELÁSTICA, FORNECIDO E INSTALADO EM PRUMADA DE ESGOTO SANITÁRIO OU VENTILAÇÃO. AF_08/2022","UN",38.31,0]
["Instalações Prediais de Esgoto - Tubos e Conexões",89795,"JUNÇÃO SIMPLES, PVC, SERIE NORMAL, ESGOTO PREDIAL, DN 75 X 75 MM, JUNTA ELÁSTICA, FORNECIDO E INSTALADO EM RAMAL DE DESCARGA OU RAMAL DE ESGOTO SANITÁRIO. AF_08/2022","UN",41.12,0]
["Instalações Prediais de Esgoto - Tubos e Conexões",89823,"LUVA DE CORRER, PVC, SERIE NORMAL, ESGOTO PREDIAL, DN 100 MM, JUNTA ELÁSTICA, FORNECIDO E INSTALADO EM PRUMADA DE ESGOTO SANITÁRIO OU VENTILAÇÃO. AF_08/2022","UN",35.04,0]
["Instalações Prediais de Esgoto - Tubos e Conexões",89779,"LUVA DE CORRER, PVC, SERIE NORMAL, ESGOTO PREDIAL, DN 100 MM, JUNTA ELÁSTICA, FORNECIDO E INSTALADO EM RAMAL DE DESCARGA OU RAMAL DE ESGOTO SANITÁRIO. AF_08/2022","UN",34.17,0]
["Instalações Prediais de Esgoto - Tubos e Conexões",89857,"LUVA DE CORRER, PVC, SERIE NORMAL, ESGOTO PREDIAL, DN 100 MM, JUNTA ELÁSTICA, FORNECIDO E INSTALADO EM SUBCOLETOR AÉREO DE ESGOTO SANITÁRIO. AF_08/2022","UN",37.18,0]
["Instalações Prediais de Esgoto - Tubos e Conexões",89814,"LUVA DE CORRER, PVC, SERIE NORMAL, ESGOTO PREDIAL, DN 50 MM, JUNTA ELÁSTICA, FORNECIDO E INSTALADO EM PRUMADA DE ESGOTO SANITÁRIO OU VENTILAÇÃO. AF_08/2022","UN",16.989999999999998,0]
["Instalações Prediais de Esgoto - Tubos e Conexões",89754,"LUVA DE CORRER, PVC, SERIE NORMAL, ESGOTO PREDIAL, DN 50 MM, JUNTA ELÁSTICA, FORNECIDO E INSTALADO EM RAMAL DE DESCARGA OU RAMAL DE ESGOTO SANITÁRIO. AF_08/2022","UN",20.69,0]
["Instalações Prediais de Esgoto - Tubos e Conexões",89819,"LUVA DE CORRER, PVC, SERIE NORMAL, ESGOTO PREDIAL, DN 75 MM, JUNTA ELÁSTICA, FORNECIDO E INSTALADO EM PRUMADA DE ESGOTO SANITÁRIO OU VENTILAÇÃO. AF_08/2022","UN",24.08,0]
["Instalações Prediais de Esgoto - Tubos e Conexões",89776,"LUVA DE CORRER, PVC, SERIE NORMAL, ESGOTO PREDIAL, DN 75 MM, JUNTA ELÁSTICA, FORNECIDO E INSTALADO EM RAMAL DE DESCARGA OU RAMAL DE ESGOTO SANITÁRIO. AF_08/2022","UN",25.49,0]
["Instalações Prediais de Esgoto - Tubos e Conexões",89821,"LUVA SIMPLES, PVC, SERIE NORMAL, ESGOTO PREDIAL, DN 100 MM, JUNTA ELÁSTICA, FORNECIDO E INSTALADO EM PRUMADA DE ESGOTO SANITÁRIO OU VENTILAÇÃO. AF_08/2022","UN",17.91,0]
["Instalações Prediais de Esgoto - Tubos e Conexões",89778,"LUVA SIMPLES, PVC, SERIE NORMAL, ESGOTO PREDIAL, DN 100 MM, JUNTA ELÁSTICA, FORNECIDO E INSTALADO EM RAMAL DE DESCARGA OU RAMAL DE ESGOTO SANITÁRIO. AF_08/2022","UN",17.04,0]
["Instalações Prediais de Esgoto - Tubos e Conexões",89856,"LUVA SIMPLES, PVC, SERIE NORMAL, ESGOTO PREDIAL, DN 100 MM, JUNTA ELÁSTICA, FORNECIDO E INSTALADO EM SUBCOLETOR AÉREO DE ESGOTO SANITÁRIO. AF_08/2022","UN",20.05,0]
["Instalações Prediais de Esgoto - Tubos e Conexões",89752,"LUVA SIMPLES, PVC, SERIE NORMAL, ESGOTO PREDIAL, DN 40 MM, JUNTA SOLDÁVEL, FORNECIDO E INSTALADO EM RAMAL DE DESCARGA OU RAMAL DE ESGOTO SANITÁRIO. AF_08/2022","UN",7.59,0]
["Instalações Prediais de Esgoto - Tubos e Conexões",89813,"LUVA SIMPLES, PVC, SERIE NORMAL, ESGOTO PREDIAL, DN 50 MM, JUNTA ELÁSTICA, FORNECIDO E INSTALADO EM PRUMADA DE ESGOTO SANITÁRIO OU VENTILAÇÃO. AF_08/2022","UN",5.38,0]
["Instalações Prediais de Esgoto - Tubos e Conexões",89753,"LUVA SIMPLES, PVC, SERIE NORMAL, ESGOTO PREDIAL, DN 50 MM, JUNTA ELÁSTICA, FORNECIDO E INSTALADO EM RAMAL DE DESCARGA OU RAMAL DE ESGOTO SANITÁRIO. AF_08/2022","UN",9.16,0]
["Instalações Prediais de Esgoto - Tubos e Conexões",89817,"LUVA SIMPLES, PVC, SERIE NORMAL, ESGOTO PREDIAL, DN 75 MM, JUNTA ELÁSTICA, FORNECIDO E INSTALADO EM PRUMADA DE ESGOTO SANITÁRIO OU VENTILAÇÃO. AF_08/2022","UN",13.4,0]
["Instalações Prediais de Esgoto - Tubos e Conexões",89774,"LUVA SIMPLES, PVC, SERIE NORMAL, ESGOTO PREDIAL, DN 75 MM, JUNTA ELÁSTICA, FORNECIDO E INSTALADO EM RAMAL DE DESCARGA OU RAMAL DE ESGOTO SANITÁRIO. AF_08/2022","UN",14.84,0]
["Instalações Prediais de Esgoto - Tubos e Conexões",95693,"LUVA SIMPLES, PVC, SÉRIE NORMAL, ESGOTO PREDIAL, DN 150 MM, JUNTA ELÁSTICA, FORNECIDO E INSTALADO EM SUBCOLETOR AÉREO DE ESGOTO SANITÁRIO. AF_08/2022","UN",47.71,0]
["Instalações Prediais de Esgoto - Tubos e Conexões",89833,"TE, PVC, SERIE NORMAL, ESGOTO PREDIAL, DN 100 X 100 MM, JUNTA ELÁSTICA, FORNECIDO E INSTALADO EM PRUMADA DE ESGOTO SANITÁRIO OU VENTILAÇÃO. AF_08/2022","UN",45.92,0]
["Instalações Prediais de Esgoto - Tubos e Conexões",89796,"TE, PVC, SERIE NORMAL, ESGOTO PREDIAL, DN 100 X 100 MM, JUNTA ELÁSTICA, FORNECIDO E INSTALADO EM RAMAL DE DESCARGA OU RAMAL DE ESGOTO SANITÁRIO. AF_08/2022","UN",44.17,0]
["Instalações Prediais de Esgoto - Tubos e Conexões",89860,"TE, PVC, SERIE NORMAL, ESGOTO PREDIAL, DN 100 X 100 MM, JUNTA ELÁSTICA, FORNECIDO E INSTALADO EM SUBCOLETOR AÉREO DE ESGOTO SANITÁRIO. AF_08/2022","UN",50.2,0]
["Instalações Prediais de Esgoto - Tubos e Conexões",89782,"TE, PVC, SERIE NORMAL, ESGOTO PREDIAL, DN 40 X 40 MM, JUNTA SOLDÁVEL, FORNECIDO E INSTALADO EM RAMAL DE DESCARGA OU RAMAL DE ESGOTO SANITÁRIO. AF_08/2022","UN",14.83,0]
["Instalações Prediais de Esgoto - Tubos e Conexões",89825,"TE, PVC, SERIE NORMAL, ESGOTO PREDIAL, DN 50 X 50 MM, JUNTA ELÁSTICA, FORNECIDO E INSTALADO EM PRUMADA DE ESGOTO SANITÁRIO OU VENTILAÇÃO. AF_08/2022","UN",17.68,0]
["Instalações Prediais de Esgoto - Tubos e Conexões",89784,"TE, PVC, SERIE NORMAL, ESGOTO PREDIAL, DN 50 X 50 MM, JUNTA ELÁSTICA, FORNECIDO E INSTALADO EM RAMAL DE DESCARGA OU RAMAL DE ESGOTO SANITÁRIO. AF_08/2022","UN",25.06,0]
["Instalações Prediais de Esgoto - Tubos e Conexões",89829,"TE, PVC, SERIE NORMAL, ESGOTO PREDIAL, DN 75 X 75 MM, JUNTA ELÁSTICA, FORNECIDO E INSTALADO EM PRUMADA DE ESGOTO SANITÁRIO OU VENTILAÇÃO. AF_08/2022","UN",36.450000000000003,0]
["Instalações Prediais de Esgoto - Tubos e Conexões",89786,"TE, PVC, SERIE NORMAL, ESGOTO PREDIAL, DN 75 X 75 MM, JUNTA ELÁSTICA, FORNECIDO E INSTALADO EM RAMAL DE DESCARGA OU RAMAL DE ESGOTO SANITÁRIO. AF_08/2022","UN",39.26,0]
["Instalações Prediais de Esgoto - Tubos e Conexões",104352,"TE, PVC, SÉRIE NORMAL, ESGOTO PREDIAL, DN 100 X 50 MM, JUNTA ELÁSTICA, FORNECIDO E INSTALADO EM PRUMADA DE ESGOTO SANITÁRIO OU VENTILAÇÃO. AF_08/2022","UN",39.96,0]
["Instalações Prediais de Esgoto - Tubos e Conexões",104344,"TE, PVC, SÉRIE NORMAL, ESGOTO PREDIAL, DN 100 X 50 MM, JUNTA ELÁSTICA, FORNECIDO E INSTALADO EM RAMAL DE DESCARGA OU RAMAL DE ESGOTO SANITÁRIO. AF_08/2022","UN",41.25,0]
["Instalações Prediais de Esgoto - Tubos e Conexões",104354,"TE, PVC, SÉRIE NORMAL, ESGOTO PREDIAL, DN 100 X 75 MM, JUNTA ELÁSTICA, FORNECIDO E INSTALADO EM PRUMADA DE ESGOTO SANITÁRIO OU VENTILAÇÃO. AF_08/2022","UN",45.76,0]
["Instalações Prediais de Esgoto - Tubos e Conexões",104346,"TE, PVC, SÉRIE NORMAL, ESGOTO PREDIAL, DN 100 X 75 MM, JUNTA ELÁSTICA, FORNECIDO E INSTALADO EM RAMAL DE DESCARGA OU RAMAL DE ESGOTO SANITÁRIO. AF_08/2022","UN",45.52,0]
["Instalações Prediais de Esgoto - Tubos e Conexões",104356,"TERMINAL DE VENTILAÇÃO, PVC, SÉRIE NORMAL, ESGOTO PREDIAL, DN 100 MM, JUNTA SOLDÁVEL, FORNECIDO E INSTALADO EM PRUMADA DE ESGOTO SANITÁRIO OU VENTILAÇÃO. AF_08/2022","UN",27.88,0]
["Instalações Prediais de Esgoto - Tubos e Conexões",104348,"TERMINAL DE VENTILAÇÃO, PVC, SÉRIE NORMAL, ESGOTO PREDIAL, DN 50 MM, JUNTA SOLDÁVEL, FORNECIDO E INSTALADO EM PRUMADA DE ESGOTO SANITÁRIO OU VENTILAÇÃO. AF_08/2022","UN",10.02,0]
["Instalações Prediais de Esgoto - Tubos e Conexões",104351,"TERMINAL DE VENTILAÇÃO, PVC, SÉRIE NORMAL, ESGOTO PREDIAL, DN 75 MM, JUNTA SOLDÁVEL, FORNECIDO E INSTALADO EM PRUMADA DE ESGOTO SANITÁRIO OU VENTILAÇÃO. AF_08/2022","UN",20.91,0]
["Instalações Prediais de Esgoto - Tubos e Conexões",89800,"TUBO PVC, SERIE NORMAL, ESGOTO PREDIAL, DN 100 MM, FORNECIDO E INSTALADO EM PRUMADA DE ESGOTO SANITÁRIO OU VENTILAÇÃO. AF_08/2022","M",28.21,0]
["Instalações Prediais de Esgoto - Tubos e Conexões",89714,"TUBO PVC, SERIE NORMAL, ESGOTO PREDIAL, DN 100 MM, FORNECIDO E INSTALADO EM RAMAL DE DESCARGA OU RAMAL DE ESGOTO SANITÁRIO. AF_08/2022","M",37.9,0]
["Instalações Prediais de Esgoto - Tubos e Conexões",89848,"TUBO PVC, SERIE NORMAL, ESGOTO PREDIAL, DN 100 MM, FORNECIDO E INSTALADO EM SUBCOLETOR AÉREO DE ESGOTO SANITÁRIO. AF_08/2022","M",26.95,0]
["Instalações Prediais de Esgoto - Tubos e Conexões",89849,"TUBO PVC, SERIE NORMAL, ESGOTO PREDIAL, DN 150 MM, FORNECIDO E INSTALADO EM SUBCOLETOR AÉREO DE ESGOTO SANITÁRIO. AF_08/2022","M",53.61,0]
["Instalações Prediais de Esgoto - Tubos e Conexões",89711,"TUBO PVC, SERIE NORMAL, ESGOTO PREDIAL, DN 40 MM, FORNECIDO E INSTALADO EM RAMAL DE DESCARGA OU RAMAL DE ESGOTO SANITÁRIO. AF_08/2022","M",21.84,0]
["Instalações Prediais de Esgoto - Tubos e Conexões",89798,"TUBO PVC, SERIE NORMAL, ESGOTO PREDIAL, DN 50 MM, FORNECIDO E INSTALADO EM PRUMADA DE ESGOTO SANITÁRIO OU VENTILAÇÃO. AF_08/2022","M",12.45,0]
["Instalações Prediais de Esgoto - Tubos e Conexões",89712,"TUBO PVC, SERIE NORMAL, ESGOTO PREDIAL, DN 50 MM, FORNECIDO E INSTALADO EM RAMAL DE DESCARGA OU RAMAL DE ESGOTO SANITÁRIO. AF_08/2022","M",27.21,0]
["Instalações Prediais de Esgoto - Tubos e Conexões",89799,"TUBO PVC, SERIE NORMAL, ESGOTO PREDIAL, DN 75 MM, FORNECIDO E INSTALADO EM PRUMADA DE ESGOTO SANITÁRIO OU VENTILAÇÃO. AF_08/2022","M",21.51,0]
["Instalações Prediais de Esgoto - Tubos e Conexões",89713,"TUBO PVC, SERIE NORMAL, ESGOTO PREDIAL, DN 75 MM, FORNECIDO E INSTALADO EM RAMAL DE DESCARGA OU RAMAL DE ESGOTO SANITÁRIO. AF_08/2022","M",33.76,0]
["Instalações Prediais de Água Fria em PVC",89376,"ADAPTADOR CURTO COM BOLSA E ROSCA PARA REGISTRO, PVC, SOLDÁVEL, DN 20MM X 1/2, INSTALADO EM RAMAL OU SUB-RAMAL DE ÁGUA - FORNECIMENTO E INSTALAÇÃO. AF_06/2022","UN",5.83,0]
["Instalações Prediais de Água Fria em PVC",89429,"ADAPTADOR CURTO COM BOLSA E ROSCA PARA REGISTRO, PVC, SOLDÁVEL, DN 25MM X 3/4, INSTALADO EM RAMAL DE DISTRIBUIÇÃO DE ÁGUA - FORNECIMENTO E INSTALAÇÃO. AF_06/2022","UN",6.27,0]
["Instalações Prediais de Água Fria em PVC",89383,"ADAPTADOR CURTO COM BOLSA E ROSCA PARA REGISTRO, PVC, SOLDÁVEL, DN 25MM X 3/4, INSTALADO EM RAMAL OU SUB-RAMAL DE ÁGUA - FORNECIMENTO E INSTALAÇÃO. AF_06/2022","UN",6.81,0]
["Instalações Prediais de Água Fria em PVC",89553,"ADAPTADOR CURTO COM BOLSA E ROSCA PARA REGISTRO, PVC, SOLDÁVEL, DN 32MM X 1, INSTALADO EM PRUMADA DE ÁGUA - FORNECIMENTO E INSTALAÇÃO. AF_06/2022","UN",5.73,0]
["Instalações Prediais de Água Fria em PVC",89436,"ADAPTADOR CURTO COM BOLSA E ROSCA PARA REGISTRO, PVC, SOLDÁVEL, DN 32MM X 1, INSTALADO EM RAMAL DE DISTRIBUIÇÃO DE ÁGUA - FORNECIMENTO E INSTALAÇÃO. AF_06/2022","UN",8.2899999999999991,0]
["Instalações Prediais de Água Fria em PVC",89391,"ADAPTADOR CURTO COM BOLSA E ROSCA PARA REGISTRO, PVC, SOLDÁVEL, DN 32MM X 1, INSTALADO EM RAMAL OU SUB-RAMAL DE ÁGUA - FORNECIMENTO E INSTALAÇÃO. AF_06/2022","UN",8.92,0]
["Instalações Prediais de Água Fria em PVC",103994,"ADAPTADOR CURTO COM BOLSA E ROSCA PARA REGISTRO, PVC, SOLDÁVEL, DN 40MM X 1.1/2\", INSTALADO EM RAMAL DE DISTRIBUIÇÃO DE ÁGUA - FORNECIMENTO E INSTALAÇÃO. AF_06/2022","UN",14.05,0]
["Instalações Prediais de Água Fria em PVC",89570,"ADAPTADOR CURTO COM BOLSA E ROSCA PARA REGISTRO, PVC, SOLDÁVEL, DN 40MM X 1.1/2, INSTALADO EM PRUMADA DE ÁGUA - FORNECIMENTO E INSTALAÇÃO. AF_06/2022","UN",11.17,0]
["Instalações Prediais de Água Fria em PVC",103992,"ADAPTADOR CURTO COM BOLSA E ROSCA PARA REGISTRO, PVC, SOLDÁVEL, DN 40MM X 1.1/4\", INSTALADO EM RAMAL DE DISTRIBUIÇÃO DE ÁGUA - FORNECIMENTO E INSTALAÇÃO. AF_06/2022","UN",11.55,0]
["Instalações Prediais de Água Fria em PVC",89572,"ADAPTADOR CURTO COM BOLSA E ROSCA PARA REGISTRO, PVC, SOLDÁVEL, DN 40MM X 1.1/4, INSTALADO EM PRUMADA DE ÁGUA - FORNECIMENTO E INSTALAÇÃO. AF_06/2022","UN",8.57,0]
["Instalações Prediais de Água Fria em PVC",104001,"ADAPTADOR CURTO COM BOLSA E ROSCA PARA REGISTRO, PVC, SOLDÁVEL, DN 50MM X 1.1/2\", INSTALADO EM RAMAL DE DISTRIBUIÇÃO DE ÁGUA - FORNECIMENTO E INSTALAÇÃO. AF_06/2022","UN",13.75,0]
["Instalações Prediais de Água Fria em PVC",89596,"ADAPTADOR CURTO COM BOLSA E ROSCA PARA REGISTRO, PVC, SOLDÁVEL, DN 50MM X 1.1/2, INSTALADO EM PRUMADA DE ÁGUA - FORNECIMENTO E INSTALAÇÃO. AF_06/2022","UN",10.26,0]
["Instalações Prediais de Água Fria em PVC",104002,"ADAPTADOR CURTO COM BOLSA E ROSCA PARA REGISTRO, PVC, SOLDÁVEL, DN 50MM X 1.1/4\", INSTALADO EM RAMAL DE DISTRIBUIÇÃO DE ÁGUA - FORNECIMENTO E INSTALAÇÃO. AF_06/2022","UN",17.27,0]
["Instalações Prediais de Água Fria em PVC",89595,"ADAPTADOR CURTO COM BOLSA E ROSCA PARA REGISTRO, PVC, SOLDÁVEL, DN 50MM X 1.1/4, INSTALADO EM PRUMADA DE ÁGUA - FORNECIMENTO E INSTALAÇÃO. AF_06/2022","UN",14.03,0]
["Instalações Prediais de Água Fria em PVC",89610,"ADAPTADOR CURTO COM BOLSA E ROSCA PARA REGISTRO, PVC, SOLDÁVEL, DN 60MM X 2, INSTALADO EM PRUMADA DE ÁGUA - FORNECIMENTO E INSTALAÇÃO. AF_06/2022","UN",18.89,0]
["Instalações Prediais de Água Fria em PVC",89613,"ADAPTADOR CURTO COM BOLSA E ROSCA PARA REGISTRO, PVC, SOLDÁVEL, DN 75MM X 2.1/2\", INSTALADO EM PRUMADA DE ÁGUA - FORNECIMENTO E INSTALAÇÃO. AF_12/2014","UN",29.29,0]
["Instalações Prediais de Água Fria em PVC",89616,"ADAPTADOR CURTO COM BOLSA E ROSCA PARA REGISTRO, PVC, SOLDÁVEL, DN 85MM X 3, INSTALADO EM PRUMADA DE ÁGUA - FORNECIMENTO E INSTALAÇÃO. AF_06/2022","UN",39.020000000000003,0]
["Instalações Prediais de Água Fria em PVC",103952,"BUCHA DE REDUÇÃO, CURTA, PVC, SOLDÁVEL, DN 25 X 20 MM, INSTALADO EM RAMAL DE DISTRIBUIÇÃO DE ÁGUA - FORNECIMENTO E INSTALAÇÃO. AF_06/2022","UN",5.98,0]
["Instalações Prediais de Água Fria em PVC",103947,"BUCHA DE REDUÇÃO, CURTA, PVC, SOLDÁVEL, DN 25 X 20 MM, INSTALADO EM RAMAL OU SUB-RAMAL DE ÁGUA - FORNECIMENTO E INSTALAÇÃO. AF_06/2022","UN",6.52,0]
["Instalações Prediais de Água Fria em PVC",103957,"BUCHA DE REDUÇÃO, CURTA, PVC, SOLDÁVEL, DN 32 X 25 MM, INSTALADO EM PRUMADA DE ÁGUA - FORNECIMENTO E INSTALAÇÃO. AF_06/2022","UN",4.91,0]
["Instalações Prediais de Água Fria em PVC",103953,"BUCHA DE REDUÇÃO, CURTA, PVC, SOLDÁVEL, DN 32 X 25 MM, INSTALADO EM RAMAL DE DISTRIBUIÇÃO DE ÁGUA - FORNECIMENTO E INSTALAÇÃO. AF_06/2022","UN",7.47,0]
["Instalações Prediais de Água Fria em PVC",103948,"BUCHA DE REDUÇÃO, CURTA, PVC, SOLDÁVEL, DN 32 X 25 MM, INSTALADO EM RAMAL OU SUB-RAMAL DE ÁGUA - FORNECIMENTO E INSTALAÇÃO. AF_06/2022","UN",8.1,0]
["Instalações Prediais de Água Fria em PVC",103958,"BUCHA DE REDUÇÃO, CURTA, PVC, SOLDÁVEL, DN 50 X 40 MM, INSTALADO EM PRUMADA DE ÁGUA - FORNECIMENTO E INSTALAÇÃO. AF_06/2022","UN",9.84,0]
["Instalações Prediais de Água Fria em PVC",104009,"BUCHA DE REDUÇÃO, CURTA, PVC, SOLDÁVEL, DN 50 X 40 MM, INSTALADO EM RAMAL DE DISTRIBUIÇÃO DE ÁGUA - FORNECIMENTO E INSTALAÇÃO. AF_06/2022","UN",13.29,0]
["Instalações Prediais de Água Fria em PVC",103959,"BUCHA DE REDUÇÃO, CURTA, PVC, SOLDÁVEL, DN 60 X 50 MM, INSTALADO EM PRUMADA DE ÁGUA - FORNECIMENTO E INSTALAÇÃO. AF_06/2022","UN",14.62,0]
["Instalações Prediais de Água Fria em PVC",103962,"BUCHA DE REDUÇÃO, LONGA, PVC, SOLDÁVEL, DN 32 X 20 MM, INSTALADO EM PRUMADA DE ÁGUA - FORNECIMENTO E INSTALAÇÃO. AF_06/2022","UN",6.34,0]
["Instalações Prediais de Água Fria em PVC",103954,"BUCHA DE REDUÇÃO, LONGA, PVC, SOLDÁVEL, DN 32 X 20 MM, INSTALADO EM RAMAL DE DISTRIBUIÇÃO DE ÁGUA - FORNECIMENTO E INSTALAÇÃO. AF_06/2022","UN",8.8000000000000007,0]
["Instalações Prediais de Água Fria em PVC",103949,"BUCHA DE REDUÇÃO, LONGA, PVC, SOLDÁVEL, DN 32 X 20 MM, INSTALADO EM RAMAL OU SUB-RAMAL DE ÁGUA - FORNECIMENTO E INSTALAÇÃO. AF_06/2022","UN",9.41,0]
["Instalações Prediais de Água Fria em PVC",103964,"BUCHA DE REDUÇÃO, LONGA, PVC, SOLDÁVEL, DN 40 X 25 MM, INSTALADO EM PRUMADA DE ÁGUA - FORNECIMENTO E INSTALAÇÃO. AF_06/2022","UN",8.0399999999999991,0]
["Instalações Prediais de Água Fria em PVC",104014,"BUCHA DE REDUÇÃO, LONGA, PVC, SOLDÁVEL, DN 40 X 25 MM, INSTALADO EM RAMAL DE DISTRIBUIÇÃO DE ÁGUA - FORNECIMENTO E INSTALAÇÃO. AF_06/2022","UN",10.82,0]
["Instalações Prediais de Água Fria em PVC",103966,"BUCHA DE REDUÇÃO, LONGA, PVC, SOLDÁVEL, DN 50 X 25 MM, INSTALADO EM PRUMADA DE ÁGUA - FORNECIMENTO E INSTALAÇÃO. AF_06/2022","UN",9.4700000000000006,0]
["Instalações Prediais de Água Fria em PVC",103999,"BUCHA DE REDUÇÃO, LONGA, PVC, SOLDÁVEL, DN 50 X 25 MM, INSTALADO EM RAMAL DE DISTRIBUIÇÃO DE ÁGUA - FORNECIMENTO E INSTALAÇÃO. AF_06/2022","UN",12.51,0]
["Instalações Prediais de Água Fria em PVC",103967,"BUCHA DE REDUÇÃO, LONGA, PVC, SOLDÁVEL, DN 50 X 32 MM, INSTALADO EM PRUMADA DE ÁGUA - FORNECIMENTO E INSTALAÇÃO. AF_06/2022","UN",11.37,0]
["Instalações Prediais de Água Fria em PVC",104003,"BUCHA DE REDUÇÃO, LONGA, PVC, SOLDÁVEL, DN 50 X 32 MM, INSTALADO EM RAMAL DE DISTRIBUIÇÃO DE ÁGUA - FORNECIMENTO E INSTALAÇÃO. AF_06/2022","UN",14.61,0]
["Instalações Prediais de Água Fria em PVC",103968,"BUCHA DE REDUÇÃO, LONGA, PVC, SOLDÁVEL, DN 60 X 25 MM, INSTALADO EM PRUMADA DE ÁGUA - FORNECIMENTO E INSTALAÇÃO. AF_06/2022","UN",16.12,0]
["Instalações Prediais de Água Fria em PVC",103969,"BUCHA DE REDUÇÃO, LONGA, PVC, SOLDÁVEL, DN 60 X 32 MM, INSTALADO EM PRUMADA DE ÁGUA - FORNECIMENTO E INSTALAÇÃO. AF_06/2022","UN",19.010000000000002,0]
["Instalações Prediais de Água Fria em PVC",103971,"BUCHA DE REDUÇÃO, LONGA, PVC, SOLDÁVEL, DN 60 X 50 MM, INSTALADO EM PRUMADA DE ÁGUA - FORNECIMENTO E INSTALAÇÃO. AF_06/2022","UN",24.13,0]
["Instalações Prediais de Água Fria em PVC",103972,"BUCHA DE REDUÇÃO, LONGA, PVC, SOLDÁVEL, DN 75 X 50 MM, INSTALADO EM PRUMADA DE ÁGUA - FORNECIMENTO E INSTALAÇÃO. AF_06/2022","UN",27.92,0]
["Instalações Prediais de Água Fria em PVC",103993,"BUCHA DE REDUÇÃO, PVC, SOLDÁVEL, DN 40MM X 32MM, INSTALADO EM RAMAL DE DISTRIBUIÇÃO DE ÁGUA - FORNECIMENTO E INSTALAÇÃO. AF_06/2022","UN",9.98,0]
["Instalações Prediais de Água Fria em PVC",89407,"CURVA 45 GRAUS, PVC, SOLDÁVEL, DN 20MM, INSTALADO EM RAMAL DE DISTRIBUIÇÃO DE ÁGUA - FORNECIMENTO E INSTALAÇÃO. AF_06/2022","UN",9.15,0]
["Instalações Prediais de Água Fria em PVC",89361,"CURVA 45 GRAUS, PVC, SOLDÁVEL, DN 20MM, INSTALADO EM RAMAL OU SUB-RAMAL DE ÁGUA - FORNECIMENTO E INSTALAÇÃO. AF_06/2022","UN",9.89,0]
["Instalações Prediais de Água Fria em PVC",89490,"CURVA 45 GRAUS, PVC, SOLDÁVEL, DN 25MM, INSTALADO EM PRUMADA DE ÁGUA - FORNECIMENTO E INSTALAÇÃO. AF_06/2022","UN",7.16,0]
["Instalações Prediais de Água Fria em PVC",89411,"CURVA 45 GRAUS, PVC, SOLDÁVEL, DN 25MM, INSTALADO EM RAMAL DE DISTRIBUIÇÃO DE ÁGUA - FORNECIMENTO E INSTALAÇÃO. AF_06/2022","UN",10.7,0]
["Instalações Prediais de Água Fria em PVC",89365,"CURVA 45 GRAUS, PVC, SOLDÁVEL, DN 25MM, INSTALADO EM RAMAL OU SUB-RAMAL DE ÁGUA - FORNECIMENTO E INSTALAÇÃO. AF_06/2022","UN",11.56,0]
["Instalações Prediais de Água Fria em PVC",89496,"CURVA 45 GRAUS, PVC, SOLDÁVEL, DN 32MM, INSTALADO EM PRUMADA DE ÁGUA - FORNECIMENTO E INSTALAÇÃO. AF_06/2022","UN",10.32,0]
["Instalações Prediais de Água Fria em PVC",89416,"CURVA 45 GRAUS, PVC, SOLDÁVEL, DN 32MM, INSTALADO EM RAMAL DE DISTRIBUIÇÃO DE ÁGUA - FORNECIMENTO E INSTALAÇÃO. AF_06/2022","UN",14.44,0]
["Instalações Prediais de Água Fria em PVC",89370,"CURVA 45 GRAUS, PVC, SOLDÁVEL, DN 32MM, INSTALADO EM RAMAL OU SUB-RAMAL DE ÁGUA - FORNECIMENTO E INSTALAÇÃO. AF_06/2022","UN",15.47,0]
["Instalações Prediais de Água Fria em PVC",89500,"CURVA 45 GRAUS, PVC, SOLDÁVEL, DN 40MM, INSTALADO EM PRUMADA DE ÁGUA - FORNECIMENTO E INSTALAÇÃO. AF_06/2022","UN",12.62,0]
["Instalações Prediais de Água Fria em PVC",103983,"CURVA 45 GRAUS, PVC, SOLDÁVEL, DN 40MM, INSTALADO EM RAMAL DE DISTRIBUIÇÃO DE ÁGUA - FORNECIMENTO E INSTALAÇÃO. AF_06/2022","UN",17.34,0]
["Instalações Prediais de Água Fria em PVC",89504,"CURVA 45 GRAUS, PVC, SOLDÁVEL, DN 50MM, INSTALADO EM PRUMADA DE ÁGUA - FORNECIMENTO E INSTALAÇÃO. AF_06/2022","UN",18.46,0]
["Instalações Prediais de Água Fria em PVC",103987,"CURVA 45 GRAUS, PVC, SOLDÁVEL, DN 50MM, INSTALADO EM RAMAL DE DISTRIBUIÇÃO DE ÁGUA - FORNECIMENTO E INSTALAÇÃO. AF_06/2022","UN",24,0]
["Instalações Prediais de Água Fria em PVC",89510,"CURVA 45 GRAUS, PVC, SOLDÁVEL, DN 60MM, INSTALADO EM PRUMADA DE ÁGUA - FORNECIMENTO E INSTALAÇÃO. AF_